{"text_format":"2","workbook":"xlsx","n_sheets":12,"sheets":["RESUMO","PFP","PFP2.1_FatorKa","PFP2.2_FatorKb","PFP2.3_FatorKc","PFP3_FatorKd","CRO1_Ins-Pro","CRO2_Pro-Mes","CPU-VEICULO_Leve","Cotação ","AUX-Mão de obra","Cronograma Fisico Financeiro"],"not_rendered":{"charts":0,"images":18,"macros":0,"external_links":52,"defined_names":7222,"comments":1,"pivot_tables":0},"unopened":[],"bounds":{"document_bytes":16777216,"sheet_cells":100000,"run_cost":"one","rows_first":2000,"rows_last":500,"rows_between":2000,"halvings":0,"cell_chars":16384,"cell_head_chars":4096},"cells_cut":0,"cells_raw":0,"read":"whole","date_system":"1900"}

{"sheet":"RESUMO","index":0,"n_rows":11,"n_cols":16,"rows_kept":11,"cut":false,"hidden":false,"merged":[[5,8,6,8],[5,10,6,10],[5,12,6,12],[0,0,0,5],[1,0,1,5],[2,0,2,5],[3,0,3,5],[5,0,6,0],[5,1,6,1],[5,2,6,2],[5,3,6,3],[5,4,5,5]]}
[]
["RESUMO DO ORÇAMENTO REFERENCIAL"]
["ANEXO III - PLANILHAS DE CUSTO DO ORÇAMENTO DE REFERÊNCIA"]
["SERVIÇOS DE APOIO À FISCALIZAÇÃO  -   5ª SUPERINTENDÊNCIA REGIONAL (AL)"]
[null,null,"Prazo:",12,"Mês/Ano Ref.:","2025-07-01"]
["PRODUTOS","DESCRIÇÃO","UNIDADE","QTDE ","á ",null,null,null,"PERCENTUAL POR PRODUTO (%)",null,"PERCENTUAL MENSAL POR PRODUTO (%)",null,"VALOR MÉDIO MENSAL POR PRODUTO"]
[{"$nulls":4},"UNITÁRIO","TOTAL"]
["1","SERVIÇOS DE APOIO À FISCALIZAÇÃO","Mensal",12,{"$f":"F8/D8","v":325242.89250000002},{"$f":"PFP!H28","v":3902914.71},null,null,{"$f":"F8/$F$10","v":1},null,{"$f":"(F8/12)/$F$10","v":8.3333333333333343E-2},null,{"$f":"F8/36","v":108414.2975}]
[]
["TOTAL ANUAL DO ORÇAMENTO REFERENCIAL:",{"$nulls":4},{"$f":"SUM(F8:F8)","v":3902914.71},null,null,{"$f":"SUM(I8:I8)","v":1},null,{"$f":"SUM(K8:K8)","v":8.3333333333333343E-2},null,{"$f":"SUM(M8:M8)","v":108414.2975}]
[{"$nulls":15}," "]

{"sheet":"PFP","index":1,"n_rows":48,"n_cols":12,"rows_kept":48,"cut":false,"hidden":false,"merged":[[26,0,26,6],[26,7,26,10],[37,0,37,10],[39,0,39,10],[2,4,2,9],[27,7,27,10],[32,0,32,10],[27,0,27,6],[29,0,29,10],[4,0,5,8],[8,5,8,8],[4,9,4,10],[5,9,5,10],[8,9,8,10],[6,0,6,10],[7,0,7,10],[8,0,8,4],[9,9,9,10],[25,0,25,6],[25,7,25,10],[9,5,9,8],[9,0,9,4],[47,0,47,10],[33,0,33,10],[35,0,35,10],[28,0,28,10],[34,0,34,10],[30,0,30,10],[36,0,36,10],[44,0,44,10],[45,0,45,10],[46,0,46,10],[31,0,31,10],[38,0,38,10]]}
[{"$nulls":4},"Ministério da Integração e do Desenvolvimento Regional - MIDR"]
[{"$nulls":4},"Companhia de Desenvolvimento dos Vales do São Francisco e do Parnaíba"]
[{"$nulls":4},"5ª Superintendência Regional \n"]
[]
["PROPOSTA FINANCEIRA DO PROJETO",{"$nulls":8},"CODIGO:"]
[{"$nulls":9},"PFP"]
["NOME DA CONSULTORA:"]
[]
["PROJETO:",{"$nulls":4},"CONTRATANTE:",null,null,null,"BASE: setembro/2025"]
["Serviços de apoio à fiscalização de convênios, contratos, análise e elaboração de documentos técnicos específicos, no Estado de Alagoas, área de atuação da 5ª Superintendência Regional",{"$nulls":4},"CODEVASF ",null,null,null,"ORSE: julho/2025\nDNIT: Abril/2025\nPROP: julho/2025"]
["Base","Cod1","Cod2","Categoria / Insumo","Uni","Qde","CUD","PU","FatorK","Encargos Complem e Adicionais","PT"]
["DNIT","MO2","P8065","Engenheiro Júnior (com enc. Comple. e adicionais, EPI)","mês",{"$f":"2*12","v":24},{"$f":"ROUND(VLOOKUP(C12,'AUX-Mão de obra'!$C$7:$AA$104,4,FALSE),2)","v":12903},{"$f":"ROUND(I12*G12,2)","v":27520.81},{"$f":"'PFP2.1_FatorKa'!E40","v":2.1328999999999998},{"$f":"ROUND(VLOOKUP(C12,'AUX-Mão de obra'!$C$7:$AB$104,26,FALSE),2)","v":1091.8},{"$f":"ROUND((F12*H12)+(J12*F12),2)","v":686702.64},{"$f":"RANK(K12,$K$12:$K$23,0)","v":2}]
["DNIT","MO1","P8147","Técnico de obras junior (com enc. Comple. e adicionais, EPI)","mês",{"$f":"6*12","v":72},{"$f":"ROUND(VLOOKUP(C13,'AUX-Mão de obra'!$C$7:$AA$104,4,FALSE),2)","v":3268.63},{"$f":"ROUND(I13*G13,2)","v":6971.66},{"$f":"'PFP2.1_FatorKa'!$E$40","v":2.1328999999999998},{"$f":"ROUND(VLOOKUP(C13,'AUX-Mão de obra'!$C$7:$AB$104,26,FALSE),2)","v":1147.78},{"$f":"ROUND((F13*H13)+(J13*F13),2)","v":584599.68000000005},4]
["DNIT","MO1","P8163","Topógrafo(com enc. Comple. e adicionais, EPI)","mês",{"$f":"3*12","v":36},{"$f":"ROUND(VLOOKUP(C14,'AUX-Mão de obra'!$C$7:$AA$104,4,FALSE),2)","v":2558.11},5456.19,{"$f":"'PFP2.1_FatorKa'!$E$40","v":2.1328999999999998},{"$f":"ROUND(VLOOKUP(C14,'AUX-Mão de obra'!$C$7:$AB$104,26,FALSE),2)","v":1190.81},{"$f":"ROUND((F14*H14)+(J14*F14),2)","v":239292},6]
["DNIT","MO2","P8028","Auxiliar de topografia(com enc. Comple. e adicionais, EPI)","mês",{"$f":"F14","v":36},{"$f":"ROUND(VLOOKUP(C15,'AUX-Mão de obra'!$C$7:$AA$104,4,FALSE),2)","v":1665.28},{"$f":"ROUND(I15*G15,2)","v":3551.88},{"$f":"'PFP2.1_FatorKa'!$E$40","v":2.1328999999999998},{"$f":"ROUND(VLOOKUP(C15,'AUX-Mão de obra'!$C$7:$AB$104,26,FALSE),2)","v":1248.47},{"$f":"ROUND((F15*H15)+(J15*F15),2)","v":172812.6},7]
["DNIT","MO1","P8135","Secretário(com enc. Comple. e adicionais, EPI)","mês",{"$f":"1*12","v":12},{"$f":"ROUND(VLOOKUP(C16,'AUX-Mão de obra'!$C$7:$AA$104,4,FALSE),2)","v":2841.65},{"$f":"ROUND(I16*G16,2)","v":6060.96},{"$f":"'PFP2.1_FatorKa'!$E$40","v":2.1328999999999998},{"$f":"ROUND(VLOOKUP(C16,'AUX-Mão de obra'!$C$7:$AB$104,26,FALSE),2)","v":1143.79},{"$f":"ROUND((F16*H16)+(J16*F16),2)","v":86457},10]
["CODE","DP","V1","Diárias per noite","dia",{"$f":"ROUND((F12+F13+F14+F15)*4*4,2)","v":2688},252.8,304.02,{"$f":"PFP3_FatorKd!$E$20","v":1.2025999999999999},null,{"$f":"ROUND(F17*H17,2)","v":817205.76000000001},1]
["CODE","DA","V2","Alimentação","dia",{"$f":"ROUND((F12+F13+F14+F15+F16)*22,2)","v":3960},100.59,{"$f":"ROUND(I18*G18,2)","v":120.97},{"$f":"PFP3_FatorKd!$E$20","v":1.2025999999999999},null,479041.2,5]
["ORSE",10557,"LO","Telefone (celular/internet )","Unid. x Mês",154.99,154.99,{"$f":"ROUND(I19*G19,2)","v":186.39},{"$f":"PFP3_FatorKd!$E$20","v":1.2025999999999999},null,28888.59,11]
["CPU",null,"LO","Veículo leve -1.0 T. Flex 12V 5p (ou superior, com até 2 anos de uso, incluso oleo, gasolina, pneus, seguro, manutenção)\t","mês",{"$f":"(F12+F13+F14)","v":132},{"$f":"'CPU-VEICULO_Leve'!D7","v":3814.223035502574},{"$f":"ROUND(I20*G20,2)","v":4586.9799999999996},{"$f":"PFP3_FatorKd!$E$20","v":1.2025999999999999},null,605481.36,3]
["COTAÇÃO","COT","LO","Sistema de rastreamento veicular","mês",{"$f":"F20","v":132},{"$f":"'Cotação '!B53+'Cotação '!B60","v":97.508333333333326},{"$f":"ROUND(I21*G21,2)","v":117.26},{"$f":"PFP3_FatorKd!$E$20","v":1.2025999999999999},null,{"$f":"ROUND(F21*H21,2)","v":15478.32},12]
["COTAÇÃO","COT","LO","Locação - Receptor GNSS com antena, radio UHF e canais para rastreamento de sistemas de satélite","Unid. x Mês",{"$f":"F14","v":36},{"$f":"'Cotação '!B18","v":2250},2705.85,{"$f":"PFP3_FatorKd!$E$20","v":1.2025999999999999},null,97410.6,8]
["COTAÇÃO","COT","LO","Locação - Notebook conforme especificação","Unid. x Mês",{"$f":"SUM(F12:F14)+F16","v":144},{"$f":"'Cotação '!B39","v":517.08145833333333},621.84,{"$f":"PFP3_FatorKd!$E$20","v":1.2025999999999999},null,89544.960000000006,9]
[]
[]
["TOTAL DOS CUSTOS DIRETOS",{"$nulls":6},{"$f":"SUM(F12*G12+F13*G13+F14*G14+F15*G15+F16*G16+F17*G17+F18*G18+F19*G19+F20*G20+F21*G21+F22*G22+F23*G23)","v":2504848.1707863398}]
["TOTAL DOS ENCARGOS E DISPESAS DIVERSAS",{"$nulls":6},{"$f":"H28-H26","v":1398066.5392136602}]
["TOTAL DA PROPOSTA",{"$nulls":6},{"$f":"SUM(K12:K25)","v":3902914.71}]
["OBSERVAÇÃO:"]
["Alocar os Insumos MO, com respectivo FatorK, dentro da categoria de vínculo contratual (com ou sem) de cada tipo de profissional"]
["Uni - unidade de medição do insumo;"]
["Qde - Quantidade do Insumo (não pode ocorrer alteração pela Licitante)"]
["CUD - Custo Unitário Direto do Insumo (sem encargos, taxas e impostos, valor não pode ser maior que o Orçado pela Codevasf)"]
["CT - Custo Total (sem encargos, taxas e impostos) - CT = Qde x CUD"]
["FatorK - Taxa de Ressarcimento de Despesas e Encargos (detalhar composição nas Planilhas \"PFP2.1\", \"PFP2.2\", \"PFP2.3\", \"PFP3\")"]
["PU - Preço Unitário do Insumo (incluído encargos, taxas e impostos) - PU = CUD x FatorK"]
["PT - Preço Total do Insumo (incluído encargos, taxas e impostos) - PT = Qde x PU"]
["Pagamentos dos veiculos será por km rodado."]
["Encargos complementares e adicionais contempla: assistência médica, seguro de vida, custos de EPI e exame ocupacional. Preços de referência do SICRO para os tecnicos e topografos e auxiliares."]
["Os valores de diárias e alimentação (almoço) foram retirados do anexo da N-201 da CODEVASF(pernoite inclui o café, jantar e acomodação)"]
["COT-Cotação de preço de mercado LO- Locação"]
["MO1 - Mão de obra sobre regime de Celetista, encargos calculados via FatorKa"]
["MO2 - Mão de obra sobre regime de Autônomo, encargos calculados via FatorKb"]
["MO3 - Mão de obra sobre regime de Societários, encargos calculados via FatorKc"]
["P - Profissionais nível superior nas áreas de Engenharia, Química, Arquitetura, Agronomia e Veterinária, conforme disposições da Lei 4.950-A/66"]
["S - Profissionais de nível superior nas demais áreas de atuação, incluindo Arqueólogo, Biólogo, Geógrafo e Socioólogo"]
["T - Profissionais de nível médio técnico nas diversas áreas de atuação"]
["A - Profissionais de nível médio de apoio técnico-administrativo"]

{"sheet":"PFP2.1_FatorKa","index":2,"n_rows":45,"n_cols":6,"rows_kept":45,"cut":false,"hidden":false,"merged":[[10,1,10,3],[11,1,11,3],[2,2,2,7],[44,0,44,5],[43,0,43,5],[42,0,42,5],[41,0,41,5],[26,1,26,3],[33,1,33,3],[34,1,34,3],[32,1,32,3],[29,1,29,3],[30,1,30,3],[31,1,31,3],[37,1,37,3],[35,1,35,3],[4,0,5,4],[6,0,6,5],[9,0,9,1],[9,2,9,4],[8,2,8,4],[7,0,7,5],[36,1,36,3],[38,1,38,3],[39,1,39,3],[22,1,22,3],[23,1,23,3],[24,1,24,3],[25,1,25,3],[27,1,27,3],[28,1,28,3],[21,1,21,3],[12,1,12,3],[17,1,17,3],[18,1,18,3],[19,1,19,3],[14,1,14,3],[15,1,15,3],[16,1,16,3],[20,1,20,3],[13,1,13,3]]}
[null,null,"Ministério da Integração e do Desenvolvimento Regional - MIDR"]
[null,null,"Companhia de Desenvolvimento dos Vales do São Francisco e do Parnaíba"]
[null,null,"5ª Superintendência Regional \n"]
[]
["DETALHAMENTO DOS ENCARGOS SOCIAIS: Ka",{"$nulls":4},"CODIGO:"]
[{"$nulls":5},"PFP-2.1"]
["NOME DA CONSULTORA:"]
[]
["PROJETO:",null,"CONTRATANTE:",null,null,{"$f":"PFP!J9","v":"BASE: setembro/2025"}]
[{"$f":"PFP!A10","v":"Serviços de apoio à fiscalização de convênios, contratos, análise e elaboração de documentos técnicos específicos, no Estado de Alagoas, área de atuação da 5ª Superintendência Regional"},null,"CODEVASF",null,null,{"$f":"PFP!J10","v":"ORSE: julho/2025\nDNIT: Abril/2025\nPROP: julho/2025"}]
["Cod","DESCRIÇÃO",null,null,"%","R$"]
["A","ENCARGOS SOCIAIS BÁSICOS",null,null,{"$f":"ROUND(SUM(E13:E21),4)","v":0.36799999999999999},{"$f":"ROUND(E12*SUMIF(PFP!$B$12:$B$25,\"MO1\",PFP!$J$12:$J$25),2)","v":1281.52}]
["A1","INSS",null,null,0.2,{"$f":"ROUND(E13*SUMIF(PFP!$B$12:$B$25,\"MO1\",PFP!$J$12:$J$25),2)","v":696.48}]
["A2","SESI",null,null,1.4999999999999999E-2,{"$f":"ROUND(E14*SUMIF(PFP!$B$12:$B$25,\"MO1\",PFP!$J$12:$J$25),2)","v":52.24}]
["A3","SENAI",null,null,0.01,{"$f":"ROUND(E15*SUMIF(PFP!$B$12:$B$25,\"MO1\",PFP!$J$12:$J$25),2)","v":34.82}]
["A4","INCRA",null,null,2E-3,{"$f":"ROUND(E16*SUMIF(PFP!$B$12:$B$25,\"MO1\",PFP!$J$12:$J$25),2)","v":6.96}]
["A5","SEBRAE",null,null,6.0000000000000001E-3,{"$f":"ROUND(E17*SUMIF(PFP!$B$12:$B$25,\"MO1\",PFP!$J$12:$J$25),2)","v":20.89}]
["A6","Salário Educação",null,null,2.5000000000000001E-2,{"$f":"ROUND(E18*SUMIF(PFP!$B$12:$B$25,\"MO1\",PFP!$J$12:$J$25),2)","v":87.06}]
["A7","Seguro Contra Acidentes de Trabalho",null,null,0.03,{"$f":"ROUND(E19*SUMIF(PFP!$B$12:$B$25,\"MO1\",PFP!$J$12:$J$25),2)","v":104.47}]
["A8","FGTS",null,null,0.08,{"$f":"ROUND(E20*SUMIF(PFP!$B$12:$B$25,\"MO1\",PFP!$J$12:$J$25),2)","v":278.58999999999997}]
["A9","SECONCI",null,null,null,{"$f":"ROUND(E21*SUMIF(PFP!$B$12:$B$25,\"MO1\",PFP!$J$12:$J$25),2)","v":0}]
["B"," ENCARGOS SOCIAIS QUE RECEBEM INCIDÊNCIA DE \"A\"",null,null,{"$f":"ROUND(SUM(E23:E29),4)","v":0.1764},{"$f":"ROUND(E22*SUMIF(PFP!$B$12:$B$25,\"MO1\",PFP!$J$12:$J$25),2)","v":614.29}]
["B3","Auxílio Enfermidade",null,null,6.4999999999999997E-3,{"$f":"ROUND(E23*SUMIF(PFP!$B$12:$B$25,\"MO1\",PFP!$J$12:$J$25),2)","v":22.64}]
["B4","13º Salário",null,null,8.3299999999999999E-2,{"$f":"ROUND(E24*SUMIF(PFP!$B$12:$B$25,\"MO1\",PFP!$J$12:$J$25),2)","v":290.08}]
["B5","Licença Paternidade",null,null,5.0000000000000001E-4,{"$f":"ROUND(E25*SUMIF(PFP!$B$12:$B$25,\"MO1\",PFP!$J$12:$J$25),2)","v":1.74}]
["B6","Faltas Justificadas",null,null,5.5999999999999999E-3,{"$f":"ROUND(E26*SUMIF(PFP!$B$12:$B$25,\"MO1\",PFP!$J$12:$J$25),2)","v":19.5}]
["B8","Auxílio Acidente de Trabalho",null,null,6.9999999999999999E-4,{"$f":"ROUND(E27*SUMIF(PFP!$B$12:$B$25,\"MO1\",PFP!$J$12:$J$25),2)","v":2.44}]
["B9","Férias Gozadas",null,null,7.9500000000000001E-2,{"$f":"ROUND(E28*SUMIF(PFP!$B$12:$B$25,\"MO1\",PFP!$J$12:$J$25),2)","v":276.85000000000002}]
["B10","Salário Maternidade",null,null,2.9999999999999997E-4,{"$f":"ROUND(E29*SUMIF(PFP!$B$12:$B$25,\"MO1\",PFP!$J$12:$J$25),2)","v":1.04}]
["C"," ENCARGOS SOCIAIS QUE NÃO RECEBEM INCIDÊNCIA DE \"A\"",null,null,{"$f":"ROUND(SUM(E31:E35),4)","v":8.8700000000000001E-2},{"$f":"ROUND(E30*SUMIF(PFP!$B$12:$B$25,\"MO1\",PFP!$J$12:$J$25),2)","v":308.89}]
["C1","Aviso Prévio Indenizado",null,null,3.6200000000000003E-2,{"$f":"ROUND(E31*SUMIF(PFP!$B$12:$B$25,\"MO1\",PFP!$J$12:$J$25),2)","v":126.06}]
["C2","Aviso Prévio Trabalhado",null,null,8.9999999999999998E-4,{"$f":"ROUND(E32*SUMIF(PFP!$B$12:$B$25,\"MO1\",PFP!$J$12:$J$25),2)","v":3.13}]
["C3","Férias Indenizadas",null,null,2.6499999999999999E-2,{"$f":"ROUND(E33*SUMIF(PFP!$B$12:$B$25,\"MO1\",PFP!$J$12:$J$25),2)","v":92.28}]
["C4","Depósito Rescisão Sem Justa Causa",null,null,2.2100000000000002E-2,{"$f":"ROUND(E34*SUMIF(PFP!$B$12:$B$25,\"MO1\",PFP!$J$12:$J$25),2)","v":76.959999999999994}]
["C5","Indenização Adicional",null,null,3.0000000000000001E-3,{"$f":"ROUND(E35*SUMIF(PFP!$B$12:$B$25,\"MO1\",PFP!$J$12:$J$25),2)","v":10.45}]
["D"," REINCIDÊNCIAS",null,null,{"$f":"ROUND(SUM(E37:E38),4)","v":6.8099999999999994E-2},{"$f":"ROUND(E36*SUMIF(PFP!$B$12:$B$25,\"MO1\",PFP!$J$12:$J$25),2)","v":237.15}]
["D1","Reincidência de \"A\" sobre \"B\"",null,null,{"$f":"ROUND(E12*E22,4)","v":6.4899999999999999E-2},{"$f":"ROUND(E37*SUMIF(PFP!$B$12:$B$25,\"MO1\",PFP!$J$12:$J$25),2)","v":226.01}]
["D2","Reincidência de \"A\" sobre Aviso Prévio Trabalhado e reincidência do FGTS sobre Aviso Prévio Indenizado",null,null,{"$f":"ROUND((E32*E12)+(E31*E20),4)","v":3.2000000000000002E-3},{"$f":"ROUND(E38*SUMIF(PFP!$B$12:$B$25,\"MO1\",PFP!$J$12:$J$25),2)","v":11.14}]
["K1","ENCARGOS SOCIAIS",null,null,{"$f":"ROUND(E12+E22+E30+E36,4)","v":0.70120000000000005},{"$f":"ROUND(E39*SUMIF(PFP!$B$12:$B$25,\"MO1\",PFP!$J$12:$J$25),2)","v":2441.84}]
["Ka","TAXA DE RESSARCIMENTO DE DESPESAS E ENCARGOS SOBRE MO1",null,null,{"$f":"ROUND((1+E39+PFP3_FatorKd!E16)*(1+PFP3_FatorKd!E15)*(1+PFP3_FatorKd!E11),4)","v":2.1328999999999998}]
["OBSERVAÇÃO: MO1 CELETISTAS"]
["1 - DISCRIMINAR OS ENCARGOS SOCIAIS COM SEUS RESPECTIVOS PERCENTUAS TOTALIZANDO OS MESMOS. "]
["2 - APLICAR O  % TOTAL P/ CALCULAR OS E. SOCIAIS INCIDENTES NA MÃO-DE-OBRA - CELETISTAS"]
["Ka - Taxa de Ressarcimento de Despesas e Encargos sobre a Mão de Obra CELETISTAS (incide apenas no Insumo Codigo MO1)"]
["Ka = (1 + K1 + K2) x (1 + K3) x (1 + K4)"]

{"sheet":"PFP2.2_FatorKb","index":3,"n_rows":44,"n_cols":6,"rows_kept":44,"cut":false,"hidden":false,"merged":[[2,2,2,7],[8,5,8,6],[16,1,16,3],[17,1,17,3],[18,1,18,3],[14,1,14,3],[34,1,34,3],[23,1,23,3],[24,1,24,3],[25,1,25,3],[26,1,26,3],[27,1,27,3],[28,1,28,3],[29,1,29,3],[30,1,30,3],[31,1,31,3],[32,1,32,3],[33,1,33,3],[43,0,43,5],[40,0,40,5],[41,0,41,5],[42,0,42,5],[35,1,35,3],[36,1,36,3],[37,1,37,3],[38,1,38,3],[22,1,22,3],[3,0,4,4],[5,0,5,5],[6,0,6,5],[7,2,7,4],[8,0,8,1],[8,2,8,4],[10,1,10,3],[20,1,20,3],[21,1,21,3],[11,1,11,3],[12,1,12,3],[13,1,13,3],[19,1,19,3],[9,1,9,3],[15,1,15,3]]}
[null,null,"Ministério da Integração e do Desenvolvimento Regional - MIDR"]
[null,null,"Companhia de Desenvolvimento dos Vales do São Francisco e do Parnaíba"]
[null,null,"5ª Superintendência Regional \n"]
["DETALHAMENTO DOS ENCARGOS SOCIAIS: Kb",{"$nulls":4},"CODIGO:"]
[{"$nulls":5},"PFP-2.2"]
["NOME DA CONSULTORA:"]
[]
["PROJETO:",null,"CONTRATANTE:",null,null,{"$f":"PFP!J9","v":"BASE: setembro/2025"}]
[{"$f":"PFP!A10","v":"Serviços de apoio à fiscalização de convênios, contratos, análise e elaboração de documentos técnicos específicos, no Estado de Alagoas, área de atuação da 5ª Superintendência Regional"},null,"CODEVASF ",null,null,{"$f":"PFP!J10","v":"ORSE: julho/2025\nDNIT: Abril/2025\nPROP: julho/2025"}]
["Cod","DESCRIÇÃO",null,null,"%","R$"]
["A","ENCARGOS SOCIAIS BÁSICOS",null,null,{"$f":"ROUND(SUM(E12:E20),4)","v":0.2},{"$f":"ROUND(E11*SUMIF(PFP!$B$12:$B$25,\"MO2\",PFP!$J$12:$J$25),2)","v":468.05}]
["A1","INSS",null,null,0,{"$f":"ROUND(E12*SUMIF(PFP!$B$12:$B$25,\"MO2\",PFP!$J$12:$J$25),2)","v":0}]
["A2","SESI",null,null,0,{"$f":"ROUND(E13*SUMIF(PFP!$B$12:$B$25,\"MO2\",PFP!$J$12:$J$25),2)","v":0}]
["A3","SENAI",null,null,0,{"$f":"ROUND(E14*SUMIF(PFP!$B$12:$B$25,\"MO2\",PFP!$J$12:$J$25),2)","v":0}]
["A4","INCRA",null,null,0,{"$f":"ROUND(E15*SUMIF(PFP!$B$12:$B$25,\"MO2\",PFP!$J$12:$J$25),2)","v":0}]
["A5","SEBRAE",null,null,0,{"$f":"ROUND(E16*SUMIF(PFP!$B$12:$B$25,\"MO2\",PFP!$J$12:$J$25),2)","v":0}]
["A6","Salário Educação",null,null,0,{"$f":"ROUND(E17*SUMIF(PFP!$B$12:$B$25,\"MO2\",PFP!$J$12:$J$25),2)","v":0}]
["A7","Seguro Contra Acidentes de Trabalho",null,null,0,{"$f":"ROUND(E18*SUMIF(PFP!$B$12:$B$25,\"MO2\",PFP!$J$12:$J$25),2)","v":0}]
["A8","FGTS",null,null,0.2,{"$f":"ROUND(E19*SUMIF(PFP!$B$12:$B$25,\"MO2\",PFP!$J$12:$J$25),2)","v":468.05}]
["A9","SECONCI",null,null,0,{"$f":"ROUND(E20*SUMIF(PFP!$B$12:$B$25,\"MO2\",PFP!$J$12:$J$25),2)","v":0}]
["B"," ENCARGOS SOCIAIS QUE RECEBEM INCIDÊNCIA DE \"A\"",null,null,{"$f":"ROUND(SUM(E22:E28),4)","v":0},{"$f":"ROUND(E21*SUMIF(PFP!$B$12:$B$25,\"MO2\",PFP!$J$12:$J$25),2)","v":0}]
["B3","Auxílio Enfermidade",null,null,0,{"$f":"ROUND(E22*SUMIF(PFP!$B$12:$B$25,\"MO2\",PFP!$J$12:$J$25),2)","v":0}]
["B4","13º Salário",null,null,0,{"$f":"ROUND(E23*SUMIF(PFP!$B$12:$B$25,\"MO2\",PFP!$J$12:$J$25),2)","v":0}]
["B5","Licença Paternidade",null,null,0,{"$f":"ROUND(E24*SUMIF(PFP!$B$12:$B$25,\"MO2\",PFP!$J$12:$J$25),2)","v":0}]
["B6","Faltas Justificadas",null,null,0,{"$f":"ROUND(E25*SUMIF(PFP!$B$12:$B$25,\"MO2\",PFP!$J$12:$J$25),2)","v":0}]
["B8","Auxílio Acidente de Trabalho",null,null,0,{"$f":"ROUND(E26*SUMIF(PFP!$B$12:$B$25,\"MO2\",PFP!$J$12:$J$25),2)","v":0}]
["B9","Férias Gozadas",null,null,0,{"$f":"ROUND(E27*SUMIF(PFP!$B$12:$B$25,\"MO2\",PFP!$J$12:$J$25),2)","v":0}]
["B10","Salário Maternidade",null,null,0,{"$f":"ROUND(E28*SUMIF(PFP!$B$12:$B$25,\"MO2\",PFP!$J$12:$J$25),2)","v":0}]
["C"," ENCARGOS SOCIAIS QUE NÃO RECEBEM INCIDÊNCIA DE \"A\"",null,null,{"$f":"ROUND(SUM(E30:E34),4)","v":0},{"$f":"ROUND(E29*SUMIF(PFP!$B$12:$B$25,\"MO2\",PFP!$J$12:$J$25),2)","v":0}]
["C1","Aviso Prévio Indenizado",null,null,0,{"$f":"ROUND(E30*SUMIF(PFP!$B$12:$B$25,\"MO2\",PFP!$J$12:$J$25),2)","v":0}]
["C2","Aviso Prévio Trabalhado",null,null,0,{"$f":"ROUND(E31*SUMIF(PFP!$B$12:$B$25,\"MO2\",PFP!$J$12:$J$25),2)","v":0}]
["C3","Férias Indenizadas",null,null,0,{"$f":"ROUND(E32*SUMIF(PFP!$B$12:$B$25,\"MO2\",PFP!$J$12:$J$25),2)","v":0}]
["C4","Depósito Rescisão Sem Justa Causa",null,null,0,{"$f":"ROUND(E33*SUMIF(PFP!$B$12:$B$25,\"MO2\",PFP!$J$12:$J$25),2)","v":0}]
["C5","Indenização Adicional",null,null,0,{"$f":"ROUND(E34*SUMIF(PFP!$B$12:$B$25,\"MO2\",PFP!$J$12:$J$25),2)","v":0}]
["D"," REINCIDÊNCIAS",null,null,{"$f":"ROUND(SUM(E36:E37),4)","v":0},{"$f":"ROUND(E35*SUMIF(PFP!$B$12:$B$25,\"MO2\",PFP!$J$12:$J$25),2)","v":0}]
["D1","Reincidência de \"A\" sobre \"B\"",null,null,{"$f":"ROUND(E11*E21,4)","v":0},{"$f":"ROUND(E36*SUMIF(PFP!$B$12:$B$25,\"MO2\",PFP!$J$12:$J$25),2)","v":0}]
["D2","Reincidência de \"A\" sobre Aviso Prévio Trabalhado e reincidência do FGTS sobre Aviso Prévio Indenizado",null,null,{"$f":"ROUND(E11*E31,4)+ROUND(E30*E14,4)","v":0},{"$f":"ROUND(E37*SUMIF(PFP!$B$12:$B$25,\"MO2\",PFP!$J$12:$J$25),2)","v":0}]
["K1","ENCARGOS SOCIAIS",null,null,{"$f":"ROUND(E11+E21+E29+E35,4)","v":0.2},{"$f":"ROUND(E38*SUMIF(PFP!$B$12:$B$25,\"MO2\",PFP!$J$12:$J$25),2)","v":468.05}]
["Kb","TAXA DE RESSARCIMENTO DE DESPESAS E ENCARGOS SOBRE MO2",null,null,{"$f":"ROUND((1+E38+PFP3_FatorKd!E16)*(1+PFP3_FatorKd!E15)*(1+PFP3_FatorKd!E11),4)","v":1.5302}]
["OBSERVAÇÃO: MO2 AUTÔNOMOS"]
["1 - DISCRIMINAR OS ENCARGOS SOCIAIS COM SEUS RESPECTIVOS PERCENTUAS TOTALIZANDO OS MESMOS. "]
["2 - APLICAR O % TOTAL P/ CALCULAR OS E. SOCIAIS INCIDENTES NA MÃO-DE-OBRA - AUTÔNOMOS"]
["Kb - Taxa de Ressarcimento de Despesas e Encargos sobre a Mão de Obra AUTONOMOS (incide apenas no Insumo Codigo MO2)"]
["Kb = (1 + K1 + K2) x (1 + K3) x (1 + K4)"]

{"sheet":"PFP2.3_FatorKc","index":4,"n_rows":44,"n_cols":6,"rows_kept":44,"cut":false,"hidden":false,"merged":[[2,2,2,7],[3,0,4,4],[5,0,5,5],[6,0,6,5],[7,2,7,4],[8,0,8,1],[8,2,8,4],[20,1,20,3],[9,1,9,3],[10,1,10,3],[11,1,11,3],[12,1,12,3],[13,1,13,3],[14,1,14,3],[15,1,15,3],[16,1,16,3],[17,1,17,3],[18,1,18,3],[19,1,19,3],[32,1,32,3],[21,1,21,3],[22,1,22,3],[23,1,23,3],[24,1,24,3],[25,1,25,3],[26,1,26,3],[27,1,27,3],[28,1,28,3],[29,1,29,3],[30,1,30,3],[31,1,31,3],[40,0,40,5],[41,0,41,5],[42,0,42,5],[43,0,43,5],[33,1,33,3],[34,1,34,3],[35,1,35,3],[36,1,36,3],[37,1,37,3],[38,1,38,3]]}
[null,null,"Ministério da Integração e do Desenvolvimento Regional - MIDR"]
[null,null,"Companhia de Desenvolvimento dos Vales do São Francisco e do Parnaíba"]
[null,null,"5ª Superintendência Regional \n"]
["DETALHAMENTO DOS ENCARGOS SOCIAIS: Kb",{"$nulls":4},"CODIGO:"]
[{"$nulls":5},"PFP-2.2"]
["NOME DA CONSULTORA:"]
[]
["PROJETO:",null,"CONTRATANTE:",null,null,{"$f":"PFP!J9","v":"BASE: setembro/2025"}]
[{"$f":"PFP!A10","v":"Serviços de apoio à fiscalização de convênios, contratos, análise e elaboração de documentos técnicos específicos, no Estado de Alagoas, área de atuação da 5ª Superintendência Regional"},null,"CODEVASF ",null,null,{"$f":"PFP!J10","v":"ORSE: julho/2025\nDNIT: Abril/2025\nPROP: julho/2025"}]
["Cod","DESCRIÇÃO",null,null,"%","R$"]
["A","ENCARGOS SOCIAIS BÁSICOS",null,null,{"$f":"ROUND(SUM(E12:E20),4)","v":0},{"$f":"ROUND(E11*SUMIF(PFP!$B$12:$B$25,\"MO3\",PFP!$J$12:$J$25),2)","v":0}]
["A1","INSS",null,null,0,{"$f":"ROUND(E12*SUMIF(PFP!$B$12:$B$25,\"MO3\",PFP!$J$12:$J$25),2)","v":0}]
["A2","SESI",null,null,0,{"$f":"ROUND(E13*SUMIF(PFP!$B$12:$B$25,\"MO3\",PFP!$J$12:$J$25),2)","v":0}]
["A3","SENAI",null,null,0,{"$f":"ROUND(E14*SUMIF(PFP!$B$12:$B$25,\"MO3\",PFP!$J$12:$J$25),2)","v":0}]
["A4","INCRA",null,null,0,{"$f":"ROUND(E15*SUMIF(PFP!$B$12:$B$25,\"MO3\",PFP!$J$12:$J$25),2)","v":0}]
["A5","SEBRAE",null,null,0,{"$f":"ROUND(E16*SUMIF(PFP!$B$12:$B$25,\"MO3\",PFP!$J$12:$J$25),2)","v":0}]
["A6","Salário Educação",null,null,0,{"$f":"ROUND(E17*SUMIF(PFP!$B$12:$B$25,\"MO3\",PFP!$J$12:$J$25),2)","v":0}]
["A7","Seguro Contra Acidentes de Trabalho",null,null,0,{"$f":"ROUND(E18*SUMIF(PFP!$B$12:$B$25,\"MO3\",PFP!$J$12:$J$25),2)","v":0}]
["A8","FGTS",null,null,0,{"$f":"ROUND(E19*SUMIF(PFP!$B$12:$B$25,\"MO3\",PFP!$J$12:$J$25),2)","v":0}]
["A9","SECONCI",null,null,0,{"$f":"ROUND(E20*SUMIF(PFP!$B$12:$B$25,\"MO3\",PFP!$J$12:$J$25),2)","v":0}]
["B"," ENCARGOS SOCIAIS QUE RECEBEM INCIDÊNCIA DE \"A\"",null,null,{"$f":"ROUND(SUM(E22:E28),4)","v":0},{"$f":"ROUND(E21*SUMIF(PFP!$B$12:$B$25,\"MO3\",PFP!$J$12:$J$25),2)","v":0}]
["B3","Auxílio Enfermidade",null,null,0,{"$f":"ROUND(E22*SUMIF(PFP!$B$12:$B$25,\"MO3\",PFP!$J$12:$J$25),2)","v":0}]
["B4","13º Salário",null,null,0,{"$f":"ROUND(E23*SUMIF(PFP!$B$12:$B$25,\"MO3\",PFP!$J$12:$J$25),2)","v":0}]
["B5","Licença Paternidade",null,null,0,{"$f":"ROUND(E24*SUMIF(PFP!$B$12:$B$25,\"MO3\",PFP!$J$12:$J$25),2)","v":0}]
["B6","Faltas Justificadas",null,null,0,{"$f":"ROUND(E25*SUMIF(PFP!$B$12:$B$25,\"MO3\",PFP!$J$12:$J$25),2)","v":0}]
["B8","Auxílio Acidente de Trabalho",null,null,0,{"$f":"ROUND(E26*SUMIF(PFP!$B$12:$B$25,\"MO3\",PFP!$J$12:$J$25),2)","v":0}]
["B9","Férias Gozadas",null,null,0,{"$f":"ROUND(E27*SUMIF(PFP!$B$12:$B$25,\"MO3\",PFP!$J$12:$J$25),2)","v":0}]
["B10","Salário Maternidade",null,null,0,{"$f":"ROUND(E28*SUMIF(PFP!$B$12:$B$25,\"MO3\",PFP!$J$12:$J$25),2)","v":0}]
["C"," ENCARGOS SOCIAIS QUE NÃO RECEBEM INCIDÊNCIA DE \"A\"",null,null,{"$f":"ROUND(SUM(E30:E34),4)","v":0},{"$f":"ROUND(E29*SUMIF(PFP!$B$12:$B$25,\"MO3\",PFP!$J$12:$J$25),2)","v":0}]
["C1","Aviso Prévio Indenizado",null,null,0,{"$f":"ROUND(E30*SUMIF(PFP!$B$12:$B$25,\"MO3\",PFP!$J$12:$J$25),2)","v":0}]
["C2","Aviso Prévio Trabalhado",null,null,0,{"$f":"ROUND(E31*SUMIF(PFP!$B$12:$B$25,\"MO3\",PFP!$J$12:$J$25),2)","v":0}]
["C3","Férias Indenizadas",null,null,0,{"$f":"ROUND(E32*SUMIF(PFP!$B$12:$B$25,\"MO3\",PFP!$J$12:$J$25),2)","v":0}]
["C4","Depósito Rescisão Sem Justa Causa",null,null,0,{"$f":"ROUND(E33*SUMIF(PFP!$B$12:$B$25,\"MO3\",PFP!$J$12:$J$25),2)","v":0}]
["C5","Indenização Adicional",null,null,0,{"$f":"ROUND(E34*SUMIF(PFP!$B$12:$B$25,\"MO3\",PFP!$J$12:$J$25),2)","v":0}]
["D"," REINCIDÊNCIAS",null,null,{"$f":"ROUND(SUM(E36:E37),4)","v":0},{"$f":"ROUND(E35*SUMIF(PFP!$B$12:$B$25,\"MO3\",PFP!$J$12:$J$25),2)","v":0}]
["D1","Reincidência de \"A\" sobre \"B\"",null,null,{"$f":"ROUND(E11*E21,4)","v":0},{"$f":"ROUND(E36*SUMIF(PFP!$B$12:$B$25,\"MO3\",PFP!$J$12:$J$25),2)","v":0}]
["D2","Reincidência de \"A\" sobre Aviso Prévio Trabalhado e reincidência do FGTS sobre Aviso Prévio Indenizado",null,null,{"$f":"ROUND(E11*E31,4)+ROUND(E30*E14,4)","v":0},{"$f":"ROUND(E37*SUMIF(PFP!$B$12:$B$25,\"MO3\",PFP!$J$12:$J$25),2)","v":0}]
["K1","ENCARGOS SOCIAIS",null,null,{"$f":"ROUND(E11+E21+E29+E35,4)","v":0},{"$f":"ROUND(E38*SUMIF(PFP!$B$12:$B$25,\"MO3\",PFP!$J$12:$J$25),2)","v":0}]
["Kb","TAXA DE RESSARCIMENTO DE DESPESAS E ENCARGOS SOBRE MO3",null,null,{"$f":"ROUND((1+E38+PFP3_FatorKd!E16)*(1+PFP3_FatorKd!E15)*(1+PFP3_FatorKd!E11),4)","v":1.2897000000000001}]
["OBSERVAÇÃO: MO3 SOCIETÁRIOS"]
["1 - DISCRIMINAR OS ENCARGOS SOCIAIS COM SEUS RESPECTIVOS PERCENTUAS TOTALIZANDO OS MESMOS. "]
["2 - APLICAR O % TOTAL P/ CALCULAR OS E. SOCIAIS INCIDENTES NA MÃO-DE-OBRA - SOCIETÁRIOS"]
["Kc - Taxa de Ressarcimento de Despesas e Encargos sobre a Mão de Obra SOCIETÁRIOS (incide apenas no Insumo Codigo MO3)"]
["Kc = (1 + K1 + K2) x (1 + K3) x (1 + K4)"]

{"sheet":"PFP3_FatorKd","index":5,"n_rows":38,"n_cols":6,"rows_kept":38,"cut":false,"hidden":false,"merged":[[8,2,8,4],[32,0,32,5],[6,0,6,5],[33,0,33,5],[2,2,2,7],[10,1,10,2],[9,1,9,2],[3,0,4,4],[5,0,5,5],[8,0,8,1],[7,2,7,4],[15,1,15,3],[14,1,14,3],[11,1,11,2],[12,1,12,2],[13,1,13,2],[36,0,36,5],[37,0,37,5],[19,1,19,3],[16,1,16,3],[17,1,17,3],[18,1,18,3],[24,0,24,5],[29,0,29,5],[30,0,30,5],[25,0,25,5],[26,0,26,5],[27,0,27,5],[31,0,31,5],[35,0,35,5],[28,0,28,5],[34,0,34,5]]}
[null,null,"Ministério da Integração e do Desenvolvimento Regional - MIDR"]
[null,null,"Companhia de Desenvolvimento dos Vales do São Francisco e do Parnaíba"]
[null,null,"5ª Superintendência Regional \n"]
["DESPESAS FISCAIS E CUSTOS DIVERSOS: Kc",{"$nulls":4},"CODIGO:"]
[{"$nulls":5},"PFP-3"]
["NOME DA CONSULTORA:"]
[]
["PROJETO:",null,"CONTRATANTE:",null,null,{"$f":"PFP!J9","v":"BASE: setembro/2025"}]
[{"$f":"PFP!A10","v":"Serviços de apoio à fiscalização de convênios, contratos, análise e elaboração de documentos técnicos específicos, no Estado de Alagoas, área de atuação da 5ª Superintendência Regional"},null,"CODEVASF",null,null,{"$f":"PFP!J10","v":"ORSE: julho/2025\nDNIT: Abril/2025\nPROP: julho/2025"}]
["Cod","DESCRIÇÃO1",null,"% preço2","% custo4","R$"]
["K4","TAXAS E IMPOSTOS",null,{"$f":"ROUND(D12+D13+D14,4)","v":0.104},{"$f":"ROUND(E12+E13+E14,4)","v":0.11609999999999999},{"$f":"E11*SUM(SUMIF(PFP!$B$12:$B$25,\"MO1\",PFP!$J$12:$J$25)*(1+'PFP2.1_FatorKa'!$E$39)+SUMIF(PFP!$B$12:$B$25,\"MO2\",PFP!$J$12:$J$25)*(1+'PFP2.2_FatorKb'!$E$38)+SUMIF(PFP!$B$12:$B$25,\"<>MO*\",PFP!$J$12:$J$25)+$F$16+$F$15)","v":1145.1584211406739}]
["K4.1","ISS",null,0.03,{"$f":"ROUND((1/(1-$D$11))*D12,4)","v":3.3500000000000002E-2},{"$f":"E12*SUM(SUMIF(PFP!$B$12:$B$25,\"MO1\",PFP!$J$12:$J$25)*(1+'PFP2.1_FatorKa'!$E$39)+SUMIF(PFP!$B$12:$B$25,\"MO2\",PFP!$J$12:$J$25)*(1+'PFP2.2_FatorKb'!$E$38)+SUMIF(PFP!$B$12:$B$25,\"<>MO*\",PFP!$J$12:$J$25)+$F$16+$F$15)","v":330.42900179339006}]
["K4.2","PIS3 - aliquota efetiva com percentual-desconto",null,{"$f":"ROUND(1.65%*0.8,4)","v":1.32E-2},{"$f":"ROUND((1/(1-$D$11))*D13,4)","v":1.47E-2},{"$f":"E13*SUM(SUMIF(PFP!$B$12:$B$25,\"MO1\",PFP!$J$12:$J$25)*(1+'PFP2.1_FatorKa'!$E$39)+SUMIF(PFP!$B$12:$B$25,\"MO2\",PFP!$J$12:$J$25)*(1+'PFP2.2_FatorKb'!$E$38)+SUMIF(PFP!$B$12:$B$25,\"<>MO*\",PFP!$J$12:$J$25)+$F$16+$F$15)","v":144.994218697398}]
["K4.3","COFINS3 - aliquota efetiva com percentual-desconto",null,{"$f":"ROUND(7.6%*0.8,4)","v":6.08E-2},{"$f":"ROUND((1/(1-$D$11))*D14,4)","v":6.7900000000000002E-2},{"$f":"E14*SUM(SUMIF(PFP!$B$12:$B$25,\"MO1\",PFP!$J$12:$J$25)*(1+'PFP2.1_FatorKa'!$E$39)+SUMIF(PFP!$B$12:$B$25,\"MO2\",PFP!$J$12:$J$25)*(1+'PFP2.2_FatorKb'!$E$38)+SUMIF(PFP!$B$12:$B$25,\"<>MO*\",PFP!$J$12:$J$25)+$F$16+$F$15)","v":669.735200649886}]
["K3","REMUNERAÇÃO DA EMPRESA (LUCRO)",null,null,7.7499999999999999E-2,{"$f":"E15*SUM(SUMIF(PFP!$B$12:$B$25,\"MO1\",PFP!$J$12:$J$25)*(1+'PFP2.1_FatorKa'!$E$39)+SUMIF(PFP!$B$12:$B$25,\"MO2\",PFP!$J$12:$J$25)*(1+'PFP2.2_FatorKb'!$E$38)+SUMIF(PFP!$B$12:$B$25,\"<>MO*\",PFP!$J$12:$J$25)+$F$16)","v":709.44343634000006}]
["K2","CUSTOS DA ADMINISTRAÇÃO CENTRAL",null,null,{"$f":"ROUND(SUM(E17:E19),4)","v":7.2400000000000006E-2},{"$f":"ROUND(E16*SUMIF(PFP!$B$12:$B$25,\"MO*\",PFP!$J$12:$J$25),2)","v":421.56}]
["K2.1","Custos da administração central da empresa (diretoria, pessoal técnico de apoio e pessoal administrativo não diretamente vinculado à prestação dos serviços)",null,null,0.04,{"$f":"ROUND(E17*SUMIF(PFP!$B$12:$B$25,\"MO*\",PFP!$J$12:$J$25),2)","v":232.91}]
["K2.2","Outras despesas que afetam o custo de produção como treinamento, biblioteca, programa de qualidade, programa de benefícios, auditoria interna e externa",null,null,0.02,{"$f":"ROUND(E18*SUMIF(PFP!$B$12:$B$25,\"MO*\",PFP!$J$12:$J$25),2)","v":116.45}]
["K2.3","Despesas fixas e variaveis com patrimônio, aluguéis, comunicação, manutenção e transporte não diretamente relacionados com o custo direto dos serviços",null,null,1.24E-2,{"$f":"ROUND(E19*SUMIF(PFP!$B$12:$B$25,\"MO*\",PFP!$J$12:$J$25),2)","v":72.2}]
["Kd","TAXA RESSARCIMENTO DE DESPESAS SOBRE CUSTOS DIVERSOS",null,null,{"$f":"ROUND((1+E15)*(1+E11),4)","v":1.2025999999999999}]
["NOME DO INFORMANTE:",null,null,null,"QUALIFICAÇÃO:"]
[]
["ASSINATURA:",null,null,null,"DATA:"]
[]
["Observação:"]
["1 - RELACIONAR OS CUSTOS DE ADMINISTRAÇÃO COM RESPECTIVOS PERCENTUAIS INCIDENTES NA MÃO -DE-OBRA"]
["1 - DISCRIMINAR OS TRIBUTOS QUE INCIDEM SOBRE OS CUSTOS DA PRESTAÇÃO DOS SERVIÇOS"]
["2 - K4 = INDICAR % DE CADA TRIBUTO E A SOMA DOS MESMOS (ex: ISS 5% + PIS 1,65% + COFINS 7,60% = 14,25%)"]
["3 - PIS e COFINS, Regime de Incidencia Acumulativa (0,65% e 3,00% - sem percentual de desconto) ou em Regime de Incidencia Não Acumulativa (1,65% e 7,60% - aplicável percentual de desconto) de acordo com a forma de apuração do lucro no IRPJ. APRESENTAR COMPROVANTES de aproveitamento de créditos tributários dos últimos 12 meses em caso de aplicação de \"percentual de desconto\"."]
["4 - AS DESPESAS FISCAIS (K4) INCIDEM SOBRE O TOTAL DA FATURA E NÃO SOBRE OS CUSTOS INCORRIDOS, "]
["     DEVENDO SER CALCULADO O K4' APLICANDO-SE A SEGUINTE FÓRMULA:"]
["     K4' = { [ 1 / ( 1 - K4) ] - 1 } x 100"]
[{"$f":"CONCATENATE(\"     K4' = { [ 1 / ( 1 - \",D11,\" ) ] - 1 } x 100\")","v":"     K4' = { [ 1 / ( 1 - 0,104 ) ] - 1 } x 100"}]
["Kd - Taxa de Ressarcimento de Despesas sobre Custos Diversos (incide sobre os Insumos Codigo DP e EM)"]
["Kd = (1 + K3) x (1 + K4)"]
["K2 - Incide sobre o Custo Total (CT) da Mão de Obra (MO* = MO1 + MO2)"]
["K3 - Incide sobre o Custo Total (CT) Mão de Obra com encargos (MO1 x Ka ou MO2 x Kb), demais Custos (DP e EM), e Custos da Administração Central (K2)"]
["K4 -  Incide sobre o Custo Total (CT) Mão de Obra com encargos (MO1 x Ka ou MO2 x Kb), demais Custos (DP e EM), e Custos da Administração Central (K2) e Lucro (K3)"]

{"sheet":"CRO1_Ins-Pro","index":6,"n_rows":53,"n_cols":16384,"rows_kept":53,"cut":false,"hidden":false,"merged":[[25,0,26,0],[2,2,2,7],[3,0,4,13],[3,14,3,18],[4,14,4,18],[23,0,24,0],[23,1,24,1]]}
[null,null,"Ministério da Integração e do Desenvolvimento Regional - MIDR"]
[null,null,"Companhia de Desenvolvimento dos Vales do São Francisco e do Parnaíba"]
[null,null,"5ª Superintendência Regional \n"]
["INSUMOS POR ETAPA/PRODUTO",{"$nulls":13},"CODIGO:"]
[{"$nulls":14},"CRO-1"]
["Cod.","Categoria / Insumo","Uni","Qde","CUD","PT","FatorK",1,2,3,4,5,6,7,8,9,10,11,12,13,14,15,16,17,18,19,20,21,22,23,24,25,26,27,28,29,30,31,32,33,34,35,36,37,38,39,40,41,42,43,44,45,46,47,48,49,50,51,52,53,54,55,56,57,58,59,60,61,62,63,64,65,66,67,68,69,70,71,72,73,74,75,76,77,78,79,80,81,82,83,84,85,86,87,88,89,90,91,92,93,94,95,96,97,98,99,100,101,102,103,104,105,106,107,108,109,110,111,112,113,114,115,116,117,118,119,120,121,122,123,124,125,126,127,128,129,130,131,132,133,134,135,136,137,138,139,140,141,142,143,144,145,146,147,148,149,150,151,152,153,154,155,156,157,158,159,160,161,162,163,164,165,166,167,168,169,170,171,172,173,174,175,176,177,178,179,180,181,182,183,184,185,186,187,188,189,190,191,192,193,194,195,196,197,198,199,200,201,202,203,204,205,206,207,208,209,210,211,212,213,214,215,216,217,218,219,220,221,222,223,224,225,226,227,228,229,230,231,232,233,234,235,236,237,238,239,240,241,242,243,244,245,246,247,248,249,250,251,252,253,254,255,256,257,258,259,260,261,262,263,264,265,266,267,268,269,270,271,272,273,274,275,276,277,278,279,280,281,282,283,284,285,286,287,288,289,290,291,292,293,294,295,296,297,298,299,300,301,302,303,304,305,306,307,308,309,310,311,312,313,314,315,316,317,318,319,320,321,322,323,324,325,326,327,328,329,330,331,332,333,334,335,336,337,338,339,340,341,342,343,344,345,346,347,348,349,350,351,352,353,354,355,356,357,358,359,360,361,362,363,364,365,366,367,368,369,370,371,372,373,374,375,376,377,378,379,380,381,382,383,384,385,386,387,388,389,390,391,392,393,394,395,396,397,398,399,400,401,402,403,404,405,406,407,408,409,410,411,412,413,414,415,416,417,418,419,420,421,422,423,424,425,426,427,428,429,430,431,432,433,434,435,436,437,438,439,440,441,442,443,444,445,446,447,448,449,450,451,452,453,454,455,456,457,458,459,460,461,462,463,464,465,466,467,468,469,470,471,472,473,474,475,476,477,478,479,480,481,482,483,484,485,486,487,488,489,490,491,492,493,494,495,496,497,498,499,500,501,502,503,504,505,506,507,508,509,510,511,512,513,514,515,516,517,518,519,520,521,522,523,524,525,526,527,528,529,530,531,532,533,534,535,536,537,538,539,540,541,542,543,544,545,546,547,548,549,550,551,552,553,554,555,556,557,558,559,560,561,562,563,564,565,566,567,568,569,570,571,572,573,574,575,576,577,578,579,580,581,582,583,584,585,586,587,588,589,590,591,592,593,594,595,596,597,598,599,600,601,602,603,604,605,606,607,608,609,610,611,612,613,614,615,616,617,618,619,620,621,622,623,624,625,626,627,628,629,630,631,632,633,634,635,636,637,638,639,640,641,642,643,644,645,646,647,648,649,650,651,652,653,654,655,656,657,658,659,660,661,662,663,664,665,666,667,668,669,670,671,672,673,674,675,676,677,678,679,680,681,682,683,684,685,686,687,688,689,690,691,692,693,694,695,696,697,698,699,700,701,702,703,704,705,706,707,708,709,710,711,712,713,714,715,716,717,718,719,720,721,722,723,724,725,726,727,728,729,730,731,732,733,734,735,736,737,738,739,740,741,742,743,744,745,746,747,748,749,750,751,752,753,754,755,756,757,758,759,760,761,762,763,764,765,766,767,768,769,770,771,772,773,774,775,776,777,778,779,780,781,782,783,784,785,786,787,788,789,790,791,792,793,794,795,796,797,798,799,800,801,802,803,804,805,806,807,808,809,810,811,812,813,814,815,816,817,818,819,820,821,822,823,824,825,826,827,828,829,830,831,832,833,834,835,836,837,838,839,840,841,842,843,844,845,846,847,848,849,850,851,852,853,854,855,856,857,858,859,860,861,862,863,864,865,866,867,868,869,870,871,872,873,874,875,876,877,878,879,880,881,882,883,884,885,886,887,888,889,890,891,892,893,894,895,896,897,898,899,900,901,902,903,904,905,906,907,908,909,910,911,912,913,914,915,916,917,918,919,920,921,922,923,924,925,926,927,928,929,930,931,932,933,934,935,936,937,938,939,940,941,942,943,944,945,946,947,948,949,950,951,952,953,954,955,956,957,958,959,960,961,962,963,964,965,966,967,968,969,970,971,972,973,974,975,976,977,978,979,980,981,982,983,984,985,986,987,988,989,990,991,992,993,994,995,996,997,998,999,1000,1001,1002,1003,1004,1005,1006,1007,1008,1009,1010,1011,1012,1013,1014,1015,1016,1017,1018,1019,1020,1021,1022,1023,1024,1025,1026,1027,1028,1029,1030,1031,1032,1033,1034,1035,1036,1037,1038,1039,1040,1041,1042,1043,1044,1045,1046,1047,1048,1049,1050,1051,1052,1053,1054,1055,1056,1057,1058,1059,1060,1061,1062,1063,1064,1065,1066,1067,1068,1069,1070,1071,1072,1073,1074,1075,1076,1077,1078,1079,1080,1081,1082,1083,1084,1085,1086,1087,1088,1089,1090,1091,1092,1093,1094,1095,1096,1097,1098,1099,1100,1101,1102,1103,1104,1105,1106,1107,1108,1109,1110,1111,1112,1113,1114,1115,1116,1117,1118,1119,1120,1121,1122,1123,1124,1125,1126,1127,1128,1129,1130,1131,1132,1133,1134,1135,1136,1137,1138,1139,1140,1141,1142,1143,1144,1145,1146,1147,1148,1149,1150,1151,1152,1153,1154,1155,1156,1157,1158,1159,1160,1161,1162,1163,1164,1165,1166,1167,1168,1169,1170,1171,1172,1173,1174,1175,1176,1177,1178,1179,1180,1181,1182,1183,1184,1185,1186,1187,1188,1189,1190,1191,1192,1193,1194,1195,1196,1197,1198,1199,1200,1201,1202,1203,1204,1205,1206,1207,1208,1209,1210,1211,1212,1213,1214,1215,1216,1217,1218,1219,1220,1221,1222,1223,1224,1225,1226,1227,1228,1229,1230,1231,1232,1233,1234,1235,1236,1237,1238,1239,1240,1241,1242,1243,1244,1245,1246,1247,1248,1249,1250,1251,1252,1253,1254,1255,1256,1257,1258,1259,1260,1261,1262,1263,1264,1265,1266,1267,1268,1269,1270,1271,1272,1273,1274,1275,1276,1277,1278,1279,1280,1281,1282,1283,1284,1285,1286,1287,1288,1289,1290,1291,1292,1293,1294,1295,1296,1297,1298,1299,1300,1301,1302,1303,1304,1305,1306,1307,1308,1309,1310,1311,1312,1313,1314,1315,1316,1317,1318,1319,1320,1321,1322,1323,1324,1325,1326,1327,1328,1329,1330,1331,1332,1333,1334,1335,1336,1337,1338,1339,1340,1341,1342,1343,1344,1345,1346,1347,1348,1349,1350,1351,1352,1353,1354,1355,1356,1357,1358,1359,1360,1361,1362,1363,1364,1365,1366,1367,1368,1369,1370,1371,1372,1373,1374,1375,1376,1377,1378,1379,1380,1381,1382,1383,1384,1385,1386,1387,1388,1389,1390,1391,1392,1393,1394,1395,1396,1397,1398,1399,1400,1401,1402,1403,1404,1405,1406,1407,1408,1409,1410,1411,1412,1413,1414,1415,1416,1417,1418,1419,1420,1421,1422,1423,1424,1425,1426,1427,1428,1429,1430,1431,1432,1433,1434,1435,1436,1437,1438,1439,1440,1441,1442,1443,1444,1445,1446,1447,1448,1449,1450,1451,1452,1453,1454,1455,1456,1457,1458,1459,1460,1461,1462,1463,1464,1465,1466,1467,1468,1469,1470,1471,1472,1473,1474,1475,1476,1477,1478,1479,1480,1481,1482,1483,1484,1485,1486,1487,1488,1489,1490,1491,1492,1493,1494,1495,1496,1497,1498,1499,1500,1501,1502,1503,1504,1505,1506,1507,1508,1509,1510,1511,1512,1513,1514,1515,1516,1517,1518,1519,1520,1521,1522,1523,1524,1525,1526,1527,1528,1529,1530,1531,1532,1533,1534,1535,1536,1537,1538,1539,1540,1541,1542,1543,1544,1545,1546,1547,1548,1549,1550,1551,1552,1553,1554,1555,1556,1557,1558,1559,1560,1561,1562,1563,1564,1565,1566,1567,1568,1569,1570,1571,1572,1573,1574,1575,1576,1577,1578,1579,1580,1581,1582,1583,1584,1585,1586,1587,1588,1589,1590,1591,1592,1593,1594,1595,1596,1597,1598,1599,1600,1601,1602,1603,1604,1605,1606,1607,1608,1609,1610,1611,1612,1613,1614,1615,1616,1617,1618,1619,1620,1621,1622,1623,1624,1625,1626,1627,1628,1629,1630,1631,1632,1633,1634,1635,1636,1637,1638,1639,1640,1641,1642,1643,1644,1645,1646,1647,1648,1649,1650,1651,1652,1653,1654,1655,1656,1657,1658,1659,1660,1661,1662,1663,1664,1665,1666,1667,1668,1669,1670,1671,1672,1673,1674,1675,1676,1677,1678,1679,1680,1681,1682,1683,1684,1685,1686,1687,1688,1689,1690,1691,1692,1693,1694,1695,1696,1697,1698,1699,1700,1701,1702,1703,1704,1705,1706,1707,1708,1709,1710,1711,1712,1713,1714,1715,1716,1717,1718,1719,1720,1721,1722,1723,1724,1725,1726,1727,1728,1729,1730,1731,1732,1733,1734,1735,1736,1737,1738,1739,1740,1741,1742,1743,1744,1745,1746,1747,1748,1749,1750,1751,1752,1753,1754,1755,1756,1757,1758,1759,1760,1761,1762,1763,1764,1765,1766,1767,1768,1769,1770,1771,1772,1773,1774,1775,1776,1777,1778,1779,1780,1781,1782,1783,1784,1785,1786,1787,1788,1789,1790,1791,1792,1793,1794,1795,1796,1797,1798,1799,1800,1801,1802,1803,1804,1805,1806,1807,1808,1809,1810,1811,1812,1813,1814,1815,1816,1817,1818,1819,1820,1821,1822,1823,1824,1825,1826,1827,1828,1829,1830,1831,1832,1833,1834,1835,1836,1837,1838,1839,1840,1841,1842,1843,1844,1845,1846,1847,1848,1849,1850,1851,1852,1853,1854,1855,1856,1857,1858,1859,1860,1861,1862,1863,1864,1865,1866,1867,1868,1869,1870,1871,1872,1873,1874,1875,1876,1877,1878,1879,1880,1881,1882,1883,1884,1885,1886,1887,1888,1889,1890,1891,1892,1893,1894,1895,1896,1897,1898,1899,1900,1901,1902,1903,1904,1905,1906,1907,1908,1909,1910,1911,1912,1913,1914,1915,1916,1917,1918,1919,1920,1921,1922,1923,1924,1925,1926,1927,1928,1929,1930,1931,1932,1933,1934,1935,1936,1937,1938,1939,1940,1941,1942,1943,1944,1945,1946,1947,1948,1949,1950,1951,1952,1953,1954,1955,1956,1957,1958,1959,1960,1961,1962,1963,1964,1965,1966,1967,1968,1969,1970,1971,1972,1973,1974,1975,1976,1977,1978,1979,1980,1981,1982,1983,1984,1985,1986,1987,1988,1989,1990,1991,1992,1993,1994,1995,1996,1997,1998,1999,2000,2001,2002,2003,2004,2005,2006,2007,2008,2009,2010,2011,2012,2013,2014,2015,2016,2017,2018,2019,2020,2021,2022,2023,2024,2025,2026,2027,2028,2029,2030,2031,2032,2033,2034,2035,2036,2037,2038,2039,2040,2041,2042,2043,2044,2045,2046,2047,2048,2049,2050,2051,2052,2053,2054,2055,2056,2057,2058,2059,2060,2061,2062,2063,2064,2065,2066,2067,2068,2069,2070,2071,2072,2073,2074,2075,2076,2077,2078,2079,2080,2081,2082,2083,2084,2085,2086,2087,2088,2089,2090,2091,2092,2093,2094,2095,2096,2097,2098,2099,2100,2101,2102,2103,2104,2105,2106,2107,2108,2109,2110,2111,2112,2113,2114,2115,2116,2117,2118,2119,2120,2121,2122,2123,2124,2125,2126,2127,2128,2129,2130,2131,2132,2133,2134,2135,2136,2137,2138,2139,2140,2141,2142,2143,2144,2145,2146,2147,2148,2149,2150,2151,2152,2153,2154,2155,2156,2157,2158,2159,2160,2161,2162,2163,2164,2165,2166,2167,2168,2169,2170,2171,2172,2173,2174,2175,2176,2177,2178,2179,2180,2181,2182,2183,2184,2185,2186,2187,2188,2189,2190,2191,2192,2193,2194,2195,2196,2197,2198,2199,2200,2201,2202,2203,2204,2205,2206,2207,2208,2209,2210,2211,2212,2213,2214,2215,2216,2217,2218,2219,2220,2221,2222,2223,2224,2225,2226,2227,2228,2229,2230,2231,2232,2233,2234,2235,2236,2237,2238,2239,2240,2241,2242,2243,2244,2245,2246,2247,2248,2249,2250,2251,2252,2253,2254,2255,2256,2257,2258,2259,2260,2261,2262,2263,2264,2265,2266,2267,2268,2269,2270,2271,2272,2273,2274,2275,2276,2277,2278,2279,2280,2281,2282,2283,2284,2285,2286,2287,2288,2289,2290,2291,2292,2293,2294,2295,2296,2297,2298,2299,2300,2301,2302,2303,2304,2305,2306,2307,2308,2309,2310,2311,2312,2313,2314,2315,2316,2317,2318,2319,2320,2321,2322,2323,2324,2325,2326,2327,2328,2329,2330,2331,2332,2333,2334,2335,2336,2337,2338,2339,2340,2341,2342,2343,2344,2345,2346,2347,2348,2349,2350,2351,2352,2353,2354,2355,2356,2357,2358,2359,2360,2361,2362,2363,2364,2365,2366,2367,2368,2369,2370,2371,2372,2373,2374,2375,2376,2377,2378,2379,2380,2381,2382,2383,2384,2385,2386,2387,2388,2389,2390,2391,2392,2393,2394,2395,2396,2397,2398,2399,2400,2401,2402,2403,2404,2405,2406,2407,2408,2409,2410,2411,2412,2413,2414,2415,2416,2417,2418,2419,2420,2421,2422,2423,2424,2425,2426,2427,2428,2429,2430,2431,2432,2433,2434,2435,2436,2437,2438,2439,2440,2441,2442,2443,2444,2445,2446,2447,2448,2449,2450,2451,2452,2453,2454,2455,2456,2457,2458,2459,2460,2461,2462,2463,2464,2465,2466,2467,2468,2469,2470,2471,2472,2473,2474,2475,2476,2477,2478,2479,2480,2481,2482,2483,2484,2485,2486,2487,2488,2489,2490,2491,2492,2493,2494,2495,2496,2497,2498,2499,2500,2501,2502,2503,2504,2505,2506,2507,2508,2509,2510,2511,2512,2513,2514,2515,2516,2517,2518,2519,2520,2521,2522,2523,2524,2525,2526,2527,2528,2529,2530,2531,2532,2533,2534,2535,2536,2537,2538,2539,2540,2541,2542,2543,2544,2545,2546,2547,2548,2549,2550,2551,2552,2553,2554,2555,2556,2557,2558,2559,2560,2561,2562,2563,2564,2565,2566,2567,2568,2569,2570,2571,2572,2573,2574,2575,2576,2577,2578,2579,2580,2581,2582,2583,2584,2585,2586,2587,2588,2589,2590,2591,2592,2593,2594,2595,2596,2597,2598,2599,2600,2601,2602,2603,2604,2605,2606,2607,2608,2609,2610,2611,2612,2613,2614,2615,2616,2617,2618,2619,2620,2621,2622,2623,2624,2625,2626,2627,2628,2629,2630,2631,2632,2633,2634,2635,2636,2637,2638,2639,2640,2641,2642,2643,2644,2645,2646,2647,2648,2649,2650,2651,2652,2653,2654,2655,2656,2657,2658,2659,2660,2661,2662,2663,2664,2665,2666,2667,2668,2669,2670,2671,2672,2673,2674,2675,2676,2677,2678,2679,2680,2681,2682,2683,2684,2685,2686,2687,2688,2689,2690,2691,2692,2693,2694,2695,2696,2697,2698,2699,2700,2701,2702,2703,2704,2705,2706,2707,2708,2709,2710,2711,2712,2713,2714,2715,2716,2717,2718,2719,2720,2721,2722,2723,2724,2725,2726,2727,2728,2729,2730,2731,2732,2733,2734,2735,2736,2737,2738,2739,2740,2741,2742,2743,2744,2745,2746,2747,2748,2749,2750,2751,2752,2753,2754,2755,2756,2757,2758,2759,2760,2761,2762,2763,2764,2765,2766,2767,2768,2769,2770,2771,2772,2773,2774,2775,2776,2777,2778,2779,2780,2781,2782,2783,2784,2785,2786,2787,2788,2789,2790,2791,2792,2793,2794,2795,2796,2797,2798,2799,2800,2801,2802,2803,2804,2805,2806,2807,2808,2809,2810,2811,2812,2813,2814,2815,2816,2817,2818,2819,2820,2821,2822,2823,2824,2825,2826,2827,2828,2829,2830,2831,2832,2833,2834,2835,2836,2837,2838,2839,2840,2841,2842,2843,2844,2845,2846,2847,2848,2849,2850,2851,2852,2853,2854,2855,2856,2857,2858,2859,2860,2861,2862,2863,2864,2865,2866,2867,2868,2869,2870,2871,2872,2873,2874,2875,2876,2877,2878,2879,2880,2881,2882,2883,2884,2885,2886,2887,2888,2889,2890,2891,2892,2893,2894,2895,2896,2897,2898,2899,2900,2901,2902,2903,2904,2905,2906,2907,2908,2909,2910,2911,2912,2913,2914,2915,2916,2917,2918,2919,2920,2921,2922,2923,2924,2925,2926,2927,2928,2929,2930,2931,2932,2933,2934,2935,2936,2937,2938,2939,2940,2941,2942,2943,2944,2945,2946,2947,2948,2949,2950,2951,2952,2953,2954,2955,2956,2957,2958,2959,2960,2961,2962,2963,2964,2965,2966,2967,2968,2969,2970,2971,2972,2973,2974,2975,2976,2977,2978,2979,2980,2981,2982,2983,2984,2985,2986,2987,2988,2989,2990,2991,2992,2993,2994,2995,2996,2997,2998,2999,3000,3001,3002,3003,3004,3005,3006,3007,3008,3009,3010,3011,3012,3013,3014,3015,3016,3017,3018,3019,3020,3021,3022,3023,3024,3025,3026,3027,3028,3029,3030,3031,3032,3033,3034,3035,3036,3037,3038,3039,3040,3041,3042,3043,3044,3045,3046,3047,3048,3049,3050,3051,3052,3053,3054,3055,3056,3057,3058,3059,3060,3061,3062,3063,3064,3065,3066,3067,3068,3069,3070,3071,3072,3073,3074,3075,3076,3077,3078,3079,3080,3081,3082,3083,3084,3085,3086,3087,3088,3089,3090,3091,3092,3093,3094,3095,3096,3097,3098,3099,3100,3101,3102,3103,3104,3105,3106,3107,3108,3109,3110,3111,3112,3113,3114,3115,3116,3117,3118,3119,3120,3121,3122,3123,3124,3125,3126,3127,3128,3129,3130,3131,3132,3133,3134,3135,3136,3137,3138,3139,3140,3141,3142,3143,3144,3145,3146,3147,3148,3149,3150,3151,3152,3153,3154,3155,3156,3157,3158,3159,3160,3161,3162,3163,3164,3165,3166,3167,3168,3169,3170,3171,3172,3173,3174,3175,3176,3177,3178,3179,3180,3181,3182,3183,3184,3185,3186,3187,3188,3189,3190,3191,3192,3193,3194,3195,3196,3197,3198,3199,3200,3201,3202,3203,3204,3205,3206,3207,3208,3209,3210,3211,3212,3213,3214,3215,3216,3217,3218,3219,3220,3221,3222,3223,3224,3225,3226,3227,3228,3229,3230,3231,3232,3233,3234,3235,3236,3237,3238,3239,3240,3241,3242,3243,3244,3245,3246,3247,3248,3249,3250,3251,3252,3253,3254,3255,3256,3257,3258,3259,3260,3261,3262,3263,3264,3265,3266,3267,3268,3269,3270,3271,3272,3273,3274,3275,3276,3277,3278,3279,3280,3281,3282,3283,3284,3285,3286,3287,3288,3289,3290,3291,3292,3293,3294,3295,3296,3297,3298,3299,3300,3301,3302,3303,3304,3305,3306,3307,3308,3309,3310,3311,3312,3313,3314,3315,3316,3317,3318,3319,3320,3321,3322,3323,3324,3325,3326,3327,3328,3329,3330,3331,3332,3333,3334,3335,3336,3337,3338,3339,3340,3341,3342,3343,3344,3345,3346,3347,3348,3349,3350,3351,3352,3353,3354,3355,3356,3357,3358,3359,3360,3361,3362,3363,3364,3365,3366,3367,3368,3369,3370,3371,3372,3373,3374,3375,3376,3377,3378,3379,3380,3381,3382,3383,3384,3385,3386,3387,3388,3389,3390,3391,3392,3393,3394,3395,3396,3397,3398,3399,3400,3401,3402,3403,3404,3405,3406,3407,3408,3409,3410,3411,3412,3413,3414,3415,3416,3417,3418,3419,3420,3421,3422,3423,3424,3425,3426,3427,3428,3429,3430,3431,3432,3433,3434,3435,3436,3437,3438,3439,3440,3441,3442,3443,3444,3445,3446,3447,3448,3449,3450,3451,3452,3453,3454,3455,3456,3457,3458,3459,3460,3461,3462,3463,3464,3465,3466,3467,3468,3469,3470,3471,3472,3473,3474,3475,3476,3477,3478,3479,3480,3481,3482,3483,3484,3485,3486,3487,3488,3489,3490,3491,3492,3493,3494,3495,3496,3497,3498,3499,3500,3501,3502,3503,3504,3505,3506,3507,3508,3509,3510,3511,3512,3513,3514,3515,3516,3517,3518,3519,3520,3521,3522,3523,3524,3525,3526,3527,3528,3529,3530,3531,3532,3533,3534,3535,3536,3537,3538,3539,3540,3541,3542,3543,3544,3545,3546,3547,3548,3549,3550,3551,3552,3553,3554,3555,3556,3557,3558,3559,3560,3561,3562,3563,3564,3565,3566,3567,3568,3569,3570,3571,3572,3573,3574,3575,3576,3577,3578,3579,3580,3581,3582,3583,3584,3585,3586,3587,3588,3589,3590,3591,3592,3593,3594,3595,3596,3597,3598,3599,3600,3601,3602,3603,3604,3605,3606,3607,3608,3609,3610,3611,3612,3613,3614,3615,3616,3617,3618,3619,3620,3621,3622,3623,3624,3625,3626,3627,3628,3629,3630,3631,3632,3633,3634,3635,3636,3637,3638,3639,3640,3641,3642,3643,3644,3645,3646,3647,3648,3649,3650,3651,3652,3653,3654,3655,3656,3657,3658,3659,3660,3661,3662,3663,3664,3665,3666,3667,3668,3669,3670,3671,3672,3673,3674,3675,3676,3677,3678,3679,3680,3681,3682,3683,3684,3685,3686,3687,3688,3689,3690,3691,3692,3693,3694,3695,3696,3697,3698,3699,3700,3701,3702,3703,3704,3705,3706,3707,3708,3709,3710,3711,3712,3713,3714,3715,3716,3717,3718,3719,3720,3721,3722,3723,3724,3725,3726,3727,3728,3729,3730,3731,3732,3733,3734,3735,3736,3737,3738,3739,3740,3741,3742,3743,3744,3745,3746,3747,3748,3749,3750,3751,3752,3753,3754,3755,3756,3757,3758,3759,3760,3761,3762,3763,3764,3765,3766,3767,3768,3769,3770,3771,3772,3773,3774,3775,3776,3777,3778,3779,3780,3781,3782,3783,3784,3785,3786,3787,3788,3789,3790,3791,3792,3793,3794,3795,3796,3797,3798,3799,3800,3801,3802,3803,3804,3805,3806,3807,3808,3809,3810,3811,3812,3813,3814,3815,3816,3817,3818,3819,3820,3821,3822,3823,3824,3825,3826,3827,3828,3829,3830,3831,3832,3833,3834,3835,3836,3837,3838,3839,3840,3841,3842,3843,3844,3845,3846,3847,3848,3849,3850,3851,3852,3853,3854,3855,3856,3857,3858,3859,3860,3861,3862,3863,3864,3865,3866,3867,3868,3869,3870,3871,3872,3873,3874,3875,3876,3877,3878,3879,3880,3881,3882,3883,3884,3885,3886,3887,3888,3889,3890,3891,3892,3893,3894,3895,3896,3897,3898,3899,3900,3901,3902,3903,3904,3905,3906,3907,3908,3909,3910,3911,3912,3913,3914,3915,3916,3917,3918,3919,3920,3921,3922,3923,3924,3925,3926,3927,3928,3929,3930,3931,3932,3933,3934,3935,3936,3937,3938,3939,3940,3941,3942,3943,3944,3945,3946,3947,3948,3949,3950,3951,3952,3953,3954,3955,3956,3957,3958,3959,3960,3961,3962,3963,3964,3965,3966,3967,3968,3969,3970,3971,3972,3973,3974,3975,3976,3977,3978,3979,3980,3981,3982,3983,3984,3985,3986,3987,3988,3989,3990,3991,3992,3993,3994,3995,3996,3997,3998,3999,4000,4001,4002,4003,4004,4005,4006,4007,4008,4009,4010,4011,4012,4013,4014,4015,4016,4017,4018,4019,4020,4021,4022,4023,4024,4025,4026,4027,4028,4029,4030,4031,4032,4033,4034,4035,4036,4037,4038,4039,4040,4041,4042,4043,4044,4045,4046,4047,4048,4049,4050,4051,4052,4053,4054,4055,4056,4057,4058,4059,4060,4061,4062,4063,4064,4065,4066,4067,4068,4069,4070,4071,4072,4073,4074,4075,4076,4077,4078,4079,4080,4081,4082,4083,4084,4085,4086,4087,4088,4089,4090,4091,4092,4093,4094,4095,4096,4097,4098,4099,4100,4101,4102,4103,4104,4105,4106,4107,4108,4109,4110,4111,4112,4113,4114,4115,4116,4117,4118,4119,4120,4121,4122,4123,4124,4125,4126,4127,4128,4129,4130,4131,4132,4133,4134,4135,4136,4137,4138,4139,4140,4141,4142,4143,4144,4145,4146,4147,4148,4149,4150,4151,4152,4153,4154,4155,4156,4157,4158,4159,4160,4161,4162,4163,4164,4165,4166,4167,4168,4169,4170,4171,4172,4173,4174,4175,4176,4177,4178,4179,4180,4181,4182,4183,4184,4185,4186,4187,4188,4189,4190,4191,4192,4193,4194,4195,4196,4197,4198,4199,4200,4201,4202,4203,4204,4205,4206,4207,4208,4209,4210,4211,4212,4213,4214,4215,4216,4217,4218,4219,4220,4221,4222,4223,4224,4225,4226,4227,4228,4229,4230,4231,4232,4233,4234,4235,4236,4237,4238,4239,4240,4241,4242,4243,4244,4245,4246,4247,4248,4249,4250,4251,4252,4253,4254,4255,4256,4257,4258,4259,4260,4261,4262,4263,4264,4265,4266,4267,4268,4269,4270,4271,4272,4273,4274,4275,4276,4277,4278,4279,4280,4281,4282,4283,4284,4285,4286,4287,4288,4289,4290,4291,4292,4293,4294,4295,4296,4297,4298,4299,4300,4301,4302,4303,4304,4305,4306,4307,4308,4309,4310,4311,4312,4313,4314,4315,4316,4317,4318,4319,4320,4321,4322,4323,4324,4325,4326,4327,4328,4329,4330,4331,4332,4333,4334,4335,4336,4337,4338,4339,4340,4341,4342,4343,4344,4345,4346,4347,4348,4349,4350,4351,4352,4353,4354,4355,4356,4357,4358,4359,4360,4361,4362,4363,4364,4365,4366,4367,4368,4369,4370,4371,4372,4373,4374,4375,4376,4377,4378,4379,4380,4381,4382,4383,4384,4385,4386,4387,4388,4389,4390,4391,4392,4393,4394,4395,4396,4397,4398,4399,4400,4401,4402,4403,4404,4405,4406,4407,4408,4409,4410,4411,4412,4413,4414,4415,4416,4417,4418,4419,4420,4421,4422,4423,4424,4425,4426,4427,4428,4429,4430,4431,4432,4433,4434,4435,4436,4437,4438,4439,4440,4441,4442,4443,4444,4445,4446,4447,4448,4449,4450,4451,4452,4453,4454,4455,4456,4457,4458,4459,4460,4461,4462,4463,4464,4465,4466,4467,4468,4469,4470,4471,4472,4473,4474,4475,4476,4477,4478,4479,4480,4481,4482,4483,4484,4485,4486,4487,4488,4489,4490,4491,4492,4493,4494,4495,4496,4497,4498,4499,4500,4501,4502,4503,4504,4505,4506,4507,4508,4509,4510,4511,4512,4513,4514,4515,4516,4517,4518,4519,4520,4521,4522,4523,4524,4525,4526,4527,4528,4529,4530,4531,4532,4533,4534,4535,4536,4537,4538,4539,4540,4541,4542,4543,4544,4545,4546,4547,4548,4549,4550,4551,4552,4553,4554,4555,4556,4557,4558,4559,4560,4561,4562,4563,4564,4565,4566,4567,4568,4569,4570,4571,4572,4573,4574,4575,4576,4577,4578,4579,4580,4581,4582,4583,4584,4585,4586,4587,4588,4589,4590,4591,4592,4593,4594,4595,4596,4597,4598,4599,4600,4601,4602,4603,4604,4605,4606,4607,4608,4609,4610,4611,4612,4613,4614,4615,4616,4617,4618,4619,4620,4621,4622,4623,4624,4625,4626,4627,4628,4629,4630,4631,4632,4633,4634,4635,4636,4637,4638,4639,4640,4641,4642,4643,4644,4645,4646,4647,4648,4649,4650,4651,4652,4653,4654,4655,4656,4657,4658,4659,4660,4661,4662,4663,4664,4665,4666,4667,4668,4669,4670,4671,4672,4673,4674,4675,4676,4677,4678,4679,4680,4681,4682,4683,4684,4685,4686,4687,4688,4689,4690,4691,4692,4693,4694,4695,4696,4697,4698,4699,4700,4701,4702,4703,4704,4705,4706,4707,4708,4709,4710,4711,4712,4713,4714,4715,4716,4717,4718,4719,4720,4721,4722,4723,4724,4725,4726,4727,4728,4729,4730,4731,4732,4733,4734,4735,4736,4737,4738,4739,4740,4741,4742,4743,4744,4745,4746,4747,4748,4749,4750,4751,4752,4753,4754,4755,4756,4757,4758,4759,4760,4761,4762,4763,4764,4765,4766,4767,4768,4769,4770,4771,4772,4773,4774,4775,4776,4777,4778,4779,4780,4781,4782,4783,4784,4785,4786,4787,4788,4789,4790,4791,4792,4793,4794,4795,4796,4797,4798,4799,4800,4801,4802,4803,4804,4805,4806,4807,4808,4809,4810,4811,4812,4813,4814,4815,4816,4817,4818,4819,4820,4821,4822,4823,4824,4825,4826,4827,4828,4829,4830,4831,4832,4833,4834,4835,4836,4837,4838,4839,4840,4841,4842,4843,4844,4845,4846,4847,4848,4849,4850,4851,4852,4853,4854,4855,4856,4857,4858,4859,4860,4861,4862,4863,4864,4865,4866,4867,4868,4869,4870,4871,4872,4873,4874,4875,4876,4877,4878,4879,4880,4881,4882,4883,4884,4885,4886,4887,4888,4889,4890,4891,4892,4893,4894,4895,4896,4897,4898,4899,4900,4901,4902,4903,4904,4905,4906,4907,4908,4909,4910,4911,4912,4913,4914,4915,4916,4917,4918,4919,4920,4921,4922,4923,4924,4925,4926,4927,4928,4929,4930,4931,4932,4933,4934,4935,4936,4937,4938,4939,4940,4941,4942,4943,4944,4945,4946,4947,4948,4949,4950,4951,4952,4953,4954,4955,4956,4957,4958,4959,4960,4961,4962,4963,4964,4965,4966,4967,4968,4969,4970,4971,4972,4973,4974,4975,4976,4977,4978,4979,4980,4981,4982,4983,4984,4985,4986,4987,4988,4989,4990,4991,4992,4993,4994,4995,4996,4997,4998,4999,5000,5001,5002,5003,5004,5005,5006,5007,5008,5009,5010,5011,5012,5013,5014,5015,5016,5017,5018,5019,5020,5021,5022,5023,5024,5025,5026,5027,5028,5029,5030,5031,5032,5033,5034,5035,5036,5037,5038,5039,5040,5041,5042,5043,5044,5045,5046,5047,5048,5049,5050,5051,5052,5053,5054,5055,5056,5057,5058,5059,5060,5061,5062,5063,5064,5065,5066,5067,5068,5069,5070,5071,5072,5073,5074,5075,5076,5077,5078,5079,5080,5081,5082,5083,5084,5085,5086,5087,5088,5089,5090,5091,5092,5093,5094,5095,5096,5097,5098,5099,5100,5101,5102,5103,5104,5105,5106,5107,5108,5109,5110,5111,5112,5113,5114,5115,5116,5117,5118,5119,5120,5121,5122,5123,5124,5125,5126,5127,5128,5129,5130,5131,5132,5133,5134,5135,5136,5137,5138,5139,5140,5141,5142,5143,5144,5145,5146,5147,5148,5149,5150,5151,5152,5153,5154,5155,5156,5157,5158,5159,5160,5161,5162,5163,5164,5165,5166,5167,5168,5169,5170,5171,5172,5173,5174,5175,5176,5177,5178,5179,5180,5181,5182,5183,5184,5185,5186,5187,5188,5189,5190,5191,5192,5193,5194,5195,5196,5197,5198,5199,5200,5201,5202,5203,5204,5205,5206,5207,5208,5209,5210,5211,5212,5213,5214,5215,5216,5217,5218,5219,5220,5221,5222,5223,5224,5225,5226,5227,5228,5229,5230,5231,5232,5233,5234,5235,5236,5237,5238,5239,5240,5241,5242,5243,5244,5245,5246,5247,5248,5249,5250,5251,5252,5253,5254,5255,5256,5257,5258,5259,5260,5261,5262,5263,5264,5265,5266,5267,5268,5269,5270,5271,5272,5273,5274,5275,5276,5277,5278,5279,5280,5281,5282,5283,5284,5285,5286,5287,5288,5289,5290,5291,5292,5293,5294,5295,5296,5297,5298,5299,5300,5301,5302,5303,5304,5305,5306,5307,5308,5309,5310,5311,5312,5313,5314,5315,5316,5317,5318,5319,5320,5321,5322,5323,5324,5325,5326,5327,5328,5329,5330,5331,5332,5333,5334,5335,5336,5337,5338,5339,5340,5341,5342,5343,5344,5345,5346,5347,5348,5349,5350,5351,5352,5353,5354,5355,5356,5357,5358,5359,5360,5361,5362,5363,5364,5365,5366,5367,5368,5369,5370,5371,5372,5373,5374,5375,5376,5377,5378,5379,5380,5381,5382,5383,5384,5385,5386,5387,5388,5389,5390,5391,5392,5393,5394,5395,5396,5397,5398,5399,5400,5401,5402,5403,5404,5405,5406,5407,5408,5409,5410,5411,5412,5413,5414,5415,5416,5417,5418,5419,5420,5421,5422,5423,5424,5425,5426,5427,5428,5429,5430,5431,5432,5433,5434,5435,5436,5437,5438,5439,5440,5441,5442,5443,5444,5445,5446,5447,5448,5449,5450,5451,5452,5453,5454,5455,5456,5457,5458,5459,5460,5461,5462,5463,5464,5465,5466,5467,5468,5469,5470,5471,5472,5473,5474,5475,5476,5477,5478,5479,5480,5481,5482,5483,5484,5485,5486,5487,5488,5489,5490,5491,5492,5493,5494,5495,5496,5497,5498,5499,5500,5501,5502,5503,5504,5505,5506,5507,5508,5509,5510,5511,5512,5513,5514,5515,5516,5517,5518,5519,5520,5521,5522,5523,5524,5525,5526,5527,5528,5529,5530,5531,5532,5533,5534,5535,5536,5537,5538,5539,5540,5541,5542,5543,5544,5545,5546,5547,5548,5549,5550,5551,5552,5553,5554,5555,5556,5557,5558,5559,5560,5561,5562,5563,5564,5565,5566,5567,5568,5569,5570,5571,5572,5573,5574,5575,5576,5577,5578,5579,5580,5581,5582,5583,5584,5585,5586,5587,5588,5589,5590,5591,5592,5593,5594,5595,5596,5597,5598,5599,5600,5601,5602,5603,5604,5605,5606,5607,5608,5609,5610,5611,5612,5613,5614,5615,5616,5617,5618,5619,5620,5621,5622,5623,5624,5625,5626,5627,5628,5629,5630,5631,5632,5633,5634,5635,5636,5637,5638,5639,5640,5641,5642,5643,5644,5645,5646,5647,5648,5649,5650,5651,5652,5653,5654,5655,5656,5657,5658,5659,5660,5661,5662,5663,5664,5665,5666,5667,5668,5669,5670,5671,5672,5673,5674,5675,5676,5677,5678,5679,5680,5681,5682,5683,5684,5685,5686,5687,5688,5689,5690,5691,5692,5693,5694,5695,5696,5697,5698,5699,5700,5701,5702,5703,5704,5705,5706,5707,5708,5709,5710,5711,5712,5713,5714,5715,5716,5717,5718,5719,5720,5721,5722,5723,5724,5725,5726,5727,5728,5729,5730,5731,5732,5733,5734,5735,5736,5737,5738,5739,5740,5741,5742,5743,5744,5745,5746,5747,5748,5749,5750,5751,5752,5753,5754,5755,5756,5757,5758,5759,5760,5761,5762,5763,5764,5765,5766,5767,5768,5769,5770,5771,5772,5773,5774,5775,5776,5777,5778,5779,5780,5781,5782,5783,5784,5785,5786,5787,5788,5789,5790,5791,5792,5793,5794,5795,5796,5797,5798,5799,5800,5801,5802,5803,5804,5805,5806,5807,5808,5809,5810,5811,5812,5813,5814,5815,5816,5817,5818,5819,5820,5821,5822,5823,5824,5825,5826,5827,5828,5829,5830,5831,5832,5833,5834,5835,5836,5837,5838,5839,5840,5841,5842,5843,5844,5845,5846,5847,5848,5849,5850,5851,5852,5853,5854,5855,5856,5857,5858,5859,5860,5861,5862,5863,5864,5865,5866,5867,5868,5869,5870,5871,5872,5873,5874,5875,5876,5877,5878,5879,5880,5881,5882,5883,5884,5885,5886,5887,5888,5889,5890,5891,5892,5893,5894,5895,5896,5897,5898,5899,5900,5901,5902,5903,5904,5905,5906,5907,5908,5909,5910,5911,5912,5913,5914,5915,5916,5917,5918,5919,5920,5921,5922,5923,5924,5925,5926,5927,5928,5929,5930,5931,5932,5933,5934,5935,5936,5937,5938,5939,5940,5941,5942,5943,5944,5945,5946,5947,5948,5949,5950,5951,5952,5953,5954,5955,5956,5957,5958,5959,5960,5961,5962,5963,5964,5965,5966,5967,5968,5969,5970,5971,5972,5973,5974,5975,5976,5977,5978,5979,5980,5981,5982,5983,5984,5985,5986,5987,5988,5989,5990,5991,5992,5993,5994,5995,5996,5997,5998,5999,6000,6001,6002,6003,6004,6005,6006,6007,6008,6009,6010,6011,6012,6013,6014,6015,6016,6017,6018,6019,6020,6021,6022,6023,6024,6025,6026,6027,6028,6029,6030,6031,6032,6033,6034,6035,6036,6037,6038,6039,6040,6041,6042,6043,6044,6045,6046,6047,6048,6049,6050,6051,6052,6053,6054,6055,6056,6057,6058,6059,6060,6061,6062,6063,6064,6065,6066,6067,6068,6069,6070,6071,6072,6073,6074,6075,6076,6077,6078,6079,6080,6081,6082,6083,6084,6085,6086,6087,6088,6089,6090,6091,6092,6093,6094,6095,6096,6097,6098,6099,6100,6101,6102,6103,6104,6105,6106,6107,6108,6109,6110,6111,6112,6113,6114,6115,6116,6117,6118,6119,6120,6121,6122,6123,6124,6125,6126,6127,6128,6129,6130,6131,6132,6133,6134,6135,6136,6137,6138,6139,6140,6141,6142,6143,6144,6145,6146,6147,6148,6149,6150,6151,6152,6153,6154,6155,6156,6157,6158,6159,6160,6161,6162,6163,6164,6165,6166,6167,6168,6169,6170,6171,6172,6173,6174,6175,6176,6177,6178,6179,6180,6181,6182,6183,6184,6185,6186,6187,6188,6189,6190,6191,6192,6193,6194,6195,6196,6197,6198,6199,6200,6201,6202,6203,6204,6205,6206,6207,6208,6209,6210,6211,6212,6213,6214,6215,6216,6217,6218,6219,6220,6221,6222,6223,6224,6225,6226,6227,6228,6229,6230,6231,6232,6233,6234,6235,6236,6237,6238,6239,6240,6241,6242,6243,6244,6245,6246,6247,6248,6249,6250,6251,6252,6253,6254,6255,6256,6257,6258,6259,6260,6261,6262,6263,6264,6265,6266,6267,6268,6269,6270,6271,6272,6273,6274,6275,6276,6277,6278,6279,6280,6281,6282,6283,6284,6285,6286,6287,6288,6289,6290,6291,6292,6293,6294,6295,6296,6297,6298,6299,6300,6301,6302,6303,6304,6305,6306,6307,6308,6309,6310,6311,6312,6313,6314,6315,6316,6317,6318,6319,6320,6321,6322,6323,6324,6325,6326,6327,6328,6329,6330,6331,6332,6333,6334,6335,6336,6337,6338,6339,6340,6341,6342,6343,6344,6345,6346,6347,6348,6349,6350,6351,6352,6353,6354,6355,6356,6357,6358,6359,6360,6361,6362,6363,6364,6365,6366,6367,6368,6369,6370,6371,6372,6373,6374,6375,6376,6377,6378,6379,6380,6381,6382,6383,6384,6385,6386,6387,6388,6389,6390,6391,6392,6393,6394,6395,6396,6397,6398,6399,6400,6401,6402,6403,6404,6405,6406,6407,6408,6409,6410,6411,6412,6413,6414,6415,6416,6417,6418,6419,6420,6421,6422,6423,6424,6425,6426,6427,6428,6429,6430,6431,6432,6433,6434,6435,6436,6437,6438,6439,6440,6441,6442,6443,6444,6445,6446,6447,6448,6449,6450,6451,6452,6453,6454,6455,6456,6457,6458,6459,6460,6461,6462,6463,6464,6465,6466,6467,6468,6469,6470,6471,6472,6473,6474,6475,6476,6477,6478,6479,6480,6481,6482,6483,6484,6485,6486,6487,6488,6489,6490,6491,6492,6493,6494,6495,6496,6497,6498,6499,6500,6501,6502,6503,6504,6505,6506,6507,6508,6509,6510,6511,6512,6513,6514,6515,6516,6517,6518,6519,6520,6521,6522,6523,6524,6525,6526,6527,6528,6529,6530,6531,6532,6533,6534,6535,6536,6537,6538,6539,6540,6541,6542,6543,6544,6545,6546,6547,6548,6549,6550,6551,6552,6553,6554,6555,6556,6557,6558,6559,6560,6561,6562,6563,6564,6565,6566,6567,6568,6569,6570,6571,6572,6573,6574,6575,6576,6577,6578,6579,6580,6581,6582,6583,6584,6585,6586,6587,6588,6589,6590,6591,6592,6593,6594,6595,6596,6597,6598,6599,6600,6601,6602,6603,6604,6605,6606,6607,6608,6609,6610,6611,6612,6613,6614,6615,6616,6617,6618,6619,6620,6621,6622,6623,6624,6625,6626,6627,6628,6629,6630,6631,6632,6633,6634,6635,6636,6637,6638,6639,6640,6641,6642,6643,6644,6645,6646,6647,6648,6649,6650,6651,6652,6653,6654,6655,6656,6657,6658,6659,6660,6661,6662,6663,6664,6665,6666,6667,6668,6669,6670,6671,6672,6673,6674,6675,6676,6677,6678,6679,6680,6681,6682,6683,6684,6685,6686,6687,6688,6689,6690,6691,6692,6693,6694,6695,6696,6697,6698,6699,6700,6701,6702,6703,6704,6705,6706,6707,6708,6709,6710,6711,6712,6713,6714,6715,6716,6717,6718,6719,6720,6721,6722,6723,6724,6725,6726,6727,6728,6729,6730,6731,6732,6733,6734,6735,6736,6737,6738,6739,6740,6741,6742,6743,6744,6745,6746,6747,6748,6749,6750,6751,6752,6753,6754,6755,6756,6757,6758,6759,6760,6761,6762,6763,6764,6765,6766,6767,6768,6769,6770,6771,6772,6773,6774,6775,6776,6777,6778,6779,6780,6781,6782,6783,6784,6785,6786,6787,6788,6789,6790,6791,6792,6793,6794,6795,6796,6797,6798,6799,6800,6801,6802,6803,6804,6805,6806,6807,6808,6809,6810,6811,6812,6813,6814,6815,6816,6817,6818,6819,6820,6821,6822,6823,6824,6825,6826,6827,6828,6829,6830,6831,6832,6833,6834,6835,6836,6837,6838,6839,6840,6841,6842,6843,6844,6845,6846,6847,6848,6849,6850,6851,6852,6853,6854,6855,6856,6857,6858,6859,6860,6861,6862,6863,6864,6865,6866,6867,6868,6869,6870,6871,6872,6873,6874,6875,6876,6877,6878,6879,6880,6881,6882,6883,6884,6885,6886,6887,6888,6889,6890,6891,6892,6893,6894,6895,6896,6897,6898,6899,6900,6901,6902,6903,6904,6905,6906,6907,6908,6909,6910,6911,6912,6913,6914,6915,6916,6917,6918,6919,6920,6921,6922,6923,6924,6925,6926,6927,6928,6929,6930,6931,6932,6933,6934,6935,6936,6937,6938,6939,6940,6941,6942,6943,6944,6945,6946,6947,6948,6949,6950,6951,6952,6953,6954,6955,6956,6957,6958,6959,6960,6961,6962,6963,6964,6965,6966,6967,6968,6969,6970,6971,6972,6973,6974,6975,6976,6977,6978,6979,6980,6981,6982,6983,6984,6985,6986,6987,6988,6989,6990,6991,6992,6993,6994,6995,6996,6997,6998,6999,7000,7001,7002,7003,7004,7005,7006,7007,7008,7009,7010,7011,7012,7013,7014,7015,7016,7017,7018,7019,7020,7021,7022,7023,7024,7025,7026,7027,7028,7029,7030,7031,7032,7033,7034,7035,7036,7037,7038,7039,7040,7041,7042,7043,7044,7045,7046,7047,7048,7049,7050,7051,7052,7053,7054,7055,7056,7057,7058,7059,7060,7061,7062,7063,7064,7065,7066,7067,7068,7069,7070,7071,7072,7073,7074,7075,7076,7077,7078,7079,7080,7081,7082,7083,7084,7085,7086,7087,7088,7089,7090,7091,7092,7093,7094,7095,7096,7097,7098,7099,7100,7101,7102,7103,7104,7105,7106,7107,7108,7109,7110,7111,7112,7113,7114,7115,7116,7117,7118,7119,7120,7121,7122,7123,7124,7125,7126,7127,7128,7129,7130,7131,7132,7133,7134,7135,7136,7137,7138,7139,7140,7141,7142,7143,7144,7145,7146,7147,7148,7149,7150,7151,7152,7153,7154,7155,7156,7157,7158,7159,7160,7161,7162,7163,7164,7165,7166,7167,7168,7169,7170,7171,7172,7173,7174,7175,7176,7177,7178,7179,7180,7181,7182,7183,7184,7185,7186,7187,7188,7189,7190,7191,7192,7193,7194,7195,7196,7197,7198,7199,7200,7201,7202,7203,7204,7205,7206,7207,7208,7209,7210,7211,7212,7213,7214,7215,7216,7217,7218,7219,7220,7221,7222,7223,7224,7225,7226,7227,7228,7229,7230,7231,7232,7233,7234,7235,7236,7237,7238,7239,7240,7241,7242,7243,7244,7245,7246,7247,7248,7249,7250,7251,7252,7253,7254,7255,7256,7257,7258,7259,7260,7261,7262,7263,7264,7265,7266,7267,7268,7269,7270,7271,7272,7273,7274,7275,7276,7277,7278,7279,7280,7281,7282,7283,7284,7285,7286,7287,7288,7289,7290,7291,7292,7293,7294,7295,7296,7297,7298,7299,7300,7301,7302,7303,7304,7305,7306,7307,7308,7309,7310,7311,7312,7313,7314,7315,7316,7317,7318,7319,7320,7321,7322,7323,7324,7325,7326,7327,7328,7329,7330,7331,7332,7333,7334,7335,7336,7337,7338,7339,7340,7341,7342,7343,7344,7345,7346,7347,7348,7349,7350,7351,7352,7353,7354,7355,7356,7357,7358,7359,7360,7361,7362,7363,7364,7365,7366,7367,7368,7369,7370,7371,7372,7373,7374,7375,7376,7377,7378,7379,7380,7381,7382,7383,7384,7385,7386,7387,7388,7389,7390,7391,7392,7393,7394,7395,7396,7397,7398,7399,7400,7401,7402,7403,7404,7405,7406,7407,7408,7409,7410,7411,7412,7413,7414,7415,7416,7417,7418,7419,7420,7421,7422,7423,7424,7425,7426,7427,7428,7429,7430,7431,7432,7433,7434,7435,7436,7437,7438,7439,7440,7441,7442,7443,7444,7445,7446,7447,7448,7449,7450,7451,7452,7453,7454,7455,7456,7457,7458,7459,7460,7461,7462,7463,7464,7465,7466,7467,7468,7469,7470,7471,7472,7473,7474,7475,7476,7477,7478,7479,7480,7481,7482,7483,7484,7485,7486,7487,7488,7489,7490,7491,7492,7493,7494,7495,7496,7497,7498,7499,7500,7501,7502,7503,7504,7505,7506,7507,7508,7509,7510,7511,7512,7513,7514,7515,7516,7517,7518,7519,7520,7521,7522,7523,7524,7525,7526,7527,7528,7529,7530,7531,7532,7533,7534,7535,7536,7537,7538,7539,7540,7541,7542,7543,7544,7545,7546,7547,7548,7549,7550,7551,7552,7553,7554,7555,7556,7557,7558,7559,7560,7561,7562,7563,7564,7565,7566,7567,7568,7569,7570,7571,7572,7573,7574,7575,7576,7577,7578,7579,7580,7581,7582,7583,7584,7585,7586,7587,7588,7589,7590,7591,7592,7593,7594,7595,7596,7597,7598,7599,7600,7601,7602,7603,7604,7605,7606,7607,7608,7609,7610,7611,7612,7613,7614,7615,7616,7617,7618,7619,7620,7621,7622,7623,7624,7625,7626,7627,7628,7629,7630,7631,7632,7633,7634,7635,7636,7637,7638,7639,7640,7641,7642,7643,7644,7645,7646,7647,7648,7649,7650,7651,7652,7653,7654,7655,7656,7657,7658,7659,7660,7661,7662,7663,7664,7665,7666,7667,7668,7669,7670,7671,7672,7673,7674,7675,7676,7677,7678,7679,7680,7681,7682,7683,7684,7685,7686,7687,7688,7689,7690,7691,7692,7693,7694,7695,7696,7697,7698,7699,7700,7701,7702,7703,7704,7705,7706,7707,7708,7709,7710,7711,7712,7713,7714,7715,7716,7717,7718,7719,7720,7721,7722,7723,7724,7725,7726,7727,7728,7729,7730,7731,7732,7733,7734,7735,7736,7737,7738,7739,7740,7741,7742,7743,7744,7745,7746,7747,7748,7749,7750,7751,7752,7753,7754,7755,7756,7757,7758,7759,7760,7761,7762,7763,7764,7765,7766,7767,7768,7769,7770,7771,7772,7773,7774,7775,7776,7777,7778,7779,7780,7781,7782,7783,7784,7785,7786,7787,7788,7789,7790,7791,7792,7793,7794,7795,7796,7797,7798,7799,7800,7801,7802,7803,7804,7805,7806,7807,7808,7809,7810,7811,7812,7813,7814,7815,7816,7817,7818,7819,7820,7821,7822,7823,7824,7825,7826,7827,7828,7829,7830,7831,7832,7833,7834,7835,7836,7837,7838,7839,7840,7841,7842,7843,7844,7845,7846,7847,7848,7849,7850,7851,7852,7853,7854,7855,7856,7857,7858,7859,7860,7861,7862,7863,7864,7865,7866,7867,7868,7869,7870,7871,7872,7873,7874,7875,7876,7877,7878,7879,7880,7881,7882,7883,7884,7885,7886,7887,7888,7889,7890,7891,7892,7893,7894,7895,7896,7897,7898,7899,7900,7901,7902,7903,7904,7905,7906,7907,7908,7909,7910,7911,7912,7913,7914,7915,7916,7917,7918,7919,7920,7921,7922,7923,7924,7925,7926,7927,7928,7929,7930,7931,7932,7933,7934,7935,7936,7937,7938,7939,7940,7941,7942,7943,7944,7945,7946,7947,7948,7949,7950,7951,7952,7953,7954,7955,7956,7957,7958,7959,7960,7961,7962,7963,7964,7965,7966,7967,7968,7969,7970,7971,7972,7973,7974,7975,7976,7977,7978,7979,7980,7981,7982,7983,7984,7985,7986,7987,7988,7989,7990,7991,7992,7993,7994,7995,7996,7997,7998,7999,8000,8001,8002,8003,8004,8005,8006,8007,8008,8009,8010,8011,8012,8013,8014,8015,8016,8017,8018,8019,8020,8021,8022,8023,8024,8025,8026,8027,8028,8029,8030,8031,8032,8033,8034,8035,8036,8037,8038,8039,8040,8041,8042,8043,8044,8045,8046,8047,8048,8049,8050,8051,8052,8053,8054,8055,8056,8057,8058,8059,8060,8061,8062,8063,8064,8065,8066,8067,8068,8069,8070,8071,8072,8073,8074,8075,8076,8077,8078,8079,8080,8081,8082,8083,8084,8085,8086,8087,8088,8089,8090,8091,8092,8093,8094,8095,8096,8097,8098,8099,8100,8101,8102,8103,8104,8105,8106,8107,8108,8109,8110,8111,8112,8113,8114,8115,8116,8117,8118,8119,8120,8121,8122,8123,8124,8125,8126,8127,8128,8129,8130,8131,8132,8133,8134,8135,8136,8137,8138,8139,8140,8141,8142,8143,8144,8145,8146,8147,8148,8149,8150,8151,8152,8153,8154,8155,8156,8157,8158,8159,8160,8161,8162,8163,8164,8165,8166,8167,8168,8169,8170,8171,8172,8173,8174,8175,8176,8177,8178,8179,8180,8181,8182,8183,8184,8185,8186,8187,8188,8189,8190,8191,8192,8193,8194,8195,8196,8197,8198,8199,8200,8201,8202,8203,8204,8205,8206,8207,8208,8209,8210,8211,8212,8213,8214,8215,8216,8217,8218,8219,8220,8221,8222,8223,8224,8225,8226,8227,8228,8229,8230,8231,8232,8233,8234,8235,8236,8237,8238,8239,8240,8241,8242,8243,8244,8245,8246,8247,8248,8249,8250,8251,8252,8253,8254,8255,8256,8257,8258,8259,8260,8261,8262,8263,8264,8265,8266,8267,8268,8269,8270,8271,8272,8273,8274,8275,8276,8277,8278,8279,8280,8281,8282,8283,8284,8285,8286,8287,8288,8289,8290,8291,8292,8293,8294,8295,8296,8297,8298,8299,8300,8301,8302,8303,8304,8305,8306,8307,8308,8309,8310,8311,8312,8313,8314,8315,8316,8317,8318,8319,8320,8321,8322,8323,8324,8325,8326,8327,8328,8329,8330,8331,8332,8333,8334,8335,8336,8337,8338,8339,8340,8341,8342,8343,8344,8345,8346,8347,8348,8349,8350,8351,8352,8353,8354,8355,8356,8357,8358,8359,8360,8361,8362,8363,8364,8365,8366,8367,8368,8369,8370,8371,8372,8373,8374,8375,8376,8377,8378,8379,8380,8381,8382,8383,8384,8385,8386,8387,8388,8389,8390,8391,8392,8393,8394,8395,8396,8397,8398,8399,8400,8401,8402,8403,8404,8405,8406,8407,8408,8409,8410,8411,8412,8413,8414,8415,8416,8417,8418,8419,8420,8421,8422,8423,8424,8425,8426,8427,8428,8429,8430,8431,8432,8433,8434,8435,8436,8437,8438,8439,8440,8441,8442,8443,8444,8445,8446,8447,8448,8449,8450,8451,8452,8453,8454,8455,8456,8457,8458,8459,8460,8461,8462,8463,8464,8465,8466,8467,8468,8469,8470,8471,8472,8473,8474,8475,8476,8477,8478,8479,8480,8481,8482,8483,8484,8485,8486,8487,8488,8489,8490,8491,8492,8493,8494,8495,8496,8497,8498,8499,8500,8501,8502,8503,8504,8505,8506,8507,8508,8509,8510,8511,8512,8513,8514,8515,8516,8517,8518,8519,8520,8521,8522,8523,8524,8525,8526,8527,8528,8529,8530,8531,8532,8533,8534,8535,8536,8537,8538,8539,8540,8541,8542,8543,8544,8545,8546,8547,8548,8549,8550,8551,8552,8553,8554,8555,8556,8557,8558,8559,8560,8561,8562,8563,8564,8565,8566,8567,8568,8569,8570,8571,8572,8573,8574,8575,8576,8577,8578,8579,8580,8581,8582,8583,8584,8585,8586,8587,8588,8589,8590,8591,8592,8593,8594,8595,8596,8597,8598,8599,8600,8601,8602,8603,8604,8605,8606,8607,8608,8609,8610,8611,8612,8613,8614,8615,8616,8617,8618,8619,8620,8621,8622,8623,8624,8625,8626,8627,8628,8629,8630,8631,8632,8633,8634,8635,8636,8637,8638,8639,8640,8641,8642,8643,8644,8645,8646,8647,8648,8649,8650,8651,8652,8653,8654,8655,8656,8657,8658,8659,8660,8661,8662,8663,8664,8665,8666,8667,8668,8669,8670,8671,8672,8673,8674,8675,8676,8677,8678,8679,8680,8681,8682,8683,8684,8685,8686,8687,8688,8689,8690,8691,8692,8693,8694,8695,8696,8697,8698,8699,8700,8701,8702,8703,8704,8705,8706,8707,8708,8709,8710,8711,8712,8713,8714,8715,8716,8717,8718,8719,8720,8721,8722,8723,8724,8725,8726,8727,8728,8729,8730,8731,8732,8733,8734,8735,8736,8737,8738,8739,8740,8741,8742,8743,8744,8745,8746,8747,8748,8749,8750,8751,8752,8753,8754,8755,8756,8757,8758,8759,8760,8761,8762,8763,8764,8765,8766,8767,8768,8769,8770,8771,8772,8773,8774,8775,8776,8777,8778,8779,8780,8781,8782,8783,8784,8785,8786,8787,8788,8789,8790,8791,8792,8793,8794,8795,8796,8797,8798,8799,8800,8801,8802,8803,8804,8805,8806,8807,8808,8809,8810,8811,8812,8813,8814,8815,8816,8817,8818,8819,8820,8821,8822,8823,8824,8825,8826,8827,8828,8829,8830,8831,8832,8833,8834,8835,8836,8837,8838,8839,8840,8841,8842,8843,8844,8845,8846,8847,8848,8849,8850,8851,8852,8853,8854,8855,8856,8857,8858,8859,8860,8861,8862,8863,8864,8865,8866,8867,8868,8869,8870,8871,8872,8873,8874,8875,8876,8877,8878,8879,8880,8881,8882,8883,8884,8885,8886,8887,8888,8889,8890,8891,8892,8893,8894,8895,8896,8897,8898,8899,8900,8901,8902,8903,8904,8905,8906,8907,8908,8909,8910,8911,8912,8913,8914,8915,8916,8917,8918,8919,8920,8921,8922,8923,8924,8925,8926,8927,8928,8929,8930,8931,8932,8933,8934,8935,8936,8937,8938,8939,8940,8941,8942,8943,8944,8945,8946,8947,8948,8949,8950,8951,8952,8953,8954,8955,8956,8957,8958,8959,8960,8961,8962,8963,8964,8965,8966,8967,8968,8969,8970,8971,8972,8973,8974,8975,8976,8977,8978,8979,8980,8981,8982,8983,8984,8985,8986,8987,8988,8989,8990,8991,8992,8993,8994,8995,8996,8997,8998,8999,9000,9001,9002,9003,9004,9005,9006,9007,9008,9009,9010,9011,9012,9013,9014,9015,9016,9017,9018,9019,9020,9021,9022,9023,9024,9025,9026,9027,9028,9029,9030,9031,9032,9033,9034,9035,9036,9037,9038,9039,9040,9041,9042,9043,9044,9045,9046,9047,9048,9049,9050,9051,9052,9053,9054,9055,9056,9057,9058,9059,9060,9061,9062,9063,9064,9065,9066,9067,9068,9069,9070,9071,9072,9073,9074,9075,9076,9077,9078,9079,9080,9081,9082,9083,9084,9085,9086,9087,9088,9089,9090,9091,9092,9093,9094,9095,9096,9097,9098,9099,9100,9101,9102,9103,9104,9105,9106,9107,9108,9109,9110,9111,9112,9113,9114,9115,9116,9117,9118,9119,9120,9121,9122,9123,9124,9125,9126,9127,9128,9129,9130,9131,9132,9133,9134,9135,9136,9137,9138,9139,9140,9141,9142,9143,9144,9145,9146,9147,9148,9149,9150,9151,9152,9153,9154,9155,9156,9157,9158,9159,9160,9161,9162,9163,9164,9165,9166,9167,9168,9169,9170,9171,9172,9173,9174,9175,9176,9177,9178,9179,9180,9181,9182,9183,9184,9185,9186,9187,9188,9189,9190,9191,9192,9193,9194,9195,9196,9197,9198,9199,9200,9201,9202,9203,9204,9205,9206,9207,9208,9209,9210,9211,9212,9213,9214,9215,9216,9217,9218,9219,9220,9221,9222,9223,9224,9225,9226,9227,9228,9229,9230,9231,9232,9233,9234,9235,9236,9237,9238,9239,9240,9241,9242,9243,9244,9245,9246,9247,9248,9249,9250,9251,9252,9253,9254,9255,9256,9257,9258,9259,9260,9261,9262,9263,9264,9265,9266,9267,9268,9269,9270,9271,9272,9273,9274,9275,9276,9277,9278,9279,9280,9281,9282,9283,9284,9285,9286,9287,9288,9289,9290,9291,9292,9293,9294,9295,9296,9297,9298,9299,9300,9301,9302,9303,9304,9305,9306,9307,9308,9309,9310,9311,9312,9313,9314,9315,9316,9317,9318,9319,9320,9321,9322,9323,9324,9325,9326,9327,9328,9329,9330,9331,9332,9333,9334,9335,9336,9337,9338,9339,9340,9341,9342,9343,9344,9345,9346,9347,9348,9349,9350,9351,9352,9353,9354,9355,9356,9357,9358,9359,9360,9361,9362,9363,9364,9365,9366,9367,9368,9369,9370,9371,9372,9373,9374,9375,9376,9377,9378,9379,9380,9381,9382,9383,9384,9385,9386,9387,9388,9389,9390,9391,9392,9393,9394,9395,9396,9397,9398,9399,9400,9401,9402,9403,9404,9405,9406,9407,9408,9409,9410,9411,9412,9413,9414,9415,9416,9417,9418,9419,9420,9421,9422,9423,9424,9425,9426,9427,9428,9429,9430,9431,9432,9433,9434,9435,9436,9437,9438,9439,9440,9441,9442,9443,9444,9445,9446,9447,9448,9449,9450,9451,9452,9453,9454,9455,9456,9457,9458,9459,9460,9461,9462,9463,9464,9465,9466,9467,9468,9469,9470,9471,9472,9473,9474,9475,9476,9477,9478,9479,9480,9481,9482,9483,9484,9485,9486,9487,9488,9489,9490,9491,9492,9493,9494,9495,9496,9497,9498,9499,9500,9501,9502,9503,9504,9505,9506,9507,9508,9509,9510,9511,9512,9513,9514,9515,9516,9517,9518,9519,9520,9521,9522,9523,9524,9525,9526,9527,9528,9529,9530,9531,9532,9533,9534,9535,9536,9537,9538,9539,9540,9541,9542,9543,9544,9545,9546,9547,9548,9549,9550,9551,9552,9553,9554,9555,9556,9557,9558,9559,9560,9561,9562,9563,9564,9565,9566,9567,9568,9569,9570,9571,9572,9573,9574,9575,9576,9577,9578,9579,9580,9581,9582,9583,9584,9585,9586,9587,9588,9589,9590,9591,9592,9593,9594,9595,9596,9597,9598,9599,9600,9601,9602,9603,9604,9605,9606,9607,9608,9609,9610,9611,9612,9613,9614,9615,9616,9617,9618,9619,9620,9621,9622,9623,9624,9625,9626,9627,9628,9629,9630,9631,9632,9633,9634,9635,9636,9637,9638,9639,9640,9641,9642,9643,9644,9645,9646,9647,9648,9649,9650,9651,9652,9653,9654,9655,9656,9657,9658,9659,9660,9661,9662,9663,9664,9665,9666,9667,9668,9669,9670,9671,9672,9673,9674,9675,9676,9677,9678,9679,9680,9681,9682,9683,9684,9685,9686,9687,9688,9689,9690,9691,9692,9693,9694,9695,9696,9697,9698,9699,9700,9701,9702,9703,9704,9705,9706,9707,9708,9709,9710,9711,9712,9713,9714,9715,9716,9717,9718,9719,9720,9721,9722,9723,9724,9725,9726,9727,9728,9729,9730,9731,9732,9733,9734,9735,9736,9737,9738,9739,9740,9741,9742,9743,9744,9745,9746,9747,9748,9749,9750,9751,9752,9753,9754,9755,9756,9757,9758,9759,9760,9761,9762,9763,9764,9765,9766,9767,9768,9769,9770,9771,9772,9773,9774,9775,9776,9777,9778,9779,9780,9781,9782,9783,9784,9785,9786,9787,9788,9789,9790,9791,9792,9793,9794,9795,9796,9797,9798,9799,9800,9801,9802,9803,9804,9805,9806,9807,9808,9809,9810,9811,9812,9813,9814,9815,9816,9817,9818,9819,9820,9821,9822,9823,9824,9825,9826,9827,9828,9829,9830,9831,9832,9833,9834,9835,9836,9837,9838,9839,9840,9841,9842,9843,9844,9845,9846,9847,9848,9849,9850,9851,9852,9853,9854,9855,9856,9857,9858,9859,9860,9861,9862,9863,9864,9865,9866,9867,9868,9869,9870,9871,9872,9873,9874,9875,9876,9877,9878,9879,9880,9881,9882,9883,9884,9885,9886,9887,9888,9889,9890,9891,9892,9893,9894,9895,9896,9897,9898,9899,9900,9901,9902,9903,9904,9905,9906,9907,9908,9909,9910,9911,9912,9913,9914,9915,9916,9917,9918,9919,9920,9921,9922,9923,9924,9925,9926,9927,9928,9929,9930,9931,9932,9933,9934,9935,9936,9937,9938,9939,9940,9941,9942,9943,9944,9945,9946,9947,9948,9949,9950,9951,9952,9953,9954,9955,9956,9957,9958,9959,9960,9961,9962,9963,9964,9965,9966,9967,9968,9969,9970,9971,9972,9973,9974,9975,9976,9977,9978,9979,9980,9981,9982,9983,9984,9985,9986,9987,9988,9989,9990,9991,9992,9993,9994,9995,9996,9997,9998,9999,10000,10001,10002,10003,10004,10005,10006,10007,10008,10009,10010,10011,10012,10013,10014,10015,10016,10017,10018,10019,10020,10021,10022,10023,10024,10025,10026,10027,10028,10029,10030,10031,10032,10033,10034,10035,10036,10037,10038,10039,10040,10041,10042,10043,10044,10045,10046,10047,10048,10049,10050,10051,10052,10053,10054,10055,10056,10057,10058,10059,10060,10061,10062,10063,10064,10065,10066,10067,10068,10069,10070,10071,10072,10073,10074,10075,10076,10077,10078,10079,10080,10081,10082,10083,10084,10085,10086,10087,10088,10089,10090,10091,10092,10093,10094,10095,10096,10097,10098,10099,10100,10101,10102,10103,10104,10105,10106,10107,10108,10109,10110,10111,10112,10113,10114,10115,10116,10117,10118,10119,10120,10121,10122,10123,10124,10125,10126,10127,10128,10129,10130,10131,10132,10133,10134,10135,10136,10137,10138,10139,10140,10141,10142,10143,10144,10145,10146,10147,10148,10149,10150,10151,10152,10153,10154,10155,10156,10157,10158,10159,10160,10161,10162,10163,10164,10165,10166,10167,10168,10169,10170,10171,10172,10173,10174,10175,10176,10177,10178,10179,10180,10181,10182,10183,10184,10185,10186,10187,10188,10189,10190,10191,10192,10193,10194,10195,10196,10197,10198,10199,10200,10201,10202,10203,10204,10205,10206,10207,10208,10209,10210,10211,10212,10213,10214,10215,10216,10217,10218,10219,10220,10221,10222,10223,10224,10225,10226,10227,10228,10229,10230,10231,10232,10233,10234,10235,10236,10237,10238,10239,10240,10241,10242,10243,10244,10245,10246,10247,10248,10249,10250,10251,10252,10253,10254,10255,10256,10257,10258,10259,10260,10261,10262,10263,10264,10265,10266,10267,10268,10269,10270,10271,10272,10273,10274,10275,10276,10277,10278,10279,10280,10281,10282,10283,10284,10285,10286,10287,10288,10289,10290,10291,10292,10293,10294,10295,10296,10297,10298,10299,10300,10301,10302,10303,10304,10305,10306,10307,10308,10309,10310,10311,10312,10313,10314,10315,10316,10317,10318,10319,10320,10321,10322,10323,10324,10325,10326,10327,10328,10329,10330,10331,10332,10333,10334,10335,10336,10337,10338,10339,10340,10341,10342,10343,10344,10345,10346,10347,10348,10349,10350,10351,10352,10353,10354,10355,10356,10357,10358,10359,10360,10361,10362,10363,10364,10365,10366,10367,10368,10369,10370,10371,10372,10373,10374,10375,10376,10377,10378,10379,10380,10381,10382,10383,10384,10385,10386,10387,10388,10389,10390,10391,10392,10393,10394,10395,10396,10397,10398,10399,10400,10401,10402,10403,10404,10405,10406,10407,10408,10409,10410,10411,10412,10413,10414,10415,10416,10417,10418,10419,10420,10421,10422,10423,10424,10425,10426,10427,10428,10429,10430,10431,10432,10433,10434,10435,10436,10437,10438,10439,10440,10441,10442,10443,10444,10445,10446,10447,10448,10449,10450,10451,10452,10453,10454,10455,10456,10457,10458,10459,10460,10461,10462,10463,10464,10465,10466,10467,10468,10469,10470,10471,10472,10473,10474,10475,10476,10477,10478,10479,10480,10481,10482,10483,10484,10485,10486,10487,10488,10489,10490,10491,10492,10493,10494,10495,10496,10497,10498,10499,10500,10501,10502,10503,10504,10505,10506,10507,10508,10509,10510,10511,10512,10513,10514,10515,10516,10517,10518,10519,10520,10521,10522,10523,10524,10525,10526,10527,10528,10529,10530,10531,10532,10533,10534,10535,10536,10537,10538,10539,10540,10541,10542,10543,10544,10545,10546,10547,10548,10549,10550,10551,10552,10553,10554,10555,10556,10557,10558,10559,10560,10561,10562,10563,10564,10565,10566,10567,10568,10569,10570,10571,10572,10573,10574,10575,10576,10577,10578,10579,10580,10581,10582,10583,10584,10585,10586,10587,10588,10589,10590,10591,10592,10593,10594,10595,10596,10597,10598,10599,10600,10601,10602,10603,10604,10605,10606,10607,10608,10609,10610,10611,10612,10613,10614,10615,10616,10617,10618,10619,10620,10621,10622,10623,10624,10625,10626,10627,10628,10629,10630,10631,10632,10633,10634,10635,10636,10637,10638,10639,10640,10641,10642,10643,10644,10645,10646,10647,10648,10649,10650,10651,10652,10653,10654,10655,10656,10657,10658,10659,10660,10661,10662,10663,10664,10665,10666,10667,10668,10669,10670,10671,10672,10673,10674,10675,10676,10677,10678,10679,10680,10681,10682,10683,10684,10685,10686,10687,10688,10689,10690,10691,10692,10693,10694,10695,10696,10697,10698,10699,10700,10701,10702,10703,10704,10705,10706,10707,10708,10709,10710,10711,10712,10713,10714,10715,10716,10717,10718,10719,10720,10721,10722,10723,10724,10725,10726,10727,10728,10729,10730,10731,10732,10733,10734,10735,10736,10737,10738,10739,10740,10741,10742,10743,10744,10745,10746,10747,10748,10749,10750,10751,10752,10753,10754,10755,10756,10757,10758,10759,10760,10761,10762,10763,10764,10765,10766,10767,10768,10769,10770,10771,10772,10773,10774,10775,10776,10777,10778,10779,10780,10781,10782,10783,10784,10785,10786,10787,10788,10789,10790,10791,10792,10793,10794,10795,10796,10797,10798,10799,10800,10801,10802,10803,10804,10805,10806,10807,10808,10809,10810,10811,10812,10813,10814,10815,10816,10817,10818,10819,10820,10821,10822,10823,10824,10825,10826,10827,10828,10829,10830,10831,10832,10833,10834,10835,10836,10837,10838,10839,10840,10841,10842,10843,10844,10845,10846,10847,10848,10849,10850,10851,10852,10853,10854,10855,10856,10857,10858,10859,10860,10861,10862,10863,10864,10865,10866,10867,10868,10869,10870,10871,10872,10873,10874,10875,10876,10877,10878,10879,10880,10881,10882,10883,10884,10885,10886,10887,10888,10889,10890,10891,10892,10893,10894,10895,10896,10897,10898,10899,10900,10901,10902,10903,10904,10905,10906,10907,10908,10909,10910,10911,10912,10913,10914,10915,10916,10917,10918,10919,10920,10921,10922,10923,10924,10925,10926,10927,10928,10929,10930,10931,10932,10933,10934,10935,10936,10937,10938,10939,10940,10941,10942,10943,10944,10945,10946,10947,10948,10949,10950,10951,10952,10953,10954,10955,10956,10957,10958,10959,10960,10961,10962,10963,10964,10965,10966,10967,10968,10969,10970,10971,10972,10973,10974,10975,10976,10977,10978,10979,10980,10981,10982,10983,10984,10985,10986,10987,10988,10989,10990,10991,10992,10993,10994,10995,10996,10997,10998,10999,11000,11001,11002,11003,11004,11005,11006,11007,11008,11009,11010,11011,11012,11013,11014,11015,11016,11017,11018,11019,11020,11021,11022,11023,11024,11025,11026,11027,11028,11029,11030,11031,11032,11033,11034,11035,11036,11037,11038,11039,11040,11041,11042,11043,11044,11045,11046,11047,11048,11049,11050,11051,11052,11053,11054,11055,11056,11057,11058,11059,11060,11061,11062,11063,11064,11065,11066,11067,11068,11069,11070,11071,11072,11073,11074,11075,11076,11077,11078,11079,11080,11081,11082,11083,11084,11085,11086,11087,11088,11089,11090,11091,11092,11093,11094,11095,11096,11097,11098,11099,11100,11101,11102,11103,11104,11105,11106,11107,11108,11109,11110,11111,11112,11113,11114,11115,11116,11117,11118,11119,11120,11121,11122,11123,11124,11125,11126,11127,11128,11129,11130,11131,11132,11133,11134,11135,11136,11137,11138,11139,11140,11141,11142,11143,11144,11145,11146,11147,11148,11149,11150,11151,11152,11153,11154,11155,11156,11157,11158,11159,11160,11161,11162,11163,11164,11165,11166,11167,11168,11169,11170,11171,11172,11173,11174,11175,11176,11177,11178,11179,11180,11181,11182,11183,11184,11185,11186,11187,11188,11189,11190,11191,11192,11193,11194,11195,11196,11197,11198,11199,11200,11201,11202,11203,11204,11205,11206,11207,11208,11209,11210,11211,11212,11213,11214,11215,11216,11217,11218,11219,11220,11221,11222,11223,11224,11225,11226,11227,11228,11229,11230,11231,11232,11233,11234,11235,11236,11237,11238,11239,11240,11241,11242,11243,11244,11245,11246,11247,11248,11249,11250,11251,11252,11253,11254,11255,11256,11257,11258,11259,11260,11261,11262,11263,11264,11265,11266,11267,11268,11269,11270,11271,11272,11273,11274,11275,11276,11277,11278,11279,11280,11281,11282,11283,11284,11285,11286,11287,11288,11289,11290,11291,11292,11293,11294,11295,11296,11297,11298,11299,11300,11301,11302,11303,11304,11305,11306,11307,11308,11309,11310,11311,11312,11313,11314,11315,11316,11317,11318,11319,11320,11321,11322,11323,11324,11325,11326,11327,11328,11329,11330,11331,11332,11333,11334,11335,11336,11337,11338,11339,11340,11341,11342,11343,11344,11345,11346,11347,11348,11349,11350,11351,11352,11353,11354,11355,11356,11357,11358,11359,11360,11361,11362,11363,11364,11365,11366,11367,11368,11369,11370,11371,11372,11373,11374,11375,11376,11377,11378,11379,11380,11381,11382,11383,11384,11385,11386,11387,11388,11389,11390,11391,11392,11393,11394,11395,11396,11397,11398,11399,11400,11401,11402,11403,11404,11405,11406,11407,11408,11409,11410,11411,11412,11413,11414,11415,11416,11417,11418,11419,11420,11421,11422,11423,11424,11425,11426,11427,11428,11429,11430,11431,11432,11433,11434,11435,11436,11437,11438,11439,11440,11441,11442,11443,11444,11445,11446,11447,11448,11449,11450,11451,11452,11453,11454,11455,11456,11457,11458,11459,11460,11461,11462,11463,11464,11465,11466,11467,11468,11469,11470,11471,11472,11473,11474,11475,11476,11477,11478,11479,11480,11481,11482,11483,11484,11485,11486,11487,11488,11489,11490,11491,11492,11493,11494,11495,11496,11497,11498,11499,11500,11501,11502,11503,11504,11505,11506,11507,11508,11509,11510,11511,11512,11513,11514,11515,11516,11517,11518,11519,11520,11521,11522,11523,11524,11525,11526,11527,11528,11529,11530,11531,11532,11533,11534,11535,11536,11537,11538,11539,11540,11541,11542,11543,11544,11545,11546,11547,11548,11549,11550,11551,11552,11553,11554,11555,11556,11557,11558,11559,11560,11561,11562,11563,11564,11565,11566,11567,11568,11569,11570,11571,11572,11573,11574,11575,11576,11577,11578,11579,11580,11581,11582,11583,11584,11585,11586,11587,11588,11589,11590,11591,11592,11593,11594,11595,11596,11597,11598,11599,11600,11601,11602,11603,11604,11605,11606,11607,11608,11609,11610,11611,11612,11613,11614,11615,11616,11617,11618,11619,11620,11621,11622,11623,11624,11625,11626,11627,11628,11629,11630,11631,11632,11633,11634,11635,11636,11637,11638,11639,11640,11641,11642,11643,11644,11645,11646,11647,11648,11649,11650,11651,11652,11653,11654,11655,11656,11657,11658,11659,11660,11661,11662,11663,11664,11665,11666,11667,11668,11669,11670,11671,11672,11673,11674,11675,11676,11677,11678,11679,11680,11681,11682,11683,11684,11685,11686,11687,11688,11689,11690,11691,11692,11693,11694,11695,11696,11697,11698,11699,11700,11701,11702,11703,11704,11705,11706,11707,11708,11709,11710,11711,11712,11713,11714,11715,11716,11717,11718,11719,11720,11721,11722,11723,11724,11725,11726,11727,11728,11729,11730,11731,11732,11733,11734,11735,11736,11737,11738,11739,11740,11741,11742,11743,11744,11745,11746,11747,11748,11749,11750,11751,11752,11753,11754,11755,11756,11757,11758,11759,11760,11761,11762,11763,11764,11765,11766,11767,11768,11769,11770,11771,11772,11773,11774,11775,11776,11777,11778,11779,11780,11781,11782,11783,11784,11785,11786,11787,11788,11789,11790,11791,11792,11793,11794,11795,11796,11797,11798,11799,11800,11801,11802,11803,11804,11805,11806,11807,11808,11809,11810,11811,11812,11813,11814,11815,11816,11817,11818,11819,11820,11821,11822,11823,11824,11825,11826,11827,11828,11829,11830,11831,11832,11833,11834,11835,11836,11837,11838,11839,11840,11841,11842,11843,11844,11845,11846,11847,11848,11849,11850,11851,11852,11853,11854,11855,11856,11857,11858,11859,11860,11861,11862,11863,11864,11865,11866,11867,11868,11869,11870,11871,11872,11873,11874,11875,11876,11877,11878,11879,11880,11881,11882,11883,11884,11885,11886,11887,11888,11889,11890,11891,11892,11893,11894,11895,11896,11897,11898,11899,11900,11901,11902,11903,11904,11905,11906,11907,11908,11909,11910,11911,11912,11913,11914,11915,11916,11917,11918,11919,11920,11921,11922,11923,11924,11925,11926,11927,11928,11929,11930,11931,11932,11933,11934,11935,11936,11937,11938,11939,11940,11941,11942,11943,11944,11945,11946,11947,11948,11949,11950,11951,11952,11953,11954,11955,11956,11957,11958,11959,11960,11961,11962,11963,11964,11965,11966,11967,11968,11969,11970,11971,11972,11973,11974,11975,11976,11977,11978,11979,11980,11981,11982,11983,11984,11985,11986,11987,11988,11989,11990,11991,11992,11993,11994,11995,11996,11997,11998,11999,12000,12001,12002,12003,12004,12005,12006,12007,12008,12009,12010,12011,12012,12013,12014,12015,12016,12017,12018,12019,12020,12021,12022,12023,12024,12025,12026,12027,12028,12029,12030,12031,12032,12033,12034,12035,12036,12037,12038,12039,12040,12041,12042,12043,12044,12045,12046,12047,12048,12049,12050,12051,12052,12053,12054,12055,12056,12057,12058,12059,12060,12061,12062,12063,12064,12065,12066,12067,12068,12069,12070,12071,12072,12073,12074,12075,12076,12077,12078,12079,12080,12081,12082,12083,12084,12085,12086,12087,12088,12089,12090,12091,12092,12093,12094,12095,12096,12097,12098,12099,12100,12101,12102,12103,12104,12105,12106,12107,12108,12109,12110,12111,12112,12113,12114,12115,12116,12117,12118,12119,12120,12121,12122,12123,12124,12125,12126,12127,12128,12129,12130,12131,12132,12133,12134,12135,12136,12137,12138,12139,12140,12141,12142,12143,12144,12145,12146,12147,12148,12149,12150,12151,12152,12153,12154,12155,12156,12157,12158,12159,12160,12161,12162,12163,12164,12165,12166,12167,12168,12169,12170,12171,12172,12173,12174,12175,12176,12177,12178,12179,12180,12181,12182,12183,12184,12185,12186,12187,12188,12189,12190,12191,12192,12193,12194,12195,12196,12197,12198,12199,12200,12201,12202,12203,12204,12205,12206,12207,12208,12209,12210,12211,12212,12213,12214,12215,12216,12217,12218,12219,12220,12221,12222,12223,12224,12225,12226,12227,12228,12229,12230,12231,12232,12233,12234,12235,12236,12237,12238,12239,12240,12241,12242,12243,12244,12245,12246,12247,12248,12249,12250,12251,12252,12253,12254,12255,12256,12257,12258,12259,12260,12261,12262,12263,12264,12265,12266,12267,12268,12269,12270,12271,12272,12273,12274,12275,12276,12277,12278,12279,12280,12281,12282,12283,12284,12285,12286,12287,12288,12289,12290,12291,12292,12293,12294,12295,12296,12297,12298,12299,12300,12301,12302,12303,12304,12305,12306,12307,12308,12309,12310,12311,12312,12313,12314,12315,12316,12317,12318,12319,12320,12321,12322,12323,12324,12325,12326,12327,12328,12329,12330,12331,12332,12333,12334,12335,12336,12337,12338,12339,12340,12341,12342,12343,12344,12345,12346,12347,12348,12349,12350,12351,12352,12353,12354,12355,12356,12357,12358,12359,12360,12361,12362,12363,12364,12365,12366,12367,12368,12369,12370,12371,12372,12373,12374,12375,12376,12377,12378,12379,12380,12381,12382,12383,12384,12385,12386,12387,12388,12389,12390,12391,12392,12393,12394,12395,12396,12397,12398,12399,12400,12401,12402,12403,12404,12405,12406,12407,12408,12409,12410,12411,12412,12413,12414,12415,12416,12417,12418,12419,12420,12421,12422,12423,12424,12425,12426,12427,12428,12429,12430,12431,12432,12433,12434,12435,12436,12437,12438,12439,12440,12441,12442,12443,12444,12445,12446,12447,12448,12449,12450,12451,12452,12453,12454,12455,12456,12457,12458,12459,12460,12461,12462,12463,12464,12465,12466,12467,12468,12469,12470,12471,12472,12473,12474,12475,12476,12477,12478,12479,12480,12481,12482,12483,12484,12485,12486,12487,12488,12489,12490,12491,12492,12493,12494,12495,12496,12497,12498,12499,12500,12501,12502,12503,12504,12505,12506,12507,12508,12509,12510,12511,12512,12513,12514,12515,12516,12517,12518,12519,12520,12521,12522,12523,12524,12525,12526,12527,12528,12529,12530,12531,12532,12533,12534,12535,12536,12537,12538,12539,12540,12541,12542,12543,12544,12545,12546,12547,12548,12549,12550,12551,12552,12553,12554,12555,12556,12557,12558,12559,12560,12561,12562,12563,12564,12565,12566,12567,12568,12569,12570,12571,12572,12573,12574,12575,12576,12577,12578,12579,12580,12581,12582,12583,12584,12585,12586,12587,12588,12589,12590,12591,12592,12593,12594,12595,12596,12597,12598,12599,12600,12601,12602,12603,12604,12605,12606,12607,12608,12609,12610,12611,12612,12613,12614,12615,12616,12617,12618,12619,12620,12621,12622,12623,12624,12625,12626,12627,12628,12629,12630,12631,12632,12633,12634,12635,12636,12637,12638,12639,12640,12641,12642,12643,12644,12645,12646,12647,12648,12649,12650,12651,12652,12653,12654,12655,12656,12657,12658,12659,12660,12661,12662,12663,12664,12665,12666,12667,12668,12669,12670,12671,12672,12673,12674,12675,12676,12677,12678,12679,12680,12681,12682,12683,12684,12685,12686,12687,12688,12689,12690,12691,12692,12693,12694,12695,12696,12697,12698,12699,12700,12701,12702,12703,12704,12705,12706,12707,12708,12709,12710,12711,12712,12713,12714,12715,12716,12717,12718,12719,12720,12721,12722,12723,12724,12725,12726,12727,12728,12729,12730,12731,12732,12733,12734,12735,12736,12737,12738,12739,12740,12741,12742,12743,12744,12745,12746,12747,12748,12749,12750,12751,12752,12753,12754,12755,12756,12757,12758,12759,12760,12761,12762,12763,12764,12765,12766,12767,12768,12769,12770,12771,12772,12773,12774,12775,12776,12777,12778,12779,12780,12781,12782,12783,12784,12785,12786,12787,12788,12789,12790,12791,12792,12793,12794,12795,12796,12797,12798,12799,12800,12801,12802,12803,12804,12805,12806,12807,12808,12809,12810,12811,12812,12813,12814,12815,12816,12817,12818,12819,12820,12821,12822,12823,12824,12825,12826,12827,12828,12829,12830,12831,12832,12833,12834,12835,12836,12837,12838,12839,12840,12841,12842,12843,12844,12845,12846,12847,12848,12849,12850,12851,12852,12853,12854,12855,12856,12857,12858,12859,12860,12861,12862,12863,12864,12865,12866,12867,12868,12869,12870,12871,12872,12873,12874,12875,12876,12877,12878,12879,12880,12881,12882,12883,12884,12885,12886,12887,12888,12889,12890,12891,12892,12893,12894,12895,12896,12897,12898,12899,12900,12901,12902,12903,12904,12905,12906,12907,12908,12909,12910,12911,12912,12913,12914,12915,12916,12917,12918,12919,12920,12921,12922,12923,12924,12925,12926,12927,12928,12929,12930,12931,12932,12933,12934,12935,12936,12937,12938,12939,12940,12941,12942,12943,12944,12945,12946,12947,12948,12949,12950,12951,12952,12953,12954,12955,12956,12957,12958,12959,12960,12961,12962,12963,12964,12965,12966,12967,12968,12969,12970,12971,12972,12973,12974,12975,12976,12977,12978,12979,12980,12981,12982,12983,12984,12985,12986,12987,12988,12989,12990,12991,12992,12993,12994,12995,12996,12997,12998,12999,13000,13001,13002,13003,13004,13005,13006,13007,13008,13009,13010,13011,13012,13013,13014,13015,13016,13017,13018,13019,13020,13021,13022,13023,13024,13025,13026,13027,13028,13029,13030,13031,13032,13033,13034,13035,13036,13037,13038,13039,13040,13041,13042,13043,13044,13045,13046,13047,13048,13049,13050,13051,13052,13053,13054,13055,13056,13057,13058,13059,13060,13061,13062,13063,13064,13065,13066,13067,13068,13069,13070,13071,13072,13073,13074,13075,13076,13077,13078,13079,13080,13081,13082,13083,13084,13085,13086,13087,13088,13089,13090,13091,13092,13093,13094,13095,13096,13097,13098,13099,13100,13101,13102,13103,13104,13105,13106,13107,13108,13109,13110,13111,13112,13113,13114,13115,13116,13117,13118,13119,13120,13121,13122,13123,13124,13125,13126,13127,13128,13129,13130,13131,13132,13133,13134,13135,13136,13137,13138,13139,13140,13141,13142,13143,13144,13145,13146,13147,13148,13149,13150,13151,13152,13153,13154,13155,13156,13157,13158,13159,13160,13161,13162,13163,13164,13165,13166,13167,13168,13169,13170,13171,13172,13173,13174,13175,13176,13177,13178,13179,13180,13181,13182,13183,13184,13185,13186,13187,13188,13189,13190,13191,13192,13193,13194,13195,13196,13197,13198,13199,13200,13201,13202,13203,13204,13205,13206,13207,13208,13209,13210,13211,13212,13213,13214,13215,13216,13217,13218,13219,13220,13221,13222,13223,13224,13225,13226,13227,13228,13229,13230,13231,13232,13233,13234,13235,13236,13237,13238,13239,13240,13241,13242,13243,13244,13245,13246,13247,13248,13249,13250,13251,13252,13253,13254,13255,13256,13257,13258,13259,13260,13261,13262,13263,13264,13265,13266,13267,13268,13269,13270,13271,13272,13273,13274,13275,13276,13277,13278,13279,13280,13281,13282,13283,13284,13285,13286,13287,13288,13289,13290,13291,13292,13293,13294,13295,13296,13297,13298,13299,13300,13301,13302,13303,13304,13305,13306,13307,13308,13309,13310,13311,13312,13313,13314,13315,13316,13317,13318,13319,13320,13321,13322,13323,13324,13325,13326,13327,13328,13329,13330,13331,13332,13333,13334,13335,13336,13337,13338,13339,13340,13341,13342,13343,13344,13345,13346,13347,13348,13349,13350,13351,13352,13353,13354,13355,13356,13357,13358,13359,13360,13361,13362,13363,13364,13365,13366,13367,13368,13369,13370,13371,13372,13373,13374,13375,13376,13377,13378,13379,13380,13381,13382,13383,13384,13385,13386,13387,13388,13389,13390,13391,13392,13393,13394,13395,13396,13397,13398,13399,13400,13401,13402,13403,13404,13405,13406,13407,13408,13409,13410,13411,13412,13413,13414,13415,13416,13417,13418,13419,13420,13421,13422,13423,13424,13425,13426,13427,13428,13429,13430,13431,13432,13433,13434,13435,13436,13437,13438,13439,13440,13441,13442,13443,13444,13445,13446,13447,13448,13449,13450,13451,13452,13453,13454,13455,13456,13457,13458,13459,13460,13461,13462,13463,13464,13465,13466,13467,13468,13469,13470,13471,13472,13473,13474,13475,13476,13477,13478,13479,13480,13481,13482,13483,13484,13485,13486,13487,13488,13489,13490,13491,13492,13493,13494,13495,13496,13497,13498,13499,13500,13501,13502,13503,13504,13505,13506,13507,13508,13509,13510,13511,13512,13513,13514,13515,13516,13517,13518,13519,13520,13521,13522,13523,13524,13525,13526,13527,13528,13529,13530,13531,13532,13533,13534,13535,13536,13537,13538,13539,13540,13541,13542,13543,13544,13545,13546,13547,13548,13549,13550,13551,13552,13553,13554,13555,13556,13557,13558,13559,13560,13561,13562,13563,13564,13565,13566,13567,13568,13569,13570,13571,13572,13573,13574,13575,13576,13577,13578,13579,13580,13581,13582,13583,13584,13585,13586,13587,13588,13589,13590,13591,13592,13593,13594,13595,13596,13597,13598,13599,13600,13601,13602,13603,13604,13605,13606,13607,13608,13609,13610,13611,13612,13613,13614,13615,13616,13617,13618,13619,13620,13621,13622,13623,13624,13625,13626,13627,13628,13629,13630,13631,13632,13633,13634,13635,13636,13637,13638,13639,13640,13641,13642,13643,13644,13645,13646,13647,13648,13649,13650,13651,13652,13653,13654,13655,13656,13657,13658,13659,13660,13661,13662,13663,13664,13665,13666,13667,13668,13669,13670,13671,13672,13673,13674,13675,13676,13677,13678,13679,13680,13681,13682,13683,13684,13685,13686,13687,13688,13689,13690,13691,13692,13693,13694,13695,13696,13697,13698,13699,13700,13701,13702,13703,13704,13705,13706,13707,13708,13709,13710,13711,13712,13713,13714,13715,13716,13717,13718,13719,13720,13721,13722,13723,13724,13725,13726,13727,13728,13729,13730,13731,13732,13733,13734,13735,13736,13737,13738,13739,13740,13741,13742,13743,13744,13745,13746,13747,13748,13749,13750,13751,13752,13753,13754,13755,13756,13757,13758,13759,13760,13761,13762,13763,13764,13765,13766,13767,13768,13769,13770,13771,13772,13773,13774,13775,13776,13777,13778,13779,13780,13781,13782,13783,13784,13785,13786,13787,13788,13789,13790,13791,13792,13793,13794,13795,13796,13797,13798,13799,13800,13801,13802,13803,13804,13805,13806,13807,13808,13809,13810,13811,13812,13813,13814,13815,13816,13817,13818,13819,13820,13821,13822,13823,13824,13825,13826,13827,13828,13829,13830,13831,13832,13833,13834,13835,13836,13837,13838,13839,13840,13841,13842,13843,13844,13845,13846,13847,13848,13849,13850,13851,13852,13853,13854,13855,13856,13857,13858,13859,13860,13861,13862,13863,13864,13865,13866,13867,13868,13869,13870,13871,13872,13873,13874,13875,13876,13877,13878,13879,13880,13881,13882,13883,13884,13885,13886,13887,13888,13889,13890,13891,13892,13893,13894,13895,13896,13897,13898,13899,13900,13901,13902,13903,13904,13905,13906,13907,13908,13909,13910,13911,13912,13913,13914,13915,13916,13917,13918,13919,13920,13921,13922,13923,13924,13925,13926,13927,13928,13929,13930,13931,13932,13933,13934,13935,13936,13937,13938,13939,13940,13941,13942,13943,13944,13945,13946,13947,13948,13949,13950,13951,13952,13953,13954,13955,13956,13957,13958,13959,13960,13961,13962,13963,13964,13965,13966,13967,13968,13969,13970,13971,13972,13973,13974,13975,13976,13977,13978,13979,13980,13981,13982,13983,13984,13985,13986,13987,13988,13989,13990,13991,13992,13993,13994,13995,13996,13997,13998,13999,14000,14001,14002,14003,14004,14005,14006,14007,14008,14009,14010,14011,14012,14013,14014,14015,14016,14017,14018,14019,14020,14021,14022,14023,14024,14025,14026,14027,14028,14029,14030,14031,14032,14033,14034,14035,14036,14037,14038,14039,14040,14041,14042,14043,14044,14045,14046,14047,14048,14049,14050,14051,14052,14053,14054,14055,14056,14057,14058,14059,14060,14061,14062,14063,14064,14065,14066,14067,14068,14069,14070,14071,14072,14073,14074,14075,14076,14077,14078,14079,14080,14081,14082,14083,14084,14085,14086,14087,14088,14089,14090,14091,14092,14093,14094,14095,14096,14097,14098,14099,14100,14101,14102,14103,14104,14105,14106,14107,14108,14109,14110,14111,14112,14113,14114,14115,14116,14117,14118,14119,14120,14121,14122,14123,14124,14125,14126,14127,14128,14129,14130,14131,14132,14133,14134,14135,14136,14137,14138,14139,14140,14141,14142,14143,14144,14145,14146,14147,14148,14149,14150,14151,14152,14153,14154,14155,14156,14157,14158,14159,14160,14161,14162,14163,14164,14165,14166,14167,14168,14169,14170,14171,14172,14173,14174,14175,14176,14177,14178,14179,14180,14181,14182,14183,14184,14185,14186,14187,14188,14189,14190,14191,14192,14193,14194,14195,14196,14197,14198,14199,14200,14201,14202,14203,14204,14205,14206,14207,14208,14209,14210,14211,14212,14213,14214,14215,14216,14217,14218,14219,14220,14221,14222,14223,14224,14225,14226,14227,14228,14229,14230,14231,14232,14233,14234,14235,14236,14237,14238,14239,14240,14241,14242,14243,14244,14245,14246,14247,14248,14249,14250,14251,14252,14253,14254,14255,14256,14257,14258,14259,14260,14261,14262,14263,14264,14265,14266,14267,14268,14269,14270,14271,14272,14273,14274,14275,14276,14277,14278,14279,14280,14281,14282,14283,14284,14285,14286,14287,14288,14289,14290,14291,14292,14293,14294,14295,14296,14297,14298,14299,14300,14301,14302,14303,14304,14305,14306,14307,14308,14309,14310,14311,14312,14313,14314,14315,14316,14317,14318,14319,14320,14321,14322,14323,14324,14325,14326,14327,14328,14329,14330,14331,14332,14333,14334,14335,14336,14337,14338,14339,14340,14341,14342,14343,14344,14345,14346,14347,14348,14349,14350,14351,14352,14353,14354,14355,14356,14357,14358,14359,14360,14361,14362,14363,14364,14365,14366,14367,14368,14369,14370,14371,14372,14373,14374,14375,14376,14377,14378,14379,14380,14381,14382,14383,14384,14385,14386,14387,14388,14389,14390,14391,14392,14393,14394,14395,14396,14397,14398,14399,14400,14401,14402,14403,14404,14405,14406,14407,14408,14409,14410,14411,14412,14413,14414,14415,14416,14417,14418,14419,14420,14421,14422,14423,14424,14425,14426,14427,14428,14429,14430,14431,14432,14433,14434,14435,14436,14437,14438,14439,14440,14441,14442,14443,14444,14445,14446,14447,14448,14449,14450,14451,14452,14453,14454,14455,14456,14457,14458,14459,14460,14461,14462,14463,14464,14465,14466,14467,14468,14469,14470,14471,14472,14473,14474,14475,14476,14477,14478,14479,14480,14481,14482,14483,14484,14485,14486,14487,14488,14489,14490,14491,14492,14493,14494,14495,14496,14497,14498,14499,14500,14501,14502,14503,14504,14505,14506,14507,14508,14509,14510,14511,14512,14513,14514,14515,14516,14517,14518,14519,14520,14521,14522,14523,14524,14525,14526,14527,14528,14529,14530,14531,14532,14533,14534,14535,14536,14537,14538,14539,14540,14541,14542,14543,14544,14545,14546,14547,14548,14549,14550,14551,14552,14553,14554,14555,14556,14557,14558,14559,14560,14561,14562,14563,14564,14565,14566,14567,14568,14569,14570,14571,14572,14573,14574,14575,14576,14577,14578,14579,14580,14581,14582,14583,14584,14585,14586,14587,14588,14589,14590,14591,14592,14593,14594,14595,14596,14597,14598,14599,14600,14601,14602,14603,14604,14605,14606,14607,14608,14609,14610,14611,14612,14613,14614,14615,14616,14617,14618,14619,14620,14621,14622,14623,14624,14625,14626,14627,14628,14629,14630,14631,14632,14633,14634,14635,14636,14637,14638,14639,14640,14641,14642,14643,14644,14645,14646,14647,14648,14649,14650,14651,14652,14653,14654,14655,14656,14657,14658,14659,14660,14661,14662,14663,14664,14665,14666,14667,14668,14669,14670,14671,14672,14673,14674,14675,14676,14677,14678,14679,14680,14681,14682,14683,14684,14685,14686,14687,14688,14689,14690,14691,14692,14693,14694,14695,14696,14697,14698,14699,14700,14701,14702,14703,14704,14705,14706,14707,14708,14709,14710,14711,14712,14713,14714,14715,14716,14717,14718,14719,14720,14721,14722,14723,14724,14725,14726,14727,14728,14729,14730,14731,14732,14733,14734,14735,14736,14737,14738,14739,14740,14741,14742,14743,14744,14745,14746,14747,14748,14749,14750,14751,14752,14753,14754,14755,14756,14757,14758,14759,14760,14761,14762,14763,14764,14765,14766,14767,14768,14769,14770,14771,14772,14773,14774,14775,14776,14777,14778,14779,14780,14781,14782,14783,14784,14785,14786,14787,14788,14789,14790,14791,14792,14793,14794,14795,14796,14797,14798,14799,14800,14801,14802,14803,14804,14805,14806,14807,14808,14809,14810,14811,14812,14813,14814,14815,14816,14817,14818,14819,14820,14821,14822,14823,14824,14825,14826,14827,14828,14829,14830,14831,14832,14833,14834,14835,14836,14837,14838,14839,14840,14841,14842,14843,14844,14845,14846,14847,14848,14849,14850,14851,14852,14853,14854,14855,14856,14857,14858,14859,14860,14861,14862,14863,14864,14865,14866,14867,14868,14869,14870,14871,14872,14873,14874,14875,14876,14877,14878,14879,14880,14881,14882,14883,14884,14885,14886,14887,14888,14889,14890,14891,14892,14893,14894,14895,14896,14897,14898,14899,14900,14901,14902,14903,14904,14905,14906,14907,14908,14909,14910,14911,14912,14913,14914,14915,14916,14917,14918,14919,14920,14921,14922,14923,14924,14925,14926,14927,14928,14929,14930,14931,14932,14933,14934,14935,14936,14937,14938,14939,14940,14941,14942,14943,14944,14945,14946,14947,14948,14949,14950,14951,14952,14953,14954,14955,14956,14957,14958,14959,14960,14961,14962,14963,14964,14965,14966,14967,14968,14969,14970,14971,14972,14973,14974,14975,14976,14977,14978,14979,14980,14981,14982,14983,14984,14985,14986,14987,14988,14989,14990,14991,14992,14993,14994,14995,14996,14997,14998,14999,15000,15001,15002,15003,15004,15005,15006,15007,15008,15009,15010,15011,15012,15013,15014,15015,15016,15017,15018,15019,15020,15021,15022,15023,15024,15025,15026,15027,15028,15029,15030,15031,15032,15033,15034,15035,15036,15037,15038,15039,15040,15041,15042,15043,15044,15045,15046,15047,15048,15049,15050,15051,15052,15053,15054,15055,15056,15057,15058,15059,15060,15061,15062,15063,15064,15065,15066,15067,15068,15069,15070,15071,15072,15073,15074,15075,15076,15077,15078,15079,15080,15081,15082,15083,15084,15085,15086,15087,15088,15089,15090,15091,15092,15093,15094,15095,15096,15097,15098,15099,15100,15101,15102,15103,15104,15105,15106,15107,15108,15109,15110,15111,15112,15113,15114,15115,15116,15117,15118,15119,15120,15121,15122,15123,15124,15125,15126,15127,15128,15129,15130,15131,15132,15133,15134,15135,15136,15137,15138,15139,15140,15141,15142,15143,15144,15145,15146,15147,15148,15149,15150,15151,15152,15153,15154,15155,15156,15157,15158,15159,15160,15161,15162,15163,15164,15165,15166,15167,15168,15169,15170,15171,15172,15173,15174,15175,15176,15177,15178,15179,15180,15181,15182,15183,15184,15185,15186,15187,15188,15189,15190,15191,15192,15193,15194,15195,15196,15197,15198,15199,15200,15201,15202,15203,15204,15205,15206,15207,15208,15209,15210,15211,15212,15213,15214,15215,15216,15217,15218,15219,15220,15221,15222,15223,15224,15225,15226,15227,15228,15229,15230,15231,15232,15233,15234,15235,15236,15237,15238,15239,15240,15241,15242,15243,15244,15245,15246,15247,15248,15249,15250,15251,15252,15253,15254,15255,15256,15257,15258,15259,15260,15261,15262,15263,15264,15265,15266,15267,15268,15269,15270,15271,15272,15273,15274,15275,15276,15277,15278,15279,15280,15281,15282,15283,15284,15285,15286,15287,15288,15289,15290,15291,15292,15293,15294,15295,15296,15297,15298,15299,15300,15301,15302,15303,15304,15305,15306,15307,15308,15309,15310,15311,15312,15313,15314,15315,15316,15317,15318,15319,15320,15321,15322,15323,15324,15325,15326,15327,15328,15329,15330,15331,15332,15333,15334,15335,15336,15337,15338,15339,15340,15341,15342,15343,15344,15345,15346,15347,15348,15349,15350,15351,15352,15353,15354,15355,15356,15357,15358,15359,15360,15361,15362,15363,15364,15365,15366,15367,15368,15369,15370,15371,15372,15373,15374,15375,15376,15377,15378,15379,15380,15381,15382,15383,15384,15385,15386,15387,15388,15389,15390,15391,15392,15393,15394,15395,15396,15397,15398,15399,15400,15401,15402,15403,15404,15405,15406,15407,15408,15409,15410,15411,15412,15413,15414,15415,15416,15417,15418,15419,15420,15421,15422,15423,15424,15425,15426,15427,15428,15429,15430,15431,15432,15433,15434,15435,15436,15437,15438,15439,15440,15441,15442,15443,15444,15445,15446,15447,15448,15449,15450,15451,15452,15453,15454,15455,15456,15457,15458,15459,15460,15461,15462,15463,15464,15465,15466,15467,15468,15469,15470,15471,15472,15473,15474,15475,15476,15477,15478,15479,15480,15481,15482,15483,15484,15485,15486,15487,15488,15489,15490,15491,15492,15493,15494,15495,15496,15497,15498,15499,15500,15501,15502,15503,15504,15505,15506,15507,15508,15509,15510,15511,15512,15513,15514,15515,15516,15517,15518,15519,15520,15521,15522,15523,15524,15525,15526,15527,15528,15529,15530,15531,15532,15533,15534,15535,15536,15537,15538,15539,15540,15541,15542,15543,15544,15545,15546,15547,15548,15549,15550,15551,15552,15553,15554,15555,15556,15557,15558,15559,15560,15561,15562,15563,15564,15565,15566,15567,15568,15569,15570,15571,15572,15573,15574,15575,15576,15577,15578,15579,15580,15581,15582,15583,15584,15585,15586,15587,15588,15589,15590,15591,15592,15593,15594,15595,15596,15597,15598,15599,15600,15601,15602,15603,15604,15605,15606,15607,15608,15609,15610,15611,15612,15613,15614,15615,15616,15617,15618,15619,15620,15621,15622,15623,15624,15625,15626,15627,15628,15629,15630,15631,15632,15633,15634,15635,15636,15637,15638,15639,15640,15641,15642,15643,15644,15645,15646,15647,15648,15649,15650,15651,15652,15653,15654,15655,15656,15657,15658,15659,15660,15661,15662,15663,15664,15665,15666,15667,15668,15669,15670,15671,15672,15673,15674,15675,15676,15677,15678,15679,15680,15681,15682,15683,15684,15685,15686,15687,15688,15689,15690,15691,15692,15693,15694,15695,15696,15697,15698,15699,15700,15701,15702,15703,15704,15705,15706,15707,15708,15709,15710,15711,15712,15713,15714,15715,15716,15717,15718,15719,15720,15721,15722,15723,15724,15725,15726,15727,15728,15729,15730,15731,15732,15733,15734,15735,15736,15737,15738,15739,15740,15741,15742,15743,15744,15745,15746,15747,15748,15749,15750,15751,15752,15753,15754,15755,15756,15757,15758,15759,15760,15761,15762,15763,15764,15765,15766,15767,15768,15769,15770,15771,15772,15773,15774,15775,15776,15777,15778,15779,15780,15781,15782,15783,15784,15785,15786,15787,15788,15789,15790,15791,15792,15793,15794,15795,15796,15797,15798,15799,15800,15801,15802,15803,15804,15805,15806,15807,15808,15809,15810,15811,15812,15813,15814,15815,15816,15817,15818,15819,15820,15821,15822,15823,15824,15825,15826,15827,15828,15829,15830,15831,15832,15833,15834,15835,15836,15837,15838,15839,15840,15841,15842,15843,15844,15845,15846,15847,15848,15849,15850,15851,15852,15853,15854,15855,15856,15857,15858,15859,15860,15861,15862,15863,15864,15865,15866,15867,15868,15869,15870,15871,15872,15873,15874,15875,15876,15877,15878,15879,15880,15881,15882,15883,15884,15885,15886,15887,15888,15889,15890,15891,15892,15893,15894,15895,15896,15897,15898,15899,15900,15901,15902,15903,15904,15905,15906,15907,15908,15909,15910,15911,15912,15913,15914,15915,15916,15917,15918,15919,15920,15921,15922,15923,15924,15925,15926,15927,15928,15929,15930,15931,15932,15933,15934,15935,15936,15937,15938,15939,15940,15941,15942,15943,15944,15945,15946,15947,15948,15949,15950,15951,15952,15953,15954,15955,15956,15957,15958,15959,15960,15961,15962,15963,15964,15965,15966,15967,15968,15969,15970,15971,15972,15973,15974,15975,15976,15977,15978,15979,15980,15981,15982,15983,15984,15985,15986,15987,15988,15989,15990,15991,15992,15993,15994,15995,15996,15997,15998,15999,16000,16001,16002,16003,16004,16005,16006,16007,16008,16009,16010,16011,16012,16013,16014,16015,16016,16017,16018,16019,16020,16021,16022,16023,16024,16025,16026,16027,16028,16029,16030,16031,16032,16033,16034,16035,16036,16037,16038,16039,16040,16041,16042,16043,16044,16045,16046,16047,16048,16049,16050,16051,16052,16053,16054,16055,16056,16057,16058,16059,16060,16061,16062,16063,16064,16065,16066,16067,16068,16069,16070,16071,16072,16073,16074,16075,16076,16077,16078,16079,16080,16081,16082,16083,16084,16085,16086,16087,16088,16089,16090,16091,16092,16093,16094,16095,16096,16097,16098,16099,16100,16101,16102,16103,16104,16105,16106,16107,16108,16109,16110,16111,16112,16113,16114,16115,16116,16117,16118,16119,16120,16121,16122,16123,16124,16125,16126,16127,16128,16129,16130,16131,16132,16133,16134,16135,16136,16137,16138,16139,16140,16141,16142,16143,16144,16145,16146,16147,16148,16149,16150,16151,16152,16153,16154,16155,16156,16157,16158,16159,16160,16161,16162,16163,16164,16165,16166,16167,16168,16169,16170,16171,16172,16173,16174,16175,16176,16177,16178,16179,16180,16181,16182,16183,16184,16185,16186,16187,16188,16189,16190,16191,16192,16193,16194,16195,16196,16197,16198,16199,16200,16201,16202,16203,16204,16205,16206,16207,16208,16209,16210,16211,16212,16213,16214,16215,16216,16217,16218,16219,16220,16221,16222,16223,16224,16225,16226,16227,16228,16229,16230,16231,16232,16233,16234,16235,16236,16237,16238,16239,16240,16241,16242,16243,16244,16245,16246,16247,16248,16249,16250,16251,16252,16253,16254,16255,16256,16257,16258,16259,16260,16261,16262,16263,16264,16265,16266,16267,16268,16269,16270,16271,16272,16273,16274,16275,16276,16277,16278,16279,16280,16281,16282,16283,16284,16285,16286,16287,16288,16289,16290,16291,16292,16293,16294,16295,16296,16297,16298,16299,16300,16301,16302,16303,16304,16305,16306,16307,16308,16309,16310,16311,16312,16313,16314,16315,16316,16317,16318,16319,16320,16321,16322,16323,16324,16325,16326,16327,16328,16329,16330,16331,16332,16333,16334,16335,16336,16337,16338,16339,16340,16341,16342,16343,16344,16345,16346,16347,16348,16349,16350,16351,16352,16353,16354,16355,16356,16357,16358,16359,16360,16361,16362,16363,16364,16365,16366,16367,16368,16369,16370,16371,16372,16373,16374,16375,16376,16377]
[{"$nulls":6},"Meses",1,1,1,1,1,1,1,1,1,1,1,1,{"$f":"'[51]CRO2_Pro-Mes'!#REF!","v":{"$error":"#REF!"}},{"$f":"'[51]CRO2_Pro-Mes'!O3","v":0},{"$f":"'[51]CRO2_Pro-Mes'!#REF!","v":{"$error":"#REF!"}},{"$f":"'[51]CRO2_Pro-Mes'!Q3","v":0},{"$f":"'[51]CRO2_Pro-Mes'!#REF!","v":{"$error":"#REF!"}},{"$f":"'[51]CRO2_Pro-Mes'!S3","v":0},{"$f":"'[51]CRO2_Pro-Mes'!#REF!","v":{"$error":"#REF!"}},{"$f":"'[51]CRO2_Pro-Mes'!U3","v":0},{"$f":"'[51]CRO2_Pro-Mes'!#REF!","v":{"$error":"#REF!"}},{"$f":"'[51]CRO2_Pro-Mes'!W3","v":0},{"$f":"'[51]CRO2_Pro-Mes'!#REF!","v":{"$error":"#REF!"}},{"$f":"'[51]CRO2_Pro-Mes'!Y3","v":0},{"$f":"'[51]CRO2_Pro-Mes'!#REF!","v":{"$error":"#REF!"}},{"$f":"'[51]CRO2_Pro-Mes'!AA3","v":0},{"$f":"'[51]CRO2_Pro-Mes'!#REF!","v":{"$error":"#REF!"}},{"$f":"'[51]CRO2_Pro-Mes'!AC3","v":0},{"$f":"'[51]CRO2_Pro-Mes'!#REF!","v":{"$error":"#REF!"}},{"$f":"'[51]CRO2_Pro-Mes'!AE3","v":0},{"$f":"'[51]CRO2_Pro-Mes'!#REF!","v":{"$error":"#REF!"}},{"$f":"'[51]CRO2_Pro-Mes'!AG3","v":0},{"$f":"'[51]CRO2_Pro-Mes'!#REF!","v":{"$error":"#REF!"}},{"$f":"'[51]CRO2_Pro-Mes'!AI3","v":0},{"$f":"'[51]CRO2_Pro-Mes'!#REF!","v":{"$error":"#REF!"}},{"$f":"'[51]CRO2_Pro-Mes'!AK3","v":0},{"$f":"'[51]CRO2_Pro-Mes'!#REF!","v":{"$error":"#REF!"}},{"$f":"'[51]CRO2_Pro-Mes'!AM3","v":0},{"$f":"'[51]CRO2_Pro-Mes'!#REF!","v":{"$error":"#REF!"}},{"$f":"'[51]CRO2_Pro-Mes'!AO3","v":0},{"$f":"'[51]CRO2_Pro-Mes'!#REF!","v":{"$error":"#REF!"}},{"$f":"'[51]CRO2_Pro-Mes'!AQ3","v":0},{"$f":"'[51]CRO2_Pro-Mes'!#REF!","v":{"$error":"#REF!"}},{"$f":"'[51]CRO2_Pro-Mes'!AS3","v":0},{"$f":"'[51]CRO2_Pro-Mes'!#REF!","v":{"$error":"#REF!"}},{"$f":"'[51]CRO2_Pro-Mes'!AU3","v":0},{"$f":"'[51]CRO2_Pro-Mes'!#REF!","v":{"$error":"#REF!"}},{"$f":"'[51]CRO2_Pro-Mes'!AW3","v":0},{"$f":"'[51]CRO2_Pro-Mes'!#REF!","v":{"$error":"#REF!"}},{"$f":"'[51]CRO2_Pro-Mes'!AY3","v":0},{"$f":"'[51]CRO2_Pro-Mes'!#REF!","v":{"$error":"#REF!"}},{"$f":"'[51]CRO2_Pro-Mes'!BA3","v":0},{"$f":"'[51]CRO2_Pro-Mes'!#REF!","v":{"$error":"#REF!"}},{"$f":"'[51]CRO2_Pro-Mes'!BC3","v":0},{"$f":"'[51]CRO2_Pro-Mes'!#REF!","v":{"$error":"#REF!"}},{"$f":"'[51]CRO2_Pro-Mes'!BE3","v":0},{"$f":"'[51]CRO2_Pro-Mes'!#REF!","v":{"$error":"#REF!"}},{"$f":"'[51]CRO2_Pro-Mes'!BG3","v":0},{"$f":"'[51]CRO2_Pro-Mes'!#REF!","v":{"$error":"#REF!"}},{"$f":"'[51]CRO2_Pro-Mes'!BI3","v":0},{"$f":"'[51]CRO2_Pro-Mes'!#REF!","v":{"$error":"#REF!"}},{"$f":"'[51]CRO2_Pro-Mes'!BK3","v":0},{"$f":"'[51]CRO2_Pro-Mes'!#REF!","v":{"$error":"#REF!"}},{"$f":"'[51]CRO2_Pro-Mes'!BM3","v":0},{"$f":"'[51]CRO2_Pro-Mes'!#REF!","v":{"$error":"#REF!"}},{"$f":"'[51]CRO2_Pro-Mes'!BO3","v":0},{"$f":"'[51]CRO2_Pro-Mes'!#REF!","v":{"$error":"#REF!"}},{"$f":"'[51]CRO2_Pro-Mes'!BQ3","v":0},{"$f":"'[51]CRO2_Pro-Mes'!#REF!","v":{"$error":"#REF!"}},{"$f":"'[51]CRO2_Pro-Mes'!BS3","v":0},{"$f":"'[51]CRO2_Pro-Mes'!#REF!","v":{"$error":"#REF!"}},{"$f":"'[51]CRO2_Pro-Mes'!BU3","v":0},{"$f":"'[51]CRO2_Pro-Mes'!#REF!","v":{"$error":"#REF!"}},{"$f":"'[51]CRO2_Pro-Mes'!BW3","v":0},{"$f":"'[51]CRO2_Pro-Mes'!#REF!","v":{"$error":"#REF!"}},{"$f":"'[51]CRO2_Pro-Mes'!BY3","v":0},{"$f":"'[51]CRO2_Pro-Mes'!#REF!","v":{"$error":"#REF!"}},{"$f":"'[51]CRO2_Pro-Mes'!CA3","v":0},{"$f":"'[51]CRO2_Pro-Mes'!#REF!","v":{"$error":"#REF!"}},{"$f":"'[51]CRO2_Pro-Mes'!CC3","v":0},{"$f":"'[51]CRO2_Pro-Mes'!#REF!","v":{"$error":"#REF!"}},{"$f":"'[51]CRO2_Pro-Mes'!CE3","v":0},{"$f":"'[51]CRO2_Pro-Mes'!#REF!","v":{"$error":"#REF!"}},{"$f":"'[51]CRO2_Pro-Mes'!CG3","v":0},{"$f":"'[51]CRO2_Pro-Mes'!#REF!","v":{"$error":"#REF!"}},{"$f":"'[51]CRO2_Pro-Mes'!CI3","v":0},{"$f":"'[51]CRO2_Pro-Mes'!#REF!","v":{"$error":"#REF!"}},{"$f":"'[51]CRO2_Pro-Mes'!CK3","v":0},{"$f":"'[51]CRO2_Pro-Mes'!#REF!","v":{"$error":"#REF!"}},{"$f":"'[51]CRO2_Pro-Mes'!CM3","v":0},{"$f":"'[51]CRO2_Pro-Mes'!#REF!","v":{"$error":"#REF!"}},{"$f":"'[51]CRO2_Pro-Mes'!CO3","v":0},{"$f":"'[51]CRO2_Pro-Mes'!#REF!","v":{"$error":"#REF!"}},{"$f":"'[51]CRO2_Pro-Mes'!CQ3","v":0},{"$f":"'[51]CRO2_Pro-Mes'!#REF!","v":{"$error":"#REF!"}},{"$f":"'[51]CRO2_Pro-Mes'!CS3","v":0},{"$f":"'[51]CRO2_Pro-Mes'!#REF!","v":{"$error":"#REF!"}},{"$f":"'[51]CRO2_Pro-Mes'!CU3","v":0},{"$f":"'[51]CRO2_Pro-Mes'!#REF!","v":{"$error":"#REF!"}},{"$f":"'[51]CRO2_Pro-Mes'!CW3","v":0},{"$f":"'[51]CRO2_Pro-Mes'!#REF!","v":{"$error":"#REF!"}},{"$f":"'[51]CRO2_Pro-Mes'!CY3","v":0},{"$f":"'[51]CRO2_Pro-Mes'!#REF!","v":{"$error":"#REF!"}},{"$f":"'[51]CRO2_Pro-Mes'!DA3","v":0},{"$f":"'[51]CRO2_Pro-Mes'!#REF!","v":{"$error":"#REF!"}},{"$f":"'[51]CRO2_Pro-Mes'!DC3","v":0},{"$f":"'[51]CRO2_Pro-Mes'!#REF!","v":{"$error":"#REF!"}},{"$f":"'[51]CRO2_Pro-Mes'!DE3","v":0},{"$f":"'[51]CRO2_Pro-Mes'!#REF!","v":{"$error":"#REF!"}},{"$f":"'[51]CRO2_Pro-Mes'!DG3","v":0},{"$f":"'[51]CRO2_Pro-Mes'!#REF!","v":{"$error":"#REF!"}},{"$f":"'[51]CRO2_Pro-Mes'!DI3","v":0},{"$f":"'[51]CRO2_Pro-Mes'!#REF!","v":{"$error":"#REF!"}},{"$f":"'[51]CRO2_Pro-Mes'!DK3","v":0},{"$f":"'[51]CRO2_Pro-Mes'!#REF!","v":{"$error":"#REF!"}},{"$f":"'[51]CRO2_Pro-Mes'!DM3","v":0},{"$f":"'[51]CRO2_Pro-Mes'!#REF!","v":{"$error":"#REF!"}},{"$f":"'[51]CRO2_Pro-Mes'!DO3","v":0},{"$f":"'[51]CRO2_Pro-Mes'!#REF!","v":{"$error":"#REF!"}},{"$f":"'[51]CRO2_Pro-Mes'!DQ3","v":0},{"$f":"'[51]CRO2_Pro-Mes'!#REF!","v":{"$error":"#REF!"}},{"$f":"'[51]CRO2_Pro-Mes'!DS3","v":0},{"$f":"'[51]CRO2_Pro-Mes'!#REF!","v":{"$error":"#REF!"}},{"$f":"'[51]CRO2_Pro-Mes'!DU3","v":0},{"$f":"'[51]CRO2_Pro-Mes'!#REF!","v":{"$error":"#REF!"}},{"$f":"'[51]CRO2_Pro-Mes'!DW3","v":0},{"$f":"'[51]CRO2_Pro-Mes'!#REF!","v":{"$error":"#REF!"}},{"$f":"'[51]CRO2_Pro-Mes'!DY3","v":0},{"$f":"'[51]CRO2_Pro-Mes'!#REF!","v":{"$error":"#REF!"}},{"$f":"'[51]CRO2_Pro-Mes'!EA3","v":0},{"$f":"'[51]CRO2_Pro-Mes'!#REF!","v":{"$error":"#REF!"}},{"$f":"'[51]CRO2_Pro-Mes'!EC3","v":0},{"$f":"'[51]CRO2_Pro-Mes'!#REF!","v":{"$error":"#REF!"}},{"$f":"'[51]CRO2_Pro-Mes'!EE3","v":0},{"$f":"'[51]CRO2_Pro-Mes'!#REF!","v":{"$error":"#REF!"}},{"$f":"'[51]CRO2_Pro-Mes'!EG3","v":0},{"$f":"'[51]CRO2_Pro-Mes'!#REF!","v":{"$error":"#REF!"}},{"$f":"'[51]CRO2_Pro-Mes'!EI3","v":0},{"$f":"'[51]CRO2_Pro-Mes'!#REF!","v":{"$error":"#REF!"}},{"$f":"'[51]CRO2_Pro-Mes'!EK3","v":0},{"$f":"'[51]CRO2_Pro-Mes'!#REF!","v":{"$error":"#REF!"}},{"$f":"'[51]CRO2_Pro-Mes'!EM3","v":0},{"$f":"'[51]CRO2_Pro-Mes'!#REF!","v":{"$error":"#REF!"}},{"$f":"'[51]CRO2_Pro-Mes'!EO3","v":0},{"$f":"'[51]CRO2_Pro-Mes'!#REF!","v":{"$error":"#REF!"}},{"$f":"'[51]CRO2_Pro-Mes'!EQ3","v":0},{"$f":"'[51]CRO2_Pro-Mes'!#REF!","v":{"$error":"#REF!"}},{"$f":"'[51]CRO2_Pro-Mes'!ES3","v":0},{"$f":"'[51]CRO2_Pro-Mes'!#REF!","v":{"$error":"#REF!"}},{"$f":"'[51]CRO2_Pro-Mes'!EU3","v":0},{"$f":"'[51]CRO2_Pro-Mes'!#REF!","v":{"$error":"#REF!"}},{"$f":"'[51]CRO2_Pro-Mes'!EW3","v":0},{"$f":"'[51]CRO2_Pro-Mes'!#REF!","v":{"$error":"#REF!"}},{"$f":"'[51]CRO2_Pro-Mes'!EY3","v":0},{"$f":"'[51]CRO2_Pro-Mes'!#REF!","v":{"$error":"#REF!"}},{"$f":"'[51]CRO2_Pro-Mes'!FA3","v":0},{"$f":"'[51]CRO2_Pro-Mes'!#REF!","v":{"$error":"#REF!"}},{"$f":"'[51]CRO2_Pro-Mes'!FC3","v":0},{"$f":"'[51]CRO2_Pro-Mes'!#REF!","v":{"$error":"#REF!"}},{"$f":"'[51]CRO2_Pro-Mes'!FE3","v":0},{"$f":"'[51]CRO2_Pro-Mes'!#REF!","v":{"$error":"#REF!"}},{"$f":"'[51]CRO2_Pro-Mes'!FG3","v":0},{"$f":"'[51]CRO2_Pro-Mes'!#REF!","v":{"$error":"#REF!"}},{"$f":"'[51]CRO2_Pro-Mes'!FI3","v":0},{"$f":"'[51]CRO2_Pro-Mes'!#REF!","v":{"$error":"#REF!"}},{"$f":"'[51]CRO2_Pro-Mes'!FK3","v":0},{"$f":"'[51]CRO2_Pro-Mes'!#REF!","v":{"$error":"#REF!"}},{"$f":"'[51]CRO2_Pro-Mes'!FM3","v":0},{"$f":"'[51]CRO2_Pro-Mes'!#REF!","v":{"$error":"#REF!"}},{"$f":"'[51]CRO2_Pro-Mes'!FO3","v":0},{"$f":"'[51]CRO2_Pro-Mes'!#REF!","v":{"$error":"#REF!"}},{"$f":"'[51]CRO2_Pro-Mes'!FQ3","v":0},{"$f":"'[51]CRO2_Pro-Mes'!#REF!","v":{"$error":"#REF!"}},{"$f":"'[51]CRO2_Pro-Mes'!FS3","v":0},{"$f":"'[51]CRO2_Pro-Mes'!#REF!","v":{"$error":"#REF!"}},{"$f":"'[51]CRO2_Pro-Mes'!FU3","v":0},{"$f":"'[51]CRO2_Pro-Mes'!#REF!","v":{"$error":"#REF!"}},{"$f":"'[51]CRO2_Pro-Mes'!FW3","v":0},{"$f":"'[51]CRO2_Pro-Mes'!#REF!","v":{"$error":"#REF!"}},{"$f":"'[51]CRO2_Pro-Mes'!FY3","v":0},{"$f":"'[51]CRO2_Pro-Mes'!#REF!","v":{"$error":"#REF!"}},{"$f":"'[51]CRO2_Pro-Mes'!GA3","v":0},{"$f":"'[51]CRO2_Pro-Mes'!#REF!","v":{"$error":"#REF!"}},{"$f":"'[51]CRO2_Pro-Mes'!GC3","v":0},{"$f":"'[51]CRO2_Pro-Mes'!#REF!","v":{"$error":"#REF!"}},{"$f":"'[51]CRO2_Pro-Mes'!GE3","v":0},{"$f":"'[51]CRO2_Pro-Mes'!#REF!","v":{"$error":"#REF!"}},{"$f":"'[51]CRO2_Pro-Mes'!GG3","v":0},{"$f":"'[51]CRO2_Pro-Mes'!#REF!","v":{"$error":"#REF!"}},{"$f":"'[51]CRO2_Pro-Mes'!GI3","v":0},{"$f":"'[51]CRO2_Pro-Mes'!#REF!","v":{"$error":"#REF!"}},{"$f":"'[51]CRO2_Pro-Mes'!GK3","v":0},{"$f":"'[51]CRO2_Pro-Mes'!#REF!","v":{"$error":"#REF!"}},{"$f":"'[51]CRO2_Pro-Mes'!GM3","v":0},{"$f":"'[51]CRO2_Pro-Mes'!#REF!","v":{"$error":"#REF!"}},{"$f":"'[51]CRO2_Pro-Mes'!GO3","v":0},{"$f":"'[51]CRO2_Pro-Mes'!#REF!","v":{"$error":"#REF!"}},{"$f":"'[51]CRO2_Pro-Mes'!GQ3","v":0},{"$f":"'[51]CRO2_Pro-Mes'!#REF!","v":{"$error":"#REF!"}},{"$f":"'[51]CRO2_Pro-Mes'!GS3","v":0},{"$f":"'[51]CRO2_Pro-Mes'!#REF!","v":{"$error":"#REF!"}},{"$f":"'[51]CRO2_Pro-Mes'!GU3","v":0},{"$f":"'[51]CRO2_Pro-Mes'!#REF!","v":{"$error":"#REF!"}},{"$f":"'[51]CRO2_Pro-Mes'!GW3","v":0},{"$f":"'[51]CRO2_Pro-Mes'!#REF!","v":{"$error":"#REF!"}},{"$f":"'[51]CRO2_Pro-Mes'!GY3","v":0},{"$f":"'[51]CRO2_Pro-Mes'!#REF!","v":{"$error":"#REF!"}},{"$f":"'[51]CRO2_Pro-Mes'!HA3","v":0},{"$f":"'[51]CRO2_Pro-Mes'!#REF!","v":{"$error":"#REF!"}},{"$f":"'[51]CRO2_Pro-Mes'!HC3","v":0},{"$f":"'[51]CRO2_Pro-Mes'!#REF!","v":{"$error":"#REF!"}},{"$f":"'[51]CRO2_Pro-Mes'!HE3","v":0},{"$f":"'[51]CRO2_Pro-Mes'!#REF!","v":{"$error":"#REF!"}},{"$f":"'[51]CRO2_Pro-Mes'!HG3","v":0},{"$f":"'[51]CRO2_Pro-Mes'!#REF!","v":{"$error":"#REF!"}},{"$f":"'[51]CRO2_Pro-Mes'!HI3","v":0},{"$f":"'[51]CRO2_Pro-Mes'!#REF!","v":{"$error":"#REF!"}},{"$f":"'[51]CRO2_Pro-Mes'!HK3","v":0},{"$f":"'[51]CRO2_Pro-Mes'!#REF!","v":{"$error":"#REF!"}},{"$f":"'[51]CRO2_Pro-Mes'!HM3","v":0},{"$f":"'[51]CRO2_Pro-Mes'!#REF!","v":{"$error":"#REF!"}},{"$f":"'[51]CRO2_Pro-Mes'!HO3","v":0},{"$f":"'[51]CRO2_Pro-Mes'!#REF!","v":{"$error":"#REF!"}},{"$f":"'[51]CRO2_Pro-Mes'!HQ3","v":0},{"$f":"'[51]CRO2_Pro-Mes'!#REF!","v":{"$error":"#REF!"}},{"$f":"'[51]CRO2_Pro-Mes'!HS3","v":0},{"$f":"'[51]CRO2_Pro-Mes'!#REF!","v":{"$error":"#REF!"}},{"$f":"'[51]CRO2_Pro-Mes'!HU3","v":0},{"$f":"'[51]CRO2_Pro-Mes'!#REF!","v":{"$error":"#REF!"}},{"$f":"'[51]CRO2_Pro-Mes'!HW3","v":0},{"$f":"'[51]CRO2_Pro-Mes'!#REF!","v":{"$error":"#REF!"}},{"$f":"'[51]CRO2_Pro-Mes'!HY3","v":0},{"$f":"'[51]CRO2_Pro-Mes'!#REF!","v":{"$error":"#REF!"}},{"$f":"'[51]CRO2_Pro-Mes'!IA3","v":0},{"$f":"'[51]CRO2_Pro-Mes'!#REF!","v":{"$error":"#REF!"}},{"$f":"'[51]CRO2_Pro-Mes'!IC3","v":0},{"$f":"'[51]CRO2_Pro-Mes'!#REF!","v":{"$error":"#REF!"}},{"$f":"'[51]CRO2_Pro-Mes'!IE3","v":0},{"$f":"'[51]CRO2_Pro-Mes'!#REF!","v":{"$error":"#REF!"}},{"$f":"'[51]CRO2_Pro-Mes'!IG3","v":0},{"$f":"'[51]CRO2_Pro-Mes'!#REF!","v":{"$error":"#REF!"}},{"$f":"'[51]CRO2_Pro-Mes'!II3","v":0},{"$f":"'[51]CRO2_Pro-Mes'!#REF!","v":{"$error":"#REF!"}},{"$f":"'[51]CRO2_Pro-Mes'!IK3","v":0},{"$f":"'[51]CRO2_Pro-Mes'!#REF!","v":{"$error":"#REF!"}},{"$f":"'[51]CRO2_Pro-Mes'!IM3","v":0},{"$f":"'[51]CRO2_Pro-Mes'!#REF!","v":{"$error":"#REF!"}},{"$f":"'[51]CRO2_Pro-Mes'!IO3","v":0},{"$f":"'[51]CRO2_Pro-Mes'!#REF!","v":{"$error":"#REF!"}},{"$f":"'[51]CRO2_Pro-Mes'!IQ3","v":0},{"$f":"'[51]CRO2_Pro-Mes'!#REF!","v":{"$error":"#REF!"}},{"$f":"'[51]CRO2_Pro-Mes'!IS3","v":0},{"$f":"'[51]CRO2_Pro-Mes'!#REF!","v":{"$error":"#REF!"}},{"$f":"'[51]CRO2_Pro-Mes'!IU3","v":0},{"$f":"'[51]CRO2_Pro-Mes'!#REF!","v":{"$error":"#REF!"}},{"$f":"'[51]CRO2_Pro-Mes'!IW3","v":0},{"$f":"'[51]CRO2_Pro-Mes'!#REF!","v":{"$error":"#REF!"}},{"$f":"'[51]CRO2_Pro-Mes'!IY3","v":0},{"$f":"'[51]CRO2_Pro-Mes'!#REF!","v":{"$error":"#REF!"}},{"$f":"'[51]CRO2_Pro-Mes'!JA3","v":0},{"$f":"'[51]CRO2_Pro-Mes'!#REF!","v":{"$error":"#REF!"}},{"$f":"'[51]CRO2_Pro-Mes'!JC3","v":0},{"$f":"'[51]CRO2_Pro-Mes'!#REF!","v":{"$error":"#REF!"}},{"$f":"'[51]CRO2_Pro-Mes'!JE3","v":0},{"$f":"'[51]CRO2_Pro-Mes'!#REF!","v":{"$error":"#REF!"}},{"$f":"'[51]CRO2_Pro-Mes'!JG3","v":0},{"$f":"'[51]CRO2_Pro-Mes'!#REF!","v":{"$error":"#REF!"}},{"$f":"'[51]CRO2_Pro-Mes'!JI3","v":0},{"$f":"'[51]CRO2_Pro-Mes'!#REF!","v":{"$error":"#REF!"}},{"$f":"'[51]CRO2_Pro-Mes'!JK3","v":0},{"$f":"'[51]CRO2_Pro-Mes'!#REF!","v":{"$error":"#REF!"}},{"$f":"'[51]CRO2_Pro-Mes'!JM3","v":0},{"$f":"'[51]CRO2_Pro-Mes'!#REF!","v":{"$error":"#REF!"}},{"$f":"'[51]CRO2_Pro-Mes'!JO3","v":0},{"$f":"'[51]CRO2_Pro-Mes'!#REF!","v":{"$error":"#REF!"}},{"$f":"'[51]CRO2_Pro-Mes'!JQ3","v":0},{"$f":"'[51]CRO2_Pro-Mes'!#REF!","v":{"$error":"#REF!"}},{"$f":"'[51]CRO2_Pro-Mes'!JS3","v":0},{"$f":"'[51]CRO2_Pro-Mes'!#REF!","v":{"$error":"#REF!"}},{"$f":"'[51]CRO2_Pro-Mes'!JU3","v":0},{"$f":"'[51]CRO2_Pro-Mes'!#REF!","v":{"$error":"#REF!"}},{"$f":"'[51]CRO2_Pro-Mes'!JW3","v":0},{"$f":"'[51]CRO2_Pro-Mes'!#REF!","v":{"$error":"#REF!"}},{"$f":"'[51]CRO2_Pro-Mes'!JY3","v":0},{"$f":"'[51]CRO2_Pro-Mes'!#REF!","v":{"$error":"#REF!"}},{"$f":"'[51]CRO2_Pro-Mes'!KA3","v":0},{"$f":"'[51]CRO2_Pro-Mes'!#REF!","v":{"$error":"#REF!"}},{"$f":"'[51]CRO2_Pro-Mes'!KC3","v":0},{"$f":"'[51]CRO2_Pro-Mes'!#REF!","v":{"$error":"#REF!"}},{"$f":"'[51]CRO2_Pro-Mes'!KE3","v":0},{"$f":"'[51]CRO2_Pro-Mes'!#REF!","v":{"$error":"#REF!"}},{"$f":"'[51]CRO2_Pro-Mes'!KG3","v":0},{"$f":"'[51]CRO2_Pro-Mes'!#REF!","v":{"$error":"#REF!"}},{"$f":"'[51]CRO2_Pro-Mes'!KI3","v":0},{"$f":"'[51]CRO2_Pro-Mes'!#REF!","v":{"$error":"#REF!"}},{"$f":"'[51]CRO2_Pro-Mes'!KK3","v":0},{"$f":"'[51]CRO2_Pro-Mes'!#REF!","v":{"$error":"#REF!"}},{"$f":"'[51]CRO2_Pro-Mes'!KM3","v":0},{"$f":"'[51]CRO2_Pro-Mes'!#REF!","v":{"$error":"#REF!"}},{"$f":"'[51]CRO2_Pro-Mes'!KO3","v":0},{"$f":"'[51]CRO2_Pro-Mes'!#REF!","v":{"$error":"#REF!"}},{"$f":"'[51]CRO2_Pro-Mes'!KQ3","v":0},{"$f":"'[51]CRO2_Pro-Mes'!#REF!","v":{"$error":"#REF!"}},{"$f":"'[51]CRO2_Pro-Mes'!KS3","v":0},{"$f":"'[51]CRO2_Pro-Mes'!#REF!","v":{"$error":"#REF!"}},{"$f":"'[51]CRO2_Pro-Mes'!KU3","v":0},{"$f":"'[51]CRO2_Pro-Mes'!#REF!","v":{"$error":"#REF!"}},{"$f":"'[51]CRO2_Pro-Mes'!KW3","v":0},{"$f":"'[51]CRO2_Pro-Mes'!#REF!","v":{"$error":"#REF!"}},{"$f":"'[51]CRO2_Pro-Mes'!KY3","v":0},{"$f":"'[51]CRO2_Pro-Mes'!#REF!","v":{"$error":"#REF!"}},{"$f":"'[51]CRO2_Pro-Mes'!LA3","v":0},{"$f":"'[51]CRO2_Pro-Mes'!#REF!","v":{"$error":"#REF!"}},{"$f":"'[51]CRO2_Pro-Mes'!LC3","v":0},{"$f":"'[51]CRO2_Pro-Mes'!#REF!","v":{"$error":"#REF!"}},{"$f":"'[51]CRO2_Pro-Mes'!LE3","v":0},{"$f":"'[51]CRO2_Pro-Mes'!#REF!","v":{"$error":"#REF!"}},{"$f":"'[51]CRO2_Pro-Mes'!LG3","v":0},{"$f":"'[51]CRO2_Pro-Mes'!#REF!","v":{"$error":"#REF!"}},{"$f":"'[51]CRO2_Pro-Mes'!LI3","v":0},{"$f":"'[51]CRO2_Pro-Mes'!#REF!","v":{"$error":"#REF!"}},{"$f":"'[51]CRO2_Pro-Mes'!LK3","v":0},{"$f":"'[51]CRO2_Pro-Mes'!#REF!","v":{"$error":"#REF!"}},{"$f":"'[51]CRO2_Pro-Mes'!LM3","v":0},{"$f":"'[51]CRO2_Pro-Mes'!#REF!","v":{"$error":"#REF!"}},{"$f":"'[51]CRO2_Pro-Mes'!LO3","v":0},{"$f":"'[51]CRO2_Pro-Mes'!#REF!","v":{"$error":"#REF!"}},{"$f":"'[51]CRO2_Pro-Mes'!LQ3","v":0},{"$f":"'[51]CRO2_Pro-Mes'!#REF!","v":{"$error":"#REF!"}},{"$f":"'[51]CRO2_Pro-Mes'!LS3","v":0},{"$f":"'[51]CRO2_Pro-Mes'!#REF!","v":{"$error":"#REF!"}},{"$f":"'[51]CRO2_Pro-Mes'!LU3","v":0},{"$f":"'[51]CRO2_Pro-Mes'!#REF!","v":{"$error":"#REF!"}},{"$f":"'[51]CRO2_Pro-Mes'!LW3","v":0},{"$f":"'[51]CRO2_Pro-Mes'!#REF!","v":{"$error":"#REF!"}},{"$f":"'[51]CRO2_Pro-Mes'!LY3","v":0},{"$f":"'[51]CRO2_Pro-Mes'!#REF!","v":{"$error":"#REF!"}},{"$f":"'[51]CRO2_Pro-Mes'!MA3","v":0},{"$f":"'[51]CRO2_Pro-Mes'!#REF!","v":{"$error":"#REF!"}},{"$f":"'[51]CRO2_Pro-Mes'!MC3","v":0},{"$f":"'[51]CRO2_Pro-Mes'!#REF!","v":{"$error":"#REF!"}},{"$f":"'[51]CRO2_Pro-Mes'!ME3","v":0},{"$f":"'[51]CRO2_Pro-Mes'!#REF!","v":{"$error":"#REF!"}},{"$f":"'[51]CRO2_Pro-Mes'!MG3","v":0},{"$f":"'[51]CRO2_Pro-Mes'!#REF!","v":{"$error":"#REF!"}},{"$f":"'[51]CRO2_Pro-Mes'!MI3","v":0},{"$f":"'[51]CRO2_Pro-Mes'!#REF!","v":{"$error":"#REF!"}},{"$f":"'[51]CRO2_Pro-Mes'!MK3","v":0},{"$f":"'[51]CRO2_Pro-Mes'!#REF!","v":{"$error":"#REF!"}},{"$f":"'[51]CRO2_Pro-Mes'!MM3","v":0},{"$f":"'[51]CRO2_Pro-Mes'!#REF!","v":{"$error":"#REF!"}},{"$f":"'[51]CRO2_Pro-Mes'!MO3","v":0},{"$f":"'[51]CRO2_Pro-Mes'!#REF!","v":{"$error":"#REF!"}},{"$f":"'[51]CRO2_Pro-Mes'!MQ3","v":0},{"$f":"'[51]CRO2_Pro-Mes'!#REF!","v":{"$error":"#REF!"}},{"$f":"'[51]CRO2_Pro-Mes'!MS3","v":0},{"$f":"'[51]CRO2_Pro-Mes'!#REF!","v":{"$error":"#REF!"}},{"$f":"'[51]CRO2_Pro-Mes'!MU3","v":0},{"$f":"'[51]CRO2_Pro-Mes'!#REF!","v":{"$error":"#REF!"}},{"$f":"'[51]CRO2_Pro-Mes'!MW3","v":0},{"$f":"'[51]CRO2_Pro-Mes'!#REF!","v":{"$error":"#REF!"}},{"$f":"'[51]CRO2_Pro-Mes'!MY3","v":0},{"$f":"'[51]CRO2_Pro-Mes'!#REF!","v":{"$error":"#REF!"}},{"$f":"'[51]CRO2_Pro-Mes'!NA3","v":0},{"$f":"'[51]CRO2_Pro-Mes'!#REF!","v":{"$error":"#REF!"}},{"$f":"'[51]CRO2_Pro-Mes'!NC3","v":0},{"$f":"'[51]CRO2_Pro-Mes'!#REF!","v":{"$error":"#REF!"}},{"$f":"'[51]CRO2_Pro-Mes'!NE3","v":0},{"$f":"'[51]CRO2_Pro-Mes'!#REF!","v":{"$error":"#REF!"}},{"$f":"'[51]CRO2_Pro-Mes'!NG3","v":0},{"$f":"'[51]CRO2_Pro-Mes'!#REF!","v":{"$error":"#REF!"}},{"$f":"'[51]CRO2_Pro-Mes'!NI3","v":0},{"$f":"'[51]CRO2_Pro-Mes'!#REF!","v":{"$error":"#REF!"}},{"$f":"'[51]CRO2_Pro-Mes'!NK3","v":0},{"$f":"'[51]CRO2_Pro-Mes'!#REF!","v":{"$error":"#REF!"}},{"$f":"'[51]CRO2_Pro-Mes'!NM3","v":0},{"$f":"'[51]CRO2_Pro-Mes'!#REF!","v":{"$error":"#REF!"}},{"$f":"'[51]CRO2_Pro-Mes'!NO3","v":0},{"$f":"'[51]CRO2_Pro-Mes'!#REF!","v":{"$error":"#REF!"}},{"$f":"'[51]CRO2_Pro-Mes'!NQ3","v":0},{"$f":"'[51]CRO2_Pro-Mes'!#REF!","v":{"$error":"#REF!"}},{"$f":"'[51]CRO2_Pro-Mes'!NS3","v":0},{"$f":"'[51]CRO2_Pro-Mes'!#REF!","v":{"$error":"#REF!"}},{"$f":"'[51]CRO2_Pro-Mes'!NU3","v":0},{"$f":"'[51]CRO2_Pro-Mes'!#REF!","v":{"$error":"#REF!"}},{"$f":"'[51]CRO2_Pro-Mes'!NW3","v":0},{"$f":"'[51]CRO2_Pro-Mes'!#REF!","v":{"$error":"#REF!"}},{"$f":"'[51]CRO2_Pro-Mes'!NY3","v":0},{"$f":"'[51]CRO2_Pro-Mes'!#REF!","v":{"$error":"#REF!"}},{"$f":"'[51]CRO2_Pro-Mes'!OA3","v":0},{"$f":"'[51]CRO2_Pro-Mes'!#REF!","v":{"$error":"#REF!"}},{"$f":"'[51]CRO2_Pro-Mes'!OC3","v":0},{"$f":"'[51]CRO2_Pro-Mes'!#REF!","v":{"$error":"#REF!"}},{"$f":"'[51]CRO2_Pro-Mes'!OE3","v":0},{"$f":"'[51]CRO2_Pro-Mes'!#REF!","v":{"$error":"#REF!"}},{"$f":"'[51]CRO2_Pro-Mes'!OG3","v":0},{"$f":"'[51]CRO2_Pro-Mes'!#REF!","v":{"$error":"#REF!"}},{"$f":"'[51]CRO2_Pro-Mes'!OI3","v":0},{"$f":"'[51]CRO2_Pro-Mes'!#REF!","v":{"$error":"#REF!"}},{"$f":"'[51]CRO2_Pro-Mes'!OK3","v":0},{"$f":"'[51]CRO2_Pro-Mes'!#REF!","v":{"$error":"#REF!"}},{"$f":"'[51]CRO2_Pro-Mes'!OM3","v":0},{"$f":"'[51]CRO2_Pro-Mes'!#REF!","v":{"$error":"#REF!"}},{"$f":"'[51]CRO2_Pro-Mes'!OO3","v":0},{"$f":"'[51]CRO2_Pro-Mes'!#REF!","v":{"$error":"#REF!"}},{"$f":"'[51]CRO2_Pro-Mes'!OQ3","v":0},{"$f":"'[51]CRO2_Pro-Mes'!#REF!","v":{"$error":"#REF!"}},{"$f":"'[51]CRO2_Pro-Mes'!OS3","v":0},{"$f":"'[51]CRO2_Pro-Mes'!#REF!","v":{"$error":"#REF!"}},{"$f":"'[51]CRO2_Pro-Mes'!OU3","v":0},{"$f":"'[51]CRO2_Pro-Mes'!#REF!","v":{"$error":"#REF!"}},{"$f":"'[51]CRO2_Pro-Mes'!OW3","v":0},{"$f":"'[51]CRO2_Pro-Mes'!#REF!","v":{"$error":"#REF!"}},{"$f":"'[51]CRO2_Pro-Mes'!OY3","v":0},{"$f":"'[51]CRO2_Pro-Mes'!#REF!","v":{"$error":"#REF!"}},{"$f":"'[51]CRO2_Pro-Mes'!PA3","v":0},{"$f":"'[51]CRO2_Pro-Mes'!#REF!","v":{"$error":"#REF!"}},{"$f":"'[51]CRO2_Pro-Mes'!PC3","v":0},{"$f":"'[51]CRO2_Pro-Mes'!#REF!","v":{"$error":"#REF!"}},{"$f":"'[51]CRO2_Pro-Mes'!PE3","v":0},{"$f":"'[51]CRO2_Pro-Mes'!#REF!","v":{"$error":"#REF!"}},{"$f":"'[51]CRO2_Pro-Mes'!PG3","v":0},{"$f":"'[51]CRO2_Pro-Mes'!#REF!","v":{"$error":"#REF!"}},{"$f":"'[51]CRO2_Pro-Mes'!PI3","v":0},{"$f":"'[51]CRO2_Pro-Mes'!#REF!","v":{"$error":"#REF!"}},{"$f":"'[51]CRO2_Pro-Mes'!PK3","v":0},{"$f":"'[51]CRO2_Pro-Mes'!#REF!","v":{"$error":"#REF!"}},{"$f":"'[51]CRO2_Pro-Mes'!PM3","v":0},{"$f":"'[51]CRO2_Pro-Mes'!#REF!","v":{"$error":"#REF!"}},{"$f":"'[51]CRO2_Pro-Mes'!PO3","v":0},{"$f":"'[51]CRO2_Pro-Mes'!#REF!","v":{"$error":"#REF!"}},{"$f":"'[51]CRO2_Pro-Mes'!PQ3","v":0},{"$f":"'[51]CRO2_Pro-Mes'!#REF!","v":{"$error":"#REF!"}},{"$f":"'[51]CRO2_Pro-Mes'!PS3","v":0},{"$f":"'[51]CRO2_Pro-Mes'!#REF!","v":{"$error":"#REF!"}},{"$f":"'[51]CRO2_Pro-Mes'!PU3","v":0},{"$f":"'[51]CRO2_Pro-Mes'!#REF!","v":{"$error":"#REF!"}},{"$f":"'[51]CRO2_Pro-Mes'!PW3","v":0},{"$f":"'[51]CRO2_Pro-Mes'!#REF!","v":{"$error":"#REF!"}},{"$f":"'[51]CRO2_Pro-Mes'!PY3","v":0},{"$f":"'[51]CRO2_Pro-Mes'!#REF!","v":{"$error":"#REF!"}},{"$f":"'[51]CRO2_Pro-Mes'!QA3","v":0},{"$f":"'[51]CRO2_Pro-Mes'!#REF!","v":{"$error":"#REF!"}},{"$f":"'[51]CRO2_Pro-Mes'!QC3","v":0},{"$f":"'[51]CRO2_Pro-Mes'!#REF!","v":{"$error":"#REF!"}},{"$f":"'[51]CRO2_Pro-Mes'!QE3","v":0},{"$f":"'[51]CRO2_Pro-Mes'!#REF!","v":{"$error":"#REF!"}},{"$f":"'[51]CRO2_Pro-Mes'!QG3","v":0},{"$f":"'[51]CRO2_Pro-Mes'!#REF!","v":{"$error":"#REF!"}},{"$f":"'[51]CRO2_Pro-Mes'!QI3","v":0},{"$f":"'[51]CRO2_Pro-Mes'!#REF!","v":{"$error":"#REF!"}},{"$f":"'[51]CRO2_Pro-Mes'!QK3","v":0},{"$f":"'[51]CRO2_Pro-Mes'!#REF!","v":{"$error":"#REF!"}},{"$f":"'[51]CRO2_Pro-Mes'!QM3","v":0},{"$f":"'[51]CRO2_Pro-Mes'!#REF!","v":{"$error":"#REF!"}},{"$f":"'[51]CRO2_Pro-Mes'!QO3","v":0},{"$f":"'[51]CRO2_Pro-Mes'!#REF!","v":{"$error":"#REF!"}},{"$f":"'[51]CRO2_Pro-Mes'!QQ3","v":0},{"$f":"'[51]CRO2_Pro-Mes'!#REF!","v":{"$error":"#REF!"}},{"$f":"'[51]CRO2_Pro-Mes'!QS3","v":0},{"$f":"'[51]CRO2_Pro-Mes'!#REF!","v":{"$error":"#REF!"}},{"$f":"'[51]CRO2_Pro-Mes'!QU3","v":0},{"$f":"'[51]CRO2_Pro-Mes'!#REF!","v":{"$error":"#REF!"}},{"$f":"'[51]CRO2_Pro-Mes'!QW3","v":0},{"$f":"'[51]CRO2_Pro-Mes'!#REF!","v":{"$error":"#REF!"}},{"$f":"'[51]CRO2_Pro-Mes'!QY3","v":0},{"$f":"'[51]CRO2_Pro-Mes'!#REF!","v":{"$error":"#REF!"}},{"$f":"'[51]CRO2_Pro-Mes'!RA3","v":0},{"$f":"'[51]CRO2_Pro-Mes'!#REF!","v":{"$error":"#REF!"}},{"$f":"'[51]CRO2_Pro-Mes'!RC3","v":0},{"$f":"'[51]CRO2_Pro-Mes'!#REF!","v":{"$error":"#REF!"}},{"$f":"'[51]CRO2_Pro-Mes'!RE3","v":0},{"$f":"'[51]CRO2_Pro-Mes'!#REF!","v":{"$error":"#REF!"}},{"$f":"'[51]CRO2_Pro-Mes'!RG3","v":0},{"$f":"'[51]CRO2_Pro-Mes'!#REF!","v":{"$error":"#REF!"}},{"$f":"'[51]CRO2_Pro-Mes'!RI3","v":0},{"$f":"'[51]CRO2_Pro-Mes'!#REF!","v":{"$error":"#REF!"}},{"$f":"'[51]CRO2_Pro-Mes'!RK3","v":0},{"$f":"'[51]CRO2_Pro-Mes'!#REF!","v":{"$error":"#REF!"}},{"$f":"'[51]CRO2_Pro-Mes'!RM3","v":0},{"$f":"'[51]CRO2_Pro-Mes'!#REF!","v":{"$error":"#REF!"}},{"$f":"'[51]CRO2_Pro-Mes'!RO3","v":0},{"$f":"'[51]CRO2_Pro-Mes'!#REF!","v":{"$error":"#REF!"}},{"$f":"'[51]CRO2_Pro-Mes'!RQ3","v":0},{"$f":"'[51]CRO2_Pro-Mes'!#REF!","v":{"$error":"#REF!"}},{"$f":"'[51]CRO2_Pro-Mes'!RS3","v":0},{"$f":"'[51]CRO2_Pro-Mes'!#REF!","v":{"$error":"#REF!"}},{"$f":"'[51]CRO2_Pro-Mes'!RU3","v":0},{"$f":"'[51]CRO2_Pro-Mes'!#REF!","v":{"$error":"#REF!"}},{"$f":"'[51]CRO2_Pro-Mes'!RW3","v":0},{"$f":"'[51]CRO2_Pro-Mes'!#REF!","v":{"$error":"#REF!"}},{"$f":"'[51]CRO2_Pro-Mes'!RY3","v":0},{"$f":"'[51]CRO2_Pro-Mes'!#REF!","v":{"$error":"#REF!"}},{"$f":"'[51]CRO2_Pro-Mes'!SA3","v":0},{"$f":"'[51]CRO2_Pro-Mes'!#REF!","v":{"$error":"#REF!"}},{"$f":"'[51]CRO2_Pro-Mes'!SC3","v":0},{"$f":"'[51]CRO2_Pro-Mes'!#REF!","v":{"$error":"#REF!"}},{"$f":"'[51]CRO2_Pro-Mes'!SE3","v":0},{"$f":"'[51]CRO2_Pro-Mes'!#REF!","v":{"$error":"#REF!"}},{"$f":"'[51]CRO2_Pro-Mes'!SG3","v":0},{"$f":"'[51]CRO2_Pro-Mes'!#REF!","v":{"$error":"#REF!"}},{"$f":"'[51]CRO2_Pro-Mes'!SI3","v":0},{"$f":"'[51]CRO2_Pro-Mes'!#REF!","v":{"$error":"#REF!"}},{"$f":"'[51]CRO2_Pro-Mes'!SK3","v":0},{"$f":"'[51]CRO2_Pro-Mes'!#REF!","v":{"$error":"#REF!"}},{"$f":"'[51]CRO2_Pro-Mes'!SM3","v":0},{"$f":"'[51]CRO2_Pro-Mes'!#REF!","v":{"$error":"#REF!"}},{"$f":"'[51]CRO2_Pro-Mes'!SO3","v":0},{"$f":"'[51]CRO2_Pro-Mes'!#REF!","v":{"$error":"#REF!"}},{"$f":"'[51]CRO2_Pro-Mes'!SQ3","v":0},{"$f":"'[51]CRO2_Pro-Mes'!#REF!","v":{"$error":"#REF!"}},{"$f":"'[51]CRO2_Pro-Mes'!SS3","v":0},{"$f":"'[51]CRO2_Pro-Mes'!#REF!","v":{"$error":"#REF!"}},{"$f":"'[51]CRO2_Pro-Mes'!SU3","v":0},{"$f":"'[51]CRO2_Pro-Mes'!#REF!","v":{"$error":"#REF!"}},{"$f":"'[51]CRO2_Pro-Mes'!SW3","v":0},{"$f":"'[51]CRO2_Pro-Mes'!#REF!","v":{"$error":"#REF!"}},{"$f":"'[51]CRO2_Pro-Mes'!SY3","v":0},{"$f":"'[51]CRO2_Pro-Mes'!#REF!","v":{"$error":"#REF!"}},{"$f":"'[51]CRO2_Pro-Mes'!TA3","v":0},{"$f":"'[51]CRO2_Pro-Mes'!#REF!","v":{"$error":"#REF!"}},{"$f":"'[51]CRO2_Pro-Mes'!TC3","v":0},{"$f":"'[51]CRO2_Pro-Mes'!#REF!","v":{"$error":"#REF!"}},{"$f":"'[51]CRO2_Pro-Mes'!TE3","v":0},{"$f":"'[51]CRO2_Pro-Mes'!#REF!","v":{"$error":"#REF!"}},{"$f":"'[51]CRO2_Pro-Mes'!TG3","v":0},{"$f":"'[51]CRO2_Pro-Mes'!#REF!","v":{"$error":"#REF!"}},{"$f":"'[51]CRO2_Pro-Mes'!TI3","v":0},{"$f":"'[51]CRO2_Pro-Mes'!#REF!","v":{"$error":"#REF!"}},{"$f":"'[51]CRO2_Pro-Mes'!TK3","v":0},{"$f":"'[51]CRO2_Pro-Mes'!#REF!","v":{"$error":"#REF!"}},{"$f":"'[51]CRO2_Pro-Mes'!TM3","v":0},{"$f":"'[51]CRO2_Pro-Mes'!#REF!","v":{"$error":"#REF!"}},{"$f":"'[51]CRO2_Pro-Mes'!TO3","v":0},{"$f":"'[51]CRO2_Pro-Mes'!#REF!","v":{"$error":"#REF!"}},{"$f":"'[51]CRO2_Pro-Mes'!TQ3","v":0},{"$f":"'[51]CRO2_Pro-Mes'!#REF!","v":{"$error":"#REF!"}},{"$f":"'[51]CRO2_Pro-Mes'!TS3","v":0},{"$f":"'[51]CRO2_Pro-Mes'!#REF!","v":{"$error":"#REF!"}},{"$f":"'[51]CRO2_Pro-Mes'!TU3","v":0},{"$f":"'[51]CRO2_Pro-Mes'!#REF!","v":{"$error":"#REF!"}},{"$f":"'[51]CRO2_Pro-Mes'!TW3","v":0},{"$f":"'[51]CRO2_Pro-Mes'!#REF!","v":{"$error":"#REF!"}},{"$f":"'[51]CRO2_Pro-Mes'!TY3","v":0},{"$f":"'[51]CRO2_Pro-Mes'!#REF!","v":{"$error":"#REF!"}},{"$f":"'[51]CRO2_Pro-Mes'!UA3","v":0},{"$f":"'[51]CRO2_Pro-Mes'!#REF!","v":{"$error":"#REF!"}},{"$f":"'[51]CRO2_Pro-Mes'!UC3","v":0},{"$f":"'[51]CRO2_Pro-Mes'!#REF!","v":{"$error":"#REF!"}},{"$f":"'[51]CRO2_Pro-Mes'!UE3","v":0},{"$f":"'[51]CRO2_Pro-Mes'!#REF!","v":{"$error":"#REF!"}},{"$f":"'[51]CRO2_Pro-Mes'!UG3","v":0},{"$f":"'[51]CRO2_Pro-Mes'!#REF!","v":{"$error":"#REF!"}},{"$f":"'[51]CRO2_Pro-Mes'!UI3","v":0},{"$f":"'[51]CRO2_Pro-Mes'!#REF!","v":{"$error":"#REF!"}},{"$f":"'[51]CRO2_Pro-Mes'!UK3","v":0},{"$f":"'[51]CRO2_Pro-Mes'!#REF!","v":{"$error":"#REF!"}},{"$f":"'[51]CRO2_Pro-Mes'!UM3","v":0},{"$f":"'[51]CRO2_Pro-Mes'!#REF!","v":{"$error":"#REF!"}},{"$f":"'[51]CRO2_Pro-Mes'!UO3","v":0},{"$f":"'[51]CRO2_Pro-Mes'!#REF!","v":{"$error":"#REF!"}},{"$f":"'[51]CRO2_Pro-Mes'!UQ3","v":0},{"$f":"'[51]CRO2_Pro-Mes'!#REF!","v":{"$error":"#REF!"}},{"$f":"'[51]CRO2_Pro-Mes'!US3","v":0},{"$f":"'[51]CRO2_Pro-Mes'!#REF!","v":{"$error":"#REF!"}},{"$f":"'[51]CRO2_Pro-Mes'!UU3","v":0},{"$f":"'[51]CRO2_Pro-Mes'!#REF!","v":{"$error":"#REF!"}},{"$f":"'[51]CRO2_Pro-Mes'!UW3","v":0},{"$f":"'[51]CRO2_Pro-Mes'!#REF!","v":{"$error":"#REF!"}},{"$f":"'[51]CRO2_Pro-Mes'!UY3","v":0},{"$f":"'[51]CRO2_Pro-Mes'!#REF!","v":{"$error":"#REF!"}},{"$f":"'[51]CRO2_Pro-Mes'!VA3","v":0},{"$f":"'[51]CRO2_Pro-Mes'!#REF!","v":{"$error":"#REF!"}},{"$f":"'[51]CRO2_Pro-Mes'!VC3","v":0},{"$f":"'[51]CRO2_Pro-Mes'!#REF!","v":{"$error":"#REF!"}},{"$f":"'[51]CRO2_Pro-Mes'!VE3","v":0},{"$f":"'[51]CRO2_Pro-Mes'!#REF!","v":{"$error":"#REF!"}},{"$f":"'[51]CRO2_Pro-Mes'!VG3","v":0},{"$f":"'[51]CRO2_Pro-Mes'!#REF!","v":{"$error":"#REF!"}},{"$f":"'[51]CRO2_Pro-Mes'!VI3","v":0},{"$f":"'[51]CRO2_Pro-Mes'!#REF!","v":{"$error":"#REF!"}},{"$f":"'[51]CRO2_Pro-Mes'!VK3","v":0},{"$f":"'[51]CRO2_Pro-Mes'!#REF!","v":{"$error":"#REF!"}},{"$f":"'[51]CRO2_Pro-Mes'!VM3","v":0},{"$f":"'[51]CRO2_Pro-Mes'!#REF!","v":{"$error":"#REF!"}},{"$f":"'[51]CRO2_Pro-Mes'!VO3","v":0},{"$f":"'[51]CRO2_Pro-Mes'!#REF!","v":{"$error":"#REF!"}},{"$f":"'[51]CRO2_Pro-Mes'!VQ3","v":0},{"$f":"'[51]CRO2_Pro-Mes'!#REF!","v":{"$error":"#REF!"}},{"$f":"'[51]CRO2_Pro-Mes'!VS3","v":0},{"$f":"'[51]CRO2_Pro-Mes'!#REF!","v":{"$error":"#REF!"}},{"$f":"'[51]CRO2_Pro-Mes'!VU3","v":0},{"$f":"'[51]CRO2_Pro-Mes'!#REF!","v":{"$error":"#REF!"}},{"$f":"'[51]CRO2_Pro-Mes'!VW3","v":0},{"$f":"'[51]CRO2_Pro-Mes'!#REF!","v":{"$error":"#REF!"}},{"$f":"'[51]CRO2_Pro-Mes'!VY3","v":0},{"$f":"'[51]CRO2_Pro-Mes'!#REF!","v":{"$error":"#REF!"}},{"$f":"'[51]CRO2_Pro-Mes'!WA3","v":0},{"$f":"'[51]CRO2_Pro-Mes'!#REF!","v":{"$error":"#REF!"}},{"$f":"'[51]CRO2_Pro-Mes'!WC3","v":0},{"$f":"'[51]CRO2_Pro-Mes'!#REF!","v":{"$error":"#REF!"}},{"$f":"'[51]CRO2_Pro-Mes'!WE3","v":0},{"$f":"'[51]CRO2_Pro-Mes'!#REF!","v":{"$error":"#REF!"}},{"$f":"'[51]CRO2_Pro-Mes'!WG3","v":0},{"$f":"'[51]CRO2_Pro-Mes'!#REF!","v":{"$error":"#REF!"}},{"$f":"'[51]CRO2_Pro-Mes'!WI3","v":0},{"$f":"'[51]CRO2_Pro-Mes'!#REF!","v":{"$error":"#REF!"}},{"$f":"'[51]CRO2_Pro-Mes'!WK3","v":0},{"$f":"'[51]CRO2_Pro-Mes'!#REF!","v":{"$error":"#REF!"}},{"$f":"'[51]CRO2_Pro-Mes'!WM3","v":0},{"$f":"'[51]CRO2_Pro-Mes'!#REF!","v":{"$error":"#REF!"}},{"$f":"'[51]CRO2_Pro-Mes'!WO3","v":0},{"$f":"'[51]CRO2_Pro-Mes'!#REF!","v":{"$error":"#REF!"}},{"$f":"'[51]CRO2_Pro-Mes'!WQ3","v":0},{"$f":"'[51]CRO2_Pro-Mes'!#REF!","v":{"$error":"#REF!"}},{"$f":"'[51]CRO2_Pro-Mes'!WS3","v":0},{"$f":"'[51]CRO2_Pro-Mes'!#REF!","v":{"$error":"#REF!"}},{"$f":"'[51]CRO2_Pro-Mes'!WU3","v":0},{"$f":"'[51]CRO2_Pro-Mes'!#REF!","v":{"$error":"#REF!"}},{"$f":"'[51]CRO2_Pro-Mes'!WW3","v":0},{"$f":"'[51]CRO2_Pro-Mes'!#REF!","v":{"$error":"#REF!"}},{"$f":"'[51]CRO2_Pro-Mes'!WY3","v":0},{"$f":"'[51]CRO2_Pro-Mes'!#REF!","v":{"$error":"#REF!"}},{"$f":"'[51]CRO2_Pro-Mes'!XA3","v":0},{"$f":"'[51]CRO2_Pro-Mes'!#REF!","v":{"$error":"#REF!"}},{"$f":"'[51]CRO2_Pro-Mes'!XC3","v":0},{"$f":"'[51]CRO2_Pro-Mes'!#REF!","v":{"$error":"#REF!"}},{"$f":"'[51]CRO2_Pro-Mes'!XE3","v":0},{"$f":"'[51]CRO2_Pro-Mes'!#REF!","v":{"$error":"#REF!"}},{"$f":"'[51]CRO2_Pro-Mes'!XG3","v":0},{"$f":"'[51]CRO2_Pro-Mes'!#REF!","v":{"$error":"#REF!"}},{"$f":"'[51]CRO2_Pro-Mes'!XI3","v":0},{"$f":"'[51]CRO2_Pro-Mes'!#REF!","v":{"$error":"#REF!"}},{"$f":"'[51]CRO2_Pro-Mes'!XK3","v":0},{"$f":"'[51]CRO2_Pro-Mes'!#REF!","v":{"$error":"#REF!"}},{"$f":"'[51]CRO2_Pro-Mes'!XM3","v":0},{"$f":"'[51]CRO2_Pro-Mes'!#REF!","v":{"$error":"#REF!"}},{"$f":"'[51]CRO2_Pro-Mes'!XO3","v":0},{"$f":"'[51]CRO2_Pro-Mes'!#REF!","v":{"$error":"#REF!"}},{"$f":"'[51]CRO2_Pro-Mes'!XQ3","v":0},{"$f":"'[51]CRO2_Pro-Mes'!#REF!","v":{"$error":"#REF!"}},{"$f":"'[51]CRO2_Pro-Mes'!XS3","v":0},{"$f":"'[51]CRO2_Pro-Mes'!#REF!","v":{"$error":"#REF!"}},{"$f":"'[51]CRO2_Pro-Mes'!XU3","v":0},{"$f":"'[51]CRO2_Pro-Mes'!#REF!","v":{"$error":"#REF!"}},{"$f":"'[51]CRO2_Pro-Mes'!XW3","v":0},{"$f":"'[51]CRO2_Pro-Mes'!#REF!","v":{"$error":"#REF!"}},{"$f":"'[51]CRO2_Pro-Mes'!XY3","v":0},{"$f":"'[51]CRO2_Pro-Mes'!#REF!","v":{"$error":"#REF!"}},{"$f":"'[51]CRO2_Pro-Mes'!YA3","v":0},{"$f":"'[51]CRO2_Pro-Mes'!#REF!","v":{"$error":"#REF!"}},{"$f":"'[51]CRO2_Pro-Mes'!YC3","v":0},{"$f":"'[51]CRO2_Pro-Mes'!#REF!","v":{"$error":"#REF!"}},{"$f":"'[51]CRO2_Pro-Mes'!YE3","v":0},{"$f":"'[51]CRO2_Pro-Mes'!#REF!","v":{"$error":"#REF!"}},{"$f":"'[51]CRO2_Pro-Mes'!YG3","v":0},{"$f":"'[51]CRO2_Pro-Mes'!#REF!","v":{"$error":"#REF!"}},{"$f":"'[51]CRO2_Pro-Mes'!YI3","v":0},{"$f":"'[51]CRO2_Pro-Mes'!#REF!","v":{"$error":"#REF!"}},{"$f":"'[51]CRO2_Pro-Mes'!YK3","v":0},{"$f":"'[51]CRO2_Pro-Mes'!#REF!","v":{"$error":"#REF!"}},{"$f":"'[51]CRO2_Pro-Mes'!YM3","v":0},{"$f":"'[51]CRO2_Pro-Mes'!#REF!","v":{"$error":"#REF!"}},{"$f":"'[51]CRO2_Pro-Mes'!YO3","v":0},{"$f":"'[51]CRO2_Pro-Mes'!#REF!","v":{"$error":"#REF!"}},{"$f":"'[51]CRO2_Pro-Mes'!YQ3","v":0},{"$f":"'[51]CRO2_Pro-Mes'!#REF!","v":{"$error":"#REF!"}},{"$f":"'[51]CRO2_Pro-Mes'!YS3","v":0},{"$f":"'[51]CRO2_Pro-Mes'!#REF!","v":{"$error":"#REF!"}},{"$f":"'[51]CRO2_Pro-Mes'!YU3","v":0},{"$f":"'[51]CRO2_Pro-Mes'!#REF!","v":{"$error":"#REF!"}},{"$f":"'[51]CRO2_Pro-Mes'!YW3","v":0},{"$f":"'[51]CRO2_Pro-Mes'!#REF!","v":{"$error":"#REF!"}},{"$f":"'[51]CRO2_Pro-Mes'!YY3","v":0},{"$f":"'[51]CRO2_Pro-Mes'!#REF!","v":{"$error":"#REF!"}},{"$f":"'[51]CRO2_Pro-Mes'!ZA3","v":0},{"$f":"'[51]CRO2_Pro-Mes'!#REF!","v":{"$error":"#REF!"}},{"$f":"'[51]CRO2_Pro-Mes'!ZC3","v":0},{"$f":"'[51]CRO2_Pro-Mes'!#REF!","v":{"$error":"#REF!"}},{"$f":"'[51]CRO2_Pro-Mes'!ZE3","v":0},{"$f":"'[51]CRO2_Pro-Mes'!#REF!","v":{"$error":"#REF!"}},{"$f":"'[51]CRO2_Pro-Mes'!ZG3","v":0},{"$f":"'[51]CRO2_Pro-Mes'!#REF!","v":{"$error":"#REF!"}},{"$f":"'[51]CRO2_Pro-Mes'!ZI3","v":0},{"$f":"'[51]CRO2_Pro-Mes'!#REF!","v":{"$error":"#REF!"}},{"$f":"'[51]CRO2_Pro-Mes'!ZK3","v":0},{"$f":"'[51]CRO2_Pro-Mes'!#REF!","v":{"$error":"#REF!"}},{"$f":"'[51]CRO2_Pro-Mes'!ZM3","v":0},{"$f":"'[51]CRO2_Pro-Mes'!#REF!","v":{"$error":"#REF!"}},{"$f":"'[51]CRO2_Pro-Mes'!ZO3","v":0},{"$f":"'[51]CRO2_Pro-Mes'!#REF!","v":{"$error":"#REF!"}},{"$f":"'[51]CRO2_Pro-Mes'!ZQ3","v":0},{"$f":"'[51]CRO2_Pro-Mes'!#REF!","v":{"$error":"#REF!"}},{"$f":"'[51]CRO2_Pro-Mes'!ZS3","v":0},{"$f":"'[51]CRO2_Pro-Mes'!#REF!","v":{"$error":"#REF!"}},{"$f":"'[51]CRO2_Pro-Mes'!ZU3","v":0},{"$f":"'[51]CRO2_Pro-Mes'!#REF!","v":{"$error":"#REF!"}},{"$f":"'[51]CRO2_Pro-Mes'!ZW3","v":0},{"$f":"'[51]CRO2_Pro-Mes'!#REF!","v":{"$error":"#REF!"}},{"$f":"'[51]CRO2_Pro-Mes'!ZY3","v":0},{"$f":"'[51]CRO2_Pro-Mes'!#REF!","v":{"$error":"#REF!"}},{"$f":"'[51]CRO2_Pro-Mes'!AAA3","v":0},{"$f":"'[51]CRO2_Pro-Mes'!#REF!","v":{"$error":"#REF!"}},{"$f":"'[51]CRO2_Pro-Mes'!AAC3","v":0},{"$f":"'[51]CRO2_Pro-Mes'!#REF!","v":{"$error":"#REF!"}},{"$f":"'[51]CRO2_Pro-Mes'!AAE3","v":0},{"$f":"'[51]CRO2_Pro-Mes'!#REF!","v":{"$error":"#REF!"}},{"$f":"'[51]CRO2_Pro-Mes'!AAG3","v":0},{"$f":"'[51]CRO2_Pro-Mes'!#REF!","v":{"$error":"#REF!"}},{"$f":"'[51]CRO2_Pro-Mes'!AAI3","v":0},{"$f":"'[51]CRO2_Pro-Mes'!#REF!","v":{"$error":"#REF!"}},{"$f":"'[51]CRO2_Pro-Mes'!AAK3","v":0},{"$f":"'[51]CRO2_Pro-Mes'!#REF!","v":{"$error":"#REF!"}},{"$f":"'[51]CRO2_Pro-Mes'!AAM3","v":0},{"$f":"'[51]CRO2_Pro-Mes'!#REF!","v":{"$error":"#REF!"}},{"$f":"'[51]CRO2_Pro-Mes'!AAO3","v":0},{"$f":"'[51]CRO2_Pro-Mes'!#REF!","v":{"$error":"#REF!"}},{"$f":"'[51]CRO2_Pro-Mes'!AAQ3","v":0},{"$f":"'[51]CRO2_Pro-Mes'!#REF!","v":{"$error":"#REF!"}},{"$f":"'[51]CRO2_Pro-Mes'!AAS3","v":0},{"$f":"'[51]CRO2_Pro-Mes'!#REF!","v":{"$error":"#REF!"}},{"$f":"'[51]CRO2_Pro-Mes'!AAU3","v":0},{"$f":"'[51]CRO2_Pro-Mes'!#REF!","v":{"$error":"#REF!"}},{"$f":"'[51]CRO2_Pro-Mes'!AAW3","v":0},{"$f":"'[51]CRO2_Pro-Mes'!#REF!","v":{"$error":"#REF!"}},{"$f":"'[51]CRO2_Pro-Mes'!AAY3","v":0},{"$f":"'[51]CRO2_Pro-Mes'!#REF!","v":{"$error":"#REF!"}},{"$f":"'[51]CRO2_Pro-Mes'!ABA3","v":0},{"$f":"'[51]CRO2_Pro-Mes'!#REF!","v":{"$error":"#REF!"}},{"$f":"'[51]CRO2_Pro-Mes'!ABC3","v":0},{"$f":"'[51]CRO2_Pro-Mes'!#REF!","v":{"$error":"#REF!"}},{"$f":"'[51]CRO2_Pro-Mes'!ABE3","v":0},{"$f":"'[51]CRO2_Pro-Mes'!#REF!","v":{"$error":"#REF!"}},{"$f":"'[51]CRO2_Pro-Mes'!ABG3","v":0},{"$f":"'[51]CRO2_Pro-Mes'!#REF!","v":{"$error":"#REF!"}},{"$f":"'[51]CRO2_Pro-Mes'!ABI3","v":0},{"$f":"'[51]CRO2_Pro-Mes'!#REF!","v":{"$error":"#REF!"}},{"$f":"'[51]CRO2_Pro-Mes'!ABK3","v":0},{"$f":"'[51]CRO2_Pro-Mes'!#REF!","v":{"$error":"#REF!"}},{"$f":"'[51]CRO2_Pro-Mes'!ABM3","v":0},{"$f":"'[51]CRO2_Pro-Mes'!#REF!","v":{"$error":"#REF!"}},{"$f":"'[51]CRO2_Pro-Mes'!ABO3","v":0},{"$f":"'[51]CRO2_Pro-Mes'!#REF!","v":{"$error":"#REF!"}},{"$f":"'[51]CRO2_Pro-Mes'!ABQ3","v":0},{"$f":"'[51]CRO2_Pro-Mes'!#REF!","v":{"$error":"#REF!"}},{"$f":"'[51]CRO2_Pro-Mes'!ABS3","v":0},{"$f":"'[51]CRO2_Pro-Mes'!#REF!","v":{"$error":"#REF!"}},{"$f":"'[51]CRO2_Pro-Mes'!ABU3","v":0},{"$f":"'[51]CRO2_Pro-Mes'!#REF!","v":{"$error":"#REF!"}},{"$f":"'[51]CRO2_Pro-Mes'!ABW3","v":0},{"$f":"'[51]CRO2_Pro-Mes'!#REF!","v":{"$error":"#REF!"}},{"$f":"'[51]CRO2_Pro-Mes'!ABY3","v":0},{"$f":"'[51]CRO2_Pro-Mes'!#REF!","v":{"$error":"#REF!"}},{"$f":"'[51]CRO2_Pro-Mes'!ACA3","v":0},{"$f":"'[51]CRO2_Pro-Mes'!#REF!","v":{"$error":"#REF!"}},{"$f":"'[51]CRO2_Pro-Mes'!ACC3","v":0},{"$f":"'[51]CRO2_Pro-Mes'!#REF!","v":{"$error":"#REF!"}},{"$f":"'[51]CRO2_Pro-Mes'!ACE3","v":0},{"$f":"'[51]CRO2_Pro-Mes'!#REF!","v":{"$error":"#REF!"}},{"$f":"'[51]CRO2_Pro-Mes'!ACG3","v":0},{"$f":"'[51]CRO2_Pro-Mes'!#REF!","v":{"$error":"#REF!"}},{"$f":"'[51]CRO2_Pro-Mes'!ACI3","v":0},{"$f":"'[51]CRO2_Pro-Mes'!#REF!","v":{"$error":"#REF!"}},{"$f":"'[51]CRO2_Pro-Mes'!ACK3","v":0},{"$f":"'[51]CRO2_Pro-Mes'!#REF!","v":{"$error":"#REF!"}},{"$f":"'[51]CRO2_Pro-Mes'!ACM3","v":0},{"$f":"'[51]CRO2_Pro-Mes'!#REF!","v":{"$error":"#REF!"}},{"$f":"'[51]CRO2_Pro-Mes'!ACO3","v":0},{"$f":"'[51]CRO2_Pro-Mes'!#REF!","v":{"$error":"#REF!"}},{"$f":"'[51]CRO2_Pro-Mes'!ACQ3","v":0},{"$f":"'[51]CRO2_Pro-Mes'!#REF!","v":{"$error":"#REF!"}},{"$f":"'[51]CRO2_Pro-Mes'!ACS3","v":0},{"$f":"'[51]CRO2_Pro-Mes'!#REF!","v":{"$error":"#REF!"}},{"$f":"'[51]CRO2_Pro-Mes'!ACU3","v":0},{"$f":"'[51]CRO2_Pro-Mes'!#REF!","v":{"$error":"#REF!"}},{"$f":"'[51]CRO2_Pro-Mes'!ACW3","v":0},{"$f":"'[51]CRO2_Pro-Mes'!#REF!","v":{"$error":"#REF!"}},{"$f":"'[51]CRO2_Pro-Mes'!ACY3","v":0},{"$f":"'[51]CRO2_Pro-Mes'!#REF!","v":{"$error":"#REF!"}},{"$f":"'[51]CRO2_Pro-Mes'!ADA3","v":0},{"$f":"'[51]CRO2_Pro-Mes'!#REF!","v":{"$error":"#REF!"}},{"$f":"'[51]CRO2_Pro-Mes'!ADC3","v":0},{"$f":"'[51]CRO2_Pro-Mes'!#REF!","v":{"$error":"#REF!"}},{"$f":"'[51]CRO2_Pro-Mes'!ADE3","v":0},{"$f":"'[51]CRO2_Pro-Mes'!#REF!","v":{"$error":"#REF!"}},{"$f":"'[51]CRO2_Pro-Mes'!ADG3","v":0},{"$f":"'[51]CRO2_Pro-Mes'!#REF!","v":{"$error":"#REF!"}},{"$f":"'[51]CRO2_Pro-Mes'!ADI3","v":0},{"$f":"'[51]CRO2_Pro-Mes'!#REF!","v":{"$error":"#REF!"}},{"$f":"'[51]CRO2_Pro-Mes'!ADK3","v":0},{"$f":"'[51]CRO2_Pro-Mes'!#REF!","v":{"$error":"#REF!"}},{"$f":"'[51]CRO2_Pro-Mes'!ADM3","v":0},{"$f":"'[51]CRO2_Pro-Mes'!#REF!","v":{"$error":"#REF!"}},{"$f":"'[51]CRO2_Pro-Mes'!ADO3","v":0},{"$f":"'[51]CRO2_Pro-Mes'!#REF!","v":{"$error":"#REF!"}},{"$f":"'[51]CRO2_Pro-Mes'!ADQ3","v":0},{"$f":"'[51]CRO2_Pro-Mes'!#REF!","v":{"$error":"#REF!"}},{"$f":"'[51]CRO2_Pro-Mes'!ADS3","v":0},{"$f":"'[51]CRO2_Pro-Mes'!#REF!","v":{"$error":"#REF!"}},{"$f":"'[51]CRO2_Pro-Mes'!ADU3","v":0},{"$f":"'[51]CRO2_Pro-Mes'!#REF!","v":{"$error":"#REF!"}},{"$f":"'[51]CRO2_Pro-Mes'!ADW3","v":0},{"$f":"'[51]CRO2_Pro-Mes'!#REF!","v":{"$error":"#REF!"}},{"$f":"'[51]CRO2_Pro-Mes'!ADY3","v":0},{"$f":"'[51]CRO2_Pro-Mes'!#REF!","v":{"$error":"#REF!"}},{"$f":"'[51]CRO2_Pro-Mes'!AEA3","v":0},{"$f":"'[51]CRO2_Pro-Mes'!#REF!","v":{"$error":"#REF!"}},{"$f":"'[51]CRO2_Pro-Mes'!AEC3","v":0},{"$f":"'[51]CRO2_Pro-Mes'!#REF!","v":{"$error":"#REF!"}},{"$f":"'[51]CRO2_Pro-Mes'!AEE3","v":0},{"$f":"'[51]CRO2_Pro-Mes'!#REF!","v":{"$error":"#REF!"}},{"$f":"'[51]CRO2_Pro-Mes'!AEG3","v":0},{"$f":"'[51]CRO2_Pro-Mes'!#REF!","v":{"$error":"#REF!"}},{"$f":"'[51]CRO2_Pro-Mes'!AEI3","v":0},{"$f":"'[51]CRO2_Pro-Mes'!#REF!","v":{"$error":"#REF!"}},{"$f":"'[51]CRO2_Pro-Mes'!AEK3","v":0},{"$f":"'[51]CRO2_Pro-Mes'!#REF!","v":{"$error":"#REF!"}},{"$f":"'[51]CRO2_Pro-Mes'!AEM3","v":0},{"$f":"'[51]CRO2_Pro-Mes'!#REF!","v":{"$error":"#REF!"}},{"$f":"'[51]CRO2_Pro-Mes'!AEO3","v":0},{"$f":"'[51]CRO2_Pro-Mes'!#REF!","v":{"$error":"#REF!"}},{"$f":"'[51]CRO2_Pro-Mes'!AEQ3","v":0},{"$f":"'[51]CRO2_Pro-Mes'!#REF!","v":{"$error":"#REF!"}},{"$f":"'[51]CRO2_Pro-Mes'!AES3","v":0},{"$f":"'[51]CRO2_Pro-Mes'!#REF!","v":{"$error":"#REF!"}},{"$f":"'[51]CRO2_Pro-Mes'!AEU3","v":0},{"$f":"'[51]CRO2_Pro-Mes'!#REF!","v":{"$error":"#REF!"}},{"$f":"'[51]CRO2_Pro-Mes'!AEW3","v":0},{"$f":"'[51]CRO2_Pro-Mes'!#REF!","v":{"$error":"#REF!"}},{"$f":"'[51]CRO2_Pro-Mes'!AEY3","v":0},{"$f":"'[51]CRO2_Pro-Mes'!#REF!","v":{"$error":"#REF!"}},{"$f":"'[51]CRO2_Pro-Mes'!AFA3","v":0},{"$f":"'[51]CRO2_Pro-Mes'!#REF!","v":{"$error":"#REF!"}},{"$f":"'[51]CRO2_Pro-Mes'!AFC3","v":0},{"$f":"'[51]CRO2_Pro-Mes'!#REF!","v":{"$error":"#REF!"}},{"$f":"'[51]CRO2_Pro-Mes'!AFE3","v":0},{"$f":"'[51]CRO2_Pro-Mes'!#REF!","v":{"$error":"#REF!"}},{"$f":"'[51]CRO2_Pro-Mes'!AFG3","v":0},{"$f":"'[51]CRO2_Pro-Mes'!#REF!","v":{"$error":"#REF!"}},{"$f":"'[51]CRO2_Pro-Mes'!AFI3","v":0},{"$f":"'[51]CRO2_Pro-Mes'!#REF!","v":{"$error":"#REF!"}},{"$f":"'[51]CRO2_Pro-Mes'!AFK3","v":0},{"$f":"'[51]CRO2_Pro-Mes'!#REF!","v":{"$error":"#REF!"}},{"$f":"'[51]CRO2_Pro-Mes'!AFM3","v":0},{"$f":"'[51]CRO2_Pro-Mes'!#REF!","v":{"$error":"#REF!"}},{"$f":"'[51]CRO2_Pro-Mes'!AFO3","v":0},{"$f":"'[51]CRO2_Pro-Mes'!#REF!","v":{"$error":"#REF!"}},{"$f":"'[51]CRO2_Pro-Mes'!AFQ3","v":0},{"$f":"'[51]CRO2_Pro-Mes'!#REF!","v":{"$error":"#REF!"}},{"$f":"'[51]CRO2_Pro-Mes'!AFS3","v":0},{"$f":"'[51]CRO2_Pro-Mes'!#REF!","v":{"$error":"#REF!"}},{"$f":"'[51]CRO2_Pro-Mes'!AFU3","v":0},{"$f":"'[51]CRO2_Pro-Mes'!#REF!","v":{"$error":"#REF!"}},{"$f":"'[51]CRO2_Pro-Mes'!AFW3","v":0},{"$f":"'[51]CRO2_Pro-Mes'!#REF!","v":{"$error":"#REF!"}},{"$f":"'[51]CRO2_Pro-Mes'!AFY3","v":0},{"$f":"'[51]CRO2_Pro-Mes'!#REF!","v":{"$error":"#REF!"}},{"$f":"'[51]CRO2_Pro-Mes'!AGA3","v":0},{"$f":"'[51]CRO2_Pro-Mes'!#REF!","v":{"$error":"#REF!"}},{"$f":"'[51]CRO2_Pro-Mes'!AGC3","v":0},{"$f":"'[51]CRO2_Pro-Mes'!#REF!","v":{"$error":"#REF!"}},{"$f":"'[51]CRO2_Pro-Mes'!AGE3","v":0},{"$f":"'[51]CRO2_Pro-Mes'!#REF!","v":{"$error":"#REF!"}},{"$f":"'[51]CRO2_Pro-Mes'!AGG3","v":0},{"$f":"'[51]CRO2_Pro-Mes'!#REF!","v":{"$error":"#REF!"}},{"$f":"'[51]CRO2_Pro-Mes'!AGI3","v":0},{"$f":"'[51]CRO2_Pro-Mes'!#REF!","v":{"$error":"#REF!"}},{"$f":"'[51]CRO2_Pro-Mes'!AGK3","v":0},{"$f":"'[51]CRO2_Pro-Mes'!#REF!","v":{"$error":"#REF!"}},{"$f":"'[51]CRO2_Pro-Mes'!AGM3","v":0},{"$f":"'[51]CRO2_Pro-Mes'!#REF!","v":{"$error":"#REF!"}},{"$f":"'[51]CRO2_Pro-Mes'!AGO3","v":0},{"$f":"'[51]CRO2_Pro-Mes'!#REF!","v":{"$error":"#REF!"}},{"$f":"'[51]CRO2_Pro-Mes'!AGQ3","v":0},{"$f":"'[51]CRO2_Pro-Mes'!#REF!","v":{"$error":"#REF!"}},{"$f":"'[51]CRO2_Pro-Mes'!AGS3","v":0},{"$f":"'[51]CRO2_Pro-Mes'!#REF!","v":{"$error":"#REF!"}},{"$f":"'[51]CRO2_Pro-Mes'!AGU3","v":0},{"$f":"'[51]CRO2_Pro-Mes'!#REF!","v":{"$error":"#REF!"}},{"$f":"'[51]CRO2_Pro-Mes'!AGW3","v":0},{"$f":"'[51]CRO2_Pro-Mes'!#REF!","v":{"$error":"#REF!"}},{"$f":"'[51]CRO2_Pro-Mes'!AGY3","v":0},{"$f":"'[51]CRO2_Pro-Mes'!#REF!","v":{"$error":"#REF!"}},{"$f":"'[51]CRO2_Pro-Mes'!AHA3","v":0},{"$f":"'[51]CRO2_Pro-Mes'!#REF!","v":{"$error":"#REF!"}},{"$f":"'[51]CRO2_Pro-Mes'!AHC3","v":0},{"$f":"'[51]CRO2_Pro-Mes'!#REF!","v":{"$error":"#REF!"}},{"$f":"'[51]CRO2_Pro-Mes'!AHE3","v":0},{"$f":"'[51]CRO2_Pro-Mes'!#REF!","v":{"$error":"#REF!"}},{"$f":"'[51]CRO2_Pro-Mes'!AHG3","v":0},{"$f":"'[51]CRO2_Pro-Mes'!#REF!","v":{"$error":"#REF!"}},{"$f":"'[51]CRO2_Pro-Mes'!AHI3","v":0},{"$f":"'[51]CRO2_Pro-Mes'!#REF!","v":{"$error":"#REF!"}},{"$f":"'[51]CRO2_Pro-Mes'!AHK3","v":0},{"$f":"'[51]CRO2_Pro-Mes'!#REF!","v":{"$error":"#REF!"}},{"$f":"'[51]CRO2_Pro-Mes'!AHM3","v":0},{"$f":"'[51]CRO2_Pro-Mes'!#REF!","v":{"$error":"#REF!"}},{"$f":"'[51]CRO2_Pro-Mes'!AHO3","v":0},{"$f":"'[51]CRO2_Pro-Mes'!#REF!","v":{"$error":"#REF!"}},{"$f":"'[51]CRO2_Pro-Mes'!AHQ3","v":0},{"$f":"'[51]CRO2_Pro-Mes'!#REF!","v":{"$error":"#REF!"}},{"$f":"'[51]CRO2_Pro-Mes'!AHS3","v":0},{"$f":"'[51]CRO2_Pro-Mes'!#REF!","v":{"$error":"#REF!"}},{"$f":"'[51]CRO2_Pro-Mes'!AHU3","v":0},{"$f":"'[51]CRO2_Pro-Mes'!#REF!","v":{"$error":"#REF!"}},{"$f":"'[51]CRO2_Pro-Mes'!AHW3","v":0},{"$f":"'[51]CRO2_Pro-Mes'!#REF!","v":{"$error":"#REF!"}},{"$f":"'[51]CRO2_Pro-Mes'!AHY3","v":0},{"$f":"'[51]CRO2_Pro-Mes'!#REF!","v":{"$error":"#REF!"}},{"$f":"'[51]CRO2_Pro-Mes'!AIA3","v":0},{"$f":"'[51]CRO2_Pro-Mes'!#REF!","v":{"$error":"#REF!"}},{"$f":"'[51]CRO2_Pro-Mes'!AIC3","v":0},{"$f":"'[51]CRO2_Pro-Mes'!#REF!","v":{"$error":"#REF!"}},{"$f":"'[51]CRO2_Pro-Mes'!AIE3","v":0},{"$f":"'[51]CRO2_Pro-Mes'!#REF!","v":{"$error":"#REF!"}},{"$f":"'[51]CRO2_Pro-Mes'!AIG3","v":0},{"$f":"'[51]CRO2_Pro-Mes'!#REF!","v":{"$error":"#REF!"}},{"$f":"'[51]CRO2_Pro-Mes'!AII3","v":0},{"$f":"'[51]CRO2_Pro-Mes'!#REF!","v":{"$error":"#REF!"}},{"$f":"'[51]CRO2_Pro-Mes'!AIK3","v":0},{"$f":"'[51]CRO2_Pro-Mes'!#REF!","v":{"$error":"#REF!"}},{"$f":"'[51]CRO2_Pro-Mes'!AIM3","v":0},{"$f":"'[51]CRO2_Pro-Mes'!#REF!","v":{"$error":"#REF!"}},{"$f":"'[51]CRO2_Pro-Mes'!AIO3","v":0},{"$f":"'[51]CRO2_Pro-Mes'!#REF!","v":{"$error":"#REF!"}},{"$f":"'[51]CRO2_Pro-Mes'!AIQ3","v":0},{"$f":"'[51]CRO2_Pro-Mes'!#REF!","v":{"$error":"#REF!"}},{"$f":"'[51]CRO2_Pro-Mes'!AIS3","v":0},{"$f":"'[51]CRO2_Pro-Mes'!#REF!","v":{"$error":"#REF!"}},{"$f":"'[51]CRO2_Pro-Mes'!AIU3","v":0},{"$f":"'[51]CRO2_Pro-Mes'!#REF!","v":{"$error":"#REF!"}},{"$f":"'[51]CRO2_Pro-Mes'!AIW3","v":0},{"$f":"'[51]CRO2_Pro-Mes'!#REF!","v":{"$error":"#REF!"}},{"$f":"'[51]CRO2_Pro-Mes'!AIY3","v":0},{"$f":"'[51]CRO2_Pro-Mes'!#REF!","v":{"$error":"#REF!"}},{"$f":"'[51]CRO2_Pro-Mes'!AJA3","v":0},{"$f":"'[51]CRO2_Pro-Mes'!#REF!","v":{"$error":"#REF!"}},{"$f":"'[51]CRO2_Pro-Mes'!AJC3","v":0},{"$f":"'[51]CRO2_Pro-Mes'!#REF!","v":{"$error":"#REF!"}},{"$f":"'[51]CRO2_Pro-Mes'!AJE3","v":0},{"$f":"'[51]CRO2_Pro-Mes'!#REF!","v":{"$error":"#REF!"}},{"$f":"'[51]CRO2_Pro-Mes'!AJG3","v":0},{"$f":"'[51]CRO2_Pro-Mes'!#REF!","v":{"$error":"#REF!"}},{"$f":"'[51]CRO2_Pro-Mes'!AJI3","v":0},{"$f":"'[51]CRO2_Pro-Mes'!#REF!","v":{"$error":"#REF!"}},{"$f":"'[51]CRO2_Pro-Mes'!AJK3","v":0},{"$f":"'[51]CRO2_Pro-Mes'!#REF!","v":{"$error":"#REF!"}},{"$f":"'[51]CRO2_Pro-Mes'!AJM3","v":0},{"$f":"'[51]CRO2_Pro-Mes'!#REF!","v":{"$error":"#REF!"}},{"$f":"'[51]CRO2_Pro-Mes'!AJO3","v":0},{"$f":"'[51]CRO2_Pro-Mes'!#REF!","v":{"$error":"#REF!"}},{"$f":"'[51]CRO2_Pro-Mes'!AJQ3","v":0},{"$f":"'[51]CRO2_Pro-Mes'!#REF!","v":{"$error":"#REF!"}},{"$f":"'[51]CRO2_Pro-Mes'!AJS3","v":0},{"$f":"'[51]CRO2_Pro-Mes'!#REF!","v":{"$error":"#REF!"}},{"$f":"'[51]CRO2_Pro-Mes'!AJU3","v":0},{"$f":"'[51]CRO2_Pro-Mes'!#REF!","v":{"$error":"#REF!"}},{"$f":"'[51]CRO2_Pro-Mes'!AJW3","v":0},{"$f":"'[51]CRO2_Pro-Mes'!#REF!","v":{"$error":"#REF!"}},{"$f":"'[51]CRO2_Pro-Mes'!AJY3","v":0},{"$f":"'[51]CRO2_Pro-Mes'!#REF!","v":{"$error":"#REF!"}},{"$f":"'[51]CRO2_Pro-Mes'!AKA3","v":0},{"$f":"'[51]CRO2_Pro-Mes'!#REF!","v":{"$error":"#REF!"}},{"$f":"'[51]CRO2_Pro-Mes'!AKC3","v":0},{"$f":"'[51]CRO2_Pro-Mes'!#REF!","v":{"$error":"#REF!"}},{"$f":"'[51]CRO2_Pro-Mes'!AKE3","v":0},{"$f":"'[51]CRO2_Pro-Mes'!#REF!","v":{"$error":"#REF!"}},{"$f":"'[51]CRO2_Pro-Mes'!AKG3","v":0},{"$f":"'[51]CRO2_Pro-Mes'!#REF!","v":{"$error":"#REF!"}},{"$f":"'[51]CRO2_Pro-Mes'!AKI3","v":0},{"$f":"'[51]CRO2_Pro-Mes'!#REF!","v":{"$error":"#REF!"}},{"$f":"'[51]CRO2_Pro-Mes'!AKK3","v":0},{"$f":"'[51]CRO2_Pro-Mes'!#REF!","v":{"$error":"#REF!"}},{"$f":"'[51]CRO2_Pro-Mes'!AKM3","v":0},{"$f":"'[51]CRO2_Pro-Mes'!#REF!","v":{"$error":"#REF!"}},{"$f":"'[51]CRO2_Pro-Mes'!AKO3","v":0},{"$f":"'[51]CRO2_Pro-Mes'!#REF!","v":{"$error":"#REF!"}},{"$f":"'[51]CRO2_Pro-Mes'!AKQ3","v":0},{"$f":"'[51]CRO2_Pro-Mes'!#REF!","v":{"$error":"#REF!"}},{"$f":"'[51]CRO2_Pro-Mes'!AKS3","v":0},{"$f":"'[51]CRO2_Pro-Mes'!#REF!","v":{"$error":"#REF!"}},{"$f":"'[51]CRO2_Pro-Mes'!AKU3","v":0},{"$f":"'[51]CRO2_Pro-Mes'!#REF!","v":{"$error":"#REF!"}},{"$f":"'[51]CRO2_Pro-Mes'!AKW3","v":0},{"$f":"'[51]CRO2_Pro-Mes'!#REF!","v":{"$error":"#REF!"}},{"$f":"'[51]CRO2_Pro-Mes'!AKY3","v":0},{"$f":"'[51]CRO2_Pro-Mes'!#REF!","v":{"$error":"#REF!"}},{"$f":"'[51]CRO2_Pro-Mes'!ALA3","v":0},{"$f":"'[51]CRO2_Pro-Mes'!#REF!","v":{"$error":"#REF!"}},{"$f":"'[51]CRO2_Pro-Mes'!ALC3","v":0},{"$f":"'[51]CRO2_Pro-Mes'!#REF!","v":{"$error":"#REF!"}},{"$f":"'[51]CRO2_Pro-Mes'!ALE3","v":0},{"$f":"'[51]CRO2_Pro-Mes'!#REF!","v":{"$error":"#REF!"}},{"$f":"'[51]CRO2_Pro-Mes'!ALG3","v":0},{"$f":"'[51]CRO2_Pro-Mes'!#REF!","v":{"$error":"#REF!"}},{"$f":"'[51]CRO2_Pro-Mes'!ALI3","v":0},{"$f":"'[51]CRO2_Pro-Mes'!#REF!","v":{"$error":"#REF!"}},{"$f":"'[51]CRO2_Pro-Mes'!ALK3","v":0},{"$f":"'[51]CRO2_Pro-Mes'!#REF!","v":{"$error":"#REF!"}},{"$f":"'[51]CRO2_Pro-Mes'!ALM3","v":0},{"$f":"'[51]CRO2_Pro-Mes'!#REF!","v":{"$error":"#REF!"}},{"$f":"'[51]CRO2_Pro-Mes'!ALO3","v":0},{"$f":"'[51]CRO2_Pro-Mes'!#REF!","v":{"$error":"#REF!"}},{"$f":"'[51]CRO2_Pro-Mes'!ALQ3","v":0},{"$f":"'[51]CRO2_Pro-Mes'!#REF!","v":{"$error":"#REF!"}},{"$f":"'[51]CRO2_Pro-Mes'!ALS3","v":0},{"$f":"'[51]CRO2_Pro-Mes'!#REF!","v":{"$error":"#REF!"}},{"$f":"'[51]CRO2_Pro-Mes'!ALU3","v":0},{"$f":"'[51]CRO2_Pro-Mes'!#REF!","v":{"$error":"#REF!"}},{"$f":"'[51]CRO2_Pro-Mes'!ALW3","v":0},{"$f":"'[51]CRO2_Pro-Mes'!#REF!","v":{"$error":"#REF!"}},{"$f":"'[51]CRO2_Pro-Mes'!ALY3","v":0},{"$f":"'[51]CRO2_Pro-Mes'!#REF!","v":{"$error":"#REF!"}},{"$f":"'[51]CRO2_Pro-Mes'!AMA3","v":0},{"$f":"'[51]CRO2_Pro-Mes'!#REF!","v":{"$error":"#REF!"}},{"$f":"'[51]CRO2_Pro-Mes'!AMC3","v":0},{"$f":"'[51]CRO2_Pro-Mes'!#REF!","v":{"$error":"#REF!"}},{"$f":"'[51]CRO2_Pro-Mes'!AME3","v":0},{"$f":"'[51]CRO2_Pro-Mes'!#REF!","v":{"$error":"#REF!"}},{"$f":"'[51]CRO2_Pro-Mes'!AMG3","v":0},{"$f":"'[51]CRO2_Pro-Mes'!#REF!","v":{"$error":"#REF!"}},{"$f":"'[51]CRO2_Pro-Mes'!AMI3","v":0},{"$f":"'[51]CRO2_Pro-Mes'!#REF!","v":{"$error":"#REF!"}},{"$f":"'[51]CRO2_Pro-Mes'!AMK3","v":0},{"$f":"'[51]CRO2_Pro-Mes'!#REF!","v":{"$error":"#REF!"}},{"$f":"'[51]CRO2_Pro-Mes'!AMM3","v":0},{"$f":"'[51]CRO2_Pro-Mes'!#REF!","v":{"$error":"#REF!"}},{"$f":"'[51]CRO2_Pro-Mes'!AMO3","v":0},{"$f":"'[51]CRO2_Pro-Mes'!#REF!","v":{"$error":"#REF!"}},{"$f":"'[51]CRO2_Pro-Mes'!AMQ3","v":0},{"$f":"'[51]CRO2_Pro-Mes'!#REF!","v":{"$error":"#REF!"}},{"$f":"'[51]CRO2_Pro-Mes'!AMS3","v":0},{"$f":"'[51]CRO2_Pro-Mes'!#REF!","v":{"$error":"#REF!"}},{"$f":"'[51]CRO2_Pro-Mes'!AMU3","v":0},{"$f":"'[51]CRO2_Pro-Mes'!#REF!","v":{"$error":"#REF!"}},{"$f":"'[51]CRO2_Pro-Mes'!AMW3","v":0},{"$f":"'[51]CRO2_Pro-Mes'!#REF!","v":{"$error":"#REF!"}},{"$f":"'[51]CRO2_Pro-Mes'!AMY3","v":0},{"$f":"'[51]CRO2_Pro-Mes'!#REF!","v":{"$error":"#REF!"}},{"$f":"'[51]CRO2_Pro-Mes'!ANA3","v":0},{"$f":"'[51]CRO2_Pro-Mes'!#REF!","v":{"$error":"#REF!"}},{"$f":"'[51]CRO2_Pro-Mes'!ANC3","v":0},{"$f":"'[51]CRO2_Pro-Mes'!#REF!","v":{"$error":"#REF!"}},{"$f":"'[51]CRO2_Pro-Mes'!ANE3","v":0},{"$f":"'[51]CRO2_Pro-Mes'!#REF!","v":{"$error":"#REF!"}},{"$f":"'[51]CRO2_Pro-Mes'!ANG3","v":0},{"$f":"'[51]CRO2_Pro-Mes'!#REF!","v":{"$error":"#REF!"}},{"$f":"'[51]CRO2_Pro-Mes'!ANI3","v":0},{"$f":"'[51]CRO2_Pro-Mes'!#REF!","v":{"$error":"#REF!"}},{"$f":"'[51]CRO2_Pro-Mes'!ANK3","v":0},{"$f":"'[51]CRO2_Pro-Mes'!#REF!","v":{"$error":"#REF!"}},{"$f":"'[51]CRO2_Pro-Mes'!ANM3","v":0},{"$f":"'[51]CRO2_Pro-Mes'!#REF!","v":{"$error":"#REF!"}},{"$f":"'[51]CRO2_Pro-Mes'!ANO3","v":0},{"$f":"'[51]CRO2_Pro-Mes'!#REF!","v":{"$error":"#REF!"}},{"$f":"'[51]CRO2_Pro-Mes'!ANQ3","v":0},{"$f":"'[51]CRO2_Pro-Mes'!#REF!","v":{"$error":"#REF!"}},{"$f":"'[51]CRO2_Pro-Mes'!ANS3","v":0},{"$f":"'[51]CRO2_Pro-Mes'!#REF!","v":{"$error":"#REF!"}},{"$f":"'[51]CRO2_Pro-Mes'!ANU3","v":0},{"$f":"'[51]CRO2_Pro-Mes'!#REF!","v":{"$error":"#REF!"}},{"$f":"'[51]CRO2_Pro-Mes'!ANW3","v":0},{"$f":"'[51]CRO2_Pro-Mes'!#REF!","v":{"$error":"#REF!"}},{"$f":"'[51]CRO2_Pro-Mes'!ANY3","v":0},{"$f":"'[51]CRO2_Pro-Mes'!#REF!","v":{"$error":"#REF!"}},{"$f":"'[51]CRO2_Pro-Mes'!AOA3","v":0},{"$f":"'[51]CRO2_Pro-Mes'!#REF!","v":{"$error":"#REF!"}},{"$f":"'[51]CRO2_Pro-Mes'!AOC3","v":0},{"$f":"'[51]CRO2_Pro-Mes'!#REF!","v":{"$error":"#REF!"}},{"$f":"'[51]CRO2_Pro-Mes'!AOE3","v":0},{"$f":"'[51]CRO2_Pro-Mes'!#REF!","v":{"$error":"#REF!"}},{"$f":"'[51]CRO2_Pro-Mes'!AOG3","v":0},{"$f":"'[51]CRO2_Pro-Mes'!#REF!","v":{"$error":"#REF!"}},{"$f":"'[51]CRO2_Pro-Mes'!AOI3","v":0},{"$f":"'[51]CRO2_Pro-Mes'!#REF!","v":{"$error":"#REF!"}},{"$f":"'[51]CRO2_Pro-Mes'!AOK3","v":0},{"$f":"'[51]CRO2_Pro-Mes'!#REF!","v":{"$error":"#REF!"}},{"$f":"'[51]CRO2_Pro-Mes'!AOM3","v":0},{"$f":"'[51]CRO2_Pro-Mes'!#REF!","v":{"$error":"#REF!"}},{"$f":"'[51]CRO2_Pro-Mes'!AOO3","v":0},{"$f":"'[51]CRO2_Pro-Mes'!#REF!","v":{"$error":"#REF!"}},{"$f":"'[51]CRO2_Pro-Mes'!AOQ3","v":0},{"$f":"'[51]CRO2_Pro-Mes'!#REF!","v":{"$error":"#REF!"}},{"$f":"'[51]CRO2_Pro-Mes'!AOS3","v":0},{"$f":"'[51]CRO2_Pro-Mes'!#REF!","v":{"$error":"#REF!"}},{"$f":"'[51]CRO2_Pro-Mes'!AOU3","v":0},{"$f":"'[51]CRO2_Pro-Mes'!#REF!","v":{"$error":"#REF!"}},{"$f":"'[51]CRO2_Pro-Mes'!AOW3","v":0},{"$f":"'[51]CRO2_Pro-Mes'!#REF!","v":{"$error":"#REF!"}},{"$f":"'[51]CRO2_Pro-Mes'!AOY3","v":0},{"$f":"'[51]CRO2_Pro-Mes'!#REF!","v":{"$error":"#REF!"}},{"$f":"'[51]CRO2_Pro-Mes'!APA3","v":0},{"$f":"'[51]CRO2_Pro-Mes'!#REF!","v":{"$error":"#REF!"}},{"$f":"'[51]CRO2_Pro-Mes'!APC3","v":0},{"$f":"'[51]CRO2_Pro-Mes'!#REF!","v":{"$error":"#REF!"}},{"$f":"'[51]CRO2_Pro-Mes'!APE3","v":0},{"$f":"'[51]CRO2_Pro-Mes'!#REF!","v":{"$error":"#REF!"}},{"$f":"'[51]CRO2_Pro-Mes'!APG3","v":0},{"$f":"'[51]CRO2_Pro-Mes'!#REF!","v":{"$error":"#REF!"}},{"$f":"'[51]CRO2_Pro-Mes'!API3","v":0},{"$f":"'[51]CRO2_Pro-Mes'!#REF!","v":{"$error":"#REF!"}},{"$f":"'[51]CRO2_Pro-Mes'!APK3","v":0},{"$f":"'[51]CRO2_Pro-Mes'!#REF!","v":{"$error":"#REF!"}},{"$f":"'[51]CRO2_Pro-Mes'!APM3","v":0},{"$f":"'[51]CRO2_Pro-Mes'!#REF!","v":{"$error":"#REF!"}},{"$f":"'[51]CRO2_Pro-Mes'!APO3","v":0},{"$f":"'[51]CRO2_Pro-Mes'!#REF!","v":{"$error":"#REF!"}},{"$f":"'[51]CRO2_Pro-Mes'!APQ3","v":0},{"$f":"'[51]CRO2_Pro-Mes'!#REF!","v":{"$error":"#REF!"}},{"$f":"'[51]CRO2_Pro-Mes'!APS3","v":0},{"$f":"'[51]CRO2_Pro-Mes'!#REF!","v":{"$error":"#REF!"}},{"$f":"'[51]CRO2_Pro-Mes'!APU3","v":0},{"$f":"'[51]CRO2_Pro-Mes'!#REF!","v":{"$error":"#REF!"}},{"$f":"'[51]CRO2_Pro-Mes'!APW3","v":0},{"$f":"'[51]CRO2_Pro-Mes'!#REF!","v":{"$error":"#REF!"}},{"$f":"'[51]CRO2_Pro-Mes'!APY3","v":0},{"$f":"'[51]CRO2_Pro-Mes'!#REF!","v":{"$error":"#REF!"}},{"$f":"'[51]CRO2_Pro-Mes'!AQA3","v":0},{"$f":"'[51]CRO2_Pro-Mes'!#REF!","v":{"$error":"#REF!"}},{"$f":"'[51]CRO2_Pro-Mes'!AQC3","v":0},{"$f":"'[51]CRO2_Pro-Mes'!#REF!","v":{"$error":"#REF!"}},{"$f":"'[51]CRO2_Pro-Mes'!AQE3","v":0},{"$f":"'[51]CRO2_Pro-Mes'!#REF!","v":{"$error":"#REF!"}},{"$f":"'[51]CRO2_Pro-Mes'!AQG3","v":0},{"$f":"'[51]CRO2_Pro-Mes'!#REF!","v":{"$error":"#REF!"}},{"$f":"'[51]CRO2_Pro-Mes'!AQI3","v":0},{"$f":"'[51]CRO2_Pro-Mes'!#REF!","v":{"$error":"#REF!"}},{"$f":"'[51]CRO2_Pro-Mes'!AQK3","v":0},{"$f":"'[51]CRO2_Pro-Mes'!#REF!","v":{"$error":"#REF!"}},{"$f":"'[51]CRO2_Pro-Mes'!AQM3","v":0},{"$f":"'[51]CRO2_Pro-Mes'!#REF!","v":{"$error":"#REF!"}},{"$f":"'[51]CRO2_Pro-Mes'!AQO3","v":0},{"$f":"'[51]CRO2_Pro-Mes'!#REF!","v":{"$error":"#REF!"}},{"$f":"'[51]CRO2_Pro-Mes'!AQQ3","v":0},{"$f":"'[51]CRO2_Pro-Mes'!#REF!","v":{"$error":"#REF!"}},{"$f":"'[51]CRO2_Pro-Mes'!AQS3","v":0},{"$f":"'[51]CRO2_Pro-Mes'!#REF!","v":{"$error":"#REF!"}},{"$f":"'[51]CRO2_Pro-Mes'!AQU3","v":0},{"$f":"'[51]CRO2_Pro-Mes'!#REF!","v":{"$error":"#REF!"}},{"$f":"'[51]CRO2_Pro-Mes'!AQW3","v":0},{"$f":"'[51]CRO2_Pro-Mes'!#REF!","v":{"$error":"#REF!"}},{"$f":"'[51]CRO2_Pro-Mes'!AQY3","v":0},{"$f":"'[51]CRO2_Pro-Mes'!#REF!","v":{"$error":"#REF!"}},{"$f":"'[51]CRO2_Pro-Mes'!ARA3","v":0},{"$f":"'[51]CRO2_Pro-Mes'!#REF!","v":{"$error":"#REF!"}},{"$f":"'[51]CRO2_Pro-Mes'!ARC3","v":0},{"$f":"'[51]CRO2_Pro-Mes'!#REF!","v":{"$error":"#REF!"}},{"$f":"'[51]CRO2_Pro-Mes'!ARE3","v":0},{"$f":"'[51]CRO2_Pro-Mes'!#REF!","v":{"$error":"#REF!"}},{"$f":"'[51]CRO2_Pro-Mes'!ARG3","v":0},{"$f":"'[51]CRO2_Pro-Mes'!#REF!","v":{"$error":"#REF!"}},{"$f":"'[51]CRO2_Pro-Mes'!ARI3","v":0},{"$f":"'[51]CRO2_Pro-Mes'!#REF!","v":{"$error":"#REF!"}},{"$f":"'[51]CRO2_Pro-Mes'!ARK3","v":0},{"$f":"'[51]CRO2_Pro-Mes'!#REF!","v":{"$error":"#REF!"}},{"$f":"'[51]CRO2_Pro-Mes'!ARM3","v":0},{"$f":"'[51]CRO2_Pro-Mes'!#REF!","v":{"$error":"#REF!"}},{"$f":"'[51]CRO2_Pro-Mes'!ARO3","v":0},{"$f":"'[51]CRO2_Pro-Mes'!#REF!","v":{"$error":"#REF!"}},{"$f":"'[51]CRO2_Pro-Mes'!ARQ3","v":0},{"$f":"'[51]CRO2_Pro-Mes'!#REF!","v":{"$error":"#REF!"}},{"$f":"'[51]CRO2_Pro-Mes'!ARS3","v":0},{"$f":"'[51]CRO2_Pro-Mes'!#REF!","v":{"$error":"#REF!"}},{"$f":"'[51]CRO2_Pro-Mes'!ARU3","v":0},{"$f":"'[51]CRO2_Pro-Mes'!#REF!","v":{"$error":"#REF!"}},{"$f":"'[51]CRO2_Pro-Mes'!ARW3","v":0},{"$f":"'[51]CRO2_Pro-Mes'!#REF!","v":{"$error":"#REF!"}},{"$f":"'[51]CRO2_Pro-Mes'!ARY3","v":0},{"$f":"'[51]CRO2_Pro-Mes'!#REF!","v":{"$error":"#REF!"}},{"$f":"'[51]CRO2_Pro-Mes'!ASA3","v":0},{"$f":"'[51]CRO2_Pro-Mes'!#REF!","v":{"$error":"#REF!"}},{"$f":"'[51]CRO2_Pro-Mes'!ASC3","v":0},{"$f":"'[51]CRO2_Pro-Mes'!#REF!","v":{"$error":"#REF!"}},{"$f":"'[51]CRO2_Pro-Mes'!ASE3","v":0},{"$f":"'[51]CRO2_Pro-Mes'!#REF!","v":{"$error":"#REF!"}},{"$f":"'[51]CRO2_Pro-Mes'!ASG3","v":0},{"$f":"'[51]CRO2_Pro-Mes'!#REF!","v":{"$error":"#REF!"}},{"$f":"'[51]CRO2_Pro-Mes'!ASI3","v":0},{"$f":"'[51]CRO2_Pro-Mes'!#REF!","v":{"$error":"#REF!"}},{"$f":"'[51]CRO2_Pro-Mes'!ASK3","v":0},{"$f":"'[51]CRO2_Pro-Mes'!#REF!","v":{"$error":"#REF!"}},{"$f":"'[51]CRO2_Pro-Mes'!ASM3","v":0},{"$f":"'[51]CRO2_Pro-Mes'!#REF!","v":{"$error":"#REF!"}},{"$f":"'[51]CRO2_Pro-Mes'!ASO3","v":0},{"$f":"'[51]CRO2_Pro-Mes'!#REF!","v":{"$error":"#REF!"}},{"$f":"'[51]CRO2_Pro-Mes'!ASQ3","v":0},{"$f":"'[51]CRO2_Pro-Mes'!#REF!","v":{"$error":"#REF!"}},{"$f":"'[51]CRO2_Pro-Mes'!ASS3","v":0},{"$f":"'[51]CRO2_Pro-Mes'!#REF!","v":{"$error":"#REF!"}},{"$f":"'[51]CRO2_Pro-Mes'!ASU3","v":0},{"$f":"'[51]CRO2_Pro-Mes'!#REF!","v":{"$error":"#REF!"}},{"$f":"'[51]CRO2_Pro-Mes'!ASW3","v":0},{"$f":"'[51]CRO2_Pro-Mes'!#REF!","v":{"$error":"#REF!"}},{"$f":"'[51]CRO2_Pro-Mes'!ASY3","v":0},{"$f":"'[51]CRO2_Pro-Mes'!#REF!","v":{"$error":"#REF!"}},{"$f":"'[51]CRO2_Pro-Mes'!ATA3","v":0},{"$f":"'[51]CRO2_Pro-Mes'!#REF!","v":{"$error":"#REF!"}},{"$f":"'[51]CRO2_Pro-Mes'!ATC3","v":0},{"$f":"'[51]CRO2_Pro-Mes'!#REF!","v":{"$error":"#REF!"}},{"$f":"'[51]CRO2_Pro-Mes'!ATE3","v":0},{"$f":"'[51]CRO2_Pro-Mes'!#REF!","v":{"$error":"#REF!"}},{"$f":"'[51]CRO2_Pro-Mes'!ATG3","v":0},{"$f":"'[51]CRO2_Pro-Mes'!#REF!","v":{"$error":"#REF!"}},{"$f":"'[51]CRO2_Pro-Mes'!ATI3","v":0},{"$f":"'[51]CRO2_Pro-Mes'!#REF!","v":{"$error":"#REF!"}},{"$f":"'[51]CRO2_Pro-Mes'!ATK3","v":0},{"$f":"'[51]CRO2_Pro-Mes'!#REF!","v":{"$error":"#REF!"}},{"$f":"'[51]CRO2_Pro-Mes'!ATM3","v":0},{"$f":"'[51]CRO2_Pro-Mes'!#REF!","v":{"$error":"#REF!"}},{"$f":"'[51]CRO2_Pro-Mes'!ATO3","v":0},{"$f":"'[51]CRO2_Pro-Mes'!#REF!","v":{"$error":"#REF!"}},{"$f":"'[51]CRO2_Pro-Mes'!ATQ3","v":0},{"$f":"'[51]CRO2_Pro-Mes'!#REF!","v":{"$error":"#REF!"}},{"$f":"'[51]CRO2_Pro-Mes'!ATS3","v":0},{"$f":"'[51]CRO2_Pro-Mes'!#REF!","v":{"$error":"#REF!"}},{"$f":"'[51]CRO2_Pro-Mes'!ATU3","v":0},{"$f":"'[51]CRO2_Pro-Mes'!#REF!","v":{"$error":"#REF!"}},{"$f":"'[51]CRO2_Pro-Mes'!ATW3","v":0},{"$f":"'[51]CRO2_Pro-Mes'!#REF!","v":{"$error":"#REF!"}},{"$f":"'[51]CRO2_Pro-Mes'!ATY3","v":0},{"$f":"'[51]CRO2_Pro-Mes'!#REF!","v":{"$error":"#REF!"}},{"$f":"'[51]CRO2_Pro-Mes'!AUA3","v":0},{"$f":"'[51]CRO2_Pro-Mes'!#REF!","v":{"$error":"#REF!"}},{"$f":"'[51]CRO2_Pro-Mes'!AUC3","v":0},{"$f":"'[51]CRO2_Pro-Mes'!#REF!","v":{"$error":"#REF!"}},{"$f":"'[51]CRO2_Pro-Mes'!AUE3","v":0},{"$f":"'[51]CRO2_Pro-Mes'!#REF!","v":{"$error":"#REF!"}},{"$f":"'[51]CRO2_Pro-Mes'!AUG3","v":0},{"$f":"'[51]CRO2_Pro-Mes'!#REF!","v":{"$error":"#REF!"}},{"$f":"'[51]CRO2_Pro-Mes'!AUI3","v":0},{"$f":"'[51]CRO2_Pro-Mes'!#REF!","v":{"$error":"#REF!"}},{"$f":"'[51]CRO2_Pro-Mes'!AUK3","v":0},{"$f":"'[51]CRO2_Pro-Mes'!#REF!","v":{"$error":"#REF!"}},{"$f":"'[51]CRO2_Pro-Mes'!AUM3","v":0},{"$f":"'[51]CRO2_Pro-Mes'!#REF!","v":{"$error":"#REF!"}},{"$f":"'[51]CRO2_Pro-Mes'!AUO3","v":0},{"$f":"'[51]CRO2_Pro-Mes'!#REF!","v":{"$error":"#REF!"}},{"$f":"'[51]CRO2_Pro-Mes'!AUQ3","v":0},{"$f":"'[51]CRO2_Pro-Mes'!#REF!","v":{"$error":"#REF!"}},{"$f":"'[51]CRO2_Pro-Mes'!AUS3","v":0},{"$f":"'[51]CRO2_Pro-Mes'!#REF!","v":{"$error":"#REF!"}},{"$f":"'[51]CRO2_Pro-Mes'!AUU3","v":0},{"$f":"'[51]CRO2_Pro-Mes'!#REF!","v":{"$error":"#REF!"}},{"$f":"'[51]CRO2_Pro-Mes'!AUW3","v":0},{"$f":"'[51]CRO2_Pro-Mes'!#REF!","v":{"$error":"#REF!"}},{"$f":"'[51]CRO2_Pro-Mes'!AUY3","v":0},{"$f":"'[51]CRO2_Pro-Mes'!#REF!","v":{"$error":"#REF!"}},{"$f":"'[51]CRO2_Pro-Mes'!AVA3","v":0},{"$f":"'[51]CRO2_Pro-Mes'!#REF!","v":{"$error":"#REF!"}},{"$f":"'[51]CRO2_Pro-Mes'!AVC3","v":0},{"$f":"'[51]CRO2_Pro-Mes'!#REF!","v":{"$error":"#REF!"}},{"$f":"'[51]CRO2_Pro-Mes'!AVE3","v":0},{"$f":"'[51]CRO2_Pro-Mes'!#REF!","v":{"$error":"#REF!"}},{"$f":"'[51]CRO2_Pro-Mes'!AVG3","v":0},{"$f":"'[51]CRO2_Pro-Mes'!#REF!","v":{"$error":"#REF!"}},{"$f":"'[51]CRO2_Pro-Mes'!AVI3","v":0},{"$f":"'[51]CRO2_Pro-Mes'!#REF!","v":{"$error":"#REF!"}},{"$f":"'[51]CRO2_Pro-Mes'!AVK3","v":0},{"$f":"'[51]CRO2_Pro-Mes'!#REF!","v":{"$error":"#REF!"}},{"$f":"'[51]CRO2_Pro-Mes'!AVM3","v":0},{"$f":"'[51]CRO2_Pro-Mes'!#REF!","v":{"$error":"#REF!"}},{"$f":"'[51]CRO2_Pro-Mes'!AVO3","v":0},{"$f":"'[51]CRO2_Pro-Mes'!#REF!","v":{"$error":"#REF!"}},{"$f":"'[51]CRO2_Pro-Mes'!AVQ3","v":0},{"$f":"'[51]CRO2_Pro-Mes'!#REF!","v":{"$error":"#REF!"}},{"$f":"'[51]CRO2_Pro-Mes'!AVS3","v":0},{"$f":"'[51]CRO2_Pro-Mes'!#REF!","v":{"$error":"#REF!"}},{"$f":"'[51]CRO2_Pro-Mes'!AVU3","v":0},{"$f":"'[51]CRO2_Pro-Mes'!#REF!","v":{"$error":"#REF!"}},{"$f":"'[51]CRO2_Pro-Mes'!AVW3","v":0},{"$f":"'[51]CRO2_Pro-Mes'!#REF!","v":{"$error":"#REF!"}},{"$f":"'[51]CRO2_Pro-Mes'!AVY3","v":0},{"$f":"'[51]CRO2_Pro-Mes'!#REF!","v":{"$error":"#REF!"}},{"$f":"'[51]CRO2_Pro-Mes'!AWA3","v":0},{"$f":"'[51]CRO2_Pro-Mes'!#REF!","v":{"$error":"#REF!"}},{"$f":"'[51]CRO2_Pro-Mes'!AWC3","v":0},{"$f":"'[51]CRO2_Pro-Mes'!#REF!","v":{"$error":"#REF!"}},{"$f":"'[51]CRO2_Pro-Mes'!AWE3","v":0},{"$f":"'[51]CRO2_Pro-Mes'!#REF!","v":{"$error":"#REF!"}},{"$f":"'[51]CRO2_Pro-Mes'!AWG3","v":0},{"$f":"'[51]CRO2_Pro-Mes'!#REF!","v":{"$error":"#REF!"}},{"$f":"'[51]CRO2_Pro-Mes'!AWI3","v":0},{"$f":"'[51]CRO2_Pro-Mes'!#REF!","v":{"$error":"#REF!"}},{"$f":"'[51]CRO2_Pro-Mes'!AWK3","v":0},{"$f":"'[51]CRO2_Pro-Mes'!#REF!","v":{"$error":"#REF!"}},{"$f":"'[51]CRO2_Pro-Mes'!AWM3","v":0},{"$f":"'[51]CRO2_Pro-Mes'!#REF!","v":{"$error":"#REF!"}},{"$f":"'[51]CRO2_Pro-Mes'!AWO3","v":0},{"$f":"'[51]CRO2_Pro-Mes'!#REF!","v":{"$error":"#REF!"}},{"$f":"'[51]CRO2_Pro-Mes'!AWQ3","v":0},{"$f":"'[51]CRO2_Pro-Mes'!#REF!","v":{"$error":"#REF!"}},{"$f":"'[51]CRO2_Pro-Mes'!AWS3","v":0},{"$f":"'[51]CRO2_Pro-Mes'!#REF!","v":{"$error":"#REF!"}},{"$f":"'[51]CRO2_Pro-Mes'!AWU3","v":0},{"$f":"'[51]CRO2_Pro-Mes'!#REF!","v":{"$error":"#REF!"}},{"$f":"'[51]CRO2_Pro-Mes'!AWW3","v":0},{"$f":"'[51]CRO2_Pro-Mes'!#REF!","v":{"$error":"#REF!"}},{"$f":"'[51]CRO2_Pro-Mes'!AWY3","v":0},{"$f":"'[51]CRO2_Pro-Mes'!#REF!","v":{"$error":"#REF!"}},{"$f":"'[51]CRO2_Pro-Mes'!AXA3","v":0},{"$f":"'[51]CRO2_Pro-Mes'!#REF!","v":{"$error":"#REF!"}},{"$f":"'[51]CRO2_Pro-Mes'!AXC3","v":0},{"$f":"'[51]CRO2_Pro-Mes'!#REF!","v":{"$error":"#REF!"}},{"$f":"'[51]CRO2_Pro-Mes'!AXE3","v":0},{"$f":"'[51]CRO2_Pro-Mes'!#REF!","v":{"$error":"#REF!"}},{"$f":"'[51]CRO2_Pro-Mes'!AXG3","v":0},{"$f":"'[51]CRO2_Pro-Mes'!#REF!","v":{"$error":"#REF!"}},{"$f":"'[51]CRO2_Pro-Mes'!AXI3","v":0},{"$f":"'[51]CRO2_Pro-Mes'!#REF!","v":{"$error":"#REF!"}},{"$f":"'[51]CRO2_Pro-Mes'!AXK3","v":0},{"$f":"'[51]CRO2_Pro-Mes'!#REF!","v":{"$error":"#REF!"}},{"$f":"'[51]CRO2_Pro-Mes'!AXM3","v":0},{"$f":"'[51]CRO2_Pro-Mes'!#REF!","v":{"$error":"#REF!"}},{"$f":"'[51]CRO2_Pro-Mes'!AXO3","v":0},{"$f":"'[51]CRO2_Pro-Mes'!#REF!","v":{"$error":"#REF!"}},{"$f":"'[51]CRO2_Pro-Mes'!AXQ3","v":0},{"$f":"'[51]CRO2_Pro-Mes'!#REF!","v":{"$error":"#REF!"}},{"$f":"'[51]CRO2_Pro-Mes'!AXS3","v":0},{"$f":"'[51]CRO2_Pro-Mes'!#REF!","v":{"$error":"#REF!"}},{"$f":"'[51]CRO2_Pro-Mes'!AXU3","v":0},{"$f":"'[51]CRO2_Pro-Mes'!#REF!","v":{"$error":"#REF!"}},{"$f":"'[51]CRO2_Pro-Mes'!AXW3","v":0},{"$f":"'[51]CRO2_Pro-Mes'!#REF!","v":{"$error":"#REF!"}},{"$f":"'[51]CRO2_Pro-Mes'!AXY3","v":0},{"$f":"'[51]CRO2_Pro-Mes'!#REF!","v":{"$error":"#REF!"}},{"$f":"'[51]CRO2_Pro-Mes'!AYA3","v":0},{"$f":"'[51]CRO2_Pro-Mes'!#REF!","v":{"$error":"#REF!"}},{"$f":"'[51]CRO2_Pro-Mes'!AYC3","v":0},{"$f":"'[51]CRO2_Pro-Mes'!#REF!","v":{"$error":"#REF!"}},{"$f":"'[51]CRO2_Pro-Mes'!AYE3","v":0},{"$f":"'[51]CRO2_Pro-Mes'!#REF!","v":{"$error":"#REF!"}},{"$f":"'[51]CRO2_Pro-Mes'!AYG3","v":0},{"$f":"'[51]CRO2_Pro-Mes'!#REF!","v":{"$error":"#REF!"}},{"$f":"'[51]CRO2_Pro-Mes'!AYI3","v":0},{"$f":"'[51]CRO2_Pro-Mes'!#REF!","v":{"$error":"#REF!"}},{"$f":"'[51]CRO2_Pro-Mes'!AYK3","v":0},{"$f":"'[51]CRO2_Pro-Mes'!#REF!","v":{"$error":"#REF!"}},{"$f":"'[51]CRO2_Pro-Mes'!AYM3","v":0},{"$f":"'[51]CRO2_Pro-Mes'!#REF!","v":{"$error":"#REF!"}},{"$f":"'[51]CRO2_Pro-Mes'!AYO3","v":0},{"$f":"'[51]CRO2_Pro-Mes'!#REF!","v":{"$error":"#REF!"}},{"$f":"'[51]CRO2_Pro-Mes'!AYQ3","v":0},{"$f":"'[51]CRO2_Pro-Mes'!#REF!","v":{"$error":"#REF!"}},{"$f":"'[51]CRO2_Pro-Mes'!AYS3","v":0},{"$f":"'[51]CRO2_Pro-Mes'!#REF!","v":{"$error":"#REF!"}},{"$f":"'[51]CRO2_Pro-Mes'!AYU3","v":0},{"$f":"'[51]CRO2_Pro-Mes'!#REF!","v":{"$error":"#REF!"}},{"$f":"'[51]CRO2_Pro-Mes'!AYW3","v":0},{"$f":"'[51]CRO2_Pro-Mes'!#REF!","v":{"$error":"#REF!"}},{"$f":"'[51]CRO2_Pro-Mes'!AYY3","v":0},{"$f":"'[51]CRO2_Pro-Mes'!#REF!","v":{"$error":"#REF!"}},{"$f":"'[51]CRO2_Pro-Mes'!AZA3","v":0},{"$f":"'[51]CRO2_Pro-Mes'!#REF!","v":{"$error":"#REF!"}},{"$f":"'[51]CRO2_Pro-Mes'!AZC3","v":0},{"$f":"'[51]CRO2_Pro-Mes'!#REF!","v":{"$error":"#REF!"}},{"$f":"'[51]CRO2_Pro-Mes'!AZE3","v":0},{"$f":"'[51]CRO2_Pro-Mes'!#REF!","v":{"$error":"#REF!"}},{"$f":"'[51]CRO2_Pro-Mes'!AZG3","v":0},{"$f":"'[51]CRO2_Pro-Mes'!#REF!","v":{"$error":"#REF!"}},{"$f":"'[51]CRO2_Pro-Mes'!AZI3","v":0},{"$f":"'[51]CRO2_Pro-Mes'!#REF!","v":{"$error":"#REF!"}},{"$f":"'[51]CRO2_Pro-Mes'!AZK3","v":0},{"$f":"'[51]CRO2_Pro-Mes'!#REF!","v":{"$error":"#REF!"}},{"$f":"'[51]CRO2_Pro-Mes'!AZM3","v":0},{"$f":"'[51]CRO2_Pro-Mes'!#REF!","v":{"$error":"#REF!"}},{"$f":"'[51]CRO2_Pro-Mes'!AZO3","v":0},{"$f":"'[51]CRO2_Pro-Mes'!#REF!","v":{"$error":"#REF!"}},{"$f":"'[51]CRO2_Pro-Mes'!AZQ3","v":0},{"$f":"'[51]CRO2_Pro-Mes'!#REF!","v":{"$error":"#REF!"}},{"$f":"'[51]CRO2_Pro-Mes'!AZS3","v":0},{"$f":"'[51]CRO2_Pro-Mes'!#REF!","v":{"$error":"#REF!"}},{"$f":"'[51]CRO2_Pro-Mes'!AZU3","v":0},{"$f":"'[51]CRO2_Pro-Mes'!#REF!","v":{"$error":"#REF!"}},{"$f":"'[51]CRO2_Pro-Mes'!AZW3","v":0},{"$f":"'[51]CRO2_Pro-Mes'!#REF!","v":{"$error":"#REF!"}},{"$f":"'[51]CRO2_Pro-Mes'!AZY3","v":0},{"$f":"'[51]CRO2_Pro-Mes'!#REF!","v":{"$error":"#REF!"}},{"$f":"'[51]CRO2_Pro-Mes'!BAA3","v":0},{"$f":"'[51]CRO2_Pro-Mes'!#REF!","v":{"$error":"#REF!"}},{"$f":"'[51]CRO2_Pro-Mes'!BAC3","v":0},{"$f":"'[51]CRO2_Pro-Mes'!#REF!","v":{"$error":"#REF!"}},{"$f":"'[51]CRO2_Pro-Mes'!BAE3","v":0},{"$f":"'[51]CRO2_Pro-Mes'!#REF!","v":{"$error":"#REF!"}},{"$f":"'[51]CRO2_Pro-Mes'!BAG3","v":0},{"$f":"'[51]CRO2_Pro-Mes'!#REF!","v":{"$error":"#REF!"}},{"$f":"'[51]CRO2_Pro-Mes'!BAI3","v":0},{"$f":"'[51]CRO2_Pro-Mes'!#REF!","v":{"$error":"#REF!"}},{"$f":"'[51]CRO2_Pro-Mes'!BAK3","v":0},{"$f":"'[51]CRO2_Pro-Mes'!#REF!","v":{"$error":"#REF!"}},{"$f":"'[51]CRO2_Pro-Mes'!BAM3","v":0},{"$f":"'[51]CRO2_Pro-Mes'!#REF!","v":{"$error":"#REF!"}},{"$f":"'[51]CRO2_Pro-Mes'!BAO3","v":0},{"$f":"'[51]CRO2_Pro-Mes'!#REF!","v":{"$error":"#REF!"}},{"$f":"'[51]CRO2_Pro-Mes'!BAQ3","v":0},{"$f":"'[51]CRO2_Pro-Mes'!#REF!","v":{"$error":"#REF!"}},{"$f":"'[51]CRO2_Pro-Mes'!BAS3","v":0},{"$f":"'[51]CRO2_Pro-Mes'!#REF!","v":{"$error":"#REF!"}},{"$f":"'[51]CRO2_Pro-Mes'!BAU3","v":0},{"$f":"'[51]CRO2_Pro-Mes'!#REF!","v":{"$error":"#REF!"}},{"$f":"'[51]CRO2_Pro-Mes'!BAW3","v":0},{"$f":"'[51]CRO2_Pro-Mes'!#REF!","v":{"$error":"#REF!"}},{"$f":"'[51]CRO2_Pro-Mes'!BAY3","v":0},{"$f":"'[51]CRO2_Pro-Mes'!#REF!","v":{"$error":"#REF!"}},{"$f":"'[51]CRO2_Pro-Mes'!BBA3","v":0},{"$f":"'[51]CRO2_Pro-Mes'!#REF!","v":{"$error":"#REF!"}},{"$f":"'[51]CRO2_Pro-Mes'!BBC3","v":0},{"$f":"'[51]CRO2_Pro-Mes'!#REF!","v":{"$error":"#REF!"}},{"$f":"'[51]CRO2_Pro-Mes'!BBE3","v":0},{"$f":"'[51]CRO2_Pro-Mes'!#REF!","v":{"$error":"#REF!"}},{"$f":"'[51]CRO2_Pro-Mes'!BBG3","v":0},{"$f":"'[51]CRO2_Pro-Mes'!#REF!","v":{"$error":"#REF!"}},{"$f":"'[51]CRO2_Pro-Mes'!BBI3","v":0},{"$f":"'[51]CRO2_Pro-Mes'!#REF!","v":{"$error":"#REF!"}},{"$f":"'[51]CRO2_Pro-Mes'!BBK3","v":0},{"$f":"'[51]CRO2_Pro-Mes'!#REF!","v":{"$error":"#REF!"}},{"$f":"'[51]CRO2_Pro-Mes'!BBM3","v":0},{"$f":"'[51]CRO2_Pro-Mes'!#REF!","v":{"$error":"#REF!"}},{"$f":"'[51]CRO2_Pro-Mes'!BBO3","v":0},{"$f":"'[51]CRO2_Pro-Mes'!#REF!","v":{"$error":"#REF!"}},{"$f":"'[51]CRO2_Pro-Mes'!BBQ3","v":0},{"$f":"'[51]CRO2_Pro-Mes'!#REF!","v":{"$error":"#REF!"}},{"$f":"'[51]CRO2_Pro-Mes'!BBS3","v":0},{"$f":"'[51]CRO2_Pro-Mes'!#REF!","v":{"$error":"#REF!"}},{"$f":"'[51]CRO2_Pro-Mes'!BBU3","v":0},{"$f":"'[51]CRO2_Pro-Mes'!#REF!","v":{"$error":"#REF!"}},{"$f":"'[51]CRO2_Pro-Mes'!BBW3","v":0},{"$f":"'[51]CRO2_Pro-Mes'!#REF!","v":{"$error":"#REF!"}},{"$f":"'[51]CRO2_Pro-Mes'!BBY3","v":0},{"$f":"'[51]CRO2_Pro-Mes'!#REF!","v":{"$error":"#REF!"}},{"$f":"'[51]CRO2_Pro-Mes'!BCA3","v":0},{"$f":"'[51]CRO2_Pro-Mes'!#REF!","v":{"$error":"#REF!"}},{"$f":"'[51]CRO2_Pro-Mes'!BCC3","v":0},{"$f":"'[51]CRO2_Pro-Mes'!#REF!","v":{"$error":"#REF!"}},{"$f":"'[51]CRO2_Pro-Mes'!BCE3","v":0},{"$f":"'[51]CRO2_Pro-Mes'!#REF!","v":{"$error":"#REF!"}},{"$f":"'[51]CRO2_Pro-Mes'!BCG3","v":0},{"$f":"'[51]CRO2_Pro-Mes'!#REF!","v":{"$error":"#REF!"}},{"$f":"'[51]CRO2_Pro-Mes'!BCI3","v":0},{"$f":"'[51]CRO2_Pro-Mes'!#REF!","v":{"$error":"#REF!"}},{"$f":"'[51]CRO2_Pro-Mes'!BCK3","v":0},{"$f":"'[51]CRO2_Pro-Mes'!#REF!","v":{"$error":"#REF!"}},{"$f":"'[51]CRO2_Pro-Mes'!BCM3","v":0},{"$f":"'[51]CRO2_Pro-Mes'!#REF!","v":{"$error":"#REF!"}},{"$f":"'[51]CRO2_Pro-Mes'!BCO3","v":0},{"$f":"'[51]CRO2_Pro-Mes'!#REF!","v":{"$error":"#REF!"}},{"$f":"'[51]CRO2_Pro-Mes'!BCQ3","v":0},{"$f":"'[51]CRO2_Pro-Mes'!#REF!","v":{"$error":"#REF!"}},{"$f":"'[51]CRO2_Pro-Mes'!BCS3","v":0},{"$f":"'[51]CRO2_Pro-Mes'!#REF!","v":{"$error":"#REF!"}},{"$f":"'[51]CRO2_Pro-Mes'!BCU3","v":0},{"$f":"'[51]CRO2_Pro-Mes'!#REF!","v":{"$error":"#REF!"}},{"$f":"'[51]CRO2_Pro-Mes'!BCW3","v":0},{"$f":"'[51]CRO2_Pro-Mes'!#REF!","v":{"$error":"#REF!"}},{"$f":"'[51]CRO2_Pro-Mes'!BCY3","v":0},{"$f":"'[51]CRO2_Pro-Mes'!#REF!","v":{"$error":"#REF!"}},{"$f":"'[51]CRO2_Pro-Mes'!BDA3","v":0},{"$f":"'[51]CRO2_Pro-Mes'!#REF!","v":{"$error":"#REF!"}},{"$f":"'[51]CRO2_Pro-Mes'!BDC3","v":0},{"$f":"'[51]CRO2_Pro-Mes'!#REF!","v":{"$error":"#REF!"}},{"$f":"'[51]CRO2_Pro-Mes'!BDE3","v":0},{"$f":"'[51]CRO2_Pro-Mes'!#REF!","v":{"$error":"#REF!"}},{"$f":"'[51]CRO2_Pro-Mes'!BDG3","v":0},{"$f":"'[51]CRO2_Pro-Mes'!#REF!","v":{"$error":"#REF!"}},{"$f":"'[51]CRO2_Pro-Mes'!BDI3","v":0},{"$f":"'[51]CRO2_Pro-Mes'!#REF!","v":{"$error":"#REF!"}},{"$f":"'[51]CRO2_Pro-Mes'!BDK3","v":0},{"$f":"'[51]CRO2_Pro-Mes'!#REF!","v":{"$error":"#REF!"}},{"$f":"'[51]CRO2_Pro-Mes'!BDM3","v":0},{"$f":"'[51]CRO2_Pro-Mes'!#REF!","v":{"$error":"#REF!"}},{"$f":"'[51]CRO2_Pro-Mes'!BDO3","v":0},{"$f":"'[51]CRO2_Pro-Mes'!#REF!","v":{"$error":"#REF!"}},{"$f":"'[51]CRO2_Pro-Mes'!BDQ3","v":0},{"$f":"'[51]CRO2_Pro-Mes'!#REF!","v":{"$error":"#REF!"}},{"$f":"'[51]CRO2_Pro-Mes'!BDS3","v":0},{"$f":"'[51]CRO2_Pro-Mes'!#REF!","v":{"$error":"#REF!"}},{"$f":"'[51]CRO2_Pro-Mes'!BDU3","v":0},{"$f":"'[51]CRO2_Pro-Mes'!#REF!","v":{"$error":"#REF!"}},{"$f":"'[51]CRO2_Pro-Mes'!BDW3","v":0},{"$f":"'[51]CRO2_Pro-Mes'!#REF!","v":{"$error":"#REF!"}},{"$f":"'[51]CRO2_Pro-Mes'!BDY3","v":0},{"$f":"'[51]CRO2_Pro-Mes'!#REF!","v":{"$error":"#REF!"}},{"$f":"'[51]CRO2_Pro-Mes'!BEA3","v":0},{"$f":"'[51]CRO2_Pro-Mes'!#REF!","v":{"$error":"#REF!"}},{"$f":"'[51]CRO2_Pro-Mes'!BEC3","v":0},{"$f":"'[51]CRO2_Pro-Mes'!#REF!","v":{"$error":"#REF!"}},{"$f":"'[51]CRO2_Pro-Mes'!BEE3","v":0},{"$f":"'[51]CRO2_Pro-Mes'!#REF!","v":{"$error":"#REF!"}},{"$f":"'[51]CRO2_Pro-Mes'!BEG3","v":0},{"$f":"'[51]CRO2_Pro-Mes'!#REF!","v":{"$error":"#REF!"}},{"$f":"'[51]CRO2_Pro-Mes'!BEI3","v":0},{"$f":"'[51]CRO2_Pro-Mes'!#REF!","v":{"$error":"#REF!"}},{"$f":"'[51]CRO2_Pro-Mes'!BEK3","v":0},{"$f":"'[51]CRO2_Pro-Mes'!#REF!","v":{"$error":"#REF!"}},{"$f":"'[51]CRO2_Pro-Mes'!BEM3","v":0},{"$f":"'[51]CRO2_Pro-Mes'!#REF!","v":{"$error":"#REF!"}},{"$f":"'[51]CRO2_Pro-Mes'!BEO3","v":0},{"$f":"'[51]CRO2_Pro-Mes'!#REF!","v":{"$error":"#REF!"}},{"$f":"'[51]CRO2_Pro-Mes'!BEQ3","v":0},{"$f":"'[51]CRO2_Pro-Mes'!#REF!","v":{"$error":"#REF!"}},{"$f":"'[51]CRO2_Pro-Mes'!BES3","v":0},{"$f":"'[51]CRO2_Pro-Mes'!#REF!","v":{"$error":"#REF!"}},{"$f":"'[51]CRO2_Pro-Mes'!BEU3","v":0},{"$f":"'[51]CRO2_Pro-Mes'!#REF!","v":{"$error":"#REF!"}},{"$f":"'[51]CRO2_Pro-Mes'!BEW3","v":0},{"$f":"'[51]CRO2_Pro-Mes'!#REF!","v":{"$error":"#REF!"}},{"$f":"'[51]CRO2_Pro-Mes'!BEY3","v":0},{"$f":"'[51]CRO2_Pro-Mes'!#REF!","v":{"$error":"#REF!"}},{"$f":"'[51]CRO2_Pro-Mes'!BFA3","v":0},{"$f":"'[51]CRO2_Pro-Mes'!#REF!","v":{"$error":"#REF!"}},{"$f":"'[51]CRO2_Pro-Mes'!BFC3","v":0},{"$f":"'[51]CRO2_Pro-Mes'!#REF!","v":{"$error":"#REF!"}},{"$f":"'[51]CRO2_Pro-Mes'!BFE3","v":0},{"$f":"'[51]CRO2_Pro-Mes'!#REF!","v":{"$error":"#REF!"}},{"$f":"'[51]CRO2_Pro-Mes'!BFG3","v":0},{"$f":"'[51]CRO2_Pro-Mes'!#REF!","v":{"$error":"#REF!"}},{"$f":"'[51]CRO2_Pro-Mes'!BFI3","v":0},{"$f":"'[51]CRO2_Pro-Mes'!#REF!","v":{"$error":"#REF!"}},{"$f":"'[51]CRO2_Pro-Mes'!BFK3","v":0},{"$f":"'[51]CRO2_Pro-Mes'!#REF!","v":{"$error":"#REF!"}},{"$f":"'[51]CRO2_Pro-Mes'!BFM3","v":0},{"$f":"'[51]CRO2_Pro-Mes'!#REF!","v":{"$error":"#REF!"}},{"$f":"'[51]CRO2_Pro-Mes'!BFO3","v":0},{"$f":"'[51]CRO2_Pro-Mes'!#REF!","v":{"$error":"#REF!"}},{"$f":"'[51]CRO2_Pro-Mes'!BFQ3","v":0},{"$f":"'[51]CRO2_Pro-Mes'!#REF!","v":{"$error":"#REF!"}},{"$f":"'[51]CRO2_Pro-Mes'!BFS3","v":0},{"$f":"'[51]CRO2_Pro-Mes'!#REF!","v":{"$error":"#REF!"}},{"$f":"'[51]CRO2_Pro-Mes'!BFU3","v":0},{"$f":"'[51]CRO2_Pro-Mes'!#REF!","v":{"$error":"#REF!"}},{"$f":"'[51]CRO2_Pro-Mes'!BFW3","v":0},{"$f":"'[51]CRO2_Pro-Mes'!#REF!","v":{"$error":"#REF!"}},{"$f":"'[51]CRO2_Pro-Mes'!BFY3","v":0},{"$f":"'[51]CRO2_Pro-Mes'!#REF!","v":{"$error":"#REF!"}},{"$f":"'[51]CRO2_Pro-Mes'!BGA3","v":0},{"$f":"'[51]CRO2_Pro-Mes'!#REF!","v":{"$error":"#REF!"}},{"$f":"'[51]CRO2_Pro-Mes'!BGC3","v":0},{"$f":"'[51]CRO2_Pro-Mes'!#REF!","v":{"$error":"#REF!"}},{"$f":"'[51]CRO2_Pro-Mes'!BGE3","v":0},{"$f":"'[51]CRO2_Pro-Mes'!#REF!","v":{"$error":"#REF!"}},{"$f":"'[51]CRO2_Pro-Mes'!BGG3","v":0},{"$f":"'[51]CRO2_Pro-Mes'!#REF!","v":{"$error":"#REF!"}},{"$f":"'[51]CRO2_Pro-Mes'!BGI3","v":0},{"$f":"'[51]CRO2_Pro-Mes'!#REF!","v":{"$error":"#REF!"}},{"$f":"'[51]CRO2_Pro-Mes'!BGK3","v":0},{"$f":"'[51]CRO2_Pro-Mes'!#REF!","v":{"$error":"#REF!"}},{"$f":"'[51]CRO2_Pro-Mes'!BGM3","v":0},{"$f":"'[51]CRO2_Pro-Mes'!#REF!","v":{"$error":"#REF!"}},{"$f":"'[51]CRO2_Pro-Mes'!BGO3","v":0},{"$f":"'[51]CRO2_Pro-Mes'!#REF!","v":{"$error":"#REF!"}},{"$f":"'[51]CRO2_Pro-Mes'!BGQ3","v":0},{"$f":"'[51]CRO2_Pro-Mes'!#REF!","v":{"$error":"#REF!"}},{"$f":"'[51]CRO2_Pro-Mes'!BGS3","v":0},{"$f":"'[51]CRO2_Pro-Mes'!#REF!","v":{"$error":"#REF!"}},{"$f":"'[51]CRO2_Pro-Mes'!BGU3","v":0},{"$f":"'[51]CRO2_Pro-Mes'!#REF!","v":{"$error":"#REF!"}},{"$f":"'[51]CRO2_Pro-Mes'!BGW3","v":0},{"$f":"'[51]CRO2_Pro-Mes'!#REF!","v":{"$error":"#REF!"}},{"$f":"'[51]CRO2_Pro-Mes'!BGY3","v":0},{"$f":"'[51]CRO2_Pro-Mes'!#REF!","v":{"$error":"#REF!"}},{"$f":"'[51]CRO2_Pro-Mes'!BHA3","v":0},{"$f":"'[51]CRO2_Pro-Mes'!#REF!","v":{"$error":"#REF!"}},{"$f":"'[51]CRO2_Pro-Mes'!BHC3","v":0},{"$f":"'[51]CRO2_Pro-Mes'!#REF!","v":{"$error":"#REF!"}},{"$f":"'[51]CRO2_Pro-Mes'!BHE3","v":0},{"$f":"'[51]CRO2_Pro-Mes'!#REF!","v":{"$error":"#REF!"}},{"$f":"'[51]CRO2_Pro-Mes'!BHG3","v":0},{"$f":"'[51]CRO2_Pro-Mes'!#REF!","v":{"$error":"#REF!"}},{"$f":"'[51]CRO2_Pro-Mes'!BHI3","v":0},{"$f":"'[51]CRO2_Pro-Mes'!#REF!","v":{"$error":"#REF!"}},{"$f":"'[51]CRO2_Pro-Mes'!BHK3","v":0},{"$f":"'[51]CRO2_Pro-Mes'!#REF!","v":{"$error":"#REF!"}},{"$f":"'[51]CRO2_Pro-Mes'!BHM3","v":0},{"$f":"'[51]CRO2_Pro-Mes'!#REF!","v":{"$error":"#REF!"}},{"$f":"'[51]CRO2_Pro-Mes'!BHO3","v":0},{"$f":"'[51]CRO2_Pro-Mes'!#REF!","v":{"$error":"#REF!"}},{"$f":"'[51]CRO2_Pro-Mes'!BHQ3","v":0},{"$f":"'[51]CRO2_Pro-Mes'!#REF!","v":{"$error":"#REF!"}},{"$f":"'[51]CRO2_Pro-Mes'!BHS3","v":0},{"$f":"'[51]CRO2_Pro-Mes'!#REF!","v":{"$error":"#REF!"}},{"$f":"'[51]CRO2_Pro-Mes'!BHU3","v":0},{"$f":"'[51]CRO2_Pro-Mes'!#REF!","v":{"$error":"#REF!"}},{"$f":"'[51]CRO2_Pro-Mes'!BHW3","v":0},{"$f":"'[51]CRO2_Pro-Mes'!#REF!","v":{"$error":"#REF!"}},{"$f":"'[51]CRO2_Pro-Mes'!BHY3","v":0},{"$f":"'[51]CRO2_Pro-Mes'!#REF!","v":{"$error":"#REF!"}},{"$f":"'[51]CRO2_Pro-Mes'!BIA3","v":0},{"$f":"'[51]CRO2_Pro-Mes'!#REF!","v":{"$error":"#REF!"}},{"$f":"'[51]CRO2_Pro-Mes'!BIC3","v":0},{"$f":"'[51]CRO2_Pro-Mes'!#REF!","v":{"$error":"#REF!"}},{"$f":"'[51]CRO2_Pro-Mes'!BIE3","v":0},{"$f":"'[51]CRO2_Pro-Mes'!#REF!","v":{"$error":"#REF!"}},{"$f":"'[51]CRO2_Pro-Mes'!BIG3","v":0},{"$f":"'[51]CRO2_Pro-Mes'!#REF!","v":{"$error":"#REF!"}},{"$f":"'[51]CRO2_Pro-Mes'!BII3","v":0},{"$f":"'[51]CRO2_Pro-Mes'!#REF!","v":{"$error":"#REF!"}},{"$f":"'[51]CRO2_Pro-Mes'!BIK3","v":0},{"$f":"'[51]CRO2_Pro-Mes'!#REF!","v":{"$error":"#REF!"}},{"$f":"'[51]CRO2_Pro-Mes'!BIM3","v":0},{"$f":"'[51]CRO2_Pro-Mes'!#REF!","v":{"$error":"#REF!"}},{"$f":"'[51]CRO2_Pro-Mes'!BIO3","v":0},{"$f":"'[51]CRO2_Pro-Mes'!#REF!","v":{"$error":"#REF!"}},{"$f":"'[51]CRO2_Pro-Mes'!BIQ3","v":0},{"$f":"'[51]CRO2_Pro-Mes'!#REF!","v":{"$error":"#REF!"}},{"$f":"'[51]CRO2_Pro-Mes'!BIS3","v":0},{"$f":"'[51]CRO2_Pro-Mes'!#REF!","v":{"$error":"#REF!"}},{"$f":"'[51]CRO2_Pro-Mes'!BIU3","v":0},{"$f":"'[51]CRO2_Pro-Mes'!#REF!","v":{"$error":"#REF!"}},{"$f":"'[51]CRO2_Pro-Mes'!BIW3","v":0},{"$f":"'[51]CRO2_Pro-Mes'!#REF!","v":{"$error":"#REF!"}},{"$f":"'[51]CRO2_Pro-Mes'!BIY3","v":0},{"$f":"'[51]CRO2_Pro-Mes'!#REF!","v":{"$error":"#REF!"}},{"$f":"'[51]CRO2_Pro-Mes'!BJA3","v":0},{"$f":"'[51]CRO2_Pro-Mes'!#REF!","v":{"$error":"#REF!"}},{"$f":"'[51]CRO2_Pro-Mes'!BJC3","v":0},{"$f":"'[51]CRO2_Pro-Mes'!#REF!","v":{"$error":"#REF!"}},{"$f":"'[51]CRO2_Pro-Mes'!BJE3","v":0},{"$f":"'[51]CRO2_Pro-Mes'!#REF!","v":{"$error":"#REF!"}},{"$f":"'[51]CRO2_Pro-Mes'!BJG3","v":0},{"$f":"'[51]CRO2_Pro-Mes'!#REF!","v":{"$error":"#REF!"}},{"$f":"'[51]CRO2_Pro-Mes'!BJI3","v":0},{"$f":"'[51]CRO2_Pro-Mes'!#REF!","v":{"$error":"#REF!"}},{"$f":"'[51]CRO2_Pro-Mes'!BJK3","v":0},{"$f":"'[51]CRO2_Pro-Mes'!#REF!","v":{"$error":"#REF!"}},{"$f":"'[51]CRO2_Pro-Mes'!BJM3","v":0},{"$f":"'[51]CRO2_Pro-Mes'!#REF!","v":{"$error":"#REF!"}},{"$f":"'[51]CRO2_Pro-Mes'!BJO3","v":0},{"$f":"'[51]CRO2_Pro-Mes'!#REF!","v":{"$error":"#REF!"}},{"$f":"'[51]CRO2_Pro-Mes'!BJQ3","v":0},{"$f":"'[51]CRO2_Pro-Mes'!#REF!","v":{"$error":"#REF!"}},{"$f":"'[51]CRO2_Pro-Mes'!BJS3","v":0},{"$f":"'[51]CRO2_Pro-Mes'!#REF!","v":{"$error":"#REF!"}},{"$f":"'[51]CRO2_Pro-Mes'!BJU3","v":0},{"$f":"'[51]CRO2_Pro-Mes'!#REF!","v":{"$error":"#REF!"}},{"$f":"'[51]CRO2_Pro-Mes'!BJW3","v":0},{"$f":"'[51]CRO2_Pro-Mes'!#REF!","v":{"$error":"#REF!"}},{"$f":"'[51]CRO2_Pro-Mes'!BJY3","v":0},{"$f":"'[51]CRO2_Pro-Mes'!#REF!","v":{"$error":"#REF!"}},{"$f":"'[51]CRO2_Pro-Mes'!BKA3","v":0},{"$f":"'[51]CRO2_Pro-Mes'!#REF!","v":{"$error":"#REF!"}},{"$f":"'[51]CRO2_Pro-Mes'!BKC3","v":0},{"$f":"'[51]CRO2_Pro-Mes'!#REF!","v":{"$error":"#REF!"}},{"$f":"'[51]CRO2_Pro-Mes'!BKE3","v":0},{"$f":"'[51]CRO2_Pro-Mes'!#REF!","v":{"$error":"#REF!"}},{"$f":"'[51]CRO2_Pro-Mes'!BKG3","v":0},{"$f":"'[51]CRO2_Pro-Mes'!#REF!","v":{"$error":"#REF!"}},{"$f":"'[51]CRO2_Pro-Mes'!BKI3","v":0},{"$f":"'[51]CRO2_Pro-Mes'!#REF!","v":{"$error":"#REF!"}},{"$f":"'[51]CRO2_Pro-Mes'!BKK3","v":0},{"$f":"'[51]CRO2_Pro-Mes'!#REF!","v":{"$error":"#REF!"}},{"$f":"'[51]CRO2_Pro-Mes'!BKM3","v":0},{"$f":"'[51]CRO2_Pro-Mes'!#REF!","v":{"$error":"#REF!"}},{"$f":"'[51]CRO2_Pro-Mes'!BKO3","v":0},{"$f":"'[51]CRO2_Pro-Mes'!#REF!","v":{"$error":"#REF!"}},{"$f":"'[51]CRO2_Pro-Mes'!BKQ3","v":0},{"$f":"'[51]CRO2_Pro-Mes'!#REF!","v":{"$error":"#REF!"}},{"$f":"'[51]CRO2_Pro-Mes'!BKS3","v":0},{"$f":"'[51]CRO2_Pro-Mes'!#REF!","v":{"$error":"#REF!"}},{"$f":"'[51]CRO2_Pro-Mes'!BKU3","v":0},{"$f":"'[51]CRO2_Pro-Mes'!#REF!","v":{"$error":"#REF!"}},{"$f":"'[51]CRO2_Pro-Mes'!BKW3","v":0},{"$f":"'[51]CRO2_Pro-Mes'!#REF!","v":{"$error":"#REF!"}},{"$f":"'[51]CRO2_Pro-Mes'!BKY3","v":0},{"$f":"'[51]CRO2_Pro-Mes'!#REF!","v":{"$error":"#REF!"}},{"$f":"'[51]CRO2_Pro-Mes'!BLA3","v":0},{"$f":"'[51]CRO2_Pro-Mes'!#REF!","v":{"$error":"#REF!"}},{"$f":"'[51]CRO2_Pro-Mes'!BLC3","v":0},{"$f":"'[51]CRO2_Pro-Mes'!#REF!","v":{"$error":"#REF!"}},{"$f":"'[51]CRO2_Pro-Mes'!BLE3","v":0},{"$f":"'[51]CRO2_Pro-Mes'!#REF!","v":{"$error":"#REF!"}},{"$f":"'[51]CRO2_Pro-Mes'!BLG3","v":0},{"$f":"'[51]CRO2_Pro-Mes'!#REF!","v":{"$error":"#REF!"}},{"$f":"'[51]CRO2_Pro-Mes'!BLI3","v":0},{"$f":"'[51]CRO2_Pro-Mes'!#REF!","v":{"$error":"#REF!"}},{"$f":"'[51]CRO2_Pro-Mes'!BLK3","v":0},{"$f":"'[51]CRO2_Pro-Mes'!#REF!","v":{"$error":"#REF!"}},{"$f":"'[51]CRO2_Pro-Mes'!BLM3","v":0},{"$f":"'[51]CRO2_Pro-Mes'!#REF!","v":{"$error":"#REF!"}},{"$f":"'[51]CRO2_Pro-Mes'!BLO3","v":0},{"$f":"'[51]CRO2_Pro-Mes'!#REF!","v":{"$error":"#REF!"}},{"$f":"'[51]CRO2_Pro-Mes'!BLQ3","v":0},{"$f":"'[51]CRO2_Pro-Mes'!#REF!","v":{"$error":"#REF!"}},{"$f":"'[51]CRO2_Pro-Mes'!BLS3","v":0},{"$f":"'[51]CRO2_Pro-Mes'!#REF!","v":{"$error":"#REF!"}},{"$f":"'[51]CRO2_Pro-Mes'!BLU3","v":0},{"$f":"'[51]CRO2_Pro-Mes'!#REF!","v":{"$error":"#REF!"}},{"$f":"'[51]CRO2_Pro-Mes'!BLW3","v":0},{"$f":"'[51]CRO2_Pro-Mes'!#REF!","v":{"$error":"#REF!"}},{"$f":"'[51]CRO2_Pro-Mes'!BLY3","v":0},{"$f":"'[51]CRO2_Pro-Mes'!#REF!","v":{"$error":"#REF!"}},{"$f":"'[51]CRO2_Pro-Mes'!BMA3","v":0},{"$f":"'[51]CRO2_Pro-Mes'!#REF!","v":{"$error":"#REF!"}},{"$f":"'[51]CRO2_Pro-Mes'!BMC3","v":0},{"$f":"'[51]CRO2_Pro-Mes'!#REF!","v":{"$error":"#REF!"}},{"$f":"'[51]CRO2_Pro-Mes'!BME3","v":0},{"$f":"'[51]CRO2_Pro-Mes'!#REF!","v":{"$error":"#REF!"}},{"$f":"'[51]CRO2_Pro-Mes'!BMG3","v":0},{"$f":"'[51]CRO2_Pro-Mes'!#REF!","v":{"$error":"#REF!"}},{"$f":"'[51]CRO2_Pro-Mes'!BMI3","v":0},{"$f":"'[51]CRO2_Pro-Mes'!#REF!","v":{"$error":"#REF!"}},{"$f":"'[51]CRO2_Pro-Mes'!BMK3","v":0},{"$f":"'[51]CRO2_Pro-Mes'!#REF!","v":{"$error":"#REF!"}},{"$f":"'[51]CRO2_Pro-Mes'!BMM3","v":0},{"$f":"'[51]CRO2_Pro-Mes'!#REF!","v":{"$error":"#REF!"}},{"$f":"'[51]CRO2_Pro-Mes'!BMO3","v":0},{"$f":"'[51]CRO2_Pro-Mes'!#REF!","v":{"$error":"#REF!"}},{"$f":"'[51]CRO2_Pro-Mes'!BMQ3","v":0},{"$f":"'[51]CRO2_Pro-Mes'!#REF!","v":{"$error":"#REF!"}},{"$f":"'[51]CRO2_Pro-Mes'!BMS3","v":0},{"$f":"'[51]CRO2_Pro-Mes'!#REF!","v":{"$error":"#REF!"}},{"$f":"'[51]CRO2_Pro-Mes'!BMU3","v":0},{"$f":"'[51]CRO2_Pro-Mes'!#REF!","v":{"$error":"#REF!"}},{"$f":"'[51]CRO2_Pro-Mes'!BMW3","v":0},{"$f":"'[51]CRO2_Pro-Mes'!#REF!","v":{"$error":"#REF!"}},{"$f":"'[51]CRO2_Pro-Mes'!BMY3","v":0},{"$f":"'[51]CRO2_Pro-Mes'!#REF!","v":{"$error":"#REF!"}},{"$f":"'[51]CRO2_Pro-Mes'!BNA3","v":0},{"$f":"'[51]CRO2_Pro-Mes'!#REF!","v":{"$error":"#REF!"}},{"$f":"'[51]CRO2_Pro-Mes'!BNC3","v":0},{"$f":"'[51]CRO2_Pro-Mes'!#REF!","v":{"$error":"#REF!"}},{"$f":"'[51]CRO2_Pro-Mes'!BNE3","v":0},{"$f":"'[51]CRO2_Pro-Mes'!#REF!","v":{"$error":"#REF!"}},{"$f":"'[51]CRO2_Pro-Mes'!BNG3","v":0},{"$f":"'[51]CRO2_Pro-Mes'!#REF!","v":{"$error":"#REF!"}},{"$f":"'[51]CRO2_Pro-Mes'!BNI3","v":0},{"$f":"'[51]CRO2_Pro-Mes'!#REF!","v":{"$error":"#REF!"}},{"$f":"'[51]CRO2_Pro-Mes'!BNK3","v":0},{"$f":"'[51]CRO2_Pro-Mes'!#REF!","v":{"$error":"#REF!"}},{"$f":"'[51]CRO2_Pro-Mes'!BNM3","v":0},{"$f":"'[51]CRO2_Pro-Mes'!#REF!","v":{"$error":"#REF!"}},{"$f":"'[51]CRO2_Pro-Mes'!BNO3","v":0},{"$f":"'[51]CRO2_Pro-Mes'!#REF!","v":{"$error":"#REF!"}},{"$f":"'[51]CRO2_Pro-Mes'!BNQ3","v":0},{"$f":"'[51]CRO2_Pro-Mes'!#REF!","v":{"$error":"#REF!"}},{"$f":"'[51]CRO2_Pro-Mes'!BNS3","v":0},{"$f":"'[51]CRO2_Pro-Mes'!#REF!","v":{"$error":"#REF!"}},{"$f":"'[51]CRO2_Pro-Mes'!BNU3","v":0},{"$f":"'[51]CRO2_Pro-Mes'!#REF!","v":{"$error":"#REF!"}},{"$f":"'[51]CRO2_Pro-Mes'!BNW3","v":0},{"$f":"'[51]CRO2_Pro-Mes'!#REF!","v":{"$error":"#REF!"}},{"$f":"'[51]CRO2_Pro-Mes'!BNY3","v":0},{"$f":"'[51]CRO2_Pro-Mes'!#REF!","v":{"$error":"#REF!"}},{"$f":"'[51]CRO2_Pro-Mes'!BOA3","v":0},{"$f":"'[51]CRO2_Pro-Mes'!#REF!","v":{"$error":"#REF!"}},{"$f":"'[51]CRO2_Pro-Mes'!BOC3","v":0},{"$f":"'[51]CRO2_Pro-Mes'!#REF!","v":{"$error":"#REF!"}},{"$f":"'[51]CRO2_Pro-Mes'!BOE3","v":0},{"$f":"'[51]CRO2_Pro-Mes'!#REF!","v":{"$error":"#REF!"}},{"$f":"'[51]CRO2_Pro-Mes'!BOG3","v":0},{"$f":"'[51]CRO2_Pro-Mes'!#REF!","v":{"$error":"#REF!"}},{"$f":"'[51]CRO2_Pro-Mes'!BOI3","v":0},{"$f":"'[51]CRO2_Pro-Mes'!#REF!","v":{"$error":"#REF!"}},{"$f":"'[51]CRO2_Pro-Mes'!BOK3","v":0},{"$f":"'[51]CRO2_Pro-Mes'!#REF!","v":{"$error":"#REF!"}},{"$f":"'[51]CRO2_Pro-Mes'!BOM3","v":0},{"$f":"'[51]CRO2_Pro-Mes'!#REF!","v":{"$error":"#REF!"}},{"$f":"'[51]CRO2_Pro-Mes'!BOO3","v":0},{"$f":"'[51]CRO2_Pro-Mes'!#REF!","v":{"$error":"#REF!"}},{"$f":"'[51]CRO2_Pro-Mes'!BOQ3","v":0},{"$f":"'[51]CRO2_Pro-Mes'!#REF!","v":{"$error":"#REF!"}},{"$f":"'[51]CRO2_Pro-Mes'!BOS3","v":0},{"$f":"'[51]CRO2_Pro-Mes'!#REF!","v":{"$error":"#REF!"}},{"$f":"'[51]CRO2_Pro-Mes'!BOU3","v":0},{"$f":"'[51]CRO2_Pro-Mes'!#REF!","v":{"$error":"#REF!"}},{"$f":"'[51]CRO2_Pro-Mes'!BOW3","v":0},{"$f":"'[51]CRO2_Pro-Mes'!#REF!","v":{"$error":"#REF!"}},{"$f":"'[51]CRO2_Pro-Mes'!BOY3","v":0},{"$f":"'[51]CRO2_Pro-Mes'!#REF!","v":{"$error":"#REF!"}},{"$f":"'[51]CRO2_Pro-Mes'!BPA3","v":0},{"$f":"'[51]CRO2_Pro-Mes'!#REF!","v":{"$error":"#REF!"}},{"$f":"'[51]CRO2_Pro-Mes'!BPC3","v":0},{"$f":"'[51]CRO2_Pro-Mes'!#REF!","v":{"$error":"#REF!"}},{"$f":"'[51]CRO2_Pro-Mes'!BPE3","v":0},{"$f":"'[51]CRO2_Pro-Mes'!#REF!","v":{"$error":"#REF!"}},{"$f":"'[51]CRO2_Pro-Mes'!BPG3","v":0},{"$f":"'[51]CRO2_Pro-Mes'!#REF!","v":{"$error":"#REF!"}},{"$f":"'[51]CRO2_Pro-Mes'!BPI3","v":0},{"$f":"'[51]CRO2_Pro-Mes'!#REF!","v":{"$error":"#REF!"}},{"$f":"'[51]CRO2_Pro-Mes'!BPK3","v":0},{"$f":"'[51]CRO2_Pro-Mes'!#REF!","v":{"$error":"#REF!"}},{"$f":"'[51]CRO2_Pro-Mes'!BPM3","v":0},{"$f":"'[51]CRO2_Pro-Mes'!#REF!","v":{"$error":"#REF!"}},{"$f":"'[51]CRO2_Pro-Mes'!BPO3","v":0},{"$f":"'[51]CRO2_Pro-Mes'!#REF!","v":{"$error":"#REF!"}},{"$f":"'[51]CRO2_Pro-Mes'!BPQ3","v":0},{"$f":"'[51]CRO2_Pro-Mes'!#REF!","v":{"$error":"#REF!"}},{"$f":"'[51]CRO2_Pro-Mes'!BPS3","v":0},{"$f":"'[51]CRO2_Pro-Mes'!#REF!","v":{"$error":"#REF!"}},{"$f":"'[51]CRO2_Pro-Mes'!BPU3","v":0},{"$f":"'[51]CRO2_Pro-Mes'!#REF!","v":{"$error":"#REF!"}},{"$f":"'[51]CRO2_Pro-Mes'!BPW3","v":0},{"$f":"'[51]CRO2_Pro-Mes'!#REF!","v":{"$error":"#REF!"}},{"$f":"'[51]CRO2_Pro-Mes'!BPY3","v":0},{"$f":"'[51]CRO2_Pro-Mes'!#REF!","v":{"$error":"#REF!"}},{"$f":"'[51]CRO2_Pro-Mes'!BQA3","v":0},{"$f":"'[51]CRO2_Pro-Mes'!#REF!","v":{"$error":"#REF!"}},{"$f":"'[51]CRO2_Pro-Mes'!BQC3","v":0},{"$f":"'[51]CRO2_Pro-Mes'!#REF!","v":{"$error":"#REF!"}},{"$f":"'[51]CRO2_Pro-Mes'!BQE3","v":0},{"$f":"'[51]CRO2_Pro-Mes'!#REF!","v":{"$error":"#REF!"}},{"$f":"'[51]CRO2_Pro-Mes'!BQG3","v":0},{"$f":"'[51]CRO2_Pro-Mes'!#REF!","v":{"$error":"#REF!"}},{"$f":"'[51]CRO2_Pro-Mes'!BQI3","v":0},{"$f":"'[51]CRO2_Pro-Mes'!#REF!","v":{"$error":"#REF!"}},{"$f":"'[51]CRO2_Pro-Mes'!BQK3","v":0},{"$f":"'[51]CRO2_Pro-Mes'!#REF!","v":{"$error":"#REF!"}},{"$f":"'[51]CRO2_Pro-Mes'!BQM3","v":0},{"$f":"'[51]CRO2_Pro-Mes'!#REF!","v":{"$error":"#REF!"}},{"$f":"'[51]CRO2_Pro-Mes'!BQO3","v":0},{"$f":"'[51]CRO2_Pro-Mes'!#REF!","v":{"$error":"#REF!"}},{"$f":"'[51]CRO2_Pro-Mes'!BQQ3","v":0},{"$f":"'[51]CRO2_Pro-Mes'!#REF!","v":{"$error":"#REF!"}},{"$f":"'[51]CRO2_Pro-Mes'!BQS3","v":0},{"$f":"'[51]CRO2_Pro-Mes'!#REF!","v":{"$error":"#REF!"}},{"$f":"'[51]CRO2_Pro-Mes'!BQU3","v":0},{"$f":"'[51]CRO2_Pro-Mes'!#REF!","v":{"$error":"#REF!"}},{"$f":"'[51]CRO2_Pro-Mes'!BQW3","v":0},{"$f":"'[51]CRO2_Pro-Mes'!#REF!","v":{"$error":"#REF!"}},{"$f":"'[51]CRO2_Pro-Mes'!BQY3","v":0},{"$f":"'[51]CRO2_Pro-Mes'!#REF!","v":{"$error":"#REF!"}},{"$f":"'[51]CRO2_Pro-Mes'!BRA3","v":0},{"$f":"'[51]CRO2_Pro-Mes'!#REF!","v":{"$error":"#REF!"}},{"$f":"'[51]CRO2_Pro-Mes'!BRC3","v":0},{"$f":"'[51]CRO2_Pro-Mes'!#REF!","v":{"$error":"#REF!"}},{"$f":"'[51]CRO2_Pro-Mes'!BRE3","v":0},{"$f":"'[51]CRO2_Pro-Mes'!#REF!","v":{"$error":"#REF!"}},{"$f":"'[51]CRO2_Pro-Mes'!BRG3","v":0},{"$f":"'[51]CRO2_Pro-Mes'!#REF!","v":{"$error":"#REF!"}},{"$f":"'[51]CRO2_Pro-Mes'!BRI3","v":0},{"$f":"'[51]CRO2_Pro-Mes'!#REF!","v":{"$error":"#REF!"}},{"$f":"'[51]CRO2_Pro-Mes'!BRK3","v":0},{"$f":"'[51]CRO2_Pro-Mes'!#REF!","v":{"$error":"#REF!"}},{"$f":"'[51]CRO2_Pro-Mes'!BRM3","v":0},{"$f":"'[51]CRO2_Pro-Mes'!#REF!","v":{"$error":"#REF!"}},{"$f":"'[51]CRO2_Pro-Mes'!BRO3","v":0},{"$f":"'[51]CRO2_Pro-Mes'!#REF!","v":{"$error":"#REF!"}},{"$f":"'[51]CRO2_Pro-Mes'!BRQ3","v":0},{"$f":"'[51]CRO2_Pro-Mes'!#REF!","v":{"$error":"#REF!"}},{"$f":"'[51]CRO2_Pro-Mes'!BRS3","v":0},{"$f":"'[51]CRO2_Pro-Mes'!#REF!","v":{"$error":"#REF!"}},{"$f":"'[51]CRO2_Pro-Mes'!BRU3","v":0},{"$f":"'[51]CRO2_Pro-Mes'!#REF!","v":{"$error":"#REF!"}},{"$f":"'[51]CRO2_Pro-Mes'!BRW3","v":0},{"$f":"'[51]CRO2_Pro-Mes'!#REF!","v":{"$error":"#REF!"}},{"$f":"'[51]CRO2_Pro-Mes'!BRY3","v":0},{"$f":"'[51]CRO2_Pro-Mes'!#REF!","v":{"$error":"#REF!"}},{"$f":"'[51]CRO2_Pro-Mes'!BSA3","v":0},{"$f":"'[51]CRO2_Pro-Mes'!#REF!","v":{"$error":"#REF!"}},{"$f":"'[51]CRO2_Pro-Mes'!BSC3","v":0},{"$f":"'[51]CRO2_Pro-Mes'!#REF!","v":{"$error":"#REF!"}},{"$f":"'[51]CRO2_Pro-Mes'!BSE3","v":0},{"$f":"'[51]CRO2_Pro-Mes'!#REF!","v":{"$error":"#REF!"}},{"$f":"'[51]CRO2_Pro-Mes'!BSG3","v":0},{"$f":"'[51]CRO2_Pro-Mes'!#REF!","v":{"$error":"#REF!"}},{"$f":"'[51]CRO2_Pro-Mes'!BSI3","v":0},{"$f":"'[51]CRO2_Pro-Mes'!#REF!","v":{"$error":"#REF!"}},{"$f":"'[51]CRO2_Pro-Mes'!BSK3","v":0},{"$f":"'[51]CRO2_Pro-Mes'!#REF!","v":{"$error":"#REF!"}},{"$f":"'[51]CRO2_Pro-Mes'!BSM3","v":0},{"$f":"'[51]CRO2_Pro-Mes'!#REF!","v":{"$error":"#REF!"}},{"$f":"'[51]CRO2_Pro-Mes'!BSO3","v":0},{"$f":"'[51]CRO2_Pro-Mes'!#REF!","v":{"$error":"#REF!"}},{"$f":"'[51]CRO2_Pro-Mes'!BSQ3","v":0},{"$f":"'[51]CRO2_Pro-Mes'!#REF!","v":{"$error":"#REF!"}},{"$f":"'[51]CRO2_Pro-Mes'!BSS3","v":0},{"$f":"'[51]CRO2_Pro-Mes'!#REF!","v":{"$error":"#REF!"}},{"$f":"'[51]CRO2_Pro-Mes'!BSU3","v":0},{"$f":"'[51]CRO2_Pro-Mes'!#REF!","v":{"$error":"#REF!"}},{"$f":"'[51]CRO2_Pro-Mes'!BSW3","v":0},{"$f":"'[51]CRO2_Pro-Mes'!#REF!","v":{"$error":"#REF!"}},{"$f":"'[51]CRO2_Pro-Mes'!BSY3","v":0},{"$f":"'[51]CRO2_Pro-Mes'!#REF!","v":{"$error":"#REF!"}},{"$f":"'[51]CRO2_Pro-Mes'!BTA3","v":0},{"$f":"'[51]CRO2_Pro-Mes'!#REF!","v":{"$error":"#REF!"}},{"$f":"'[51]CRO2_Pro-Mes'!BTC3","v":0},{"$f":"'[51]CRO2_Pro-Mes'!#REF!","v":{"$error":"#REF!"}},{"$f":"'[51]CRO2_Pro-Mes'!BTE3","v":0},{"$f":"'[51]CRO2_Pro-Mes'!#REF!","v":{"$error":"#REF!"}},{"$f":"'[51]CRO2_Pro-Mes'!BTG3","v":0},{"$f":"'[51]CRO2_Pro-Mes'!#REF!","v":{"$error":"#REF!"}},{"$f":"'[51]CRO2_Pro-Mes'!BTI3","v":0},{"$f":"'[51]CRO2_Pro-Mes'!#REF!","v":{"$error":"#REF!"}},{"$f":"'[51]CRO2_Pro-Mes'!BTK3","v":0},{"$f":"'[51]CRO2_Pro-Mes'!#REF!","v":{"$error":"#REF!"}},{"$f":"'[51]CRO2_Pro-Mes'!BTM3","v":0},{"$f":"'[51]CRO2_Pro-Mes'!#REF!","v":{"$error":"#REF!"}},{"$f":"'[51]CRO2_Pro-Mes'!BTO3","v":0},{"$f":"'[51]CRO2_Pro-Mes'!#REF!","v":{"$error":"#REF!"}},{"$f":"'[51]CRO2_Pro-Mes'!BTQ3","v":0},{"$f":"'[51]CRO2_Pro-Mes'!#REF!","v":{"$error":"#REF!"}},{"$f":"'[51]CRO2_Pro-Mes'!BTS3","v":0},{"$f":"'[51]CRO2_Pro-Mes'!#REF!","v":{"$error":"#REF!"}},{"$f":"'[51]CRO2_Pro-Mes'!BTU3","v":0},{"$f":"'[51]CRO2_Pro-Mes'!#REF!","v":{"$error":"#REF!"}},{"$f":"'[51]CRO2_Pro-Mes'!BTW3","v":0},{"$f":"'[51]CRO2_Pro-Mes'!#REF!","v":{"$error":"#REF!"}},{"$f":"'[51]CRO2_Pro-Mes'!BTY3","v":0},{"$f":"'[51]CRO2_Pro-Mes'!#REF!","v":{"$error":"#REF!"}},{"$f":"'[51]CRO2_Pro-Mes'!BUA3","v":0},{"$f":"'[51]CRO2_Pro-Mes'!#REF!","v":{"$error":"#REF!"}},{"$f":"'[51]CRO2_Pro-Mes'!BUC3","v":0},{"$f":"'[51]CRO2_Pro-Mes'!#REF!","v":{"$error":"#REF!"}},{"$f":"'[51]CRO2_Pro-Mes'!BUE3","v":0},{"$f":"'[51]CRO2_Pro-Mes'!#REF!","v":{"$error":"#REF!"}},{"$f":"'[51]CRO2_Pro-Mes'!BUG3","v":0},{"$f":"'[51]CRO2_Pro-Mes'!#REF!","v":{"$error":"#REF!"}},{"$f":"'[51]CRO2_Pro-Mes'!BUI3","v":0},{"$f":"'[51]CRO2_Pro-Mes'!#REF!","v":{"$error":"#REF!"}},{"$f":"'[51]CRO2_Pro-Mes'!BUK3","v":0},{"$f":"'[51]CRO2_Pro-Mes'!#REF!","v":{"$error":"#REF!"}},{"$f":"'[51]CRO2_Pro-Mes'!BUM3","v":0},{"$f":"'[51]CRO2_Pro-Mes'!#REF!","v":{"$error":"#REF!"}},{"$f":"'[51]CRO2_Pro-Mes'!BUO3","v":0},{"$f":"'[51]CRO2_Pro-Mes'!#REF!","v":{"$error":"#REF!"}},{"$f":"'[51]CRO2_Pro-Mes'!BUQ3","v":0},{"$f":"'[51]CRO2_Pro-Mes'!#REF!","v":{"$error":"#REF!"}},{"$f":"'[51]CRO2_Pro-Mes'!BUS3","v":0},{"$f":"'[51]CRO2_Pro-Mes'!#REF!","v":{"$error":"#REF!"}},{"$f":"'[51]CRO2_Pro-Mes'!BUU3","v":0},{"$f":"'[51]CRO2_Pro-Mes'!#REF!","v":{"$error":"#REF!"}},{"$f":"'[51]CRO2_Pro-Mes'!BUW3","v":0},{"$f":"'[51]CRO2_Pro-Mes'!#REF!","v":{"$error":"#REF!"}},{"$f":"'[51]CRO2_Pro-Mes'!BUY3","v":0},{"$f":"'[51]CRO2_Pro-Mes'!#REF!","v":{"$error":"#REF!"}},{"$f":"'[51]CRO2_Pro-Mes'!BVA3","v":0},{"$f":"'[51]CRO2_Pro-Mes'!#REF!","v":{"$error":"#REF!"}},{"$f":"'[51]CRO2_Pro-Mes'!BVC3","v":0},{"$f":"'[51]CRO2_Pro-Mes'!#REF!","v":{"$error":"#REF!"}},{"$f":"'[51]CRO2_Pro-Mes'!BVE3","v":0},{"$f":"'[51]CRO2_Pro-Mes'!#REF!","v":{"$error":"#REF!"}},{"$f":"'[51]CRO2_Pro-Mes'!BVG3","v":0},{"$f":"'[51]CRO2_Pro-Mes'!#REF!","v":{"$error":"#REF!"}},{"$f":"'[51]CRO2_Pro-Mes'!BVI3","v":0},{"$f":"'[51]CRO2_Pro-Mes'!#REF!","v":{"$error":"#REF!"}},{"$f":"'[51]CRO2_Pro-Mes'!BVK3","v":0},{"$f":"'[51]CRO2_Pro-Mes'!#REF!","v":{"$error":"#REF!"}},{"$f":"'[51]CRO2_Pro-Mes'!BVM3","v":0},{"$f":"'[51]CRO2_Pro-Mes'!#REF!","v":{"$error":"#REF!"}},{"$f":"'[51]CRO2_Pro-Mes'!BVO3","v":0},{"$f":"'[51]CRO2_Pro-Mes'!#REF!","v":{"$error":"#REF!"}},{"$f":"'[51]CRO2_Pro-Mes'!BVQ3","v":0},{"$f":"'[51]CRO2_Pro-Mes'!#REF!","v":{"$error":"#REF!"}},{"$f":"'[51]CRO2_Pro-Mes'!BVS3","v":0},{"$f":"'[51]CRO2_Pro-Mes'!#REF!","v":{"$error":"#REF!"}},{"$f":"'[51]CRO2_Pro-Mes'!BVU3","v":0},{"$f":"'[51]CRO2_Pro-Mes'!#REF!","v":{"$error":"#REF!"}},{"$f":"'[51]CRO2_Pro-Mes'!BVW3","v":0},{"$f":"'[51]CRO2_Pro-Mes'!#REF!","v":{"$error":"#REF!"}},{"$f":"'[51]CRO2_Pro-Mes'!BVY3","v":0},{"$f":"'[51]CRO2_Pro-Mes'!#REF!","v":{"$error":"#REF!"}},{"$f":"'[51]CRO2_Pro-Mes'!BWA3","v":0},{"$f":"'[51]CRO2_Pro-Mes'!#REF!","v":{"$error":"#REF!"}},{"$f":"'[51]CRO2_Pro-Mes'!BWC3","v":0},{"$f":"'[51]CRO2_Pro-Mes'!#REF!","v":{"$error":"#REF!"}},{"$f":"'[51]CRO2_Pro-Mes'!BWE3","v":0},{"$f":"'[51]CRO2_Pro-Mes'!#REF!","v":{"$error":"#REF!"}},{"$f":"'[51]CRO2_Pro-Mes'!BWG3","v":0},{"$f":"'[51]CRO2_Pro-Mes'!#REF!","v":{"$error":"#REF!"}},{"$f":"'[51]CRO2_Pro-Mes'!BWI3","v":0},{"$f":"'[51]CRO2_Pro-Mes'!#REF!","v":{"$error":"#REF!"}},{"$f":"'[51]CRO2_Pro-Mes'!BWK3","v":0},{"$f":"'[51]CRO2_Pro-Mes'!#REF!","v":{"$error":"#REF!"}},{"$f":"'[51]CRO2_Pro-Mes'!BWM3","v":0},{"$f":"'[51]CRO2_Pro-Mes'!#REF!","v":{"$error":"#REF!"}},{"$f":"'[51]CRO2_Pro-Mes'!BWO3","v":0},{"$f":"'[51]CRO2_Pro-Mes'!#REF!","v":{"$error":"#REF!"}},{"$f":"'[51]CRO2_Pro-Mes'!BWQ3","v":0},{"$f":"'[51]CRO2_Pro-Mes'!#REF!","v":{"$error":"#REF!"}},{"$f":"'[51]CRO2_Pro-Mes'!BWS3","v":0},{"$f":"'[51]CRO2_Pro-Mes'!#REF!","v":{"$error":"#REF!"}},{"$f":"'[51]CRO2_Pro-Mes'!BWU3","v":0},{"$f":"'[51]CRO2_Pro-Mes'!#REF!","v":{"$error":"#REF!"}},{"$f":"'[51]CRO2_Pro-Mes'!BWW3","v":0},{"$f":"'[51]CRO2_Pro-Mes'!#REF!","v":{"$error":"#REF!"}},{"$f":"'[51]CRO2_Pro-Mes'!BWY3","v":0},{"$f":"'[51]CRO2_Pro-Mes'!#REF!","v":{"$error":"#REF!"}},{"$f":"'[51]CRO2_Pro-Mes'!BXA3","v":0},{"$f":"'[51]CRO2_Pro-Mes'!#REF!","v":{"$error":"#REF!"}},{"$f":"'[51]CRO2_Pro-Mes'!BXC3","v":0},{"$f":"'[51]CRO2_Pro-Mes'!#REF!","v":{"$error":"#REF!"}},{"$f":"'[51]CRO2_Pro-Mes'!BXE3","v":0},{"$f":"'[51]CRO2_Pro-Mes'!#REF!","v":{"$error":"#REF!"}},{"$f":"'[51]CRO2_Pro-Mes'!BXG3","v":0},{"$f":"'[51]CRO2_Pro-Mes'!#REF!","v":{"$error":"#REF!"}},{"$f":"'[51]CRO2_Pro-Mes'!BXI3","v":0},{"$f":"'[51]CRO2_Pro-Mes'!#REF!","v":{"$error":"#REF!"}},{"$f":"'[51]CRO2_Pro-Mes'!BXK3","v":0},{"$f":"'[51]CRO2_Pro-Mes'!#REF!","v":{"$error":"#REF!"}},{"$f":"'[51]CRO2_Pro-Mes'!BXM3","v":0},{"$f":"'[51]CRO2_Pro-Mes'!#REF!","v":{"$error":"#REF!"}},{"$f":"'[51]CRO2_Pro-Mes'!BXO3","v":0},{"$f":"'[51]CRO2_Pro-Mes'!#REF!","v":{"$error":"#REF!"}},{"$f":"'[51]CRO2_Pro-Mes'!BXQ3","v":0},{"$f":"'[51]CRO2_Pro-Mes'!#REF!","v":{"$error":"#REF!"}},{"$f":"'[51]CRO2_Pro-Mes'!BXS3","v":0},{"$f":"'[51]CRO2_Pro-Mes'!#REF!","v":{"$error":"#REF!"}},{"$f":"'[51]CRO2_Pro-Mes'!BXU3","v":0},{"$f":"'[51]CRO2_Pro-Mes'!#REF!","v":{"$error":"#REF!"}},{"$f":"'[51]CRO2_Pro-Mes'!BXW3","v":0},{"$f":"'[51]CRO2_Pro-Mes'!#REF!","v":{"$error":"#REF!"}},{"$f":"'[51]CRO2_Pro-Mes'!BXY3","v":0},{"$f":"'[51]CRO2_Pro-Mes'!#REF!","v":{"$error":"#REF!"}},{"$f":"'[51]CRO2_Pro-Mes'!BYA3","v":0},{"$f":"'[51]CRO2_Pro-Mes'!#REF!","v":{"$error":"#REF!"}},{"$f":"'[51]CRO2_Pro-Mes'!BYC3","v":0},{"$f":"'[51]CRO2_Pro-Mes'!#REF!","v":{"$error":"#REF!"}},{"$f":"'[51]CRO2_Pro-Mes'!BYE3","v":0},{"$f":"'[51]CRO2_Pro-Mes'!#REF!","v":{"$error":"#REF!"}},{"$f":"'[51]CRO2_Pro-Mes'!BYG3","v":0},{"$f":"'[51]CRO2_Pro-Mes'!#REF!","v":{"$error":"#REF!"}},{"$f":"'[51]CRO2_Pro-Mes'!BYI3","v":0},{"$f":"'[51]CRO2_Pro-Mes'!#REF!","v":{"$error":"#REF!"}},{"$f":"'[51]CRO2_Pro-Mes'!BYK3","v":0},{"$f":"'[51]CRO2_Pro-Mes'!#REF!","v":{"$error":"#REF!"}},{"$f":"'[51]CRO2_Pro-Mes'!BYM3","v":0},{"$f":"'[51]CRO2_Pro-Mes'!#REF!","v":{"$error":"#REF!"}},{"$f":"'[51]CRO2_Pro-Mes'!BYO3","v":0},{"$f":"'[51]CRO2_Pro-Mes'!#REF!","v":{"$error":"#REF!"}},{"$f":"'[51]CRO2_Pro-Mes'!BYQ3","v":0},{"$f":"'[51]CRO2_Pro-Mes'!#REF!","v":{"$error":"#REF!"}},{"$f":"'[51]CRO2_Pro-Mes'!BYS3","v":0},{"$f":"'[51]CRO2_Pro-Mes'!#REF!","v":{"$error":"#REF!"}},{"$f":"'[51]CRO2_Pro-Mes'!BYU3","v":0},{"$f":"'[51]CRO2_Pro-Mes'!#REF!","v":{"$error":"#REF!"}},{"$f":"'[51]CRO2_Pro-Mes'!BYW3","v":0},{"$f":"'[51]CRO2_Pro-Mes'!#REF!","v":{"$error":"#REF!"}},{"$f":"'[51]CRO2_Pro-Mes'!BYY3","v":0},{"$f":"'[51]CRO2_Pro-Mes'!#REF!","v":{"$error":"#REF!"}},{"$f":"'[51]CRO2_Pro-Mes'!BZA3","v":0},{"$f":"'[51]CRO2_Pro-Mes'!#REF!","v":{"$error":"#REF!"}},{"$f":"'[51]CRO2_Pro-Mes'!BZC3","v":0},{"$f":"'[51]CRO2_Pro-Mes'!#REF!","v":{"$error":"#REF!"}},{"$f":"'[51]CRO2_Pro-Mes'!BZE3","v":0},{"$f":"'[51]CRO2_Pro-Mes'!#REF!","v":{"$error":"#REF!"}},{"$f":"'[51]CRO2_Pro-Mes'!BZG3","v":0},{"$f":"'[51]CRO2_Pro-Mes'!#REF!","v":{"$error":"#REF!"}},{"$f":"'[51]CRO2_Pro-Mes'!BZI3","v":0},{"$f":"'[51]CRO2_Pro-Mes'!#REF!","v":{"$error":"#REF!"}},{"$f":"'[51]CRO2_Pro-Mes'!BZK3","v":0},{"$f":"'[51]CRO2_Pro-Mes'!#REF!","v":{"$error":"#REF!"}},{"$f":"'[51]CRO2_Pro-Mes'!BZM3","v":0},{"$f":"'[51]CRO2_Pro-Mes'!#REF!","v":{"$error":"#REF!"}},{"$f":"'[51]CRO2_Pro-Mes'!BZO3","v":0},{"$f":"'[51]CRO2_Pro-Mes'!#REF!","v":{"$error":"#REF!"}},{"$f":"'[51]CRO2_Pro-Mes'!BZQ3","v":0},{"$f":"'[51]CRO2_Pro-Mes'!#REF!","v":{"$error":"#REF!"}},{"$f":"'[51]CRO2_Pro-Mes'!BZS3","v":0},{"$f":"'[51]CRO2_Pro-Mes'!#REF!","v":{"$error":"#REF!"}},{"$f":"'[51]CRO2_Pro-Mes'!BZU3","v":0},{"$f":"'[51]CRO2_Pro-Mes'!#REF!","v":{"$error":"#REF!"}},{"$f":"'[51]CRO2_Pro-Mes'!BZW3","v":0},{"$f":"'[51]CRO2_Pro-Mes'!#REF!","v":{"$error":"#REF!"}},{"$f":"'[51]CRO2_Pro-Mes'!BZY3","v":0},{"$f":"'[51]CRO2_Pro-Mes'!#REF!","v":{"$error":"#REF!"}},{"$f":"'[51]CRO2_Pro-Mes'!CAA3","v":0},{"$f":"'[51]CRO2_Pro-Mes'!#REF!","v":{"$error":"#REF!"}},{"$f":"'[51]CRO2_Pro-Mes'!CAC3","v":0},{"$f":"'[51]CRO2_Pro-Mes'!#REF!","v":{"$error":"#REF!"}},{"$f":"'[51]CRO2_Pro-Mes'!CAE3","v":0},{"$f":"'[51]CRO2_Pro-Mes'!#REF!","v":{"$error":"#REF!"}},{"$f":"'[51]CRO2_Pro-Mes'!CAG3","v":0},{"$f":"'[51]CRO2_Pro-Mes'!#REF!","v":{"$error":"#REF!"}},{"$f":"'[51]CRO2_Pro-Mes'!CAI3","v":0},{"$f":"'[51]CRO2_Pro-Mes'!#REF!","v":{"$error":"#REF!"}},{"$f":"'[51]CRO2_Pro-Mes'!CAK3","v":0},{"$f":"'[51]CRO2_Pro-Mes'!#REF!","v":{"$error":"#REF!"}},{"$f":"'[51]CRO2_Pro-Mes'!CAM3","v":0},{"$f":"'[51]CRO2_Pro-Mes'!#REF!","v":{"$error":"#REF!"}},{"$f":"'[51]CRO2_Pro-Mes'!CAO3","v":0},{"$f":"'[51]CRO2_Pro-Mes'!#REF!","v":{"$error":"#REF!"}},{"$f":"'[51]CRO2_Pro-Mes'!CAQ3","v":0},{"$f":"'[51]CRO2_Pro-Mes'!#REF!","v":{"$error":"#REF!"}},{"$f":"'[51]CRO2_Pro-Mes'!CAS3","v":0},{"$f":"'[51]CRO2_Pro-Mes'!#REF!","v":{"$error":"#REF!"}},{"$f":"'[51]CRO2_Pro-Mes'!CAU3","v":0},{"$f":"'[51]CRO2_Pro-Mes'!#REF!","v":{"$error":"#REF!"}},{"$f":"'[51]CRO2_Pro-Mes'!CAW3","v":0},{"$f":"'[51]CRO2_Pro-Mes'!#REF!","v":{"$error":"#REF!"}},{"$f":"'[51]CRO2_Pro-Mes'!CAY3","v":0},{"$f":"'[51]CRO2_Pro-Mes'!#REF!","v":{"$error":"#REF!"}},{"$f":"'[51]CRO2_Pro-Mes'!CBA3","v":0},{"$f":"'[51]CRO2_Pro-Mes'!#REF!","v":{"$error":"#REF!"}},{"$f":"'[51]CRO2_Pro-Mes'!CBC3","v":0},{"$f":"'[51]CRO2_Pro-Mes'!#REF!","v":{"$error":"#REF!"}},{"$f":"'[51]CRO2_Pro-Mes'!CBE3","v":0},{"$f":"'[51]CRO2_Pro-Mes'!#REF!","v":{"$error":"#REF!"}},{"$f":"'[51]CRO2_Pro-Mes'!CBG3","v":0},{"$f":"'[51]CRO2_Pro-Mes'!#REF!","v":{"$error":"#REF!"}},{"$f":"'[51]CRO2_Pro-Mes'!CBI3","v":0},{"$f":"'[51]CRO2_Pro-Mes'!#REF!","v":{"$error":"#REF!"}},{"$f":"'[51]CRO2_Pro-Mes'!CBK3","v":0},{"$f":"'[51]CRO2_Pro-Mes'!#REF!","v":{"$error":"#REF!"}},{"$f":"'[51]CRO2_Pro-Mes'!CBM3","v":0},{"$f":"'[51]CRO2_Pro-Mes'!#REF!","v":{"$error":"#REF!"}},{"$f":"'[51]CRO2_Pro-Mes'!CBO3","v":0},{"$f":"'[51]CRO2_Pro-Mes'!#REF!","v":{"$error":"#REF!"}},{"$f":"'[51]CRO2_Pro-Mes'!CBQ3","v":0},{"$f":"'[51]CRO2_Pro-Mes'!#REF!","v":{"$error":"#REF!"}},{"$f":"'[51]CRO2_Pro-Mes'!CBS3","v":0},{"$f":"'[51]CRO2_Pro-Mes'!#REF!","v":{"$error":"#REF!"}},{"$f":"'[51]CRO2_Pro-Mes'!CBU3","v":0},{"$f":"'[51]CRO2_Pro-Mes'!#REF!","v":{"$error":"#REF!"}},{"$f":"'[51]CRO2_Pro-Mes'!CBW3","v":0},{"$f":"'[51]CRO2_Pro-Mes'!#REF!","v":{"$error":"#REF!"}},{"$f":"'[51]CRO2_Pro-Mes'!CBY3","v":0},{"$f":"'[51]CRO2_Pro-Mes'!#REF!","v":{"$error":"#REF!"}},{"$f":"'[51]CRO2_Pro-Mes'!CCA3","v":0},{"$f":"'[51]CRO2_Pro-Mes'!#REF!","v":{"$error":"#REF!"}},{"$f":"'[51]CRO2_Pro-Mes'!CCC3","v":0},{"$f":"'[51]CRO2_Pro-Mes'!#REF!","v":{"$error":"#REF!"}},{"$f":"'[51]CRO2_Pro-Mes'!CCE3","v":0},{"$f":"'[51]CRO2_Pro-Mes'!#REF!","v":{"$error":"#REF!"}},{"$f":"'[51]CRO2_Pro-Mes'!CCG3","v":0},{"$f":"'[51]CRO2_Pro-Mes'!#REF!","v":{"$error":"#REF!"}},{"$f":"'[51]CRO2_Pro-Mes'!CCI3","v":0},{"$f":"'[51]CRO2_Pro-Mes'!#REF!","v":{"$error":"#REF!"}},{"$f":"'[51]CRO2_Pro-Mes'!CCK3","v":0},{"$f":"'[51]CRO2_Pro-Mes'!#REF!","v":{"$error":"#REF!"}},{"$f":"'[51]CRO2_Pro-Mes'!CCM3","v":0},{"$f":"'[51]CRO2_Pro-Mes'!#REF!","v":{"$error":"#REF!"}},{"$f":"'[51]CRO2_Pro-Mes'!CCO3","v":0},{"$f":"'[51]CRO2_Pro-Mes'!#REF!","v":{"$error":"#REF!"}},{"$f":"'[51]CRO2_Pro-Mes'!CCQ3","v":0},{"$f":"'[51]CRO2_Pro-Mes'!#REF!","v":{"$error":"#REF!"}},{"$f":"'[51]CRO2_Pro-Mes'!CCS3","v":0},{"$f":"'[51]CRO2_Pro-Mes'!#REF!","v":{"$error":"#REF!"}},{"$f":"'[51]CRO2_Pro-Mes'!CCU3","v":0},{"$f":"'[51]CRO2_Pro-Mes'!#REF!","v":{"$error":"#REF!"}},{"$f":"'[51]CRO2_Pro-Mes'!CCW3","v":0},{"$f":"'[51]CRO2_Pro-Mes'!#REF!","v":{"$error":"#REF!"}},{"$f":"'[51]CRO2_Pro-Mes'!CCY3","v":0},{"$f":"'[51]CRO2_Pro-Mes'!#REF!","v":{"$error":"#REF!"}},{"$f":"'[51]CRO2_Pro-Mes'!CDA3","v":0},{"$f":"'[51]CRO2_Pro-Mes'!#REF!","v":{"$error":"#REF!"}},{"$f":"'[51]CRO2_Pro-Mes'!CDC3","v":0},{"$f":"'[51]CRO2_Pro-Mes'!#REF!","v":{"$error":"#REF!"}},{"$f":"'[51]CRO2_Pro-Mes'!CDE3","v":0},{"$f":"'[51]CRO2_Pro-Mes'!#REF!","v":{"$error":"#REF!"}},{"$f":"'[51]CRO2_Pro-Mes'!CDG3","v":0},{"$f":"'[51]CRO2_Pro-Mes'!#REF!","v":{"$error":"#REF!"}},{"$f":"'[51]CRO2_Pro-Mes'!CDI3","v":0},{"$f":"'[51]CRO2_Pro-Mes'!#REF!","v":{"$error":"#REF!"}},{"$f":"'[51]CRO2_Pro-Mes'!CDK3","v":0},{"$f":"'[51]CRO2_Pro-Mes'!#REF!","v":{"$error":"#REF!"}},{"$f":"'[51]CRO2_Pro-Mes'!CDM3","v":0},{"$f":"'[51]CRO2_Pro-Mes'!#REF!","v":{"$error":"#REF!"}},{"$f":"'[51]CRO2_Pro-Mes'!CDO3","v":0},{"$f":"'[51]CRO2_Pro-Mes'!#REF!","v":{"$error":"#REF!"}},{"$f":"'[51]CRO2_Pro-Mes'!CDQ3","v":0},{"$f":"'[51]CRO2_Pro-Mes'!#REF!","v":{"$error":"#REF!"}},{"$f":"'[51]CRO2_Pro-Mes'!CDS3","v":0},{"$f":"'[51]CRO2_Pro-Mes'!#REF!","v":{"$error":"#REF!"}},{"$f":"'[51]CRO2_Pro-Mes'!CDU3","v":0},{"$f":"'[51]CRO2_Pro-Mes'!#REF!","v":{"$error":"#REF!"}},{"$f":"'[51]CRO2_Pro-Mes'!CDW3","v":0},{"$f":"'[51]CRO2_Pro-Mes'!#REF!","v":{"$error":"#REF!"}},{"$f":"'[51]CRO2_Pro-Mes'!CDY3","v":0},{"$f":"'[51]CRO2_Pro-Mes'!#REF!","v":{"$error":"#REF!"}},{"$f":"'[51]CRO2_Pro-Mes'!CEA3","v":0},{"$f":"'[51]CRO2_Pro-Mes'!#REF!","v":{"$error":"#REF!"}},{"$f":"'[51]CRO2_Pro-Mes'!CEC3","v":0},{"$f":"'[51]CRO2_Pro-Mes'!#REF!","v":{"$error":"#REF!"}},{"$f":"'[51]CRO2_Pro-Mes'!CEE3","v":0},{"$f":"'[51]CRO2_Pro-Mes'!#REF!","v":{"$error":"#REF!"}},{"$f":"'[51]CRO2_Pro-Mes'!CEG3","v":0},{"$f":"'[51]CRO2_Pro-Mes'!#REF!","v":{"$error":"#REF!"}},{"$f":"'[51]CRO2_Pro-Mes'!CEI3","v":0},{"$f":"'[51]CRO2_Pro-Mes'!#REF!","v":{"$error":"#REF!"}},{"$f":"'[51]CRO2_Pro-Mes'!CEK3","v":0},{"$f":"'[51]CRO2_Pro-Mes'!#REF!","v":{"$error":"#REF!"}},{"$f":"'[51]CRO2_Pro-Mes'!CEM3","v":0},{"$f":"'[51]CRO2_Pro-Mes'!#REF!","v":{"$error":"#REF!"}},{"$f":"'[51]CRO2_Pro-Mes'!CEO3","v":0},{"$f":"'[51]CRO2_Pro-Mes'!#REF!","v":{"$error":"#REF!"}},{"$f":"'[51]CRO2_Pro-Mes'!CEQ3","v":0},{"$f":"'[51]CRO2_Pro-Mes'!#REF!","v":{"$error":"#REF!"}},{"$f":"'[51]CRO2_Pro-Mes'!CES3","v":0},{"$f":"'[51]CRO2_Pro-Mes'!#REF!","v":{"$error":"#REF!"}},{"$f":"'[51]CRO2_Pro-Mes'!CEU3","v":0},{"$f":"'[51]CRO2_Pro-Mes'!#REF!","v":{"$error":"#REF!"}},{"$f":"'[51]CRO2_Pro-Mes'!CEW3","v":0},{"$f":"'[51]CRO2_Pro-Mes'!#REF!","v":{"$error":"#REF!"}},{"$f":"'[51]CRO2_Pro-Mes'!CEY3","v":0},{"$f":"'[51]CRO2_Pro-Mes'!#REF!","v":{"$error":"#REF!"}},{"$f":"'[51]CRO2_Pro-Mes'!CFA3","v":0},{"$f":"'[51]CRO2_Pro-Mes'!#REF!","v":{"$error":"#REF!"}},{"$f":"'[51]CRO2_Pro-Mes'!CFC3","v":0},{"$f":"'[51]CRO2_Pro-Mes'!#REF!","v":{"$error":"#REF!"}},{"$f":"'[51]CRO2_Pro-Mes'!CFE3","v":0},{"$f":"'[51]CRO2_Pro-Mes'!#REF!","v":{"$error":"#REF!"}},{"$f":"'[51]CRO2_Pro-Mes'!CFG3","v":0},{"$f":"'[51]CRO2_Pro-Mes'!#REF!","v":{"$error":"#REF!"}},{"$f":"'[51]CRO2_Pro-Mes'!CFI3","v":0},{"$f":"'[51]CRO2_Pro-Mes'!#REF!","v":{"$error":"#REF!"}},{"$f":"'[51]CRO2_Pro-Mes'!CFK3","v":0},{"$f":"'[51]CRO2_Pro-Mes'!#REF!","v":{"$error":"#REF!"}},{"$f":"'[51]CRO2_Pro-Mes'!CFM3","v":0},{"$f":"'[51]CRO2_Pro-Mes'!#REF!","v":{"$error":"#REF!"}},{"$f":"'[51]CRO2_Pro-Mes'!CFO3","v":0},{"$f":"'[51]CRO2_Pro-Mes'!#REF!","v":{"$error":"#REF!"}},{"$f":"'[51]CRO2_Pro-Mes'!CFQ3","v":0},{"$f":"'[51]CRO2_Pro-Mes'!#REF!","v":{"$error":"#REF!"}},{"$f":"'[51]CRO2_Pro-Mes'!CFS3","v":0},{"$f":"'[51]CRO2_Pro-Mes'!#REF!","v":{"$error":"#REF!"}},{"$f":"'[51]CRO2_Pro-Mes'!CFU3","v":0},{"$f":"'[51]CRO2_Pro-Mes'!#REF!","v":{"$error":"#REF!"}},{"$f":"'[51]CRO2_Pro-Mes'!CFW3","v":0},{"$f":"'[51]CRO2_Pro-Mes'!#REF!","v":{"$error":"#REF!"}},{"$f":"'[51]CRO2_Pro-Mes'!CFY3","v":0},{"$f":"'[51]CRO2_Pro-Mes'!#REF!","v":{"$error":"#REF!"}},{"$f":"'[51]CRO2_Pro-Mes'!CGA3","v":0},{"$f":"'[51]CRO2_Pro-Mes'!#REF!","v":{"$error":"#REF!"}},{"$f":"'[51]CRO2_Pro-Mes'!CGC3","v":0},{"$f":"'[51]CRO2_Pro-Mes'!#REF!","v":{"$error":"#REF!"}},{"$f":"'[51]CRO2_Pro-Mes'!CGE3","v":0},{"$f":"'[51]CRO2_Pro-Mes'!#REF!","v":{"$error":"#REF!"}},{"$f":"'[51]CRO2_Pro-Mes'!CGG3","v":0},{"$f":"'[51]CRO2_Pro-Mes'!#REF!","v":{"$error":"#REF!"}},{"$f":"'[51]CRO2_Pro-Mes'!CGI3","v":0},{"$f":"'[51]CRO2_Pro-Mes'!#REF!","v":{"$error":"#REF!"}},{"$f":"'[51]CRO2_Pro-Mes'!CGK3","v":0},{"$f":"'[51]CRO2_Pro-Mes'!#REF!","v":{"$error":"#REF!"}},{"$f":"'[51]CRO2_Pro-Mes'!CGM3","v":0},{"$f":"'[51]CRO2_Pro-Mes'!#REF!","v":{"$error":"#REF!"}},{"$f":"'[51]CRO2_Pro-Mes'!CGO3","v":0},{"$f":"'[51]CRO2_Pro-Mes'!#REF!","v":{"$error":"#REF!"}},{"$f":"'[51]CRO2_Pro-Mes'!CGQ3","v":0},{"$f":"'[51]CRO2_Pro-Mes'!#REF!","v":{"$error":"#REF!"}},{"$f":"'[51]CRO2_Pro-Mes'!CGS3","v":0},{"$f":"'[51]CRO2_Pro-Mes'!#REF!","v":{"$error":"#REF!"}},{"$f":"'[51]CRO2_Pro-Mes'!CGU3","v":0},{"$f":"'[51]CRO2_Pro-Mes'!#REF!","v":{"$error":"#REF!"}},{"$f":"'[51]CRO2_Pro-Mes'!CGW3","v":0},{"$f":"'[51]CRO2_Pro-Mes'!#REF!","v":{"$error":"#REF!"}},{"$f":"'[51]CRO2_Pro-Mes'!CGY3","v":0},{"$f":"'[51]CRO2_Pro-Mes'!#REF!","v":{"$error":"#REF!"}},{"$f":"'[51]CRO2_Pro-Mes'!CHA3","v":0},{"$f":"'[51]CRO2_Pro-Mes'!#REF!","v":{"$error":"#REF!"}},{"$f":"'[51]CRO2_Pro-Mes'!CHC3","v":0},{"$f":"'[51]CRO2_Pro-Mes'!#REF!","v":{"$error":"#REF!"}},{"$f":"'[51]CRO2_Pro-Mes'!CHE3","v":0},{"$f":"'[51]CRO2_Pro-Mes'!#REF!","v":{"$error":"#REF!"}},{"$f":"'[51]CRO2_Pro-Mes'!CHG3","v":0},{"$f":"'[51]CRO2_Pro-Mes'!#REF!","v":{"$error":"#REF!"}},{"$f":"'[51]CRO2_Pro-Mes'!CHI3","v":0},{"$f":"'[51]CRO2_Pro-Mes'!#REF!","v":{"$error":"#REF!"}},{"$f":"'[51]CRO2_Pro-Mes'!CHK3","v":0},{"$f":"'[51]CRO2_Pro-Mes'!#REF!","v":{"$error":"#REF!"}},{"$f":"'[51]CRO2_Pro-Mes'!CHM3","v":0},{"$f":"'[51]CRO2_Pro-Mes'!#REF!","v":{"$error":"#REF!"}},{"$f":"'[51]CRO2_Pro-Mes'!CHO3","v":0},{"$f":"'[51]CRO2_Pro-Mes'!#REF!","v":{"$error":"#REF!"}},{"$f":"'[51]CRO2_Pro-Mes'!CHQ3","v":0},{"$f":"'[51]CRO2_Pro-Mes'!#REF!","v":{"$error":"#REF!"}},{"$f":"'[51]CRO2_Pro-Mes'!CHS3","v":0},{"$f":"'[51]CRO2_Pro-Mes'!#REF!","v":{"$error":"#REF!"}},{"$f":"'[51]CRO2_Pro-Mes'!CHU3","v":0},{"$f":"'[51]CRO2_Pro-Mes'!#REF!","v":{"$error":"#REF!"}},{"$f":"'[51]CRO2_Pro-Mes'!CHW3","v":0},{"$f":"'[51]CRO2_Pro-Mes'!#REF!","v":{"$error":"#REF!"}},{"$f":"'[51]CRO2_Pro-Mes'!CHY3","v":0},{"$f":"'[51]CRO2_Pro-Mes'!#REF!","v":{"$error":"#REF!"}},{"$f":"'[51]CRO2_Pro-Mes'!CIA3","v":0},{"$f":"'[51]CRO2_Pro-Mes'!#REF!","v":{"$error":"#REF!"}},{"$f":"'[51]CRO2_Pro-Mes'!CIC3","v":0},{"$f":"'[51]CRO2_Pro-Mes'!#REF!","v":{"$error":"#REF!"}},{"$f":"'[51]CRO2_Pro-Mes'!CIE3","v":0},{"$f":"'[51]CRO2_Pro-Mes'!#REF!","v":{"$error":"#REF!"}},{"$f":"'[51]CRO2_Pro-Mes'!CIG3","v":0},{"$f":"'[51]CRO2_Pro-Mes'!#REF!","v":{"$error":"#REF!"}},{"$f":"'[51]CRO2_Pro-Mes'!CII3","v":0},{"$f":"'[51]CRO2_Pro-Mes'!#REF!","v":{"$error":"#REF!"}},{"$f":"'[51]CRO2_Pro-Mes'!CIK3","v":0},{"$f":"'[51]CRO2_Pro-Mes'!#REF!","v":{"$error":"#REF!"}},{"$f":"'[51]CRO2_Pro-Mes'!CIM3","v":0},{"$f":"'[51]CRO2_Pro-Mes'!#REF!","v":{"$error":"#REF!"}},{"$f":"'[51]CRO2_Pro-Mes'!CIO3","v":0},{"$f":"'[51]CRO2_Pro-Mes'!#REF!","v":{"$error":"#REF!"}},{"$f":"'[51]CRO2_Pro-Mes'!CIQ3","v":0},{"$f":"'[51]CRO2_Pro-Mes'!#REF!","v":{"$error":"#REF!"}},{"$f":"'[51]CRO2_Pro-Mes'!CIS3","v":0},{"$f":"'[51]CRO2_Pro-Mes'!#REF!","v":{"$error":"#REF!"}},{"$f":"'[51]CRO2_Pro-Mes'!CIU3","v":0},{"$f":"'[51]CRO2_Pro-Mes'!#REF!","v":{"$error":"#REF!"}},{"$f":"'[51]CRO2_Pro-Mes'!CIW3","v":0},{"$f":"'[51]CRO2_Pro-Mes'!#REF!","v":{"$error":"#REF!"}},{"$f":"'[51]CRO2_Pro-Mes'!CIY3","v":0},{"$f":"'[51]CRO2_Pro-Mes'!#REF!","v":{"$error":"#REF!"}},{"$f":"'[51]CRO2_Pro-Mes'!CJA3","v":0},{"$f":"'[51]CRO2_Pro-Mes'!#REF!","v":{"$error":"#REF!"}},{"$f":"'[51]CRO2_Pro-Mes'!CJC3","v":0},{"$f":"'[51]CRO2_Pro-Mes'!#REF!","v":{"$error":"#REF!"}},{"$f":"'[51]CRO2_Pro-Mes'!CJE3","v":0},{"$f":"'[51]CRO2_Pro-Mes'!#REF!","v":{"$error":"#REF!"}},{"$f":"'[51]CRO2_Pro-Mes'!CJG3","v":0},{"$f":"'[51]CRO2_Pro-Mes'!#REF!","v":{"$error":"#REF!"}},{"$f":"'[51]CRO2_Pro-Mes'!CJI3","v":0},{"$f":"'[51]CRO2_Pro-Mes'!#REF!","v":{"$error":"#REF!"}},{"$f":"'[51]CRO2_Pro-Mes'!CJK3","v":0},{"$f":"'[51]CRO2_Pro-Mes'!#REF!","v":{"$error":"#REF!"}},{"$f":"'[51]CRO2_Pro-Mes'!CJM3","v":0},{"$f":"'[51]CRO2_Pro-Mes'!#REF!","v":{"$error":"#REF!"}},{"$f":"'[51]CRO2_Pro-Mes'!CJO3","v":0},{"$f":"'[51]CRO2_Pro-Mes'!#REF!","v":{"$error":"#REF!"}},{"$f":"'[51]CRO2_Pro-Mes'!CJQ3","v":0},{"$f":"'[51]CRO2_Pro-Mes'!#REF!","v":{"$error":"#REF!"}},{"$f":"'[51]CRO2_Pro-Mes'!CJS3","v":0},{"$f":"'[51]CRO2_Pro-Mes'!#REF!","v":{"$error":"#REF!"}},{"$f":"'[51]CRO2_Pro-Mes'!CJU3","v":0},{"$f":"'[51]CRO2_Pro-Mes'!#REF!","v":{"$error":"#REF!"}},{"$f":"'[51]CRO2_Pro-Mes'!CJW3","v":0},{"$f":"'[51]CRO2_Pro-Mes'!#REF!","v":{"$error":"#REF!"}},{"$f":"'[51]CRO2_Pro-Mes'!CJY3","v":0},{"$f":"'[51]CRO2_Pro-Mes'!#REF!","v":{"$error":"#REF!"}},{"$f":"'[51]CRO2_Pro-Mes'!CKA3","v":0},{"$f":"'[51]CRO2_Pro-Mes'!#REF!","v":{"$error":"#REF!"}},{"$f":"'[51]CRO2_Pro-Mes'!CKC3","v":0},{"$f":"'[51]CRO2_Pro-Mes'!#REF!","v":{"$error":"#REF!"}},{"$f":"'[51]CRO2_Pro-Mes'!CKE3","v":0},{"$f":"'[51]CRO2_Pro-Mes'!#REF!","v":{"$error":"#REF!"}},{"$f":"'[51]CRO2_Pro-Mes'!CKG3","v":0},{"$f":"'[51]CRO2_Pro-Mes'!#REF!","v":{"$error":"#REF!"}},{"$f":"'[51]CRO2_Pro-Mes'!CKI3","v":0},{"$f":"'[51]CRO2_Pro-Mes'!#REF!","v":{"$error":"#REF!"}},{"$f":"'[51]CRO2_Pro-Mes'!CKK3","v":0},{"$f":"'[51]CRO2_Pro-Mes'!#REF!","v":{"$error":"#REF!"}},{"$f":"'[51]CRO2_Pro-Mes'!CKM3","v":0},{"$f":"'[51]CRO2_Pro-Mes'!#REF!","v":{"$error":"#REF!"}},{"$f":"'[51]CRO2_Pro-Mes'!CKO3","v":0},{"$f":"'[51]CRO2_Pro-Mes'!#REF!","v":{"$error":"#REF!"}},{"$f":"'[51]CRO2_Pro-Mes'!CKQ3","v":0},{"$f":"'[51]CRO2_Pro-Mes'!#REF!","v":{"$error":"#REF!"}},{"$f":"'[51]CRO2_Pro-Mes'!CKS3","v":0},{"$f":"'[51]CRO2_Pro-Mes'!#REF!","v":{"$error":"#REF!"}},{"$f":"'[51]CRO2_Pro-Mes'!CKU3","v":0},{"$f":"'[51]CRO2_Pro-Mes'!#REF!","v":{"$error":"#REF!"}},{"$f":"'[51]CRO2_Pro-Mes'!CKW3","v":0},{"$f":"'[51]CRO2_Pro-Mes'!#REF!","v":{"$error":"#REF!"}},{"$f":"'[51]CRO2_Pro-Mes'!CKY3","v":0},{"$f":"'[51]CRO2_Pro-Mes'!#REF!","v":{"$error":"#REF!"}},{"$f":"'[51]CRO2_Pro-Mes'!CLA3","v":0},{"$f":"'[51]CRO2_Pro-Mes'!#REF!","v":{"$error":"#REF!"}},{"$f":"'[51]CRO2_Pro-Mes'!CLC3","v":0},{"$f":"'[51]CRO2_Pro-Mes'!#REF!","v":{"$error":"#REF!"}},{"$f":"'[51]CRO2_Pro-Mes'!CLE3","v":0},{"$f":"'[51]CRO2_Pro-Mes'!#REF!","v":{"$error":"#REF!"}},{"$f":"'[51]CRO2_Pro-Mes'!CLG3","v":0},{"$f":"'[51]CRO2_Pro-Mes'!#REF!","v":{"$error":"#REF!"}},{"$f":"'[51]CRO2_Pro-Mes'!CLI3","v":0},{"$f":"'[51]CRO2_Pro-Mes'!#REF!","v":{"$error":"#REF!"}},{"$f":"'[51]CRO2_Pro-Mes'!CLK3","v":0},{"$f":"'[51]CRO2_Pro-Mes'!#REF!","v":{"$error":"#REF!"}},{"$f":"'[51]CRO2_Pro-Mes'!CLM3","v":0},{"$f":"'[51]CRO2_Pro-Mes'!#REF!","v":{"$error":"#REF!"}},{"$f":"'[51]CRO2_Pro-Mes'!CLO3","v":0},{"$f":"'[51]CRO2_Pro-Mes'!#REF!","v":{"$error":"#REF!"}},{"$f":"'[51]CRO2_Pro-Mes'!CLQ3","v":0},{"$f":"'[51]CRO2_Pro-Mes'!#REF!","v":{"$error":"#REF!"}},{"$f":"'[51]CRO2_Pro-Mes'!CLS3","v":0},{"$f":"'[51]CRO2_Pro-Mes'!#REF!","v":{"$error":"#REF!"}},{"$f":"'[51]CRO2_Pro-Mes'!CLU3","v":0},{"$f":"'[51]CRO2_Pro-Mes'!#REF!","v":{"$error":"#REF!"}},{"$f":"'[51]CRO2_Pro-Mes'!CLW3","v":0},{"$f":"'[51]CRO2_Pro-Mes'!#REF!","v":{"$error":"#REF!"}},{"$f":"'[51]CRO2_Pro-Mes'!CLY3","v":0},{"$f":"'[51]CRO2_Pro-Mes'!#REF!","v":{"$error":"#REF!"}},{"$f":"'[51]CRO2_Pro-Mes'!CMA3","v":0},{"$f":"'[51]CRO2_Pro-Mes'!#REF!","v":{"$error":"#REF!"}},{"$f":"'[51]CRO2_Pro-Mes'!CMC3","v":0},{"$f":"'[51]CRO2_Pro-Mes'!#REF!","v":{"$error":"#REF!"}},{"$f":"'[51]CRO2_Pro-Mes'!CME3","v":0},{"$f":"'[51]CRO2_Pro-Mes'!#REF!","v":{"$error":"#REF!"}},{"$f":"'[51]CRO2_Pro-Mes'!CMG3","v":0},{"$f":"'[51]CRO2_Pro-Mes'!#REF!","v":{"$error":"#REF!"}},{"$f":"'[51]CRO2_Pro-Mes'!CMI3","v":0},{"$f":"'[51]CRO2_Pro-Mes'!#REF!","v":{"$error":"#REF!"}},{"$f":"'[51]CRO2_Pro-Mes'!CMK3","v":0},{"$f":"'[51]CRO2_Pro-Mes'!#REF!","v":{"$error":"#REF!"}},{"$f":"'[51]CRO2_Pro-Mes'!CMM3","v":0},{"$f":"'[51]CRO2_Pro-Mes'!#REF!","v":{"$error":"#REF!"}},{"$f":"'[51]CRO2_Pro-Mes'!CMO3","v":0},{"$f":"'[51]CRO2_Pro-Mes'!#REF!","v":{"$error":"#REF!"}},{"$f":"'[51]CRO2_Pro-Mes'!CMQ3","v":0},{"$f":"'[51]CRO2_Pro-Mes'!#REF!","v":{"$error":"#REF!"}},{"$f":"'[51]CRO2_Pro-Mes'!CMS3","v":0},{"$f":"'[51]CRO2_Pro-Mes'!#REF!","v":{"$error":"#REF!"}},{"$f":"'[51]CRO2_Pro-Mes'!CMU3","v":0},{"$f":"'[51]CRO2_Pro-Mes'!#REF!","v":{"$error":"#REF!"}},{"$f":"'[51]CRO2_Pro-Mes'!CMW3","v":0},{"$f":"'[51]CRO2_Pro-Mes'!#REF!","v":{"$error":"#REF!"}},{"$f":"'[51]CRO2_Pro-Mes'!CMY3","v":0},{"$f":"'[51]CRO2_Pro-Mes'!#REF!","v":{"$error":"#REF!"}},{"$f":"'[51]CRO2_Pro-Mes'!CNA3","v":0},{"$f":"'[51]CRO2_Pro-Mes'!#REF!","v":{"$error":"#REF!"}},{"$f":"'[51]CRO2_Pro-Mes'!CNC3","v":0},{"$f":"'[51]CRO2_Pro-Mes'!#REF!","v":{"$error":"#REF!"}},{"$f":"'[51]CRO2_Pro-Mes'!CNE3","v":0},{"$f":"'[51]CRO2_Pro-Mes'!#REF!","v":{"$error":"#REF!"}},{"$f":"'[51]CRO2_Pro-Mes'!CNG3","v":0},{"$f":"'[51]CRO2_Pro-Mes'!#REF!","v":{"$error":"#REF!"}},{"$f":"'[51]CRO2_Pro-Mes'!CNI3","v":0},{"$f":"'[51]CRO2_Pro-Mes'!#REF!","v":{"$error":"#REF!"}},{"$f":"'[51]CRO2_Pro-Mes'!CNK3","v":0},{"$f":"'[51]CRO2_Pro-Mes'!#REF!","v":{"$error":"#REF!"}},{"$f":"'[51]CRO2_Pro-Mes'!CNM3","v":0},{"$f":"'[51]CRO2_Pro-Mes'!#REF!","v":{"$error":"#REF!"}},{"$f":"'[51]CRO2_Pro-Mes'!CNO3","v":0},{"$f":"'[51]CRO2_Pro-Mes'!#REF!","v":{"$error":"#REF!"}},{"$f":"'[51]CRO2_Pro-Mes'!CNQ3","v":0},{"$f":"'[51]CRO2_Pro-Mes'!#REF!","v":{"$error":"#REF!"}},{"$f":"'[51]CRO2_Pro-Mes'!CNS3","v":0},{"$f":"'[51]CRO2_Pro-Mes'!#REF!","v":{"$error":"#REF!"}},{"$f":"'[51]CRO2_Pro-Mes'!CNU3","v":0},{"$f":"'[51]CRO2_Pro-Mes'!#REF!","v":{"$error":"#REF!"}},{"$f":"'[51]CRO2_Pro-Mes'!CNW3","v":0},{"$f":"'[51]CRO2_Pro-Mes'!#REF!","v":{"$error":"#REF!"}},{"$f":"'[51]CRO2_Pro-Mes'!CNY3","v":0},{"$f":"'[51]CRO2_Pro-Mes'!#REF!","v":{"$error":"#REF!"}},{"$f":"'[51]CRO2_Pro-Mes'!COA3","v":0},{"$f":"'[51]CRO2_Pro-Mes'!#REF!","v":{"$error":"#REF!"}},{"$f":"'[51]CRO2_Pro-Mes'!COC3","v":0},{"$f":"'[51]CRO2_Pro-Mes'!#REF!","v":{"$error":"#REF!"}},{"$f":"'[51]CRO2_Pro-Mes'!COE3","v":0},{"$f":"'[51]CRO2_Pro-Mes'!#REF!","v":{"$error":"#REF!"}},{"$f":"'[51]CRO2_Pro-Mes'!COG3","v":0},{"$f":"'[51]CRO2_Pro-Mes'!#REF!","v":{"$error":"#REF!"}},{"$f":"'[51]CRO2_Pro-Mes'!COI3","v":0},{"$f":"'[51]CRO2_Pro-Mes'!#REF!","v":{"$error":"#REF!"}},{"$f":"'[51]CRO2_Pro-Mes'!COK3","v":0},{"$f":"'[51]CRO2_Pro-Mes'!#REF!","v":{"$error":"#REF!"}},{"$f":"'[51]CRO2_Pro-Mes'!COM3","v":0},{"$f":"'[51]CRO2_Pro-Mes'!#REF!","v":{"$error":"#REF!"}},{"$f":"'[51]CRO2_Pro-Mes'!COO3","v":0},{"$f":"'[51]CRO2_Pro-Mes'!#REF!","v":{"$error":"#REF!"}},{"$f":"'[51]CRO2_Pro-Mes'!COQ3","v":0},{"$f":"'[51]CRO2_Pro-Mes'!#REF!","v":{"$error":"#REF!"}},{"$f":"'[51]CRO2_Pro-Mes'!COS3","v":0},{"$f":"'[51]CRO2_Pro-Mes'!#REF!","v":{"$error":"#REF!"}},{"$f":"'[51]CRO2_Pro-Mes'!COU3","v":0},{"$f":"'[51]CRO2_Pro-Mes'!#REF!","v":{"$error":"#REF!"}},{"$f":"'[51]CRO2_Pro-Mes'!COW3","v":0},{"$f":"'[51]CRO2_Pro-Mes'!#REF!","v":{"$error":"#REF!"}},{"$f":"'[51]CRO2_Pro-Mes'!COY3","v":0},{"$f":"'[51]CRO2_Pro-Mes'!#REF!","v":{"$error":"#REF!"}},{"$f":"'[51]CRO2_Pro-Mes'!CPA3","v":0},{"$f":"'[51]CRO2_Pro-Mes'!#REF!","v":{"$error":"#REF!"}},{"$f":"'[51]CRO2_Pro-Mes'!CPC3","v":0},{"$f":"'[51]CRO2_Pro-Mes'!#REF!","v":{"$error":"#REF!"}},{"$f":"'[51]CRO2_Pro-Mes'!CPE3","v":0},{"$f":"'[51]CRO2_Pro-Mes'!#REF!","v":{"$error":"#REF!"}},{"$f":"'[51]CRO2_Pro-Mes'!CPG3","v":0},{"$f":"'[51]CRO2_Pro-Mes'!#REF!","v":{"$error":"#REF!"}},{"$f":"'[51]CRO2_Pro-Mes'!CPI3","v":0},{"$f":"'[51]CRO2_Pro-Mes'!#REF!","v":{"$error":"#REF!"}},{"$f":"'[51]CRO2_Pro-Mes'!CPK3","v":0},{"$f":"'[51]CRO2_Pro-Mes'!#REF!","v":{"$error":"#REF!"}},{"$f":"'[51]CRO2_Pro-Mes'!CPM3","v":0},{"$f":"'[51]CRO2_Pro-Mes'!#REF!","v":{"$error":"#REF!"}},{"$f":"'[51]CRO2_Pro-Mes'!CPO3","v":0},{"$f":"'[51]CRO2_Pro-Mes'!#REF!","v":{"$error":"#REF!"}},{"$f":"'[51]CRO2_Pro-Mes'!CPQ3","v":0},{"$f":"'[51]CRO2_Pro-Mes'!#REF!","v":{"$error":"#REF!"}},{"$f":"'[51]CRO2_Pro-Mes'!CPS3","v":0},{"$f":"'[51]CRO2_Pro-Mes'!#REF!","v":{"$error":"#REF!"}},{"$f":"'[51]CRO2_Pro-Mes'!CPU3","v":0},{"$f":"'[51]CRO2_Pro-Mes'!#REF!","v":{"$error":"#REF!"}},{"$f":"'[51]CRO2_Pro-Mes'!CPW3","v":0},{"$f":"'[51]CRO2_Pro-Mes'!#REF!","v":{"$error":"#REF!"}},{"$f":"'[51]CRO2_Pro-Mes'!CPY3","v":0},{"$f":"'[51]CRO2_Pro-Mes'!#REF!","v":{"$error":"#REF!"}},{"$f":"'[51]CRO2_Pro-Mes'!CQA3","v":0},{"$f":"'[51]CRO2_Pro-Mes'!#REF!","v":{"$error":"#REF!"}},{"$f":"'[51]CRO2_Pro-Mes'!CQC3","v":0},{"$f":"'[51]CRO2_Pro-Mes'!#REF!","v":{"$error":"#REF!"}},{"$f":"'[51]CRO2_Pro-Mes'!CQE3","v":0},{"$f":"'[51]CRO2_Pro-Mes'!#REF!","v":{"$error":"#REF!"}},{"$f":"'[51]CRO2_Pro-Mes'!CQG3","v":0},{"$f":"'[51]CRO2_Pro-Mes'!#REF!","v":{"$error":"#REF!"}},{"$f":"'[51]CRO2_Pro-Mes'!CQI3","v":0},{"$f":"'[51]CRO2_Pro-Mes'!#REF!","v":{"$error":"#REF!"}},{"$f":"'[51]CRO2_Pro-Mes'!CQK3","v":0},{"$f":"'[51]CRO2_Pro-Mes'!#REF!","v":{"$error":"#REF!"}},{"$f":"'[51]CRO2_Pro-Mes'!CQM3","v":0},{"$f":"'[51]CRO2_Pro-Mes'!#REF!","v":{"$error":"#REF!"}},{"$f":"'[51]CRO2_Pro-Mes'!CQO3","v":0},{"$f":"'[51]CRO2_Pro-Mes'!#REF!","v":{"$error":"#REF!"}},{"$f":"'[51]CRO2_Pro-Mes'!CQQ3","v":0},{"$f":"'[51]CRO2_Pro-Mes'!#REF!","v":{"$error":"#REF!"}},{"$f":"'[51]CRO2_Pro-Mes'!CQS3","v":0},{"$f":"'[51]CRO2_Pro-Mes'!#REF!","v":{"$error":"#REF!"}},{"$f":"'[51]CRO2_Pro-Mes'!CQU3","v":0},{"$f":"'[51]CRO2_Pro-Mes'!#REF!","v":{"$error":"#REF!"}},{"$f":"'[51]CRO2_Pro-Mes'!CQW3","v":0},{"$f":"'[51]CRO2_Pro-Mes'!#REF!","v":{"$error":"#REF!"}},{"$f":"'[51]CRO2_Pro-Mes'!CQY3","v":0},{"$f":"'[51]CRO2_Pro-Mes'!#REF!","v":{"$error":"#REF!"}},{"$f":"'[51]CRO2_Pro-Mes'!CRA3","v":0},{"$f":"'[51]CRO2_Pro-Mes'!#REF!","v":{"$error":"#REF!"}},{"$f":"'[51]CRO2_Pro-Mes'!CRC3","v":0},{"$f":"'[51]CRO2_Pro-Mes'!#REF!","v":{"$error":"#REF!"}},{"$f":"'[51]CRO2_Pro-Mes'!CRE3","v":0},{"$f":"'[51]CRO2_Pro-Mes'!#REF!","v":{"$error":"#REF!"}},{"$f":"'[51]CRO2_Pro-Mes'!CRG3","v":0},{"$f":"'[51]CRO2_Pro-Mes'!#REF!","v":{"$error":"#REF!"}},{"$f":"'[51]CRO2_Pro-Mes'!CRI3","v":0},{"$f":"'[51]CRO2_Pro-Mes'!#REF!","v":{"$error":"#REF!"}},{"$f":"'[51]CRO2_Pro-Mes'!CRK3","v":0},{"$f":"'[51]CRO2_Pro-Mes'!#REF!","v":{"$error":"#REF!"}},{"$f":"'[51]CRO2_Pro-Mes'!CRM3","v":0},{"$f":"'[51]CRO2_Pro-Mes'!#REF!","v":{"$error":"#REF!"}},{"$f":"'[51]CRO2_Pro-Mes'!CRO3","v":0},{"$f":"'[51]CRO2_Pro-Mes'!#REF!","v":{"$error":"#REF!"}},{"$f":"'[51]CRO2_Pro-Mes'!CRQ3","v":0},{"$f":"'[51]CRO2_Pro-Mes'!#REF!","v":{"$error":"#REF!"}},{"$f":"'[51]CRO2_Pro-Mes'!CRS3","v":0},{"$f":"'[51]CRO2_Pro-Mes'!#REF!","v":{"$error":"#REF!"}},{"$f":"'[51]CRO2_Pro-Mes'!CRU3","v":0},{"$f":"'[51]CRO2_Pro-Mes'!#REF!","v":{"$error":"#REF!"}},{"$f":"'[51]CRO2_Pro-Mes'!CRW3","v":0},{"$f":"'[51]CRO2_Pro-Mes'!#REF!","v":{"$error":"#REF!"}},{"$f":"'[51]CRO2_Pro-Mes'!CRY3","v":0},{"$f":"'[51]CRO2_Pro-Mes'!#REF!","v":{"$error":"#REF!"}},{"$f":"'[51]CRO2_Pro-Mes'!CSA3","v":0},{"$f":"'[51]CRO2_Pro-Mes'!#REF!","v":{"$error":"#REF!"}},{"$f":"'[51]CRO2_Pro-Mes'!CSC3","v":0},{"$f":"'[51]CRO2_Pro-Mes'!#REF!","v":{"$error":"#REF!"}},{"$f":"'[51]CRO2_Pro-Mes'!CSE3","v":0},{"$f":"'[51]CRO2_Pro-Mes'!#REF!","v":{"$error":"#REF!"}},{"$f":"'[51]CRO2_Pro-Mes'!CSG3","v":0},{"$f":"'[51]CRO2_Pro-Mes'!#REF!","v":{"$error":"#REF!"}},{"$f":"'[51]CRO2_Pro-Mes'!CSI3","v":0},{"$f":"'[51]CRO2_Pro-Mes'!#REF!","v":{"$error":"#REF!"}},{"$f":"'[51]CRO2_Pro-Mes'!CSK3","v":0},{"$f":"'[51]CRO2_Pro-Mes'!#REF!","v":{"$error":"#REF!"}},{"$f":"'[51]CRO2_Pro-Mes'!CSM3","v":0},{"$f":"'[51]CRO2_Pro-Mes'!#REF!","v":{"$error":"#REF!"}},{"$f":"'[51]CRO2_Pro-Mes'!CSO3","v":0},{"$f":"'[51]CRO2_Pro-Mes'!#REF!","v":{"$error":"#REF!"}},{"$f":"'[51]CRO2_Pro-Mes'!CSQ3","v":0},{"$f":"'[51]CRO2_Pro-Mes'!#REF!","v":{"$error":"#REF!"}},{"$f":"'[51]CRO2_Pro-Mes'!CSS3","v":0},{"$f":"'[51]CRO2_Pro-Mes'!#REF!","v":{"$error":"#REF!"}},{"$f":"'[51]CRO2_Pro-Mes'!CSU3","v":0},{"$f":"'[51]CRO2_Pro-Mes'!#REF!","v":{"$error":"#REF!"}},{"$f":"'[51]CRO2_Pro-Mes'!CSW3","v":0},{"$f":"'[51]CRO2_Pro-Mes'!#REF!","v":{"$error":"#REF!"}},{"$f":"'[51]CRO2_Pro-Mes'!CSY3","v":0},{"$f":"'[51]CRO2_Pro-Mes'!#REF!","v":{"$error":"#REF!"}},{"$f":"'[51]CRO2_Pro-Mes'!CTA3","v":0},{"$f":"'[51]CRO2_Pro-Mes'!#REF!","v":{"$error":"#REF!"}},{"$f":"'[51]CRO2_Pro-Mes'!CTC3","v":0},{"$f":"'[51]CRO2_Pro-Mes'!#REF!","v":{"$error":"#REF!"}},{"$f":"'[51]CRO2_Pro-Mes'!CTE3","v":0},{"$f":"'[51]CRO2_Pro-Mes'!#REF!","v":{"$error":"#REF!"}},{"$f":"'[51]CRO2_Pro-Mes'!CTG3","v":0},{"$f":"'[51]CRO2_Pro-Mes'!#REF!","v":{"$error":"#REF!"}},{"$f":"'[51]CRO2_Pro-Mes'!CTI3","v":0},{"$f":"'[51]CRO2_Pro-Mes'!#REF!","v":{"$error":"#REF!"}},{"$f":"'[51]CRO2_Pro-Mes'!CTK3","v":0},{"$f":"'[51]CRO2_Pro-Mes'!#REF!","v":{"$error":"#REF!"}},{"$f":"'[51]CRO2_Pro-Mes'!CTM3","v":0},{"$f":"'[51]CRO2_Pro-Mes'!#REF!","v":{"$error":"#REF!"}},{"$f":"'[51]CRO2_Pro-Mes'!CTO3","v":0},{"$f":"'[51]CRO2_Pro-Mes'!#REF!","v":{"$error":"#REF!"}},{"$f":"'[51]CRO2_Pro-Mes'!CTQ3","v":0},{"$f":"'[51]CRO2_Pro-Mes'!#REF!","v":{"$error":"#REF!"}},{"$f":"'[51]CRO2_Pro-Mes'!CTS3","v":0},{"$f":"'[51]CRO2_Pro-Mes'!#REF!","v":{"$error":"#REF!"}},{"$f":"'[51]CRO2_Pro-Mes'!CTU3","v":0},{"$f":"'[51]CRO2_Pro-Mes'!#REF!","v":{"$error":"#REF!"}},{"$f":"'[51]CRO2_Pro-Mes'!CTW3","v":0},{"$f":"'[51]CRO2_Pro-Mes'!#REF!","v":{"$error":"#REF!"}},{"$f":"'[51]CRO2_Pro-Mes'!CTY3","v":0},{"$f":"'[51]CRO2_Pro-Mes'!#REF!","v":{"$error":"#REF!"}},{"$f":"'[51]CRO2_Pro-Mes'!CUA3","v":0},{"$f":"'[51]CRO2_Pro-Mes'!#REF!","v":{"$error":"#REF!"}},{"$f":"'[51]CRO2_Pro-Mes'!CUC3","v":0},{"$f":"'[51]CRO2_Pro-Mes'!#REF!","v":{"$error":"#REF!"}},{"$f":"'[51]CRO2_Pro-Mes'!CUE3","v":0},{"$f":"'[51]CRO2_Pro-Mes'!#REF!","v":{"$error":"#REF!"}},{"$f":"'[51]CRO2_Pro-Mes'!CUG3","v":0},{"$f":"'[51]CRO2_Pro-Mes'!#REF!","v":{"$error":"#REF!"}},{"$f":"'[51]CRO2_Pro-Mes'!CUI3","v":0},{"$f":"'[51]CRO2_Pro-Mes'!#REF!","v":{"$error":"#REF!"}},{"$f":"'[51]CRO2_Pro-Mes'!CUK3","v":0},{"$f":"'[51]CRO2_Pro-Mes'!#REF!","v":{"$error":"#REF!"}},{"$f":"'[51]CRO2_Pro-Mes'!CUM3","v":0},{"$f":"'[51]CRO2_Pro-Mes'!#REF!","v":{"$error":"#REF!"}},{"$f":"'[51]CRO2_Pro-Mes'!CUO3","v":0},{"$f":"'[51]CRO2_Pro-Mes'!#REF!","v":{"$error":"#REF!"}},{"$f":"'[51]CRO2_Pro-Mes'!CUQ3","v":0},{"$f":"'[51]CRO2_Pro-Mes'!#REF!","v":{"$error":"#REF!"}},{"$f":"'[51]CRO2_Pro-Mes'!CUS3","v":0},{"$f":"'[51]CRO2_Pro-Mes'!#REF!","v":{"$error":"#REF!"}},{"$f":"'[51]CRO2_Pro-Mes'!CUU3","v":0},{"$f":"'[51]CRO2_Pro-Mes'!#REF!","v":{"$error":"#REF!"}},{"$f":"'[51]CRO2_Pro-Mes'!CUW3","v":0},{"$f":"'[51]CRO2_Pro-Mes'!#REF!","v":{"$error":"#REF!"}},{"$f":"'[51]CRO2_Pro-Mes'!CUY3","v":0},{"$f":"'[51]CRO2_Pro-Mes'!#REF!","v":{"$error":"#REF!"}},{"$f":"'[51]CRO2_Pro-Mes'!CVA3","v":0},{"$f":"'[51]CRO2_Pro-Mes'!#REF!","v":{"$error":"#REF!"}},{"$f":"'[51]CRO2_Pro-Mes'!CVC3","v":0},{"$f":"'[51]CRO2_Pro-Mes'!#REF!","v":{"$error":"#REF!"}},{"$f":"'[51]CRO2_Pro-Mes'!CVE3","v":0},{"$f":"'[51]CRO2_Pro-Mes'!#REF!","v":{"$error":"#REF!"}},{"$f":"'[51]CRO2_Pro-Mes'!CVG3","v":0},{"$f":"'[51]CRO2_Pro-Mes'!#REF!","v":{"$error":"#REF!"}},{"$f":"'[51]CRO2_Pro-Mes'!CVI3","v":0},{"$f":"'[51]CRO2_Pro-Mes'!#REF!","v":{"$error":"#REF!"}},{"$f":"'[51]CRO2_Pro-Mes'!CVK3","v":0},{"$f":"'[51]CRO2_Pro-Mes'!#REF!","v":{"$error":"#REF!"}},{"$f":"'[51]CRO2_Pro-Mes'!CVM3","v":0},{"$f":"'[51]CRO2_Pro-Mes'!#REF!","v":{"$error":"#REF!"}},{"$f":"'[51]CRO2_Pro-Mes'!CVO3","v":0},{"$f":"'[51]CRO2_Pro-Mes'!#REF!","v":{"$error":"#REF!"}},{"$f":"'[51]CRO2_Pro-Mes'!CVQ3","v":0},{"$f":"'[51]CRO2_Pro-Mes'!#REF!","v":{"$error":"#REF!"}},{"$f":"'[51]CRO2_Pro-Mes'!CVS3","v":0},{"$f":"'[51]CRO2_Pro-Mes'!#REF!","v":{"$error":"#REF!"}},{"$f":"'[51]CRO2_Pro-Mes'!CVU3","v":0},{"$f":"'[51]CRO2_Pro-Mes'!#REF!","v":{"$error":"#REF!"}},{"$f":"'[51]CRO2_Pro-Mes'!CVW3","v":0},{"$f":"'[51]CRO2_Pro-Mes'!#REF!","v":{"$error":"#REF!"}},{"$f":"'[51]CRO2_Pro-Mes'!CVY3","v":0},{"$f":"'[51]CRO2_Pro-Mes'!#REF!","v":{"$error":"#REF!"}},{"$f":"'[51]CRO2_Pro-Mes'!CWA3","v":0},{"$f":"'[51]CRO2_Pro-Mes'!#REF!","v":{"$error":"#REF!"}},{"$f":"'[51]CRO2_Pro-Mes'!CWC3","v":0},{"$f":"'[51]CRO2_Pro-Mes'!#REF!","v":{"$error":"#REF!"}},{"$f":"'[51]CRO2_Pro-Mes'!CWE3","v":0},{"$f":"'[51]CRO2_Pro-Mes'!#REF!","v":{"$error":"#REF!"}},{"$f":"'[51]CRO2_Pro-Mes'!CWG3","v":0},{"$f":"'[51]CRO2_Pro-Mes'!#REF!","v":{"$error":"#REF!"}},{"$f":"'[51]CRO2_Pro-Mes'!CWI3","v":0},{"$f":"'[51]CRO2_Pro-Mes'!#REF!","v":{"$error":"#REF!"}},{"$f":"'[51]CRO2_Pro-Mes'!CWK3","v":0},{"$f":"'[51]CRO2_Pro-Mes'!#REF!","v":{"$error":"#REF!"}},{"$f":"'[51]CRO2_Pro-Mes'!CWM3","v":0},{"$f":"'[51]CRO2_Pro-Mes'!#REF!","v":{"$error":"#REF!"}},{"$f":"'[51]CRO2_Pro-Mes'!CWO3","v":0},{"$f":"'[51]CRO2_Pro-Mes'!#REF!","v":{"$error":"#REF!"}},{"$f":"'[51]CRO2_Pro-Mes'!CWQ3","v":0},{"$f":"'[51]CRO2_Pro-Mes'!#REF!","v":{"$error":"#REF!"}},{"$f":"'[51]CRO2_Pro-Mes'!CWS3","v":0},{"$f":"'[51]CRO2_Pro-Mes'!#REF!","v":{"$error":"#REF!"}},{"$f":"'[51]CRO2_Pro-Mes'!CWU3","v":0},{"$f":"'[51]CRO2_Pro-Mes'!#REF!","v":{"$error":"#REF!"}},{"$f":"'[51]CRO2_Pro-Mes'!CWW3","v":0},{"$f":"'[51]CRO2_Pro-Mes'!#REF!","v":{"$error":"#REF!"}},{"$f":"'[51]CRO2_Pro-Mes'!CWY3","v":0},{"$f":"'[51]CRO2_Pro-Mes'!#REF!","v":{"$error":"#REF!"}},{"$f":"'[51]CRO2_Pro-Mes'!CXA3","v":0},{"$f":"'[51]CRO2_Pro-Mes'!#REF!","v":{"$error":"#REF!"}},{"$f":"'[51]CRO2_Pro-Mes'!CXC3","v":0},{"$f":"'[51]CRO2_Pro-Mes'!#REF!","v":{"$error":"#REF!"}},{"$f":"'[51]CRO2_Pro-Mes'!CXE3","v":0},{"$f":"'[51]CRO2_Pro-Mes'!#REF!","v":{"$error":"#REF!"}},{"$f":"'[51]CRO2_Pro-Mes'!CXG3","v":0},{"$f":"'[51]CRO2_Pro-Mes'!#REF!","v":{"$error":"#REF!"}},{"$f":"'[51]CRO2_Pro-Mes'!CXI3","v":0},{"$f":"'[51]CRO2_Pro-Mes'!#REF!","v":{"$error":"#REF!"}},{"$f":"'[51]CRO2_Pro-Mes'!CXK3","v":0},{"$f":"'[51]CRO2_Pro-Mes'!#REF!","v":{"$error":"#REF!"}},{"$f":"'[51]CRO2_Pro-Mes'!CXM3","v":0},{"$f":"'[51]CRO2_Pro-Mes'!#REF!","v":{"$error":"#REF!"}},{"$f":"'[51]CRO2_Pro-Mes'!CXO3","v":0},{"$f":"'[51]CRO2_Pro-Mes'!#REF!","v":{"$error":"#REF!"}},{"$f":"'[51]CRO2_Pro-Mes'!CXQ3","v":0},{"$f":"'[51]CRO2_Pro-Mes'!#REF!","v":{"$error":"#REF!"}},{"$f":"'[51]CRO2_Pro-Mes'!CXS3","v":0},{"$f":"'[51]CRO2_Pro-Mes'!#REF!","v":{"$error":"#REF!"}},{"$f":"'[51]CRO2_Pro-Mes'!CXU3","v":0},{"$f":"'[51]CRO2_Pro-Mes'!#REF!","v":{"$error":"#REF!"}},{"$f":"'[51]CRO2_Pro-Mes'!CXW3","v":0},{"$f":"'[51]CRO2_Pro-Mes'!#REF!","v":{"$error":"#REF!"}},{"$f":"'[51]CRO2_Pro-Mes'!CXY3","v":0},{"$f":"'[51]CRO2_Pro-Mes'!#REF!","v":{"$error":"#REF!"}},{"$f":"'[51]CRO2_Pro-Mes'!CYA3","v":0},{"$f":"'[51]CRO2_Pro-Mes'!#REF!","v":{"$error":"#REF!"}},{"$f":"'[51]CRO2_Pro-Mes'!CYC3","v":0},{"$f":"'[51]CRO2_Pro-Mes'!#REF!","v":{"$error":"#REF!"}},{"$f":"'[51]CRO2_Pro-Mes'!CYE3","v":0},{"$f":"'[51]CRO2_Pro-Mes'!#REF!","v":{"$error":"#REF!"}},{"$f":"'[51]CRO2_Pro-Mes'!CYG3","v":0},{"$f":"'[51]CRO2_Pro-Mes'!#REF!","v":{"$error":"#REF!"}},{"$f":"'[51]CRO2_Pro-Mes'!CYI3","v":0},{"$f":"'[51]CRO2_Pro-Mes'!#REF!","v":{"$error":"#REF!"}},{"$f":"'[51]CRO2_Pro-Mes'!CYK3","v":0},{"$f":"'[51]CRO2_Pro-Mes'!#REF!","v":{"$error":"#REF!"}},{"$f":"'[51]CRO2_Pro-Mes'!CYM3","v":0},{"$f":"'[51]CRO2_Pro-Mes'!#REF!","v":{"$error":"#REF!"}},{"$f":"'[51]CRO2_Pro-Mes'!CYO3","v":0},{"$f":"'[51]CRO2_Pro-Mes'!#REF!","v":{"$error":"#REF!"}},{"$f":"'[51]CRO2_Pro-Mes'!CYQ3","v":0},{"$f":"'[51]CRO2_Pro-Mes'!#REF!","v":{"$error":"#REF!"}},{"$f":"'[51]CRO2_Pro-Mes'!CYS3","v":0},{"$f":"'[51]CRO2_Pro-Mes'!#REF!","v":{"$error":"#REF!"}},{"$f":"'[51]CRO2_Pro-Mes'!CYU3","v":0},{"$f":"'[51]CRO2_Pro-Mes'!#REF!","v":{"$error":"#REF!"}},{"$f":"'[51]CRO2_Pro-Mes'!CYW3","v":0},{"$f":"'[51]CRO2_Pro-Mes'!#REF!","v":{"$error":"#REF!"}},{"$f":"'[51]CRO2_Pro-Mes'!CYY3","v":0},{"$f":"'[51]CRO2_Pro-Mes'!#REF!","v":{"$error":"#REF!"}},{"$f":"'[51]CRO2_Pro-Mes'!CZA3","v":0},{"$f":"'[51]CRO2_Pro-Mes'!#REF!","v":{"$error":"#REF!"}},{"$f":"'[51]CRO2_Pro-Mes'!CZC3","v":0},{"$f":"'[51]CRO2_Pro-Mes'!#REF!","v":{"$error":"#REF!"}},{"$f":"'[51]CRO2_Pro-Mes'!CZE3","v":0},{"$f":"'[51]CRO2_Pro-Mes'!#REF!","v":{"$error":"#REF!"}},{"$f":"'[51]CRO2_Pro-Mes'!CZG3","v":0},{"$f":"'[51]CRO2_Pro-Mes'!#REF!","v":{"$error":"#REF!"}},{"$f":"'[51]CRO2_Pro-Mes'!CZI3","v":0},{"$f":"'[51]CRO2_Pro-Mes'!#REF!","v":{"$error":"#REF!"}},{"$f":"'[51]CRO2_Pro-Mes'!CZK3","v":0},{"$f":"'[51]CRO2_Pro-Mes'!#REF!","v":{"$error":"#REF!"}},{"$f":"'[51]CRO2_Pro-Mes'!CZM3","v":0},{"$f":"'[51]CRO2_Pro-Mes'!#REF!","v":{"$error":"#REF!"}},{"$f":"'[51]CRO2_Pro-Mes'!CZO3","v":0},{"$f":"'[51]CRO2_Pro-Mes'!#REF!","v":{"$error":"#REF!"}},{"$f":"'[51]CRO2_Pro-Mes'!CZQ3","v":0},{"$f":"'[51]CRO2_Pro-Mes'!#REF!","v":{"$error":"#REF!"}},{"$f":"'[51]CRO2_Pro-Mes'!CZS3","v":0},{"$f":"'[51]CRO2_Pro-Mes'!#REF!","v":{"$error":"#REF!"}},{"$f":"'[51]CRO2_Pro-Mes'!CZU3","v":0},{"$f":"'[51]CRO2_Pro-Mes'!#REF!","v":{"$error":"#REF!"}},{"$f":"'[51]CRO2_Pro-Mes'!CZW3","v":0},{"$f":"'[51]CRO2_Pro-Mes'!#REF!","v":{"$error":"#REF!"}},{"$f":"'[51]CRO2_Pro-Mes'!CZY3","v":0},{"$f":"'[51]CRO2_Pro-Mes'!#REF!","v":{"$error":"#REF!"}},{"$f":"'[51]CRO2_Pro-Mes'!DAA3","v":0},{"$f":"'[51]CRO2_Pro-Mes'!#REF!","v":{"$error":"#REF!"}},{"$f":"'[51]CRO2_Pro-Mes'!DAC3","v":0},{"$f":"'[51]CRO2_Pro-Mes'!#REF!","v":{"$error":"#REF!"}},{"$f":"'[51]CRO2_Pro-Mes'!DAE3","v":0},{"$f":"'[51]CRO2_Pro-Mes'!#REF!","v":{"$error":"#REF!"}},{"$f":"'[51]CRO2_Pro-Mes'!DAG3","v":0},{"$f":"'[51]CRO2_Pro-Mes'!#REF!","v":{"$error":"#REF!"}},{"$f":"'[51]CRO2_Pro-Mes'!DAI3","v":0},{"$f":"'[51]CRO2_Pro-Mes'!#REF!","v":{"$error":"#REF!"}},{"$f":"'[51]CRO2_Pro-Mes'!DAK3","v":0},{"$f":"'[51]CRO2_Pro-Mes'!#REF!","v":{"$error":"#REF!"}},{"$f":"'[51]CRO2_Pro-Mes'!DAM3","v":0},{"$f":"'[51]CRO2_Pro-Mes'!#REF!","v":{"$error":"#REF!"}},{"$f":"'[51]CRO2_Pro-Mes'!DAO3","v":0},{"$f":"'[51]CRO2_Pro-Mes'!#REF!","v":{"$error":"#REF!"}},{"$f":"'[51]CRO2_Pro-Mes'!DAQ3","v":0},{"$f":"'[51]CRO2_Pro-Mes'!#REF!","v":{"$error":"#REF!"}},{"$f":"'[51]CRO2_Pro-Mes'!DAS3","v":0},{"$f":"'[51]CRO2_Pro-Mes'!#REF!","v":{"$error":"#REF!"}},{"$f":"'[51]CRO2_Pro-Mes'!DAU3","v":0},{"$f":"'[51]CRO2_Pro-Mes'!#REF!","v":{"$error":"#REF!"}},{"$f":"'[51]CRO2_Pro-Mes'!DAW3","v":0},{"$f":"'[51]CRO2_Pro-Mes'!#REF!","v":{"$error":"#REF!"}},{"$f":"'[51]CRO2_Pro-Mes'!DAY3","v":0},{"$f":"'[51]CRO2_Pro-Mes'!#REF!","v":{"$error":"#REF!"}},{"$f":"'[51]CRO2_Pro-Mes'!DBA3","v":0},{"$f":"'[51]CRO2_Pro-Mes'!#REF!","v":{"$error":"#REF!"}},{"$f":"'[51]CRO2_Pro-Mes'!DBC3","v":0},{"$f":"'[51]CRO2_Pro-Mes'!#REF!","v":{"$error":"#REF!"}},{"$f":"'[51]CRO2_Pro-Mes'!DBE3","v":0},{"$f":"'[51]CRO2_Pro-Mes'!#REF!","v":{"$error":"#REF!"}},{"$f":"'[51]CRO2_Pro-Mes'!DBG3","v":0},{"$f":"'[51]CRO2_Pro-Mes'!#REF!","v":{"$error":"#REF!"}},{"$f":"'[51]CRO2_Pro-Mes'!DBI3","v":0},{"$f":"'[51]CRO2_Pro-Mes'!#REF!","v":{"$error":"#REF!"}},{"$f":"'[51]CRO2_Pro-Mes'!DBK3","v":0},{"$f":"'[51]CRO2_Pro-Mes'!#REF!","v":{"$error":"#REF!"}},{"$f":"'[51]CRO2_Pro-Mes'!DBM3","v":0},{"$f":"'[51]CRO2_Pro-Mes'!#REF!","v":{"$error":"#REF!"}},{"$f":"'[51]CRO2_Pro-Mes'!DBO3","v":0},{"$f":"'[51]CRO2_Pro-Mes'!#REF!","v":{"$error":"#REF!"}},{"$f":"'[51]CRO2_Pro-Mes'!DBQ3","v":0},{"$f":"'[51]CRO2_Pro-Mes'!#REF!","v":{"$error":"#REF!"}},{"$f":"'[51]CRO2_Pro-Mes'!DBS3","v":0},{"$f":"'[51]CRO2_Pro-Mes'!#REF!","v":{"$error":"#REF!"}},{"$f":"'[51]CRO2_Pro-Mes'!DBU3","v":0},{"$f":"'[51]CRO2_Pro-Mes'!#REF!","v":{"$error":"#REF!"}},{"$f":"'[51]CRO2_Pro-Mes'!DBW3","v":0},{"$f":"'[51]CRO2_Pro-Mes'!#REF!","v":{"$error":"#REF!"}},{"$f":"'[51]CRO2_Pro-Mes'!DBY3","v":0},{"$f":"'[51]CRO2_Pro-Mes'!#REF!","v":{"$error":"#REF!"}},{"$f":"'[51]CRO2_Pro-Mes'!DCA3","v":0},{"$f":"'[51]CRO2_Pro-Mes'!#REF!","v":{"$error":"#REF!"}},{"$f":"'[51]CRO2_Pro-Mes'!DCC3","v":0},{"$f":"'[51]CRO2_Pro-Mes'!#REF!","v":{"$error":"#REF!"}},{"$f":"'[51]CRO2_Pro-Mes'!DCE3","v":0},{"$f":"'[51]CRO2_Pro-Mes'!#REF!","v":{"$error":"#REF!"}},{"$f":"'[51]CRO2_Pro-Mes'!DCG3","v":0},{"$f":"'[51]CRO2_Pro-Mes'!#REF!","v":{"$error":"#REF!"}},{"$f":"'[51]CRO2_Pro-Mes'!DCI3","v":0},{"$f":"'[51]CRO2_Pro-Mes'!#REF!","v":{"$error":"#REF!"}},{"$f":"'[51]CRO2_Pro-Mes'!DCK3","v":0},{"$f":"'[51]CRO2_Pro-Mes'!#REF!","v":{"$error":"#REF!"}},{"$f":"'[51]CRO2_Pro-Mes'!DCM3","v":0},{"$f":"'[51]CRO2_Pro-Mes'!#REF!","v":{"$error":"#REF!"}},{"$f":"'[51]CRO2_Pro-Mes'!DCO3","v":0},{"$f":"'[51]CRO2_Pro-Mes'!#REF!","v":{"$error":"#REF!"}},{"$f":"'[51]CRO2_Pro-Mes'!DCQ3","v":0},{"$f":"'[51]CRO2_Pro-Mes'!#REF!","v":{"$error":"#REF!"}},{"$f":"'[51]CRO2_Pro-Mes'!DCS3","v":0},{"$f":"'[51]CRO2_Pro-Mes'!#REF!","v":{"$error":"#REF!"}},{"$f":"'[51]CRO2_Pro-Mes'!DCU3","v":0},{"$f":"'[51]CRO2_Pro-Mes'!#REF!","v":{"$error":"#REF!"}},{"$f":"'[51]CRO2_Pro-Mes'!DCW3","v":0},{"$f":"'[51]CRO2_Pro-Mes'!#REF!","v":{"$error":"#REF!"}},{"$f":"'[51]CRO2_Pro-Mes'!DCY3","v":0},{"$f":"'[51]CRO2_Pro-Mes'!#REF!","v":{"$error":"#REF!"}},{"$f":"'[51]CRO2_Pro-Mes'!DDA3","v":0},{"$f":"'[51]CRO2_Pro-Mes'!#REF!","v":{"$error":"#REF!"}},{"$f":"'[51]CRO2_Pro-Mes'!DDC3","v":0},{"$f":"'[51]CRO2_Pro-Mes'!#REF!","v":{"$error":"#REF!"}},{"$f":"'[51]CRO2_Pro-Mes'!DDE3","v":0},{"$f":"'[51]CRO2_Pro-Mes'!#REF!","v":{"$error":"#REF!"}},{"$f":"'[51]CRO2_Pro-Mes'!DDG3","v":0},{"$f":"'[51]CRO2_Pro-Mes'!#REF!","v":{"$error":"#REF!"}},{"$f":"'[51]CRO2_Pro-Mes'!DDI3","v":0},{"$f":"'[51]CRO2_Pro-Mes'!#REF!","v":{"$error":"#REF!"}},{"$f":"'[51]CRO2_Pro-Mes'!DDK3","v":0},{"$f":"'[51]CRO2_Pro-Mes'!#REF!","v":{"$error":"#REF!"}},{"$f":"'[51]CRO2_Pro-Mes'!DDM3","v":0},{"$f":"'[51]CRO2_Pro-Mes'!#REF!","v":{"$error":"#REF!"}},{"$f":"'[51]CRO2_Pro-Mes'!DDO3","v":0},{"$f":"'[51]CRO2_Pro-Mes'!#REF!","v":{"$error":"#REF!"}},{"$f":"'[51]CRO2_Pro-Mes'!DDQ3","v":0},{"$f":"'[51]CRO2_Pro-Mes'!#REF!","v":{"$error":"#REF!"}},{"$f":"'[51]CRO2_Pro-Mes'!DDS3","v":0},{"$f":"'[51]CRO2_Pro-Mes'!#REF!","v":{"$error":"#REF!"}},{"$f":"'[51]CRO2_Pro-Mes'!DDU3","v":0},{"$f":"'[51]CRO2_Pro-Mes'!#REF!","v":{"$error":"#REF!"}},{"$f":"'[51]CRO2_Pro-Mes'!DDW3","v":0},{"$f":"'[51]CRO2_Pro-Mes'!#REF!","v":{"$error":"#REF!"}},{"$f":"'[51]CRO2_Pro-Mes'!DDY3","v":0},{"$f":"'[51]CRO2_Pro-Mes'!#REF!","v":{"$error":"#REF!"}},{"$f":"'[51]CRO2_Pro-Mes'!DEA3","v":0},{"$f":"'[51]CRO2_Pro-Mes'!#REF!","v":{"$error":"#REF!"}},{"$f":"'[51]CRO2_Pro-Mes'!DEC3","v":0},{"$f":"'[51]CRO2_Pro-Mes'!#REF!","v":{"$error":"#REF!"}},{"$f":"'[51]CRO2_Pro-Mes'!DEE3","v":0},{"$f":"'[51]CRO2_Pro-Mes'!#REF!","v":{"$error":"#REF!"}},{"$f":"'[51]CRO2_Pro-Mes'!DEG3","v":0},{"$f":"'[51]CRO2_Pro-Mes'!#REF!","v":{"$error":"#REF!"}},{"$f":"'[51]CRO2_Pro-Mes'!DEI3","v":0},{"$f":"'[51]CRO2_Pro-Mes'!#REF!","v":{"$error":"#REF!"}},{"$f":"'[51]CRO2_Pro-Mes'!DEK3","v":0},{"$f":"'[51]CRO2_Pro-Mes'!#REF!","v":{"$error":"#REF!"}},{"$f":"'[51]CRO2_Pro-Mes'!DEM3","v":0},{"$f":"'[51]CRO2_Pro-Mes'!#REF!","v":{"$error":"#REF!"}},{"$f":"'[51]CRO2_Pro-Mes'!DEO3","v":0},{"$f":"'[51]CRO2_Pro-Mes'!#REF!","v":{"$error":"#REF!"}},{"$f":"'[51]CRO2_Pro-Mes'!DEQ3","v":0},{"$f":"'[51]CRO2_Pro-Mes'!#REF!","v":{"$error":"#REF!"}},{"$f":"'[51]CRO2_Pro-Mes'!DES3","v":0},{"$f":"'[51]CRO2_Pro-Mes'!#REF!","v":{"$error":"#REF!"}},{"$f":"'[51]CRO2_Pro-Mes'!DEU3","v":0},{"$f":"'[51]CRO2_Pro-Mes'!#REF!","v":{"$error":"#REF!"}},{"$f":"'[51]CRO2_Pro-Mes'!DEW3","v":0},{"$f":"'[51]CRO2_Pro-Mes'!#REF!","v":{"$error":"#REF!"}},{"$f":"'[51]CRO2_Pro-Mes'!DEY3","v":0},{"$f":"'[51]CRO2_Pro-Mes'!#REF!","v":{"$error":"#REF!"}},{"$f":"'[51]CRO2_Pro-Mes'!DFA3","v":0},{"$f":"'[51]CRO2_Pro-Mes'!#REF!","v":{"$error":"#REF!"}},{"$f":"'[51]CRO2_Pro-Mes'!DFC3","v":0},{"$f":"'[51]CRO2_Pro-Mes'!#REF!","v":{"$error":"#REF!"}},{"$f":"'[51]CRO2_Pro-Mes'!DFE3","v":0},{"$f":"'[51]CRO2_Pro-Mes'!#REF!","v":{"$error":"#REF!"}},{"$f":"'[51]CRO2_Pro-Mes'!DFG3","v":0},{"$f":"'[51]CRO2_Pro-Mes'!#REF!","v":{"$error":"#REF!"}},{"$f":"'[51]CRO2_Pro-Mes'!DFI3","v":0},{"$f":"'[51]CRO2_Pro-Mes'!#REF!","v":{"$error":"#REF!"}},{"$f":"'[51]CRO2_Pro-Mes'!DFK3","v":0},{"$f":"'[51]CRO2_Pro-Mes'!#REF!","v":{"$error":"#REF!"}},{"$f":"'[51]CRO2_Pro-Mes'!DFM3","v":0},{"$f":"'[51]CRO2_Pro-Mes'!#REF!","v":{"$error":"#REF!"}},{"$f":"'[51]CRO2_Pro-Mes'!DFO3","v":0},{"$f":"'[51]CRO2_Pro-Mes'!#REF!","v":{"$error":"#REF!"}},{"$f":"'[51]CRO2_Pro-Mes'!DFQ3","v":0},{"$f":"'[51]CRO2_Pro-Mes'!#REF!","v":{"$error":"#REF!"}},{"$f":"'[51]CRO2_Pro-Mes'!DFS3","v":0},{"$f":"'[51]CRO2_Pro-Mes'!#REF!","v":{"$error":"#REF!"}},{"$f":"'[51]CRO2_Pro-Mes'!DFU3","v":0},{"$f":"'[51]CRO2_Pro-Mes'!#REF!","v":{"$error":"#REF!"}},{"$f":"'[51]CRO2_Pro-Mes'!DFW3","v":0},{"$f":"'[51]CRO2_Pro-Mes'!#REF!","v":{"$error":"#REF!"}},{"$f":"'[51]CRO2_Pro-Mes'!DFY3","v":0},{"$f":"'[51]CRO2_Pro-Mes'!#REF!","v":{"$error":"#REF!"}},{"$f":"'[51]CRO2_Pro-Mes'!DGA3","v":0},{"$f":"'[51]CRO2_Pro-Mes'!#REF!","v":{"$error":"#REF!"}},{"$f":"'[51]CRO2_Pro-Mes'!DGC3","v":0},{"$f":"'[51]CRO2_Pro-Mes'!#REF!","v":{"$error":"#REF!"}},{"$f":"'[51]CRO2_Pro-Mes'!DGE3","v":0},{"$f":"'[51]CRO2_Pro-Mes'!#REF!","v":{"$error":"#REF!"}},{"$f":"'[51]CRO2_Pro-Mes'!DGG3","v":0},{"$f":"'[51]CRO2_Pro-Mes'!#REF!","v":{"$error":"#REF!"}},{"$f":"'[51]CRO2_Pro-Mes'!DGI3","v":0},{"$f":"'[51]CRO2_Pro-Mes'!#REF!","v":{"$error":"#REF!"}},{"$f":"'[51]CRO2_Pro-Mes'!DGK3","v":0},{"$f":"'[51]CRO2_Pro-Mes'!#REF!","v":{"$error":"#REF!"}},{"$f":"'[51]CRO2_Pro-Mes'!DGM3","v":0},{"$f":"'[51]CRO2_Pro-Mes'!#REF!","v":{"$error":"#REF!"}},{"$f":"'[51]CRO2_Pro-Mes'!DGO3","v":0},{"$f":"'[51]CRO2_Pro-Mes'!#REF!","v":{"$error":"#REF!"}},{"$f":"'[51]CRO2_Pro-Mes'!DGQ3","v":0},{"$f":"'[51]CRO2_Pro-Mes'!#REF!","v":{"$error":"#REF!"}},{"$f":"'[51]CRO2_Pro-Mes'!DGS3","v":0},{"$f":"'[51]CRO2_Pro-Mes'!#REF!","v":{"$error":"#REF!"}},{"$f":"'[51]CRO2_Pro-Mes'!DGU3","v":0},{"$f":"'[51]CRO2_Pro-Mes'!#REF!","v":{"$error":"#REF!"}},{"$f":"'[51]CRO2_Pro-Mes'!DGW3","v":0},{"$f":"'[51]CRO2_Pro-Mes'!#REF!","v":{"$error":"#REF!"}},{"$f":"'[51]CRO2_Pro-Mes'!DGY3","v":0},{"$f":"'[51]CRO2_Pro-Mes'!#REF!","v":{"$error":"#REF!"}},{"$f":"'[51]CRO2_Pro-Mes'!DHA3","v":0},{"$f":"'[51]CRO2_Pro-Mes'!#REF!","v":{"$error":"#REF!"}},{"$f":"'[51]CRO2_Pro-Mes'!DHC3","v":0},{"$f":"'[51]CRO2_Pro-Mes'!#REF!","v":{"$error":"#REF!"}},{"$f":"'[51]CRO2_Pro-Mes'!DHE3","v":0},{"$f":"'[51]CRO2_Pro-Mes'!#REF!","v":{"$error":"#REF!"}},{"$f":"'[51]CRO2_Pro-Mes'!DHG3","v":0},{"$f":"'[51]CRO2_Pro-Mes'!#REF!","v":{"$error":"#REF!"}},{"$f":"'[51]CRO2_Pro-Mes'!DHI3","v":0},{"$f":"'[51]CRO2_Pro-Mes'!#REF!","v":{"$error":"#REF!"}},{"$f":"'[51]CRO2_Pro-Mes'!DHK3","v":0},{"$f":"'[51]CRO2_Pro-Mes'!#REF!","v":{"$error":"#REF!"}},{"$f":"'[51]CRO2_Pro-Mes'!DHM3","v":0},{"$f":"'[51]CRO2_Pro-Mes'!#REF!","v":{"$error":"#REF!"}},{"$f":"'[51]CRO2_Pro-Mes'!DHO3","v":0},{"$f":"'[51]CRO2_Pro-Mes'!#REF!","v":{"$error":"#REF!"}},{"$f":"'[51]CRO2_Pro-Mes'!DHQ3","v":0},{"$f":"'[51]CRO2_Pro-Mes'!#REF!","v":{"$error":"#REF!"}},{"$f":"'[51]CRO2_Pro-Mes'!DHS3","v":0},{"$f":"'[51]CRO2_Pro-Mes'!#REF!","v":{"$error":"#REF!"}},{"$f":"'[51]CRO2_Pro-Mes'!DHU3","v":0},{"$f":"'[51]CRO2_Pro-Mes'!#REF!","v":{"$error":"#REF!"}},{"$f":"'[51]CRO2_Pro-Mes'!DHW3","v":0},{"$f":"'[51]CRO2_Pro-Mes'!#REF!","v":{"$error":"#REF!"}},{"$f":"'[51]CRO2_Pro-Mes'!DHY3","v":0},{"$f":"'[51]CRO2_Pro-Mes'!#REF!","v":{"$error":"#REF!"}},{"$f":"'[51]CRO2_Pro-Mes'!DIA3","v":0},{"$f":"'[51]CRO2_Pro-Mes'!#REF!","v":{"$error":"#REF!"}},{"$f":"'[51]CRO2_Pro-Mes'!DIC3","v":0},{"$f":"'[51]CRO2_Pro-Mes'!#REF!","v":{"$error":"#REF!"}},{"$f":"'[51]CRO2_Pro-Mes'!DIE3","v":0},{"$f":"'[51]CRO2_Pro-Mes'!#REF!","v":{"$error":"#REF!"}},{"$f":"'[51]CRO2_Pro-Mes'!DIG3","v":0},{"$f":"'[51]CRO2_Pro-Mes'!#REF!","v":{"$error":"#REF!"}},{"$f":"'[51]CRO2_Pro-Mes'!DII3","v":0},{"$f":"'[51]CRO2_Pro-Mes'!#REF!","v":{"$error":"#REF!"}},{"$f":"'[51]CRO2_Pro-Mes'!DIK3","v":0},{"$f":"'[51]CRO2_Pro-Mes'!#REF!","v":{"$error":"#REF!"}},{"$f":"'[51]CRO2_Pro-Mes'!DIM3","v":0},{"$f":"'[51]CRO2_Pro-Mes'!#REF!","v":{"$error":"#REF!"}},{"$f":"'[51]CRO2_Pro-Mes'!DIO3","v":0},{"$f":"'[51]CRO2_Pro-Mes'!#REF!","v":{"$error":"#REF!"}},{"$f":"'[51]CRO2_Pro-Mes'!DIQ3","v":0},{"$f":"'[51]CRO2_Pro-Mes'!#REF!","v":{"$error":"#REF!"}},{"$f":"'[51]CRO2_Pro-Mes'!DIS3","v":0},{"$f":"'[51]CRO2_Pro-Mes'!#REF!","v":{"$error":"#REF!"}},{"$f":"'[51]CRO2_Pro-Mes'!DIU3","v":0},{"$f":"'[51]CRO2_Pro-Mes'!#REF!","v":{"$error":"#REF!"}},{"$f":"'[51]CRO2_Pro-Mes'!DIW3","v":0},{"$f":"'[51]CRO2_Pro-Mes'!#REF!","v":{"$error":"#REF!"}},{"$f":"'[51]CRO2_Pro-Mes'!DIY3","v":0},{"$f":"'[51]CRO2_Pro-Mes'!#REF!","v":{"$error":"#REF!"}},{"$f":"'[51]CRO2_Pro-Mes'!DJA3","v":0},{"$f":"'[51]CRO2_Pro-Mes'!#REF!","v":{"$error":"#REF!"}},{"$f":"'[51]CRO2_Pro-Mes'!DJC3","v":0},{"$f":"'[51]CRO2_Pro-Mes'!#REF!","v":{"$error":"#REF!"}},{"$f":"'[51]CRO2_Pro-Mes'!DJE3","v":0},{"$f":"'[51]CRO2_Pro-Mes'!#REF!","v":{"$error":"#REF!"}},{"$f":"'[51]CRO2_Pro-Mes'!DJG3","v":0},{"$f":"'[51]CRO2_Pro-Mes'!#REF!","v":{"$error":"#REF!"}},{"$f":"'[51]CRO2_Pro-Mes'!DJI3","v":0},{"$f":"'[51]CRO2_Pro-Mes'!#REF!","v":{"$error":"#REF!"}},{"$f":"'[51]CRO2_Pro-Mes'!DJK3","v":0},{"$f":"'[51]CRO2_Pro-Mes'!#REF!","v":{"$error":"#REF!"}},{"$f":"'[51]CRO2_Pro-Mes'!DJM3","v":0},{"$f":"'[51]CRO2_Pro-Mes'!#REF!","v":{"$error":"#REF!"}},{"$f":"'[51]CRO2_Pro-Mes'!DJO3","v":0},{"$f":"'[51]CRO2_Pro-Mes'!#REF!","v":{"$error":"#REF!"}},{"$f":"'[51]CRO2_Pro-Mes'!DJQ3","v":0},{"$f":"'[51]CRO2_Pro-Mes'!#REF!","v":{"$error":"#REF!"}},{"$f":"'[51]CRO2_Pro-Mes'!DJS3","v":0},{"$f":"'[51]CRO2_Pro-Mes'!#REF!","v":{"$error":"#REF!"}},{"$f":"'[51]CRO2_Pro-Mes'!DJU3","v":0},{"$f":"'[51]CRO2_Pro-Mes'!#REF!","v":{"$error":"#REF!"}},{"$f":"'[51]CRO2_Pro-Mes'!DJW3","v":0},{"$f":"'[51]CRO2_Pro-Mes'!#REF!","v":{"$error":"#REF!"}},{"$f":"'[51]CRO2_Pro-Mes'!DJY3","v":0},{"$f":"'[51]CRO2_Pro-Mes'!#REF!","v":{"$error":"#REF!"}},{"$f":"'[51]CRO2_Pro-Mes'!DKA3","v":0},{"$f":"'[51]CRO2_Pro-Mes'!#REF!","v":{"$error":"#REF!"}},{"$f":"'[51]CRO2_Pro-Mes'!DKC3","v":0},{"$f":"'[51]CRO2_Pro-Mes'!#REF!","v":{"$error":"#REF!"}},{"$f":"'[51]CRO2_Pro-Mes'!DKE3","v":0},{"$f":"'[51]CRO2_Pro-Mes'!#REF!","v":{"$error":"#REF!"}},{"$f":"'[51]CRO2_Pro-Mes'!DKG3","v":0},{"$f":"'[51]CRO2_Pro-Mes'!#REF!","v":{"$error":"#REF!"}},{"$f":"'[51]CRO2_Pro-Mes'!DKI3","v":0},{"$f":"'[51]CRO2_Pro-Mes'!#REF!","v":{"$error":"#REF!"}},{"$f":"'[51]CRO2_Pro-Mes'!DKK3","v":0},{"$f":"'[51]CRO2_Pro-Mes'!#REF!","v":{"$error":"#REF!"}},{"$f":"'[51]CRO2_Pro-Mes'!DKM3","v":0},{"$f":"'[51]CRO2_Pro-Mes'!#REF!","v":{"$error":"#REF!"}},{"$f":"'[51]CRO2_Pro-Mes'!DKO3","v":0},{"$f":"'[51]CRO2_Pro-Mes'!#REF!","v":{"$error":"#REF!"}},{"$f":"'[51]CRO2_Pro-Mes'!DKQ3","v":0},{"$f":"'[51]CRO2_Pro-Mes'!#REF!","v":{"$error":"#REF!"}},{"$f":"'[51]CRO2_Pro-Mes'!DKS3","v":0},{"$f":"'[51]CRO2_Pro-Mes'!#REF!","v":{"$error":"#REF!"}},{"$f":"'[51]CRO2_Pro-Mes'!DKU3","v":0},{"$f":"'[51]CRO2_Pro-Mes'!#REF!","v":{"$error":"#REF!"}},{"$f":"'[51]CRO2_Pro-Mes'!DKW3","v":0},{"$f":"'[51]CRO2_Pro-Mes'!#REF!","v":{"$error":"#REF!"}},{"$f":"'[51]CRO2_Pro-Mes'!DKY3","v":0},{"$f":"'[51]CRO2_Pro-Mes'!#REF!","v":{"$error":"#REF!"}},{"$f":"'[51]CRO2_Pro-Mes'!DLA3","v":0},{"$f":"'[51]CRO2_Pro-Mes'!#REF!","v":{"$error":"#REF!"}},{"$f":"'[51]CRO2_Pro-Mes'!DLC3","v":0},{"$f":"'[51]CRO2_Pro-Mes'!#REF!","v":{"$error":"#REF!"}},{"$f":"'[51]CRO2_Pro-Mes'!DLE3","v":0},{"$f":"'[51]CRO2_Pro-Mes'!#REF!","v":{"$error":"#REF!"}},{"$f":"'[51]CRO2_Pro-Mes'!DLG3","v":0},{"$f":"'[51]CRO2_Pro-Mes'!#REF!","v":{"$error":"#REF!"}},{"$f":"'[51]CRO2_Pro-Mes'!DLI3","v":0},{"$f":"'[51]CRO2_Pro-Mes'!#REF!","v":{"$error":"#REF!"}},{"$f":"'[51]CRO2_Pro-Mes'!DLK3","v":0},{"$f":"'[51]CRO2_Pro-Mes'!#REF!","v":{"$error":"#REF!"}},{"$f":"'[51]CRO2_Pro-Mes'!DLM3","v":0},{"$f":"'[51]CRO2_Pro-Mes'!#REF!","v":{"$error":"#REF!"}},{"$f":"'[51]CRO2_Pro-Mes'!DLO3","v":0},{"$f":"'[51]CRO2_Pro-Mes'!#REF!","v":{"$error":"#REF!"}},{"$f":"'[51]CRO2_Pro-Mes'!DLQ3","v":0},{"$f":"'[51]CRO2_Pro-Mes'!#REF!","v":{"$error":"#REF!"}},{"$f":"'[51]CRO2_Pro-Mes'!DLS3","v":0},{"$f":"'[51]CRO2_Pro-Mes'!#REF!","v":{"$error":"#REF!"}},{"$f":"'[51]CRO2_Pro-Mes'!DLU3","v":0},{"$f":"'[51]CRO2_Pro-Mes'!#REF!","v":{"$error":"#REF!"}},{"$f":"'[51]CRO2_Pro-Mes'!DLW3","v":0},{"$f":"'[51]CRO2_Pro-Mes'!#REF!","v":{"$error":"#REF!"}},{"$f":"'[51]CRO2_Pro-Mes'!DLY3","v":0},{"$f":"'[51]CRO2_Pro-Mes'!#REF!","v":{"$error":"#REF!"}},{"$f":"'[51]CRO2_Pro-Mes'!DMA3","v":0},{"$f":"'[51]CRO2_Pro-Mes'!#REF!","v":{"$error":"#REF!"}},{"$f":"'[51]CRO2_Pro-Mes'!DMC3","v":0},{"$f":"'[51]CRO2_Pro-Mes'!#REF!","v":{"$error":"#REF!"}},{"$f":"'[51]CRO2_Pro-Mes'!DME3","v":0},{"$f":"'[51]CRO2_Pro-Mes'!#REF!","v":{"$error":"#REF!"}},{"$f":"'[51]CRO2_Pro-Mes'!DMG3","v":0},{"$f":"'[51]CRO2_Pro-Mes'!#REF!","v":{"$error":"#REF!"}},{"$f":"'[51]CRO2_Pro-Mes'!DMI3","v":0},{"$f":"'[51]CRO2_Pro-Mes'!#REF!","v":{"$error":"#REF!"}},{"$f":"'[51]CRO2_Pro-Mes'!DMK3","v":0},{"$f":"'[51]CRO2_Pro-Mes'!#REF!","v":{"$error":"#REF!"}},{"$f":"'[51]CRO2_Pro-Mes'!DMM3","v":0},{"$f":"'[51]CRO2_Pro-Mes'!#REF!","v":{"$error":"#REF!"}},{"$f":"'[51]CRO2_Pro-Mes'!DMO3","v":0},{"$f":"'[51]CRO2_Pro-Mes'!#REF!","v":{"$error":"#REF!"}},{"$f":"'[51]CRO2_Pro-Mes'!DMQ3","v":0},{"$f":"'[51]CRO2_Pro-Mes'!#REF!","v":{"$error":"#REF!"}},{"$f":"'[51]CRO2_Pro-Mes'!DMS3","v":0},{"$f":"'[51]CRO2_Pro-Mes'!#REF!","v":{"$error":"#REF!"}},{"$f":"'[51]CRO2_Pro-Mes'!DMU3","v":0},{"$f":"'[51]CRO2_Pro-Mes'!#REF!","v":{"$error":"#REF!"}},{"$f":"'[51]CRO2_Pro-Mes'!DMW3","v":0},{"$f":"'[51]CRO2_Pro-Mes'!#REF!","v":{"$error":"#REF!"}},{"$f":"'[51]CRO2_Pro-Mes'!DMY3","v":0},{"$f":"'[51]CRO2_Pro-Mes'!#REF!","v":{"$error":"#REF!"}},{"$f":"'[51]CRO2_Pro-Mes'!DNA3","v":0},{"$f":"'[51]CRO2_Pro-Mes'!#REF!","v":{"$error":"#REF!"}},{"$f":"'[51]CRO2_Pro-Mes'!DNC3","v":0},{"$f":"'[51]CRO2_Pro-Mes'!#REF!","v":{"$error":"#REF!"}},{"$f":"'[51]CRO2_Pro-Mes'!DNE3","v":0},{"$f":"'[51]CRO2_Pro-Mes'!#REF!","v":{"$error":"#REF!"}},{"$f":"'[51]CRO2_Pro-Mes'!DNG3","v":0},{"$f":"'[51]CRO2_Pro-Mes'!#REF!","v":{"$error":"#REF!"}},{"$f":"'[51]CRO2_Pro-Mes'!DNI3","v":0},{"$f":"'[51]CRO2_Pro-Mes'!#REF!","v":{"$error":"#REF!"}},{"$f":"'[51]CRO2_Pro-Mes'!DNK3","v":0},{"$f":"'[51]CRO2_Pro-Mes'!#REF!","v":{"$error":"#REF!"}},{"$f":"'[51]CRO2_Pro-Mes'!DNM3","v":0},{"$f":"'[51]CRO2_Pro-Mes'!#REF!","v":{"$error":"#REF!"}},{"$f":"'[51]CRO2_Pro-Mes'!DNO3","v":0},{"$f":"'[51]CRO2_Pro-Mes'!#REF!","v":{"$error":"#REF!"}},{"$f":"'[51]CRO2_Pro-Mes'!DNQ3","v":0},{"$f":"'[51]CRO2_Pro-Mes'!#REF!","v":{"$error":"#REF!"}},{"$f":"'[51]CRO2_Pro-Mes'!DNS3","v":0},{"$f":"'[51]CRO2_Pro-Mes'!#REF!","v":{"$error":"#REF!"}},{"$f":"'[51]CRO2_Pro-Mes'!DNU3","v":0},{"$f":"'[51]CRO2_Pro-Mes'!#REF!","v":{"$error":"#REF!"}},{"$f":"'[51]CRO2_Pro-Mes'!DNW3","v":0},{"$f":"'[51]CRO2_Pro-Mes'!#REF!","v":{"$error":"#REF!"}},{"$f":"'[51]CRO2_Pro-Mes'!DNY3","v":0},{"$f":"'[51]CRO2_Pro-Mes'!#REF!","v":{"$error":"#REF!"}},{"$f":"'[51]CRO2_Pro-Mes'!DOA3","v":0},{"$f":"'[51]CRO2_Pro-Mes'!#REF!","v":{"$error":"#REF!"}},{"$f":"'[51]CRO2_Pro-Mes'!DOC3","v":0},{"$f":"'[51]CRO2_Pro-Mes'!#REF!","v":{"$error":"#REF!"}},{"$f":"'[51]CRO2_Pro-Mes'!DOE3","v":0},{"$f":"'[51]CRO2_Pro-Mes'!#REF!","v":{"$error":"#REF!"}},{"$f":"'[51]CRO2_Pro-Mes'!DOG3","v":0},{"$f":"'[51]CRO2_Pro-Mes'!#REF!","v":{"$error":"#REF!"}},{"$f":"'[51]CRO2_Pro-Mes'!DOI3","v":0},{"$f":"'[51]CRO2_Pro-Mes'!#REF!","v":{"$error":"#REF!"}},{"$f":"'[51]CRO2_Pro-Mes'!DOK3","v":0},{"$f":"'[51]CRO2_Pro-Mes'!#REF!","v":{"$error":"#REF!"}},{"$f":"'[51]CRO2_Pro-Mes'!DOM3","v":0},{"$f":"'[51]CRO2_Pro-Mes'!#REF!","v":{"$error":"#REF!"}},{"$f":"'[51]CRO2_Pro-Mes'!DOO3","v":0},{"$f":"'[51]CRO2_Pro-Mes'!#REF!","v":{"$error":"#REF!"}},{"$f":"'[51]CRO2_Pro-Mes'!DOQ3","v":0},{"$f":"'[51]CRO2_Pro-Mes'!#REF!","v":{"$error":"#REF!"}},{"$f":"'[51]CRO2_Pro-Mes'!DOS3","v":0},{"$f":"'[51]CRO2_Pro-Mes'!#REF!","v":{"$error":"#REF!"}},{"$f":"'[51]CRO2_Pro-Mes'!DOU3","v":0},{"$f":"'[51]CRO2_Pro-Mes'!#REF!","v":{"$error":"#REF!"}},{"$f":"'[51]CRO2_Pro-Mes'!DOW3","v":0},{"$f":"'[51]CRO2_Pro-Mes'!#REF!","v":{"$error":"#REF!"}},{"$f":"'[51]CRO2_Pro-Mes'!DOY3","v":0},{"$f":"'[51]CRO2_Pro-Mes'!#REF!","v":{"$error":"#REF!"}},{"$f":"'[51]CRO2_Pro-Mes'!DPA3","v":0},{"$f":"'[51]CRO2_Pro-Mes'!#REF!","v":{"$error":"#REF!"}},{"$f":"'[51]CRO2_Pro-Mes'!DPC3","v":0},{"$f":"'[51]CRO2_Pro-Mes'!#REF!","v":{"$error":"#REF!"}},{"$f":"'[51]CRO2_Pro-Mes'!DPE3","v":0},{"$f":"'[51]CRO2_Pro-Mes'!#REF!","v":{"$error":"#REF!"}},{"$f":"'[51]CRO2_Pro-Mes'!DPG3","v":0},{"$f":"'[51]CRO2_Pro-Mes'!#REF!","v":{"$error":"#REF!"}},{"$f":"'[51]CRO2_Pro-Mes'!DPI3","v":0},{"$f":"'[51]CRO2_Pro-Mes'!#REF!","v":{"$error":"#REF!"}},{"$f":"'[51]CRO2_Pro-Mes'!DPK3","v":0},{"$f":"'[51]CRO2_Pro-Mes'!#REF!","v":{"$error":"#REF!"}},{"$f":"'[51]CRO2_Pro-Mes'!DPM3","v":0},{"$f":"'[51]CRO2_Pro-Mes'!#REF!","v":{"$error":"#REF!"}},{"$f":"'[51]CRO2_Pro-Mes'!DPO3","v":0},{"$f":"'[51]CRO2_Pro-Mes'!#REF!","v":{"$error":"#REF!"}},{"$f":"'[51]CRO2_Pro-Mes'!DPQ3","v":0},{"$f":"'[51]CRO2_Pro-Mes'!#REF!","v":{"$error":"#REF!"}},{"$f":"'[51]CRO2_Pro-Mes'!DPS3","v":0},{"$f":"'[51]CRO2_Pro-Mes'!#REF!","v":{"$error":"#REF!"}},{"$f":"'[51]CRO2_Pro-Mes'!DPU3","v":0},{"$f":"'[51]CRO2_Pro-Mes'!#REF!","v":{"$error":"#REF!"}},{"$f":"'[51]CRO2_Pro-Mes'!DPW3","v":0},{"$f":"'[51]CRO2_Pro-Mes'!#REF!","v":{"$error":"#REF!"}},{"$f":"'[51]CRO2_Pro-Mes'!DPY3","v":0},{"$f":"'[51]CRO2_Pro-Mes'!#REF!","v":{"$error":"#REF!"}},{"$f":"'[51]CRO2_Pro-Mes'!DQA3","v":0},{"$f":"'[51]CRO2_Pro-Mes'!#REF!","v":{"$error":"#REF!"}},{"$f":"'[51]CRO2_Pro-Mes'!DQC3","v":0},{"$f":"'[51]CRO2_Pro-Mes'!#REF!","v":{"$error":"#REF!"}},{"$f":"'[51]CRO2_Pro-Mes'!DQE3","v":0},{"$f":"'[51]CRO2_Pro-Mes'!#REF!","v":{"$error":"#REF!"}},{"$f":"'[51]CRO2_Pro-Mes'!DQG3","v":0},{"$f":"'[51]CRO2_Pro-Mes'!#REF!","v":{"$error":"#REF!"}},{"$f":"'[51]CRO2_Pro-Mes'!DQI3","v":0},{"$f":"'[51]CRO2_Pro-Mes'!#REF!","v":{"$error":"#REF!"}},{"$f":"'[51]CRO2_Pro-Mes'!DQK3","v":0},{"$f":"'[51]CRO2_Pro-Mes'!#REF!","v":{"$error":"#REF!"}},{"$f":"'[51]CRO2_Pro-Mes'!DQM3","v":0},{"$f":"'[51]CRO2_Pro-Mes'!#REF!","v":{"$error":"#REF!"}},{"$f":"'[51]CRO2_Pro-Mes'!DQO3","v":0},{"$f":"'[51]CRO2_Pro-Mes'!#REF!","v":{"$error":"#REF!"}},{"$f":"'[51]CRO2_Pro-Mes'!DQQ3","v":0},{"$f":"'[51]CRO2_Pro-Mes'!#REF!","v":{"$error":"#REF!"}},{"$f":"'[51]CRO2_Pro-Mes'!DQS3","v":0},{"$f":"'[51]CRO2_Pro-Mes'!#REF!","v":{"$error":"#REF!"}},{"$f":"'[51]CRO2_Pro-Mes'!DQU3","v":0},{"$f":"'[51]CRO2_Pro-Mes'!#REF!","v":{"$error":"#REF!"}},{"$f":"'[51]CRO2_Pro-Mes'!DQW3","v":0},{"$f":"'[51]CRO2_Pro-Mes'!#REF!","v":{"$error":"#REF!"}},{"$f":"'[51]CRO2_Pro-Mes'!DQY3","v":0},{"$f":"'[51]CRO2_Pro-Mes'!#REF!","v":{"$error":"#REF!"}},{"$f":"'[51]CRO2_Pro-Mes'!DRA3","v":0},{"$f":"'[51]CRO2_Pro-Mes'!#REF!","v":{"$error":"#REF!"}},{"$f":"'[51]CRO2_Pro-Mes'!DRC3","v":0},{"$f":"'[51]CRO2_Pro-Mes'!#REF!","v":{"$error":"#REF!"}},{"$f":"'[51]CRO2_Pro-Mes'!DRE3","v":0},{"$f":"'[51]CRO2_Pro-Mes'!#REF!","v":{"$error":"#REF!"}},{"$f":"'[51]CRO2_Pro-Mes'!DRG3","v":0},{"$f":"'[51]CRO2_Pro-Mes'!#REF!","v":{"$error":"#REF!"}},{"$f":"'[51]CRO2_Pro-Mes'!DRI3","v":0},{"$f":"'[51]CRO2_Pro-Mes'!#REF!","v":{"$error":"#REF!"}},{"$f":"'[51]CRO2_Pro-Mes'!DRK3","v":0},{"$f":"'[51]CRO2_Pro-Mes'!#REF!","v":{"$error":"#REF!"}},{"$f":"'[51]CRO2_Pro-Mes'!DRM3","v":0},{"$f":"'[51]CRO2_Pro-Mes'!#REF!","v":{"$error":"#REF!"}},{"$f":"'[51]CRO2_Pro-Mes'!DRO3","v":0},{"$f":"'[51]CRO2_Pro-Mes'!#REF!","v":{"$error":"#REF!"}},{"$f":"'[51]CRO2_Pro-Mes'!DRQ3","v":0},{"$f":"'[51]CRO2_Pro-Mes'!#REF!","v":{"$error":"#REF!"}},{"$f":"'[51]CRO2_Pro-Mes'!DRS3","v":0},{"$f":"'[51]CRO2_Pro-Mes'!#REF!","v":{"$error":"#REF!"}},{"$f":"'[51]CRO2_Pro-Mes'!DRU3","v":0},{"$f":"'[51]CRO2_Pro-Mes'!#REF!","v":{"$error":"#REF!"}},{"$f":"'[51]CRO2_Pro-Mes'!DRW3","v":0},{"$f":"'[51]CRO2_Pro-Mes'!#REF!","v":{"$error":"#REF!"}},{"$f":"'[51]CRO2_Pro-Mes'!DRY3","v":0},{"$f":"'[51]CRO2_Pro-Mes'!#REF!","v":{"$error":"#REF!"}},{"$f":"'[51]CRO2_Pro-Mes'!DSA3","v":0},{"$f":"'[51]CRO2_Pro-Mes'!#REF!","v":{"$error":"#REF!"}},{"$f":"'[51]CRO2_Pro-Mes'!DSC3","v":0},{"$f":"'[51]CRO2_Pro-Mes'!#REF!","v":{"$error":"#REF!"}},{"$f":"'[51]CRO2_Pro-Mes'!DSE3","v":0},{"$f":"'[51]CRO2_Pro-Mes'!#REF!","v":{"$error":"#REF!"}},{"$f":"'[51]CRO2_Pro-Mes'!DSG3","v":0},{"$f":"'[51]CRO2_Pro-Mes'!#REF!","v":{"$error":"#REF!"}},{"$f":"'[51]CRO2_Pro-Mes'!DSI3","v":0},{"$f":"'[51]CRO2_Pro-Mes'!#REF!","v":{"$error":"#REF!"}},{"$f":"'[51]CRO2_Pro-Mes'!DSK3","v":0},{"$f":"'[51]CRO2_Pro-Mes'!#REF!","v":{"$error":"#REF!"}},{"$f":"'[51]CRO2_Pro-Mes'!DSM3","v":0},{"$f":"'[51]CRO2_Pro-Mes'!#REF!","v":{"$error":"#REF!"}},{"$f":"'[51]CRO2_Pro-Mes'!DSO3","v":0},{"$f":"'[51]CRO2_Pro-Mes'!#REF!","v":{"$error":"#REF!"}},{"$f":"'[51]CRO2_Pro-Mes'!DSQ3","v":0},{"$f":"'[51]CRO2_Pro-Mes'!#REF!","v":{"$error":"#REF!"}},{"$f":"'[51]CRO2_Pro-Mes'!DSS3","v":0},{"$f":"'[51]CRO2_Pro-Mes'!#REF!","v":{"$error":"#REF!"}},{"$f":"'[51]CRO2_Pro-Mes'!DSU3","v":0},{"$f":"'[51]CRO2_Pro-Mes'!#REF!","v":{"$error":"#REF!"}},{"$f":"'[51]CRO2_Pro-Mes'!DSW3","v":0},{"$f":"'[51]CRO2_Pro-Mes'!#REF!","v":{"$error":"#REF!"}},{"$f":"'[51]CRO2_Pro-Mes'!DSY3","v":0},{"$f":"'[51]CRO2_Pro-Mes'!#REF!","v":{"$error":"#REF!"}},{"$f":"'[51]CRO2_Pro-Mes'!DTA3","v":0},{"$f":"'[51]CRO2_Pro-Mes'!#REF!","v":{"$error":"#REF!"}},{"$f":"'[51]CRO2_Pro-Mes'!DTC3","v":0},{"$f":"'[51]CRO2_Pro-Mes'!#REF!","v":{"$error":"#REF!"}},{"$f":"'[51]CRO2_Pro-Mes'!DTE3","v":0},{"$f":"'[51]CRO2_Pro-Mes'!#REF!","v":{"$error":"#REF!"}},{"$f":"'[51]CRO2_Pro-Mes'!DTG3","v":0},{"$f":"'[51]CRO2_Pro-Mes'!#REF!","v":{"$error":"#REF!"}},{"$f":"'[51]CRO2_Pro-Mes'!DTI3","v":0},{"$f":"'[51]CRO2_Pro-Mes'!#REF!","v":{"$error":"#REF!"}},{"$f":"'[51]CRO2_Pro-Mes'!DTK3","v":0},{"$f":"'[51]CRO2_Pro-Mes'!#REF!","v":{"$error":"#REF!"}},{"$f":"'[51]CRO2_Pro-Mes'!DTM3","v":0},{"$f":"'[51]CRO2_Pro-Mes'!#REF!","v":{"$error":"#REF!"}},{"$f":"'[51]CRO2_Pro-Mes'!DTO3","v":0},{"$f":"'[51]CRO2_Pro-Mes'!#REF!","v":{"$error":"#REF!"}},{"$f":"'[51]CRO2_Pro-Mes'!DTQ3","v":0},{"$f":"'[51]CRO2_Pro-Mes'!#REF!","v":{"$error":"#REF!"}},{"$f":"'[51]CRO2_Pro-Mes'!DTS3","v":0},{"$f":"'[51]CRO2_Pro-Mes'!#REF!","v":{"$error":"#REF!"}},{"$f":"'[51]CRO2_Pro-Mes'!DTU3","v":0},{"$f":"'[51]CRO2_Pro-Mes'!#REF!","v":{"$error":"#REF!"}},{"$f":"'[51]CRO2_Pro-Mes'!DTW3","v":0},{"$f":"'[51]CRO2_Pro-Mes'!#REF!","v":{"$error":"#REF!"}},{"$f":"'[51]CRO2_Pro-Mes'!DTY3","v":0},{"$f":"'[51]CRO2_Pro-Mes'!#REF!","v":{"$error":"#REF!"}},{"$f":"'[51]CRO2_Pro-Mes'!DUA3","v":0},{"$f":"'[51]CRO2_Pro-Mes'!#REF!","v":{"$error":"#REF!"}},{"$f":"'[51]CRO2_Pro-Mes'!DUC3","v":0},{"$f":"'[51]CRO2_Pro-Mes'!#REF!","v":{"$error":"#REF!"}},{"$f":"'[51]CRO2_Pro-Mes'!DUE3","v":0},{"$f":"'[51]CRO2_Pro-Mes'!#REF!","v":{"$error":"#REF!"}},{"$f":"'[51]CRO2_Pro-Mes'!DUG3","v":0},{"$f":"'[51]CRO2_Pro-Mes'!#REF!","v":{"$error":"#REF!"}},{"$f":"'[51]CRO2_Pro-Mes'!DUI3","v":0},{"$f":"'[51]CRO2_Pro-Mes'!#REF!","v":{"$error":"#REF!"}},{"$f":"'[51]CRO2_Pro-Mes'!DUK3","v":0},{"$f":"'[51]CRO2_Pro-Mes'!#REF!","v":{"$error":"#REF!"}},{"$f":"'[51]CRO2_Pro-Mes'!DUM3","v":0},{"$f":"'[51]CRO2_Pro-Mes'!#REF!","v":{"$error":"#REF!"}},{"$f":"'[51]CRO2_Pro-Mes'!DUO3","v":0},{"$f":"'[51]CRO2_Pro-Mes'!#REF!","v":{"$error":"#REF!"}},{"$f":"'[51]CRO2_Pro-Mes'!DUQ3","v":0},{"$f":"'[51]CRO2_Pro-Mes'!#REF!","v":{"$error":"#REF!"}},{"$f":"'[51]CRO2_Pro-Mes'!DUS3","v":0},{"$f":"'[51]CRO2_Pro-Mes'!#REF!","v":{"$error":"#REF!"}},{"$f":"'[51]CRO2_Pro-Mes'!DUU3","v":0},{"$f":"'[51]CRO2_Pro-Mes'!#REF!","v":{"$error":"#REF!"}},{"$f":"'[51]CRO2_Pro-Mes'!DUW3","v":0},{"$f":"'[51]CRO2_Pro-Mes'!#REF!","v":{"$error":"#REF!"}},{"$f":"'[51]CRO2_Pro-Mes'!DUY3","v":0},{"$f":"'[51]CRO2_Pro-Mes'!#REF!","v":{"$error":"#REF!"}},{"$f":"'[51]CRO2_Pro-Mes'!DVA3","v":0},{"$f":"'[51]CRO2_Pro-Mes'!#REF!","v":{"$error":"#REF!"}},{"$f":"'[51]CRO2_Pro-Mes'!DVC3","v":0},{"$f":"'[51]CRO2_Pro-Mes'!#REF!","v":{"$error":"#REF!"}},{"$f":"'[51]CRO2_Pro-Mes'!DVE3","v":0},{"$f":"'[51]CRO2_Pro-Mes'!#REF!","v":{"$error":"#REF!"}},{"$f":"'[51]CRO2_Pro-Mes'!DVG3","v":0},{"$f":"'[51]CRO2_Pro-Mes'!#REF!","v":{"$error":"#REF!"}},{"$f":"'[51]CRO2_Pro-Mes'!DVI3","v":0},{"$f":"'[51]CRO2_Pro-Mes'!#REF!","v":{"$error":"#REF!"}},{"$f":"'[51]CRO2_Pro-Mes'!DVK3","v":0},{"$f":"'[51]CRO2_Pro-Mes'!#REF!","v":{"$error":"#REF!"}},{"$f":"'[51]CRO2_Pro-Mes'!DVM3","v":0},{"$f":"'[51]CRO2_Pro-Mes'!#REF!","v":{"$error":"#REF!"}},{"$f":"'[51]CRO2_Pro-Mes'!DVO3","v":0},{"$f":"'[51]CRO2_Pro-Mes'!#REF!","v":{"$error":"#REF!"}},{"$f":"'[51]CRO2_Pro-Mes'!DVQ3","v":0},{"$f":"'[51]CRO2_Pro-Mes'!#REF!","v":{"$error":"#REF!"}},{"$f":"'[51]CRO2_Pro-Mes'!DVS3","v":0},{"$f":"'[51]CRO2_Pro-Mes'!#REF!","v":{"$error":"#REF!"}},{"$f":"'[51]CRO2_Pro-Mes'!DVU3","v":0},{"$f":"'[51]CRO2_Pro-Mes'!#REF!","v":{"$error":"#REF!"}},{"$f":"'[51]CRO2_Pro-Mes'!DVW3","v":0},{"$f":"'[51]CRO2_Pro-Mes'!#REF!","v":{"$error":"#REF!"}},{"$f":"'[51]CRO2_Pro-Mes'!DVY3","v":0},{"$f":"'[51]CRO2_Pro-Mes'!#REF!","v":{"$error":"#REF!"}},{"$f":"'[51]CRO2_Pro-Mes'!DWA3","v":0},{"$f":"'[51]CRO2_Pro-Mes'!#REF!","v":{"$error":"#REF!"}},{"$f":"'[51]CRO2_Pro-Mes'!DWC3","v":0},{"$f":"'[51]CRO2_Pro-Mes'!#REF!","v":{"$error":"#REF!"}},{"$f":"'[51]CRO2_Pro-Mes'!DWE3","v":0},{"$f":"'[51]CRO2_Pro-Mes'!#REF!","v":{"$error":"#REF!"}},{"$f":"'[51]CRO2_Pro-Mes'!DWG3","v":0},{"$f":"'[51]CRO2_Pro-Mes'!#REF!","v":{"$error":"#REF!"}},{"$f":"'[51]CRO2_Pro-Mes'!DWI3","v":0},{"$f":"'[51]CRO2_Pro-Mes'!#REF!","v":{"$error":"#REF!"}},{"$f":"'[51]CRO2_Pro-Mes'!DWK3","v":0},{"$f":"'[51]CRO2_Pro-Mes'!#REF!","v":{"$error":"#REF!"}},{"$f":"'[51]CRO2_Pro-Mes'!DWM3","v":0},{"$f":"'[51]CRO2_Pro-Mes'!#REF!","v":{"$error":"#REF!"}},{"$f":"'[51]CRO2_Pro-Mes'!DWO3","v":0},{"$f":"'[51]CRO2_Pro-Mes'!#REF!","v":{"$error":"#REF!"}},{"$f":"'[51]CRO2_Pro-Mes'!DWQ3","v":0},{"$f":"'[51]CRO2_Pro-Mes'!#REF!","v":{"$error":"#REF!"}},{"$f":"'[51]CRO2_Pro-Mes'!DWS3","v":0},{"$f":"'[51]CRO2_Pro-Mes'!#REF!","v":{"$error":"#REF!"}},{"$f":"'[51]CRO2_Pro-Mes'!DWU3","v":0},{"$f":"'[51]CRO2_Pro-Mes'!#REF!","v":{"$error":"#REF!"}},{"$f":"'[51]CRO2_Pro-Mes'!DWW3","v":0},{"$f":"'[51]CRO2_Pro-Mes'!#REF!","v":{"$error":"#REF!"}},{"$f":"'[51]CRO2_Pro-Mes'!DWY3","v":0},{"$f":"'[51]CRO2_Pro-Mes'!#REF!","v":{"$error":"#REF!"}},{"$f":"'[51]CRO2_Pro-Mes'!DXA3","v":0},{"$f":"'[51]CRO2_Pro-Mes'!#REF!","v":{"$error":"#REF!"}},{"$f":"'[51]CRO2_Pro-Mes'!DXC3","v":0},{"$f":"'[51]CRO2_Pro-Mes'!#REF!","v":{"$error":"#REF!"}},{"$f":"'[51]CRO2_Pro-Mes'!DXE3","v":0},{"$f":"'[51]CRO2_Pro-Mes'!#REF!","v":{"$error":"#REF!"}},{"$f":"'[51]CRO2_Pro-Mes'!DXG3","v":0},{"$f":"'[51]CRO2_Pro-Mes'!#REF!","v":{"$error":"#REF!"}},{"$f":"'[51]CRO2_Pro-Mes'!DXI3","v":0},{"$f":"'[51]CRO2_Pro-Mes'!#REF!","v":{"$error":"#REF!"}},{"$f":"'[51]CRO2_Pro-Mes'!DXK3","v":0},{"$f":"'[51]CRO2_Pro-Mes'!#REF!","v":{"$error":"#REF!"}},{"$f":"'[51]CRO2_Pro-Mes'!DXM3","v":0},{"$f":"'[51]CRO2_Pro-Mes'!#REF!","v":{"$error":"#REF!"}},{"$f":"'[51]CRO2_Pro-Mes'!DXO3","v":0},{"$f":"'[51]CRO2_Pro-Mes'!#REF!","v":{"$error":"#REF!"}},{"$f":"'[51]CRO2_Pro-Mes'!DXQ3","v":0},{"$f":"'[51]CRO2_Pro-Mes'!#REF!","v":{"$error":"#REF!"}},{"$f":"'[51]CRO2_Pro-Mes'!DXS3","v":0},{"$f":"'[51]CRO2_Pro-Mes'!#REF!","v":{"$error":"#REF!"}},{"$f":"'[51]CRO2_Pro-Mes'!DXU3","v":0},{"$f":"'[51]CRO2_Pro-Mes'!#REF!","v":{"$error":"#REF!"}},{"$f":"'[51]CRO2_Pro-Mes'!DXW3","v":0},{"$f":"'[51]CRO2_Pro-Mes'!#REF!","v":{"$error":"#REF!"}},{"$f":"'[51]CRO2_Pro-Mes'!DXY3","v":0},{"$f":"'[51]CRO2_Pro-Mes'!#REF!","v":{"$error":"#REF!"}},{"$f":"'[51]CRO2_Pro-Mes'!DYA3","v":0},{"$f":"'[51]CRO2_Pro-Mes'!#REF!","v":{"$error":"#REF!"}},{"$f":"'[51]CRO2_Pro-Mes'!DYC3","v":0},{"$f":"'[51]CRO2_Pro-Mes'!#REF!","v":{"$error":"#REF!"}},{"$f":"'[51]CRO2_Pro-Mes'!DYE3","v":0},{"$f":"'[51]CRO2_Pro-Mes'!#REF!","v":{"$error":"#REF!"}},{"$f":"'[51]CRO2_Pro-Mes'!DYG3","v":0},{"$f":"'[51]CRO2_Pro-Mes'!#REF!","v":{"$error":"#REF!"}},{"$f":"'[51]CRO2_Pro-Mes'!DYI3","v":0},{"$f":"'[51]CRO2_Pro-Mes'!#REF!","v":{"$error":"#REF!"}},{"$f":"'[51]CRO2_Pro-Mes'!DYK3","v":0},{"$f":"'[51]CRO2_Pro-Mes'!#REF!","v":{"$error":"#REF!"}},{"$f":"'[51]CRO2_Pro-Mes'!DYM3","v":0},{"$f":"'[51]CRO2_Pro-Mes'!#REF!","v":{"$error":"#REF!"}},{"$f":"'[51]CRO2_Pro-Mes'!DYO3","v":0},{"$f":"'[51]CRO2_Pro-Mes'!#REF!","v":{"$error":"#REF!"}},{"$f":"'[51]CRO2_Pro-Mes'!DYQ3","v":0},{"$f":"'[51]CRO2_Pro-Mes'!#REF!","v":{"$error":"#REF!"}},{"$f":"'[51]CRO2_Pro-Mes'!DYS3","v":0},{"$f":"'[51]CRO2_Pro-Mes'!#REF!","v":{"$error":"#REF!"}},{"$f":"'[51]CRO2_Pro-Mes'!DYU3","v":0},{"$f":"'[51]CRO2_Pro-Mes'!#REF!","v":{"$error":"#REF!"}},{"$f":"'[51]CRO2_Pro-Mes'!DYW3","v":0},{"$f":"'[51]CRO2_Pro-Mes'!#REF!","v":{"$error":"#REF!"}},{"$f":"'[51]CRO2_Pro-Mes'!DYY3","v":0},{"$f":"'[51]CRO2_Pro-Mes'!#REF!","v":{"$error":"#REF!"}},{"$f":"'[51]CRO2_Pro-Mes'!DZA3","v":0},{"$f":"'[51]CRO2_Pro-Mes'!#REF!","v":{"$error":"#REF!"}},{"$f":"'[51]CRO2_Pro-Mes'!DZC3","v":0},{"$f":"'[51]CRO2_Pro-Mes'!#REF!","v":{"$error":"#REF!"}},{"$f":"'[51]CRO2_Pro-Mes'!DZE3","v":0},{"$f":"'[51]CRO2_Pro-Mes'!#REF!","v":{"$error":"#REF!"}},{"$f":"'[51]CRO2_Pro-Mes'!DZG3","v":0},{"$f":"'[51]CRO2_Pro-Mes'!#REF!","v":{"$error":"#REF!"}},{"$f":"'[51]CRO2_Pro-Mes'!DZI3","v":0},{"$f":"'[51]CRO2_Pro-Mes'!#REF!","v":{"$error":"#REF!"}},{"$f":"'[51]CRO2_Pro-Mes'!DZK3","v":0},{"$f":"'[51]CRO2_Pro-Mes'!#REF!","v":{"$error":"#REF!"}},{"$f":"'[51]CRO2_Pro-Mes'!DZM3","v":0},{"$f":"'[51]CRO2_Pro-Mes'!#REF!","v":{"$error":"#REF!"}},{"$f":"'[51]CRO2_Pro-Mes'!DZO3","v":0},{"$f":"'[51]CRO2_Pro-Mes'!#REF!","v":{"$error":"#REF!"}},{"$f":"'[51]CRO2_Pro-Mes'!DZQ3","v":0},{"$f":"'[51]CRO2_Pro-Mes'!#REF!","v":{"$error":"#REF!"}},{"$f":"'[51]CRO2_Pro-Mes'!DZS3","v":0},{"$f":"'[51]CRO2_Pro-Mes'!#REF!","v":{"$error":"#REF!"}},{"$f":"'[51]CRO2_Pro-Mes'!DZU3","v":0},{"$f":"'[51]CRO2_Pro-Mes'!#REF!","v":{"$error":"#REF!"}},{"$f":"'[51]CRO2_Pro-Mes'!DZW3","v":0},{"$f":"'[51]CRO2_Pro-Mes'!#REF!","v":{"$error":"#REF!"}},{"$f":"'[51]CRO2_Pro-Mes'!DZY3","v":0},{"$f":"'[51]CRO2_Pro-Mes'!#REF!","v":{"$error":"#REF!"}},{"$f":"'[51]CRO2_Pro-Mes'!EAA3","v":0},{"$f":"'[51]CRO2_Pro-Mes'!#REF!","v":{"$error":"#REF!"}},{"$f":"'[51]CRO2_Pro-Mes'!EAC3","v":0},{"$f":"'[51]CRO2_Pro-Mes'!#REF!","v":{"$error":"#REF!"}},{"$f":"'[51]CRO2_Pro-Mes'!EAE3","v":0},{"$f":"'[51]CRO2_Pro-Mes'!#REF!","v":{"$error":"#REF!"}},{"$f":"'[51]CRO2_Pro-Mes'!EAG3","v":0},{"$f":"'[51]CRO2_Pro-Mes'!#REF!","v":{"$error":"#REF!"}},{"$f":"'[51]CRO2_Pro-Mes'!EAI3","v":0},{"$f":"'[51]CRO2_Pro-Mes'!#REF!","v":{"$error":"#REF!"}},{"$f":"'[51]CRO2_Pro-Mes'!EAK3","v":0},{"$f":"'[51]CRO2_Pro-Mes'!#REF!","v":{"$error":"#REF!"}},{"$f":"'[51]CRO2_Pro-Mes'!EAM3","v":0},{"$f":"'[51]CRO2_Pro-Mes'!#REF!","v":{"$error":"#REF!"}},{"$f":"'[51]CRO2_Pro-Mes'!EAO3","v":0},{"$f":"'[51]CRO2_Pro-Mes'!#REF!","v":{"$error":"#REF!"}},{"$f":"'[51]CRO2_Pro-Mes'!EAQ3","v":0},{"$f":"'[51]CRO2_Pro-Mes'!#REF!","v":{"$error":"#REF!"}},{"$f":"'[51]CRO2_Pro-Mes'!EAS3","v":0},{"$f":"'[51]CRO2_Pro-Mes'!#REF!","v":{"$error":"#REF!"}},{"$f":"'[51]CRO2_Pro-Mes'!EAU3","v":0},{"$f":"'[51]CRO2_Pro-Mes'!#REF!","v":{"$error":"#REF!"}},{"$f":"'[51]CRO2_Pro-Mes'!EAW3","v":0},{"$f":"'[51]CRO2_Pro-Mes'!#REF!","v":{"$error":"#REF!"}},{"$f":"'[51]CRO2_Pro-Mes'!EAY3","v":0},{"$f":"'[51]CRO2_Pro-Mes'!#REF!","v":{"$error":"#REF!"}},{"$f":"'[51]CRO2_Pro-Mes'!EBA3","v":0},{"$f":"'[51]CRO2_Pro-Mes'!#REF!","v":{"$error":"#REF!"}},{"$f":"'[51]CRO2_Pro-Mes'!EBC3","v":0},{"$f":"'[51]CRO2_Pro-Mes'!#REF!","v":{"$error":"#REF!"}},{"$f":"'[51]CRO2_Pro-Mes'!EBE3","v":0},{"$f":"'[51]CRO2_Pro-Mes'!#REF!","v":{"$error":"#REF!"}},{"$f":"'[51]CRO2_Pro-Mes'!EBG3","v":0},{"$f":"'[51]CRO2_Pro-Mes'!#REF!","v":{"$error":"#REF!"}},{"$f":"'[51]CRO2_Pro-Mes'!EBI3","v":0},{"$f":"'[51]CRO2_Pro-Mes'!#REF!","v":{"$error":"#REF!"}},{"$f":"'[51]CRO2_Pro-Mes'!EBK3","v":0},{"$f":"'[51]CRO2_Pro-Mes'!#REF!","v":{"$error":"#REF!"}},{"$f":"'[51]CRO2_Pro-Mes'!EBM3","v":0},{"$f":"'[51]CRO2_Pro-Mes'!#REF!","v":{"$error":"#REF!"}},{"$f":"'[51]CRO2_Pro-Mes'!EBO3","v":0},{"$f":"'[51]CRO2_Pro-Mes'!#REF!","v":{"$error":"#REF!"}},{"$f":"'[51]CRO2_Pro-Mes'!EBQ3","v":0},{"$f":"'[51]CRO2_Pro-Mes'!#REF!","v":{"$error":"#REF!"}},{"$f":"'[51]CRO2_Pro-Mes'!EBS3","v":0},{"$f":"'[51]CRO2_Pro-Mes'!#REF!","v":{"$error":"#REF!"}},{"$f":"'[51]CRO2_Pro-Mes'!EBU3","v":0},{"$f":"'[51]CRO2_Pro-Mes'!#REF!","v":{"$error":"#REF!"}},{"$f":"'[51]CRO2_Pro-Mes'!EBW3","v":0},{"$f":"'[51]CRO2_Pro-Mes'!#REF!","v":{"$error":"#REF!"}},{"$f":"'[51]CRO2_Pro-Mes'!EBY3","v":0},{"$f":"'[51]CRO2_Pro-Mes'!#REF!","v":{"$error":"#REF!"}},{"$f":"'[51]CRO2_Pro-Mes'!ECA3","v":0},{"$f":"'[51]CRO2_Pro-Mes'!#REF!","v":{"$error":"#REF!"}},{"$f":"'[51]CRO2_Pro-Mes'!ECC3","v":0},{"$f":"'[51]CRO2_Pro-Mes'!#REF!","v":{"$error":"#REF!"}},{"$f":"'[51]CRO2_Pro-Mes'!ECE3","v":0},{"$f":"'[51]CRO2_Pro-Mes'!#REF!","v":{"$error":"#REF!"}},{"$f":"'[51]CRO2_Pro-Mes'!ECG3","v":0},{"$f":"'[51]CRO2_Pro-Mes'!#REF!","v":{"$error":"#REF!"}},{"$f":"'[51]CRO2_Pro-Mes'!ECI3","v":0},{"$f":"'[51]CRO2_Pro-Mes'!#REF!","v":{"$error":"#REF!"}},{"$f":"'[51]CRO2_Pro-Mes'!ECK3","v":0},{"$f":"'[51]CRO2_Pro-Mes'!#REF!","v":{"$error":"#REF!"}},{"$f":"'[51]CRO2_Pro-Mes'!ECM3","v":0},{"$f":"'[51]CRO2_Pro-Mes'!#REF!","v":{"$error":"#REF!"}},{"$f":"'[51]CRO2_Pro-Mes'!ECO3","v":0},{"$f":"'[51]CRO2_Pro-Mes'!#REF!","v":{"$error":"#REF!"}},{"$f":"'[51]CRO2_Pro-Mes'!ECQ3","v":0},{"$f":"'[51]CRO2_Pro-Mes'!#REF!","v":{"$error":"#REF!"}},{"$f":"'[51]CRO2_Pro-Mes'!ECS3","v":0},{"$f":"'[51]CRO2_Pro-Mes'!#REF!","v":{"$error":"#REF!"}},{"$f":"'[51]CRO2_Pro-Mes'!ECU3","v":0},{"$f":"'[51]CRO2_Pro-Mes'!#REF!","v":{"$error":"#REF!"}},{"$f":"'[51]CRO2_Pro-Mes'!ECW3","v":0},{"$f":"'[51]CRO2_Pro-Mes'!#REF!","v":{"$error":"#REF!"}},{"$f":"'[51]CRO2_Pro-Mes'!ECY3","v":0},{"$f":"'[51]CRO2_Pro-Mes'!#REF!","v":{"$error":"#REF!"}},{"$f":"'[51]CRO2_Pro-Mes'!EDA3","v":0},{"$f":"'[51]CRO2_Pro-Mes'!#REF!","v":{"$error":"#REF!"}},{"$f":"'[51]CRO2_Pro-Mes'!EDC3","v":0},{"$f":"'[51]CRO2_Pro-Mes'!#REF!","v":{"$error":"#REF!"}},{"$f":"'[51]CRO2_Pro-Mes'!EDE3","v":0},{"$f":"'[51]CRO2_Pro-Mes'!#REF!","v":{"$error":"#REF!"}},{"$f":"'[51]CRO2_Pro-Mes'!EDG3","v":0},{"$f":"'[51]CRO2_Pro-Mes'!#REF!","v":{"$error":"#REF!"}},{"$f":"'[51]CRO2_Pro-Mes'!EDI3","v":0},{"$f":"'[51]CRO2_Pro-Mes'!#REF!","v":{"$error":"#REF!"}},{"$f":"'[51]CRO2_Pro-Mes'!EDK3","v":0},{"$f":"'[51]CRO2_Pro-Mes'!#REF!","v":{"$error":"#REF!"}},{"$f":"'[51]CRO2_Pro-Mes'!EDM3","v":0},{"$f":"'[51]CRO2_Pro-Mes'!#REF!","v":{"$error":"#REF!"}},{"$f":"'[51]CRO2_Pro-Mes'!EDO3","v":0},{"$f":"'[51]CRO2_Pro-Mes'!#REF!","v":{"$error":"#REF!"}},{"$f":"'[51]CRO2_Pro-Mes'!EDQ3","v":0},{"$f":"'[51]CRO2_Pro-Mes'!#REF!","v":{"$error":"#REF!"}},{"$f":"'[51]CRO2_Pro-Mes'!EDS3","v":0},{"$f":"'[51]CRO2_Pro-Mes'!#REF!","v":{"$error":"#REF!"}},{"$f":"'[51]CRO2_Pro-Mes'!EDU3","v":0},{"$f":"'[51]CRO2_Pro-Mes'!#REF!","v":{"$error":"#REF!"}},{"$f":"'[51]CRO2_Pro-Mes'!EDW3","v":0},{"$f":"'[51]CRO2_Pro-Mes'!#REF!","v":{"$error":"#REF!"}},{"$f":"'[51]CRO2_Pro-Mes'!EDY3","v":0},{"$f":"'[51]CRO2_Pro-Mes'!#REF!","v":{"$error":"#REF!"}},{"$f":"'[51]CRO2_Pro-Mes'!EEA3","v":0},{"$f":"'[51]CRO2_Pro-Mes'!#REF!","v":{"$error":"#REF!"}},{"$f":"'[51]CRO2_Pro-Mes'!EEC3","v":0},{"$f":"'[51]CRO2_Pro-Mes'!#REF!","v":{"$error":"#REF!"}},{"$f":"'[51]CRO2_Pro-Mes'!EEE3","v":0},{"$f":"'[51]CRO2_Pro-Mes'!#REF!","v":{"$error":"#REF!"}},{"$f":"'[51]CRO2_Pro-Mes'!EEG3","v":0},{"$f":"'[51]CRO2_Pro-Mes'!#REF!","v":{"$error":"#REF!"}},{"$f":"'[51]CRO2_Pro-Mes'!EEI3","v":0},{"$f":"'[51]CRO2_Pro-Mes'!#REF!","v":{"$error":"#REF!"}},{"$f":"'[51]CRO2_Pro-Mes'!EEK3","v":0},{"$f":"'[51]CRO2_Pro-Mes'!#REF!","v":{"$error":"#REF!"}},{"$f":"'[51]CRO2_Pro-Mes'!EEM3","v":0},{"$f":"'[51]CRO2_Pro-Mes'!#REF!","v":{"$error":"#REF!"}},{"$f":"'[51]CRO2_Pro-Mes'!EEO3","v":0},{"$f":"'[51]CRO2_Pro-Mes'!#REF!","v":{"$error":"#REF!"}},{"$f":"'[51]CRO2_Pro-Mes'!EEQ3","v":0},{"$f":"'[51]CRO2_Pro-Mes'!#REF!","v":{"$error":"#REF!"}},{"$f":"'[51]CRO2_Pro-Mes'!EES3","v":0},{"$f":"'[51]CRO2_Pro-Mes'!#REF!","v":{"$error":"#REF!"}},{"$f":"'[51]CRO2_Pro-Mes'!EEU3","v":0},{"$f":"'[51]CRO2_Pro-Mes'!#REF!","v":{"$error":"#REF!"}},{"$f":"'[51]CRO2_Pro-Mes'!EEW3","v":0},{"$f":"'[51]CRO2_Pro-Mes'!#REF!","v":{"$error":"#REF!"}},{"$f":"'[51]CRO2_Pro-Mes'!EEY3","v":0},{"$f":"'[51]CRO2_Pro-Mes'!#REF!","v":{"$error":"#REF!"}},{"$f":"'[51]CRO2_Pro-Mes'!EFA3","v":0},{"$f":"'[51]CRO2_Pro-Mes'!#REF!","v":{"$error":"#REF!"}},{"$f":"'[51]CRO2_Pro-Mes'!EFC3","v":0},{"$f":"'[51]CRO2_Pro-Mes'!#REF!","v":{"$error":"#REF!"}},{"$f":"'[51]CRO2_Pro-Mes'!EFE3","v":0},{"$f":"'[51]CRO2_Pro-Mes'!#REF!","v":{"$error":"#REF!"}},{"$f":"'[51]CRO2_Pro-Mes'!EFG3","v":0},{"$f":"'[51]CRO2_Pro-Mes'!#REF!","v":{"$error":"#REF!"}},{"$f":"'[51]CRO2_Pro-Mes'!EFI3","v":0},{"$f":"'[51]CRO2_Pro-Mes'!#REF!","v":{"$error":"#REF!"}},{"$f":"'[51]CRO2_Pro-Mes'!EFK3","v":0},{"$f":"'[51]CRO2_Pro-Mes'!#REF!","v":{"$error":"#REF!"}},{"$f":"'[51]CRO2_Pro-Mes'!EFM3","v":0},{"$f":"'[51]CRO2_Pro-Mes'!#REF!","v":{"$error":"#REF!"}},{"$f":"'[51]CRO2_Pro-Mes'!EFO3","v":0},{"$f":"'[51]CRO2_Pro-Mes'!#REF!","v":{"$error":"#REF!"}},{"$f":"'[51]CRO2_Pro-Mes'!EFQ3","v":0},{"$f":"'[51]CRO2_Pro-Mes'!#REF!","v":{"$error":"#REF!"}},{"$f":"'[51]CRO2_Pro-Mes'!EFS3","v":0},{"$f":"'[51]CRO2_Pro-Mes'!#REF!","v":{"$error":"#REF!"}},{"$f":"'[51]CRO2_Pro-Mes'!EFU3","v":0},{"$f":"'[51]CRO2_Pro-Mes'!#REF!","v":{"$error":"#REF!"}},{"$f":"'[51]CRO2_Pro-Mes'!EFW3","v":0},{"$f":"'[51]CRO2_Pro-Mes'!#REF!","v":{"$error":"#REF!"}},{"$f":"'[51]CRO2_Pro-Mes'!EFY3","v":0},{"$f":"'[51]CRO2_Pro-Mes'!#REF!","v":{"$error":"#REF!"}},{"$f":"'[51]CRO2_Pro-Mes'!EGA3","v":0},{"$f":"'[51]CRO2_Pro-Mes'!#REF!","v":{"$error":"#REF!"}},{"$f":"'[51]CRO2_Pro-Mes'!EGC3","v":0},{"$f":"'[51]CRO2_Pro-Mes'!#REF!","v":{"$error":"#REF!"}},{"$f":"'[51]CRO2_Pro-Mes'!EGE3","v":0},{"$f":"'[51]CRO2_Pro-Mes'!#REF!","v":{"$error":"#REF!"}},{"$f":"'[51]CRO2_Pro-Mes'!EGG3","v":0},{"$f":"'[51]CRO2_Pro-Mes'!#REF!","v":{"$error":"#REF!"}},{"$f":"'[51]CRO2_Pro-Mes'!EGI3","v":0},{"$f":"'[51]CRO2_Pro-Mes'!#REF!","v":{"$error":"#REF!"}},{"$f":"'[51]CRO2_Pro-Mes'!EGK3","v":0},{"$f":"'[51]CRO2_Pro-Mes'!#REF!","v":{"$error":"#REF!"}},{"$f":"'[51]CRO2_Pro-Mes'!EGM3","v":0},{"$f":"'[51]CRO2_Pro-Mes'!#REF!","v":{"$error":"#REF!"}},{"$f":"'[51]CRO2_Pro-Mes'!EGO3","v":0},{"$f":"'[51]CRO2_Pro-Mes'!#REF!","v":{"$error":"#REF!"}},{"$f":"'[51]CRO2_Pro-Mes'!EGQ3","v":0},{"$f":"'[51]CRO2_Pro-Mes'!#REF!","v":{"$error":"#REF!"}},{"$f":"'[51]CRO2_Pro-Mes'!EGS3","v":0},{"$f":"'[51]CRO2_Pro-Mes'!#REF!","v":{"$error":"#REF!"}},{"$f":"'[51]CRO2_Pro-Mes'!EGU3","v":0},{"$f":"'[51]CRO2_Pro-Mes'!#REF!","v":{"$error":"#REF!"}},{"$f":"'[51]CRO2_Pro-Mes'!EGW3","v":0},{"$f":"'[51]CRO2_Pro-Mes'!#REF!","v":{"$error":"#REF!"}},{"$f":"'[51]CRO2_Pro-Mes'!EGY3","v":0},{"$f":"'[51]CRO2_Pro-Mes'!#REF!","v":{"$error":"#REF!"}},{"$f":"'[51]CRO2_Pro-Mes'!EHA3","v":0},{"$f":"'[51]CRO2_Pro-Mes'!#REF!","v":{"$error":"#REF!"}},{"$f":"'[51]CRO2_Pro-Mes'!EHC3","v":0},{"$f":"'[51]CRO2_Pro-Mes'!#REF!","v":{"$error":"#REF!"}},{"$f":"'[51]CRO2_Pro-Mes'!EHE3","v":0},{"$f":"'[51]CRO2_Pro-Mes'!#REF!","v":{"$error":"#REF!"}},{"$f":"'[51]CRO2_Pro-Mes'!EHG3","v":0},{"$f":"'[51]CRO2_Pro-Mes'!#REF!","v":{"$error":"#REF!"}},{"$f":"'[51]CRO2_Pro-Mes'!EHI3","v":0},{"$f":"'[51]CRO2_Pro-Mes'!#REF!","v":{"$error":"#REF!"}},{"$f":"'[51]CRO2_Pro-Mes'!EHK3","v":0},{"$f":"'[51]CRO2_Pro-Mes'!#REF!","v":{"$error":"#REF!"}},{"$f":"'[51]CRO2_Pro-Mes'!EHM3","v":0},{"$f":"'[51]CRO2_Pro-Mes'!#REF!","v":{"$error":"#REF!"}},{"$f":"'[51]CRO2_Pro-Mes'!EHO3","v":0},{"$f":"'[51]CRO2_Pro-Mes'!#REF!","v":{"$error":"#REF!"}},{"$f":"'[51]CRO2_Pro-Mes'!EHQ3","v":0},{"$f":"'[51]CRO2_Pro-Mes'!#REF!","v":{"$error":"#REF!"}},{"$f":"'[51]CRO2_Pro-Mes'!EHS3","v":0},{"$f":"'[51]CRO2_Pro-Mes'!#REF!","v":{"$error":"#REF!"}},{"$f":"'[51]CRO2_Pro-Mes'!EHU3","v":0},{"$f":"'[51]CRO2_Pro-Mes'!#REF!","v":{"$error":"#REF!"}},{"$f":"'[51]CRO2_Pro-Mes'!EHW3","v":0},{"$f":"'[51]CRO2_Pro-Mes'!#REF!","v":{"$error":"#REF!"}},{"$f":"'[51]CRO2_Pro-Mes'!EHY3","v":0},{"$f":"'[51]CRO2_Pro-Mes'!#REF!","v":{"$error":"#REF!"}},{"$f":"'[51]CRO2_Pro-Mes'!EIA3","v":0},{"$f":"'[51]CRO2_Pro-Mes'!#REF!","v":{"$error":"#REF!"}},{"$f":"'[51]CRO2_Pro-Mes'!EIC3","v":0},{"$f":"'[51]CRO2_Pro-Mes'!#REF!","v":{"$error":"#REF!"}},{"$f":"'[51]CRO2_Pro-Mes'!EIE3","v":0},{"$f":"'[51]CRO2_Pro-Mes'!#REF!","v":{"$error":"#REF!"}},{"$f":"'[51]CRO2_Pro-Mes'!EIG3","v":0},{"$f":"'[51]CRO2_Pro-Mes'!#REF!","v":{"$error":"#REF!"}},{"$f":"'[51]CRO2_Pro-Mes'!EII3","v":0},{"$f":"'[51]CRO2_Pro-Mes'!#REF!","v":{"$error":"#REF!"}},{"$f":"'[51]CRO2_Pro-Mes'!EIK3","v":0},{"$f":"'[51]CRO2_Pro-Mes'!#REF!","v":{"$error":"#REF!"}},{"$f":"'[51]CRO2_Pro-Mes'!EIM3","v":0},{"$f":"'[51]CRO2_Pro-Mes'!#REF!","v":{"$error":"#REF!"}},{"$f":"'[51]CRO2_Pro-Mes'!EIO3","v":0},{"$f":"'[51]CRO2_Pro-Mes'!#REF!","v":{"$error":"#REF!"}},{"$f":"'[51]CRO2_Pro-Mes'!EIQ3","v":0},{"$f":"'[51]CRO2_Pro-Mes'!#REF!","v":{"$error":"#REF!"}},{"$f":"'[51]CRO2_Pro-Mes'!EIS3","v":0},{"$f":"'[51]CRO2_Pro-Mes'!#REF!","v":{"$error":"#REF!"}},{"$f":"'[51]CRO2_Pro-Mes'!EIU3","v":0},{"$f":"'[51]CRO2_Pro-Mes'!#REF!","v":{"$error":"#REF!"}},{"$f":"'[51]CRO2_Pro-Mes'!EIW3","v":0},{"$f":"'[51]CRO2_Pro-Mes'!#REF!","v":{"$error":"#REF!"}},{"$f":"'[51]CRO2_Pro-Mes'!EIY3","v":0},{"$f":"'[51]CRO2_Pro-Mes'!#REF!","v":{"$error":"#REF!"}},{"$f":"'[51]CRO2_Pro-Mes'!EJA3","v":0},{"$f":"'[51]CRO2_Pro-Mes'!#REF!","v":{"$error":"#REF!"}},{"$f":"'[51]CRO2_Pro-Mes'!EJC3","v":0},{"$f":"'[51]CRO2_Pro-Mes'!#REF!","v":{"$error":"#REF!"}},{"$f":"'[51]CRO2_Pro-Mes'!EJE3","v":0},{"$f":"'[51]CRO2_Pro-Mes'!#REF!","v":{"$error":"#REF!"}},{"$f":"'[51]CRO2_Pro-Mes'!EJG3","v":0},{"$f":"'[51]CRO2_Pro-Mes'!#REF!","v":{"$error":"#REF!"}},{"$f":"'[51]CRO2_Pro-Mes'!EJI3","v":0},{"$f":"'[51]CRO2_Pro-Mes'!#REF!","v":{"$error":"#REF!"}},{"$f":"'[51]CRO2_Pro-Mes'!EJK3","v":0},{"$f":"'[51]CRO2_Pro-Mes'!#REF!","v":{"$error":"#REF!"}},{"$f":"'[51]CRO2_Pro-Mes'!EJM3","v":0},{"$f":"'[51]CRO2_Pro-Mes'!#REF!","v":{"$error":"#REF!"}},{"$f":"'[51]CRO2_Pro-Mes'!EJO3","v":0},{"$f":"'[51]CRO2_Pro-Mes'!#REF!","v":{"$error":"#REF!"}},{"$f":"'[51]CRO2_Pro-Mes'!EJQ3","v":0},{"$f":"'[51]CRO2_Pro-Mes'!#REF!","v":{"$error":"#REF!"}},{"$f":"'[51]CRO2_Pro-Mes'!EJS3","v":0},{"$f":"'[51]CRO2_Pro-Mes'!#REF!","v":{"$error":"#REF!"}},{"$f":"'[51]CRO2_Pro-Mes'!EJU3","v":0},{"$f":"'[51]CRO2_Pro-Mes'!#REF!","v":{"$error":"#REF!"}},{"$f":"'[51]CRO2_Pro-Mes'!EJW3","v":0},{"$f":"'[51]CRO2_Pro-Mes'!#REF!","v":{"$error":"#REF!"}},{"$f":"'[51]CRO2_Pro-Mes'!EJY3","v":0},{"$f":"'[51]CRO2_Pro-Mes'!#REF!","v":{"$error":"#REF!"}},{"$f":"'[51]CRO2_Pro-Mes'!EKA3","v":0},{"$f":"'[51]CRO2_Pro-Mes'!#REF!","v":{"$error":"#REF!"}},{"$f":"'[51]CRO2_Pro-Mes'!EKC3","v":0},{"$f":"'[51]CRO2_Pro-Mes'!#REF!","v":{"$error":"#REF!"}},{"$f":"'[51]CRO2_Pro-Mes'!EKE3","v":0},{"$f":"'[51]CRO2_Pro-Mes'!#REF!","v":{"$error":"#REF!"}},{"$f":"'[51]CRO2_Pro-Mes'!EKG3","v":0},{"$f":"'[51]CRO2_Pro-Mes'!#REF!","v":{"$error":"#REF!"}},{"$f":"'[51]CRO2_Pro-Mes'!EKI3","v":0},{"$f":"'[51]CRO2_Pro-Mes'!#REF!","v":{"$error":"#REF!"}},{"$f":"'[51]CRO2_Pro-Mes'!EKK3","v":0},{"$f":"'[51]CRO2_Pro-Mes'!#REF!","v":{"$error":"#REF!"}},{"$f":"'[51]CRO2_Pro-Mes'!EKM3","v":0},{"$f":"'[51]CRO2_Pro-Mes'!#REF!","v":{"$error":"#REF!"}},{"$f":"'[51]CRO2_Pro-Mes'!EKO3","v":0},{"$f":"'[51]CRO2_Pro-Mes'!#REF!","v":{"$error":"#REF!"}},{"$f":"'[51]CRO2_Pro-Mes'!EKQ3","v":0},{"$f":"'[51]CRO2_Pro-Mes'!#REF!","v":{"$error":"#REF!"}},{"$f":"'[51]CRO2_Pro-Mes'!EKS3","v":0},{"$f":"'[51]CRO2_Pro-Mes'!#REF!","v":{"$error":"#REF!"}},{"$f":"'[51]CRO2_Pro-Mes'!EKU3","v":0},{"$f":"'[51]CRO2_Pro-Mes'!#REF!","v":{"$error":"#REF!"}},{"$f":"'[51]CRO2_Pro-Mes'!EKW3","v":0},{"$f":"'[51]CRO2_Pro-Mes'!#REF!","v":{"$error":"#REF!"}},{"$f":"'[51]CRO2_Pro-Mes'!EKY3","v":0},{"$f":"'[51]CRO2_Pro-Mes'!#REF!","v":{"$error":"#REF!"}},{"$f":"'[51]CRO2_Pro-Mes'!ELA3","v":0},{"$f":"'[51]CRO2_Pro-Mes'!#REF!","v":{"$error":"#REF!"}},{"$f":"'[51]CRO2_Pro-Mes'!ELC3","v":0},{"$f":"'[51]CRO2_Pro-Mes'!#REF!","v":{"$error":"#REF!"}},{"$f":"'[51]CRO2_Pro-Mes'!ELE3","v":0},{"$f":"'[51]CRO2_Pro-Mes'!#REF!","v":{"$error":"#REF!"}},{"$f":"'[51]CRO2_Pro-Mes'!ELG3","v":0},{"$f":"'[51]CRO2_Pro-Mes'!#REF!","v":{"$error":"#REF!"}},{"$f":"'[51]CRO2_Pro-Mes'!ELI3","v":0},{"$f":"'[51]CRO2_Pro-Mes'!#REF!","v":{"$error":"#REF!"}},{"$f":"'[51]CRO2_Pro-Mes'!ELK3","v":0},{"$f":"'[51]CRO2_Pro-Mes'!#REF!","v":{"$error":"#REF!"}},{"$f":"'[51]CRO2_Pro-Mes'!ELM3","v":0},{"$f":"'[51]CRO2_Pro-Mes'!#REF!","v":{"$error":"#REF!"}},{"$f":"'[51]CRO2_Pro-Mes'!ELO3","v":0},{"$f":"'[51]CRO2_Pro-Mes'!#REF!","v":{"$error":"#REF!"}},{"$f":"'[51]CRO2_Pro-Mes'!ELQ3","v":0},{"$f":"'[51]CRO2_Pro-Mes'!#REF!","v":{"$error":"#REF!"}},{"$f":"'[51]CRO2_Pro-Mes'!ELS3","v":0},{"$f":"'[51]CRO2_Pro-Mes'!#REF!","v":{"$error":"#REF!"}},{"$f":"'[51]CRO2_Pro-Mes'!ELU3","v":0},{"$f":"'[51]CRO2_Pro-Mes'!#REF!","v":{"$error":"#REF!"}},{"$f":"'[51]CRO2_Pro-Mes'!ELW3","v":0},{"$f":"'[51]CRO2_Pro-Mes'!#REF!","v":{"$error":"#REF!"}},{"$f":"'[51]CRO2_Pro-Mes'!ELY3","v":0},{"$f":"'[51]CRO2_Pro-Mes'!#REF!","v":{"$error":"#REF!"}},{"$f":"'[51]CRO2_Pro-Mes'!EMA3","v":0},{"$f":"'[51]CRO2_Pro-Mes'!#REF!","v":{"$error":"#REF!"}},{"$f":"'[51]CRO2_Pro-Mes'!EMC3","v":0},{"$f":"'[51]CRO2_Pro-Mes'!#REF!","v":{"$error":"#REF!"}},{"$f":"'[51]CRO2_Pro-Mes'!EME3","v":0},{"$f":"'[51]CRO2_Pro-Mes'!#REF!","v":{"$error":"#REF!"}},{"$f":"'[51]CRO2_Pro-Mes'!EMG3","v":0},{"$f":"'[51]CRO2_Pro-Mes'!#REF!","v":{"$error":"#REF!"}},{"$f":"'[51]CRO2_Pro-Mes'!EMI3","v":0},{"$f":"'[51]CRO2_Pro-Mes'!#REF!","v":{"$error":"#REF!"}},{"$f":"'[51]CRO2_Pro-Mes'!EMK3","v":0},{"$f":"'[51]CRO2_Pro-Mes'!#REF!","v":{"$error":"#REF!"}},{"$f":"'[51]CRO2_Pro-Mes'!EMM3","v":0},{"$f":"'[51]CRO2_Pro-Mes'!#REF!","v":{"$error":"#REF!"}},{"$f":"'[51]CRO2_Pro-Mes'!EMO3","v":0},{"$f":"'[51]CRO2_Pro-Mes'!#REF!","v":{"$error":"#REF!"}},{"$f":"'[51]CRO2_Pro-Mes'!EMQ3","v":0},{"$f":"'[51]CRO2_Pro-Mes'!#REF!","v":{"$error":"#REF!"}},{"$f":"'[51]CRO2_Pro-Mes'!EMS3","v":0},{"$f":"'[51]CRO2_Pro-Mes'!#REF!","v":{"$error":"#REF!"}},{"$f":"'[51]CRO2_Pro-Mes'!EMU3","v":0},{"$f":"'[51]CRO2_Pro-Mes'!#REF!","v":{"$error":"#REF!"}},{"$f":"'[51]CRO2_Pro-Mes'!EMW3","v":0},{"$f":"'[51]CRO2_Pro-Mes'!#REF!","v":{"$error":"#REF!"}},{"$f":"'[51]CRO2_Pro-Mes'!EMY3","v":0},{"$f":"'[51]CRO2_Pro-Mes'!#REF!","v":{"$error":"#REF!"}},{"$f":"'[51]CRO2_Pro-Mes'!ENA3","v":0},{"$f":"'[51]CRO2_Pro-Mes'!#REF!","v":{"$error":"#REF!"}},{"$f":"'[51]CRO2_Pro-Mes'!ENC3","v":0},{"$f":"'[51]CRO2_Pro-Mes'!#REF!","v":{"$error":"#REF!"}},{"$f":"'[51]CRO2_Pro-Mes'!ENE3","v":0},{"$f":"'[51]CRO2_Pro-Mes'!#REF!","v":{"$error":"#REF!"}},{"$f":"'[51]CRO2_Pro-Mes'!ENG3","v":0},{"$f":"'[51]CRO2_Pro-Mes'!#REF!","v":{"$error":"#REF!"}},{"$f":"'[51]CRO2_Pro-Mes'!ENI3","v":0},{"$f":"'[51]CRO2_Pro-Mes'!#REF!","v":{"$error":"#REF!"}},{"$f":"'[51]CRO2_Pro-Mes'!ENK3","v":0},{"$f":"'[51]CRO2_Pro-Mes'!#REF!","v":{"$error":"#REF!"}},{"$f":"'[51]CRO2_Pro-Mes'!ENM3","v":0},{"$f":"'[51]CRO2_Pro-Mes'!#REF!","v":{"$error":"#REF!"}},{"$f":"'[51]CRO2_Pro-Mes'!ENO3","v":0},{"$f":"'[51]CRO2_Pro-Mes'!#REF!","v":{"$error":"#REF!"}},{"$f":"'[51]CRO2_Pro-Mes'!ENQ3","v":0},{"$f":"'[51]CRO2_Pro-Mes'!#REF!","v":{"$error":"#REF!"}},{"$f":"'[51]CRO2_Pro-Mes'!ENS3","v":0},{"$f":"'[51]CRO2_Pro-Mes'!#REF!","v":{"$error":"#REF!"}},{"$f":"'[51]CRO2_Pro-Mes'!ENU3","v":0},{"$f":"'[51]CRO2_Pro-Mes'!#REF!","v":{"$error":"#REF!"}},{"$f":"'[51]CRO2_Pro-Mes'!ENW3","v":0},{"$f":"'[51]CRO2_Pro-Mes'!#REF!","v":{"$error":"#REF!"}},{"$f":"'[51]CRO2_Pro-Mes'!ENY3","v":0},{"$f":"'[51]CRO2_Pro-Mes'!#REF!","v":{"$error":"#REF!"}},{"$f":"'[51]CRO2_Pro-Mes'!EOA3","v":0},{"$f":"'[51]CRO2_Pro-Mes'!#REF!","v":{"$error":"#REF!"}},{"$f":"'[51]CRO2_Pro-Mes'!EOC3","v":0},{"$f":"'[51]CRO2_Pro-Mes'!#REF!","v":{"$error":"#REF!"}},{"$f":"'[51]CRO2_Pro-Mes'!EOE3","v":0},{"$f":"'[51]CRO2_Pro-Mes'!#REF!","v":{"$error":"#REF!"}},{"$f":"'[51]CRO2_Pro-Mes'!EOG3","v":0},{"$f":"'[51]CRO2_Pro-Mes'!#REF!","v":{"$error":"#REF!"}},{"$f":"'[51]CRO2_Pro-Mes'!EOI3","v":0},{"$f":"'[51]CRO2_Pro-Mes'!#REF!","v":{"$error":"#REF!"}},{"$f":"'[51]CRO2_Pro-Mes'!EOK3","v":0},{"$f":"'[51]CRO2_Pro-Mes'!#REF!","v":{"$error":"#REF!"}},{"$f":"'[51]CRO2_Pro-Mes'!EOM3","v":0},{"$f":"'[51]CRO2_Pro-Mes'!#REF!","v":{"$error":"#REF!"}},{"$f":"'[51]CRO2_Pro-Mes'!EOO3","v":0},{"$f":"'[51]CRO2_Pro-Mes'!#REF!","v":{"$error":"#REF!"}},{"$f":"'[51]CRO2_Pro-Mes'!EOQ3","v":0},{"$f":"'[51]CRO2_Pro-Mes'!#REF!","v":{"$error":"#REF!"}},{"$f":"'[51]CRO2_Pro-Mes'!EOS3","v":0},{"$f":"'[51]CRO2_Pro-Mes'!#REF!","v":{"$error":"#REF!"}},{"$f":"'[51]CRO2_Pro-Mes'!EOU3","v":0},{"$f":"'[51]CRO2_Pro-Mes'!#REF!","v":{"$error":"#REF!"}},{"$f":"'[51]CRO2_Pro-Mes'!EOW3","v":0},{"$f":"'[51]CRO2_Pro-Mes'!#REF!","v":{"$error":"#REF!"}},{"$f":"'[51]CRO2_Pro-Mes'!EOY3","v":0},{"$f":"'[51]CRO2_Pro-Mes'!#REF!","v":{"$error":"#REF!"}},{"$f":"'[51]CRO2_Pro-Mes'!EPA3","v":0},{"$f":"'[51]CRO2_Pro-Mes'!#REF!","v":{"$error":"#REF!"}},{"$f":"'[51]CRO2_Pro-Mes'!EPC3","v":0},{"$f":"'[51]CRO2_Pro-Mes'!#REF!","v":{"$error":"#REF!"}},{"$f":"'[51]CRO2_Pro-Mes'!EPE3","v":0},{"$f":"'[51]CRO2_Pro-Mes'!#REF!","v":{"$error":"#REF!"}},{"$f":"'[51]CRO2_Pro-Mes'!EPG3","v":0},{"$f":"'[51]CRO2_Pro-Mes'!#REF!","v":{"$error":"#REF!"}},{"$f":"'[51]CRO2_Pro-Mes'!EPI3","v":0},{"$f":"'[51]CRO2_Pro-Mes'!#REF!","v":{"$error":"#REF!"}},{"$f":"'[51]CRO2_Pro-Mes'!EPK3","v":0},{"$f":"'[51]CRO2_Pro-Mes'!#REF!","v":{"$error":"#REF!"}},{"$f":"'[51]CRO2_Pro-Mes'!EPM3","v":0},{"$f":"'[51]CRO2_Pro-Mes'!#REF!","v":{"$error":"#REF!"}},{"$f":"'[51]CRO2_Pro-Mes'!EPO3","v":0},{"$f":"'[51]CRO2_Pro-Mes'!#REF!","v":{"$error":"#REF!"}},{"$f":"'[51]CRO2_Pro-Mes'!EPQ3","v":0},{"$f":"'[51]CRO2_Pro-Mes'!#REF!","v":{"$error":"#REF!"}},{"$f":"'[51]CRO2_Pro-Mes'!EPS3","v":0},{"$f":"'[51]CRO2_Pro-Mes'!#REF!","v":{"$error":"#REF!"}},{"$f":"'[51]CRO2_Pro-Mes'!EPU3","v":0},{"$f":"'[51]CRO2_Pro-Mes'!#REF!","v":{"$error":"#REF!"}},{"$f":"'[51]CRO2_Pro-Mes'!EPW3","v":0},{"$f":"'[51]CRO2_Pro-Mes'!#REF!","v":{"$error":"#REF!"}},{"$f":"'[51]CRO2_Pro-Mes'!EPY3","v":0},{"$f":"'[51]CRO2_Pro-Mes'!#REF!","v":{"$error":"#REF!"}},{"$f":"'[51]CRO2_Pro-Mes'!EQA3","v":0},{"$f":"'[51]CRO2_Pro-Mes'!#REF!","v":{"$error":"#REF!"}},{"$f":"'[51]CRO2_Pro-Mes'!EQC3","v":0},{"$f":"'[51]CRO2_Pro-Mes'!#REF!","v":{"$error":"#REF!"}},{"$f":"'[51]CRO2_Pro-Mes'!EQE3","v":0},{"$f":"'[51]CRO2_Pro-Mes'!#REF!","v":{"$error":"#REF!"}},{"$f":"'[51]CRO2_Pro-Mes'!EQG3","v":0},{"$f":"'[51]CRO2_Pro-Mes'!#REF!","v":{"$error":"#REF!"}},{"$f":"'[51]CRO2_Pro-Mes'!EQI3","v":0},{"$f":"'[51]CRO2_Pro-Mes'!#REF!","v":{"$error":"#REF!"}},{"$f":"'[51]CRO2_Pro-Mes'!EQK3","v":0},{"$f":"'[51]CRO2_Pro-Mes'!#REF!","v":{"$error":"#REF!"}},{"$f":"'[51]CRO2_Pro-Mes'!EQM3","v":0},{"$f":"'[51]CRO2_Pro-Mes'!#REF!","v":{"$error":"#REF!"}},{"$f":"'[51]CRO2_Pro-Mes'!EQO3","v":0},{"$f":"'[51]CRO2_Pro-Mes'!#REF!","v":{"$error":"#REF!"}},{"$f":"'[51]CRO2_Pro-Mes'!EQQ3","v":0},{"$f":"'[51]CRO2_Pro-Mes'!#REF!","v":{"$error":"#REF!"}},{"$f":"'[51]CRO2_Pro-Mes'!EQS3","v":0},{"$f":"'[51]CRO2_Pro-Mes'!#REF!","v":{"$error":"#REF!"}},{"$f":"'[51]CRO2_Pro-Mes'!EQU3","v":0},{"$f":"'[51]CRO2_Pro-Mes'!#REF!","v":{"$error":"#REF!"}},{"$f":"'[51]CRO2_Pro-Mes'!EQW3","v":0},{"$f":"'[51]CRO2_Pro-Mes'!#REF!","v":{"$error":"#REF!"}},{"$f":"'[51]CRO2_Pro-Mes'!EQY3","v":0},{"$f":"'[51]CRO2_Pro-Mes'!#REF!","v":{"$error":"#REF!"}},{"$f":"'[51]CRO2_Pro-Mes'!ERA3","v":0},{"$f":"'[51]CRO2_Pro-Mes'!#REF!","v":{"$error":"#REF!"}},{"$f":"'[51]CRO2_Pro-Mes'!ERC3","v":0},{"$f":"'[51]CRO2_Pro-Mes'!#REF!","v":{"$error":"#REF!"}},{"$f":"'[51]CRO2_Pro-Mes'!ERE3","v":0},{"$f":"'[51]CRO2_Pro-Mes'!#REF!","v":{"$error":"#REF!"}},{"$f":"'[51]CRO2_Pro-Mes'!ERG3","v":0},{"$f":"'[51]CRO2_Pro-Mes'!#REF!","v":{"$error":"#REF!"}},{"$f":"'[51]CRO2_Pro-Mes'!ERI3","v":0},{"$f":"'[51]CRO2_Pro-Mes'!#REF!","v":{"$error":"#REF!"}},{"$f":"'[51]CRO2_Pro-Mes'!ERK3","v":0},{"$f":"'[51]CRO2_Pro-Mes'!#REF!","v":{"$error":"#REF!"}},{"$f":"'[51]CRO2_Pro-Mes'!ERM3","v":0},{"$f":"'[51]CRO2_Pro-Mes'!#REF!","v":{"$error":"#REF!"}},{"$f":"'[51]CRO2_Pro-Mes'!ERO3","v":0},{"$f":"'[51]CRO2_Pro-Mes'!#REF!","v":{"$error":"#REF!"}},{"$f":"'[51]CRO2_Pro-Mes'!ERQ3","v":0},{"$f":"'[51]CRO2_Pro-Mes'!#REF!","v":{"$error":"#REF!"}},{"$f":"'[51]CRO2_Pro-Mes'!ERS3","v":0},{"$f":"'[51]CRO2_Pro-Mes'!#REF!","v":{"$error":"#REF!"}},{"$f":"'[51]CRO2_Pro-Mes'!ERU3","v":0},{"$f":"'[51]CRO2_Pro-Mes'!#REF!","v":{"$error":"#REF!"}},{"$f":"'[51]CRO2_Pro-Mes'!ERW3","v":0},{"$f":"'[51]CRO2_Pro-Mes'!#REF!","v":{"$error":"#REF!"}},{"$f":"'[51]CRO2_Pro-Mes'!ERY3","v":0},{"$f":"'[51]CRO2_Pro-Mes'!#REF!","v":{"$error":"#REF!"}},{"$f":"'[51]CRO2_Pro-Mes'!ESA3","v":0},{"$f":"'[51]CRO2_Pro-Mes'!#REF!","v":{"$error":"#REF!"}},{"$f":"'[51]CRO2_Pro-Mes'!ESC3","v":0},{"$f":"'[51]CRO2_Pro-Mes'!#REF!","v":{"$error":"#REF!"}},{"$f":"'[51]CRO2_Pro-Mes'!ESE3","v":0},{"$f":"'[51]CRO2_Pro-Mes'!#REF!","v":{"$error":"#REF!"}},{"$f":"'[51]CRO2_Pro-Mes'!ESG3","v":0},{"$f":"'[51]CRO2_Pro-Mes'!#REF!","v":{"$error":"#REF!"}},{"$f":"'[51]CRO2_Pro-Mes'!ESI3","v":0},{"$f":"'[51]CRO2_Pro-Mes'!#REF!","v":{"$error":"#REF!"}},{"$f":"'[51]CRO2_Pro-Mes'!ESK3","v":0},{"$f":"'[51]CRO2_Pro-Mes'!#REF!","v":{"$error":"#REF!"}},{"$f":"'[51]CRO2_Pro-Mes'!ESM3","v":0},{"$f":"'[51]CRO2_Pro-Mes'!#REF!","v":{"$error":"#REF!"}},{"$f":"'[51]CRO2_Pro-Mes'!ESO3","v":0},{"$f":"'[51]CRO2_Pro-Mes'!#REF!","v":{"$error":"#REF!"}},{"$f":"'[51]CRO2_Pro-Mes'!ESQ3","v":0},{"$f":"'[51]CRO2_Pro-Mes'!#REF!","v":{"$error":"#REF!"}},{"$f":"'[51]CRO2_Pro-Mes'!ESS3","v":0},{"$f":"'[51]CRO2_Pro-Mes'!#REF!","v":{"$error":"#REF!"}},{"$f":"'[51]CRO2_Pro-Mes'!ESU3","v":0},{"$f":"'[51]CRO2_Pro-Mes'!#REF!","v":{"$error":"#REF!"}},{"$f":"'[51]CRO2_Pro-Mes'!ESW3","v":0},{"$f":"'[51]CRO2_Pro-Mes'!#REF!","v":{"$error":"#REF!"}},{"$f":"'[51]CRO2_Pro-Mes'!ESY3","v":0},{"$f":"'[51]CRO2_Pro-Mes'!#REF!","v":{"$error":"#REF!"}},{"$f":"'[51]CRO2_Pro-Mes'!ETA3","v":0},{"$f":"'[51]CRO2_Pro-Mes'!#REF!","v":{"$error":"#REF!"}},{"$f":"'[51]CRO2_Pro-Mes'!ETC3","v":0},{"$f":"'[51]CRO2_Pro-Mes'!#REF!","v":{"$error":"#REF!"}},{"$f":"'[51]CRO2_Pro-Mes'!ETE3","v":0},{"$f":"'[51]CRO2_Pro-Mes'!#REF!","v":{"$error":"#REF!"}},{"$f":"'[51]CRO2_Pro-Mes'!ETG3","v":0},{"$f":"'[51]CRO2_Pro-Mes'!#REF!","v":{"$error":"#REF!"}},{"$f":"'[51]CRO2_Pro-Mes'!ETI3","v":0},{"$f":"'[51]CRO2_Pro-Mes'!#REF!","v":{"$error":"#REF!"}},{"$f":"'[51]CRO2_Pro-Mes'!ETK3","v":0},{"$f":"'[51]CRO2_Pro-Mes'!#REF!","v":{"$error":"#REF!"}},{"$f":"'[51]CRO2_Pro-Mes'!ETM3","v":0},{"$f":"'[51]CRO2_Pro-Mes'!#REF!","v":{"$error":"#REF!"}},{"$f":"'[51]CRO2_Pro-Mes'!ETO3","v":0},{"$f":"'[51]CRO2_Pro-Mes'!#REF!","v":{"$error":"#REF!"}},{"$f":"'[51]CRO2_Pro-Mes'!ETQ3","v":0},{"$f":"'[51]CRO2_Pro-Mes'!#REF!","v":{"$error":"#REF!"}},{"$f":"'[51]CRO2_Pro-Mes'!ETS3","v":0},{"$f":"'[51]CRO2_Pro-Mes'!#REF!","v":{"$error":"#REF!"}},{"$f":"'[51]CRO2_Pro-Mes'!ETU3","v":0},{"$f":"'[51]CRO2_Pro-Mes'!#REF!","v":{"$error":"#REF!"}},{"$f":"'[51]CRO2_Pro-Mes'!ETW3","v":0},{"$f":"'[51]CRO2_Pro-Mes'!#REF!","v":{"$error":"#REF!"}},{"$f":"'[51]CRO2_Pro-Mes'!ETY3","v":0},{"$f":"'[51]CRO2_Pro-Mes'!#REF!","v":{"$error":"#REF!"}},{"$f":"'[51]CRO2_Pro-Mes'!EUA3","v":0},{"$f":"'[51]CRO2_Pro-Mes'!#REF!","v":{"$error":"#REF!"}},{"$f":"'[51]CRO2_Pro-Mes'!EUC3","v":0},{"$f":"'[51]CRO2_Pro-Mes'!#REF!","v":{"$error":"#REF!"}},{"$f":"'[51]CRO2_Pro-Mes'!EUE3","v":0},{"$f":"'[51]CRO2_Pro-Mes'!#REF!","v":{"$error":"#REF!"}},{"$f":"'[51]CRO2_Pro-Mes'!EUG3","v":0},{"$f":"'[51]CRO2_Pro-Mes'!#REF!","v":{"$error":"#REF!"}},{"$f":"'[51]CRO2_Pro-Mes'!EUI3","v":0},{"$f":"'[51]CRO2_Pro-Mes'!#REF!","v":{"$error":"#REF!"}},{"$f":"'[51]CRO2_Pro-Mes'!EUK3","v":0},{"$f":"'[51]CRO2_Pro-Mes'!#REF!","v":{"$error":"#REF!"}},{"$f":"'[51]CRO2_Pro-Mes'!EUM3","v":0},{"$f":"'[51]CRO2_Pro-Mes'!#REF!","v":{"$error":"#REF!"}},{"$f":"'[51]CRO2_Pro-Mes'!EUO3","v":0},{"$f":"'[51]CRO2_Pro-Mes'!#REF!","v":{"$error":"#REF!"}},{"$f":"'[51]CRO2_Pro-Mes'!EUQ3","v":0},{"$f":"'[51]CRO2_Pro-Mes'!#REF!","v":{"$error":"#REF!"}},{"$f":"'[51]CRO2_Pro-Mes'!EUS3","v":0},{"$f":"'[51]CRO2_Pro-Mes'!#REF!","v":{"$error":"#REF!"}},{"$f":"'[51]CRO2_Pro-Mes'!EUU3","v":0},{"$f":"'[51]CRO2_Pro-Mes'!#REF!","v":{"$error":"#REF!"}},{"$f":"'[51]CRO2_Pro-Mes'!EUW3","v":0},{"$f":"'[51]CRO2_Pro-Mes'!#REF!","v":{"$error":"#REF!"}},{"$f":"'[51]CRO2_Pro-Mes'!EUY3","v":0},{"$f":"'[51]CRO2_Pro-Mes'!#REF!","v":{"$error":"#REF!"}},{"$f":"'[51]CRO2_Pro-Mes'!EVA3","v":0},{"$f":"'[51]CRO2_Pro-Mes'!#REF!","v":{"$error":"#REF!"}},{"$f":"'[51]CRO2_Pro-Mes'!EVC3","v":0},{"$f":"'[51]CRO2_Pro-Mes'!#REF!","v":{"$error":"#REF!"}},{"$f":"'[51]CRO2_Pro-Mes'!EVE3","v":0},{"$f":"'[51]CRO2_Pro-Mes'!#REF!","v":{"$error":"#REF!"}},{"$f":"'[51]CRO2_Pro-Mes'!EVG3","v":0},{"$f":"'[51]CRO2_Pro-Mes'!#REF!","v":{"$error":"#REF!"}},{"$f":"'[51]CRO2_Pro-Mes'!EVI3","v":0},{"$f":"'[51]CRO2_Pro-Mes'!#REF!","v":{"$error":"#REF!"}},{"$f":"'[51]CRO2_Pro-Mes'!EVK3","v":0},{"$f":"'[51]CRO2_Pro-Mes'!#REF!","v":{"$error":"#REF!"}},{"$f":"'[51]CRO2_Pro-Mes'!EVM3","v":0},{"$f":"'[51]CRO2_Pro-Mes'!#REF!","v":{"$error":"#REF!"}},{"$f":"'[51]CRO2_Pro-Mes'!EVO3","v":0},{"$f":"'[51]CRO2_Pro-Mes'!#REF!","v":{"$error":"#REF!"}},{"$f":"'[51]CRO2_Pro-Mes'!EVQ3","v":0},{"$f":"'[51]CRO2_Pro-Mes'!#REF!","v":{"$error":"#REF!"}},{"$f":"'[51]CRO2_Pro-Mes'!EVS3","v":0},{"$f":"'[51]CRO2_Pro-Mes'!#REF!","v":{"$error":"#REF!"}},{"$f":"'[51]CRO2_Pro-Mes'!EVU3","v":0},{"$f":"'[51]CRO2_Pro-Mes'!#REF!","v":{"$error":"#REF!"}},{"$f":"'[51]CRO2_Pro-Mes'!EVW3","v":0},{"$f":"'[51]CRO2_Pro-Mes'!#REF!","v":{"$error":"#REF!"}},{"$f":"'[51]CRO2_Pro-Mes'!EVY3","v":0},{"$f":"'[51]CRO2_Pro-Mes'!#REF!","v":{"$error":"#REF!"}},{"$f":"'[51]CRO2_Pro-Mes'!EWA3","v":0},{"$f":"'[51]CRO2_Pro-Mes'!#REF!","v":{"$error":"#REF!"}},{"$f":"'[51]CRO2_Pro-Mes'!EWC3","v":0},{"$f":"'[51]CRO2_Pro-Mes'!#REF!","v":{"$error":"#REF!"}},{"$f":"'[51]CRO2_Pro-Mes'!EWE3","v":0},{"$f":"'[51]CRO2_Pro-Mes'!#REF!","v":{"$error":"#REF!"}},{"$f":"'[51]CRO2_Pro-Mes'!EWG3","v":0},{"$f":"'[51]CRO2_Pro-Mes'!#REF!","v":{"$error":"#REF!"}},{"$f":"'[51]CRO2_Pro-Mes'!EWI3","v":0},{"$f":"'[51]CRO2_Pro-Mes'!#REF!","v":{"$error":"#REF!"}},{"$f":"'[51]CRO2_Pro-Mes'!EWK3","v":0},{"$f":"'[51]CRO2_Pro-Mes'!#REF!","v":{"$error":"#REF!"}},{"$f":"'[51]CRO2_Pro-Mes'!EWM3","v":0},{"$f":"'[51]CRO2_Pro-Mes'!#REF!","v":{"$error":"#REF!"}},{"$f":"'[51]CRO2_Pro-Mes'!EWO3","v":0},{"$f":"'[51]CRO2_Pro-Mes'!#REF!","v":{"$error":"#REF!"}},{"$f":"'[51]CRO2_Pro-Mes'!EWQ3","v":0},{"$f":"'[51]CRO2_Pro-Mes'!#REF!","v":{"$error":"#REF!"}},{"$f":"'[51]CRO2_Pro-Mes'!EWS3","v":0},{"$f":"'[51]CRO2_Pro-Mes'!#REF!","v":{"$error":"#REF!"}},{"$f":"'[51]CRO2_Pro-Mes'!EWU3","v":0},{"$f":"'[51]CRO2_Pro-Mes'!#REF!","v":{"$error":"#REF!"}},{"$f":"'[51]CRO2_Pro-Mes'!EWW3","v":0},{"$f":"'[51]CRO2_Pro-Mes'!#REF!","v":{"$error":"#REF!"}},{"$f":"'[51]CRO2_Pro-Mes'!EWY3","v":0},{"$f":"'[51]CRO2_Pro-Mes'!#REF!","v":{"$error":"#REF!"}},{"$f":"'[51]CRO2_Pro-Mes'!EXA3","v":0},{"$f":"'[51]CRO2_Pro-Mes'!#REF!","v":{"$error":"#REF!"}},{"$f":"'[51]CRO2_Pro-Mes'!EXC3","v":0},{"$f":"'[51]CRO2_Pro-Mes'!#REF!","v":{"$error":"#REF!"}},{"$f":"'[51]CRO2_Pro-Mes'!EXE3","v":0},{"$f":"'[51]CRO2_Pro-Mes'!#REF!","v":{"$error":"#REF!"}},{"$f":"'[51]CRO2_Pro-Mes'!EXG3","v":0},{"$f":"'[51]CRO2_Pro-Mes'!#REF!","v":{"$error":"#REF!"}},{"$f":"'[51]CRO2_Pro-Mes'!EXI3","v":0},{"$f":"'[51]CRO2_Pro-Mes'!#REF!","v":{"$error":"#REF!"}},{"$f":"'[51]CRO2_Pro-Mes'!EXK3","v":0},{"$f":"'[51]CRO2_Pro-Mes'!#REF!","v":{"$error":"#REF!"}},{"$f":"'[51]CRO2_Pro-Mes'!EXM3","v":0},{"$f":"'[51]CRO2_Pro-Mes'!#REF!","v":{"$error":"#REF!"}},{"$f":"'[51]CRO2_Pro-Mes'!EXO3","v":0},{"$f":"'[51]CRO2_Pro-Mes'!#REF!","v":{"$error":"#REF!"}},{"$f":"'[51]CRO2_Pro-Mes'!EXQ3","v":0},{"$f":"'[51]CRO2_Pro-Mes'!#REF!","v":{"$error":"#REF!"}},{"$f":"'[51]CRO2_Pro-Mes'!EXS3","v":0},{"$f":"'[51]CRO2_Pro-Mes'!#REF!","v":{"$error":"#REF!"}},{"$f":"'[51]CRO2_Pro-Mes'!EXU3","v":0},{"$f":"'[51]CRO2_Pro-Mes'!#REF!","v":{"$error":"#REF!"}},{"$f":"'[51]CRO2_Pro-Mes'!EXW3","v":0},{"$f":"'[51]CRO2_Pro-Mes'!#REF!","v":{"$error":"#REF!"}},{"$f":"'[51]CRO2_Pro-Mes'!EXY3","v":0},{"$f":"'[51]CRO2_Pro-Mes'!#REF!","v":{"$error":"#REF!"}},{"$f":"'[51]CRO2_Pro-Mes'!EYA3","v":0},{"$f":"'[51]CRO2_Pro-Mes'!#REF!","v":{"$error":"#REF!"}},{"$f":"'[51]CRO2_Pro-Mes'!EYC3","v":0},{"$f":"'[51]CRO2_Pro-Mes'!#REF!","v":{"$error":"#REF!"}},{"$f":"'[51]CRO2_Pro-Mes'!EYE3","v":0},{"$f":"'[51]CRO2_Pro-Mes'!#REF!","v":{"$error":"#REF!"}},{"$f":"'[51]CRO2_Pro-Mes'!EYG3","v":0},{"$f":"'[51]CRO2_Pro-Mes'!#REF!","v":{"$error":"#REF!"}},{"$f":"'[51]CRO2_Pro-Mes'!EYI3","v":0},{"$f":"'[51]CRO2_Pro-Mes'!#REF!","v":{"$error":"#REF!"}},{"$f":"'[51]CRO2_Pro-Mes'!EYK3","v":0},{"$f":"'[51]CRO2_Pro-Mes'!#REF!","v":{"$error":"#REF!"}},{"$f":"'[51]CRO2_Pro-Mes'!EYM3","v":0},{"$f":"'[51]CRO2_Pro-Mes'!#REF!","v":{"$error":"#REF!"}},{"$f":"'[51]CRO2_Pro-Mes'!EYO3","v":0},{"$f":"'[51]CRO2_Pro-Mes'!#REF!","v":{"$error":"#REF!"}},{"$f":"'[51]CRO2_Pro-Mes'!EYQ3","v":0},{"$f":"'[51]CRO2_Pro-Mes'!#REF!","v":{"$error":"#REF!"}},{"$f":"'[51]CRO2_Pro-Mes'!EYS3","v":0},{"$f":"'[51]CRO2_Pro-Mes'!#REF!","v":{"$error":"#REF!"}},{"$f":"'[51]CRO2_Pro-Mes'!EYU3","v":0},{"$f":"'[51]CRO2_Pro-Mes'!#REF!","v":{"$error":"#REF!"}},{"$f":"'[51]CRO2_Pro-Mes'!EYW3","v":0},{"$f":"'[51]CRO2_Pro-Mes'!#REF!","v":{"$error":"#REF!"}},{"$f":"'[51]CRO2_Pro-Mes'!EYY3","v":0},{"$f":"'[51]CRO2_Pro-Mes'!#REF!","v":{"$error":"#REF!"}},{"$f":"'[51]CRO2_Pro-Mes'!EZA3","v":0},{"$f":"'[51]CRO2_Pro-Mes'!#REF!","v":{"$error":"#REF!"}},{"$f":"'[51]CRO2_Pro-Mes'!EZC3","v":0},{"$f":"'[51]CRO2_Pro-Mes'!#REF!","v":{"$error":"#REF!"}},{"$f":"'[51]CRO2_Pro-Mes'!EZE3","v":0},{"$f":"'[51]CRO2_Pro-Mes'!#REF!","v":{"$error":"#REF!"}},{"$f":"'[51]CRO2_Pro-Mes'!EZG3","v":0},{"$f":"'[51]CRO2_Pro-Mes'!#REF!","v":{"$error":"#REF!"}},{"$f":"'[51]CRO2_Pro-Mes'!EZI3","v":0},{"$f":"'[51]CRO2_Pro-Mes'!#REF!","v":{"$error":"#REF!"}},{"$f":"'[51]CRO2_Pro-Mes'!EZK3","v":0},{"$f":"'[51]CRO2_Pro-Mes'!#REF!","v":{"$error":"#REF!"}},{"$f":"'[51]CRO2_Pro-Mes'!EZM3","v":0},{"$f":"'[51]CRO2_Pro-Mes'!#REF!","v":{"$error":"#REF!"}},{"$f":"'[51]CRO2_Pro-Mes'!EZO3","v":0},{"$f":"'[51]CRO2_Pro-Mes'!#REF!","v":{"$error":"#REF!"}},{"$f":"'[51]CRO2_Pro-Mes'!EZQ3","v":0},{"$f":"'[51]CRO2_Pro-Mes'!#REF!","v":{"$error":"#REF!"}},{"$f":"'[51]CRO2_Pro-Mes'!EZS3","v":0},{"$f":"'[51]CRO2_Pro-Mes'!#REF!","v":{"$error":"#REF!"}},{"$f":"'[51]CRO2_Pro-Mes'!EZU3","v":0},{"$f":"'[51]CRO2_Pro-Mes'!#REF!","v":{"$error":"#REF!"}},{"$f":"'[51]CRO2_Pro-Mes'!EZW3","v":0},{"$f":"'[51]CRO2_Pro-Mes'!#REF!","v":{"$error":"#REF!"}},{"$f":"'[51]CRO2_Pro-Mes'!EZY3","v":0},{"$f":"'[51]CRO2_Pro-Mes'!#REF!","v":{"$error":"#REF!"}},{"$f":"'[51]CRO2_Pro-Mes'!FAA3","v":0},{"$f":"'[51]CRO2_Pro-Mes'!#REF!","v":{"$error":"#REF!"}},{"$f":"'[51]CRO2_Pro-Mes'!FAC3","v":0},{"$f":"'[51]CRO2_Pro-Mes'!#REF!","v":{"$error":"#REF!"}},{"$f":"'[51]CRO2_Pro-Mes'!FAE3","v":0},{"$f":"'[51]CRO2_Pro-Mes'!#REF!","v":{"$error":"#REF!"}},{"$f":"'[51]CRO2_Pro-Mes'!FAG3","v":0},{"$f":"'[51]CRO2_Pro-Mes'!#REF!","v":{"$error":"#REF!"}},{"$f":"'[51]CRO2_Pro-Mes'!FAI3","v":0},{"$f":"'[51]CRO2_Pro-Mes'!#REF!","v":{"$error":"#REF!"}},{"$f":"'[51]CRO2_Pro-Mes'!FAK3","v":0},{"$f":"'[51]CRO2_Pro-Mes'!#REF!","v":{"$error":"#REF!"}},{"$f":"'[51]CRO2_Pro-Mes'!FAM3","v":0},{"$f":"'[51]CRO2_Pro-Mes'!#REF!","v":{"$error":"#REF!"}},{"$f":"'[51]CRO2_Pro-Mes'!FAO3","v":0},{"$f":"'[51]CRO2_Pro-Mes'!#REF!","v":{"$error":"#REF!"}},{"$f":"'[51]CRO2_Pro-Mes'!FAQ3","v":0},{"$f":"'[51]CRO2_Pro-Mes'!#REF!","v":{"$error":"#REF!"}},{"$f":"'[51]CRO2_Pro-Mes'!FAS3","v":0},{"$f":"'[51]CRO2_Pro-Mes'!#REF!","v":{"$error":"#REF!"}},{"$f":"'[51]CRO2_Pro-Mes'!FAU3","v":0},{"$f":"'[51]CRO2_Pro-Mes'!#REF!","v":{"$error":"#REF!"}},{"$f":"'[51]CRO2_Pro-Mes'!FAW3","v":0},{"$f":"'[51]CRO2_Pro-Mes'!#REF!","v":{"$error":"#REF!"}},{"$f":"'[51]CRO2_Pro-Mes'!FAY3","v":0},{"$f":"'[51]CRO2_Pro-Mes'!#REF!","v":{"$error":"#REF!"}},{"$f":"'[51]CRO2_Pro-Mes'!FBA3","v":0},{"$f":"'[51]CRO2_Pro-Mes'!#REF!","v":{"$error":"#REF!"}},{"$f":"'[51]CRO2_Pro-Mes'!FBC3","v":0},{"$f":"'[51]CRO2_Pro-Mes'!#REF!","v":{"$error":"#REF!"}},{"$f":"'[51]CRO2_Pro-Mes'!FBE3","v":0},{"$f":"'[51]CRO2_Pro-Mes'!#REF!","v":{"$error":"#REF!"}},{"$f":"'[51]CRO2_Pro-Mes'!FBG3","v":0},{"$f":"'[51]CRO2_Pro-Mes'!#REF!","v":{"$error":"#REF!"}},{"$f":"'[51]CRO2_Pro-Mes'!FBI3","v":0},{"$f":"'[51]CRO2_Pro-Mes'!#REF!","v":{"$error":"#REF!"}},{"$f":"'[51]CRO2_Pro-Mes'!FBK3","v":0},{"$f":"'[51]CRO2_Pro-Mes'!#REF!","v":{"$error":"#REF!"}},{"$f":"'[51]CRO2_Pro-Mes'!FBM3","v":0},{"$f":"'[51]CRO2_Pro-Mes'!#REF!","v":{"$error":"#REF!"}},{"$f":"'[51]CRO2_Pro-Mes'!FBO3","v":0},{"$f":"'[51]CRO2_Pro-Mes'!#REF!","v":{"$error":"#REF!"}},{"$f":"'[51]CRO2_Pro-Mes'!FBQ3","v":0},{"$f":"'[51]CRO2_Pro-Mes'!#REF!","v":{"$error":"#REF!"}},{"$f":"'[51]CRO2_Pro-Mes'!FBS3","v":0},{"$f":"'[51]CRO2_Pro-Mes'!#REF!","v":{"$error":"#REF!"}},{"$f":"'[51]CRO2_Pro-Mes'!FBU3","v":0},{"$f":"'[51]CRO2_Pro-Mes'!#REF!","v":{"$error":"#REF!"}},{"$f":"'[51]CRO2_Pro-Mes'!FBW3","v":0},{"$f":"'[51]CRO2_Pro-Mes'!#REF!","v":{"$error":"#REF!"}},{"$f":"'[51]CRO2_Pro-Mes'!FBY3","v":0},{"$f":"'[51]CRO2_Pro-Mes'!#REF!","v":{"$error":"#REF!"}},{"$f":"'[51]CRO2_Pro-Mes'!FCA3","v":0},{"$f":"'[51]CRO2_Pro-Mes'!#REF!","v":{"$error":"#REF!"}},{"$f":"'[51]CRO2_Pro-Mes'!FCC3","v":0},{"$f":"'[51]CRO2_Pro-Mes'!#REF!","v":{"$error":"#REF!"}},{"$f":"'[51]CRO2_Pro-Mes'!FCE3","v":0},{"$f":"'[51]CRO2_Pro-Mes'!#REF!","v":{"$error":"#REF!"}},{"$f":"'[51]CRO2_Pro-Mes'!FCG3","v":0},{"$f":"'[51]CRO2_Pro-Mes'!#REF!","v":{"$error":"#REF!"}},{"$f":"'[51]CRO2_Pro-Mes'!FCI3","v":0},{"$f":"'[51]CRO2_Pro-Mes'!#REF!","v":{"$error":"#REF!"}},{"$f":"'[51]CRO2_Pro-Mes'!FCK3","v":0},{"$f":"'[51]CRO2_Pro-Mes'!#REF!","v":{"$error":"#REF!"}},{"$f":"'[51]CRO2_Pro-Mes'!FCM3","v":0},{"$f":"'[51]CRO2_Pro-Mes'!#REF!","v":{"$error":"#REF!"}},{"$f":"'[51]CRO2_Pro-Mes'!FCO3","v":0},{"$f":"'[51]CRO2_Pro-Mes'!#REF!","v":{"$error":"#REF!"}},{"$f":"'[51]CRO2_Pro-Mes'!FCQ3","v":0},{"$f":"'[51]CRO2_Pro-Mes'!#REF!","v":{"$error":"#REF!"}},{"$f":"'[51]CRO2_Pro-Mes'!FCS3","v":0},{"$f":"'[51]CRO2_Pro-Mes'!#REF!","v":{"$error":"#REF!"}},{"$f":"'[51]CRO2_Pro-Mes'!FCU3","v":0},{"$f":"'[51]CRO2_Pro-Mes'!#REF!","v":{"$error":"#REF!"}},{"$f":"'[51]CRO2_Pro-Mes'!FCW3","v":0},{"$f":"'[51]CRO2_Pro-Mes'!#REF!","v":{"$error":"#REF!"}},{"$f":"'[51]CRO2_Pro-Mes'!FCY3","v":0},{"$f":"'[51]CRO2_Pro-Mes'!#REF!","v":{"$error":"#REF!"}},{"$f":"'[51]CRO2_Pro-Mes'!FDA3","v":0},{"$f":"'[51]CRO2_Pro-Mes'!#REF!","v":{"$error":"#REF!"}},{"$f":"'[51]CRO2_Pro-Mes'!FDC3","v":0},{"$f":"'[51]CRO2_Pro-Mes'!#REF!","v":{"$error":"#REF!"}},{"$f":"'[51]CRO2_Pro-Mes'!FDE3","v":0},{"$f":"'[51]CRO2_Pro-Mes'!#REF!","v":{"$error":"#REF!"}},{"$f":"'[51]CRO2_Pro-Mes'!FDG3","v":0},{"$f":"'[51]CRO2_Pro-Mes'!#REF!","v":{"$error":"#REF!"}},{"$f":"'[51]CRO2_Pro-Mes'!FDI3","v":0},{"$f":"'[51]CRO2_Pro-Mes'!#REF!","v":{"$error":"#REF!"}},{"$f":"'[51]CRO2_Pro-Mes'!FDK3","v":0},{"$f":"'[51]CRO2_Pro-Mes'!#REF!","v":{"$error":"#REF!"}},{"$f":"'[51]CRO2_Pro-Mes'!FDM3","v":0},{"$f":"'[51]CRO2_Pro-Mes'!#REF!","v":{"$error":"#REF!"}},{"$f":"'[51]CRO2_Pro-Mes'!FDO3","v":0},{"$f":"'[51]CRO2_Pro-Mes'!#REF!","v":{"$error":"#REF!"}},{"$f":"'[51]CRO2_Pro-Mes'!FDQ3","v":0},{"$f":"'[51]CRO2_Pro-Mes'!#REF!","v":{"$error":"#REF!"}},{"$f":"'[51]CRO2_Pro-Mes'!FDS3","v":0},{"$f":"'[51]CRO2_Pro-Mes'!#REF!","v":{"$error":"#REF!"}},{"$f":"'[51]CRO2_Pro-Mes'!FDU3","v":0},{"$f":"'[51]CRO2_Pro-Mes'!#REF!","v":{"$error":"#REF!"}},{"$f":"'[51]CRO2_Pro-Mes'!FDW3","v":0},{"$f":"'[51]CRO2_Pro-Mes'!#REF!","v":{"$error":"#REF!"}},{"$f":"'[51]CRO2_Pro-Mes'!FDY3","v":0},{"$f":"'[51]CRO2_Pro-Mes'!#REF!","v":{"$error":"#REF!"}},{"$f":"'[51]CRO2_Pro-Mes'!FEA3","v":0},{"$f":"'[51]CRO2_Pro-Mes'!#REF!","v":{"$error":"#REF!"}},{"$f":"'[51]CRO2_Pro-Mes'!FEC3","v":0},{"$f":"'[51]CRO2_Pro-Mes'!#REF!","v":{"$error":"#REF!"}},{"$f":"'[51]CRO2_Pro-Mes'!FEE3","v":0},{"$f":"'[51]CRO2_Pro-Mes'!#REF!","v":{"$error":"#REF!"}},{"$f":"'[51]CRO2_Pro-Mes'!FEG3","v":0},{"$f":"'[51]CRO2_Pro-Mes'!#REF!","v":{"$error":"#REF!"}},{"$f":"'[51]CRO2_Pro-Mes'!FEI3","v":0},{"$f":"'[51]CRO2_Pro-Mes'!#REF!","v":{"$error":"#REF!"}},{"$f":"'[51]CRO2_Pro-Mes'!FEK3","v":0},{"$f":"'[51]CRO2_Pro-Mes'!#REF!","v":{"$error":"#REF!"}},{"$f":"'[51]CRO2_Pro-Mes'!FEM3","v":0},{"$f":"'[51]CRO2_Pro-Mes'!#REF!","v":{"$error":"#REF!"}},{"$f":"'[51]CRO2_Pro-Mes'!FEO3","v":0},{"$f":"'[51]CRO2_Pro-Mes'!#REF!","v":{"$error":"#REF!"}},{"$f":"'[51]CRO2_Pro-Mes'!FEQ3","v":0},{"$f":"'[51]CRO2_Pro-Mes'!#REF!","v":{"$error":"#REF!"}},{"$f":"'[51]CRO2_Pro-Mes'!FES3","v":0},{"$f":"'[51]CRO2_Pro-Mes'!#REF!","v":{"$error":"#REF!"}},{"$f":"'[51]CRO2_Pro-Mes'!FEU3","v":0},{"$f":"'[51]CRO2_Pro-Mes'!#REF!","v":{"$error":"#REF!"}},{"$f":"'[51]CRO2_Pro-Mes'!FEW3","v":0},{"$f":"'[51]CRO2_Pro-Mes'!#REF!","v":{"$error":"#REF!"}},{"$f":"'[51]CRO2_Pro-Mes'!FEY3","v":0},{"$f":"'[51]CRO2_Pro-Mes'!#REF!","v":{"$error":"#REF!"}},{"$f":"'[51]CRO2_Pro-Mes'!FFA3","v":0},{"$f":"'[51]CRO2_Pro-Mes'!#REF!","v":{"$error":"#REF!"}},{"$f":"'[51]CRO2_Pro-Mes'!FFC3","v":0},{"$f":"'[51]CRO2_Pro-Mes'!#REF!","v":{"$error":"#REF!"}},{"$f":"'[51]CRO2_Pro-Mes'!FFE3","v":0},{"$f":"'[51]CRO2_Pro-Mes'!#REF!","v":{"$error":"#REF!"}},{"$f":"'[51]CRO2_Pro-Mes'!FFG3","v":0},{"$f":"'[51]CRO2_Pro-Mes'!#REF!","v":{"$error":"#REF!"}},{"$f":"'[51]CRO2_Pro-Mes'!FFI3","v":0},{"$f":"'[51]CRO2_Pro-Mes'!#REF!","v":{"$error":"#REF!"}},{"$f":"'[51]CRO2_Pro-Mes'!FFK3","v":0},{"$f":"'[51]CRO2_Pro-Mes'!#REF!","v":{"$error":"#REF!"}},{"$f":"'[51]CRO2_Pro-Mes'!FFM3","v":0},{"$f":"'[51]CRO2_Pro-Mes'!#REF!","v":{"$error":"#REF!"}},{"$f":"'[51]CRO2_Pro-Mes'!FFO3","v":0},{"$f":"'[51]CRO2_Pro-Mes'!#REF!","v":{"$error":"#REF!"}},{"$f":"'[51]CRO2_Pro-Mes'!FFQ3","v":0},{"$f":"'[51]CRO2_Pro-Mes'!#REF!","v":{"$error":"#REF!"}},{"$f":"'[51]CRO2_Pro-Mes'!FFS3","v":0},{"$f":"'[51]CRO2_Pro-Mes'!#REF!","v":{"$error":"#REF!"}},{"$f":"'[51]CRO2_Pro-Mes'!FFU3","v":0},{"$f":"'[51]CRO2_Pro-Mes'!#REF!","v":{"$error":"#REF!"}},{"$f":"'[51]CRO2_Pro-Mes'!FFW3","v":0},{"$f":"'[51]CRO2_Pro-Mes'!#REF!","v":{"$error":"#REF!"}},{"$f":"'[51]CRO2_Pro-Mes'!FFY3","v":0},{"$f":"'[51]CRO2_Pro-Mes'!#REF!","v":{"$error":"#REF!"}},{"$f":"'[51]CRO2_Pro-Mes'!FGA3","v":0},{"$f":"'[51]CRO2_Pro-Mes'!#REF!","v":{"$error":"#REF!"}},{"$f":"'[51]CRO2_Pro-Mes'!FGC3","v":0},{"$f":"'[51]CRO2_Pro-Mes'!#REF!","v":{"$error":"#REF!"}},{"$f":"'[51]CRO2_Pro-Mes'!FGE3","v":0},{"$f":"'[51]CRO2_Pro-Mes'!#REF!","v":{"$error":"#REF!"}},{"$f":"'[51]CRO2_Pro-Mes'!FGG3","v":0},{"$f":"'[51]CRO2_Pro-Mes'!#REF!","v":{"$error":"#REF!"}},{"$f":"'[51]CRO2_Pro-Mes'!FGI3","v":0},{"$f":"'[51]CRO2_Pro-Mes'!#REF!","v":{"$error":"#REF!"}},{"$f":"'[51]CRO2_Pro-Mes'!FGK3","v":0},{"$f":"'[51]CRO2_Pro-Mes'!#REF!","v":{"$error":"#REF!"}},{"$f":"'[51]CRO2_Pro-Mes'!FGM3","v":0},{"$f":"'[51]CRO2_Pro-Mes'!#REF!","v":{"$error":"#REF!"}},{"$f":"'[51]CRO2_Pro-Mes'!FGO3","v":0},{"$f":"'[51]CRO2_Pro-Mes'!#REF!","v":{"$error":"#REF!"}},{"$f":"'[51]CRO2_Pro-Mes'!FGQ3","v":0},{"$f":"'[51]CRO2_Pro-Mes'!#REF!","v":{"$error":"#REF!"}},{"$f":"'[51]CRO2_Pro-Mes'!FGS3","v":0},{"$f":"'[51]CRO2_Pro-Mes'!#REF!","v":{"$error":"#REF!"}},{"$f":"'[51]CRO2_Pro-Mes'!FGU3","v":0},{"$f":"'[51]CRO2_Pro-Mes'!#REF!","v":{"$error":"#REF!"}},{"$f":"'[51]CRO2_Pro-Mes'!FGW3","v":0},{"$f":"'[51]CRO2_Pro-Mes'!#REF!","v":{"$error":"#REF!"}},{"$f":"'[51]CRO2_Pro-Mes'!FGY3","v":0},{"$f":"'[51]CRO2_Pro-Mes'!#REF!","v":{"$error":"#REF!"}},{"$f":"'[51]CRO2_Pro-Mes'!FHA3","v":0},{"$f":"'[51]CRO2_Pro-Mes'!#REF!","v":{"$error":"#REF!"}},{"$f":"'[51]CRO2_Pro-Mes'!FHC3","v":0},{"$f":"'[51]CRO2_Pro-Mes'!#REF!","v":{"$error":"#REF!"}},{"$f":"'[51]CRO2_Pro-Mes'!FHE3","v":0},{"$f":"'[51]CRO2_Pro-Mes'!#REF!","v":{"$error":"#REF!"}},{"$f":"'[51]CRO2_Pro-Mes'!FHG3","v":0},{"$f":"'[51]CRO2_Pro-Mes'!#REF!","v":{"$error":"#REF!"}},{"$f":"'[51]CRO2_Pro-Mes'!FHI3","v":0},{"$f":"'[51]CRO2_Pro-Mes'!#REF!","v":{"$error":"#REF!"}},{"$f":"'[51]CRO2_Pro-Mes'!FHK3","v":0},{"$f":"'[51]CRO2_Pro-Mes'!#REF!","v":{"$error":"#REF!"}},{"$f":"'[51]CRO2_Pro-Mes'!FHM3","v":0},{"$f":"'[51]CRO2_Pro-Mes'!#REF!","v":{"$error":"#REF!"}},{"$f":"'[51]CRO2_Pro-Mes'!FHO3","v":0},{"$f":"'[51]CRO2_Pro-Mes'!#REF!","v":{"$error":"#REF!"}},{"$f":"'[51]CRO2_Pro-Mes'!FHQ3","v":0},{"$f":"'[51]CRO2_Pro-Mes'!#REF!","v":{"$error":"#REF!"}},{"$f":"'[51]CRO2_Pro-Mes'!FHS3","v":0},{"$f":"'[51]CRO2_Pro-Mes'!#REF!","v":{"$error":"#REF!"}},{"$f":"'[51]CRO2_Pro-Mes'!FHU3","v":0},{"$f":"'[51]CRO2_Pro-Mes'!#REF!","v":{"$error":"#REF!"}},{"$f":"'[51]CRO2_Pro-Mes'!FHW3","v":0},{"$f":"'[51]CRO2_Pro-Mes'!#REF!","v":{"$error":"#REF!"}},{"$f":"'[51]CRO2_Pro-Mes'!FHY3","v":0},{"$f":"'[51]CRO2_Pro-Mes'!#REF!","v":{"$error":"#REF!"}},{"$f":"'[51]CRO2_Pro-Mes'!FIA3","v":0},{"$f":"'[51]CRO2_Pro-Mes'!#REF!","v":{"$error":"#REF!"}},{"$f":"'[51]CRO2_Pro-Mes'!FIC3","v":0},{"$f":"'[51]CRO2_Pro-Mes'!#REF!","v":{"$error":"#REF!"}},{"$f":"'[51]CRO2_Pro-Mes'!FIE3","v":0},{"$f":"'[51]CRO2_Pro-Mes'!#REF!","v":{"$error":"#REF!"}},{"$f":"'[51]CRO2_Pro-Mes'!FIG3","v":0},{"$f":"'[51]CRO2_Pro-Mes'!#REF!","v":{"$error":"#REF!"}},{"$f":"'[51]CRO2_Pro-Mes'!FII3","v":0},{"$f":"'[51]CRO2_Pro-Mes'!#REF!","v":{"$error":"#REF!"}},{"$f":"'[51]CRO2_Pro-Mes'!FIK3","v":0},{"$f":"'[51]CRO2_Pro-Mes'!#REF!","v":{"$error":"#REF!"}},{"$f":"'[51]CRO2_Pro-Mes'!FIM3","v":0},{"$f":"'[51]CRO2_Pro-Mes'!#REF!","v":{"$error":"#REF!"}},{"$f":"'[51]CRO2_Pro-Mes'!FIO3","v":0},{"$f":"'[51]CRO2_Pro-Mes'!#REF!","v":{"$error":"#REF!"}},{"$f":"'[51]CRO2_Pro-Mes'!FIQ3","v":0},{"$f":"'[51]CRO2_Pro-Mes'!#REF!","v":{"$error":"#REF!"}},{"$f":"'[51]CRO2_Pro-Mes'!FIS3","v":0},{"$f":"'[51]CRO2_Pro-Mes'!#REF!","v":{"$error":"#REF!"}},{"$f":"'[51]CRO2_Pro-Mes'!FIU3","v":0},{"$f":"'[51]CRO2_Pro-Mes'!#REF!","v":{"$error":"#REF!"}},{"$f":"'[51]CRO2_Pro-Mes'!FIW3","v":0},{"$f":"'[51]CRO2_Pro-Mes'!#REF!","v":{"$error":"#REF!"}},{"$f":"'[51]CRO2_Pro-Mes'!FIY3","v":0},{"$f":"'[51]CRO2_Pro-Mes'!#REF!","v":{"$error":"#REF!"}},{"$f":"'[51]CRO2_Pro-Mes'!FJA3","v":0},{"$f":"'[51]CRO2_Pro-Mes'!#REF!","v":{"$error":"#REF!"}},{"$f":"'[51]CRO2_Pro-Mes'!FJC3","v":0},{"$f":"'[51]CRO2_Pro-Mes'!#REF!","v":{"$error":"#REF!"}},{"$f":"'[51]CRO2_Pro-Mes'!FJE3","v":0},{"$f":"'[51]CRO2_Pro-Mes'!#REF!","v":{"$error":"#REF!"}},{"$f":"'[51]CRO2_Pro-Mes'!FJG3","v":0},{"$f":"'[51]CRO2_Pro-Mes'!#REF!","v":{"$error":"#REF!"}},{"$f":"'[51]CRO2_Pro-Mes'!FJI3","v":0},{"$f":"'[51]CRO2_Pro-Mes'!#REF!","v":{"$error":"#REF!"}},{"$f":"'[51]CRO2_Pro-Mes'!FJK3","v":0},{"$f":"'[51]CRO2_Pro-Mes'!#REF!","v":{"$error":"#REF!"}},{"$f":"'[51]CRO2_Pro-Mes'!FJM3","v":0},{"$f":"'[51]CRO2_Pro-Mes'!#REF!","v":{"$error":"#REF!"}},{"$f":"'[51]CRO2_Pro-Mes'!FJO3","v":0},{"$f":"'[51]CRO2_Pro-Mes'!#REF!","v":{"$error":"#REF!"}},{"$f":"'[51]CRO2_Pro-Mes'!FJQ3","v":0},{"$f":"'[51]CRO2_Pro-Mes'!#REF!","v":{"$error":"#REF!"}},{"$f":"'[51]CRO2_Pro-Mes'!FJS3","v":0},{"$f":"'[51]CRO2_Pro-Mes'!#REF!","v":{"$error":"#REF!"}},{"$f":"'[51]CRO2_Pro-Mes'!FJU3","v":0},{"$f":"'[51]CRO2_Pro-Mes'!#REF!","v":{"$error":"#REF!"}},{"$f":"'[51]CRO2_Pro-Mes'!FJW3","v":0},{"$f":"'[51]CRO2_Pro-Mes'!#REF!","v":{"$error":"#REF!"}},{"$f":"'[51]CRO2_Pro-Mes'!FJY3","v":0},{"$f":"'[51]CRO2_Pro-Mes'!#REF!","v":{"$error":"#REF!"}},{"$f":"'[51]CRO2_Pro-Mes'!FKA3","v":0},{"$f":"'[51]CRO2_Pro-Mes'!#REF!","v":{"$error":"#REF!"}},{"$f":"'[51]CRO2_Pro-Mes'!FKC3","v":0},{"$f":"'[51]CRO2_Pro-Mes'!#REF!","v":{"$error":"#REF!"}},{"$f":"'[51]CRO2_Pro-Mes'!FKE3","v":0},{"$f":"'[51]CRO2_Pro-Mes'!#REF!","v":{"$error":"#REF!"}},{"$f":"'[51]CRO2_Pro-Mes'!FKG3","v":0},{"$f":"'[51]CRO2_Pro-Mes'!#REF!","v":{"$error":"#REF!"}},{"$f":"'[51]CRO2_Pro-Mes'!FKI3","v":0},{"$f":"'[51]CRO2_Pro-Mes'!#REF!","v":{"$error":"#REF!"}},{"$f":"'[51]CRO2_Pro-Mes'!FKK3","v":0},{"$f":"'[51]CRO2_Pro-Mes'!#REF!","v":{"$error":"#REF!"}},{"$f":"'[51]CRO2_Pro-Mes'!FKM3","v":0},{"$f":"'[51]CRO2_Pro-Mes'!#REF!","v":{"$error":"#REF!"}},{"$f":"'[51]CRO2_Pro-Mes'!FKO3","v":0},{"$f":"'[51]CRO2_Pro-Mes'!#REF!","v":{"$error":"#REF!"}},{"$f":"'[51]CRO2_Pro-Mes'!FKQ3","v":0},{"$f":"'[51]CRO2_Pro-Mes'!#REF!","v":{"$error":"#REF!"}},{"$f":"'[51]CRO2_Pro-Mes'!FKS3","v":0},{"$f":"'[51]CRO2_Pro-Mes'!#REF!","v":{"$error":"#REF!"}},{"$f":"'[51]CRO2_Pro-Mes'!FKU3","v":0},{"$f":"'[51]CRO2_Pro-Mes'!#REF!","v":{"$error":"#REF!"}},{"$f":"'[51]CRO2_Pro-Mes'!FKW3","v":0},{"$f":"'[51]CRO2_Pro-Mes'!#REF!","v":{"$error":"#REF!"}},{"$f":"'[51]CRO2_Pro-Mes'!FKY3","v":0},{"$f":"'[51]CRO2_Pro-Mes'!#REF!","v":{"$error":"#REF!"}},{"$f":"'[51]CRO2_Pro-Mes'!FLA3","v":0},{"$f":"'[51]CRO2_Pro-Mes'!#REF!","v":{"$error":"#REF!"}},{"$f":"'[51]CRO2_Pro-Mes'!FLC3","v":0},{"$f":"'[51]CRO2_Pro-Mes'!#REF!","v":{"$error":"#REF!"}},{"$f":"'[51]CRO2_Pro-Mes'!FLE3","v":0},{"$f":"'[51]CRO2_Pro-Mes'!#REF!","v":{"$error":"#REF!"}},{"$f":"'[51]CRO2_Pro-Mes'!FLG3","v":0},{"$f":"'[51]CRO2_Pro-Mes'!#REF!","v":{"$error":"#REF!"}},{"$f":"'[51]CRO2_Pro-Mes'!FLI3","v":0},{"$f":"'[51]CRO2_Pro-Mes'!#REF!","v":{"$error":"#REF!"}},{"$f":"'[51]CRO2_Pro-Mes'!FLK3","v":0},{"$f":"'[51]CRO2_Pro-Mes'!#REF!","v":{"$error":"#REF!"}},{"$f":"'[51]CRO2_Pro-Mes'!FLM3","v":0},{"$f":"'[51]CRO2_Pro-Mes'!#REF!","v":{"$error":"#REF!"}},{"$f":"'[51]CRO2_Pro-Mes'!FLO3","v":0},{"$f":"'[51]CRO2_Pro-Mes'!#REF!","v":{"$error":"#REF!"}},{"$f":"'[51]CRO2_Pro-Mes'!FLQ3","v":0},{"$f":"'[51]CRO2_Pro-Mes'!#REF!","v":{"$error":"#REF!"}},{"$f":"'[51]CRO2_Pro-Mes'!FLS3","v":0},{"$f":"'[51]CRO2_Pro-Mes'!#REF!","v":{"$error":"#REF!"}},{"$f":"'[51]CRO2_Pro-Mes'!FLU3","v":0},{"$f":"'[51]CRO2_Pro-Mes'!#REF!","v":{"$error":"#REF!"}},{"$f":"'[51]CRO2_Pro-Mes'!FLW3","v":0},{"$f":"'[51]CRO2_Pro-Mes'!#REF!","v":{"$error":"#REF!"}},{"$f":"'[51]CRO2_Pro-Mes'!FLY3","v":0},{"$f":"'[51]CRO2_Pro-Mes'!#REF!","v":{"$error":"#REF!"}},{"$f":"'[51]CRO2_Pro-Mes'!FMA3","v":0},{"$f":"'[51]CRO2_Pro-Mes'!#REF!","v":{"$error":"#REF!"}},{"$f":"'[51]CRO2_Pro-Mes'!FMC3","v":0},{"$f":"'[51]CRO2_Pro-Mes'!#REF!","v":{"$error":"#REF!"}},{"$f":"'[51]CRO2_Pro-Mes'!FME3","v":0},{"$f":"'[51]CRO2_Pro-Mes'!#REF!","v":{"$error":"#REF!"}},{"$f":"'[51]CRO2_Pro-Mes'!FMG3","v":0},{"$f":"'[51]CRO2_Pro-Mes'!#REF!","v":{"$error":"#REF!"}},{"$f":"'[51]CRO2_Pro-Mes'!FMI3","v":0},{"$f":"'[51]CRO2_Pro-Mes'!#REF!","v":{"$error":"#REF!"}},{"$f":"'[51]CRO2_Pro-Mes'!FMK3","v":0},{"$f":"'[51]CRO2_Pro-Mes'!#REF!","v":{"$error":"#REF!"}},{"$f":"'[51]CRO2_Pro-Mes'!FMM3","v":0},{"$f":"'[51]CRO2_Pro-Mes'!#REF!","v":{"$error":"#REF!"}},{"$f":"'[51]CRO2_Pro-Mes'!FMO3","v":0},{"$f":"'[51]CRO2_Pro-Mes'!#REF!","v":{"$error":"#REF!"}},{"$f":"'[51]CRO2_Pro-Mes'!FMQ3","v":0},{"$f":"'[51]CRO2_Pro-Mes'!#REF!","v":{"$error":"#REF!"}},{"$f":"'[51]CRO2_Pro-Mes'!FMS3","v":0},{"$f":"'[51]CRO2_Pro-Mes'!#REF!","v":{"$error":"#REF!"}},{"$f":"'[51]CRO2_Pro-Mes'!FMU3","v":0},{"$f":"'[51]CRO2_Pro-Mes'!#REF!","v":{"$error":"#REF!"}},{"$f":"'[51]CRO2_Pro-Mes'!FMW3","v":0},{"$f":"'[51]CRO2_Pro-Mes'!#REF!","v":{"$error":"#REF!"}},{"$f":"'[51]CRO2_Pro-Mes'!FMY3","v":0},{"$f":"'[51]CRO2_Pro-Mes'!#REF!","v":{"$error":"#REF!"}},{"$f":"'[51]CRO2_Pro-Mes'!FNA3","v":0},{"$f":"'[51]CRO2_Pro-Mes'!#REF!","v":{"$error":"#REF!"}},{"$f":"'[51]CRO2_Pro-Mes'!FNC3","v":0},{"$f":"'[51]CRO2_Pro-Mes'!#REF!","v":{"$error":"#REF!"}},{"$f":"'[51]CRO2_Pro-Mes'!FNE3","v":0},{"$f":"'[51]CRO2_Pro-Mes'!#REF!","v":{"$error":"#REF!"}},{"$f":"'[51]CRO2_Pro-Mes'!FNG3","v":0},{"$f":"'[51]CRO2_Pro-Mes'!#REF!","v":{"$error":"#REF!"}},{"$f":"'[51]CRO2_Pro-Mes'!FNI3","v":0},{"$f":"'[51]CRO2_Pro-Mes'!#REF!","v":{"$error":"#REF!"}},{"$f":"'[51]CRO2_Pro-Mes'!FNK3","v":0},{"$f":"'[51]CRO2_Pro-Mes'!#REF!","v":{"$error":"#REF!"}},{"$f":"'[51]CRO2_Pro-Mes'!FNM3","v":0},{"$f":"'[51]CRO2_Pro-Mes'!#REF!","v":{"$error":"#REF!"}},{"$f":"'[51]CRO2_Pro-Mes'!FNO3","v":0},{"$f":"'[51]CRO2_Pro-Mes'!#REF!","v":{"$error":"#REF!"}},{"$f":"'[51]CRO2_Pro-Mes'!FNQ3","v":0},{"$f":"'[51]CRO2_Pro-Mes'!#REF!","v":{"$error":"#REF!"}},{"$f":"'[51]CRO2_Pro-Mes'!FNS3","v":0},{"$f":"'[51]CRO2_Pro-Mes'!#REF!","v":{"$error":"#REF!"}},{"$f":"'[51]CRO2_Pro-Mes'!FNU3","v":0},{"$f":"'[51]CRO2_Pro-Mes'!#REF!","v":{"$error":"#REF!"}},{"$f":"'[51]CRO2_Pro-Mes'!FNW3","v":0},{"$f":"'[51]CRO2_Pro-Mes'!#REF!","v":{"$error":"#REF!"}},{"$f":"'[51]CRO2_Pro-Mes'!FNY3","v":0},{"$f":"'[51]CRO2_Pro-Mes'!#REF!","v":{"$error":"#REF!"}},{"$f":"'[51]CRO2_Pro-Mes'!FOA3","v":0},{"$f":"'[51]CRO2_Pro-Mes'!#REF!","v":{"$error":"#REF!"}},{"$f":"'[51]CRO2_Pro-Mes'!FOC3","v":0},{"$f":"'[51]CRO2_Pro-Mes'!#REF!","v":{"$error":"#REF!"}},{"$f":"'[51]CRO2_Pro-Mes'!FOE3","v":0},{"$f":"'[51]CRO2_Pro-Mes'!#REF!","v":{"$error":"#REF!"}},{"$f":"'[51]CRO2_Pro-Mes'!FOG3","v":0},{"$f":"'[51]CRO2_Pro-Mes'!#REF!","v":{"$error":"#REF!"}},{"$f":"'[51]CRO2_Pro-Mes'!FOI3","v":0},{"$f":"'[51]CRO2_Pro-Mes'!#REF!","v":{"$error":"#REF!"}},{"$f":"'[51]CRO2_Pro-Mes'!FOK3","v":0},{"$f":"'[51]CRO2_Pro-Mes'!#REF!","v":{"$error":"#REF!"}},{"$f":"'[51]CRO2_Pro-Mes'!FOM3","v":0},{"$f":"'[51]CRO2_Pro-Mes'!#REF!","v":{"$error":"#REF!"}},{"$f":"'[51]CRO2_Pro-Mes'!FOO3","v":0},{"$f":"'[51]CRO2_Pro-Mes'!#REF!","v":{"$error":"#REF!"}},{"$f":"'[51]CRO2_Pro-Mes'!FOQ3","v":0},{"$f":"'[51]CRO2_Pro-Mes'!#REF!","v":{"$error":"#REF!"}},{"$f":"'[51]CRO2_Pro-Mes'!FOS3","v":0},{"$f":"'[51]CRO2_Pro-Mes'!#REF!","v":{"$error":"#REF!"}},{"$f":"'[51]CRO2_Pro-Mes'!FOU3","v":0},{"$f":"'[51]CRO2_Pro-Mes'!#REF!","v":{"$error":"#REF!"}},{"$f":"'[51]CRO2_Pro-Mes'!FOW3","v":0},{"$f":"'[51]CRO2_Pro-Mes'!#REF!","v":{"$error":"#REF!"}},{"$f":"'[51]CRO2_Pro-Mes'!FOY3","v":0},{"$f":"'[51]CRO2_Pro-Mes'!#REF!","v":{"$error":"#REF!"}},{"$f":"'[51]CRO2_Pro-Mes'!FPA3","v":0},{"$f":"'[51]CRO2_Pro-Mes'!#REF!","v":{"$error":"#REF!"}},{"$f":"'[51]CRO2_Pro-Mes'!FPC3","v":0},{"$f":"'[51]CRO2_Pro-Mes'!#REF!","v":{"$error":"#REF!"}},{"$f":"'[51]CRO2_Pro-Mes'!FPE3","v":0},{"$f":"'[51]CRO2_Pro-Mes'!#REF!","v":{"$error":"#REF!"}},{"$f":"'[51]CRO2_Pro-Mes'!FPG3","v":0},{"$f":"'[51]CRO2_Pro-Mes'!#REF!","v":{"$error":"#REF!"}},{"$f":"'[51]CRO2_Pro-Mes'!FPI3","v":0},{"$f":"'[51]CRO2_Pro-Mes'!#REF!","v":{"$error":"#REF!"}},{"$f":"'[51]CRO2_Pro-Mes'!FPK3","v":0},{"$f":"'[51]CRO2_Pro-Mes'!#REF!","v":{"$error":"#REF!"}},{"$f":"'[51]CRO2_Pro-Mes'!FPM3","v":0},{"$f":"'[51]CRO2_Pro-Mes'!#REF!","v":{"$error":"#REF!"}},{"$f":"'[51]CRO2_Pro-Mes'!FPO3","v":0},{"$f":"'[51]CRO2_Pro-Mes'!#REF!","v":{"$error":"#REF!"}},{"$f":"'[51]CRO2_Pro-Mes'!FPQ3","v":0},{"$f":"'[51]CRO2_Pro-Mes'!#REF!","v":{"$error":"#REF!"}},{"$f":"'[51]CRO2_Pro-Mes'!FPS3","v":0},{"$f":"'[51]CRO2_Pro-Mes'!#REF!","v":{"$error":"#REF!"}},{"$f":"'[51]CRO2_Pro-Mes'!FPU3","v":0},{"$f":"'[51]CRO2_Pro-Mes'!#REF!","v":{"$error":"#REF!"}},{"$f":"'[51]CRO2_Pro-Mes'!FPW3","v":0},{"$f":"'[51]CRO2_Pro-Mes'!#REF!","v":{"$error":"#REF!"}},{"$f":"'[51]CRO2_Pro-Mes'!FPY3","v":0},{"$f":"'[51]CRO2_Pro-Mes'!#REF!","v":{"$error":"#REF!"}},{"$f":"'[51]CRO2_Pro-Mes'!FQA3","v":0},{"$f":"'[51]CRO2_Pro-Mes'!#REF!","v":{"$error":"#REF!"}},{"$f":"'[51]CRO2_Pro-Mes'!FQC3","v":0},{"$f":"'[51]CRO2_Pro-Mes'!#REF!","v":{"$error":"#REF!"}},{"$f":"'[51]CRO2_Pro-Mes'!FQE3","v":0},{"$f":"'[51]CRO2_Pro-Mes'!#REF!","v":{"$error":"#REF!"}},{"$f":"'[51]CRO2_Pro-Mes'!FQG3","v":0},{"$f":"'[51]CRO2_Pro-Mes'!#REF!","v":{"$error":"#REF!"}},{"$f":"'[51]CRO2_Pro-Mes'!FQI3","v":0},{"$f":"'[51]CRO2_Pro-Mes'!#REF!","v":{"$error":"#REF!"}},{"$f":"'[51]CRO2_Pro-Mes'!FQK3","v":0},{"$f":"'[51]CRO2_Pro-Mes'!#REF!","v":{"$error":"#REF!"}},{"$f":"'[51]CRO2_Pro-Mes'!FQM3","v":0},{"$f":"'[51]CRO2_Pro-Mes'!#REF!","v":{"$error":"#REF!"}},{"$f":"'[51]CRO2_Pro-Mes'!FQO3","v":0},{"$f":"'[51]CRO2_Pro-Mes'!#REF!","v":{"$error":"#REF!"}},{"$f":"'[51]CRO2_Pro-Mes'!FQQ3","v":0},{"$f":"'[51]CRO2_Pro-Mes'!#REF!","v":{"$error":"#REF!"}},{"$f":"'[51]CRO2_Pro-Mes'!FQS3","v":0},{"$f":"'[51]CRO2_Pro-Mes'!#REF!","v":{"$error":"#REF!"}},{"$f":"'[51]CRO2_Pro-Mes'!FQU3","v":0},{"$f":"'[51]CRO2_Pro-Mes'!#REF!","v":{"$error":"#REF!"}},{"$f":"'[51]CRO2_Pro-Mes'!FQW3","v":0},{"$f":"'[51]CRO2_Pro-Mes'!#REF!","v":{"$error":"#REF!"}},{"$f":"'[51]CRO2_Pro-Mes'!FQY3","v":0},{"$f":"'[51]CRO2_Pro-Mes'!#REF!","v":{"$error":"#REF!"}},{"$f":"'[51]CRO2_Pro-Mes'!FRA3","v":0},{"$f":"'[51]CRO2_Pro-Mes'!#REF!","v":{"$error":"#REF!"}},{"$f":"'[51]CRO2_Pro-Mes'!FRC3","v":0},{"$f":"'[51]CRO2_Pro-Mes'!#REF!","v":{"$error":"#REF!"}},{"$f":"'[51]CRO2_Pro-Mes'!FRE3","v":0},{"$f":"'[51]CRO2_Pro-Mes'!#REF!","v":{"$error":"#REF!"}},{"$f":"'[51]CRO2_Pro-Mes'!FRG3","v":0},{"$f":"'[51]CRO2_Pro-Mes'!#REF!","v":{"$error":"#REF!"}},{"$f":"'[51]CRO2_Pro-Mes'!FRI3","v":0},{"$f":"'[51]CRO2_Pro-Mes'!#REF!","v":{"$error":"#REF!"}},{"$f":"'[51]CRO2_Pro-Mes'!FRK3","v":0},{"$f":"'[51]CRO2_Pro-Mes'!#REF!","v":{"$error":"#REF!"}},{"$f":"'[51]CRO2_Pro-Mes'!FRM3","v":0},{"$f":"'[51]CRO2_Pro-Mes'!#REF!","v":{"$error":"#REF!"}},{"$f":"'[51]CRO2_Pro-Mes'!FRO3","v":0},{"$f":"'[51]CRO2_Pro-Mes'!#REF!","v":{"$error":"#REF!"}},{"$f":"'[51]CRO2_Pro-Mes'!FRQ3","v":0},{"$f":"'[51]CRO2_Pro-Mes'!#REF!","v":{"$error":"#REF!"}},{"$f":"'[51]CRO2_Pro-Mes'!FRS3","v":0},{"$f":"'[51]CRO2_Pro-Mes'!#REF!","v":{"$error":"#REF!"}},{"$f":"'[51]CRO2_Pro-Mes'!FRU3","v":0},{"$f":"'[51]CRO2_Pro-Mes'!#REF!","v":{"$error":"#REF!"}},{"$f":"'[51]CRO2_Pro-Mes'!FRW3","v":0},{"$f":"'[51]CRO2_Pro-Mes'!#REF!","v":{"$error":"#REF!"}},{"$f":"'[51]CRO2_Pro-Mes'!FRY3","v":0},{"$f":"'[51]CRO2_Pro-Mes'!#REF!","v":{"$error":"#REF!"}},{"$f":"'[51]CRO2_Pro-Mes'!FSA3","v":0},{"$f":"'[51]CRO2_Pro-Mes'!#REF!","v":{"$error":"#REF!"}},{"$f":"'[51]CRO2_Pro-Mes'!FSC3","v":0},{"$f":"'[51]CRO2_Pro-Mes'!#REF!","v":{"$error":"#REF!"}},{"$f":"'[51]CRO2_Pro-Mes'!FSE3","v":0},{"$f":"'[51]CRO2_Pro-Mes'!#REF!","v":{"$error":"#REF!"}},{"$f":"'[51]CRO2_Pro-Mes'!FSG3","v":0},{"$f":"'[51]CRO2_Pro-Mes'!#REF!","v":{"$error":"#REF!"}},{"$f":"'[51]CRO2_Pro-Mes'!FSI3","v":0},{"$f":"'[51]CRO2_Pro-Mes'!#REF!","v":{"$error":"#REF!"}},{"$f":"'[51]CRO2_Pro-Mes'!FSK3","v":0},{"$f":"'[51]CRO2_Pro-Mes'!#REF!","v":{"$error":"#REF!"}},{"$f":"'[51]CRO2_Pro-Mes'!FSM3","v":0},{"$f":"'[51]CRO2_Pro-Mes'!#REF!","v":{"$error":"#REF!"}},{"$f":"'[51]CRO2_Pro-Mes'!FSO3","v":0},{"$f":"'[51]CRO2_Pro-Mes'!#REF!","v":{"$error":"#REF!"}},{"$f":"'[51]CRO2_Pro-Mes'!FSQ3","v":0},{"$f":"'[51]CRO2_Pro-Mes'!#REF!","v":{"$error":"#REF!"}},{"$f":"'[51]CRO2_Pro-Mes'!FSS3","v":0},{"$f":"'[51]CRO2_Pro-Mes'!#REF!","v":{"$error":"#REF!"}},{"$f":"'[51]CRO2_Pro-Mes'!FSU3","v":0},{"$f":"'[51]CRO2_Pro-Mes'!#REF!","v":{"$error":"#REF!"}},{"$f":"'[51]CRO2_Pro-Mes'!FSW3","v":0},{"$f":"'[51]CRO2_Pro-Mes'!#REF!","v":{"$error":"#REF!"}},{"$f":"'[51]CRO2_Pro-Mes'!FSY3","v":0},{"$f":"'[51]CRO2_Pro-Mes'!#REF!","v":{"$error":"#REF!"}},{"$f":"'[51]CRO2_Pro-Mes'!FTA3","v":0},{"$f":"'[51]CRO2_Pro-Mes'!#REF!","v":{"$error":"#REF!"}},{"$f":"'[51]CRO2_Pro-Mes'!FTC3","v":0},{"$f":"'[51]CRO2_Pro-Mes'!#REF!","v":{"$error":"#REF!"}},{"$f":"'[51]CRO2_Pro-Mes'!FTE3","v":0},{"$f":"'[51]CRO2_Pro-Mes'!#REF!","v":{"$error":"#REF!"}},{"$f":"'[51]CRO2_Pro-Mes'!FTG3","v":0},{"$f":"'[51]CRO2_Pro-Mes'!#REF!","v":{"$error":"#REF!"}},{"$f":"'[51]CRO2_Pro-Mes'!FTI3","v":0},{"$f":"'[51]CRO2_Pro-Mes'!#REF!","v":{"$error":"#REF!"}},{"$f":"'[51]CRO2_Pro-Mes'!FTK3","v":0},{"$f":"'[51]CRO2_Pro-Mes'!#REF!","v":{"$error":"#REF!"}},{"$f":"'[51]CRO2_Pro-Mes'!FTM3","v":0},{"$f":"'[51]CRO2_Pro-Mes'!#REF!","v":{"$error":"#REF!"}},{"$f":"'[51]CRO2_Pro-Mes'!FTO3","v":0},{"$f":"'[51]CRO2_Pro-Mes'!#REF!","v":{"$error":"#REF!"}},{"$f":"'[51]CRO2_Pro-Mes'!FTQ3","v":0},{"$f":"'[51]CRO2_Pro-Mes'!#REF!","v":{"$error":"#REF!"}},{"$f":"'[51]CRO2_Pro-Mes'!FTS3","v":0},{"$f":"'[51]CRO2_Pro-Mes'!#REF!","v":{"$error":"#REF!"}},{"$f":"'[51]CRO2_Pro-Mes'!FTU3","v":0},{"$f":"'[51]CRO2_Pro-Mes'!#REF!","v":{"$error":"#REF!"}},{"$f":"'[51]CRO2_Pro-Mes'!FTW3","v":0},{"$f":"'[51]CRO2_Pro-Mes'!#REF!","v":{"$error":"#REF!"}},{"$f":"'[51]CRO2_Pro-Mes'!FTY3","v":0},{"$f":"'[51]CRO2_Pro-Mes'!#REF!","v":{"$error":"#REF!"}},{"$f":"'[51]CRO2_Pro-Mes'!FUA3","v":0},{"$f":"'[51]CRO2_Pro-Mes'!#REF!","v":{"$error":"#REF!"}},{"$f":"'[51]CRO2_Pro-Mes'!FUC3","v":0},{"$f":"'[51]CRO2_Pro-Mes'!#REF!","v":{"$error":"#REF!"}},{"$f":"'[51]CRO2_Pro-Mes'!FUE3","v":0},{"$f":"'[51]CRO2_Pro-Mes'!#REF!","v":{"$error":"#REF!"}},{"$f":"'[51]CRO2_Pro-Mes'!FUG3","v":0},{"$f":"'[51]CRO2_Pro-Mes'!#REF!","v":{"$error":"#REF!"}},{"$f":"'[51]CRO2_Pro-Mes'!FUI3","v":0},{"$f":"'[51]CRO2_Pro-Mes'!#REF!","v":{"$error":"#REF!"}},{"$f":"'[51]CRO2_Pro-Mes'!FUK3","v":0},{"$f":"'[51]CRO2_Pro-Mes'!#REF!","v":{"$error":"#REF!"}},{"$f":"'[51]CRO2_Pro-Mes'!FUM3","v":0},{"$f":"'[51]CRO2_Pro-Mes'!#REF!","v":{"$error":"#REF!"}},{"$f":"'[51]CRO2_Pro-Mes'!FUO3","v":0},{"$f":"'[51]CRO2_Pro-Mes'!#REF!","v":{"$error":"#REF!"}},{"$f":"'[51]CRO2_Pro-Mes'!FUQ3","v":0},{"$f":"'[51]CRO2_Pro-Mes'!#REF!","v":{"$error":"#REF!"}},{"$f":"'[51]CRO2_Pro-Mes'!FUS3","v":0},{"$f":"'[51]CRO2_Pro-Mes'!#REF!","v":{"$error":"#REF!"}},{"$f":"'[51]CRO2_Pro-Mes'!FUU3","v":0},{"$f":"'[51]CRO2_Pro-Mes'!#REF!","v":{"$error":"#REF!"}},{"$f":"'[51]CRO2_Pro-Mes'!FUW3","v":0},{"$f":"'[51]CRO2_Pro-Mes'!#REF!","v":{"$error":"#REF!"}},{"$f":"'[51]CRO2_Pro-Mes'!FUY3","v":0},{"$f":"'[51]CRO2_Pro-Mes'!#REF!","v":{"$error":"#REF!"}},{"$f":"'[51]CRO2_Pro-Mes'!FVA3","v":0},{"$f":"'[51]CRO2_Pro-Mes'!#REF!","v":{"$error":"#REF!"}},{"$f":"'[51]CRO2_Pro-Mes'!FVC3","v":0},{"$f":"'[51]CRO2_Pro-Mes'!#REF!","v":{"$error":"#REF!"}},{"$f":"'[51]CRO2_Pro-Mes'!FVE3","v":0},{"$f":"'[51]CRO2_Pro-Mes'!#REF!","v":{"$error":"#REF!"}},{"$f":"'[51]CRO2_Pro-Mes'!FVG3","v":0},{"$f":"'[51]CRO2_Pro-Mes'!#REF!","v":{"$error":"#REF!"}},{"$f":"'[51]CRO2_Pro-Mes'!FVI3","v":0},{"$f":"'[51]CRO2_Pro-Mes'!#REF!","v":{"$error":"#REF!"}},{"$f":"'[51]CRO2_Pro-Mes'!FVK3","v":0},{"$f":"'[51]CRO2_Pro-Mes'!#REF!","v":{"$error":"#REF!"}},{"$f":"'[51]CRO2_Pro-Mes'!FVM3","v":0},{"$f":"'[51]CRO2_Pro-Mes'!#REF!","v":{"$error":"#REF!"}},{"$f":"'[51]CRO2_Pro-Mes'!FVO3","v":0},{"$f":"'[51]CRO2_Pro-Mes'!#REF!","v":{"$error":"#REF!"}},{"$f":"'[51]CRO2_Pro-Mes'!FVQ3","v":0},{"$f":"'[51]CRO2_Pro-Mes'!#REF!","v":{"$error":"#REF!"}},{"$f":"'[51]CRO2_Pro-Mes'!FVS3","v":0},{"$f":"'[51]CRO2_Pro-Mes'!#REF!","v":{"$error":"#REF!"}},{"$f":"'[51]CRO2_Pro-Mes'!FVU3","v":0},{"$f":"'[51]CRO2_Pro-Mes'!#REF!","v":{"$error":"#REF!"}},{"$f":"'[51]CRO2_Pro-Mes'!FVW3","v":0},{"$f":"'[51]CRO2_Pro-Mes'!#REF!","v":{"$error":"#REF!"}},{"$f":"'[51]CRO2_Pro-Mes'!FVY3","v":0},{"$f":"'[51]CRO2_Pro-Mes'!#REF!","v":{"$error":"#REF!"}},{"$f":"'[51]CRO2_Pro-Mes'!FWA3","v":0},{"$f":"'[51]CRO2_Pro-Mes'!#REF!","v":{"$error":"#REF!"}},{"$f":"'[51]CRO2_Pro-Mes'!FWC3","v":0},{"$f":"'[51]CRO2_Pro-Mes'!#REF!","v":{"$error":"#REF!"}},{"$f":"'[51]CRO2_Pro-Mes'!FWE3","v":0},{"$f":"'[51]CRO2_Pro-Mes'!#REF!","v":{"$error":"#REF!"}},{"$f":"'[51]CRO2_Pro-Mes'!FWG3","v":0},{"$f":"'[51]CRO2_Pro-Mes'!#REF!","v":{"$error":"#REF!"}},{"$f":"'[51]CRO2_Pro-Mes'!FWI3","v":0},{"$f":"'[51]CRO2_Pro-Mes'!#REF!","v":{"$error":"#REF!"}},{"$f":"'[51]CRO2_Pro-Mes'!FWK3","v":0},{"$f":"'[51]CRO2_Pro-Mes'!#REF!","v":{"$error":"#REF!"}},{"$f":"'[51]CRO2_Pro-Mes'!FWM3","v":0},{"$f":"'[51]CRO2_Pro-Mes'!#REF!","v":{"$error":"#REF!"}},{"$f":"'[51]CRO2_Pro-Mes'!FWO3","v":0},{"$f":"'[51]CRO2_Pro-Mes'!#REF!","v":{"$error":"#REF!"}},{"$f":"'[51]CRO2_Pro-Mes'!FWQ3","v":0},{"$f":"'[51]CRO2_Pro-Mes'!#REF!","v":{"$error":"#REF!"}},{"$f":"'[51]CRO2_Pro-Mes'!FWS3","v":0},{"$f":"'[51]CRO2_Pro-Mes'!#REF!","v":{"$error":"#REF!"}},{"$f":"'[51]CRO2_Pro-Mes'!FWU3","v":0},{"$f":"'[51]CRO2_Pro-Mes'!#REF!","v":{"$error":"#REF!"}},{"$f":"'[51]CRO2_Pro-Mes'!FWW3","v":0},{"$f":"'[51]CRO2_Pro-Mes'!#REF!","v":{"$error":"#REF!"}},{"$f":"'[51]CRO2_Pro-Mes'!FWY3","v":0},{"$f":"'[51]CRO2_Pro-Mes'!#REF!","v":{"$error":"#REF!"}},{"$f":"'[51]CRO2_Pro-Mes'!FXA3","v":0},{"$f":"'[51]CRO2_Pro-Mes'!#REF!","v":{"$error":"#REF!"}},{"$f":"'[51]CRO2_Pro-Mes'!FXC3","v":0},{"$f":"'[51]CRO2_Pro-Mes'!#REF!","v":{"$error":"#REF!"}},{"$f":"'[51]CRO2_Pro-Mes'!FXE3","v":0},{"$f":"'[51]CRO2_Pro-Mes'!#REF!","v":{"$error":"#REF!"}},{"$f":"'[51]CRO2_Pro-Mes'!FXG3","v":0},{"$f":"'[51]CRO2_Pro-Mes'!#REF!","v":{"$error":"#REF!"}},{"$f":"'[51]CRO2_Pro-Mes'!FXI3","v":0},{"$f":"'[51]CRO2_Pro-Mes'!#REF!","v":{"$error":"#REF!"}},{"$f":"'[51]CRO2_Pro-Mes'!FXK3","v":0},{"$f":"'[51]CRO2_Pro-Mes'!#REF!","v":{"$error":"#REF!"}},{"$f":"'[51]CRO2_Pro-Mes'!FXM3","v":0},{"$f":"'[51]CRO2_Pro-Mes'!#REF!","v":{"$error":"#REF!"}},{"$f":"'[51]CRO2_Pro-Mes'!FXO3","v":0},{"$f":"'[51]CRO2_Pro-Mes'!#REF!","v":{"$error":"#REF!"}},{"$f":"'[51]CRO2_Pro-Mes'!FXQ3","v":0},{"$f":"'[51]CRO2_Pro-Mes'!#REF!","v":{"$error":"#REF!"}},{"$f":"'[51]CRO2_Pro-Mes'!FXS3","v":0},{"$f":"'[51]CRO2_Pro-Mes'!#REF!","v":{"$error":"#REF!"}},{"$f":"'[51]CRO2_Pro-Mes'!FXU3","v":0},{"$f":"'[51]CRO2_Pro-Mes'!#REF!","v":{"$error":"#REF!"}},{"$f":"'[51]CRO2_Pro-Mes'!FXW3","v":0},{"$f":"'[51]CRO2_Pro-Mes'!#REF!","v":{"$error":"#REF!"}},{"$f":"'[51]CRO2_Pro-Mes'!FXY3","v":0},{"$f":"'[51]CRO2_Pro-Mes'!#REF!","v":{"$error":"#REF!"}},{"$f":"'[51]CRO2_Pro-Mes'!FYA3","v":0},{"$f":"'[51]CRO2_Pro-Mes'!#REF!","v":{"$error":"#REF!"}},{"$f":"'[51]CRO2_Pro-Mes'!FYC3","v":0},{"$f":"'[51]CRO2_Pro-Mes'!#REF!","v":{"$error":"#REF!"}},{"$f":"'[51]CRO2_Pro-Mes'!FYE3","v":0},{"$f":"'[51]CRO2_Pro-Mes'!#REF!","v":{"$error":"#REF!"}},{"$f":"'[51]CRO2_Pro-Mes'!FYG3","v":0},{"$f":"'[51]CRO2_Pro-Mes'!#REF!","v":{"$error":"#REF!"}},{"$f":"'[51]CRO2_Pro-Mes'!FYI3","v":0},{"$f":"'[51]CRO2_Pro-Mes'!#REF!","v":{"$error":"#REF!"}},{"$f":"'[51]CRO2_Pro-Mes'!FYK3","v":0},{"$f":"'[51]CRO2_Pro-Mes'!#REF!","v":{"$error":"#REF!"}},{"$f":"'[51]CRO2_Pro-Mes'!FYM3","v":0},{"$f":"'[51]CRO2_Pro-Mes'!#REF!","v":{"$error":"#REF!"}},{"$f":"'[51]CRO2_Pro-Mes'!FYO3","v":0},{"$f":"'[51]CRO2_Pro-Mes'!#REF!","v":{"$error":"#REF!"}},{"$f":"'[51]CRO2_Pro-Mes'!FYQ3","v":0},{"$f":"'[51]CRO2_Pro-Mes'!#REF!","v":{"$error":"#REF!"}},{"$f":"'[51]CRO2_Pro-Mes'!FYS3","v":0},{"$f":"'[51]CRO2_Pro-Mes'!#REF!","v":{"$error":"#REF!"}},{"$f":"'[51]CRO2_Pro-Mes'!FYU3","v":0},{"$f":"'[51]CRO2_Pro-Mes'!#REF!","v":{"$error":"#REF!"}},{"$f":"'[51]CRO2_Pro-Mes'!FYW3","v":0},{"$f":"'[51]CRO2_Pro-Mes'!#REF!","v":{"$error":"#REF!"}},{"$f":"'[51]CRO2_Pro-Mes'!FYY3","v":0},{"$f":"'[51]CRO2_Pro-Mes'!#REF!","v":{"$error":"#REF!"}},{"$f":"'[51]CRO2_Pro-Mes'!FZA3","v":0},{"$f":"'[51]CRO2_Pro-Mes'!#REF!","v":{"$error":"#REF!"}},{"$f":"'[51]CRO2_Pro-Mes'!FZC3","v":0},{"$f":"'[51]CRO2_Pro-Mes'!#REF!","v":{"$error":"#REF!"}},{"$f":"'[51]CRO2_Pro-Mes'!FZE3","v":0},{"$f":"'[51]CRO2_Pro-Mes'!#REF!","v":{"$error":"#REF!"}},{"$f":"'[51]CRO2_Pro-Mes'!FZG3","v":0},{"$f":"'[51]CRO2_Pro-Mes'!#REF!","v":{"$error":"#REF!"}},{"$f":"'[51]CRO2_Pro-Mes'!FZI3","v":0},{"$f":"'[51]CRO2_Pro-Mes'!#REF!","v":{"$error":"#REF!"}},{"$f":"'[51]CRO2_Pro-Mes'!FZK3","v":0},{"$f":"'[51]CRO2_Pro-Mes'!#REF!","v":{"$error":"#REF!"}},{"$f":"'[51]CRO2_Pro-Mes'!FZM3","v":0},{"$f":"'[51]CRO2_Pro-Mes'!#REF!","v":{"$error":"#REF!"}},{"$f":"'[51]CRO2_Pro-Mes'!FZO3","v":0},{"$f":"'[51]CRO2_Pro-Mes'!#REF!","v":{"$error":"#REF!"}},{"$f":"'[51]CRO2_Pro-Mes'!FZQ3","v":0},{"$f":"'[51]CRO2_Pro-Mes'!#REF!","v":{"$error":"#REF!"}},{"$f":"'[51]CRO2_Pro-Mes'!FZS3","v":0},{"$f":"'[51]CRO2_Pro-Mes'!#REF!","v":{"$error":"#REF!"}},{"$f":"'[51]CRO2_Pro-Mes'!FZU3","v":0},{"$f":"'[51]CRO2_Pro-Mes'!#REF!","v":{"$error":"#REF!"}},{"$f":"'[51]CRO2_Pro-Mes'!FZW3","v":0},{"$f":"'[51]CRO2_Pro-Mes'!#REF!","v":{"$error":"#REF!"}},{"$f":"'[51]CRO2_Pro-Mes'!FZY3","v":0},{"$f":"'[51]CRO2_Pro-Mes'!#REF!","v":{"$error":"#REF!"}},{"$f":"'[51]CRO2_Pro-Mes'!GAA3","v":0},{"$f":"'[51]CRO2_Pro-Mes'!#REF!","v":{"$error":"#REF!"}},{"$f":"'[51]CRO2_Pro-Mes'!GAC3","v":0},{"$f":"'[51]CRO2_Pro-Mes'!#REF!","v":{"$error":"#REF!"}},{"$f":"'[51]CRO2_Pro-Mes'!GAE3","v":0},{"$f":"'[51]CRO2_Pro-Mes'!#REF!","v":{"$error":"#REF!"}},{"$f":"'[51]CRO2_Pro-Mes'!GAG3","v":0},{"$f":"'[51]CRO2_Pro-Mes'!#REF!","v":{"$error":"#REF!"}},{"$f":"'[51]CRO2_Pro-Mes'!GAI3","v":0},{"$f":"'[51]CRO2_Pro-Mes'!#REF!","v":{"$error":"#REF!"}},{"$f":"'[51]CRO2_Pro-Mes'!GAK3","v":0},{"$f":"'[51]CRO2_Pro-Mes'!#REF!","v":{"$error":"#REF!"}},{"$f":"'[51]CRO2_Pro-Mes'!GAM3","v":0},{"$f":"'[51]CRO2_Pro-Mes'!#REF!","v":{"$error":"#REF!"}},{"$f":"'[51]CRO2_Pro-Mes'!GAO3","v":0},{"$f":"'[51]CRO2_Pro-Mes'!#REF!","v":{"$error":"#REF!"}},{"$f":"'[51]CRO2_Pro-Mes'!GAQ3","v":0},{"$f":"'[51]CRO2_Pro-Mes'!#REF!","v":{"$error":"#REF!"}},{"$f":"'[51]CRO2_Pro-Mes'!GAS3","v":0},{"$f":"'[51]CRO2_Pro-Mes'!#REF!","v":{"$error":"#REF!"}},{"$f":"'[51]CRO2_Pro-Mes'!GAU3","v":0},{"$f":"'[51]CRO2_Pro-Mes'!#REF!","v":{"$error":"#REF!"}},{"$f":"'[51]CRO2_Pro-Mes'!GAW3","v":0},{"$f":"'[51]CRO2_Pro-Mes'!#REF!","v":{"$error":"#REF!"}},{"$f":"'[51]CRO2_Pro-Mes'!GAY3","v":0},{"$f":"'[51]CRO2_Pro-Mes'!#REF!","v":{"$error":"#REF!"}},{"$f":"'[51]CRO2_Pro-Mes'!GBA3","v":0},{"$f":"'[51]CRO2_Pro-Mes'!#REF!","v":{"$error":"#REF!"}},{"$f":"'[51]CRO2_Pro-Mes'!GBC3","v":0},{"$f":"'[51]CRO2_Pro-Mes'!#REF!","v":{"$error":"#REF!"}},{"$f":"'[51]CRO2_Pro-Mes'!GBE3","v":0},{"$f":"'[51]CRO2_Pro-Mes'!#REF!","v":{"$error":"#REF!"}},{"$f":"'[51]CRO2_Pro-Mes'!GBG3","v":0},{"$f":"'[51]CRO2_Pro-Mes'!#REF!","v":{"$error":"#REF!"}},{"$f":"'[51]CRO2_Pro-Mes'!GBI3","v":0},{"$f":"'[51]CRO2_Pro-Mes'!#REF!","v":{"$error":"#REF!"}},{"$f":"'[51]CRO2_Pro-Mes'!GBK3","v":0},{"$f":"'[51]CRO2_Pro-Mes'!#REF!","v":{"$error":"#REF!"}},{"$f":"'[51]CRO2_Pro-Mes'!GBM3","v":0},{"$f":"'[51]CRO2_Pro-Mes'!#REF!","v":{"$error":"#REF!"}},{"$f":"'[51]CRO2_Pro-Mes'!GBO3","v":0},{"$f":"'[51]CRO2_Pro-Mes'!#REF!","v":{"$error":"#REF!"}},{"$f":"'[51]CRO2_Pro-Mes'!GBQ3","v":0},{"$f":"'[51]CRO2_Pro-Mes'!#REF!","v":{"$error":"#REF!"}},{"$f":"'[51]CRO2_Pro-Mes'!GBS3","v":0},{"$f":"'[51]CRO2_Pro-Mes'!#REF!","v":{"$error":"#REF!"}},{"$f":"'[51]CRO2_Pro-Mes'!GBU3","v":0},{"$f":"'[51]CRO2_Pro-Mes'!#REF!","v":{"$error":"#REF!"}},{"$f":"'[51]CRO2_Pro-Mes'!GBW3","v":0},{"$f":"'[51]CRO2_Pro-Mes'!#REF!","v":{"$error":"#REF!"}},{"$f":"'[51]CRO2_Pro-Mes'!GBY3","v":0},{"$f":"'[51]CRO2_Pro-Mes'!#REF!","v":{"$error":"#REF!"}},{"$f":"'[51]CRO2_Pro-Mes'!GCA3","v":0},{"$f":"'[51]CRO2_Pro-Mes'!#REF!","v":{"$error":"#REF!"}},{"$f":"'[51]CRO2_Pro-Mes'!GCC3","v":0},{"$f":"'[51]CRO2_Pro-Mes'!#REF!","v":{"$error":"#REF!"}},{"$f":"'[51]CRO2_Pro-Mes'!GCE3","v":0},{"$f":"'[51]CRO2_Pro-Mes'!#REF!","v":{"$error":"#REF!"}},{"$f":"'[51]CRO2_Pro-Mes'!GCG3","v":0},{"$f":"'[51]CRO2_Pro-Mes'!#REF!","v":{"$error":"#REF!"}},{"$f":"'[51]CRO2_Pro-Mes'!GCI3","v":0},{"$f":"'[51]CRO2_Pro-Mes'!#REF!","v":{"$error":"#REF!"}},{"$f":"'[51]CRO2_Pro-Mes'!GCK3","v":0},{"$f":"'[51]CRO2_Pro-Mes'!#REF!","v":{"$error":"#REF!"}},{"$f":"'[51]CRO2_Pro-Mes'!GCM3","v":0},{"$f":"'[51]CRO2_Pro-Mes'!#REF!","v":{"$error":"#REF!"}},{"$f":"'[51]CRO2_Pro-Mes'!GCO3","v":0},{"$f":"'[51]CRO2_Pro-Mes'!#REF!","v":{"$error":"#REF!"}},{"$f":"'[51]CRO2_Pro-Mes'!GCQ3","v":0},{"$f":"'[51]CRO2_Pro-Mes'!#REF!","v":{"$error":"#REF!"}},{"$f":"'[51]CRO2_Pro-Mes'!GCS3","v":0},{"$f":"'[51]CRO2_Pro-Mes'!#REF!","v":{"$error":"#REF!"}},{"$f":"'[51]CRO2_Pro-Mes'!GCU3","v":0},{"$f":"'[51]CRO2_Pro-Mes'!#REF!","v":{"$error":"#REF!"}},{"$f":"'[51]CRO2_Pro-Mes'!GCW3","v":0},{"$f":"'[51]CRO2_Pro-Mes'!#REF!","v":{"$error":"#REF!"}},{"$f":"'[51]CRO2_Pro-Mes'!GCY3","v":0},{"$f":"'[51]CRO2_Pro-Mes'!#REF!","v":{"$error":"#REF!"}},{"$f":"'[51]CRO2_Pro-Mes'!GDA3","v":0},{"$f":"'[51]CRO2_Pro-Mes'!#REF!","v":{"$error":"#REF!"}},{"$f":"'[51]CRO2_Pro-Mes'!GDC3","v":0},{"$f":"'[51]CRO2_Pro-Mes'!#REF!","v":{"$error":"#REF!"}},{"$f":"'[51]CRO2_Pro-Mes'!GDE3","v":0},{"$f":"'[51]CRO2_Pro-Mes'!#REF!","v":{"$error":"#REF!"}},{"$f":"'[51]CRO2_Pro-Mes'!GDG3","v":0},{"$f":"'[51]CRO2_Pro-Mes'!#REF!","v":{"$error":"#REF!"}},{"$f":"'[51]CRO2_Pro-Mes'!GDI3","v":0},{"$f":"'[51]CRO2_Pro-Mes'!#REF!","v":{"$error":"#REF!"}},{"$f":"'[51]CRO2_Pro-Mes'!GDK3","v":0},{"$f":"'[51]CRO2_Pro-Mes'!#REF!","v":{"$error":"#REF!"}},{"$f":"'[51]CRO2_Pro-Mes'!GDM3","v":0},{"$f":"'[51]CRO2_Pro-Mes'!#REF!","v":{"$error":"#REF!"}},{"$f":"'[51]CRO2_Pro-Mes'!GDO3","v":0},{"$f":"'[51]CRO2_Pro-Mes'!#REF!","v":{"$error":"#REF!"}},{"$f":"'[51]CRO2_Pro-Mes'!GDQ3","v":0},{"$f":"'[51]CRO2_Pro-Mes'!#REF!","v":{"$error":"#REF!"}},{"$f":"'[51]CRO2_Pro-Mes'!GDS3","v":0},{"$f":"'[51]CRO2_Pro-Mes'!#REF!","v":{"$error":"#REF!"}},{"$f":"'[51]CRO2_Pro-Mes'!GDU3","v":0},{"$f":"'[51]CRO2_Pro-Mes'!#REF!","v":{"$error":"#REF!"}},{"$f":"'[51]CRO2_Pro-Mes'!GDW3","v":0},{"$f":"'[51]CRO2_Pro-Mes'!#REF!","v":{"$error":"#REF!"}},{"$f":"'[51]CRO2_Pro-Mes'!GDY3","v":0},{"$f":"'[51]CRO2_Pro-Mes'!#REF!","v":{"$error":"#REF!"}},{"$f":"'[51]CRO2_Pro-Mes'!GEA3","v":0},{"$f":"'[51]CRO2_Pro-Mes'!#REF!","v":{"$error":"#REF!"}},{"$f":"'[51]CRO2_Pro-Mes'!GEC3","v":0},{"$f":"'[51]CRO2_Pro-Mes'!#REF!","v":{"$error":"#REF!"}},{"$f":"'[51]CRO2_Pro-Mes'!GEE3","v":0},{"$f":"'[51]CRO2_Pro-Mes'!#REF!","v":{"$error":"#REF!"}},{"$f":"'[51]CRO2_Pro-Mes'!GEG3","v":0},{"$f":"'[51]CRO2_Pro-Mes'!#REF!","v":{"$error":"#REF!"}},{"$f":"'[51]CRO2_Pro-Mes'!GEI3","v":0},{"$f":"'[51]CRO2_Pro-Mes'!#REF!","v":{"$error":"#REF!"}},{"$f":"'[51]CRO2_Pro-Mes'!GEK3","v":0},{"$f":"'[51]CRO2_Pro-Mes'!#REF!","v":{"$error":"#REF!"}},{"$f":"'[51]CRO2_Pro-Mes'!GEM3","v":0},{"$f":"'[51]CRO2_Pro-Mes'!#REF!","v":{"$error":"#REF!"}},{"$f":"'[51]CRO2_Pro-Mes'!GEO3","v":0},{"$f":"'[51]CRO2_Pro-Mes'!#REF!","v":{"$error":"#REF!"}},{"$f":"'[51]CRO2_Pro-Mes'!GEQ3","v":0},{"$f":"'[51]CRO2_Pro-Mes'!#REF!","v":{"$error":"#REF!"}},{"$f":"'[51]CRO2_Pro-Mes'!GES3","v":0},{"$f":"'[51]CRO2_Pro-Mes'!#REF!","v":{"$error":"#REF!"}},{"$f":"'[51]CRO2_Pro-Mes'!GEU3","v":0},{"$f":"'[51]CRO2_Pro-Mes'!#REF!","v":{"$error":"#REF!"}},{"$f":"'[51]CRO2_Pro-Mes'!GEW3","v":0},{"$f":"'[51]CRO2_Pro-Mes'!#REF!","v":{"$error":"#REF!"}},{"$f":"'[51]CRO2_Pro-Mes'!GEY3","v":0},{"$f":"'[51]CRO2_Pro-Mes'!#REF!","v":{"$error":"#REF!"}},{"$f":"'[51]CRO2_Pro-Mes'!GFA3","v":0},{"$f":"'[51]CRO2_Pro-Mes'!#REF!","v":{"$error":"#REF!"}},{"$f":"'[51]CRO2_Pro-Mes'!GFC3","v":0},{"$f":"'[51]CRO2_Pro-Mes'!#REF!","v":{"$error":"#REF!"}},{"$f":"'[51]CRO2_Pro-Mes'!GFE3","v":0},{"$f":"'[51]CRO2_Pro-Mes'!#REF!","v":{"$error":"#REF!"}},{"$f":"'[51]CRO2_Pro-Mes'!GFG3","v":0},{"$f":"'[51]CRO2_Pro-Mes'!#REF!","v":{"$error":"#REF!"}},{"$f":"'[51]CRO2_Pro-Mes'!GFI3","v":0},{"$f":"'[51]CRO2_Pro-Mes'!#REF!","v":{"$error":"#REF!"}},{"$f":"'[51]CRO2_Pro-Mes'!GFK3","v":0},{"$f":"'[51]CRO2_Pro-Mes'!#REF!","v":{"$error":"#REF!"}},{"$f":"'[51]CRO2_Pro-Mes'!GFM3","v":0},{"$f":"'[51]CRO2_Pro-Mes'!#REF!","v":{"$error":"#REF!"}},{"$f":"'[51]CRO2_Pro-Mes'!GFO3","v":0},{"$f":"'[51]CRO2_Pro-Mes'!#REF!","v":{"$error":"#REF!"}},{"$f":"'[51]CRO2_Pro-Mes'!GFQ3","v":0},{"$f":"'[51]CRO2_Pro-Mes'!#REF!","v":{"$error":"#REF!"}},{"$f":"'[51]CRO2_Pro-Mes'!GFS3","v":0},{"$f":"'[51]CRO2_Pro-Mes'!#REF!","v":{"$error":"#REF!"}},{"$f":"'[51]CRO2_Pro-Mes'!GFU3","v":0},{"$f":"'[51]CRO2_Pro-Mes'!#REF!","v":{"$error":"#REF!"}},{"$f":"'[51]CRO2_Pro-Mes'!GFW3","v":0},{"$f":"'[51]CRO2_Pro-Mes'!#REF!","v":{"$error":"#REF!"}},{"$f":"'[51]CRO2_Pro-Mes'!GFY3","v":0},{"$f":"'[51]CRO2_Pro-Mes'!#REF!","v":{"$error":"#REF!"}},{"$f":"'[51]CRO2_Pro-Mes'!GGA3","v":0},{"$f":"'[51]CRO2_Pro-Mes'!#REF!","v":{"$error":"#REF!"}},{"$f":"'[51]CRO2_Pro-Mes'!GGC3","v":0},{"$f":"'[51]CRO2_Pro-Mes'!#REF!","v":{"$error":"#REF!"}},{"$f":"'[51]CRO2_Pro-Mes'!GGE3","v":0},{"$f":"'[51]CRO2_Pro-Mes'!#REF!","v":{"$error":"#REF!"}},{"$f":"'[51]CRO2_Pro-Mes'!GGG3","v":0},{"$f":"'[51]CRO2_Pro-Mes'!#REF!","v":{"$error":"#REF!"}},{"$f":"'[51]CRO2_Pro-Mes'!GGI3","v":0},{"$f":"'[51]CRO2_Pro-Mes'!#REF!","v":{"$error":"#REF!"}},{"$f":"'[51]CRO2_Pro-Mes'!GGK3","v":0},{"$f":"'[51]CRO2_Pro-Mes'!#REF!","v":{"$error":"#REF!"}},{"$f":"'[51]CRO2_Pro-Mes'!GGM3","v":0},{"$f":"'[51]CRO2_Pro-Mes'!#REF!","v":{"$error":"#REF!"}},{"$f":"'[51]CRO2_Pro-Mes'!GGO3","v":0},{"$f":"'[51]CRO2_Pro-Mes'!#REF!","v":{"$error":"#REF!"}},{"$f":"'[51]CRO2_Pro-Mes'!GGQ3","v":0},{"$f":"'[51]CRO2_Pro-Mes'!#REF!","v":{"$error":"#REF!"}},{"$f":"'[51]CRO2_Pro-Mes'!GGS3","v":0},{"$f":"'[51]CRO2_Pro-Mes'!#REF!","v":{"$error":"#REF!"}},{"$f":"'[51]CRO2_Pro-Mes'!GGU3","v":0},{"$f":"'[51]CRO2_Pro-Mes'!#REF!","v":{"$error":"#REF!"}},{"$f":"'[51]CRO2_Pro-Mes'!GGW3","v":0},{"$f":"'[51]CRO2_Pro-Mes'!#REF!","v":{"$error":"#REF!"}},{"$f":"'[51]CRO2_Pro-Mes'!GGY3","v":0},{"$f":"'[51]CRO2_Pro-Mes'!#REF!","v":{"$error":"#REF!"}},{"$f":"'[51]CRO2_Pro-Mes'!GHA3","v":0},{"$f":"'[51]CRO2_Pro-Mes'!#REF!","v":{"$error":"#REF!"}},{"$f":"'[51]CRO2_Pro-Mes'!GHC3","v":0},{"$f":"'[51]CRO2_Pro-Mes'!#REF!","v":{"$error":"#REF!"}},{"$f":"'[51]CRO2_Pro-Mes'!GHE3","v":0},{"$f":"'[51]CRO2_Pro-Mes'!#REF!","v":{"$error":"#REF!"}},{"$f":"'[51]CRO2_Pro-Mes'!GHG3","v":0},{"$f":"'[51]CRO2_Pro-Mes'!#REF!","v":{"$error":"#REF!"}},{"$f":"'[51]CRO2_Pro-Mes'!GHI3","v":0},{"$f":"'[51]CRO2_Pro-Mes'!#REF!","v":{"$error":"#REF!"}},{"$f":"'[51]CRO2_Pro-Mes'!GHK3","v":0},{"$f":"'[51]CRO2_Pro-Mes'!#REF!","v":{"$error":"#REF!"}},{"$f":"'[51]CRO2_Pro-Mes'!GHM3","v":0},{"$f":"'[51]CRO2_Pro-Mes'!#REF!","v":{"$error":"#REF!"}},{"$f":"'[51]CRO2_Pro-Mes'!GHO3","v":0},{"$f":"'[51]CRO2_Pro-Mes'!#REF!","v":{"$error":"#REF!"}},{"$f":"'[51]CRO2_Pro-Mes'!GHQ3","v":0},{"$f":"'[51]CRO2_Pro-Mes'!#REF!","v":{"$error":"#REF!"}},{"$f":"'[51]CRO2_Pro-Mes'!GHS3","v":0},{"$f":"'[51]CRO2_Pro-Mes'!#REF!","v":{"$error":"#REF!"}},{"$f":"'[51]CRO2_Pro-Mes'!GHU3","v":0},{"$f":"'[51]CRO2_Pro-Mes'!#REF!","v":{"$error":"#REF!"}},{"$f":"'[51]CRO2_Pro-Mes'!GHW3","v":0},{"$f":"'[51]CRO2_Pro-Mes'!#REF!","v":{"$error":"#REF!"}},{"$f":"'[51]CRO2_Pro-Mes'!GHY3","v":0},{"$f":"'[51]CRO2_Pro-Mes'!#REF!","v":{"$error":"#REF!"}},{"$f":"'[51]CRO2_Pro-Mes'!GIA3","v":0},{"$f":"'[51]CRO2_Pro-Mes'!#REF!","v":{"$error":"#REF!"}},{"$f":"'[51]CRO2_Pro-Mes'!GIC3","v":0},{"$f":"'[51]CRO2_Pro-Mes'!#REF!","v":{"$error":"#REF!"}},{"$f":"'[51]CRO2_Pro-Mes'!GIE3","v":0},{"$f":"'[51]CRO2_Pro-Mes'!#REF!","v":{"$error":"#REF!"}},{"$f":"'[51]CRO2_Pro-Mes'!GIG3","v":0},{"$f":"'[51]CRO2_Pro-Mes'!#REF!","v":{"$error":"#REF!"}},{"$f":"'[51]CRO2_Pro-Mes'!GII3","v":0},{"$f":"'[51]CRO2_Pro-Mes'!#REF!","v":{"$error":"#REF!"}},{"$f":"'[51]CRO2_Pro-Mes'!GIK3","v":0},{"$f":"'[51]CRO2_Pro-Mes'!#REF!","v":{"$error":"#REF!"}},{"$f":"'[51]CRO2_Pro-Mes'!GIM3","v":0},{"$f":"'[51]CRO2_Pro-Mes'!#REF!","v":{"$error":"#REF!"}},{"$f":"'[51]CRO2_Pro-Mes'!GIO3","v":0},{"$f":"'[51]CRO2_Pro-Mes'!#REF!","v":{"$error":"#REF!"}},{"$f":"'[51]CRO2_Pro-Mes'!GIQ3","v":0},{"$f":"'[51]CRO2_Pro-Mes'!#REF!","v":{"$error":"#REF!"}},{"$f":"'[51]CRO2_Pro-Mes'!GIS3","v":0},{"$f":"'[51]CRO2_Pro-Mes'!#REF!","v":{"$error":"#REF!"}},{"$f":"'[51]CRO2_Pro-Mes'!GIU3","v":0},{"$f":"'[51]CRO2_Pro-Mes'!#REF!","v":{"$error":"#REF!"}},{"$f":"'[51]CRO2_Pro-Mes'!GIW3","v":0},{"$f":"'[51]CRO2_Pro-Mes'!#REF!","v":{"$error":"#REF!"}},{"$f":"'[51]CRO2_Pro-Mes'!GIY3","v":0},{"$f":"'[51]CRO2_Pro-Mes'!#REF!","v":{"$error":"#REF!"}},{"$f":"'[51]CRO2_Pro-Mes'!GJA3","v":0},{"$f":"'[51]CRO2_Pro-Mes'!#REF!","v":{"$error":"#REF!"}},{"$f":"'[51]CRO2_Pro-Mes'!GJC3","v":0},{"$f":"'[51]CRO2_Pro-Mes'!#REF!","v":{"$error":"#REF!"}},{"$f":"'[51]CRO2_Pro-Mes'!GJE3","v":0},{"$f":"'[51]CRO2_Pro-Mes'!#REF!","v":{"$error":"#REF!"}},{"$f":"'[51]CRO2_Pro-Mes'!GJG3","v":0},{"$f":"'[51]CRO2_Pro-Mes'!#REF!","v":{"$error":"#REF!"}},{"$f":"'[51]CRO2_Pro-Mes'!GJI3","v":0},{"$f":"'[51]CRO2_Pro-Mes'!#REF!","v":{"$error":"#REF!"}},{"$f":"'[51]CRO2_Pro-Mes'!GJK3","v":0},{"$f":"'[51]CRO2_Pro-Mes'!#REF!","v":{"$error":"#REF!"}},{"$f":"'[51]CRO2_Pro-Mes'!GJM3","v":0},{"$f":"'[51]CRO2_Pro-Mes'!#REF!","v":{"$error":"#REF!"}},{"$f":"'[51]CRO2_Pro-Mes'!GJO3","v":0},{"$f":"'[51]CRO2_Pro-Mes'!#REF!","v":{"$error":"#REF!"}},{"$f":"'[51]CRO2_Pro-Mes'!GJQ3","v":0},{"$f":"'[51]CRO2_Pro-Mes'!#REF!","v":{"$error":"#REF!"}},{"$f":"'[51]CRO2_Pro-Mes'!GJS3","v":0},{"$f":"'[51]CRO2_Pro-Mes'!#REF!","v":{"$error":"#REF!"}},{"$f":"'[51]CRO2_Pro-Mes'!GJU3","v":0},{"$f":"'[51]CRO2_Pro-Mes'!#REF!","v":{"$error":"#REF!"}},{"$f":"'[51]CRO2_Pro-Mes'!GJW3","v":0},{"$f":"'[51]CRO2_Pro-Mes'!#REF!","v":{"$error":"#REF!"}},{"$f":"'[51]CRO2_Pro-Mes'!GJY3","v":0},{"$f":"'[51]CRO2_Pro-Mes'!#REF!","v":{"$error":"#REF!"}},{"$f":"'[51]CRO2_Pro-Mes'!GKA3","v":0},{"$f":"'[51]CRO2_Pro-Mes'!#REF!","v":{"$error":"#REF!"}},{"$f":"'[51]CRO2_Pro-Mes'!GKC3","v":0},{"$f":"'[51]CRO2_Pro-Mes'!#REF!","v":{"$error":"#REF!"}},{"$f":"'[51]CRO2_Pro-Mes'!GKE3","v":0},{"$f":"'[51]CRO2_Pro-Mes'!#REF!","v":{"$error":"#REF!"}},{"$f":"'[51]CRO2_Pro-Mes'!GKG3","v":0},{"$f":"'[51]CRO2_Pro-Mes'!#REF!","v":{"$error":"#REF!"}},{"$f":"'[51]CRO2_Pro-Mes'!GKI3","v":0},{"$f":"'[51]CRO2_Pro-Mes'!#REF!","v":{"$error":"#REF!"}},{"$f":"'[51]CRO2_Pro-Mes'!GKK3","v":0},{"$f":"'[51]CRO2_Pro-Mes'!#REF!","v":{"$error":"#REF!"}},{"$f":"'[51]CRO2_Pro-Mes'!GKM3","v":0},{"$f":"'[51]CRO2_Pro-Mes'!#REF!","v":{"$error":"#REF!"}},{"$f":"'[51]CRO2_Pro-Mes'!GKO3","v":0},{"$f":"'[51]CRO2_Pro-Mes'!#REF!","v":{"$error":"#REF!"}},{"$f":"'[51]CRO2_Pro-Mes'!GKQ3","v":0},{"$f":"'[51]CRO2_Pro-Mes'!#REF!","v":{"$error":"#REF!"}},{"$f":"'[51]CRO2_Pro-Mes'!GKS3","v":0},{"$f":"'[51]CRO2_Pro-Mes'!#REF!","v":{"$error":"#REF!"}},{"$f":"'[51]CRO2_Pro-Mes'!GKU3","v":0},{"$f":"'[51]CRO2_Pro-Mes'!#REF!","v":{"$error":"#REF!"}},{"$f":"'[51]CRO2_Pro-Mes'!GKW3","v":0},{"$f":"'[51]CRO2_Pro-Mes'!#REF!","v":{"$error":"#REF!"}},{"$f":"'[51]CRO2_Pro-Mes'!GKY3","v":0},{"$f":"'[51]CRO2_Pro-Mes'!#REF!","v":{"$error":"#REF!"}},{"$f":"'[51]CRO2_Pro-Mes'!GLA3","v":0},{"$f":"'[51]CRO2_Pro-Mes'!#REF!","v":{"$error":"#REF!"}},{"$f":"'[51]CRO2_Pro-Mes'!GLC3","v":0},{"$f":"'[51]CRO2_Pro-Mes'!#REF!","v":{"$error":"#REF!"}},{"$f":"'[51]CRO2_Pro-Mes'!GLE3","v":0},{"$f":"'[51]CRO2_Pro-Mes'!#REF!","v":{"$error":"#REF!"}},{"$f":"'[51]CRO2_Pro-Mes'!GLG3","v":0},{"$f":"'[51]CRO2_Pro-Mes'!#REF!","v":{"$error":"#REF!"}},{"$f":"'[51]CRO2_Pro-Mes'!GLI3","v":0},{"$f":"'[51]CRO2_Pro-Mes'!#REF!","v":{"$error":"#REF!"}},{"$f":"'[51]CRO2_Pro-Mes'!GLK3","v":0},{"$f":"'[51]CRO2_Pro-Mes'!#REF!","v":{"$error":"#REF!"}},{"$f":"'[51]CRO2_Pro-Mes'!GLM3","v":0},{"$f":"'[51]CRO2_Pro-Mes'!#REF!","v":{"$error":"#REF!"}},{"$f":"'[51]CRO2_Pro-Mes'!GLO3","v":0},{"$f":"'[51]CRO2_Pro-Mes'!#REF!","v":{"$error":"#REF!"}},{"$f":"'[51]CRO2_Pro-Mes'!GLQ3","v":0},{"$f":"'[51]CRO2_Pro-Mes'!#REF!","v":{"$error":"#REF!"}},{"$f":"'[51]CRO2_Pro-Mes'!GLS3","v":0},{"$f":"'[51]CRO2_Pro-Mes'!#REF!","v":{"$error":"#REF!"}},{"$f":"'[51]CRO2_Pro-Mes'!GLU3","v":0},{"$f":"'[51]CRO2_Pro-Mes'!#REF!","v":{"$error":"#REF!"}},{"$f":"'[51]CRO2_Pro-Mes'!GLW3","v":0},{"$f":"'[51]CRO2_Pro-Mes'!#REF!","v":{"$error":"#REF!"}},{"$f":"'[51]CRO2_Pro-Mes'!GLY3","v":0},{"$f":"'[51]CRO2_Pro-Mes'!#REF!","v":{"$error":"#REF!"}},{"$f":"'[51]CRO2_Pro-Mes'!GMA3","v":0},{"$f":"'[51]CRO2_Pro-Mes'!#REF!","v":{"$error":"#REF!"}},{"$f":"'[51]CRO2_Pro-Mes'!GMC3","v":0},{"$f":"'[51]CRO2_Pro-Mes'!#REF!","v":{"$error":"#REF!"}},{"$f":"'[51]CRO2_Pro-Mes'!GME3","v":0},{"$f":"'[51]CRO2_Pro-Mes'!#REF!","v":{"$error":"#REF!"}},{"$f":"'[51]CRO2_Pro-Mes'!GMG3","v":0},{"$f":"'[51]CRO2_Pro-Mes'!#REF!","v":{"$error":"#REF!"}},{"$f":"'[51]CRO2_Pro-Mes'!GMI3","v":0},{"$f":"'[51]CRO2_Pro-Mes'!#REF!","v":{"$error":"#REF!"}},{"$f":"'[51]CRO2_Pro-Mes'!GMK3","v":0},{"$f":"'[51]CRO2_Pro-Mes'!#REF!","v":{"$error":"#REF!"}},{"$f":"'[51]CRO2_Pro-Mes'!GMM3","v":0},{"$f":"'[51]CRO2_Pro-Mes'!#REF!","v":{"$error":"#REF!"}},{"$f":"'[51]CRO2_Pro-Mes'!GMO3","v":0},{"$f":"'[51]CRO2_Pro-Mes'!#REF!","v":{"$error":"#REF!"}},{"$f":"'[51]CRO2_Pro-Mes'!GMQ3","v":0},{"$f":"'[51]CRO2_Pro-Mes'!#REF!","v":{"$error":"#REF!"}},{"$f":"'[51]CRO2_Pro-Mes'!GMS3","v":0},{"$f":"'[51]CRO2_Pro-Mes'!#REF!","v":{"$error":"#REF!"}},{"$f":"'[51]CRO2_Pro-Mes'!GMU3","v":0},{"$f":"'[51]CRO2_Pro-Mes'!#REF!","v":{"$error":"#REF!"}},{"$f":"'[51]CRO2_Pro-Mes'!GMW3","v":0},{"$f":"'[51]CRO2_Pro-Mes'!#REF!","v":{"$error":"#REF!"}},{"$f":"'[51]CRO2_Pro-Mes'!GMY3","v":0},{"$f":"'[51]CRO2_Pro-Mes'!#REF!","v":{"$error":"#REF!"}},{"$f":"'[51]CRO2_Pro-Mes'!GNA3","v":0},{"$f":"'[51]CRO2_Pro-Mes'!#REF!","v":{"$error":"#REF!"}},{"$f":"'[51]CRO2_Pro-Mes'!GNC3","v":0},{"$f":"'[51]CRO2_Pro-Mes'!#REF!","v":{"$error":"#REF!"}},{"$f":"'[51]CRO2_Pro-Mes'!GNE3","v":0},{"$f":"'[51]CRO2_Pro-Mes'!#REF!","v":{"$error":"#REF!"}},{"$f":"'[51]CRO2_Pro-Mes'!GNG3","v":0},{"$f":"'[51]CRO2_Pro-Mes'!#REF!","v":{"$error":"#REF!"}},{"$f":"'[51]CRO2_Pro-Mes'!GNI3","v":0},{"$f":"'[51]CRO2_Pro-Mes'!#REF!","v":{"$error":"#REF!"}},{"$f":"'[51]CRO2_Pro-Mes'!GNK3","v":0},{"$f":"'[51]CRO2_Pro-Mes'!#REF!","v":{"$error":"#REF!"}},{"$f":"'[51]CRO2_Pro-Mes'!GNM3","v":0},{"$f":"'[51]CRO2_Pro-Mes'!#REF!","v":{"$error":"#REF!"}},{"$f":"'[51]CRO2_Pro-Mes'!GNO3","v":0},{"$f":"'[51]CRO2_Pro-Mes'!#REF!","v":{"$error":"#REF!"}},{"$f":"'[51]CRO2_Pro-Mes'!GNQ3","v":0},{"$f":"'[51]CRO2_Pro-Mes'!#REF!","v":{"$error":"#REF!"}},{"$f":"'[51]CRO2_Pro-Mes'!GNS3","v":0},{"$f":"'[51]CRO2_Pro-Mes'!#REF!","v":{"$error":"#REF!"}},{"$f":"'[51]CRO2_Pro-Mes'!GNU3","v":0},{"$f":"'[51]CRO2_Pro-Mes'!#REF!","v":{"$error":"#REF!"}},{"$f":"'[51]CRO2_Pro-Mes'!GNW3","v":0},{"$f":"'[51]CRO2_Pro-Mes'!#REF!","v":{"$error":"#REF!"}},{"$f":"'[51]CRO2_Pro-Mes'!GNY3","v":0},{"$f":"'[51]CRO2_Pro-Mes'!#REF!","v":{"$error":"#REF!"}},{"$f":"'[51]CRO2_Pro-Mes'!GOA3","v":0},{"$f":"'[51]CRO2_Pro-Mes'!#REF!","v":{"$error":"#REF!"}},{"$f":"'[51]CRO2_Pro-Mes'!GOC3","v":0},{"$f":"'[51]CRO2_Pro-Mes'!#REF!","v":{"$error":"#REF!"}},{"$f":"'[51]CRO2_Pro-Mes'!GOE3","v":0},{"$f":"'[51]CRO2_Pro-Mes'!#REF!","v":{"$error":"#REF!"}},{"$f":"'[51]CRO2_Pro-Mes'!GOG3","v":0},{"$f":"'[51]CRO2_Pro-Mes'!#REF!","v":{"$error":"#REF!"}},{"$f":"'[51]CRO2_Pro-Mes'!GOI3","v":0},{"$f":"'[51]CRO2_Pro-Mes'!#REF!","v":{"$error":"#REF!"}},{"$f":"'[51]CRO2_Pro-Mes'!GOK3","v":0},{"$f":"'[51]CRO2_Pro-Mes'!#REF!","v":{"$error":"#REF!"}},{"$f":"'[51]CRO2_Pro-Mes'!GOM3","v":0},{"$f":"'[51]CRO2_Pro-Mes'!#REF!","v":{"$error":"#REF!"}},{"$f":"'[51]CRO2_Pro-Mes'!GOO3","v":0},{"$f":"'[51]CRO2_Pro-Mes'!#REF!","v":{"$error":"#REF!"}},{"$f":"'[51]CRO2_Pro-Mes'!GOQ3","v":0},{"$f":"'[51]CRO2_Pro-Mes'!#REF!","v":{"$error":"#REF!"}},{"$f":"'[51]CRO2_Pro-Mes'!GOS3","v":0},{"$f":"'[51]CRO2_Pro-Mes'!#REF!","v":{"$error":"#REF!"}},{"$f":"'[51]CRO2_Pro-Mes'!GOU3","v":0},{"$f":"'[51]CRO2_Pro-Mes'!#REF!","v":{"$error":"#REF!"}},{"$f":"'[51]CRO2_Pro-Mes'!GOW3","v":0},{"$f":"'[51]CRO2_Pro-Mes'!#REF!","v":{"$error":"#REF!"}},{"$f":"'[51]CRO2_Pro-Mes'!GOY3","v":0},{"$f":"'[51]CRO2_Pro-Mes'!#REF!","v":{"$error":"#REF!"}},{"$f":"'[51]CRO2_Pro-Mes'!GPA3","v":0},{"$f":"'[51]CRO2_Pro-Mes'!#REF!","v":{"$error":"#REF!"}},{"$f":"'[51]CRO2_Pro-Mes'!GPC3","v":0},{"$f":"'[51]CRO2_Pro-Mes'!#REF!","v":{"$error":"#REF!"}},{"$f":"'[51]CRO2_Pro-Mes'!GPE3","v":0},{"$f":"'[51]CRO2_Pro-Mes'!#REF!","v":{"$error":"#REF!"}},{"$f":"'[51]CRO2_Pro-Mes'!GPG3","v":0},{"$f":"'[51]CRO2_Pro-Mes'!#REF!","v":{"$error":"#REF!"}},{"$f":"'[51]CRO2_Pro-Mes'!GPI3","v":0},{"$f":"'[51]CRO2_Pro-Mes'!#REF!","v":{"$error":"#REF!"}},{"$f":"'[51]CRO2_Pro-Mes'!GPK3","v":0},{"$f":"'[51]CRO2_Pro-Mes'!#REF!","v":{"$error":"#REF!"}},{"$f":"'[51]CRO2_Pro-Mes'!GPM3","v":0},{"$f":"'[51]CRO2_Pro-Mes'!#REF!","v":{"$error":"#REF!"}},{"$f":"'[51]CRO2_Pro-Mes'!GPO3","v":0},{"$f":"'[51]CRO2_Pro-Mes'!#REF!","v":{"$error":"#REF!"}},{"$f":"'[51]CRO2_Pro-Mes'!GPQ3","v":0},{"$f":"'[51]CRO2_Pro-Mes'!#REF!","v":{"$error":"#REF!"}},{"$f":"'[51]CRO2_Pro-Mes'!GPS3","v":0},{"$f":"'[51]CRO2_Pro-Mes'!#REF!","v":{"$error":"#REF!"}},{"$f":"'[51]CRO2_Pro-Mes'!GPU3","v":0},{"$f":"'[51]CRO2_Pro-Mes'!#REF!","v":{"$error":"#REF!"}},{"$f":"'[51]CRO2_Pro-Mes'!GPW3","v":0},{"$f":"'[51]CRO2_Pro-Mes'!#REF!","v":{"$error":"#REF!"}},{"$f":"'[51]CRO2_Pro-Mes'!GPY3","v":0},{"$f":"'[51]CRO2_Pro-Mes'!#REF!","v":{"$error":"#REF!"}},{"$f":"'[51]CRO2_Pro-Mes'!GQA3","v":0},{"$f":"'[51]CRO2_Pro-Mes'!#REF!","v":{"$error":"#REF!"}},{"$f":"'[51]CRO2_Pro-Mes'!GQC3","v":0},{"$f":"'[51]CRO2_Pro-Mes'!#REF!","v":{"$error":"#REF!"}},{"$f":"'[51]CRO2_Pro-Mes'!GQE3","v":0},{"$f":"'[51]CRO2_Pro-Mes'!#REF!","v":{"$error":"#REF!"}},{"$f":"'[51]CRO2_Pro-Mes'!GQG3","v":0},{"$f":"'[51]CRO2_Pro-Mes'!#REF!","v":{"$error":"#REF!"}},{"$f":"'[51]CRO2_Pro-Mes'!GQI3","v":0},{"$f":"'[51]CRO2_Pro-Mes'!#REF!","v":{"$error":"#REF!"}},{"$f":"'[51]CRO2_Pro-Mes'!GQK3","v":0},{"$f":"'[51]CRO2_Pro-Mes'!#REF!","v":{"$error":"#REF!"}},{"$f":"'[51]CRO2_Pro-Mes'!GQM3","v":0},{"$f":"'[51]CRO2_Pro-Mes'!#REF!","v":{"$error":"#REF!"}},{"$f":"'[51]CRO2_Pro-Mes'!GQO3","v":0},{"$f":"'[51]CRO2_Pro-Mes'!#REF!","v":{"$error":"#REF!"}},{"$f":"'[51]CRO2_Pro-Mes'!GQQ3","v":0},{"$f":"'[51]CRO2_Pro-Mes'!#REF!","v":{"$error":"#REF!"}},{"$f":"'[51]CRO2_Pro-Mes'!GQS3","v":0},{"$f":"'[51]CRO2_Pro-Mes'!#REF!","v":{"$error":"#REF!"}},{"$f":"'[51]CRO2_Pro-Mes'!GQU3","v":0},{"$f":"'[51]CRO2_Pro-Mes'!#REF!","v":{"$error":"#REF!"}},{"$f":"'[51]CRO2_Pro-Mes'!GQW3","v":0},{"$f":"'[51]CRO2_Pro-Mes'!#REF!","v":{"$error":"#REF!"}},{"$f":"'[51]CRO2_Pro-Mes'!GQY3","v":0},{"$f":"'[51]CRO2_Pro-Mes'!#REF!","v":{"$error":"#REF!"}},{"$f":"'[51]CRO2_Pro-Mes'!GRA3","v":0},{"$f":"'[51]CRO2_Pro-Mes'!#REF!","v":{"$error":"#REF!"}},{"$f":"'[51]CRO2_Pro-Mes'!GRC3","v":0},{"$f":"'[51]CRO2_Pro-Mes'!#REF!","v":{"$error":"#REF!"}},{"$f":"'[51]CRO2_Pro-Mes'!GRE3","v":0},{"$f":"'[51]CRO2_Pro-Mes'!#REF!","v":{"$error":"#REF!"}},{"$f":"'[51]CRO2_Pro-Mes'!GRG3","v":0},{"$f":"'[51]CRO2_Pro-Mes'!#REF!","v":{"$error":"#REF!"}},{"$f":"'[51]CRO2_Pro-Mes'!GRI3","v":0},{"$f":"'[51]CRO2_Pro-Mes'!#REF!","v":{"$error":"#REF!"}},{"$f":"'[51]CRO2_Pro-Mes'!GRK3","v":0},{"$f":"'[51]CRO2_Pro-Mes'!#REF!","v":{"$error":"#REF!"}},{"$f":"'[51]CRO2_Pro-Mes'!GRM3","v":0},{"$f":"'[51]CRO2_Pro-Mes'!#REF!","v":{"$error":"#REF!"}},{"$f":"'[51]CRO2_Pro-Mes'!GRO3","v":0},{"$f":"'[51]CRO2_Pro-Mes'!#REF!","v":{"$error":"#REF!"}},{"$f":"'[51]CRO2_Pro-Mes'!GRQ3","v":0},{"$f":"'[51]CRO2_Pro-Mes'!#REF!","v":{"$error":"#REF!"}},{"$f":"'[51]CRO2_Pro-Mes'!GRS3","v":0},{"$f":"'[51]CRO2_Pro-Mes'!#REF!","v":{"$error":"#REF!"}},{"$f":"'[51]CRO2_Pro-Mes'!GRU3","v":0},{"$f":"'[51]CRO2_Pro-Mes'!#REF!","v":{"$error":"#REF!"}},{"$f":"'[51]CRO2_Pro-Mes'!GRW3","v":0},{"$f":"'[51]CRO2_Pro-Mes'!#REF!","v":{"$error":"#REF!"}},{"$f":"'[51]CRO2_Pro-Mes'!GRY3","v":0},{"$f":"'[51]CRO2_Pro-Mes'!#REF!","v":{"$error":"#REF!"}},{"$f":"'[51]CRO2_Pro-Mes'!GSA3","v":0},{"$f":"'[51]CRO2_Pro-Mes'!#REF!","v":{"$error":"#REF!"}},{"$f":"'[51]CRO2_Pro-Mes'!GSC3","v":0},{"$f":"'[51]CRO2_Pro-Mes'!#REF!","v":{"$error":"#REF!"}},{"$f":"'[51]CRO2_Pro-Mes'!GSE3","v":0},{"$f":"'[51]CRO2_Pro-Mes'!#REF!","v":{"$error":"#REF!"}},{"$f":"'[51]CRO2_Pro-Mes'!GSG3","v":0},{"$f":"'[51]CRO2_Pro-Mes'!#REF!","v":{"$error":"#REF!"}},{"$f":"'[51]CRO2_Pro-Mes'!GSI3","v":0},{"$f":"'[51]CRO2_Pro-Mes'!#REF!","v":{"$error":"#REF!"}},{"$f":"'[51]CRO2_Pro-Mes'!GSK3","v":0},{"$f":"'[51]CRO2_Pro-Mes'!#REF!","v":{"$error":"#REF!"}},{"$f":"'[51]CRO2_Pro-Mes'!GSM3","v":0},{"$f":"'[51]CRO2_Pro-Mes'!#REF!","v":{"$error":"#REF!"}},{"$f":"'[51]CRO2_Pro-Mes'!GSO3","v":0},{"$f":"'[51]CRO2_Pro-Mes'!#REF!","v":{"$error":"#REF!"}},{"$f":"'[51]CRO2_Pro-Mes'!GSQ3","v":0},{"$f":"'[51]CRO2_Pro-Mes'!#REF!","v":{"$error":"#REF!"}},{"$f":"'[51]CRO2_Pro-Mes'!GSS3","v":0},{"$f":"'[51]CRO2_Pro-Mes'!#REF!","v":{"$error":"#REF!"}},{"$f":"'[51]CRO2_Pro-Mes'!GSU3","v":0},{"$f":"'[51]CRO2_Pro-Mes'!#REF!","v":{"$error":"#REF!"}},{"$f":"'[51]CRO2_Pro-Mes'!GSW3","v":0},{"$f":"'[51]CRO2_Pro-Mes'!#REF!","v":{"$error":"#REF!"}},{"$f":"'[51]CRO2_Pro-Mes'!GSY3","v":0},{"$f":"'[51]CRO2_Pro-Mes'!#REF!","v":{"$error":"#REF!"}},{"$f":"'[51]CRO2_Pro-Mes'!GTA3","v":0},{"$f":"'[51]CRO2_Pro-Mes'!#REF!","v":{"$error":"#REF!"}},{"$f":"'[51]CRO2_Pro-Mes'!GTC3","v":0},{"$f":"'[51]CRO2_Pro-Mes'!#REF!","v":{"$error":"#REF!"}},{"$f":"'[51]CRO2_Pro-Mes'!GTE3","v":0},{"$f":"'[51]CRO2_Pro-Mes'!#REF!","v":{"$error":"#REF!"}},{"$f":"'[51]CRO2_Pro-Mes'!GTG3","v":0},{"$f":"'[51]CRO2_Pro-Mes'!#REF!","v":{"$error":"#REF!"}},{"$f":"'[51]CRO2_Pro-Mes'!GTI3","v":0},{"$f":"'[51]CRO2_Pro-Mes'!#REF!","v":{"$error":"#REF!"}},{"$f":"'[51]CRO2_Pro-Mes'!GTK3","v":0},{"$f":"'[51]CRO2_Pro-Mes'!#REF!","v":{"$error":"#REF!"}},{"$f":"'[51]CRO2_Pro-Mes'!GTM3","v":0},{"$f":"'[51]CRO2_Pro-Mes'!#REF!","v":{"$error":"#REF!"}},{"$f":"'[51]CRO2_Pro-Mes'!GTO3","v":0},{"$f":"'[51]CRO2_Pro-Mes'!#REF!","v":{"$error":"#REF!"}},{"$f":"'[51]CRO2_Pro-Mes'!GTQ3","v":0},{"$f":"'[51]CRO2_Pro-Mes'!#REF!","v":{"$error":"#REF!"}},{"$f":"'[51]CRO2_Pro-Mes'!GTS3","v":0},{"$f":"'[51]CRO2_Pro-Mes'!#REF!","v":{"$error":"#REF!"}},{"$f":"'[51]CRO2_Pro-Mes'!GTU3","v":0},{"$f":"'[51]CRO2_Pro-Mes'!#REF!","v":{"$error":"#REF!"}},{"$f":"'[51]CRO2_Pro-Mes'!GTW3","v":0},{"$f":"'[51]CRO2_Pro-Mes'!#REF!","v":{"$error":"#REF!"}},{"$f":"'[51]CRO2_Pro-Mes'!GTY3","v":0},{"$f":"'[51]CRO2_Pro-Mes'!#REF!","v":{"$error":"#REF!"}},{"$f":"'[51]CRO2_Pro-Mes'!GUA3","v":0},{"$f":"'[51]CRO2_Pro-Mes'!#REF!","v":{"$error":"#REF!"}},{"$f":"'[51]CRO2_Pro-Mes'!GUC3","v":0},{"$f":"'[51]CRO2_Pro-Mes'!#REF!","v":{"$error":"#REF!"}},{"$f":"'[51]CRO2_Pro-Mes'!GUE3","v":0},{"$f":"'[51]CRO2_Pro-Mes'!#REF!","v":{"$error":"#REF!"}},{"$f":"'[51]CRO2_Pro-Mes'!GUG3","v":0},{"$f":"'[51]CRO2_Pro-Mes'!#REF!","v":{"$error":"#REF!"}},{"$f":"'[51]CRO2_Pro-Mes'!GUI3","v":0},{"$f":"'[51]CRO2_Pro-Mes'!#REF!","v":{"$error":"#REF!"}},{"$f":"'[51]CRO2_Pro-Mes'!GUK3","v":0},{"$f":"'[51]CRO2_Pro-Mes'!#REF!","v":{"$error":"#REF!"}},{"$f":"'[51]CRO2_Pro-Mes'!GUM3","v":0},{"$f":"'[51]CRO2_Pro-Mes'!#REF!","v":{"$error":"#REF!"}},{"$f":"'[51]CRO2_Pro-Mes'!GUO3","v":0},{"$f":"'[51]CRO2_Pro-Mes'!#REF!","v":{"$error":"#REF!"}},{"$f":"'[51]CRO2_Pro-Mes'!GUQ3","v":0},{"$f":"'[51]CRO2_Pro-Mes'!#REF!","v":{"$error":"#REF!"}},{"$f":"'[51]CRO2_Pro-Mes'!GUS3","v":0},{"$f":"'[51]CRO2_Pro-Mes'!#REF!","v":{"$error":"#REF!"}},{"$f":"'[51]CRO2_Pro-Mes'!GUU3","v":0},{"$f":"'[51]CRO2_Pro-Mes'!#REF!","v":{"$error":"#REF!"}},{"$f":"'[51]CRO2_Pro-Mes'!GUW3","v":0},{"$f":"'[51]CRO2_Pro-Mes'!#REF!","v":{"$error":"#REF!"}},{"$f":"'[51]CRO2_Pro-Mes'!GUY3","v":0},{"$f":"'[51]CRO2_Pro-Mes'!#REF!","v":{"$error":"#REF!"}},{"$f":"'[51]CRO2_Pro-Mes'!GVA3","v":0},{"$f":"'[51]CRO2_Pro-Mes'!#REF!","v":{"$error":"#REF!"}},{"$f":"'[51]CRO2_Pro-Mes'!GVC3","v":0},{"$f":"'[51]CRO2_Pro-Mes'!#REF!","v":{"$error":"#REF!"}},{"$f":"'[51]CRO2_Pro-Mes'!GVE3","v":0},{"$f":"'[51]CRO2_Pro-Mes'!#REF!","v":{"$error":"#REF!"}},{"$f":"'[51]CRO2_Pro-Mes'!GVG3","v":0},{"$f":"'[51]CRO2_Pro-Mes'!#REF!","v":{"$error":"#REF!"}},{"$f":"'[51]CRO2_Pro-Mes'!GVI3","v":0},{"$f":"'[51]CRO2_Pro-Mes'!#REF!","v":{"$error":"#REF!"}},{"$f":"'[51]CRO2_Pro-Mes'!GVK3","v":0},{"$f":"'[51]CRO2_Pro-Mes'!#REF!","v":{"$error":"#REF!"}},{"$f":"'[51]CRO2_Pro-Mes'!GVM3","v":0},{"$f":"'[51]CRO2_Pro-Mes'!#REF!","v":{"$error":"#REF!"}},{"$f":"'[51]CRO2_Pro-Mes'!GVO3","v":0},{"$f":"'[51]CRO2_Pro-Mes'!#REF!","v":{"$error":"#REF!"}},{"$f":"'[51]CRO2_Pro-Mes'!GVQ3","v":0},{"$f":"'[51]CRO2_Pro-Mes'!#REF!","v":{"$error":"#REF!"}},{"$f":"'[51]CRO2_Pro-Mes'!GVS3","v":0},{"$f":"'[51]CRO2_Pro-Mes'!#REF!","v":{"$error":"#REF!"}},{"$f":"'[51]CRO2_Pro-Mes'!GVU3","v":0},{"$f":"'[51]CRO2_Pro-Mes'!#REF!","v":{"$error":"#REF!"}},{"$f":"'[51]CRO2_Pro-Mes'!GVW3","v":0},{"$f":"'[51]CRO2_Pro-Mes'!#REF!","v":{"$error":"#REF!"}},{"$f":"'[51]CRO2_Pro-Mes'!GVY3","v":0},{"$f":"'[51]CRO2_Pro-Mes'!#REF!","v":{"$error":"#REF!"}},{"$f":"'[51]CRO2_Pro-Mes'!GWA3","v":0},{"$f":"'[51]CRO2_Pro-Mes'!#REF!","v":{"$error":"#REF!"}},{"$f":"'[51]CRO2_Pro-Mes'!GWC3","v":0},{"$f":"'[51]CRO2_Pro-Mes'!#REF!","v":{"$error":"#REF!"}},{"$f":"'[51]CRO2_Pro-Mes'!GWE3","v":0},{"$f":"'[51]CRO2_Pro-Mes'!#REF!","v":{"$error":"#REF!"}},{"$f":"'[51]CRO2_Pro-Mes'!GWG3","v":0},{"$f":"'[51]CRO2_Pro-Mes'!#REF!","v":{"$error":"#REF!"}},{"$f":"'[51]CRO2_Pro-Mes'!GWI3","v":0},{"$f":"'[51]CRO2_Pro-Mes'!#REF!","v":{"$error":"#REF!"}},{"$f":"'[51]CRO2_Pro-Mes'!GWK3","v":0},{"$f":"'[51]CRO2_Pro-Mes'!#REF!","v":{"$error":"#REF!"}},{"$f":"'[51]CRO2_Pro-Mes'!GWM3","v":0},{"$f":"'[51]CRO2_Pro-Mes'!#REF!","v":{"$error":"#REF!"}},{"$f":"'[51]CRO2_Pro-Mes'!GWO3","v":0},{"$f":"'[51]CRO2_Pro-Mes'!#REF!","v":{"$error":"#REF!"}},{"$f":"'[51]CRO2_Pro-Mes'!GWQ3","v":0},{"$f":"'[51]CRO2_Pro-Mes'!#REF!","v":{"$error":"#REF!"}},{"$f":"'[51]CRO2_Pro-Mes'!GWS3","v":0},{"$f":"'[51]CRO2_Pro-Mes'!#REF!","v":{"$error":"#REF!"}},{"$f":"'[51]CRO2_Pro-Mes'!GWU3","v":0},{"$f":"'[51]CRO2_Pro-Mes'!#REF!","v":{"$error":"#REF!"}},{"$f":"'[51]CRO2_Pro-Mes'!GWW3","v":0},{"$f":"'[51]CRO2_Pro-Mes'!#REF!","v":{"$error":"#REF!"}},{"$f":"'[51]CRO2_Pro-Mes'!GWY3","v":0},{"$f":"'[51]CRO2_Pro-Mes'!#REF!","v":{"$error":"#REF!"}},{"$f":"'[51]CRO2_Pro-Mes'!GXA3","v":0},{"$f":"'[51]CRO2_Pro-Mes'!#REF!","v":{"$error":"#REF!"}},{"$f":"'[51]CRO2_Pro-Mes'!GXC3","v":0},{"$f":"'[51]CRO2_Pro-Mes'!#REF!","v":{"$error":"#REF!"}},{"$f":"'[51]CRO2_Pro-Mes'!GXE3","v":0},{"$f":"'[51]CRO2_Pro-Mes'!#REF!","v":{"$error":"#REF!"}},{"$f":"'[51]CRO2_Pro-Mes'!GXG3","v":0},{"$f":"'[51]CRO2_Pro-Mes'!#REF!","v":{"$error":"#REF!"}},{"$f":"'[51]CRO2_Pro-Mes'!GXI3","v":0},{"$f":"'[51]CRO2_Pro-Mes'!#REF!","v":{"$error":"#REF!"}},{"$f":"'[51]CRO2_Pro-Mes'!GXK3","v":0},{"$f":"'[51]CRO2_Pro-Mes'!#REF!","v":{"$error":"#REF!"}},{"$f":"'[51]CRO2_Pro-Mes'!GXM3","v":0},{"$f":"'[51]CRO2_Pro-Mes'!#REF!","v":{"$error":"#REF!"}},{"$f":"'[51]CRO2_Pro-Mes'!GXO3","v":0},{"$f":"'[51]CRO2_Pro-Mes'!#REF!","v":{"$error":"#REF!"}},{"$f":"'[51]CRO2_Pro-Mes'!GXQ3","v":0},{"$f":"'[51]CRO2_Pro-Mes'!#REF!","v":{"$error":"#REF!"}},{"$f":"'[51]CRO2_Pro-Mes'!GXS3","v":0},{"$f":"'[51]CRO2_Pro-Mes'!#REF!","v":{"$error":"#REF!"}},{"$f":"'[51]CRO2_Pro-Mes'!GXU3","v":0},{"$f":"'[51]CRO2_Pro-Mes'!#REF!","v":{"$error":"#REF!"}},{"$f":"'[51]CRO2_Pro-Mes'!GXW3","v":0},{"$f":"'[51]CRO2_Pro-Mes'!#REF!","v":{"$error":"#REF!"}},{"$f":"'[51]CRO2_Pro-Mes'!GXY3","v":0},{"$f":"'[51]CRO2_Pro-Mes'!#REF!","v":{"$error":"#REF!"}},{"$f":"'[51]CRO2_Pro-Mes'!GYA3","v":0},{"$f":"'[51]CRO2_Pro-Mes'!#REF!","v":{"$error":"#REF!"}},{"$f":"'[51]CRO2_Pro-Mes'!GYC3","v":0},{"$f":"'[51]CRO2_Pro-Mes'!#REF!","v":{"$error":"#REF!"}},{"$f":"'[51]CRO2_Pro-Mes'!GYE3","v":0},{"$f":"'[51]CRO2_Pro-Mes'!#REF!","v":{"$error":"#REF!"}},{"$f":"'[51]CRO2_Pro-Mes'!GYG3","v":0},{"$f":"'[51]CRO2_Pro-Mes'!#REF!","v":{"$error":"#REF!"}},{"$f":"'[51]CRO2_Pro-Mes'!GYI3","v":0},{"$f":"'[51]CRO2_Pro-Mes'!#REF!","v":{"$error":"#REF!"}},{"$f":"'[51]CRO2_Pro-Mes'!GYK3","v":0},{"$f":"'[51]CRO2_Pro-Mes'!#REF!","v":{"$error":"#REF!"}},{"$f":"'[51]CRO2_Pro-Mes'!GYM3","v":0},{"$f":"'[51]CRO2_Pro-Mes'!#REF!","v":{"$error":"#REF!"}},{"$f":"'[51]CRO2_Pro-Mes'!GYO3","v":0},{"$f":"'[51]CRO2_Pro-Mes'!#REF!","v":{"$error":"#REF!"}},{"$f":"'[51]CRO2_Pro-Mes'!GYQ3","v":0},{"$f":"'[51]CRO2_Pro-Mes'!#REF!","v":{"$error":"#REF!"}},{"$f":"'[51]CRO2_Pro-Mes'!GYS3","v":0},{"$f":"'[51]CRO2_Pro-Mes'!#REF!","v":{"$error":"#REF!"}},{"$f":"'[51]CRO2_Pro-Mes'!GYU3","v":0},{"$f":"'[51]CRO2_Pro-Mes'!#REF!","v":{"$error":"#REF!"}},{"$f":"'[51]CRO2_Pro-Mes'!GYW3","v":0},{"$f":"'[51]CRO2_Pro-Mes'!#REF!","v":{"$error":"#REF!"}},{"$f":"'[51]CRO2_Pro-Mes'!GYY3","v":0},{"$f":"'[51]CRO2_Pro-Mes'!#REF!","v":{"$error":"#REF!"}},{"$f":"'[51]CRO2_Pro-Mes'!GZA3","v":0},{"$f":"'[51]CRO2_Pro-Mes'!#REF!","v":{"$error":"#REF!"}},{"$f":"'[51]CRO2_Pro-Mes'!GZC3","v":0},{"$f":"'[51]CRO2_Pro-Mes'!#REF!","v":{"$error":"#REF!"}},{"$f":"'[51]CRO2_Pro-Mes'!GZE3","v":0},{"$f":"'[51]CRO2_Pro-Mes'!#REF!","v":{"$error":"#REF!"}},{"$f":"'[51]CRO2_Pro-Mes'!GZG3","v":0},{"$f":"'[51]CRO2_Pro-Mes'!#REF!","v":{"$error":"#REF!"}},{"$f":"'[51]CRO2_Pro-Mes'!GZI3","v":0},{"$f":"'[51]CRO2_Pro-Mes'!#REF!","v":{"$error":"#REF!"}},{"$f":"'[51]CRO2_Pro-Mes'!GZK3","v":0},{"$f":"'[51]CRO2_Pro-Mes'!#REF!","v":{"$error":"#REF!"}},{"$f":"'[51]CRO2_Pro-Mes'!GZM3","v":0},{"$f":"'[51]CRO2_Pro-Mes'!#REF!","v":{"$error":"#REF!"}},{"$f":"'[51]CRO2_Pro-Mes'!GZO3","v":0},{"$f":"'[51]CRO2_Pro-Mes'!#REF!","v":{"$error":"#REF!"}},{"$f":"'[51]CRO2_Pro-Mes'!GZQ3","v":0},{"$f":"'[51]CRO2_Pro-Mes'!#REF!","v":{"$error":"#REF!"}},{"$f":"'[51]CRO2_Pro-Mes'!GZS3","v":0},{"$f":"'[51]CRO2_Pro-Mes'!#REF!","v":{"$error":"#REF!"}},{"$f":"'[51]CRO2_Pro-Mes'!GZU3","v":0},{"$f":"'[51]CRO2_Pro-Mes'!#REF!","v":{"$error":"#REF!"}},{"$f":"'[51]CRO2_Pro-Mes'!GZW3","v":0},{"$f":"'[51]CRO2_Pro-Mes'!#REF!","v":{"$error":"#REF!"}},{"$f":"'[51]CRO2_Pro-Mes'!GZY3","v":0},{"$f":"'[51]CRO2_Pro-Mes'!#REF!","v":{"$error":"#REF!"}},{"$f":"'[51]CRO2_Pro-Mes'!HAA3","v":0},{"$f":"'[51]CRO2_Pro-Mes'!#REF!","v":{"$error":"#REF!"}},{"$f":"'[51]CRO2_Pro-Mes'!HAC3","v":0},{"$f":"'[51]CRO2_Pro-Mes'!#REF!","v":{"$error":"#REF!"}},{"$f":"'[51]CRO2_Pro-Mes'!HAE3","v":0},{"$f":"'[51]CRO2_Pro-Mes'!#REF!","v":{"$error":"#REF!"}},{"$f":"'[51]CRO2_Pro-Mes'!HAG3","v":0},{"$f":"'[51]CRO2_Pro-Mes'!#REF!","v":{"$error":"#REF!"}},{"$f":"'[51]CRO2_Pro-Mes'!HAI3","v":0},{"$f":"'[51]CRO2_Pro-Mes'!#REF!","v":{"$error":"#REF!"}},{"$f":"'[51]CRO2_Pro-Mes'!HAK3","v":0},{"$f":"'[51]CRO2_Pro-Mes'!#REF!","v":{"$error":"#REF!"}},{"$f":"'[51]CRO2_Pro-Mes'!HAM3","v":0},{"$f":"'[51]CRO2_Pro-Mes'!#REF!","v":{"$error":"#REF!"}},{"$f":"'[51]CRO2_Pro-Mes'!HAO3","v":0},{"$f":"'[51]CRO2_Pro-Mes'!#REF!","v":{"$error":"#REF!"}},{"$f":"'[51]CRO2_Pro-Mes'!HAQ3","v":0},{"$f":"'[51]CRO2_Pro-Mes'!#REF!","v":{"$error":"#REF!"}},{"$f":"'[51]CRO2_Pro-Mes'!HAS3","v":0},{"$f":"'[51]CRO2_Pro-Mes'!#REF!","v":{"$error":"#REF!"}},{"$f":"'[51]CRO2_Pro-Mes'!HAU3","v":0},{"$f":"'[51]CRO2_Pro-Mes'!#REF!","v":{"$error":"#REF!"}},{"$f":"'[51]CRO2_Pro-Mes'!HAW3","v":0},{"$f":"'[51]CRO2_Pro-Mes'!#REF!","v":{"$error":"#REF!"}},{"$f":"'[51]CRO2_Pro-Mes'!HAY3","v":0},{"$f":"'[51]CRO2_Pro-Mes'!#REF!","v":{"$error":"#REF!"}},{"$f":"'[51]CRO2_Pro-Mes'!HBA3","v":0},{"$f":"'[51]CRO2_Pro-Mes'!#REF!","v":{"$error":"#REF!"}},{"$f":"'[51]CRO2_Pro-Mes'!HBC3","v":0},{"$f":"'[51]CRO2_Pro-Mes'!#REF!","v":{"$error":"#REF!"}},{"$f":"'[51]CRO2_Pro-Mes'!HBE3","v":0},{"$f":"'[51]CRO2_Pro-Mes'!#REF!","v":{"$error":"#REF!"}},{"$f":"'[51]CRO2_Pro-Mes'!HBG3","v":0},{"$f":"'[51]CRO2_Pro-Mes'!#REF!","v":{"$error":"#REF!"}},{"$f":"'[51]CRO2_Pro-Mes'!HBI3","v":0},{"$f":"'[51]CRO2_Pro-Mes'!#REF!","v":{"$error":"#REF!"}},{"$f":"'[51]CRO2_Pro-Mes'!HBK3","v":0},{"$f":"'[51]CRO2_Pro-Mes'!#REF!","v":{"$error":"#REF!"}},{"$f":"'[51]CRO2_Pro-Mes'!HBM3","v":0},{"$f":"'[51]CRO2_Pro-Mes'!#REF!","v":{"$error":"#REF!"}},{"$f":"'[51]CRO2_Pro-Mes'!HBO3","v":0},{"$f":"'[51]CRO2_Pro-Mes'!#REF!","v":{"$error":"#REF!"}},{"$f":"'[51]CRO2_Pro-Mes'!HBQ3","v":0},{"$f":"'[51]CRO2_Pro-Mes'!#REF!","v":{"$error":"#REF!"}},{"$f":"'[51]CRO2_Pro-Mes'!HBS3","v":0},{"$f":"'[51]CRO2_Pro-Mes'!#REF!","v":{"$error":"#REF!"}},{"$f":"'[51]CRO2_Pro-Mes'!HBU3","v":0},{"$f":"'[51]CRO2_Pro-Mes'!#REF!","v":{"$error":"#REF!"}},{"$f":"'[51]CRO2_Pro-Mes'!HBW3","v":0},{"$f":"'[51]CRO2_Pro-Mes'!#REF!","v":{"$error":"#REF!"}},{"$f":"'[51]CRO2_Pro-Mes'!HBY3","v":0},{"$f":"'[51]CRO2_Pro-Mes'!#REF!","v":{"$error":"#REF!"}},{"$f":"'[51]CRO2_Pro-Mes'!HCA3","v":0},{"$f":"'[51]CRO2_Pro-Mes'!#REF!","v":{"$error":"#REF!"}},{"$f":"'[51]CRO2_Pro-Mes'!HCC3","v":0},{"$f":"'[51]CRO2_Pro-Mes'!#REF!","v":{"$error":"#REF!"}},{"$f":"'[51]CRO2_Pro-Mes'!HCE3","v":0},{"$f":"'[51]CRO2_Pro-Mes'!#REF!","v":{"$error":"#REF!"}},{"$f":"'[51]CRO2_Pro-Mes'!HCG3","v":0},{"$f":"'[51]CRO2_Pro-Mes'!#REF!","v":{"$error":"#REF!"}},{"$f":"'[51]CRO2_Pro-Mes'!HCI3","v":0},{"$f":"'[51]CRO2_Pro-Mes'!#REF!","v":{"$error":"#REF!"}},{"$f":"'[51]CRO2_Pro-Mes'!HCK3","v":0},{"$f":"'[51]CRO2_Pro-Mes'!#REF!","v":{"$error":"#REF!"}},{"$f":"'[51]CRO2_Pro-Mes'!HCM3","v":0},{"$f":"'[51]CRO2_Pro-Mes'!#REF!","v":{"$error":"#REF!"}},{"$f":"'[51]CRO2_Pro-Mes'!HCO3","v":0},{"$f":"'[51]CRO2_Pro-Mes'!#REF!","v":{"$error":"#REF!"}},{"$f":"'[51]CRO2_Pro-Mes'!HCQ3","v":0},{"$f":"'[51]CRO2_Pro-Mes'!#REF!","v":{"$error":"#REF!"}},{"$f":"'[51]CRO2_Pro-Mes'!HCS3","v":0},{"$f":"'[51]CRO2_Pro-Mes'!#REF!","v":{"$error":"#REF!"}},{"$f":"'[51]CRO2_Pro-Mes'!HCU3","v":0},{"$f":"'[51]CRO2_Pro-Mes'!#REF!","v":{"$error":"#REF!"}},{"$f":"'[51]CRO2_Pro-Mes'!HCW3","v":0},{"$f":"'[51]CRO2_Pro-Mes'!#REF!","v":{"$error":"#REF!"}},{"$f":"'[51]CRO2_Pro-Mes'!HCY3","v":0},{"$f":"'[51]CRO2_Pro-Mes'!#REF!","v":{"$error":"#REF!"}},{"$f":"'[51]CRO2_Pro-Mes'!HDA3","v":0},{"$f":"'[51]CRO2_Pro-Mes'!#REF!","v":{"$error":"#REF!"}},{"$f":"'[51]CRO2_Pro-Mes'!HDC3","v":0},{"$f":"'[51]CRO2_Pro-Mes'!#REF!","v":{"$error":"#REF!"}},{"$f":"'[51]CRO2_Pro-Mes'!HDE3","v":0},{"$f":"'[51]CRO2_Pro-Mes'!#REF!","v":{"$error":"#REF!"}},{"$f":"'[51]CRO2_Pro-Mes'!HDG3","v":0},{"$f":"'[51]CRO2_Pro-Mes'!#REF!","v":{"$error":"#REF!"}},{"$f":"'[51]CRO2_Pro-Mes'!HDI3","v":0},{"$f":"'[51]CRO2_Pro-Mes'!#REF!","v":{"$error":"#REF!"}},{"$f":"'[51]CRO2_Pro-Mes'!HDK3","v":0},{"$f":"'[51]CRO2_Pro-Mes'!#REF!","v":{"$error":"#REF!"}},{"$f":"'[51]CRO2_Pro-Mes'!HDM3","v":0},{"$f":"'[51]CRO2_Pro-Mes'!#REF!","v":{"$error":"#REF!"}},{"$f":"'[51]CRO2_Pro-Mes'!HDO3","v":0},{"$f":"'[51]CRO2_Pro-Mes'!#REF!","v":{"$error":"#REF!"}},{"$f":"'[51]CRO2_Pro-Mes'!HDQ3","v":0},{"$f":"'[51]CRO2_Pro-Mes'!#REF!","v":{"$error":"#REF!"}},{"$f":"'[51]CRO2_Pro-Mes'!HDS3","v":0},{"$f":"'[51]CRO2_Pro-Mes'!#REF!","v":{"$error":"#REF!"}},{"$f":"'[51]CRO2_Pro-Mes'!HDU3","v":0},{"$f":"'[51]CRO2_Pro-Mes'!#REF!","v":{"$error":"#REF!"}},{"$f":"'[51]CRO2_Pro-Mes'!HDW3","v":0},{"$f":"'[51]CRO2_Pro-Mes'!#REF!","v":{"$error":"#REF!"}},{"$f":"'[51]CRO2_Pro-Mes'!HDY3","v":0},{"$f":"'[51]CRO2_Pro-Mes'!#REF!","v":{"$error":"#REF!"}},{"$f":"'[51]CRO2_Pro-Mes'!HEA3","v":0},{"$f":"'[51]CRO2_Pro-Mes'!#REF!","v":{"$error":"#REF!"}},{"$f":"'[51]CRO2_Pro-Mes'!HEC3","v":0},{"$f":"'[51]CRO2_Pro-Mes'!#REF!","v":{"$error":"#REF!"}},{"$f":"'[51]CRO2_Pro-Mes'!HEE3","v":0},{"$f":"'[51]CRO2_Pro-Mes'!#REF!","v":{"$error":"#REF!"}},{"$f":"'[51]CRO2_Pro-Mes'!HEG3","v":0},{"$f":"'[51]CRO2_Pro-Mes'!#REF!","v":{"$error":"#REF!"}},{"$f":"'[51]CRO2_Pro-Mes'!HEI3","v":0},{"$f":"'[51]CRO2_Pro-Mes'!#REF!","v":{"$error":"#REF!"}},{"$f":"'[51]CRO2_Pro-Mes'!HEK3","v":0},{"$f":"'[51]CRO2_Pro-Mes'!#REF!","v":{"$error":"#REF!"}},{"$f":"'[51]CRO2_Pro-Mes'!HEM3","v":0},{"$f":"'[51]CRO2_Pro-Mes'!#REF!","v":{"$error":"#REF!"}},{"$f":"'[51]CRO2_Pro-Mes'!HEO3","v":0},{"$f":"'[51]CRO2_Pro-Mes'!#REF!","v":{"$error":"#REF!"}},{"$f":"'[51]CRO2_Pro-Mes'!HEQ3","v":0},{"$f":"'[51]CRO2_Pro-Mes'!#REF!","v":{"$error":"#REF!"}},{"$f":"'[51]CRO2_Pro-Mes'!HES3","v":0},{"$f":"'[51]CRO2_Pro-Mes'!#REF!","v":{"$error":"#REF!"}},{"$f":"'[51]CRO2_Pro-Mes'!HEU3","v":0},{"$f":"'[51]CRO2_Pro-Mes'!#REF!","v":{"$error":"#REF!"}},{"$f":"'[51]CRO2_Pro-Mes'!HEW3","v":0},{"$f":"'[51]CRO2_Pro-Mes'!#REF!","v":{"$error":"#REF!"}},{"$f":"'[51]CRO2_Pro-Mes'!HEY3","v":0},{"$f":"'[51]CRO2_Pro-Mes'!#REF!","v":{"$error":"#REF!"}},{"$f":"'[51]CRO2_Pro-Mes'!HFA3","v":0},{"$f":"'[51]CRO2_Pro-Mes'!#REF!","v":{"$error":"#REF!"}},{"$f":"'[51]CRO2_Pro-Mes'!HFC3","v":0},{"$f":"'[51]CRO2_Pro-Mes'!#REF!","v":{"$error":"#REF!"}},{"$f":"'[51]CRO2_Pro-Mes'!HFE3","v":0},{"$f":"'[51]CRO2_Pro-Mes'!#REF!","v":{"$error":"#REF!"}},{"$f":"'[51]CRO2_Pro-Mes'!HFG3","v":0},{"$f":"'[51]CRO2_Pro-Mes'!#REF!","v":{"$error":"#REF!"}},{"$f":"'[51]CRO2_Pro-Mes'!HFI3","v":0},{"$f":"'[51]CRO2_Pro-Mes'!#REF!","v":{"$error":"#REF!"}},{"$f":"'[51]CRO2_Pro-Mes'!HFK3","v":0},{"$f":"'[51]CRO2_Pro-Mes'!#REF!","v":{"$error":"#REF!"}},{"$f":"'[51]CRO2_Pro-Mes'!HFM3","v":0},{"$f":"'[51]CRO2_Pro-Mes'!#REF!","v":{"$error":"#REF!"}},{"$f":"'[51]CRO2_Pro-Mes'!HFO3","v":0},{"$f":"'[51]CRO2_Pro-Mes'!#REF!","v":{"$error":"#REF!"}},{"$f":"'[51]CRO2_Pro-Mes'!HFQ3","v":0},{"$f":"'[51]CRO2_Pro-Mes'!#REF!","v":{"$error":"#REF!"}},{"$f":"'[51]CRO2_Pro-Mes'!HFS3","v":0},{"$f":"'[51]CRO2_Pro-Mes'!#REF!","v":{"$error":"#REF!"}},{"$f":"'[51]CRO2_Pro-Mes'!HFU3","v":0},{"$f":"'[51]CRO2_Pro-Mes'!#REF!","v":{"$error":"#REF!"}},{"$f":"'[51]CRO2_Pro-Mes'!HFW3","v":0},{"$f":"'[51]CRO2_Pro-Mes'!#REF!","v":{"$error":"#REF!"}},{"$f":"'[51]CRO2_Pro-Mes'!HFY3","v":0},{"$f":"'[51]CRO2_Pro-Mes'!#REF!","v":{"$error":"#REF!"}},{"$f":"'[51]CRO2_Pro-Mes'!HGA3","v":0},{"$f":"'[51]CRO2_Pro-Mes'!#REF!","v":{"$error":"#REF!"}},{"$f":"'[51]CRO2_Pro-Mes'!HGC3","v":0},{"$f":"'[51]CRO2_Pro-Mes'!#REF!","v":{"$error":"#REF!"}},{"$f":"'[51]CRO2_Pro-Mes'!HGE3","v":0},{"$f":"'[51]CRO2_Pro-Mes'!#REF!","v":{"$error":"#REF!"}},{"$f":"'[51]CRO2_Pro-Mes'!HGG3","v":0},{"$f":"'[51]CRO2_Pro-Mes'!#REF!","v":{"$error":"#REF!"}},{"$f":"'[51]CRO2_Pro-Mes'!HGI3","v":0},{"$f":"'[51]CRO2_Pro-Mes'!#REF!","v":{"$error":"#REF!"}},{"$f":"'[51]CRO2_Pro-Mes'!HGK3","v":0},{"$f":"'[51]CRO2_Pro-Mes'!#REF!","v":{"$error":"#REF!"}},{"$f":"'[51]CRO2_Pro-Mes'!HGM3","v":0},{"$f":"'[51]CRO2_Pro-Mes'!#REF!","v":{"$error":"#REF!"}},{"$f":"'[51]CRO2_Pro-Mes'!HGO3","v":0},{"$f":"'[51]CRO2_Pro-Mes'!#REF!","v":{"$error":"#REF!"}},{"$f":"'[51]CRO2_Pro-Mes'!HGQ3","v":0},{"$f":"'[51]CRO2_Pro-Mes'!#REF!","v":{"$error":"#REF!"}},{"$f":"'[51]CRO2_Pro-Mes'!HGS3","v":0},{"$f":"'[51]CRO2_Pro-Mes'!#REF!","v":{"$error":"#REF!"}},{"$f":"'[51]CRO2_Pro-Mes'!HGU3","v":0},{"$f":"'[51]CRO2_Pro-Mes'!#REF!","v":{"$error":"#REF!"}},{"$f":"'[51]CRO2_Pro-Mes'!HGW3","v":0},{"$f":"'[51]CRO2_Pro-Mes'!#REF!","v":{"$error":"#REF!"}},{"$f":"'[51]CRO2_Pro-Mes'!HGY3","v":0},{"$f":"'[51]CRO2_Pro-Mes'!#REF!","v":{"$error":"#REF!"}},{"$f":"'[51]CRO2_Pro-Mes'!HHA3","v":0},{"$f":"'[51]CRO2_Pro-Mes'!#REF!","v":{"$error":"#REF!"}},{"$f":"'[51]CRO2_Pro-Mes'!HHC3","v":0},{"$f":"'[51]CRO2_Pro-Mes'!#REF!","v":{"$error":"#REF!"}},{"$f":"'[51]CRO2_Pro-Mes'!HHE3","v":0},{"$f":"'[51]CRO2_Pro-Mes'!#REF!","v":{"$error":"#REF!"}},{"$f":"'[51]CRO2_Pro-Mes'!HHG3","v":0},{"$f":"'[51]CRO2_Pro-Mes'!#REF!","v":{"$error":"#REF!"}},{"$f":"'[51]CRO2_Pro-Mes'!HHI3","v":0},{"$f":"'[51]CRO2_Pro-Mes'!#REF!","v":{"$error":"#REF!"}},{"$f":"'[51]CRO2_Pro-Mes'!HHK3","v":0},{"$f":"'[51]CRO2_Pro-Mes'!#REF!","v":{"$error":"#REF!"}},{"$f":"'[51]CRO2_Pro-Mes'!HHM3","v":0},{"$f":"'[51]CRO2_Pro-Mes'!#REF!","v":{"$error":"#REF!"}},{"$f":"'[51]CRO2_Pro-Mes'!HHO3","v":0},{"$f":"'[51]CRO2_Pro-Mes'!#REF!","v":{"$error":"#REF!"}},{"$f":"'[51]CRO2_Pro-Mes'!HHQ3","v":0},{"$f":"'[51]CRO2_Pro-Mes'!#REF!","v":{"$error":"#REF!"}},{"$f":"'[51]CRO2_Pro-Mes'!HHS3","v":0},{"$f":"'[51]CRO2_Pro-Mes'!#REF!","v":{"$error":"#REF!"}},{"$f":"'[51]CRO2_Pro-Mes'!HHU3","v":0},{"$f":"'[51]CRO2_Pro-Mes'!#REF!","v":{"$error":"#REF!"}},{"$f":"'[51]CRO2_Pro-Mes'!HHW3","v":0},{"$f":"'[51]CRO2_Pro-Mes'!#REF!","v":{"$error":"#REF!"}},{"$f":"'[51]CRO2_Pro-Mes'!HHY3","v":0},{"$f":"'[51]CRO2_Pro-Mes'!#REF!","v":{"$error":"#REF!"}},{"$f":"'[51]CRO2_Pro-Mes'!HIA3","v":0},{"$f":"'[51]CRO2_Pro-Mes'!#REF!","v":{"$error":"#REF!"}},{"$f":"'[51]CRO2_Pro-Mes'!HIC3","v":0},{"$f":"'[51]CRO2_Pro-Mes'!#REF!","v":{"$error":"#REF!"}},{"$f":"'[51]CRO2_Pro-Mes'!HIE3","v":0},{"$f":"'[51]CRO2_Pro-Mes'!#REF!","v":{"$error":"#REF!"}},{"$f":"'[51]CRO2_Pro-Mes'!HIG3","v":0},{"$f":"'[51]CRO2_Pro-Mes'!#REF!","v":{"$error":"#REF!"}},{"$f":"'[51]CRO2_Pro-Mes'!HII3","v":0},{"$f":"'[51]CRO2_Pro-Mes'!#REF!","v":{"$error":"#REF!"}},{"$f":"'[51]CRO2_Pro-Mes'!HIK3","v":0},{"$f":"'[51]CRO2_Pro-Mes'!#REF!","v":{"$error":"#REF!"}},{"$f":"'[51]CRO2_Pro-Mes'!HIM3","v":0},{"$f":"'[51]CRO2_Pro-Mes'!#REF!","v":{"$error":"#REF!"}},{"$f":"'[51]CRO2_Pro-Mes'!HIO3","v":0},{"$f":"'[51]CRO2_Pro-Mes'!#REF!","v":{"$error":"#REF!"}},{"$f":"'[51]CRO2_Pro-Mes'!HIQ3","v":0},{"$f":"'[51]CRO2_Pro-Mes'!#REF!","v":{"$error":"#REF!"}},{"$f":"'[51]CRO2_Pro-Mes'!HIS3","v":0},{"$f":"'[51]CRO2_Pro-Mes'!#REF!","v":{"$error":"#REF!"}},{"$f":"'[51]CRO2_Pro-Mes'!HIU3","v":0},{"$f":"'[51]CRO2_Pro-Mes'!#REF!","v":{"$error":"#REF!"}},{"$f":"'[51]CRO2_Pro-Mes'!HIW3","v":0},{"$f":"'[51]CRO2_Pro-Mes'!#REF!","v":{"$error":"#REF!"}},{"$f":"'[51]CRO2_Pro-Mes'!HIY3","v":0},{"$f":"'[51]CRO2_Pro-Mes'!#REF!","v":{"$error":"#REF!"}},{"$f":"'[51]CRO2_Pro-Mes'!HJA3","v":0},{"$f":"'[51]CRO2_Pro-Mes'!#REF!","v":{"$error":"#REF!"}},{"$f":"'[51]CRO2_Pro-Mes'!HJC3","v":0},{"$f":"'[51]CRO2_Pro-Mes'!#REF!","v":{"$error":"#REF!"}},{"$f":"'[51]CRO2_Pro-Mes'!HJE3","v":0},{"$f":"'[51]CRO2_Pro-Mes'!#REF!","v":{"$error":"#REF!"}},{"$f":"'[51]CRO2_Pro-Mes'!HJG3","v":0},{"$f":"'[51]CRO2_Pro-Mes'!#REF!","v":{"$error":"#REF!"}},{"$f":"'[51]CRO2_Pro-Mes'!HJI3","v":0},{"$f":"'[51]CRO2_Pro-Mes'!#REF!","v":{"$error":"#REF!"}},{"$f":"'[51]CRO2_Pro-Mes'!HJK3","v":0},{"$f":"'[51]CRO2_Pro-Mes'!#REF!","v":{"$error":"#REF!"}},{"$f":"'[51]CRO2_Pro-Mes'!HJM3","v":0},{"$f":"'[51]CRO2_Pro-Mes'!#REF!","v":{"$error":"#REF!"}},{"$f":"'[51]CRO2_Pro-Mes'!HJO3","v":0},{"$f":"'[51]CRO2_Pro-Mes'!#REF!","v":{"$error":"#REF!"}},{"$f":"'[51]CRO2_Pro-Mes'!HJQ3","v":0},{"$f":"'[51]CRO2_Pro-Mes'!#REF!","v":{"$error":"#REF!"}},{"$f":"'[51]CRO2_Pro-Mes'!HJS3","v":0},{"$f":"'[51]CRO2_Pro-Mes'!#REF!","v":{"$error":"#REF!"}},{"$f":"'[51]CRO2_Pro-Mes'!HJU3","v":0},{"$f":"'[51]CRO2_Pro-Mes'!#REF!","v":{"$error":"#REF!"}},{"$f":"'[51]CRO2_Pro-Mes'!HJW3","v":0},{"$f":"'[51]CRO2_Pro-Mes'!#REF!","v":{"$error":"#REF!"}},{"$f":"'[51]CRO2_Pro-Mes'!HJY3","v":0},{"$f":"'[51]CRO2_Pro-Mes'!#REF!","v":{"$error":"#REF!"}},{"$f":"'[51]CRO2_Pro-Mes'!HKA3","v":0},{"$f":"'[51]CRO2_Pro-Mes'!#REF!","v":{"$error":"#REF!"}},{"$f":"'[51]CRO2_Pro-Mes'!HKC3","v":0},{"$f":"'[51]CRO2_Pro-Mes'!#REF!","v":{"$error":"#REF!"}},{"$f":"'[51]CRO2_Pro-Mes'!HKE3","v":0},{"$f":"'[51]CRO2_Pro-Mes'!#REF!","v":{"$error":"#REF!"}},{"$f":"'[51]CRO2_Pro-Mes'!HKG3","v":0},{"$f":"'[51]CRO2_Pro-Mes'!#REF!","v":{"$error":"#REF!"}},{"$f":"'[51]CRO2_Pro-Mes'!HKI3","v":0},{"$f":"'[51]CRO2_Pro-Mes'!#REF!","v":{"$error":"#REF!"}},{"$f":"'[51]CRO2_Pro-Mes'!HKK3","v":0},{"$f":"'[51]CRO2_Pro-Mes'!#REF!","v":{"$error":"#REF!"}},{"$f":"'[51]CRO2_Pro-Mes'!HKM3","v":0},{"$f":"'[51]CRO2_Pro-Mes'!#REF!","v":{"$error":"#REF!"}},{"$f":"'[51]CRO2_Pro-Mes'!HKO3","v":0},{"$f":"'[51]CRO2_Pro-Mes'!#REF!","v":{"$error":"#REF!"}},{"$f":"'[51]CRO2_Pro-Mes'!HKQ3","v":0},{"$f":"'[51]CRO2_Pro-Mes'!#REF!","v":{"$error":"#REF!"}},{"$f":"'[51]CRO2_Pro-Mes'!HKS3","v":0},{"$f":"'[51]CRO2_Pro-Mes'!#REF!","v":{"$error":"#REF!"}},{"$f":"'[51]CRO2_Pro-Mes'!HKU3","v":0},{"$f":"'[51]CRO2_Pro-Mes'!#REF!","v":{"$error":"#REF!"}},{"$f":"'[51]CRO2_Pro-Mes'!HKW3","v":0},{"$f":"'[51]CRO2_Pro-Mes'!#REF!","v":{"$error":"#REF!"}},{"$f":"'[51]CRO2_Pro-Mes'!HKY3","v":0},{"$f":"'[51]CRO2_Pro-Mes'!#REF!","v":{"$error":"#REF!"}},{"$f":"'[51]CRO2_Pro-Mes'!HLA3","v":0},{"$f":"'[51]CRO2_Pro-Mes'!#REF!","v":{"$error":"#REF!"}},{"$f":"'[51]CRO2_Pro-Mes'!HLC3","v":0},{"$f":"'[51]CRO2_Pro-Mes'!#REF!","v":{"$error":"#REF!"}},{"$f":"'[51]CRO2_Pro-Mes'!HLE3","v":0},{"$f":"'[51]CRO2_Pro-Mes'!#REF!","v":{"$error":"#REF!"}},{"$f":"'[51]CRO2_Pro-Mes'!HLG3","v":0},{"$f":"'[51]CRO2_Pro-Mes'!#REF!","v":{"$error":"#REF!"}},{"$f":"'[51]CRO2_Pro-Mes'!HLI3","v":0},{"$f":"'[51]CRO2_Pro-Mes'!#REF!","v":{"$error":"#REF!"}},{"$f":"'[51]CRO2_Pro-Mes'!HLK3","v":0},{"$f":"'[51]CRO2_Pro-Mes'!#REF!","v":{"$error":"#REF!"}},{"$f":"'[51]CRO2_Pro-Mes'!HLM3","v":0},{"$f":"'[51]CRO2_Pro-Mes'!#REF!","v":{"$error":"#REF!"}},{"$f":"'[51]CRO2_Pro-Mes'!HLO3","v":0},{"$f":"'[51]CRO2_Pro-Mes'!#REF!","v":{"$error":"#REF!"}},{"$f":"'[51]CRO2_Pro-Mes'!HLQ3","v":0},{"$f":"'[51]CRO2_Pro-Mes'!#REF!","v":{"$error":"#REF!"}},{"$f":"'[51]CRO2_Pro-Mes'!HLS3","v":0},{"$f":"'[51]CRO2_Pro-Mes'!#REF!","v":{"$error":"#REF!"}},{"$f":"'[51]CRO2_Pro-Mes'!HLU3","v":0},{"$f":"'[51]CRO2_Pro-Mes'!#REF!","v":{"$error":"#REF!"}},{"$f":"'[51]CRO2_Pro-Mes'!HLW3","v":0},{"$f":"'[51]CRO2_Pro-Mes'!#REF!","v":{"$error":"#REF!"}},{"$f":"'[51]CRO2_Pro-Mes'!HLY3","v":0},{"$f":"'[51]CRO2_Pro-Mes'!#REF!","v":{"$error":"#REF!"}},{"$f":"'[51]CRO2_Pro-Mes'!HMA3","v":0},{"$f":"'[51]CRO2_Pro-Mes'!#REF!","v":{"$error":"#REF!"}},{"$f":"'[51]CRO2_Pro-Mes'!HMC3","v":0},{"$f":"'[51]CRO2_Pro-Mes'!#REF!","v":{"$error":"#REF!"}},{"$f":"'[51]CRO2_Pro-Mes'!HME3","v":0},{"$f":"'[51]CRO2_Pro-Mes'!#REF!","v":{"$error":"#REF!"}},{"$f":"'[51]CRO2_Pro-Mes'!HMG3","v":0},{"$f":"'[51]CRO2_Pro-Mes'!#REF!","v":{"$error":"#REF!"}},{"$f":"'[51]CRO2_Pro-Mes'!HMI3","v":0},{"$f":"'[51]CRO2_Pro-Mes'!#REF!","v":{"$error":"#REF!"}},{"$f":"'[51]CRO2_Pro-Mes'!HMK3","v":0},{"$f":"'[51]CRO2_Pro-Mes'!#REF!","v":{"$error":"#REF!"}},{"$f":"'[51]CRO2_Pro-Mes'!HMM3","v":0},{"$f":"'[51]CRO2_Pro-Mes'!#REF!","v":{"$error":"#REF!"}},{"$f":"'[51]CRO2_Pro-Mes'!HMO3","v":0},{"$f":"'[51]CRO2_Pro-Mes'!#REF!","v":{"$error":"#REF!"}},{"$f":"'[51]CRO2_Pro-Mes'!HMQ3","v":0},{"$f":"'[51]CRO2_Pro-Mes'!#REF!","v":{"$error":"#REF!"}},{"$f":"'[51]CRO2_Pro-Mes'!HMS3","v":0},{"$f":"'[51]CRO2_Pro-Mes'!#REF!","v":{"$error":"#REF!"}},{"$f":"'[51]CRO2_Pro-Mes'!HMU3","v":0},{"$f":"'[51]CRO2_Pro-Mes'!#REF!","v":{"$error":"#REF!"}},{"$f":"'[51]CRO2_Pro-Mes'!HMW3","v":0},{"$f":"'[51]CRO2_Pro-Mes'!#REF!","v":{"$error":"#REF!"}},{"$f":"'[51]CRO2_Pro-Mes'!HMY3","v":0},{"$f":"'[51]CRO2_Pro-Mes'!#REF!","v":{"$error":"#REF!"}},{"$f":"'[51]CRO2_Pro-Mes'!HNA3","v":0},{"$f":"'[51]CRO2_Pro-Mes'!#REF!","v":{"$error":"#REF!"}},{"$f":"'[51]CRO2_Pro-Mes'!HNC3","v":0},{"$f":"'[51]CRO2_Pro-Mes'!#REF!","v":{"$error":"#REF!"}},{"$f":"'[51]CRO2_Pro-Mes'!HNE3","v":0},{"$f":"'[51]CRO2_Pro-Mes'!#REF!","v":{"$error":"#REF!"}},{"$f":"'[51]CRO2_Pro-Mes'!HNG3","v":0},{"$f":"'[51]CRO2_Pro-Mes'!#REF!","v":{"$error":"#REF!"}},{"$f":"'[51]CRO2_Pro-Mes'!HNI3","v":0},{"$f":"'[51]CRO2_Pro-Mes'!#REF!","v":{"$error":"#REF!"}},{"$f":"'[51]CRO2_Pro-Mes'!HNK3","v":0},{"$f":"'[51]CRO2_Pro-Mes'!#REF!","v":{"$error":"#REF!"}},{"$f":"'[51]CRO2_Pro-Mes'!HNM3","v":0},{"$f":"'[51]CRO2_Pro-Mes'!#REF!","v":{"$error":"#REF!"}},{"$f":"'[51]CRO2_Pro-Mes'!HNO3","v":0},{"$f":"'[51]CRO2_Pro-Mes'!#REF!","v":{"$error":"#REF!"}},{"$f":"'[51]CRO2_Pro-Mes'!HNQ3","v":0},{"$f":"'[51]CRO2_Pro-Mes'!#REF!","v":{"$error":"#REF!"}},{"$f":"'[51]CRO2_Pro-Mes'!HNS3","v":0},{"$f":"'[51]CRO2_Pro-Mes'!#REF!","v":{"$error":"#REF!"}},{"$f":"'[51]CRO2_Pro-Mes'!HNU3","v":0},{"$f":"'[51]CRO2_Pro-Mes'!#REF!","v":{"$error":"#REF!"}},{"$f":"'[51]CRO2_Pro-Mes'!HNW3","v":0},{"$f":"'[51]CRO2_Pro-Mes'!#REF!","v":{"$error":"#REF!"}},{"$f":"'[51]CRO2_Pro-Mes'!HNY3","v":0},{"$f":"'[51]CRO2_Pro-Mes'!#REF!","v":{"$error":"#REF!"}},{"$f":"'[51]CRO2_Pro-Mes'!HOA3","v":0},{"$f":"'[51]CRO2_Pro-Mes'!#REF!","v":{"$error":"#REF!"}},{"$f":"'[51]CRO2_Pro-Mes'!HOC3","v":0},{"$f":"'[51]CRO2_Pro-Mes'!#REF!","v":{"$error":"#REF!"}},{"$f":"'[51]CRO2_Pro-Mes'!HOE3","v":0},{"$f":"'[51]CRO2_Pro-Mes'!#REF!","v":{"$error":"#REF!"}},{"$f":"'[51]CRO2_Pro-Mes'!HOG3","v":0},{"$f":"'[51]CRO2_Pro-Mes'!#REF!","v":{"$error":"#REF!"}},{"$f":"'[51]CRO2_Pro-Mes'!HOI3","v":0},{"$f":"'[51]CRO2_Pro-Mes'!#REF!","v":{"$error":"#REF!"}},{"$f":"'[51]CRO2_Pro-Mes'!HOK3","v":0},{"$f":"'[51]CRO2_Pro-Mes'!#REF!","v":{"$error":"#REF!"}},{"$f":"'[51]CRO2_Pro-Mes'!HOM3","v":0},{"$f":"'[51]CRO2_Pro-Mes'!#REF!","v":{"$error":"#REF!"}},{"$f":"'[51]CRO2_Pro-Mes'!HOO3","v":0},{"$f":"'[51]CRO2_Pro-Mes'!#REF!","v":{"$error":"#REF!"}},{"$f":"'[51]CRO2_Pro-Mes'!HOQ3","v":0},{"$f":"'[51]CRO2_Pro-Mes'!#REF!","v":{"$error":"#REF!"}},{"$f":"'[51]CRO2_Pro-Mes'!HOS3","v":0},{"$f":"'[51]CRO2_Pro-Mes'!#REF!","v":{"$error":"#REF!"}},{"$f":"'[51]CRO2_Pro-Mes'!HOU3","v":0},{"$f":"'[51]CRO2_Pro-Mes'!#REF!","v":{"$error":"#REF!"}},{"$f":"'[51]CRO2_Pro-Mes'!HOW3","v":0},{"$f":"'[51]CRO2_Pro-Mes'!#REF!","v":{"$error":"#REF!"}},{"$f":"'[51]CRO2_Pro-Mes'!HOY3","v":0},{"$f":"'[51]CRO2_Pro-Mes'!#REF!","v":{"$error":"#REF!"}},{"$f":"'[51]CRO2_Pro-Mes'!HPA3","v":0},{"$f":"'[51]CRO2_Pro-Mes'!#REF!","v":{"$error":"#REF!"}},{"$f":"'[51]CRO2_Pro-Mes'!HPC3","v":0},{"$f":"'[51]CRO2_Pro-Mes'!#REF!","v":{"$error":"#REF!"}},{"$f":"'[51]CRO2_Pro-Mes'!HPE3","v":0},{"$f":"'[51]CRO2_Pro-Mes'!#REF!","v":{"$error":"#REF!"}},{"$f":"'[51]CRO2_Pro-Mes'!HPG3","v":0},{"$f":"'[51]CRO2_Pro-Mes'!#REF!","v":{"$error":"#REF!"}},{"$f":"'[51]CRO2_Pro-Mes'!HPI3","v":0},{"$f":"'[51]CRO2_Pro-Mes'!#REF!","v":{"$error":"#REF!"}},{"$f":"'[51]CRO2_Pro-Mes'!HPK3","v":0},{"$f":"'[51]CRO2_Pro-Mes'!#REF!","v":{"$error":"#REF!"}},{"$f":"'[51]CRO2_Pro-Mes'!HPM3","v":0},{"$f":"'[51]CRO2_Pro-Mes'!#REF!","v":{"$error":"#REF!"}},{"$f":"'[51]CRO2_Pro-Mes'!HPO3","v":0},{"$f":"'[51]CRO2_Pro-Mes'!#REF!","v":{"$error":"#REF!"}},{"$f":"'[51]CRO2_Pro-Mes'!HPQ3","v":0},{"$f":"'[51]CRO2_Pro-Mes'!#REF!","v":{"$error":"#REF!"}},{"$f":"'[51]CRO2_Pro-Mes'!HPS3","v":0},{"$f":"'[51]CRO2_Pro-Mes'!#REF!","v":{"$error":"#REF!"}},{"$f":"'[51]CRO2_Pro-Mes'!HPU3","v":0},{"$f":"'[51]CRO2_Pro-Mes'!#REF!","v":{"$error":"#REF!"}},{"$f":"'[51]CRO2_Pro-Mes'!HPW3","v":0},{"$f":"'[51]CRO2_Pro-Mes'!#REF!","v":{"$error":"#REF!"}},{"$f":"'[51]CRO2_Pro-Mes'!HPY3","v":0},{"$f":"'[51]CRO2_Pro-Mes'!#REF!","v":{"$error":"#REF!"}},{"$f":"'[51]CRO2_Pro-Mes'!HQA3","v":0},{"$f":"'[51]CRO2_Pro-Mes'!#REF!","v":{"$error":"#REF!"}},{"$f":"'[51]CRO2_Pro-Mes'!HQC3","v":0},{"$f":"'[51]CRO2_Pro-Mes'!#REF!","v":{"$error":"#REF!"}},{"$f":"'[51]CRO2_Pro-Mes'!HQE3","v":0},{"$f":"'[51]CRO2_Pro-Mes'!#REF!","v":{"$error":"#REF!"}},{"$f":"'[51]CRO2_Pro-Mes'!HQG3","v":0},{"$f":"'[51]CRO2_Pro-Mes'!#REF!","v":{"$error":"#REF!"}},{"$f":"'[51]CRO2_Pro-Mes'!HQI3","v":0},{"$f":"'[51]CRO2_Pro-Mes'!#REF!","v":{"$error":"#REF!"}},{"$f":"'[51]CRO2_Pro-Mes'!HQK3","v":0},{"$f":"'[51]CRO2_Pro-Mes'!#REF!","v":{"$error":"#REF!"}},{"$f":"'[51]CRO2_Pro-Mes'!HQM3","v":0},{"$f":"'[51]CRO2_Pro-Mes'!#REF!","v":{"$error":"#REF!"}},{"$f":"'[51]CRO2_Pro-Mes'!HQO3","v":0},{"$f":"'[51]CRO2_Pro-Mes'!#REF!","v":{"$error":"#REF!"}},{"$f":"'[51]CRO2_Pro-Mes'!HQQ3","v":0},{"$f":"'[51]CRO2_Pro-Mes'!#REF!","v":{"$error":"#REF!"}},{"$f":"'[51]CRO2_Pro-Mes'!HQS3","v":0},{"$f":"'[51]CRO2_Pro-Mes'!#REF!","v":{"$error":"#REF!"}},{"$f":"'[51]CRO2_Pro-Mes'!HQU3","v":0},{"$f":"'[51]CRO2_Pro-Mes'!#REF!","v":{"$error":"#REF!"}},{"$f":"'[51]CRO2_Pro-Mes'!HQW3","v":0},{"$f":"'[51]CRO2_Pro-Mes'!#REF!","v":{"$error":"#REF!"}},{"$f":"'[51]CRO2_Pro-Mes'!HQY3","v":0},{"$f":"'[51]CRO2_Pro-Mes'!#REF!","v":{"$error":"#REF!"}},{"$f":"'[51]CRO2_Pro-Mes'!HRA3","v":0},{"$f":"'[51]CRO2_Pro-Mes'!#REF!","v":{"$error":"#REF!"}},{"$f":"'[51]CRO2_Pro-Mes'!HRC3","v":0},{"$f":"'[51]CRO2_Pro-Mes'!#REF!","v":{"$error":"#REF!"}},{"$f":"'[51]CRO2_Pro-Mes'!HRE3","v":0},{"$f":"'[51]CRO2_Pro-Mes'!#REF!","v":{"$error":"#REF!"}},{"$f":"'[51]CRO2_Pro-Mes'!HRG3","v":0},{"$f":"'[51]CRO2_Pro-Mes'!#REF!","v":{"$error":"#REF!"}},{"$f":"'[51]CRO2_Pro-Mes'!HRI3","v":0},{"$f":"'[51]CRO2_Pro-Mes'!#REF!","v":{"$error":"#REF!"}},{"$f":"'[51]CRO2_Pro-Mes'!HRK3","v":0},{"$f":"'[51]CRO2_Pro-Mes'!#REF!","v":{"$error":"#REF!"}},{"$f":"'[51]CRO2_Pro-Mes'!HRM3","v":0},{"$f":"'[51]CRO2_Pro-Mes'!#REF!","v":{"$error":"#REF!"}},{"$f":"'[51]CRO2_Pro-Mes'!HRO3","v":0},{"$f":"'[51]CRO2_Pro-Mes'!#REF!","v":{"$error":"#REF!"}},{"$f":"'[51]CRO2_Pro-Mes'!HRQ3","v":0},{"$f":"'[51]CRO2_Pro-Mes'!#REF!","v":{"$error":"#REF!"}},{"$f":"'[51]CRO2_Pro-Mes'!HRS3","v":0},{"$f":"'[51]CRO2_Pro-Mes'!#REF!","v":{"$error":"#REF!"}},{"$f":"'[51]CRO2_Pro-Mes'!HRU3","v":0},{"$f":"'[51]CRO2_Pro-Mes'!#REF!","v":{"$error":"#REF!"}},{"$f":"'[51]CRO2_Pro-Mes'!HRW3","v":0},{"$f":"'[51]CRO2_Pro-Mes'!#REF!","v":{"$error":"#REF!"}},{"$f":"'[51]CRO2_Pro-Mes'!HRY3","v":0},{"$f":"'[51]CRO2_Pro-Mes'!#REF!","v":{"$error":"#REF!"}},{"$f":"'[51]CRO2_Pro-Mes'!HSA3","v":0},{"$f":"'[51]CRO2_Pro-Mes'!#REF!","v":{"$error":"#REF!"}},{"$f":"'[51]CRO2_Pro-Mes'!HSC3","v":0},{"$f":"'[51]CRO2_Pro-Mes'!#REF!","v":{"$error":"#REF!"}},{"$f":"'[51]CRO2_Pro-Mes'!HSE3","v":0},{"$f":"'[51]CRO2_Pro-Mes'!#REF!","v":{"$error":"#REF!"}},{"$f":"'[51]CRO2_Pro-Mes'!HSG3","v":0},{"$f":"'[51]CRO2_Pro-Mes'!#REF!","v":{"$error":"#REF!"}},{"$f":"'[51]CRO2_Pro-Mes'!HSI3","v":0},{"$f":"'[51]CRO2_Pro-Mes'!#REF!","v":{"$error":"#REF!"}},{"$f":"'[51]CRO2_Pro-Mes'!HSK3","v":0},{"$f":"'[51]CRO2_Pro-Mes'!#REF!","v":{"$error":"#REF!"}},{"$f":"'[51]CRO2_Pro-Mes'!HSM3","v":0},{"$f":"'[51]CRO2_Pro-Mes'!#REF!","v":{"$error":"#REF!"}},{"$f":"'[51]CRO2_Pro-Mes'!HSO3","v":0},{"$f":"'[51]CRO2_Pro-Mes'!#REF!","v":{"$error":"#REF!"}},{"$f":"'[51]CRO2_Pro-Mes'!HSQ3","v":0},{"$f":"'[51]CRO2_Pro-Mes'!#REF!","v":{"$error":"#REF!"}},{"$f":"'[51]CRO2_Pro-Mes'!HSS3","v":0},{"$f":"'[51]CRO2_Pro-Mes'!#REF!","v":{"$error":"#REF!"}},{"$f":"'[51]CRO2_Pro-Mes'!HSU3","v":0},{"$f":"'[51]CRO2_Pro-Mes'!#REF!","v":{"$error":"#REF!"}},{"$f":"'[51]CRO2_Pro-Mes'!HSW3","v":0},{"$f":"'[51]CRO2_Pro-Mes'!#REF!","v":{"$error":"#REF!"}},{"$f":"'[51]CRO2_Pro-Mes'!HSY3","v":0},{"$f":"'[51]CRO2_Pro-Mes'!#REF!","v":{"$error":"#REF!"}},{"$f":"'[51]CRO2_Pro-Mes'!HTA3","v":0},{"$f":"'[51]CRO2_Pro-Mes'!#REF!","v":{"$error":"#REF!"}},{"$f":"'[51]CRO2_Pro-Mes'!HTC3","v":0},{"$f":"'[51]CRO2_Pro-Mes'!#REF!","v":{"$error":"#REF!"}},{"$f":"'[51]CRO2_Pro-Mes'!HTE3","v":0},{"$f":"'[51]CRO2_Pro-Mes'!#REF!","v":{"$error":"#REF!"}},{"$f":"'[51]CRO2_Pro-Mes'!HTG3","v":0},{"$f":"'[51]CRO2_Pro-Mes'!#REF!","v":{"$error":"#REF!"}},{"$f":"'[51]CRO2_Pro-Mes'!HTI3","v":0},{"$f":"'[51]CRO2_Pro-Mes'!#REF!","v":{"$error":"#REF!"}},{"$f":"'[51]CRO2_Pro-Mes'!HTK3","v":0},{"$f":"'[51]CRO2_Pro-Mes'!#REF!","v":{"$error":"#REF!"}},{"$f":"'[51]CRO2_Pro-Mes'!HTM3","v":0},{"$f":"'[51]CRO2_Pro-Mes'!#REF!","v":{"$error":"#REF!"}},{"$f":"'[51]CRO2_Pro-Mes'!HTO3","v":0},{"$f":"'[51]CRO2_Pro-Mes'!#REF!","v":{"$error":"#REF!"}},{"$f":"'[51]CRO2_Pro-Mes'!HTQ3","v":0},{"$f":"'[51]CRO2_Pro-Mes'!#REF!","v":{"$error":"#REF!"}},{"$f":"'[51]CRO2_Pro-Mes'!HTS3","v":0},{"$f":"'[51]CRO2_Pro-Mes'!#REF!","v":{"$error":"#REF!"}},{"$f":"'[51]CRO2_Pro-Mes'!HTU3","v":0},{"$f":"'[51]CRO2_Pro-Mes'!#REF!","v":{"$error":"#REF!"}},{"$f":"'[51]CRO2_Pro-Mes'!HTW3","v":0},{"$f":"'[51]CRO2_Pro-Mes'!#REF!","v":{"$error":"#REF!"}},{"$f":"'[51]CRO2_Pro-Mes'!HTY3","v":0},{"$f":"'[51]CRO2_Pro-Mes'!#REF!","v":{"$error":"#REF!"}},{"$f":"'[51]CRO2_Pro-Mes'!HUA3","v":0},{"$f":"'[51]CRO2_Pro-Mes'!#REF!","v":{"$error":"#REF!"}},{"$f":"'[51]CRO2_Pro-Mes'!HUC3","v":0},{"$f":"'[51]CRO2_Pro-Mes'!#REF!","v":{"$error":"#REF!"}},{"$f":"'[51]CRO2_Pro-Mes'!HUE3","v":0},{"$f":"'[51]CRO2_Pro-Mes'!#REF!","v":{"$error":"#REF!"}},{"$f":"'[51]CRO2_Pro-Mes'!HUG3","v":0},{"$f":"'[51]CRO2_Pro-Mes'!#REF!","v":{"$error":"#REF!"}},{"$f":"'[51]CRO2_Pro-Mes'!HUI3","v":0},{"$f":"'[51]CRO2_Pro-Mes'!#REF!","v":{"$error":"#REF!"}},{"$f":"'[51]CRO2_Pro-Mes'!HUK3","v":0},{"$f":"'[51]CRO2_Pro-Mes'!#REF!","v":{"$error":"#REF!"}},{"$f":"'[51]CRO2_Pro-Mes'!HUM3","v":0},{"$f":"'[51]CRO2_Pro-Mes'!#REF!","v":{"$error":"#REF!"}},{"$f":"'[51]CRO2_Pro-Mes'!HUO3","v":0},{"$f":"'[51]CRO2_Pro-Mes'!#REF!","v":{"$error":"#REF!"}},{"$f":"'[51]CRO2_Pro-Mes'!HUQ3","v":0},{"$f":"'[51]CRO2_Pro-Mes'!#REF!","v":{"$error":"#REF!"}},{"$f":"'[51]CRO2_Pro-Mes'!HUS3","v":0},{"$f":"'[51]CRO2_Pro-Mes'!#REF!","v":{"$error":"#REF!"}},{"$f":"'[51]CRO2_Pro-Mes'!HUU3","v":0},{"$f":"'[51]CRO2_Pro-Mes'!#REF!","v":{"$error":"#REF!"}},{"$f":"'[51]CRO2_Pro-Mes'!HUW3","v":0},{"$f":"'[51]CRO2_Pro-Mes'!#REF!","v":{"$error":"#REF!"}},{"$f":"'[51]CRO2_Pro-Mes'!HUY3","v":0},{"$f":"'[51]CRO2_Pro-Mes'!#REF!","v":{"$error":"#REF!"}},{"$f":"'[51]CRO2_Pro-Mes'!HVA3","v":0},{"$f":"'[51]CRO2_Pro-Mes'!#REF!","v":{"$error":"#REF!"}},{"$f":"'[51]CRO2_Pro-Mes'!HVC3","v":0},{"$f":"'[51]CRO2_Pro-Mes'!#REF!","v":{"$error":"#REF!"}},{"$f":"'[51]CRO2_Pro-Mes'!HVE3","v":0},{"$f":"'[51]CRO2_Pro-Mes'!#REF!","v":{"$error":"#REF!"}},{"$f":"'[51]CRO2_Pro-Mes'!HVG3","v":0},{"$f":"'[51]CRO2_Pro-Mes'!#REF!","v":{"$error":"#REF!"}},{"$f":"'[51]CRO2_Pro-Mes'!HVI3","v":0},{"$f":"'[51]CRO2_Pro-Mes'!#REF!","v":{"$error":"#REF!"}},{"$f":"'[51]CRO2_Pro-Mes'!HVK3","v":0},{"$f":"'[51]CRO2_Pro-Mes'!#REF!","v":{"$error":"#REF!"}},{"$f":"'[51]CRO2_Pro-Mes'!HVM3","v":0},{"$f":"'[51]CRO2_Pro-Mes'!#REF!","v":{"$error":"#REF!"}},{"$f":"'[51]CRO2_Pro-Mes'!HVO3","v":0},{"$f":"'[51]CRO2_Pro-Mes'!#REF!","v":{"$error":"#REF!"}},{"$f":"'[51]CRO2_Pro-Mes'!HVQ3","v":0},{"$f":"'[51]CRO2_Pro-Mes'!#REF!","v":{"$error":"#REF!"}},{"$f":"'[51]CRO2_Pro-Mes'!HVS3","v":0},{"$f":"'[51]CRO2_Pro-Mes'!#REF!","v":{"$error":"#REF!"}},{"$f":"'[51]CRO2_Pro-Mes'!HVU3","v":0},{"$f":"'[51]CRO2_Pro-Mes'!#REF!","v":{"$error":"#REF!"}},{"$f":"'[51]CRO2_Pro-Mes'!HVW3","v":0},{"$f":"'[51]CRO2_Pro-Mes'!#REF!","v":{"$error":"#REF!"}},{"$f":"'[51]CRO2_Pro-Mes'!HVY3","v":0},{"$f":"'[51]CRO2_Pro-Mes'!#REF!","v":{"$error":"#REF!"}},{"$f":"'[51]CRO2_Pro-Mes'!HWA3","v":0},{"$f":"'[51]CRO2_Pro-Mes'!#REF!","v":{"$error":"#REF!"}},{"$f":"'[51]CRO2_Pro-Mes'!HWC3","v":0},{"$f":"'[51]CRO2_Pro-Mes'!#REF!","v":{"$error":"#REF!"}},{"$f":"'[51]CRO2_Pro-Mes'!HWE3","v":0},{"$f":"'[51]CRO2_Pro-Mes'!#REF!","v":{"$error":"#REF!"}},{"$f":"'[51]CRO2_Pro-Mes'!HWG3","v":0},{"$f":"'[51]CRO2_Pro-Mes'!#REF!","v":{"$error":"#REF!"}},{"$f":"'[51]CRO2_Pro-Mes'!HWI3","v":0},{"$f":"'[51]CRO2_Pro-Mes'!#REF!","v":{"$error":"#REF!"}},{"$f":"'[51]CRO2_Pro-Mes'!HWK3","v":0},{"$f":"'[51]CRO2_Pro-Mes'!#REF!","v":{"$error":"#REF!"}},{"$f":"'[51]CRO2_Pro-Mes'!HWM3","v":0},{"$f":"'[51]CRO2_Pro-Mes'!#REF!","v":{"$error":"#REF!"}},{"$f":"'[51]CRO2_Pro-Mes'!HWO3","v":0},{"$f":"'[51]CRO2_Pro-Mes'!#REF!","v":{"$error":"#REF!"}},{"$f":"'[51]CRO2_Pro-Mes'!HWQ3","v":0},{"$f":"'[51]CRO2_Pro-Mes'!#REF!","v":{"$error":"#REF!"}},{"$f":"'[51]CRO2_Pro-Mes'!HWS3","v":0},{"$f":"'[51]CRO2_Pro-Mes'!#REF!","v":{"$error":"#REF!"}},{"$f":"'[51]CRO2_Pro-Mes'!HWU3","v":0},{"$f":"'[51]CRO2_Pro-Mes'!#REF!","v":{"$error":"#REF!"}},{"$f":"'[51]CRO2_Pro-Mes'!HWW3","v":0},{"$f":"'[51]CRO2_Pro-Mes'!#REF!","v":{"$error":"#REF!"}},{"$f":"'[51]CRO2_Pro-Mes'!HWY3","v":0},{"$f":"'[51]CRO2_Pro-Mes'!#REF!","v":{"$error":"#REF!"}},{"$f":"'[51]CRO2_Pro-Mes'!HXA3","v":0},{"$f":"'[51]CRO2_Pro-Mes'!#REF!","v":{"$error":"#REF!"}},{"$f":"'[51]CRO2_Pro-Mes'!HXC3","v":0},{"$f":"'[51]CRO2_Pro-Mes'!#REF!","v":{"$error":"#REF!"}},{"$f":"'[51]CRO2_Pro-Mes'!HXE3","v":0},{"$f":"'[51]CRO2_Pro-Mes'!#REF!","v":{"$error":"#REF!"}},{"$f":"'[51]CRO2_Pro-Mes'!HXG3","v":0},{"$f":"'[51]CRO2_Pro-Mes'!#REF!","v":{"$error":"#REF!"}},{"$f":"'[51]CRO2_Pro-Mes'!HXI3","v":0},{"$f":"'[51]CRO2_Pro-Mes'!#REF!","v":{"$error":"#REF!"}},{"$f":"'[51]CRO2_Pro-Mes'!HXK3","v":0},{"$f":"'[51]CRO2_Pro-Mes'!#REF!","v":{"$error":"#REF!"}},{"$f":"'[51]CRO2_Pro-Mes'!HXM3","v":0},{"$f":"'[51]CRO2_Pro-Mes'!#REF!","v":{"$error":"#REF!"}},{"$f":"'[51]CRO2_Pro-Mes'!HXO3","v":0},{"$f":"'[51]CRO2_Pro-Mes'!#REF!","v":{"$error":"#REF!"}},{"$f":"'[51]CRO2_Pro-Mes'!HXQ3","v":0},{"$f":"'[51]CRO2_Pro-Mes'!#REF!","v":{"$error":"#REF!"}},{"$f":"'[51]CRO2_Pro-Mes'!HXS3","v":0},{"$f":"'[51]CRO2_Pro-Mes'!#REF!","v":{"$error":"#REF!"}},{"$f":"'[51]CRO2_Pro-Mes'!HXU3","v":0},{"$f":"'[51]CRO2_Pro-Mes'!#REF!","v":{"$error":"#REF!"}},{"$f":"'[51]CRO2_Pro-Mes'!HXW3","v":0},{"$f":"'[51]CRO2_Pro-Mes'!#REF!","v":{"$error":"#REF!"}},{"$f":"'[51]CRO2_Pro-Mes'!HXY3","v":0},{"$f":"'[51]CRO2_Pro-Mes'!#REF!","v":{"$error":"#REF!"}},{"$f":"'[51]CRO2_Pro-Mes'!HYA3","v":0},{"$f":"'[51]CRO2_Pro-Mes'!#REF!","v":{"$error":"#REF!"}},{"$f":"'[51]CRO2_Pro-Mes'!HYC3","v":0},{"$f":"'[51]CRO2_Pro-Mes'!#REF!","v":{"$error":"#REF!"}},{"$f":"'[51]CRO2_Pro-Mes'!HYE3","v":0},{"$f":"'[51]CRO2_Pro-Mes'!#REF!","v":{"$error":"#REF!"}},{"$f":"'[51]CRO2_Pro-Mes'!HYG3","v":0},{"$f":"'[51]CRO2_Pro-Mes'!#REF!","v":{"$error":"#REF!"}},{"$f":"'[51]CRO2_Pro-Mes'!HYI3","v":0},{"$f":"'[51]CRO2_Pro-Mes'!#REF!","v":{"$error":"#REF!"}},{"$f":"'[51]CRO2_Pro-Mes'!HYK3","v":0},{"$f":"'[51]CRO2_Pro-Mes'!#REF!","v":{"$error":"#REF!"}},{"$f":"'[51]CRO2_Pro-Mes'!HYM3","v":0},{"$f":"'[51]CRO2_Pro-Mes'!#REF!","v":{"$error":"#REF!"}},{"$f":"'[51]CRO2_Pro-Mes'!HYO3","v":0},{"$f":"'[51]CRO2_Pro-Mes'!#REF!","v":{"$error":"#REF!"}},{"$f":"'[51]CRO2_Pro-Mes'!HYQ3","v":0},{"$f":"'[51]CRO2_Pro-Mes'!#REF!","v":{"$error":"#REF!"}},{"$f":"'[51]CRO2_Pro-Mes'!HYS3","v":0},{"$f":"'[51]CRO2_Pro-Mes'!#REF!","v":{"$error":"#REF!"}},{"$f":"'[51]CRO2_Pro-Mes'!HYU3","v":0},{"$f":"'[51]CRO2_Pro-Mes'!#REF!","v":{"$error":"#REF!"}},{"$f":"'[51]CRO2_Pro-Mes'!HYW3","v":0},{"$f":"'[51]CRO2_Pro-Mes'!#REF!","v":{"$error":"#REF!"}},{"$f":"'[51]CRO2_Pro-Mes'!HYY3","v":0},{"$f":"'[51]CRO2_Pro-Mes'!#REF!","v":{"$error":"#REF!"}},{"$f":"'[51]CRO2_Pro-Mes'!HZA3","v":0},{"$f":"'[51]CRO2_Pro-Mes'!#REF!","v":{"$error":"#REF!"}},{"$f":"'[51]CRO2_Pro-Mes'!HZC3","v":0},{"$f":"'[51]CRO2_Pro-Mes'!#REF!","v":{"$error":"#REF!"}},{"$f":"'[51]CRO2_Pro-Mes'!HZE3","v":0},{"$f":"'[51]CRO2_Pro-Mes'!#REF!","v":{"$error":"#REF!"}},{"$f":"'[51]CRO2_Pro-Mes'!HZG3","v":0},{"$f":"'[51]CRO2_Pro-Mes'!#REF!","v":{"$error":"#REF!"}},{"$f":"'[51]CRO2_Pro-Mes'!HZI3","v":0},{"$f":"'[51]CRO2_Pro-Mes'!#REF!","v":{"$error":"#REF!"}},{"$f":"'[51]CRO2_Pro-Mes'!HZK3","v":0},{"$f":"'[51]CRO2_Pro-Mes'!#REF!","v":{"$error":"#REF!"}},{"$f":"'[51]CRO2_Pro-Mes'!HZM3","v":0},{"$f":"'[51]CRO2_Pro-Mes'!#REF!","v":{"$error":"#REF!"}},{"$f":"'[51]CRO2_Pro-Mes'!HZO3","v":0},{"$f":"'[51]CRO2_Pro-Mes'!#REF!","v":{"$error":"#REF!"}},{"$f":"'[51]CRO2_Pro-Mes'!HZQ3","v":0},{"$f":"'[51]CRO2_Pro-Mes'!#REF!","v":{"$error":"#REF!"}},{"$f":"'[51]CRO2_Pro-Mes'!HZS3","v":0},{"$f":"'[51]CRO2_Pro-Mes'!#REF!","v":{"$error":"#REF!"}},{"$f":"'[51]CRO2_Pro-Mes'!HZU3","v":0},{"$f":"'[51]CRO2_Pro-Mes'!#REF!","v":{"$error":"#REF!"}},{"$f":"'[51]CRO2_Pro-Mes'!HZW3","v":0},{"$f":"'[51]CRO2_Pro-Mes'!#REF!","v":{"$error":"#REF!"}},{"$f":"'[51]CRO2_Pro-Mes'!HZY3","v":0},{"$f":"'[51]CRO2_Pro-Mes'!#REF!","v":{"$error":"#REF!"}},{"$f":"'[51]CRO2_Pro-Mes'!IAA3","v":0},{"$f":"'[51]CRO2_Pro-Mes'!#REF!","v":{"$error":"#REF!"}},{"$f":"'[51]CRO2_Pro-Mes'!IAC3","v":0},{"$f":"'[51]CRO2_Pro-Mes'!#REF!","v":{"$error":"#REF!"}},{"$f":"'[51]CRO2_Pro-Mes'!IAE3","v":0},{"$f":"'[51]CRO2_Pro-Mes'!#REF!","v":{"$error":"#REF!"}},{"$f":"'[51]CRO2_Pro-Mes'!IAG3","v":0},{"$f":"'[51]CRO2_Pro-Mes'!#REF!","v":{"$error":"#REF!"}},{"$f":"'[51]CRO2_Pro-Mes'!IAI3","v":0},{"$f":"'[51]CRO2_Pro-Mes'!#REF!","v":{"$error":"#REF!"}},{"$f":"'[51]CRO2_Pro-Mes'!IAK3","v":0},{"$f":"'[51]CRO2_Pro-Mes'!#REF!","v":{"$error":"#REF!"}},{"$f":"'[51]CRO2_Pro-Mes'!IAM3","v":0},{"$f":"'[51]CRO2_Pro-Mes'!#REF!","v":{"$error":"#REF!"}},{"$f":"'[51]CRO2_Pro-Mes'!IAO3","v":0},{"$f":"'[51]CRO2_Pro-Mes'!#REF!","v":{"$error":"#REF!"}},{"$f":"'[51]CRO2_Pro-Mes'!IAQ3","v":0},{"$f":"'[51]CRO2_Pro-Mes'!#REF!","v":{"$error":"#REF!"}},{"$f":"'[51]CRO2_Pro-Mes'!IAS3","v":0},{"$f":"'[51]CRO2_Pro-Mes'!#REF!","v":{"$error":"#REF!"}},{"$f":"'[51]CRO2_Pro-Mes'!IAU3","v":0},{"$f":"'[51]CRO2_Pro-Mes'!#REF!","v":{"$error":"#REF!"}},{"$f":"'[51]CRO2_Pro-Mes'!IAW3","v":0},{"$f":"'[51]CRO2_Pro-Mes'!#REF!","v":{"$error":"#REF!"}},{"$f":"'[51]CRO2_Pro-Mes'!IAY3","v":0},{"$f":"'[51]CRO2_Pro-Mes'!#REF!","v":{"$error":"#REF!"}},{"$f":"'[51]CRO2_Pro-Mes'!IBA3","v":0},{"$f":"'[51]CRO2_Pro-Mes'!#REF!","v":{"$error":"#REF!"}},{"$f":"'[51]CRO2_Pro-Mes'!IBC3","v":0},{"$f":"'[51]CRO2_Pro-Mes'!#REF!","v":{"$error":"#REF!"}},{"$f":"'[51]CRO2_Pro-Mes'!IBE3","v":0},{"$f":"'[51]CRO2_Pro-Mes'!#REF!","v":{"$error":"#REF!"}},{"$f":"'[51]CRO2_Pro-Mes'!IBG3","v":0},{"$f":"'[51]CRO2_Pro-Mes'!#REF!","v":{"$error":"#REF!"}},{"$f":"'[51]CRO2_Pro-Mes'!IBI3","v":0},{"$f":"'[51]CRO2_Pro-Mes'!#REF!","v":{"$error":"#REF!"}},{"$f":"'[51]CRO2_Pro-Mes'!IBK3","v":0},{"$f":"'[51]CRO2_Pro-Mes'!#REF!","v":{"$error":"#REF!"}},{"$f":"'[51]CRO2_Pro-Mes'!IBM3","v":0},{"$f":"'[51]CRO2_Pro-Mes'!#REF!","v":{"$error":"#REF!"}},{"$f":"'[51]CRO2_Pro-Mes'!IBO3","v":0},{"$f":"'[51]CRO2_Pro-Mes'!#REF!","v":{"$error":"#REF!"}},{"$f":"'[51]CRO2_Pro-Mes'!IBQ3","v":0},{"$f":"'[51]CRO2_Pro-Mes'!#REF!","v":{"$error":"#REF!"}},{"$f":"'[51]CRO2_Pro-Mes'!IBS3","v":0},{"$f":"'[51]CRO2_Pro-Mes'!#REF!","v":{"$error":"#REF!"}},{"$f":"'[51]CRO2_Pro-Mes'!IBU3","v":0},{"$f":"'[51]CRO2_Pro-Mes'!#REF!","v":{"$error":"#REF!"}},{"$f":"'[51]CRO2_Pro-Mes'!IBW3","v":0},{"$f":"'[51]CRO2_Pro-Mes'!#REF!","v":{"$error":"#REF!"}},{"$f":"'[51]CRO2_Pro-Mes'!IBY3","v":0},{"$f":"'[51]CRO2_Pro-Mes'!#REF!","v":{"$error":"#REF!"}},{"$f":"'[51]CRO2_Pro-Mes'!ICA3","v":0},{"$f":"'[51]CRO2_Pro-Mes'!#REF!","v":{"$error":"#REF!"}},{"$f":"'[51]CRO2_Pro-Mes'!ICC3","v":0},{"$f":"'[51]CRO2_Pro-Mes'!#REF!","v":{"$error":"#REF!"}},{"$f":"'[51]CRO2_Pro-Mes'!ICE3","v":0},{"$f":"'[51]CRO2_Pro-Mes'!#REF!","v":{"$error":"#REF!"}},{"$f":"'[51]CRO2_Pro-Mes'!ICG3","v":0},{"$f":"'[51]CRO2_Pro-Mes'!#REF!","v":{"$error":"#REF!"}},{"$f":"'[51]CRO2_Pro-Mes'!ICI3","v":0},{"$f":"'[51]CRO2_Pro-Mes'!#REF!","v":{"$error":"#REF!"}},{"$f":"'[51]CRO2_Pro-Mes'!ICK3","v":0},{"$f":"'[51]CRO2_Pro-Mes'!#REF!","v":{"$error":"#REF!"}},{"$f":"'[51]CRO2_Pro-Mes'!ICM3","v":0},{"$f":"'[51]CRO2_Pro-Mes'!#REF!","v":{"$error":"#REF!"}},{"$f":"'[51]CRO2_Pro-Mes'!ICO3","v":0},{"$f":"'[51]CRO2_Pro-Mes'!#REF!","v":{"$error":"#REF!"}},{"$f":"'[51]CRO2_Pro-Mes'!ICQ3","v":0},{"$f":"'[51]CRO2_Pro-Mes'!#REF!","v":{"$error":"#REF!"}},{"$f":"'[51]CRO2_Pro-Mes'!ICS3","v":0},{"$f":"'[51]CRO2_Pro-Mes'!#REF!","v":{"$error":"#REF!"}},{"$f":"'[51]CRO2_Pro-Mes'!ICU3","v":0},{"$f":"'[51]CRO2_Pro-Mes'!#REF!","v":{"$error":"#REF!"}},{"$f":"'[51]CRO2_Pro-Mes'!ICW3","v":0},{"$f":"'[51]CRO2_Pro-Mes'!#REF!","v":{"$error":"#REF!"}},{"$f":"'[51]CRO2_Pro-Mes'!ICY3","v":0},{"$f":"'[51]CRO2_Pro-Mes'!#REF!","v":{"$error":"#REF!"}},{"$f":"'[51]CRO2_Pro-Mes'!IDA3","v":0},{"$f":"'[51]CRO2_Pro-Mes'!#REF!","v":{"$error":"#REF!"}},{"$f":"'[51]CRO2_Pro-Mes'!IDC3","v":0},{"$f":"'[51]CRO2_Pro-Mes'!#REF!","v":{"$error":"#REF!"}},{"$f":"'[51]CRO2_Pro-Mes'!IDE3","v":0},{"$f":"'[51]CRO2_Pro-Mes'!#REF!","v":{"$error":"#REF!"}},{"$f":"'[51]CRO2_Pro-Mes'!IDG3","v":0},{"$f":"'[51]CRO2_Pro-Mes'!#REF!","v":{"$error":"#REF!"}},{"$f":"'[51]CRO2_Pro-Mes'!IDI3","v":0},{"$f":"'[51]CRO2_Pro-Mes'!#REF!","v":{"$error":"#REF!"}},{"$f":"'[51]CRO2_Pro-Mes'!IDK3","v":0},{"$f":"'[51]CRO2_Pro-Mes'!#REF!","v":{"$error":"#REF!"}},{"$f":"'[51]CRO2_Pro-Mes'!IDM3","v":0},{"$f":"'[51]CRO2_Pro-Mes'!#REF!","v":{"$error":"#REF!"}},{"$f":"'[51]CRO2_Pro-Mes'!IDO3","v":0},{"$f":"'[51]CRO2_Pro-Mes'!#REF!","v":{"$error":"#REF!"}},{"$f":"'[51]CRO2_Pro-Mes'!IDQ3","v":0},{"$f":"'[51]CRO2_Pro-Mes'!#REF!","v":{"$error":"#REF!"}},{"$f":"'[51]CRO2_Pro-Mes'!IDS3","v":0},{"$f":"'[51]CRO2_Pro-Mes'!#REF!","v":{"$error":"#REF!"}},{"$f":"'[51]CRO2_Pro-Mes'!IDU3","v":0},{"$f":"'[51]CRO2_Pro-Mes'!#REF!","v":{"$error":"#REF!"}},{"$f":"'[51]CRO2_Pro-Mes'!IDW3","v":0},{"$f":"'[51]CRO2_Pro-Mes'!#REF!","v":{"$error":"#REF!"}},{"$f":"'[51]CRO2_Pro-Mes'!IDY3","v":0},{"$f":"'[51]CRO2_Pro-Mes'!#REF!","v":{"$error":"#REF!"}},{"$f":"'[51]CRO2_Pro-Mes'!IEA3","v":0},{"$f":"'[51]CRO2_Pro-Mes'!#REF!","v":{"$error":"#REF!"}},{"$f":"'[51]CRO2_Pro-Mes'!IEC3","v":0},{"$f":"'[51]CRO2_Pro-Mes'!#REF!","v":{"$error":"#REF!"}},{"$f":"'[51]CRO2_Pro-Mes'!IEE3","v":0},{"$f":"'[51]CRO2_Pro-Mes'!#REF!","v":{"$error":"#REF!"}},{"$f":"'[51]CRO2_Pro-Mes'!IEG3","v":0},{"$f":"'[51]CRO2_Pro-Mes'!#REF!","v":{"$error":"#REF!"}},{"$f":"'[51]CRO2_Pro-Mes'!IEI3","v":0},{"$f":"'[51]CRO2_Pro-Mes'!#REF!","v":{"$error":"#REF!"}},{"$f":"'[51]CRO2_Pro-Mes'!IEK3","v":0},{"$f":"'[51]CRO2_Pro-Mes'!#REF!","v":{"$error":"#REF!"}},{"$f":"'[51]CRO2_Pro-Mes'!IEM3","v":0},{"$f":"'[51]CRO2_Pro-Mes'!#REF!","v":{"$error":"#REF!"}},{"$f":"'[51]CRO2_Pro-Mes'!IEO3","v":0},{"$f":"'[51]CRO2_Pro-Mes'!#REF!","v":{"$error":"#REF!"}},{"$f":"'[51]CRO2_Pro-Mes'!IEQ3","v":0},{"$f":"'[51]CRO2_Pro-Mes'!#REF!","v":{"$error":"#REF!"}},{"$f":"'[51]CRO2_Pro-Mes'!IES3","v":0},{"$f":"'[51]CRO2_Pro-Mes'!#REF!","v":{"$error":"#REF!"}},{"$f":"'[51]CRO2_Pro-Mes'!IEU3","v":0},{"$f":"'[51]CRO2_Pro-Mes'!#REF!","v":{"$error":"#REF!"}},{"$f":"'[51]CRO2_Pro-Mes'!IEW3","v":0},{"$f":"'[51]CRO2_Pro-Mes'!#REF!","v":{"$error":"#REF!"}},{"$f":"'[51]CRO2_Pro-Mes'!IEY3","v":0},{"$f":"'[51]CRO2_Pro-Mes'!#REF!","v":{"$error":"#REF!"}},{"$f":"'[51]CRO2_Pro-Mes'!IFA3","v":0},{"$f":"'[51]CRO2_Pro-Mes'!#REF!","v":{"$error":"#REF!"}},{"$f":"'[51]CRO2_Pro-Mes'!IFC3","v":0},{"$f":"'[51]CRO2_Pro-Mes'!#REF!","v":{"$error":"#REF!"}},{"$f":"'[51]CRO2_Pro-Mes'!IFE3","v":0},{"$f":"'[51]CRO2_Pro-Mes'!#REF!","v":{"$error":"#REF!"}},{"$f":"'[51]CRO2_Pro-Mes'!IFG3","v":0},{"$f":"'[51]CRO2_Pro-Mes'!#REF!","v":{"$error":"#REF!"}},{"$f":"'[51]CRO2_Pro-Mes'!IFI3","v":0},{"$f":"'[51]CRO2_Pro-Mes'!#REF!","v":{"$error":"#REF!"}},{"$f":"'[51]CRO2_Pro-Mes'!IFK3","v":0},{"$f":"'[51]CRO2_Pro-Mes'!#REF!","v":{"$error":"#REF!"}},{"$f":"'[51]CRO2_Pro-Mes'!IFM3","v":0},{"$f":"'[51]CRO2_Pro-Mes'!#REF!","v":{"$error":"#REF!"}},{"$f":"'[51]CRO2_Pro-Mes'!IFO3","v":0},{"$f":"'[51]CRO2_Pro-Mes'!#REF!","v":{"$error":"#REF!"}},{"$f":"'[51]CRO2_Pro-Mes'!IFQ3","v":0},{"$f":"'[51]CRO2_Pro-Mes'!#REF!","v":{"$error":"#REF!"}},{"$f":"'[51]CRO2_Pro-Mes'!IFS3","v":0},{"$f":"'[51]CRO2_Pro-Mes'!#REF!","v":{"$error":"#REF!"}},{"$f":"'[51]CRO2_Pro-Mes'!IFU3","v":0},{"$f":"'[51]CRO2_Pro-Mes'!#REF!","v":{"$error":"#REF!"}},{"$f":"'[51]CRO2_Pro-Mes'!IFW3","v":0},{"$f":"'[51]CRO2_Pro-Mes'!#REF!","v":{"$error":"#REF!"}},{"$f":"'[51]CRO2_Pro-Mes'!IFY3","v":0},{"$f":"'[51]CRO2_Pro-Mes'!#REF!","v":{"$error":"#REF!"}},{"$f":"'[51]CRO2_Pro-Mes'!IGA3","v":0},{"$f":"'[51]CRO2_Pro-Mes'!#REF!","v":{"$error":"#REF!"}},{"$f":"'[51]CRO2_Pro-Mes'!IGC3","v":0},{"$f":"'[51]CRO2_Pro-Mes'!#REF!","v":{"$error":"#REF!"}},{"$f":"'[51]CRO2_Pro-Mes'!IGE3","v":0},{"$f":"'[51]CRO2_Pro-Mes'!#REF!","v":{"$error":"#REF!"}},{"$f":"'[51]CRO2_Pro-Mes'!IGG3","v":0},{"$f":"'[51]CRO2_Pro-Mes'!#REF!","v":{"$error":"#REF!"}},{"$f":"'[51]CRO2_Pro-Mes'!IGI3","v":0},{"$f":"'[51]CRO2_Pro-Mes'!#REF!","v":{"$error":"#REF!"}},{"$f":"'[51]CRO2_Pro-Mes'!IGK3","v":0},{"$f":"'[51]CRO2_Pro-Mes'!#REF!","v":{"$error":"#REF!"}},{"$f":"'[51]CRO2_Pro-Mes'!IGM3","v":0},{"$f":"'[51]CRO2_Pro-Mes'!#REF!","v":{"$error":"#REF!"}},{"$f":"'[51]CRO2_Pro-Mes'!IGO3","v":0},{"$f":"'[51]CRO2_Pro-Mes'!#REF!","v":{"$error":"#REF!"}},{"$f":"'[51]CRO2_Pro-Mes'!IGQ3","v":0},{"$f":"'[51]CRO2_Pro-Mes'!#REF!","v":{"$error":"#REF!"}},{"$f":"'[51]CRO2_Pro-Mes'!IGS3","v":0},{"$f":"'[51]CRO2_Pro-Mes'!#REF!","v":{"$error":"#REF!"}},{"$f":"'[51]CRO2_Pro-Mes'!IGU3","v":0},{"$f":"'[51]CRO2_Pro-Mes'!#REF!","v":{"$error":"#REF!"}},{"$f":"'[51]CRO2_Pro-Mes'!IGW3","v":0},{"$f":"'[51]CRO2_Pro-Mes'!#REF!","v":{"$error":"#REF!"}},{"$f":"'[51]CRO2_Pro-Mes'!IGY3","v":0},{"$f":"'[51]CRO2_Pro-Mes'!#REF!","v":{"$error":"#REF!"}},{"$f":"'[51]CRO2_Pro-Mes'!IHA3","v":0},{"$f":"'[51]CRO2_Pro-Mes'!#REF!","v":{"$error":"#REF!"}},{"$f":"'[51]CRO2_Pro-Mes'!IHC3","v":0},{"$f":"'[51]CRO2_Pro-Mes'!#REF!","v":{"$error":"#REF!"}},{"$f":"'[51]CRO2_Pro-Mes'!IHE3","v":0},{"$f":"'[51]CRO2_Pro-Mes'!#REF!","v":{"$error":"#REF!"}},{"$f":"'[51]CRO2_Pro-Mes'!IHG3","v":0},{"$f":"'[51]CRO2_Pro-Mes'!#REF!","v":{"$error":"#REF!"}},{"$f":"'[51]CRO2_Pro-Mes'!IHI3","v":0},{"$f":"'[51]CRO2_Pro-Mes'!#REF!","v":{"$error":"#REF!"}},{"$f":"'[51]CRO2_Pro-Mes'!IHK3","v":0},{"$f":"'[51]CRO2_Pro-Mes'!#REF!","v":{"$error":"#REF!"}},{"$f":"'[51]CRO2_Pro-Mes'!IHM3","v":0},{"$f":"'[51]CRO2_Pro-Mes'!#REF!","v":{"$error":"#REF!"}},{"$f":"'[51]CRO2_Pro-Mes'!IHO3","v":0},{"$f":"'[51]CRO2_Pro-Mes'!#REF!","v":{"$error":"#REF!"}},{"$f":"'[51]CRO2_Pro-Mes'!IHQ3","v":0},{"$f":"'[51]CRO2_Pro-Mes'!#REF!","v":{"$error":"#REF!"}},{"$f":"'[51]CRO2_Pro-Mes'!IHS3","v":0},{"$f":"'[51]CRO2_Pro-Mes'!#REF!","v":{"$error":"#REF!"}},{"$f":"'[51]CRO2_Pro-Mes'!IHU3","v":0},{"$f":"'[51]CRO2_Pro-Mes'!#REF!","v":{"$error":"#REF!"}},{"$f":"'[51]CRO2_Pro-Mes'!IHW3","v":0},{"$f":"'[51]CRO2_Pro-Mes'!#REF!","v":{"$error":"#REF!"}},{"$f":"'[51]CRO2_Pro-Mes'!IHY3","v":0},{"$f":"'[51]CRO2_Pro-Mes'!#REF!","v":{"$error":"#REF!"}},{"$f":"'[51]CRO2_Pro-Mes'!IIA3","v":0},{"$f":"'[51]CRO2_Pro-Mes'!#REF!","v":{"$error":"#REF!"}},{"$f":"'[51]CRO2_Pro-Mes'!IIC3","v":0},{"$f":"'[51]CRO2_Pro-Mes'!#REF!","v":{"$error":"#REF!"}},{"$f":"'[51]CRO2_Pro-Mes'!IIE3","v":0},{"$f":"'[51]CRO2_Pro-Mes'!#REF!","v":{"$error":"#REF!"}},{"$f":"'[51]CRO2_Pro-Mes'!IIG3","v":0},{"$f":"'[51]CRO2_Pro-Mes'!#REF!","v":{"$error":"#REF!"}},{"$f":"'[51]CRO2_Pro-Mes'!III3","v":0},{"$f":"'[51]CRO2_Pro-Mes'!#REF!","v":{"$error":"#REF!"}},{"$f":"'[51]CRO2_Pro-Mes'!IIK3","v":0},{"$f":"'[51]CRO2_Pro-Mes'!#REF!","v":{"$error":"#REF!"}},{"$f":"'[51]CRO2_Pro-Mes'!IIM3","v":0},{"$f":"'[51]CRO2_Pro-Mes'!#REF!","v":{"$error":"#REF!"}},{"$f":"'[51]CRO2_Pro-Mes'!IIO3","v":0},{"$f":"'[51]CRO2_Pro-Mes'!#REF!","v":{"$error":"#REF!"}},{"$f":"'[51]CRO2_Pro-Mes'!IIQ3","v":0},{"$f":"'[51]CRO2_Pro-Mes'!#REF!","v":{"$error":"#REF!"}},{"$f":"'[51]CRO2_Pro-Mes'!IIS3","v":0},{"$f":"'[51]CRO2_Pro-Mes'!#REF!","v":{"$error":"#REF!"}},{"$f":"'[51]CRO2_Pro-Mes'!IIU3","v":0},{"$f":"'[51]CRO2_Pro-Mes'!#REF!","v":{"$error":"#REF!"}},{"$f":"'[51]CRO2_Pro-Mes'!IIW3","v":0},{"$f":"'[51]CRO2_Pro-Mes'!#REF!","v":{"$error":"#REF!"}},{"$f":"'[51]CRO2_Pro-Mes'!IIY3","v":0},{"$f":"'[51]CRO2_Pro-Mes'!#REF!","v":{"$error":"#REF!"}},{"$f":"'[51]CRO2_Pro-Mes'!IJA3","v":0},{"$f":"'[51]CRO2_Pro-Mes'!#REF!","v":{"$error":"#REF!"}},{"$f":"'[51]CRO2_Pro-Mes'!IJC3","v":0},{"$f":"'[51]CRO2_Pro-Mes'!#REF!","v":{"$error":"#REF!"}},{"$f":"'[51]CRO2_Pro-Mes'!IJE3","v":0},{"$f":"'[51]CRO2_Pro-Mes'!#REF!","v":{"$error":"#REF!"}},{"$f":"'[51]CRO2_Pro-Mes'!IJG3","v":0},{"$f":"'[51]CRO2_Pro-Mes'!#REF!","v":{"$error":"#REF!"}},{"$f":"'[51]CRO2_Pro-Mes'!IJI3","v":0},{"$f":"'[51]CRO2_Pro-Mes'!#REF!","v":{"$error":"#REF!"}},{"$f":"'[51]CRO2_Pro-Mes'!IJK3","v":0},{"$f":"'[51]CRO2_Pro-Mes'!#REF!","v":{"$error":"#REF!"}},{"$f":"'[51]CRO2_Pro-Mes'!IJM3","v":0},{"$f":"'[51]CRO2_Pro-Mes'!#REF!","v":{"$error":"#REF!"}},{"$f":"'[51]CRO2_Pro-Mes'!IJO3","v":0},{"$f":"'[51]CRO2_Pro-Mes'!#REF!","v":{"$error":"#REF!"}},{"$f":"'[51]CRO2_Pro-Mes'!IJQ3","v":0},{"$f":"'[51]CRO2_Pro-Mes'!#REF!","v":{"$error":"#REF!"}},{"$f":"'[51]CRO2_Pro-Mes'!IJS3","v":0},{"$f":"'[51]CRO2_Pro-Mes'!#REF!","v":{"$error":"#REF!"}},{"$f":"'[51]CRO2_Pro-Mes'!IJU3","v":0},{"$f":"'[51]CRO2_Pro-Mes'!#REF!","v":{"$error":"#REF!"}},{"$f":"'[51]CRO2_Pro-Mes'!IJW3","v":0},{"$f":"'[51]CRO2_Pro-Mes'!#REF!","v":{"$error":"#REF!"}},{"$f":"'[51]CRO2_Pro-Mes'!IJY3","v":0},{"$f":"'[51]CRO2_Pro-Mes'!#REF!","v":{"$error":"#REF!"}},{"$f":"'[51]CRO2_Pro-Mes'!IKA3","v":0},{"$f":"'[51]CRO2_Pro-Mes'!#REF!","v":{"$error":"#REF!"}},{"$f":"'[51]CRO2_Pro-Mes'!IKC3","v":0},{"$f":"'[51]CRO2_Pro-Mes'!#REF!","v":{"$error":"#REF!"}},{"$f":"'[51]CRO2_Pro-Mes'!IKE3","v":0},{"$f":"'[51]CRO2_Pro-Mes'!#REF!","v":{"$error":"#REF!"}},{"$f":"'[51]CRO2_Pro-Mes'!IKG3","v":0},{"$f":"'[51]CRO2_Pro-Mes'!#REF!","v":{"$error":"#REF!"}},{"$f":"'[51]CRO2_Pro-Mes'!IKI3","v":0},{"$f":"'[51]CRO2_Pro-Mes'!#REF!","v":{"$error":"#REF!"}},{"$f":"'[51]CRO2_Pro-Mes'!IKK3","v":0},{"$f":"'[51]CRO2_Pro-Mes'!#REF!","v":{"$error":"#REF!"}},{"$f":"'[51]CRO2_Pro-Mes'!IKM3","v":0},{"$f":"'[51]CRO2_Pro-Mes'!#REF!","v":{"$error":"#REF!"}},{"$f":"'[51]CRO2_Pro-Mes'!IKO3","v":0},{"$f":"'[51]CRO2_Pro-Mes'!#REF!","v":{"$error":"#REF!"}},{"$f":"'[51]CRO2_Pro-Mes'!IKQ3","v":0},{"$f":"'[51]CRO2_Pro-Mes'!#REF!","v":{"$error":"#REF!"}},{"$f":"'[51]CRO2_Pro-Mes'!IKS3","v":0},{"$f":"'[51]CRO2_Pro-Mes'!#REF!","v":{"$error":"#REF!"}},{"$f":"'[51]CRO2_Pro-Mes'!IKU3","v":0},{"$f":"'[51]CRO2_Pro-Mes'!#REF!","v":{"$error":"#REF!"}},{"$f":"'[51]CRO2_Pro-Mes'!IKW3","v":0},{"$f":"'[51]CRO2_Pro-Mes'!#REF!","v":{"$error":"#REF!"}},{"$f":"'[51]CRO2_Pro-Mes'!IKY3","v":0},{"$f":"'[51]CRO2_Pro-Mes'!#REF!","v":{"$error":"#REF!"}},{"$f":"'[51]CRO2_Pro-Mes'!ILA3","v":0},{"$f":"'[51]CRO2_Pro-Mes'!#REF!","v":{"$error":"#REF!"}},{"$f":"'[51]CRO2_Pro-Mes'!ILC3","v":0},{"$f":"'[51]CRO2_Pro-Mes'!#REF!","v":{"$error":"#REF!"}},{"$f":"'[51]CRO2_Pro-Mes'!ILE3","v":0},{"$f":"'[51]CRO2_Pro-Mes'!#REF!","v":{"$error":"#REF!"}},{"$f":"'[51]CRO2_Pro-Mes'!ILG3","v":0},{"$f":"'[51]CRO2_Pro-Mes'!#REF!","v":{"$error":"#REF!"}},{"$f":"'[51]CRO2_Pro-Mes'!ILI3","v":0},{"$f":"'[51]CRO2_Pro-Mes'!#REF!","v":{"$error":"#REF!"}},{"$f":"'[51]CRO2_Pro-Mes'!ILK3","v":0},{"$f":"'[51]CRO2_Pro-Mes'!#REF!","v":{"$error":"#REF!"}},{"$f":"'[51]CRO2_Pro-Mes'!ILM3","v":0},{"$f":"'[51]CRO2_Pro-Mes'!#REF!","v":{"$error":"#REF!"}},{"$f":"'[51]CRO2_Pro-Mes'!ILO3","v":0},{"$f":"'[51]CRO2_Pro-Mes'!#REF!","v":{"$error":"#REF!"}},{"$f":"'[51]CRO2_Pro-Mes'!ILQ3","v":0},{"$f":"'[51]CRO2_Pro-Mes'!#REF!","v":{"$error":"#REF!"}},{"$f":"'[51]CRO2_Pro-Mes'!ILS3","v":0},{"$f":"'[51]CRO2_Pro-Mes'!#REF!","v":{"$error":"#REF!"}},{"$f":"'[51]CRO2_Pro-Mes'!ILU3","v":0},{"$f":"'[51]CRO2_Pro-Mes'!#REF!","v":{"$error":"#REF!"}},{"$f":"'[51]CRO2_Pro-Mes'!ILW3","v":0},{"$f":"'[51]CRO2_Pro-Mes'!#REF!","v":{"$error":"#REF!"}},{"$f":"'[51]CRO2_Pro-Mes'!ILY3","v":0},{"$f":"'[51]CRO2_Pro-Mes'!#REF!","v":{"$error":"#REF!"}},{"$f":"'[51]CRO2_Pro-Mes'!IMA3","v":0},{"$f":"'[51]CRO2_Pro-Mes'!#REF!","v":{"$error":"#REF!"}},{"$f":"'[51]CRO2_Pro-Mes'!IMC3","v":0},{"$f":"'[51]CRO2_Pro-Mes'!#REF!","v":{"$error":"#REF!"}},{"$f":"'[51]CRO2_Pro-Mes'!IME3","v":0},{"$f":"'[51]CRO2_Pro-Mes'!#REF!","v":{"$error":"#REF!"}},{"$f":"'[51]CRO2_Pro-Mes'!IMG3","v":0},{"$f":"'[51]CRO2_Pro-Mes'!#REF!","v":{"$error":"#REF!"}},{"$f":"'[51]CRO2_Pro-Mes'!IMI3","v":0},{"$f":"'[51]CRO2_Pro-Mes'!#REF!","v":{"$error":"#REF!"}},{"$f":"'[51]CRO2_Pro-Mes'!IMK3","v":0},{"$f":"'[51]CRO2_Pro-Mes'!#REF!","v":{"$error":"#REF!"}},{"$f":"'[51]CRO2_Pro-Mes'!IMM3","v":0},{"$f":"'[51]CRO2_Pro-Mes'!#REF!","v":{"$error":"#REF!"}},{"$f":"'[51]CRO2_Pro-Mes'!IMO3","v":0},{"$f":"'[51]CRO2_Pro-Mes'!#REF!","v":{"$error":"#REF!"}},{"$f":"'[51]CRO2_Pro-Mes'!IMQ3","v":0},{"$f":"'[51]CRO2_Pro-Mes'!#REF!","v":{"$error":"#REF!"}},{"$f":"'[51]CRO2_Pro-Mes'!IMS3","v":0},{"$f":"'[51]CRO2_Pro-Mes'!#REF!","v":{"$error":"#REF!"}},{"$f":"'[51]CRO2_Pro-Mes'!IMU3","v":0},{"$f":"'[51]CRO2_Pro-Mes'!#REF!","v":{"$error":"#REF!"}},{"$f":"'[51]CRO2_Pro-Mes'!IMW3","v":0},{"$f":"'[51]CRO2_Pro-Mes'!#REF!","v":{"$error":"#REF!"}},{"$f":"'[51]CRO2_Pro-Mes'!IMY3","v":0},{"$f":"'[51]CRO2_Pro-Mes'!#REF!","v":{"$error":"#REF!"}},{"$f":"'[51]CRO2_Pro-Mes'!INA3","v":0},{"$f":"'[51]CRO2_Pro-Mes'!#REF!","v":{"$error":"#REF!"}},{"$f":"'[51]CRO2_Pro-Mes'!INC3","v":0},{"$f":"'[51]CRO2_Pro-Mes'!#REF!","v":{"$error":"#REF!"}},{"$f":"'[51]CRO2_Pro-Mes'!INE3","v":0},{"$f":"'[51]CRO2_Pro-Mes'!#REF!","v":{"$error":"#REF!"}},{"$f":"'[51]CRO2_Pro-Mes'!ING3","v":0},{"$f":"'[51]CRO2_Pro-Mes'!#REF!","v":{"$error":"#REF!"}},{"$f":"'[51]CRO2_Pro-Mes'!INI3","v":0},{"$f":"'[51]CRO2_Pro-Mes'!#REF!","v":{"$error":"#REF!"}},{"$f":"'[51]CRO2_Pro-Mes'!INK3","v":0},{"$f":"'[51]CRO2_Pro-Mes'!#REF!","v":{"$error":"#REF!"}},{"$f":"'[51]CRO2_Pro-Mes'!INM3","v":0},{"$f":"'[51]CRO2_Pro-Mes'!#REF!","v":{"$error":"#REF!"}},{"$f":"'[51]CRO2_Pro-Mes'!INO3","v":0},{"$f":"'[51]CRO2_Pro-Mes'!#REF!","v":{"$error":"#REF!"}},{"$f":"'[51]CRO2_Pro-Mes'!INQ3","v":0},{"$f":"'[51]CRO2_Pro-Mes'!#REF!","v":{"$error":"#REF!"}},{"$f":"'[51]CRO2_Pro-Mes'!INS3","v":0},{"$f":"'[51]CRO2_Pro-Mes'!#REF!","v":{"$error":"#REF!"}},{"$f":"'[51]CRO2_Pro-Mes'!INU3","v":0},{"$f":"'[51]CRO2_Pro-Mes'!#REF!","v":{"$error":"#REF!"}},{"$f":"'[51]CRO2_Pro-Mes'!INW3","v":0},{"$f":"'[51]CRO2_Pro-Mes'!#REF!","v":{"$error":"#REF!"}},{"$f":"'[51]CRO2_Pro-Mes'!INY3","v":0},{"$f":"'[51]CRO2_Pro-Mes'!#REF!","v":{"$error":"#REF!"}},{"$f":"'[51]CRO2_Pro-Mes'!IOA3","v":0},{"$f":"'[51]CRO2_Pro-Mes'!#REF!","v":{"$error":"#REF!"}},{"$f":"'[51]CRO2_Pro-Mes'!IOC3","v":0},{"$f":"'[51]CRO2_Pro-Mes'!#REF!","v":{"$error":"#REF!"}},{"$f":"'[51]CRO2_Pro-Mes'!IOE3","v":0},{"$f":"'[51]CRO2_Pro-Mes'!#REF!","v":{"$error":"#REF!"}},{"$f":"'[51]CRO2_Pro-Mes'!IOG3","v":0},{"$f":"'[51]CRO2_Pro-Mes'!#REF!","v":{"$error":"#REF!"}},{"$f":"'[51]CRO2_Pro-Mes'!IOI3","v":0},{"$f":"'[51]CRO2_Pro-Mes'!#REF!","v":{"$error":"#REF!"}},{"$f":"'[51]CRO2_Pro-Mes'!IOK3","v":0},{"$f":"'[51]CRO2_Pro-Mes'!#REF!","v":{"$error":"#REF!"}},{"$f":"'[51]CRO2_Pro-Mes'!IOM3","v":0},{"$f":"'[51]CRO2_Pro-Mes'!#REF!","v":{"$error":"#REF!"}},{"$f":"'[51]CRO2_Pro-Mes'!IOO3","v":0},{"$f":"'[51]CRO2_Pro-Mes'!#REF!","v":{"$error":"#REF!"}},{"$f":"'[51]CRO2_Pro-Mes'!IOQ3","v":0},{"$f":"'[51]CRO2_Pro-Mes'!#REF!","v":{"$error":"#REF!"}},{"$f":"'[51]CRO2_Pro-Mes'!IOS3","v":0},{"$f":"'[51]CRO2_Pro-Mes'!#REF!","v":{"$error":"#REF!"}},{"$f":"'[51]CRO2_Pro-Mes'!IOU3","v":0},{"$f":"'[51]CRO2_Pro-Mes'!#REF!","v":{"$error":"#REF!"}},{"$f":"'[51]CRO2_Pro-Mes'!IOW3","v":0},{"$f":"'[51]CRO2_Pro-Mes'!#REF!","v":{"$error":"#REF!"}},{"$f":"'[51]CRO2_Pro-Mes'!IOY3","v":0},{"$f":"'[51]CRO2_Pro-Mes'!#REF!","v":{"$error":"#REF!"}},{"$f":"'[51]CRO2_Pro-Mes'!IPA3","v":0},{"$f":"'[51]CRO2_Pro-Mes'!#REF!","v":{"$error":"#REF!"}},{"$f":"'[51]CRO2_Pro-Mes'!IPC3","v":0},{"$f":"'[51]CRO2_Pro-Mes'!#REF!","v":{"$error":"#REF!"}},{"$f":"'[51]CRO2_Pro-Mes'!IPE3","v":0},{"$f":"'[51]CRO2_Pro-Mes'!#REF!","v":{"$error":"#REF!"}},{"$f":"'[51]CRO2_Pro-Mes'!IPG3","v":0},{"$f":"'[51]CRO2_Pro-Mes'!#REF!","v":{"$error":"#REF!"}},{"$f":"'[51]CRO2_Pro-Mes'!IPI3","v":0},{"$f":"'[51]CRO2_Pro-Mes'!#REF!","v":{"$error":"#REF!"}},{"$f":"'[51]CRO2_Pro-Mes'!IPK3","v":0},{"$f":"'[51]CRO2_Pro-Mes'!#REF!","v":{"$error":"#REF!"}},{"$f":"'[51]CRO2_Pro-Mes'!IPM3","v":0},{"$f":"'[51]CRO2_Pro-Mes'!#REF!","v":{"$error":"#REF!"}},{"$f":"'[51]CRO2_Pro-Mes'!IPO3","v":0},{"$f":"'[51]CRO2_Pro-Mes'!#REF!","v":{"$error":"#REF!"}},{"$f":"'[51]CRO2_Pro-Mes'!IPQ3","v":0},{"$f":"'[51]CRO2_Pro-Mes'!#REF!","v":{"$error":"#REF!"}},{"$f":"'[51]CRO2_Pro-Mes'!IPS3","v":0},{"$f":"'[51]CRO2_Pro-Mes'!#REF!","v":{"$error":"#REF!"}},{"$f":"'[51]CRO2_Pro-Mes'!IPU3","v":0},{"$f":"'[51]CRO2_Pro-Mes'!#REF!","v":{"$error":"#REF!"}},{"$f":"'[51]CRO2_Pro-Mes'!IPW3","v":0},{"$f":"'[51]CRO2_Pro-Mes'!#REF!","v":{"$error":"#REF!"}},{"$f":"'[51]CRO2_Pro-Mes'!IPY3","v":0},{"$f":"'[51]CRO2_Pro-Mes'!#REF!","v":{"$error":"#REF!"}},{"$f":"'[51]CRO2_Pro-Mes'!IQA3","v":0},{"$f":"'[51]CRO2_Pro-Mes'!#REF!","v":{"$error":"#REF!"}},{"$f":"'[51]CRO2_Pro-Mes'!IQC3","v":0},{"$f":"'[51]CRO2_Pro-Mes'!#REF!","v":{"$error":"#REF!"}},{"$f":"'[51]CRO2_Pro-Mes'!IQE3","v":0},{"$f":"'[51]CRO2_Pro-Mes'!#REF!","v":{"$error":"#REF!"}},{"$f":"'[51]CRO2_Pro-Mes'!IQG3","v":0},{"$f":"'[51]CRO2_Pro-Mes'!#REF!","v":{"$error":"#REF!"}},{"$f":"'[51]CRO2_Pro-Mes'!IQI3","v":0},{"$f":"'[51]CRO2_Pro-Mes'!#REF!","v":{"$error":"#REF!"}},{"$f":"'[51]CRO2_Pro-Mes'!IQK3","v":0},{"$f":"'[51]CRO2_Pro-Mes'!#REF!","v":{"$error":"#REF!"}},{"$f":"'[51]CRO2_Pro-Mes'!IQM3","v":0},{"$f":"'[51]CRO2_Pro-Mes'!#REF!","v":{"$error":"#REF!"}},{"$f":"'[51]CRO2_Pro-Mes'!IQO3","v":0},{"$f":"'[51]CRO2_Pro-Mes'!#REF!","v":{"$error":"#REF!"}},{"$f":"'[51]CRO2_Pro-Mes'!IQQ3","v":0},{"$f":"'[51]CRO2_Pro-Mes'!#REF!","v":{"$error":"#REF!"}},{"$f":"'[51]CRO2_Pro-Mes'!IQS3","v":0},{"$f":"'[51]CRO2_Pro-Mes'!#REF!","v":{"$error":"#REF!"}},{"$f":"'[51]CRO2_Pro-Mes'!IQU3","v":0},{"$f":"'[51]CRO2_Pro-Mes'!#REF!","v":{"$error":"#REF!"}},{"$f":"'[51]CRO2_Pro-Mes'!IQW3","v":0},{"$f":"'[51]CRO2_Pro-Mes'!#REF!","v":{"$error":"#REF!"}},{"$f":"'[51]CRO2_Pro-Mes'!IQY3","v":0},{"$f":"'[51]CRO2_Pro-Mes'!#REF!","v":{"$error":"#REF!"}},{"$f":"'[51]CRO2_Pro-Mes'!IRA3","v":0},{"$f":"'[51]CRO2_Pro-Mes'!#REF!","v":{"$error":"#REF!"}},{"$f":"'[51]CRO2_Pro-Mes'!IRC3","v":0},{"$f":"'[51]CRO2_Pro-Mes'!#REF!","v":{"$error":"#REF!"}},{"$f":"'[51]CRO2_Pro-Mes'!IRE3","v":0},{"$f":"'[51]CRO2_Pro-Mes'!#REF!","v":{"$error":"#REF!"}},{"$f":"'[51]CRO2_Pro-Mes'!IRG3","v":0},{"$f":"'[51]CRO2_Pro-Mes'!#REF!","v":{"$error":"#REF!"}},{"$f":"'[51]CRO2_Pro-Mes'!IRI3","v":0},{"$f":"'[51]CRO2_Pro-Mes'!#REF!","v":{"$error":"#REF!"}},{"$f":"'[51]CRO2_Pro-Mes'!IRK3","v":0},{"$f":"'[51]CRO2_Pro-Mes'!#REF!","v":{"$error":"#REF!"}},{"$f":"'[51]CRO2_Pro-Mes'!IRM3","v":0},{"$f":"'[51]CRO2_Pro-Mes'!#REF!","v":{"$error":"#REF!"}},{"$f":"'[51]CRO2_Pro-Mes'!IRO3","v":0},{"$f":"'[51]CRO2_Pro-Mes'!#REF!","v":{"$error":"#REF!"}},{"$f":"'[51]CRO2_Pro-Mes'!IRQ3","v":0},{"$f":"'[51]CRO2_Pro-Mes'!#REF!","v":{"$error":"#REF!"}},{"$f":"'[51]CRO2_Pro-Mes'!IRS3","v":0},{"$f":"'[51]CRO2_Pro-Mes'!#REF!","v":{"$error":"#REF!"}},{"$f":"'[51]CRO2_Pro-Mes'!IRU3","v":0},{"$f":"'[51]CRO2_Pro-Mes'!#REF!","v":{"$error":"#REF!"}},{"$f":"'[51]CRO2_Pro-Mes'!IRW3","v":0},{"$f":"'[51]CRO2_Pro-Mes'!#REF!","v":{"$error":"#REF!"}},{"$f":"'[51]CRO2_Pro-Mes'!IRY3","v":0},{"$f":"'[51]CRO2_Pro-Mes'!#REF!","v":{"$error":"#REF!"}},{"$f":"'[51]CRO2_Pro-Mes'!ISA3","v":0},{"$f":"'[51]CRO2_Pro-Mes'!#REF!","v":{"$error":"#REF!"}},{"$f":"'[51]CRO2_Pro-Mes'!ISC3","v":0},{"$f":"'[51]CRO2_Pro-Mes'!#REF!","v":{"$error":"#REF!"}},{"$f":"'[51]CRO2_Pro-Mes'!ISE3","v":0},{"$f":"'[51]CRO2_Pro-Mes'!#REF!","v":{"$error":"#REF!"}},{"$f":"'[51]CRO2_Pro-Mes'!ISG3","v":0},{"$f":"'[51]CRO2_Pro-Mes'!#REF!","v":{"$error":"#REF!"}},{"$f":"'[51]CRO2_Pro-Mes'!ISI3","v":0},{"$f":"'[51]CRO2_Pro-Mes'!#REF!","v":{"$error":"#REF!"}},{"$f":"'[51]CRO2_Pro-Mes'!ISK3","v":0},{"$f":"'[51]CRO2_Pro-Mes'!#REF!","v":{"$error":"#REF!"}},{"$f":"'[51]CRO2_Pro-Mes'!ISM3","v":0},{"$f":"'[51]CRO2_Pro-Mes'!#REF!","v":{"$error":"#REF!"}},{"$f":"'[51]CRO2_Pro-Mes'!ISO3","v":0},{"$f":"'[51]CRO2_Pro-Mes'!#REF!","v":{"$error":"#REF!"}},{"$f":"'[51]CRO2_Pro-Mes'!ISQ3","v":0},{"$f":"'[51]CRO2_Pro-Mes'!#REF!","v":{"$error":"#REF!"}},{"$f":"'[51]CRO2_Pro-Mes'!ISS3","v":0},{"$f":"'[51]CRO2_Pro-Mes'!#REF!","v":{"$error":"#REF!"}},{"$f":"'[51]CRO2_Pro-Mes'!ISU3","v":0},{"$f":"'[51]CRO2_Pro-Mes'!#REF!","v":{"$error":"#REF!"}},{"$f":"'[51]CRO2_Pro-Mes'!ISW3","v":0},{"$f":"'[51]CRO2_Pro-Mes'!#REF!","v":{"$error":"#REF!"}},{"$f":"'[51]CRO2_Pro-Mes'!ISY3","v":0},{"$f":"'[51]CRO2_Pro-Mes'!#REF!","v":{"$error":"#REF!"}},{"$f":"'[51]CRO2_Pro-Mes'!ITA3","v":0},{"$f":"'[51]CRO2_Pro-Mes'!#REF!","v":{"$error":"#REF!"}},{"$f":"'[51]CRO2_Pro-Mes'!ITC3","v":0},{"$f":"'[51]CRO2_Pro-Mes'!#REF!","v":{"$error":"#REF!"}},{"$f":"'[51]CRO2_Pro-Mes'!ITE3","v":0},{"$f":"'[51]CRO2_Pro-Mes'!#REF!","v":{"$error":"#REF!"}},{"$f":"'[51]CRO2_Pro-Mes'!ITG3","v":0},{"$f":"'[51]CRO2_Pro-Mes'!#REF!","v":{"$error":"#REF!"}},{"$f":"'[51]CRO2_Pro-Mes'!ITI3","v":0},{"$f":"'[51]CRO2_Pro-Mes'!#REF!","v":{"$error":"#REF!"}},{"$f":"'[51]CRO2_Pro-Mes'!ITK3","v":0},{"$f":"'[51]CRO2_Pro-Mes'!#REF!","v":{"$error":"#REF!"}},{"$f":"'[51]CRO2_Pro-Mes'!ITM3","v":0},{"$f":"'[51]CRO2_Pro-Mes'!#REF!","v":{"$error":"#REF!"}},{"$f":"'[51]CRO2_Pro-Mes'!ITO3","v":0},{"$f":"'[51]CRO2_Pro-Mes'!#REF!","v":{"$error":"#REF!"}},{"$f":"'[51]CRO2_Pro-Mes'!ITQ3","v":0},{"$f":"'[51]CRO2_Pro-Mes'!#REF!","v":{"$error":"#REF!"}},{"$f":"'[51]CRO2_Pro-Mes'!ITS3","v":0},{"$f":"'[51]CRO2_Pro-Mes'!#REF!","v":{"$error":"#REF!"}},{"$f":"'[51]CRO2_Pro-Mes'!ITU3","v":0},{"$f":"'[51]CRO2_Pro-Mes'!#REF!","v":{"$error":"#REF!"}},{"$f":"'[51]CRO2_Pro-Mes'!ITW3","v":0},{"$f":"'[51]CRO2_Pro-Mes'!#REF!","v":{"$error":"#REF!"}},{"$f":"'[51]CRO2_Pro-Mes'!ITY3","v":0},{"$f":"'[51]CRO2_Pro-Mes'!#REF!","v":{"$error":"#REF!"}},{"$f":"'[51]CRO2_Pro-Mes'!IUA3","v":0},{"$f":"'[51]CRO2_Pro-Mes'!#REF!","v":{"$error":"#REF!"}},{"$f":"'[51]CRO2_Pro-Mes'!IUC3","v":0},{"$f":"'[51]CRO2_Pro-Mes'!#REF!","v":{"$error":"#REF!"}},{"$f":"'[51]CRO2_Pro-Mes'!IUE3","v":0},{"$f":"'[51]CRO2_Pro-Mes'!#REF!","v":{"$error":"#REF!"}},{"$f":"'[51]CRO2_Pro-Mes'!IUG3","v":0},{"$f":"'[51]CRO2_Pro-Mes'!#REF!","v":{"$error":"#REF!"}},{"$f":"'[51]CRO2_Pro-Mes'!IUI3","v":0},{"$f":"'[51]CRO2_Pro-Mes'!#REF!","v":{"$error":"#REF!"}},{"$f":"'[51]CRO2_Pro-Mes'!IUK3","v":0},{"$f":"'[51]CRO2_Pro-Mes'!#REF!","v":{"$error":"#REF!"}},{"$f":"'[51]CRO2_Pro-Mes'!IUM3","v":0},{"$f":"'[51]CRO2_Pro-Mes'!#REF!","v":{"$error":"#REF!"}},{"$f":"'[51]CRO2_Pro-Mes'!IUO3","v":0},{"$f":"'[51]CRO2_Pro-Mes'!#REF!","v":{"$error":"#REF!"}},{"$f":"'[51]CRO2_Pro-Mes'!IUQ3","v":0},{"$f":"'[51]CRO2_Pro-Mes'!#REF!","v":{"$error":"#REF!"}},{"$f":"'[51]CRO2_Pro-Mes'!IUS3","v":0},{"$f":"'[51]CRO2_Pro-Mes'!#REF!","v":{"$error":"#REF!"}},{"$f":"'[51]CRO2_Pro-Mes'!IUU3","v":0},{"$f":"'[51]CRO2_Pro-Mes'!#REF!","v":{"$error":"#REF!"}},{"$f":"'[51]CRO2_Pro-Mes'!IUW3","v":0},{"$f":"'[51]CRO2_Pro-Mes'!#REF!","v":{"$error":"#REF!"}},{"$f":"'[51]CRO2_Pro-Mes'!IUY3","v":0},{"$f":"'[51]CRO2_Pro-Mes'!#REF!","v":{"$error":"#REF!"}},{"$f":"'[51]CRO2_Pro-Mes'!IVA3","v":0},{"$f":"'[51]CRO2_Pro-Mes'!#REF!","v":{"$error":"#REF!"}},{"$f":"'[51]CRO2_Pro-Mes'!IVC3","v":0},{"$f":"'[51]CRO2_Pro-Mes'!#REF!","v":{"$error":"#REF!"}},{"$f":"'[51]CRO2_Pro-Mes'!IVE3","v":0},{"$f":"'[51]CRO2_Pro-Mes'!#REF!","v":{"$error":"#REF!"}},{"$f":"'[51]CRO2_Pro-Mes'!IVG3","v":0},{"$f":"'[51]CRO2_Pro-Mes'!#REF!","v":{"$error":"#REF!"}},{"$f":"'[51]CRO2_Pro-Mes'!IVI3","v":0},{"$f":"'[51]CRO2_Pro-Mes'!#REF!","v":{"$error":"#REF!"}},{"$f":"'[51]CRO2_Pro-Mes'!IVK3","v":0},{"$f":"'[51]CRO2_Pro-Mes'!#REF!","v":{"$error":"#REF!"}},{"$f":"'[51]CRO2_Pro-Mes'!IVM3","v":0},{"$f":"'[51]CRO2_Pro-Mes'!#REF!","v":{"$error":"#REF!"}},{"$f":"'[51]CRO2_Pro-Mes'!IVO3","v":0},{"$f":"'[51]CRO2_Pro-Mes'!#REF!","v":{"$error":"#REF!"}},{"$f":"'[51]CRO2_Pro-Mes'!IVQ3","v":0},{"$f":"'[51]CRO2_Pro-Mes'!#REF!","v":{"$error":"#REF!"}},{"$f":"'[51]CRO2_Pro-Mes'!IVS3","v":0},{"$f":"'[51]CRO2_Pro-Mes'!#REF!","v":{"$error":"#REF!"}},{"$f":"'[51]CRO2_Pro-Mes'!IVU3","v":0},{"$f":"'[51]CRO2_Pro-Mes'!#REF!","v":{"$error":"#REF!"}},{"$f":"'[51]CRO2_Pro-Mes'!IVW3","v":0},{"$f":"'[51]CRO2_Pro-Mes'!#REF!","v":{"$error":"#REF!"}},{"$f":"'[51]CRO2_Pro-Mes'!IVY3","v":0},{"$f":"'[51]CRO2_Pro-Mes'!#REF!","v":{"$error":"#REF!"}},{"$f":"'[51]CRO2_Pro-Mes'!IWA3","v":0},{"$f":"'[51]CRO2_Pro-Mes'!#REF!","v":{"$error":"#REF!"}},{"$f":"'[51]CRO2_Pro-Mes'!IWC3","v":0},{"$f":"'[51]CRO2_Pro-Mes'!#REF!","v":{"$error":"#REF!"}},{"$f":"'[51]CRO2_Pro-Mes'!IWE3","v":0},{"$f":"'[51]CRO2_Pro-Mes'!#REF!","v":{"$error":"#REF!"}},{"$f":"'[51]CRO2_Pro-Mes'!IWG3","v":0},{"$f":"'[51]CRO2_Pro-Mes'!#REF!","v":{"$error":"#REF!"}},{"$f":"'[51]CRO2_Pro-Mes'!IWI3","v":0},{"$f":"'[51]CRO2_Pro-Mes'!#REF!","v":{"$error":"#REF!"}},{"$f":"'[51]CRO2_Pro-Mes'!IWK3","v":0},{"$f":"'[51]CRO2_Pro-Mes'!#REF!","v":{"$error":"#REF!"}},{"$f":"'[51]CRO2_Pro-Mes'!IWM3","v":0},{"$f":"'[51]CRO2_Pro-Mes'!#REF!","v":{"$error":"#REF!"}},{"$f":"'[51]CRO2_Pro-Mes'!IWO3","v":0},{"$f":"'[51]CRO2_Pro-Mes'!#REF!","v":{"$error":"#REF!"}},{"$f":"'[51]CRO2_Pro-Mes'!IWQ3","v":0},{"$f":"'[51]CRO2_Pro-Mes'!#REF!","v":{"$error":"#REF!"}},{"$f":"'[51]CRO2_Pro-Mes'!IWS3","v":0},{"$f":"'[51]CRO2_Pro-Mes'!#REF!","v":{"$error":"#REF!"}},{"$f":"'[51]CRO2_Pro-Mes'!IWU3","v":0},{"$f":"'[51]CRO2_Pro-Mes'!#REF!","v":{"$error":"#REF!"}},{"$f":"'[51]CRO2_Pro-Mes'!IWW3","v":0},{"$f":"'[51]CRO2_Pro-Mes'!#REF!","v":{"$error":"#REF!"}},{"$f":"'[51]CRO2_Pro-Mes'!IWY3","v":0},{"$f":"'[51]CRO2_Pro-Mes'!#REF!","v":{"$error":"#REF!"}},{"$f":"'[51]CRO2_Pro-Mes'!IXA3","v":0},{"$f":"'[51]CRO2_Pro-Mes'!#REF!","v":{"$error":"#REF!"}},{"$f":"'[51]CRO2_Pro-Mes'!IXC3","v":0},{"$f":"'[51]CRO2_Pro-Mes'!#REF!","v":{"$error":"#REF!"}},{"$f":"'[51]CRO2_Pro-Mes'!IXE3","v":0},{"$f":"'[51]CRO2_Pro-Mes'!#REF!","v":{"$error":"#REF!"}},{"$f":"'[51]CRO2_Pro-Mes'!IXG3","v":0},{"$f":"'[51]CRO2_Pro-Mes'!#REF!","v":{"$error":"#REF!"}},{"$f":"'[51]CRO2_Pro-Mes'!IXI3","v":0},{"$f":"'[51]CRO2_Pro-Mes'!#REF!","v":{"$error":"#REF!"}},{"$f":"'[51]CRO2_Pro-Mes'!IXK3","v":0},{"$f":"'[51]CRO2_Pro-Mes'!#REF!","v":{"$error":"#REF!"}},{"$f":"'[51]CRO2_Pro-Mes'!IXM3","v":0},{"$f":"'[51]CRO2_Pro-Mes'!#REF!","v":{"$error":"#REF!"}},{"$f":"'[51]CRO2_Pro-Mes'!IXO3","v":0},{"$f":"'[51]CRO2_Pro-Mes'!#REF!","v":{"$error":"#REF!"}},{"$f":"'[51]CRO2_Pro-Mes'!IXQ3","v":0},{"$f":"'[51]CRO2_Pro-Mes'!#REF!","v":{"$error":"#REF!"}},{"$f":"'[51]CRO2_Pro-Mes'!IXS3","v":0},{"$f":"'[51]CRO2_Pro-Mes'!#REF!","v":{"$error":"#REF!"}},{"$f":"'[51]CRO2_Pro-Mes'!IXU3","v":0},{"$f":"'[51]CRO2_Pro-Mes'!#REF!","v":{"$error":"#REF!"}},{"$f":"'[51]CRO2_Pro-Mes'!IXW3","v":0},{"$f":"'[51]CRO2_Pro-Mes'!#REF!","v":{"$error":"#REF!"}},{"$f":"'[51]CRO2_Pro-Mes'!IXY3","v":0},{"$f":"'[51]CRO2_Pro-Mes'!#REF!","v":{"$error":"#REF!"}},{"$f":"'[51]CRO2_Pro-Mes'!IYA3","v":0},{"$f":"'[51]CRO2_Pro-Mes'!#REF!","v":{"$error":"#REF!"}},{"$f":"'[51]CRO2_Pro-Mes'!IYC3","v":0},{"$f":"'[51]CRO2_Pro-Mes'!#REF!","v":{"$error":"#REF!"}},{"$f":"'[51]CRO2_Pro-Mes'!IYE3","v":0},{"$f":"'[51]CRO2_Pro-Mes'!#REF!","v":{"$error":"#REF!"}},{"$f":"'[51]CRO2_Pro-Mes'!IYG3","v":0},{"$f":"'[51]CRO2_Pro-Mes'!#REF!","v":{"$error":"#REF!"}},{"$f":"'[51]CRO2_Pro-Mes'!IYI3","v":0},{"$f":"'[51]CRO2_Pro-Mes'!#REF!","v":{"$error":"#REF!"}},{"$f":"'[51]CRO2_Pro-Mes'!IYK3","v":0},{"$f":"'[51]CRO2_Pro-Mes'!#REF!","v":{"$error":"#REF!"}},{"$f":"'[51]CRO2_Pro-Mes'!IYM3","v":0},{"$f":"'[51]CRO2_Pro-Mes'!#REF!","v":{"$error":"#REF!"}},{"$f":"'[51]CRO2_Pro-Mes'!IYO3","v":0},{"$f":"'[51]CRO2_Pro-Mes'!#REF!","v":{"$error":"#REF!"}},{"$f":"'[51]CRO2_Pro-Mes'!IYQ3","v":0},{"$f":"'[51]CRO2_Pro-Mes'!#REF!","v":{"$error":"#REF!"}},{"$f":"'[51]CRO2_Pro-Mes'!IYS3","v":0},{"$f":"'[51]CRO2_Pro-Mes'!#REF!","v":{"$error":"#REF!"}},{"$f":"'[51]CRO2_Pro-Mes'!IYU3","v":0},{"$f":"'[51]CRO2_Pro-Mes'!#REF!","v":{"$error":"#REF!"}},{"$f":"'[51]CRO2_Pro-Mes'!IYW3","v":0},{"$f":"'[51]CRO2_Pro-Mes'!#REF!","v":{"$error":"#REF!"}},{"$f":"'[51]CRO2_Pro-Mes'!IYY3","v":0},{"$f":"'[51]CRO2_Pro-Mes'!#REF!","v":{"$error":"#REF!"}},{"$f":"'[51]CRO2_Pro-Mes'!IZA3","v":0},{"$f":"'[51]CRO2_Pro-Mes'!#REF!","v":{"$error":"#REF!"}},{"$f":"'[51]CRO2_Pro-Mes'!IZC3","v":0},{"$f":"'[51]CRO2_Pro-Mes'!#REF!","v":{"$error":"#REF!"}},{"$f":"'[51]CRO2_Pro-Mes'!IZE3","v":0},{"$f":"'[51]CRO2_Pro-Mes'!#REF!","v":{"$error":"#REF!"}},{"$f":"'[51]CRO2_Pro-Mes'!IZG3","v":0},{"$f":"'[51]CRO2_Pro-Mes'!#REF!","v":{"$error":"#REF!"}},{"$f":"'[51]CRO2_Pro-Mes'!IZI3","v":0},{"$f":"'[51]CRO2_Pro-Mes'!#REF!","v":{"$error":"#REF!"}},{"$f":"'[51]CRO2_Pro-Mes'!IZK3","v":0},{"$f":"'[51]CRO2_Pro-Mes'!#REF!","v":{"$error":"#REF!"}},{"$f":"'[51]CRO2_Pro-Mes'!IZM3","v":0},{"$f":"'[51]CRO2_Pro-Mes'!#REF!","v":{"$error":"#REF!"}},{"$f":"'[51]CRO2_Pro-Mes'!IZO3","v":0},{"$f":"'[51]CRO2_Pro-Mes'!#REF!","v":{"$error":"#REF!"}},{"$f":"'[51]CRO2_Pro-Mes'!IZQ3","v":0},{"$f":"'[51]CRO2_Pro-Mes'!#REF!","v":{"$error":"#REF!"}},{"$f":"'[51]CRO2_Pro-Mes'!IZS3","v":0},{"$f":"'[51]CRO2_Pro-Mes'!#REF!","v":{"$error":"#REF!"}},{"$f":"'[51]CRO2_Pro-Mes'!IZU3","v":0},{"$f":"'[51]CRO2_Pro-Mes'!#REF!","v":{"$error":"#REF!"}},{"$f":"'[51]CRO2_Pro-Mes'!IZW3","v":0},{"$f":"'[51]CRO2_Pro-Mes'!#REF!","v":{"$error":"#REF!"}},{"$f":"'[51]CRO2_Pro-Mes'!IZY3","v":0},{"$f":"'[51]CRO2_Pro-Mes'!#REF!","v":{"$error":"#REF!"}},{"$f":"'[51]CRO2_Pro-Mes'!JAA3","v":0},{"$f":"'[51]CRO2_Pro-Mes'!#REF!","v":{"$error":"#REF!"}},{"$f":"'[51]CRO2_Pro-Mes'!JAC3","v":0},{"$f":"'[51]CRO2_Pro-Mes'!#REF!","v":{"$error":"#REF!"}},{"$f":"'[51]CRO2_Pro-Mes'!JAE3","v":0},{"$f":"'[51]CRO2_Pro-Mes'!#REF!","v":{"$error":"#REF!"}},{"$f":"'[51]CRO2_Pro-Mes'!JAG3","v":0},{"$f":"'[51]CRO2_Pro-Mes'!#REF!","v":{"$error":"#REF!"}},{"$f":"'[51]CRO2_Pro-Mes'!JAI3","v":0},{"$f":"'[51]CRO2_Pro-Mes'!#REF!","v":{"$error":"#REF!"}},{"$f":"'[51]CRO2_Pro-Mes'!JAK3","v":0},{"$f":"'[51]CRO2_Pro-Mes'!#REF!","v":{"$error":"#REF!"}},{"$f":"'[51]CRO2_Pro-Mes'!JAM3","v":0},{"$f":"'[51]CRO2_Pro-Mes'!#REF!","v":{"$error":"#REF!"}},{"$f":"'[51]CRO2_Pro-Mes'!JAO3","v":0},{"$f":"'[51]CRO2_Pro-Mes'!#REF!","v":{"$error":"#REF!"}},{"$f":"'[51]CRO2_Pro-Mes'!JAQ3","v":0},{"$f":"'[51]CRO2_Pro-Mes'!#REF!","v":{"$error":"#REF!"}},{"$f":"'[51]CRO2_Pro-Mes'!JAS3","v":0},{"$f":"'[51]CRO2_Pro-Mes'!#REF!","v":{"$error":"#REF!"}},{"$f":"'[51]CRO2_Pro-Mes'!JAU3","v":0},{"$f":"'[51]CRO2_Pro-Mes'!#REF!","v":{"$error":"#REF!"}},{"$f":"'[51]CRO2_Pro-Mes'!JAW3","v":0},{"$f":"'[51]CRO2_Pro-Mes'!#REF!","v":{"$error":"#REF!"}},{"$f":"'[51]CRO2_Pro-Mes'!JAY3","v":0},{"$f":"'[51]CRO2_Pro-Mes'!#REF!","v":{"$error":"#REF!"}},{"$f":"'[51]CRO2_Pro-Mes'!JBA3","v":0},{"$f":"'[51]CRO2_Pro-Mes'!#REF!","v":{"$error":"#REF!"}},{"$f":"'[51]CRO2_Pro-Mes'!JBC3","v":0},{"$f":"'[51]CRO2_Pro-Mes'!#REF!","v":{"$error":"#REF!"}},{"$f":"'[51]CRO2_Pro-Mes'!JBE3","v":0},{"$f":"'[51]CRO2_Pro-Mes'!#REF!","v":{"$error":"#REF!"}},{"$f":"'[51]CRO2_Pro-Mes'!JBG3","v":0},{"$f":"'[51]CRO2_Pro-Mes'!#REF!","v":{"$error":"#REF!"}},{"$f":"'[51]CRO2_Pro-Mes'!JBI3","v":0},{"$f":"'[51]CRO2_Pro-Mes'!#REF!","v":{"$error":"#REF!"}},{"$f":"'[51]CRO2_Pro-Mes'!JBK3","v":0},{"$f":"'[51]CRO2_Pro-Mes'!#REF!","v":{"$error":"#REF!"}},{"$f":"'[51]CRO2_Pro-Mes'!JBM3","v":0},{"$f":"'[51]CRO2_Pro-Mes'!#REF!","v":{"$error":"#REF!"}},{"$f":"'[51]CRO2_Pro-Mes'!JBO3","v":0},{"$f":"'[51]CRO2_Pro-Mes'!#REF!","v":{"$error":"#REF!"}},{"$f":"'[51]CRO2_Pro-Mes'!JBQ3","v":0},{"$f":"'[51]CRO2_Pro-Mes'!#REF!","v":{"$error":"#REF!"}},{"$f":"'[51]CRO2_Pro-Mes'!JBS3","v":0},{"$f":"'[51]CRO2_Pro-Mes'!#REF!","v":{"$error":"#REF!"}},{"$f":"'[51]CRO2_Pro-Mes'!JBU3","v":0},{"$f":"'[51]CRO2_Pro-Mes'!#REF!","v":{"$error":"#REF!"}},{"$f":"'[51]CRO2_Pro-Mes'!JBW3","v":0},{"$f":"'[51]CRO2_Pro-Mes'!#REF!","v":{"$error":"#REF!"}},{"$f":"'[51]CRO2_Pro-Mes'!JBY3","v":0},{"$f":"'[51]CRO2_Pro-Mes'!#REF!","v":{"$error":"#REF!"}},{"$f":"'[51]CRO2_Pro-Mes'!JCA3","v":0},{"$f":"'[51]CRO2_Pro-Mes'!#REF!","v":{"$error":"#REF!"}},{"$f":"'[51]CRO2_Pro-Mes'!JCC3","v":0},{"$f":"'[51]CRO2_Pro-Mes'!#REF!","v":{"$error":"#REF!"}},{"$f":"'[51]CRO2_Pro-Mes'!JCE3","v":0},{"$f":"'[51]CRO2_Pro-Mes'!#REF!","v":{"$error":"#REF!"}},{"$f":"'[51]CRO2_Pro-Mes'!JCG3","v":0},{"$f":"'[51]CRO2_Pro-Mes'!#REF!","v":{"$error":"#REF!"}},{"$f":"'[51]CRO2_Pro-Mes'!JCI3","v":0},{"$f":"'[51]CRO2_Pro-Mes'!#REF!","v":{"$error":"#REF!"}},{"$f":"'[51]CRO2_Pro-Mes'!JCK3","v":0},{"$f":"'[51]CRO2_Pro-Mes'!#REF!","v":{"$error":"#REF!"}},{"$f":"'[51]CRO2_Pro-Mes'!JCM3","v":0},{"$f":"'[51]CRO2_Pro-Mes'!#REF!","v":{"$error":"#REF!"}},{"$f":"'[51]CRO2_Pro-Mes'!JCO3","v":0},{"$f":"'[51]CRO2_Pro-Mes'!#REF!","v":{"$error":"#REF!"}},{"$f":"'[51]CRO2_Pro-Mes'!JCQ3","v":0},{"$f":"'[51]CRO2_Pro-Mes'!#REF!","v":{"$error":"#REF!"}},{"$f":"'[51]CRO2_Pro-Mes'!JCS3","v":0},{"$f":"'[51]CRO2_Pro-Mes'!#REF!","v":{"$error":"#REF!"}},{"$f":"'[51]CRO2_Pro-Mes'!JCU3","v":0},{"$f":"'[51]CRO2_Pro-Mes'!#REF!","v":{"$error":"#REF!"}},{"$f":"'[51]CRO2_Pro-Mes'!JCW3","v":0},{"$f":"'[51]CRO2_Pro-Mes'!#REF!","v":{"$error":"#REF!"}},{"$f":"'[51]CRO2_Pro-Mes'!JCY3","v":0},{"$f":"'[51]CRO2_Pro-Mes'!#REF!","v":{"$error":"#REF!"}},{"$f":"'[51]CRO2_Pro-Mes'!JDA3","v":0},{"$f":"'[51]CRO2_Pro-Mes'!#REF!","v":{"$error":"#REF!"}},{"$f":"'[51]CRO2_Pro-Mes'!JDC3","v":0},{"$f":"'[51]CRO2_Pro-Mes'!#REF!","v":{"$error":"#REF!"}},{"$f":"'[51]CRO2_Pro-Mes'!JDE3","v":0},{"$f":"'[51]CRO2_Pro-Mes'!#REF!","v":{"$error":"#REF!"}},{"$f":"'[51]CRO2_Pro-Mes'!JDG3","v":0},{"$f":"'[51]CRO2_Pro-Mes'!#REF!","v":{"$error":"#REF!"}},{"$f":"'[51]CRO2_Pro-Mes'!JDI3","v":0},{"$f":"'[51]CRO2_Pro-Mes'!#REF!","v":{"$error":"#REF!"}},{"$f":"'[51]CRO2_Pro-Mes'!JDK3","v":0},{"$f":"'[51]CRO2_Pro-Mes'!#REF!","v":{"$error":"#REF!"}},{"$f":"'[51]CRO2_Pro-Mes'!JDM3","v":0},{"$f":"'[51]CRO2_Pro-Mes'!#REF!","v":{"$error":"#REF!"}},{"$f":"'[51]CRO2_Pro-Mes'!JDO3","v":0},{"$f":"'[51]CRO2_Pro-Mes'!#REF!","v":{"$error":"#REF!"}},{"$f":"'[51]CRO2_Pro-Mes'!JDQ3","v":0},{"$f":"'[51]CRO2_Pro-Mes'!#REF!","v":{"$error":"#REF!"}},{"$f":"'[51]CRO2_Pro-Mes'!JDS3","v":0},{"$f":"'[51]CRO2_Pro-Mes'!#REF!","v":{"$error":"#REF!"}},{"$f":"'[51]CRO2_Pro-Mes'!JDU3","v":0},{"$f":"'[51]CRO2_Pro-Mes'!#REF!","v":{"$error":"#REF!"}},{"$f":"'[51]CRO2_Pro-Mes'!JDW3","v":0},{"$f":"'[51]CRO2_Pro-Mes'!#REF!","v":{"$error":"#REF!"}},{"$f":"'[51]CRO2_Pro-Mes'!JDY3","v":0},{"$f":"'[51]CRO2_Pro-Mes'!#REF!","v":{"$error":"#REF!"}},{"$f":"'[51]CRO2_Pro-Mes'!JEA3","v":0},{"$f":"'[51]CRO2_Pro-Mes'!#REF!","v":{"$error":"#REF!"}},{"$f":"'[51]CRO2_Pro-Mes'!JEC3","v":0},{"$f":"'[51]CRO2_Pro-Mes'!#REF!","v":{"$error":"#REF!"}},{"$f":"'[51]CRO2_Pro-Mes'!JEE3","v":0},{"$f":"'[51]CRO2_Pro-Mes'!#REF!","v":{"$error":"#REF!"}},{"$f":"'[51]CRO2_Pro-Mes'!JEG3","v":0},{"$f":"'[51]CRO2_Pro-Mes'!#REF!","v":{"$error":"#REF!"}},{"$f":"'[51]CRO2_Pro-Mes'!JEI3","v":0},{"$f":"'[51]CRO2_Pro-Mes'!#REF!","v":{"$error":"#REF!"}},{"$f":"'[51]CRO2_Pro-Mes'!JEK3","v":0},{"$f":"'[51]CRO2_Pro-Mes'!#REF!","v":{"$error":"#REF!"}},{"$f":"'[51]CRO2_Pro-Mes'!JEM3","v":0},{"$f":"'[51]CRO2_Pro-Mes'!#REF!","v":{"$error":"#REF!"}},{"$f":"'[51]CRO2_Pro-Mes'!JEO3","v":0},{"$f":"'[51]CRO2_Pro-Mes'!#REF!","v":{"$error":"#REF!"}},{"$f":"'[51]CRO2_Pro-Mes'!JEQ3","v":0},{"$f":"'[51]CRO2_Pro-Mes'!#REF!","v":{"$error":"#REF!"}},{"$f":"'[51]CRO2_Pro-Mes'!JES3","v":0},{"$f":"'[51]CRO2_Pro-Mes'!#REF!","v":{"$error":"#REF!"}},{"$f":"'[51]CRO2_Pro-Mes'!JEU3","v":0},{"$f":"'[51]CRO2_Pro-Mes'!#REF!","v":{"$error":"#REF!"}},{"$f":"'[51]CRO2_Pro-Mes'!JEW3","v":0},{"$f":"'[51]CRO2_Pro-Mes'!#REF!","v":{"$error":"#REF!"}},{"$f":"'[51]CRO2_Pro-Mes'!JEY3","v":0},{"$f":"'[51]CRO2_Pro-Mes'!#REF!","v":{"$error":"#REF!"}},{"$f":"'[51]CRO2_Pro-Mes'!JFA3","v":0},{"$f":"'[51]CRO2_Pro-Mes'!#REF!","v":{"$error":"#REF!"}},{"$f":"'[51]CRO2_Pro-Mes'!JFC3","v":0},{"$f":"'[51]CRO2_Pro-Mes'!#REF!","v":{"$error":"#REF!"}},{"$f":"'[51]CRO2_Pro-Mes'!JFE3","v":0},{"$f":"'[51]CRO2_Pro-Mes'!#REF!","v":{"$error":"#REF!"}},{"$f":"'[51]CRO2_Pro-Mes'!JFG3","v":0},{"$f":"'[51]CRO2_Pro-Mes'!#REF!","v":{"$error":"#REF!"}},{"$f":"'[51]CRO2_Pro-Mes'!JFI3","v":0},{"$f":"'[51]CRO2_Pro-Mes'!#REF!","v":{"$error":"#REF!"}},{"$f":"'[51]CRO2_Pro-Mes'!JFK3","v":0},{"$f":"'[51]CRO2_Pro-Mes'!#REF!","v":{"$error":"#REF!"}},{"$f":"'[51]CRO2_Pro-Mes'!JFM3","v":0},{"$f":"'[51]CRO2_Pro-Mes'!#REF!","v":{"$error":"#REF!"}},{"$f":"'[51]CRO2_Pro-Mes'!JFO3","v":0},{"$f":"'[51]CRO2_Pro-Mes'!#REF!","v":{"$error":"#REF!"}},{"$f":"'[51]CRO2_Pro-Mes'!JFQ3","v":0},{"$f":"'[51]CRO2_Pro-Mes'!#REF!","v":{"$error":"#REF!"}},{"$f":"'[51]CRO2_Pro-Mes'!JFS3","v":0},{"$f":"'[51]CRO2_Pro-Mes'!#REF!","v":{"$error":"#REF!"}},{"$f":"'[51]CRO2_Pro-Mes'!JFU3","v":0},{"$f":"'[51]CRO2_Pro-Mes'!#REF!","v":{"$error":"#REF!"}},{"$f":"'[51]CRO2_Pro-Mes'!JFW3","v":0},{"$f":"'[51]CRO2_Pro-Mes'!#REF!","v":{"$error":"#REF!"}},{"$f":"'[51]CRO2_Pro-Mes'!JFY3","v":0},{"$f":"'[51]CRO2_Pro-Mes'!#REF!","v":{"$error":"#REF!"}},{"$f":"'[51]CRO2_Pro-Mes'!JGA3","v":0},{"$f":"'[51]CRO2_Pro-Mes'!#REF!","v":{"$error":"#REF!"}},{"$f":"'[51]CRO2_Pro-Mes'!JGC3","v":0},{"$f":"'[51]CRO2_Pro-Mes'!#REF!","v":{"$error":"#REF!"}},{"$f":"'[51]CRO2_Pro-Mes'!JGE3","v":0},{"$f":"'[51]CRO2_Pro-Mes'!#REF!","v":{"$error":"#REF!"}},{"$f":"'[51]CRO2_Pro-Mes'!JGG3","v":0},{"$f":"'[51]CRO2_Pro-Mes'!#REF!","v":{"$error":"#REF!"}},{"$f":"'[51]CRO2_Pro-Mes'!JGI3","v":0},{"$f":"'[51]CRO2_Pro-Mes'!#REF!","v":{"$error":"#REF!"}},{"$f":"'[51]CRO2_Pro-Mes'!JGK3","v":0},{"$f":"'[51]CRO2_Pro-Mes'!#REF!","v":{"$error":"#REF!"}},{"$f":"'[51]CRO2_Pro-Mes'!JGM3","v":0},{"$f":"'[51]CRO2_Pro-Mes'!#REF!","v":{"$error":"#REF!"}},{"$f":"'[51]CRO2_Pro-Mes'!JGO3","v":0},{"$f":"'[51]CRO2_Pro-Mes'!#REF!","v":{"$error":"#REF!"}},{"$f":"'[51]CRO2_Pro-Mes'!JGQ3","v":0},{"$f":"'[51]CRO2_Pro-Mes'!#REF!","v":{"$error":"#REF!"}},{"$f":"'[51]CRO2_Pro-Mes'!JGS3","v":0},{"$f":"'[51]CRO2_Pro-Mes'!#REF!","v":{"$error":"#REF!"}},{"$f":"'[51]CRO2_Pro-Mes'!JGU3","v":0},{"$f":"'[51]CRO2_Pro-Mes'!#REF!","v":{"$error":"#REF!"}},{"$f":"'[51]CRO2_Pro-Mes'!JGW3","v":0},{"$f":"'[51]CRO2_Pro-Mes'!#REF!","v":{"$error":"#REF!"}},{"$f":"'[51]CRO2_Pro-Mes'!JGY3","v":0},{"$f":"'[51]CRO2_Pro-Mes'!#REF!","v":{"$error":"#REF!"}},{"$f":"'[51]CRO2_Pro-Mes'!JHA3","v":0},{"$f":"'[51]CRO2_Pro-Mes'!#REF!","v":{"$error":"#REF!"}},{"$f":"'[51]CRO2_Pro-Mes'!JHC3","v":0},{"$f":"'[51]CRO2_Pro-Mes'!#REF!","v":{"$error":"#REF!"}},{"$f":"'[51]CRO2_Pro-Mes'!JHE3","v":0},{"$f":"'[51]CRO2_Pro-Mes'!#REF!","v":{"$error":"#REF!"}},{"$f":"'[51]CRO2_Pro-Mes'!JHG3","v":0},{"$f":"'[51]CRO2_Pro-Mes'!#REF!","v":{"$error":"#REF!"}},{"$f":"'[51]CRO2_Pro-Mes'!JHI3","v":0},{"$f":"'[51]CRO2_Pro-Mes'!#REF!","v":{"$error":"#REF!"}},{"$f":"'[51]CRO2_Pro-Mes'!JHK3","v":0},{"$f":"'[51]CRO2_Pro-Mes'!#REF!","v":{"$error":"#REF!"}},{"$f":"'[51]CRO2_Pro-Mes'!JHM3","v":0},{"$f":"'[51]CRO2_Pro-Mes'!#REF!","v":{"$error":"#REF!"}},{"$f":"'[51]CRO2_Pro-Mes'!JHO3","v":0},{"$f":"'[51]CRO2_Pro-Mes'!#REF!","v":{"$error":"#REF!"}},{"$f":"'[51]CRO2_Pro-Mes'!JHQ3","v":0},{"$f":"'[51]CRO2_Pro-Mes'!#REF!","v":{"$error":"#REF!"}},{"$f":"'[51]CRO2_Pro-Mes'!JHS3","v":0},{"$f":"'[51]CRO2_Pro-Mes'!#REF!","v":{"$error":"#REF!"}},{"$f":"'[51]CRO2_Pro-Mes'!JHU3","v":0},{"$f":"'[51]CRO2_Pro-Mes'!#REF!","v":{"$error":"#REF!"}},{"$f":"'[51]CRO2_Pro-Mes'!JHW3","v":0},{"$f":"'[51]CRO2_Pro-Mes'!#REF!","v":{"$error":"#REF!"}},{"$f":"'[51]CRO2_Pro-Mes'!JHY3","v":0},{"$f":"'[51]CRO2_Pro-Mes'!#REF!","v":{"$error":"#REF!"}},{"$f":"'[51]CRO2_Pro-Mes'!JIA3","v":0},{"$f":"'[51]CRO2_Pro-Mes'!#REF!","v":{"$error":"#REF!"}},{"$f":"'[51]CRO2_Pro-Mes'!JIC3","v":0},{"$f":"'[51]CRO2_Pro-Mes'!#REF!","v":{"$error":"#REF!"}},{"$f":"'[51]CRO2_Pro-Mes'!JIE3","v":0},{"$f":"'[51]CRO2_Pro-Mes'!#REF!","v":{"$error":"#REF!"}},{"$f":"'[51]CRO2_Pro-Mes'!JIG3","v":0},{"$f":"'[51]CRO2_Pro-Mes'!#REF!","v":{"$error":"#REF!"}},{"$f":"'[51]CRO2_Pro-Mes'!JII3","v":0},{"$f":"'[51]CRO2_Pro-Mes'!#REF!","v":{"$error":"#REF!"}},{"$f":"'[51]CRO2_Pro-Mes'!JIK3","v":0},{"$f":"'[51]CRO2_Pro-Mes'!#REF!","v":{"$error":"#REF!"}},{"$f":"'[51]CRO2_Pro-Mes'!JIM3","v":0},{"$f":"'[51]CRO2_Pro-Mes'!#REF!","v":{"$error":"#REF!"}},{"$f":"'[51]CRO2_Pro-Mes'!JIO3","v":0},{"$f":"'[51]CRO2_Pro-Mes'!#REF!","v":{"$error":"#REF!"}},{"$f":"'[51]CRO2_Pro-Mes'!JIQ3","v":0},{"$f":"'[51]CRO2_Pro-Mes'!#REF!","v":{"$error":"#REF!"}},{"$f":"'[51]CRO2_Pro-Mes'!JIS3","v":0},{"$f":"'[51]CRO2_Pro-Mes'!#REF!","v":{"$error":"#REF!"}},{"$f":"'[51]CRO2_Pro-Mes'!JIU3","v":0},{"$f":"'[51]CRO2_Pro-Mes'!#REF!","v":{"$error":"#REF!"}},{"$f":"'[51]CRO2_Pro-Mes'!JIW3","v":0},{"$f":"'[51]CRO2_Pro-Mes'!#REF!","v":{"$error":"#REF!"}},{"$f":"'[51]CRO2_Pro-Mes'!JIY3","v":0},{"$f":"'[51]CRO2_Pro-Mes'!#REF!","v":{"$error":"#REF!"}},{"$f":"'[51]CRO2_Pro-Mes'!JJA3","v":0},{"$f":"'[51]CRO2_Pro-Mes'!#REF!","v":{"$error":"#REF!"}},{"$f":"'[51]CRO2_Pro-Mes'!JJC3","v":0},{"$f":"'[51]CRO2_Pro-Mes'!#REF!","v":{"$error":"#REF!"}},{"$f":"'[51]CRO2_Pro-Mes'!JJE3","v":0},{"$f":"'[51]CRO2_Pro-Mes'!#REF!","v":{"$error":"#REF!"}},{"$f":"'[51]CRO2_Pro-Mes'!JJG3","v":0},{"$f":"'[51]CRO2_Pro-Mes'!#REF!","v":{"$error":"#REF!"}},{"$f":"'[51]CRO2_Pro-Mes'!JJI3","v":0},{"$f":"'[51]CRO2_Pro-Mes'!#REF!","v":{"$error":"#REF!"}},{"$f":"'[51]CRO2_Pro-Mes'!JJK3","v":0},{"$f":"'[51]CRO2_Pro-Mes'!#REF!","v":{"$error":"#REF!"}},{"$f":"'[51]CRO2_Pro-Mes'!JJM3","v":0},{"$f":"'[51]CRO2_Pro-Mes'!#REF!","v":{"$error":"#REF!"}},{"$f":"'[51]CRO2_Pro-Mes'!JJO3","v":0},{"$f":"'[51]CRO2_Pro-Mes'!#REF!","v":{"$error":"#REF!"}},{"$f":"'[51]CRO2_Pro-Mes'!JJQ3","v":0},{"$f":"'[51]CRO2_Pro-Mes'!#REF!","v":{"$error":"#REF!"}},{"$f":"'[51]CRO2_Pro-Mes'!JJS3","v":0},{"$f":"'[51]CRO2_Pro-Mes'!#REF!","v":{"$error":"#REF!"}},{"$f":"'[51]CRO2_Pro-Mes'!JJU3","v":0},{"$f":"'[51]CRO2_Pro-Mes'!#REF!","v":{"$error":"#REF!"}},{"$f":"'[51]CRO2_Pro-Mes'!JJW3","v":0},{"$f":"'[51]CRO2_Pro-Mes'!#REF!","v":{"$error":"#REF!"}},{"$f":"'[51]CRO2_Pro-Mes'!JJY3","v":0},{"$f":"'[51]CRO2_Pro-Mes'!#REF!","v":{"$error":"#REF!"}},{"$f":"'[51]CRO2_Pro-Mes'!JKA3","v":0},{"$f":"'[51]CRO2_Pro-Mes'!#REF!","v":{"$error":"#REF!"}},{"$f":"'[51]CRO2_Pro-Mes'!JKC3","v":0},{"$f":"'[51]CRO2_Pro-Mes'!#REF!","v":{"$error":"#REF!"}},{"$f":"'[51]CRO2_Pro-Mes'!JKE3","v":0},{"$f":"'[51]CRO2_Pro-Mes'!#REF!","v":{"$error":"#REF!"}},{"$f":"'[51]CRO2_Pro-Mes'!JKG3","v":0},{"$f":"'[51]CRO2_Pro-Mes'!#REF!","v":{"$error":"#REF!"}},{"$f":"'[51]CRO2_Pro-Mes'!JKI3","v":0},{"$f":"'[51]CRO2_Pro-Mes'!#REF!","v":{"$error":"#REF!"}},{"$f":"'[51]CRO2_Pro-Mes'!JKK3","v":0},{"$f":"'[51]CRO2_Pro-Mes'!#REF!","v":{"$error":"#REF!"}},{"$f":"'[51]CRO2_Pro-Mes'!JKM3","v":0},{"$f":"'[51]CRO2_Pro-Mes'!#REF!","v":{"$error":"#REF!"}},{"$f":"'[51]CRO2_Pro-Mes'!JKO3","v":0},{"$f":"'[51]CRO2_Pro-Mes'!#REF!","v":{"$error":"#REF!"}},{"$f":"'[51]CRO2_Pro-Mes'!JKQ3","v":0},{"$f":"'[51]CRO2_Pro-Mes'!#REF!","v":{"$error":"#REF!"}},{"$f":"'[51]CRO2_Pro-Mes'!JKS3","v":0},{"$f":"'[51]CRO2_Pro-Mes'!#REF!","v":{"$error":"#REF!"}},{"$f":"'[51]CRO2_Pro-Mes'!JKU3","v":0},{"$f":"'[51]CRO2_Pro-Mes'!#REF!","v":{"$error":"#REF!"}},{"$f":"'[51]CRO2_Pro-Mes'!JKW3","v":0},{"$f":"'[51]CRO2_Pro-Mes'!#REF!","v":{"$error":"#REF!"}},{"$f":"'[51]CRO2_Pro-Mes'!JKY3","v":0},{"$f":"'[51]CRO2_Pro-Mes'!#REF!","v":{"$error":"#REF!"}},{"$f":"'[51]CRO2_Pro-Mes'!JLA3","v":0},{"$f":"'[51]CRO2_Pro-Mes'!#REF!","v":{"$error":"#REF!"}},{"$f":"'[51]CRO2_Pro-Mes'!JLC3","v":0},{"$f":"'[51]CRO2_Pro-Mes'!#REF!","v":{"$error":"#REF!"}},{"$f":"'[51]CRO2_Pro-Mes'!JLE3","v":0},{"$f":"'[51]CRO2_Pro-Mes'!#REF!","v":{"$error":"#REF!"}},{"$f":"'[51]CRO2_Pro-Mes'!JLG3","v":0},{"$f":"'[51]CRO2_Pro-Mes'!#REF!","v":{"$error":"#REF!"}},{"$f":"'[51]CRO2_Pro-Mes'!JLI3","v":0},{"$f":"'[51]CRO2_Pro-Mes'!#REF!","v":{"$error":"#REF!"}},{"$f":"'[51]CRO2_Pro-Mes'!JLK3","v":0},{"$f":"'[51]CRO2_Pro-Mes'!#REF!","v":{"$error":"#REF!"}},{"$f":"'[51]CRO2_Pro-Mes'!JLM3","v":0},{"$f":"'[51]CRO2_Pro-Mes'!#REF!","v":{"$error":"#REF!"}},{"$f":"'[51]CRO2_Pro-Mes'!JLO3","v":0},{"$f":"'[51]CRO2_Pro-Mes'!#REF!","v":{"$error":"#REF!"}},{"$f":"'[51]CRO2_Pro-Mes'!JLQ3","v":0},{"$f":"'[51]CRO2_Pro-Mes'!#REF!","v":{"$error":"#REF!"}},{"$f":"'[51]CRO2_Pro-Mes'!JLS3","v":0},{"$f":"'[51]CRO2_Pro-Mes'!#REF!","v":{"$error":"#REF!"}},{"$f":"'[51]CRO2_Pro-Mes'!JLU3","v":0},{"$f":"'[51]CRO2_Pro-Mes'!#REF!","v":{"$error":"#REF!"}},{"$f":"'[51]CRO2_Pro-Mes'!JLW3","v":0},{"$f":"'[51]CRO2_Pro-Mes'!#REF!","v":{"$error":"#REF!"}},{"$f":"'[51]CRO2_Pro-Mes'!JLY3","v":0},{"$f":"'[51]CRO2_Pro-Mes'!#REF!","v":{"$error":"#REF!"}},{"$f":"'[51]CRO2_Pro-Mes'!JMA3","v":0},{"$f":"'[51]CRO2_Pro-Mes'!#REF!","v":{"$error":"#REF!"}},{"$f":"'[51]CRO2_Pro-Mes'!JMC3","v":0},{"$f":"'[51]CRO2_Pro-Mes'!#REF!","v":{"$error":"#REF!"}},{"$f":"'[51]CRO2_Pro-Mes'!JME3","v":0},{"$f":"'[51]CRO2_Pro-Mes'!#REF!","v":{"$error":"#REF!"}},{"$f":"'[51]CRO2_Pro-Mes'!JMG3","v":0},{"$f":"'[51]CRO2_Pro-Mes'!#REF!","v":{"$error":"#REF!"}},{"$f":"'[51]CRO2_Pro-Mes'!JMI3","v":0},{"$f":"'[51]CRO2_Pro-Mes'!#REF!","v":{"$error":"#REF!"}},{"$f":"'[51]CRO2_Pro-Mes'!JMK3","v":0},{"$f":"'[51]CRO2_Pro-Mes'!#REF!","v":{"$error":"#REF!"}},{"$f":"'[51]CRO2_Pro-Mes'!JMM3","v":0},{"$f":"'[51]CRO2_Pro-Mes'!#REF!","v":{"$error":"#REF!"}},{"$f":"'[51]CRO2_Pro-Mes'!JMO3","v":0},{"$f":"'[51]CRO2_Pro-Mes'!#REF!","v":{"$error":"#REF!"}},{"$f":"'[51]CRO2_Pro-Mes'!JMQ3","v":0},{"$f":"'[51]CRO2_Pro-Mes'!#REF!","v":{"$error":"#REF!"}},{"$f":"'[51]CRO2_Pro-Mes'!JMS3","v":0},{"$f":"'[51]CRO2_Pro-Mes'!#REF!","v":{"$error":"#REF!"}},{"$f":"'[51]CRO2_Pro-Mes'!JMU3","v":0},{"$f":"'[51]CRO2_Pro-Mes'!#REF!","v":{"$error":"#REF!"}},{"$f":"'[51]CRO2_Pro-Mes'!JMW3","v":0},{"$f":"'[51]CRO2_Pro-Mes'!#REF!","v":{"$error":"#REF!"}},{"$f":"'[51]CRO2_Pro-Mes'!JMY3","v":0},{"$f":"'[51]CRO2_Pro-Mes'!#REF!","v":{"$error":"#REF!"}},{"$f":"'[51]CRO2_Pro-Mes'!JNA3","v":0},{"$f":"'[51]CRO2_Pro-Mes'!#REF!","v":{"$error":"#REF!"}},{"$f":"'[51]CRO2_Pro-Mes'!JNC3","v":0},{"$f":"'[51]CRO2_Pro-Mes'!#REF!","v":{"$error":"#REF!"}},{"$f":"'[51]CRO2_Pro-Mes'!JNE3","v":0},{"$f":"'[51]CRO2_Pro-Mes'!#REF!","v":{"$error":"#REF!"}},{"$f":"'[51]CRO2_Pro-Mes'!JNG3","v":0},{"$f":"'[51]CRO2_Pro-Mes'!#REF!","v":{"$error":"#REF!"}},{"$f":"'[51]CRO2_Pro-Mes'!JNI3","v":0},{"$f":"'[51]CRO2_Pro-Mes'!#REF!","v":{"$error":"#REF!"}},{"$f":"'[51]CRO2_Pro-Mes'!JNK3","v":0},{"$f":"'[51]CRO2_Pro-Mes'!#REF!","v":{"$error":"#REF!"}},{"$f":"'[51]CRO2_Pro-Mes'!JNM3","v":0},{"$f":"'[51]CRO2_Pro-Mes'!#REF!","v":{"$error":"#REF!"}},{"$f":"'[51]CRO2_Pro-Mes'!JNO3","v":0},{"$f":"'[51]CRO2_Pro-Mes'!#REF!","v":{"$error":"#REF!"}},{"$f":"'[51]CRO2_Pro-Mes'!JNQ3","v":0},{"$f":"'[51]CRO2_Pro-Mes'!#REF!","v":{"$error":"#REF!"}},{"$f":"'[51]CRO2_Pro-Mes'!JNS3","v":0},{"$f":"'[51]CRO2_Pro-Mes'!#REF!","v":{"$error":"#REF!"}},{"$f":"'[51]CRO2_Pro-Mes'!JNU3","v":0},{"$f":"'[51]CRO2_Pro-Mes'!#REF!","v":{"$error":"#REF!"}},{"$f":"'[51]CRO2_Pro-Mes'!JNW3","v":0},{"$f":"'[51]CRO2_Pro-Mes'!#REF!","v":{"$error":"#REF!"}},{"$f":"'[51]CRO2_Pro-Mes'!JNY3","v":0},{"$f":"'[51]CRO2_Pro-Mes'!#REF!","v":{"$error":"#REF!"}},{"$f":"'[51]CRO2_Pro-Mes'!JOA3","v":0},{"$f":"'[51]CRO2_Pro-Mes'!#REF!","v":{"$error":"#REF!"}},{"$f":"'[51]CRO2_Pro-Mes'!JOC3","v":0},{"$f":"'[51]CRO2_Pro-Mes'!#REF!","v":{"$error":"#REF!"}},{"$f":"'[51]CRO2_Pro-Mes'!JOE3","v":0},{"$f":"'[51]CRO2_Pro-Mes'!#REF!","v":{"$error":"#REF!"}},{"$f":"'[51]CRO2_Pro-Mes'!JOG3","v":0},{"$f":"'[51]CRO2_Pro-Mes'!#REF!","v":{"$error":"#REF!"}},{"$f":"'[51]CRO2_Pro-Mes'!JOI3","v":0},{"$f":"'[51]CRO2_Pro-Mes'!#REF!","v":{"$error":"#REF!"}},{"$f":"'[51]CRO2_Pro-Mes'!JOK3","v":0},{"$f":"'[51]CRO2_Pro-Mes'!#REF!","v":{"$error":"#REF!"}},{"$f":"'[51]CRO2_Pro-Mes'!JOM3","v":0},{"$f":"'[51]CRO2_Pro-Mes'!#REF!","v":{"$error":"#REF!"}},{"$f":"'[51]CRO2_Pro-Mes'!JOO3","v":0},{"$f":"'[51]CRO2_Pro-Mes'!#REF!","v":{"$error":"#REF!"}},{"$f":"'[51]CRO2_Pro-Mes'!JOQ3","v":0},{"$f":"'[51]CRO2_Pro-Mes'!#REF!","v":{"$error":"#REF!"}},{"$f":"'[51]CRO2_Pro-Mes'!JOS3","v":0},{"$f":"'[51]CRO2_Pro-Mes'!#REF!","v":{"$error":"#REF!"}},{"$f":"'[51]CRO2_Pro-Mes'!JOU3","v":0},{"$f":"'[51]CRO2_Pro-Mes'!#REF!","v":{"$error":"#REF!"}},{"$f":"'[51]CRO2_Pro-Mes'!JOW3","v":0},{"$f":"'[51]CRO2_Pro-Mes'!#REF!","v":{"$error":"#REF!"}},{"$f":"'[51]CRO2_Pro-Mes'!JOY3","v":0},{"$f":"'[51]CRO2_Pro-Mes'!#REF!","v":{"$error":"#REF!"}},{"$f":"'[51]CRO2_Pro-Mes'!JPA3","v":0},{"$f":"'[51]CRO2_Pro-Mes'!#REF!","v":{"$error":"#REF!"}},{"$f":"'[51]CRO2_Pro-Mes'!JPC3","v":0},{"$f":"'[51]CRO2_Pro-Mes'!#REF!","v":{"$error":"#REF!"}},{"$f":"'[51]CRO2_Pro-Mes'!JPE3","v":0},{"$f":"'[51]CRO2_Pro-Mes'!#REF!","v":{"$error":"#REF!"}},{"$f":"'[51]CRO2_Pro-Mes'!JPG3","v":0},{"$f":"'[51]CRO2_Pro-Mes'!#REF!","v":{"$error":"#REF!"}},{"$f":"'[51]CRO2_Pro-Mes'!JPI3","v":0},{"$f":"'[51]CRO2_Pro-Mes'!#REF!","v":{"$error":"#REF!"}},{"$f":"'[51]CRO2_Pro-Mes'!JPK3","v":0},{"$f":"'[51]CRO2_Pro-Mes'!#REF!","v":{"$error":"#REF!"}},{"$f":"'[51]CRO2_Pro-Mes'!JPM3","v":0},{"$f":"'[51]CRO2_Pro-Mes'!#REF!","v":{"$error":"#REF!"}},{"$f":"'[51]CRO2_Pro-Mes'!JPO3","v":0},{"$f":"'[51]CRO2_Pro-Mes'!#REF!","v":{"$error":"#REF!"}},{"$f":"'[51]CRO2_Pro-Mes'!JPQ3","v":0},{"$f":"'[51]CRO2_Pro-Mes'!#REF!","v":{"$error":"#REF!"}},{"$f":"'[51]CRO2_Pro-Mes'!JPS3","v":0},{"$f":"'[51]CRO2_Pro-Mes'!#REF!","v":{"$error":"#REF!"}},{"$f":"'[51]CRO2_Pro-Mes'!JPU3","v":0},{"$f":"'[51]CRO2_Pro-Mes'!#REF!","v":{"$error":"#REF!"}},{"$f":"'[51]CRO2_Pro-Mes'!JPW3","v":0},{"$f":"'[51]CRO2_Pro-Mes'!#REF!","v":{"$error":"#REF!"}},{"$f":"'[51]CRO2_Pro-Mes'!JPY3","v":0},{"$f":"'[51]CRO2_Pro-Mes'!#REF!","v":{"$error":"#REF!"}},{"$f":"'[51]CRO2_Pro-Mes'!JQA3","v":0},{"$f":"'[51]CRO2_Pro-Mes'!#REF!","v":{"$error":"#REF!"}},{"$f":"'[51]CRO2_Pro-Mes'!JQC3","v":0},{"$f":"'[51]CRO2_Pro-Mes'!#REF!","v":{"$error":"#REF!"}},{"$f":"'[51]CRO2_Pro-Mes'!JQE3","v":0},{"$f":"'[51]CRO2_Pro-Mes'!#REF!","v":{"$error":"#REF!"}},{"$f":"'[51]CRO2_Pro-Mes'!JQG3","v":0},{"$f":"'[51]CRO2_Pro-Mes'!#REF!","v":{"$error":"#REF!"}},{"$f":"'[51]CRO2_Pro-Mes'!JQI3","v":0},{"$f":"'[51]CRO2_Pro-Mes'!#REF!","v":{"$error":"#REF!"}},{"$f":"'[51]CRO2_Pro-Mes'!JQK3","v":0},{"$f":"'[51]CRO2_Pro-Mes'!#REF!","v":{"$error":"#REF!"}},{"$f":"'[51]CRO2_Pro-Mes'!JQM3","v":0},{"$f":"'[51]CRO2_Pro-Mes'!#REF!","v":{"$error":"#REF!"}},{"$f":"'[51]CRO2_Pro-Mes'!JQO3","v":0},{"$f":"'[51]CRO2_Pro-Mes'!#REF!","v":{"$error":"#REF!"}},{"$f":"'[51]CRO2_Pro-Mes'!JQQ3","v":0},{"$f":"'[51]CRO2_Pro-Mes'!#REF!","v":{"$error":"#REF!"}},{"$f":"'[51]CRO2_Pro-Mes'!JQS3","v":0},{"$f":"'[51]CRO2_Pro-Mes'!#REF!","v":{"$error":"#REF!"}},{"$f":"'[51]CRO2_Pro-Mes'!JQU3","v":0},{"$f":"'[51]CRO2_Pro-Mes'!#REF!","v":{"$error":"#REF!"}},{"$f":"'[51]CRO2_Pro-Mes'!JQW3","v":0},{"$f":"'[51]CRO2_Pro-Mes'!#REF!","v":{"$error":"#REF!"}},{"$f":"'[51]CRO2_Pro-Mes'!JQY3","v":0},{"$f":"'[51]CRO2_Pro-Mes'!#REF!","v":{"$error":"#REF!"}},{"$f":"'[51]CRO2_Pro-Mes'!JRA3","v":0},{"$f":"'[51]CRO2_Pro-Mes'!#REF!","v":{"$error":"#REF!"}},{"$f":"'[51]CRO2_Pro-Mes'!JRC3","v":0},{"$f":"'[51]CRO2_Pro-Mes'!#REF!","v":{"$error":"#REF!"}},{"$f":"'[51]CRO2_Pro-Mes'!JRE3","v":0},{"$f":"'[51]CRO2_Pro-Mes'!#REF!","v":{"$error":"#REF!"}},{"$f":"'[51]CRO2_Pro-Mes'!JRG3","v":0},{"$f":"'[51]CRO2_Pro-Mes'!#REF!","v":{"$error":"#REF!"}},{"$f":"'[51]CRO2_Pro-Mes'!JRI3","v":0},{"$f":"'[51]CRO2_Pro-Mes'!#REF!","v":{"$error":"#REF!"}},{"$f":"'[51]CRO2_Pro-Mes'!JRK3","v":0},{"$f":"'[51]CRO2_Pro-Mes'!#REF!","v":{"$error":"#REF!"}},{"$f":"'[51]CRO2_Pro-Mes'!JRM3","v":0},{"$f":"'[51]CRO2_Pro-Mes'!#REF!","v":{"$error":"#REF!"}},{"$f":"'[51]CRO2_Pro-Mes'!JRO3","v":0},{"$f":"'[51]CRO2_Pro-Mes'!#REF!","v":{"$error":"#REF!"}},{"$f":"'[51]CRO2_Pro-Mes'!JRQ3","v":0},{"$f":"'[51]CRO2_Pro-Mes'!#REF!","v":{"$error":"#REF!"}},{"$f":"'[51]CRO2_Pro-Mes'!JRS3","v":0},{"$f":"'[51]CRO2_Pro-Mes'!#REF!","v":{"$error":"#REF!"}},{"$f":"'[51]CRO2_Pro-Mes'!JRU3","v":0},{"$f":"'[51]CRO2_Pro-Mes'!#REF!","v":{"$error":"#REF!"}},{"$f":"'[51]CRO2_Pro-Mes'!JRW3","v":0},{"$f":"'[51]CRO2_Pro-Mes'!#REF!","v":{"$error":"#REF!"}},{"$f":"'[51]CRO2_Pro-Mes'!JRY3","v":0},{"$f":"'[51]CRO2_Pro-Mes'!#REF!","v":{"$error":"#REF!"}},{"$f":"'[51]CRO2_Pro-Mes'!JSA3","v":0},{"$f":"'[51]CRO2_Pro-Mes'!#REF!","v":{"$error":"#REF!"}},{"$f":"'[51]CRO2_Pro-Mes'!JSC3","v":0},{"$f":"'[51]CRO2_Pro-Mes'!#REF!","v":{"$error":"#REF!"}},{"$f":"'[51]CRO2_Pro-Mes'!JSE3","v":0},{"$f":"'[51]CRO2_Pro-Mes'!#REF!","v":{"$error":"#REF!"}},{"$f":"'[51]CRO2_Pro-Mes'!JSG3","v":0},{"$f":"'[51]CRO2_Pro-Mes'!#REF!","v":{"$error":"#REF!"}},{"$f":"'[51]CRO2_Pro-Mes'!JSI3","v":0},{"$f":"'[51]CRO2_Pro-Mes'!#REF!","v":{"$error":"#REF!"}},{"$f":"'[51]CRO2_Pro-Mes'!JSK3","v":0},{"$f":"'[51]CRO2_Pro-Mes'!#REF!","v":{"$error":"#REF!"}},{"$f":"'[51]CRO2_Pro-Mes'!JSM3","v":0},{"$f":"'[51]CRO2_Pro-Mes'!#REF!","v":{"$error":"#REF!"}},{"$f":"'[51]CRO2_Pro-Mes'!JSO3","v":0},{"$f":"'[51]CRO2_Pro-Mes'!#REF!","v":{"$error":"#REF!"}},{"$f":"'[51]CRO2_Pro-Mes'!JSQ3","v":0},{"$f":"'[51]CRO2_Pro-Mes'!#REF!","v":{"$error":"#REF!"}},{"$f":"'[51]CRO2_Pro-Mes'!JSS3","v":0},{"$f":"'[51]CRO2_Pro-Mes'!#REF!","v":{"$error":"#REF!"}},{"$f":"'[51]CRO2_Pro-Mes'!JSU3","v":0},{"$f":"'[51]CRO2_Pro-Mes'!#REF!","v":{"$error":"#REF!"}},{"$f":"'[51]CRO2_Pro-Mes'!JSW3","v":0},{"$f":"'[51]CRO2_Pro-Mes'!#REF!","v":{"$error":"#REF!"}},{"$f":"'[51]CRO2_Pro-Mes'!JSY3","v":0},{"$f":"'[51]CRO2_Pro-Mes'!#REF!","v":{"$error":"#REF!"}},{"$f":"'[51]CRO2_Pro-Mes'!JTA3","v":0},{"$f":"'[51]CRO2_Pro-Mes'!#REF!","v":{"$error":"#REF!"}},{"$f":"'[51]CRO2_Pro-Mes'!JTC3","v":0},{"$f":"'[51]CRO2_Pro-Mes'!#REF!","v":{"$error":"#REF!"}},{"$f":"'[51]CRO2_Pro-Mes'!JTE3","v":0},{"$f":"'[51]CRO2_Pro-Mes'!#REF!","v":{"$error":"#REF!"}},{"$f":"'[51]CRO2_Pro-Mes'!JTG3","v":0},{"$f":"'[51]CRO2_Pro-Mes'!#REF!","v":{"$error":"#REF!"}},{"$f":"'[51]CRO2_Pro-Mes'!JTI3","v":0},{"$f":"'[51]CRO2_Pro-Mes'!#REF!","v":{"$error":"#REF!"}},{"$f":"'[51]CRO2_Pro-Mes'!JTK3","v":0},{"$f":"'[51]CRO2_Pro-Mes'!#REF!","v":{"$error":"#REF!"}},{"$f":"'[51]CRO2_Pro-Mes'!JTM3","v":0},{"$f":"'[51]CRO2_Pro-Mes'!#REF!","v":{"$error":"#REF!"}},{"$f":"'[51]CRO2_Pro-Mes'!JTO3","v":0},{"$f":"'[51]CRO2_Pro-Mes'!#REF!","v":{"$error":"#REF!"}},{"$f":"'[51]CRO2_Pro-Mes'!JTQ3","v":0},{"$f":"'[51]CRO2_Pro-Mes'!#REF!","v":{"$error":"#REF!"}},{"$f":"'[51]CRO2_Pro-Mes'!JTS3","v":0},{"$f":"'[51]CRO2_Pro-Mes'!#REF!","v":{"$error":"#REF!"}},{"$f":"'[51]CRO2_Pro-Mes'!JTU3","v":0},{"$f":"'[51]CRO2_Pro-Mes'!#REF!","v":{"$error":"#REF!"}},{"$f":"'[51]CRO2_Pro-Mes'!JTW3","v":0},{"$f":"'[51]CRO2_Pro-Mes'!#REF!","v":{"$error":"#REF!"}},{"$f":"'[51]CRO2_Pro-Mes'!JTY3","v":0},{"$f":"'[51]CRO2_Pro-Mes'!#REF!","v":{"$error":"#REF!"}},{"$f":"'[51]CRO2_Pro-Mes'!JUA3","v":0},{"$f":"'[51]CRO2_Pro-Mes'!#REF!","v":{"$error":"#REF!"}},{"$f":"'[51]CRO2_Pro-Mes'!JUC3","v":0},{"$f":"'[51]CRO2_Pro-Mes'!#REF!","v":{"$error":"#REF!"}},{"$f":"'[51]CRO2_Pro-Mes'!JUE3","v":0},{"$f":"'[51]CRO2_Pro-Mes'!#REF!","v":{"$error":"#REF!"}},{"$f":"'[51]CRO2_Pro-Mes'!JUG3","v":0},{"$f":"'[51]CRO2_Pro-Mes'!#REF!","v":{"$error":"#REF!"}},{"$f":"'[51]CRO2_Pro-Mes'!JUI3","v":0},{"$f":"'[51]CRO2_Pro-Mes'!#REF!","v":{"$error":"#REF!"}},{"$f":"'[51]CRO2_Pro-Mes'!JUK3","v":0},{"$f":"'[51]CRO2_Pro-Mes'!#REF!","v":{"$error":"#REF!"}},{"$f":"'[51]CRO2_Pro-Mes'!JUM3","v":0},{"$f":"'[51]CRO2_Pro-Mes'!#REF!","v":{"$error":"#REF!"}},{"$f":"'[51]CRO2_Pro-Mes'!JUO3","v":0},{"$f":"'[51]CRO2_Pro-Mes'!#REF!","v":{"$error":"#REF!"}},{"$f":"'[51]CRO2_Pro-Mes'!JUQ3","v":0},{"$f":"'[51]CRO2_Pro-Mes'!#REF!","v":{"$error":"#REF!"}},{"$f":"'[51]CRO2_Pro-Mes'!JUS3","v":0},{"$f":"'[51]CRO2_Pro-Mes'!#REF!","v":{"$error":"#REF!"}},{"$f":"'[51]CRO2_Pro-Mes'!JUU3","v":0},{"$f":"'[51]CRO2_Pro-Mes'!#REF!","v":{"$error":"#REF!"}},{"$f":"'[51]CRO2_Pro-Mes'!JUW3","v":0},{"$f":"'[51]CRO2_Pro-Mes'!#REF!","v":{"$error":"#REF!"}},{"$f":"'[51]CRO2_Pro-Mes'!JUY3","v":0},{"$f":"'[51]CRO2_Pro-Mes'!#REF!","v":{"$error":"#REF!"}},{"$f":"'[51]CRO2_Pro-Mes'!JVA3","v":0},{"$f":"'[51]CRO2_Pro-Mes'!#REF!","v":{"$error":"#REF!"}},{"$f":"'[51]CRO2_Pro-Mes'!JVC3","v":0},{"$f":"'[51]CRO2_Pro-Mes'!#REF!","v":{"$error":"#REF!"}},{"$f":"'[51]CRO2_Pro-Mes'!JVE3","v":0},{"$f":"'[51]CRO2_Pro-Mes'!#REF!","v":{"$error":"#REF!"}},{"$f":"'[51]CRO2_Pro-Mes'!JVG3","v":0},{"$f":"'[51]CRO2_Pro-Mes'!#REF!","v":{"$error":"#REF!"}},{"$f":"'[51]CRO2_Pro-Mes'!JVI3","v":0},{"$f":"'[51]CRO2_Pro-Mes'!#REF!","v":{"$error":"#REF!"}},{"$f":"'[51]CRO2_Pro-Mes'!JVK3","v":0},{"$f":"'[51]CRO2_Pro-Mes'!#REF!","v":{"$error":"#REF!"}},{"$f":"'[51]CRO2_Pro-Mes'!JVM3","v":0},{"$f":"'[51]CRO2_Pro-Mes'!#REF!","v":{"$error":"#REF!"}},{"$f":"'[51]CRO2_Pro-Mes'!JVO3","v":0},{"$f":"'[51]CRO2_Pro-Mes'!#REF!","v":{"$error":"#REF!"}},{"$f":"'[51]CRO2_Pro-Mes'!JVQ3","v":0},{"$f":"'[51]CRO2_Pro-Mes'!#REF!","v":{"$error":"#REF!"}},{"$f":"'[51]CRO2_Pro-Mes'!JVS3","v":0},{"$f":"'[51]CRO2_Pro-Mes'!#REF!","v":{"$error":"#REF!"}},{"$f":"'[51]CRO2_Pro-Mes'!JVU3","v":0},{"$f":"'[51]CRO2_Pro-Mes'!#REF!","v":{"$error":"#REF!"}},{"$f":"'[51]CRO2_Pro-Mes'!JVW3","v":0},{"$f":"'[51]CRO2_Pro-Mes'!#REF!","v":{"$error":"#REF!"}},{"$f":"'[51]CRO2_Pro-Mes'!JVY3","v":0},{"$f":"'[51]CRO2_Pro-Mes'!#REF!","v":{"$error":"#REF!"}},{"$f":"'[51]CRO2_Pro-Mes'!JWA3","v":0},{"$f":"'[51]CRO2_Pro-Mes'!#REF!","v":{"$error":"#REF!"}},{"$f":"'[51]CRO2_Pro-Mes'!JWC3","v":0},{"$f":"'[51]CRO2_Pro-Mes'!#REF!","v":{"$error":"#REF!"}},{"$f":"'[51]CRO2_Pro-Mes'!JWE3","v":0},{"$f":"'[51]CRO2_Pro-Mes'!#REF!","v":{"$error":"#REF!"}},{"$f":"'[51]CRO2_Pro-Mes'!JWG3","v":0},{"$f":"'[51]CRO2_Pro-Mes'!#REF!","v":{"$error":"#REF!"}},{"$f":"'[51]CRO2_Pro-Mes'!JWI3","v":0},{"$f":"'[51]CRO2_Pro-Mes'!#REF!","v":{"$error":"#REF!"}},{"$f":"'[51]CRO2_Pro-Mes'!JWK3","v":0},{"$f":"'[51]CRO2_Pro-Mes'!#REF!","v":{"$error":"#REF!"}},{"$f":"'[51]CRO2_Pro-Mes'!JWM3","v":0},{"$f":"'[51]CRO2_Pro-Mes'!#REF!","v":{"$error":"#REF!"}},{"$f":"'[51]CRO2_Pro-Mes'!JWO3","v":0},{"$f":"'[51]CRO2_Pro-Mes'!#REF!","v":{"$error":"#REF!"}},{"$f":"'[51]CRO2_Pro-Mes'!JWQ3","v":0},{"$f":"'[51]CRO2_Pro-Mes'!#REF!","v":{"$error":"#REF!"}},{"$f":"'[51]CRO2_Pro-Mes'!JWS3","v":0},{"$f":"'[51]CRO2_Pro-Mes'!#REF!","v":{"$error":"#REF!"}},{"$f":"'[51]CRO2_Pro-Mes'!JWU3","v":0},{"$f":"'[51]CRO2_Pro-Mes'!#REF!","v":{"$error":"#REF!"}},{"$f":"'[51]CRO2_Pro-Mes'!JWW3","v":0},{"$f":"'[51]CRO2_Pro-Mes'!#REF!","v":{"$error":"#REF!"}},{"$f":"'[51]CRO2_Pro-Mes'!JWY3","v":0},{"$f":"'[51]CRO2_Pro-Mes'!#REF!","v":{"$error":"#REF!"}},{"$f":"'[51]CRO2_Pro-Mes'!JXA3","v":0},{"$f":"'[51]CRO2_Pro-Mes'!#REF!","v":{"$error":"#REF!"}},{"$f":"'[51]CRO2_Pro-Mes'!JXC3","v":0},{"$f":"'[51]CRO2_Pro-Mes'!#REF!","v":{"$error":"#REF!"}},{"$f":"'[51]CRO2_Pro-Mes'!JXE3","v":0},{"$f":"'[51]CRO2_Pro-Mes'!#REF!","v":{"$error":"#REF!"}},{"$f":"'[51]CRO2_Pro-Mes'!JXG3","v":0},{"$f":"'[51]CRO2_Pro-Mes'!#REF!","v":{"$error":"#REF!"}},{"$f":"'[51]CRO2_Pro-Mes'!JXI3","v":0},{"$f":"'[51]CRO2_Pro-Mes'!#REF!","v":{"$error":"#REF!"}},{"$f":"'[51]CRO2_Pro-Mes'!JXK3","v":0},{"$f":"'[51]CRO2_Pro-Mes'!#REF!","v":{"$error":"#REF!"}},{"$f":"'[51]CRO2_Pro-Mes'!JXM3","v":0},{"$f":"'[51]CRO2_Pro-Mes'!#REF!","v":{"$error":"#REF!"}},{"$f":"'[51]CRO2_Pro-Mes'!JXO3","v":0},{"$f":"'[51]CRO2_Pro-Mes'!#REF!","v":{"$error":"#REF!"}},{"$f":"'[51]CRO2_Pro-Mes'!JXQ3","v":0},{"$f":"'[51]CRO2_Pro-Mes'!#REF!","v":{"$error":"#REF!"}},{"$f":"'[51]CRO2_Pro-Mes'!JXS3","v":0},{"$f":"'[51]CRO2_Pro-Mes'!#REF!","v":{"$error":"#REF!"}},{"$f":"'[51]CRO2_Pro-Mes'!JXU3","v":0},{"$f":"'[51]CRO2_Pro-Mes'!#REF!","v":{"$error":"#REF!"}},{"$f":"'[51]CRO2_Pro-Mes'!JXW3","v":0},{"$f":"'[51]CRO2_Pro-Mes'!#REF!","v":{"$error":"#REF!"}},{"$f":"'[51]CRO2_Pro-Mes'!JXY3","v":0},{"$f":"'[51]CRO2_Pro-Mes'!#REF!","v":{"$error":"#REF!"}},{"$f":"'[51]CRO2_Pro-Mes'!JYA3","v":0},{"$f":"'[51]CRO2_Pro-Mes'!#REF!","v":{"$error":"#REF!"}},{"$f":"'[51]CRO2_Pro-Mes'!JYC3","v":0},{"$f":"'[51]CRO2_Pro-Mes'!#REF!","v":{"$error":"#REF!"}},{"$f":"'[51]CRO2_Pro-Mes'!JYE3","v":0},{"$f":"'[51]CRO2_Pro-Mes'!#REF!","v":{"$error":"#REF!"}},{"$f":"'[51]CRO2_Pro-Mes'!JYG3","v":0},{"$f":"'[51]CRO2_Pro-Mes'!#REF!","v":{"$error":"#REF!"}},{"$f":"'[51]CRO2_Pro-Mes'!JYI3","v":0},{"$f":"'[51]CRO2_Pro-Mes'!#REF!","v":{"$error":"#REF!"}},{"$f":"'[51]CRO2_Pro-Mes'!JYK3","v":0},{"$f":"'[51]CRO2_Pro-Mes'!#REF!","v":{"$error":"#REF!"}},{"$f":"'[51]CRO2_Pro-Mes'!JYM3","v":0},{"$f":"'[51]CRO2_Pro-Mes'!#REF!","v":{"$error":"#REF!"}},{"$f":"'[51]CRO2_Pro-Mes'!JYO3","v":0},{"$f":"'[51]CRO2_Pro-Mes'!#REF!","v":{"$error":"#REF!"}},{"$f":"'[51]CRO2_Pro-Mes'!JYQ3","v":0},{"$f":"'[51]CRO2_Pro-Mes'!#REF!","v":{"$error":"#REF!"}},{"$f":"'[51]CRO2_Pro-Mes'!JYS3","v":0},{"$f":"'[51]CRO2_Pro-Mes'!#REF!","v":{"$error":"#REF!"}},{"$f":"'[51]CRO2_Pro-Mes'!JYU3","v":0},{"$f":"'[51]CRO2_Pro-Mes'!#REF!","v":{"$error":"#REF!"}},{"$f":"'[51]CRO2_Pro-Mes'!JYW3","v":0},{"$f":"'[51]CRO2_Pro-Mes'!#REF!","v":{"$error":"#REF!"}},{"$f":"'[51]CRO2_Pro-Mes'!JYY3","v":0},{"$f":"'[51]CRO2_Pro-Mes'!#REF!","v":{"$error":"#REF!"}},{"$f":"'[51]CRO2_Pro-Mes'!JZA3","v":0},{"$f":"'[51]CRO2_Pro-Mes'!#REF!","v":{"$error":"#REF!"}},{"$f":"'[51]CRO2_Pro-Mes'!JZC3","v":0},{"$f":"'[51]CRO2_Pro-Mes'!#REF!","v":{"$error":"#REF!"}},{"$f":"'[51]CRO2_Pro-Mes'!JZE3","v":0},{"$f":"'[51]CRO2_Pro-Mes'!#REF!","v":{"$error":"#REF!"}},{"$f":"'[51]CRO2_Pro-Mes'!JZG3","v":0},{"$f":"'[51]CRO2_Pro-Mes'!#REF!","v":{"$error":"#REF!"}},{"$f":"'[51]CRO2_Pro-Mes'!JZI3","v":0},{"$f":"'[51]CRO2_Pro-Mes'!#REF!","v":{"$error":"#REF!"}},{"$f":"'[51]CRO2_Pro-Mes'!JZK3","v":0},{"$f":"'[51]CRO2_Pro-Mes'!#REF!","v":{"$error":"#REF!"}},{"$f":"'[51]CRO2_Pro-Mes'!JZM3","v":0},{"$f":"'[51]CRO2_Pro-Mes'!#REF!","v":{"$error":"#REF!"}},{"$f":"'[51]CRO2_Pro-Mes'!JZO3","v":0},{"$f":"'[51]CRO2_Pro-Mes'!#REF!","v":{"$error":"#REF!"}},{"$f":"'[51]CRO2_Pro-Mes'!JZQ3","v":0},{"$f":"'[51]CRO2_Pro-Mes'!#REF!","v":{"$error":"#REF!"}},{"$f":"'[51]CRO2_Pro-Mes'!JZS3","v":0},{"$f":"'[51]CRO2_Pro-Mes'!#REF!","v":{"$error":"#REF!"}},{"$f":"'[51]CRO2_Pro-Mes'!JZU3","v":0},{"$f":"'[51]CRO2_Pro-Mes'!#REF!","v":{"$error":"#REF!"}},{"$f":"'[51]CRO2_Pro-Mes'!JZW3","v":0},{"$f":"'[51]CRO2_Pro-Mes'!#REF!","v":{"$error":"#REF!"}},{"$f":"'[51]CRO2_Pro-Mes'!JZY3","v":0},{"$f":"'[51]CRO2_Pro-Mes'!#REF!","v":{"$error":"#REF!"}},{"$f":"'[51]CRO2_Pro-Mes'!KAA3","v":0},{"$f":"'[51]CRO2_Pro-Mes'!#REF!","v":{"$error":"#REF!"}},{"$f":"'[51]CRO2_Pro-Mes'!KAC3","v":0},{"$f":"'[51]CRO2_Pro-Mes'!#REF!","v":{"$error":"#REF!"}},{"$f":"'[51]CRO2_Pro-Mes'!KAE3","v":0},{"$f":"'[51]CRO2_Pro-Mes'!#REF!","v":{"$error":"#REF!"}},{"$f":"'[51]CRO2_Pro-Mes'!KAG3","v":0},{"$f":"'[51]CRO2_Pro-Mes'!#REF!","v":{"$error":"#REF!"}},{"$f":"'[51]CRO2_Pro-Mes'!KAI3","v":0},{"$f":"'[51]CRO2_Pro-Mes'!#REF!","v":{"$error":"#REF!"}},{"$f":"'[51]CRO2_Pro-Mes'!KAK3","v":0},{"$f":"'[51]CRO2_Pro-Mes'!#REF!","v":{"$error":"#REF!"}},{"$f":"'[51]CRO2_Pro-Mes'!KAM3","v":0},{"$f":"'[51]CRO2_Pro-Mes'!#REF!","v":{"$error":"#REF!"}},{"$f":"'[51]CRO2_Pro-Mes'!KAO3","v":0},{"$f":"'[51]CRO2_Pro-Mes'!#REF!","v":{"$error":"#REF!"}},{"$f":"'[51]CRO2_Pro-Mes'!KAQ3","v":0},{"$f":"'[51]CRO2_Pro-Mes'!#REF!","v":{"$error":"#REF!"}},{"$f":"'[51]CRO2_Pro-Mes'!KAS3","v":0},{"$f":"'[51]CRO2_Pro-Mes'!#REF!","v":{"$error":"#REF!"}},{"$f":"'[51]CRO2_Pro-Mes'!KAU3","v":0},{"$f":"'[51]CRO2_Pro-Mes'!#REF!","v":{"$error":"#REF!"}},{"$f":"'[51]CRO2_Pro-Mes'!KAW3","v":0},{"$f":"'[51]CRO2_Pro-Mes'!#REF!","v":{"$error":"#REF!"}},{"$f":"'[51]CRO2_Pro-Mes'!KAY3","v":0},{"$f":"'[51]CRO2_Pro-Mes'!#REF!","v":{"$error":"#REF!"}},{"$f":"'[51]CRO2_Pro-Mes'!KBA3","v":0},{"$f":"'[51]CRO2_Pro-Mes'!#REF!","v":{"$error":"#REF!"}},{"$f":"'[51]CRO2_Pro-Mes'!KBC3","v":0},{"$f":"'[51]CRO2_Pro-Mes'!#REF!","v":{"$error":"#REF!"}},{"$f":"'[51]CRO2_Pro-Mes'!KBE3","v":0},{"$f":"'[51]CRO2_Pro-Mes'!#REF!","v":{"$error":"#REF!"}},{"$f":"'[51]CRO2_Pro-Mes'!KBG3","v":0},{"$f":"'[51]CRO2_Pro-Mes'!#REF!","v":{"$error":"#REF!"}},{"$f":"'[51]CRO2_Pro-Mes'!KBI3","v":0},{"$f":"'[51]CRO2_Pro-Mes'!#REF!","v":{"$error":"#REF!"}},{"$f":"'[51]CRO2_Pro-Mes'!KBK3","v":0},{"$f":"'[51]CRO2_Pro-Mes'!#REF!","v":{"$error":"#REF!"}},{"$f":"'[51]CRO2_Pro-Mes'!KBM3","v":0},{"$f":"'[51]CRO2_Pro-Mes'!#REF!","v":{"$error":"#REF!"}},{"$f":"'[51]CRO2_Pro-Mes'!KBO3","v":0},{"$f":"'[51]CRO2_Pro-Mes'!#REF!","v":{"$error":"#REF!"}},{"$f":"'[51]CRO2_Pro-Mes'!KBQ3","v":0},{"$f":"'[51]CRO2_Pro-Mes'!#REF!","v":{"$error":"#REF!"}},{"$f":"'[51]CRO2_Pro-Mes'!KBS3","v":0},{"$f":"'[51]CRO2_Pro-Mes'!#REF!","v":{"$error":"#REF!"}},{"$f":"'[51]CRO2_Pro-Mes'!KBU3","v":0},{"$f":"'[51]CRO2_Pro-Mes'!#REF!","v":{"$error":"#REF!"}},{"$f":"'[51]CRO2_Pro-Mes'!KBW3","v":0},{"$f":"'[51]CRO2_Pro-Mes'!#REF!","v":{"$error":"#REF!"}},{"$f":"'[51]CRO2_Pro-Mes'!KBY3","v":0},{"$f":"'[51]CRO2_Pro-Mes'!#REF!","v":{"$error":"#REF!"}},{"$f":"'[51]CRO2_Pro-Mes'!KCA3","v":0},{"$f":"'[51]CRO2_Pro-Mes'!#REF!","v":{"$error":"#REF!"}},{"$f":"'[51]CRO2_Pro-Mes'!KCC3","v":0},{"$f":"'[51]CRO2_Pro-Mes'!#REF!","v":{"$error":"#REF!"}},{"$f":"'[51]CRO2_Pro-Mes'!KCE3","v":0},{"$f":"'[51]CRO2_Pro-Mes'!#REF!","v":{"$error":"#REF!"}},{"$f":"'[51]CRO2_Pro-Mes'!KCG3","v":0},{"$f":"'[51]CRO2_Pro-Mes'!#REF!","v":{"$error":"#REF!"}},{"$f":"'[51]CRO2_Pro-Mes'!KCI3","v":0},{"$f":"'[51]CRO2_Pro-Mes'!#REF!","v":{"$error":"#REF!"}},{"$f":"'[51]CRO2_Pro-Mes'!KCK3","v":0},{"$f":"'[51]CRO2_Pro-Mes'!#REF!","v":{"$error":"#REF!"}},{"$f":"'[51]CRO2_Pro-Mes'!KCM3","v":0},{"$f":"'[51]CRO2_Pro-Mes'!#REF!","v":{"$error":"#REF!"}},{"$f":"'[51]CRO2_Pro-Mes'!KCO3","v":0},{"$f":"'[51]CRO2_Pro-Mes'!#REF!","v":{"$error":"#REF!"}},{"$f":"'[51]CRO2_Pro-Mes'!KCQ3","v":0},{"$f":"'[51]CRO2_Pro-Mes'!#REF!","v":{"$error":"#REF!"}},{"$f":"'[51]CRO2_Pro-Mes'!KCS3","v":0},{"$f":"'[51]CRO2_Pro-Mes'!#REF!","v":{"$error":"#REF!"}},{"$f":"'[51]CRO2_Pro-Mes'!KCU3","v":0},{"$f":"'[51]CRO2_Pro-Mes'!#REF!","v":{"$error":"#REF!"}},{"$f":"'[51]CRO2_Pro-Mes'!KCW3","v":0},{"$f":"'[51]CRO2_Pro-Mes'!#REF!","v":{"$error":"#REF!"}},{"$f":"'[51]CRO2_Pro-Mes'!KCY3","v":0},{"$f":"'[51]CRO2_Pro-Mes'!#REF!","v":{"$error":"#REF!"}},{"$f":"'[51]CRO2_Pro-Mes'!KDA3","v":0},{"$f":"'[51]CRO2_Pro-Mes'!#REF!","v":{"$error":"#REF!"}},{"$f":"'[51]CRO2_Pro-Mes'!KDC3","v":0},{"$f":"'[51]CRO2_Pro-Mes'!#REF!","v":{"$error":"#REF!"}},{"$f":"'[51]CRO2_Pro-Mes'!KDE3","v":0},{"$f":"'[51]CRO2_Pro-Mes'!#REF!","v":{"$error":"#REF!"}},{"$f":"'[51]CRO2_Pro-Mes'!KDG3","v":0},{"$f":"'[51]CRO2_Pro-Mes'!#REF!","v":{"$error":"#REF!"}},{"$f":"'[51]CRO2_Pro-Mes'!KDI3","v":0},{"$f":"'[51]CRO2_Pro-Mes'!#REF!","v":{"$error":"#REF!"}},{"$f":"'[51]CRO2_Pro-Mes'!KDK3","v":0},{"$f":"'[51]CRO2_Pro-Mes'!#REF!","v":{"$error":"#REF!"}},{"$f":"'[51]CRO2_Pro-Mes'!KDM3","v":0},{"$f":"'[51]CRO2_Pro-Mes'!#REF!","v":{"$error":"#REF!"}},{"$f":"'[51]CRO2_Pro-Mes'!KDO3","v":0},{"$f":"'[51]CRO2_Pro-Mes'!#REF!","v":{"$error":"#REF!"}},{"$f":"'[51]CRO2_Pro-Mes'!KDQ3","v":0},{"$f":"'[51]CRO2_Pro-Mes'!#REF!","v":{"$error":"#REF!"}},{"$f":"'[51]CRO2_Pro-Mes'!KDS3","v":0},{"$f":"'[51]CRO2_Pro-Mes'!#REF!","v":{"$error":"#REF!"}},{"$f":"'[51]CRO2_Pro-Mes'!KDU3","v":0},{"$f":"'[51]CRO2_Pro-Mes'!#REF!","v":{"$error":"#REF!"}},{"$f":"'[51]CRO2_Pro-Mes'!KDW3","v":0},{"$f":"'[51]CRO2_Pro-Mes'!#REF!","v":{"$error":"#REF!"}},{"$f":"'[51]CRO2_Pro-Mes'!KDY3","v":0},{"$f":"'[51]CRO2_Pro-Mes'!#REF!","v":{"$error":"#REF!"}},{"$f":"'[51]CRO2_Pro-Mes'!KEA3","v":0},{"$f":"'[51]CRO2_Pro-Mes'!#REF!","v":{"$error":"#REF!"}},{"$f":"'[51]CRO2_Pro-Mes'!KEC3","v":0},{"$f":"'[51]CRO2_Pro-Mes'!#REF!","v":{"$error":"#REF!"}},{"$f":"'[51]CRO2_Pro-Mes'!KEE3","v":0},{"$f":"'[51]CRO2_Pro-Mes'!#REF!","v":{"$error":"#REF!"}},{"$f":"'[51]CRO2_Pro-Mes'!KEG3","v":0},{"$f":"'[51]CRO2_Pro-Mes'!#REF!","v":{"$error":"#REF!"}},{"$f":"'[51]CRO2_Pro-Mes'!KEI3","v":0},{"$f":"'[51]CRO2_Pro-Mes'!#REF!","v":{"$error":"#REF!"}},{"$f":"'[51]CRO2_Pro-Mes'!KEK3","v":0},{"$f":"'[51]CRO2_Pro-Mes'!#REF!","v":{"$error":"#REF!"}},{"$f":"'[51]CRO2_Pro-Mes'!KEM3","v":0},{"$f":"'[51]CRO2_Pro-Mes'!#REF!","v":{"$error":"#REF!"}},{"$f":"'[51]CRO2_Pro-Mes'!KEO3","v":0},{"$f":"'[51]CRO2_Pro-Mes'!#REF!","v":{"$error":"#REF!"}},{"$f":"'[51]CRO2_Pro-Mes'!KEQ3","v":0},{"$f":"'[51]CRO2_Pro-Mes'!#REF!","v":{"$error":"#REF!"}},{"$f":"'[51]CRO2_Pro-Mes'!KES3","v":0},{"$f":"'[51]CRO2_Pro-Mes'!#REF!","v":{"$error":"#REF!"}},{"$f":"'[51]CRO2_Pro-Mes'!KEU3","v":0},{"$f":"'[51]CRO2_Pro-Mes'!#REF!","v":{"$error":"#REF!"}},{"$f":"'[51]CRO2_Pro-Mes'!KEW3","v":0},{"$f":"'[51]CRO2_Pro-Mes'!#REF!","v":{"$error":"#REF!"}},{"$f":"'[51]CRO2_Pro-Mes'!KEY3","v":0},{"$f":"'[51]CRO2_Pro-Mes'!#REF!","v":{"$error":"#REF!"}},{"$f":"'[51]CRO2_Pro-Mes'!KFA3","v":0},{"$f":"'[51]CRO2_Pro-Mes'!#REF!","v":{"$error":"#REF!"}},{"$f":"'[51]CRO2_Pro-Mes'!KFC3","v":0},{"$f":"'[51]CRO2_Pro-Mes'!#REF!","v":{"$error":"#REF!"}},{"$f":"'[51]CRO2_Pro-Mes'!KFE3","v":0},{"$f":"'[51]CRO2_Pro-Mes'!#REF!","v":{"$error":"#REF!"}},{"$f":"'[51]CRO2_Pro-Mes'!KFG3","v":0},{"$f":"'[51]CRO2_Pro-Mes'!#REF!","v":{"$error":"#REF!"}},{"$f":"'[51]CRO2_Pro-Mes'!KFI3","v":0},{"$f":"'[51]CRO2_Pro-Mes'!#REF!","v":{"$error":"#REF!"}},{"$f":"'[51]CRO2_Pro-Mes'!KFK3","v":0},{"$f":"'[51]CRO2_Pro-Mes'!#REF!","v":{"$error":"#REF!"}},{"$f":"'[51]CRO2_Pro-Mes'!KFM3","v":0},{"$f":"'[51]CRO2_Pro-Mes'!#REF!","v":{"$error":"#REF!"}},{"$f":"'[51]CRO2_Pro-Mes'!KFO3","v":0},{"$f":"'[51]CRO2_Pro-Mes'!#REF!","v":{"$error":"#REF!"}},{"$f":"'[51]CRO2_Pro-Mes'!KFQ3","v":0},{"$f":"'[51]CRO2_Pro-Mes'!#REF!","v":{"$error":"#REF!"}},{"$f":"'[51]CRO2_Pro-Mes'!KFS3","v":0},{"$f":"'[51]CRO2_Pro-Mes'!#REF!","v":{"$error":"#REF!"}},{"$f":"'[51]CRO2_Pro-Mes'!KFU3","v":0},{"$f":"'[51]CRO2_Pro-Mes'!#REF!","v":{"$error":"#REF!"}},{"$f":"'[51]CRO2_Pro-Mes'!KFW3","v":0},{"$f":"'[51]CRO2_Pro-Mes'!#REF!","v":{"$error":"#REF!"}},{"$f":"'[51]CRO2_Pro-Mes'!KFY3","v":0},{"$f":"'[51]CRO2_Pro-Mes'!#REF!","v":{"$error":"#REF!"}},{"$f":"'[51]CRO2_Pro-Mes'!KGA3","v":0},{"$f":"'[51]CRO2_Pro-Mes'!#REF!","v":{"$error":"#REF!"}},{"$f":"'[51]CRO2_Pro-Mes'!KGC3","v":0},{"$f":"'[51]CRO2_Pro-Mes'!#REF!","v":{"$error":"#REF!"}},{"$f":"'[51]CRO2_Pro-Mes'!KGE3","v":0},{"$f":"'[51]CRO2_Pro-Mes'!#REF!","v":{"$error":"#REF!"}},{"$f":"'[51]CRO2_Pro-Mes'!KGG3","v":0},{"$f":"'[51]CRO2_Pro-Mes'!#REF!","v":{"$error":"#REF!"}},{"$f":"'[51]CRO2_Pro-Mes'!KGI3","v":0},{"$f":"'[51]CRO2_Pro-Mes'!#REF!","v":{"$error":"#REF!"}},{"$f":"'[51]CRO2_Pro-Mes'!KGK3","v":0},{"$f":"'[51]CRO2_Pro-Mes'!#REF!","v":{"$error":"#REF!"}},{"$f":"'[51]CRO2_Pro-Mes'!KGM3","v":0},{"$f":"'[51]CRO2_Pro-Mes'!#REF!","v":{"$error":"#REF!"}},{"$f":"'[51]CRO2_Pro-Mes'!KGO3","v":0},{"$f":"'[51]CRO2_Pro-Mes'!#REF!","v":{"$error":"#REF!"}},{"$f":"'[51]CRO2_Pro-Mes'!KGQ3","v":0},{"$f":"'[51]CRO2_Pro-Mes'!#REF!","v":{"$error":"#REF!"}},{"$f":"'[51]CRO2_Pro-Mes'!KGS3","v":0},{"$f":"'[51]CRO2_Pro-Mes'!#REF!","v":{"$error":"#REF!"}},{"$f":"'[51]CRO2_Pro-Mes'!KGU3","v":0},{"$f":"'[51]CRO2_Pro-Mes'!#REF!","v":{"$error":"#REF!"}},{"$f":"'[51]CRO2_Pro-Mes'!KGW3","v":0},{"$f":"'[51]CRO2_Pro-Mes'!#REF!","v":{"$error":"#REF!"}},{"$f":"'[51]CRO2_Pro-Mes'!KGY3","v":0},{"$f":"'[51]CRO2_Pro-Mes'!#REF!","v":{"$error":"#REF!"}},{"$f":"'[51]CRO2_Pro-Mes'!KHA3","v":0},{"$f":"'[51]CRO2_Pro-Mes'!#REF!","v":{"$error":"#REF!"}},{"$f":"'[51]CRO2_Pro-Mes'!KHC3","v":0},{"$f":"'[51]CRO2_Pro-Mes'!#REF!","v":{"$error":"#REF!"}},{"$f":"'[51]CRO2_Pro-Mes'!KHE3","v":0},{"$f":"'[51]CRO2_Pro-Mes'!#REF!","v":{"$error":"#REF!"}},{"$f":"'[51]CRO2_Pro-Mes'!KHG3","v":0},{"$f":"'[51]CRO2_Pro-Mes'!#REF!","v":{"$error":"#REF!"}},{"$f":"'[51]CRO2_Pro-Mes'!KHI3","v":0},{"$f":"'[51]CRO2_Pro-Mes'!#REF!","v":{"$error":"#REF!"}},{"$f":"'[51]CRO2_Pro-Mes'!KHK3","v":0},{"$f":"'[51]CRO2_Pro-Mes'!#REF!","v":{"$error":"#REF!"}},{"$f":"'[51]CRO2_Pro-Mes'!KHM3","v":0},{"$f":"'[51]CRO2_Pro-Mes'!#REF!","v":{"$error":"#REF!"}},{"$f":"'[51]CRO2_Pro-Mes'!KHO3","v":0},{"$f":"'[51]CRO2_Pro-Mes'!#REF!","v":{"$error":"#REF!"}},{"$f":"'[51]CRO2_Pro-Mes'!KHQ3","v":0},{"$f":"'[51]CRO2_Pro-Mes'!#REF!","v":{"$error":"#REF!"}},{"$f":"'[51]CRO2_Pro-Mes'!KHS3","v":0},{"$f":"'[51]CRO2_Pro-Mes'!#REF!","v":{"$error":"#REF!"}},{"$f":"'[51]CRO2_Pro-Mes'!KHU3","v":0},{"$f":"'[51]CRO2_Pro-Mes'!#REF!","v":{"$error":"#REF!"}},{"$f":"'[51]CRO2_Pro-Mes'!KHW3","v":0},{"$f":"'[51]CRO2_Pro-Mes'!#REF!","v":{"$error":"#REF!"}},{"$f":"'[51]CRO2_Pro-Mes'!KHY3","v":0},{"$f":"'[51]CRO2_Pro-Mes'!#REF!","v":{"$error":"#REF!"}},{"$f":"'[51]CRO2_Pro-Mes'!KIA3","v":0},{"$f":"'[51]CRO2_Pro-Mes'!#REF!","v":{"$error":"#REF!"}},{"$f":"'[51]CRO2_Pro-Mes'!KIC3","v":0},{"$f":"'[51]CRO2_Pro-Mes'!#REF!","v":{"$error":"#REF!"}},{"$f":"'[51]CRO2_Pro-Mes'!KIE3","v":0},{"$f":"'[51]CRO2_Pro-Mes'!#REF!","v":{"$error":"#REF!"}},{"$f":"'[51]CRO2_Pro-Mes'!KIG3","v":0},{"$f":"'[51]CRO2_Pro-Mes'!#REF!","v":{"$error":"#REF!"}},{"$f":"'[51]CRO2_Pro-Mes'!KII3","v":0},{"$f":"'[51]CRO2_Pro-Mes'!#REF!","v":{"$error":"#REF!"}},{"$f":"'[51]CRO2_Pro-Mes'!KIK3","v":0},{"$f":"'[51]CRO2_Pro-Mes'!#REF!","v":{"$error":"#REF!"}},{"$f":"'[51]CRO2_Pro-Mes'!KIM3","v":0},{"$f":"'[51]CRO2_Pro-Mes'!#REF!","v":{"$error":"#REF!"}},{"$f":"'[51]CRO2_Pro-Mes'!KIO3","v":0},{"$f":"'[51]CRO2_Pro-Mes'!#REF!","v":{"$error":"#REF!"}},{"$f":"'[51]CRO2_Pro-Mes'!KIQ3","v":0},{"$f":"'[51]CRO2_Pro-Mes'!#REF!","v":{"$error":"#REF!"}},{"$f":"'[51]CRO2_Pro-Mes'!KIS3","v":0},{"$f":"'[51]CRO2_Pro-Mes'!#REF!","v":{"$error":"#REF!"}},{"$f":"'[51]CRO2_Pro-Mes'!KIU3","v":0},{"$f":"'[51]CRO2_Pro-Mes'!#REF!","v":{"$error":"#REF!"}},{"$f":"'[51]CRO2_Pro-Mes'!KIW3","v":0},{"$f":"'[51]CRO2_Pro-Mes'!#REF!","v":{"$error":"#REF!"}},{"$f":"'[51]CRO2_Pro-Mes'!KIY3","v":0},{"$f":"'[51]CRO2_Pro-Mes'!#REF!","v":{"$error":"#REF!"}},{"$f":"'[51]CRO2_Pro-Mes'!KJA3","v":0},{"$f":"'[51]CRO2_Pro-Mes'!#REF!","v":{"$error":"#REF!"}},{"$f":"'[51]CRO2_Pro-Mes'!KJC3","v":0},{"$f":"'[51]CRO2_Pro-Mes'!#REF!","v":{"$error":"#REF!"}},{"$f":"'[51]CRO2_Pro-Mes'!KJE3","v":0},{"$f":"'[51]CRO2_Pro-Mes'!#REF!","v":{"$error":"#REF!"}},{"$f":"'[51]CRO2_Pro-Mes'!KJG3","v":0},{"$f":"'[51]CRO2_Pro-Mes'!#REF!","v":{"$error":"#REF!"}},{"$f":"'[51]CRO2_Pro-Mes'!KJI3","v":0},{"$f":"'[51]CRO2_Pro-Mes'!#REF!","v":{"$error":"#REF!"}},{"$f":"'[51]CRO2_Pro-Mes'!KJK3","v":0},{"$f":"'[51]CRO2_Pro-Mes'!#REF!","v":{"$error":"#REF!"}},{"$f":"'[51]CRO2_Pro-Mes'!KJM3","v":0},{"$f":"'[51]CRO2_Pro-Mes'!#REF!","v":{"$error":"#REF!"}},{"$f":"'[51]CRO2_Pro-Mes'!KJO3","v":0},{"$f":"'[51]CRO2_Pro-Mes'!#REF!","v":{"$error":"#REF!"}},{"$f":"'[51]CRO2_Pro-Mes'!KJQ3","v":0},{"$f":"'[51]CRO2_Pro-Mes'!#REF!","v":{"$error":"#REF!"}},{"$f":"'[51]CRO2_Pro-Mes'!KJS3","v":0},{"$f":"'[51]CRO2_Pro-Mes'!#REF!","v":{"$error":"#REF!"}},{"$f":"'[51]CRO2_Pro-Mes'!KJU3","v":0},{"$f":"'[51]CRO2_Pro-Mes'!#REF!","v":{"$error":"#REF!"}},{"$f":"'[51]CRO2_Pro-Mes'!KJW3","v":0},{"$f":"'[51]CRO2_Pro-Mes'!#REF!","v":{"$error":"#REF!"}},{"$f":"'[51]CRO2_Pro-Mes'!KJY3","v":0},{"$f":"'[51]CRO2_Pro-Mes'!#REF!","v":{"$error":"#REF!"}},{"$f":"'[51]CRO2_Pro-Mes'!KKA3","v":0},{"$f":"'[51]CRO2_Pro-Mes'!#REF!","v":{"$error":"#REF!"}},{"$f":"'[51]CRO2_Pro-Mes'!KKC3","v":0},{"$f":"'[51]CRO2_Pro-Mes'!#REF!","v":{"$error":"#REF!"}},{"$f":"'[51]CRO2_Pro-Mes'!KKE3","v":0},{"$f":"'[51]CRO2_Pro-Mes'!#REF!","v":{"$error":"#REF!"}},{"$f":"'[51]CRO2_Pro-Mes'!KKG3","v":0},{"$f":"'[51]CRO2_Pro-Mes'!#REF!","v":{"$error":"#REF!"}},{"$f":"'[51]CRO2_Pro-Mes'!KKI3","v":0},{"$f":"'[51]CRO2_Pro-Mes'!#REF!","v":{"$error":"#REF!"}},{"$f":"'[51]CRO2_Pro-Mes'!KKK3","v":0},{"$f":"'[51]CRO2_Pro-Mes'!#REF!","v":{"$error":"#REF!"}},{"$f":"'[51]CRO2_Pro-Mes'!KKM3","v":0},{"$f":"'[51]CRO2_Pro-Mes'!#REF!","v":{"$error":"#REF!"}},{"$f":"'[51]CRO2_Pro-Mes'!KKO3","v":0},{"$f":"'[51]CRO2_Pro-Mes'!#REF!","v":{"$error":"#REF!"}},{"$f":"'[51]CRO2_Pro-Mes'!KKQ3","v":0},{"$f":"'[51]CRO2_Pro-Mes'!#REF!","v":{"$error":"#REF!"}},{"$f":"'[51]CRO2_Pro-Mes'!KKS3","v":0},{"$f":"'[51]CRO2_Pro-Mes'!#REF!","v":{"$error":"#REF!"}},{"$f":"'[51]CRO2_Pro-Mes'!KKU3","v":0},{"$f":"'[51]CRO2_Pro-Mes'!#REF!","v":{"$error":"#REF!"}},{"$f":"'[51]CRO2_Pro-Mes'!KKW3","v":0},{"$f":"'[51]CRO2_Pro-Mes'!#REF!","v":{"$error":"#REF!"}},{"$f":"'[51]CRO2_Pro-Mes'!KKY3","v":0},{"$f":"'[51]CRO2_Pro-Mes'!#REF!","v":{"$error":"#REF!"}},{"$f":"'[51]CRO2_Pro-Mes'!KLA3","v":0},{"$f":"'[51]CRO2_Pro-Mes'!#REF!","v":{"$error":"#REF!"}},{"$f":"'[51]CRO2_Pro-Mes'!KLC3","v":0},{"$f":"'[51]CRO2_Pro-Mes'!#REF!","v":{"$error":"#REF!"}},{"$f":"'[51]CRO2_Pro-Mes'!KLE3","v":0},{"$f":"'[51]CRO2_Pro-Mes'!#REF!","v":{"$error":"#REF!"}},{"$f":"'[51]CRO2_Pro-Mes'!KLG3","v":0},{"$f":"'[51]CRO2_Pro-Mes'!#REF!","v":{"$error":"#REF!"}},{"$f":"'[51]CRO2_Pro-Mes'!KLI3","v":0},{"$f":"'[51]CRO2_Pro-Mes'!#REF!","v":{"$error":"#REF!"}},{"$f":"'[51]CRO2_Pro-Mes'!KLK3","v":0},{"$f":"'[51]CRO2_Pro-Mes'!#REF!","v":{"$error":"#REF!"}},{"$f":"'[51]CRO2_Pro-Mes'!KLM3","v":0},{"$f":"'[51]CRO2_Pro-Mes'!#REF!","v":{"$error":"#REF!"}},{"$f":"'[51]CRO2_Pro-Mes'!KLO3","v":0},{"$f":"'[51]CRO2_Pro-Mes'!#REF!","v":{"$error":"#REF!"}},{"$f":"'[51]CRO2_Pro-Mes'!KLQ3","v":0},{"$f":"'[51]CRO2_Pro-Mes'!#REF!","v":{"$error":"#REF!"}},{"$f":"'[51]CRO2_Pro-Mes'!KLS3","v":0},{"$f":"'[51]CRO2_Pro-Mes'!#REF!","v":{"$error":"#REF!"}},{"$f":"'[51]CRO2_Pro-Mes'!KLU3","v":0},{"$f":"'[51]CRO2_Pro-Mes'!#REF!","v":{"$error":"#REF!"}},{"$f":"'[51]CRO2_Pro-Mes'!KLW3","v":0},{"$f":"'[51]CRO2_Pro-Mes'!#REF!","v":{"$error":"#REF!"}},{"$f":"'[51]CRO2_Pro-Mes'!KLY3","v":0},{"$f":"'[51]CRO2_Pro-Mes'!#REF!","v":{"$error":"#REF!"}},{"$f":"'[51]CRO2_Pro-Mes'!KMA3","v":0},{"$f":"'[51]CRO2_Pro-Mes'!#REF!","v":{"$error":"#REF!"}},{"$f":"'[51]CRO2_Pro-Mes'!KMC3","v":0},{"$f":"'[51]CRO2_Pro-Mes'!#REF!","v":{"$error":"#REF!"}},{"$f":"'[51]CRO2_Pro-Mes'!KME3","v":0},{"$f":"'[51]CRO2_Pro-Mes'!#REF!","v":{"$error":"#REF!"}},{"$f":"'[51]CRO2_Pro-Mes'!KMG3","v":0},{"$f":"'[51]CRO2_Pro-Mes'!#REF!","v":{"$error":"#REF!"}},{"$f":"'[51]CRO2_Pro-Mes'!KMI3","v":0},{"$f":"'[51]CRO2_Pro-Mes'!#REF!","v":{"$error":"#REF!"}},{"$f":"'[51]CRO2_Pro-Mes'!KMK3","v":0},{"$f":"'[51]CRO2_Pro-Mes'!#REF!","v":{"$error":"#REF!"}},{"$f":"'[51]CRO2_Pro-Mes'!KMM3","v":0},{"$f":"'[51]CRO2_Pro-Mes'!#REF!","v":{"$error":"#REF!"}},{"$f":"'[51]CRO2_Pro-Mes'!KMO3","v":0},{"$f":"'[51]CRO2_Pro-Mes'!#REF!","v":{"$error":"#REF!"}},{"$f":"'[51]CRO2_Pro-Mes'!KMQ3","v":0},{"$f":"'[51]CRO2_Pro-Mes'!#REF!","v":{"$error":"#REF!"}},{"$f":"'[51]CRO2_Pro-Mes'!KMS3","v":0},{"$f":"'[51]CRO2_Pro-Mes'!#REF!","v":{"$error":"#REF!"}},{"$f":"'[51]CRO2_Pro-Mes'!KMU3","v":0},{"$f":"'[51]CRO2_Pro-Mes'!#REF!","v":{"$error":"#REF!"}},{"$f":"'[51]CRO2_Pro-Mes'!KMW3","v":0},{"$f":"'[51]CRO2_Pro-Mes'!#REF!","v":{"$error":"#REF!"}},{"$f":"'[51]CRO2_Pro-Mes'!KMY3","v":0},{"$f":"'[51]CRO2_Pro-Mes'!#REF!","v":{"$error":"#REF!"}},{"$f":"'[51]CRO2_Pro-Mes'!KNA3","v":0},{"$f":"'[51]CRO2_Pro-Mes'!#REF!","v":{"$error":"#REF!"}},{"$f":"'[51]CRO2_Pro-Mes'!KNC3","v":0},{"$f":"'[51]CRO2_Pro-Mes'!#REF!","v":{"$error":"#REF!"}},{"$f":"'[51]CRO2_Pro-Mes'!KNE3","v":0},{"$f":"'[51]CRO2_Pro-Mes'!#REF!","v":{"$error":"#REF!"}},{"$f":"'[51]CRO2_Pro-Mes'!KNG3","v":0},{"$f":"'[51]CRO2_Pro-Mes'!#REF!","v":{"$error":"#REF!"}},{"$f":"'[51]CRO2_Pro-Mes'!KNI3","v":0},{"$f":"'[51]CRO2_Pro-Mes'!#REF!","v":{"$error":"#REF!"}},{"$f":"'[51]CRO2_Pro-Mes'!KNK3","v":0},{"$f":"'[51]CRO2_Pro-Mes'!#REF!","v":{"$error":"#REF!"}},{"$f":"'[51]CRO2_Pro-Mes'!KNM3","v":0},{"$f":"'[51]CRO2_Pro-Mes'!#REF!","v":{"$error":"#REF!"}},{"$f":"'[51]CRO2_Pro-Mes'!KNO3","v":0},{"$f":"'[51]CRO2_Pro-Mes'!#REF!","v":{"$error":"#REF!"}},{"$f":"'[51]CRO2_Pro-Mes'!KNQ3","v":0},{"$f":"'[51]CRO2_Pro-Mes'!#REF!","v":{"$error":"#REF!"}},{"$f":"'[51]CRO2_Pro-Mes'!KNS3","v":0},{"$f":"'[51]CRO2_Pro-Mes'!#REF!","v":{"$error":"#REF!"}},{"$f":"'[51]CRO2_Pro-Mes'!KNU3","v":0},{"$f":"'[51]CRO2_Pro-Mes'!#REF!","v":{"$error":"#REF!"}},{"$f":"'[51]CRO2_Pro-Mes'!KNW3","v":0},{"$f":"'[51]CRO2_Pro-Mes'!#REF!","v":{"$error":"#REF!"}},{"$f":"'[51]CRO2_Pro-Mes'!KNY3","v":0},{"$f":"'[51]CRO2_Pro-Mes'!#REF!","v":{"$error":"#REF!"}},{"$f":"'[51]CRO2_Pro-Mes'!KOA3","v":0},{"$f":"'[51]CRO2_Pro-Mes'!#REF!","v":{"$error":"#REF!"}},{"$f":"'[51]CRO2_Pro-Mes'!KOC3","v":0},{"$f":"'[51]CRO2_Pro-Mes'!#REF!","v":{"$error":"#REF!"}},{"$f":"'[51]CRO2_Pro-Mes'!KOE3","v":0},{"$f":"'[51]CRO2_Pro-Mes'!#REF!","v":{"$error":"#REF!"}},{"$f":"'[51]CRO2_Pro-Mes'!KOG3","v":0},{"$f":"'[51]CRO2_Pro-Mes'!#REF!","v":{"$error":"#REF!"}},{"$f":"'[51]CRO2_Pro-Mes'!KOI3","v":0},{"$f":"'[51]CRO2_Pro-Mes'!#REF!","v":{"$error":"#REF!"}},{"$f":"'[51]CRO2_Pro-Mes'!KOK3","v":0},{"$f":"'[51]CRO2_Pro-Mes'!#REF!","v":{"$error":"#REF!"}},{"$f":"'[51]CRO2_Pro-Mes'!KOM3","v":0},{"$f":"'[51]CRO2_Pro-Mes'!#REF!","v":{"$error":"#REF!"}},{"$f":"'[51]CRO2_Pro-Mes'!KOO3","v":0},{"$f":"'[51]CRO2_Pro-Mes'!#REF!","v":{"$error":"#REF!"}},{"$f":"'[51]CRO2_Pro-Mes'!KOQ3","v":0},{"$f":"'[51]CRO2_Pro-Mes'!#REF!","v":{"$error":"#REF!"}},{"$f":"'[51]CRO2_Pro-Mes'!KOS3","v":0},{"$f":"'[51]CRO2_Pro-Mes'!#REF!","v":{"$error":"#REF!"}},{"$f":"'[51]CRO2_Pro-Mes'!KOU3","v":0},{"$f":"'[51]CRO2_Pro-Mes'!#REF!","v":{"$error":"#REF!"}},{"$f":"'[51]CRO2_Pro-Mes'!KOW3","v":0},{"$f":"'[51]CRO2_Pro-Mes'!#REF!","v":{"$error":"#REF!"}},{"$f":"'[51]CRO2_Pro-Mes'!KOY3","v":0},{"$f":"'[51]CRO2_Pro-Mes'!#REF!","v":{"$error":"#REF!"}},{"$f":"'[51]CRO2_Pro-Mes'!KPA3","v":0},{"$f":"'[51]CRO2_Pro-Mes'!#REF!","v":{"$error":"#REF!"}},{"$f":"'[51]CRO2_Pro-Mes'!KPC3","v":0},{"$f":"'[51]CRO2_Pro-Mes'!#REF!","v":{"$error":"#REF!"}},{"$f":"'[51]CRO2_Pro-Mes'!KPE3","v":0},{"$f":"'[51]CRO2_Pro-Mes'!#REF!","v":{"$error":"#REF!"}},{"$f":"'[51]CRO2_Pro-Mes'!KPG3","v":0},{"$f":"'[51]CRO2_Pro-Mes'!#REF!","v":{"$error":"#REF!"}},{"$f":"'[51]CRO2_Pro-Mes'!KPI3","v":0},{"$f":"'[51]CRO2_Pro-Mes'!#REF!","v":{"$error":"#REF!"}},{"$f":"'[51]CRO2_Pro-Mes'!KPK3","v":0},{"$f":"'[51]CRO2_Pro-Mes'!#REF!","v":{"$error":"#REF!"}},{"$f":"'[51]CRO2_Pro-Mes'!KPM3","v":0},{"$f":"'[51]CRO2_Pro-Mes'!#REF!","v":{"$error":"#REF!"}},{"$f":"'[51]CRO2_Pro-Mes'!KPO3","v":0},{"$f":"'[51]CRO2_Pro-Mes'!#REF!","v":{"$error":"#REF!"}},{"$f":"'[51]CRO2_Pro-Mes'!KPQ3","v":0},{"$f":"'[51]CRO2_Pro-Mes'!#REF!","v":{"$error":"#REF!"}},{"$f":"'[51]CRO2_Pro-Mes'!KPS3","v":0},{"$f":"'[51]CRO2_Pro-Mes'!#REF!","v":{"$error":"#REF!"}},{"$f":"'[51]CRO2_Pro-Mes'!KPU3","v":0},{"$f":"'[51]CRO2_Pro-Mes'!#REF!","v":{"$error":"#REF!"}},{"$f":"'[51]CRO2_Pro-Mes'!KPW3","v":0},{"$f":"'[51]CRO2_Pro-Mes'!#REF!","v":{"$error":"#REF!"}},{"$f":"'[51]CRO2_Pro-Mes'!KPY3","v":0},{"$f":"'[51]CRO2_Pro-Mes'!#REF!","v":{"$error":"#REF!"}},{"$f":"'[51]CRO2_Pro-Mes'!KQA3","v":0},{"$f":"'[51]CRO2_Pro-Mes'!#REF!","v":{"$error":"#REF!"}},{"$f":"'[51]CRO2_Pro-Mes'!KQC3","v":0},{"$f":"'[51]CRO2_Pro-Mes'!#REF!","v":{"$error":"#REF!"}},{"$f":"'[51]CRO2_Pro-Mes'!KQE3","v":0},{"$f":"'[51]CRO2_Pro-Mes'!#REF!","v":{"$error":"#REF!"}},{"$f":"'[51]CRO2_Pro-Mes'!KQG3","v":0},{"$f":"'[51]CRO2_Pro-Mes'!#REF!","v":{"$error":"#REF!"}},{"$f":"'[51]CRO2_Pro-Mes'!KQI3","v":0},{"$f":"'[51]CRO2_Pro-Mes'!#REF!","v":{"$error":"#REF!"}},{"$f":"'[51]CRO2_Pro-Mes'!KQK3","v":0},{"$f":"'[51]CRO2_Pro-Mes'!#REF!","v":{"$error":"#REF!"}},{"$f":"'[51]CRO2_Pro-Mes'!KQM3","v":0},{"$f":"'[51]CRO2_Pro-Mes'!#REF!","v":{"$error":"#REF!"}},{"$f":"'[51]CRO2_Pro-Mes'!KQO3","v":0},{"$f":"'[51]CRO2_Pro-Mes'!#REF!","v":{"$error":"#REF!"}},{"$f":"'[51]CRO2_Pro-Mes'!KQQ3","v":0},{"$f":"'[51]CRO2_Pro-Mes'!#REF!","v":{"$error":"#REF!"}},{"$f":"'[51]CRO2_Pro-Mes'!KQS3","v":0},{"$f":"'[51]CRO2_Pro-Mes'!#REF!","v":{"$error":"#REF!"}},{"$f":"'[51]CRO2_Pro-Mes'!KQU3","v":0},{"$f":"'[51]CRO2_Pro-Mes'!#REF!","v":{"$error":"#REF!"}},{"$f":"'[51]CRO2_Pro-Mes'!KQW3","v":0},{"$f":"'[51]CRO2_Pro-Mes'!#REF!","v":{"$error":"#REF!"}},{"$f":"'[51]CRO2_Pro-Mes'!KQY3","v":0},{"$f":"'[51]CRO2_Pro-Mes'!#REF!","v":{"$error":"#REF!"}},{"$f":"'[51]CRO2_Pro-Mes'!KRA3","v":0},{"$f":"'[51]CRO2_Pro-Mes'!#REF!","v":{"$error":"#REF!"}},{"$f":"'[51]CRO2_Pro-Mes'!KRC3","v":0},{"$f":"'[51]CRO2_Pro-Mes'!#REF!","v":{"$error":"#REF!"}},{"$f":"'[51]CRO2_Pro-Mes'!KRE3","v":0},{"$f":"'[51]CRO2_Pro-Mes'!#REF!","v":{"$error":"#REF!"}},{"$f":"'[51]CRO2_Pro-Mes'!KRG3","v":0},{"$f":"'[51]CRO2_Pro-Mes'!#REF!","v":{"$error":"#REF!"}},{"$f":"'[51]CRO2_Pro-Mes'!KRI3","v":0},{"$f":"'[51]CRO2_Pro-Mes'!#REF!","v":{"$error":"#REF!"}},{"$f":"'[51]CRO2_Pro-Mes'!KRK3","v":0},{"$f":"'[51]CRO2_Pro-Mes'!#REF!","v":{"$error":"#REF!"}},{"$f":"'[51]CRO2_Pro-Mes'!KRM3","v":0},{"$f":"'[51]CRO2_Pro-Mes'!#REF!","v":{"$error":"#REF!"}},{"$f":"'[51]CRO2_Pro-Mes'!KRO3","v":0},{"$f":"'[51]CRO2_Pro-Mes'!#REF!","v":{"$error":"#REF!"}},{"$f":"'[51]CRO2_Pro-Mes'!KRQ3","v":0},{"$f":"'[51]CRO2_Pro-Mes'!#REF!","v":{"$error":"#REF!"}},{"$f":"'[51]CRO2_Pro-Mes'!KRS3","v":0},{"$f":"'[51]CRO2_Pro-Mes'!#REF!","v":{"$error":"#REF!"}},{"$f":"'[51]CRO2_Pro-Mes'!KRU3","v":0},{"$f":"'[51]CRO2_Pro-Mes'!#REF!","v":{"$error":"#REF!"}},{"$f":"'[51]CRO2_Pro-Mes'!KRW3","v":0},{"$f":"'[51]CRO2_Pro-Mes'!#REF!","v":{"$error":"#REF!"}},{"$f":"'[51]CRO2_Pro-Mes'!KRY3","v":0},{"$f":"'[51]CRO2_Pro-Mes'!#REF!","v":{"$error":"#REF!"}},{"$f":"'[51]CRO2_Pro-Mes'!KSA3","v":0},{"$f":"'[51]CRO2_Pro-Mes'!#REF!","v":{"$error":"#REF!"}},{"$f":"'[51]CRO2_Pro-Mes'!KSC3","v":0},{"$f":"'[51]CRO2_Pro-Mes'!#REF!","v":{"$error":"#REF!"}},{"$f":"'[51]CRO2_Pro-Mes'!KSE3","v":0},{"$f":"'[51]CRO2_Pro-Mes'!#REF!","v":{"$error":"#REF!"}},{"$f":"'[51]CRO2_Pro-Mes'!KSG3","v":0},{"$f":"'[51]CRO2_Pro-Mes'!#REF!","v":{"$error":"#REF!"}},{"$f":"'[51]CRO2_Pro-Mes'!KSI3","v":0},{"$f":"'[51]CRO2_Pro-Mes'!#REF!","v":{"$error":"#REF!"}},{"$f":"'[51]CRO2_Pro-Mes'!KSK3","v":0},{"$f":"'[51]CRO2_Pro-Mes'!#REF!","v":{"$error":"#REF!"}},{"$f":"'[51]CRO2_Pro-Mes'!KSM3","v":0},{"$f":"'[51]CRO2_Pro-Mes'!#REF!","v":{"$error":"#REF!"}},{"$f":"'[51]CRO2_Pro-Mes'!KSO3","v":0},{"$f":"'[51]CRO2_Pro-Mes'!#REF!","v":{"$error":"#REF!"}},{"$f":"'[51]CRO2_Pro-Mes'!KSQ3","v":0},{"$f":"'[51]CRO2_Pro-Mes'!#REF!","v":{"$error":"#REF!"}},{"$f":"'[51]CRO2_Pro-Mes'!KSS3","v":0},{"$f":"'[51]CRO2_Pro-Mes'!#REF!","v":{"$error":"#REF!"}},{"$f":"'[51]CRO2_Pro-Mes'!KSU3","v":0},{"$f":"'[51]CRO2_Pro-Mes'!#REF!","v":{"$error":"#REF!"}},{"$f":"'[51]CRO2_Pro-Mes'!KSW3","v":0},{"$f":"'[51]CRO2_Pro-Mes'!#REF!","v":{"$error":"#REF!"}},{"$f":"'[51]CRO2_Pro-Mes'!KSY3","v":0},{"$f":"'[51]CRO2_Pro-Mes'!#REF!","v":{"$error":"#REF!"}},{"$f":"'[51]CRO2_Pro-Mes'!KTA3","v":0},{"$f":"'[51]CRO2_Pro-Mes'!#REF!","v":{"$error":"#REF!"}},{"$f":"'[51]CRO2_Pro-Mes'!KTC3","v":0},{"$f":"'[51]CRO2_Pro-Mes'!#REF!","v":{"$error":"#REF!"}},{"$f":"'[51]CRO2_Pro-Mes'!KTE3","v":0},{"$f":"'[51]CRO2_Pro-Mes'!#REF!","v":{"$error":"#REF!"}},{"$f":"'[51]CRO2_Pro-Mes'!KTG3","v":0},{"$f":"'[51]CRO2_Pro-Mes'!#REF!","v":{"$error":"#REF!"}},{"$f":"'[51]CRO2_Pro-Mes'!KTI3","v":0},{"$f":"'[51]CRO2_Pro-Mes'!#REF!","v":{"$error":"#REF!"}},{"$f":"'[51]CRO2_Pro-Mes'!KTK3","v":0},{"$f":"'[51]CRO2_Pro-Mes'!#REF!","v":{"$error":"#REF!"}},{"$f":"'[51]CRO2_Pro-Mes'!KTM3","v":0},{"$f":"'[51]CRO2_Pro-Mes'!#REF!","v":{"$error":"#REF!"}},{"$f":"'[51]CRO2_Pro-Mes'!KTO3","v":0},{"$f":"'[51]CRO2_Pro-Mes'!#REF!","v":{"$error":"#REF!"}},{"$f":"'[51]CRO2_Pro-Mes'!KTQ3","v":0},{"$f":"'[51]CRO2_Pro-Mes'!#REF!","v":{"$error":"#REF!"}},{"$f":"'[51]CRO2_Pro-Mes'!KTS3","v":0},{"$f":"'[51]CRO2_Pro-Mes'!#REF!","v":{"$error":"#REF!"}},{"$f":"'[51]CRO2_Pro-Mes'!KTU3","v":0},{"$f":"'[51]CRO2_Pro-Mes'!#REF!","v":{"$error":"#REF!"}},{"$f":"'[51]CRO2_Pro-Mes'!KTW3","v":0},{"$f":"'[51]CRO2_Pro-Mes'!#REF!","v":{"$error":"#REF!"}},{"$f":"'[51]CRO2_Pro-Mes'!KTY3","v":0},{"$f":"'[51]CRO2_Pro-Mes'!#REF!","v":{"$error":"#REF!"}},{"$f":"'[51]CRO2_Pro-Mes'!KUA3","v":0},{"$f":"'[51]CRO2_Pro-Mes'!#REF!","v":{"$error":"#REF!"}},{"$f":"'[51]CRO2_Pro-Mes'!KUC3","v":0},{"$f":"'[51]CRO2_Pro-Mes'!#REF!","v":{"$error":"#REF!"}},{"$f":"'[51]CRO2_Pro-Mes'!KUE3","v":0},{"$f":"'[51]CRO2_Pro-Mes'!#REF!","v":{"$error":"#REF!"}},{"$f":"'[51]CRO2_Pro-Mes'!KUG3","v":0},{"$f":"'[51]CRO2_Pro-Mes'!#REF!","v":{"$error":"#REF!"}},{"$f":"'[51]CRO2_Pro-Mes'!KUI3","v":0},{"$f":"'[51]CRO2_Pro-Mes'!#REF!","v":{"$error":"#REF!"}},{"$f":"'[51]CRO2_Pro-Mes'!KUK3","v":0},{"$f":"'[51]CRO2_Pro-Mes'!#REF!","v":{"$error":"#REF!"}},{"$f":"'[51]CRO2_Pro-Mes'!KUM3","v":0},{"$f":"'[51]CRO2_Pro-Mes'!#REF!","v":{"$error":"#REF!"}},{"$f":"'[51]CRO2_Pro-Mes'!KUO3","v":0},{"$f":"'[51]CRO2_Pro-Mes'!#REF!","v":{"$error":"#REF!"}},{"$f":"'[51]CRO2_Pro-Mes'!KUQ3","v":0},{"$f":"'[51]CRO2_Pro-Mes'!#REF!","v":{"$error":"#REF!"}},{"$f":"'[51]CRO2_Pro-Mes'!KUS3","v":0},{"$f":"'[51]CRO2_Pro-Mes'!#REF!","v":{"$error":"#REF!"}},{"$f":"'[51]CRO2_Pro-Mes'!KUU3","v":0},{"$f":"'[51]CRO2_Pro-Mes'!#REF!","v":{"$error":"#REF!"}},{"$f":"'[51]CRO2_Pro-Mes'!KUW3","v":0},{"$f":"'[51]CRO2_Pro-Mes'!#REF!","v":{"$error":"#REF!"}},{"$f":"'[51]CRO2_Pro-Mes'!KUY3","v":0},{"$f":"'[51]CRO2_Pro-Mes'!#REF!","v":{"$error":"#REF!"}},{"$f":"'[51]CRO2_Pro-Mes'!KVA3","v":0},{"$f":"'[51]CRO2_Pro-Mes'!#REF!","v":{"$error":"#REF!"}},{"$f":"'[51]CRO2_Pro-Mes'!KVC3","v":0},{"$f":"'[51]CRO2_Pro-Mes'!#REF!","v":{"$error":"#REF!"}},{"$f":"'[51]CRO2_Pro-Mes'!KVE3","v":0},{"$f":"'[51]CRO2_Pro-Mes'!#REF!","v":{"$error":"#REF!"}},{"$f":"'[51]CRO2_Pro-Mes'!KVG3","v":0},{"$f":"'[51]CRO2_Pro-Mes'!#REF!","v":{"$error":"#REF!"}},{"$f":"'[51]CRO2_Pro-Mes'!KVI3","v":0},{"$f":"'[51]CRO2_Pro-Mes'!#REF!","v":{"$error":"#REF!"}},{"$f":"'[51]CRO2_Pro-Mes'!KVK3","v":0},{"$f":"'[51]CRO2_Pro-Mes'!#REF!","v":{"$error":"#REF!"}},{"$f":"'[51]CRO2_Pro-Mes'!KVM3","v":0},{"$f":"'[51]CRO2_Pro-Mes'!#REF!","v":{"$error":"#REF!"}},{"$f":"'[51]CRO2_Pro-Mes'!KVO3","v":0},{"$f":"'[51]CRO2_Pro-Mes'!#REF!","v":{"$error":"#REF!"}},{"$f":"'[51]CRO2_Pro-Mes'!KVQ3","v":0},{"$f":"'[51]CRO2_Pro-Mes'!#REF!","v":{"$error":"#REF!"}},{"$f":"'[51]CRO2_Pro-Mes'!KVS3","v":0},{"$f":"'[51]CRO2_Pro-Mes'!#REF!","v":{"$error":"#REF!"}},{"$f":"'[51]CRO2_Pro-Mes'!KVU3","v":0},{"$f":"'[51]CRO2_Pro-Mes'!#REF!","v":{"$error":"#REF!"}},{"$f":"'[51]CRO2_Pro-Mes'!KVW3","v":0},{"$f":"'[51]CRO2_Pro-Mes'!#REF!","v":{"$error":"#REF!"}},{"$f":"'[51]CRO2_Pro-Mes'!KVY3","v":0},{"$f":"'[51]CRO2_Pro-Mes'!#REF!","v":{"$error":"#REF!"}},{"$f":"'[51]CRO2_Pro-Mes'!KWA3","v":0},{"$f":"'[51]CRO2_Pro-Mes'!#REF!","v":{"$error":"#REF!"}},{"$f":"'[51]CRO2_Pro-Mes'!KWC3","v":0},{"$f":"'[51]CRO2_Pro-Mes'!#REF!","v":{"$error":"#REF!"}},{"$f":"'[51]CRO2_Pro-Mes'!KWE3","v":0},{"$f":"'[51]CRO2_Pro-Mes'!#REF!","v":{"$error":"#REF!"}},{"$f":"'[51]CRO2_Pro-Mes'!KWG3","v":0},{"$f":"'[51]CRO2_Pro-Mes'!#REF!","v":{"$error":"#REF!"}},{"$f":"'[51]CRO2_Pro-Mes'!KWI3","v":0},{"$f":"'[51]CRO2_Pro-Mes'!#REF!","v":{"$error":"#REF!"}},{"$f":"'[51]CRO2_Pro-Mes'!KWK3","v":0},{"$f":"'[51]CRO2_Pro-Mes'!#REF!","v":{"$error":"#REF!"}},{"$f":"'[51]CRO2_Pro-Mes'!KWM3","v":0},{"$f":"'[51]CRO2_Pro-Mes'!#REF!","v":{"$error":"#REF!"}},{"$f":"'[51]CRO2_Pro-Mes'!KWO3","v":0},{"$f":"'[51]CRO2_Pro-Mes'!#REF!","v":{"$error":"#REF!"}},{"$f":"'[51]CRO2_Pro-Mes'!KWQ3","v":0},{"$f":"'[51]CRO2_Pro-Mes'!#REF!","v":{"$error":"#REF!"}},{"$f":"'[51]CRO2_Pro-Mes'!KWS3","v":0},{"$f":"'[51]CRO2_Pro-Mes'!#REF!","v":{"$error":"#REF!"}},{"$f":"'[51]CRO2_Pro-Mes'!KWU3","v":0},{"$f":"'[51]CRO2_Pro-Mes'!#REF!","v":{"$error":"#REF!"}},{"$f":"'[51]CRO2_Pro-Mes'!KWW3","v":0},{"$f":"'[51]CRO2_Pro-Mes'!#REF!","v":{"$error":"#REF!"}},{"$f":"'[51]CRO2_Pro-Mes'!KWY3","v":0},{"$f":"'[51]CRO2_Pro-Mes'!#REF!","v":{"$error":"#REF!"}},{"$f":"'[51]CRO2_Pro-Mes'!KXA3","v":0},{"$f":"'[51]CRO2_Pro-Mes'!#REF!","v":{"$error":"#REF!"}},{"$f":"'[51]CRO2_Pro-Mes'!KXC3","v":0},{"$f":"'[51]CRO2_Pro-Mes'!#REF!","v":{"$error":"#REF!"}},{"$f":"'[51]CRO2_Pro-Mes'!KXE3","v":0},{"$f":"'[51]CRO2_Pro-Mes'!#REF!","v":{"$error":"#REF!"}},{"$f":"'[51]CRO2_Pro-Mes'!KXG3","v":0},{"$f":"'[51]CRO2_Pro-Mes'!#REF!","v":{"$error":"#REF!"}},{"$f":"'[51]CRO2_Pro-Mes'!KXI3","v":0},{"$f":"'[51]CRO2_Pro-Mes'!#REF!","v":{"$error":"#REF!"}},{"$f":"'[51]CRO2_Pro-Mes'!KXK3","v":0},{"$f":"'[51]CRO2_Pro-Mes'!#REF!","v":{"$error":"#REF!"}},{"$f":"'[51]CRO2_Pro-Mes'!KXM3","v":0},{"$f":"'[51]CRO2_Pro-Mes'!#REF!","v":{"$error":"#REF!"}},{"$f":"'[51]CRO2_Pro-Mes'!KXO3","v":0},{"$f":"'[51]CRO2_Pro-Mes'!#REF!","v":{"$error":"#REF!"}},{"$f":"'[51]CRO2_Pro-Mes'!KXQ3","v":0},{"$f":"'[51]CRO2_Pro-Mes'!#REF!","v":{"$error":"#REF!"}},{"$f":"'[51]CRO2_Pro-Mes'!KXS3","v":0},{"$f":"'[51]CRO2_Pro-Mes'!#REF!","v":{"$error":"#REF!"}},{"$f":"'[51]CRO2_Pro-Mes'!KXU3","v":0},{"$f":"'[51]CRO2_Pro-Mes'!#REF!","v":{"$error":"#REF!"}},{"$f":"'[51]CRO2_Pro-Mes'!KXW3","v":0},{"$f":"'[51]CRO2_Pro-Mes'!#REF!","v":{"$error":"#REF!"}},{"$f":"'[51]CRO2_Pro-Mes'!KXY3","v":0},{"$f":"'[51]CRO2_Pro-Mes'!#REF!","v":{"$error":"#REF!"}},{"$f":"'[51]CRO2_Pro-Mes'!KYA3","v":0},{"$f":"'[51]CRO2_Pro-Mes'!#REF!","v":{"$error":"#REF!"}},{"$f":"'[51]CRO2_Pro-Mes'!KYC3","v":0},{"$f":"'[51]CRO2_Pro-Mes'!#REF!","v":{"$error":"#REF!"}},{"$f":"'[51]CRO2_Pro-Mes'!KYE3","v":0},{"$f":"'[51]CRO2_Pro-Mes'!#REF!","v":{"$error":"#REF!"}},{"$f":"'[51]CRO2_Pro-Mes'!KYG3","v":0},{"$f":"'[51]CRO2_Pro-Mes'!#REF!","v":{"$error":"#REF!"}},{"$f":"'[51]CRO2_Pro-Mes'!KYI3","v":0},{"$f":"'[51]CRO2_Pro-Mes'!#REF!","v":{"$error":"#REF!"}},{"$f":"'[51]CRO2_Pro-Mes'!KYK3","v":0},{"$f":"'[51]CRO2_Pro-Mes'!#REF!","v":{"$error":"#REF!"}},{"$f":"'[51]CRO2_Pro-Mes'!KYM3","v":0},{"$f":"'[51]CRO2_Pro-Mes'!#REF!","v":{"$error":"#REF!"}},{"$f":"'[51]CRO2_Pro-Mes'!KYO3","v":0},{"$f":"'[51]CRO2_Pro-Mes'!#REF!","v":{"$error":"#REF!"}},{"$f":"'[51]CRO2_Pro-Mes'!KYQ3","v":0},{"$f":"'[51]CRO2_Pro-Mes'!#REF!","v":{"$error":"#REF!"}},{"$f":"'[51]CRO2_Pro-Mes'!KYS3","v":0},{"$f":"'[51]CRO2_Pro-Mes'!#REF!","v":{"$error":"#REF!"}},{"$f":"'[51]CRO2_Pro-Mes'!KYU3","v":0},{"$f":"'[51]CRO2_Pro-Mes'!#REF!","v":{"$error":"#REF!"}},{"$f":"'[51]CRO2_Pro-Mes'!KYW3","v":0},{"$f":"'[51]CRO2_Pro-Mes'!#REF!","v":{"$error":"#REF!"}},{"$f":"'[51]CRO2_Pro-Mes'!KYY3","v":0},{"$f":"'[51]CRO2_Pro-Mes'!#REF!","v":{"$error":"#REF!"}},{"$f":"'[51]CRO2_Pro-Mes'!KZA3","v":0},{"$f":"'[51]CRO2_Pro-Mes'!#REF!","v":{"$error":"#REF!"}},{"$f":"'[51]CRO2_Pro-Mes'!KZC3","v":0},{"$f":"'[51]CRO2_Pro-Mes'!#REF!","v":{"$error":"#REF!"}},{"$f":"'[51]CRO2_Pro-Mes'!KZE3","v":0},{"$f":"'[51]CRO2_Pro-Mes'!#REF!","v":{"$error":"#REF!"}},{"$f":"'[51]CRO2_Pro-Mes'!KZG3","v":0},{"$f":"'[51]CRO2_Pro-Mes'!#REF!","v":{"$error":"#REF!"}},{"$f":"'[51]CRO2_Pro-Mes'!KZI3","v":0},{"$f":"'[51]CRO2_Pro-Mes'!#REF!","v":{"$error":"#REF!"}},{"$f":"'[51]CRO2_Pro-Mes'!KZK3","v":0},{"$f":"'[51]CRO2_Pro-Mes'!#REF!","v":{"$error":"#REF!"}},{"$f":"'[51]CRO2_Pro-Mes'!KZM3","v":0},{"$f":"'[51]CRO2_Pro-Mes'!#REF!","v":{"$error":"#REF!"}},{"$f":"'[51]CRO2_Pro-Mes'!KZO3","v":0},{"$f":"'[51]CRO2_Pro-Mes'!#REF!","v":{"$error":"#REF!"}},{"$f":"'[51]CRO2_Pro-Mes'!KZQ3","v":0},{"$f":"'[51]CRO2_Pro-Mes'!#REF!","v":{"$error":"#REF!"}},{"$f":"'[51]CRO2_Pro-Mes'!KZS3","v":0},{"$f":"'[51]CRO2_Pro-Mes'!#REF!","v":{"$error":"#REF!"}},{"$f":"'[51]CRO2_Pro-Mes'!KZU3","v":0},{"$f":"'[51]CRO2_Pro-Mes'!#REF!","v":{"$error":"#REF!"}},{"$f":"'[51]CRO2_Pro-Mes'!KZW3","v":0},{"$f":"'[51]CRO2_Pro-Mes'!#REF!","v":{"$error":"#REF!"}},{"$f":"'[51]CRO2_Pro-Mes'!KZY3","v":0},{"$f":"'[51]CRO2_Pro-Mes'!#REF!","v":{"$error":"#REF!"}},{"$f":"'[51]CRO2_Pro-Mes'!LAA3","v":0},{"$f":"'[51]CRO2_Pro-Mes'!#REF!","v":{"$error":"#REF!"}},{"$f":"'[51]CRO2_Pro-Mes'!LAC3","v":0},{"$f":"'[51]CRO2_Pro-Mes'!#REF!","v":{"$error":"#REF!"}},{"$f":"'[51]CRO2_Pro-Mes'!LAE3","v":0},{"$f":"'[51]CRO2_Pro-Mes'!#REF!","v":{"$error":"#REF!"}},{"$f":"'[51]CRO2_Pro-Mes'!LAG3","v":0},{"$f":"'[51]CRO2_Pro-Mes'!#REF!","v":{"$error":"#REF!"}},{"$f":"'[51]CRO2_Pro-Mes'!LAI3","v":0},{"$f":"'[51]CRO2_Pro-Mes'!#REF!","v":{"$error":"#REF!"}},{"$f":"'[51]CRO2_Pro-Mes'!LAK3","v":0},{"$f":"'[51]CRO2_Pro-Mes'!#REF!","v":{"$error":"#REF!"}},{"$f":"'[51]CRO2_Pro-Mes'!LAM3","v":0},{"$f":"'[51]CRO2_Pro-Mes'!#REF!","v":{"$error":"#REF!"}},{"$f":"'[51]CRO2_Pro-Mes'!LAO3","v":0},{"$f":"'[51]CRO2_Pro-Mes'!#REF!","v":{"$error":"#REF!"}},{"$f":"'[51]CRO2_Pro-Mes'!LAQ3","v":0},{"$f":"'[51]CRO2_Pro-Mes'!#REF!","v":{"$error":"#REF!"}},{"$f":"'[51]CRO2_Pro-Mes'!LAS3","v":0},{"$f":"'[51]CRO2_Pro-Mes'!#REF!","v":{"$error":"#REF!"}},{"$f":"'[51]CRO2_Pro-Mes'!LAU3","v":0},{"$f":"'[51]CRO2_Pro-Mes'!#REF!","v":{"$error":"#REF!"}},{"$f":"'[51]CRO2_Pro-Mes'!LAW3","v":0},{"$f":"'[51]CRO2_Pro-Mes'!#REF!","v":{"$error":"#REF!"}},{"$f":"'[51]CRO2_Pro-Mes'!LAY3","v":0},{"$f":"'[51]CRO2_Pro-Mes'!#REF!","v":{"$error":"#REF!"}},{"$f":"'[51]CRO2_Pro-Mes'!LBA3","v":0},{"$f":"'[51]CRO2_Pro-Mes'!#REF!","v":{"$error":"#REF!"}},{"$f":"'[51]CRO2_Pro-Mes'!LBC3","v":0},{"$f":"'[51]CRO2_Pro-Mes'!#REF!","v":{"$error":"#REF!"}},{"$f":"'[51]CRO2_Pro-Mes'!LBE3","v":0},{"$f":"'[51]CRO2_Pro-Mes'!#REF!","v":{"$error":"#REF!"}},{"$f":"'[51]CRO2_Pro-Mes'!LBG3","v":0},{"$f":"'[51]CRO2_Pro-Mes'!#REF!","v":{"$error":"#REF!"}},{"$f":"'[51]CRO2_Pro-Mes'!LBI3","v":0},{"$f":"'[51]CRO2_Pro-Mes'!#REF!","v":{"$error":"#REF!"}},{"$f":"'[51]CRO2_Pro-Mes'!LBK3","v":0},{"$f":"'[51]CRO2_Pro-Mes'!#REF!","v":{"$error":"#REF!"}},{"$f":"'[51]CRO2_Pro-Mes'!LBM3","v":0},{"$f":"'[51]CRO2_Pro-Mes'!#REF!","v":{"$error":"#REF!"}},{"$f":"'[51]CRO2_Pro-Mes'!LBO3","v":0},{"$f":"'[51]CRO2_Pro-Mes'!#REF!","v":{"$error":"#REF!"}},{"$f":"'[51]CRO2_Pro-Mes'!LBQ3","v":0},{"$f":"'[51]CRO2_Pro-Mes'!#REF!","v":{"$error":"#REF!"}},{"$f":"'[51]CRO2_Pro-Mes'!LBS3","v":0},{"$f":"'[51]CRO2_Pro-Mes'!#REF!","v":{"$error":"#REF!"}},{"$f":"'[51]CRO2_Pro-Mes'!LBU3","v":0},{"$f":"'[51]CRO2_Pro-Mes'!#REF!","v":{"$error":"#REF!"}},{"$f":"'[51]CRO2_Pro-Mes'!LBW3","v":0},{"$f":"'[51]CRO2_Pro-Mes'!#REF!","v":{"$error":"#REF!"}},{"$f":"'[51]CRO2_Pro-Mes'!LBY3","v":0},{"$f":"'[51]CRO2_Pro-Mes'!#REF!","v":{"$error":"#REF!"}},{"$f":"'[51]CRO2_Pro-Mes'!LCA3","v":0},{"$f":"'[51]CRO2_Pro-Mes'!#REF!","v":{"$error":"#REF!"}},{"$f":"'[51]CRO2_Pro-Mes'!LCC3","v":0},{"$f":"'[51]CRO2_Pro-Mes'!#REF!","v":{"$error":"#REF!"}},{"$f":"'[51]CRO2_Pro-Mes'!LCE3","v":0},{"$f":"'[51]CRO2_Pro-Mes'!#REF!","v":{"$error":"#REF!"}},{"$f":"'[51]CRO2_Pro-Mes'!LCG3","v":0},{"$f":"'[51]CRO2_Pro-Mes'!#REF!","v":{"$error":"#REF!"}},{"$f":"'[51]CRO2_Pro-Mes'!LCI3","v":0},{"$f":"'[51]CRO2_Pro-Mes'!#REF!","v":{"$error":"#REF!"}},{"$f":"'[51]CRO2_Pro-Mes'!LCK3","v":0},{"$f":"'[51]CRO2_Pro-Mes'!#REF!","v":{"$error":"#REF!"}},{"$f":"'[51]CRO2_Pro-Mes'!LCM3","v":0},{"$f":"'[51]CRO2_Pro-Mes'!#REF!","v":{"$error":"#REF!"}},{"$f":"'[51]CRO2_Pro-Mes'!LCO3","v":0},{"$f":"'[51]CRO2_Pro-Mes'!#REF!","v":{"$error":"#REF!"}},{"$f":"'[51]CRO2_Pro-Mes'!LCQ3","v":0},{"$f":"'[51]CRO2_Pro-Mes'!#REF!","v":{"$error":"#REF!"}},{"$f":"'[51]CRO2_Pro-Mes'!LCS3","v":0},{"$f":"'[51]CRO2_Pro-Mes'!#REF!","v":{"$error":"#REF!"}},{"$f":"'[51]CRO2_Pro-Mes'!LCU3","v":0},{"$f":"'[51]CRO2_Pro-Mes'!#REF!","v":{"$error":"#REF!"}},{"$f":"'[51]CRO2_Pro-Mes'!LCW3","v":0},{"$f":"'[51]CRO2_Pro-Mes'!#REF!","v":{"$error":"#REF!"}},{"$f":"'[51]CRO2_Pro-Mes'!LCY3","v":0},{"$f":"'[51]CRO2_Pro-Mes'!#REF!","v":{"$error":"#REF!"}},{"$f":"'[51]CRO2_Pro-Mes'!LDA3","v":0},{"$f":"'[51]CRO2_Pro-Mes'!#REF!","v":{"$error":"#REF!"}},{"$f":"'[51]CRO2_Pro-Mes'!LDC3","v":0},{"$f":"'[51]CRO2_Pro-Mes'!#REF!","v":{"$error":"#REF!"}},{"$f":"'[51]CRO2_Pro-Mes'!LDE3","v":0},{"$f":"'[51]CRO2_Pro-Mes'!#REF!","v":{"$error":"#REF!"}},{"$f":"'[51]CRO2_Pro-Mes'!LDG3","v":0},{"$f":"'[51]CRO2_Pro-Mes'!#REF!","v":{"$error":"#REF!"}},{"$f":"'[51]CRO2_Pro-Mes'!LDI3","v":0},{"$f":"'[51]CRO2_Pro-Mes'!#REF!","v":{"$error":"#REF!"}},{"$f":"'[51]CRO2_Pro-Mes'!LDK3","v":0},{"$f":"'[51]CRO2_Pro-Mes'!#REF!","v":{"$error":"#REF!"}},{"$f":"'[51]CRO2_Pro-Mes'!LDM3","v":0},{"$f":"'[51]CRO2_Pro-Mes'!#REF!","v":{"$error":"#REF!"}},{"$f":"'[51]CRO2_Pro-Mes'!LDO3","v":0},{"$f":"'[51]CRO2_Pro-Mes'!#REF!","v":{"$error":"#REF!"}},{"$f":"'[51]CRO2_Pro-Mes'!LDQ3","v":0},{"$f":"'[51]CRO2_Pro-Mes'!#REF!","v":{"$error":"#REF!"}},{"$f":"'[51]CRO2_Pro-Mes'!LDS3","v":0},{"$f":"'[51]CRO2_Pro-Mes'!#REF!","v":{"$error":"#REF!"}},{"$f":"'[51]CRO2_Pro-Mes'!LDU3","v":0},{"$f":"'[51]CRO2_Pro-Mes'!#REF!","v":{"$error":"#REF!"}},{"$f":"'[51]CRO2_Pro-Mes'!LDW3","v":0},{"$f":"'[51]CRO2_Pro-Mes'!#REF!","v":{"$error":"#REF!"}},{"$f":"'[51]CRO2_Pro-Mes'!LDY3","v":0},{"$f":"'[51]CRO2_Pro-Mes'!#REF!","v":{"$error":"#REF!"}},{"$f":"'[51]CRO2_Pro-Mes'!LEA3","v":0},{"$f":"'[51]CRO2_Pro-Mes'!#REF!","v":{"$error":"#REF!"}},{"$f":"'[51]CRO2_Pro-Mes'!LEC3","v":0},{"$f":"'[51]CRO2_Pro-Mes'!#REF!","v":{"$error":"#REF!"}},{"$f":"'[51]CRO2_Pro-Mes'!LEE3","v":0},{"$f":"'[51]CRO2_Pro-Mes'!#REF!","v":{"$error":"#REF!"}},{"$f":"'[51]CRO2_Pro-Mes'!LEG3","v":0},{"$f":"'[51]CRO2_Pro-Mes'!#REF!","v":{"$error":"#REF!"}},{"$f":"'[51]CRO2_Pro-Mes'!LEI3","v":0},{"$f":"'[51]CRO2_Pro-Mes'!#REF!","v":{"$error":"#REF!"}},{"$f":"'[51]CRO2_Pro-Mes'!LEK3","v":0},{"$f":"'[51]CRO2_Pro-Mes'!#REF!","v":{"$error":"#REF!"}},{"$f":"'[51]CRO2_Pro-Mes'!LEM3","v":0},{"$f":"'[51]CRO2_Pro-Mes'!#REF!","v":{"$error":"#REF!"}},{"$f":"'[51]CRO2_Pro-Mes'!LEO3","v":0},{"$f":"'[51]CRO2_Pro-Mes'!#REF!","v":{"$error":"#REF!"}},{"$f":"'[51]CRO2_Pro-Mes'!LEQ3","v":0},{"$f":"'[51]CRO2_Pro-Mes'!#REF!","v":{"$error":"#REF!"}},{"$f":"'[51]CRO2_Pro-Mes'!LES3","v":0},{"$f":"'[51]CRO2_Pro-Mes'!#REF!","v":{"$error":"#REF!"}},{"$f":"'[51]CRO2_Pro-Mes'!LEU3","v":0},{"$f":"'[51]CRO2_Pro-Mes'!#REF!","v":{"$error":"#REF!"}},{"$f":"'[51]CRO2_Pro-Mes'!LEW3","v":0},{"$f":"'[51]CRO2_Pro-Mes'!#REF!","v":{"$error":"#REF!"}},{"$f":"'[51]CRO2_Pro-Mes'!LEY3","v":0},{"$f":"'[51]CRO2_Pro-Mes'!#REF!","v":{"$error":"#REF!"}},{"$f":"'[51]CRO2_Pro-Mes'!LFA3","v":0},{"$f":"'[51]CRO2_Pro-Mes'!#REF!","v":{"$error":"#REF!"}},{"$f":"'[51]CRO2_Pro-Mes'!LFC3","v":0},{"$f":"'[51]CRO2_Pro-Mes'!#REF!","v":{"$error":"#REF!"}},{"$f":"'[51]CRO2_Pro-Mes'!LFE3","v":0},{"$f":"'[51]CRO2_Pro-Mes'!#REF!","v":{"$error":"#REF!"}},{"$f":"'[51]CRO2_Pro-Mes'!LFG3","v":0},{"$f":"'[51]CRO2_Pro-Mes'!#REF!","v":{"$error":"#REF!"}},{"$f":"'[51]CRO2_Pro-Mes'!LFI3","v":0},{"$f":"'[51]CRO2_Pro-Mes'!#REF!","v":{"$error":"#REF!"}},{"$f":"'[51]CRO2_Pro-Mes'!LFK3","v":0},{"$f":"'[51]CRO2_Pro-Mes'!#REF!","v":{"$error":"#REF!"}},{"$f":"'[51]CRO2_Pro-Mes'!LFM3","v":0},{"$f":"'[51]CRO2_Pro-Mes'!#REF!","v":{"$error":"#REF!"}},{"$f":"'[51]CRO2_Pro-Mes'!LFO3","v":0},{"$f":"'[51]CRO2_Pro-Mes'!#REF!","v":{"$error":"#REF!"}},{"$f":"'[51]CRO2_Pro-Mes'!LFQ3","v":0},{"$f":"'[51]CRO2_Pro-Mes'!#REF!","v":{"$error":"#REF!"}},{"$f":"'[51]CRO2_Pro-Mes'!LFS3","v":0},{"$f":"'[51]CRO2_Pro-Mes'!#REF!","v":{"$error":"#REF!"}},{"$f":"'[51]CRO2_Pro-Mes'!LFU3","v":0},{"$f":"'[51]CRO2_Pro-Mes'!#REF!","v":{"$error":"#REF!"}},{"$f":"'[51]CRO2_Pro-Mes'!LFW3","v":0},{"$f":"'[51]CRO2_Pro-Mes'!#REF!","v":{"$error":"#REF!"}},{"$f":"'[51]CRO2_Pro-Mes'!LFY3","v":0},{"$f":"'[51]CRO2_Pro-Mes'!#REF!","v":{"$error":"#REF!"}},{"$f":"'[51]CRO2_Pro-Mes'!LGA3","v":0},{"$f":"'[51]CRO2_Pro-Mes'!#REF!","v":{"$error":"#REF!"}},{"$f":"'[51]CRO2_Pro-Mes'!LGC3","v":0},{"$f":"'[51]CRO2_Pro-Mes'!#REF!","v":{"$error":"#REF!"}},{"$f":"'[51]CRO2_Pro-Mes'!LGE3","v":0},{"$f":"'[51]CRO2_Pro-Mes'!#REF!","v":{"$error":"#REF!"}},{"$f":"'[51]CRO2_Pro-Mes'!LGG3","v":0},{"$f":"'[51]CRO2_Pro-Mes'!#REF!","v":{"$error":"#REF!"}},{"$f":"'[51]CRO2_Pro-Mes'!LGI3","v":0},{"$f":"'[51]CRO2_Pro-Mes'!#REF!","v":{"$error":"#REF!"}},{"$f":"'[51]CRO2_Pro-Mes'!LGK3","v":0},{"$f":"'[51]CRO2_Pro-Mes'!#REF!","v":{"$error":"#REF!"}},{"$f":"'[51]CRO2_Pro-Mes'!LGM3","v":0},{"$f":"'[51]CRO2_Pro-Mes'!#REF!","v":{"$error":"#REF!"}},{"$f":"'[51]CRO2_Pro-Mes'!LGO3","v":0},{"$f":"'[51]CRO2_Pro-Mes'!#REF!","v":{"$error":"#REF!"}},{"$f":"'[51]CRO2_Pro-Mes'!LGQ3","v":0},{"$f":"'[51]CRO2_Pro-Mes'!#REF!","v":{"$error":"#REF!"}},{"$f":"'[51]CRO2_Pro-Mes'!LGS3","v":0},{"$f":"'[51]CRO2_Pro-Mes'!#REF!","v":{"$error":"#REF!"}},{"$f":"'[51]CRO2_Pro-Mes'!LGU3","v":0},{"$f":"'[51]CRO2_Pro-Mes'!#REF!","v":{"$error":"#REF!"}},{"$f":"'[51]CRO2_Pro-Mes'!LGW3","v":0},{"$f":"'[51]CRO2_Pro-Mes'!#REF!","v":{"$error":"#REF!"}},{"$f":"'[51]CRO2_Pro-Mes'!LGY3","v":0},{"$f":"'[51]CRO2_Pro-Mes'!#REF!","v":{"$error":"#REF!"}},{"$f":"'[51]CRO2_Pro-Mes'!LHA3","v":0},{"$f":"'[51]CRO2_Pro-Mes'!#REF!","v":{"$error":"#REF!"}},{"$f":"'[51]CRO2_Pro-Mes'!LHC3","v":0},{"$f":"'[51]CRO2_Pro-Mes'!#REF!","v":{"$error":"#REF!"}},{"$f":"'[51]CRO2_Pro-Mes'!LHE3","v":0},{"$f":"'[51]CRO2_Pro-Mes'!#REF!","v":{"$error":"#REF!"}},{"$f":"'[51]CRO2_Pro-Mes'!LHG3","v":0},{"$f":"'[51]CRO2_Pro-Mes'!#REF!","v":{"$error":"#REF!"}},{"$f":"'[51]CRO2_Pro-Mes'!LHI3","v":0},{"$f":"'[51]CRO2_Pro-Mes'!#REF!","v":{"$error":"#REF!"}},{"$f":"'[51]CRO2_Pro-Mes'!LHK3","v":0},{"$f":"'[51]CRO2_Pro-Mes'!#REF!","v":{"$error":"#REF!"}},{"$f":"'[51]CRO2_Pro-Mes'!LHM3","v":0},{"$f":"'[51]CRO2_Pro-Mes'!#REF!","v":{"$error":"#REF!"}},{"$f":"'[51]CRO2_Pro-Mes'!LHO3","v":0},{"$f":"'[51]CRO2_Pro-Mes'!#REF!","v":{"$error":"#REF!"}},{"$f":"'[51]CRO2_Pro-Mes'!LHQ3","v":0},{"$f":"'[51]CRO2_Pro-Mes'!#REF!","v":{"$error":"#REF!"}},{"$f":"'[51]CRO2_Pro-Mes'!LHS3","v":0},{"$f":"'[51]CRO2_Pro-Mes'!#REF!","v":{"$error":"#REF!"}},{"$f":"'[51]CRO2_Pro-Mes'!LHU3","v":0},{"$f":"'[51]CRO2_Pro-Mes'!#REF!","v":{"$error":"#REF!"}},{"$f":"'[51]CRO2_Pro-Mes'!LHW3","v":0},{"$f":"'[51]CRO2_Pro-Mes'!#REF!","v":{"$error":"#REF!"}},{"$f":"'[51]CRO2_Pro-Mes'!LHY3","v":0},{"$f":"'[51]CRO2_Pro-Mes'!#REF!","v":{"$error":"#REF!"}},{"$f":"'[51]CRO2_Pro-Mes'!LIA3","v":0},{"$f":"'[51]CRO2_Pro-Mes'!#REF!","v":{"$error":"#REF!"}},{"$f":"'[51]CRO2_Pro-Mes'!LIC3","v":0},{"$f":"'[51]CRO2_Pro-Mes'!#REF!","v":{"$error":"#REF!"}},{"$f":"'[51]CRO2_Pro-Mes'!LIE3","v":0},{"$f":"'[51]CRO2_Pro-Mes'!#REF!","v":{"$error":"#REF!"}},{"$f":"'[51]CRO2_Pro-Mes'!LIG3","v":0},{"$f":"'[51]CRO2_Pro-Mes'!#REF!","v":{"$error":"#REF!"}},{"$f":"'[51]CRO2_Pro-Mes'!LII3","v":0},{"$f":"'[51]CRO2_Pro-Mes'!#REF!","v":{"$error":"#REF!"}},{"$f":"'[51]CRO2_Pro-Mes'!LIK3","v":0},{"$f":"'[51]CRO2_Pro-Mes'!#REF!","v":{"$error":"#REF!"}},{"$f":"'[51]CRO2_Pro-Mes'!LIM3","v":0},{"$f":"'[51]CRO2_Pro-Mes'!#REF!","v":{"$error":"#REF!"}},{"$f":"'[51]CRO2_Pro-Mes'!LIO3","v":0},{"$f":"'[51]CRO2_Pro-Mes'!#REF!","v":{"$error":"#REF!"}},{"$f":"'[51]CRO2_Pro-Mes'!LIQ3","v":0},{"$f":"'[51]CRO2_Pro-Mes'!#REF!","v":{"$error":"#REF!"}},{"$f":"'[51]CRO2_Pro-Mes'!LIS3","v":0},{"$f":"'[51]CRO2_Pro-Mes'!#REF!","v":{"$error":"#REF!"}},{"$f":"'[51]CRO2_Pro-Mes'!LIU3","v":0},{"$f":"'[51]CRO2_Pro-Mes'!#REF!","v":{"$error":"#REF!"}},{"$f":"'[51]CRO2_Pro-Mes'!LIW3","v":0},{"$f":"'[51]CRO2_Pro-Mes'!#REF!","v":{"$error":"#REF!"}},{"$f":"'[51]CRO2_Pro-Mes'!LIY3","v":0},{"$f":"'[51]CRO2_Pro-Mes'!#REF!","v":{"$error":"#REF!"}},{"$f":"'[51]CRO2_Pro-Mes'!LJA3","v":0},{"$f":"'[51]CRO2_Pro-Mes'!#REF!","v":{"$error":"#REF!"}},{"$f":"'[51]CRO2_Pro-Mes'!LJC3","v":0},{"$f":"'[51]CRO2_Pro-Mes'!#REF!","v":{"$error":"#REF!"}},{"$f":"'[51]CRO2_Pro-Mes'!LJE3","v":0},{"$f":"'[51]CRO2_Pro-Mes'!#REF!","v":{"$error":"#REF!"}},{"$f":"'[51]CRO2_Pro-Mes'!LJG3","v":0},{"$f":"'[51]CRO2_Pro-Mes'!#REF!","v":{"$error":"#REF!"}},{"$f":"'[51]CRO2_Pro-Mes'!LJI3","v":0},{"$f":"'[51]CRO2_Pro-Mes'!#REF!","v":{"$error":"#REF!"}},{"$f":"'[51]CRO2_Pro-Mes'!LJK3","v":0},{"$f":"'[51]CRO2_Pro-Mes'!#REF!","v":{"$error":"#REF!"}},{"$f":"'[51]CRO2_Pro-Mes'!LJM3","v":0},{"$f":"'[51]CRO2_Pro-Mes'!#REF!","v":{"$error":"#REF!"}},{"$f":"'[51]CRO2_Pro-Mes'!LJO3","v":0},{"$f":"'[51]CRO2_Pro-Mes'!#REF!","v":{"$error":"#REF!"}},{"$f":"'[51]CRO2_Pro-Mes'!LJQ3","v":0},{"$f":"'[51]CRO2_Pro-Mes'!#REF!","v":{"$error":"#REF!"}},{"$f":"'[51]CRO2_Pro-Mes'!LJS3","v":0},{"$f":"'[51]CRO2_Pro-Mes'!#REF!","v":{"$error":"#REF!"}},{"$f":"'[51]CRO2_Pro-Mes'!LJU3","v":0},{"$f":"'[51]CRO2_Pro-Mes'!#REF!","v":{"$error":"#REF!"}},{"$f":"'[51]CRO2_Pro-Mes'!LJW3","v":0},{"$f":"'[51]CRO2_Pro-Mes'!#REF!","v":{"$error":"#REF!"}},{"$f":"'[51]CRO2_Pro-Mes'!LJY3","v":0},{"$f":"'[51]CRO2_Pro-Mes'!#REF!","v":{"$error":"#REF!"}},{"$f":"'[51]CRO2_Pro-Mes'!LKA3","v":0},{"$f":"'[51]CRO2_Pro-Mes'!#REF!","v":{"$error":"#REF!"}},{"$f":"'[51]CRO2_Pro-Mes'!LKC3","v":0},{"$f":"'[51]CRO2_Pro-Mes'!#REF!","v":{"$error":"#REF!"}},{"$f":"'[51]CRO2_Pro-Mes'!LKE3","v":0},{"$f":"'[51]CRO2_Pro-Mes'!#REF!","v":{"$error":"#REF!"}},{"$f":"'[51]CRO2_Pro-Mes'!LKG3","v":0},{"$f":"'[51]CRO2_Pro-Mes'!#REF!","v":{"$error":"#REF!"}},{"$f":"'[51]CRO2_Pro-Mes'!LKI3","v":0},{"$f":"'[51]CRO2_Pro-Mes'!#REF!","v":{"$error":"#REF!"}},{"$f":"'[51]CRO2_Pro-Mes'!LKK3","v":0},{"$f":"'[51]CRO2_Pro-Mes'!#REF!","v":{"$error":"#REF!"}},{"$f":"'[51]CRO2_Pro-Mes'!LKM3","v":0},{"$f":"'[51]CRO2_Pro-Mes'!#REF!","v":{"$error":"#REF!"}},{"$f":"'[51]CRO2_Pro-Mes'!LKO3","v":0},{"$f":"'[51]CRO2_Pro-Mes'!#REF!","v":{"$error":"#REF!"}},{"$f":"'[51]CRO2_Pro-Mes'!LKQ3","v":0},{"$f":"'[51]CRO2_Pro-Mes'!#REF!","v":{"$error":"#REF!"}},{"$f":"'[51]CRO2_Pro-Mes'!LKS3","v":0},{"$f":"'[51]CRO2_Pro-Mes'!#REF!","v":{"$error":"#REF!"}},{"$f":"'[51]CRO2_Pro-Mes'!LKU3","v":0},{"$f":"'[51]CRO2_Pro-Mes'!#REF!","v":{"$error":"#REF!"}},{"$f":"'[51]CRO2_Pro-Mes'!LKW3","v":0},{"$f":"'[51]CRO2_Pro-Mes'!#REF!","v":{"$error":"#REF!"}},{"$f":"'[51]CRO2_Pro-Mes'!LKY3","v":0},{"$f":"'[51]CRO2_Pro-Mes'!#REF!","v":{"$error":"#REF!"}},{"$f":"'[51]CRO2_Pro-Mes'!LLA3","v":0},{"$f":"'[51]CRO2_Pro-Mes'!#REF!","v":{"$error":"#REF!"}},{"$f":"'[51]CRO2_Pro-Mes'!LLC3","v":0},{"$f":"'[51]CRO2_Pro-Mes'!#REF!","v":{"$error":"#REF!"}},{"$f":"'[51]CRO2_Pro-Mes'!LLE3","v":0},{"$f":"'[51]CRO2_Pro-Mes'!#REF!","v":{"$error":"#REF!"}},{"$f":"'[51]CRO2_Pro-Mes'!LLG3","v":0},{"$f":"'[51]CRO2_Pro-Mes'!#REF!","v":{"$error":"#REF!"}},{"$f":"'[51]CRO2_Pro-Mes'!LLI3","v":0},{"$f":"'[51]CRO2_Pro-Mes'!#REF!","v":{"$error":"#REF!"}},{"$f":"'[51]CRO2_Pro-Mes'!LLK3","v":0},{"$f":"'[51]CRO2_Pro-Mes'!#REF!","v":{"$error":"#REF!"}},{"$f":"'[51]CRO2_Pro-Mes'!LLM3","v":0},{"$f":"'[51]CRO2_Pro-Mes'!#REF!","v":{"$error":"#REF!"}},{"$f":"'[51]CRO2_Pro-Mes'!LLO3","v":0},{"$f":"'[51]CRO2_Pro-Mes'!#REF!","v":{"$error":"#REF!"}},{"$f":"'[51]CRO2_Pro-Mes'!LLQ3","v":0},{"$f":"'[51]CRO2_Pro-Mes'!#REF!","v":{"$error":"#REF!"}},{"$f":"'[51]CRO2_Pro-Mes'!LLS3","v":0},{"$f":"'[51]CRO2_Pro-Mes'!#REF!","v":{"$error":"#REF!"}},{"$f":"'[51]CRO2_Pro-Mes'!LLU3","v":0},{"$f":"'[51]CRO2_Pro-Mes'!#REF!","v":{"$error":"#REF!"}},{"$f":"'[51]CRO2_Pro-Mes'!LLW3","v":0},{"$f":"'[51]CRO2_Pro-Mes'!#REF!","v":{"$error":"#REF!"}},{"$f":"'[51]CRO2_Pro-Mes'!LLY3","v":0},{"$f":"'[51]CRO2_Pro-Mes'!#REF!","v":{"$error":"#REF!"}},{"$f":"'[51]CRO2_Pro-Mes'!LMA3","v":0},{"$f":"'[51]CRO2_Pro-Mes'!#REF!","v":{"$error":"#REF!"}},{"$f":"'[51]CRO2_Pro-Mes'!LMC3","v":0},{"$f":"'[51]CRO2_Pro-Mes'!#REF!","v":{"$error":"#REF!"}},{"$f":"'[51]CRO2_Pro-Mes'!LME3","v":0},{"$f":"'[51]CRO2_Pro-Mes'!#REF!","v":{"$error":"#REF!"}},{"$f":"'[51]CRO2_Pro-Mes'!LMG3","v":0},{"$f":"'[51]CRO2_Pro-Mes'!#REF!","v":{"$error":"#REF!"}},{"$f":"'[51]CRO2_Pro-Mes'!LMI3","v":0},{"$f":"'[51]CRO2_Pro-Mes'!#REF!","v":{"$error":"#REF!"}},{"$f":"'[51]CRO2_Pro-Mes'!LMK3","v":0},{"$f":"'[51]CRO2_Pro-Mes'!#REF!","v":{"$error":"#REF!"}},{"$f":"'[51]CRO2_Pro-Mes'!LMM3","v":0},{"$f":"'[51]CRO2_Pro-Mes'!#REF!","v":{"$error":"#REF!"}},{"$f":"'[51]CRO2_Pro-Mes'!LMO3","v":0},{"$f":"'[51]CRO2_Pro-Mes'!#REF!","v":{"$error":"#REF!"}},{"$f":"'[51]CRO2_Pro-Mes'!LMQ3","v":0},{"$f":"'[51]CRO2_Pro-Mes'!#REF!","v":{"$error":"#REF!"}},{"$f":"'[51]CRO2_Pro-Mes'!LMS3","v":0},{"$f":"'[51]CRO2_Pro-Mes'!#REF!","v":{"$error":"#REF!"}},{"$f":"'[51]CRO2_Pro-Mes'!LMU3","v":0},{"$f":"'[51]CRO2_Pro-Mes'!#REF!","v":{"$error":"#REF!"}},{"$f":"'[51]CRO2_Pro-Mes'!LMW3","v":0},{"$f":"'[51]CRO2_Pro-Mes'!#REF!","v":{"$error":"#REF!"}},{"$f":"'[51]CRO2_Pro-Mes'!LMY3","v":0},{"$f":"'[51]CRO2_Pro-Mes'!#REF!","v":{"$error":"#REF!"}},{"$f":"'[51]CRO2_Pro-Mes'!LNA3","v":0},{"$f":"'[51]CRO2_Pro-Mes'!#REF!","v":{"$error":"#REF!"}},{"$f":"'[51]CRO2_Pro-Mes'!LNC3","v":0},{"$f":"'[51]CRO2_Pro-Mes'!#REF!","v":{"$error":"#REF!"}},{"$f":"'[51]CRO2_Pro-Mes'!LNE3","v":0},{"$f":"'[51]CRO2_Pro-Mes'!#REF!","v":{"$error":"#REF!"}},{"$f":"'[51]CRO2_Pro-Mes'!LNG3","v":0},{"$f":"'[51]CRO2_Pro-Mes'!#REF!","v":{"$error":"#REF!"}},{"$f":"'[51]CRO2_Pro-Mes'!LNI3","v":0},{"$f":"'[51]CRO2_Pro-Mes'!#REF!","v":{"$error":"#REF!"}},{"$f":"'[51]CRO2_Pro-Mes'!LNK3","v":0},{"$f":"'[51]CRO2_Pro-Mes'!#REF!","v":{"$error":"#REF!"}},{"$f":"'[51]CRO2_Pro-Mes'!LNM3","v":0},{"$f":"'[51]CRO2_Pro-Mes'!#REF!","v":{"$error":"#REF!"}},{"$f":"'[51]CRO2_Pro-Mes'!LNO3","v":0},{"$f":"'[51]CRO2_Pro-Mes'!#REF!","v":{"$error":"#REF!"}},{"$f":"'[51]CRO2_Pro-Mes'!LNQ3","v":0},{"$f":"'[51]CRO2_Pro-Mes'!#REF!","v":{"$error":"#REF!"}},{"$f":"'[51]CRO2_Pro-Mes'!LNS3","v":0},{"$f":"'[51]CRO2_Pro-Mes'!#REF!","v":{"$error":"#REF!"}},{"$f":"'[51]CRO2_Pro-Mes'!LNU3","v":0},{"$f":"'[51]CRO2_Pro-Mes'!#REF!","v":{"$error":"#REF!"}},{"$f":"'[51]CRO2_Pro-Mes'!LNW3","v":0},{"$f":"'[51]CRO2_Pro-Mes'!#REF!","v":{"$error":"#REF!"}},{"$f":"'[51]CRO2_Pro-Mes'!LNY3","v":0},{"$f":"'[51]CRO2_Pro-Mes'!#REF!","v":{"$error":"#REF!"}},{"$f":"'[51]CRO2_Pro-Mes'!LOA3","v":0},{"$f":"'[51]CRO2_Pro-Mes'!#REF!","v":{"$error":"#REF!"}},{"$f":"'[51]CRO2_Pro-Mes'!LOC3","v":0},{"$f":"'[51]CRO2_Pro-Mes'!#REF!","v":{"$error":"#REF!"}},{"$f":"'[51]CRO2_Pro-Mes'!LOE3","v":0},{"$f":"'[51]CRO2_Pro-Mes'!#REF!","v":{"$error":"#REF!"}},{"$f":"'[51]CRO2_Pro-Mes'!LOG3","v":0},{"$f":"'[51]CRO2_Pro-Mes'!#REF!","v":{"$error":"#REF!"}},{"$f":"'[51]CRO2_Pro-Mes'!LOI3","v":0},{"$f":"'[51]CRO2_Pro-Mes'!#REF!","v":{"$error":"#REF!"}},{"$f":"'[51]CRO2_Pro-Mes'!LOK3","v":0},{"$f":"'[51]CRO2_Pro-Mes'!#REF!","v":{"$error":"#REF!"}},{"$f":"'[51]CRO2_Pro-Mes'!LOM3","v":0},{"$f":"'[51]CRO2_Pro-Mes'!#REF!","v":{"$error":"#REF!"}},{"$f":"'[51]CRO2_Pro-Mes'!LOO3","v":0},{"$f":"'[51]CRO2_Pro-Mes'!#REF!","v":{"$error":"#REF!"}},{"$f":"'[51]CRO2_Pro-Mes'!LOQ3","v":0},{"$f":"'[51]CRO2_Pro-Mes'!#REF!","v":{"$error":"#REF!"}},{"$f":"'[51]CRO2_Pro-Mes'!LOS3","v":0},{"$f":"'[51]CRO2_Pro-Mes'!#REF!","v":{"$error":"#REF!"}},{"$f":"'[51]CRO2_Pro-Mes'!LOU3","v":0},{"$f":"'[51]CRO2_Pro-Mes'!#REF!","v":{"$error":"#REF!"}},{"$f":"'[51]CRO2_Pro-Mes'!LOW3","v":0},{"$f":"'[51]CRO2_Pro-Mes'!#REF!","v":{"$error":"#REF!"}},{"$f":"'[51]CRO2_Pro-Mes'!LOY3","v":0},{"$f":"'[51]CRO2_Pro-Mes'!#REF!","v":{"$error":"#REF!"}},{"$f":"'[51]CRO2_Pro-Mes'!LPA3","v":0},{"$f":"'[51]CRO2_Pro-Mes'!#REF!","v":{"$error":"#REF!"}},{"$f":"'[51]CRO2_Pro-Mes'!LPC3","v":0},{"$f":"'[51]CRO2_Pro-Mes'!#REF!","v":{"$error":"#REF!"}},{"$f":"'[51]CRO2_Pro-Mes'!LPE3","v":0},{"$f":"'[51]CRO2_Pro-Mes'!#REF!","v":{"$error":"#REF!"}},{"$f":"'[51]CRO2_Pro-Mes'!LPG3","v":0},{"$f":"'[51]CRO2_Pro-Mes'!#REF!","v":{"$error":"#REF!"}},{"$f":"'[51]CRO2_Pro-Mes'!LPI3","v":0},{"$f":"'[51]CRO2_Pro-Mes'!#REF!","v":{"$error":"#REF!"}},{"$f":"'[51]CRO2_Pro-Mes'!LPK3","v":0},{"$f":"'[51]CRO2_Pro-Mes'!#REF!","v":{"$error":"#REF!"}},{"$f":"'[51]CRO2_Pro-Mes'!LPM3","v":0},{"$f":"'[51]CRO2_Pro-Mes'!#REF!","v":{"$error":"#REF!"}},{"$f":"'[51]CRO2_Pro-Mes'!LPO3","v":0},{"$f":"'[51]CRO2_Pro-Mes'!#REF!","v":{"$error":"#REF!"}},{"$f":"'[51]CRO2_Pro-Mes'!LPQ3","v":0},{"$f":"'[51]CRO2_Pro-Mes'!#REF!","v":{"$error":"#REF!"}},{"$f":"'[51]CRO2_Pro-Mes'!LPS3","v":0},{"$f":"'[51]CRO2_Pro-Mes'!#REF!","v":{"$error":"#REF!"}},{"$f":"'[51]CRO2_Pro-Mes'!LPU3","v":0},{"$f":"'[51]CRO2_Pro-Mes'!#REF!","v":{"$error":"#REF!"}},{"$f":"'[51]CRO2_Pro-Mes'!LPW3","v":0},{"$f":"'[51]CRO2_Pro-Mes'!#REF!","v":{"$error":"#REF!"}},{"$f":"'[51]CRO2_Pro-Mes'!LPY3","v":0},{"$f":"'[51]CRO2_Pro-Mes'!#REF!","v":{"$error":"#REF!"}},{"$f":"'[51]CRO2_Pro-Mes'!LQA3","v":0},{"$f":"'[51]CRO2_Pro-Mes'!#REF!","v":{"$error":"#REF!"}},{"$f":"'[51]CRO2_Pro-Mes'!LQC3","v":0},{"$f":"'[51]CRO2_Pro-Mes'!#REF!","v":{"$error":"#REF!"}},{"$f":"'[51]CRO2_Pro-Mes'!LQE3","v":0},{"$f":"'[51]CRO2_Pro-Mes'!#REF!","v":{"$error":"#REF!"}},{"$f":"'[51]CRO2_Pro-Mes'!LQG3","v":0},{"$f":"'[51]CRO2_Pro-Mes'!#REF!","v":{"$error":"#REF!"}},{"$f":"'[51]CRO2_Pro-Mes'!LQI3","v":0},{"$f":"'[51]CRO2_Pro-Mes'!#REF!","v":{"$error":"#REF!"}},{"$f":"'[51]CRO2_Pro-Mes'!LQK3","v":0},{"$f":"'[51]CRO2_Pro-Mes'!#REF!","v":{"$error":"#REF!"}},{"$f":"'[51]CRO2_Pro-Mes'!LQM3","v":0},{"$f":"'[51]CRO2_Pro-Mes'!#REF!","v":{"$error":"#REF!"}},{"$f":"'[51]CRO2_Pro-Mes'!LQO3","v":0},{"$f":"'[51]CRO2_Pro-Mes'!#REF!","v":{"$error":"#REF!"}},{"$f":"'[51]CRO2_Pro-Mes'!LQQ3","v":0},{"$f":"'[51]CRO2_Pro-Mes'!#REF!","v":{"$error":"#REF!"}},{"$f":"'[51]CRO2_Pro-Mes'!LQS3","v":0},{"$f":"'[51]CRO2_Pro-Mes'!#REF!","v":{"$error":"#REF!"}},{"$f":"'[51]CRO2_Pro-Mes'!LQU3","v":0},{"$f":"'[51]CRO2_Pro-Mes'!#REF!","v":{"$error":"#REF!"}},{"$f":"'[51]CRO2_Pro-Mes'!LQW3","v":0},{"$f":"'[51]CRO2_Pro-Mes'!#REF!","v":{"$error":"#REF!"}},{"$f":"'[51]CRO2_Pro-Mes'!LQY3","v":0},{"$f":"'[51]CRO2_Pro-Mes'!#REF!","v":{"$error":"#REF!"}},{"$f":"'[51]CRO2_Pro-Mes'!LRA3","v":0},{"$f":"'[51]CRO2_Pro-Mes'!#REF!","v":{"$error":"#REF!"}},{"$f":"'[51]CRO2_Pro-Mes'!LRC3","v":0},{"$f":"'[51]CRO2_Pro-Mes'!#REF!","v":{"$error":"#REF!"}},{"$f":"'[51]CRO2_Pro-Mes'!LRE3","v":0},{"$f":"'[51]CRO2_Pro-Mes'!#REF!","v":{"$error":"#REF!"}},{"$f":"'[51]CRO2_Pro-Mes'!LRG3","v":0},{"$f":"'[51]CRO2_Pro-Mes'!#REF!","v":{"$error":"#REF!"}},{"$f":"'[51]CRO2_Pro-Mes'!LRI3","v":0},{"$f":"'[51]CRO2_Pro-Mes'!#REF!","v":{"$error":"#REF!"}},{"$f":"'[51]CRO2_Pro-Mes'!LRK3","v":0},{"$f":"'[51]CRO2_Pro-Mes'!#REF!","v":{"$error":"#REF!"}},{"$f":"'[51]CRO2_Pro-Mes'!LRM3","v":0},{"$f":"'[51]CRO2_Pro-Mes'!#REF!","v":{"$error":"#REF!"}},{"$f":"'[51]CRO2_Pro-Mes'!LRO3","v":0},{"$f":"'[51]CRO2_Pro-Mes'!#REF!","v":{"$error":"#REF!"}},{"$f":"'[51]CRO2_Pro-Mes'!LRQ3","v":0},{"$f":"'[51]CRO2_Pro-Mes'!#REF!","v":{"$error":"#REF!"}},{"$f":"'[51]CRO2_Pro-Mes'!LRS3","v":0},{"$f":"'[51]CRO2_Pro-Mes'!#REF!","v":{"$error":"#REF!"}},{"$f":"'[51]CRO2_Pro-Mes'!LRU3","v":0},{"$f":"'[51]CRO2_Pro-Mes'!#REF!","v":{"$error":"#REF!"}},{"$f":"'[51]CRO2_Pro-Mes'!LRW3","v":0},{"$f":"'[51]CRO2_Pro-Mes'!#REF!","v":{"$error":"#REF!"}},{"$f":"'[51]CRO2_Pro-Mes'!LRY3","v":0},{"$f":"'[51]CRO2_Pro-Mes'!#REF!","v":{"$error":"#REF!"}},{"$f":"'[51]CRO2_Pro-Mes'!LSA3","v":0},{"$f":"'[51]CRO2_Pro-Mes'!#REF!","v":{"$error":"#REF!"}},{"$f":"'[51]CRO2_Pro-Mes'!LSC3","v":0},{"$f":"'[51]CRO2_Pro-Mes'!#REF!","v":{"$error":"#REF!"}},{"$f":"'[51]CRO2_Pro-Mes'!LSE3","v":0},{"$f":"'[51]CRO2_Pro-Mes'!#REF!","v":{"$error":"#REF!"}},{"$f":"'[51]CRO2_Pro-Mes'!LSG3","v":0},{"$f":"'[51]CRO2_Pro-Mes'!#REF!","v":{"$error":"#REF!"}},{"$f":"'[51]CRO2_Pro-Mes'!LSI3","v":0},{"$f":"'[51]CRO2_Pro-Mes'!#REF!","v":{"$error":"#REF!"}},{"$f":"'[51]CRO2_Pro-Mes'!LSK3","v":0},{"$f":"'[51]CRO2_Pro-Mes'!#REF!","v":{"$error":"#REF!"}},{"$f":"'[51]CRO2_Pro-Mes'!LSM3","v":0},{"$f":"'[51]CRO2_Pro-Mes'!#REF!","v":{"$error":"#REF!"}},{"$f":"'[51]CRO2_Pro-Mes'!LSO3","v":0},{"$f":"'[51]CRO2_Pro-Mes'!#REF!","v":{"$error":"#REF!"}},{"$f":"'[51]CRO2_Pro-Mes'!LSQ3","v":0},{"$f":"'[51]CRO2_Pro-Mes'!#REF!","v":{"$error":"#REF!"}},{"$f":"'[51]CRO2_Pro-Mes'!LSS3","v":0},{"$f":"'[51]CRO2_Pro-Mes'!#REF!","v":{"$error":"#REF!"}},{"$f":"'[51]CRO2_Pro-Mes'!LSU3","v":0},{"$f":"'[51]CRO2_Pro-Mes'!#REF!","v":{"$error":"#REF!"}},{"$f":"'[51]CRO2_Pro-Mes'!LSW3","v":0},{"$f":"'[51]CRO2_Pro-Mes'!#REF!","v":{"$error":"#REF!"}},{"$f":"'[51]CRO2_Pro-Mes'!LSY3","v":0},{"$f":"'[51]CRO2_Pro-Mes'!#REF!","v":{"$error":"#REF!"}},{"$f":"'[51]CRO2_Pro-Mes'!LTA3","v":0},{"$f":"'[51]CRO2_Pro-Mes'!#REF!","v":{"$error":"#REF!"}},{"$f":"'[51]CRO2_Pro-Mes'!LTC3","v":0},{"$f":"'[51]CRO2_Pro-Mes'!#REF!","v":{"$error":"#REF!"}},{"$f":"'[51]CRO2_Pro-Mes'!LTE3","v":0},{"$f":"'[51]CRO2_Pro-Mes'!#REF!","v":{"$error":"#REF!"}},{"$f":"'[51]CRO2_Pro-Mes'!LTG3","v":0},{"$f":"'[51]CRO2_Pro-Mes'!#REF!","v":{"$error":"#REF!"}},{"$f":"'[51]CRO2_Pro-Mes'!LTI3","v":0},{"$f":"'[51]CRO2_Pro-Mes'!#REF!","v":{"$error":"#REF!"}},{"$f":"'[51]CRO2_Pro-Mes'!LTK3","v":0},{"$f":"'[51]CRO2_Pro-Mes'!#REF!","v":{"$error":"#REF!"}},{"$f":"'[51]CRO2_Pro-Mes'!LTM3","v":0},{"$f":"'[51]CRO2_Pro-Mes'!#REF!","v":{"$error":"#REF!"}},{"$f":"'[51]CRO2_Pro-Mes'!LTO3","v":0},{"$f":"'[51]CRO2_Pro-Mes'!#REF!","v":{"$error":"#REF!"}},{"$f":"'[51]CRO2_Pro-Mes'!LTQ3","v":0},{"$f":"'[51]CRO2_Pro-Mes'!#REF!","v":{"$error":"#REF!"}},{"$f":"'[51]CRO2_Pro-Mes'!LTS3","v":0},{"$f":"'[51]CRO2_Pro-Mes'!#REF!","v":{"$error":"#REF!"}},{"$f":"'[51]CRO2_Pro-Mes'!LTU3","v":0},{"$f":"'[51]CRO2_Pro-Mes'!#REF!","v":{"$error":"#REF!"}},{"$f":"'[51]CRO2_Pro-Mes'!LTW3","v":0},{"$f":"'[51]CRO2_Pro-Mes'!#REF!","v":{"$error":"#REF!"}},{"$f":"'[51]CRO2_Pro-Mes'!LTY3","v":0},{"$f":"'[51]CRO2_Pro-Mes'!#REF!","v":{"$error":"#REF!"}},{"$f":"'[51]CRO2_Pro-Mes'!LUA3","v":0},{"$f":"'[51]CRO2_Pro-Mes'!#REF!","v":{"$error":"#REF!"}},{"$f":"'[51]CRO2_Pro-Mes'!LUC3","v":0},{"$f":"'[51]CRO2_Pro-Mes'!#REF!","v":{"$error":"#REF!"}},{"$f":"'[51]CRO2_Pro-Mes'!LUE3","v":0},{"$f":"'[51]CRO2_Pro-Mes'!#REF!","v":{"$error":"#REF!"}},{"$f":"'[51]CRO2_Pro-Mes'!LUG3","v":0},{"$f":"'[51]CRO2_Pro-Mes'!#REF!","v":{"$error":"#REF!"}},{"$f":"'[51]CRO2_Pro-Mes'!LUI3","v":0},{"$f":"'[51]CRO2_Pro-Mes'!#REF!","v":{"$error":"#REF!"}},{"$f":"'[51]CRO2_Pro-Mes'!LUK3","v":0},{"$f":"'[51]CRO2_Pro-Mes'!#REF!","v":{"$error":"#REF!"}},{"$f":"'[51]CRO2_Pro-Mes'!LUM3","v":0},{"$f":"'[51]CRO2_Pro-Mes'!#REF!","v":{"$error":"#REF!"}},{"$f":"'[51]CRO2_Pro-Mes'!LUO3","v":0},{"$f":"'[51]CRO2_Pro-Mes'!#REF!","v":{"$error":"#REF!"}},{"$f":"'[51]CRO2_Pro-Mes'!LUQ3","v":0},{"$f":"'[51]CRO2_Pro-Mes'!#REF!","v":{"$error":"#REF!"}},{"$f":"'[51]CRO2_Pro-Mes'!LUS3","v":0},{"$f":"'[51]CRO2_Pro-Mes'!#REF!","v":{"$error":"#REF!"}},{"$f":"'[51]CRO2_Pro-Mes'!LUU3","v":0},{"$f":"'[51]CRO2_Pro-Mes'!#REF!","v":{"$error":"#REF!"}},{"$f":"'[51]CRO2_Pro-Mes'!LUW3","v":0},{"$f":"'[51]CRO2_Pro-Mes'!#REF!","v":{"$error":"#REF!"}},{"$f":"'[51]CRO2_Pro-Mes'!LUY3","v":0},{"$f":"'[51]CRO2_Pro-Mes'!#REF!","v":{"$error":"#REF!"}},{"$f":"'[51]CRO2_Pro-Mes'!LVA3","v":0},{"$f":"'[51]CRO2_Pro-Mes'!#REF!","v":{"$error":"#REF!"}},{"$f":"'[51]CRO2_Pro-Mes'!LVC3","v":0},{"$f":"'[51]CRO2_Pro-Mes'!#REF!","v":{"$error":"#REF!"}},{"$f":"'[51]CRO2_Pro-Mes'!LVE3","v":0},{"$f":"'[51]CRO2_Pro-Mes'!#REF!","v":{"$error":"#REF!"}},{"$f":"'[51]CRO2_Pro-Mes'!LVG3","v":0},{"$f":"'[51]CRO2_Pro-Mes'!#REF!","v":{"$error":"#REF!"}},{"$f":"'[51]CRO2_Pro-Mes'!LVI3","v":0},{"$f":"'[51]CRO2_Pro-Mes'!#REF!","v":{"$error":"#REF!"}},{"$f":"'[51]CRO2_Pro-Mes'!LVK3","v":0},{"$f":"'[51]CRO2_Pro-Mes'!#REF!","v":{"$error":"#REF!"}},{"$f":"'[51]CRO2_Pro-Mes'!LVM3","v":0},{"$f":"'[51]CRO2_Pro-Mes'!#REF!","v":{"$error":"#REF!"}},{"$f":"'[51]CRO2_Pro-Mes'!LVO3","v":0},{"$f":"'[51]CRO2_Pro-Mes'!#REF!","v":{"$error":"#REF!"}},{"$f":"'[51]CRO2_Pro-Mes'!LVQ3","v":0},{"$f":"'[51]CRO2_Pro-Mes'!#REF!","v":{"$error":"#REF!"}},{"$f":"'[51]CRO2_Pro-Mes'!LVS3","v":0},{"$f":"'[51]CRO2_Pro-Mes'!#REF!","v":{"$error":"#REF!"}},{"$f":"'[51]CRO2_Pro-Mes'!LVU3","v":0},{"$f":"'[51]CRO2_Pro-Mes'!#REF!","v":{"$error":"#REF!"}},{"$f":"'[51]CRO2_Pro-Mes'!LVW3","v":0},{"$f":"'[51]CRO2_Pro-Mes'!#REF!","v":{"$error":"#REF!"}},{"$f":"'[51]CRO2_Pro-Mes'!LVY3","v":0},{"$f":"'[51]CRO2_Pro-Mes'!#REF!","v":{"$error":"#REF!"}},{"$f":"'[51]CRO2_Pro-Mes'!LWA3","v":0},{"$f":"'[51]CRO2_Pro-Mes'!#REF!","v":{"$error":"#REF!"}},{"$f":"'[51]CRO2_Pro-Mes'!LWC3","v":0},{"$f":"'[51]CRO2_Pro-Mes'!#REF!","v":{"$error":"#REF!"}},{"$f":"'[51]CRO2_Pro-Mes'!LWE3","v":0},{"$f":"'[51]CRO2_Pro-Mes'!#REF!","v":{"$error":"#REF!"}},{"$f":"'[51]CRO2_Pro-Mes'!LWG3","v":0},{"$f":"'[51]CRO2_Pro-Mes'!#REF!","v":{"$error":"#REF!"}},{"$f":"'[51]CRO2_Pro-Mes'!LWI3","v":0},{"$f":"'[51]CRO2_Pro-Mes'!#REF!","v":{"$error":"#REF!"}},{"$f":"'[51]CRO2_Pro-Mes'!LWK3","v":0},{"$f":"'[51]CRO2_Pro-Mes'!#REF!","v":{"$error":"#REF!"}},{"$f":"'[51]CRO2_Pro-Mes'!LWM3","v":0},{"$f":"'[51]CRO2_Pro-Mes'!#REF!","v":{"$error":"#REF!"}},{"$f":"'[51]CRO2_Pro-Mes'!LWO3","v":0},{"$f":"'[51]CRO2_Pro-Mes'!#REF!","v":{"$error":"#REF!"}},{"$f":"'[51]CRO2_Pro-Mes'!LWQ3","v":0},{"$f":"'[51]CRO2_Pro-Mes'!#REF!","v":{"$error":"#REF!"}},{"$f":"'[51]CRO2_Pro-Mes'!LWS3","v":0},{"$f":"'[51]CRO2_Pro-Mes'!#REF!","v":{"$error":"#REF!"}},{"$f":"'[51]CRO2_Pro-Mes'!LWU3","v":0},{"$f":"'[51]CRO2_Pro-Mes'!#REF!","v":{"$error":"#REF!"}},{"$f":"'[51]CRO2_Pro-Mes'!LWW3","v":0},{"$f":"'[51]CRO2_Pro-Mes'!#REF!","v":{"$error":"#REF!"}},{"$f":"'[51]CRO2_Pro-Mes'!LWY3","v":0},{"$f":"'[51]CRO2_Pro-Mes'!#REF!","v":{"$error":"#REF!"}},{"$f":"'[51]CRO2_Pro-Mes'!LXA3","v":0},{"$f":"'[51]CRO2_Pro-Mes'!#REF!","v":{"$error":"#REF!"}},{"$f":"'[51]CRO2_Pro-Mes'!LXC3","v":0},{"$f":"'[51]CRO2_Pro-Mes'!#REF!","v":{"$error":"#REF!"}},{"$f":"'[51]CRO2_Pro-Mes'!LXE3","v":0},{"$f":"'[51]CRO2_Pro-Mes'!#REF!","v":{"$error":"#REF!"}},{"$f":"'[51]CRO2_Pro-Mes'!LXG3","v":0},{"$f":"'[51]CRO2_Pro-Mes'!#REF!","v":{"$error":"#REF!"}},{"$f":"'[51]CRO2_Pro-Mes'!LXI3","v":0},{"$f":"'[51]CRO2_Pro-Mes'!#REF!","v":{"$error":"#REF!"}},{"$f":"'[51]CRO2_Pro-Mes'!LXK3","v":0},{"$f":"'[51]CRO2_Pro-Mes'!#REF!","v":{"$error":"#REF!"}},{"$f":"'[51]CRO2_Pro-Mes'!LXM3","v":0},{"$f":"'[51]CRO2_Pro-Mes'!#REF!","v":{"$error":"#REF!"}},{"$f":"'[51]CRO2_Pro-Mes'!LXO3","v":0},{"$f":"'[51]CRO2_Pro-Mes'!#REF!","v":{"$error":"#REF!"}},{"$f":"'[51]CRO2_Pro-Mes'!LXQ3","v":0},{"$f":"'[51]CRO2_Pro-Mes'!#REF!","v":{"$error":"#REF!"}},{"$f":"'[51]CRO2_Pro-Mes'!LXS3","v":0},{"$f":"'[51]CRO2_Pro-Mes'!#REF!","v":{"$error":"#REF!"}},{"$f":"'[51]CRO2_Pro-Mes'!LXU3","v":0},{"$f":"'[51]CRO2_Pro-Mes'!#REF!","v":{"$error":"#REF!"}},{"$f":"'[51]CRO2_Pro-Mes'!LXW3","v":0},{"$f":"'[51]CRO2_Pro-Mes'!#REF!","v":{"$error":"#REF!"}},{"$f":"'[51]CRO2_Pro-Mes'!LXY3","v":0},{"$f":"'[51]CRO2_Pro-Mes'!#REF!","v":{"$error":"#REF!"}},{"$f":"'[51]CRO2_Pro-Mes'!LYA3","v":0},{"$f":"'[51]CRO2_Pro-Mes'!#REF!","v":{"$error":"#REF!"}},{"$f":"'[51]CRO2_Pro-Mes'!LYC3","v":0},{"$f":"'[51]CRO2_Pro-Mes'!#REF!","v":{"$error":"#REF!"}},{"$f":"'[51]CRO2_Pro-Mes'!LYE3","v":0},{"$f":"'[51]CRO2_Pro-Mes'!#REF!","v":{"$error":"#REF!"}},{"$f":"'[51]CRO2_Pro-Mes'!LYG3","v":0},{"$f":"'[51]CRO2_Pro-Mes'!#REF!","v":{"$error":"#REF!"}},{"$f":"'[51]CRO2_Pro-Mes'!LYI3","v":0},{"$f":"'[51]CRO2_Pro-Mes'!#REF!","v":{"$error":"#REF!"}},{"$f":"'[51]CRO2_Pro-Mes'!LYK3","v":0},{"$f":"'[51]CRO2_Pro-Mes'!#REF!","v":{"$error":"#REF!"}},{"$f":"'[51]CRO2_Pro-Mes'!LYM3","v":0},{"$f":"'[51]CRO2_Pro-Mes'!#REF!","v":{"$error":"#REF!"}},{"$f":"'[51]CRO2_Pro-Mes'!LYO3","v":0},{"$f":"'[51]CRO2_Pro-Mes'!#REF!","v":{"$error":"#REF!"}},{"$f":"'[51]CRO2_Pro-Mes'!LYQ3","v":0},{"$f":"'[51]CRO2_Pro-Mes'!#REF!","v":{"$error":"#REF!"}},{"$f":"'[51]CRO2_Pro-Mes'!LYS3","v":0},{"$f":"'[51]CRO2_Pro-Mes'!#REF!","v":{"$error":"#REF!"}},{"$f":"'[51]CRO2_Pro-Mes'!LYU3","v":0},{"$f":"'[51]CRO2_Pro-Mes'!#REF!","v":{"$error":"#REF!"}},{"$f":"'[51]CRO2_Pro-Mes'!LYW3","v":0},{"$f":"'[51]CRO2_Pro-Mes'!#REF!","v":{"$error":"#REF!"}},{"$f":"'[51]CRO2_Pro-Mes'!LYY3","v":0},{"$f":"'[51]CRO2_Pro-Mes'!#REF!","v":{"$error":"#REF!"}},{"$f":"'[51]CRO2_Pro-Mes'!LZA3","v":0},{"$f":"'[51]CRO2_Pro-Mes'!#REF!","v":{"$error":"#REF!"}},{"$f":"'[51]CRO2_Pro-Mes'!LZC3","v":0},{"$f":"'[51]CRO2_Pro-Mes'!#REF!","v":{"$error":"#REF!"}},{"$f":"'[51]CRO2_Pro-Mes'!LZE3","v":0},{"$f":"'[51]CRO2_Pro-Mes'!#REF!","v":{"$error":"#REF!"}},{"$f":"'[51]CRO2_Pro-Mes'!LZG3","v":0},{"$f":"'[51]CRO2_Pro-Mes'!#REF!","v":{"$error":"#REF!"}},{"$f":"'[51]CRO2_Pro-Mes'!LZI3","v":0},{"$f":"'[51]CRO2_Pro-Mes'!#REF!","v":{"$error":"#REF!"}},{"$f":"'[51]CRO2_Pro-Mes'!LZK3","v":0},{"$f":"'[51]CRO2_Pro-Mes'!#REF!","v":{"$error":"#REF!"}},{"$f":"'[51]CRO2_Pro-Mes'!LZM3","v":0},{"$f":"'[51]CRO2_Pro-Mes'!#REF!","v":{"$error":"#REF!"}},{"$f":"'[51]CRO2_Pro-Mes'!LZO3","v":0},{"$f":"'[51]CRO2_Pro-Mes'!#REF!","v":{"$error":"#REF!"}},{"$f":"'[51]CRO2_Pro-Mes'!LZQ3","v":0},{"$f":"'[51]CRO2_Pro-Mes'!#REF!","v":{"$error":"#REF!"}},{"$f":"'[51]CRO2_Pro-Mes'!LZS3","v":0},{"$f":"'[51]CRO2_Pro-Mes'!#REF!","v":{"$error":"#REF!"}},{"$f":"'[51]CRO2_Pro-Mes'!LZU3","v":0},{"$f":"'[51]CRO2_Pro-Mes'!#REF!","v":{"$error":"#REF!"}},{"$f":"'[51]CRO2_Pro-Mes'!LZW3","v":0},{"$f":"'[51]CRO2_Pro-Mes'!#REF!","v":{"$error":"#REF!"}},{"$f":"'[51]CRO2_Pro-Mes'!LZY3","v":0},{"$f":"'[51]CRO2_Pro-Mes'!#REF!","v":{"$error":"#REF!"}},{"$f":"'[51]CRO2_Pro-Mes'!MAA3","v":0},{"$f":"'[51]CRO2_Pro-Mes'!#REF!","v":{"$error":"#REF!"}},{"$f":"'[51]CRO2_Pro-Mes'!MAC3","v":0},{"$f":"'[51]CRO2_Pro-Mes'!#REF!","v":{"$error":"#REF!"}},{"$f":"'[51]CRO2_Pro-Mes'!MAE3","v":0},{"$f":"'[51]CRO2_Pro-Mes'!#REF!","v":{"$error":"#REF!"}},{"$f":"'[51]CRO2_Pro-Mes'!MAG3","v":0},{"$f":"'[51]CRO2_Pro-Mes'!#REF!","v":{"$error":"#REF!"}},{"$f":"'[51]CRO2_Pro-Mes'!MAI3","v":0},{"$f":"'[51]CRO2_Pro-Mes'!#REF!","v":{"$error":"#REF!"}},{"$f":"'[51]CRO2_Pro-Mes'!MAK3","v":0},{"$f":"'[51]CRO2_Pro-Mes'!#REF!","v":{"$error":"#REF!"}},{"$f":"'[51]CRO2_Pro-Mes'!MAM3","v":0},{"$f":"'[51]CRO2_Pro-Mes'!#REF!","v":{"$error":"#REF!"}},{"$f":"'[51]CRO2_Pro-Mes'!MAO3","v":0},{"$f":"'[51]CRO2_Pro-Mes'!#REF!","v":{"$error":"#REF!"}},{"$f":"'[51]CRO2_Pro-Mes'!MAQ3","v":0},{"$f":"'[51]CRO2_Pro-Mes'!#REF!","v":{"$error":"#REF!"}},{"$f":"'[51]CRO2_Pro-Mes'!MAS3","v":0},{"$f":"'[51]CRO2_Pro-Mes'!#REF!","v":{"$error":"#REF!"}},{"$f":"'[51]CRO2_Pro-Mes'!MAU3","v":0},{"$f":"'[51]CRO2_Pro-Mes'!#REF!","v":{"$error":"#REF!"}},{"$f":"'[51]CRO2_Pro-Mes'!MAW3","v":0},{"$f":"'[51]CRO2_Pro-Mes'!#REF!","v":{"$error":"#REF!"}},{"$f":"'[51]CRO2_Pro-Mes'!MAY3","v":0},{"$f":"'[51]CRO2_Pro-Mes'!#REF!","v":{"$error":"#REF!"}},{"$f":"'[51]CRO2_Pro-Mes'!MBA3","v":0},{"$f":"'[51]CRO2_Pro-Mes'!#REF!","v":{"$error":"#REF!"}},{"$f":"'[51]CRO2_Pro-Mes'!MBC3","v":0},{"$f":"'[51]CRO2_Pro-Mes'!#REF!","v":{"$error":"#REF!"}},{"$f":"'[51]CRO2_Pro-Mes'!MBE3","v":0},{"$f":"'[51]CRO2_Pro-Mes'!#REF!","v":{"$error":"#REF!"}},{"$f":"'[51]CRO2_Pro-Mes'!MBG3","v":0},{"$f":"'[51]CRO2_Pro-Mes'!#REF!","v":{"$error":"#REF!"}},{"$f":"'[51]CRO2_Pro-Mes'!MBI3","v":0},{"$f":"'[51]CRO2_Pro-Mes'!#REF!","v":{"$error":"#REF!"}},{"$f":"'[51]CRO2_Pro-Mes'!MBK3","v":0},{"$f":"'[51]CRO2_Pro-Mes'!#REF!","v":{"$error":"#REF!"}},{"$f":"'[51]CRO2_Pro-Mes'!MBM3","v":0},{"$f":"'[51]CRO2_Pro-Mes'!#REF!","v":{"$error":"#REF!"}},{"$f":"'[51]CRO2_Pro-Mes'!MBO3","v":0},{"$f":"'[51]CRO2_Pro-Mes'!#REF!","v":{"$error":"#REF!"}},{"$f":"'[51]CRO2_Pro-Mes'!MBQ3","v":0},{"$f":"'[51]CRO2_Pro-Mes'!#REF!","v":{"$error":"#REF!"}},{"$f":"'[51]CRO2_Pro-Mes'!MBS3","v":0},{"$f":"'[51]CRO2_Pro-Mes'!#REF!","v":{"$error":"#REF!"}},{"$f":"'[51]CRO2_Pro-Mes'!MBU3","v":0},{"$f":"'[51]CRO2_Pro-Mes'!#REF!","v":{"$error":"#REF!"}},{"$f":"'[51]CRO2_Pro-Mes'!MBW3","v":0},{"$f":"'[51]CRO2_Pro-Mes'!#REF!","v":{"$error":"#REF!"}},{"$f":"'[51]CRO2_Pro-Mes'!MBY3","v":0},{"$f":"'[51]CRO2_Pro-Mes'!#REF!","v":{"$error":"#REF!"}},{"$f":"'[51]CRO2_Pro-Mes'!MCA3","v":0},{"$f":"'[51]CRO2_Pro-Mes'!#REF!","v":{"$error":"#REF!"}},{"$f":"'[51]CRO2_Pro-Mes'!MCC3","v":0},{"$f":"'[51]CRO2_Pro-Mes'!#REF!","v":{"$error":"#REF!"}},{"$f":"'[51]CRO2_Pro-Mes'!MCE3","v":0},{"$f":"'[51]CRO2_Pro-Mes'!#REF!","v":{"$error":"#REF!"}},{"$f":"'[51]CRO2_Pro-Mes'!MCG3","v":0},{"$f":"'[51]CRO2_Pro-Mes'!#REF!","v":{"$error":"#REF!"}},{"$f":"'[51]CRO2_Pro-Mes'!MCI3","v":0},{"$f":"'[51]CRO2_Pro-Mes'!#REF!","v":{"$error":"#REF!"}},{"$f":"'[51]CRO2_Pro-Mes'!MCK3","v":0},{"$f":"'[51]CRO2_Pro-Mes'!#REF!","v":{"$error":"#REF!"}},{"$f":"'[51]CRO2_Pro-Mes'!MCM3","v":0},{"$f":"'[51]CRO2_Pro-Mes'!#REF!","v":{"$error":"#REF!"}},{"$f":"'[51]CRO2_Pro-Mes'!MCO3","v":0},{"$f":"'[51]CRO2_Pro-Mes'!#REF!","v":{"$error":"#REF!"}},{"$f":"'[51]CRO2_Pro-Mes'!MCQ3","v":0},{"$f":"'[51]CRO2_Pro-Mes'!#REF!","v":{"$error":"#REF!"}},{"$f":"'[51]CRO2_Pro-Mes'!MCS3","v":0},{"$f":"'[51]CRO2_Pro-Mes'!#REF!","v":{"$error":"#REF!"}},{"$f":"'[51]CRO2_Pro-Mes'!MCU3","v":0},{"$f":"'[51]CRO2_Pro-Mes'!#REF!","v":{"$error":"#REF!"}},{"$f":"'[51]CRO2_Pro-Mes'!MCW3","v":0},{"$f":"'[51]CRO2_Pro-Mes'!#REF!","v":{"$error":"#REF!"}},{"$f":"'[51]CRO2_Pro-Mes'!MCY3","v":0},{"$f":"'[51]CRO2_Pro-Mes'!#REF!","v":{"$error":"#REF!"}},{"$f":"'[51]CRO2_Pro-Mes'!MDA3","v":0},{"$f":"'[51]CRO2_Pro-Mes'!#REF!","v":{"$error":"#REF!"}},{"$f":"'[51]CRO2_Pro-Mes'!MDC3","v":0},{"$f":"'[51]CRO2_Pro-Mes'!#REF!","v":{"$error":"#REF!"}},{"$f":"'[51]CRO2_Pro-Mes'!MDE3","v":0},{"$f":"'[51]CRO2_Pro-Mes'!#REF!","v":{"$error":"#REF!"}},{"$f":"'[51]CRO2_Pro-Mes'!MDG3","v":0},{"$f":"'[51]CRO2_Pro-Mes'!#REF!","v":{"$error":"#REF!"}},{"$f":"'[51]CRO2_Pro-Mes'!MDI3","v":0},{"$f":"'[51]CRO2_Pro-Mes'!#REF!","v":{"$error":"#REF!"}},{"$f":"'[51]CRO2_Pro-Mes'!MDK3","v":0},{"$f":"'[51]CRO2_Pro-Mes'!#REF!","v":{"$error":"#REF!"}},{"$f":"'[51]CRO2_Pro-Mes'!MDM3","v":0},{"$f":"'[51]CRO2_Pro-Mes'!#REF!","v":{"$error":"#REF!"}},{"$f":"'[51]CRO2_Pro-Mes'!MDO3","v":0},{"$f":"'[51]CRO2_Pro-Mes'!#REF!","v":{"$error":"#REF!"}},{"$f":"'[51]CRO2_Pro-Mes'!MDQ3","v":0},{"$f":"'[51]CRO2_Pro-Mes'!#REF!","v":{"$error":"#REF!"}},{"$f":"'[51]CRO2_Pro-Mes'!MDS3","v":0},{"$f":"'[51]CRO2_Pro-Mes'!#REF!","v":{"$error":"#REF!"}},{"$f":"'[51]CRO2_Pro-Mes'!MDU3","v":0},{"$f":"'[51]CRO2_Pro-Mes'!#REF!","v":{"$error":"#REF!"}},{"$f":"'[51]CRO2_Pro-Mes'!MDW3","v":0},{"$f":"'[51]CRO2_Pro-Mes'!#REF!","v":{"$error":"#REF!"}},{"$f":"'[51]CRO2_Pro-Mes'!MDY3","v":0},{"$f":"'[51]CRO2_Pro-Mes'!#REF!","v":{"$error":"#REF!"}},{"$f":"'[51]CRO2_Pro-Mes'!MEA3","v":0},{"$f":"'[51]CRO2_Pro-Mes'!#REF!","v":{"$error":"#REF!"}},{"$f":"'[51]CRO2_Pro-Mes'!MEC3","v":0},{"$f":"'[51]CRO2_Pro-Mes'!#REF!","v":{"$error":"#REF!"}},{"$f":"'[51]CRO2_Pro-Mes'!MEE3","v":0},{"$f":"'[51]CRO2_Pro-Mes'!#REF!","v":{"$error":"#REF!"}},{"$f":"'[51]CRO2_Pro-Mes'!MEG3","v":0},{"$f":"'[51]CRO2_Pro-Mes'!#REF!","v":{"$error":"#REF!"}},{"$f":"'[51]CRO2_Pro-Mes'!MEI3","v":0},{"$f":"'[51]CRO2_Pro-Mes'!#REF!","v":{"$error":"#REF!"}},{"$f":"'[51]CRO2_Pro-Mes'!MEK3","v":0},{"$f":"'[51]CRO2_Pro-Mes'!#REF!","v":{"$error":"#REF!"}},{"$f":"'[51]CRO2_Pro-Mes'!MEM3","v":0},{"$f":"'[51]CRO2_Pro-Mes'!#REF!","v":{"$error":"#REF!"}},{"$f":"'[51]CRO2_Pro-Mes'!MEO3","v":0},{"$f":"'[51]CRO2_Pro-Mes'!#REF!","v":{"$error":"#REF!"}},{"$f":"'[51]CRO2_Pro-Mes'!MEQ3","v":0},{"$f":"'[51]CRO2_Pro-Mes'!#REF!","v":{"$error":"#REF!"}},{"$f":"'[51]CRO2_Pro-Mes'!MES3","v":0},{"$f":"'[51]CRO2_Pro-Mes'!#REF!","v":{"$error":"#REF!"}},{"$f":"'[51]CRO2_Pro-Mes'!MEU3","v":0},{"$f":"'[51]CRO2_Pro-Mes'!#REF!","v":{"$error":"#REF!"}},{"$f":"'[51]CRO2_Pro-Mes'!MEW3","v":0},{"$f":"'[51]CRO2_Pro-Mes'!#REF!","v":{"$error":"#REF!"}},{"$f":"'[51]CRO2_Pro-Mes'!MEY3","v":0},{"$f":"'[51]CRO2_Pro-Mes'!#REF!","v":{"$error":"#REF!"}},{"$f":"'[51]CRO2_Pro-Mes'!MFA3","v":0},{"$f":"'[51]CRO2_Pro-Mes'!#REF!","v":{"$error":"#REF!"}},{"$f":"'[51]CRO2_Pro-Mes'!MFC3","v":0},{"$f":"'[51]CRO2_Pro-Mes'!#REF!","v":{"$error":"#REF!"}},{"$f":"'[51]CRO2_Pro-Mes'!MFE3","v":0},{"$f":"'[51]CRO2_Pro-Mes'!#REF!","v":{"$error":"#REF!"}},{"$f":"'[51]CRO2_Pro-Mes'!MFG3","v":0},{"$f":"'[51]CRO2_Pro-Mes'!#REF!","v":{"$error":"#REF!"}},{"$f":"'[51]CRO2_Pro-Mes'!MFI3","v":0},{"$f":"'[51]CRO2_Pro-Mes'!#REF!","v":{"$error":"#REF!"}},{"$f":"'[51]CRO2_Pro-Mes'!MFK3","v":0},{"$f":"'[51]CRO2_Pro-Mes'!#REF!","v":{"$error":"#REF!"}},{"$f":"'[51]CRO2_Pro-Mes'!MFM3","v":0},{"$f":"'[51]CRO2_Pro-Mes'!#REF!","v":{"$error":"#REF!"}},{"$f":"'[51]CRO2_Pro-Mes'!MFO3","v":0},{"$f":"'[51]CRO2_Pro-Mes'!#REF!","v":{"$error":"#REF!"}},{"$f":"'[51]CRO2_Pro-Mes'!MFQ3","v":0},{"$f":"'[51]CRO2_Pro-Mes'!#REF!","v":{"$error":"#REF!"}},{"$f":"'[51]CRO2_Pro-Mes'!MFS3","v":0},{"$f":"'[51]CRO2_Pro-Mes'!#REF!","v":{"$error":"#REF!"}},{"$f":"'[51]CRO2_Pro-Mes'!MFU3","v":0},{"$f":"'[51]CRO2_Pro-Mes'!#REF!","v":{"$error":"#REF!"}},{"$f":"'[51]CRO2_Pro-Mes'!MFW3","v":0},{"$f":"'[51]CRO2_Pro-Mes'!#REF!","v":{"$error":"#REF!"}},{"$f":"'[51]CRO2_Pro-Mes'!MFY3","v":0},{"$f":"'[51]CRO2_Pro-Mes'!#REF!","v":{"$error":"#REF!"}},{"$f":"'[51]CRO2_Pro-Mes'!MGA3","v":0},{"$f":"'[51]CRO2_Pro-Mes'!#REF!","v":{"$error":"#REF!"}},{"$f":"'[51]CRO2_Pro-Mes'!MGC3","v":0},{"$f":"'[51]CRO2_Pro-Mes'!#REF!","v":{"$error":"#REF!"}},{"$f":"'[51]CRO2_Pro-Mes'!MGE3","v":0},{"$f":"'[51]CRO2_Pro-Mes'!#REF!","v":{"$error":"#REF!"}},{"$f":"'[51]CRO2_Pro-Mes'!MGG3","v":0},{"$f":"'[51]CRO2_Pro-Mes'!#REF!","v":{"$error":"#REF!"}},{"$f":"'[51]CRO2_Pro-Mes'!MGI3","v":0},{"$f":"'[51]CRO2_Pro-Mes'!#REF!","v":{"$error":"#REF!"}},{"$f":"'[51]CRO2_Pro-Mes'!MGK3","v":0},{"$f":"'[51]CRO2_Pro-Mes'!#REF!","v":{"$error":"#REF!"}},{"$f":"'[51]CRO2_Pro-Mes'!MGM3","v":0},{"$f":"'[51]CRO2_Pro-Mes'!#REF!","v":{"$error":"#REF!"}},{"$f":"'[51]CRO2_Pro-Mes'!MGO3","v":0},{"$f":"'[51]CRO2_Pro-Mes'!#REF!","v":{"$error":"#REF!"}},{"$f":"'[51]CRO2_Pro-Mes'!MGQ3","v":0},{"$f":"'[51]CRO2_Pro-Mes'!#REF!","v":{"$error":"#REF!"}},{"$f":"'[51]CRO2_Pro-Mes'!MGS3","v":0},{"$f":"'[51]CRO2_Pro-Mes'!#REF!","v":{"$error":"#REF!"}},{"$f":"'[51]CRO2_Pro-Mes'!MGU3","v":0},{"$f":"'[51]CRO2_Pro-Mes'!#REF!","v":{"$error":"#REF!"}},{"$f":"'[51]CRO2_Pro-Mes'!MGW3","v":0},{"$f":"'[51]CRO2_Pro-Mes'!#REF!","v":{"$error":"#REF!"}},{"$f":"'[51]CRO2_Pro-Mes'!MGY3","v":0},{"$f":"'[51]CRO2_Pro-Mes'!#REF!","v":{"$error":"#REF!"}},{"$f":"'[51]CRO2_Pro-Mes'!MHA3","v":0},{"$f":"'[51]CRO2_Pro-Mes'!#REF!","v":{"$error":"#REF!"}},{"$f":"'[51]CRO2_Pro-Mes'!MHC3","v":0},{"$f":"'[51]CRO2_Pro-Mes'!#REF!","v":{"$error":"#REF!"}},{"$f":"'[51]CRO2_Pro-Mes'!MHE3","v":0},{"$f":"'[51]CRO2_Pro-Mes'!#REF!","v":{"$error":"#REF!"}},{"$f":"'[51]CRO2_Pro-Mes'!MHG3","v":0},{"$f":"'[51]CRO2_Pro-Mes'!#REF!","v":{"$error":"#REF!"}},{"$f":"'[51]CRO2_Pro-Mes'!MHI3","v":0},{"$f":"'[51]CRO2_Pro-Mes'!#REF!","v":{"$error":"#REF!"}},{"$f":"'[51]CRO2_Pro-Mes'!MHK3","v":0},{"$f":"'[51]CRO2_Pro-Mes'!#REF!","v":{"$error":"#REF!"}},{"$f":"'[51]CRO2_Pro-Mes'!MHM3","v":0},{"$f":"'[51]CRO2_Pro-Mes'!#REF!","v":{"$error":"#REF!"}},{"$f":"'[51]CRO2_Pro-Mes'!MHO3","v":0},{"$f":"'[51]CRO2_Pro-Mes'!#REF!","v":{"$error":"#REF!"}},{"$f":"'[51]CRO2_Pro-Mes'!MHQ3","v":0},{"$f":"'[51]CRO2_Pro-Mes'!#REF!","v":{"$error":"#REF!"}},{"$f":"'[51]CRO2_Pro-Mes'!MHS3","v":0},{"$f":"'[51]CRO2_Pro-Mes'!#REF!","v":{"$error":"#REF!"}},{"$f":"'[51]CRO2_Pro-Mes'!MHU3","v":0},{"$f":"'[51]CRO2_Pro-Mes'!#REF!","v":{"$error":"#REF!"}},{"$f":"'[51]CRO2_Pro-Mes'!MHW3","v":0},{"$f":"'[51]CRO2_Pro-Mes'!#REF!","v":{"$error":"#REF!"}},{"$f":"'[51]CRO2_Pro-Mes'!MHY3","v":0},{"$f":"'[51]CRO2_Pro-Mes'!#REF!","v":{"$error":"#REF!"}},{"$f":"'[51]CRO2_Pro-Mes'!MIA3","v":0},{"$f":"'[51]CRO2_Pro-Mes'!#REF!","v":{"$error":"#REF!"}},{"$f":"'[51]CRO2_Pro-Mes'!MIC3","v":0},{"$f":"'[51]CRO2_Pro-Mes'!#REF!","v":{"$error":"#REF!"}},{"$f":"'[51]CRO2_Pro-Mes'!MIE3","v":0},{"$f":"'[51]CRO2_Pro-Mes'!#REF!","v":{"$error":"#REF!"}},{"$f":"'[51]CRO2_Pro-Mes'!MIG3","v":0},{"$f":"'[51]CRO2_Pro-Mes'!#REF!","v":{"$error":"#REF!"}},{"$f":"'[51]CRO2_Pro-Mes'!MII3","v":0},{"$f":"'[51]CRO2_Pro-Mes'!#REF!","v":{"$error":"#REF!"}},{"$f":"'[51]CRO2_Pro-Mes'!MIK3","v":0},{"$f":"'[51]CRO2_Pro-Mes'!#REF!","v":{"$error":"#REF!"}},{"$f":"'[51]CRO2_Pro-Mes'!MIM3","v":0},{"$f":"'[51]CRO2_Pro-Mes'!#REF!","v":{"$error":"#REF!"}},{"$f":"'[51]CRO2_Pro-Mes'!MIO3","v":0},{"$f":"'[51]CRO2_Pro-Mes'!#REF!","v":{"$error":"#REF!"}},{"$f":"'[51]CRO2_Pro-Mes'!MIQ3","v":0},{"$f":"'[51]CRO2_Pro-Mes'!#REF!","v":{"$error":"#REF!"}},{"$f":"'[51]CRO2_Pro-Mes'!MIS3","v":0},{"$f":"'[51]CRO2_Pro-Mes'!#REF!","v":{"$error":"#REF!"}},{"$f":"'[51]CRO2_Pro-Mes'!MIU3","v":0},{"$f":"'[51]CRO2_Pro-Mes'!#REF!","v":{"$error":"#REF!"}},{"$f":"'[51]CRO2_Pro-Mes'!MIW3","v":0},{"$f":"'[51]CRO2_Pro-Mes'!#REF!","v":{"$error":"#REF!"}},{"$f":"'[51]CRO2_Pro-Mes'!MIY3","v":0},{"$f":"'[51]CRO2_Pro-Mes'!#REF!","v":{"$error":"#REF!"}},{"$f":"'[51]CRO2_Pro-Mes'!MJA3","v":0},{"$f":"'[51]CRO2_Pro-Mes'!#REF!","v":{"$error":"#REF!"}},{"$f":"'[51]CRO2_Pro-Mes'!MJC3","v":0},{"$f":"'[51]CRO2_Pro-Mes'!#REF!","v":{"$error":"#REF!"}},{"$f":"'[51]CRO2_Pro-Mes'!MJE3","v":0},{"$f":"'[51]CRO2_Pro-Mes'!#REF!","v":{"$error":"#REF!"}},{"$f":"'[51]CRO2_Pro-Mes'!MJG3","v":0},{"$f":"'[51]CRO2_Pro-Mes'!#REF!","v":{"$error":"#REF!"}},{"$f":"'[51]CRO2_Pro-Mes'!MJI3","v":0},{"$f":"'[51]CRO2_Pro-Mes'!#REF!","v":{"$error":"#REF!"}},{"$f":"'[51]CRO2_Pro-Mes'!MJK3","v":0},{"$f":"'[51]CRO2_Pro-Mes'!#REF!","v":{"$error":"#REF!"}},{"$f":"'[51]CRO2_Pro-Mes'!MJM3","v":0},{"$f":"'[51]CRO2_Pro-Mes'!#REF!","v":{"$error":"#REF!"}},{"$f":"'[51]CRO2_Pro-Mes'!MJO3","v":0},{"$f":"'[51]CRO2_Pro-Mes'!#REF!","v":{"$error":"#REF!"}},{"$f":"'[51]CRO2_Pro-Mes'!MJQ3","v":0},{"$f":"'[51]CRO2_Pro-Mes'!#REF!","v":{"$error":"#REF!"}},{"$f":"'[51]CRO2_Pro-Mes'!MJS3","v":0},{"$f":"'[51]CRO2_Pro-Mes'!#REF!","v":{"$error":"#REF!"}},{"$f":"'[51]CRO2_Pro-Mes'!MJU3","v":0},{"$f":"'[51]CRO2_Pro-Mes'!#REF!","v":{"$error":"#REF!"}},{"$f":"'[51]CRO2_Pro-Mes'!MJW3","v":0},{"$f":"'[51]CRO2_Pro-Mes'!#REF!","v":{"$error":"#REF!"}},{"$f":"'[51]CRO2_Pro-Mes'!MJY3","v":0},{"$f":"'[51]CRO2_Pro-Mes'!#REF!","v":{"$error":"#REF!"}},{"$f":"'[51]CRO2_Pro-Mes'!MKA3","v":0},{"$f":"'[51]CRO2_Pro-Mes'!#REF!","v":{"$error":"#REF!"}},{"$f":"'[51]CRO2_Pro-Mes'!MKC3","v":0},{"$f":"'[51]CRO2_Pro-Mes'!#REF!","v":{"$error":"#REF!"}},{"$f":"'[51]CRO2_Pro-Mes'!MKE3","v":0},{"$f":"'[51]CRO2_Pro-Mes'!#REF!","v":{"$error":"#REF!"}},{"$f":"'[51]CRO2_Pro-Mes'!MKG3","v":0},{"$f":"'[51]CRO2_Pro-Mes'!#REF!","v":{"$error":"#REF!"}},{"$f":"'[51]CRO2_Pro-Mes'!MKI3","v":0},{"$f":"'[51]CRO2_Pro-Mes'!#REF!","v":{"$error":"#REF!"}},{"$f":"'[51]CRO2_Pro-Mes'!MKK3","v":0},{"$f":"'[51]CRO2_Pro-Mes'!#REF!","v":{"$error":"#REF!"}},{"$f":"'[51]CRO2_Pro-Mes'!MKM3","v":0},{"$f":"'[51]CRO2_Pro-Mes'!#REF!","v":{"$error":"#REF!"}},{"$f":"'[51]CRO2_Pro-Mes'!MKO3","v":0},{"$f":"'[51]CRO2_Pro-Mes'!#REF!","v":{"$error":"#REF!"}},{"$f":"'[51]CRO2_Pro-Mes'!MKQ3","v":0},{"$f":"'[51]CRO2_Pro-Mes'!#REF!","v":{"$error":"#REF!"}},{"$f":"'[51]CRO2_Pro-Mes'!MKS3","v":0},{"$f":"'[51]CRO2_Pro-Mes'!#REF!","v":{"$error":"#REF!"}},{"$f":"'[51]CRO2_Pro-Mes'!MKU3","v":0},{"$f":"'[51]CRO2_Pro-Mes'!#REF!","v":{"$error":"#REF!"}},{"$f":"'[51]CRO2_Pro-Mes'!MKW3","v":0},{"$f":"'[51]CRO2_Pro-Mes'!#REF!","v":{"$error":"#REF!"}},{"$f":"'[51]CRO2_Pro-Mes'!MKY3","v":0},{"$f":"'[51]CRO2_Pro-Mes'!#REF!","v":{"$error":"#REF!"}},{"$f":"'[51]CRO2_Pro-Mes'!MLA3","v":0},{"$f":"'[51]CRO2_Pro-Mes'!#REF!","v":{"$error":"#REF!"}},{"$f":"'[51]CRO2_Pro-Mes'!MLC3","v":0},{"$f":"'[51]CRO2_Pro-Mes'!#REF!","v":{"$error":"#REF!"}},{"$f":"'[51]CRO2_Pro-Mes'!MLE3","v":0},{"$f":"'[51]CRO2_Pro-Mes'!#REF!","v":{"$error":"#REF!"}},{"$f":"'[51]CRO2_Pro-Mes'!MLG3","v":0},{"$f":"'[51]CRO2_Pro-Mes'!#REF!","v":{"$error":"#REF!"}},{"$f":"'[51]CRO2_Pro-Mes'!MLI3","v":0},{"$f":"'[51]CRO2_Pro-Mes'!#REF!","v":{"$error":"#REF!"}},{"$f":"'[51]CRO2_Pro-Mes'!MLK3","v":0},{"$f":"'[51]CRO2_Pro-Mes'!#REF!","v":{"$error":"#REF!"}},{"$f":"'[51]CRO2_Pro-Mes'!MLM3","v":0},{"$f":"'[51]CRO2_Pro-Mes'!#REF!","v":{"$error":"#REF!"}},{"$f":"'[51]CRO2_Pro-Mes'!MLO3","v":0},{"$f":"'[51]CRO2_Pro-Mes'!#REF!","v":{"$error":"#REF!"}},{"$f":"'[51]CRO2_Pro-Mes'!MLQ3","v":0},{"$f":"'[51]CRO2_Pro-Mes'!#REF!","v":{"$error":"#REF!"}},{"$f":"'[51]CRO2_Pro-Mes'!MLS3","v":0},{"$f":"'[51]CRO2_Pro-Mes'!#REF!","v":{"$error":"#REF!"}},{"$f":"'[51]CRO2_Pro-Mes'!MLU3","v":0},{"$f":"'[51]CRO2_Pro-Mes'!#REF!","v":{"$error":"#REF!"}},{"$f":"'[51]CRO2_Pro-Mes'!MLW3","v":0},{"$f":"'[51]CRO2_Pro-Mes'!#REF!","v":{"$error":"#REF!"}},{"$f":"'[51]CRO2_Pro-Mes'!MLY3","v":0},{"$f":"'[51]CRO2_Pro-Mes'!#REF!","v":{"$error":"#REF!"}},{"$f":"'[51]CRO2_Pro-Mes'!MMA3","v":0},{"$f":"'[51]CRO2_Pro-Mes'!#REF!","v":{"$error":"#REF!"}},{"$f":"'[51]CRO2_Pro-Mes'!MMC3","v":0},{"$f":"'[51]CRO2_Pro-Mes'!#REF!","v":{"$error":"#REF!"}},{"$f":"'[51]CRO2_Pro-Mes'!MME3","v":0},{"$f":"'[51]CRO2_Pro-Mes'!#REF!","v":{"$error":"#REF!"}},{"$f":"'[51]CRO2_Pro-Mes'!MMG3","v":0},{"$f":"'[51]CRO2_Pro-Mes'!#REF!","v":{"$error":"#REF!"}},{"$f":"'[51]CRO2_Pro-Mes'!MMI3","v":0},{"$f":"'[51]CRO2_Pro-Mes'!#REF!","v":{"$error":"#REF!"}},{"$f":"'[51]CRO2_Pro-Mes'!MMK3","v":0},{"$f":"'[51]CRO2_Pro-Mes'!#REF!","v":{"$error":"#REF!"}},{"$f":"'[51]CRO2_Pro-Mes'!MMM3","v":0},{"$f":"'[51]CRO2_Pro-Mes'!#REF!","v":{"$error":"#REF!"}},{"$f":"'[51]CRO2_Pro-Mes'!MMO3","v":0},{"$f":"'[51]CRO2_Pro-Mes'!#REF!","v":{"$error":"#REF!"}},{"$f":"'[51]CRO2_Pro-Mes'!MMQ3","v":0},{"$f":"'[51]CRO2_Pro-Mes'!#REF!","v":{"$error":"#REF!"}},{"$f":"'[51]CRO2_Pro-Mes'!MMS3","v":0},{"$f":"'[51]CRO2_Pro-Mes'!#REF!","v":{"$error":"#REF!"}},{"$f":"'[51]CRO2_Pro-Mes'!MMU3","v":0},{"$f":"'[51]CRO2_Pro-Mes'!#REF!","v":{"$error":"#REF!"}},{"$f":"'[51]CRO2_Pro-Mes'!MMW3","v":0},{"$f":"'[51]CRO2_Pro-Mes'!#REF!","v":{"$error":"#REF!"}},{"$f":"'[51]CRO2_Pro-Mes'!MMY3","v":0},{"$f":"'[51]CRO2_Pro-Mes'!#REF!","v":{"$error":"#REF!"}},{"$f":"'[51]CRO2_Pro-Mes'!MNA3","v":0},{"$f":"'[51]CRO2_Pro-Mes'!#REF!","v":{"$error":"#REF!"}},{"$f":"'[51]CRO2_Pro-Mes'!MNC3","v":0},{"$f":"'[51]CRO2_Pro-Mes'!#REF!","v":{"$error":"#REF!"}},{"$f":"'[51]CRO2_Pro-Mes'!MNE3","v":0},{"$f":"'[51]CRO2_Pro-Mes'!#REF!","v":{"$error":"#REF!"}},{"$f":"'[51]CRO2_Pro-Mes'!MNG3","v":0},{"$f":"'[51]CRO2_Pro-Mes'!#REF!","v":{"$error":"#REF!"}},{"$f":"'[51]CRO2_Pro-Mes'!MNI3","v":0},{"$f":"'[51]CRO2_Pro-Mes'!#REF!","v":{"$error":"#REF!"}},{"$f":"'[51]CRO2_Pro-Mes'!MNK3","v":0},{"$f":"'[51]CRO2_Pro-Mes'!#REF!","v":{"$error":"#REF!"}},{"$f":"'[51]CRO2_Pro-Mes'!MNM3","v":0},{"$f":"'[51]CRO2_Pro-Mes'!#REF!","v":{"$error":"#REF!"}},{"$f":"'[51]CRO2_Pro-Mes'!MNO3","v":0},{"$f":"'[51]CRO2_Pro-Mes'!#REF!","v":{"$error":"#REF!"}},{"$f":"'[51]CRO2_Pro-Mes'!MNQ3","v":0},{"$f":"'[51]CRO2_Pro-Mes'!#REF!","v":{"$error":"#REF!"}},{"$f":"'[51]CRO2_Pro-Mes'!MNS3","v":0},{"$f":"'[51]CRO2_Pro-Mes'!#REF!","v":{"$error":"#REF!"}},{"$f":"'[51]CRO2_Pro-Mes'!MNU3","v":0},{"$f":"'[51]CRO2_Pro-Mes'!#REF!","v":{"$error":"#REF!"}},{"$f":"'[51]CRO2_Pro-Mes'!MNW3","v":0},{"$f":"'[51]CRO2_Pro-Mes'!#REF!","v":{"$error":"#REF!"}},{"$f":"'[51]CRO2_Pro-Mes'!MNY3","v":0},{"$f":"'[51]CRO2_Pro-Mes'!#REF!","v":{"$error":"#REF!"}},{"$f":"'[51]CRO2_Pro-Mes'!MOA3","v":0},{"$f":"'[51]CRO2_Pro-Mes'!#REF!","v":{"$error":"#REF!"}},{"$f":"'[51]CRO2_Pro-Mes'!MOC3","v":0},{"$f":"'[51]CRO2_Pro-Mes'!#REF!","v":{"$error":"#REF!"}},{"$f":"'[51]CRO2_Pro-Mes'!MOE3","v":0},{"$f":"'[51]CRO2_Pro-Mes'!#REF!","v":{"$error":"#REF!"}},{"$f":"'[51]CRO2_Pro-Mes'!MOG3","v":0},{"$f":"'[51]CRO2_Pro-Mes'!#REF!","v":{"$error":"#REF!"}},{"$f":"'[51]CRO2_Pro-Mes'!MOI3","v":0},{"$f":"'[51]CRO2_Pro-Mes'!#REF!","v":{"$error":"#REF!"}},{"$f":"'[51]CRO2_Pro-Mes'!MOK3","v":0},{"$f":"'[51]CRO2_Pro-Mes'!#REF!","v":{"$error":"#REF!"}},{"$f":"'[51]CRO2_Pro-Mes'!MOM3","v":0},{"$f":"'[51]CRO2_Pro-Mes'!#REF!","v":{"$error":"#REF!"}},{"$f":"'[51]CRO2_Pro-Mes'!MOO3","v":0},{"$f":"'[51]CRO2_Pro-Mes'!#REF!","v":{"$error":"#REF!"}},{"$f":"'[51]CRO2_Pro-Mes'!MOQ3","v":0},{"$f":"'[51]CRO2_Pro-Mes'!#REF!","v":{"$error":"#REF!"}},{"$f":"'[51]CRO2_Pro-Mes'!MOS3","v":0},{"$f":"'[51]CRO2_Pro-Mes'!#REF!","v":{"$error":"#REF!"}},{"$f":"'[51]CRO2_Pro-Mes'!MOU3","v":0},{"$f":"'[51]CRO2_Pro-Mes'!#REF!","v":{"$error":"#REF!"}},{"$f":"'[51]CRO2_Pro-Mes'!MOW3","v":0},{"$f":"'[51]CRO2_Pro-Mes'!#REF!","v":{"$error":"#REF!"}},{"$f":"'[51]CRO2_Pro-Mes'!MOY3","v":0},{"$f":"'[51]CRO2_Pro-Mes'!#REF!","v":{"$error":"#REF!"}},{"$f":"'[51]CRO2_Pro-Mes'!MPA3","v":0},{"$f":"'[51]CRO2_Pro-Mes'!#REF!","v":{"$error":"#REF!"}},{"$f":"'[51]CRO2_Pro-Mes'!MPC3","v":0},{"$f":"'[51]CRO2_Pro-Mes'!#REF!","v":{"$error":"#REF!"}},{"$f":"'[51]CRO2_Pro-Mes'!MPE3","v":0},{"$f":"'[51]CRO2_Pro-Mes'!#REF!","v":{"$error":"#REF!"}},{"$f":"'[51]CRO2_Pro-Mes'!MPG3","v":0},{"$f":"'[51]CRO2_Pro-Mes'!#REF!","v":{"$error":"#REF!"}},{"$f":"'[51]CRO2_Pro-Mes'!MPI3","v":0},{"$f":"'[51]CRO2_Pro-Mes'!#REF!","v":{"$error":"#REF!"}},{"$f":"'[51]CRO2_Pro-Mes'!MPK3","v":0},{"$f":"'[51]CRO2_Pro-Mes'!#REF!","v":{"$error":"#REF!"}},{"$f":"'[51]CRO2_Pro-Mes'!MPM3","v":0},{"$f":"'[51]CRO2_Pro-Mes'!#REF!","v":{"$error":"#REF!"}},{"$f":"'[51]CRO2_Pro-Mes'!MPO3","v":0},{"$f":"'[51]CRO2_Pro-Mes'!#REF!","v":{"$error":"#REF!"}},{"$f":"'[51]CRO2_Pro-Mes'!MPQ3","v":0},{"$f":"'[51]CRO2_Pro-Mes'!#REF!","v":{"$error":"#REF!"}},{"$f":"'[51]CRO2_Pro-Mes'!MPS3","v":0},{"$f":"'[51]CRO2_Pro-Mes'!#REF!","v":{"$error":"#REF!"}},{"$f":"'[51]CRO2_Pro-Mes'!MPU3","v":0},{"$f":"'[51]CRO2_Pro-Mes'!#REF!","v":{"$error":"#REF!"}},{"$f":"'[51]CRO2_Pro-Mes'!MPW3","v":0},{"$f":"'[51]CRO2_Pro-Mes'!#REF!","v":{"$error":"#REF!"}},{"$f":"'[51]CRO2_Pro-Mes'!MPY3","v":0},{"$f":"'[51]CRO2_Pro-Mes'!#REF!","v":{"$error":"#REF!"}},{"$f":"'[51]CRO2_Pro-Mes'!MQA3","v":0},{"$f":"'[51]CRO2_Pro-Mes'!#REF!","v":{"$error":"#REF!"}},{"$f":"'[51]CRO2_Pro-Mes'!MQC3","v":0},{"$f":"'[51]CRO2_Pro-Mes'!#REF!","v":{"$error":"#REF!"}},{"$f":"'[51]CRO2_Pro-Mes'!MQE3","v":0},{"$f":"'[51]CRO2_Pro-Mes'!#REF!","v":{"$error":"#REF!"}},{"$f":"'[51]CRO2_Pro-Mes'!MQG3","v":0},{"$f":"'[51]CRO2_Pro-Mes'!#REF!","v":{"$error":"#REF!"}},{"$f":"'[51]CRO2_Pro-Mes'!MQI3","v":0},{"$f":"'[51]CRO2_Pro-Mes'!#REF!","v":{"$error":"#REF!"}},{"$f":"'[51]CRO2_Pro-Mes'!MQK3","v":0},{"$f":"'[51]CRO2_Pro-Mes'!#REF!","v":{"$error":"#REF!"}},{"$f":"'[51]CRO2_Pro-Mes'!MQM3","v":0},{"$f":"'[51]CRO2_Pro-Mes'!#REF!","v":{"$error":"#REF!"}},{"$f":"'[51]CRO2_Pro-Mes'!MQO3","v":0},{"$f":"'[51]CRO2_Pro-Mes'!#REF!","v":{"$error":"#REF!"}},{"$f":"'[51]CRO2_Pro-Mes'!MQQ3","v":0},{"$f":"'[51]CRO2_Pro-Mes'!#REF!","v":{"$error":"#REF!"}},{"$f":"'[51]CRO2_Pro-Mes'!MQS3","v":0},{"$f":"'[51]CRO2_Pro-Mes'!#REF!","v":{"$error":"#REF!"}},{"$f":"'[51]CRO2_Pro-Mes'!MQU3","v":0},{"$f":"'[51]CRO2_Pro-Mes'!#REF!","v":{"$error":"#REF!"}},{"$f":"'[51]CRO2_Pro-Mes'!MQW3","v":0},{"$f":"'[51]CRO2_Pro-Mes'!#REF!","v":{"$error":"#REF!"}},{"$f":"'[51]CRO2_Pro-Mes'!MQY3","v":0},{"$f":"'[51]CRO2_Pro-Mes'!#REF!","v":{"$error":"#REF!"}},{"$f":"'[51]CRO2_Pro-Mes'!MRA3","v":0},{"$f":"'[51]CRO2_Pro-Mes'!#REF!","v":{"$error":"#REF!"}},{"$f":"'[51]CRO2_Pro-Mes'!MRC3","v":0},{"$f":"'[51]CRO2_Pro-Mes'!#REF!","v":{"$error":"#REF!"}},{"$f":"'[51]CRO2_Pro-Mes'!MRE3","v":0},{"$f":"'[51]CRO2_Pro-Mes'!#REF!","v":{"$error":"#REF!"}},{"$f":"'[51]CRO2_Pro-Mes'!MRG3","v":0},{"$f":"'[51]CRO2_Pro-Mes'!#REF!","v":{"$error":"#REF!"}},{"$f":"'[51]CRO2_Pro-Mes'!MRI3","v":0},{"$f":"'[51]CRO2_Pro-Mes'!#REF!","v":{"$error":"#REF!"}},{"$f":"'[51]CRO2_Pro-Mes'!MRK3","v":0},{"$f":"'[51]CRO2_Pro-Mes'!#REF!","v":{"$error":"#REF!"}},{"$f":"'[51]CRO2_Pro-Mes'!MRM3","v":0},{"$f":"'[51]CRO2_Pro-Mes'!#REF!","v":{"$error":"#REF!"}},{"$f":"'[51]CRO2_Pro-Mes'!MRO3","v":0},{"$f":"'[51]CRO2_Pro-Mes'!#REF!","v":{"$error":"#REF!"}},{"$f":"'[51]CRO2_Pro-Mes'!MRQ3","v":0},{"$f":"'[51]CRO2_Pro-Mes'!#REF!","v":{"$error":"#REF!"}},{"$f":"'[51]CRO2_Pro-Mes'!MRS3","v":0},{"$f":"'[51]CRO2_Pro-Mes'!#REF!","v":{"$error":"#REF!"}},{"$f":"'[51]CRO2_Pro-Mes'!MRU3","v":0},{"$f":"'[51]CRO2_Pro-Mes'!#REF!","v":{"$error":"#REF!"}},{"$f":"'[51]CRO2_Pro-Mes'!MRW3","v":0},{"$f":"'[51]CRO2_Pro-Mes'!#REF!","v":{"$error":"#REF!"}},{"$f":"'[51]CRO2_Pro-Mes'!MRY3","v":0},{"$f":"'[51]CRO2_Pro-Mes'!#REF!","v":{"$error":"#REF!"}},{"$f":"'[51]CRO2_Pro-Mes'!MSA3","v":0},{"$f":"'[51]CRO2_Pro-Mes'!#REF!","v":{"$error":"#REF!"}},{"$f":"'[51]CRO2_Pro-Mes'!MSC3","v":0},{"$f":"'[51]CRO2_Pro-Mes'!#REF!","v":{"$error":"#REF!"}},{"$f":"'[51]CRO2_Pro-Mes'!MSE3","v":0},{"$f":"'[51]CRO2_Pro-Mes'!#REF!","v":{"$error":"#REF!"}},{"$f":"'[51]CRO2_Pro-Mes'!MSG3","v":0},{"$f":"'[51]CRO2_Pro-Mes'!#REF!","v":{"$error":"#REF!"}},{"$f":"'[51]CRO2_Pro-Mes'!MSI3","v":0},{"$f":"'[51]CRO2_Pro-Mes'!#REF!","v":{"$error":"#REF!"}},{"$f":"'[51]CRO2_Pro-Mes'!MSK3","v":0},{"$f":"'[51]CRO2_Pro-Mes'!#REF!","v":{"$error":"#REF!"}},{"$f":"'[51]CRO2_Pro-Mes'!MSM3","v":0},{"$f":"'[51]CRO2_Pro-Mes'!#REF!","v":{"$error":"#REF!"}},{"$f":"'[51]CRO2_Pro-Mes'!MSO3","v":0},{"$f":"'[51]CRO2_Pro-Mes'!#REF!","v":{"$error":"#REF!"}},{"$f":"'[51]CRO2_Pro-Mes'!MSQ3","v":0},{"$f":"'[51]CRO2_Pro-Mes'!#REF!","v":{"$error":"#REF!"}},{"$f":"'[51]CRO2_Pro-Mes'!MSS3","v":0},{"$f":"'[51]CRO2_Pro-Mes'!#REF!","v":{"$error":"#REF!"}},{"$f":"'[51]CRO2_Pro-Mes'!MSU3","v":0},{"$f":"'[51]CRO2_Pro-Mes'!#REF!","v":{"$error":"#REF!"}},{"$f":"'[51]CRO2_Pro-Mes'!MSW3","v":0},{"$f":"'[51]CRO2_Pro-Mes'!#REF!","v":{"$error":"#REF!"}},{"$f":"'[51]CRO2_Pro-Mes'!MSY3","v":0},{"$f":"'[51]CRO2_Pro-Mes'!#REF!","v":{"$error":"#REF!"}},{"$f":"'[51]CRO2_Pro-Mes'!MTA3","v":0},{"$f":"'[51]CRO2_Pro-Mes'!#REF!","v":{"$error":"#REF!"}},{"$f":"'[51]CRO2_Pro-Mes'!MTC3","v":0},{"$f":"'[51]CRO2_Pro-Mes'!#REF!","v":{"$error":"#REF!"}},{"$f":"'[51]CRO2_Pro-Mes'!MTE3","v":0},{"$f":"'[51]CRO2_Pro-Mes'!#REF!","v":{"$error":"#REF!"}},{"$f":"'[51]CRO2_Pro-Mes'!MTG3","v":0},{"$f":"'[51]CRO2_Pro-Mes'!#REF!","v":{"$error":"#REF!"}},{"$f":"'[51]CRO2_Pro-Mes'!MTI3","v":0},{"$f":"'[51]CRO2_Pro-Mes'!#REF!","v":{"$error":"#REF!"}},{"$f":"'[51]CRO2_Pro-Mes'!MTK3","v":0},{"$f":"'[51]CRO2_Pro-Mes'!#REF!","v":{"$error":"#REF!"}},{"$f":"'[51]CRO2_Pro-Mes'!MTM3","v":0},{"$f":"'[51]CRO2_Pro-Mes'!#REF!","v":{"$error":"#REF!"}},{"$f":"'[51]CRO2_Pro-Mes'!MTO3","v":0},{"$f":"'[51]CRO2_Pro-Mes'!#REF!","v":{"$error":"#REF!"}},{"$f":"'[51]CRO2_Pro-Mes'!MTQ3","v":0},{"$f":"'[51]CRO2_Pro-Mes'!#REF!","v":{"$error":"#REF!"}},{"$f":"'[51]CRO2_Pro-Mes'!MTS3","v":0},{"$f":"'[51]CRO2_Pro-Mes'!#REF!","v":{"$error":"#REF!"}},{"$f":"'[51]CRO2_Pro-Mes'!MTU3","v":0},{"$f":"'[51]CRO2_Pro-Mes'!#REF!","v":{"$error":"#REF!"}},{"$f":"'[51]CRO2_Pro-Mes'!MTW3","v":0},{"$f":"'[51]CRO2_Pro-Mes'!#REF!","v":{"$error":"#REF!"}},{"$f":"'[51]CRO2_Pro-Mes'!MTY3","v":0},{"$f":"'[51]CRO2_Pro-Mes'!#REF!","v":{"$error":"#REF!"}},{"$f":"'[51]CRO2_Pro-Mes'!MUA3","v":0},{"$f":"'[51]CRO2_Pro-Mes'!#REF!","v":{"$error":"#REF!"}},{"$f":"'[51]CRO2_Pro-Mes'!MUC3","v":0},{"$f":"'[51]CRO2_Pro-Mes'!#REF!","v":{"$error":"#REF!"}},{"$f":"'[51]CRO2_Pro-Mes'!MUE3","v":0},{"$f":"'[51]CRO2_Pro-Mes'!#REF!","v":{"$error":"#REF!"}},{"$f":"'[51]CRO2_Pro-Mes'!MUG3","v":0},{"$f":"'[51]CRO2_Pro-Mes'!#REF!","v":{"$error":"#REF!"}},{"$f":"'[51]CRO2_Pro-Mes'!MUI3","v":0},{"$f":"'[51]CRO2_Pro-Mes'!#REF!","v":{"$error":"#REF!"}},{"$f":"'[51]CRO2_Pro-Mes'!MUK3","v":0},{"$f":"'[51]CRO2_Pro-Mes'!#REF!","v":{"$error":"#REF!"}},{"$f":"'[51]CRO2_Pro-Mes'!MUM3","v":0},{"$f":"'[51]CRO2_Pro-Mes'!#REF!","v":{"$error":"#REF!"}},{"$f":"'[51]CRO2_Pro-Mes'!MUO3","v":0},{"$f":"'[51]CRO2_Pro-Mes'!#REF!","v":{"$error":"#REF!"}},{"$f":"'[51]CRO2_Pro-Mes'!MUQ3","v":0},{"$f":"'[51]CRO2_Pro-Mes'!#REF!","v":{"$error":"#REF!"}},{"$f":"'[51]CRO2_Pro-Mes'!MUS3","v":0},{"$f":"'[51]CRO2_Pro-Mes'!#REF!","v":{"$error":"#REF!"}},{"$f":"'[51]CRO2_Pro-Mes'!MUU3","v":0},{"$f":"'[51]CRO2_Pro-Mes'!#REF!","v":{"$error":"#REF!"}},{"$f":"'[51]CRO2_Pro-Mes'!MUW3","v":0},{"$f":"'[51]CRO2_Pro-Mes'!#REF!","v":{"$error":"#REF!"}},{"$f":"'[51]CRO2_Pro-Mes'!MUY3","v":0},{"$f":"'[51]CRO2_Pro-Mes'!#REF!","v":{"$error":"#REF!"}},{"$f":"'[51]CRO2_Pro-Mes'!MVA3","v":0},{"$f":"'[51]CRO2_Pro-Mes'!#REF!","v":{"$error":"#REF!"}},{"$f":"'[51]CRO2_Pro-Mes'!MVC3","v":0},{"$f":"'[51]CRO2_Pro-Mes'!#REF!","v":{"$error":"#REF!"}},{"$f":"'[51]CRO2_Pro-Mes'!MVE3","v":0},{"$f":"'[51]CRO2_Pro-Mes'!#REF!","v":{"$error":"#REF!"}},{"$f":"'[51]CRO2_Pro-Mes'!MVG3","v":0},{"$f":"'[51]CRO2_Pro-Mes'!#REF!","v":{"$error":"#REF!"}},{"$f":"'[51]CRO2_Pro-Mes'!MVI3","v":0},{"$f":"'[51]CRO2_Pro-Mes'!#REF!","v":{"$error":"#REF!"}},{"$f":"'[51]CRO2_Pro-Mes'!MVK3","v":0},{"$f":"'[51]CRO2_Pro-Mes'!#REF!","v":{"$error":"#REF!"}},{"$f":"'[51]CRO2_Pro-Mes'!MVM3","v":0},{"$f":"'[51]CRO2_Pro-Mes'!#REF!","v":{"$error":"#REF!"}},{"$f":"'[51]CRO2_Pro-Mes'!MVO3","v":0},{"$f":"'[51]CRO2_Pro-Mes'!#REF!","v":{"$error":"#REF!"}},{"$f":"'[51]CRO2_Pro-Mes'!MVQ3","v":0},{"$f":"'[51]CRO2_Pro-Mes'!#REF!","v":{"$error":"#REF!"}},{"$f":"'[51]CRO2_Pro-Mes'!MVS3","v":0},{"$f":"'[51]CRO2_Pro-Mes'!#REF!","v":{"$error":"#REF!"}},{"$f":"'[51]CRO2_Pro-Mes'!MVU3","v":0},{"$f":"'[51]CRO2_Pro-Mes'!#REF!","v":{"$error":"#REF!"}},{"$f":"'[51]CRO2_Pro-Mes'!MVW3","v":0},{"$f":"'[51]CRO2_Pro-Mes'!#REF!","v":{"$error":"#REF!"}},{"$f":"'[51]CRO2_Pro-Mes'!MVY3","v":0},{"$f":"'[51]CRO2_Pro-Mes'!#REF!","v":{"$error":"#REF!"}},{"$f":"'[51]CRO2_Pro-Mes'!MWA3","v":0},{"$f":"'[51]CRO2_Pro-Mes'!#REF!","v":{"$error":"#REF!"}},{"$f":"'[51]CRO2_Pro-Mes'!MWC3","v":0},{"$f":"'[51]CRO2_Pro-Mes'!#REF!","v":{"$error":"#REF!"}},{"$f":"'[51]CRO2_Pro-Mes'!MWE3","v":0},{"$f":"'[51]CRO2_Pro-Mes'!#REF!","v":{"$error":"#REF!"}},{"$f":"'[51]CRO2_Pro-Mes'!MWG3","v":0},{"$f":"'[51]CRO2_Pro-Mes'!#REF!","v":{"$error":"#REF!"}},{"$f":"'[51]CRO2_Pro-Mes'!MWI3","v":0},{"$f":"'[51]CRO2_Pro-Mes'!#REF!","v":{"$error":"#REF!"}},{"$f":"'[51]CRO2_Pro-Mes'!MWK3","v":0},{"$f":"'[51]CRO2_Pro-Mes'!#REF!","v":{"$error":"#REF!"}},{"$f":"'[51]CRO2_Pro-Mes'!MWM3","v":0},{"$f":"'[51]CRO2_Pro-Mes'!#REF!","v":{"$error":"#REF!"}},{"$f":"'[51]CRO2_Pro-Mes'!MWO3","v":0},{"$f":"'[51]CRO2_Pro-Mes'!#REF!","v":{"$error":"#REF!"}},{"$f":"'[51]CRO2_Pro-Mes'!MWQ3","v":0},{"$f":"'[51]CRO2_Pro-Mes'!#REF!","v":{"$error":"#REF!"}},{"$f":"'[51]CRO2_Pro-Mes'!MWS3","v":0},{"$f":"'[51]CRO2_Pro-Mes'!#REF!","v":{"$error":"#REF!"}},{"$f":"'[51]CRO2_Pro-Mes'!MWU3","v":0},{"$f":"'[51]CRO2_Pro-Mes'!#REF!","v":{"$error":"#REF!"}},{"$f":"'[51]CRO2_Pro-Mes'!MWW3","v":0},{"$f":"'[51]CRO2_Pro-Mes'!#REF!","v":{"$error":"#REF!"}},{"$f":"'[51]CRO2_Pro-Mes'!MWY3","v":0},{"$f":"'[51]CRO2_Pro-Mes'!#REF!","v":{"$error":"#REF!"}},{"$f":"'[51]CRO2_Pro-Mes'!MXA3","v":0},{"$f":"'[51]CRO2_Pro-Mes'!#REF!","v":{"$error":"#REF!"}},{"$f":"'[51]CRO2_Pro-Mes'!MXC3","v":0},{"$f":"'[51]CRO2_Pro-Mes'!#REF!","v":{"$error":"#REF!"}},{"$f":"'[51]CRO2_Pro-Mes'!MXE3","v":0},{"$f":"'[51]CRO2_Pro-Mes'!#REF!","v":{"$error":"#REF!"}},{"$f":"'[51]CRO2_Pro-Mes'!MXG3","v":0},{"$f":"'[51]CRO2_Pro-Mes'!#REF!","v":{"$error":"#REF!"}},{"$f":"'[51]CRO2_Pro-Mes'!MXI3","v":0},{"$f":"'[51]CRO2_Pro-Mes'!#REF!","v":{"$error":"#REF!"}},{"$f":"'[51]CRO2_Pro-Mes'!MXK3","v":0},{"$f":"'[51]CRO2_Pro-Mes'!#REF!","v":{"$error":"#REF!"}},{"$f":"'[51]CRO2_Pro-Mes'!MXM3","v":0},{"$f":"'[51]CRO2_Pro-Mes'!#REF!","v":{"$error":"#REF!"}},{"$f":"'[51]CRO2_Pro-Mes'!MXO3","v":0},{"$f":"'[51]CRO2_Pro-Mes'!#REF!","v":{"$error":"#REF!"}},{"$f":"'[51]CRO2_Pro-Mes'!MXQ3","v":0},{"$f":"'[51]CRO2_Pro-Mes'!#REF!","v":{"$error":"#REF!"}},{"$f":"'[51]CRO2_Pro-Mes'!MXS3","v":0},{"$f":"'[51]CRO2_Pro-Mes'!#REF!","v":{"$error":"#REF!"}},{"$f":"'[51]CRO2_Pro-Mes'!MXU3","v":0},{"$f":"'[51]CRO2_Pro-Mes'!#REF!","v":{"$error":"#REF!"}},{"$f":"'[51]CRO2_Pro-Mes'!MXW3","v":0},{"$f":"'[51]CRO2_Pro-Mes'!#REF!","v":{"$error":"#REF!"}},{"$f":"'[51]CRO2_Pro-Mes'!MXY3","v":0},{"$f":"'[51]CRO2_Pro-Mes'!#REF!","v":{"$error":"#REF!"}},{"$f":"'[51]CRO2_Pro-Mes'!MYA3","v":0},{"$f":"'[51]CRO2_Pro-Mes'!#REF!","v":{"$error":"#REF!"}},{"$f":"'[51]CRO2_Pro-Mes'!MYC3","v":0},{"$f":"'[51]CRO2_Pro-Mes'!#REF!","v":{"$error":"#REF!"}},{"$f":"'[51]CRO2_Pro-Mes'!MYE3","v":0},{"$f":"'[51]CRO2_Pro-Mes'!#REF!","v":{"$error":"#REF!"}},{"$f":"'[51]CRO2_Pro-Mes'!MYG3","v":0},{"$f":"'[51]CRO2_Pro-Mes'!#REF!","v":{"$error":"#REF!"}},{"$f":"'[51]CRO2_Pro-Mes'!MYI3","v":0},{"$f":"'[51]CRO2_Pro-Mes'!#REF!","v":{"$error":"#REF!"}},{"$f":"'[51]CRO2_Pro-Mes'!MYK3","v":0},{"$f":"'[51]CRO2_Pro-Mes'!#REF!","v":{"$error":"#REF!"}},{"$f":"'[51]CRO2_Pro-Mes'!MYM3","v":0},{"$f":"'[51]CRO2_Pro-Mes'!#REF!","v":{"$error":"#REF!"}},{"$f":"'[51]CRO2_Pro-Mes'!MYO3","v":0},{"$f":"'[51]CRO2_Pro-Mes'!#REF!","v":{"$error":"#REF!"}},{"$f":"'[51]CRO2_Pro-Mes'!MYQ3","v":0},{"$f":"'[51]CRO2_Pro-Mes'!#REF!","v":{"$error":"#REF!"}},{"$f":"'[51]CRO2_Pro-Mes'!MYS3","v":0},{"$f":"'[51]CRO2_Pro-Mes'!#REF!","v":{"$error":"#REF!"}},{"$f":"'[51]CRO2_Pro-Mes'!MYU3","v":0},{"$f":"'[51]CRO2_Pro-Mes'!#REF!","v":{"$error":"#REF!"}},{"$f":"'[51]CRO2_Pro-Mes'!MYW3","v":0},{"$f":"'[51]CRO2_Pro-Mes'!#REF!","v":{"$error":"#REF!"}},{"$f":"'[51]CRO2_Pro-Mes'!MYY3","v":0},{"$f":"'[51]CRO2_Pro-Mes'!#REF!","v":{"$error":"#REF!"}},{"$f":"'[51]CRO2_Pro-Mes'!MZA3","v":0},{"$f":"'[51]CRO2_Pro-Mes'!#REF!","v":{"$error":"#REF!"}},{"$f":"'[51]CRO2_Pro-Mes'!MZC3","v":0},{"$f":"'[51]CRO2_Pro-Mes'!#REF!","v":{"$error":"#REF!"}},{"$f":"'[51]CRO2_Pro-Mes'!MZE3","v":0},{"$f":"'[51]CRO2_Pro-Mes'!#REF!","v":{"$error":"#REF!"}},{"$f":"'[51]CRO2_Pro-Mes'!MZG3","v":0},{"$f":"'[51]CRO2_Pro-Mes'!#REF!","v":{"$error":"#REF!"}},{"$f":"'[51]CRO2_Pro-Mes'!MZI3","v":0},{"$f":"'[51]CRO2_Pro-Mes'!#REF!","v":{"$error":"#REF!"}},{"$f":"'[51]CRO2_Pro-Mes'!MZK3","v":0},{"$f":"'[51]CRO2_Pro-Mes'!#REF!","v":{"$error":"#REF!"}},{"$f":"'[51]CRO2_Pro-Mes'!MZM3","v":0},{"$f":"'[51]CRO2_Pro-Mes'!#REF!","v":{"$error":"#REF!"}},{"$f":"'[51]CRO2_Pro-Mes'!MZO3","v":0},{"$f":"'[51]CRO2_Pro-Mes'!#REF!","v":{"$error":"#REF!"}},{"$f":"'[51]CRO2_Pro-Mes'!MZQ3","v":0},{"$f":"'[51]CRO2_Pro-Mes'!#REF!","v":{"$error":"#REF!"}},{"$f":"'[51]CRO2_Pro-Mes'!MZS3","v":0},{"$f":"'[51]CRO2_Pro-Mes'!#REF!","v":{"$error":"#REF!"}},{"$f":"'[51]CRO2_Pro-Mes'!MZU3","v":0},{"$f":"'[51]CRO2_Pro-Mes'!#REF!","v":{"$error":"#REF!"}},{"$f":"'[51]CRO2_Pro-Mes'!MZW3","v":0},{"$f":"'[51]CRO2_Pro-Mes'!#REF!","v":{"$error":"#REF!"}},{"$f":"'[51]CRO2_Pro-Mes'!MZY3","v":0},{"$f":"'[51]CRO2_Pro-Mes'!#REF!","v":{"$error":"#REF!"}},{"$f":"'[51]CRO2_Pro-Mes'!NAA3","v":0},{"$f":"'[51]CRO2_Pro-Mes'!#REF!","v":{"$error":"#REF!"}},{"$f":"'[51]CRO2_Pro-Mes'!NAC3","v":0},{"$f":"'[51]CRO2_Pro-Mes'!#REF!","v":{"$error":"#REF!"}},{"$f":"'[51]CRO2_Pro-Mes'!NAE3","v":0},{"$f":"'[51]CRO2_Pro-Mes'!#REF!","v":{"$error":"#REF!"}},{"$f":"'[51]CRO2_Pro-Mes'!NAG3","v":0},{"$f":"'[51]CRO2_Pro-Mes'!#REF!","v":{"$error":"#REF!"}},{"$f":"'[51]CRO2_Pro-Mes'!NAI3","v":0},{"$f":"'[51]CRO2_Pro-Mes'!#REF!","v":{"$error":"#REF!"}},{"$f":"'[51]CRO2_Pro-Mes'!NAK3","v":0},{"$f":"'[51]CRO2_Pro-Mes'!#REF!","v":{"$error":"#REF!"}},{"$f":"'[51]CRO2_Pro-Mes'!NAM3","v":0},{"$f":"'[51]CRO2_Pro-Mes'!#REF!","v":{"$error":"#REF!"}},{"$f":"'[51]CRO2_Pro-Mes'!NAO3","v":0},{"$f":"'[51]CRO2_Pro-Mes'!#REF!","v":{"$error":"#REF!"}},{"$f":"'[51]CRO2_Pro-Mes'!NAQ3","v":0},{"$f":"'[51]CRO2_Pro-Mes'!#REF!","v":{"$error":"#REF!"}},{"$f":"'[51]CRO2_Pro-Mes'!NAS3","v":0},{"$f":"'[51]CRO2_Pro-Mes'!#REF!","v":{"$error":"#REF!"}},{"$f":"'[51]CRO2_Pro-Mes'!NAU3","v":0},{"$f":"'[51]CRO2_Pro-Mes'!#REF!","v":{"$error":"#REF!"}},{"$f":"'[51]CRO2_Pro-Mes'!NAW3","v":0},{"$f":"'[51]CRO2_Pro-Mes'!#REF!","v":{"$error":"#REF!"}},{"$f":"'[51]CRO2_Pro-Mes'!NAY3","v":0},{"$f":"'[51]CRO2_Pro-Mes'!#REF!","v":{"$error":"#REF!"}},{"$f":"'[51]CRO2_Pro-Mes'!NBA3","v":0},{"$f":"'[51]CRO2_Pro-Mes'!#REF!","v":{"$error":"#REF!"}},{"$f":"'[51]CRO2_Pro-Mes'!NBC3","v":0},{"$f":"'[51]CRO2_Pro-Mes'!#REF!","v":{"$error":"#REF!"}},{"$f":"'[51]CRO2_Pro-Mes'!NBE3","v":0},{"$f":"'[51]CRO2_Pro-Mes'!#REF!","v":{"$error":"#REF!"}},{"$f":"'[51]CRO2_Pro-Mes'!NBG3","v":0},{"$f":"'[51]CRO2_Pro-Mes'!#REF!","v":{"$error":"#REF!"}},{"$f":"'[51]CRO2_Pro-Mes'!NBI3","v":0},{"$f":"'[51]CRO2_Pro-Mes'!#REF!","v":{"$error":"#REF!"}},{"$f":"'[51]CRO2_Pro-Mes'!NBK3","v":0},{"$f":"'[51]CRO2_Pro-Mes'!#REF!","v":{"$error":"#REF!"}},{"$f":"'[51]CRO2_Pro-Mes'!NBM3","v":0},{"$f":"'[51]CRO2_Pro-Mes'!#REF!","v":{"$error":"#REF!"}},{"$f":"'[51]CRO2_Pro-Mes'!NBO3","v":0},{"$f":"'[51]CRO2_Pro-Mes'!#REF!","v":{"$error":"#REF!"}},{"$f":"'[51]CRO2_Pro-Mes'!NBQ3","v":0},{"$f":"'[51]CRO2_Pro-Mes'!#REF!","v":{"$error":"#REF!"}},{"$f":"'[51]CRO2_Pro-Mes'!NBS3","v":0},{"$f":"'[51]CRO2_Pro-Mes'!#REF!","v":{"$error":"#REF!"}},{"$f":"'[51]CRO2_Pro-Mes'!NBU3","v":0},{"$f":"'[51]CRO2_Pro-Mes'!#REF!","v":{"$error":"#REF!"}},{"$f":"'[51]CRO2_Pro-Mes'!NBW3","v":0},{"$f":"'[51]CRO2_Pro-Mes'!#REF!","v":{"$error":"#REF!"}},{"$f":"'[51]CRO2_Pro-Mes'!NBY3","v":0},{"$f":"'[51]CRO2_Pro-Mes'!#REF!","v":{"$error":"#REF!"}},{"$f":"'[51]CRO2_Pro-Mes'!NCA3","v":0},{"$f":"'[51]CRO2_Pro-Mes'!#REF!","v":{"$error":"#REF!"}},{"$f":"'[51]CRO2_Pro-Mes'!NCC3","v":0},{"$f":"'[51]CRO2_Pro-Mes'!#REF!","v":{"$error":"#REF!"}},{"$f":"'[51]CRO2_Pro-Mes'!NCE3","v":0},{"$f":"'[51]CRO2_Pro-Mes'!#REF!","v":{"$error":"#REF!"}},{"$f":"'[51]CRO2_Pro-Mes'!NCG3","v":0},{"$f":"'[51]CRO2_Pro-Mes'!#REF!","v":{"$error":"#REF!"}},{"$f":"'[51]CRO2_Pro-Mes'!NCI3","v":0},{"$f":"'[51]CRO2_Pro-Mes'!#REF!","v":{"$error":"#REF!"}},{"$f":"'[51]CRO2_Pro-Mes'!NCK3","v":0},{"$f":"'[51]CRO2_Pro-Mes'!#REF!","v":{"$error":"#REF!"}},{"$f":"'[51]CRO2_Pro-Mes'!NCM3","v":0},{"$f":"'[51]CRO2_Pro-Mes'!#REF!","v":{"$error":"#REF!"}},{"$f":"'[51]CRO2_Pro-Mes'!NCO3","v":0},{"$f":"'[51]CRO2_Pro-Mes'!#REF!","v":{"$error":"#REF!"}},{"$f":"'[51]CRO2_Pro-Mes'!NCQ3","v":0},{"$f":"'[51]CRO2_Pro-Mes'!#REF!","v":{"$error":"#REF!"}},{"$f":"'[51]CRO2_Pro-Mes'!NCS3","v":0},{"$f":"'[51]CRO2_Pro-Mes'!#REF!","v":{"$error":"#REF!"}},{"$f":"'[51]CRO2_Pro-Mes'!NCU3","v":0},{"$f":"'[51]CRO2_Pro-Mes'!#REF!","v":{"$error":"#REF!"}},{"$f":"'[51]CRO2_Pro-Mes'!NCW3","v":0},{"$f":"'[51]CRO2_Pro-Mes'!#REF!","v":{"$error":"#REF!"}},{"$f":"'[51]CRO2_Pro-Mes'!NCY3","v":0},{"$f":"'[51]CRO2_Pro-Mes'!#REF!","v":{"$error":"#REF!"}},{"$f":"'[51]CRO2_Pro-Mes'!NDA3","v":0},{"$f":"'[51]CRO2_Pro-Mes'!#REF!","v":{"$error":"#REF!"}},{"$f":"'[51]CRO2_Pro-Mes'!NDC3","v":0},{"$f":"'[51]CRO2_Pro-Mes'!#REF!","v":{"$error":"#REF!"}},{"$f":"'[51]CRO2_Pro-Mes'!NDE3","v":0},{"$f":"'[51]CRO2_Pro-Mes'!#REF!","v":{"$error":"#REF!"}},{"$f":"'[51]CRO2_Pro-Mes'!NDG3","v":0},{"$f":"'[51]CRO2_Pro-Mes'!#REF!","v":{"$error":"#REF!"}},{"$f":"'[51]CRO2_Pro-Mes'!NDI3","v":0},{"$f":"'[51]CRO2_Pro-Mes'!#REF!","v":{"$error":"#REF!"}},{"$f":"'[51]CRO2_Pro-Mes'!NDK3","v":0},{"$f":"'[51]CRO2_Pro-Mes'!#REF!","v":{"$error":"#REF!"}},{"$f":"'[51]CRO2_Pro-Mes'!NDM3","v":0},{"$f":"'[51]CRO2_Pro-Mes'!#REF!","v":{"$error":"#REF!"}},{"$f":"'[51]CRO2_Pro-Mes'!NDO3","v":0},{"$f":"'[51]CRO2_Pro-Mes'!#REF!","v":{"$error":"#REF!"}},{"$f":"'[51]CRO2_Pro-Mes'!NDQ3","v":0},{"$f":"'[51]CRO2_Pro-Mes'!#REF!","v":{"$error":"#REF!"}},{"$f":"'[51]CRO2_Pro-Mes'!NDS3","v":0},{"$f":"'[51]CRO2_Pro-Mes'!#REF!","v":{"$error":"#REF!"}},{"$f":"'[51]CRO2_Pro-Mes'!NDU3","v":0},{"$f":"'[51]CRO2_Pro-Mes'!#REF!","v":{"$error":"#REF!"}},{"$f":"'[51]CRO2_Pro-Mes'!NDW3","v":0},{"$f":"'[51]CRO2_Pro-Mes'!#REF!","v":{"$error":"#REF!"}},{"$f":"'[51]CRO2_Pro-Mes'!NDY3","v":0},{"$f":"'[51]CRO2_Pro-Mes'!#REF!","v":{"$error":"#REF!"}},{"$f":"'[51]CRO2_Pro-Mes'!NEA3","v":0},{"$f":"'[51]CRO2_Pro-Mes'!#REF!","v":{"$error":"#REF!"}},{"$f":"'[51]CRO2_Pro-Mes'!NEC3","v":0},{"$f":"'[51]CRO2_Pro-Mes'!#REF!","v":{"$error":"#REF!"}},{"$f":"'[51]CRO2_Pro-Mes'!NEE3","v":0},{"$f":"'[51]CRO2_Pro-Mes'!#REF!","v":{"$error":"#REF!"}},{"$f":"'[51]CRO2_Pro-Mes'!NEG3","v":0},{"$f":"'[51]CRO2_Pro-Mes'!#REF!","v":{"$error":"#REF!"}},{"$f":"'[51]CRO2_Pro-Mes'!NEI3","v":0},{"$f":"'[51]CRO2_Pro-Mes'!#REF!","v":{"$error":"#REF!"}},{"$f":"'[51]CRO2_Pro-Mes'!NEK3","v":0},{"$f":"'[51]CRO2_Pro-Mes'!#REF!","v":{"$error":"#REF!"}},{"$f":"'[51]CRO2_Pro-Mes'!NEM3","v":0},{"$f":"'[51]CRO2_Pro-Mes'!#REF!","v":{"$error":"#REF!"}},{"$f":"'[51]CRO2_Pro-Mes'!NEO3","v":0},{"$f":"'[51]CRO2_Pro-Mes'!#REF!","v":{"$error":"#REF!"}},{"$f":"'[51]CRO2_Pro-Mes'!NEQ3","v":0},{"$f":"'[51]CRO2_Pro-Mes'!#REF!","v":{"$error":"#REF!"}},{"$f":"'[51]CRO2_Pro-Mes'!NES3","v":0},{"$f":"'[51]CRO2_Pro-Mes'!#REF!","v":{"$error":"#REF!"}},{"$f":"'[51]CRO2_Pro-Mes'!NEU3","v":0},{"$f":"'[51]CRO2_Pro-Mes'!#REF!","v":{"$error":"#REF!"}},{"$f":"'[51]CRO2_Pro-Mes'!NEW3","v":0},{"$f":"'[51]CRO2_Pro-Mes'!#REF!","v":{"$error":"#REF!"}},{"$f":"'[51]CRO2_Pro-Mes'!NEY3","v":0},{"$f":"'[51]CRO2_Pro-Mes'!#REF!","v":{"$error":"#REF!"}},{"$f":"'[51]CRO2_Pro-Mes'!NFA3","v":0},{"$f":"'[51]CRO2_Pro-Mes'!#REF!","v":{"$error":"#REF!"}},{"$f":"'[51]CRO2_Pro-Mes'!NFC3","v":0},{"$f":"'[51]CRO2_Pro-Mes'!#REF!","v":{"$error":"#REF!"}},{"$f":"'[51]CRO2_Pro-Mes'!NFE3","v":0},{"$f":"'[51]CRO2_Pro-Mes'!#REF!","v":{"$error":"#REF!"}},{"$f":"'[51]CRO2_Pro-Mes'!NFG3","v":0},{"$f":"'[51]CRO2_Pro-Mes'!#REF!","v":{"$error":"#REF!"}},{"$f":"'[51]CRO2_Pro-Mes'!NFI3","v":0},{"$f":"'[51]CRO2_Pro-Mes'!#REF!","v":{"$error":"#REF!"}},{"$f":"'[51]CRO2_Pro-Mes'!NFK3","v":0},{"$f":"'[51]CRO2_Pro-Mes'!#REF!","v":{"$error":"#REF!"}},{"$f":"'[51]CRO2_Pro-Mes'!NFM3","v":0},{"$f":"'[51]CRO2_Pro-Mes'!#REF!","v":{"$error":"#REF!"}},{"$f":"'[51]CRO2_Pro-Mes'!NFO3","v":0},{"$f":"'[51]CRO2_Pro-Mes'!#REF!","v":{"$error":"#REF!"}},{"$f":"'[51]CRO2_Pro-Mes'!NFQ3","v":0},{"$f":"'[51]CRO2_Pro-Mes'!#REF!","v":{"$error":"#REF!"}},{"$f":"'[51]CRO2_Pro-Mes'!NFS3","v":0},{"$f":"'[51]CRO2_Pro-Mes'!#REF!","v":{"$error":"#REF!"}},{"$f":"'[51]CRO2_Pro-Mes'!NFU3","v":0},{"$f":"'[51]CRO2_Pro-Mes'!#REF!","v":{"$error":"#REF!"}},{"$f":"'[51]CRO2_Pro-Mes'!NFW3","v":0},{"$f":"'[51]CRO2_Pro-Mes'!#REF!","v":{"$error":"#REF!"}},{"$f":"'[51]CRO2_Pro-Mes'!NFY3","v":0},{"$f":"'[51]CRO2_Pro-Mes'!#REF!","v":{"$error":"#REF!"}},{"$f":"'[51]CRO2_Pro-Mes'!NGA3","v":0},{"$f":"'[51]CRO2_Pro-Mes'!#REF!","v":{"$error":"#REF!"}},{"$f":"'[51]CRO2_Pro-Mes'!NGC3","v":0},{"$f":"'[51]CRO2_Pro-Mes'!#REF!","v":{"$error":"#REF!"}},{"$f":"'[51]CRO2_Pro-Mes'!NGE3","v":0},{"$f":"'[51]CRO2_Pro-Mes'!#REF!","v":{"$error":"#REF!"}},{"$f":"'[51]CRO2_Pro-Mes'!NGG3","v":0},{"$f":"'[51]CRO2_Pro-Mes'!#REF!","v":{"$error":"#REF!"}},{"$f":"'[51]CRO2_Pro-Mes'!NGI3","v":0},{"$f":"'[51]CRO2_Pro-Mes'!#REF!","v":{"$error":"#REF!"}},{"$f":"'[51]CRO2_Pro-Mes'!NGK3","v":0},{"$f":"'[51]CRO2_Pro-Mes'!#REF!","v":{"$error":"#REF!"}},{"$f":"'[51]CRO2_Pro-Mes'!NGM3","v":0},{"$f":"'[51]CRO2_Pro-Mes'!#REF!","v":{"$error":"#REF!"}},{"$f":"'[51]CRO2_Pro-Mes'!NGO3","v":0},{"$f":"'[51]CRO2_Pro-Mes'!#REF!","v":{"$error":"#REF!"}},{"$f":"'[51]CRO2_Pro-Mes'!NGQ3","v":0},{"$f":"'[51]CRO2_Pro-Mes'!#REF!","v":{"$error":"#REF!"}},{"$f":"'[51]CRO2_Pro-Mes'!NGS3","v":0},{"$f":"'[51]CRO2_Pro-Mes'!#REF!","v":{"$error":"#REF!"}},{"$f":"'[51]CRO2_Pro-Mes'!NGU3","v":0},{"$f":"'[51]CRO2_Pro-Mes'!#REF!","v":{"$error":"#REF!"}},{"$f":"'[51]CRO2_Pro-Mes'!NGW3","v":0},{"$f":"'[51]CRO2_Pro-Mes'!#REF!","v":{"$error":"#REF!"}},{"$f":"'[51]CRO2_Pro-Mes'!NGY3","v":0},{"$f":"'[51]CRO2_Pro-Mes'!#REF!","v":{"$error":"#REF!"}},{"$f":"'[51]CRO2_Pro-Mes'!NHA3","v":0},{"$f":"'[51]CRO2_Pro-Mes'!#REF!","v":{"$error":"#REF!"}},{"$f":"'[51]CRO2_Pro-Mes'!NHC3","v":0},{"$f":"'[51]CRO2_Pro-Mes'!#REF!","v":{"$error":"#REF!"}},{"$f":"'[51]CRO2_Pro-Mes'!NHE3","v":0},{"$f":"'[51]CRO2_Pro-Mes'!#REF!","v":{"$error":"#REF!"}},{"$f":"'[51]CRO2_Pro-Mes'!NHG3","v":0},{"$f":"'[51]CRO2_Pro-Mes'!#REF!","v":{"$error":"#REF!"}},{"$f":"'[51]CRO2_Pro-Mes'!NHI3","v":0},{"$f":"'[51]CRO2_Pro-Mes'!#REF!","v":{"$error":"#REF!"}},{"$f":"'[51]CRO2_Pro-Mes'!NHK3","v":0},{"$f":"'[51]CRO2_Pro-Mes'!#REF!","v":{"$error":"#REF!"}},{"$f":"'[51]CRO2_Pro-Mes'!NHM3","v":0},{"$f":"'[51]CRO2_Pro-Mes'!#REF!","v":{"$error":"#REF!"}},{"$f":"'[51]CRO2_Pro-Mes'!NHO3","v":0},{"$f":"'[51]CRO2_Pro-Mes'!#REF!","v":{"$error":"#REF!"}},{"$f":"'[51]CRO2_Pro-Mes'!NHQ3","v":0},{"$f":"'[51]CRO2_Pro-Mes'!#REF!","v":{"$error":"#REF!"}},{"$f":"'[51]CRO2_Pro-Mes'!NHS3","v":0},{"$f":"'[51]CRO2_Pro-Mes'!#REF!","v":{"$error":"#REF!"}},{"$f":"'[51]CRO2_Pro-Mes'!NHU3","v":0},{"$f":"'[51]CRO2_Pro-Mes'!#REF!","v":{"$error":"#REF!"}},{"$f":"'[51]CRO2_Pro-Mes'!NHW3","v":0},{"$f":"'[51]CRO2_Pro-Mes'!#REF!","v":{"$error":"#REF!"}},{"$f":"'[51]CRO2_Pro-Mes'!NHY3","v":0},{"$f":"'[51]CRO2_Pro-Mes'!#REF!","v":{"$error":"#REF!"}},{"$f":"'[51]CRO2_Pro-Mes'!NIA3","v":0},{"$f":"'[51]CRO2_Pro-Mes'!#REF!","v":{"$error":"#REF!"}},{"$f":"'[51]CRO2_Pro-Mes'!NIC3","v":0},{"$f":"'[51]CRO2_Pro-Mes'!#REF!","v":{"$error":"#REF!"}},{"$f":"'[51]CRO2_Pro-Mes'!NIE3","v":0},{"$f":"'[51]CRO2_Pro-Mes'!#REF!","v":{"$error":"#REF!"}},{"$f":"'[51]CRO2_Pro-Mes'!NIG3","v":0},{"$f":"'[51]CRO2_Pro-Mes'!#REF!","v":{"$error":"#REF!"}},{"$f":"'[51]CRO2_Pro-Mes'!NII3","v":0},{"$f":"'[51]CRO2_Pro-Mes'!#REF!","v":{"$error":"#REF!"}},{"$f":"'[51]CRO2_Pro-Mes'!NIK3","v":0},{"$f":"'[51]CRO2_Pro-Mes'!#REF!","v":{"$error":"#REF!"}},{"$f":"'[51]CRO2_Pro-Mes'!NIM3","v":0},{"$f":"'[51]CRO2_Pro-Mes'!#REF!","v":{"$error":"#REF!"}},{"$f":"'[51]CRO2_Pro-Mes'!NIO3","v":0},{"$f":"'[51]CRO2_Pro-Mes'!#REF!","v":{"$error":"#REF!"}},{"$f":"'[51]CRO2_Pro-Mes'!NIQ3","v":0},{"$f":"'[51]CRO2_Pro-Mes'!#REF!","v":{"$error":"#REF!"}},{"$f":"'[51]CRO2_Pro-Mes'!NIS3","v":0},{"$f":"'[51]CRO2_Pro-Mes'!#REF!","v":{"$error":"#REF!"}},{"$f":"'[51]CRO2_Pro-Mes'!NIU3","v":0},{"$f":"'[51]CRO2_Pro-Mes'!#REF!","v":{"$error":"#REF!"}},{"$f":"'[51]CRO2_Pro-Mes'!NIW3","v":0},{"$f":"'[51]CRO2_Pro-Mes'!#REF!","v":{"$error":"#REF!"}},{"$f":"'[51]CRO2_Pro-Mes'!NIY3","v":0},{"$f":"'[51]CRO2_Pro-Mes'!#REF!","v":{"$error":"#REF!"}},{"$f":"'[51]CRO2_Pro-Mes'!NJA3","v":0},{"$f":"'[51]CRO2_Pro-Mes'!#REF!","v":{"$error":"#REF!"}},{"$f":"'[51]CRO2_Pro-Mes'!NJC3","v":0},{"$f":"'[51]CRO2_Pro-Mes'!#REF!","v":{"$error":"#REF!"}},{"$f":"'[51]CRO2_Pro-Mes'!NJE3","v":0},{"$f":"'[51]CRO2_Pro-Mes'!#REF!","v":{"$error":"#REF!"}},{"$f":"'[51]CRO2_Pro-Mes'!NJG3","v":0},{"$f":"'[51]CRO2_Pro-Mes'!#REF!","v":{"$error":"#REF!"}},{"$f":"'[51]CRO2_Pro-Mes'!NJI3","v":0},{"$f":"'[51]CRO2_Pro-Mes'!#REF!","v":{"$error":"#REF!"}},{"$f":"'[51]CRO2_Pro-Mes'!NJK3","v":0},{"$f":"'[51]CRO2_Pro-Mes'!#REF!","v":{"$error":"#REF!"}},{"$f":"'[51]CRO2_Pro-Mes'!NJM3","v":0},{"$f":"'[51]CRO2_Pro-Mes'!#REF!","v":{"$error":"#REF!"}},{"$f":"'[51]CRO2_Pro-Mes'!NJO3","v":0},{"$f":"'[51]CRO2_Pro-Mes'!#REF!","v":{"$error":"#REF!"}},{"$f":"'[51]CRO2_Pro-Mes'!NJQ3","v":0},{"$f":"'[51]CRO2_Pro-Mes'!#REF!","v":{"$error":"#REF!"}},{"$f":"'[51]CRO2_Pro-Mes'!NJS3","v":0},{"$f":"'[51]CRO2_Pro-Mes'!#REF!","v":{"$error":"#REF!"}},{"$f":"'[51]CRO2_Pro-Mes'!NJU3","v":0},{"$f":"'[51]CRO2_Pro-Mes'!#REF!","v":{"$error":"#REF!"}},{"$f":"'[51]CRO2_Pro-Mes'!NJW3","v":0},{"$f":"'[51]CRO2_Pro-Mes'!#REF!","v":{"$error":"#REF!"}},{"$f":"'[51]CRO2_Pro-Mes'!NJY3","v":0},{"$f":"'[51]CRO2_Pro-Mes'!#REF!","v":{"$error":"#REF!"}},{"$f":"'[51]CRO2_Pro-Mes'!NKA3","v":0},{"$f":"'[51]CRO2_Pro-Mes'!#REF!","v":{"$error":"#REF!"}},{"$f":"'[51]CRO2_Pro-Mes'!NKC3","v":0},{"$f":"'[51]CRO2_Pro-Mes'!#REF!","v":{"$error":"#REF!"}},{"$f":"'[51]CRO2_Pro-Mes'!NKE3","v":0},{"$f":"'[51]CRO2_Pro-Mes'!#REF!","v":{"$error":"#REF!"}},{"$f":"'[51]CRO2_Pro-Mes'!NKG3","v":0},{"$f":"'[51]CRO2_Pro-Mes'!#REF!","v":{"$error":"#REF!"}},{"$f":"'[51]CRO2_Pro-Mes'!NKI3","v":0},{"$f":"'[51]CRO2_Pro-Mes'!#REF!","v":{"$error":"#REF!"}},{"$f":"'[51]CRO2_Pro-Mes'!NKK3","v":0},{"$f":"'[51]CRO2_Pro-Mes'!#REF!","v":{"$error":"#REF!"}},{"$f":"'[51]CRO2_Pro-Mes'!NKM3","v":0},{"$f":"'[51]CRO2_Pro-Mes'!#REF!","v":{"$error":"#REF!"}},{"$f":"'[51]CRO2_Pro-Mes'!NKO3","v":0},{"$f":"'[51]CRO2_Pro-Mes'!#REF!","v":{"$error":"#REF!"}},{"$f":"'[51]CRO2_Pro-Mes'!NKQ3","v":0},{"$f":"'[51]CRO2_Pro-Mes'!#REF!","v":{"$error":"#REF!"}},{"$f":"'[51]CRO2_Pro-Mes'!NKS3","v":0},{"$f":"'[51]CRO2_Pro-Mes'!#REF!","v":{"$error":"#REF!"}},{"$f":"'[51]CRO2_Pro-Mes'!NKU3","v":0},{"$f":"'[51]CRO2_Pro-Mes'!#REF!","v":{"$error":"#REF!"}},{"$f":"'[51]CRO2_Pro-Mes'!NKW3","v":0},{"$f":"'[51]CRO2_Pro-Mes'!#REF!","v":{"$error":"#REF!"}},{"$f":"'[51]CRO2_Pro-Mes'!NKY3","v":0},{"$f":"'[51]CRO2_Pro-Mes'!#REF!","v":{"$error":"#REF!"}},{"$f":"'[51]CRO2_Pro-Mes'!NLA3","v":0},{"$f":"'[51]CRO2_Pro-Mes'!#REF!","v":{"$error":"#REF!"}},{"$f":"'[51]CRO2_Pro-Mes'!NLC3","v":0},{"$f":"'[51]CRO2_Pro-Mes'!#REF!","v":{"$error":"#REF!"}},{"$f":"'[51]CRO2_Pro-Mes'!NLE3","v":0},{"$f":"'[51]CRO2_Pro-Mes'!#REF!","v":{"$error":"#REF!"}},{"$f":"'[51]CRO2_Pro-Mes'!NLG3","v":0},{"$f":"'[51]CRO2_Pro-Mes'!#REF!","v":{"$error":"#REF!"}},{"$f":"'[51]CRO2_Pro-Mes'!NLI3","v":0},{"$f":"'[51]CRO2_Pro-Mes'!#REF!","v":{"$error":"#REF!"}},{"$f":"'[51]CRO2_Pro-Mes'!NLK3","v":0},{"$f":"'[51]CRO2_Pro-Mes'!#REF!","v":{"$error":"#REF!"}},{"$f":"'[51]CRO2_Pro-Mes'!NLM3","v":0},{"$f":"'[51]CRO2_Pro-Mes'!#REF!","v":{"$error":"#REF!"}},{"$f":"'[51]CRO2_Pro-Mes'!NLO3","v":0},{"$f":"'[51]CRO2_Pro-Mes'!#REF!","v":{"$error":"#REF!"}},{"$f":"'[51]CRO2_Pro-Mes'!NLQ3","v":0},{"$f":"'[51]CRO2_Pro-Mes'!#REF!","v":{"$error":"#REF!"}},{"$f":"'[51]CRO2_Pro-Mes'!NLS3","v":0},{"$f":"'[51]CRO2_Pro-Mes'!#REF!","v":{"$error":"#REF!"}},{"$f":"'[51]CRO2_Pro-Mes'!NLU3","v":0},{"$f":"'[51]CRO2_Pro-Mes'!#REF!","v":{"$error":"#REF!"}},{"$f":"'[51]CRO2_Pro-Mes'!NLW3","v":0},{"$f":"'[51]CRO2_Pro-Mes'!#REF!","v":{"$error":"#REF!"}},{"$f":"'[51]CRO2_Pro-Mes'!NLY3","v":0},{"$f":"'[51]CRO2_Pro-Mes'!#REF!","v":{"$error":"#REF!"}},{"$f":"'[51]CRO2_Pro-Mes'!NMA3","v":0},{"$f":"'[51]CRO2_Pro-Mes'!#REF!","v":{"$error":"#REF!"}},{"$f":"'[51]CRO2_Pro-Mes'!NMC3","v":0},{"$f":"'[51]CRO2_Pro-Mes'!#REF!","v":{"$error":"#REF!"}},{"$f":"'[51]CRO2_Pro-Mes'!NME3","v":0},{"$f":"'[51]CRO2_Pro-Mes'!#REF!","v":{"$error":"#REF!"}},{"$f":"'[51]CRO2_Pro-Mes'!NMG3","v":0},{"$f":"'[51]CRO2_Pro-Mes'!#REF!","v":{"$error":"#REF!"}},{"$f":"'[51]CRO2_Pro-Mes'!NMI3","v":0},{"$f":"'[51]CRO2_Pro-Mes'!#REF!","v":{"$error":"#REF!"}},{"$f":"'[51]CRO2_Pro-Mes'!NMK3","v":0},{"$f":"'[51]CRO2_Pro-Mes'!#REF!","v":{"$error":"#REF!"}},{"$f":"'[51]CRO2_Pro-Mes'!NMM3","v":0},{"$f":"'[51]CRO2_Pro-Mes'!#REF!","v":{"$error":"#REF!"}},{"$f":"'[51]CRO2_Pro-Mes'!NMO3","v":0},{"$f":"'[51]CRO2_Pro-Mes'!#REF!","v":{"$error":"#REF!"}},{"$f":"'[51]CRO2_Pro-Mes'!NMQ3","v":0},{"$f":"'[51]CRO2_Pro-Mes'!#REF!","v":{"$error":"#REF!"}},{"$f":"'[51]CRO2_Pro-Mes'!NMS3","v":0},{"$f":"'[51]CRO2_Pro-Mes'!#REF!","v":{"$error":"#REF!"}},{"$f":"'[51]CRO2_Pro-Mes'!NMU3","v":0},{"$f":"'[51]CRO2_Pro-Mes'!#REF!","v":{"$error":"#REF!"}},{"$f":"'[51]CRO2_Pro-Mes'!NMW3","v":0},{"$f":"'[51]CRO2_Pro-Mes'!#REF!","v":{"$error":"#REF!"}},{"$f":"'[51]CRO2_Pro-Mes'!NMY3","v":0},{"$f":"'[51]CRO2_Pro-Mes'!#REF!","v":{"$error":"#REF!"}},{"$f":"'[51]CRO2_Pro-Mes'!NNA3","v":0},{"$f":"'[51]CRO2_Pro-Mes'!#REF!","v":{"$error":"#REF!"}},{"$f":"'[51]CRO2_Pro-Mes'!NNC3","v":0},{"$f":"'[51]CRO2_Pro-Mes'!#REF!","v":{"$error":"#REF!"}},{"$f":"'[51]CRO2_Pro-Mes'!NNE3","v":0},{"$f":"'[51]CRO2_Pro-Mes'!#REF!","v":{"$error":"#REF!"}},{"$f":"'[51]CRO2_Pro-Mes'!NNG3","v":0},{"$f":"'[51]CRO2_Pro-Mes'!#REF!","v":{"$error":"#REF!"}},{"$f":"'[51]CRO2_Pro-Mes'!NNI3","v":0},{"$f":"'[51]CRO2_Pro-Mes'!#REF!","v":{"$error":"#REF!"}},{"$f":"'[51]CRO2_Pro-Mes'!NNK3","v":0},{"$f":"'[51]CRO2_Pro-Mes'!#REF!","v":{"$error":"#REF!"}},{"$f":"'[51]CRO2_Pro-Mes'!NNM3","v":0},{"$f":"'[51]CRO2_Pro-Mes'!#REF!","v":{"$error":"#REF!"}},{"$f":"'[51]CRO2_Pro-Mes'!NNO3","v":0},{"$f":"'[51]CRO2_Pro-Mes'!#REF!","v":{"$error":"#REF!"}},{"$f":"'[51]CRO2_Pro-Mes'!NNQ3","v":0},{"$f":"'[51]CRO2_Pro-Mes'!#REF!","v":{"$error":"#REF!"}},{"$f":"'[51]CRO2_Pro-Mes'!NNS3","v":0},{"$f":"'[51]CRO2_Pro-Mes'!#REF!","v":{"$error":"#REF!"}},{"$f":"'[51]CRO2_Pro-Mes'!NNU3","v":0},{"$f":"'[51]CRO2_Pro-Mes'!#REF!","v":{"$error":"#REF!"}},{"$f":"'[51]CRO2_Pro-Mes'!NNW3","v":0},{"$f":"'[51]CRO2_Pro-Mes'!#REF!","v":{"$error":"#REF!"}},{"$f":"'[51]CRO2_Pro-Mes'!NNY3","v":0},{"$f":"'[51]CRO2_Pro-Mes'!#REF!","v":{"$error":"#REF!"}},{"$f":"'[51]CRO2_Pro-Mes'!NOA3","v":0},{"$f":"'[51]CRO2_Pro-Mes'!#REF!","v":{"$error":"#REF!"}},{"$f":"'[51]CRO2_Pro-Mes'!NOC3","v":0},{"$f":"'[51]CRO2_Pro-Mes'!#REF!","v":{"$error":"#REF!"}},{"$f":"'[51]CRO2_Pro-Mes'!NOE3","v":0},{"$f":"'[51]CRO2_Pro-Mes'!#REF!","v":{"$error":"#REF!"}},{"$f":"'[51]CRO2_Pro-Mes'!NOG3","v":0},{"$f":"'[51]CRO2_Pro-Mes'!#REF!","v":{"$error":"#REF!"}},{"$f":"'[51]CRO2_Pro-Mes'!NOI3","v":0},{"$f":"'[51]CRO2_Pro-Mes'!#REF!","v":{"$error":"#REF!"}},{"$f":"'[51]CRO2_Pro-Mes'!NOK3","v":0},{"$f":"'[51]CRO2_Pro-Mes'!#REF!","v":{"$error":"#REF!"}},{"$f":"'[51]CRO2_Pro-Mes'!NOM3","v":0},{"$f":"'[51]CRO2_Pro-Mes'!#REF!","v":{"$error":"#REF!"}},{"$f":"'[51]CRO2_Pro-Mes'!NOO3","v":0},{"$f":"'[51]CRO2_Pro-Mes'!#REF!","v":{"$error":"#REF!"}},{"$f":"'[51]CRO2_Pro-Mes'!NOQ3","v":0},{"$f":"'[51]CRO2_Pro-Mes'!#REF!","v":{"$error":"#REF!"}},{"$f":"'[51]CRO2_Pro-Mes'!NOS3","v":0},{"$f":"'[51]CRO2_Pro-Mes'!#REF!","v":{"$error":"#REF!"}},{"$f":"'[51]CRO2_Pro-Mes'!NOU3","v":0},{"$f":"'[51]CRO2_Pro-Mes'!#REF!","v":{"$error":"#REF!"}},{"$f":"'[51]CRO2_Pro-Mes'!NOW3","v":0},{"$f":"'[51]CRO2_Pro-Mes'!#REF!","v":{"$error":"#REF!"}},{"$f":"'[51]CRO2_Pro-Mes'!NOY3","v":0},{"$f":"'[51]CRO2_Pro-Mes'!#REF!","v":{"$error":"#REF!"}},{"$f":"'[51]CRO2_Pro-Mes'!NPA3","v":0},{"$f":"'[51]CRO2_Pro-Mes'!#REF!","v":{"$error":"#REF!"}},{"$f":"'[51]CRO2_Pro-Mes'!NPC3","v":0},{"$f":"'[51]CRO2_Pro-Mes'!#REF!","v":{"$error":"#REF!"}},{"$f":"'[51]CRO2_Pro-Mes'!NPE3","v":0},{"$f":"'[51]CRO2_Pro-Mes'!#REF!","v":{"$error":"#REF!"}},{"$f":"'[51]CRO2_Pro-Mes'!NPG3","v":0},{"$f":"'[51]CRO2_Pro-Mes'!#REF!","v":{"$error":"#REF!"}},{"$f":"'[51]CRO2_Pro-Mes'!NPI3","v":0},{"$f":"'[51]CRO2_Pro-Mes'!#REF!","v":{"$error":"#REF!"}},{"$f":"'[51]CRO2_Pro-Mes'!NPK3","v":0},{"$f":"'[51]CRO2_Pro-Mes'!#REF!","v":{"$error":"#REF!"}},{"$f":"'[51]CRO2_Pro-Mes'!NPM3","v":0},{"$f":"'[51]CRO2_Pro-Mes'!#REF!","v":{"$error":"#REF!"}},{"$f":"'[51]CRO2_Pro-Mes'!NPO3","v":0},{"$f":"'[51]CRO2_Pro-Mes'!#REF!","v":{"$error":"#REF!"}},{"$f":"'[51]CRO2_Pro-Mes'!NPQ3","v":0},{"$f":"'[51]CRO2_Pro-Mes'!#REF!","v":{"$error":"#REF!"}},{"$f":"'[51]CRO2_Pro-Mes'!NPS3","v":0},{"$f":"'[51]CRO2_Pro-Mes'!#REF!","v":{"$error":"#REF!"}},{"$f":"'[51]CRO2_Pro-Mes'!NPU3","v":0},{"$f":"'[51]CRO2_Pro-Mes'!#REF!","v":{"$error":"#REF!"}},{"$f":"'[51]CRO2_Pro-Mes'!NPW3","v":0},{"$f":"'[51]CRO2_Pro-Mes'!#REF!","v":{"$error":"#REF!"}},{"$f":"'[51]CRO2_Pro-Mes'!NPY3","v":0},{"$f":"'[51]CRO2_Pro-Mes'!#REF!","v":{"$error":"#REF!"}},{"$f":"'[51]CRO2_Pro-Mes'!NQA3","v":0},{"$f":"'[51]CRO2_Pro-Mes'!#REF!","v":{"$error":"#REF!"}},{"$f":"'[51]CRO2_Pro-Mes'!NQC3","v":0},{"$f":"'[51]CRO2_Pro-Mes'!#REF!","v":{"$error":"#REF!"}},{"$f":"'[51]CRO2_Pro-Mes'!NQE3","v":0},{"$f":"'[51]CRO2_Pro-Mes'!#REF!","v":{"$error":"#REF!"}},{"$f":"'[51]CRO2_Pro-Mes'!NQG3","v":0},{"$f":"'[51]CRO2_Pro-Mes'!#REF!","v":{"$error":"#REF!"}},{"$f":"'[51]CRO2_Pro-Mes'!NQI3","v":0},{"$f":"'[51]CRO2_Pro-Mes'!#REF!","v":{"$error":"#REF!"}},{"$f":"'[51]CRO2_Pro-Mes'!NQK3","v":0},{"$f":"'[51]CRO2_Pro-Mes'!#REF!","v":{"$error":"#REF!"}},{"$f":"'[51]CRO2_Pro-Mes'!NQM3","v":0},{"$f":"'[51]CRO2_Pro-Mes'!#REF!","v":{"$error":"#REF!"}},{"$f":"'[51]CRO2_Pro-Mes'!NQO3","v":0},{"$f":"'[51]CRO2_Pro-Mes'!#REF!","v":{"$error":"#REF!"}},{"$f":"'[51]CRO2_Pro-Mes'!NQQ3","v":0},{"$f":"'[51]CRO2_Pro-Mes'!#REF!","v":{"$error":"#REF!"}},{"$f":"'[51]CRO2_Pro-Mes'!NQS3","v":0},{"$f":"'[51]CRO2_Pro-Mes'!#REF!","v":{"$error":"#REF!"}},{"$f":"'[51]CRO2_Pro-Mes'!NQU3","v":0},{"$f":"'[51]CRO2_Pro-Mes'!#REF!","v":{"$error":"#REF!"}},{"$f":"'[51]CRO2_Pro-Mes'!NQW3","v":0},{"$f":"'[51]CRO2_Pro-Mes'!#REF!","v":{"$error":"#REF!"}},{"$f":"'[51]CRO2_Pro-Mes'!NQY3","v":0},{"$f":"'[51]CRO2_Pro-Mes'!#REF!","v":{"$error":"#REF!"}},{"$f":"'[51]CRO2_Pro-Mes'!NRA3","v":0},{"$f":"'[51]CRO2_Pro-Mes'!#REF!","v":{"$error":"#REF!"}},{"$f":"'[51]CRO2_Pro-Mes'!NRC3","v":0},{"$f":"'[51]CRO2_Pro-Mes'!#REF!","v":{"$error":"#REF!"}},{"$f":"'[51]CRO2_Pro-Mes'!NRE3","v":0},{"$f":"'[51]CRO2_Pro-Mes'!#REF!","v":{"$error":"#REF!"}},{"$f":"'[51]CRO2_Pro-Mes'!NRG3","v":0},{"$f":"'[51]CRO2_Pro-Mes'!#REF!","v":{"$error":"#REF!"}},{"$f":"'[51]CRO2_Pro-Mes'!NRI3","v":0},{"$f":"'[51]CRO2_Pro-Mes'!#REF!","v":{"$error":"#REF!"}},{"$f":"'[51]CRO2_Pro-Mes'!NRK3","v":0},{"$f":"'[51]CRO2_Pro-Mes'!#REF!","v":{"$error":"#REF!"}},{"$f":"'[51]CRO2_Pro-Mes'!NRM3","v":0},{"$f":"'[51]CRO2_Pro-Mes'!#REF!","v":{"$error":"#REF!"}},{"$f":"'[51]CRO2_Pro-Mes'!NRO3","v":0},{"$f":"'[51]CRO2_Pro-Mes'!#REF!","v":{"$error":"#REF!"}},{"$f":"'[51]CRO2_Pro-Mes'!NRQ3","v":0},{"$f":"'[51]CRO2_Pro-Mes'!#REF!","v":{"$error":"#REF!"}},{"$f":"'[51]CRO2_Pro-Mes'!NRS3","v":0},{"$f":"'[51]CRO2_Pro-Mes'!#REF!","v":{"$error":"#REF!"}},{"$f":"'[51]CRO2_Pro-Mes'!NRU3","v":0},{"$f":"'[51]CRO2_Pro-Mes'!#REF!","v":{"$error":"#REF!"}},{"$f":"'[51]CRO2_Pro-Mes'!NRW3","v":0},{"$f":"'[51]CRO2_Pro-Mes'!#REF!","v":{"$error":"#REF!"}},{"$f":"'[51]CRO2_Pro-Mes'!NRY3","v":0},{"$f":"'[51]CRO2_Pro-Mes'!#REF!","v":{"$error":"#REF!"}},{"$f":"'[51]CRO2_Pro-Mes'!NSA3","v":0},{"$f":"'[51]CRO2_Pro-Mes'!#REF!","v":{"$error":"#REF!"}},{"$f":"'[51]CRO2_Pro-Mes'!NSC3","v":0},{"$f":"'[51]CRO2_Pro-Mes'!#REF!","v":{"$error":"#REF!"}},{"$f":"'[51]CRO2_Pro-Mes'!NSE3","v":0},{"$f":"'[51]CRO2_Pro-Mes'!#REF!","v":{"$error":"#REF!"}},{"$f":"'[51]CRO2_Pro-Mes'!NSG3","v":0},{"$f":"'[51]CRO2_Pro-Mes'!#REF!","v":{"$error":"#REF!"}},{"$f":"'[51]CRO2_Pro-Mes'!NSI3","v":0},{"$f":"'[51]CRO2_Pro-Mes'!#REF!","v":{"$error":"#REF!"}},{"$f":"'[51]CRO2_Pro-Mes'!NSK3","v":0},{"$f":"'[51]CRO2_Pro-Mes'!#REF!","v":{"$error":"#REF!"}},{"$f":"'[51]CRO2_Pro-Mes'!NSM3","v":0},{"$f":"'[51]CRO2_Pro-Mes'!#REF!","v":{"$error":"#REF!"}},{"$f":"'[51]CRO2_Pro-Mes'!NSO3","v":0},{"$f":"'[51]CRO2_Pro-Mes'!#REF!","v":{"$error":"#REF!"}},{"$f":"'[51]CRO2_Pro-Mes'!NSQ3","v":0},{"$f":"'[51]CRO2_Pro-Mes'!#REF!","v":{"$error":"#REF!"}},{"$f":"'[51]CRO2_Pro-Mes'!NSS3","v":0},{"$f":"'[51]CRO2_Pro-Mes'!#REF!","v":{"$error":"#REF!"}},{"$f":"'[51]CRO2_Pro-Mes'!NSU3","v":0},{"$f":"'[51]CRO2_Pro-Mes'!#REF!","v":{"$error":"#REF!"}},{"$f":"'[51]CRO2_Pro-Mes'!NSW3","v":0},{"$f":"'[51]CRO2_Pro-Mes'!#REF!","v":{"$error":"#REF!"}},{"$f":"'[51]CRO2_Pro-Mes'!NSY3","v":0},{"$f":"'[51]CRO2_Pro-Mes'!#REF!","v":{"$error":"#REF!"}},{"$f":"'[51]CRO2_Pro-Mes'!NTA3","v":0},{"$f":"'[51]CRO2_Pro-Mes'!#REF!","v":{"$error":"#REF!"}},{"$f":"'[51]CRO2_Pro-Mes'!NTC3","v":0},{"$f":"'[51]CRO2_Pro-Mes'!#REF!","v":{"$error":"#REF!"}},{"$f":"'[51]CRO2_Pro-Mes'!NTE3","v":0},{"$f":"'[51]CRO2_Pro-Mes'!#REF!","v":{"$error":"#REF!"}},{"$f":"'[51]CRO2_Pro-Mes'!NTG3","v":0},{"$f":"'[51]CRO2_Pro-Mes'!#REF!","v":{"$error":"#REF!"}},{"$f":"'[51]CRO2_Pro-Mes'!NTI3","v":0},{"$f":"'[51]CRO2_Pro-Mes'!#REF!","v":{"$error":"#REF!"}},{"$f":"'[51]CRO2_Pro-Mes'!NTK3","v":0},{"$f":"'[51]CRO2_Pro-Mes'!#REF!","v":{"$error":"#REF!"}},{"$f":"'[51]CRO2_Pro-Mes'!NTM3","v":0},{"$f":"'[51]CRO2_Pro-Mes'!#REF!","v":{"$error":"#REF!"}},{"$f":"'[51]CRO2_Pro-Mes'!NTO3","v":0},{"$f":"'[51]CRO2_Pro-Mes'!#REF!","v":{"$error":"#REF!"}},{"$f":"'[51]CRO2_Pro-Mes'!NTQ3","v":0},{"$f":"'[51]CRO2_Pro-Mes'!#REF!","v":{"$error":"#REF!"}},{"$f":"'[51]CRO2_Pro-Mes'!NTS3","v":0},{"$f":"'[51]CRO2_Pro-Mes'!#REF!","v":{"$error":"#REF!"}},{"$f":"'[51]CRO2_Pro-Mes'!NTU3","v":0},{"$f":"'[51]CRO2_Pro-Mes'!#REF!","v":{"$error":"#REF!"}},{"$f":"'[51]CRO2_Pro-Mes'!NTW3","v":0},{"$f":"'[51]CRO2_Pro-Mes'!#REF!","v":{"$error":"#REF!"}},{"$f":"'[51]CRO2_Pro-Mes'!NTY3","v":0},{"$f":"'[51]CRO2_Pro-Mes'!#REF!","v":{"$error":"#REF!"}},{"$f":"'[51]CRO2_Pro-Mes'!NUA3","v":0},{"$f":"'[51]CRO2_Pro-Mes'!#REF!","v":{"$error":"#REF!"}},{"$f":"'[51]CRO2_Pro-Mes'!NUC3","v":0},{"$f":"'[51]CRO2_Pro-Mes'!#REF!","v":{"$error":"#REF!"}},{"$f":"'[51]CRO2_Pro-Mes'!NUE3","v":0},{"$f":"'[51]CRO2_Pro-Mes'!#REF!","v":{"$error":"#REF!"}},{"$f":"'[51]CRO2_Pro-Mes'!NUG3","v":0},{"$f":"'[51]CRO2_Pro-Mes'!#REF!","v":{"$error":"#REF!"}},{"$f":"'[51]CRO2_Pro-Mes'!NUI3","v":0},{"$f":"'[51]CRO2_Pro-Mes'!#REF!","v":{"$error":"#REF!"}},{"$f":"'[51]CRO2_Pro-Mes'!NUK3","v":0},{"$f":"'[51]CRO2_Pro-Mes'!#REF!","v":{"$error":"#REF!"}},{"$f":"'[51]CRO2_Pro-Mes'!NUM3","v":0},{"$f":"'[51]CRO2_Pro-Mes'!#REF!","v":{"$error":"#REF!"}},{"$f":"'[51]CRO2_Pro-Mes'!NUO3","v":0},{"$f":"'[51]CRO2_Pro-Mes'!#REF!","v":{"$error":"#REF!"}},{"$f":"'[51]CRO2_Pro-Mes'!NUQ3","v":0},{"$f":"'[51]CRO2_Pro-Mes'!#REF!","v":{"$error":"#REF!"}},{"$f":"'[51]CRO2_Pro-Mes'!NUS3","v":0},{"$f":"'[51]CRO2_Pro-Mes'!#REF!","v":{"$error":"#REF!"}},{"$f":"'[51]CRO2_Pro-Mes'!NUU3","v":0},{"$f":"'[51]CRO2_Pro-Mes'!#REF!","v":{"$error":"#REF!"}},{"$f":"'[51]CRO2_Pro-Mes'!NUW3","v":0},{"$f":"'[51]CRO2_Pro-Mes'!#REF!","v":{"$error":"#REF!"}},{"$f":"'[51]CRO2_Pro-Mes'!NUY3","v":0},{"$f":"'[51]CRO2_Pro-Mes'!#REF!","v":{"$error":"#REF!"}},{"$f":"'[51]CRO2_Pro-Mes'!NVA3","v":0},{"$f":"'[51]CRO2_Pro-Mes'!#REF!","v":{"$error":"#REF!"}},{"$f":"'[51]CRO2_Pro-Mes'!NVC3","v":0},{"$f":"'[51]CRO2_Pro-Mes'!#REF!","v":{"$error":"#REF!"}},{"$f":"'[51]CRO2_Pro-Mes'!NVE3","v":0},{"$f":"'[51]CRO2_Pro-Mes'!#REF!","v":{"$error":"#REF!"}},{"$f":"'[51]CRO2_Pro-Mes'!NVG3","v":0},{"$f":"'[51]CRO2_Pro-Mes'!#REF!","v":{"$error":"#REF!"}},{"$f":"'[51]CRO2_Pro-Mes'!NVI3","v":0},{"$f":"'[51]CRO2_Pro-Mes'!#REF!","v":{"$error":"#REF!"}},{"$f":"'[51]CRO2_Pro-Mes'!NVK3","v":0},{"$f":"'[51]CRO2_Pro-Mes'!#REF!","v":{"$error":"#REF!"}},{"$f":"'[51]CRO2_Pro-Mes'!NVM3","v":0},{"$f":"'[51]CRO2_Pro-Mes'!#REF!","v":{"$error":"#REF!"}},{"$f":"'[51]CRO2_Pro-Mes'!NVO3","v":0},{"$f":"'[51]CRO2_Pro-Mes'!#REF!","v":{"$error":"#REF!"}},{"$f":"'[51]CRO2_Pro-Mes'!NVQ3","v":0},{"$f":"'[51]CRO2_Pro-Mes'!#REF!","v":{"$error":"#REF!"}},{"$f":"'[51]CRO2_Pro-Mes'!NVS3","v":0},{"$f":"'[51]CRO2_Pro-Mes'!#REF!","v":{"$error":"#REF!"}},{"$f":"'[51]CRO2_Pro-Mes'!NVU3","v":0},{"$f":"'[51]CRO2_Pro-Mes'!#REF!","v":{"$error":"#REF!"}},{"$f":"'[51]CRO2_Pro-Mes'!NVW3","v":0},{"$f":"'[51]CRO2_Pro-Mes'!#REF!","v":{"$error":"#REF!"}},{"$f":"'[51]CRO2_Pro-Mes'!NVY3","v":0},{"$f":"'[51]CRO2_Pro-Mes'!#REF!","v":{"$error":"#REF!"}},{"$f":"'[51]CRO2_Pro-Mes'!NWA3","v":0},{"$f":"'[51]CRO2_Pro-Mes'!#REF!","v":{"$error":"#REF!"}},{"$f":"'[51]CRO2_Pro-Mes'!NWC3","v":0},{"$f":"'[51]CRO2_Pro-Mes'!#REF!","v":{"$error":"#REF!"}},{"$f":"'[51]CRO2_Pro-Mes'!NWE3","v":0},{"$f":"'[51]CRO2_Pro-Mes'!#REF!","v":{"$error":"#REF!"}},{"$f":"'[51]CRO2_Pro-Mes'!NWG3","v":0},{"$f":"'[51]CRO2_Pro-Mes'!#REF!","v":{"$error":"#REF!"}},{"$f":"'[51]CRO2_Pro-Mes'!NWI3","v":0},{"$f":"'[51]CRO2_Pro-Mes'!#REF!","v":{"$error":"#REF!"}},{"$f":"'[51]CRO2_Pro-Mes'!NWK3","v":0},{"$f":"'[51]CRO2_Pro-Mes'!#REF!","v":{"$error":"#REF!"}},{"$f":"'[51]CRO2_Pro-Mes'!NWM3","v":0},{"$f":"'[51]CRO2_Pro-Mes'!#REF!","v":{"$error":"#REF!"}},{"$f":"'[51]CRO2_Pro-Mes'!NWO3","v":0},{"$f":"'[51]CRO2_Pro-Mes'!#REF!","v":{"$error":"#REF!"}},{"$f":"'[51]CRO2_Pro-Mes'!NWQ3","v":0},{"$f":"'[51]CRO2_Pro-Mes'!#REF!","v":{"$error":"#REF!"}},{"$f":"'[51]CRO2_Pro-Mes'!NWS3","v":0},{"$f":"'[51]CRO2_Pro-Mes'!#REF!","v":{"$error":"#REF!"}},{"$f":"'[51]CRO2_Pro-Mes'!NWU3","v":0},{"$f":"'[51]CRO2_Pro-Mes'!#REF!","v":{"$error":"#REF!"}},{"$f":"'[51]CRO2_Pro-Mes'!NWW3","v":0},{"$f":"'[51]CRO2_Pro-Mes'!#REF!","v":{"$error":"#REF!"}},{"$f":"'[51]CRO2_Pro-Mes'!NWY3","v":0},{"$f":"'[51]CRO2_Pro-Mes'!#REF!","v":{"$error":"#REF!"}},{"$f":"'[51]CRO2_Pro-Mes'!NXA3","v":0},{"$f":"'[51]CRO2_Pro-Mes'!#REF!","v":{"$error":"#REF!"}},{"$f":"'[51]CRO2_Pro-Mes'!NXC3","v":0},{"$f":"'[51]CRO2_Pro-Mes'!#REF!","v":{"$error":"#REF!"}},{"$f":"'[51]CRO2_Pro-Mes'!NXE3","v":0},{"$f":"'[51]CRO2_Pro-Mes'!#REF!","v":{"$error":"#REF!"}},{"$f":"'[51]CRO2_Pro-Mes'!NXG3","v":0},{"$f":"'[51]CRO2_Pro-Mes'!#REF!","v":{"$error":"#REF!"}},{"$f":"'[51]CRO2_Pro-Mes'!NXI3","v":0},{"$f":"'[51]CRO2_Pro-Mes'!#REF!","v":{"$error":"#REF!"}},{"$f":"'[51]CRO2_Pro-Mes'!NXK3","v":0},{"$f":"'[51]CRO2_Pro-Mes'!#REF!","v":{"$error":"#REF!"}},{"$f":"'[51]CRO2_Pro-Mes'!NXM3","v":0},{"$f":"'[51]CRO2_Pro-Mes'!#REF!","v":{"$error":"#REF!"}},{"$f":"'[51]CRO2_Pro-Mes'!NXO3","v":0},{"$f":"'[51]CRO2_Pro-Mes'!#REF!","v":{"$error":"#REF!"}},{"$f":"'[51]CRO2_Pro-Mes'!NXQ3","v":0},{"$f":"'[51]CRO2_Pro-Mes'!#REF!","v":{"$error":"#REF!"}},{"$f":"'[51]CRO2_Pro-Mes'!NXS3","v":0},{"$f":"'[51]CRO2_Pro-Mes'!#REF!","v":{"$error":"#REF!"}},{"$f":"'[51]CRO2_Pro-Mes'!NXU3","v":0},{"$f":"'[51]CRO2_Pro-Mes'!#REF!","v":{"$error":"#REF!"}},{"$f":"'[51]CRO2_Pro-Mes'!NXW3","v":0},{"$f":"'[51]CRO2_Pro-Mes'!#REF!","v":{"$error":"#REF!"}},{"$f":"'[51]CRO2_Pro-Mes'!NXY3","v":0},{"$f":"'[51]CRO2_Pro-Mes'!#REF!","v":{"$error":"#REF!"}},{"$f":"'[51]CRO2_Pro-Mes'!NYA3","v":0},{"$f":"'[51]CRO2_Pro-Mes'!#REF!","v":{"$error":"#REF!"}},{"$f":"'[51]CRO2_Pro-Mes'!NYC3","v":0},{"$f":"'[51]CRO2_Pro-Mes'!#REF!","v":{"$error":"#REF!"}},{"$f":"'[51]CRO2_Pro-Mes'!NYE3","v":0},{"$f":"'[51]CRO2_Pro-Mes'!#REF!","v":{"$error":"#REF!"}},{"$f":"'[51]CRO2_Pro-Mes'!NYG3","v":0},{"$f":"'[51]CRO2_Pro-Mes'!#REF!","v":{"$error":"#REF!"}},{"$f":"'[51]CRO2_Pro-Mes'!NYI3","v":0},{"$f":"'[51]CRO2_Pro-Mes'!#REF!","v":{"$error":"#REF!"}},{"$f":"'[51]CRO2_Pro-Mes'!NYK3","v":0},{"$f":"'[51]CRO2_Pro-Mes'!#REF!","v":{"$error":"#REF!"}},{"$f":"'[51]CRO2_Pro-Mes'!NYM3","v":0},{"$f":"'[51]CRO2_Pro-Mes'!#REF!","v":{"$error":"#REF!"}},{"$f":"'[51]CRO2_Pro-Mes'!NYO3","v":0},{"$f":"'[51]CRO2_Pro-Mes'!#REF!","v":{"$error":"#REF!"}},{"$f":"'[51]CRO2_Pro-Mes'!NYQ3","v":0},{"$f":"'[51]CRO2_Pro-Mes'!#REF!","v":{"$error":"#REF!"}},{"$f":"'[51]CRO2_Pro-Mes'!NYS3","v":0},{"$f":"'[51]CRO2_Pro-Mes'!#REF!","v":{"$error":"#REF!"}},{"$f":"'[51]CRO2_Pro-Mes'!NYU3","v":0},{"$f":"'[51]CRO2_Pro-Mes'!#REF!","v":{"$error":"#REF!"}},{"$f":"'[51]CRO2_Pro-Mes'!NYW3","v":0},{"$f":"'[51]CRO2_Pro-Mes'!#REF!","v":{"$error":"#REF!"}},{"$f":"'[51]CRO2_Pro-Mes'!NYY3","v":0},{"$f":"'[51]CRO2_Pro-Mes'!#REF!","v":{"$error":"#REF!"}},{"$f":"'[51]CRO2_Pro-Mes'!NZA3","v":0},{"$f":"'[51]CRO2_Pro-Mes'!#REF!","v":{"$error":"#REF!"}},{"$f":"'[51]CRO2_Pro-Mes'!NZC3","v":0},{"$f":"'[51]CRO2_Pro-Mes'!#REF!","v":{"$error":"#REF!"}},{"$f":"'[51]CRO2_Pro-Mes'!NZE3","v":0},{"$f":"'[51]CRO2_Pro-Mes'!#REF!","v":{"$error":"#REF!"}},{"$f":"'[51]CRO2_Pro-Mes'!NZG3","v":0},{"$f":"'[51]CRO2_Pro-Mes'!#REF!","v":{"$error":"#REF!"}},{"$f":"'[51]CRO2_Pro-Mes'!NZI3","v":0},{"$f":"'[51]CRO2_Pro-Mes'!#REF!","v":{"$error":"#REF!"}},{"$f":"'[51]CRO2_Pro-Mes'!NZK3","v":0},{"$f":"'[51]CRO2_Pro-Mes'!#REF!","v":{"$error":"#REF!"}},{"$f":"'[51]CRO2_Pro-Mes'!NZM3","v":0},{"$f":"'[51]CRO2_Pro-Mes'!#REF!","v":{"$error":"#REF!"}},{"$f":"'[51]CRO2_Pro-Mes'!NZO3","v":0},{"$f":"'[51]CRO2_Pro-Mes'!#REF!","v":{"$error":"#REF!"}},{"$f":"'[51]CRO2_Pro-Mes'!NZQ3","v":0},{"$f":"'[51]CRO2_Pro-Mes'!#REF!","v":{"$error":"#REF!"}},{"$f":"'[51]CRO2_Pro-Mes'!NZS3","v":0},{"$f":"'[51]CRO2_Pro-Mes'!#REF!","v":{"$error":"#REF!"}},{"$f":"'[51]CRO2_Pro-Mes'!NZU3","v":0},{"$f":"'[51]CRO2_Pro-Mes'!#REF!","v":{"$error":"#REF!"}},{"$f":"'[51]CRO2_Pro-Mes'!NZW3","v":0},{"$f":"'[51]CRO2_Pro-Mes'!#REF!","v":{"$error":"#REF!"}},{"$f":"'[51]CRO2_Pro-Mes'!NZY3","v":0},{"$f":"'[51]CRO2_Pro-Mes'!#REF!","v":{"$error":"#REF!"}},{"$f":"'[51]CRO2_Pro-Mes'!OAA3","v":0},{"$f":"'[51]CRO2_Pro-Mes'!#REF!","v":{"$error":"#REF!"}},{"$f":"'[51]CRO2_Pro-Mes'!OAC3","v":0},{"$f":"'[51]CRO2_Pro-Mes'!#REF!","v":{"$error":"#REF!"}},{"$f":"'[51]CRO2_Pro-Mes'!OAE3","v":0},{"$f":"'[51]CRO2_Pro-Mes'!#REF!","v":{"$error":"#REF!"}},{"$f":"'[51]CRO2_Pro-Mes'!OAG3","v":0},{"$f":"'[51]CRO2_Pro-Mes'!#REF!","v":{"$error":"#REF!"}},{"$f":"'[51]CRO2_Pro-Mes'!OAI3","v":0},{"$f":"'[51]CRO2_Pro-Mes'!#REF!","v":{"$error":"#REF!"}},{"$f":"'[51]CRO2_Pro-Mes'!OAK3","v":0},{"$f":"'[51]CRO2_Pro-Mes'!#REF!","v":{"$error":"#REF!"}},{"$f":"'[51]CRO2_Pro-Mes'!OAM3","v":0},{"$f":"'[51]CRO2_Pro-Mes'!#REF!","v":{"$error":"#REF!"}},{"$f":"'[51]CRO2_Pro-Mes'!OAO3","v":0},{"$f":"'[51]CRO2_Pro-Mes'!#REF!","v":{"$error":"#REF!"}},{"$f":"'[51]CRO2_Pro-Mes'!OAQ3","v":0},{"$f":"'[51]CRO2_Pro-Mes'!#REF!","v":{"$error":"#REF!"}},{"$f":"'[51]CRO2_Pro-Mes'!OAS3","v":0},{"$f":"'[51]CRO2_Pro-Mes'!#REF!","v":{"$error":"#REF!"}},{"$f":"'[51]CRO2_Pro-Mes'!OAU3","v":0},{"$f":"'[51]CRO2_Pro-Mes'!#REF!","v":{"$error":"#REF!"}},{"$f":"'[51]CRO2_Pro-Mes'!OAW3","v":0},{"$f":"'[51]CRO2_Pro-Mes'!#REF!","v":{"$error":"#REF!"}},{"$f":"'[51]CRO2_Pro-Mes'!OAY3","v":0},{"$f":"'[51]CRO2_Pro-Mes'!#REF!","v":{"$error":"#REF!"}},{"$f":"'[51]CRO2_Pro-Mes'!OBA3","v":0},{"$f":"'[51]CRO2_Pro-Mes'!#REF!","v":{"$error":"#REF!"}},{"$f":"'[51]CRO2_Pro-Mes'!OBC3","v":0},{"$f":"'[51]CRO2_Pro-Mes'!#REF!","v":{"$error":"#REF!"}},{"$f":"'[51]CRO2_Pro-Mes'!OBE3","v":0},{"$f":"'[51]CRO2_Pro-Mes'!#REF!","v":{"$error":"#REF!"}},{"$f":"'[51]CRO2_Pro-Mes'!OBG3","v":0},{"$f":"'[51]CRO2_Pro-Mes'!#REF!","v":{"$error":"#REF!"}},{"$f":"'[51]CRO2_Pro-Mes'!OBI3","v":0},{"$f":"'[51]CRO2_Pro-Mes'!#REF!","v":{"$error":"#REF!"}},{"$f":"'[51]CRO2_Pro-Mes'!OBK3","v":0},{"$f":"'[51]CRO2_Pro-Mes'!#REF!","v":{"$error":"#REF!"}},{"$f":"'[51]CRO2_Pro-Mes'!OBM3","v":0},{"$f":"'[51]CRO2_Pro-Mes'!#REF!","v":{"$error":"#REF!"}},{"$f":"'[51]CRO2_Pro-Mes'!OBO3","v":0},{"$f":"'[51]CRO2_Pro-Mes'!#REF!","v":{"$error":"#REF!"}},{"$f":"'[51]CRO2_Pro-Mes'!OBQ3","v":0},{"$f":"'[51]CRO2_Pro-Mes'!#REF!","v":{"$error":"#REF!"}},{"$f":"'[51]CRO2_Pro-Mes'!OBS3","v":0},{"$f":"'[51]CRO2_Pro-Mes'!#REF!","v":{"$error":"#REF!"}},{"$f":"'[51]CRO2_Pro-Mes'!OBU3","v":0},{"$f":"'[51]CRO2_Pro-Mes'!#REF!","v":{"$error":"#REF!"}},{"$f":"'[51]CRO2_Pro-Mes'!OBW3","v":0},{"$f":"'[51]CRO2_Pro-Mes'!#REF!","v":{"$error":"#REF!"}},{"$f":"'[51]CRO2_Pro-Mes'!OBY3","v":0},{"$f":"'[51]CRO2_Pro-Mes'!#REF!","v":{"$error":"#REF!"}},{"$f":"'[51]CRO2_Pro-Mes'!OCA3","v":0},{"$f":"'[51]CRO2_Pro-Mes'!#REF!","v":{"$error":"#REF!"}},{"$f":"'[51]CRO2_Pro-Mes'!OCC3","v":0},{"$f":"'[51]CRO2_Pro-Mes'!#REF!","v":{"$error":"#REF!"}},{"$f":"'[51]CRO2_Pro-Mes'!OCE3","v":0},{"$f":"'[51]CRO2_Pro-Mes'!#REF!","v":{"$error":"#REF!"}},{"$f":"'[51]CRO2_Pro-Mes'!OCG3","v":0},{"$f":"'[51]CRO2_Pro-Mes'!#REF!","v":{"$error":"#REF!"}},{"$f":"'[51]CRO2_Pro-Mes'!OCI3","v":0},{"$f":"'[51]CRO2_Pro-Mes'!#REF!","v":{"$error":"#REF!"}},{"$f":"'[51]CRO2_Pro-Mes'!OCK3","v":0},{"$f":"'[51]CRO2_Pro-Mes'!#REF!","v":{"$error":"#REF!"}},{"$f":"'[51]CRO2_Pro-Mes'!OCM3","v":0},{"$f":"'[51]CRO2_Pro-Mes'!#REF!","v":{"$error":"#REF!"}},{"$f":"'[51]CRO2_Pro-Mes'!OCO3","v":0},{"$f":"'[51]CRO2_Pro-Mes'!#REF!","v":{"$error":"#REF!"}},{"$f":"'[51]CRO2_Pro-Mes'!OCQ3","v":0},{"$f":"'[51]CRO2_Pro-Mes'!#REF!","v":{"$error":"#REF!"}},{"$f":"'[51]CRO2_Pro-Mes'!OCS3","v":0},{"$f":"'[51]CRO2_Pro-Mes'!#REF!","v":{"$error":"#REF!"}},{"$f":"'[51]CRO2_Pro-Mes'!OCU3","v":0},{"$f":"'[51]CRO2_Pro-Mes'!#REF!","v":{"$error":"#REF!"}},{"$f":"'[51]CRO2_Pro-Mes'!OCW3","v":0},{"$f":"'[51]CRO2_Pro-Mes'!#REF!","v":{"$error":"#REF!"}},{"$f":"'[51]CRO2_Pro-Mes'!OCY3","v":0},{"$f":"'[51]CRO2_Pro-Mes'!#REF!","v":{"$error":"#REF!"}},{"$f":"'[51]CRO2_Pro-Mes'!ODA3","v":0},{"$f":"'[51]CRO2_Pro-Mes'!#REF!","v":{"$error":"#REF!"}},{"$f":"'[51]CRO2_Pro-Mes'!ODC3","v":0},{"$f":"'[51]CRO2_Pro-Mes'!#REF!","v":{"$error":"#REF!"}},{"$f":"'[51]CRO2_Pro-Mes'!ODE3","v":0},{"$f":"'[51]CRO2_Pro-Mes'!#REF!","v":{"$error":"#REF!"}},{"$f":"'[51]CRO2_Pro-Mes'!ODG3","v":0},{"$f":"'[51]CRO2_Pro-Mes'!#REF!","v":{"$error":"#REF!"}},{"$f":"'[51]CRO2_Pro-Mes'!ODI3","v":0},{"$f":"'[51]CRO2_Pro-Mes'!#REF!","v":{"$error":"#REF!"}},{"$f":"'[51]CRO2_Pro-Mes'!ODK3","v":0},{"$f":"'[51]CRO2_Pro-Mes'!#REF!","v":{"$error":"#REF!"}},{"$f":"'[51]CRO2_Pro-Mes'!ODM3","v":0},{"$f":"'[51]CRO2_Pro-Mes'!#REF!","v":{"$error":"#REF!"}},{"$f":"'[51]CRO2_Pro-Mes'!ODO3","v":0},{"$f":"'[51]CRO2_Pro-Mes'!#REF!","v":{"$error":"#REF!"}},{"$f":"'[51]CRO2_Pro-Mes'!ODQ3","v":0},{"$f":"'[51]CRO2_Pro-Mes'!#REF!","v":{"$error":"#REF!"}},{"$f":"'[51]CRO2_Pro-Mes'!ODS3","v":0},{"$f":"'[51]CRO2_Pro-Mes'!#REF!","v":{"$error":"#REF!"}},{"$f":"'[51]CRO2_Pro-Mes'!ODU3","v":0},{"$f":"'[51]CRO2_Pro-Mes'!#REF!","v":{"$error":"#REF!"}},{"$f":"'[51]CRO2_Pro-Mes'!ODW3","v":0},{"$f":"'[51]CRO2_Pro-Mes'!#REF!","v":{"$error":"#REF!"}},{"$f":"'[51]CRO2_Pro-Mes'!ODY3","v":0},{"$f":"'[51]CRO2_Pro-Mes'!#REF!","v":{"$error":"#REF!"}},{"$f":"'[51]CRO2_Pro-Mes'!OEA3","v":0},{"$f":"'[51]CRO2_Pro-Mes'!#REF!","v":{"$error":"#REF!"}},{"$f":"'[51]CRO2_Pro-Mes'!OEC3","v":0},{"$f":"'[51]CRO2_Pro-Mes'!#REF!","v":{"$error":"#REF!"}},{"$f":"'[51]CRO2_Pro-Mes'!OEE3","v":0},{"$f":"'[51]CRO2_Pro-Mes'!#REF!","v":{"$error":"#REF!"}},{"$f":"'[51]CRO2_Pro-Mes'!OEG3","v":0},{"$f":"'[51]CRO2_Pro-Mes'!#REF!","v":{"$error":"#REF!"}},{"$f":"'[51]CRO2_Pro-Mes'!OEI3","v":0},{"$f":"'[51]CRO2_Pro-Mes'!#REF!","v":{"$error":"#REF!"}},{"$f":"'[51]CRO2_Pro-Mes'!OEK3","v":0},{"$f":"'[51]CRO2_Pro-Mes'!#REF!","v":{"$error":"#REF!"}},{"$f":"'[51]CRO2_Pro-Mes'!OEM3","v":0},{"$f":"'[51]CRO2_Pro-Mes'!#REF!","v":{"$error":"#REF!"}},{"$f":"'[51]CRO2_Pro-Mes'!OEO3","v":0},{"$f":"'[51]CRO2_Pro-Mes'!#REF!","v":{"$error":"#REF!"}},{"$f":"'[51]CRO2_Pro-Mes'!OEQ3","v":0},{"$f":"'[51]CRO2_Pro-Mes'!#REF!","v":{"$error":"#REF!"}},{"$f":"'[51]CRO2_Pro-Mes'!OES3","v":0},{"$f":"'[51]CRO2_Pro-Mes'!#REF!","v":{"$error":"#REF!"}},{"$f":"'[51]CRO2_Pro-Mes'!OEU3","v":0},{"$f":"'[51]CRO2_Pro-Mes'!#REF!","v":{"$error":"#REF!"}},{"$f":"'[51]CRO2_Pro-Mes'!OEW3","v":0},{"$f":"'[51]CRO2_Pro-Mes'!#REF!","v":{"$error":"#REF!"}},{"$f":"'[51]CRO2_Pro-Mes'!OEY3","v":0},{"$f":"'[51]CRO2_Pro-Mes'!#REF!","v":{"$error":"#REF!"}},{"$f":"'[51]CRO2_Pro-Mes'!OFA3","v":0},{"$f":"'[51]CRO2_Pro-Mes'!#REF!","v":{"$error":"#REF!"}},{"$f":"'[51]CRO2_Pro-Mes'!OFC3","v":0},{"$f":"'[51]CRO2_Pro-Mes'!#REF!","v":{"$error":"#REF!"}},{"$f":"'[51]CRO2_Pro-Mes'!OFE3","v":0},{"$f":"'[51]CRO2_Pro-Mes'!#REF!","v":{"$error":"#REF!"}},{"$f":"'[51]CRO2_Pro-Mes'!OFG3","v":0},{"$f":"'[51]CRO2_Pro-Mes'!#REF!","v":{"$error":"#REF!"}},{"$f":"'[51]CRO2_Pro-Mes'!OFI3","v":0},{"$f":"'[51]CRO2_Pro-Mes'!#REF!","v":{"$error":"#REF!"}},{"$f":"'[51]CRO2_Pro-Mes'!OFK3","v":0},{"$f":"'[51]CRO2_Pro-Mes'!#REF!","v":{"$error":"#REF!"}},{"$f":"'[51]CRO2_Pro-Mes'!OFM3","v":0},{"$f":"'[51]CRO2_Pro-Mes'!#REF!","v":{"$error":"#REF!"}},{"$f":"'[51]CRO2_Pro-Mes'!OFO3","v":0},{"$f":"'[51]CRO2_Pro-Mes'!#REF!","v":{"$error":"#REF!"}},{"$f":"'[51]CRO2_Pro-Mes'!OFQ3","v":0},{"$f":"'[51]CRO2_Pro-Mes'!#REF!","v":{"$error":"#REF!"}},{"$f":"'[51]CRO2_Pro-Mes'!OFS3","v":0},{"$f":"'[51]CRO2_Pro-Mes'!#REF!","v":{"$error":"#REF!"}},{"$f":"'[51]CRO2_Pro-Mes'!OFU3","v":0},{"$f":"'[51]CRO2_Pro-Mes'!#REF!","v":{"$error":"#REF!"}},{"$f":"'[51]CRO2_Pro-Mes'!OFW3","v":0},{"$f":"'[51]CRO2_Pro-Mes'!#REF!","v":{"$error":"#REF!"}},{"$f":"'[51]CRO2_Pro-Mes'!OFY3","v":0},{"$f":"'[51]CRO2_Pro-Mes'!#REF!","v":{"$error":"#REF!"}},{"$f":"'[51]CRO2_Pro-Mes'!OGA3","v":0},{"$f":"'[51]CRO2_Pro-Mes'!#REF!","v":{"$error":"#REF!"}},{"$f":"'[51]CRO2_Pro-Mes'!OGC3","v":0},{"$f":"'[51]CRO2_Pro-Mes'!#REF!","v":{"$error":"#REF!"}},{"$f":"'[51]CRO2_Pro-Mes'!OGE3","v":0},{"$f":"'[51]CRO2_Pro-Mes'!#REF!","v":{"$error":"#REF!"}},{"$f":"'[51]CRO2_Pro-Mes'!OGG3","v":0},{"$f":"'[51]CRO2_Pro-Mes'!#REF!","v":{"$error":"#REF!"}},{"$f":"'[51]CRO2_Pro-Mes'!OGI3","v":0},{"$f":"'[51]CRO2_Pro-Mes'!#REF!","v":{"$error":"#REF!"}},{"$f":"'[51]CRO2_Pro-Mes'!OGK3","v":0},{"$f":"'[51]CRO2_Pro-Mes'!#REF!","v":{"$error":"#REF!"}},{"$f":"'[51]CRO2_Pro-Mes'!OGM3","v":0},{"$f":"'[51]CRO2_Pro-Mes'!#REF!","v":{"$error":"#REF!"}},{"$f":"'[51]CRO2_Pro-Mes'!OGO3","v":0},{"$f":"'[51]CRO2_Pro-Mes'!#REF!","v":{"$error":"#REF!"}},{"$f":"'[51]CRO2_Pro-Mes'!OGQ3","v":0},{"$f":"'[51]CRO2_Pro-Mes'!#REF!","v":{"$error":"#REF!"}},{"$f":"'[51]CRO2_Pro-Mes'!OGS3","v":0},{"$f":"'[51]CRO2_Pro-Mes'!#REF!","v":{"$error":"#REF!"}},{"$f":"'[51]CRO2_Pro-Mes'!OGU3","v":0},{"$f":"'[51]CRO2_Pro-Mes'!#REF!","v":{"$error":"#REF!"}},{"$f":"'[51]CRO2_Pro-Mes'!OGW3","v":0},{"$f":"'[51]CRO2_Pro-Mes'!#REF!","v":{"$error":"#REF!"}},{"$f":"'[51]CRO2_Pro-Mes'!OGY3","v":0},{"$f":"'[51]CRO2_Pro-Mes'!#REF!","v":{"$error":"#REF!"}},{"$f":"'[51]CRO2_Pro-Mes'!OHA3","v":0},{"$f":"'[51]CRO2_Pro-Mes'!#REF!","v":{"$error":"#REF!"}},{"$f":"'[51]CRO2_Pro-Mes'!OHC3","v":0},{"$f":"'[51]CRO2_Pro-Mes'!#REF!","v":{"$error":"#REF!"}},{"$f":"'[51]CRO2_Pro-Mes'!OHE3","v":0},{"$f":"'[51]CRO2_Pro-Mes'!#REF!","v":{"$error":"#REF!"}},{"$f":"'[51]CRO2_Pro-Mes'!OHG3","v":0},{"$f":"'[51]CRO2_Pro-Mes'!#REF!","v":{"$error":"#REF!"}},{"$f":"'[51]CRO2_Pro-Mes'!OHI3","v":0},{"$f":"'[51]CRO2_Pro-Mes'!#REF!","v":{"$error":"#REF!"}},{"$f":"'[51]CRO2_Pro-Mes'!OHK3","v":0},{"$f":"'[51]CRO2_Pro-Mes'!#REF!","v":{"$error":"#REF!"}},{"$f":"'[51]CRO2_Pro-Mes'!OHM3","v":0},{"$f":"'[51]CRO2_Pro-Mes'!#REF!","v":{"$error":"#REF!"}},{"$f":"'[51]CRO2_Pro-Mes'!OHO3","v":0},{"$f":"'[51]CRO2_Pro-Mes'!#REF!","v":{"$error":"#REF!"}},{"$f":"'[51]CRO2_Pro-Mes'!OHQ3","v":0},{"$f":"'[51]CRO2_Pro-Mes'!#REF!","v":{"$error":"#REF!"}},{"$f":"'[51]CRO2_Pro-Mes'!OHS3","v":0},{"$f":"'[51]CRO2_Pro-Mes'!#REF!","v":{"$error":"#REF!"}},{"$f":"'[51]CRO2_Pro-Mes'!OHU3","v":0},{"$f":"'[51]CRO2_Pro-Mes'!#REF!","v":{"$error":"#REF!"}},{"$f":"'[51]CRO2_Pro-Mes'!OHW3","v":0},{"$f":"'[51]CRO2_Pro-Mes'!#REF!","v":{"$error":"#REF!"}},{"$f":"'[51]CRO2_Pro-Mes'!OHY3","v":0},{"$f":"'[51]CRO2_Pro-Mes'!#REF!","v":{"$error":"#REF!"}},{"$f":"'[51]CRO2_Pro-Mes'!OIA3","v":0},{"$f":"'[51]CRO2_Pro-Mes'!#REF!","v":{"$error":"#REF!"}},{"$f":"'[51]CRO2_Pro-Mes'!OIC3","v":0},{"$f":"'[51]CRO2_Pro-Mes'!#REF!","v":{"$error":"#REF!"}},{"$f":"'[51]CRO2_Pro-Mes'!OIE3","v":0},{"$f":"'[51]CRO2_Pro-Mes'!#REF!","v":{"$error":"#REF!"}},{"$f":"'[51]CRO2_Pro-Mes'!OIG3","v":0},{"$f":"'[51]CRO2_Pro-Mes'!#REF!","v":{"$error":"#REF!"}},{"$f":"'[51]CRO2_Pro-Mes'!OII3","v":0},{"$f":"'[51]CRO2_Pro-Mes'!#REF!","v":{"$error":"#REF!"}},{"$f":"'[51]CRO2_Pro-Mes'!OIK3","v":0},{"$f":"'[51]CRO2_Pro-Mes'!#REF!","v":{"$error":"#REF!"}},{"$f":"'[51]CRO2_Pro-Mes'!OIM3","v":0},{"$f":"'[51]CRO2_Pro-Mes'!#REF!","v":{"$error":"#REF!"}},{"$f":"'[51]CRO2_Pro-Mes'!OIO3","v":0},{"$f":"'[51]CRO2_Pro-Mes'!#REF!","v":{"$error":"#REF!"}},{"$f":"'[51]CRO2_Pro-Mes'!OIQ3","v":0},{"$f":"'[51]CRO2_Pro-Mes'!#REF!","v":{"$error":"#REF!"}},{"$f":"'[51]CRO2_Pro-Mes'!OIS3","v":0},{"$f":"'[51]CRO2_Pro-Mes'!#REF!","v":{"$error":"#REF!"}},{"$f":"'[51]CRO2_Pro-Mes'!OIU3","v":0},{"$f":"'[51]CRO2_Pro-Mes'!#REF!","v":{"$error":"#REF!"}},{"$f":"'[51]CRO2_Pro-Mes'!OIW3","v":0},{"$f":"'[51]CRO2_Pro-Mes'!#REF!","v":{"$error":"#REF!"}},{"$f":"'[51]CRO2_Pro-Mes'!OIY3","v":0},{"$f":"'[51]CRO2_Pro-Mes'!#REF!","v":{"$error":"#REF!"}},{"$f":"'[51]CRO2_Pro-Mes'!OJA3","v":0},{"$f":"'[51]CRO2_Pro-Mes'!#REF!","v":{"$error":"#REF!"}},{"$f":"'[51]CRO2_Pro-Mes'!OJC3","v":0},{"$f":"'[51]CRO2_Pro-Mes'!#REF!","v":{"$error":"#REF!"}},{"$f":"'[51]CRO2_Pro-Mes'!OJE3","v":0},{"$f":"'[51]CRO2_Pro-Mes'!#REF!","v":{"$error":"#REF!"}},{"$f":"'[51]CRO2_Pro-Mes'!OJG3","v":0},{"$f":"'[51]CRO2_Pro-Mes'!#REF!","v":{"$error":"#REF!"}},{"$f":"'[51]CRO2_Pro-Mes'!OJI3","v":0},{"$f":"'[51]CRO2_Pro-Mes'!#REF!","v":{"$error":"#REF!"}},{"$f":"'[51]CRO2_Pro-Mes'!OJK3","v":0},{"$f":"'[51]CRO2_Pro-Mes'!#REF!","v":{"$error":"#REF!"}},{"$f":"'[51]CRO2_Pro-Mes'!OJM3","v":0},{"$f":"'[51]CRO2_Pro-Mes'!#REF!","v":{"$error":"#REF!"}},{"$f":"'[51]CRO2_Pro-Mes'!OJO3","v":0},{"$f":"'[51]CRO2_Pro-Mes'!#REF!","v":{"$error":"#REF!"}},{"$f":"'[51]CRO2_Pro-Mes'!OJQ3","v":0},{"$f":"'[51]CRO2_Pro-Mes'!#REF!","v":{"$error":"#REF!"}},{"$f":"'[51]CRO2_Pro-Mes'!OJS3","v":0},{"$f":"'[51]CRO2_Pro-Mes'!#REF!","v":{"$error":"#REF!"}},{"$f":"'[51]CRO2_Pro-Mes'!OJU3","v":0},{"$f":"'[51]CRO2_Pro-Mes'!#REF!","v":{"$error":"#REF!"}},{"$f":"'[51]CRO2_Pro-Mes'!OJW3","v":0},{"$f":"'[51]CRO2_Pro-Mes'!#REF!","v":{"$error":"#REF!"}},{"$f":"'[51]CRO2_Pro-Mes'!OJY3","v":0},{"$f":"'[51]CRO2_Pro-Mes'!#REF!","v":{"$error":"#REF!"}},{"$f":"'[51]CRO2_Pro-Mes'!OKA3","v":0},{"$f":"'[51]CRO2_Pro-Mes'!#REF!","v":{"$error":"#REF!"}},{"$f":"'[51]CRO2_Pro-Mes'!OKC3","v":0},{"$f":"'[51]CRO2_Pro-Mes'!#REF!","v":{"$error":"#REF!"}},{"$f":"'[51]CRO2_Pro-Mes'!OKE3","v":0},{"$f":"'[51]CRO2_Pro-Mes'!#REF!","v":{"$error":"#REF!"}},{"$f":"'[51]CRO2_Pro-Mes'!OKG3","v":0},{"$f":"'[51]CRO2_Pro-Mes'!#REF!","v":{"$error":"#REF!"}},{"$f":"'[51]CRO2_Pro-Mes'!OKI3","v":0},{"$f":"'[51]CRO2_Pro-Mes'!#REF!","v":{"$error":"#REF!"}},{"$f":"'[51]CRO2_Pro-Mes'!OKK3","v":0},{"$f":"'[51]CRO2_Pro-Mes'!#REF!","v":{"$error":"#REF!"}},{"$f":"'[51]CRO2_Pro-Mes'!OKM3","v":0},{"$f":"'[51]CRO2_Pro-Mes'!#REF!","v":{"$error":"#REF!"}},{"$f":"'[51]CRO2_Pro-Mes'!OKO3","v":0},{"$f":"'[51]CRO2_Pro-Mes'!#REF!","v":{"$error":"#REF!"}},{"$f":"'[51]CRO2_Pro-Mes'!OKQ3","v":0},{"$f":"'[51]CRO2_Pro-Mes'!#REF!","v":{"$error":"#REF!"}},{"$f":"'[51]CRO2_Pro-Mes'!OKS3","v":0},{"$f":"'[51]CRO2_Pro-Mes'!#REF!","v":{"$error":"#REF!"}},{"$f":"'[51]CRO2_Pro-Mes'!OKU3","v":0},{"$f":"'[51]CRO2_Pro-Mes'!#REF!","v":{"$error":"#REF!"}},{"$f":"'[51]CRO2_Pro-Mes'!OKW3","v":0},{"$f":"'[51]CRO2_Pro-Mes'!#REF!","v":{"$error":"#REF!"}},{"$f":"'[51]CRO2_Pro-Mes'!OKY3","v":0},{"$f":"'[51]CRO2_Pro-Mes'!#REF!","v":{"$error":"#REF!"}},{"$f":"'[51]CRO2_Pro-Mes'!OLA3","v":0},{"$f":"'[51]CRO2_Pro-Mes'!#REF!","v":{"$error":"#REF!"}},{"$f":"'[51]CRO2_Pro-Mes'!OLC3","v":0},{"$f":"'[51]CRO2_Pro-Mes'!#REF!","v":{"$error":"#REF!"}},{"$f":"'[51]CRO2_Pro-Mes'!OLE3","v":0},{"$f":"'[51]CRO2_Pro-Mes'!#REF!","v":{"$error":"#REF!"}},{"$f":"'[51]CRO2_Pro-Mes'!OLG3","v":0},{"$f":"'[51]CRO2_Pro-Mes'!#REF!","v":{"$error":"#REF!"}},{"$f":"'[51]CRO2_Pro-Mes'!OLI3","v":0},{"$f":"'[51]CRO2_Pro-Mes'!#REF!","v":{"$error":"#REF!"}},{"$f":"'[51]CRO2_Pro-Mes'!OLK3","v":0},{"$f":"'[51]CRO2_Pro-Mes'!#REF!","v":{"$error":"#REF!"}},{"$f":"'[51]CRO2_Pro-Mes'!OLM3","v":0},{"$f":"'[51]CRO2_Pro-Mes'!#REF!","v":{"$error":"#REF!"}},{"$f":"'[51]CRO2_Pro-Mes'!OLO3","v":0},{"$f":"'[51]CRO2_Pro-Mes'!#REF!","v":{"$error":"#REF!"}},{"$f":"'[51]CRO2_Pro-Mes'!OLQ3","v":0},{"$f":"'[51]CRO2_Pro-Mes'!#REF!","v":{"$error":"#REF!"}},{"$f":"'[51]CRO2_Pro-Mes'!OLS3","v":0},{"$f":"'[51]CRO2_Pro-Mes'!#REF!","v":{"$error":"#REF!"}},{"$f":"'[51]CRO2_Pro-Mes'!OLU3","v":0},{"$f":"'[51]CRO2_Pro-Mes'!#REF!","v":{"$error":"#REF!"}},{"$f":"'[51]CRO2_Pro-Mes'!OLW3","v":0},{"$f":"'[51]CRO2_Pro-Mes'!#REF!","v":{"$error":"#REF!"}},{"$f":"'[51]CRO2_Pro-Mes'!OLY3","v":0},{"$f":"'[51]CRO2_Pro-Mes'!#REF!","v":{"$error":"#REF!"}},{"$f":"'[51]CRO2_Pro-Mes'!OMA3","v":0},{"$f":"'[51]CRO2_Pro-Mes'!#REF!","v":{"$error":"#REF!"}},{"$f":"'[51]CRO2_Pro-Mes'!OMC3","v":0},{"$f":"'[51]CRO2_Pro-Mes'!#REF!","v":{"$error":"#REF!"}},{"$f":"'[51]CRO2_Pro-Mes'!OME3","v":0},{"$f":"'[51]CRO2_Pro-Mes'!#REF!","v":{"$error":"#REF!"}},{"$f":"'[51]CRO2_Pro-Mes'!OMG3","v":0},{"$f":"'[51]CRO2_Pro-Mes'!#REF!","v":{"$error":"#REF!"}},{"$f":"'[51]CRO2_Pro-Mes'!OMI3","v":0},{"$f":"'[51]CRO2_Pro-Mes'!#REF!","v":{"$error":"#REF!"}},{"$f":"'[51]CRO2_Pro-Mes'!OMK3","v":0},{"$f":"'[51]CRO2_Pro-Mes'!#REF!","v":{"$error":"#REF!"}},{"$f":"'[51]CRO2_Pro-Mes'!OMM3","v":0},{"$f":"'[51]CRO2_Pro-Mes'!#REF!","v":{"$error":"#REF!"}},{"$f":"'[51]CRO2_Pro-Mes'!OMO3","v":0},{"$f":"'[51]CRO2_Pro-Mes'!#REF!","v":{"$error":"#REF!"}},{"$f":"'[51]CRO2_Pro-Mes'!OMQ3","v":0},{"$f":"'[51]CRO2_Pro-Mes'!#REF!","v":{"$error":"#REF!"}},{"$f":"'[51]CRO2_Pro-Mes'!OMS3","v":0},{"$f":"'[51]CRO2_Pro-Mes'!#REF!","v":{"$error":"#REF!"}},{"$f":"'[51]CRO2_Pro-Mes'!OMU3","v":0},{"$f":"'[51]CRO2_Pro-Mes'!#REF!","v":{"$error":"#REF!"}},{"$f":"'[51]CRO2_Pro-Mes'!OMW3","v":0},{"$f":"'[51]CRO2_Pro-Mes'!#REF!","v":{"$error":"#REF!"}},{"$f":"'[51]CRO2_Pro-Mes'!OMY3","v":0},{"$f":"'[51]CRO2_Pro-Mes'!#REF!","v":{"$error":"#REF!"}},{"$f":"'[51]CRO2_Pro-Mes'!ONA3","v":0},{"$f":"'[51]CRO2_Pro-Mes'!#REF!","v":{"$error":"#REF!"}},{"$f":"'[51]CRO2_Pro-Mes'!ONC3","v":0},{"$f":"'[51]CRO2_Pro-Mes'!#REF!","v":{"$error":"#REF!"}},{"$f":"'[51]CRO2_Pro-Mes'!ONE3","v":0},{"$f":"'[51]CRO2_Pro-Mes'!#REF!","v":{"$error":"#REF!"}},{"$f":"'[51]CRO2_Pro-Mes'!ONG3","v":0},{"$f":"'[51]CRO2_Pro-Mes'!#REF!","v":{"$error":"#REF!"}},{"$f":"'[51]CRO2_Pro-Mes'!ONI3","v":0},{"$f":"'[51]CRO2_Pro-Mes'!#REF!","v":{"$error":"#REF!"}},{"$f":"'[51]CRO2_Pro-Mes'!ONK3","v":0},{"$f":"'[51]CRO2_Pro-Mes'!#REF!","v":{"$error":"#REF!"}},{"$f":"'[51]CRO2_Pro-Mes'!ONM3","v":0},{"$f":"'[51]CRO2_Pro-Mes'!#REF!","v":{"$error":"#REF!"}},{"$f":"'[51]CRO2_Pro-Mes'!ONO3","v":0},{"$f":"'[51]CRO2_Pro-Mes'!#REF!","v":{"$error":"#REF!"}},{"$f":"'[51]CRO2_Pro-Mes'!ONQ3","v":0},{"$f":"'[51]CRO2_Pro-Mes'!#REF!","v":{"$error":"#REF!"}},{"$f":"'[51]CRO2_Pro-Mes'!ONS3","v":0},{"$f":"'[51]CRO2_Pro-Mes'!#REF!","v":{"$error":"#REF!"}},{"$f":"'[51]CRO2_Pro-Mes'!ONU3","v":0},{"$f":"'[51]CRO2_Pro-Mes'!#REF!","v":{"$error":"#REF!"}},{"$f":"'[51]CRO2_Pro-Mes'!ONW3","v":0},{"$f":"'[51]CRO2_Pro-Mes'!#REF!","v":{"$error":"#REF!"}},{"$f":"'[51]CRO2_Pro-Mes'!ONY3","v":0},{"$f":"'[51]CRO2_Pro-Mes'!#REF!","v":{"$error":"#REF!"}},{"$f":"'[51]CRO2_Pro-Mes'!OOA3","v":0},{"$f":"'[51]CRO2_Pro-Mes'!#REF!","v":{"$error":"#REF!"}},{"$f":"'[51]CRO2_Pro-Mes'!OOC3","v":0},{"$f":"'[51]CRO2_Pro-Mes'!#REF!","v":{"$error":"#REF!"}},{"$f":"'[51]CRO2_Pro-Mes'!OOE3","v":0},{"$f":"'[51]CRO2_Pro-Mes'!#REF!","v":{"$error":"#REF!"}},{"$f":"'[51]CRO2_Pro-Mes'!OOG3","v":0},{"$f":"'[51]CRO2_Pro-Mes'!#REF!","v":{"$error":"#REF!"}},{"$f":"'[51]CRO2_Pro-Mes'!OOI3","v":0},{"$f":"'[51]CRO2_Pro-Mes'!#REF!","v":{"$error":"#REF!"}},{"$f":"'[51]CRO2_Pro-Mes'!OOK3","v":0},{"$f":"'[51]CRO2_Pro-Mes'!#REF!","v":{"$error":"#REF!"}},{"$f":"'[51]CRO2_Pro-Mes'!OOM3","v":0},{"$f":"'[51]CRO2_Pro-Mes'!#REF!","v":{"$error":"#REF!"}},{"$f":"'[51]CRO2_Pro-Mes'!OOO3","v":0},{"$f":"'[51]CRO2_Pro-Mes'!#REF!","v":{"$error":"#REF!"}},{"$f":"'[51]CRO2_Pro-Mes'!OOQ3","v":0},{"$f":"'[51]CRO2_Pro-Mes'!#REF!","v":{"$error":"#REF!"}},{"$f":"'[51]CRO2_Pro-Mes'!OOS3","v":0},{"$f":"'[51]CRO2_Pro-Mes'!#REF!","v":{"$error":"#REF!"}},{"$f":"'[51]CRO2_Pro-Mes'!OOU3","v":0},{"$f":"'[51]CRO2_Pro-Mes'!#REF!","v":{"$error":"#REF!"}},{"$f":"'[51]CRO2_Pro-Mes'!OOW3","v":0},{"$f":"'[51]CRO2_Pro-Mes'!#REF!","v":{"$error":"#REF!"}},{"$f":"'[51]CRO2_Pro-Mes'!OOY3","v":0},{"$f":"'[51]CRO2_Pro-Mes'!#REF!","v":{"$error":"#REF!"}},{"$f":"'[51]CRO2_Pro-Mes'!OPA3","v":0},{"$f":"'[51]CRO2_Pro-Mes'!#REF!","v":{"$error":"#REF!"}},{"$f":"'[51]CRO2_Pro-Mes'!OPC3","v":0},{"$f":"'[51]CRO2_Pro-Mes'!#REF!","v":{"$error":"#REF!"}},{"$f":"'[51]CRO2_Pro-Mes'!OPE3","v":0},{"$f":"'[51]CRO2_Pro-Mes'!#REF!","v":{"$error":"#REF!"}},{"$f":"'[51]CRO2_Pro-Mes'!OPG3","v":0},{"$f":"'[51]CRO2_Pro-Mes'!#REF!","v":{"$error":"#REF!"}},{"$f":"'[51]CRO2_Pro-Mes'!OPI3","v":0},{"$f":"'[51]CRO2_Pro-Mes'!#REF!","v":{"$error":"#REF!"}},{"$f":"'[51]CRO2_Pro-Mes'!OPK3","v":0},{"$f":"'[51]CRO2_Pro-Mes'!#REF!","v":{"$error":"#REF!"}},{"$f":"'[51]CRO2_Pro-Mes'!OPM3","v":0},{"$f":"'[51]CRO2_Pro-Mes'!#REF!","v":{"$error":"#REF!"}},{"$f":"'[51]CRO2_Pro-Mes'!OPO3","v":0},{"$f":"'[51]CRO2_Pro-Mes'!#REF!","v":{"$error":"#REF!"}},{"$f":"'[51]CRO2_Pro-Mes'!OPQ3","v":0},{"$f":"'[51]CRO2_Pro-Mes'!#REF!","v":{"$error":"#REF!"}},{"$f":"'[51]CRO2_Pro-Mes'!OPS3","v":0},{"$f":"'[51]CRO2_Pro-Mes'!#REF!","v":{"$error":"#REF!"}},{"$f":"'[51]CRO2_Pro-Mes'!OPU3","v":0},{"$f":"'[51]CRO2_Pro-Mes'!#REF!","v":{"$error":"#REF!"}},{"$f":"'[51]CRO2_Pro-Mes'!OPW3","v":0},{"$f":"'[51]CRO2_Pro-Mes'!#REF!","v":{"$error":"#REF!"}},{"$f":"'[51]CRO2_Pro-Mes'!OPY3","v":0},{"$f":"'[51]CRO2_Pro-Mes'!#REF!","v":{"$error":"#REF!"}},{"$f":"'[51]CRO2_Pro-Mes'!OQA3","v":0},{"$f":"'[51]CRO2_Pro-Mes'!#REF!","v":{"$error":"#REF!"}},{"$f":"'[51]CRO2_Pro-Mes'!OQC3","v":0},{"$f":"'[51]CRO2_Pro-Mes'!#REF!","v":{"$error":"#REF!"}},{"$f":"'[51]CRO2_Pro-Mes'!OQE3","v":0},{"$f":"'[51]CRO2_Pro-Mes'!#REF!","v":{"$error":"#REF!"}},{"$f":"'[51]CRO2_Pro-Mes'!OQG3","v":0},{"$f":"'[51]CRO2_Pro-Mes'!#REF!","v":{"$error":"#REF!"}},{"$f":"'[51]CRO2_Pro-Mes'!OQI3","v":0},{"$f":"'[51]CRO2_Pro-Mes'!#REF!","v":{"$error":"#REF!"}},{"$f":"'[51]CRO2_Pro-Mes'!OQK3","v":0},{"$f":"'[51]CRO2_Pro-Mes'!#REF!","v":{"$error":"#REF!"}},{"$f":"'[51]CRO2_Pro-Mes'!OQM3","v":0},{"$f":"'[51]CRO2_Pro-Mes'!#REF!","v":{"$error":"#REF!"}},{"$f":"'[51]CRO2_Pro-Mes'!OQO3","v":0},{"$f":"'[51]CRO2_Pro-Mes'!#REF!","v":{"$error":"#REF!"}},{"$f":"'[51]CRO2_Pro-Mes'!OQQ3","v":0},{"$f":"'[51]CRO2_Pro-Mes'!#REF!","v":{"$error":"#REF!"}},{"$f":"'[51]CRO2_Pro-Mes'!OQS3","v":0},{"$f":"'[51]CRO2_Pro-Mes'!#REF!","v":{"$error":"#REF!"}},{"$f":"'[51]CRO2_Pro-Mes'!OQU3","v":0},{"$f":"'[51]CRO2_Pro-Mes'!#REF!","v":{"$error":"#REF!"}},{"$f":"'[51]CRO2_Pro-Mes'!OQW3","v":0},{"$f":"'[51]CRO2_Pro-Mes'!#REF!","v":{"$error":"#REF!"}},{"$f":"'[51]CRO2_Pro-Mes'!OQY3","v":0},{"$f":"'[51]CRO2_Pro-Mes'!#REF!","v":{"$error":"#REF!"}},{"$f":"'[51]CRO2_Pro-Mes'!ORA3","v":0},{"$f":"'[51]CRO2_Pro-Mes'!#REF!","v":{"$error":"#REF!"}},{"$f":"'[51]CRO2_Pro-Mes'!ORC3","v":0},{"$f":"'[51]CRO2_Pro-Mes'!#REF!","v":{"$error":"#REF!"}},{"$f":"'[51]CRO2_Pro-Mes'!ORE3","v":0},{"$f":"'[51]CRO2_Pro-Mes'!#REF!","v":{"$error":"#REF!"}},{"$f":"'[51]CRO2_Pro-Mes'!ORG3","v":0},{"$f":"'[51]CRO2_Pro-Mes'!#REF!","v":{"$error":"#REF!"}},{"$f":"'[51]CRO2_Pro-Mes'!ORI3","v":0},{"$f":"'[51]CRO2_Pro-Mes'!#REF!","v":{"$error":"#REF!"}},{"$f":"'[51]CRO2_Pro-Mes'!ORK3","v":0},{"$f":"'[51]CRO2_Pro-Mes'!#REF!","v":{"$error":"#REF!"}},{"$f":"'[51]CRO2_Pro-Mes'!ORM3","v":0},{"$f":"'[51]CRO2_Pro-Mes'!#REF!","v":{"$error":"#REF!"}},{"$f":"'[51]CRO2_Pro-Mes'!ORO3","v":0},{"$f":"'[51]CRO2_Pro-Mes'!#REF!","v":{"$error":"#REF!"}},{"$f":"'[51]CRO2_Pro-Mes'!ORQ3","v":0},{"$f":"'[51]CRO2_Pro-Mes'!#REF!","v":{"$error":"#REF!"}},{"$f":"'[51]CRO2_Pro-Mes'!ORS3","v":0},{"$f":"'[51]CRO2_Pro-Mes'!#REF!","v":{"$error":"#REF!"}},{"$f":"'[51]CRO2_Pro-Mes'!ORU3","v":0},{"$f":"'[51]CRO2_Pro-Mes'!#REF!","v":{"$error":"#REF!"}},{"$f":"'[51]CRO2_Pro-Mes'!ORW3","v":0},{"$f":"'[51]CRO2_Pro-Mes'!#REF!","v":{"$error":"#REF!"}},{"$f":"'[51]CRO2_Pro-Mes'!ORY3","v":0},{"$f":"'[51]CRO2_Pro-Mes'!#REF!","v":{"$error":"#REF!"}},{"$f":"'[51]CRO2_Pro-Mes'!OSA3","v":0},{"$f":"'[51]CRO2_Pro-Mes'!#REF!","v":{"$error":"#REF!"}},{"$f":"'[51]CRO2_Pro-Mes'!OSC3","v":0},{"$f":"'[51]CRO2_Pro-Mes'!#REF!","v":{"$error":"#REF!"}},{"$f":"'[51]CRO2_Pro-Mes'!OSE3","v":0},{"$f":"'[51]CRO2_Pro-Mes'!#REF!","v":{"$error":"#REF!"}},{"$f":"'[51]CRO2_Pro-Mes'!OSG3","v":0},{"$f":"'[51]CRO2_Pro-Mes'!#REF!","v":{"$error":"#REF!"}},{"$f":"'[51]CRO2_Pro-Mes'!OSI3","v":0},{"$f":"'[51]CRO2_Pro-Mes'!#REF!","v":{"$error":"#REF!"}},{"$f":"'[51]CRO2_Pro-Mes'!OSK3","v":0},{"$f":"'[51]CRO2_Pro-Mes'!#REF!","v":{"$error":"#REF!"}},{"$f":"'[51]CRO2_Pro-Mes'!OSM3","v":0},{"$f":"'[51]CRO2_Pro-Mes'!#REF!","v":{"$error":"#REF!"}},{"$f":"'[51]CRO2_Pro-Mes'!OSO3","v":0},{"$f":"'[51]CRO2_Pro-Mes'!#REF!","v":{"$error":"#REF!"}},{"$f":"'[51]CRO2_Pro-Mes'!OSQ3","v":0},{"$f":"'[51]CRO2_Pro-Mes'!#REF!","v":{"$error":"#REF!"}},{"$f":"'[51]CRO2_Pro-Mes'!OSS3","v":0},{"$f":"'[51]CRO2_Pro-Mes'!#REF!","v":{"$error":"#REF!"}},{"$f":"'[51]CRO2_Pro-Mes'!OSU3","v":0},{"$f":"'[51]CRO2_Pro-Mes'!#REF!","v":{"$error":"#REF!"}},{"$f":"'[51]CRO2_Pro-Mes'!OSW3","v":0},{"$f":"'[51]CRO2_Pro-Mes'!#REF!","v":{"$error":"#REF!"}},{"$f":"'[51]CRO2_Pro-Mes'!OSY3","v":0},{"$f":"'[51]CRO2_Pro-Mes'!#REF!","v":{"$error":"#REF!"}},{"$f":"'[51]CRO2_Pro-Mes'!OTA3","v":0},{"$f":"'[51]CRO2_Pro-Mes'!#REF!","v":{"$error":"#REF!"}},{"$f":"'[51]CRO2_Pro-Mes'!OTC3","v":0},{"$f":"'[51]CRO2_Pro-Mes'!#REF!","v":{"$error":"#REF!"}},{"$f":"'[51]CRO2_Pro-Mes'!OTE3","v":0},{"$f":"'[51]CRO2_Pro-Mes'!#REF!","v":{"$error":"#REF!"}},{"$f":"'[51]CRO2_Pro-Mes'!OTG3","v":0},{"$f":"'[51]CRO2_Pro-Mes'!#REF!","v":{"$error":"#REF!"}},{"$f":"'[51]CRO2_Pro-Mes'!OTI3","v":0},{"$f":"'[51]CRO2_Pro-Mes'!#REF!","v":{"$error":"#REF!"}},{"$f":"'[51]CRO2_Pro-Mes'!OTK3","v":0},{"$f":"'[51]CRO2_Pro-Mes'!#REF!","v":{"$error":"#REF!"}},{"$f":"'[51]CRO2_Pro-Mes'!OTM3","v":0},{"$f":"'[51]CRO2_Pro-Mes'!#REF!","v":{"$error":"#REF!"}},{"$f":"'[51]CRO2_Pro-Mes'!OTO3","v":0},{"$f":"'[51]CRO2_Pro-Mes'!#REF!","v":{"$error":"#REF!"}},{"$f":"'[51]CRO2_Pro-Mes'!OTQ3","v":0},{"$f":"'[51]CRO2_Pro-Mes'!#REF!","v":{"$error":"#REF!"}},{"$f":"'[51]CRO2_Pro-Mes'!OTS3","v":0},{"$f":"'[51]CRO2_Pro-Mes'!#REF!","v":{"$error":"#REF!"}},{"$f":"'[51]CRO2_Pro-Mes'!OTU3","v":0},{"$f":"'[51]CRO2_Pro-Mes'!#REF!","v":{"$error":"#REF!"}},{"$f":"'[51]CRO2_Pro-Mes'!OTW3","v":0},{"$f":"'[51]CRO2_Pro-Mes'!#REF!","v":{"$error":"#REF!"}},{"$f":"'[51]CRO2_Pro-Mes'!OTY3","v":0},{"$f":"'[51]CRO2_Pro-Mes'!#REF!","v":{"$error":"#REF!"}},{"$f":"'[51]CRO2_Pro-Mes'!OUA3","v":0},{"$f":"'[51]CRO2_Pro-Mes'!#REF!","v":{"$error":"#REF!"}},{"$f":"'[51]CRO2_Pro-Mes'!OUC3","v":0},{"$f":"'[51]CRO2_Pro-Mes'!#REF!","v":{"$error":"#REF!"}},{"$f":"'[51]CRO2_Pro-Mes'!OUE3","v":0},{"$f":"'[51]CRO2_Pro-Mes'!#REF!","v":{"$error":"#REF!"}},{"$f":"'[51]CRO2_Pro-Mes'!OUG3","v":0},{"$f":"'[51]CRO2_Pro-Mes'!#REF!","v":{"$error":"#REF!"}},{"$f":"'[51]CRO2_Pro-Mes'!OUI3","v":0},{"$f":"'[51]CRO2_Pro-Mes'!#REF!","v":{"$error":"#REF!"}},{"$f":"'[51]CRO2_Pro-Mes'!OUK3","v":0},{"$f":"'[51]CRO2_Pro-Mes'!#REF!","v":{"$error":"#REF!"}},{"$f":"'[51]CRO2_Pro-Mes'!OUM3","v":0},{"$f":"'[51]CRO2_Pro-Mes'!#REF!","v":{"$error":"#REF!"}},{"$f":"'[51]CRO2_Pro-Mes'!OUO3","v":0},{"$f":"'[51]CRO2_Pro-Mes'!#REF!","v":{"$error":"#REF!"}},{"$f":"'[51]CRO2_Pro-Mes'!OUQ3","v":0},{"$f":"'[51]CRO2_Pro-Mes'!#REF!","v":{"$error":"#REF!"}},{"$f":"'[51]CRO2_Pro-Mes'!OUS3","v":0},{"$f":"'[51]CRO2_Pro-Mes'!#REF!","v":{"$error":"#REF!"}},{"$f":"'[51]CRO2_Pro-Mes'!OUU3","v":0},{"$f":"'[51]CRO2_Pro-Mes'!#REF!","v":{"$error":"#REF!"}},{"$f":"'[51]CRO2_Pro-Mes'!OUW3","v":0},{"$f":"'[51]CRO2_Pro-Mes'!#REF!","v":{"$error":"#REF!"}},{"$f":"'[51]CRO2_Pro-Mes'!OUY3","v":0},{"$f":"'[51]CRO2_Pro-Mes'!#REF!","v":{"$error":"#REF!"}},{"$f":"'[51]CRO2_Pro-Mes'!OVA3","v":0},{"$f":"'[51]CRO2_Pro-Mes'!#REF!","v":{"$error":"#REF!"}},{"$f":"'[51]CRO2_Pro-Mes'!OVC3","v":0},{"$f":"'[51]CRO2_Pro-Mes'!#REF!","v":{"$error":"#REF!"}},{"$f":"'[51]CRO2_Pro-Mes'!OVE3","v":0},{"$f":"'[51]CRO2_Pro-Mes'!#REF!","v":{"$error":"#REF!"}},{"$f":"'[51]CRO2_Pro-Mes'!OVG3","v":0},{"$f":"'[51]CRO2_Pro-Mes'!#REF!","v":{"$error":"#REF!"}},{"$f":"'[51]CRO2_Pro-Mes'!OVI3","v":0},{"$f":"'[51]CRO2_Pro-Mes'!#REF!","v":{"$error":"#REF!"}},{"$f":"'[51]CRO2_Pro-Mes'!OVK3","v":0},{"$f":"'[51]CRO2_Pro-Mes'!#REF!","v":{"$error":"#REF!"}},{"$f":"'[51]CRO2_Pro-Mes'!OVM3","v":0},{"$f":"'[51]CRO2_Pro-Mes'!#REF!","v":{"$error":"#REF!"}},{"$f":"'[51]CRO2_Pro-Mes'!OVO3","v":0},{"$f":"'[51]CRO2_Pro-Mes'!#REF!","v":{"$error":"#REF!"}},{"$f":"'[51]CRO2_Pro-Mes'!OVQ3","v":0},{"$f":"'[51]CRO2_Pro-Mes'!#REF!","v":{"$error":"#REF!"}},{"$f":"'[51]CRO2_Pro-Mes'!OVS3","v":0},{"$f":"'[51]CRO2_Pro-Mes'!#REF!","v":{"$error":"#REF!"}},{"$f":"'[51]CRO2_Pro-Mes'!OVU3","v":0},{"$f":"'[51]CRO2_Pro-Mes'!#REF!","v":{"$error":"#REF!"}},{"$f":"'[51]CRO2_Pro-Mes'!OVW3","v":0},{"$f":"'[51]CRO2_Pro-Mes'!#REF!","v":{"$error":"#REF!"}},{"$f":"'[51]CRO2_Pro-Mes'!OVY3","v":0},{"$f":"'[51]CRO2_Pro-Mes'!#REF!","v":{"$error":"#REF!"}},{"$f":"'[51]CRO2_Pro-Mes'!OWA3","v":0},{"$f":"'[51]CRO2_Pro-Mes'!#REF!","v":{"$error":"#REF!"}},{"$f":"'[51]CRO2_Pro-Mes'!OWC3","v":0},{"$f":"'[51]CRO2_Pro-Mes'!#REF!","v":{"$error":"#REF!"}},{"$f":"'[51]CRO2_Pro-Mes'!OWE3","v":0},{"$f":"'[51]CRO2_Pro-Mes'!#REF!","v":{"$error":"#REF!"}},{"$f":"'[51]CRO2_Pro-Mes'!OWG3","v":0},{"$f":"'[51]CRO2_Pro-Mes'!#REF!","v":{"$error":"#REF!"}},{"$f":"'[51]CRO2_Pro-Mes'!OWI3","v":0},{"$f":"'[51]CRO2_Pro-Mes'!#REF!","v":{"$error":"#REF!"}},{"$f":"'[51]CRO2_Pro-Mes'!OWK3","v":0},{"$f":"'[51]CRO2_Pro-Mes'!#REF!","v":{"$error":"#REF!"}},{"$f":"'[51]CRO2_Pro-Mes'!OWM3","v":0},{"$f":"'[51]CRO2_Pro-Mes'!#REF!","v":{"$error":"#REF!"}},{"$f":"'[51]CRO2_Pro-Mes'!OWO3","v":0},{"$f":"'[51]CRO2_Pro-Mes'!#REF!","v":{"$error":"#REF!"}},{"$f":"'[51]CRO2_Pro-Mes'!OWQ3","v":0},{"$f":"'[51]CRO2_Pro-Mes'!#REF!","v":{"$error":"#REF!"}},{"$f":"'[51]CRO2_Pro-Mes'!OWS3","v":0},{"$f":"'[51]CRO2_Pro-Mes'!#REF!","v":{"$error":"#REF!"}},{"$f":"'[51]CRO2_Pro-Mes'!OWU3","v":0},{"$f":"'[51]CRO2_Pro-Mes'!#REF!","v":{"$error":"#REF!"}},{"$f":"'[51]CRO2_Pro-Mes'!OWW3","v":0},{"$f":"'[51]CRO2_Pro-Mes'!#REF!","v":{"$error":"#REF!"}},{"$f":"'[51]CRO2_Pro-Mes'!OWY3","v":0},{"$f":"'[51]CRO2_Pro-Mes'!#REF!","v":{"$error":"#REF!"}},{"$f":"'[51]CRO2_Pro-Mes'!OXA3","v":0},{"$f":"'[51]CRO2_Pro-Mes'!#REF!","v":{"$error":"#REF!"}},{"$f":"'[51]CRO2_Pro-Mes'!OXC3","v":0},{"$f":"'[51]CRO2_Pro-Mes'!#REF!","v":{"$error":"#REF!"}},{"$f":"'[51]CRO2_Pro-Mes'!OXE3","v":0},{"$f":"'[51]CRO2_Pro-Mes'!#REF!","v":{"$error":"#REF!"}},{"$f":"'[51]CRO2_Pro-Mes'!OXG3","v":0},{"$f":"'[51]CRO2_Pro-Mes'!#REF!","v":{"$error":"#REF!"}},{"$f":"'[51]CRO2_Pro-Mes'!OXI3","v":0},{"$f":"'[51]CRO2_Pro-Mes'!#REF!","v":{"$error":"#REF!"}},{"$f":"'[51]CRO2_Pro-Mes'!OXK3","v":0},{"$f":"'[51]CRO2_Pro-Mes'!#REF!","v":{"$error":"#REF!"}},{"$f":"'[51]CRO2_Pro-Mes'!OXM3","v":0},{"$f":"'[51]CRO2_Pro-Mes'!#REF!","v":{"$error":"#REF!"}},{"$f":"'[51]CRO2_Pro-Mes'!OXO3","v":0},{"$f":"'[51]CRO2_Pro-Mes'!#REF!","v":{"$error":"#REF!"}},{"$f":"'[51]CRO2_Pro-Mes'!OXQ3","v":0},{"$f":"'[51]CRO2_Pro-Mes'!#REF!","v":{"$error":"#REF!"}},{"$f":"'[51]CRO2_Pro-Mes'!OXS3","v":0},{"$f":"'[51]CRO2_Pro-Mes'!#REF!","v":{"$error":"#REF!"}},{"$f":"'[51]CRO2_Pro-Mes'!OXU3","v":0},{"$f":"'[51]CRO2_Pro-Mes'!#REF!","v":{"$error":"#REF!"}},{"$f":"'[51]CRO2_Pro-Mes'!OXW3","v":0},{"$f":"'[51]CRO2_Pro-Mes'!#REF!","v":{"$error":"#REF!"}},{"$f":"'[51]CRO2_Pro-Mes'!OXY3","v":0},{"$f":"'[51]CRO2_Pro-Mes'!#REF!","v":{"$error":"#REF!"}},{"$f":"'[51]CRO2_Pro-Mes'!OYA3","v":0},{"$f":"'[51]CRO2_Pro-Mes'!#REF!","v":{"$error":"#REF!"}},{"$f":"'[51]CRO2_Pro-Mes'!OYC3","v":0},{"$f":"'[51]CRO2_Pro-Mes'!#REF!","v":{"$error":"#REF!"}},{"$f":"'[51]CRO2_Pro-Mes'!OYE3","v":0},{"$f":"'[51]CRO2_Pro-Mes'!#REF!","v":{"$error":"#REF!"}},{"$f":"'[51]CRO2_Pro-Mes'!OYG3","v":0},{"$f":"'[51]CRO2_Pro-Mes'!#REF!","v":{"$error":"#REF!"}},{"$f":"'[51]CRO2_Pro-Mes'!OYI3","v":0},{"$f":"'[51]CRO2_Pro-Mes'!#REF!","v":{"$error":"#REF!"}},{"$f":"'[51]CRO2_Pro-Mes'!OYK3","v":0},{"$f":"'[51]CRO2_Pro-Mes'!#REF!","v":{"$error":"#REF!"}},{"$f":"'[51]CRO2_Pro-Mes'!OYM3","v":0},{"$f":"'[51]CRO2_Pro-Mes'!#REF!","v":{"$error":"#REF!"}},{"$f":"'[51]CRO2_Pro-Mes'!OYO3","v":0},{"$f":"'[51]CRO2_Pro-Mes'!#REF!","v":{"$error":"#REF!"}},{"$f":"'[51]CRO2_Pro-Mes'!OYQ3","v":0},{"$f":"'[51]CRO2_Pro-Mes'!#REF!","v":{"$error":"#REF!"}},{"$f":"'[51]CRO2_Pro-Mes'!OYS3","v":0},{"$f":"'[51]CRO2_Pro-Mes'!#REF!","v":{"$error":"#REF!"}},{"$f":"'[51]CRO2_Pro-Mes'!OYU3","v":0},{"$f":"'[51]CRO2_Pro-Mes'!#REF!","v":{"$error":"#REF!"}},{"$f":"'[51]CRO2_Pro-Mes'!OYW3","v":0},{"$f":"'[51]CRO2_Pro-Mes'!#REF!","v":{"$error":"#REF!"}},{"$f":"'[51]CRO2_Pro-Mes'!OYY3","v":0},{"$f":"'[51]CRO2_Pro-Mes'!#REF!","v":{"$error":"#REF!"}},{"$f":"'[51]CRO2_Pro-Mes'!OZA3","v":0},{"$f":"'[51]CRO2_Pro-Mes'!#REF!","v":{"$error":"#REF!"}},{"$f":"'[51]CRO2_Pro-Mes'!OZC3","v":0},{"$f":"'[51]CRO2_Pro-Mes'!#REF!","v":{"$error":"#REF!"}},{"$f":"'[51]CRO2_Pro-Mes'!OZE3","v":0},{"$f":"'[51]CRO2_Pro-Mes'!#REF!","v":{"$error":"#REF!"}},{"$f":"'[51]CRO2_Pro-Mes'!OZG3","v":0},{"$f":"'[51]CRO2_Pro-Mes'!#REF!","v":{"$error":"#REF!"}},{"$f":"'[51]CRO2_Pro-Mes'!OZI3","v":0},{"$f":"'[51]CRO2_Pro-Mes'!#REF!","v":{"$error":"#REF!"}},{"$f":"'[51]CRO2_Pro-Mes'!OZK3","v":0},{"$f":"'[51]CRO2_Pro-Mes'!#REF!","v":{"$error":"#REF!"}},{"$f":"'[51]CRO2_Pro-Mes'!OZM3","v":0},{"$f":"'[51]CRO2_Pro-Mes'!#REF!","v":{"$error":"#REF!"}},{"$f":"'[51]CRO2_Pro-Mes'!OZO3","v":0},{"$f":"'[51]CRO2_Pro-Mes'!#REF!","v":{"$error":"#REF!"}},{"$f":"'[51]CRO2_Pro-Mes'!OZQ3","v":0},{"$f":"'[51]CRO2_Pro-Mes'!#REF!","v":{"$error":"#REF!"}},{"$f":"'[51]CRO2_Pro-Mes'!OZS3","v":0},{"$f":"'[51]CRO2_Pro-Mes'!#REF!","v":{"$error":"#REF!"}},{"$f":"'[51]CRO2_Pro-Mes'!OZU3","v":0},{"$f":"'[51]CRO2_Pro-Mes'!#REF!","v":{"$error":"#REF!"}},{"$f":"'[51]CRO2_Pro-Mes'!OZW3","v":0},{"$f":"'[51]CRO2_Pro-Mes'!#REF!","v":{"$error":"#REF!"}},{"$f":"'[51]CRO2_Pro-Mes'!OZY3","v":0},{"$f":"'[51]CRO2_Pro-Mes'!#REF!","v":{"$error":"#REF!"}},{"$f":"'[51]CRO2_Pro-Mes'!PAA3","v":0},{"$f":"'[51]CRO2_Pro-Mes'!#REF!","v":{"$error":"#REF!"}},{"$f":"'[51]CRO2_Pro-Mes'!PAC3","v":0},{"$f":"'[51]CRO2_Pro-Mes'!#REF!","v":{"$error":"#REF!"}},{"$f":"'[51]CRO2_Pro-Mes'!PAE3","v":0},{"$f":"'[51]CRO2_Pro-Mes'!#REF!","v":{"$error":"#REF!"}},{"$f":"'[51]CRO2_Pro-Mes'!PAG3","v":0},{"$f":"'[51]CRO2_Pro-Mes'!#REF!","v":{"$error":"#REF!"}},{"$f":"'[51]CRO2_Pro-Mes'!PAI3","v":0},{"$f":"'[51]CRO2_Pro-Mes'!#REF!","v":{"$error":"#REF!"}},{"$f":"'[51]CRO2_Pro-Mes'!PAK3","v":0},{"$f":"'[51]CRO2_Pro-Mes'!#REF!","v":{"$error":"#REF!"}},{"$f":"'[51]CRO2_Pro-Mes'!PAM3","v":0},{"$f":"'[51]CRO2_Pro-Mes'!#REF!","v":{"$error":"#REF!"}},{"$f":"'[51]CRO2_Pro-Mes'!PAO3","v":0},{"$f":"'[51]CRO2_Pro-Mes'!#REF!","v":{"$error":"#REF!"}},{"$f":"'[51]CRO2_Pro-Mes'!PAQ3","v":0},{"$f":"'[51]CRO2_Pro-Mes'!#REF!","v":{"$error":"#REF!"}},{"$f":"'[51]CRO2_Pro-Mes'!PAS3","v":0},{"$f":"'[51]CRO2_Pro-Mes'!#REF!","v":{"$error":"#REF!"}},{"$f":"'[51]CRO2_Pro-Mes'!PAU3","v":0},{"$f":"'[51]CRO2_Pro-Mes'!#REF!","v":{"$error":"#REF!"}},{"$f":"'[51]CRO2_Pro-Mes'!PAW3","v":0},{"$f":"'[51]CRO2_Pro-Mes'!#REF!","v":{"$error":"#REF!"}},{"$f":"'[51]CRO2_Pro-Mes'!PAY3","v":0},{"$f":"'[51]CRO2_Pro-Mes'!#REF!","v":{"$error":"#REF!"}},{"$f":"'[51]CRO2_Pro-Mes'!PBA3","v":0},{"$f":"'[51]CRO2_Pro-Mes'!#REF!","v":{"$error":"#REF!"}},{"$f":"'[51]CRO2_Pro-Mes'!PBC3","v":0},{"$f":"'[51]CRO2_Pro-Mes'!#REF!","v":{"$error":"#REF!"}},{"$f":"'[51]CRO2_Pro-Mes'!PBE3","v":0},{"$f":"'[51]CRO2_Pro-Mes'!#REF!","v":{"$error":"#REF!"}},{"$f":"'[51]CRO2_Pro-Mes'!PBG3","v":0},{"$f":"'[51]CRO2_Pro-Mes'!#REF!","v":{"$error":"#REF!"}},{"$f":"'[51]CRO2_Pro-Mes'!PBI3","v":0},{"$f":"'[51]CRO2_Pro-Mes'!#REF!","v":{"$error":"#REF!"}},{"$f":"'[51]CRO2_Pro-Mes'!PBK3","v":0},{"$f":"'[51]CRO2_Pro-Mes'!#REF!","v":{"$error":"#REF!"}},{"$f":"'[51]CRO2_Pro-Mes'!PBM3","v":0},{"$f":"'[51]CRO2_Pro-Mes'!#REF!","v":{"$error":"#REF!"}},{"$f":"'[51]CRO2_Pro-Mes'!PBO3","v":0},{"$f":"'[51]CRO2_Pro-Mes'!#REF!","v":{"$error":"#REF!"}},{"$f":"'[51]CRO2_Pro-Mes'!PBQ3","v":0},{"$f":"'[51]CRO2_Pro-Mes'!#REF!","v":{"$error":"#REF!"}},{"$f":"'[51]CRO2_Pro-Mes'!PBS3","v":0},{"$f":"'[51]CRO2_Pro-Mes'!#REF!","v":{"$error":"#REF!"}},{"$f":"'[51]CRO2_Pro-Mes'!PBU3","v":0},{"$f":"'[51]CRO2_Pro-Mes'!#REF!","v":{"$error":"#REF!"}},{"$f":"'[51]CRO2_Pro-Mes'!PBW3","v":0},{"$f":"'[51]CRO2_Pro-Mes'!#REF!","v":{"$error":"#REF!"}},{"$f":"'[51]CRO2_Pro-Mes'!PBY3","v":0},{"$f":"'[51]CRO2_Pro-Mes'!#REF!","v":{"$error":"#REF!"}},{"$f":"'[51]CRO2_Pro-Mes'!PCA3","v":0},{"$f":"'[51]CRO2_Pro-Mes'!#REF!","v":{"$error":"#REF!"}},{"$f":"'[51]CRO2_Pro-Mes'!PCC3","v":0},{"$f":"'[51]CRO2_Pro-Mes'!#REF!","v":{"$error":"#REF!"}},{"$f":"'[51]CRO2_Pro-Mes'!PCE3","v":0},{"$f":"'[51]CRO2_Pro-Mes'!#REF!","v":{"$error":"#REF!"}},{"$f":"'[51]CRO2_Pro-Mes'!PCG3","v":0},{"$f":"'[51]CRO2_Pro-Mes'!#REF!","v":{"$error":"#REF!"}},{"$f":"'[51]CRO2_Pro-Mes'!PCI3","v":0},{"$f":"'[51]CRO2_Pro-Mes'!#REF!","v":{"$error":"#REF!"}},{"$f":"'[51]CRO2_Pro-Mes'!PCK3","v":0},{"$f":"'[51]CRO2_Pro-Mes'!#REF!","v":{"$error":"#REF!"}},{"$f":"'[51]CRO2_Pro-Mes'!PCM3","v":0},{"$f":"'[51]CRO2_Pro-Mes'!#REF!","v":{"$error":"#REF!"}},{"$f":"'[51]CRO2_Pro-Mes'!PCO3","v":0},{"$f":"'[51]CRO2_Pro-Mes'!#REF!","v":{"$error":"#REF!"}},{"$f":"'[51]CRO2_Pro-Mes'!PCQ3","v":0},{"$f":"'[51]CRO2_Pro-Mes'!#REF!","v":{"$error":"#REF!"}},{"$f":"'[51]CRO2_Pro-Mes'!PCS3","v":0},{"$f":"'[51]CRO2_Pro-Mes'!#REF!","v":{"$error":"#REF!"}},{"$f":"'[51]CRO2_Pro-Mes'!PCU3","v":0},{"$f":"'[51]CRO2_Pro-Mes'!#REF!","v":{"$error":"#REF!"}},{"$f":"'[51]CRO2_Pro-Mes'!PCW3","v":0},{"$f":"'[51]CRO2_Pro-Mes'!#REF!","v":{"$error":"#REF!"}},{"$f":"'[51]CRO2_Pro-Mes'!PCY3","v":0},{"$f":"'[51]CRO2_Pro-Mes'!#REF!","v":{"$error":"#REF!"}},{"$f":"'[51]CRO2_Pro-Mes'!PDA3","v":0},{"$f":"'[51]CRO2_Pro-Mes'!#REF!","v":{"$error":"#REF!"}},{"$f":"'[51]CRO2_Pro-Mes'!PDC3","v":0},{"$f":"'[51]CRO2_Pro-Mes'!#REF!","v":{"$error":"#REF!"}},{"$f":"'[51]CRO2_Pro-Mes'!PDE3","v":0},{"$f":"'[51]CRO2_Pro-Mes'!#REF!","v":{"$error":"#REF!"}},{"$f":"'[51]CRO2_Pro-Mes'!PDG3","v":0},{"$f":"'[51]CRO2_Pro-Mes'!#REF!","v":{"$error":"#REF!"}},{"$f":"'[51]CRO2_Pro-Mes'!PDI3","v":0},{"$f":"'[51]CRO2_Pro-Mes'!#REF!","v":{"$error":"#REF!"}},{"$f":"'[51]CRO2_Pro-Mes'!PDK3","v":0},{"$f":"'[51]CRO2_Pro-Mes'!#REF!","v":{"$error":"#REF!"}},{"$f":"'[51]CRO2_Pro-Mes'!PDM3","v":0},{"$f":"'[51]CRO2_Pro-Mes'!#REF!","v":{"$error":"#REF!"}},{"$f":"'[51]CRO2_Pro-Mes'!PDO3","v":0},{"$f":"'[51]CRO2_Pro-Mes'!#REF!","v":{"$error":"#REF!"}},{"$f":"'[51]CRO2_Pro-Mes'!PDQ3","v":0},{"$f":"'[51]CRO2_Pro-Mes'!#REF!","v":{"$error":"#REF!"}},{"$f":"'[51]CRO2_Pro-Mes'!PDS3","v":0},{"$f":"'[51]CRO2_Pro-Mes'!#REF!","v":{"$error":"#REF!"}},{"$f":"'[51]CRO2_Pro-Mes'!PDU3","v":0},{"$f":"'[51]CRO2_Pro-Mes'!#REF!","v":{"$error":"#REF!"}},{"$f":"'[51]CRO2_Pro-Mes'!PDW3","v":0},{"$f":"'[51]CRO2_Pro-Mes'!#REF!","v":{"$error":"#REF!"}},{"$f":"'[51]CRO2_Pro-Mes'!PDY3","v":0},{"$f":"'[51]CRO2_Pro-Mes'!#REF!","v":{"$error":"#REF!"}},{"$f":"'[51]CRO2_Pro-Mes'!PEA3","v":0},{"$f":"'[51]CRO2_Pro-Mes'!#REF!","v":{"$error":"#REF!"}},{"$f":"'[51]CRO2_Pro-Mes'!PEC3","v":0},{"$f":"'[51]CRO2_Pro-Mes'!#REF!","v":{"$error":"#REF!"}},{"$f":"'[51]CRO2_Pro-Mes'!PEE3","v":0},{"$f":"'[51]CRO2_Pro-Mes'!#REF!","v":{"$error":"#REF!"}},{"$f":"'[51]CRO2_Pro-Mes'!PEG3","v":0},{"$f":"'[51]CRO2_Pro-Mes'!#REF!","v":{"$error":"#REF!"}},{"$f":"'[51]CRO2_Pro-Mes'!PEI3","v":0},{"$f":"'[51]CRO2_Pro-Mes'!#REF!","v":{"$error":"#REF!"}},{"$f":"'[51]CRO2_Pro-Mes'!PEK3","v":0},{"$f":"'[51]CRO2_Pro-Mes'!#REF!","v":{"$error":"#REF!"}},{"$f":"'[51]CRO2_Pro-Mes'!PEM3","v":0},{"$f":"'[51]CRO2_Pro-Mes'!#REF!","v":{"$error":"#REF!"}},{"$f":"'[51]CRO2_Pro-Mes'!PEO3","v":0},{"$f":"'[51]CRO2_Pro-Mes'!#REF!","v":{"$error":"#REF!"}},{"$f":"'[51]CRO2_Pro-Mes'!PEQ3","v":0},{"$f":"'[51]CRO2_Pro-Mes'!#REF!","v":{"$error":"#REF!"}},{"$f":"'[51]CRO2_Pro-Mes'!PES3","v":0},{"$f":"'[51]CRO2_Pro-Mes'!#REF!","v":{"$error":"#REF!"}},{"$f":"'[51]CRO2_Pro-Mes'!PEU3","v":0},{"$f":"'[51]CRO2_Pro-Mes'!#REF!","v":{"$error":"#REF!"}},{"$f":"'[51]CRO2_Pro-Mes'!PEW3","v":0},{"$f":"'[51]CRO2_Pro-Mes'!#REF!","v":{"$error":"#REF!"}},{"$f":"'[51]CRO2_Pro-Mes'!PEY3","v":0},{"$f":"'[51]CRO2_Pro-Mes'!#REF!","v":{"$error":"#REF!"}},{"$f":"'[51]CRO2_Pro-Mes'!PFA3","v":0},{"$f":"'[51]CRO2_Pro-Mes'!#REF!","v":{"$error":"#REF!"}},{"$f":"'[51]CRO2_Pro-Mes'!PFC3","v":0},{"$f":"'[51]CRO2_Pro-Mes'!#REF!","v":{"$error":"#REF!"}},{"$f":"'[51]CRO2_Pro-Mes'!PFE3","v":0},{"$f":"'[51]CRO2_Pro-Mes'!#REF!","v":{"$error":"#REF!"}},{"$f":"'[51]CRO2_Pro-Mes'!PFG3","v":0},{"$f":"'[51]CRO2_Pro-Mes'!#REF!","v":{"$error":"#REF!"}},{"$f":"'[51]CRO2_Pro-Mes'!PFI3","v":0},{"$f":"'[51]CRO2_Pro-Mes'!#REF!","v":{"$error":"#REF!"}},{"$f":"'[51]CRO2_Pro-Mes'!PFK3","v":0},{"$f":"'[51]CRO2_Pro-Mes'!#REF!","v":{"$error":"#REF!"}},{"$f":"'[51]CRO2_Pro-Mes'!PFM3","v":0},{"$f":"'[51]CRO2_Pro-Mes'!#REF!","v":{"$error":"#REF!"}},{"$f":"'[51]CRO2_Pro-Mes'!PFO3","v":0},{"$f":"'[51]CRO2_Pro-Mes'!#REF!","v":{"$error":"#REF!"}},{"$f":"'[51]CRO2_Pro-Mes'!PFQ3","v":0},{"$f":"'[51]CRO2_Pro-Mes'!#REF!","v":{"$error":"#REF!"}},{"$f":"'[51]CRO2_Pro-Mes'!PFS3","v":0},{"$f":"'[51]CRO2_Pro-Mes'!#REF!","v":{"$error":"#REF!"}},{"$f":"'[51]CRO2_Pro-Mes'!PFU3","v":0},{"$f":"'[51]CRO2_Pro-Mes'!#REF!","v":{"$error":"#REF!"}},{"$f":"'[51]CRO2_Pro-Mes'!PFW3","v":0},{"$f":"'[51]CRO2_Pro-Mes'!#REF!","v":{"$error":"#REF!"}},{"$f":"'[51]CRO2_Pro-Mes'!PFY3","v":0},{"$f":"'[51]CRO2_Pro-Mes'!#REF!","v":{"$error":"#REF!"}},{"$f":"'[51]CRO2_Pro-Mes'!PGA3","v":0},{"$f":"'[51]CRO2_Pro-Mes'!#REF!","v":{"$error":"#REF!"}},{"$f":"'[51]CRO2_Pro-Mes'!PGC3","v":0},{"$f":"'[51]CRO2_Pro-Mes'!#REF!","v":{"$error":"#REF!"}},{"$f":"'[51]CRO2_Pro-Mes'!PGE3","v":0},{"$f":"'[51]CRO2_Pro-Mes'!#REF!","v":{"$error":"#REF!"}},{"$f":"'[51]CRO2_Pro-Mes'!PGG3","v":0},{"$f":"'[51]CRO2_Pro-Mes'!#REF!","v":{"$error":"#REF!"}},{"$f":"'[51]CRO2_Pro-Mes'!PGI3","v":0},{"$f":"'[51]CRO2_Pro-Mes'!#REF!","v":{"$error":"#REF!"}},{"$f":"'[51]CRO2_Pro-Mes'!PGK3","v":0},{"$f":"'[51]CRO2_Pro-Mes'!#REF!","v":{"$error":"#REF!"}},{"$f":"'[51]CRO2_Pro-Mes'!PGM3","v":0},{"$f":"'[51]CRO2_Pro-Mes'!#REF!","v":{"$error":"#REF!"}},{"$f":"'[51]CRO2_Pro-Mes'!PGO3","v":0},{"$f":"'[51]CRO2_Pro-Mes'!#REF!","v":{"$error":"#REF!"}},{"$f":"'[51]CRO2_Pro-Mes'!PGQ3","v":0},{"$f":"'[51]CRO2_Pro-Mes'!#REF!","v":{"$error":"#REF!"}},{"$f":"'[51]CRO2_Pro-Mes'!PGS3","v":0},{"$f":"'[51]CRO2_Pro-Mes'!#REF!","v":{"$error":"#REF!"}},{"$f":"'[51]CRO2_Pro-Mes'!PGU3","v":0},{"$f":"'[51]CRO2_Pro-Mes'!#REF!","v":{"$error":"#REF!"}},{"$f":"'[51]CRO2_Pro-Mes'!PGW3","v":0},{"$f":"'[51]CRO2_Pro-Mes'!#REF!","v":{"$error":"#REF!"}},{"$f":"'[51]CRO2_Pro-Mes'!PGY3","v":0},{"$f":"'[51]CRO2_Pro-Mes'!#REF!","v":{"$error":"#REF!"}},{"$f":"'[51]CRO2_Pro-Mes'!PHA3","v":0},{"$f":"'[51]CRO2_Pro-Mes'!#REF!","v":{"$error":"#REF!"}},{"$f":"'[51]CRO2_Pro-Mes'!PHC3","v":0},{"$f":"'[51]CRO2_Pro-Mes'!#REF!","v":{"$error":"#REF!"}},{"$f":"'[51]CRO2_Pro-Mes'!PHE3","v":0},{"$f":"'[51]CRO2_Pro-Mes'!#REF!","v":{"$error":"#REF!"}},{"$f":"'[51]CRO2_Pro-Mes'!PHG3","v":0},{"$f":"'[51]CRO2_Pro-Mes'!#REF!","v":{"$error":"#REF!"}},{"$f":"'[51]CRO2_Pro-Mes'!PHI3","v":0},{"$f":"'[51]CRO2_Pro-Mes'!#REF!","v":{"$error":"#REF!"}},{"$f":"'[51]CRO2_Pro-Mes'!PHK3","v":0},{"$f":"'[51]CRO2_Pro-Mes'!#REF!","v":{"$error":"#REF!"}},{"$f":"'[51]CRO2_Pro-Mes'!PHM3","v":0},{"$f":"'[51]CRO2_Pro-Mes'!#REF!","v":{"$error":"#REF!"}},{"$f":"'[51]CRO2_Pro-Mes'!PHO3","v":0},{"$f":"'[51]CRO2_Pro-Mes'!#REF!","v":{"$error":"#REF!"}},{"$f":"'[51]CRO2_Pro-Mes'!PHQ3","v":0},{"$f":"'[51]CRO2_Pro-Mes'!#REF!","v":{"$error":"#REF!"}},{"$f":"'[51]CRO2_Pro-Mes'!PHS3","v":0},{"$f":"'[51]CRO2_Pro-Mes'!#REF!","v":{"$error":"#REF!"}},{"$f":"'[51]CRO2_Pro-Mes'!PHU3","v":0},{"$f":"'[51]CRO2_Pro-Mes'!#REF!","v":{"$error":"#REF!"}},{"$f":"'[51]CRO2_Pro-Mes'!PHW3","v":0},{"$f":"'[51]CRO2_Pro-Mes'!#REF!","v":{"$error":"#REF!"}},{"$f":"'[51]CRO2_Pro-Mes'!PHY3","v":0},{"$f":"'[51]CRO2_Pro-Mes'!#REF!","v":{"$error":"#REF!"}},{"$f":"'[51]CRO2_Pro-Mes'!PIA3","v":0},{"$f":"'[51]CRO2_Pro-Mes'!#REF!","v":{"$error":"#REF!"}},{"$f":"'[51]CRO2_Pro-Mes'!PIC3","v":0},{"$f":"'[51]CRO2_Pro-Mes'!#REF!","v":{"$error":"#REF!"}},{"$f":"'[51]CRO2_Pro-Mes'!PIE3","v":0},{"$f":"'[51]CRO2_Pro-Mes'!#REF!","v":{"$error":"#REF!"}},{"$f":"'[51]CRO2_Pro-Mes'!PIG3","v":0},{"$f":"'[51]CRO2_Pro-Mes'!#REF!","v":{"$error":"#REF!"}},{"$f":"'[51]CRO2_Pro-Mes'!PII3","v":0},{"$f":"'[51]CRO2_Pro-Mes'!#REF!","v":{"$error":"#REF!"}},{"$f":"'[51]CRO2_Pro-Mes'!PIK3","v":0},{"$f":"'[51]CRO2_Pro-Mes'!#REF!","v":{"$error":"#REF!"}},{"$f":"'[51]CRO2_Pro-Mes'!PIM3","v":0},{"$f":"'[51]CRO2_Pro-Mes'!#REF!","v":{"$error":"#REF!"}},{"$f":"'[51]CRO2_Pro-Mes'!PIO3","v":0},{"$f":"'[51]CRO2_Pro-Mes'!#REF!","v":{"$error":"#REF!"}},{"$f":"'[51]CRO2_Pro-Mes'!PIQ3","v":0},{"$f":"'[51]CRO2_Pro-Mes'!#REF!","v":{"$error":"#REF!"}},{"$f":"'[51]CRO2_Pro-Mes'!PIS3","v":0},{"$f":"'[51]CRO2_Pro-Mes'!#REF!","v":{"$error":"#REF!"}},{"$f":"'[51]CRO2_Pro-Mes'!PIU3","v":0},{"$f":"'[51]CRO2_Pro-Mes'!#REF!","v":{"$error":"#REF!"}},{"$f":"'[51]CRO2_Pro-Mes'!PIW3","v":0},{"$f":"'[51]CRO2_Pro-Mes'!#REF!","v":{"$error":"#REF!"}},{"$f":"'[51]CRO2_Pro-Mes'!PIY3","v":0},{"$f":"'[51]CRO2_Pro-Mes'!#REF!","v":{"$error":"#REF!"}},{"$f":"'[51]CRO2_Pro-Mes'!PJA3","v":0},{"$f":"'[51]CRO2_Pro-Mes'!#REF!","v":{"$error":"#REF!"}},{"$f":"'[51]CRO2_Pro-Mes'!PJC3","v":0},{"$f":"'[51]CRO2_Pro-Mes'!#REF!","v":{"$error":"#REF!"}},{"$f":"'[51]CRO2_Pro-Mes'!PJE3","v":0},{"$f":"'[51]CRO2_Pro-Mes'!#REF!","v":{"$error":"#REF!"}},{"$f":"'[51]CRO2_Pro-Mes'!PJG3","v":0},{"$f":"'[51]CRO2_Pro-Mes'!#REF!","v":{"$error":"#REF!"}},{"$f":"'[51]CRO2_Pro-Mes'!PJI3","v":0},{"$f":"'[51]CRO2_Pro-Mes'!#REF!","v":{"$error":"#REF!"}},{"$f":"'[51]CRO2_Pro-Mes'!PJK3","v":0},{"$f":"'[51]CRO2_Pro-Mes'!#REF!","v":{"$error":"#REF!"}},{"$f":"'[51]CRO2_Pro-Mes'!PJM3","v":0},{"$f":"'[51]CRO2_Pro-Mes'!#REF!","v":{"$error":"#REF!"}},{"$f":"'[51]CRO2_Pro-Mes'!PJO3","v":0},{"$f":"'[51]CRO2_Pro-Mes'!#REF!","v":{"$error":"#REF!"}},{"$f":"'[51]CRO2_Pro-Mes'!PJQ3","v":0},{"$f":"'[51]CRO2_Pro-Mes'!#REF!","v":{"$error":"#REF!"}},{"$f":"'[51]CRO2_Pro-Mes'!PJS3","v":0},{"$f":"'[51]CRO2_Pro-Mes'!#REF!","v":{"$error":"#REF!"}},{"$f":"'[51]CRO2_Pro-Mes'!PJU3","v":0},{"$f":"'[51]CRO2_Pro-Mes'!#REF!","v":{"$error":"#REF!"}},{"$f":"'[51]CRO2_Pro-Mes'!PJW3","v":0},{"$f":"'[51]CRO2_Pro-Mes'!#REF!","v":{"$error":"#REF!"}},{"$f":"'[51]CRO2_Pro-Mes'!PJY3","v":0},{"$f":"'[51]CRO2_Pro-Mes'!#REF!","v":{"$error":"#REF!"}},{"$f":"'[51]CRO2_Pro-Mes'!PKA3","v":0},{"$f":"'[51]CRO2_Pro-Mes'!#REF!","v":{"$error":"#REF!"}},{"$f":"'[51]CRO2_Pro-Mes'!PKC3","v":0},{"$f":"'[51]CRO2_Pro-Mes'!#REF!","v":{"$error":"#REF!"}},{"$f":"'[51]CRO2_Pro-Mes'!PKE3","v":0},{"$f":"'[51]CRO2_Pro-Mes'!#REF!","v":{"$error":"#REF!"}},{"$f":"'[51]CRO2_Pro-Mes'!PKG3","v":0},{"$f":"'[51]CRO2_Pro-Mes'!#REF!","v":{"$error":"#REF!"}},{"$f":"'[51]CRO2_Pro-Mes'!PKI3","v":0},{"$f":"'[51]CRO2_Pro-Mes'!#REF!","v":{"$error":"#REF!"}},{"$f":"'[51]CRO2_Pro-Mes'!PKK3","v":0},{"$f":"'[51]CRO2_Pro-Mes'!#REF!","v":{"$error":"#REF!"}},{"$f":"'[51]CRO2_Pro-Mes'!PKM3","v":0},{"$f":"'[51]CRO2_Pro-Mes'!#REF!","v":{"$error":"#REF!"}},{"$f":"'[51]CRO2_Pro-Mes'!PKO3","v":0},{"$f":"'[51]CRO2_Pro-Mes'!#REF!","v":{"$error":"#REF!"}},{"$f":"'[51]CRO2_Pro-Mes'!PKQ3","v":0},{"$f":"'[51]CRO2_Pro-Mes'!#REF!","v":{"$error":"#REF!"}},{"$f":"'[51]CRO2_Pro-Mes'!PKS3","v":0},{"$f":"'[51]CRO2_Pro-Mes'!#REF!","v":{"$error":"#REF!"}},{"$f":"'[51]CRO2_Pro-Mes'!PKU3","v":0},{"$f":"'[51]CRO2_Pro-Mes'!#REF!","v":{"$error":"#REF!"}},{"$f":"'[51]CRO2_Pro-Mes'!PKW3","v":0},{"$f":"'[51]CRO2_Pro-Mes'!#REF!","v":{"$error":"#REF!"}},{"$f":"'[51]CRO2_Pro-Mes'!PKY3","v":0},{"$f":"'[51]CRO2_Pro-Mes'!#REF!","v":{"$error":"#REF!"}},{"$f":"'[51]CRO2_Pro-Mes'!PLA3","v":0},{"$f":"'[51]CRO2_Pro-Mes'!#REF!","v":{"$error":"#REF!"}},{"$f":"'[51]CRO2_Pro-Mes'!PLC3","v":0},{"$f":"'[51]CRO2_Pro-Mes'!#REF!","v":{"$error":"#REF!"}},{"$f":"'[51]CRO2_Pro-Mes'!PLE3","v":0},{"$f":"'[51]CRO2_Pro-Mes'!#REF!","v":{"$error":"#REF!"}},{"$f":"'[51]CRO2_Pro-Mes'!PLG3","v":0},{"$f":"'[51]CRO2_Pro-Mes'!#REF!","v":{"$error":"#REF!"}},{"$f":"'[51]CRO2_Pro-Mes'!PLI3","v":0},{"$f":"'[51]CRO2_Pro-Mes'!#REF!","v":{"$error":"#REF!"}},{"$f":"'[51]CRO2_Pro-Mes'!PLK3","v":0},{"$f":"'[51]CRO2_Pro-Mes'!#REF!","v":{"$error":"#REF!"}},{"$f":"'[51]CRO2_Pro-Mes'!PLM3","v":0},{"$f":"'[51]CRO2_Pro-Mes'!#REF!","v":{"$error":"#REF!"}},{"$f":"'[51]CRO2_Pro-Mes'!PLO3","v":0},{"$f":"'[51]CRO2_Pro-Mes'!#REF!","v":{"$error":"#REF!"}},{"$f":"'[51]CRO2_Pro-Mes'!PLQ3","v":0},{"$f":"'[51]CRO2_Pro-Mes'!#REF!","v":{"$error":"#REF!"}},{"$f":"'[51]CRO2_Pro-Mes'!PLS3","v":0},{"$f":"'[51]CRO2_Pro-Mes'!#REF!","v":{"$error":"#REF!"}},{"$f":"'[51]CRO2_Pro-Mes'!PLU3","v":0},{"$f":"'[51]CRO2_Pro-Mes'!#REF!","v":{"$error":"#REF!"}},{"$f":"'[51]CRO2_Pro-Mes'!PLW3","v":0},{"$f":"'[51]CRO2_Pro-Mes'!#REF!","v":{"$error":"#REF!"}},{"$f":"'[51]CRO2_Pro-Mes'!PLY3","v":0},{"$f":"'[51]CRO2_Pro-Mes'!#REF!","v":{"$error":"#REF!"}},{"$f":"'[51]CRO2_Pro-Mes'!PMA3","v":0},{"$f":"'[51]CRO2_Pro-Mes'!#REF!","v":{"$error":"#REF!"}},{"$f":"'[51]CRO2_Pro-Mes'!PMC3","v":0},{"$f":"'[51]CRO2_Pro-Mes'!#REF!","v":{"$error":"#REF!"}},{"$f":"'[51]CRO2_Pro-Mes'!PME3","v":0},{"$f":"'[51]CRO2_Pro-Mes'!#REF!","v":{"$error":"#REF!"}},{"$f":"'[51]CRO2_Pro-Mes'!PMG3","v":0},{"$f":"'[51]CRO2_Pro-Mes'!#REF!","v":{"$error":"#REF!"}},{"$f":"'[51]CRO2_Pro-Mes'!PMI3","v":0},{"$f":"'[51]CRO2_Pro-Mes'!#REF!","v":{"$error":"#REF!"}},{"$f":"'[51]CRO2_Pro-Mes'!PMK3","v":0},{"$f":"'[51]CRO2_Pro-Mes'!#REF!","v":{"$error":"#REF!"}},{"$f":"'[51]CRO2_Pro-Mes'!PMM3","v":0},{"$f":"'[51]CRO2_Pro-Mes'!#REF!","v":{"$error":"#REF!"}},{"$f":"'[51]CRO2_Pro-Mes'!PMO3","v":0},{"$f":"'[51]CRO2_Pro-Mes'!#REF!","v":{"$error":"#REF!"}},{"$f":"'[51]CRO2_Pro-Mes'!PMQ3","v":0},{"$f":"'[51]CRO2_Pro-Mes'!#REF!","v":{"$error":"#REF!"}},{"$f":"'[51]CRO2_Pro-Mes'!PMS3","v":0},{"$f":"'[51]CRO2_Pro-Mes'!#REF!","v":{"$error":"#REF!"}},{"$f":"'[51]CRO2_Pro-Mes'!PMU3","v":0},{"$f":"'[51]CRO2_Pro-Mes'!#REF!","v":{"$error":"#REF!"}},{"$f":"'[51]CRO2_Pro-Mes'!PMW3","v":0},{"$f":"'[51]CRO2_Pro-Mes'!#REF!","v":{"$error":"#REF!"}},{"$f":"'[51]CRO2_Pro-Mes'!PMY3","v":0},{"$f":"'[51]CRO2_Pro-Mes'!#REF!","v":{"$error":"#REF!"}},{"$f":"'[51]CRO2_Pro-Mes'!PNA3","v":0},{"$f":"'[51]CRO2_Pro-Mes'!#REF!","v":{"$error":"#REF!"}},{"$f":"'[51]CRO2_Pro-Mes'!PNC3","v":0},{"$f":"'[51]CRO2_Pro-Mes'!#REF!","v":{"$error":"#REF!"}},{"$f":"'[51]CRO2_Pro-Mes'!PNE3","v":0},{"$f":"'[51]CRO2_Pro-Mes'!#REF!","v":{"$error":"#REF!"}},{"$f":"'[51]CRO2_Pro-Mes'!PNG3","v":0},{"$f":"'[51]CRO2_Pro-Mes'!#REF!","v":{"$error":"#REF!"}},{"$f":"'[51]CRO2_Pro-Mes'!PNI3","v":0},{"$f":"'[51]CRO2_Pro-Mes'!#REF!","v":{"$error":"#REF!"}},{"$f":"'[51]CRO2_Pro-Mes'!PNK3","v":0},{"$f":"'[51]CRO2_Pro-Mes'!#REF!","v":{"$error":"#REF!"}},{"$f":"'[51]CRO2_Pro-Mes'!PNM3","v":0},{"$f":"'[51]CRO2_Pro-Mes'!#REF!","v":{"$error":"#REF!"}},{"$f":"'[51]CRO2_Pro-Mes'!PNO3","v":0},{"$f":"'[51]CRO2_Pro-Mes'!#REF!","v":{"$error":"#REF!"}},{"$f":"'[51]CRO2_Pro-Mes'!PNQ3","v":0},{"$f":"'[51]CRO2_Pro-Mes'!#REF!","v":{"$error":"#REF!"}},{"$f":"'[51]CRO2_Pro-Mes'!PNS3","v":0},{"$f":"'[51]CRO2_Pro-Mes'!#REF!","v":{"$error":"#REF!"}},{"$f":"'[51]CRO2_Pro-Mes'!PNU3","v":0},{"$f":"'[51]CRO2_Pro-Mes'!#REF!","v":{"$error":"#REF!"}},{"$f":"'[51]CRO2_Pro-Mes'!PNW3","v":0},{"$f":"'[51]CRO2_Pro-Mes'!#REF!","v":{"$error":"#REF!"}},{"$f":"'[51]CRO2_Pro-Mes'!PNY3","v":0},{"$f":"'[51]CRO2_Pro-Mes'!#REF!","v":{"$error":"#REF!"}},{"$f":"'[51]CRO2_Pro-Mes'!POA3","v":0},{"$f":"'[51]CRO2_Pro-Mes'!#REF!","v":{"$error":"#REF!"}},{"$f":"'[51]CRO2_Pro-Mes'!POC3","v":0},{"$f":"'[51]CRO2_Pro-Mes'!#REF!","v":{"$error":"#REF!"}},{"$f":"'[51]CRO2_Pro-Mes'!POE3","v":0},{"$f":"'[51]CRO2_Pro-Mes'!#REF!","v":{"$error":"#REF!"}},{"$f":"'[51]CRO2_Pro-Mes'!POG3","v":0},{"$f":"'[51]CRO2_Pro-Mes'!#REF!","v":{"$error":"#REF!"}},{"$f":"'[51]CRO2_Pro-Mes'!POI3","v":0},{"$f":"'[51]CRO2_Pro-Mes'!#REF!","v":{"$error":"#REF!"}},{"$f":"'[51]CRO2_Pro-Mes'!POK3","v":0},{"$f":"'[51]CRO2_Pro-Mes'!#REF!","v":{"$error":"#REF!"}},{"$f":"'[51]CRO2_Pro-Mes'!POM3","v":0},{"$f":"'[51]CRO2_Pro-Mes'!#REF!","v":{"$error":"#REF!"}},{"$f":"'[51]CRO2_Pro-Mes'!POO3","v":0},{"$f":"'[51]CRO2_Pro-Mes'!#REF!","v":{"$error":"#REF!"}},{"$f":"'[51]CRO2_Pro-Mes'!POQ3","v":0},{"$f":"'[51]CRO2_Pro-Mes'!#REF!","v":{"$error":"#REF!"}},{"$f":"'[51]CRO2_Pro-Mes'!POS3","v":0},{"$f":"'[51]CRO2_Pro-Mes'!#REF!","v":{"$error":"#REF!"}},{"$f":"'[51]CRO2_Pro-Mes'!POU3","v":0},{"$f":"'[51]CRO2_Pro-Mes'!#REF!","v":{"$error":"#REF!"}},{"$f":"'[51]CRO2_Pro-Mes'!POW3","v":0},{"$f":"'[51]CRO2_Pro-Mes'!#REF!","v":{"$error":"#REF!"}},{"$f":"'[51]CRO2_Pro-Mes'!POY3","v":0},{"$f":"'[51]CRO2_Pro-Mes'!#REF!","v":{"$error":"#REF!"}},{"$f":"'[51]CRO2_Pro-Mes'!PPA3","v":0},{"$f":"'[51]CRO2_Pro-Mes'!#REF!","v":{"$error":"#REF!"}},{"$f":"'[51]CRO2_Pro-Mes'!PPC3","v":0},{"$f":"'[51]CRO2_Pro-Mes'!#REF!","v":{"$error":"#REF!"}},{"$f":"'[51]CRO2_Pro-Mes'!PPE3","v":0},{"$f":"'[51]CRO2_Pro-Mes'!#REF!","v":{"$error":"#REF!"}},{"$f":"'[51]CRO2_Pro-Mes'!PPG3","v":0},{"$f":"'[51]CRO2_Pro-Mes'!#REF!","v":{"$error":"#REF!"}},{"$f":"'[51]CRO2_Pro-Mes'!PPI3","v":0},{"$f":"'[51]CRO2_Pro-Mes'!#REF!","v":{"$error":"#REF!"}},{"$f":"'[51]CRO2_Pro-Mes'!PPK3","v":0},{"$f":"'[51]CRO2_Pro-Mes'!#REF!","v":{"$error":"#REF!"}},{"$f":"'[51]CRO2_Pro-Mes'!PPM3","v":0},{"$f":"'[51]CRO2_Pro-Mes'!#REF!","v":{"$error":"#REF!"}},{"$f":"'[51]CRO2_Pro-Mes'!PPO3","v":0},{"$f":"'[51]CRO2_Pro-Mes'!#REF!","v":{"$error":"#REF!"}},{"$f":"'[51]CRO2_Pro-Mes'!PPQ3","v":0},{"$f":"'[51]CRO2_Pro-Mes'!#REF!","v":{"$error":"#REF!"}},{"$f":"'[51]CRO2_Pro-Mes'!PPS3","v":0},{"$f":"'[51]CRO2_Pro-Mes'!#REF!","v":{"$error":"#REF!"}},{"$f":"'[51]CRO2_Pro-Mes'!PPU3","v":0},{"$f":"'[51]CRO2_Pro-Mes'!#REF!","v":{"$error":"#REF!"}},{"$f":"'[51]CRO2_Pro-Mes'!PPW3","v":0},{"$f":"'[51]CRO2_Pro-Mes'!#REF!","v":{"$error":"#REF!"}},{"$f":"'[51]CRO2_Pro-Mes'!PPY3","v":0},{"$f":"'[51]CRO2_Pro-Mes'!#REF!","v":{"$error":"#REF!"}},{"$f":"'[51]CRO2_Pro-Mes'!PQA3","v":0},{"$f":"'[51]CRO2_Pro-Mes'!#REF!","v":{"$error":"#REF!"}},{"$f":"'[51]CRO2_Pro-Mes'!PQC3","v":0},{"$f":"'[51]CRO2_Pro-Mes'!#REF!","v":{"$error":"#REF!"}},{"$f":"'[51]CRO2_Pro-Mes'!PQE3","v":0},{"$f":"'[51]CRO2_Pro-Mes'!#REF!","v":{"$error":"#REF!"}},{"$f":"'[51]CRO2_Pro-Mes'!PQG3","v":0},{"$f":"'[51]CRO2_Pro-Mes'!#REF!","v":{"$error":"#REF!"}},{"$f":"'[51]CRO2_Pro-Mes'!PQI3","v":0},{"$f":"'[51]CRO2_Pro-Mes'!#REF!","v":{"$error":"#REF!"}},{"$f":"'[51]CRO2_Pro-Mes'!PQK3","v":0},{"$f":"'[51]CRO2_Pro-Mes'!#REF!","v":{"$error":"#REF!"}},{"$f":"'[51]CRO2_Pro-Mes'!PQM3","v":0},{"$f":"'[51]CRO2_Pro-Mes'!#REF!","v":{"$error":"#REF!"}},{"$f":"'[51]CRO2_Pro-Mes'!PQO3","v":0},{"$f":"'[51]CRO2_Pro-Mes'!#REF!","v":{"$error":"#REF!"}},{"$f":"'[51]CRO2_Pro-Mes'!PQQ3","v":0},{"$f":"'[51]CRO2_Pro-Mes'!#REF!","v":{"$error":"#REF!"}},{"$f":"'[51]CRO2_Pro-Mes'!PQS3","v":0},{"$f":"'[51]CRO2_Pro-Mes'!#REF!","v":{"$error":"#REF!"}},{"$f":"'[51]CRO2_Pro-Mes'!PQU3","v":0},{"$f":"'[51]CRO2_Pro-Mes'!#REF!","v":{"$error":"#REF!"}},{"$f":"'[51]CRO2_Pro-Mes'!PQW3","v":0},{"$f":"'[51]CRO2_Pro-Mes'!#REF!","v":{"$error":"#REF!"}},{"$f":"'[51]CRO2_Pro-Mes'!PQY3","v":0},{"$f":"'[51]CRO2_Pro-Mes'!#REF!","v":{"$error":"#REF!"}},{"$f":"'[51]CRO2_Pro-Mes'!PRA3","v":0},{"$f":"'[51]CRO2_Pro-Mes'!#REF!","v":{"$error":"#REF!"}},{"$f":"'[51]CRO2_Pro-Mes'!PRC3","v":0},{"$f":"'[51]CRO2_Pro-Mes'!#REF!","v":{"$error":"#REF!"}},{"$f":"'[51]CRO2_Pro-Mes'!PRE3","v":0},{"$f":"'[51]CRO2_Pro-Mes'!#REF!","v":{"$error":"#REF!"}},{"$f":"'[51]CRO2_Pro-Mes'!PRG3","v":0},{"$f":"'[51]CRO2_Pro-Mes'!#REF!","v":{"$error":"#REF!"}},{"$f":"'[51]CRO2_Pro-Mes'!PRI3","v":0},{"$f":"'[51]CRO2_Pro-Mes'!#REF!","v":{"$error":"#REF!"}},{"$f":"'[51]CRO2_Pro-Mes'!PRK3","v":0},{"$f":"'[51]CRO2_Pro-Mes'!#REF!","v":{"$error":"#REF!"}},{"$f":"'[51]CRO2_Pro-Mes'!PRM3","v":0},{"$f":"'[51]CRO2_Pro-Mes'!#REF!","v":{"$error":"#REF!"}},{"$f":"'[51]CRO2_Pro-Mes'!PRO3","v":0},{"$f":"'[51]CRO2_Pro-Mes'!#REF!","v":{"$error":"#REF!"}},{"$f":"'[51]CRO2_Pro-Mes'!PRQ3","v":0},{"$f":"'[51]CRO2_Pro-Mes'!#REF!","v":{"$error":"#REF!"}},{"$f":"'[51]CRO2_Pro-Mes'!PRS3","v":0},{"$f":"'[51]CRO2_Pro-Mes'!#REF!","v":{"$error":"#REF!"}},{"$f":"'[51]CRO2_Pro-Mes'!PRU3","v":0},{"$f":"'[51]CRO2_Pro-Mes'!#REF!","v":{"$error":"#REF!"}},{"$f":"'[51]CRO2_Pro-Mes'!PRW3","v":0},{"$f":"'[51]CRO2_Pro-Mes'!#REF!","v":{"$error":"#REF!"}},{"$f":"'[51]CRO2_Pro-Mes'!PRY3","v":0},{"$f":"'[51]CRO2_Pro-Mes'!#REF!","v":{"$error":"#REF!"}},{"$f":"'[51]CRO2_Pro-Mes'!PSA3","v":0},{"$f":"'[51]CRO2_Pro-Mes'!#REF!","v":{"$error":"#REF!"}},{"$f":"'[51]CRO2_Pro-Mes'!PSC3","v":0},{"$f":"'[51]CRO2_Pro-Mes'!#REF!","v":{"$error":"#REF!"}},{"$f":"'[51]CRO2_Pro-Mes'!PSE3","v":0},{"$f":"'[51]CRO2_Pro-Mes'!#REF!","v":{"$error":"#REF!"}},{"$f":"'[51]CRO2_Pro-Mes'!PSG3","v":0},{"$f":"'[51]CRO2_Pro-Mes'!#REF!","v":{"$error":"#REF!"}},{"$f":"'[51]CRO2_Pro-Mes'!PSI3","v":0},{"$f":"'[51]CRO2_Pro-Mes'!#REF!","v":{"$error":"#REF!"}},{"$f":"'[51]CRO2_Pro-Mes'!PSK3","v":0},{"$f":"'[51]CRO2_Pro-Mes'!#REF!","v":{"$error":"#REF!"}},{"$f":"'[51]CRO2_Pro-Mes'!PSM3","v":0},{"$f":"'[51]CRO2_Pro-Mes'!#REF!","v":{"$error":"#REF!"}},{"$f":"'[51]CRO2_Pro-Mes'!PSO3","v":0},{"$f":"'[51]CRO2_Pro-Mes'!#REF!","v":{"$error":"#REF!"}},{"$f":"'[51]CRO2_Pro-Mes'!PSQ3","v":0},{"$f":"'[51]CRO2_Pro-Mes'!#REF!","v":{"$error":"#REF!"}},{"$f":"'[51]CRO2_Pro-Mes'!PSS3","v":0},{"$f":"'[51]CRO2_Pro-Mes'!#REF!","v":{"$error":"#REF!"}},{"$f":"'[51]CRO2_Pro-Mes'!PSU3","v":0},{"$f":"'[51]CRO2_Pro-Mes'!#REF!","v":{"$error":"#REF!"}},{"$f":"'[51]CRO2_Pro-Mes'!PSW3","v":0},{"$f":"'[51]CRO2_Pro-Mes'!#REF!","v":{"$error":"#REF!"}},{"$f":"'[51]CRO2_Pro-Mes'!PSY3","v":0},{"$f":"'[51]CRO2_Pro-Mes'!#REF!","v":{"$error":"#REF!"}},{"$f":"'[51]CRO2_Pro-Mes'!PTA3","v":0},{"$f":"'[51]CRO2_Pro-Mes'!#REF!","v":{"$error":"#REF!"}},{"$f":"'[51]CRO2_Pro-Mes'!PTC3","v":0},{"$f":"'[51]CRO2_Pro-Mes'!#REF!","v":{"$error":"#REF!"}},{"$f":"'[51]CRO2_Pro-Mes'!PTE3","v":0},{"$f":"'[51]CRO2_Pro-Mes'!#REF!","v":{"$error":"#REF!"}},{"$f":"'[51]CRO2_Pro-Mes'!PTG3","v":0},{"$f":"'[51]CRO2_Pro-Mes'!#REF!","v":{"$error":"#REF!"}},{"$f":"'[51]CRO2_Pro-Mes'!PTI3","v":0},{"$f":"'[51]CRO2_Pro-Mes'!#REF!","v":{"$error":"#REF!"}},{"$f":"'[51]CRO2_Pro-Mes'!PTK3","v":0},{"$f":"'[51]CRO2_Pro-Mes'!#REF!","v":{"$error":"#REF!"}},{"$f":"'[51]CRO2_Pro-Mes'!PTM3","v":0},{"$f":"'[51]CRO2_Pro-Mes'!#REF!","v":{"$error":"#REF!"}},{"$f":"'[51]CRO2_Pro-Mes'!PTO3","v":0},{"$f":"'[51]CRO2_Pro-Mes'!#REF!","v":{"$error":"#REF!"}},{"$f":"'[51]CRO2_Pro-Mes'!PTQ3","v":0},{"$f":"'[51]CRO2_Pro-Mes'!#REF!","v":{"$error":"#REF!"}},{"$f":"'[51]CRO2_Pro-Mes'!PTS3","v":0},{"$f":"'[51]CRO2_Pro-Mes'!#REF!","v":{"$error":"#REF!"}},{"$f":"'[51]CRO2_Pro-Mes'!PTU3","v":0},{"$f":"'[51]CRO2_Pro-Mes'!#REF!","v":{"$error":"#REF!"}},{"$f":"'[51]CRO2_Pro-Mes'!PTW3","v":0},{"$f":"'[51]CRO2_Pro-Mes'!#REF!","v":{"$error":"#REF!"}},{"$f":"'[51]CRO2_Pro-Mes'!PTY3","v":0},{"$f":"'[51]CRO2_Pro-Mes'!#REF!","v":{"$error":"#REF!"}},{"$f":"'[51]CRO2_Pro-Mes'!PUA3","v":0},{"$f":"'[51]CRO2_Pro-Mes'!#REF!","v":{"$error":"#REF!"}},{"$f":"'[51]CRO2_Pro-Mes'!PUC3","v":0},{"$f":"'[51]CRO2_Pro-Mes'!#REF!","v":{"$error":"#REF!"}},{"$f":"'[51]CRO2_Pro-Mes'!PUE3","v":0},{"$f":"'[51]CRO2_Pro-Mes'!#REF!","v":{"$error":"#REF!"}},{"$f":"'[51]CRO2_Pro-Mes'!PUG3","v":0},{"$f":"'[51]CRO2_Pro-Mes'!#REF!","v":{"$error":"#REF!"}},{"$f":"'[51]CRO2_Pro-Mes'!PUI3","v":0},{"$f":"'[51]CRO2_Pro-Mes'!#REF!","v":{"$error":"#REF!"}},{"$f":"'[51]CRO2_Pro-Mes'!PUK3","v":0},{"$f":"'[51]CRO2_Pro-Mes'!#REF!","v":{"$error":"#REF!"}},{"$f":"'[51]CRO2_Pro-Mes'!PUM3","v":0},{"$f":"'[51]CRO2_Pro-Mes'!#REF!","v":{"$error":"#REF!"}},{"$f":"'[51]CRO2_Pro-Mes'!PUO3","v":0},{"$f":"'[51]CRO2_Pro-Mes'!#REF!","v":{"$error":"#REF!"}},{"$f":"'[51]CRO2_Pro-Mes'!PUQ3","v":0},{"$f":"'[51]CRO2_Pro-Mes'!#REF!","v":{"$error":"#REF!"}},{"$f":"'[51]CRO2_Pro-Mes'!PUS3","v":0},{"$f":"'[51]CRO2_Pro-Mes'!#REF!","v":{"$error":"#REF!"}},{"$f":"'[51]CRO2_Pro-Mes'!PUU3","v":0},{"$f":"'[51]CRO2_Pro-Mes'!#REF!","v":{"$error":"#REF!"}},{"$f":"'[51]CRO2_Pro-Mes'!PUW3","v":0},{"$f":"'[51]CRO2_Pro-Mes'!#REF!","v":{"$error":"#REF!"}},{"$f":"'[51]CRO2_Pro-Mes'!PUY3","v":0},{"$f":"'[51]CRO2_Pro-Mes'!#REF!","v":{"$error":"#REF!"}},{"$f":"'[51]CRO2_Pro-Mes'!PVA3","v":0},{"$f":"'[51]CRO2_Pro-Mes'!#REF!","v":{"$error":"#REF!"}},{"$f":"'[51]CRO2_Pro-Mes'!PVC3","v":0},{"$f":"'[51]CRO2_Pro-Mes'!#REF!","v":{"$error":"#REF!"}},{"$f":"'[51]CRO2_Pro-Mes'!PVE3","v":0},{"$f":"'[51]CRO2_Pro-Mes'!#REF!","v":{"$error":"#REF!"}},{"$f":"'[51]CRO2_Pro-Mes'!PVG3","v":0},{"$f":"'[51]CRO2_Pro-Mes'!#REF!","v":{"$error":"#REF!"}},{"$f":"'[51]CRO2_Pro-Mes'!PVI3","v":0},{"$f":"'[51]CRO2_Pro-Mes'!#REF!","v":{"$error":"#REF!"}},{"$f":"'[51]CRO2_Pro-Mes'!PVK3","v":0},{"$f":"'[51]CRO2_Pro-Mes'!#REF!","v":{"$error":"#REF!"}},{"$f":"'[51]CRO2_Pro-Mes'!PVM3","v":0},{"$f":"'[51]CRO2_Pro-Mes'!#REF!","v":{"$error":"#REF!"}},{"$f":"'[51]CRO2_Pro-Mes'!PVO3","v":0},{"$f":"'[51]CRO2_Pro-Mes'!#REF!","v":{"$error":"#REF!"}},{"$f":"'[51]CRO2_Pro-Mes'!PVQ3","v":0},{"$f":"'[51]CRO2_Pro-Mes'!#REF!","v":{"$error":"#REF!"}},{"$f":"'[51]CRO2_Pro-Mes'!PVS3","v":0},{"$f":"'[51]CRO2_Pro-Mes'!#REF!","v":{"$error":"#REF!"}},{"$f":"'[51]CRO2_Pro-Mes'!PVU3","v":0},{"$f":"'[51]CRO2_Pro-Mes'!#REF!","v":{"$error":"#REF!"}},{"$f":"'[51]CRO2_Pro-Mes'!PVW3","v":0},{"$f":"'[51]CRO2_Pro-Mes'!#REF!","v":{"$error":"#REF!"}},{"$f":"'[51]CRO2_Pro-Mes'!PVY3","v":0},{"$f":"'[51]CRO2_Pro-Mes'!#REF!","v":{"$error":"#REF!"}},{"$f":"'[51]CRO2_Pro-Mes'!PWA3","v":0},{"$f":"'[51]CRO2_Pro-Mes'!#REF!","v":{"$error":"#REF!"}},{"$f":"'[51]CRO2_Pro-Mes'!PWC3","v":0},{"$f":"'[51]CRO2_Pro-Mes'!#REF!","v":{"$error":"#REF!"}},{"$f":"'[51]CRO2_Pro-Mes'!PWE3","v":0},{"$f":"'[51]CRO2_Pro-Mes'!#REF!","v":{"$error":"#REF!"}},{"$f":"'[51]CRO2_Pro-Mes'!PWG3","v":0},{"$f":"'[51]CRO2_Pro-Mes'!#REF!","v":{"$error":"#REF!"}},{"$f":"'[51]CRO2_Pro-Mes'!PWI3","v":0},{"$f":"'[51]CRO2_Pro-Mes'!#REF!","v":{"$error":"#REF!"}},{"$f":"'[51]CRO2_Pro-Mes'!PWK3","v":0},{"$f":"'[51]CRO2_Pro-Mes'!#REF!","v":{"$error":"#REF!"}},{"$f":"'[51]CRO2_Pro-Mes'!PWM3","v":0},{"$f":"'[51]CRO2_Pro-Mes'!#REF!","v":{"$error":"#REF!"}},{"$f":"'[51]CRO2_Pro-Mes'!PWO3","v":0},{"$f":"'[51]CRO2_Pro-Mes'!#REF!","v":{"$error":"#REF!"}},{"$f":"'[51]CRO2_Pro-Mes'!PWQ3","v":0},{"$f":"'[51]CRO2_Pro-Mes'!#REF!","v":{"$error":"#REF!"}},{"$f":"'[51]CRO2_Pro-Mes'!PWS3","v":0},{"$f":"'[51]CRO2_Pro-Mes'!#REF!","v":{"$error":"#REF!"}},{"$f":"'[51]CRO2_Pro-Mes'!PWU3","v":0},{"$f":"'[51]CRO2_Pro-Mes'!#REF!","v":{"$error":"#REF!"}},{"$f":"'[51]CRO2_Pro-Mes'!PWW3","v":0},{"$f":"'[51]CRO2_Pro-Mes'!#REF!","v":{"$error":"#REF!"}},{"$f":"'[51]CRO2_Pro-Mes'!PWY3","v":0},{"$f":"'[51]CRO2_Pro-Mes'!#REF!","v":{"$error":"#REF!"}},{"$f":"'[51]CRO2_Pro-Mes'!PXA3","v":0},{"$f":"'[51]CRO2_Pro-Mes'!#REF!","v":{"$error":"#REF!"}},{"$f":"'[51]CRO2_Pro-Mes'!PXC3","v":0},{"$f":"'[51]CRO2_Pro-Mes'!#REF!","v":{"$error":"#REF!"}},{"$f":"'[51]CRO2_Pro-Mes'!PXE3","v":0},{"$f":"'[51]CRO2_Pro-Mes'!#REF!","v":{"$error":"#REF!"}},{"$f":"'[51]CRO2_Pro-Mes'!PXG3","v":0},{"$f":"'[51]CRO2_Pro-Mes'!#REF!","v":{"$error":"#REF!"}},{"$f":"'[51]CRO2_Pro-Mes'!PXI3","v":0},{"$f":"'[51]CRO2_Pro-Mes'!#REF!","v":{"$error":"#REF!"}},{"$f":"'[51]CRO2_Pro-Mes'!PXK3","v":0},{"$f":"'[51]CRO2_Pro-Mes'!#REF!","v":{"$error":"#REF!"}},{"$f":"'[51]CRO2_Pro-Mes'!PXM3","v":0},{"$f":"'[51]CRO2_Pro-Mes'!#REF!","v":{"$error":"#REF!"}},{"$f":"'[51]CRO2_Pro-Mes'!PXO3","v":0},{"$f":"'[51]CRO2_Pro-Mes'!#REF!","v":{"$error":"#REF!"}},{"$f":"'[51]CRO2_Pro-Mes'!PXQ3","v":0},{"$f":"'[51]CRO2_Pro-Mes'!#REF!","v":{"$error":"#REF!"}},{"$f":"'[51]CRO2_Pro-Mes'!PXS3","v":0},{"$f":"'[51]CRO2_Pro-Mes'!#REF!","v":{"$error":"#REF!"}},{"$f":"'[51]CRO2_Pro-Mes'!PXU3","v":0},{"$f":"'[51]CRO2_Pro-Mes'!#REF!","v":{"$error":"#REF!"}},{"$f":"'[51]CRO2_Pro-Mes'!PXW3","v":0},{"$f":"'[51]CRO2_Pro-Mes'!#REF!","v":{"$error":"#REF!"}},{"$f":"'[51]CRO2_Pro-Mes'!PXY3","v":0},{"$f":"'[51]CRO2_Pro-Mes'!#REF!","v":{"$error":"#REF!"}},{"$f":"'[51]CRO2_Pro-Mes'!PYA3","v":0},{"$f":"'[51]CRO2_Pro-Mes'!#REF!","v":{"$error":"#REF!"}},{"$f":"'[51]CRO2_Pro-Mes'!PYC3","v":0},{"$f":"'[51]CRO2_Pro-Mes'!#REF!","v":{"$error":"#REF!"}},{"$f":"'[51]CRO2_Pro-Mes'!PYE3","v":0},{"$f":"'[51]CRO2_Pro-Mes'!#REF!","v":{"$error":"#REF!"}},{"$f":"'[51]CRO2_Pro-Mes'!PYG3","v":0},{"$f":"'[51]CRO2_Pro-Mes'!#REF!","v":{"$error":"#REF!"}},{"$f":"'[51]CRO2_Pro-Mes'!PYI3","v":0},{"$f":"'[51]CRO2_Pro-Mes'!#REF!","v":{"$error":"#REF!"}},{"$f":"'[51]CRO2_Pro-Mes'!PYK3","v":0},{"$f":"'[51]CRO2_Pro-Mes'!#REF!","v":{"$error":"#REF!"}},{"$f":"'[51]CRO2_Pro-Mes'!PYM3","v":0},{"$f":"'[51]CRO2_Pro-Mes'!#REF!","v":{"$error":"#REF!"}},{"$f":"'[51]CRO2_Pro-Mes'!PYO3","v":0},{"$f":"'[51]CRO2_Pro-Mes'!#REF!","v":{"$error":"#REF!"}},{"$f":"'[51]CRO2_Pro-Mes'!PYQ3","v":0},{"$f":"'[51]CRO2_Pro-Mes'!#REF!","v":{"$error":"#REF!"}},{"$f":"'[51]CRO2_Pro-Mes'!PYS3","v":0},{"$f":"'[51]CRO2_Pro-Mes'!#REF!","v":{"$error":"#REF!"}},{"$f":"'[51]CRO2_Pro-Mes'!PYU3","v":0},{"$f":"'[51]CRO2_Pro-Mes'!#REF!","v":{"$error":"#REF!"}},{"$f":"'[51]CRO2_Pro-Mes'!PYW3","v":0},{"$f":"'[51]CRO2_Pro-Mes'!#REF!","v":{"$error":"#REF!"}},{"$f":"'[51]CRO2_Pro-Mes'!PYY3","v":0},{"$f":"'[51]CRO2_Pro-Mes'!#REF!","v":{"$error":"#REF!"}},{"$f":"'[51]CRO2_Pro-Mes'!PZA3","v":0},{"$f":"'[51]CRO2_Pro-Mes'!#REF!","v":{"$error":"#REF!"}},{"$f":"'[51]CRO2_Pro-Mes'!PZC3","v":0},{"$f":"'[51]CRO2_Pro-Mes'!#REF!","v":{"$error":"#REF!"}},{"$f":"'[51]CRO2_Pro-Mes'!PZE3","v":0},{"$f":"'[51]CRO2_Pro-Mes'!#REF!","v":{"$error":"#REF!"}},{"$f":"'[51]CRO2_Pro-Mes'!PZG3","v":0},{"$f":"'[51]CRO2_Pro-Mes'!#REF!","v":{"$error":"#REF!"}},{"$f":"'[51]CRO2_Pro-Mes'!PZI3","v":0},{"$f":"'[51]CRO2_Pro-Mes'!#REF!","v":{"$error":"#REF!"}},{"$f":"'[51]CRO2_Pro-Mes'!PZK3","v":0},{"$f":"'[51]CRO2_Pro-Mes'!#REF!","v":{"$error":"#REF!"}},{"$f":"'[51]CRO2_Pro-Mes'!PZM3","v":0},{"$f":"'[51]CRO2_Pro-Mes'!#REF!","v":{"$error":"#REF!"}},{"$f":"'[51]CRO2_Pro-Mes'!PZO3","v":0},{"$f":"'[51]CRO2_Pro-Mes'!#REF!","v":{"$error":"#REF!"}},{"$f":"'[51]CRO2_Pro-Mes'!PZQ3","v":0},{"$f":"'[51]CRO2_Pro-Mes'!#REF!","v":{"$error":"#REF!"}},{"$f":"'[51]CRO2_Pro-Mes'!PZS3","v":0},{"$f":"'[51]CRO2_Pro-Mes'!#REF!","v":{"$error":"#REF!"}},{"$f":"'[51]CRO2_Pro-Mes'!PZU3","v":0},{"$f":"'[51]CRO2_Pro-Mes'!#REF!","v":{"$error":"#REF!"}},{"$f":"'[51]CRO2_Pro-Mes'!PZW3","v":0},{"$f":"'[51]CRO2_Pro-Mes'!#REF!","v":{"$error":"#REF!"}},{"$f":"'[51]CRO2_Pro-Mes'!PZY3","v":0},{"$f":"'[51]CRO2_Pro-Mes'!#REF!","v":{"$error":"#REF!"}},{"$f":"'[51]CRO2_Pro-Mes'!QAA3","v":0},{"$f":"'[51]CRO2_Pro-Mes'!#REF!","v":{"$error":"#REF!"}},{"$f":"'[51]CRO2_Pro-Mes'!QAC3","v":0},{"$f":"'[51]CRO2_Pro-Mes'!#REF!","v":{"$error":"#REF!"}},{"$f":"'[51]CRO2_Pro-Mes'!QAE3","v":0},{"$f":"'[51]CRO2_Pro-Mes'!#REF!","v":{"$error":"#REF!"}},{"$f":"'[51]CRO2_Pro-Mes'!QAG3","v":0},{"$f":"'[51]CRO2_Pro-Mes'!#REF!","v":{"$error":"#REF!"}},{"$f":"'[51]CRO2_Pro-Mes'!QAI3","v":0},{"$f":"'[51]CRO2_Pro-Mes'!#REF!","v":{"$error":"#REF!"}},{"$f":"'[51]CRO2_Pro-Mes'!QAK3","v":0},{"$f":"'[51]CRO2_Pro-Mes'!#REF!","v":{"$error":"#REF!"}},{"$f":"'[51]CRO2_Pro-Mes'!QAM3","v":0},{"$f":"'[51]CRO2_Pro-Mes'!#REF!","v":{"$error":"#REF!"}},{"$f":"'[51]CRO2_Pro-Mes'!QAO3","v":0},{"$f":"'[51]CRO2_Pro-Mes'!#REF!","v":{"$error":"#REF!"}},{"$f":"'[51]CRO2_Pro-Mes'!QAQ3","v":0},{"$f":"'[51]CRO2_Pro-Mes'!#REF!","v":{"$error":"#REF!"}},{"$f":"'[51]CRO2_Pro-Mes'!QAS3","v":0},{"$f":"'[51]CRO2_Pro-Mes'!#REF!","v":{"$error":"#REF!"}},{"$f":"'[51]CRO2_Pro-Mes'!QAU3","v":0},{"$f":"'[51]CRO2_Pro-Mes'!#REF!","v":{"$error":"#REF!"}},{"$f":"'[51]CRO2_Pro-Mes'!QAW3","v":0},{"$f":"'[51]CRO2_Pro-Mes'!#REF!","v":{"$error":"#REF!"}},{"$f":"'[51]CRO2_Pro-Mes'!QAY3","v":0},{"$f":"'[51]CRO2_Pro-Mes'!#REF!","v":{"$error":"#REF!"}},{"$f":"'[51]CRO2_Pro-Mes'!QBA3","v":0},{"$f":"'[51]CRO2_Pro-Mes'!#REF!","v":{"$error":"#REF!"}},{"$f":"'[51]CRO2_Pro-Mes'!QBC3","v":0},{"$f":"'[51]CRO2_Pro-Mes'!#REF!","v":{"$error":"#REF!"}},{"$f":"'[51]CRO2_Pro-Mes'!QBE3","v":0},{"$f":"'[51]CRO2_Pro-Mes'!#REF!","v":{"$error":"#REF!"}},{"$f":"'[51]CRO2_Pro-Mes'!QBG3","v":0},{"$f":"'[51]CRO2_Pro-Mes'!#REF!","v":{"$error":"#REF!"}},{"$f":"'[51]CRO2_Pro-Mes'!QBI3","v":0},{"$f":"'[51]CRO2_Pro-Mes'!#REF!","v":{"$error":"#REF!"}},{"$f":"'[51]CRO2_Pro-Mes'!QBK3","v":0},{"$f":"'[51]CRO2_Pro-Mes'!#REF!","v":{"$error":"#REF!"}},{"$f":"'[51]CRO2_Pro-Mes'!QBM3","v":0},{"$f":"'[51]CRO2_Pro-Mes'!#REF!","v":{"$error":"#REF!"}},{"$f":"'[51]CRO2_Pro-Mes'!QBO3","v":0},{"$f":"'[51]CRO2_Pro-Mes'!#REF!","v":{"$error":"#REF!"}},{"$f":"'[51]CRO2_Pro-Mes'!QBQ3","v":0},{"$f":"'[51]CRO2_Pro-Mes'!#REF!","v":{"$error":"#REF!"}},{"$f":"'[51]CRO2_Pro-Mes'!QBS3","v":0},{"$f":"'[51]CRO2_Pro-Mes'!#REF!","v":{"$error":"#REF!"}},{"$f":"'[51]CRO2_Pro-Mes'!QBU3","v":0},{"$f":"'[51]CRO2_Pro-Mes'!#REF!","v":{"$error":"#REF!"}},{"$f":"'[51]CRO2_Pro-Mes'!QBW3","v":0},{"$f":"'[51]CRO2_Pro-Mes'!#REF!","v":{"$error":"#REF!"}},{"$f":"'[51]CRO2_Pro-Mes'!QBY3","v":0},{"$f":"'[51]CRO2_Pro-Mes'!#REF!","v":{"$error":"#REF!"}},{"$f":"'[51]CRO2_Pro-Mes'!QCA3","v":0},{"$f":"'[51]CRO2_Pro-Mes'!#REF!","v":{"$error":"#REF!"}},{"$f":"'[51]CRO2_Pro-Mes'!QCC3","v":0},{"$f":"'[51]CRO2_Pro-Mes'!#REF!","v":{"$error":"#REF!"}},{"$f":"'[51]CRO2_Pro-Mes'!QCE3","v":0},{"$f":"'[51]CRO2_Pro-Mes'!#REF!","v":{"$error":"#REF!"}},{"$f":"'[51]CRO2_Pro-Mes'!QCG3","v":0},{"$f":"'[51]CRO2_Pro-Mes'!#REF!","v":{"$error":"#REF!"}},{"$f":"'[51]CRO2_Pro-Mes'!QCI3","v":0},{"$f":"'[51]CRO2_Pro-Mes'!#REF!","v":{"$error":"#REF!"}},{"$f":"'[51]CRO2_Pro-Mes'!QCK3","v":0},{"$f":"'[51]CRO2_Pro-Mes'!#REF!","v":{"$error":"#REF!"}},{"$f":"'[51]CRO2_Pro-Mes'!QCM3","v":0},{"$f":"'[51]CRO2_Pro-Mes'!#REF!","v":{"$error":"#REF!"}},{"$f":"'[51]CRO2_Pro-Mes'!QCO3","v":0},{"$f":"'[51]CRO2_Pro-Mes'!#REF!","v":{"$error":"#REF!"}},{"$f":"'[51]CRO2_Pro-Mes'!QCQ3","v":0},{"$f":"'[51]CRO2_Pro-Mes'!#REF!","v":{"$error":"#REF!"}},{"$f":"'[51]CRO2_Pro-Mes'!QCS3","v":0},{"$f":"'[51]CRO2_Pro-Mes'!#REF!","v":{"$error":"#REF!"}},{"$f":"'[51]CRO2_Pro-Mes'!QCU3","v":0},{"$f":"'[51]CRO2_Pro-Mes'!#REF!","v":{"$error":"#REF!"}},{"$f":"'[51]CRO2_Pro-Mes'!QCW3","v":0},{"$f":"'[51]CRO2_Pro-Mes'!#REF!","v":{"$error":"#REF!"}},{"$f":"'[51]CRO2_Pro-Mes'!QCY3","v":0},{"$f":"'[51]CRO2_Pro-Mes'!#REF!","v":{"$error":"#REF!"}},{"$f":"'[51]CRO2_Pro-Mes'!QDA3","v":0},{"$f":"'[51]CRO2_Pro-Mes'!#REF!","v":{"$error":"#REF!"}},{"$f":"'[51]CRO2_Pro-Mes'!QDC3","v":0},{"$f":"'[51]CRO2_Pro-Mes'!#REF!","v":{"$error":"#REF!"}},{"$f":"'[51]CRO2_Pro-Mes'!QDE3","v":0},{"$f":"'[51]CRO2_Pro-Mes'!#REF!","v":{"$error":"#REF!"}},{"$f":"'[51]CRO2_Pro-Mes'!QDG3","v":0},{"$f":"'[51]CRO2_Pro-Mes'!#REF!","v":{"$error":"#REF!"}},{"$f":"'[51]CRO2_Pro-Mes'!QDI3","v":0},{"$f":"'[51]CRO2_Pro-Mes'!#REF!","v":{"$error":"#REF!"}},{"$f":"'[51]CRO2_Pro-Mes'!QDK3","v":0},{"$f":"'[51]CRO2_Pro-Mes'!#REF!","v":{"$error":"#REF!"}},{"$f":"'[51]CRO2_Pro-Mes'!QDM3","v":0},{"$f":"'[51]CRO2_Pro-Mes'!#REF!","v":{"$error":"#REF!"}},{"$f":"'[51]CRO2_Pro-Mes'!QDO3","v":0},{"$f":"'[51]CRO2_Pro-Mes'!#REF!","v":{"$error":"#REF!"}},{"$f":"'[51]CRO2_Pro-Mes'!QDQ3","v":0},{"$f":"'[51]CRO2_Pro-Mes'!#REF!","v":{"$error":"#REF!"}},{"$f":"'[51]CRO2_Pro-Mes'!QDS3","v":0},{"$f":"'[51]CRO2_Pro-Mes'!#REF!","v":{"$error":"#REF!"}},{"$f":"'[51]CRO2_Pro-Mes'!QDU3","v":0},{"$f":"'[51]CRO2_Pro-Mes'!#REF!","v":{"$error":"#REF!"}},{"$f":"'[51]CRO2_Pro-Mes'!QDW3","v":0},{"$f":"'[51]CRO2_Pro-Mes'!#REF!","v":{"$error":"#REF!"}},{"$f":"'[51]CRO2_Pro-Mes'!QDY3","v":0},{"$f":"'[51]CRO2_Pro-Mes'!#REF!","v":{"$error":"#REF!"}},{"$f":"'[51]CRO2_Pro-Mes'!QEA3","v":0},{"$f":"'[51]CRO2_Pro-Mes'!#REF!","v":{"$error":"#REF!"}},{"$f":"'[51]CRO2_Pro-Mes'!QEC3","v":0},{"$f":"'[51]CRO2_Pro-Mes'!#REF!","v":{"$error":"#REF!"}},{"$f":"'[51]CRO2_Pro-Mes'!QEE3","v":0},{"$f":"'[51]CRO2_Pro-Mes'!#REF!","v":{"$error":"#REF!"}},{"$f":"'[51]CRO2_Pro-Mes'!QEG3","v":0},{"$f":"'[51]CRO2_Pro-Mes'!#REF!","v":{"$error":"#REF!"}},{"$f":"'[51]CRO2_Pro-Mes'!QEI3","v":0},{"$f":"'[51]CRO2_Pro-Mes'!#REF!","v":{"$error":"#REF!"}},{"$f":"'[51]CRO2_Pro-Mes'!QEK3","v":0},{"$f":"'[51]CRO2_Pro-Mes'!#REF!","v":{"$error":"#REF!"}},{"$f":"'[51]CRO2_Pro-Mes'!QEM3","v":0},{"$f":"'[51]CRO2_Pro-Mes'!#REF!","v":{"$error":"#REF!"}},{"$f":"'[51]CRO2_Pro-Mes'!QEO3","v":0},{"$f":"'[51]CRO2_Pro-Mes'!#REF!","v":{"$error":"#REF!"}},{"$f":"'[51]CRO2_Pro-Mes'!QEQ3","v":0},{"$f":"'[51]CRO2_Pro-Mes'!#REF!","v":{"$error":"#REF!"}},{"$f":"'[51]CRO2_Pro-Mes'!QES3","v":0},{"$f":"'[51]CRO2_Pro-Mes'!#REF!","v":{"$error":"#REF!"}},{"$f":"'[51]CRO2_Pro-Mes'!QEU3","v":0},{"$f":"'[51]CRO2_Pro-Mes'!#REF!","v":{"$error":"#REF!"}},{"$f":"'[51]CRO2_Pro-Mes'!QEW3","v":0},{"$f":"'[51]CRO2_Pro-Mes'!#REF!","v":{"$error":"#REF!"}},{"$f":"'[51]CRO2_Pro-Mes'!QEY3","v":0},{"$f":"'[51]CRO2_Pro-Mes'!#REF!","v":{"$error":"#REF!"}},{"$f":"'[51]CRO2_Pro-Mes'!QFA3","v":0},{"$f":"'[51]CRO2_Pro-Mes'!#REF!","v":{"$error":"#REF!"}},{"$f":"'[51]CRO2_Pro-Mes'!QFC3","v":0},{"$f":"'[51]CRO2_Pro-Mes'!#REF!","v":{"$error":"#REF!"}},{"$f":"'[51]CRO2_Pro-Mes'!QFE3","v":0},{"$f":"'[51]CRO2_Pro-Mes'!#REF!","v":{"$error":"#REF!"}},{"$f":"'[51]CRO2_Pro-Mes'!QFG3","v":0},{"$f":"'[51]CRO2_Pro-Mes'!#REF!","v":{"$error":"#REF!"}},{"$f":"'[51]CRO2_Pro-Mes'!QFI3","v":0},{"$f":"'[51]CRO2_Pro-Mes'!#REF!","v":{"$error":"#REF!"}},{"$f":"'[51]CRO2_Pro-Mes'!QFK3","v":0},{"$f":"'[51]CRO2_Pro-Mes'!#REF!","v":{"$error":"#REF!"}},{"$f":"'[51]CRO2_Pro-Mes'!QFM3","v":0},{"$f":"'[51]CRO2_Pro-Mes'!#REF!","v":{"$error":"#REF!"}},{"$f":"'[51]CRO2_Pro-Mes'!QFO3","v":0},{"$f":"'[51]CRO2_Pro-Mes'!#REF!","v":{"$error":"#REF!"}},{"$f":"'[51]CRO2_Pro-Mes'!QFQ3","v":0},{"$f":"'[51]CRO2_Pro-Mes'!#REF!","v":{"$error":"#REF!"}},{"$f":"'[51]CRO2_Pro-Mes'!QFS3","v":0},{"$f":"'[51]CRO2_Pro-Mes'!#REF!","v":{"$error":"#REF!"}},{"$f":"'[51]CRO2_Pro-Mes'!QFU3","v":0},{"$f":"'[51]CRO2_Pro-Mes'!#REF!","v":{"$error":"#REF!"}},{"$f":"'[51]CRO2_Pro-Mes'!QFW3","v":0},{"$f":"'[51]CRO2_Pro-Mes'!#REF!","v":{"$error":"#REF!"}},{"$f":"'[51]CRO2_Pro-Mes'!QFY3","v":0},{"$f":"'[51]CRO2_Pro-Mes'!#REF!","v":{"$error":"#REF!"}},{"$f":"'[51]CRO2_Pro-Mes'!QGA3","v":0},{"$f":"'[51]CRO2_Pro-Mes'!#REF!","v":{"$error":"#REF!"}},{"$f":"'[51]CRO2_Pro-Mes'!QGC3","v":0},{"$f":"'[51]CRO2_Pro-Mes'!#REF!","v":{"$error":"#REF!"}},{"$f":"'[51]CRO2_Pro-Mes'!QGE3","v":0},{"$f":"'[51]CRO2_Pro-Mes'!#REF!","v":{"$error":"#REF!"}},{"$f":"'[51]CRO2_Pro-Mes'!QGG3","v":0},{"$f":"'[51]CRO2_Pro-Mes'!#REF!","v":{"$error":"#REF!"}},{"$f":"'[51]CRO2_Pro-Mes'!QGI3","v":0},{"$f":"'[51]CRO2_Pro-Mes'!#REF!","v":{"$error":"#REF!"}},{"$f":"'[51]CRO2_Pro-Mes'!QGK3","v":0},{"$f":"'[51]CRO2_Pro-Mes'!#REF!","v":{"$error":"#REF!"}},{"$f":"'[51]CRO2_Pro-Mes'!QGM3","v":0},{"$f":"'[51]CRO2_Pro-Mes'!#REF!","v":{"$error":"#REF!"}},{"$f":"'[51]CRO2_Pro-Mes'!QGO3","v":0},{"$f":"'[51]CRO2_Pro-Mes'!#REF!","v":{"$error":"#REF!"}},{"$f":"'[51]CRO2_Pro-Mes'!QGQ3","v":0},{"$f":"'[51]CRO2_Pro-Mes'!#REF!","v":{"$error":"#REF!"}},{"$f":"'[51]CRO2_Pro-Mes'!QGS3","v":0},{"$f":"'[51]CRO2_Pro-Mes'!#REF!","v":{"$error":"#REF!"}},{"$f":"'[51]CRO2_Pro-Mes'!QGU3","v":0},{"$f":"'[51]CRO2_Pro-Mes'!#REF!","v":{"$error":"#REF!"}},{"$f":"'[51]CRO2_Pro-Mes'!QGW3","v":0},{"$f":"'[51]CRO2_Pro-Mes'!#REF!","v":{"$error":"#REF!"}},{"$f":"'[51]CRO2_Pro-Mes'!QGY3","v":0},{"$f":"'[51]CRO2_Pro-Mes'!#REF!","v":{"$error":"#REF!"}},{"$f":"'[51]CRO2_Pro-Mes'!QHA3","v":0},{"$f":"'[51]CRO2_Pro-Mes'!#REF!","v":{"$error":"#REF!"}},{"$f":"'[51]CRO2_Pro-Mes'!QHC3","v":0},{"$f":"'[51]CRO2_Pro-Mes'!#REF!","v":{"$error":"#REF!"}},{"$f":"'[51]CRO2_Pro-Mes'!QHE3","v":0},{"$f":"'[51]CRO2_Pro-Mes'!#REF!","v":{"$error":"#REF!"}},{"$f":"'[51]CRO2_Pro-Mes'!QHG3","v":0},{"$f":"'[51]CRO2_Pro-Mes'!#REF!","v":{"$error":"#REF!"}},{"$f":"'[51]CRO2_Pro-Mes'!QHI3","v":0},{"$f":"'[51]CRO2_Pro-Mes'!#REF!","v":{"$error":"#REF!"}},{"$f":"'[51]CRO2_Pro-Mes'!QHK3","v":0},{"$f":"'[51]CRO2_Pro-Mes'!#REF!","v":{"$error":"#REF!"}},{"$f":"'[51]CRO2_Pro-Mes'!QHM3","v":0},{"$f":"'[51]CRO2_Pro-Mes'!#REF!","v":{"$error":"#REF!"}},{"$f":"'[51]CRO2_Pro-Mes'!QHO3","v":0},{"$f":"'[51]CRO2_Pro-Mes'!#REF!","v":{"$error":"#REF!"}},{"$f":"'[51]CRO2_Pro-Mes'!QHQ3","v":0},{"$f":"'[51]CRO2_Pro-Mes'!#REF!","v":{"$error":"#REF!"}},{"$f":"'[51]CRO2_Pro-Mes'!QHS3","v":0},{"$f":"'[51]CRO2_Pro-Mes'!#REF!","v":{"$error":"#REF!"}},{"$f":"'[51]CRO2_Pro-Mes'!QHU3","v":0},{"$f":"'[51]CRO2_Pro-Mes'!#REF!","v":{"$error":"#REF!"}},{"$f":"'[51]CRO2_Pro-Mes'!QHW3","v":0},{"$f":"'[51]CRO2_Pro-Mes'!#REF!","v":{"$error":"#REF!"}},{"$f":"'[51]CRO2_Pro-Mes'!QHY3","v":0},{"$f":"'[51]CRO2_Pro-Mes'!#REF!","v":{"$error":"#REF!"}},{"$f":"'[51]CRO2_Pro-Mes'!QIA3","v":0},{"$f":"'[51]CRO2_Pro-Mes'!#REF!","v":{"$error":"#REF!"}},{"$f":"'[51]CRO2_Pro-Mes'!QIC3","v":0},{"$f":"'[51]CRO2_Pro-Mes'!#REF!","v":{"$error":"#REF!"}},{"$f":"'[51]CRO2_Pro-Mes'!QIE3","v":0},{"$f":"'[51]CRO2_Pro-Mes'!#REF!","v":{"$error":"#REF!"}},{"$f":"'[51]CRO2_Pro-Mes'!QIG3","v":0},{"$f":"'[51]CRO2_Pro-Mes'!#REF!","v":{"$error":"#REF!"}},{"$f":"'[51]CRO2_Pro-Mes'!QII3","v":0},{"$f":"'[51]CRO2_Pro-Mes'!#REF!","v":{"$error":"#REF!"}},{"$f":"'[51]CRO2_Pro-Mes'!QIK3","v":0},{"$f":"'[51]CRO2_Pro-Mes'!#REF!","v":{"$error":"#REF!"}},{"$f":"'[51]CRO2_Pro-Mes'!QIM3","v":0},{"$f":"'[51]CRO2_Pro-Mes'!#REF!","v":{"$error":"#REF!"}},{"$f":"'[51]CRO2_Pro-Mes'!QIO3","v":0},{"$f":"'[51]CRO2_Pro-Mes'!#REF!","v":{"$error":"#REF!"}},{"$f":"'[51]CRO2_Pro-Mes'!QIQ3","v":0},{"$f":"'[51]CRO2_Pro-Mes'!#REF!","v":{"$error":"#REF!"}},{"$f":"'[51]CRO2_Pro-Mes'!QIS3","v":0},{"$f":"'[51]CRO2_Pro-Mes'!#REF!","v":{"$error":"#REF!"}},{"$f":"'[51]CRO2_Pro-Mes'!QIU3","v":0},{"$f":"'[51]CRO2_Pro-Mes'!#REF!","v":{"$error":"#REF!"}},{"$f":"'[51]CRO2_Pro-Mes'!QIW3","v":0},{"$f":"'[51]CRO2_Pro-Mes'!#REF!","v":{"$error":"#REF!"}},{"$f":"'[51]CRO2_Pro-Mes'!QIY3","v":0},{"$f":"'[51]CRO2_Pro-Mes'!#REF!","v":{"$error":"#REF!"}},{"$f":"'[51]CRO2_Pro-Mes'!QJA3","v":0},{"$f":"'[51]CRO2_Pro-Mes'!#REF!","v":{"$error":"#REF!"}},{"$f":"'[51]CRO2_Pro-Mes'!QJC3","v":0},{"$f":"'[51]CRO2_Pro-Mes'!#REF!","v":{"$error":"#REF!"}},{"$f":"'[51]CRO2_Pro-Mes'!QJE3","v":0},{"$f":"'[51]CRO2_Pro-Mes'!#REF!","v":{"$error":"#REF!"}},{"$f":"'[51]CRO2_Pro-Mes'!QJG3","v":0},{"$f":"'[51]CRO2_Pro-Mes'!#REF!","v":{"$error":"#REF!"}},{"$f":"'[51]CRO2_Pro-Mes'!QJI3","v":0},{"$f":"'[51]CRO2_Pro-Mes'!#REF!","v":{"$error":"#REF!"}},{"$f":"'[51]CRO2_Pro-Mes'!QJK3","v":0},{"$f":"'[51]CRO2_Pro-Mes'!#REF!","v":{"$error":"#REF!"}},{"$f":"'[51]CRO2_Pro-Mes'!QJM3","v":0},{"$f":"'[51]CRO2_Pro-Mes'!#REF!","v":{"$error":"#REF!"}},{"$f":"'[51]CRO2_Pro-Mes'!QJO3","v":0},{"$f":"'[51]CRO2_Pro-Mes'!#REF!","v":{"$error":"#REF!"}},{"$f":"'[51]CRO2_Pro-Mes'!QJQ3","v":0},{"$f":"'[51]CRO2_Pro-Mes'!#REF!","v":{"$error":"#REF!"}},{"$f":"'[51]CRO2_Pro-Mes'!QJS3","v":0},{"$f":"'[51]CRO2_Pro-Mes'!#REF!","v":{"$error":"#REF!"}},{"$f":"'[51]CRO2_Pro-Mes'!QJU3","v":0},{"$f":"'[51]CRO2_Pro-Mes'!#REF!","v":{"$error":"#REF!"}},{"$f":"'[51]CRO2_Pro-Mes'!QJW3","v":0},{"$f":"'[51]CRO2_Pro-Mes'!#REF!","v":{"$error":"#REF!"}},{"$f":"'[51]CRO2_Pro-Mes'!QJY3","v":0},{"$f":"'[51]CRO2_Pro-Mes'!#REF!","v":{"$error":"#REF!"}},{"$f":"'[51]CRO2_Pro-Mes'!QKA3","v":0},{"$f":"'[51]CRO2_Pro-Mes'!#REF!","v":{"$error":"#REF!"}},{"$f":"'[51]CRO2_Pro-Mes'!QKC3","v":0},{"$f":"'[51]CRO2_Pro-Mes'!#REF!","v":{"$error":"#REF!"}},{"$f":"'[51]CRO2_Pro-Mes'!QKE3","v":0},{"$f":"'[51]CRO2_Pro-Mes'!#REF!","v":{"$error":"#REF!"}},{"$f":"'[51]CRO2_Pro-Mes'!QKG3","v":0},{"$f":"'[51]CRO2_Pro-Mes'!#REF!","v":{"$error":"#REF!"}},{"$f":"'[51]CRO2_Pro-Mes'!QKI3","v":0},{"$f":"'[51]CRO2_Pro-Mes'!#REF!","v":{"$error":"#REF!"}},{"$f":"'[51]CRO2_Pro-Mes'!QKK3","v":0},{"$f":"'[51]CRO2_Pro-Mes'!#REF!","v":{"$error":"#REF!"}},{"$f":"'[51]CRO2_Pro-Mes'!QKM3","v":0},{"$f":"'[51]CRO2_Pro-Mes'!#REF!","v":{"$error":"#REF!"}},{"$f":"'[51]CRO2_Pro-Mes'!QKO3","v":0},{"$f":"'[51]CRO2_Pro-Mes'!#REF!","v":{"$error":"#REF!"}},{"$f":"'[51]CRO2_Pro-Mes'!QKQ3","v":0},{"$f":"'[51]CRO2_Pro-Mes'!#REF!","v":{"$error":"#REF!"}},{"$f":"'[51]CRO2_Pro-Mes'!QKS3","v":0},{"$f":"'[51]CRO2_Pro-Mes'!#REF!","v":{"$error":"#REF!"}},{"$f":"'[51]CRO2_Pro-Mes'!QKU3","v":0},{"$f":"'[51]CRO2_Pro-Mes'!#REF!","v":{"$error":"#REF!"}},{"$f":"'[51]CRO2_Pro-Mes'!QKW3","v":0},{"$f":"'[51]CRO2_Pro-Mes'!#REF!","v":{"$error":"#REF!"}},{"$f":"'[51]CRO2_Pro-Mes'!QKY3","v":0},{"$f":"'[51]CRO2_Pro-Mes'!#REF!","v":{"$error":"#REF!"}},{"$f":"'[51]CRO2_Pro-Mes'!QLA3","v":0},{"$f":"'[51]CRO2_Pro-Mes'!#REF!","v":{"$error":"#REF!"}},{"$f":"'[51]CRO2_Pro-Mes'!QLC3","v":0},{"$f":"'[51]CRO2_Pro-Mes'!#REF!","v":{"$error":"#REF!"}},{"$f":"'[51]CRO2_Pro-Mes'!QLE3","v":0},{"$f":"'[51]CRO2_Pro-Mes'!#REF!","v":{"$error":"#REF!"}},{"$f":"'[51]CRO2_Pro-Mes'!QLG3","v":0},{"$f":"'[51]CRO2_Pro-Mes'!#REF!","v":{"$error":"#REF!"}},{"$f":"'[51]CRO2_Pro-Mes'!QLI3","v":0},{"$f":"'[51]CRO2_Pro-Mes'!#REF!","v":{"$error":"#REF!"}},{"$f":"'[51]CRO2_Pro-Mes'!QLK3","v":0},{"$f":"'[51]CRO2_Pro-Mes'!#REF!","v":{"$error":"#REF!"}},{"$f":"'[51]CRO2_Pro-Mes'!QLM3","v":0},{"$f":"'[51]CRO2_Pro-Mes'!#REF!","v":{"$error":"#REF!"}},{"$f":"'[51]CRO2_Pro-Mes'!QLO3","v":0},{"$f":"'[51]CRO2_Pro-Mes'!#REF!","v":{"$error":"#REF!"}},{"$f":"'[51]CRO2_Pro-Mes'!QLQ3","v":0},{"$f":"'[51]CRO2_Pro-Mes'!#REF!","v":{"$error":"#REF!"}},{"$f":"'[51]CRO2_Pro-Mes'!QLS3","v":0},{"$f":"'[51]CRO2_Pro-Mes'!#REF!","v":{"$error":"#REF!"}},{"$f":"'[51]CRO2_Pro-Mes'!QLU3","v":0},{"$f":"'[51]CRO2_Pro-Mes'!#REF!","v":{"$error":"#REF!"}},{"$f":"'[51]CRO2_Pro-Mes'!QLW3","v":0},{"$f":"'[51]CRO2_Pro-Mes'!#REF!","v":{"$error":"#REF!"}},{"$f":"'[51]CRO2_Pro-Mes'!QLY3","v":0},{"$f":"'[51]CRO2_Pro-Mes'!#REF!","v":{"$error":"#REF!"}},{"$f":"'[51]CRO2_Pro-Mes'!QMA3","v":0},{"$f":"'[51]CRO2_Pro-Mes'!#REF!","v":{"$error":"#REF!"}},{"$f":"'[51]CRO2_Pro-Mes'!QMC3","v":0},{"$f":"'[51]CRO2_Pro-Mes'!#REF!","v":{"$error":"#REF!"}},{"$f":"'[51]CRO2_Pro-Mes'!QME3","v":0},{"$f":"'[51]CRO2_Pro-Mes'!#REF!","v":{"$error":"#REF!"}},{"$f":"'[51]CRO2_Pro-Mes'!QMG3","v":0},{"$f":"'[51]CRO2_Pro-Mes'!#REF!","v":{"$error":"#REF!"}},{"$f":"'[51]CRO2_Pro-Mes'!QMI3","v":0},{"$f":"'[51]CRO2_Pro-Mes'!#REF!","v":{"$error":"#REF!"}},{"$f":"'[51]CRO2_Pro-Mes'!QMK3","v":0},{"$f":"'[51]CRO2_Pro-Mes'!#REF!","v":{"$error":"#REF!"}},{"$f":"'[51]CRO2_Pro-Mes'!QMM3","v":0},{"$f":"'[51]CRO2_Pro-Mes'!#REF!","v":{"$error":"#REF!"}},{"$f":"'[51]CRO2_Pro-Mes'!QMO3","v":0},{"$f":"'[51]CRO2_Pro-Mes'!#REF!","v":{"$error":"#REF!"}},{"$f":"'[51]CRO2_Pro-Mes'!QMQ3","v":0},{"$f":"'[51]CRO2_Pro-Mes'!#REF!","v":{"$error":"#REF!"}},{"$f":"'[51]CRO2_Pro-Mes'!QMS3","v":0},{"$f":"'[51]CRO2_Pro-Mes'!#REF!","v":{"$error":"#REF!"}},{"$f":"'[51]CRO2_Pro-Mes'!QMU3","v":0},{"$f":"'[51]CRO2_Pro-Mes'!#REF!","v":{"$error":"#REF!"}},{"$f":"'[51]CRO2_Pro-Mes'!QMW3","v":0},{"$f":"'[51]CRO2_Pro-Mes'!#REF!","v":{"$error":"#REF!"}},{"$f":"'[51]CRO2_Pro-Mes'!QMY3","v":0},{"$f":"'[51]CRO2_Pro-Mes'!#REF!","v":{"$error":"#REF!"}},{"$f":"'[51]CRO2_Pro-Mes'!QNA3","v":0},{"$f":"'[51]CRO2_Pro-Mes'!#REF!","v":{"$error":"#REF!"}},{"$f":"'[51]CRO2_Pro-Mes'!QNC3","v":0},{"$f":"'[51]CRO2_Pro-Mes'!#REF!","v":{"$error":"#REF!"}},{"$f":"'[51]CRO2_Pro-Mes'!QNE3","v":0},{"$f":"'[51]CRO2_Pro-Mes'!#REF!","v":{"$error":"#REF!"}},{"$f":"'[51]CRO2_Pro-Mes'!QNG3","v":0},{"$f":"'[51]CRO2_Pro-Mes'!#REF!","v":{"$error":"#REF!"}},{"$f":"'[51]CRO2_Pro-Mes'!QNI3","v":0},{"$f":"'[51]CRO2_Pro-Mes'!#REF!","v":{"$error":"#REF!"}},{"$f":"'[51]CRO2_Pro-Mes'!QNK3","v":0},{"$f":"'[51]CRO2_Pro-Mes'!#REF!","v":{"$error":"#REF!"}},{"$f":"'[51]CRO2_Pro-Mes'!QNM3","v":0},{"$f":"'[51]CRO2_Pro-Mes'!#REF!","v":{"$error":"#REF!"}},{"$f":"'[51]CRO2_Pro-Mes'!QNO3","v":0},{"$f":"'[51]CRO2_Pro-Mes'!#REF!","v":{"$error":"#REF!"}},{"$f":"'[51]CRO2_Pro-Mes'!QNQ3","v":0},{"$f":"'[51]CRO2_Pro-Mes'!#REF!","v":{"$error":"#REF!"}},{"$f":"'[51]CRO2_Pro-Mes'!QNS3","v":0},{"$f":"'[51]CRO2_Pro-Mes'!#REF!","v":{"$error":"#REF!"}},{"$f":"'[51]CRO2_Pro-Mes'!QNU3","v":0},{"$f":"'[51]CRO2_Pro-Mes'!#REF!","v":{"$error":"#REF!"}},{"$f":"'[51]CRO2_Pro-Mes'!QNW3","v":0},{"$f":"'[51]CRO2_Pro-Mes'!#REF!","v":{"$error":"#REF!"}},{"$f":"'[51]CRO2_Pro-Mes'!QNY3","v":0},{"$f":"'[51]CRO2_Pro-Mes'!#REF!","v":{"$error":"#REF!"}},{"$f":"'[51]CRO2_Pro-Mes'!QOA3","v":0},{"$f":"'[51]CRO2_Pro-Mes'!#REF!","v":{"$error":"#REF!"}},{"$f":"'[51]CRO2_Pro-Mes'!QOC3","v":0},{"$f":"'[51]CRO2_Pro-Mes'!#REF!","v":{"$error":"#REF!"}},{"$f":"'[51]CRO2_Pro-Mes'!QOE3","v":0},{"$f":"'[51]CRO2_Pro-Mes'!#REF!","v":{"$error":"#REF!"}},{"$f":"'[51]CRO2_Pro-Mes'!QOG3","v":0},{"$f":"'[51]CRO2_Pro-Mes'!#REF!","v":{"$error":"#REF!"}},{"$f":"'[51]CRO2_Pro-Mes'!QOI3","v":0},{"$f":"'[51]CRO2_Pro-Mes'!#REF!","v":{"$error":"#REF!"}},{"$f":"'[51]CRO2_Pro-Mes'!QOK3","v":0},{"$f":"'[51]CRO2_Pro-Mes'!#REF!","v":{"$error":"#REF!"}},{"$f":"'[51]CRO2_Pro-Mes'!QOM3","v":0},{"$f":"'[51]CRO2_Pro-Mes'!#REF!","v":{"$error":"#REF!"}},{"$f":"'[51]CRO2_Pro-Mes'!QOO3","v":0},{"$f":"'[51]CRO2_Pro-Mes'!#REF!","v":{"$error":"#REF!"}},{"$f":"'[51]CRO2_Pro-Mes'!QOQ3","v":0},{"$f":"'[51]CRO2_Pro-Mes'!#REF!","v":{"$error":"#REF!"}},{"$f":"'[51]CRO2_Pro-Mes'!QOS3","v":0},{"$f":"'[51]CRO2_Pro-Mes'!#REF!","v":{"$error":"#REF!"}},{"$f":"'[51]CRO2_Pro-Mes'!QOU3","v":0},{"$f":"'[51]CRO2_Pro-Mes'!#REF!","v":{"$error":"#REF!"}},{"$f":"'[51]CRO2_Pro-Mes'!QOW3","v":0},{"$f":"'[51]CRO2_Pro-Mes'!#REF!","v":{"$error":"#REF!"}},{"$f":"'[51]CRO2_Pro-Mes'!QOY3","v":0},{"$f":"'[51]CRO2_Pro-Mes'!#REF!","v":{"$error":"#REF!"}},{"$f":"'[51]CRO2_Pro-Mes'!QPA3","v":0},{"$f":"'[51]CRO2_Pro-Mes'!#REF!","v":{"$error":"#REF!"}},{"$f":"'[51]CRO2_Pro-Mes'!QPC3","v":0},{"$f":"'[51]CRO2_Pro-Mes'!#REF!","v":{"$error":"#REF!"}},{"$f":"'[51]CRO2_Pro-Mes'!QPE3","v":0},{"$f":"'[51]CRO2_Pro-Mes'!#REF!","v":{"$error":"#REF!"}},{"$f":"'[51]CRO2_Pro-Mes'!QPG3","v":0},{"$f":"'[51]CRO2_Pro-Mes'!#REF!","v":{"$error":"#REF!"}},{"$f":"'[51]CRO2_Pro-Mes'!QPI3","v":0},{"$f":"'[51]CRO2_Pro-Mes'!#REF!","v":{"$error":"#REF!"}},{"$f":"'[51]CRO2_Pro-Mes'!QPK3","v":0},{"$f":"'[51]CRO2_Pro-Mes'!#REF!","v":{"$error":"#REF!"}},{"$f":"'[51]CRO2_Pro-Mes'!QPM3","v":0},{"$f":"'[51]CRO2_Pro-Mes'!#REF!","v":{"$error":"#REF!"}},{"$f":"'[51]CRO2_Pro-Mes'!QPO3","v":0},{"$f":"'[51]CRO2_Pro-Mes'!#REF!","v":{"$error":"#REF!"}},{"$f":"'[51]CRO2_Pro-Mes'!QPQ3","v":0},{"$f":"'[51]CRO2_Pro-Mes'!#REF!","v":{"$error":"#REF!"}},{"$f":"'[51]CRO2_Pro-Mes'!QPS3","v":0},{"$f":"'[51]CRO2_Pro-Mes'!#REF!","v":{"$error":"#REF!"}},{"$f":"'[51]CRO2_Pro-Mes'!QPU3","v":0},{"$f":"'[51]CRO2_Pro-Mes'!#REF!","v":{"$error":"#REF!"}},{"$f":"'[51]CRO2_Pro-Mes'!QPW3","v":0},{"$f":"'[51]CRO2_Pro-Mes'!#REF!","v":{"$error":"#REF!"}},{"$f":"'[51]CRO2_Pro-Mes'!QPY3","v":0},{"$f":"'[51]CRO2_Pro-Mes'!#REF!","v":{"$error":"#REF!"}},{"$f":"'[51]CRO2_Pro-Mes'!QQA3","v":0},{"$f":"'[51]CRO2_Pro-Mes'!#REF!","v":{"$error":"#REF!"}},{"$f":"'[51]CRO2_Pro-Mes'!QQC3","v":0},{"$f":"'[51]CRO2_Pro-Mes'!#REF!","v":{"$error":"#REF!"}},{"$f":"'[51]CRO2_Pro-Mes'!QQE3","v":0},{"$f":"'[51]CRO2_Pro-Mes'!#REF!","v":{"$error":"#REF!"}},{"$f":"'[51]CRO2_Pro-Mes'!QQG3","v":0},{"$f":"'[51]CRO2_Pro-Mes'!#REF!","v":{"$error":"#REF!"}},{"$f":"'[51]CRO2_Pro-Mes'!QQI3","v":0},{"$f":"'[51]CRO2_Pro-Mes'!#REF!","v":{"$error":"#REF!"}},{"$f":"'[51]CRO2_Pro-Mes'!QQK3","v":0},{"$f":"'[51]CRO2_Pro-Mes'!#REF!","v":{"$error":"#REF!"}},{"$f":"'[51]CRO2_Pro-Mes'!QQM3","v":0},{"$f":"'[51]CRO2_Pro-Mes'!#REF!","v":{"$error":"#REF!"}},{"$f":"'[51]CRO2_Pro-Mes'!QQO3","v":0},{"$f":"'[51]CRO2_Pro-Mes'!#REF!","v":{"$error":"#REF!"}},{"$f":"'[51]CRO2_Pro-Mes'!QQQ3","v":0},{"$f":"'[51]CRO2_Pro-Mes'!#REF!","v":{"$error":"#REF!"}},{"$f":"'[51]CRO2_Pro-Mes'!QQS3","v":0},{"$f":"'[51]CRO2_Pro-Mes'!#REF!","v":{"$error":"#REF!"}},{"$f":"'[51]CRO2_Pro-Mes'!QQU3","v":0},{"$f":"'[51]CRO2_Pro-Mes'!#REF!","v":{"$error":"#REF!"}},{"$f":"'[51]CRO2_Pro-Mes'!QQW3","v":0},{"$f":"'[51]CRO2_Pro-Mes'!#REF!","v":{"$error":"#REF!"}},{"$f":"'[51]CRO2_Pro-Mes'!QQY3","v":0},{"$f":"'[51]CRO2_Pro-Mes'!#REF!","v":{"$error":"#REF!"}},{"$f":"'[51]CRO2_Pro-Mes'!QRA3","v":0},{"$f":"'[51]CRO2_Pro-Mes'!#REF!","v":{"$error":"#REF!"}},{"$f":"'[51]CRO2_Pro-Mes'!QRC3","v":0},{"$f":"'[51]CRO2_Pro-Mes'!#REF!","v":{"$error":"#REF!"}},{"$f":"'[51]CRO2_Pro-Mes'!QRE3","v":0},{"$f":"'[51]CRO2_Pro-Mes'!#REF!","v":{"$error":"#REF!"}},{"$f":"'[51]CRO2_Pro-Mes'!QRG3","v":0},{"$f":"'[51]CRO2_Pro-Mes'!#REF!","v":{"$error":"#REF!"}},{"$f":"'[51]CRO2_Pro-Mes'!QRI3","v":0},{"$f":"'[51]CRO2_Pro-Mes'!#REF!","v":{"$error":"#REF!"}},{"$f":"'[51]CRO2_Pro-Mes'!QRK3","v":0},{"$f":"'[51]CRO2_Pro-Mes'!#REF!","v":{"$error":"#REF!"}},{"$f":"'[51]CRO2_Pro-Mes'!QRM3","v":0},{"$f":"'[51]CRO2_Pro-Mes'!#REF!","v":{"$error":"#REF!"}},{"$f":"'[51]CRO2_Pro-Mes'!QRO3","v":0},{"$f":"'[51]CRO2_Pro-Mes'!#REF!","v":{"$error":"#REF!"}},{"$f":"'[51]CRO2_Pro-Mes'!QRQ3","v":0},{"$f":"'[51]CRO2_Pro-Mes'!#REF!","v":{"$error":"#REF!"}},{"$f":"'[51]CRO2_Pro-Mes'!QRS3","v":0},{"$f":"'[51]CRO2_Pro-Mes'!#REF!","v":{"$error":"#REF!"}},{"$f":"'[51]CRO2_Pro-Mes'!QRU3","v":0},{"$f":"'[51]CRO2_Pro-Mes'!#REF!","v":{"$error":"#REF!"}},{"$f":"'[51]CRO2_Pro-Mes'!QRW3","v":0},{"$f":"'[51]CRO2_Pro-Mes'!#REF!","v":{"$error":"#REF!"}},{"$f":"'[51]CRO2_Pro-Mes'!QRY3","v":0},{"$f":"'[51]CRO2_Pro-Mes'!#REF!","v":{"$error":"#REF!"}},{"$f":"'[51]CRO2_Pro-Mes'!QSA3","v":0},{"$f":"'[51]CRO2_Pro-Mes'!#REF!","v":{"$error":"#REF!"}},{"$f":"'[51]CRO2_Pro-Mes'!QSC3","v":0},{"$f":"'[51]CRO2_Pro-Mes'!#REF!","v":{"$error":"#REF!"}},{"$f":"'[51]CRO2_Pro-Mes'!QSE3","v":0},{"$f":"'[51]CRO2_Pro-Mes'!#REF!","v":{"$error":"#REF!"}},{"$f":"'[51]CRO2_Pro-Mes'!QSG3","v":0},{"$f":"'[51]CRO2_Pro-Mes'!#REF!","v":{"$error":"#REF!"}},{"$f":"'[51]CRO2_Pro-Mes'!QSI3","v":0},{"$f":"'[51]CRO2_Pro-Mes'!#REF!","v":{"$error":"#REF!"}},{"$f":"'[51]CRO2_Pro-Mes'!QSK3","v":0},{"$f":"'[51]CRO2_Pro-Mes'!#REF!","v":{"$error":"#REF!"}},{"$f":"'[51]CRO2_Pro-Mes'!QSM3","v":0},{"$f":"'[51]CRO2_Pro-Mes'!#REF!","v":{"$error":"#REF!"}},{"$f":"'[51]CRO2_Pro-Mes'!QSO3","v":0},{"$f":"'[51]CRO2_Pro-Mes'!#REF!","v":{"$error":"#REF!"}},{"$f":"'[51]CRO2_Pro-Mes'!QSQ3","v":0},{"$f":"'[51]CRO2_Pro-Mes'!#REF!","v":{"$error":"#REF!"}},{"$f":"'[51]CRO2_Pro-Mes'!QSS3","v":0},{"$f":"'[51]CRO2_Pro-Mes'!#REF!","v":{"$error":"#REF!"}},{"$f":"'[51]CRO2_Pro-Mes'!QSU3","v":0},{"$f":"'[51]CRO2_Pro-Mes'!#REF!","v":{"$error":"#REF!"}},{"$f":"'[51]CRO2_Pro-Mes'!QSW3","v":0},{"$f":"'[51]CRO2_Pro-Mes'!#REF!","v":{"$error":"#REF!"}},{"$f":"'[51]CRO2_Pro-Mes'!QSY3","v":0},{"$f":"'[51]CRO2_Pro-Mes'!#REF!","v":{"$error":"#REF!"}},{"$f":"'[51]CRO2_Pro-Mes'!QTA3","v":0},{"$f":"'[51]CRO2_Pro-Mes'!#REF!","v":{"$error":"#REF!"}},{"$f":"'[51]CRO2_Pro-Mes'!QTC3","v":0},{"$f":"'[51]CRO2_Pro-Mes'!#REF!","v":{"$error":"#REF!"}},{"$f":"'[51]CRO2_Pro-Mes'!QTE3","v":0},{"$f":"'[51]CRO2_Pro-Mes'!#REF!","v":{"$error":"#REF!"}},{"$f":"'[51]CRO2_Pro-Mes'!QTG3","v":0},{"$f":"'[51]CRO2_Pro-Mes'!#REF!","v":{"$error":"#REF!"}},{"$f":"'[51]CRO2_Pro-Mes'!QTI3","v":0},{"$f":"'[51]CRO2_Pro-Mes'!#REF!","v":{"$error":"#REF!"}},{"$f":"'[51]CRO2_Pro-Mes'!QTK3","v":0},{"$f":"'[51]CRO2_Pro-Mes'!#REF!","v":{"$error":"#REF!"}},{"$f":"'[51]CRO2_Pro-Mes'!QTM3","v":0},{"$f":"'[51]CRO2_Pro-Mes'!#REF!","v":{"$error":"#REF!"}},{"$f":"'[51]CRO2_Pro-Mes'!QTO3","v":0},{"$f":"'[51]CRO2_Pro-Mes'!#REF!","v":{"$error":"#REF!"}},{"$f":"'[51]CRO2_Pro-Mes'!QTQ3","v":0},{"$f":"'[51]CRO2_Pro-Mes'!#REF!","v":{"$error":"#REF!"}},{"$f":"'[51]CRO2_Pro-Mes'!QTS3","v":0},{"$f":"'[51]CRO2_Pro-Mes'!#REF!","v":{"$error":"#REF!"}},{"$f":"'[51]CRO2_Pro-Mes'!QTU3","v":0},{"$f":"'[51]CRO2_Pro-Mes'!#REF!","v":{"$error":"#REF!"}},{"$f":"'[51]CRO2_Pro-Mes'!QTW3","v":0},{"$f":"'[51]CRO2_Pro-Mes'!#REF!","v":{"$error":"#REF!"}},{"$f":"'[51]CRO2_Pro-Mes'!QTY3","v":0},{"$f":"'[51]CRO2_Pro-Mes'!#REF!","v":{"$error":"#REF!"}},{"$f":"'[51]CRO2_Pro-Mes'!QUA3","v":0},{"$f":"'[51]CRO2_Pro-Mes'!#REF!","v":{"$error":"#REF!"}},{"$f":"'[51]CRO2_Pro-Mes'!QUC3","v":0},{"$f":"'[51]CRO2_Pro-Mes'!#REF!","v":{"$error":"#REF!"}},{"$f":"'[51]CRO2_Pro-Mes'!QUE3","v":0},{"$f":"'[51]CRO2_Pro-Mes'!#REF!","v":{"$error":"#REF!"}},{"$f":"'[51]CRO2_Pro-Mes'!QUG3","v":0},{"$f":"'[51]CRO2_Pro-Mes'!#REF!","v":{"$error":"#REF!"}},{"$f":"'[51]CRO2_Pro-Mes'!QUI3","v":0},{"$f":"'[51]CRO2_Pro-Mes'!#REF!","v":{"$error":"#REF!"}},{"$f":"'[51]CRO2_Pro-Mes'!QUK3","v":0},{"$f":"'[51]CRO2_Pro-Mes'!#REF!","v":{"$error":"#REF!"}},{"$f":"'[51]CRO2_Pro-Mes'!QUM3","v":0},{"$f":"'[51]CRO2_Pro-Mes'!#REF!","v":{"$error":"#REF!"}},{"$f":"'[51]CRO2_Pro-Mes'!QUO3","v":0},{"$f":"'[51]CRO2_Pro-Mes'!#REF!","v":{"$error":"#REF!"}},{"$f":"'[51]CRO2_Pro-Mes'!QUQ3","v":0},{"$f":"'[51]CRO2_Pro-Mes'!#REF!","v":{"$error":"#REF!"}},{"$f":"'[51]CRO2_Pro-Mes'!QUS3","v":0},{"$f":"'[51]CRO2_Pro-Mes'!#REF!","v":{"$error":"#REF!"}},{"$f":"'[51]CRO2_Pro-Mes'!QUU3","v":0},{"$f":"'[51]CRO2_Pro-Mes'!#REF!","v":{"$error":"#REF!"}},{"$f":"'[51]CRO2_Pro-Mes'!QUW3","v":0},{"$f":"'[51]CRO2_Pro-Mes'!#REF!","v":{"$error":"#REF!"}},{"$f":"'[51]CRO2_Pro-Mes'!QUY3","v":0},{"$f":"'[51]CRO2_Pro-Mes'!#REF!","v":{"$error":"#REF!"}},{"$f":"'[51]CRO2_Pro-Mes'!QVA3","v":0},{"$f":"'[51]CRO2_Pro-Mes'!#REF!","v":{"$error":"#REF!"}},{"$f":"'[51]CRO2_Pro-Mes'!QVC3","v":0},{"$f":"'[51]CRO2_Pro-Mes'!#REF!","v":{"$error":"#REF!"}},{"$f":"'[51]CRO2_Pro-Mes'!QVE3","v":0},{"$f":"'[51]CRO2_Pro-Mes'!#REF!","v":{"$error":"#REF!"}},{"$f":"'[51]CRO2_Pro-Mes'!QVG3","v":0},{"$f":"'[51]CRO2_Pro-Mes'!#REF!","v":{"$error":"#REF!"}},{"$f":"'[51]CRO2_Pro-Mes'!QVI3","v":0},{"$f":"'[51]CRO2_Pro-Mes'!#REF!","v":{"$error":"#REF!"}},{"$f":"'[51]CRO2_Pro-Mes'!QVK3","v":0},{"$f":"'[51]CRO2_Pro-Mes'!#REF!","v":{"$error":"#REF!"}},{"$f":"'[51]CRO2_Pro-Mes'!QVM3","v":0},{"$f":"'[51]CRO2_Pro-Mes'!#REF!","v":{"$error":"#REF!"}},{"$f":"'[51]CRO2_Pro-Mes'!QVO3","v":0},{"$f":"'[51]CRO2_Pro-Mes'!#REF!","v":{"$error":"#REF!"}},{"$f":"'[51]CRO2_Pro-Mes'!QVQ3","v":0},{"$f":"'[51]CRO2_Pro-Mes'!#REF!","v":{"$error":"#REF!"}},{"$f":"'[51]CRO2_Pro-Mes'!QVS3","v":0},{"$f":"'[51]CRO2_Pro-Mes'!#REF!","v":{"$error":"#REF!"}},{"$f":"'[51]CRO2_Pro-Mes'!QVU3","v":0},{"$f":"'[51]CRO2_Pro-Mes'!#REF!","v":{"$error":"#REF!"}},{"$f":"'[51]CRO2_Pro-Mes'!QVW3","v":0},{"$f":"'[51]CRO2_Pro-Mes'!#REF!","v":{"$error":"#REF!"}},{"$f":"'[51]CRO2_Pro-Mes'!QVY3","v":0},{"$f":"'[51]CRO2_Pro-Mes'!#REF!","v":{"$error":"#REF!"}},{"$f":"'[51]CRO2_Pro-Mes'!QWA3","v":0},{"$f":"'[51]CRO2_Pro-Mes'!#REF!","v":{"$error":"#REF!"}},{"$f":"'[51]CRO2_Pro-Mes'!QWC3","v":0},{"$f":"'[51]CRO2_Pro-Mes'!#REF!","v":{"$error":"#REF!"}},{"$f":"'[51]CRO2_Pro-Mes'!QWE3","v":0},{"$f":"'[51]CRO2_Pro-Mes'!#REF!","v":{"$error":"#REF!"}},{"$f":"'[51]CRO2_Pro-Mes'!QWG3","v":0},{"$f":"'[51]CRO2_Pro-Mes'!#REF!","v":{"$error":"#REF!"}},{"$f":"'[51]CRO2_Pro-Mes'!QWI3","v":0},{"$f":"'[51]CRO2_Pro-Mes'!#REF!","v":{"$error":"#REF!"}},{"$f":"'[51]CRO2_Pro-Mes'!QWK3","v":0},{"$f":"'[51]CRO2_Pro-Mes'!#REF!","v":{"$error":"#REF!"}},{"$f":"'[51]CRO2_Pro-Mes'!QWM3","v":0},{"$f":"'[51]CRO2_Pro-Mes'!#REF!","v":{"$error":"#REF!"}},{"$f":"'[51]CRO2_Pro-Mes'!QWO3","v":0},{"$f":"'[51]CRO2_Pro-Mes'!#REF!","v":{"$error":"#REF!"}},{"$f":"'[51]CRO2_Pro-Mes'!QWQ3","v":0},{"$f":"'[51]CRO2_Pro-Mes'!#REF!","v":{"$error":"#REF!"}},{"$f":"'[51]CRO2_Pro-Mes'!QWS3","v":0},{"$f":"'[51]CRO2_Pro-Mes'!#REF!","v":{"$error":"#REF!"}},{"$f":"'[51]CRO2_Pro-Mes'!QWU3","v":0},{"$f":"'[51]CRO2_Pro-Mes'!#REF!","v":{"$error":"#REF!"}},{"$f":"'[51]CRO2_Pro-Mes'!QWW3","v":0},{"$f":"'[51]CRO2_Pro-Mes'!#REF!","v":{"$error":"#REF!"}},{"$f":"'[51]CRO2_Pro-Mes'!QWY3","v":0},{"$f":"'[51]CRO2_Pro-Mes'!#REF!","v":{"$error":"#REF!"}},{"$f":"'[51]CRO2_Pro-Mes'!QXA3","v":0},{"$f":"'[51]CRO2_Pro-Mes'!#REF!","v":{"$error":"#REF!"}},{"$f":"'[51]CRO2_Pro-Mes'!QXC3","v":0},{"$f":"'[51]CRO2_Pro-Mes'!#REF!","v":{"$error":"#REF!"}},{"$f":"'[51]CRO2_Pro-Mes'!QXE3","v":0},{"$f":"'[51]CRO2_Pro-Mes'!#REF!","v":{"$error":"#REF!"}},{"$f":"'[51]CRO2_Pro-Mes'!QXG3","v":0},{"$f":"'[51]CRO2_Pro-Mes'!#REF!","v":{"$error":"#REF!"}},{"$f":"'[51]CRO2_Pro-Mes'!QXI3","v":0},{"$f":"'[51]CRO2_Pro-Mes'!#REF!","v":{"$error":"#REF!"}},{"$f":"'[51]CRO2_Pro-Mes'!QXK3","v":0},{"$f":"'[51]CRO2_Pro-Mes'!#REF!","v":{"$error":"#REF!"}},{"$f":"'[51]CRO2_Pro-Mes'!QXM3","v":0},{"$f":"'[51]CRO2_Pro-Mes'!#REF!","v":{"$error":"#REF!"}},{"$f":"'[51]CRO2_Pro-Mes'!QXO3","v":0},{"$f":"'[51]CRO2_Pro-Mes'!#REF!","v":{"$error":"#REF!"}},{"$f":"'[51]CRO2_Pro-Mes'!QXQ3","v":0},{"$f":"'[51]CRO2_Pro-Mes'!#REF!","v":{"$error":"#REF!"}},{"$f":"'[51]CRO2_Pro-Mes'!QXS3","v":0},{"$f":"'[51]CRO2_Pro-Mes'!#REF!","v":{"$error":"#REF!"}},{"$f":"'[51]CRO2_Pro-Mes'!QXU3","v":0},{"$f":"'[51]CRO2_Pro-Mes'!#REF!","v":{"$error":"#REF!"}},{"$f":"'[51]CRO2_Pro-Mes'!QXW3","v":0},{"$f":"'[51]CRO2_Pro-Mes'!#REF!","v":{"$error":"#REF!"}},{"$f":"'[51]CRO2_Pro-Mes'!QXY3","v":0},{"$f":"'[51]CRO2_Pro-Mes'!#REF!","v":{"$error":"#REF!"}},{"$f":"'[51]CRO2_Pro-Mes'!QYA3","v":0},{"$f":"'[51]CRO2_Pro-Mes'!#REF!","v":{"$error":"#REF!"}},{"$f":"'[51]CRO2_Pro-Mes'!QYC3","v":0},{"$f":"'[51]CRO2_Pro-Mes'!#REF!","v":{"$error":"#REF!"}},{"$f":"'[51]CRO2_Pro-Mes'!QYE3","v":0},{"$f":"'[51]CRO2_Pro-Mes'!#REF!","v":{"$error":"#REF!"}},{"$f":"'[51]CRO2_Pro-Mes'!QYG3","v":0},{"$f":"'[51]CRO2_Pro-Mes'!#REF!","v":{"$error":"#REF!"}},{"$f":"'[51]CRO2_Pro-Mes'!QYI3","v":0},{"$f":"'[51]CRO2_Pro-Mes'!#REF!","v":{"$error":"#REF!"}},{"$f":"'[51]CRO2_Pro-Mes'!QYK3","v":0},{"$f":"'[51]CRO2_Pro-Mes'!#REF!","v":{"$error":"#REF!"}},{"$f":"'[51]CRO2_Pro-Mes'!QYM3","v":0},{"$f":"'[51]CRO2_Pro-Mes'!#REF!","v":{"$error":"#REF!"}},{"$f":"'[51]CRO2_Pro-Mes'!QYO3","v":0},{"$f":"'[51]CRO2_Pro-Mes'!#REF!","v":{"$error":"#REF!"}},{"$f":"'[51]CRO2_Pro-Mes'!QYQ3","v":0},{"$f":"'[51]CRO2_Pro-Mes'!#REF!","v":{"$error":"#REF!"}},{"$f":"'[51]CRO2_Pro-Mes'!QYS3","v":0},{"$f":"'[51]CRO2_Pro-Mes'!#REF!","v":{"$error":"#REF!"}},{"$f":"'[51]CRO2_Pro-Mes'!QYU3","v":0},{"$f":"'[51]CRO2_Pro-Mes'!#REF!","v":{"$error":"#REF!"}},{"$f":"'[51]CRO2_Pro-Mes'!QYW3","v":0},{"$f":"'[51]CRO2_Pro-Mes'!#REF!","v":{"$error":"#REF!"}},{"$f":"'[51]CRO2_Pro-Mes'!QYY3","v":0},{"$f":"'[51]CRO2_Pro-Mes'!#REF!","v":{"$error":"#REF!"}},{"$f":"'[51]CRO2_Pro-Mes'!QZA3","v":0},{"$f":"'[51]CRO2_Pro-Mes'!#REF!","v":{"$error":"#REF!"}},{"$f":"'[51]CRO2_Pro-Mes'!QZC3","v":0},{"$f":"'[51]CRO2_Pro-Mes'!#REF!","v":{"$error":"#REF!"}},{"$f":"'[51]CRO2_Pro-Mes'!QZE3","v":0},{"$f":"'[51]CRO2_Pro-Mes'!#REF!","v":{"$error":"#REF!"}},{"$f":"'[51]CRO2_Pro-Mes'!QZG3","v":0},{"$f":"'[51]CRO2_Pro-Mes'!#REF!","v":{"$error":"#REF!"}},{"$f":"'[51]CRO2_Pro-Mes'!QZI3","v":0},{"$f":"'[51]CRO2_Pro-Mes'!#REF!","v":{"$error":"#REF!"}},{"$f":"'[51]CRO2_Pro-Mes'!QZK3","v":0},{"$f":"'[51]CRO2_Pro-Mes'!#REF!","v":{"$error":"#REF!"}},{"$f":"'[51]CRO2_Pro-Mes'!QZM3","v":0},{"$f":"'[51]CRO2_Pro-Mes'!#REF!","v":{"$error":"#REF!"}},{"$f":"'[51]CRO2_Pro-Mes'!QZO3","v":0},{"$f":"'[51]CRO2_Pro-Mes'!#REF!","v":{"$error":"#REF!"}},{"$f":"'[51]CRO2_Pro-Mes'!QZQ3","v":0},{"$f":"'[51]CRO2_Pro-Mes'!#REF!","v":{"$error":"#REF!"}},{"$f":"'[51]CRO2_Pro-Mes'!QZS3","v":0},{"$f":"'[51]CRO2_Pro-Mes'!#REF!","v":{"$error":"#REF!"}},{"$f":"'[51]CRO2_Pro-Mes'!QZU3","v":0},{"$f":"'[51]CRO2_Pro-Mes'!#REF!","v":{"$error":"#REF!"}},{"$f":"'[51]CRO2_Pro-Mes'!QZW3","v":0},{"$f":"'[51]CRO2_Pro-Mes'!#REF!","v":{"$error":"#REF!"}},{"$f":"'[51]CRO2_Pro-Mes'!QZY3","v":0},{"$f":"'[51]CRO2_Pro-Mes'!#REF!","v":{"$error":"#REF!"}},{"$f":"'[51]CRO2_Pro-Mes'!RAA3","v":0},{"$f":"'[51]CRO2_Pro-Mes'!#REF!","v":{"$error":"#REF!"}},{"$f":"'[51]CRO2_Pro-Mes'!RAC3","v":0},{"$f":"'[51]CRO2_Pro-Mes'!#REF!","v":{"$error":"#REF!"}},{"$f":"'[51]CRO2_Pro-Mes'!RAE3","v":0},{"$f":"'[51]CRO2_Pro-Mes'!#REF!","v":{"$error":"#REF!"}},{"$f":"'[51]CRO2_Pro-Mes'!RAG3","v":0},{"$f":"'[51]CRO2_Pro-Mes'!#REF!","v":{"$error":"#REF!"}},{"$f":"'[51]CRO2_Pro-Mes'!RAI3","v":0},{"$f":"'[51]CRO2_Pro-Mes'!#REF!","v":{"$error":"#REF!"}},{"$f":"'[51]CRO2_Pro-Mes'!RAK3","v":0},{"$f":"'[51]CRO2_Pro-Mes'!#REF!","v":{"$error":"#REF!"}},{"$f":"'[51]CRO2_Pro-Mes'!RAM3","v":0},{"$f":"'[51]CRO2_Pro-Mes'!#REF!","v":{"$error":"#REF!"}},{"$f":"'[51]CRO2_Pro-Mes'!RAO3","v":0},{"$f":"'[51]CRO2_Pro-Mes'!#REF!","v":{"$error":"#REF!"}},{"$f":"'[51]CRO2_Pro-Mes'!RAQ3","v":0},{"$f":"'[51]CRO2_Pro-Mes'!#REF!","v":{"$error":"#REF!"}},{"$f":"'[51]CRO2_Pro-Mes'!RAS3","v":0},{"$f":"'[51]CRO2_Pro-Mes'!#REF!","v":{"$error":"#REF!"}},{"$f":"'[51]CRO2_Pro-Mes'!RAU3","v":0},{"$f":"'[51]CRO2_Pro-Mes'!#REF!","v":{"$error":"#REF!"}},{"$f":"'[51]CRO2_Pro-Mes'!RAW3","v":0},{"$f":"'[51]CRO2_Pro-Mes'!#REF!","v":{"$error":"#REF!"}},{"$f":"'[51]CRO2_Pro-Mes'!RAY3","v":0},{"$f":"'[51]CRO2_Pro-Mes'!#REF!","v":{"$error":"#REF!"}},{"$f":"'[51]CRO2_Pro-Mes'!RBA3","v":0},{"$f":"'[51]CRO2_Pro-Mes'!#REF!","v":{"$error":"#REF!"}},{"$f":"'[51]CRO2_Pro-Mes'!RBC3","v":0},{"$f":"'[51]CRO2_Pro-Mes'!#REF!","v":{"$error":"#REF!"}},{"$f":"'[51]CRO2_Pro-Mes'!RBE3","v":0},{"$f":"'[51]CRO2_Pro-Mes'!#REF!","v":{"$error":"#REF!"}},{"$f":"'[51]CRO2_Pro-Mes'!RBG3","v":0},{"$f":"'[51]CRO2_Pro-Mes'!#REF!","v":{"$error":"#REF!"}},{"$f":"'[51]CRO2_Pro-Mes'!RBI3","v":0},{"$f":"'[51]CRO2_Pro-Mes'!#REF!","v":{"$error":"#REF!"}},{"$f":"'[51]CRO2_Pro-Mes'!RBK3","v":0},{"$f":"'[51]CRO2_Pro-Mes'!#REF!","v":{"$error":"#REF!"}},{"$f":"'[51]CRO2_Pro-Mes'!RBM3","v":0},{"$f":"'[51]CRO2_Pro-Mes'!#REF!","v":{"$error":"#REF!"}},{"$f":"'[51]CRO2_Pro-Mes'!RBO3","v":0},{"$f":"'[51]CRO2_Pro-Mes'!#REF!","v":{"$error":"#REF!"}},{"$f":"'[51]CRO2_Pro-Mes'!RBQ3","v":0},{"$f":"'[51]CRO2_Pro-Mes'!#REF!","v":{"$error":"#REF!"}},{"$f":"'[51]CRO2_Pro-Mes'!RBS3","v":0},{"$f":"'[51]CRO2_Pro-Mes'!#REF!","v":{"$error":"#REF!"}},{"$f":"'[51]CRO2_Pro-Mes'!RBU3","v":0},{"$f":"'[51]CRO2_Pro-Mes'!#REF!","v":{"$error":"#REF!"}},{"$f":"'[51]CRO2_Pro-Mes'!RBW3","v":0},{"$f":"'[51]CRO2_Pro-Mes'!#REF!","v":{"$error":"#REF!"}},{"$f":"'[51]CRO2_Pro-Mes'!RBY3","v":0},{"$f":"'[51]CRO2_Pro-Mes'!#REF!","v":{"$error":"#REF!"}},{"$f":"'[51]CRO2_Pro-Mes'!RCA3","v":0},{"$f":"'[51]CRO2_Pro-Mes'!#REF!","v":{"$error":"#REF!"}},{"$f":"'[51]CRO2_Pro-Mes'!RCC3","v":0},{"$f":"'[51]CRO2_Pro-Mes'!#REF!","v":{"$error":"#REF!"}},{"$f":"'[51]CRO2_Pro-Mes'!RCE3","v":0},{"$f":"'[51]CRO2_Pro-Mes'!#REF!","v":{"$error":"#REF!"}},{"$f":"'[51]CRO2_Pro-Mes'!RCG3","v":0},{"$f":"'[51]CRO2_Pro-Mes'!#REF!","v":{"$error":"#REF!"}},{"$f":"'[51]CRO2_Pro-Mes'!RCI3","v":0},{"$f":"'[51]CRO2_Pro-Mes'!#REF!","v":{"$error":"#REF!"}},{"$f":"'[51]CRO2_Pro-Mes'!RCK3","v":0},{"$f":"'[51]CRO2_Pro-Mes'!#REF!","v":{"$error":"#REF!"}},{"$f":"'[51]CRO2_Pro-Mes'!RCM3","v":0},{"$f":"'[51]CRO2_Pro-Mes'!#REF!","v":{"$error":"#REF!"}},{"$f":"'[51]CRO2_Pro-Mes'!RCO3","v":0},{"$f":"'[51]CRO2_Pro-Mes'!#REF!","v":{"$error":"#REF!"}},{"$f":"'[51]CRO2_Pro-Mes'!RCQ3","v":0},{"$f":"'[51]CRO2_Pro-Mes'!#REF!","v":{"$error":"#REF!"}},{"$f":"'[51]CRO2_Pro-Mes'!RCS3","v":0},{"$f":"'[51]CRO2_Pro-Mes'!#REF!","v":{"$error":"#REF!"}},{"$f":"'[51]CRO2_Pro-Mes'!RCU3","v":0},{"$f":"'[51]CRO2_Pro-Mes'!#REF!","v":{"$error":"#REF!"}},{"$f":"'[51]CRO2_Pro-Mes'!RCW3","v":0},{"$f":"'[51]CRO2_Pro-Mes'!#REF!","v":{"$error":"#REF!"}},{"$f":"'[51]CRO2_Pro-Mes'!RCY3","v":0},{"$f":"'[51]CRO2_Pro-Mes'!#REF!","v":{"$error":"#REF!"}},{"$f":"'[51]CRO2_Pro-Mes'!RDA3","v":0},{"$f":"'[51]CRO2_Pro-Mes'!#REF!","v":{"$error":"#REF!"}},{"$f":"'[51]CRO2_Pro-Mes'!RDC3","v":0},{"$f":"'[51]CRO2_Pro-Mes'!#REF!","v":{"$error":"#REF!"}},{"$f":"'[51]CRO2_Pro-Mes'!RDE3","v":0},{"$f":"'[51]CRO2_Pro-Mes'!#REF!","v":{"$error":"#REF!"}},{"$f":"'[51]CRO2_Pro-Mes'!RDG3","v":0},{"$f":"'[51]CRO2_Pro-Mes'!#REF!","v":{"$error":"#REF!"}},{"$f":"'[51]CRO2_Pro-Mes'!RDI3","v":0},{"$f":"'[51]CRO2_Pro-Mes'!#REF!","v":{"$error":"#REF!"}},{"$f":"'[51]CRO2_Pro-Mes'!RDK3","v":0},{"$f":"'[51]CRO2_Pro-Mes'!#REF!","v":{"$error":"#REF!"}},{"$f":"'[51]CRO2_Pro-Mes'!RDM3","v":0},{"$f":"'[51]CRO2_Pro-Mes'!#REF!","v":{"$error":"#REF!"}},{"$f":"'[51]CRO2_Pro-Mes'!RDO3","v":0},{"$f":"'[51]CRO2_Pro-Mes'!#REF!","v":{"$error":"#REF!"}},{"$f":"'[51]CRO2_Pro-Mes'!RDQ3","v":0},{"$f":"'[51]CRO2_Pro-Mes'!#REF!","v":{"$error":"#REF!"}},{"$f":"'[51]CRO2_Pro-Mes'!RDS3","v":0},{"$f":"'[51]CRO2_Pro-Mes'!#REF!","v":{"$error":"#REF!"}},{"$f":"'[51]CRO2_Pro-Mes'!RDU3","v":0},{"$f":"'[51]CRO2_Pro-Mes'!#REF!","v":{"$error":"#REF!"}},{"$f":"'[51]CRO2_Pro-Mes'!RDW3","v":0},{"$f":"'[51]CRO2_Pro-Mes'!#REF!","v":{"$error":"#REF!"}},{"$f":"'[51]CRO2_Pro-Mes'!RDY3","v":0},{"$f":"'[51]CRO2_Pro-Mes'!#REF!","v":{"$error":"#REF!"}},{"$f":"'[51]CRO2_Pro-Mes'!REA3","v":0},{"$f":"'[51]CRO2_Pro-Mes'!#REF!","v":{"$error":"#REF!"}},{"$f":"'[51]CRO2_Pro-Mes'!REC3","v":0},{"$f":"'[51]CRO2_Pro-Mes'!#REF!","v":{"$error":"#REF!"}},{"$f":"'[51]CRO2_Pro-Mes'!REE3","v":0},{"$f":"'[51]CRO2_Pro-Mes'!#REF!","v":{"$error":"#REF!"}},{"$f":"'[51]CRO2_Pro-Mes'!REG3","v":0},{"$f":"'[51]CRO2_Pro-Mes'!#REF!","v":{"$error":"#REF!"}},{"$f":"'[51]CRO2_Pro-Mes'!REI3","v":0},{"$f":"'[51]CRO2_Pro-Mes'!#REF!","v":{"$error":"#REF!"}},{"$f":"'[51]CRO2_Pro-Mes'!REK3","v":0},{"$f":"'[51]CRO2_Pro-Mes'!#REF!","v":{"$error":"#REF!"}},{"$f":"'[51]CRO2_Pro-Mes'!REM3","v":0},{"$f":"'[51]CRO2_Pro-Mes'!#REF!","v":{"$error":"#REF!"}},{"$f":"'[51]CRO2_Pro-Mes'!REO3","v":0},{"$f":"'[51]CRO2_Pro-Mes'!#REF!","v":{"$error":"#REF!"}},{"$f":"'[51]CRO2_Pro-Mes'!REQ3","v":0},{"$f":"'[51]CRO2_Pro-Mes'!#REF!","v":{"$error":"#REF!"}},{"$f":"'[51]CRO2_Pro-Mes'!RES3","v":0},{"$f":"'[51]CRO2_Pro-Mes'!#REF!","v":{"$error":"#REF!"}},{"$f":"'[51]CRO2_Pro-Mes'!REU3","v":0},{"$f":"'[51]CRO2_Pro-Mes'!#REF!","v":{"$error":"#REF!"}},{"$f":"'[51]CRO2_Pro-Mes'!REW3","v":0},{"$f":"'[51]CRO2_Pro-Mes'!#REF!","v":{"$error":"#REF!"}},{"$f":"'[51]CRO2_Pro-Mes'!REY3","v":0},{"$f":"'[51]CRO2_Pro-Mes'!#REF!","v":{"$error":"#REF!"}},{"$f":"'[51]CRO2_Pro-Mes'!RFA3","v":0},{"$f":"'[51]CRO2_Pro-Mes'!#REF!","v":{"$error":"#REF!"}},{"$f":"'[51]CRO2_Pro-Mes'!RFC3","v":0},{"$f":"'[51]CRO2_Pro-Mes'!#REF!","v":{"$error":"#REF!"}},{"$f":"'[51]CRO2_Pro-Mes'!RFE3","v":0},{"$f":"'[51]CRO2_Pro-Mes'!#REF!","v":{"$error":"#REF!"}},{"$f":"'[51]CRO2_Pro-Mes'!RFG3","v":0},{"$f":"'[51]CRO2_Pro-Mes'!#REF!","v":{"$error":"#REF!"}},{"$f":"'[51]CRO2_Pro-Mes'!RFI3","v":0},{"$f":"'[51]CRO2_Pro-Mes'!#REF!","v":{"$error":"#REF!"}},{"$f":"'[51]CRO2_Pro-Mes'!RFK3","v":0},{"$f":"'[51]CRO2_Pro-Mes'!#REF!","v":{"$error":"#REF!"}},{"$f":"'[51]CRO2_Pro-Mes'!RFM3","v":0},{"$f":"'[51]CRO2_Pro-Mes'!#REF!","v":{"$error":"#REF!"}},{"$f":"'[51]CRO2_Pro-Mes'!RFO3","v":0},{"$f":"'[51]CRO2_Pro-Mes'!#REF!","v":{"$error":"#REF!"}},{"$f":"'[51]CRO2_Pro-Mes'!RFQ3","v":0},{"$f":"'[51]CRO2_Pro-Mes'!#REF!","v":{"$error":"#REF!"}},{"$f":"'[51]CRO2_Pro-Mes'!RFS3","v":0},{"$f":"'[51]CRO2_Pro-Mes'!#REF!","v":{"$error":"#REF!"}},{"$f":"'[51]CRO2_Pro-Mes'!RFU3","v":0},{"$f":"'[51]CRO2_Pro-Mes'!#REF!","v":{"$error":"#REF!"}},{"$f":"'[51]CRO2_Pro-Mes'!RFW3","v":0},{"$f":"'[51]CRO2_Pro-Mes'!#REF!","v":{"$error":"#REF!"}},{"$f":"'[51]CRO2_Pro-Mes'!RFY3","v":0},{"$f":"'[51]CRO2_Pro-Mes'!#REF!","v":{"$error":"#REF!"}},{"$f":"'[51]CRO2_Pro-Mes'!RGA3","v":0},{"$f":"'[51]CRO2_Pro-Mes'!#REF!","v":{"$error":"#REF!"}},{"$f":"'[51]CRO2_Pro-Mes'!RGC3","v":0},{"$f":"'[51]CRO2_Pro-Mes'!#REF!","v":{"$error":"#REF!"}},{"$f":"'[51]CRO2_Pro-Mes'!RGE3","v":0},{"$f":"'[51]CRO2_Pro-Mes'!#REF!","v":{"$error":"#REF!"}},{"$f":"'[51]CRO2_Pro-Mes'!RGG3","v":0},{"$f":"'[51]CRO2_Pro-Mes'!#REF!","v":{"$error":"#REF!"}},{"$f":"'[51]CRO2_Pro-Mes'!RGI3","v":0},{"$f":"'[51]CRO2_Pro-Mes'!#REF!","v":{"$error":"#REF!"}},{"$f":"'[51]CRO2_Pro-Mes'!RGK3","v":0},{"$f":"'[51]CRO2_Pro-Mes'!#REF!","v":{"$error":"#REF!"}},{"$f":"'[51]CRO2_Pro-Mes'!RGM3","v":0},{"$f":"'[51]CRO2_Pro-Mes'!#REF!","v":{"$error":"#REF!"}},{"$f":"'[51]CRO2_Pro-Mes'!RGO3","v":0},{"$f":"'[51]CRO2_Pro-Mes'!#REF!","v":{"$error":"#REF!"}},{"$f":"'[51]CRO2_Pro-Mes'!RGQ3","v":0},{"$f":"'[51]CRO2_Pro-Mes'!#REF!","v":{"$error":"#REF!"}},{"$f":"'[51]CRO2_Pro-Mes'!RGS3","v":0},{"$f":"'[51]CRO2_Pro-Mes'!#REF!","v":{"$error":"#REF!"}},{"$f":"'[51]CRO2_Pro-Mes'!RGU3","v":0},{"$f":"'[51]CRO2_Pro-Mes'!#REF!","v":{"$error":"#REF!"}},{"$f":"'[51]CRO2_Pro-Mes'!RGW3","v":0},{"$f":"'[51]CRO2_Pro-Mes'!#REF!","v":{"$error":"#REF!"}},{"$f":"'[51]CRO2_Pro-Mes'!RGY3","v":0},{"$f":"'[51]CRO2_Pro-Mes'!#REF!","v":{"$error":"#REF!"}},{"$f":"'[51]CRO2_Pro-Mes'!RHA3","v":0},{"$f":"'[51]CRO2_Pro-Mes'!#REF!","v":{"$error":"#REF!"}},{"$f":"'[51]CRO2_Pro-Mes'!RHC3","v":0},{"$f":"'[51]CRO2_Pro-Mes'!#REF!","v":{"$error":"#REF!"}},{"$f":"'[51]CRO2_Pro-Mes'!RHE3","v":0},{"$f":"'[51]CRO2_Pro-Mes'!#REF!","v":{"$error":"#REF!"}},{"$f":"'[51]CRO2_Pro-Mes'!RHG3","v":0},{"$f":"'[51]CRO2_Pro-Mes'!#REF!","v":{"$error":"#REF!"}},{"$f":"'[51]CRO2_Pro-Mes'!RHI3","v":0},{"$f":"'[51]CRO2_Pro-Mes'!#REF!","v":{"$error":"#REF!"}},{"$f":"'[51]CRO2_Pro-Mes'!RHK3","v":0},{"$f":"'[51]CRO2_Pro-Mes'!#REF!","v":{"$error":"#REF!"}},{"$f":"'[51]CRO2_Pro-Mes'!RHM3","v":0},{"$f":"'[51]CRO2_Pro-Mes'!#REF!","v":{"$error":"#REF!"}},{"$f":"'[51]CRO2_Pro-Mes'!RHO3","v":0},{"$f":"'[51]CRO2_Pro-Mes'!#REF!","v":{"$error":"#REF!"}},{"$f":"'[51]CRO2_Pro-Mes'!RHQ3","v":0},{"$f":"'[51]CRO2_Pro-Mes'!#REF!","v":{"$error":"#REF!"}},{"$f":"'[51]CRO2_Pro-Mes'!RHS3","v":0},{"$f":"'[51]CRO2_Pro-Mes'!#REF!","v":{"$error":"#REF!"}},{"$f":"'[51]CRO2_Pro-Mes'!RHU3","v":0},{"$f":"'[51]CRO2_Pro-Mes'!#REF!","v":{"$error":"#REF!"}},{"$f":"'[51]CRO2_Pro-Mes'!RHW3","v":0},{"$f":"'[51]CRO2_Pro-Mes'!#REF!","v":{"$error":"#REF!"}},{"$f":"'[51]CRO2_Pro-Mes'!RHY3","v":0},{"$f":"'[51]CRO2_Pro-Mes'!#REF!","v":{"$error":"#REF!"}},{"$f":"'[51]CRO2_Pro-Mes'!RIA3","v":0},{"$f":"'[51]CRO2_Pro-Mes'!#REF!","v":{"$error":"#REF!"}},{"$f":"'[51]CRO2_Pro-Mes'!RIC3","v":0},{"$f":"'[51]CRO2_Pro-Mes'!#REF!","v":{"$error":"#REF!"}},{"$f":"'[51]CRO2_Pro-Mes'!RIE3","v":0},{"$f":"'[51]CRO2_Pro-Mes'!#REF!","v":{"$error":"#REF!"}},{"$f":"'[51]CRO2_Pro-Mes'!RIG3","v":0},{"$f":"'[51]CRO2_Pro-Mes'!#REF!","v":{"$error":"#REF!"}},{"$f":"'[51]CRO2_Pro-Mes'!RII3","v":0},{"$f":"'[51]CRO2_Pro-Mes'!#REF!","v":{"$error":"#REF!"}},{"$f":"'[51]CRO2_Pro-Mes'!RIK3","v":0},{"$f":"'[51]CRO2_Pro-Mes'!#REF!","v":{"$error":"#REF!"}},{"$f":"'[51]CRO2_Pro-Mes'!RIM3","v":0},{"$f":"'[51]CRO2_Pro-Mes'!#REF!","v":{"$error":"#REF!"}},{"$f":"'[51]CRO2_Pro-Mes'!RIO3","v":0},{"$f":"'[51]CRO2_Pro-Mes'!#REF!","v":{"$error":"#REF!"}},{"$f":"'[51]CRO2_Pro-Mes'!RIQ3","v":0},{"$f":"'[51]CRO2_Pro-Mes'!#REF!","v":{"$error":"#REF!"}},{"$f":"'[51]CRO2_Pro-Mes'!RIS3","v":0},{"$f":"'[51]CRO2_Pro-Mes'!#REF!","v":{"$error":"#REF!"}},{"$f":"'[51]CRO2_Pro-Mes'!RIU3","v":0},{"$f":"'[51]CRO2_Pro-Mes'!#REF!","v":{"$error":"#REF!"}},{"$f":"'[51]CRO2_Pro-Mes'!RIW3","v":0},{"$f":"'[51]CRO2_Pro-Mes'!#REF!","v":{"$error":"#REF!"}},{"$f":"'[51]CRO2_Pro-Mes'!RIY3","v":0},{"$f":"'[51]CRO2_Pro-Mes'!#REF!","v":{"$error":"#REF!"}},{"$f":"'[51]CRO2_Pro-Mes'!RJA3","v":0},{"$f":"'[51]CRO2_Pro-Mes'!#REF!","v":{"$error":"#REF!"}},{"$f":"'[51]CRO2_Pro-Mes'!RJC3","v":0},{"$f":"'[51]CRO2_Pro-Mes'!#REF!","v":{"$error":"#REF!"}},{"$f":"'[51]CRO2_Pro-Mes'!RJE3","v":0},{"$f":"'[51]CRO2_Pro-Mes'!#REF!","v":{"$error":"#REF!"}},{"$f":"'[51]CRO2_Pro-Mes'!RJG3","v":0},{"$f":"'[51]CRO2_Pro-Mes'!#REF!","v":{"$error":"#REF!"}},{"$f":"'[51]CRO2_Pro-Mes'!RJI3","v":0},{"$f":"'[51]CRO2_Pro-Mes'!#REF!","v":{"$error":"#REF!"}},{"$f":"'[51]CRO2_Pro-Mes'!RJK3","v":0},{"$f":"'[51]CRO2_Pro-Mes'!#REF!","v":{"$error":"#REF!"}},{"$f":"'[51]CRO2_Pro-Mes'!RJM3","v":0},{"$f":"'[51]CRO2_Pro-Mes'!#REF!","v":{"$error":"#REF!"}},{"$f":"'[51]CRO2_Pro-Mes'!RJO3","v":0},{"$f":"'[51]CRO2_Pro-Mes'!#REF!","v":{"$error":"#REF!"}},{"$f":"'[51]CRO2_Pro-Mes'!RJQ3","v":0},{"$f":"'[51]CRO2_Pro-Mes'!#REF!","v":{"$error":"#REF!"}},{"$f":"'[51]CRO2_Pro-Mes'!RJS3","v":0},{"$f":"'[51]CRO2_Pro-Mes'!#REF!","v":{"$error":"#REF!"}},{"$f":"'[51]CRO2_Pro-Mes'!RJU3","v":0},{"$f":"'[51]CRO2_Pro-Mes'!#REF!","v":{"$error":"#REF!"}},{"$f":"'[51]CRO2_Pro-Mes'!RJW3","v":0},{"$f":"'[51]CRO2_Pro-Mes'!#REF!","v":{"$error":"#REF!"}},{"$f":"'[51]CRO2_Pro-Mes'!RJY3","v":0},{"$f":"'[51]CRO2_Pro-Mes'!#REF!","v":{"$error":"#REF!"}},{"$f":"'[51]CRO2_Pro-Mes'!RKA3","v":0},{"$f":"'[51]CRO2_Pro-Mes'!#REF!","v":{"$error":"#REF!"}},{"$f":"'[51]CRO2_Pro-Mes'!RKC3","v":0},{"$f":"'[51]CRO2_Pro-Mes'!#REF!","v":{"$error":"#REF!"}},{"$f":"'[51]CRO2_Pro-Mes'!RKE3","v":0},{"$f":"'[51]CRO2_Pro-Mes'!#REF!","v":{"$error":"#REF!"}},{"$f":"'[51]CRO2_Pro-Mes'!RKG3","v":0},{"$f":"'[51]CRO2_Pro-Mes'!#REF!","v":{"$error":"#REF!"}},{"$f":"'[51]CRO2_Pro-Mes'!RKI3","v":0},{"$f":"'[51]CRO2_Pro-Mes'!#REF!","v":{"$error":"#REF!"}},{"$f":"'[51]CRO2_Pro-Mes'!RKK3","v":0},{"$f":"'[51]CRO2_Pro-Mes'!#REF!","v":{"$error":"#REF!"}},{"$f":"'[51]CRO2_Pro-Mes'!RKM3","v":0},{"$f":"'[51]CRO2_Pro-Mes'!#REF!","v":{"$error":"#REF!"}},{"$f":"'[51]CRO2_Pro-Mes'!RKO3","v":0},{"$f":"'[51]CRO2_Pro-Mes'!#REF!","v":{"$error":"#REF!"}},{"$f":"'[51]CRO2_Pro-Mes'!RKQ3","v":0},{"$f":"'[51]CRO2_Pro-Mes'!#REF!","v":{"$error":"#REF!"}},{"$f":"'[51]CRO2_Pro-Mes'!RKS3","v":0},{"$f":"'[51]CRO2_Pro-Mes'!#REF!","v":{"$error":"#REF!"}},{"$f":"'[51]CRO2_Pro-Mes'!RKU3","v":0},{"$f":"'[51]CRO2_Pro-Mes'!#REF!","v":{"$error":"#REF!"}},{"$f":"'[51]CRO2_Pro-Mes'!RKW3","v":0},{"$f":"'[51]CRO2_Pro-Mes'!#REF!","v":{"$error":"#REF!"}},{"$f":"'[51]CRO2_Pro-Mes'!RKY3","v":0},{"$f":"'[51]CRO2_Pro-Mes'!#REF!","v":{"$error":"#REF!"}},{"$f":"'[51]CRO2_Pro-Mes'!RLA3","v":0},{"$f":"'[51]CRO2_Pro-Mes'!#REF!","v":{"$error":"#REF!"}},{"$f":"'[51]CRO2_Pro-Mes'!RLC3","v":0},{"$f":"'[51]CRO2_Pro-Mes'!#REF!","v":{"$error":"#REF!"}},{"$f":"'[51]CRO2_Pro-Mes'!RLE3","v":0},{"$f":"'[51]CRO2_Pro-Mes'!#REF!","v":{"$error":"#REF!"}},{"$f":"'[51]CRO2_Pro-Mes'!RLG3","v":0},{"$f":"'[51]CRO2_Pro-Mes'!#REF!","v":{"$error":"#REF!"}},{"$f":"'[51]CRO2_Pro-Mes'!RLI3","v":0},{"$f":"'[51]CRO2_Pro-Mes'!#REF!","v":{"$error":"#REF!"}},{"$f":"'[51]CRO2_Pro-Mes'!RLK3","v":0},{"$f":"'[51]CRO2_Pro-Mes'!#REF!","v":{"$error":"#REF!"}},{"$f":"'[51]CRO2_Pro-Mes'!RLM3","v":0},{"$f":"'[51]CRO2_Pro-Mes'!#REF!","v":{"$error":"#REF!"}},{"$f":"'[51]CRO2_Pro-Mes'!RLO3","v":0},{"$f":"'[51]CRO2_Pro-Mes'!#REF!","v":{"$error":"#REF!"}},{"$f":"'[51]CRO2_Pro-Mes'!RLQ3","v":0},{"$f":"'[51]CRO2_Pro-Mes'!#REF!","v":{"$error":"#REF!"}},{"$f":"'[51]CRO2_Pro-Mes'!RLS3","v":0},{"$f":"'[51]CRO2_Pro-Mes'!#REF!","v":{"$error":"#REF!"}},{"$f":"'[51]CRO2_Pro-Mes'!RLU3","v":0},{"$f":"'[51]CRO2_Pro-Mes'!#REF!","v":{"$error":"#REF!"}},{"$f":"'[51]CRO2_Pro-Mes'!RLW3","v":0},{"$f":"'[51]CRO2_Pro-Mes'!#REF!","v":{"$error":"#REF!"}},{"$f":"'[51]CRO2_Pro-Mes'!RLY3","v":0},{"$f":"'[51]CRO2_Pro-Mes'!#REF!","v":{"$error":"#REF!"}},{"$f":"'[51]CRO2_Pro-Mes'!RMA3","v":0},{"$f":"'[51]CRO2_Pro-Mes'!#REF!","v":{"$error":"#REF!"}},{"$f":"'[51]CRO2_Pro-Mes'!RMC3","v":0},{"$f":"'[51]CRO2_Pro-Mes'!#REF!","v":{"$error":"#REF!"}},{"$f":"'[51]CRO2_Pro-Mes'!RME3","v":0},{"$f":"'[51]CRO2_Pro-Mes'!#REF!","v":{"$error":"#REF!"}},{"$f":"'[51]CRO2_Pro-Mes'!RMG3","v":0},{"$f":"'[51]CRO2_Pro-Mes'!#REF!","v":{"$error":"#REF!"}},{"$f":"'[51]CRO2_Pro-Mes'!RMI3","v":0},{"$f":"'[51]CRO2_Pro-Mes'!#REF!","v":{"$error":"#REF!"}},{"$f":"'[51]CRO2_Pro-Mes'!RMK3","v":0},{"$f":"'[51]CRO2_Pro-Mes'!#REF!","v":{"$error":"#REF!"}},{"$f":"'[51]CRO2_Pro-Mes'!RMM3","v":0},{"$f":"'[51]CRO2_Pro-Mes'!#REF!","v":{"$error":"#REF!"}},{"$f":"'[51]CRO2_Pro-Mes'!RMO3","v":0},{"$f":"'[51]CRO2_Pro-Mes'!#REF!","v":{"$error":"#REF!"}},{"$f":"'[51]CRO2_Pro-Mes'!RMQ3","v":0},{"$f":"'[51]CRO2_Pro-Mes'!#REF!","v":{"$error":"#REF!"}},{"$f":"'[51]CRO2_Pro-Mes'!RMS3","v":0},{"$f":"'[51]CRO2_Pro-Mes'!#REF!","v":{"$error":"#REF!"}},{"$f":"'[51]CRO2_Pro-Mes'!RMU3","v":0},{"$f":"'[51]CRO2_Pro-Mes'!#REF!","v":{"$error":"#REF!"}},{"$f":"'[51]CRO2_Pro-Mes'!RMW3","v":0},{"$f":"'[51]CRO2_Pro-Mes'!#REF!","v":{"$error":"#REF!"}},{"$f":"'[51]CRO2_Pro-Mes'!RMY3","v":0},{"$f":"'[51]CRO2_Pro-Mes'!#REF!","v":{"$error":"#REF!"}},{"$f":"'[51]CRO2_Pro-Mes'!RNA3","v":0},{"$f":"'[51]CRO2_Pro-Mes'!#REF!","v":{"$error":"#REF!"}},{"$f":"'[51]CRO2_Pro-Mes'!RNC3","v":0},{"$f":"'[51]CRO2_Pro-Mes'!#REF!","v":{"$error":"#REF!"}},{"$f":"'[51]CRO2_Pro-Mes'!RNE3","v":0},{"$f":"'[51]CRO2_Pro-Mes'!#REF!","v":{"$error":"#REF!"}},{"$f":"'[51]CRO2_Pro-Mes'!RNG3","v":0},{"$f":"'[51]CRO2_Pro-Mes'!#REF!","v":{"$error":"#REF!"}},{"$f":"'[51]CRO2_Pro-Mes'!RNI3","v":0},{"$f":"'[51]CRO2_Pro-Mes'!#REF!","v":{"$error":"#REF!"}},{"$f":"'[51]CRO2_Pro-Mes'!RNK3","v":0},{"$f":"'[51]CRO2_Pro-Mes'!#REF!","v":{"$error":"#REF!"}},{"$f":"'[51]CRO2_Pro-Mes'!RNM3","v":0},{"$f":"'[51]CRO2_Pro-Mes'!#REF!","v":{"$error":"#REF!"}},{"$f":"'[51]CRO2_Pro-Mes'!RNO3","v":0},{"$f":"'[51]CRO2_Pro-Mes'!#REF!","v":{"$error":"#REF!"}},{"$f":"'[51]CRO2_Pro-Mes'!RNQ3","v":0},{"$f":"'[51]CRO2_Pro-Mes'!#REF!","v":{"$error":"#REF!"}},{"$f":"'[51]CRO2_Pro-Mes'!RNS3","v":0},{"$f":"'[51]CRO2_Pro-Mes'!#REF!","v":{"$error":"#REF!"}},{"$f":"'[51]CRO2_Pro-Mes'!RNU3","v":0},{"$f":"'[51]CRO2_Pro-Mes'!#REF!","v":{"$error":"#REF!"}},{"$f":"'[51]CRO2_Pro-Mes'!RNW3","v":0},{"$f":"'[51]CRO2_Pro-Mes'!#REF!","v":{"$error":"#REF!"}},{"$f":"'[51]CRO2_Pro-Mes'!RNY3","v":0},{"$f":"'[51]CRO2_Pro-Mes'!#REF!","v":{"$error":"#REF!"}},{"$f":"'[51]CRO2_Pro-Mes'!ROA3","v":0},{"$f":"'[51]CRO2_Pro-Mes'!#REF!","v":{"$error":"#REF!"}},{"$f":"'[51]CRO2_Pro-Mes'!ROC3","v":0},{"$f":"'[51]CRO2_Pro-Mes'!#REF!","v":{"$error":"#REF!"}},{"$f":"'[51]CRO2_Pro-Mes'!ROE3","v":0},{"$f":"'[51]CRO2_Pro-Mes'!#REF!","v":{"$error":"#REF!"}},{"$f":"'[51]CRO2_Pro-Mes'!ROG3","v":0},{"$f":"'[51]CRO2_Pro-Mes'!#REF!","v":{"$error":"#REF!"}},{"$f":"'[51]CRO2_Pro-Mes'!ROI3","v":0},{"$f":"'[51]CRO2_Pro-Mes'!#REF!","v":{"$error":"#REF!"}},{"$f":"'[51]CRO2_Pro-Mes'!ROK3","v":0},{"$f":"'[51]CRO2_Pro-Mes'!#REF!","v":{"$error":"#REF!"}},{"$f":"'[51]CRO2_Pro-Mes'!ROM3","v":0},{"$f":"'[51]CRO2_Pro-Mes'!#REF!","v":{"$error":"#REF!"}},{"$f":"'[51]CRO2_Pro-Mes'!ROO3","v":0},{"$f":"'[51]CRO2_Pro-Mes'!#REF!","v":{"$error":"#REF!"}},{"$f":"'[51]CRO2_Pro-Mes'!ROQ3","v":0},{"$f":"'[51]CRO2_Pro-Mes'!#REF!","v":{"$error":"#REF!"}},{"$f":"'[51]CRO2_Pro-Mes'!ROS3","v":0},{"$f":"'[51]CRO2_Pro-Mes'!#REF!","v":{"$error":"#REF!"}},{"$f":"'[51]CRO2_Pro-Mes'!ROU3","v":0},{"$f":"'[51]CRO2_Pro-Mes'!#REF!","v":{"$error":"#REF!"}},{"$f":"'[51]CRO2_Pro-Mes'!ROW3","v":0},{"$f":"'[51]CRO2_Pro-Mes'!#REF!","v":{"$error":"#REF!"}},{"$f":"'[51]CRO2_Pro-Mes'!ROY3","v":0},{"$f":"'[51]CRO2_Pro-Mes'!#REF!","v":{"$error":"#REF!"}},{"$f":"'[51]CRO2_Pro-Mes'!RPA3","v":0},{"$f":"'[51]CRO2_Pro-Mes'!#REF!","v":{"$error":"#REF!"}},{"$f":"'[51]CRO2_Pro-Mes'!RPC3","v":0},{"$f":"'[51]CRO2_Pro-Mes'!#REF!","v":{"$error":"#REF!"}},{"$f":"'[51]CRO2_Pro-Mes'!RPE3","v":0},{"$f":"'[51]CRO2_Pro-Mes'!#REF!","v":{"$error":"#REF!"}},{"$f":"'[51]CRO2_Pro-Mes'!RPG3","v":0},{"$f":"'[51]CRO2_Pro-Mes'!#REF!","v":{"$error":"#REF!"}},{"$f":"'[51]CRO2_Pro-Mes'!RPI3","v":0},{"$f":"'[51]CRO2_Pro-Mes'!#REF!","v":{"$error":"#REF!"}},{"$f":"'[51]CRO2_Pro-Mes'!RPK3","v":0},{"$f":"'[51]CRO2_Pro-Mes'!#REF!","v":{"$error":"#REF!"}},{"$f":"'[51]CRO2_Pro-Mes'!RPM3","v":0},{"$f":"'[51]CRO2_Pro-Mes'!#REF!","v":{"$error":"#REF!"}},{"$f":"'[51]CRO2_Pro-Mes'!RPO3","v":0},{"$f":"'[51]CRO2_Pro-Mes'!#REF!","v":{"$error":"#REF!"}},{"$f":"'[51]CRO2_Pro-Mes'!RPQ3","v":0},{"$f":"'[51]CRO2_Pro-Mes'!#REF!","v":{"$error":"#REF!"}},{"$f":"'[51]CRO2_Pro-Mes'!RPS3","v":0},{"$f":"'[51]CRO2_Pro-Mes'!#REF!","v":{"$error":"#REF!"}},{"$f":"'[51]CRO2_Pro-Mes'!RPU3","v":0},{"$f":"'[51]CRO2_Pro-Mes'!#REF!","v":{"$error":"#REF!"}},{"$f":"'[51]CRO2_Pro-Mes'!RPW3","v":0},{"$f":"'[51]CRO2_Pro-Mes'!#REF!","v":{"$error":"#REF!"}},{"$f":"'[51]CRO2_Pro-Mes'!RPY3","v":0},{"$f":"'[51]CRO2_Pro-Mes'!#REF!","v":{"$error":"#REF!"}},{"$f":"'[51]CRO2_Pro-Mes'!RQA3","v":0},{"$f":"'[51]CRO2_Pro-Mes'!#REF!","v":{"$error":"#REF!"}},{"$f":"'[51]CRO2_Pro-Mes'!RQC3","v":0},{"$f":"'[51]CRO2_Pro-Mes'!#REF!","v":{"$error":"#REF!"}},{"$f":"'[51]CRO2_Pro-Mes'!RQE3","v":0},{"$f":"'[51]CRO2_Pro-Mes'!#REF!","v":{"$error":"#REF!"}},{"$f":"'[51]CRO2_Pro-Mes'!RQG3","v":0},{"$f":"'[51]CRO2_Pro-Mes'!#REF!","v":{"$error":"#REF!"}},{"$f":"'[51]CRO2_Pro-Mes'!RQI3","v":0},{"$f":"'[51]CRO2_Pro-Mes'!#REF!","v":{"$error":"#REF!"}},{"$f":"'[51]CRO2_Pro-Mes'!RQK3","v":0},{"$f":"'[51]CRO2_Pro-Mes'!#REF!","v":{"$error":"#REF!"}},{"$f":"'[51]CRO2_Pro-Mes'!RQM3","v":0},{"$f":"'[51]CRO2_Pro-Mes'!#REF!","v":{"$error":"#REF!"}},{"$f":"'[51]CRO2_Pro-Mes'!RQO3","v":0},{"$f":"'[51]CRO2_Pro-Mes'!#REF!","v":{"$error":"#REF!"}},{"$f":"'[51]CRO2_Pro-Mes'!RQQ3","v":0},{"$f":"'[51]CRO2_Pro-Mes'!#REF!","v":{"$error":"#REF!"}},{"$f":"'[51]CRO2_Pro-Mes'!RQS3","v":0},{"$f":"'[51]CRO2_Pro-Mes'!#REF!","v":{"$error":"#REF!"}},{"$f":"'[51]CRO2_Pro-Mes'!RQU3","v":0},{"$f":"'[51]CRO2_Pro-Mes'!#REF!","v":{"$error":"#REF!"}},{"$f":"'[51]CRO2_Pro-Mes'!RQW3","v":0},{"$f":"'[51]CRO2_Pro-Mes'!#REF!","v":{"$error":"#REF!"}},{"$f":"'[51]CRO2_Pro-Mes'!RQY3","v":0},{"$f":"'[51]CRO2_Pro-Mes'!#REF!","v":{"$error":"#REF!"}},{"$f":"'[51]CRO2_Pro-Mes'!RRA3","v":0},{"$f":"'[51]CRO2_Pro-Mes'!#REF!","v":{"$error":"#REF!"}},{"$f":"'[51]CRO2_Pro-Mes'!RRC3","v":0},{"$f":"'[51]CRO2_Pro-Mes'!#REF!","v":{"$error":"#REF!"}},{"$f":"'[51]CRO2_Pro-Mes'!RRE3","v":0},{"$f":"'[51]CRO2_Pro-Mes'!#REF!","v":{"$error":"#REF!"}},{"$f":"'[51]CRO2_Pro-Mes'!RRG3","v":0},{"$f":"'[51]CRO2_Pro-Mes'!#REF!","v":{"$error":"#REF!"}},{"$f":"'[51]CRO2_Pro-Mes'!RRI3","v":0},{"$f":"'[51]CRO2_Pro-Mes'!#REF!","v":{"$error":"#REF!"}},{"$f":"'[51]CRO2_Pro-Mes'!RRK3","v":0},{"$f":"'[51]CRO2_Pro-Mes'!#REF!","v":{"$error":"#REF!"}},{"$f":"'[51]CRO2_Pro-Mes'!RRM3","v":0},{"$f":"'[51]CRO2_Pro-Mes'!#REF!","v":{"$error":"#REF!"}},{"$f":"'[51]CRO2_Pro-Mes'!RRO3","v":0},{"$f":"'[51]CRO2_Pro-Mes'!#REF!","v":{"$error":"#REF!"}},{"$f":"'[51]CRO2_Pro-Mes'!RRQ3","v":0},{"$f":"'[51]CRO2_Pro-Mes'!#REF!","v":{"$error":"#REF!"}},{"$f":"'[51]CRO2_Pro-Mes'!RRS3","v":0},{"$f":"'[51]CRO2_Pro-Mes'!#REF!","v":{"$error":"#REF!"}},{"$f":"'[51]CRO2_Pro-Mes'!RRU3","v":0},{"$f":"'[51]CRO2_Pro-Mes'!#REF!","v":{"$error":"#REF!"}},{"$f":"'[51]CRO2_Pro-Mes'!RRW3","v":0},{"$f":"'[51]CRO2_Pro-Mes'!#REF!","v":{"$error":"#REF!"}},{"$f":"'[51]CRO2_Pro-Mes'!RRY3","v":0},{"$f":"'[51]CRO2_Pro-Mes'!#REF!","v":{"$error":"#REF!"}},{"$f":"'[51]CRO2_Pro-Mes'!RSA3","v":0},{"$f":"'[51]CRO2_Pro-Mes'!#REF!","v":{"$error":"#REF!"}},{"$f":"'[51]CRO2_Pro-Mes'!RSC3","v":0},{"$f":"'[51]CRO2_Pro-Mes'!#REF!","v":{"$error":"#REF!"}},{"$f":"'[51]CRO2_Pro-Mes'!RSE3","v":0},{"$f":"'[51]CRO2_Pro-Mes'!#REF!","v":{"$error":"#REF!"}},{"$f":"'[51]CRO2_Pro-Mes'!RSG3","v":0},{"$f":"'[51]CRO2_Pro-Mes'!#REF!","v":{"$error":"#REF!"}},{"$f":"'[51]CRO2_Pro-Mes'!RSI3","v":0},{"$f":"'[51]CRO2_Pro-Mes'!#REF!","v":{"$error":"#REF!"}},{"$f":"'[51]CRO2_Pro-Mes'!RSK3","v":0},{"$f":"'[51]CRO2_Pro-Mes'!#REF!","v":{"$error":"#REF!"}},{"$f":"'[51]CRO2_Pro-Mes'!RSM3","v":0},{"$f":"'[51]CRO2_Pro-Mes'!#REF!","v":{"$error":"#REF!"}},{"$f":"'[51]CRO2_Pro-Mes'!RSO3","v":0},{"$f":"'[51]CRO2_Pro-Mes'!#REF!","v":{"$error":"#REF!"}},{"$f":"'[51]CRO2_Pro-Mes'!RSQ3","v":0},{"$f":"'[51]CRO2_Pro-Mes'!#REF!","v":{"$error":"#REF!"}},{"$f":"'[51]CRO2_Pro-Mes'!RSS3","v":0},{"$f":"'[51]CRO2_Pro-Mes'!#REF!","v":{"$error":"#REF!"}},{"$f":"'[51]CRO2_Pro-Mes'!RSU3","v":0},{"$f":"'[51]CRO2_Pro-Mes'!#REF!","v":{"$error":"#REF!"}},{"$f":"'[51]CRO2_Pro-Mes'!RSW3","v":0},{"$f":"'[51]CRO2_Pro-Mes'!#REF!","v":{"$error":"#REF!"}},{"$f":"'[51]CRO2_Pro-Mes'!RSY3","v":0},{"$f":"'[51]CRO2_Pro-Mes'!#REF!","v":{"$error":"#REF!"}},{"$f":"'[51]CRO2_Pro-Mes'!RTA3","v":0},{"$f":"'[51]CRO2_Pro-Mes'!#REF!","v":{"$error":"#REF!"}},{"$f":"'[51]CRO2_Pro-Mes'!RTC3","v":0},{"$f":"'[51]CRO2_Pro-Mes'!#REF!","v":{"$error":"#REF!"}},{"$f":"'[51]CRO2_Pro-Mes'!RTE3","v":0},{"$f":"'[51]CRO2_Pro-Mes'!#REF!","v":{"$error":"#REF!"}},{"$f":"'[51]CRO2_Pro-Mes'!RTG3","v":0},{"$f":"'[51]CRO2_Pro-Mes'!#REF!","v":{"$error":"#REF!"}},{"$f":"'[51]CRO2_Pro-Mes'!RTI3","v":0},{"$f":"'[51]CRO2_Pro-Mes'!#REF!","v":{"$error":"#REF!"}},{"$f":"'[51]CRO2_Pro-Mes'!RTK3","v":0},{"$f":"'[51]CRO2_Pro-Mes'!#REF!","v":{"$error":"#REF!"}},{"$f":"'[51]CRO2_Pro-Mes'!RTM3","v":0},{"$f":"'[51]CRO2_Pro-Mes'!#REF!","v":{"$error":"#REF!"}},{"$f":"'[51]CRO2_Pro-Mes'!RTO3","v":0},{"$f":"'[51]CRO2_Pro-Mes'!#REF!","v":{"$error":"#REF!"}},{"$f":"'[51]CRO2_Pro-Mes'!RTQ3","v":0},{"$f":"'[51]CRO2_Pro-Mes'!#REF!","v":{"$error":"#REF!"}},{"$f":"'[51]CRO2_Pro-Mes'!RTS3","v":0},{"$f":"'[51]CRO2_Pro-Mes'!#REF!","v":{"$error":"#REF!"}},{"$f":"'[51]CRO2_Pro-Mes'!RTU3","v":0},{"$f":"'[51]CRO2_Pro-Mes'!#REF!","v":{"$error":"#REF!"}},{"$f":"'[51]CRO2_Pro-Mes'!RTW3","v":0},{"$f":"'[51]CRO2_Pro-Mes'!#REF!","v":{"$error":"#REF!"}},{"$f":"'[51]CRO2_Pro-Mes'!RTY3","v":0},{"$f":"'[51]CRO2_Pro-Mes'!#REF!","v":{"$error":"#REF!"}},{"$f":"'[51]CRO2_Pro-Mes'!RUA3","v":0},{"$f":"'[51]CRO2_Pro-Mes'!#REF!","v":{"$error":"#REF!"}},{"$f":"'[51]CRO2_Pro-Mes'!RUC3","v":0},{"$f":"'[51]CRO2_Pro-Mes'!#REF!","v":{"$error":"#REF!"}},{"$f":"'[51]CRO2_Pro-Mes'!RUE3","v":0},{"$f":"'[51]CRO2_Pro-Mes'!#REF!","v":{"$error":"#REF!"}},{"$f":"'[51]CRO2_Pro-Mes'!RUG3","v":0},{"$f":"'[51]CRO2_Pro-Mes'!#REF!","v":{"$error":"#REF!"}},{"$f":"'[51]CRO2_Pro-Mes'!RUI3","v":0},{"$f":"'[51]CRO2_Pro-Mes'!#REF!","v":{"$error":"#REF!"}},{"$f":"'[51]CRO2_Pro-Mes'!RUK3","v":0},{"$f":"'[51]CRO2_Pro-Mes'!#REF!","v":{"$error":"#REF!"}},{"$f":"'[51]CRO2_Pro-Mes'!RUM3","v":0},{"$f":"'[51]CRO2_Pro-Mes'!#REF!","v":{"$error":"#REF!"}},{"$f":"'[51]CRO2_Pro-Mes'!RUO3","v":0},{"$f":"'[51]CRO2_Pro-Mes'!#REF!","v":{"$error":"#REF!"}},{"$f":"'[51]CRO2_Pro-Mes'!RUQ3","v":0},{"$f":"'[51]CRO2_Pro-Mes'!#REF!","v":{"$error":"#REF!"}},{"$f":"'[51]CRO2_Pro-Mes'!RUS3","v":0},{"$f":"'[51]CRO2_Pro-Mes'!#REF!","v":{"$error":"#REF!"}},{"$f":"'[51]CRO2_Pro-Mes'!RUU3","v":0},{"$f":"'[51]CRO2_Pro-Mes'!#REF!","v":{"$error":"#REF!"}},{"$f":"'[51]CRO2_Pro-Mes'!RUW3","v":0},{"$f":"'[51]CRO2_Pro-Mes'!#REF!","v":{"$error":"#REF!"}},{"$f":"'[51]CRO2_Pro-Mes'!RUY3","v":0},{"$f":"'[51]CRO2_Pro-Mes'!#REF!","v":{"$error":"#REF!"}},{"$f":"'[51]CRO2_Pro-Mes'!RVA3","v":0},{"$f":"'[51]CRO2_Pro-Mes'!#REF!","v":{"$error":"#REF!"}},{"$f":"'[51]CRO2_Pro-Mes'!RVC3","v":0},{"$f":"'[51]CRO2_Pro-Mes'!#REF!","v":{"$error":"#REF!"}},{"$f":"'[51]CRO2_Pro-Mes'!RVE3","v":0},{"$f":"'[51]CRO2_Pro-Mes'!#REF!","v":{"$error":"#REF!"}},{"$f":"'[51]CRO2_Pro-Mes'!RVG3","v":0},{"$f":"'[51]CRO2_Pro-Mes'!#REF!","v":{"$error":"#REF!"}},{"$f":"'[51]CRO2_Pro-Mes'!RVI3","v":0},{"$f":"'[51]CRO2_Pro-Mes'!#REF!","v":{"$error":"#REF!"}},{"$f":"'[51]CRO2_Pro-Mes'!RVK3","v":0},{"$f":"'[51]CRO2_Pro-Mes'!#REF!","v":{"$error":"#REF!"}},{"$f":"'[51]CRO2_Pro-Mes'!RVM3","v":0},{"$f":"'[51]CRO2_Pro-Mes'!#REF!","v":{"$error":"#REF!"}},{"$f":"'[51]CRO2_Pro-Mes'!RVO3","v":0},{"$f":"'[51]CRO2_Pro-Mes'!#REF!","v":{"$error":"#REF!"}},{"$f":"'[51]CRO2_Pro-Mes'!RVQ3","v":0},{"$f":"'[51]CRO2_Pro-Mes'!#REF!","v":{"$error":"#REF!"}},{"$f":"'[51]CRO2_Pro-Mes'!RVS3","v":0},{"$f":"'[51]CRO2_Pro-Mes'!#REF!","v":{"$error":"#REF!"}},{"$f":"'[51]CRO2_Pro-Mes'!RVU3","v":0},{"$f":"'[51]CRO2_Pro-Mes'!#REF!","v":{"$error":"#REF!"}},{"$f":"'[51]CRO2_Pro-Mes'!RVW3","v":0},{"$f":"'[51]CRO2_Pro-Mes'!#REF!","v":{"$error":"#REF!"}},{"$f":"'[51]CRO2_Pro-Mes'!RVY3","v":0},{"$f":"'[51]CRO2_Pro-Mes'!#REF!","v":{"$error":"#REF!"}},{"$f":"'[51]CRO2_Pro-Mes'!RWA3","v":0},{"$f":"'[51]CRO2_Pro-Mes'!#REF!","v":{"$error":"#REF!"}},{"$f":"'[51]CRO2_Pro-Mes'!RWC3","v":0},{"$f":"'[51]CRO2_Pro-Mes'!#REF!","v":{"$error":"#REF!"}},{"$f":"'[51]CRO2_Pro-Mes'!RWE3","v":0},{"$f":"'[51]CRO2_Pro-Mes'!#REF!","v":{"$error":"#REF!"}},{"$f":"'[51]CRO2_Pro-Mes'!RWG3","v":0},{"$f":"'[51]CRO2_Pro-Mes'!#REF!","v":{"$error":"#REF!"}},{"$f":"'[51]CRO2_Pro-Mes'!RWI3","v":0},{"$f":"'[51]CRO2_Pro-Mes'!#REF!","v":{"$error":"#REF!"}},{"$f":"'[51]CRO2_Pro-Mes'!RWK3","v":0},{"$f":"'[51]CRO2_Pro-Mes'!#REF!","v":{"$error":"#REF!"}},{"$f":"'[51]CRO2_Pro-Mes'!RWM3","v":0},{"$f":"'[51]CRO2_Pro-Mes'!#REF!","v":{"$error":"#REF!"}},{"$f":"'[51]CRO2_Pro-Mes'!RWO3","v":0},{"$f":"'[51]CRO2_Pro-Mes'!#REF!","v":{"$error":"#REF!"}},{"$f":"'[51]CRO2_Pro-Mes'!RWQ3","v":0},{"$f":"'[51]CRO2_Pro-Mes'!#REF!","v":{"$error":"#REF!"}},{"$f":"'[51]CRO2_Pro-Mes'!RWS3","v":0},{"$f":"'[51]CRO2_Pro-Mes'!#REF!","v":{"$error":"#REF!"}},{"$f":"'[51]CRO2_Pro-Mes'!RWU3","v":0},{"$f":"'[51]CRO2_Pro-Mes'!#REF!","v":{"$error":"#REF!"}},{"$f":"'[51]CRO2_Pro-Mes'!RWW3","v":0},{"$f":"'[51]CRO2_Pro-Mes'!#REF!","v":{"$error":"#REF!"}},{"$f":"'[51]CRO2_Pro-Mes'!RWY3","v":0},{"$f":"'[51]CRO2_Pro-Mes'!#REF!","v":{"$error":"#REF!"}},{"$f":"'[51]CRO2_Pro-Mes'!RXA3","v":0},{"$f":"'[51]CRO2_Pro-Mes'!#REF!","v":{"$error":"#REF!"}},{"$f":"'[51]CRO2_Pro-Mes'!RXC3","v":0},{"$f":"'[51]CRO2_Pro-Mes'!#REF!","v":{"$error":"#REF!"}},{"$f":"'[51]CRO2_Pro-Mes'!RXE3","v":0},{"$f":"'[51]CRO2_Pro-Mes'!#REF!","v":{"$error":"#REF!"}},{"$f":"'[51]CRO2_Pro-Mes'!RXG3","v":0},{"$f":"'[51]CRO2_Pro-Mes'!#REF!","v":{"$error":"#REF!"}},{"$f":"'[51]CRO2_Pro-Mes'!RXI3","v":0},{"$f":"'[51]CRO2_Pro-Mes'!#REF!","v":{"$error":"#REF!"}},{"$f":"'[51]CRO2_Pro-Mes'!RXK3","v":0},{"$f":"'[51]CRO2_Pro-Mes'!#REF!","v":{"$error":"#REF!"}},{"$f":"'[51]CRO2_Pro-Mes'!RXM3","v":0},{"$f":"'[51]CRO2_Pro-Mes'!#REF!","v":{"$error":"#REF!"}},{"$f":"'[51]CRO2_Pro-Mes'!RXO3","v":0},{"$f":"'[51]CRO2_Pro-Mes'!#REF!","v":{"$error":"#REF!"}},{"$f":"'[51]CRO2_Pro-Mes'!RXQ3","v":0},{"$f":"'[51]CRO2_Pro-Mes'!#REF!","v":{"$error":"#REF!"}},{"$f":"'[51]CRO2_Pro-Mes'!RXS3","v":0},{"$f":"'[51]CRO2_Pro-Mes'!#REF!","v":{"$error":"#REF!"}},{"$f":"'[51]CRO2_Pro-Mes'!RXU3","v":0},{"$f":"'[51]CRO2_Pro-Mes'!#REF!","v":{"$error":"#REF!"}},{"$f":"'[51]CRO2_Pro-Mes'!RXW3","v":0},{"$f":"'[51]CRO2_Pro-Mes'!#REF!","v":{"$error":"#REF!"}},{"$f":"'[51]CRO2_Pro-Mes'!RXY3","v":0},{"$f":"'[51]CRO2_Pro-Mes'!#REF!","v":{"$error":"#REF!"}},{"$f":"'[51]CRO2_Pro-Mes'!RYA3","v":0},{"$f":"'[51]CRO2_Pro-Mes'!#REF!","v":{"$error":"#REF!"}},{"$f":"'[51]CRO2_Pro-Mes'!RYC3","v":0},{"$f":"'[51]CRO2_Pro-Mes'!#REF!","v":{"$error":"#REF!"}},{"$f":"'[51]CRO2_Pro-Mes'!RYE3","v":0},{"$f":"'[51]CRO2_Pro-Mes'!#REF!","v":{"$error":"#REF!"}},{"$f":"'[51]CRO2_Pro-Mes'!RYG3","v":0},{"$f":"'[51]CRO2_Pro-Mes'!#REF!","v":{"$error":"#REF!"}},{"$f":"'[51]CRO2_Pro-Mes'!RYI3","v":0},{"$f":"'[51]CRO2_Pro-Mes'!#REF!","v":{"$error":"#REF!"}},{"$f":"'[51]CRO2_Pro-Mes'!RYK3","v":0},{"$f":"'[51]CRO2_Pro-Mes'!#REF!","v":{"$error":"#REF!"}},{"$f":"'[51]CRO2_Pro-Mes'!RYM3","v":0},{"$f":"'[51]CRO2_Pro-Mes'!#REF!","v":{"$error":"#REF!"}},{"$f":"'[51]CRO2_Pro-Mes'!RYO3","v":0},{"$f":"'[51]CRO2_Pro-Mes'!#REF!","v":{"$error":"#REF!"}},{"$f":"'[51]CRO2_Pro-Mes'!RYQ3","v":0},{"$f":"'[51]CRO2_Pro-Mes'!#REF!","v":{"$error":"#REF!"}},{"$f":"'[51]CRO2_Pro-Mes'!RYS3","v":0},{"$f":"'[51]CRO2_Pro-Mes'!#REF!","v":{"$error":"#REF!"}},{"$f":"'[51]CRO2_Pro-Mes'!RYU3","v":0},{"$f":"'[51]CRO2_Pro-Mes'!#REF!","v":{"$error":"#REF!"}},{"$f":"'[51]CRO2_Pro-Mes'!RYW3","v":0},{"$f":"'[51]CRO2_Pro-Mes'!#REF!","v":{"$error":"#REF!"}},{"$f":"'[51]CRO2_Pro-Mes'!RYY3","v":0},{"$f":"'[51]CRO2_Pro-Mes'!#REF!","v":{"$error":"#REF!"}},{"$f":"'[51]CRO2_Pro-Mes'!RZA3","v":0},{"$f":"'[51]CRO2_Pro-Mes'!#REF!","v":{"$error":"#REF!"}},{"$f":"'[51]CRO2_Pro-Mes'!RZC3","v":0},{"$f":"'[51]CRO2_Pro-Mes'!#REF!","v":{"$error":"#REF!"}},{"$f":"'[51]CRO2_Pro-Mes'!RZE3","v":0},{"$f":"'[51]CRO2_Pro-Mes'!#REF!","v":{"$error":"#REF!"}},{"$f":"'[51]CRO2_Pro-Mes'!RZG3","v":0},{"$f":"'[51]CRO2_Pro-Mes'!#REF!","v":{"$error":"#REF!"}},{"$f":"'[51]CRO2_Pro-Mes'!RZI3","v":0},{"$f":"'[51]CRO2_Pro-Mes'!#REF!","v":{"$error":"#REF!"}},{"$f":"'[51]CRO2_Pro-Mes'!RZK3","v":0},{"$f":"'[51]CRO2_Pro-Mes'!#REF!","v":{"$error":"#REF!"}},{"$f":"'[51]CRO2_Pro-Mes'!RZM3","v":0},{"$f":"'[51]CRO2_Pro-Mes'!#REF!","v":{"$error":"#REF!"}},{"$f":"'[51]CRO2_Pro-Mes'!RZO3","v":0},{"$f":"'[51]CRO2_Pro-Mes'!#REF!","v":{"$error":"#REF!"}},{"$f":"'[51]CRO2_Pro-Mes'!RZQ3","v":0},{"$f":"'[51]CRO2_Pro-Mes'!#REF!","v":{"$error":"#REF!"}},{"$f":"'[51]CRO2_Pro-Mes'!RZS3","v":0},{"$f":"'[51]CRO2_Pro-Mes'!#REF!","v":{"$error":"#REF!"}},{"$f":"'[51]CRO2_Pro-Mes'!RZU3","v":0},{"$f":"'[51]CRO2_Pro-Mes'!#REF!","v":{"$error":"#REF!"}},{"$f":"'[51]CRO2_Pro-Mes'!RZW3","v":0},{"$f":"'[51]CRO2_Pro-Mes'!#REF!","v":{"$error":"#REF!"}},{"$f":"'[51]CRO2_Pro-Mes'!RZY3","v":0},{"$f":"'[51]CRO2_Pro-Mes'!#REF!","v":{"$error":"#REF!"}},{"$f":"'[51]CRO2_Pro-Mes'!SAA3","v":0},{"$f":"'[51]CRO2_Pro-Mes'!#REF!","v":{"$error":"#REF!"}},{"$f":"'[51]CRO2_Pro-Mes'!SAC3","v":0},{"$f":"'[51]CRO2_Pro-Mes'!#REF!","v":{"$error":"#REF!"}},{"$f":"'[51]CRO2_Pro-Mes'!SAE3","v":0},{"$f":"'[51]CRO2_Pro-Mes'!#REF!","v":{"$error":"#REF!"}},{"$f":"'[51]CRO2_Pro-Mes'!SAG3","v":0},{"$f":"'[51]CRO2_Pro-Mes'!#REF!","v":{"$error":"#REF!"}},{"$f":"'[51]CRO2_Pro-Mes'!SAI3","v":0},{"$f":"'[51]CRO2_Pro-Mes'!#REF!","v":{"$error":"#REF!"}},{"$f":"'[51]CRO2_Pro-Mes'!SAK3","v":0},{"$f":"'[51]CRO2_Pro-Mes'!#REF!","v":{"$error":"#REF!"}},{"$f":"'[51]CRO2_Pro-Mes'!SAM3","v":0},{"$f":"'[51]CRO2_Pro-Mes'!#REF!","v":{"$error":"#REF!"}},{"$f":"'[51]CRO2_Pro-Mes'!SAO3","v":0},{"$f":"'[51]CRO2_Pro-Mes'!#REF!","v":{"$error":"#REF!"}},{"$f":"'[51]CRO2_Pro-Mes'!SAQ3","v":0},{"$f":"'[51]CRO2_Pro-Mes'!#REF!","v":{"$error":"#REF!"}},{"$f":"'[51]CRO2_Pro-Mes'!SAS3","v":0},{"$f":"'[51]CRO2_Pro-Mes'!#REF!","v":{"$error":"#REF!"}},{"$f":"'[51]CRO2_Pro-Mes'!SAU3","v":0},{"$f":"'[51]CRO2_Pro-Mes'!#REF!","v":{"$error":"#REF!"}},{"$f":"'[51]CRO2_Pro-Mes'!SAW3","v":0},{"$f":"'[51]CRO2_Pro-Mes'!#REF!","v":{"$error":"#REF!"}},{"$f":"'[51]CRO2_Pro-Mes'!SAY3","v":0},{"$f":"'[51]CRO2_Pro-Mes'!#REF!","v":{"$error":"#REF!"}},{"$f":"'[51]CRO2_Pro-Mes'!SBA3","v":0},{"$f":"'[51]CRO2_Pro-Mes'!#REF!","v":{"$error":"#REF!"}},{"$f":"'[51]CRO2_Pro-Mes'!SBC3","v":0},{"$f":"'[51]CRO2_Pro-Mes'!#REF!","v":{"$error":"#REF!"}},{"$f":"'[51]CRO2_Pro-Mes'!SBE3","v":0},{"$f":"'[51]CRO2_Pro-Mes'!#REF!","v":{"$error":"#REF!"}},{"$f":"'[51]CRO2_Pro-Mes'!SBG3","v":0},{"$f":"'[51]CRO2_Pro-Mes'!#REF!","v":{"$error":"#REF!"}},{"$f":"'[51]CRO2_Pro-Mes'!SBI3","v":0},{"$f":"'[51]CRO2_Pro-Mes'!#REF!","v":{"$error":"#REF!"}},{"$f":"'[51]CRO2_Pro-Mes'!SBK3","v":0},{"$f":"'[51]CRO2_Pro-Mes'!#REF!","v":{"$error":"#REF!"}},{"$f":"'[51]CRO2_Pro-Mes'!SBM3","v":0},{"$f":"'[51]CRO2_Pro-Mes'!#REF!","v":{"$error":"#REF!"}},{"$f":"'[51]CRO2_Pro-Mes'!SBO3","v":0},{"$f":"'[51]CRO2_Pro-Mes'!#REF!","v":{"$error":"#REF!"}},{"$f":"'[51]CRO2_Pro-Mes'!SBQ3","v":0},{"$f":"'[51]CRO2_Pro-Mes'!#REF!","v":{"$error":"#REF!"}},{"$f":"'[51]CRO2_Pro-Mes'!SBS3","v":0},{"$f":"'[51]CRO2_Pro-Mes'!#REF!","v":{"$error":"#REF!"}},{"$f":"'[51]CRO2_Pro-Mes'!SBU3","v":0},{"$f":"'[51]CRO2_Pro-Mes'!#REF!","v":{"$error":"#REF!"}},{"$f":"'[51]CRO2_Pro-Mes'!SBW3","v":0},{"$f":"'[51]CRO2_Pro-Mes'!#REF!","v":{"$error":"#REF!"}},{"$f":"'[51]CRO2_Pro-Mes'!SBY3","v":0},{"$f":"'[51]CRO2_Pro-Mes'!#REF!","v":{"$error":"#REF!"}},{"$f":"'[51]CRO2_Pro-Mes'!SCA3","v":0},{"$f":"'[51]CRO2_Pro-Mes'!#REF!","v":{"$error":"#REF!"}},{"$f":"'[51]CRO2_Pro-Mes'!SCC3","v":0},{"$f":"'[51]CRO2_Pro-Mes'!#REF!","v":{"$error":"#REF!"}},{"$f":"'[51]CRO2_Pro-Mes'!SCE3","v":0},{"$f":"'[51]CRO2_Pro-Mes'!#REF!","v":{"$error":"#REF!"}},{"$f":"'[51]CRO2_Pro-Mes'!SCG3","v":0},{"$f":"'[51]CRO2_Pro-Mes'!#REF!","v":{"$error":"#REF!"}},{"$f":"'[51]CRO2_Pro-Mes'!SCI3","v":0},{"$f":"'[51]CRO2_Pro-Mes'!#REF!","v":{"$error":"#REF!"}},{"$f":"'[51]CRO2_Pro-Mes'!SCK3","v":0},{"$f":"'[51]CRO2_Pro-Mes'!#REF!","v":{"$error":"#REF!"}},{"$f":"'[51]CRO2_Pro-Mes'!SCM3","v":0},{"$f":"'[51]CRO2_Pro-Mes'!#REF!","v":{"$error":"#REF!"}},{"$f":"'[51]CRO2_Pro-Mes'!SCO3","v":0},{"$f":"'[51]CRO2_Pro-Mes'!#REF!","v":{"$error":"#REF!"}},{"$f":"'[51]CRO2_Pro-Mes'!SCQ3","v":0},{"$f":"'[51]CRO2_Pro-Mes'!#REF!","v":{"$error":"#REF!"}},{"$f":"'[51]CRO2_Pro-Mes'!SCS3","v":0},{"$f":"'[51]CRO2_Pro-Mes'!#REF!","v":{"$error":"#REF!"}},{"$f":"'[51]CRO2_Pro-Mes'!SCU3","v":0},{"$f":"'[51]CRO2_Pro-Mes'!#REF!","v":{"$error":"#REF!"}},{"$f":"'[51]CRO2_Pro-Mes'!SCW3","v":0},{"$f":"'[51]CRO2_Pro-Mes'!#REF!","v":{"$error":"#REF!"}},{"$f":"'[51]CRO2_Pro-Mes'!SCY3","v":0},{"$f":"'[51]CRO2_Pro-Mes'!#REF!","v":{"$error":"#REF!"}},{"$f":"'[51]CRO2_Pro-Mes'!SDA3","v":0},{"$f":"'[51]CRO2_Pro-Mes'!#REF!","v":{"$error":"#REF!"}},{"$f":"'[51]CRO2_Pro-Mes'!SDC3","v":0},{"$f":"'[51]CRO2_Pro-Mes'!#REF!","v":{"$error":"#REF!"}},{"$f":"'[51]CRO2_Pro-Mes'!SDE3","v":0},{"$f":"'[51]CRO2_Pro-Mes'!#REF!","v":{"$error":"#REF!"}},{"$f":"'[51]CRO2_Pro-Mes'!SDG3","v":0},{"$f":"'[51]CRO2_Pro-Mes'!#REF!","v":{"$error":"#REF!"}},{"$f":"'[51]CRO2_Pro-Mes'!SDI3","v":0},{"$f":"'[51]CRO2_Pro-Mes'!#REF!","v":{"$error":"#REF!"}},{"$f":"'[51]CRO2_Pro-Mes'!SDK3","v":0},{"$f":"'[51]CRO2_Pro-Mes'!#REF!","v":{"$error":"#REF!"}},{"$f":"'[51]CRO2_Pro-Mes'!SDM3","v":0},{"$f":"'[51]CRO2_Pro-Mes'!#REF!","v":{"$error":"#REF!"}},{"$f":"'[51]CRO2_Pro-Mes'!SDO3","v":0},{"$f":"'[51]CRO2_Pro-Mes'!#REF!","v":{"$error":"#REF!"}},{"$f":"'[51]CRO2_Pro-Mes'!SDQ3","v":0},{"$f":"'[51]CRO2_Pro-Mes'!#REF!","v":{"$error":"#REF!"}},{"$f":"'[51]CRO2_Pro-Mes'!SDS3","v":0},{"$f":"'[51]CRO2_Pro-Mes'!#REF!","v":{"$error":"#REF!"}},{"$f":"'[51]CRO2_Pro-Mes'!SDU3","v":0},{"$f":"'[51]CRO2_Pro-Mes'!#REF!","v":{"$error":"#REF!"}},{"$f":"'[51]CRO2_Pro-Mes'!SDW3","v":0},{"$f":"'[51]CRO2_Pro-Mes'!#REF!","v":{"$error":"#REF!"}},{"$f":"'[51]CRO2_Pro-Mes'!SDY3","v":0},{"$f":"'[51]CRO2_Pro-Mes'!#REF!","v":{"$error":"#REF!"}},{"$f":"'[51]CRO2_Pro-Mes'!SEA3","v":0},{"$f":"'[51]CRO2_Pro-Mes'!#REF!","v":{"$error":"#REF!"}},{"$f":"'[51]CRO2_Pro-Mes'!SEC3","v":0},{"$f":"'[51]CRO2_Pro-Mes'!#REF!","v":{"$error":"#REF!"}},{"$f":"'[51]CRO2_Pro-Mes'!SEE3","v":0},{"$f":"'[51]CRO2_Pro-Mes'!#REF!","v":{"$error":"#REF!"}},{"$f":"'[51]CRO2_Pro-Mes'!SEG3","v":0},{"$f":"'[51]CRO2_Pro-Mes'!#REF!","v":{"$error":"#REF!"}},{"$f":"'[51]CRO2_Pro-Mes'!SEI3","v":0},{"$f":"'[51]CRO2_Pro-Mes'!#REF!","v":{"$error":"#REF!"}},{"$f":"'[51]CRO2_Pro-Mes'!SEK3","v":0},{"$f":"'[51]CRO2_Pro-Mes'!#REF!","v":{"$error":"#REF!"}},{"$f":"'[51]CRO2_Pro-Mes'!SEM3","v":0},{"$f":"'[51]CRO2_Pro-Mes'!#REF!","v":{"$error":"#REF!"}},{"$f":"'[51]CRO2_Pro-Mes'!SEO3","v":0},{"$f":"'[51]CRO2_Pro-Mes'!#REF!","v":{"$error":"#REF!"}},{"$f":"'[51]CRO2_Pro-Mes'!SEQ3","v":0},{"$f":"'[51]CRO2_Pro-Mes'!#REF!","v":{"$error":"#REF!"}},{"$f":"'[51]CRO2_Pro-Mes'!SES3","v":0},{"$f":"'[51]CRO2_Pro-Mes'!#REF!","v":{"$error":"#REF!"}},{"$f":"'[51]CRO2_Pro-Mes'!SEU3","v":0},{"$f":"'[51]CRO2_Pro-Mes'!#REF!","v":{"$error":"#REF!"}},{"$f":"'[51]CRO2_Pro-Mes'!SEW3","v":0},{"$f":"'[51]CRO2_Pro-Mes'!#REF!","v":{"$error":"#REF!"}},{"$f":"'[51]CRO2_Pro-Mes'!SEY3","v":0},{"$f":"'[51]CRO2_Pro-Mes'!#REF!","v":{"$error":"#REF!"}},{"$f":"'[51]CRO2_Pro-Mes'!SFA3","v":0},{"$f":"'[51]CRO2_Pro-Mes'!#REF!","v":{"$error":"#REF!"}},{"$f":"'[51]CRO2_Pro-Mes'!SFC3","v":0},{"$f":"'[51]CRO2_Pro-Mes'!#REF!","v":{"$error":"#REF!"}},{"$f":"'[51]CRO2_Pro-Mes'!SFE3","v":0},{"$f":"'[51]CRO2_Pro-Mes'!#REF!","v":{"$error":"#REF!"}},{"$f":"'[51]CRO2_Pro-Mes'!SFG3","v":0},{"$f":"'[51]CRO2_Pro-Mes'!#REF!","v":{"$error":"#REF!"}},{"$f":"'[51]CRO2_Pro-Mes'!SFI3","v":0},{"$f":"'[51]CRO2_Pro-Mes'!#REF!","v":{"$error":"#REF!"}},{"$f":"'[51]CRO2_Pro-Mes'!SFK3","v":0},{"$f":"'[51]CRO2_Pro-Mes'!#REF!","v":{"$error":"#REF!"}},{"$f":"'[51]CRO2_Pro-Mes'!SFM3","v":0},{"$f":"'[51]CRO2_Pro-Mes'!#REF!","v":{"$error":"#REF!"}},{"$f":"'[51]CRO2_Pro-Mes'!SFO3","v":0},{"$f":"'[51]CRO2_Pro-Mes'!#REF!","v":{"$error":"#REF!"}},{"$f":"'[51]CRO2_Pro-Mes'!SFQ3","v":0},{"$f":"'[51]CRO2_Pro-Mes'!#REF!","v":{"$error":"#REF!"}},{"$f":"'[51]CRO2_Pro-Mes'!SFS3","v":0},{"$f":"'[51]CRO2_Pro-Mes'!#REF!","v":{"$error":"#REF!"}},{"$f":"'[51]CRO2_Pro-Mes'!SFU3","v":0},{"$f":"'[51]CRO2_Pro-Mes'!#REF!","v":{"$error":"#REF!"}},{"$f":"'[51]CRO2_Pro-Mes'!SFW3","v":0},{"$f":"'[51]CRO2_Pro-Mes'!#REF!","v":{"$error":"#REF!"}},{"$f":"'[51]CRO2_Pro-Mes'!SFY3","v":0},{"$f":"'[51]CRO2_Pro-Mes'!#REF!","v":{"$error":"#REF!"}},{"$f":"'[51]CRO2_Pro-Mes'!SGA3","v":0},{"$f":"'[51]CRO2_Pro-Mes'!#REF!","v":{"$error":"#REF!"}},{"$f":"'[51]CRO2_Pro-Mes'!SGC3","v":0},{"$f":"'[51]CRO2_Pro-Mes'!#REF!","v":{"$error":"#REF!"}},{"$f":"'[51]CRO2_Pro-Mes'!SGE3","v":0},{"$f":"'[51]CRO2_Pro-Mes'!#REF!","v":{"$error":"#REF!"}},{"$f":"'[51]CRO2_Pro-Mes'!SGG3","v":0},{"$f":"'[51]CRO2_Pro-Mes'!#REF!","v":{"$error":"#REF!"}},{"$f":"'[51]CRO2_Pro-Mes'!SGI3","v":0},{"$f":"'[51]CRO2_Pro-Mes'!#REF!","v":{"$error":"#REF!"}},{"$f":"'[51]CRO2_Pro-Mes'!SGK3","v":0},{"$f":"'[51]CRO2_Pro-Mes'!#REF!","v":{"$error":"#REF!"}},{"$f":"'[51]CRO2_Pro-Mes'!SGM3","v":0},{"$f":"'[51]CRO2_Pro-Mes'!#REF!","v":{"$error":"#REF!"}},{"$f":"'[51]CRO2_Pro-Mes'!SGO3","v":0},{"$f":"'[51]CRO2_Pro-Mes'!#REF!","v":{"$error":"#REF!"}},{"$f":"'[51]CRO2_Pro-Mes'!SGQ3","v":0},{"$f":"'[51]CRO2_Pro-Mes'!#REF!","v":{"$error":"#REF!"}},{"$f":"'[51]CRO2_Pro-Mes'!SGS3","v":0},{"$f":"'[51]CRO2_Pro-Mes'!#REF!","v":{"$error":"#REF!"}},{"$f":"'[51]CRO2_Pro-Mes'!SGU3","v":0},{"$f":"'[51]CRO2_Pro-Mes'!#REF!","v":{"$error":"#REF!"}},{"$f":"'[51]CRO2_Pro-Mes'!SGW3","v":0},{"$f":"'[51]CRO2_Pro-Mes'!#REF!","v":{"$error":"#REF!"}},{"$f":"'[51]CRO2_Pro-Mes'!SGY3","v":0},{"$f":"'[51]CRO2_Pro-Mes'!#REF!","v":{"$error":"#REF!"}},{"$f":"'[51]CRO2_Pro-Mes'!SHA3","v":0},{"$f":"'[51]CRO2_Pro-Mes'!#REF!","v":{"$error":"#REF!"}},{"$f":"'[51]CRO2_Pro-Mes'!SHC3","v":0},{"$f":"'[51]CRO2_Pro-Mes'!#REF!","v":{"$error":"#REF!"}},{"$f":"'[51]CRO2_Pro-Mes'!SHE3","v":0},{"$f":"'[51]CRO2_Pro-Mes'!#REF!","v":{"$error":"#REF!"}},{"$f":"'[51]CRO2_Pro-Mes'!SHG3","v":0},{"$f":"'[51]CRO2_Pro-Mes'!#REF!","v":{"$error":"#REF!"}},{"$f":"'[51]CRO2_Pro-Mes'!SHI3","v":0},{"$f":"'[51]CRO2_Pro-Mes'!#REF!","v":{"$error":"#REF!"}},{"$f":"'[51]CRO2_Pro-Mes'!SHK3","v":0},{"$f":"'[51]CRO2_Pro-Mes'!#REF!","v":{"$error":"#REF!"}},{"$f":"'[51]CRO2_Pro-Mes'!SHM3","v":0},{"$f":"'[51]CRO2_Pro-Mes'!#REF!","v":{"$error":"#REF!"}},{"$f":"'[51]CRO2_Pro-Mes'!SHO3","v":0},{"$f":"'[51]CRO2_Pro-Mes'!#REF!","v":{"$error":"#REF!"}},{"$f":"'[51]CRO2_Pro-Mes'!SHQ3","v":0},{"$f":"'[51]CRO2_Pro-Mes'!#REF!","v":{"$error":"#REF!"}},{"$f":"'[51]CRO2_Pro-Mes'!SHS3","v":0},{"$f":"'[51]CRO2_Pro-Mes'!#REF!","v":{"$error":"#REF!"}},{"$f":"'[51]CRO2_Pro-Mes'!SHU3","v":0},{"$f":"'[51]CRO2_Pro-Mes'!#REF!","v":{"$error":"#REF!"}},{"$f":"'[51]CRO2_Pro-Mes'!SHW3","v":0},{"$f":"'[51]CRO2_Pro-Mes'!#REF!","v":{"$error":"#REF!"}},{"$f":"'[51]CRO2_Pro-Mes'!SHY3","v":0},{"$f":"'[51]CRO2_Pro-Mes'!#REF!","v":{"$error":"#REF!"}},{"$f":"'[51]CRO2_Pro-Mes'!SIA3","v":0},{"$f":"'[51]CRO2_Pro-Mes'!#REF!","v":{"$error":"#REF!"}},{"$f":"'[51]CRO2_Pro-Mes'!SIC3","v":0},{"$f":"'[51]CRO2_Pro-Mes'!#REF!","v":{"$error":"#REF!"}},{"$f":"'[51]CRO2_Pro-Mes'!SIE3","v":0},{"$f":"'[51]CRO2_Pro-Mes'!#REF!","v":{"$error":"#REF!"}},{"$f":"'[51]CRO2_Pro-Mes'!SIG3","v":0},{"$f":"'[51]CRO2_Pro-Mes'!#REF!","v":{"$error":"#REF!"}},{"$f":"'[51]CRO2_Pro-Mes'!SII3","v":0},{"$f":"'[51]CRO2_Pro-Mes'!#REF!","v":{"$error":"#REF!"}},{"$f":"'[51]CRO2_Pro-Mes'!SIK3","v":0},{"$f":"'[51]CRO2_Pro-Mes'!#REF!","v":{"$error":"#REF!"}},{"$f":"'[51]CRO2_Pro-Mes'!SIM3","v":0},{"$f":"'[51]CRO2_Pro-Mes'!#REF!","v":{"$error":"#REF!"}},{"$f":"'[51]CRO2_Pro-Mes'!SIO3","v":0},{"$f":"'[51]CRO2_Pro-Mes'!#REF!","v":{"$error":"#REF!"}},{"$f":"'[51]CRO2_Pro-Mes'!SIQ3","v":0},{"$f":"'[51]CRO2_Pro-Mes'!#REF!","v":{"$error":"#REF!"}},{"$f":"'[51]CRO2_Pro-Mes'!SIS3","v":0},{"$f":"'[51]CRO2_Pro-Mes'!#REF!","v":{"$error":"#REF!"}},{"$f":"'[51]CRO2_Pro-Mes'!SIU3","v":0},{"$f":"'[51]CRO2_Pro-Mes'!#REF!","v":{"$error":"#REF!"}},{"$f":"'[51]CRO2_Pro-Mes'!SIW3","v":0},{"$f":"'[51]CRO2_Pro-Mes'!#REF!","v":{"$error":"#REF!"}},{"$f":"'[51]CRO2_Pro-Mes'!SIY3","v":0},{"$f":"'[51]CRO2_Pro-Mes'!#REF!","v":{"$error":"#REF!"}},{"$f":"'[51]CRO2_Pro-Mes'!SJA3","v":0},{"$f":"'[51]CRO2_Pro-Mes'!#REF!","v":{"$error":"#REF!"}},{"$f":"'[51]CRO2_Pro-Mes'!SJC3","v":0},{"$f":"'[51]CRO2_Pro-Mes'!#REF!","v":{"$error":"#REF!"}},{"$f":"'[51]CRO2_Pro-Mes'!SJE3","v":0},{"$f":"'[51]CRO2_Pro-Mes'!#REF!","v":{"$error":"#REF!"}},{"$f":"'[51]CRO2_Pro-Mes'!SJG3","v":0},{"$f":"'[51]CRO2_Pro-Mes'!#REF!","v":{"$error":"#REF!"}},{"$f":"'[51]CRO2_Pro-Mes'!SJI3","v":0},{"$f":"'[51]CRO2_Pro-Mes'!#REF!","v":{"$error":"#REF!"}},{"$f":"'[51]CRO2_Pro-Mes'!SJK3","v":0},{"$f":"'[51]CRO2_Pro-Mes'!#REF!","v":{"$error":"#REF!"}},{"$f":"'[51]CRO2_Pro-Mes'!SJM3","v":0},{"$f":"'[51]CRO2_Pro-Mes'!#REF!","v":{"$error":"#REF!"}},{"$f":"'[51]CRO2_Pro-Mes'!SJO3","v":0},{"$f":"'[51]CRO2_Pro-Mes'!#REF!","v":{"$error":"#REF!"}},{"$f":"'[51]CRO2_Pro-Mes'!SJQ3","v":0},{"$f":"'[51]CRO2_Pro-Mes'!#REF!","v":{"$error":"#REF!"}},{"$f":"'[51]CRO2_Pro-Mes'!SJS3","v":0},{"$f":"'[51]CRO2_Pro-Mes'!#REF!","v":{"$error":"#REF!"}},{"$f":"'[51]CRO2_Pro-Mes'!SJU3","v":0},{"$f":"'[51]CRO2_Pro-Mes'!#REF!","v":{"$error":"#REF!"}},{"$f":"'[51]CRO2_Pro-Mes'!SJW3","v":0},{"$f":"'[51]CRO2_Pro-Mes'!#REF!","v":{"$error":"#REF!"}},{"$f":"'[51]CRO2_Pro-Mes'!SJY3","v":0},{"$f":"'[51]CRO2_Pro-Mes'!#REF!","v":{"$error":"#REF!"}},{"$f":"'[51]CRO2_Pro-Mes'!SKA3","v":0},{"$f":"'[51]CRO2_Pro-Mes'!#REF!","v":{"$error":"#REF!"}},{"$f":"'[51]CRO2_Pro-Mes'!SKC3","v":0},{"$f":"'[51]CRO2_Pro-Mes'!#REF!","v":{"$error":"#REF!"}},{"$f":"'[51]CRO2_Pro-Mes'!SKE3","v":0},{"$f":"'[51]CRO2_Pro-Mes'!#REF!","v":{"$error":"#REF!"}},{"$f":"'[51]CRO2_Pro-Mes'!SKG3","v":0},{"$f":"'[51]CRO2_Pro-Mes'!#REF!","v":{"$error":"#REF!"}},{"$f":"'[51]CRO2_Pro-Mes'!SKI3","v":0},{"$f":"'[51]CRO2_Pro-Mes'!#REF!","v":{"$error":"#REF!"}},{"$f":"'[51]CRO2_Pro-Mes'!SKK3","v":0},{"$f":"'[51]CRO2_Pro-Mes'!#REF!","v":{"$error":"#REF!"}},{"$f":"'[51]CRO2_Pro-Mes'!SKM3","v":0},{"$f":"'[51]CRO2_Pro-Mes'!#REF!","v":{"$error":"#REF!"}},{"$f":"'[51]CRO2_Pro-Mes'!SKO3","v":0},{"$f":"'[51]CRO2_Pro-Mes'!#REF!","v":{"$error":"#REF!"}},{"$f":"'[51]CRO2_Pro-Mes'!SKQ3","v":0},{"$f":"'[51]CRO2_Pro-Mes'!#REF!","v":{"$error":"#REF!"}},{"$f":"'[51]CRO2_Pro-Mes'!SKS3","v":0},{"$f":"'[51]CRO2_Pro-Mes'!#REF!","v":{"$error":"#REF!"}},{"$f":"'[51]CRO2_Pro-Mes'!SKU3","v":0},{"$f":"'[51]CRO2_Pro-Mes'!#REF!","v":{"$error":"#REF!"}},{"$f":"'[51]CRO2_Pro-Mes'!SKW3","v":0},{"$f":"'[51]CRO2_Pro-Mes'!#REF!","v":{"$error":"#REF!"}},{"$f":"'[51]CRO2_Pro-Mes'!SKY3","v":0},{"$f":"'[51]CRO2_Pro-Mes'!#REF!","v":{"$error":"#REF!"}},{"$f":"'[51]CRO2_Pro-Mes'!SLA3","v":0},{"$f":"'[51]CRO2_Pro-Mes'!#REF!","v":{"$error":"#REF!"}},{"$f":"'[51]CRO2_Pro-Mes'!SLC3","v":0},{"$f":"'[51]CRO2_Pro-Mes'!#REF!","v":{"$error":"#REF!"}},{"$f":"'[51]CRO2_Pro-Mes'!SLE3","v":0},{"$f":"'[51]CRO2_Pro-Mes'!#REF!","v":{"$error":"#REF!"}},{"$f":"'[51]CRO2_Pro-Mes'!SLG3","v":0},{"$f":"'[51]CRO2_Pro-Mes'!#REF!","v":{"$error":"#REF!"}},{"$f":"'[51]CRO2_Pro-Mes'!SLI3","v":0},{"$f":"'[51]CRO2_Pro-Mes'!#REF!","v":{"$error":"#REF!"}},{"$f":"'[51]CRO2_Pro-Mes'!SLK3","v":0},{"$f":"'[51]CRO2_Pro-Mes'!#REF!","v":{"$error":"#REF!"}},{"$f":"'[51]CRO2_Pro-Mes'!SLM3","v":0},{"$f":"'[51]CRO2_Pro-Mes'!#REF!","v":{"$error":"#REF!"}},{"$f":"'[51]CRO2_Pro-Mes'!SLO3","v":0},{"$f":"'[51]CRO2_Pro-Mes'!#REF!","v":{"$error":"#REF!"}},{"$f":"'[51]CRO2_Pro-Mes'!SLQ3","v":0},{"$f":"'[51]CRO2_Pro-Mes'!#REF!","v":{"$error":"#REF!"}},{"$f":"'[51]CRO2_Pro-Mes'!SLS3","v":0},{"$f":"'[51]CRO2_Pro-Mes'!#REF!","v":{"$error":"#REF!"}},{"$f":"'[51]CRO2_Pro-Mes'!SLU3","v":0},{"$f":"'[51]CRO2_Pro-Mes'!#REF!","v":{"$error":"#REF!"}},{"$f":"'[51]CRO2_Pro-Mes'!SLW3","v":0},{"$f":"'[51]CRO2_Pro-Mes'!#REF!","v":{"$error":"#REF!"}},{"$f":"'[51]CRO2_Pro-Mes'!SLY3","v":0},{"$f":"'[51]CRO2_Pro-Mes'!#REF!","v":{"$error":"#REF!"}},{"$f":"'[51]CRO2_Pro-Mes'!SMA3","v":0},{"$f":"'[51]CRO2_Pro-Mes'!#REF!","v":{"$error":"#REF!"}},{"$f":"'[51]CRO2_Pro-Mes'!SMC3","v":0},{"$f":"'[51]CRO2_Pro-Mes'!#REF!","v":{"$error":"#REF!"}},{"$f":"'[51]CRO2_Pro-Mes'!SME3","v":0},{"$f":"'[51]CRO2_Pro-Mes'!#REF!","v":{"$error":"#REF!"}},{"$f":"'[51]CRO2_Pro-Mes'!SMG3","v":0},{"$f":"'[51]CRO2_Pro-Mes'!#REF!","v":{"$error":"#REF!"}},{"$f":"'[51]CRO2_Pro-Mes'!SMI3","v":0},{"$f":"'[51]CRO2_Pro-Mes'!#REF!","v":{"$error":"#REF!"}},{"$f":"'[51]CRO2_Pro-Mes'!SMK3","v":0},{"$f":"'[51]CRO2_Pro-Mes'!#REF!","v":{"$error":"#REF!"}},{"$f":"'[51]CRO2_Pro-Mes'!SMM3","v":0},{"$f":"'[51]CRO2_Pro-Mes'!#REF!","v":{"$error":"#REF!"}},{"$f":"'[51]CRO2_Pro-Mes'!SMO3","v":0},{"$f":"'[51]CRO2_Pro-Mes'!#REF!","v":{"$error":"#REF!"}},{"$f":"'[51]CRO2_Pro-Mes'!SMQ3","v":0},{"$f":"'[51]CRO2_Pro-Mes'!#REF!","v":{"$error":"#REF!"}},{"$f":"'[51]CRO2_Pro-Mes'!SMS3","v":0},{"$f":"'[51]CRO2_Pro-Mes'!#REF!","v":{"$error":"#REF!"}},{"$f":"'[51]CRO2_Pro-Mes'!SMU3","v":0},{"$f":"'[51]CRO2_Pro-Mes'!#REF!","v":{"$error":"#REF!"}},{"$f":"'[51]CRO2_Pro-Mes'!SMW3","v":0},{"$f":"'[51]CRO2_Pro-Mes'!#REF!","v":{"$error":"#REF!"}},{"$f":"'[51]CRO2_Pro-Mes'!SMY3","v":0},{"$f":"'[51]CRO2_Pro-Mes'!#REF!","v":{"$error":"#REF!"}},{"$f":"'[51]CRO2_Pro-Mes'!SNA3","v":0},{"$f":"'[51]CRO2_Pro-Mes'!#REF!","v":{"$error":"#REF!"}},{"$f":"'[51]CRO2_Pro-Mes'!SNC3","v":0},{"$f":"'[51]CRO2_Pro-Mes'!#REF!","v":{"$error":"#REF!"}},{"$f":"'[51]CRO2_Pro-Mes'!SNE3","v":0},{"$f":"'[51]CRO2_Pro-Mes'!#REF!","v":{"$error":"#REF!"}},{"$f":"'[51]CRO2_Pro-Mes'!SNG3","v":0},{"$f":"'[51]CRO2_Pro-Mes'!#REF!","v":{"$error":"#REF!"}},{"$f":"'[51]CRO2_Pro-Mes'!SNI3","v":0},{"$f":"'[51]CRO2_Pro-Mes'!#REF!","v":{"$error":"#REF!"}},{"$f":"'[51]CRO2_Pro-Mes'!SNK3","v":0},{"$f":"'[51]CRO2_Pro-Mes'!#REF!","v":{"$error":"#REF!"}},{"$f":"'[51]CRO2_Pro-Mes'!SNM3","v":0},{"$f":"'[51]CRO2_Pro-Mes'!#REF!","v":{"$error":"#REF!"}},{"$f":"'[51]CRO2_Pro-Mes'!SNO3","v":0},{"$f":"'[51]CRO2_Pro-Mes'!#REF!","v":{"$error":"#REF!"}},{"$f":"'[51]CRO2_Pro-Mes'!SNQ3","v":0},{"$f":"'[51]CRO2_Pro-Mes'!#REF!","v":{"$error":"#REF!"}},{"$f":"'[51]CRO2_Pro-Mes'!SNS3","v":0},{"$f":"'[51]CRO2_Pro-Mes'!#REF!","v":{"$error":"#REF!"}},{"$f":"'[51]CRO2_Pro-Mes'!SNU3","v":0},{"$f":"'[51]CRO2_Pro-Mes'!#REF!","v":{"$error":"#REF!"}},{"$f":"'[51]CRO2_Pro-Mes'!SNW3","v":0},{"$f":"'[51]CRO2_Pro-Mes'!#REF!","v":{"$error":"#REF!"}},{"$f":"'[51]CRO2_Pro-Mes'!SNY3","v":0},{"$f":"'[51]CRO2_Pro-Mes'!#REF!","v":{"$error":"#REF!"}},{"$f":"'[51]CRO2_Pro-Mes'!SOA3","v":0},{"$f":"'[51]CRO2_Pro-Mes'!#REF!","v":{"$error":"#REF!"}},{"$f":"'[51]CRO2_Pro-Mes'!SOC3","v":0},{"$f":"'[51]CRO2_Pro-Mes'!#REF!","v":{"$error":"#REF!"}},{"$f":"'[51]CRO2_Pro-Mes'!SOE3","v":0},{"$f":"'[51]CRO2_Pro-Mes'!#REF!","v":{"$error":"#REF!"}},{"$f":"'[51]CRO2_Pro-Mes'!SOG3","v":0},{"$f":"'[51]CRO2_Pro-Mes'!#REF!","v":{"$error":"#REF!"}},{"$f":"'[51]CRO2_Pro-Mes'!SOI3","v":0},{"$f":"'[51]CRO2_Pro-Mes'!#REF!","v":{"$error":"#REF!"}},{"$f":"'[51]CRO2_Pro-Mes'!SOK3","v":0},{"$f":"'[51]CRO2_Pro-Mes'!#REF!","v":{"$error":"#REF!"}},{"$f":"'[51]CRO2_Pro-Mes'!SOM3","v":0},{"$f":"'[51]CRO2_Pro-Mes'!#REF!","v":{"$error":"#REF!"}},{"$f":"'[51]CRO2_Pro-Mes'!SOO3","v":0},{"$f":"'[51]CRO2_Pro-Mes'!#REF!","v":{"$error":"#REF!"}},{"$f":"'[51]CRO2_Pro-Mes'!SOQ3","v":0},{"$f":"'[51]CRO2_Pro-Mes'!#REF!","v":{"$error":"#REF!"}},{"$f":"'[51]CRO2_Pro-Mes'!SOS3","v":0},{"$f":"'[51]CRO2_Pro-Mes'!#REF!","v":{"$error":"#REF!"}},{"$f":"'[51]CRO2_Pro-Mes'!SOU3","v":0},{"$f":"'[51]CRO2_Pro-Mes'!#REF!","v":{"$error":"#REF!"}},{"$f":"'[51]CRO2_Pro-Mes'!SOW3","v":0},{"$f":"'[51]CRO2_Pro-Mes'!#REF!","v":{"$error":"#REF!"}},{"$f":"'[51]CRO2_Pro-Mes'!SOY3","v":0},{"$f":"'[51]CRO2_Pro-Mes'!#REF!","v":{"$error":"#REF!"}},{"$f":"'[51]CRO2_Pro-Mes'!SPA3","v":0},{"$f":"'[51]CRO2_Pro-Mes'!#REF!","v":{"$error":"#REF!"}},{"$f":"'[51]CRO2_Pro-Mes'!SPC3","v":0},{"$f":"'[51]CRO2_Pro-Mes'!#REF!","v":{"$error":"#REF!"}},{"$f":"'[51]CRO2_Pro-Mes'!SPE3","v":0},{"$f":"'[51]CRO2_Pro-Mes'!#REF!","v":{"$error":"#REF!"}},{"$f":"'[51]CRO2_Pro-Mes'!SPG3","v":0},{"$f":"'[51]CRO2_Pro-Mes'!#REF!","v":{"$error":"#REF!"}},{"$f":"'[51]CRO2_Pro-Mes'!SPI3","v":0},{"$f":"'[51]CRO2_Pro-Mes'!#REF!","v":{"$error":"#REF!"}},{"$f":"'[51]CRO2_Pro-Mes'!SPK3","v":0},{"$f":"'[51]CRO2_Pro-Mes'!#REF!","v":{"$error":"#REF!"}},{"$f":"'[51]CRO2_Pro-Mes'!SPM3","v":0},{"$f":"'[51]CRO2_Pro-Mes'!#REF!","v":{"$error":"#REF!"}},{"$f":"'[51]CRO2_Pro-Mes'!SPO3","v":0},{"$f":"'[51]CRO2_Pro-Mes'!#REF!","v":{"$error":"#REF!"}},{"$f":"'[51]CRO2_Pro-Mes'!SPQ3","v":0},{"$f":"'[51]CRO2_Pro-Mes'!#REF!","v":{"$error":"#REF!"}},{"$f":"'[51]CRO2_Pro-Mes'!SPS3","v":0},{"$f":"'[51]CRO2_Pro-Mes'!#REF!","v":{"$error":"#REF!"}},{"$f":"'[51]CRO2_Pro-Mes'!SPU3","v":0},{"$f":"'[51]CRO2_Pro-Mes'!#REF!","v":{"$error":"#REF!"}},{"$f":"'[51]CRO2_Pro-Mes'!SPW3","v":0},{"$f":"'[51]CRO2_Pro-Mes'!#REF!","v":{"$error":"#REF!"}},{"$f":"'[51]CRO2_Pro-Mes'!SPY3","v":0},{"$f":"'[51]CRO2_Pro-Mes'!#REF!","v":{"$error":"#REF!"}},{"$f":"'[51]CRO2_Pro-Mes'!SQA3","v":0},{"$f":"'[51]CRO2_Pro-Mes'!#REF!","v":{"$error":"#REF!"}},{"$f":"'[51]CRO2_Pro-Mes'!SQC3","v":0},{"$f":"'[51]CRO2_Pro-Mes'!#REF!","v":{"$error":"#REF!"}},{"$f":"'[51]CRO2_Pro-Mes'!SQE3","v":0},{"$f":"'[51]CRO2_Pro-Mes'!#REF!","v":{"$error":"#REF!"}},{"$f":"'[51]CRO2_Pro-Mes'!SQG3","v":0},{"$f":"'[51]CRO2_Pro-Mes'!#REF!","v":{"$error":"#REF!"}},{"$f":"'[51]CRO2_Pro-Mes'!SQI3","v":0},{"$f":"'[51]CRO2_Pro-Mes'!#REF!","v":{"$error":"#REF!"}},{"$f":"'[51]CRO2_Pro-Mes'!SQK3","v":0},{"$f":"'[51]CRO2_Pro-Mes'!#REF!","v":{"$error":"#REF!"}},{"$f":"'[51]CRO2_Pro-Mes'!SQM3","v":0},{"$f":"'[51]CRO2_Pro-Mes'!#REF!","v":{"$error":"#REF!"}},{"$f":"'[51]CRO2_Pro-Mes'!SQO3","v":0},{"$f":"'[51]CRO2_Pro-Mes'!#REF!","v":{"$error":"#REF!"}},{"$f":"'[51]CRO2_Pro-Mes'!SQQ3","v":0},{"$f":"'[51]CRO2_Pro-Mes'!#REF!","v":{"$error":"#REF!"}},{"$f":"'[51]CRO2_Pro-Mes'!SQS3","v":0},{"$f":"'[51]CRO2_Pro-Mes'!#REF!","v":{"$error":"#REF!"}},{"$f":"'[51]CRO2_Pro-Mes'!SQU3","v":0},{"$f":"'[51]CRO2_Pro-Mes'!#REF!","v":{"$error":"#REF!"}},{"$f":"'[51]CRO2_Pro-Mes'!SQW3","v":0},{"$f":"'[51]CRO2_Pro-Mes'!#REF!","v":{"$error":"#REF!"}},{"$f":"'[51]CRO2_Pro-Mes'!SQY3","v":0},{"$f":"'[51]CRO2_Pro-Mes'!#REF!","v":{"$error":"#REF!"}},{"$f":"'[51]CRO2_Pro-Mes'!SRA3","v":0},{"$f":"'[51]CRO2_Pro-Mes'!#REF!","v":{"$error":"#REF!"}},{"$f":"'[51]CRO2_Pro-Mes'!SRC3","v":0},{"$f":"'[51]CRO2_Pro-Mes'!#REF!","v":{"$error":"#REF!"}},{"$f":"'[51]CRO2_Pro-Mes'!SRE3","v":0},{"$f":"'[51]CRO2_Pro-Mes'!#REF!","v":{"$error":"#REF!"}},{"$f":"'[51]CRO2_Pro-Mes'!SRG3","v":0},{"$f":"'[51]CRO2_Pro-Mes'!#REF!","v":{"$error":"#REF!"}},{"$f":"'[51]CRO2_Pro-Mes'!SRI3","v":0},{"$f":"'[51]CRO2_Pro-Mes'!#REF!","v":{"$error":"#REF!"}},{"$f":"'[51]CRO2_Pro-Mes'!SRK3","v":0},{"$f":"'[51]CRO2_Pro-Mes'!#REF!","v":{"$error":"#REF!"}},{"$f":"'[51]CRO2_Pro-Mes'!SRM3","v":0},{"$f":"'[51]CRO2_Pro-Mes'!#REF!","v":{"$error":"#REF!"}},{"$f":"'[51]CRO2_Pro-Mes'!SRO3","v":0},{"$f":"'[51]CRO2_Pro-Mes'!#REF!","v":{"$error":"#REF!"}},{"$f":"'[51]CRO2_Pro-Mes'!SRQ3","v":0},{"$f":"'[51]CRO2_Pro-Mes'!#REF!","v":{"$error":"#REF!"}},{"$f":"'[51]CRO2_Pro-Mes'!SRS3","v":0},{"$f":"'[51]CRO2_Pro-Mes'!#REF!","v":{"$error":"#REF!"}},{"$f":"'[51]CRO2_Pro-Mes'!SRU3","v":0},{"$f":"'[51]CRO2_Pro-Mes'!#REF!","v":{"$error":"#REF!"}},{"$f":"'[51]CRO2_Pro-Mes'!SRW3","v":0},{"$f":"'[51]CRO2_Pro-Mes'!#REF!","v":{"$error":"#REF!"}},{"$f":"'[51]CRO2_Pro-Mes'!SRY3","v":0},{"$f":"'[51]CRO2_Pro-Mes'!#REF!","v":{"$error":"#REF!"}},{"$f":"'[51]CRO2_Pro-Mes'!SSA3","v":0},{"$f":"'[51]CRO2_Pro-Mes'!#REF!","v":{"$error":"#REF!"}},{"$f":"'[51]CRO2_Pro-Mes'!SSC3","v":0},{"$f":"'[51]CRO2_Pro-Mes'!#REF!","v":{"$error":"#REF!"}},{"$f":"'[51]CRO2_Pro-Mes'!SSE3","v":0},{"$f":"'[51]CRO2_Pro-Mes'!#REF!","v":{"$error":"#REF!"}},{"$f":"'[51]CRO2_Pro-Mes'!SSG3","v":0},{"$f":"'[51]CRO2_Pro-Mes'!#REF!","v":{"$error":"#REF!"}},{"$f":"'[51]CRO2_Pro-Mes'!SSI3","v":0},{"$f":"'[51]CRO2_Pro-Mes'!#REF!","v":{"$error":"#REF!"}},{"$f":"'[51]CRO2_Pro-Mes'!SSK3","v":0},{"$f":"'[51]CRO2_Pro-Mes'!#REF!","v":{"$error":"#REF!"}},{"$f":"'[51]CRO2_Pro-Mes'!SSM3","v":0},{"$f":"'[51]CRO2_Pro-Mes'!#REF!","v":{"$error":"#REF!"}},{"$f":"'[51]CRO2_Pro-Mes'!SSO3","v":0},{"$f":"'[51]CRO2_Pro-Mes'!#REF!","v":{"$error":"#REF!"}},{"$f":"'[51]CRO2_Pro-Mes'!SSQ3","v":0},{"$f":"'[51]CRO2_Pro-Mes'!#REF!","v":{"$error":"#REF!"}},{"$f":"'[51]CRO2_Pro-Mes'!SSS3","v":0},{"$f":"'[51]CRO2_Pro-Mes'!#REF!","v":{"$error":"#REF!"}},{"$f":"'[51]CRO2_Pro-Mes'!SSU3","v":0},{"$f":"'[51]CRO2_Pro-Mes'!#REF!","v":{"$error":"#REF!"}},{"$f":"'[51]CRO2_Pro-Mes'!SSW3","v":0},{"$f":"'[51]CRO2_Pro-Mes'!#REF!","v":{"$error":"#REF!"}},{"$f":"'[51]CRO2_Pro-Mes'!SSY3","v":0},{"$f":"'[51]CRO2_Pro-Mes'!#REF!","v":{"$error":"#REF!"}},{"$f":"'[51]CRO2_Pro-Mes'!STA3","v":0},{"$f":"'[51]CRO2_Pro-Mes'!#REF!","v":{"$error":"#REF!"}},{"$f":"'[51]CRO2_Pro-Mes'!STC3","v":0},{"$f":"'[51]CRO2_Pro-Mes'!#REF!","v":{"$error":"#REF!"}},{"$f":"'[51]CRO2_Pro-Mes'!STE3","v":0},{"$f":"'[51]CRO2_Pro-Mes'!#REF!","v":{"$error":"#REF!"}},{"$f":"'[51]CRO2_Pro-Mes'!STG3","v":0},{"$f":"'[51]CRO2_Pro-Mes'!#REF!","v":{"$error":"#REF!"}},{"$f":"'[51]CRO2_Pro-Mes'!STI3","v":0},{"$f":"'[51]CRO2_Pro-Mes'!#REF!","v":{"$error":"#REF!"}},{"$f":"'[51]CRO2_Pro-Mes'!STK3","v":0},{"$f":"'[51]CRO2_Pro-Mes'!#REF!","v":{"$error":"#REF!"}},{"$f":"'[51]CRO2_Pro-Mes'!STM3","v":0},{"$f":"'[51]CRO2_Pro-Mes'!#REF!","v":{"$error":"#REF!"}},{"$f":"'[51]CRO2_Pro-Mes'!STO3","v":0},{"$f":"'[51]CRO2_Pro-Mes'!#REF!","v":{"$error":"#REF!"}},{"$f":"'[51]CRO2_Pro-Mes'!STQ3","v":0},{"$f":"'[51]CRO2_Pro-Mes'!#REF!","v":{"$error":"#REF!"}},{"$f":"'[51]CRO2_Pro-Mes'!STS3","v":0},{"$f":"'[51]CRO2_Pro-Mes'!#REF!","v":{"$error":"#REF!"}},{"$f":"'[51]CRO2_Pro-Mes'!STU3","v":0},{"$f":"'[51]CRO2_Pro-Mes'!#REF!","v":{"$error":"#REF!"}},{"$f":"'[51]CRO2_Pro-Mes'!STW3","v":0},{"$f":"'[51]CRO2_Pro-Mes'!#REF!","v":{"$error":"#REF!"}},{"$f":"'[51]CRO2_Pro-Mes'!STY3","v":0},{"$f":"'[51]CRO2_Pro-Mes'!#REF!","v":{"$error":"#REF!"}},{"$f":"'[51]CRO2_Pro-Mes'!SUA3","v":0},{"$f":"'[51]CRO2_Pro-Mes'!#REF!","v":{"$error":"#REF!"}},{"$f":"'[51]CRO2_Pro-Mes'!SUC3","v":0},{"$f":"'[51]CRO2_Pro-Mes'!#REF!","v":{"$error":"#REF!"}},{"$f":"'[51]CRO2_Pro-Mes'!SUE3","v":0},{"$f":"'[51]CRO2_Pro-Mes'!#REF!","v":{"$error":"#REF!"}},{"$f":"'[51]CRO2_Pro-Mes'!SUG3","v":0},{"$f":"'[51]CRO2_Pro-Mes'!#REF!","v":{"$error":"#REF!"}},{"$f":"'[51]CRO2_Pro-Mes'!SUI3","v":0},{"$f":"'[51]CRO2_Pro-Mes'!#REF!","v":{"$error":"#REF!"}},{"$f":"'[51]CRO2_Pro-Mes'!SUK3","v":0},{"$f":"'[51]CRO2_Pro-Mes'!#REF!","v":{"$error":"#REF!"}},{"$f":"'[51]CRO2_Pro-Mes'!SUM3","v":0},{"$f":"'[51]CRO2_Pro-Mes'!#REF!","v":{"$error":"#REF!"}},{"$f":"'[51]CRO2_Pro-Mes'!SUO3","v":0},{"$f":"'[51]CRO2_Pro-Mes'!#REF!","v":{"$error":"#REF!"}},{"$f":"'[51]CRO2_Pro-Mes'!SUQ3","v":0},{"$f":"'[51]CRO2_Pro-Mes'!#REF!","v":{"$error":"#REF!"}},{"$f":"'[51]CRO2_Pro-Mes'!SUS3","v":0},{"$f":"'[51]CRO2_Pro-Mes'!#REF!","v":{"$error":"#REF!"}},{"$f":"'[51]CRO2_Pro-Mes'!SUU3","v":0},{"$f":"'[51]CRO2_Pro-Mes'!#REF!","v":{"$error":"#REF!"}},{"$f":"'[51]CRO2_Pro-Mes'!SUW3","v":0},{"$f":"'[51]CRO2_Pro-Mes'!#REF!","v":{"$error":"#REF!"}},{"$f":"'[51]CRO2_Pro-Mes'!SUY3","v":0},{"$f":"'[51]CRO2_Pro-Mes'!#REF!","v":{"$error":"#REF!"}},{"$f":"'[51]CRO2_Pro-Mes'!SVA3","v":0},{"$f":"'[51]CRO2_Pro-Mes'!#REF!","v":{"$error":"#REF!"}},{"$f":"'[51]CRO2_Pro-Mes'!SVC3","v":0},{"$f":"'[51]CRO2_Pro-Mes'!#REF!","v":{"$error":"#REF!"}},{"$f":"'[51]CRO2_Pro-Mes'!SVE3","v":0},{"$f":"'[51]CRO2_Pro-Mes'!#REF!","v":{"$error":"#REF!"}},{"$f":"'[51]CRO2_Pro-Mes'!SVG3","v":0},{"$f":"'[51]CRO2_Pro-Mes'!#REF!","v":{"$error":"#REF!"}},{"$f":"'[51]CRO2_Pro-Mes'!SVI3","v":0},{"$f":"'[51]CRO2_Pro-Mes'!#REF!","v":{"$error":"#REF!"}},{"$f":"'[51]CRO2_Pro-Mes'!SVK3","v":0},{"$f":"'[51]CRO2_Pro-Mes'!#REF!","v":{"$error":"#REF!"}},{"$f":"'[51]CRO2_Pro-Mes'!SVM3","v":0},{"$f":"'[51]CRO2_Pro-Mes'!#REF!","v":{"$error":"#REF!"}},{"$f":"'[51]CRO2_Pro-Mes'!SVO3","v":0},{"$f":"'[51]CRO2_Pro-Mes'!#REF!","v":{"$error":"#REF!"}},{"$f":"'[51]CRO2_Pro-Mes'!SVQ3","v":0},{"$f":"'[51]CRO2_Pro-Mes'!#REF!","v":{"$error":"#REF!"}},{"$f":"'[51]CRO2_Pro-Mes'!SVS3","v":0},{"$f":"'[51]CRO2_Pro-Mes'!#REF!","v":{"$error":"#REF!"}},{"$f":"'[51]CRO2_Pro-Mes'!SVU3","v":0},{"$f":"'[51]CRO2_Pro-Mes'!#REF!","v":{"$error":"#REF!"}},{"$f":"'[51]CRO2_Pro-Mes'!SVW3","v":0},{"$f":"'[51]CRO2_Pro-Mes'!#REF!","v":{"$error":"#REF!"}},{"$f":"'[51]CRO2_Pro-Mes'!SVY3","v":0},{"$f":"'[51]CRO2_Pro-Mes'!#REF!","v":{"$error":"#REF!"}},{"$f":"'[51]CRO2_Pro-Mes'!SWA3","v":0},{"$f":"'[51]CRO2_Pro-Mes'!#REF!","v":{"$error":"#REF!"}},{"$f":"'[51]CRO2_Pro-Mes'!SWC3","v":0},{"$f":"'[51]CRO2_Pro-Mes'!#REF!","v":{"$error":"#REF!"}},{"$f":"'[51]CRO2_Pro-Mes'!SWE3","v":0},{"$f":"'[51]CRO2_Pro-Mes'!#REF!","v":{"$error":"#REF!"}},{"$f":"'[51]CRO2_Pro-Mes'!SWG3","v":0},{"$f":"'[51]CRO2_Pro-Mes'!#REF!","v":{"$error":"#REF!"}},{"$f":"'[51]CRO2_Pro-Mes'!SWI3","v":0},{"$f":"'[51]CRO2_Pro-Mes'!#REF!","v":{"$error":"#REF!"}},{"$f":"'[51]CRO2_Pro-Mes'!SWK3","v":0},{"$f":"'[51]CRO2_Pro-Mes'!#REF!","v":{"$error":"#REF!"}},{"$f":"'[51]CRO2_Pro-Mes'!SWM3","v":0},{"$f":"'[51]CRO2_Pro-Mes'!#REF!","v":{"$error":"#REF!"}},{"$f":"'[51]CRO2_Pro-Mes'!SWO3","v":0},{"$f":"'[51]CRO2_Pro-Mes'!#REF!","v":{"$error":"#REF!"}},{"$f":"'[51]CRO2_Pro-Mes'!SWQ3","v":0},{"$f":"'[51]CRO2_Pro-Mes'!#REF!","v":{"$error":"#REF!"}},{"$f":"'[51]CRO2_Pro-Mes'!SWS3","v":0},{"$f":"'[51]CRO2_Pro-Mes'!#REF!","v":{"$error":"#REF!"}},{"$f":"'[51]CRO2_Pro-Mes'!SWU3","v":0},{"$f":"'[51]CRO2_Pro-Mes'!#REF!","v":{"$error":"#REF!"}},{"$f":"'[51]CRO2_Pro-Mes'!SWW3","v":0},{"$f":"'[51]CRO2_Pro-Mes'!#REF!","v":{"$error":"#REF!"}},{"$f":"'[51]CRO2_Pro-Mes'!SWY3","v":0},{"$f":"'[51]CRO2_Pro-Mes'!#REF!","v":{"$error":"#REF!"}},{"$f":"'[51]CRO2_Pro-Mes'!SXA3","v":0},{"$f":"'[51]CRO2_Pro-Mes'!#REF!","v":{"$error":"#REF!"}},{"$f":"'[51]CRO2_Pro-Mes'!SXC3","v":0},{"$f":"'[51]CRO2_Pro-Mes'!#REF!","v":{"$error":"#REF!"}},{"$f":"'[51]CRO2_Pro-Mes'!SXE3","v":0},{"$f":"'[51]CRO2_Pro-Mes'!#REF!","v":{"$error":"#REF!"}},{"$f":"'[51]CRO2_Pro-Mes'!SXG3","v":0},{"$f":"'[51]CRO2_Pro-Mes'!#REF!","v":{"$error":"#REF!"}},{"$f":"'[51]CRO2_Pro-Mes'!SXI3","v":0},{"$f":"'[51]CRO2_Pro-Mes'!#REF!","v":{"$error":"#REF!"}},{"$f":"'[51]CRO2_Pro-Mes'!SXK3","v":0},{"$f":"'[51]CRO2_Pro-Mes'!#REF!","v":{"$error":"#REF!"}},{"$f":"'[51]CRO2_Pro-Mes'!SXM3","v":0},{"$f":"'[51]CRO2_Pro-Mes'!#REF!","v":{"$error":"#REF!"}},{"$f":"'[51]CRO2_Pro-Mes'!SXO3","v":0},{"$f":"'[51]CRO2_Pro-Mes'!#REF!","v":{"$error":"#REF!"}},{"$f":"'[51]CRO2_Pro-Mes'!SXQ3","v":0},{"$f":"'[51]CRO2_Pro-Mes'!#REF!","v":{"$error":"#REF!"}},{"$f":"'[51]CRO2_Pro-Mes'!SXS3","v":0},{"$f":"'[51]CRO2_Pro-Mes'!#REF!","v":{"$error":"#REF!"}},{"$f":"'[51]CRO2_Pro-Mes'!SXU3","v":0},{"$f":"'[51]CRO2_Pro-Mes'!#REF!","v":{"$error":"#REF!"}},{"$f":"'[51]CRO2_Pro-Mes'!SXW3","v":0},{"$f":"'[51]CRO2_Pro-Mes'!#REF!","v":{"$error":"#REF!"}},{"$f":"'[51]CRO2_Pro-Mes'!SXY3","v":0},{"$f":"'[51]CRO2_Pro-Mes'!#REF!","v":{"$error":"#REF!"}},{"$f":"'[51]CRO2_Pro-Mes'!SYA3","v":0},{"$f":"'[51]CRO2_Pro-Mes'!#REF!","v":{"$error":"#REF!"}},{"$f":"'[51]CRO2_Pro-Mes'!SYC3","v":0},{"$f":"'[51]CRO2_Pro-Mes'!#REF!","v":{"$error":"#REF!"}},{"$f":"'[51]CRO2_Pro-Mes'!SYE3","v":0},{"$f":"'[51]CRO2_Pro-Mes'!#REF!","v":{"$error":"#REF!"}},{"$f":"'[51]CRO2_Pro-Mes'!SYG3","v":0},{"$f":"'[51]CRO2_Pro-Mes'!#REF!","v":{"$error":"#REF!"}},{"$f":"'[51]CRO2_Pro-Mes'!SYI3","v":0},{"$f":"'[51]CRO2_Pro-Mes'!#REF!","v":{"$error":"#REF!"}},{"$f":"'[51]CRO2_Pro-Mes'!SYK3","v":0},{"$f":"'[51]CRO2_Pro-Mes'!#REF!","v":{"$error":"#REF!"}},{"$f":"'[51]CRO2_Pro-Mes'!SYM3","v":0},{"$f":"'[51]CRO2_Pro-Mes'!#REF!","v":{"$error":"#REF!"}},{"$f":"'[51]CRO2_Pro-Mes'!SYO3","v":0},{"$f":"'[51]CRO2_Pro-Mes'!#REF!","v":{"$error":"#REF!"}},{"$f":"'[51]CRO2_Pro-Mes'!SYQ3","v":0},{"$f":"'[51]CRO2_Pro-Mes'!#REF!","v":{"$error":"#REF!"}},{"$f":"'[51]CRO2_Pro-Mes'!SYS3","v":0},{"$f":"'[51]CRO2_Pro-Mes'!#REF!","v":{"$error":"#REF!"}},{"$f":"'[51]CRO2_Pro-Mes'!SYU3","v":0},{"$f":"'[51]CRO2_Pro-Mes'!#REF!","v":{"$error":"#REF!"}},{"$f":"'[51]CRO2_Pro-Mes'!SYW3","v":0},{"$f":"'[51]CRO2_Pro-Mes'!#REF!","v":{"$error":"#REF!"}},{"$f":"'[51]CRO2_Pro-Mes'!SYY3","v":0},{"$f":"'[51]CRO2_Pro-Mes'!#REF!","v":{"$error":"#REF!"}},{"$f":"'[51]CRO2_Pro-Mes'!SZA3","v":0},{"$f":"'[51]CRO2_Pro-Mes'!#REF!","v":{"$error":"#REF!"}},{"$f":"'[51]CRO2_Pro-Mes'!SZC3","v":0},{"$f":"'[51]CRO2_Pro-Mes'!#REF!","v":{"$error":"#REF!"}},{"$f":"'[51]CRO2_Pro-Mes'!SZE3","v":0},{"$f":"'[51]CRO2_Pro-Mes'!#REF!","v":{"$error":"#REF!"}},{"$f":"'[51]CRO2_Pro-Mes'!SZG3","v":0},{"$f":"'[51]CRO2_Pro-Mes'!#REF!","v":{"$error":"#REF!"}},{"$f":"'[51]CRO2_Pro-Mes'!SZI3","v":0},{"$f":"'[51]CRO2_Pro-Mes'!#REF!","v":{"$error":"#REF!"}},{"$f":"'[51]CRO2_Pro-Mes'!SZK3","v":0},{"$f":"'[51]CRO2_Pro-Mes'!#REF!","v":{"$error":"#REF!"}},{"$f":"'[51]CRO2_Pro-Mes'!SZM3","v":0},{"$f":"'[51]CRO2_Pro-Mes'!#REF!","v":{"$error":"#REF!"}},{"$f":"'[51]CRO2_Pro-Mes'!SZO3","v":0},{"$f":"'[51]CRO2_Pro-Mes'!#REF!","v":{"$error":"#REF!"}},{"$f":"'[51]CRO2_Pro-Mes'!SZQ3","v":0},{"$f":"'[51]CRO2_Pro-Mes'!#REF!","v":{"$error":"#REF!"}},{"$f":"'[51]CRO2_Pro-Mes'!SZS3","v":0},{"$f":"'[51]CRO2_Pro-Mes'!#REF!","v":{"$error":"#REF!"}},{"$f":"'[51]CRO2_Pro-Mes'!SZU3","v":0},{"$f":"'[51]CRO2_Pro-Mes'!#REF!","v":{"$error":"#REF!"}},{"$f":"'[51]CRO2_Pro-Mes'!SZW3","v":0},{"$f":"'[51]CRO2_Pro-Mes'!#REF!","v":{"$error":"#REF!"}},{"$f":"'[51]CRO2_Pro-Mes'!SZY3","v":0},{"$f":"'[51]CRO2_Pro-Mes'!#REF!","v":{"$error":"#REF!"}},{"$f":"'[51]CRO2_Pro-Mes'!TAA3","v":0},{"$f":"'[51]CRO2_Pro-Mes'!#REF!","v":{"$error":"#REF!"}},{"$f":"'[51]CRO2_Pro-Mes'!TAC3","v":0},{"$f":"'[51]CRO2_Pro-Mes'!#REF!","v":{"$error":"#REF!"}},{"$f":"'[51]CRO2_Pro-Mes'!TAE3","v":0},{"$f":"'[51]CRO2_Pro-Mes'!#REF!","v":{"$error":"#REF!"}},{"$f":"'[51]CRO2_Pro-Mes'!TAG3","v":0},{"$f":"'[51]CRO2_Pro-Mes'!#REF!","v":{"$error":"#REF!"}},{"$f":"'[51]CRO2_Pro-Mes'!TAI3","v":0},{"$f":"'[51]CRO2_Pro-Mes'!#REF!","v":{"$error":"#REF!"}},{"$f":"'[51]CRO2_Pro-Mes'!TAK3","v":0},{"$f":"'[51]CRO2_Pro-Mes'!#REF!","v":{"$error":"#REF!"}},{"$f":"'[51]CRO2_Pro-Mes'!TAM3","v":0},{"$f":"'[51]CRO2_Pro-Mes'!#REF!","v":{"$error":"#REF!"}},{"$f":"'[51]CRO2_Pro-Mes'!TAO3","v":0},{"$f":"'[51]CRO2_Pro-Mes'!#REF!","v":{"$error":"#REF!"}},{"$f":"'[51]CRO2_Pro-Mes'!TAQ3","v":0},{"$f":"'[51]CRO2_Pro-Mes'!#REF!","v":{"$error":"#REF!"}},{"$f":"'[51]CRO2_Pro-Mes'!TAS3","v":0},{"$f":"'[51]CRO2_Pro-Mes'!#REF!","v":{"$error":"#REF!"}},{"$f":"'[51]CRO2_Pro-Mes'!TAU3","v":0},{"$f":"'[51]CRO2_Pro-Mes'!#REF!","v":{"$error":"#REF!"}},{"$f":"'[51]CRO2_Pro-Mes'!TAW3","v":0},{"$f":"'[51]CRO2_Pro-Mes'!#REF!","v":{"$error":"#REF!"}},{"$f":"'[51]CRO2_Pro-Mes'!TAY3","v":0},{"$f":"'[51]CRO2_Pro-Mes'!#REF!","v":{"$error":"#REF!"}},{"$f":"'[51]CRO2_Pro-Mes'!TBA3","v":0},{"$f":"'[51]CRO2_Pro-Mes'!#REF!","v":{"$error":"#REF!"}},{"$f":"'[51]CRO2_Pro-Mes'!TBC3","v":0},{"$f":"'[51]CRO2_Pro-Mes'!#REF!","v":{"$error":"#REF!"}},{"$f":"'[51]CRO2_Pro-Mes'!TBE3","v":0},{"$f":"'[51]CRO2_Pro-Mes'!#REF!","v":{"$error":"#REF!"}},{"$f":"'[51]CRO2_Pro-Mes'!TBG3","v":0},{"$f":"'[51]CRO2_Pro-Mes'!#REF!","v":{"$error":"#REF!"}},{"$f":"'[51]CRO2_Pro-Mes'!TBI3","v":0},{"$f":"'[51]CRO2_Pro-Mes'!#REF!","v":{"$error":"#REF!"}},{"$f":"'[51]CRO2_Pro-Mes'!TBK3","v":0},{"$f":"'[51]CRO2_Pro-Mes'!#REF!","v":{"$error":"#REF!"}},{"$f":"'[51]CRO2_Pro-Mes'!TBM3","v":0},{"$f":"'[51]CRO2_Pro-Mes'!#REF!","v":{"$error":"#REF!"}},{"$f":"'[51]CRO2_Pro-Mes'!TBO3","v":0},{"$f":"'[51]CRO2_Pro-Mes'!#REF!","v":{"$error":"#REF!"}},{"$f":"'[51]CRO2_Pro-Mes'!TBQ3","v":0},{"$f":"'[51]CRO2_Pro-Mes'!#REF!","v":{"$error":"#REF!"}},{"$f":"'[51]CRO2_Pro-Mes'!TBS3","v":0},{"$f":"'[51]CRO2_Pro-Mes'!#REF!","v":{"$error":"#REF!"}},{"$f":"'[51]CRO2_Pro-Mes'!TBU3","v":0},{"$f":"'[51]CRO2_Pro-Mes'!#REF!","v":{"$error":"#REF!"}},{"$f":"'[51]CRO2_Pro-Mes'!TBW3","v":0},{"$f":"'[51]CRO2_Pro-Mes'!#REF!","v":{"$error":"#REF!"}},{"$f":"'[51]CRO2_Pro-Mes'!TBY3","v":0},{"$f":"'[51]CRO2_Pro-Mes'!#REF!","v":{"$error":"#REF!"}},{"$f":"'[51]CRO2_Pro-Mes'!TCA3","v":0},{"$f":"'[51]CRO2_Pro-Mes'!#REF!","v":{"$error":"#REF!"}},{"$f":"'[51]CRO2_Pro-Mes'!TCC3","v":0},{"$f":"'[51]CRO2_Pro-Mes'!#REF!","v":{"$error":"#REF!"}},{"$f":"'[51]CRO2_Pro-Mes'!TCE3","v":0},{"$f":"'[51]CRO2_Pro-Mes'!#REF!","v":{"$error":"#REF!"}},{"$f":"'[51]CRO2_Pro-Mes'!TCG3","v":0},{"$f":"'[51]CRO2_Pro-Mes'!#REF!","v":{"$error":"#REF!"}},{"$f":"'[51]CRO2_Pro-Mes'!TCI3","v":0},{"$f":"'[51]CRO2_Pro-Mes'!#REF!","v":{"$error":"#REF!"}},{"$f":"'[51]CRO2_Pro-Mes'!TCK3","v":0},{"$f":"'[51]CRO2_Pro-Mes'!#REF!","v":{"$error":"#REF!"}},{"$f":"'[51]CRO2_Pro-Mes'!TCM3","v":0},{"$f":"'[51]CRO2_Pro-Mes'!#REF!","v":{"$error":"#REF!"}},{"$f":"'[51]CRO2_Pro-Mes'!TCO3","v":0},{"$f":"'[51]CRO2_Pro-Mes'!#REF!","v":{"$error":"#REF!"}},{"$f":"'[51]CRO2_Pro-Mes'!TCQ3","v":0},{"$f":"'[51]CRO2_Pro-Mes'!#REF!","v":{"$error":"#REF!"}},{"$f":"'[51]CRO2_Pro-Mes'!TCS3","v":0},{"$f":"'[51]CRO2_Pro-Mes'!#REF!","v":{"$error":"#REF!"}},{"$f":"'[51]CRO2_Pro-Mes'!TCU3","v":0},{"$f":"'[51]CRO2_Pro-Mes'!#REF!","v":{"$error":"#REF!"}},{"$f":"'[51]CRO2_Pro-Mes'!TCW3","v":0},{"$f":"'[51]CRO2_Pro-Mes'!#REF!","v":{"$error":"#REF!"}},{"$f":"'[51]CRO2_Pro-Mes'!TCY3","v":0},{"$f":"'[51]CRO2_Pro-Mes'!#REF!","v":{"$error":"#REF!"}},{"$f":"'[51]CRO2_Pro-Mes'!TDA3","v":0},{"$f":"'[51]CRO2_Pro-Mes'!#REF!","v":{"$error":"#REF!"}},{"$f":"'[51]CRO2_Pro-Mes'!TDC3","v":0},{"$f":"'[51]CRO2_Pro-Mes'!#REF!","v":{"$error":"#REF!"}},{"$f":"'[51]CRO2_Pro-Mes'!TDE3","v":0},{"$f":"'[51]CRO2_Pro-Mes'!#REF!","v":{"$error":"#REF!"}},{"$f":"'[51]CRO2_Pro-Mes'!TDG3","v":0},{"$f":"'[51]CRO2_Pro-Mes'!#REF!","v":{"$error":"#REF!"}},{"$f":"'[51]CRO2_Pro-Mes'!TDI3","v":0},{"$f":"'[51]CRO2_Pro-Mes'!#REF!","v":{"$error":"#REF!"}},{"$f":"'[51]CRO2_Pro-Mes'!TDK3","v":0},{"$f":"'[51]CRO2_Pro-Mes'!#REF!","v":{"$error":"#REF!"}},{"$f":"'[51]CRO2_Pro-Mes'!TDM3","v":0},{"$f":"'[51]CRO2_Pro-Mes'!#REF!","v":{"$error":"#REF!"}},{"$f":"'[51]CRO2_Pro-Mes'!TDO3","v":0},{"$f":"'[51]CRO2_Pro-Mes'!#REF!","v":{"$error":"#REF!"}},{"$f":"'[51]CRO2_Pro-Mes'!TDQ3","v":0},{"$f":"'[51]CRO2_Pro-Mes'!#REF!","v":{"$error":"#REF!"}},{"$f":"'[51]CRO2_Pro-Mes'!TDS3","v":0},{"$f":"'[51]CRO2_Pro-Mes'!#REF!","v":{"$error":"#REF!"}},{"$f":"'[51]CRO2_Pro-Mes'!TDU3","v":0},{"$f":"'[51]CRO2_Pro-Mes'!#REF!","v":{"$error":"#REF!"}},{"$f":"'[51]CRO2_Pro-Mes'!TDW3","v":0},{"$f":"'[51]CRO2_Pro-Mes'!#REF!","v":{"$error":"#REF!"}},{"$f":"'[51]CRO2_Pro-Mes'!TDY3","v":0},{"$f":"'[51]CRO2_Pro-Mes'!#REF!","v":{"$error":"#REF!"}},{"$f":"'[51]CRO2_Pro-Mes'!TEA3","v":0},{"$f":"'[51]CRO2_Pro-Mes'!#REF!","v":{"$error":"#REF!"}},{"$f":"'[51]CRO2_Pro-Mes'!TEC3","v":0},{"$f":"'[51]CRO2_Pro-Mes'!#REF!","v":{"$error":"#REF!"}},{"$f":"'[51]CRO2_Pro-Mes'!TEE3","v":0},{"$f":"'[51]CRO2_Pro-Mes'!#REF!","v":{"$error":"#REF!"}},{"$f":"'[51]CRO2_Pro-Mes'!TEG3","v":0},{"$f":"'[51]CRO2_Pro-Mes'!#REF!","v":{"$error":"#REF!"}},{"$f":"'[51]CRO2_Pro-Mes'!TEI3","v":0},{"$f":"'[51]CRO2_Pro-Mes'!#REF!","v":{"$error":"#REF!"}},{"$f":"'[51]CRO2_Pro-Mes'!TEK3","v":0},{"$f":"'[51]CRO2_Pro-Mes'!#REF!","v":{"$error":"#REF!"}},{"$f":"'[51]CRO2_Pro-Mes'!TEM3","v":0},{"$f":"'[51]CRO2_Pro-Mes'!#REF!","v":{"$error":"#REF!"}},{"$f":"'[51]CRO2_Pro-Mes'!TEO3","v":0},{"$f":"'[51]CRO2_Pro-Mes'!#REF!","v":{"$error":"#REF!"}},{"$f":"'[51]CRO2_Pro-Mes'!TEQ3","v":0},{"$f":"'[51]CRO2_Pro-Mes'!#REF!","v":{"$error":"#REF!"}},{"$f":"'[51]CRO2_Pro-Mes'!TES3","v":0},{"$f":"'[51]CRO2_Pro-Mes'!#REF!","v":{"$error":"#REF!"}},{"$f":"'[51]CRO2_Pro-Mes'!TEU3","v":0},{"$f":"'[51]CRO2_Pro-Mes'!#REF!","v":{"$error":"#REF!"}},{"$f":"'[51]CRO2_Pro-Mes'!TEW3","v":0},{"$f":"'[51]CRO2_Pro-Mes'!#REF!","v":{"$error":"#REF!"}},{"$f":"'[51]CRO2_Pro-Mes'!TEY3","v":0},{"$f":"'[51]CRO2_Pro-Mes'!#REF!","v":{"$error":"#REF!"}},{"$f":"'[51]CRO2_Pro-Mes'!TFA3","v":0},{"$f":"'[51]CRO2_Pro-Mes'!#REF!","v":{"$error":"#REF!"}},{"$f":"'[51]CRO2_Pro-Mes'!TFC3","v":0},{"$f":"'[51]CRO2_Pro-Mes'!#REF!","v":{"$error":"#REF!"}},{"$f":"'[51]CRO2_Pro-Mes'!TFE3","v":0},{"$f":"'[51]CRO2_Pro-Mes'!#REF!","v":{"$error":"#REF!"}},{"$f":"'[51]CRO2_Pro-Mes'!TFG3","v":0},{"$f":"'[51]CRO2_Pro-Mes'!#REF!","v":{"$error":"#REF!"}},{"$f":"'[51]CRO2_Pro-Mes'!TFI3","v":0},{"$f":"'[51]CRO2_Pro-Mes'!#REF!","v":{"$error":"#REF!"}},{"$f":"'[51]CRO2_Pro-Mes'!TFK3","v":0},{"$f":"'[51]CRO2_Pro-Mes'!#REF!","v":{"$error":"#REF!"}},{"$f":"'[51]CRO2_Pro-Mes'!TFM3","v":0},{"$f":"'[51]CRO2_Pro-Mes'!#REF!","v":{"$error":"#REF!"}},{"$f":"'[51]CRO2_Pro-Mes'!TFO3","v":0},{"$f":"'[51]CRO2_Pro-Mes'!#REF!","v":{"$error":"#REF!"}},{"$f":"'[51]CRO2_Pro-Mes'!TFQ3","v":0},{"$f":"'[51]CRO2_Pro-Mes'!#REF!","v":{"$error":"#REF!"}},{"$f":"'[51]CRO2_Pro-Mes'!TFS3","v":0},{"$f":"'[51]CRO2_Pro-Mes'!#REF!","v":{"$error":"#REF!"}},{"$f":"'[51]CRO2_Pro-Mes'!TFU3","v":0},{"$f":"'[51]CRO2_Pro-Mes'!#REF!","v":{"$error":"#REF!"}},{"$f":"'[51]CRO2_Pro-Mes'!TFW3","v":0},{"$f":"'[51]CRO2_Pro-Mes'!#REF!","v":{"$error":"#REF!"}},{"$f":"'[51]CRO2_Pro-Mes'!TFY3","v":0},{"$f":"'[51]CRO2_Pro-Mes'!#REF!","v":{"$error":"#REF!"}},{"$f":"'[51]CRO2_Pro-Mes'!TGA3","v":0},{"$f":"'[51]CRO2_Pro-Mes'!#REF!","v":{"$error":"#REF!"}},{"$f":"'[51]CRO2_Pro-Mes'!TGC3","v":0},{"$f":"'[51]CRO2_Pro-Mes'!#REF!","v":{"$error":"#REF!"}},{"$f":"'[51]CRO2_Pro-Mes'!TGE3","v":0},{"$f":"'[51]CRO2_Pro-Mes'!#REF!","v":{"$error":"#REF!"}},{"$f":"'[51]CRO2_Pro-Mes'!TGG3","v":0},{"$f":"'[51]CRO2_Pro-Mes'!#REF!","v":{"$error":"#REF!"}},{"$f":"'[51]CRO2_Pro-Mes'!TGI3","v":0},{"$f":"'[51]CRO2_Pro-Mes'!#REF!","v":{"$error":"#REF!"}},{"$f":"'[51]CRO2_Pro-Mes'!TGK3","v":0},{"$f":"'[51]CRO2_Pro-Mes'!#REF!","v":{"$error":"#REF!"}},{"$f":"'[51]CRO2_Pro-Mes'!TGM3","v":0},{"$f":"'[51]CRO2_Pro-Mes'!#REF!","v":{"$error":"#REF!"}},{"$f":"'[51]CRO2_Pro-Mes'!TGO3","v":0},{"$f":"'[51]CRO2_Pro-Mes'!#REF!","v":{"$error":"#REF!"}},{"$f":"'[51]CRO2_Pro-Mes'!TGQ3","v":0},{"$f":"'[51]CRO2_Pro-Mes'!#REF!","v":{"$error":"#REF!"}},{"$f":"'[51]CRO2_Pro-Mes'!TGS3","v":0},{"$f":"'[51]CRO2_Pro-Mes'!#REF!","v":{"$error":"#REF!"}},{"$f":"'[51]CRO2_Pro-Mes'!TGU3","v":0},{"$f":"'[51]CRO2_Pro-Mes'!#REF!","v":{"$error":"#REF!"}},{"$f":"'[51]CRO2_Pro-Mes'!TGW3","v":0},{"$f":"'[51]CRO2_Pro-Mes'!#REF!","v":{"$error":"#REF!"}},{"$f":"'[51]CRO2_Pro-Mes'!TGY3","v":0},{"$f":"'[51]CRO2_Pro-Mes'!#REF!","v":{"$error":"#REF!"}},{"$f":"'[51]CRO2_Pro-Mes'!THA3","v":0},{"$f":"'[51]CRO2_Pro-Mes'!#REF!","v":{"$error":"#REF!"}},{"$f":"'[51]CRO2_Pro-Mes'!THC3","v":0},{"$f":"'[51]CRO2_Pro-Mes'!#REF!","v":{"$error":"#REF!"}},{"$f":"'[51]CRO2_Pro-Mes'!THE3","v":0},{"$f":"'[51]CRO2_Pro-Mes'!#REF!","v":{"$error":"#REF!"}},{"$f":"'[51]CRO2_Pro-Mes'!THG3","v":0},{"$f":"'[51]CRO2_Pro-Mes'!#REF!","v":{"$error":"#REF!"}},{"$f":"'[51]CRO2_Pro-Mes'!THI3","v":0},{"$f":"'[51]CRO2_Pro-Mes'!#REF!","v":{"$error":"#REF!"}},{"$f":"'[51]CRO2_Pro-Mes'!THK3","v":0},{"$f":"'[51]CRO2_Pro-Mes'!#REF!","v":{"$error":"#REF!"}},{"$f":"'[51]CRO2_Pro-Mes'!THM3","v":0},{"$f":"'[51]CRO2_Pro-Mes'!#REF!","v":{"$error":"#REF!"}},{"$f":"'[51]CRO2_Pro-Mes'!THO3","v":0},{"$f":"'[51]CRO2_Pro-Mes'!#REF!","v":{"$error":"#REF!"}},{"$f":"'[51]CRO2_Pro-Mes'!THQ3","v":0},{"$f":"'[51]CRO2_Pro-Mes'!#REF!","v":{"$error":"#REF!"}},{"$f":"'[51]CRO2_Pro-Mes'!THS3","v":0},{"$f":"'[51]CRO2_Pro-Mes'!#REF!","v":{"$error":"#REF!"}},{"$f":"'[51]CRO2_Pro-Mes'!THU3","v":0},{"$f":"'[51]CRO2_Pro-Mes'!#REF!","v":{"$error":"#REF!"}},{"$f":"'[51]CRO2_Pro-Mes'!THW3","v":0},{"$f":"'[51]CRO2_Pro-Mes'!#REF!","v":{"$error":"#REF!"}},{"$f":"'[51]CRO2_Pro-Mes'!THY3","v":0},{"$f":"'[51]CRO2_Pro-Mes'!#REF!","v":{"$error":"#REF!"}},{"$f":"'[51]CRO2_Pro-Mes'!TIA3","v":0},{"$f":"'[51]CRO2_Pro-Mes'!#REF!","v":{"$error":"#REF!"}},{"$f":"'[51]CRO2_Pro-Mes'!TIC3","v":0},{"$f":"'[51]CRO2_Pro-Mes'!#REF!","v":{"$error":"#REF!"}},{"$f":"'[51]CRO2_Pro-Mes'!TIE3","v":0},{"$f":"'[51]CRO2_Pro-Mes'!#REF!","v":{"$error":"#REF!"}},{"$f":"'[51]CRO2_Pro-Mes'!TIG3","v":0},{"$f":"'[51]CRO2_Pro-Mes'!#REF!","v":{"$error":"#REF!"}},{"$f":"'[51]CRO2_Pro-Mes'!TII3","v":0},{"$f":"'[51]CRO2_Pro-Mes'!#REF!","v":{"$error":"#REF!"}},{"$f":"'[51]CRO2_Pro-Mes'!TIK3","v":0},{"$f":"'[51]CRO2_Pro-Mes'!#REF!","v":{"$error":"#REF!"}},{"$f":"'[51]CRO2_Pro-Mes'!TIM3","v":0},{"$f":"'[51]CRO2_Pro-Mes'!#REF!","v":{"$error":"#REF!"}},{"$f":"'[51]CRO2_Pro-Mes'!TIO3","v":0},{"$f":"'[51]CRO2_Pro-Mes'!#REF!","v":{"$error":"#REF!"}},{"$f":"'[51]CRO2_Pro-Mes'!TIQ3","v":0},{"$f":"'[51]CRO2_Pro-Mes'!#REF!","v":{"$error":"#REF!"}},{"$f":"'[51]CRO2_Pro-Mes'!TIS3","v":0},{"$f":"'[51]CRO2_Pro-Mes'!#REF!","v":{"$error":"#REF!"}},{"$f":"'[51]CRO2_Pro-Mes'!TIU3","v":0},{"$f":"'[51]CRO2_Pro-Mes'!#REF!","v":{"$error":"#REF!"}},{"$f":"'[51]CRO2_Pro-Mes'!TIW3","v":0},{"$f":"'[51]CRO2_Pro-Mes'!#REF!","v":{"$error":"#REF!"}},{"$f":"'[51]CRO2_Pro-Mes'!TIY3","v":0},{"$f":"'[51]CRO2_Pro-Mes'!#REF!","v":{"$error":"#REF!"}},{"$f":"'[51]CRO2_Pro-Mes'!TJA3","v":0},{"$f":"'[51]CRO2_Pro-Mes'!#REF!","v":{"$error":"#REF!"}},{"$f":"'[51]CRO2_Pro-Mes'!TJC3","v":0},{"$f":"'[51]CRO2_Pro-Mes'!#REF!","v":{"$error":"#REF!"}},{"$f":"'[51]CRO2_Pro-Mes'!TJE3","v":0},{"$f":"'[51]CRO2_Pro-Mes'!#REF!","v":{"$error":"#REF!"}},{"$f":"'[51]CRO2_Pro-Mes'!TJG3","v":0},{"$f":"'[51]CRO2_Pro-Mes'!#REF!","v":{"$error":"#REF!"}},{"$f":"'[51]CRO2_Pro-Mes'!TJI3","v":0},{"$f":"'[51]CRO2_Pro-Mes'!#REF!","v":{"$error":"#REF!"}},{"$f":"'[51]CRO2_Pro-Mes'!TJK3","v":0},{"$f":"'[51]CRO2_Pro-Mes'!#REF!","v":{"$error":"#REF!"}},{"$f":"'[51]CRO2_Pro-Mes'!TJM3","v":0},{"$f":"'[51]CRO2_Pro-Mes'!#REF!","v":{"$error":"#REF!"}},{"$f":"'[51]CRO2_Pro-Mes'!TJO3","v":0},{"$f":"'[51]CRO2_Pro-Mes'!#REF!","v":{"$error":"#REF!"}},{"$f":"'[51]CRO2_Pro-Mes'!TJQ3","v":0},{"$f":"'[51]CRO2_Pro-Mes'!#REF!","v":{"$error":"#REF!"}},{"$f":"'[51]CRO2_Pro-Mes'!TJS3","v":0},{"$f":"'[51]CRO2_Pro-Mes'!#REF!","v":{"$error":"#REF!"}},{"$f":"'[51]CRO2_Pro-Mes'!TJU3","v":0},{"$f":"'[51]CRO2_Pro-Mes'!#REF!","v":{"$error":"#REF!"}},{"$f":"'[51]CRO2_Pro-Mes'!TJW3","v":0},{"$f":"'[51]CRO2_Pro-Mes'!#REF!","v":{"$error":"#REF!"}},{"$f":"'[51]CRO2_Pro-Mes'!TJY3","v":0},{"$f":"'[51]CRO2_Pro-Mes'!#REF!","v":{"$error":"#REF!"}},{"$f":"'[51]CRO2_Pro-Mes'!TKA3","v":0},{"$f":"'[51]CRO2_Pro-Mes'!#REF!","v":{"$error":"#REF!"}},{"$f":"'[51]CRO2_Pro-Mes'!TKC3","v":0},{"$f":"'[51]CRO2_Pro-Mes'!#REF!","v":{"$error":"#REF!"}},{"$f":"'[51]CRO2_Pro-Mes'!TKE3","v":0},{"$f":"'[51]CRO2_Pro-Mes'!#REF!","v":{"$error":"#REF!"}},{"$f":"'[51]CRO2_Pro-Mes'!TKG3","v":0},{"$f":"'[51]CRO2_Pro-Mes'!#REF!","v":{"$error":"#REF!"}},{"$f":"'[51]CRO2_Pro-Mes'!TKI3","v":0},{"$f":"'[51]CRO2_Pro-Mes'!#REF!","v":{"$error":"#REF!"}},{"$f":"'[51]CRO2_Pro-Mes'!TKK3","v":0},{"$f":"'[51]CRO2_Pro-Mes'!#REF!","v":{"$error":"#REF!"}},{"$f":"'[51]CRO2_Pro-Mes'!TKM3","v":0},{"$f":"'[51]CRO2_Pro-Mes'!#REF!","v":{"$error":"#REF!"}},{"$f":"'[51]CRO2_Pro-Mes'!TKO3","v":0},{"$f":"'[51]CRO2_Pro-Mes'!#REF!","v":{"$error":"#REF!"}},{"$f":"'[51]CRO2_Pro-Mes'!TKQ3","v":0},{"$f":"'[51]CRO2_Pro-Mes'!#REF!","v":{"$error":"#REF!"}},{"$f":"'[51]CRO2_Pro-Mes'!TKS3","v":0},{"$f":"'[51]CRO2_Pro-Mes'!#REF!","v":{"$error":"#REF!"}},{"$f":"'[51]CRO2_Pro-Mes'!TKU3","v":0},{"$f":"'[51]CRO2_Pro-Mes'!#REF!","v":{"$error":"#REF!"}},{"$f":"'[51]CRO2_Pro-Mes'!TKW3","v":0},{"$f":"'[51]CRO2_Pro-Mes'!#REF!","v":{"$error":"#REF!"}},{"$f":"'[51]CRO2_Pro-Mes'!TKY3","v":0},{"$f":"'[51]CRO2_Pro-Mes'!#REF!","v":{"$error":"#REF!"}},{"$f":"'[51]CRO2_Pro-Mes'!TLA3","v":0},{"$f":"'[51]CRO2_Pro-Mes'!#REF!","v":{"$error":"#REF!"}},{"$f":"'[51]CRO2_Pro-Mes'!TLC3","v":0},{"$f":"'[51]CRO2_Pro-Mes'!#REF!","v":{"$error":"#REF!"}},{"$f":"'[51]CRO2_Pro-Mes'!TLE3","v":0},{"$f":"'[51]CRO2_Pro-Mes'!#REF!","v":{"$error":"#REF!"}},{"$f":"'[51]CRO2_Pro-Mes'!TLG3","v":0},{"$f":"'[51]CRO2_Pro-Mes'!#REF!","v":{"$error":"#REF!"}},{"$f":"'[51]CRO2_Pro-Mes'!TLI3","v":0},{"$f":"'[51]CRO2_Pro-Mes'!#REF!","v":{"$error":"#REF!"}},{"$f":"'[51]CRO2_Pro-Mes'!TLK3","v":0},{"$f":"'[51]CRO2_Pro-Mes'!#REF!","v":{"$error":"#REF!"}},{"$f":"'[51]CRO2_Pro-Mes'!TLM3","v":0},{"$f":"'[51]CRO2_Pro-Mes'!#REF!","v":{"$error":"#REF!"}},{"$f":"'[51]CRO2_Pro-Mes'!TLO3","v":0},{"$f":"'[51]CRO2_Pro-Mes'!#REF!","v":{"$error":"#REF!"}},{"$f":"'[51]CRO2_Pro-Mes'!TLQ3","v":0},{"$f":"'[51]CRO2_Pro-Mes'!#REF!","v":{"$error":"#REF!"}},{"$f":"'[51]CRO2_Pro-Mes'!TLS3","v":0},{"$f":"'[51]CRO2_Pro-Mes'!#REF!","v":{"$error":"#REF!"}},{"$f":"'[51]CRO2_Pro-Mes'!TLU3","v":0},{"$f":"'[51]CRO2_Pro-Mes'!#REF!","v":{"$error":"#REF!"}},{"$f":"'[51]CRO2_Pro-Mes'!TLW3","v":0},{"$f":"'[51]CRO2_Pro-Mes'!#REF!","v":{"$error":"#REF!"}},{"$f":"'[51]CRO2_Pro-Mes'!TLY3","v":0},{"$f":"'[51]CRO2_Pro-Mes'!#REF!","v":{"$error":"#REF!"}},{"$f":"'[51]CRO2_Pro-Mes'!TMA3","v":0},{"$f":"'[51]CRO2_Pro-Mes'!#REF!","v":{"$error":"#REF!"}},{"$f":"'[51]CRO2_Pro-Mes'!TMC3","v":0},{"$f":"'[51]CRO2_Pro-Mes'!#REF!","v":{"$error":"#REF!"}},{"$f":"'[51]CRO2_Pro-Mes'!TME3","v":0},{"$f":"'[51]CRO2_Pro-Mes'!#REF!","v":{"$error":"#REF!"}},{"$f":"'[51]CRO2_Pro-Mes'!TMG3","v":0},{"$f":"'[51]CRO2_Pro-Mes'!#REF!","v":{"$error":"#REF!"}},{"$f":"'[51]CRO2_Pro-Mes'!TMI3","v":0},{"$f":"'[51]CRO2_Pro-Mes'!#REF!","v":{"$error":"#REF!"}},{"$f":"'[51]CRO2_Pro-Mes'!TMK3","v":0},{"$f":"'[51]CRO2_Pro-Mes'!#REF!","v":{"$error":"#REF!"}},{"$f":"'[51]CRO2_Pro-Mes'!TMM3","v":0},{"$f":"'[51]CRO2_Pro-Mes'!#REF!","v":{"$error":"#REF!"}},{"$f":"'[51]CRO2_Pro-Mes'!TMO3","v":0},{"$f":"'[51]CRO2_Pro-Mes'!#REF!","v":{"$error":"#REF!"}},{"$f":"'[51]CRO2_Pro-Mes'!TMQ3","v":0},{"$f":"'[51]CRO2_Pro-Mes'!#REF!","v":{"$error":"#REF!"}},{"$f":"'[51]CRO2_Pro-Mes'!TMS3","v":0},{"$f":"'[51]CRO2_Pro-Mes'!#REF!","v":{"$error":"#REF!"}},{"$f":"'[51]CRO2_Pro-Mes'!TMU3","v":0},{"$f":"'[51]CRO2_Pro-Mes'!#REF!","v":{"$error":"#REF!"}},{"$f":"'[51]CRO2_Pro-Mes'!TMW3","v":0},{"$f":"'[51]CRO2_Pro-Mes'!#REF!","v":{"$error":"#REF!"}},{"$f":"'[51]CRO2_Pro-Mes'!TMY3","v":0},{"$f":"'[51]CRO2_Pro-Mes'!#REF!","v":{"$error":"#REF!"}},{"$f":"'[51]CRO2_Pro-Mes'!TNA3","v":0},{"$f":"'[51]CRO2_Pro-Mes'!#REF!","v":{"$error":"#REF!"}},{"$f":"'[51]CRO2_Pro-Mes'!TNC3","v":0},{"$f":"'[51]CRO2_Pro-Mes'!#REF!","v":{"$error":"#REF!"}},{"$f":"'[51]CRO2_Pro-Mes'!TNE3","v":0},{"$f":"'[51]CRO2_Pro-Mes'!#REF!","v":{"$error":"#REF!"}},{"$f":"'[51]CRO2_Pro-Mes'!TNG3","v":0},{"$f":"'[51]CRO2_Pro-Mes'!#REF!","v":{"$error":"#REF!"}},{"$f":"'[51]CRO2_Pro-Mes'!TNI3","v":0},{"$f":"'[51]CRO2_Pro-Mes'!#REF!","v":{"$error":"#REF!"}},{"$f":"'[51]CRO2_Pro-Mes'!TNK3","v":0},{"$f":"'[51]CRO2_Pro-Mes'!#REF!","v":{"$error":"#REF!"}},{"$f":"'[51]CRO2_Pro-Mes'!TNM3","v":0},{"$f":"'[51]CRO2_Pro-Mes'!#REF!","v":{"$error":"#REF!"}},{"$f":"'[51]CRO2_Pro-Mes'!TNO3","v":0},{"$f":"'[51]CRO2_Pro-Mes'!#REF!","v":{"$error":"#REF!"}},{"$f":"'[51]CRO2_Pro-Mes'!TNQ3","v":0},{"$f":"'[51]CRO2_Pro-Mes'!#REF!","v":{"$error":"#REF!"}},{"$f":"'[51]CRO2_Pro-Mes'!TNS3","v":0},{"$f":"'[51]CRO2_Pro-Mes'!#REF!","v":{"$error":"#REF!"}},{"$f":"'[51]CRO2_Pro-Mes'!TNU3","v":0},{"$f":"'[51]CRO2_Pro-Mes'!#REF!","v":{"$error":"#REF!"}},{"$f":"'[51]CRO2_Pro-Mes'!TNW3","v":0},{"$f":"'[51]CRO2_Pro-Mes'!#REF!","v":{"$error":"#REF!"}},{"$f":"'[51]CRO2_Pro-Mes'!TNY3","v":0},{"$f":"'[51]CRO2_Pro-Mes'!#REF!","v":{"$error":"#REF!"}},{"$f":"'[51]CRO2_Pro-Mes'!TOA3","v":0},{"$f":"'[51]CRO2_Pro-Mes'!#REF!","v":{"$error":"#REF!"}},{"$f":"'[51]CRO2_Pro-Mes'!TOC3","v":0},{"$f":"'[51]CRO2_Pro-Mes'!#REF!","v":{"$error":"#REF!"}},{"$f":"'[51]CRO2_Pro-Mes'!TOE3","v":0},{"$f":"'[51]CRO2_Pro-Mes'!#REF!","v":{"$error":"#REF!"}},{"$f":"'[51]CRO2_Pro-Mes'!TOG3","v":0},{"$f":"'[51]CRO2_Pro-Mes'!#REF!","v":{"$error":"#REF!"}},{"$f":"'[51]CRO2_Pro-Mes'!TOI3","v":0},{"$f":"'[51]CRO2_Pro-Mes'!#REF!","v":{"$error":"#REF!"}},{"$f":"'[51]CRO2_Pro-Mes'!TOK3","v":0},{"$f":"'[51]CRO2_Pro-Mes'!#REF!","v":{"$error":"#REF!"}},{"$f":"'[51]CRO2_Pro-Mes'!TOM3","v":0},{"$f":"'[51]CRO2_Pro-Mes'!#REF!","v":{"$error":"#REF!"}},{"$f":"'[51]CRO2_Pro-Mes'!TOO3","v":0},{"$f":"'[51]CRO2_Pro-Mes'!#REF!","v":{"$error":"#REF!"}},{"$f":"'[51]CRO2_Pro-Mes'!TOQ3","v":0},{"$f":"'[51]CRO2_Pro-Mes'!#REF!","v":{"$error":"#REF!"}},{"$f":"'[51]CRO2_Pro-Mes'!TOS3","v":0},{"$f":"'[51]CRO2_Pro-Mes'!#REF!","v":{"$error":"#REF!"}},{"$f":"'[51]CRO2_Pro-Mes'!TOU3","v":0},{"$f":"'[51]CRO2_Pro-Mes'!#REF!","v":{"$error":"#REF!"}},{"$f":"'[51]CRO2_Pro-Mes'!TOW3","v":0},{"$f":"'[51]CRO2_Pro-Mes'!#REF!","v":{"$error":"#REF!"}},{"$f":"'[51]CRO2_Pro-Mes'!TOY3","v":0},{"$f":"'[51]CRO2_Pro-Mes'!#REF!","v":{"$error":"#REF!"}},{"$f":"'[51]CRO2_Pro-Mes'!TPA3","v":0},{"$f":"'[51]CRO2_Pro-Mes'!#REF!","v":{"$error":"#REF!"}},{"$f":"'[51]CRO2_Pro-Mes'!TPC3","v":0},{"$f":"'[51]CRO2_Pro-Mes'!#REF!","v":{"$error":"#REF!"}},{"$f":"'[51]CRO2_Pro-Mes'!TPE3","v":0},{"$f":"'[51]CRO2_Pro-Mes'!#REF!","v":{"$error":"#REF!"}},{"$f":"'[51]CRO2_Pro-Mes'!TPG3","v":0},{"$f":"'[51]CRO2_Pro-Mes'!#REF!","v":{"$error":"#REF!"}},{"$f":"'[51]CRO2_Pro-Mes'!TPI3","v":0},{"$f":"'[51]CRO2_Pro-Mes'!#REF!","v":{"$error":"#REF!"}},{"$f":"'[51]CRO2_Pro-Mes'!TPK3","v":0},{"$f":"'[51]CRO2_Pro-Mes'!#REF!","v":{"$error":"#REF!"}},{"$f":"'[51]CRO2_Pro-Mes'!TPM3","v":0},{"$f":"'[51]CRO2_Pro-Mes'!#REF!","v":{"$error":"#REF!"}},{"$f":"'[51]CRO2_Pro-Mes'!TPO3","v":0},{"$f":"'[51]CRO2_Pro-Mes'!#REF!","v":{"$error":"#REF!"}},{"$f":"'[51]CRO2_Pro-Mes'!TPQ3","v":0},{"$f":"'[51]CRO2_Pro-Mes'!#REF!","v":{"$error":"#REF!"}},{"$f":"'[51]CRO2_Pro-Mes'!TPS3","v":0},{"$f":"'[51]CRO2_Pro-Mes'!#REF!","v":{"$error":"#REF!"}},{"$f":"'[51]CRO2_Pro-Mes'!TPU3","v":0},{"$f":"'[51]CRO2_Pro-Mes'!#REF!","v":{"$error":"#REF!"}},{"$f":"'[51]CRO2_Pro-Mes'!TPW3","v":0},{"$f":"'[51]CRO2_Pro-Mes'!#REF!","v":{"$error":"#REF!"}},{"$f":"'[51]CRO2_Pro-Mes'!TPY3","v":0},{"$f":"'[51]CRO2_Pro-Mes'!#REF!","v":{"$error":"#REF!"}},{"$f":"'[51]CRO2_Pro-Mes'!TQA3","v":0},{"$f":"'[51]CRO2_Pro-Mes'!#REF!","v":{"$error":"#REF!"}},{"$f":"'[51]CRO2_Pro-Mes'!TQC3","v":0},{"$f":"'[51]CRO2_Pro-Mes'!#REF!","v":{"$error":"#REF!"}},{"$f":"'[51]CRO2_Pro-Mes'!TQE3","v":0},{"$f":"'[51]CRO2_Pro-Mes'!#REF!","v":{"$error":"#REF!"}},{"$f":"'[51]CRO2_Pro-Mes'!TQG3","v":0},{"$f":"'[51]CRO2_Pro-Mes'!#REF!","v":{"$error":"#REF!"}},{"$f":"'[51]CRO2_Pro-Mes'!TQI3","v":0},{"$f":"'[51]CRO2_Pro-Mes'!#REF!","v":{"$error":"#REF!"}},{"$f":"'[51]CRO2_Pro-Mes'!TQK3","v":0},{"$f":"'[51]CRO2_Pro-Mes'!#REF!","v":{"$error":"#REF!"}},{"$f":"'[51]CRO2_Pro-Mes'!TQM3","v":0},{"$f":"'[51]CRO2_Pro-Mes'!#REF!","v":{"$error":"#REF!"}},{"$f":"'[51]CRO2_Pro-Mes'!TQO3","v":0},{"$f":"'[51]CRO2_Pro-Mes'!#REF!","v":{"$error":"#REF!"}},{"$f":"'[51]CRO2_Pro-Mes'!TQQ3","v":0},{"$f":"'[51]CRO2_Pro-Mes'!#REF!","v":{"$error":"#REF!"}},{"$f":"'[51]CRO2_Pro-Mes'!TQS3","v":0},{"$f":"'[51]CRO2_Pro-Mes'!#REF!","v":{"$error":"#REF!"}},{"$f":"'[51]CRO2_Pro-Mes'!TQU3","v":0},{"$f":"'[51]CRO2_Pro-Mes'!#REF!","v":{"$error":"#REF!"}},{"$f":"'[51]CRO2_Pro-Mes'!TQW3","v":0},{"$f":"'[51]CRO2_Pro-Mes'!#REF!","v":{"$error":"#REF!"}},{"$f":"'[51]CRO2_Pro-Mes'!TQY3","v":0},{"$f":"'[51]CRO2_Pro-Mes'!#REF!","v":{"$error":"#REF!"}},{"$f":"'[51]CRO2_Pro-Mes'!TRA3","v":0},{"$f":"'[51]CRO2_Pro-Mes'!#REF!","v":{"$error":"#REF!"}},{"$f":"'[51]CRO2_Pro-Mes'!TRC3","v":0},{"$f":"'[51]CRO2_Pro-Mes'!#REF!","v":{"$error":"#REF!"}},{"$f":"'[51]CRO2_Pro-Mes'!TRE3","v":0},{"$f":"'[51]CRO2_Pro-Mes'!#REF!","v":{"$error":"#REF!"}},{"$f":"'[51]CRO2_Pro-Mes'!TRG3","v":0},{"$f":"'[51]CRO2_Pro-Mes'!#REF!","v":{"$error":"#REF!"}},{"$f":"'[51]CRO2_Pro-Mes'!TRI3","v":0},{"$f":"'[51]CRO2_Pro-Mes'!#REF!","v":{"$error":"#REF!"}},{"$f":"'[51]CRO2_Pro-Mes'!TRK3","v":0},{"$f":"'[51]CRO2_Pro-Mes'!#REF!","v":{"$error":"#REF!"}},{"$f":"'[51]CRO2_Pro-Mes'!TRM3","v":0},{"$f":"'[51]CRO2_Pro-Mes'!#REF!","v":{"$error":"#REF!"}},{"$f":"'[51]CRO2_Pro-Mes'!TRO3","v":0},{"$f":"'[51]CRO2_Pro-Mes'!#REF!","v":{"$error":"#REF!"}},{"$f":"'[51]CRO2_Pro-Mes'!TRQ3","v":0},{"$f":"'[51]CRO2_Pro-Mes'!#REF!","v":{"$error":"#REF!"}},{"$f":"'[51]CRO2_Pro-Mes'!TRS3","v":0},{"$f":"'[51]CRO2_Pro-Mes'!#REF!","v":{"$error":"#REF!"}},{"$f":"'[51]CRO2_Pro-Mes'!TRU3","v":0},{"$f":"'[51]CRO2_Pro-Mes'!#REF!","v":{"$error":"#REF!"}},{"$f":"'[51]CRO2_Pro-Mes'!TRW3","v":0},{"$f":"'[51]CRO2_Pro-Mes'!#REF!","v":{"$error":"#REF!"}},{"$f":"'[51]CRO2_Pro-Mes'!TRY3","v":0},{"$f":"'[51]CRO2_Pro-Mes'!#REF!","v":{"$error":"#REF!"}},{"$f":"'[51]CRO2_Pro-Mes'!TSA3","v":0},{"$f":"'[51]CRO2_Pro-Mes'!#REF!","v":{"$error":"#REF!"}},{"$f":"'[51]CRO2_Pro-Mes'!TSC3","v":0},{"$f":"'[51]CRO2_Pro-Mes'!#REF!","v":{"$error":"#REF!"}},{"$f":"'[51]CRO2_Pro-Mes'!TSE3","v":0},{"$f":"'[51]CRO2_Pro-Mes'!#REF!","v":{"$error":"#REF!"}},{"$f":"'[51]CRO2_Pro-Mes'!TSG3","v":0},{"$f":"'[51]CRO2_Pro-Mes'!#REF!","v":{"$error":"#REF!"}},{"$f":"'[51]CRO2_Pro-Mes'!TSI3","v":0},{"$f":"'[51]CRO2_Pro-Mes'!#REF!","v":{"$error":"#REF!"}},{"$f":"'[51]CRO2_Pro-Mes'!TSK3","v":0},{"$f":"'[51]CRO2_Pro-Mes'!#REF!","v":{"$error":"#REF!"}},{"$f":"'[51]CRO2_Pro-Mes'!TSM3","v":0},{"$f":"'[51]CRO2_Pro-Mes'!#REF!","v":{"$error":"#REF!"}},{"$f":"'[51]CRO2_Pro-Mes'!TSO3","v":0},{"$f":"'[51]CRO2_Pro-Mes'!#REF!","v":{"$error":"#REF!"}},{"$f":"'[51]CRO2_Pro-Mes'!TSQ3","v":0},{"$f":"'[51]CRO2_Pro-Mes'!#REF!","v":{"$error":"#REF!"}},{"$f":"'[51]CRO2_Pro-Mes'!TSS3","v":0},{"$f":"'[51]CRO2_Pro-Mes'!#REF!","v":{"$error":"#REF!"}},{"$f":"'[51]CRO2_Pro-Mes'!TSU3","v":0},{"$f":"'[51]CRO2_Pro-Mes'!#REF!","v":{"$error":"#REF!"}},{"$f":"'[51]CRO2_Pro-Mes'!TSW3","v":0},{"$f":"'[51]CRO2_Pro-Mes'!#REF!","v":{"$error":"#REF!"}},{"$f":"'[51]CRO2_Pro-Mes'!TSY3","v":0},{"$f":"'[51]CRO2_Pro-Mes'!#REF!","v":{"$error":"#REF!"}},{"$f":"'[51]CRO2_Pro-Mes'!TTA3","v":0},{"$f":"'[51]CRO2_Pro-Mes'!#REF!","v":{"$error":"#REF!"}},{"$f":"'[51]CRO2_Pro-Mes'!TTC3","v":0},{"$f":"'[51]CRO2_Pro-Mes'!#REF!","v":{"$error":"#REF!"}},{"$f":"'[51]CRO2_Pro-Mes'!TTE3","v":0},{"$f":"'[51]CRO2_Pro-Mes'!#REF!","v":{"$error":"#REF!"}},{"$f":"'[51]CRO2_Pro-Mes'!TTG3","v":0},{"$f":"'[51]CRO2_Pro-Mes'!#REF!","v":{"$error":"#REF!"}},{"$f":"'[51]CRO2_Pro-Mes'!TTI3","v":0},{"$f":"'[51]CRO2_Pro-Mes'!#REF!","v":{"$error":"#REF!"}},{"$f":"'[51]CRO2_Pro-Mes'!TTK3","v":0},{"$f":"'[51]CRO2_Pro-Mes'!#REF!","v":{"$error":"#REF!"}},{"$f":"'[51]CRO2_Pro-Mes'!TTM3","v":0},{"$f":"'[51]CRO2_Pro-Mes'!#REF!","v":{"$error":"#REF!"}},{"$f":"'[51]CRO2_Pro-Mes'!TTO3","v":0},{"$f":"'[51]CRO2_Pro-Mes'!#REF!","v":{"$error":"#REF!"}},{"$f":"'[51]CRO2_Pro-Mes'!TTQ3","v":0},{"$f":"'[51]CRO2_Pro-Mes'!#REF!","v":{"$error":"#REF!"}},{"$f":"'[51]CRO2_Pro-Mes'!TTS3","v":0},{"$f":"'[51]CRO2_Pro-Mes'!#REF!","v":{"$error":"#REF!"}},{"$f":"'[51]CRO2_Pro-Mes'!TTU3","v":0},{"$f":"'[51]CRO2_Pro-Mes'!#REF!","v":{"$error":"#REF!"}},{"$f":"'[51]CRO2_Pro-Mes'!TTW3","v":0},{"$f":"'[51]CRO2_Pro-Mes'!#REF!","v":{"$error":"#REF!"}},{"$f":"'[51]CRO2_Pro-Mes'!TTY3","v":0},{"$f":"'[51]CRO2_Pro-Mes'!#REF!","v":{"$error":"#REF!"}},{"$f":"'[51]CRO2_Pro-Mes'!TUA3","v":0},{"$f":"'[51]CRO2_Pro-Mes'!#REF!","v":{"$error":"#REF!"}},{"$f":"'[51]CRO2_Pro-Mes'!TUC3","v":0},{"$f":"'[51]CRO2_Pro-Mes'!#REF!","v":{"$error":"#REF!"}},{"$f":"'[51]CRO2_Pro-Mes'!TUE3","v":0},{"$f":"'[51]CRO2_Pro-Mes'!#REF!","v":{"$error":"#REF!"}},{"$f":"'[51]CRO2_Pro-Mes'!TUG3","v":0},{"$f":"'[51]CRO2_Pro-Mes'!#REF!","v":{"$error":"#REF!"}},{"$f":"'[51]CRO2_Pro-Mes'!TUI3","v":0},{"$f":"'[51]CRO2_Pro-Mes'!#REF!","v":{"$error":"#REF!"}},{"$f":"'[51]CRO2_Pro-Mes'!TUK3","v":0},{"$f":"'[51]CRO2_Pro-Mes'!#REF!","v":{"$error":"#REF!"}},{"$f":"'[51]CRO2_Pro-Mes'!TUM3","v":0},{"$f":"'[51]CRO2_Pro-Mes'!#REF!","v":{"$error":"#REF!"}},{"$f":"'[51]CRO2_Pro-Mes'!TUO3","v":0},{"$f":"'[51]CRO2_Pro-Mes'!#REF!","v":{"$error":"#REF!"}},{"$f":"'[51]CRO2_Pro-Mes'!TUQ3","v":0},{"$f":"'[51]CRO2_Pro-Mes'!#REF!","v":{"$error":"#REF!"}},{"$f":"'[51]CRO2_Pro-Mes'!TUS3","v":0},{"$f":"'[51]CRO2_Pro-Mes'!#REF!","v":{"$error":"#REF!"}},{"$f":"'[51]CRO2_Pro-Mes'!TUU3","v":0},{"$f":"'[51]CRO2_Pro-Mes'!#REF!","v":{"$error":"#REF!"}},{"$f":"'[51]CRO2_Pro-Mes'!TUW3","v":0},{"$f":"'[51]CRO2_Pro-Mes'!#REF!","v":{"$error":"#REF!"}},{"$f":"'[51]CRO2_Pro-Mes'!TUY3","v":0},{"$f":"'[51]CRO2_Pro-Mes'!#REF!","v":{"$error":"#REF!"}},{"$f":"'[51]CRO2_Pro-Mes'!TVA3","v":0},{"$f":"'[51]CRO2_Pro-Mes'!#REF!","v":{"$error":"#REF!"}},{"$f":"'[51]CRO2_Pro-Mes'!TVC3","v":0},{"$f":"'[51]CRO2_Pro-Mes'!#REF!","v":{"$error":"#REF!"}},{"$f":"'[51]CRO2_Pro-Mes'!TVE3","v":0},{"$f":"'[51]CRO2_Pro-Mes'!#REF!","v":{"$error":"#REF!"}},{"$f":"'[51]CRO2_Pro-Mes'!TVG3","v":0},{"$f":"'[51]CRO2_Pro-Mes'!#REF!","v":{"$error":"#REF!"}},{"$f":"'[51]CRO2_Pro-Mes'!TVI3","v":0},{"$f":"'[51]CRO2_Pro-Mes'!#REF!","v":{"$error":"#REF!"}},{"$f":"'[51]CRO2_Pro-Mes'!TVK3","v":0},{"$f":"'[51]CRO2_Pro-Mes'!#REF!","v":{"$error":"#REF!"}},{"$f":"'[51]CRO2_Pro-Mes'!TVM3","v":0},{"$f":"'[51]CRO2_Pro-Mes'!#REF!","v":{"$error":"#REF!"}},{"$f":"'[51]CRO2_Pro-Mes'!TVO3","v":0},{"$f":"'[51]CRO2_Pro-Mes'!#REF!","v":{"$error":"#REF!"}},{"$f":"'[51]CRO2_Pro-Mes'!TVQ3","v":0},{"$f":"'[51]CRO2_Pro-Mes'!#REF!","v":{"$error":"#REF!"}},{"$f":"'[51]CRO2_Pro-Mes'!TVS3","v":0},{"$f":"'[51]CRO2_Pro-Mes'!#REF!","v":{"$error":"#REF!"}},{"$f":"'[51]CRO2_Pro-Mes'!TVU3","v":0},{"$f":"'[51]CRO2_Pro-Mes'!#REF!","v":{"$error":"#REF!"}},{"$f":"'[51]CRO2_Pro-Mes'!TVW3","v":0},{"$f":"'[51]CRO2_Pro-Mes'!#REF!","v":{"$error":"#REF!"}},{"$f":"'[51]CRO2_Pro-Mes'!TVY3","v":0},{"$f":"'[51]CRO2_Pro-Mes'!#REF!","v":{"$error":"#REF!"}},{"$f":"'[51]CRO2_Pro-Mes'!TWA3","v":0},{"$f":"'[51]CRO2_Pro-Mes'!#REF!","v":{"$error":"#REF!"}},{"$f":"'[51]CRO2_Pro-Mes'!TWC3","v":0},{"$f":"'[51]CRO2_Pro-Mes'!#REF!","v":{"$error":"#REF!"}},{"$f":"'[51]CRO2_Pro-Mes'!TWE3","v":0},{"$f":"'[51]CRO2_Pro-Mes'!#REF!","v":{"$error":"#REF!"}},{"$f":"'[51]CRO2_Pro-Mes'!TWG3","v":0},{"$f":"'[51]CRO2_Pro-Mes'!#REF!","v":{"$error":"#REF!"}},{"$f":"'[51]CRO2_Pro-Mes'!TWI3","v":0},{"$f":"'[51]CRO2_Pro-Mes'!#REF!","v":{"$error":"#REF!"}},{"$f":"'[51]CRO2_Pro-Mes'!TWK3","v":0},{"$f":"'[51]CRO2_Pro-Mes'!#REF!","v":{"$error":"#REF!"}},{"$f":"'[51]CRO2_Pro-Mes'!TWM3","v":0},{"$f":"'[51]CRO2_Pro-Mes'!#REF!","v":{"$error":"#REF!"}},{"$f":"'[51]CRO2_Pro-Mes'!TWO3","v":0},{"$f":"'[51]CRO2_Pro-Mes'!#REF!","v":{"$error":"#REF!"}},{"$f":"'[51]CRO2_Pro-Mes'!TWQ3","v":0},{"$f":"'[51]CRO2_Pro-Mes'!#REF!","v":{"$error":"#REF!"}},{"$f":"'[51]CRO2_Pro-Mes'!TWS3","v":0},{"$f":"'[51]CRO2_Pro-Mes'!#REF!","v":{"$error":"#REF!"}},{"$f":"'[51]CRO2_Pro-Mes'!TWU3","v":0},{"$f":"'[51]CRO2_Pro-Mes'!#REF!","v":{"$error":"#REF!"}},{"$f":"'[51]CRO2_Pro-Mes'!TWW3","v":0},{"$f":"'[51]CRO2_Pro-Mes'!#REF!","v":{"$error":"#REF!"}},{"$f":"'[51]CRO2_Pro-Mes'!TWY3","v":0},{"$f":"'[51]CRO2_Pro-Mes'!#REF!","v":{"$error":"#REF!"}},{"$f":"'[51]CRO2_Pro-Mes'!TXA3","v":0},{"$f":"'[51]CRO2_Pro-Mes'!#REF!","v":{"$error":"#REF!"}},{"$f":"'[51]CRO2_Pro-Mes'!TXC3","v":0},{"$f":"'[51]CRO2_Pro-Mes'!#REF!","v":{"$error":"#REF!"}},{"$f":"'[51]CRO2_Pro-Mes'!TXE3","v":0},{"$f":"'[51]CRO2_Pro-Mes'!#REF!","v":{"$error":"#REF!"}},{"$f":"'[51]CRO2_Pro-Mes'!TXG3","v":0},{"$f":"'[51]CRO2_Pro-Mes'!#REF!","v":{"$error":"#REF!"}},{"$f":"'[51]CRO2_Pro-Mes'!TXI3","v":0},{"$f":"'[51]CRO2_Pro-Mes'!#REF!","v":{"$error":"#REF!"}},{"$f":"'[51]CRO2_Pro-Mes'!TXK3","v":0},{"$f":"'[51]CRO2_Pro-Mes'!#REF!","v":{"$error":"#REF!"}},{"$f":"'[51]CRO2_Pro-Mes'!TXM3","v":0},{"$f":"'[51]CRO2_Pro-Mes'!#REF!","v":{"$error":"#REF!"}},{"$f":"'[51]CRO2_Pro-Mes'!TXO3","v":0},{"$f":"'[51]CRO2_Pro-Mes'!#REF!","v":{"$error":"#REF!"}},{"$f":"'[51]CRO2_Pro-Mes'!TXQ3","v":0},{"$f":"'[51]CRO2_Pro-Mes'!#REF!","v":{"$error":"#REF!"}},{"$f":"'[51]CRO2_Pro-Mes'!TXS3","v":0},{"$f":"'[51]CRO2_Pro-Mes'!#REF!","v":{"$error":"#REF!"}},{"$f":"'[51]CRO2_Pro-Mes'!TXU3","v":0},{"$f":"'[51]CRO2_Pro-Mes'!#REF!","v":{"$error":"#REF!"}},{"$f":"'[51]CRO2_Pro-Mes'!TXW3","v":0},{"$f":"'[51]CRO2_Pro-Mes'!#REF!","v":{"$error":"#REF!"}},{"$f":"'[51]CRO2_Pro-Mes'!TXY3","v":0},{"$f":"'[51]CRO2_Pro-Mes'!#REF!","v":{"$error":"#REF!"}},{"$f":"'[51]CRO2_Pro-Mes'!TYA3","v":0},{"$f":"'[51]CRO2_Pro-Mes'!#REF!","v":{"$error":"#REF!"}},{"$f":"'[51]CRO2_Pro-Mes'!TYC3","v":0},{"$f":"'[51]CRO2_Pro-Mes'!#REF!","v":{"$error":"#REF!"}},{"$f":"'[51]CRO2_Pro-Mes'!TYE3","v":0},{"$f":"'[51]CRO2_Pro-Mes'!#REF!","v":{"$error":"#REF!"}},{"$f":"'[51]CRO2_Pro-Mes'!TYG3","v":0},{"$f":"'[51]CRO2_Pro-Mes'!#REF!","v":{"$error":"#REF!"}},{"$f":"'[51]CRO2_Pro-Mes'!TYI3","v":0},{"$f":"'[51]CRO2_Pro-Mes'!#REF!","v":{"$error":"#REF!"}},{"$f":"'[51]CRO2_Pro-Mes'!TYK3","v":0},{"$f":"'[51]CRO2_Pro-Mes'!#REF!","v":{"$error":"#REF!"}},{"$f":"'[51]CRO2_Pro-Mes'!TYM3","v":0},{"$f":"'[51]CRO2_Pro-Mes'!#REF!","v":{"$error":"#REF!"}},{"$f":"'[51]CRO2_Pro-Mes'!TYO3","v":0},{"$f":"'[51]CRO2_Pro-Mes'!#REF!","v":{"$error":"#REF!"}},{"$f":"'[51]CRO2_Pro-Mes'!TYQ3","v":0},{"$f":"'[51]CRO2_Pro-Mes'!#REF!","v":{"$error":"#REF!"}},{"$f":"'[51]CRO2_Pro-Mes'!TYS3","v":0},{"$f":"'[51]CRO2_Pro-Mes'!#REF!","v":{"$error":"#REF!"}},{"$f":"'[51]CRO2_Pro-Mes'!TYU3","v":0},{"$f":"'[51]CRO2_Pro-Mes'!#REF!","v":{"$error":"#REF!"}},{"$f":"'[51]CRO2_Pro-Mes'!TYW3","v":0},{"$f":"'[51]CRO2_Pro-Mes'!#REF!","v":{"$error":"#REF!"}},{"$f":"'[51]CRO2_Pro-Mes'!TYY3","v":0},{"$f":"'[51]CRO2_Pro-Mes'!#REF!","v":{"$error":"#REF!"}},{"$f":"'[51]CRO2_Pro-Mes'!TZA3","v":0},{"$f":"'[51]CRO2_Pro-Mes'!#REF!","v":{"$error":"#REF!"}},{"$f":"'[51]CRO2_Pro-Mes'!TZC3","v":0},{"$f":"'[51]CRO2_Pro-Mes'!#REF!","v":{"$error":"#REF!"}},{"$f":"'[51]CRO2_Pro-Mes'!TZE3","v":0},{"$f":"'[51]CRO2_Pro-Mes'!#REF!","v":{"$error":"#REF!"}},{"$f":"'[51]CRO2_Pro-Mes'!TZG3","v":0},{"$f":"'[51]CRO2_Pro-Mes'!#REF!","v":{"$error":"#REF!"}},{"$f":"'[51]CRO2_Pro-Mes'!TZI3","v":0},{"$f":"'[51]CRO2_Pro-Mes'!#REF!","v":{"$error":"#REF!"}},{"$f":"'[51]CRO2_Pro-Mes'!TZK3","v":0},{"$f":"'[51]CRO2_Pro-Mes'!#REF!","v":{"$error":"#REF!"}},{"$f":"'[51]CRO2_Pro-Mes'!TZM3","v":0},{"$f":"'[51]CRO2_Pro-Mes'!#REF!","v":{"$error":"#REF!"}},{"$f":"'[51]CRO2_Pro-Mes'!TZO3","v":0},{"$f":"'[51]CRO2_Pro-Mes'!#REF!","v":{"$error":"#REF!"}},{"$f":"'[51]CRO2_Pro-Mes'!TZQ3","v":0},{"$f":"'[51]CRO2_Pro-Mes'!#REF!","v":{"$error":"#REF!"}},{"$f":"'[51]CRO2_Pro-Mes'!TZS3","v":0},{"$f":"'[51]CRO2_Pro-Mes'!#REF!","v":{"$error":"#REF!"}},{"$f":"'[51]CRO2_Pro-Mes'!TZU3","v":0},{"$f":"'[51]CRO2_Pro-Mes'!#REF!","v":{"$error":"#REF!"}},{"$f":"'[51]CRO2_Pro-Mes'!TZW3","v":0},{"$f":"'[51]CRO2_Pro-Mes'!#REF!","v":{"$error":"#REF!"}},{"$f":"'[51]CRO2_Pro-Mes'!TZY3","v":0},{"$f":"'[51]CRO2_Pro-Mes'!#REF!","v":{"$error":"#REF!"}},{"$f":"'[51]CRO2_Pro-Mes'!UAA3","v":0},{"$f":"'[51]CRO2_Pro-Mes'!#REF!","v":{"$error":"#REF!"}},{"$f":"'[51]CRO2_Pro-Mes'!UAC3","v":0},{"$f":"'[51]CRO2_Pro-Mes'!#REF!","v":{"$error":"#REF!"}},{"$f":"'[51]CRO2_Pro-Mes'!UAE3","v":0},{"$f":"'[51]CRO2_Pro-Mes'!#REF!","v":{"$error":"#REF!"}},{"$f":"'[51]CRO2_Pro-Mes'!UAG3","v":0},{"$f":"'[51]CRO2_Pro-Mes'!#REF!","v":{"$error":"#REF!"}},{"$f":"'[51]CRO2_Pro-Mes'!UAI3","v":0},{"$f":"'[51]CRO2_Pro-Mes'!#REF!","v":{"$error":"#REF!"}},{"$f":"'[51]CRO2_Pro-Mes'!UAK3","v":0},{"$f":"'[51]CRO2_Pro-Mes'!#REF!","v":{"$error":"#REF!"}},{"$f":"'[51]CRO2_Pro-Mes'!UAM3","v":0},{"$f":"'[51]CRO2_Pro-Mes'!#REF!","v":{"$error":"#REF!"}},{"$f":"'[51]CRO2_Pro-Mes'!UAO3","v":0},{"$f":"'[51]CRO2_Pro-Mes'!#REF!","v":{"$error":"#REF!"}},{"$f":"'[51]CRO2_Pro-Mes'!UAQ3","v":0},{"$f":"'[51]CRO2_Pro-Mes'!#REF!","v":{"$error":"#REF!"}},{"$f":"'[51]CRO2_Pro-Mes'!UAS3","v":0},{"$f":"'[51]CRO2_Pro-Mes'!#REF!","v":{"$error":"#REF!"}},{"$f":"'[51]CRO2_Pro-Mes'!UAU3","v":0},{"$f":"'[51]CRO2_Pro-Mes'!#REF!","v":{"$error":"#REF!"}},{"$f":"'[51]CRO2_Pro-Mes'!UAW3","v":0},{"$f":"'[51]CRO2_Pro-Mes'!#REF!","v":{"$error":"#REF!"}},{"$f":"'[51]CRO2_Pro-Mes'!UAY3","v":0},{"$f":"'[51]CRO2_Pro-Mes'!#REF!","v":{"$error":"#REF!"}},{"$f":"'[51]CRO2_Pro-Mes'!UBA3","v":0},{"$f":"'[51]CRO2_Pro-Mes'!#REF!","v":{"$error":"#REF!"}},{"$f":"'[51]CRO2_Pro-Mes'!UBC3","v":0},{"$f":"'[51]CRO2_Pro-Mes'!#REF!","v":{"$error":"#REF!"}},{"$f":"'[51]CRO2_Pro-Mes'!UBE3","v":0},{"$f":"'[51]CRO2_Pro-Mes'!#REF!","v":{"$error":"#REF!"}},{"$f":"'[51]CRO2_Pro-Mes'!UBG3","v":0},{"$f":"'[51]CRO2_Pro-Mes'!#REF!","v":{"$error":"#REF!"}},{"$f":"'[51]CRO2_Pro-Mes'!UBI3","v":0},{"$f":"'[51]CRO2_Pro-Mes'!#REF!","v":{"$error":"#REF!"}},{"$f":"'[51]CRO2_Pro-Mes'!UBK3","v":0},{"$f":"'[51]CRO2_Pro-Mes'!#REF!","v":{"$error":"#REF!"}},{"$f":"'[51]CRO2_Pro-Mes'!UBM3","v":0},{"$f":"'[51]CRO2_Pro-Mes'!#REF!","v":{"$error":"#REF!"}},{"$f":"'[51]CRO2_Pro-Mes'!UBO3","v":0},{"$f":"'[51]CRO2_Pro-Mes'!#REF!","v":{"$error":"#REF!"}},{"$f":"'[51]CRO2_Pro-Mes'!UBQ3","v":0},{"$f":"'[51]CRO2_Pro-Mes'!#REF!","v":{"$error":"#REF!"}},{"$f":"'[51]CRO2_Pro-Mes'!UBS3","v":0},{"$f":"'[51]CRO2_Pro-Mes'!#REF!","v":{"$error":"#REF!"}},{"$f":"'[51]CRO2_Pro-Mes'!UBU3","v":0},{"$f":"'[51]CRO2_Pro-Mes'!#REF!","v":{"$error":"#REF!"}},{"$f":"'[51]CRO2_Pro-Mes'!UBW3","v":0},{"$f":"'[51]CRO2_Pro-Mes'!#REF!","v":{"$error":"#REF!"}},{"$f":"'[51]CRO2_Pro-Mes'!UBY3","v":0},{"$f":"'[51]CRO2_Pro-Mes'!#REF!","v":{"$error":"#REF!"}},{"$f":"'[51]CRO2_Pro-Mes'!UCA3","v":0},{"$f":"'[51]CRO2_Pro-Mes'!#REF!","v":{"$error":"#REF!"}},{"$f":"'[51]CRO2_Pro-Mes'!UCC3","v":0},{"$f":"'[51]CRO2_Pro-Mes'!#REF!","v":{"$error":"#REF!"}},{"$f":"'[51]CRO2_Pro-Mes'!UCE3","v":0},{"$f":"'[51]CRO2_Pro-Mes'!#REF!","v":{"$error":"#REF!"}},{"$f":"'[51]CRO2_Pro-Mes'!UCG3","v":0},{"$f":"'[51]CRO2_Pro-Mes'!#REF!","v":{"$error":"#REF!"}},{"$f":"'[51]CRO2_Pro-Mes'!UCI3","v":0},{"$f":"'[51]CRO2_Pro-Mes'!#REF!","v":{"$error":"#REF!"}},{"$f":"'[51]CRO2_Pro-Mes'!UCK3","v":0},{"$f":"'[51]CRO2_Pro-Mes'!#REF!","v":{"$error":"#REF!"}},{"$f":"'[51]CRO2_Pro-Mes'!UCM3","v":0},{"$f":"'[51]CRO2_Pro-Mes'!#REF!","v":{"$error":"#REF!"}},{"$f":"'[51]CRO2_Pro-Mes'!UCO3","v":0},{"$f":"'[51]CRO2_Pro-Mes'!#REF!","v":{"$error":"#REF!"}},{"$f":"'[51]CRO2_Pro-Mes'!UCQ3","v":0},{"$f":"'[51]CRO2_Pro-Mes'!#REF!","v":{"$error":"#REF!"}},{"$f":"'[51]CRO2_Pro-Mes'!UCS3","v":0},{"$f":"'[51]CRO2_Pro-Mes'!#REF!","v":{"$error":"#REF!"}},{"$f":"'[51]CRO2_Pro-Mes'!UCU3","v":0},{"$f":"'[51]CRO2_Pro-Mes'!#REF!","v":{"$error":"#REF!"}},{"$f":"'[51]CRO2_Pro-Mes'!UCW3","v":0},{"$f":"'[51]CRO2_Pro-Mes'!#REF!","v":{"$error":"#REF!"}},{"$f":"'[51]CRO2_Pro-Mes'!UCY3","v":0},{"$f":"'[51]CRO2_Pro-Mes'!#REF!","v":{"$error":"#REF!"}},{"$f":"'[51]CRO2_Pro-Mes'!UDA3","v":0},{"$f":"'[51]CRO2_Pro-Mes'!#REF!","v":{"$error":"#REF!"}},{"$f":"'[51]CRO2_Pro-Mes'!UDC3","v":0},{"$f":"'[51]CRO2_Pro-Mes'!#REF!","v":{"$error":"#REF!"}},{"$f":"'[51]CRO2_Pro-Mes'!UDE3","v":0},{"$f":"'[51]CRO2_Pro-Mes'!#REF!","v":{"$error":"#REF!"}},{"$f":"'[51]CRO2_Pro-Mes'!UDG3","v":0},{"$f":"'[51]CRO2_Pro-Mes'!#REF!","v":{"$error":"#REF!"}},{"$f":"'[51]CRO2_Pro-Mes'!UDI3","v":0},{"$f":"'[51]CRO2_Pro-Mes'!#REF!","v":{"$error":"#REF!"}},{"$f":"'[51]CRO2_Pro-Mes'!UDK3","v":0},{"$f":"'[51]CRO2_Pro-Mes'!#REF!","v":{"$error":"#REF!"}},{"$f":"'[51]CRO2_Pro-Mes'!UDM3","v":0},{"$f":"'[51]CRO2_Pro-Mes'!#REF!","v":{"$error":"#REF!"}},{"$f":"'[51]CRO2_Pro-Mes'!UDO3","v":0},{"$f":"'[51]CRO2_Pro-Mes'!#REF!","v":{"$error":"#REF!"}},{"$f":"'[51]CRO2_Pro-Mes'!UDQ3","v":0},{"$f":"'[51]CRO2_Pro-Mes'!#REF!","v":{"$error":"#REF!"}},{"$f":"'[51]CRO2_Pro-Mes'!UDS3","v":0},{"$f":"'[51]CRO2_Pro-Mes'!#REF!","v":{"$error":"#REF!"}},{"$f":"'[51]CRO2_Pro-Mes'!UDU3","v":0},{"$f":"'[51]CRO2_Pro-Mes'!#REF!","v":{"$error":"#REF!"}},{"$f":"'[51]CRO2_Pro-Mes'!UDW3","v":0},{"$f":"'[51]CRO2_Pro-Mes'!#REF!","v":{"$error":"#REF!"}},{"$f":"'[51]CRO2_Pro-Mes'!UDY3","v":0},{"$f":"'[51]CRO2_Pro-Mes'!#REF!","v":{"$error":"#REF!"}},{"$f":"'[51]CRO2_Pro-Mes'!UEA3","v":0},{"$f":"'[51]CRO2_Pro-Mes'!#REF!","v":{"$error":"#REF!"}},{"$f":"'[51]CRO2_Pro-Mes'!UEC3","v":0},{"$f":"'[51]CRO2_Pro-Mes'!#REF!","v":{"$error":"#REF!"}},{"$f":"'[51]CRO2_Pro-Mes'!UEE3","v":0},{"$f":"'[51]CRO2_Pro-Mes'!#REF!","v":{"$error":"#REF!"}},{"$f":"'[51]CRO2_Pro-Mes'!UEG3","v":0},{"$f":"'[51]CRO2_Pro-Mes'!#REF!","v":{"$error":"#REF!"}},{"$f":"'[51]CRO2_Pro-Mes'!UEI3","v":0},{"$f":"'[51]CRO2_Pro-Mes'!#REF!","v":{"$error":"#REF!"}},{"$f":"'[51]CRO2_Pro-Mes'!UEK3","v":0},{"$f":"'[51]CRO2_Pro-Mes'!#REF!","v":{"$error":"#REF!"}},{"$f":"'[51]CRO2_Pro-Mes'!UEM3","v":0},{"$f":"'[51]CRO2_Pro-Mes'!#REF!","v":{"$error":"#REF!"}},{"$f":"'[51]CRO2_Pro-Mes'!UEO3","v":0},{"$f":"'[51]CRO2_Pro-Mes'!#REF!","v":{"$error":"#REF!"}},{"$f":"'[51]CRO2_Pro-Mes'!UEQ3","v":0},{"$f":"'[51]CRO2_Pro-Mes'!#REF!","v":{"$error":"#REF!"}},{"$f":"'[51]CRO2_Pro-Mes'!UES3","v":0},{"$f":"'[51]CRO2_Pro-Mes'!#REF!","v":{"$error":"#REF!"}},{"$f":"'[51]CRO2_Pro-Mes'!UEU3","v":0},{"$f":"'[51]CRO2_Pro-Mes'!#REF!","v":{"$error":"#REF!"}},{"$f":"'[51]CRO2_Pro-Mes'!UEW3","v":0},{"$f":"'[51]CRO2_Pro-Mes'!#REF!","v":{"$error":"#REF!"}},{"$f":"'[51]CRO2_Pro-Mes'!UEY3","v":0},{"$f":"'[51]CRO2_Pro-Mes'!#REF!","v":{"$error":"#REF!"}},{"$f":"'[51]CRO2_Pro-Mes'!UFA3","v":0},{"$f":"'[51]CRO2_Pro-Mes'!#REF!","v":{"$error":"#REF!"}},{"$f":"'[51]CRO2_Pro-Mes'!UFC3","v":0},{"$f":"'[51]CRO2_Pro-Mes'!#REF!","v":{"$error":"#REF!"}},{"$f":"'[51]CRO2_Pro-Mes'!UFE3","v":0},{"$f":"'[51]CRO2_Pro-Mes'!#REF!","v":{"$error":"#REF!"}},{"$f":"'[51]CRO2_Pro-Mes'!UFG3","v":0},{"$f":"'[51]CRO2_Pro-Mes'!#REF!","v":{"$error":"#REF!"}},{"$f":"'[51]CRO2_Pro-Mes'!UFI3","v":0},{"$f":"'[51]CRO2_Pro-Mes'!#REF!","v":{"$error":"#REF!"}},{"$f":"'[51]CRO2_Pro-Mes'!UFK3","v":0},{"$f":"'[51]CRO2_Pro-Mes'!#REF!","v":{"$error":"#REF!"}},{"$f":"'[51]CRO2_Pro-Mes'!UFM3","v":0},{"$f":"'[51]CRO2_Pro-Mes'!#REF!","v":{"$error":"#REF!"}},{"$f":"'[51]CRO2_Pro-Mes'!UFO3","v":0},{"$f":"'[51]CRO2_Pro-Mes'!#REF!","v":{"$error":"#REF!"}},{"$f":"'[51]CRO2_Pro-Mes'!UFQ3","v":0},{"$f":"'[51]CRO2_Pro-Mes'!#REF!","v":{"$error":"#REF!"}},{"$f":"'[51]CRO2_Pro-Mes'!UFS3","v":0},{"$f":"'[51]CRO2_Pro-Mes'!#REF!","v":{"$error":"#REF!"}},{"$f":"'[51]CRO2_Pro-Mes'!UFU3","v":0},{"$f":"'[51]CRO2_Pro-Mes'!#REF!","v":{"$error":"#REF!"}},{"$f":"'[51]CRO2_Pro-Mes'!UFW3","v":0},{"$f":"'[51]CRO2_Pro-Mes'!#REF!","v":{"$error":"#REF!"}},{"$f":"'[51]CRO2_Pro-Mes'!UFY3","v":0},{"$f":"'[51]CRO2_Pro-Mes'!#REF!","v":{"$error":"#REF!"}},{"$f":"'[51]CRO2_Pro-Mes'!UGA3","v":0},{"$f":"'[51]CRO2_Pro-Mes'!#REF!","v":{"$error":"#REF!"}},{"$f":"'[51]CRO2_Pro-Mes'!UGC3","v":0},{"$f":"'[51]CRO2_Pro-Mes'!#REF!","v":{"$error":"#REF!"}},{"$f":"'[51]CRO2_Pro-Mes'!UGE3","v":0},{"$f":"'[51]CRO2_Pro-Mes'!#REF!","v":{"$error":"#REF!"}},{"$f":"'[51]CRO2_Pro-Mes'!UGG3","v":0},{"$f":"'[51]CRO2_Pro-Mes'!#REF!","v":{"$error":"#REF!"}},{"$f":"'[51]CRO2_Pro-Mes'!UGI3","v":0},{"$f":"'[51]CRO2_Pro-Mes'!#REF!","v":{"$error":"#REF!"}},{"$f":"'[51]CRO2_Pro-Mes'!UGK3","v":0},{"$f":"'[51]CRO2_Pro-Mes'!#REF!","v":{"$error":"#REF!"}},{"$f":"'[51]CRO2_Pro-Mes'!UGM3","v":0},{"$f":"'[51]CRO2_Pro-Mes'!#REF!","v":{"$error":"#REF!"}},{"$f":"'[51]CRO2_Pro-Mes'!UGO3","v":0},{"$f":"'[51]CRO2_Pro-Mes'!#REF!","v":{"$error":"#REF!"}},{"$f":"'[51]CRO2_Pro-Mes'!UGQ3","v":0},{"$f":"'[51]CRO2_Pro-Mes'!#REF!","v":{"$error":"#REF!"}},{"$f":"'[51]CRO2_Pro-Mes'!UGS3","v":0},{"$f":"'[51]CRO2_Pro-Mes'!#REF!","v":{"$error":"#REF!"}},{"$f":"'[51]CRO2_Pro-Mes'!UGU3","v":0},{"$f":"'[51]CRO2_Pro-Mes'!#REF!","v":{"$error":"#REF!"}},{"$f":"'[51]CRO2_Pro-Mes'!UGW3","v":0},{"$f":"'[51]CRO2_Pro-Mes'!#REF!","v":{"$error":"#REF!"}},{"$f":"'[51]CRO2_Pro-Mes'!UGY3","v":0},{"$f":"'[51]CRO2_Pro-Mes'!#REF!","v":{"$error":"#REF!"}},{"$f":"'[51]CRO2_Pro-Mes'!UHA3","v":0},{"$f":"'[51]CRO2_Pro-Mes'!#REF!","v":{"$error":"#REF!"}},{"$f":"'[51]CRO2_Pro-Mes'!UHC3","v":0},{"$f":"'[51]CRO2_Pro-Mes'!#REF!","v":{"$error":"#REF!"}},{"$f":"'[51]CRO2_Pro-Mes'!UHE3","v":0},{"$f":"'[51]CRO2_Pro-Mes'!#REF!","v":{"$error":"#REF!"}},{"$f":"'[51]CRO2_Pro-Mes'!UHG3","v":0},{"$f":"'[51]CRO2_Pro-Mes'!#REF!","v":{"$error":"#REF!"}},{"$f":"'[51]CRO2_Pro-Mes'!UHI3","v":0},{"$f":"'[51]CRO2_Pro-Mes'!#REF!","v":{"$error":"#REF!"}},{"$f":"'[51]CRO2_Pro-Mes'!UHK3","v":0},{"$f":"'[51]CRO2_Pro-Mes'!#REF!","v":{"$error":"#REF!"}},{"$f":"'[51]CRO2_Pro-Mes'!UHM3","v":0},{"$f":"'[51]CRO2_Pro-Mes'!#REF!","v":{"$error":"#REF!"}},{"$f":"'[51]CRO2_Pro-Mes'!UHO3","v":0},{"$f":"'[51]CRO2_Pro-Mes'!#REF!","v":{"$error":"#REF!"}},{"$f":"'[51]CRO2_Pro-Mes'!UHQ3","v":0},{"$f":"'[51]CRO2_Pro-Mes'!#REF!","v":{"$error":"#REF!"}},{"$f":"'[51]CRO2_Pro-Mes'!UHS3","v":0},{"$f":"'[51]CRO2_Pro-Mes'!#REF!","v":{"$error":"#REF!"}},{"$f":"'[51]CRO2_Pro-Mes'!UHU3","v":0},{"$f":"'[51]CRO2_Pro-Mes'!#REF!","v":{"$error":"#REF!"}},{"$f":"'[51]CRO2_Pro-Mes'!UHW3","v":0},{"$f":"'[51]CRO2_Pro-Mes'!#REF!","v":{"$error":"#REF!"}},{"$f":"'[51]CRO2_Pro-Mes'!UHY3","v":0},{"$f":"'[51]CRO2_Pro-Mes'!#REF!","v":{"$error":"#REF!"}},{"$f":"'[51]CRO2_Pro-Mes'!UIA3","v":0},{"$f":"'[51]CRO2_Pro-Mes'!#REF!","v":{"$error":"#REF!"}},{"$f":"'[51]CRO2_Pro-Mes'!UIC3","v":0},{"$f":"'[51]CRO2_Pro-Mes'!#REF!","v":{"$error":"#REF!"}},{"$f":"'[51]CRO2_Pro-Mes'!UIE3","v":0},{"$f":"'[51]CRO2_Pro-Mes'!#REF!","v":{"$error":"#REF!"}},{"$f":"'[51]CRO2_Pro-Mes'!UIG3","v":0},{"$f":"'[51]CRO2_Pro-Mes'!#REF!","v":{"$error":"#REF!"}},{"$f":"'[51]CRO2_Pro-Mes'!UII3","v":0},{"$f":"'[51]CRO2_Pro-Mes'!#REF!","v":{"$error":"#REF!"}},{"$f":"'[51]CRO2_Pro-Mes'!UIK3","v":0},{"$f":"'[51]CRO2_Pro-Mes'!#REF!","v":{"$error":"#REF!"}},{"$f":"'[51]CRO2_Pro-Mes'!UIM3","v":0},{"$f":"'[51]CRO2_Pro-Mes'!#REF!","v":{"$error":"#REF!"}},{"$f":"'[51]CRO2_Pro-Mes'!UIO3","v":0},{"$f":"'[51]CRO2_Pro-Mes'!#REF!","v":{"$error":"#REF!"}},{"$f":"'[51]CRO2_Pro-Mes'!UIQ3","v":0},{"$f":"'[51]CRO2_Pro-Mes'!#REF!","v":{"$error":"#REF!"}},{"$f":"'[51]CRO2_Pro-Mes'!UIS3","v":0},{"$f":"'[51]CRO2_Pro-Mes'!#REF!","v":{"$error":"#REF!"}},{"$f":"'[51]CRO2_Pro-Mes'!UIU3","v":0},{"$f":"'[51]CRO2_Pro-Mes'!#REF!","v":{"$error":"#REF!"}},{"$f":"'[51]CRO2_Pro-Mes'!UIW3","v":0},{"$f":"'[51]CRO2_Pro-Mes'!#REF!","v":{"$error":"#REF!"}},{"$f":"'[51]CRO2_Pro-Mes'!UIY3","v":0},{"$f":"'[51]CRO2_Pro-Mes'!#REF!","v":{"$error":"#REF!"}},{"$f":"'[51]CRO2_Pro-Mes'!UJA3","v":0},{"$f":"'[51]CRO2_Pro-Mes'!#REF!","v":{"$error":"#REF!"}},{"$f":"'[51]CRO2_Pro-Mes'!UJC3","v":0},{"$f":"'[51]CRO2_Pro-Mes'!#REF!","v":{"$error":"#REF!"}},{"$f":"'[51]CRO2_Pro-Mes'!UJE3","v":0},{"$f":"'[51]CRO2_Pro-Mes'!#REF!","v":{"$error":"#REF!"}},{"$f":"'[51]CRO2_Pro-Mes'!UJG3","v":0},{"$f":"'[51]CRO2_Pro-Mes'!#REF!","v":{"$error":"#REF!"}},{"$f":"'[51]CRO2_Pro-Mes'!UJI3","v":0},{"$f":"'[51]CRO2_Pro-Mes'!#REF!","v":{"$error":"#REF!"}},{"$f":"'[51]CRO2_Pro-Mes'!UJK3","v":0},{"$f":"'[51]CRO2_Pro-Mes'!#REF!","v":{"$error":"#REF!"}},{"$f":"'[51]CRO2_Pro-Mes'!UJM3","v":0},{"$f":"'[51]CRO2_Pro-Mes'!#REF!","v":{"$error":"#REF!"}},{"$f":"'[51]CRO2_Pro-Mes'!UJO3","v":0},{"$f":"'[51]CRO2_Pro-Mes'!#REF!","v":{"$error":"#REF!"}},{"$f":"'[51]CRO2_Pro-Mes'!UJQ3","v":0},{"$f":"'[51]CRO2_Pro-Mes'!#REF!","v":{"$error":"#REF!"}},{"$f":"'[51]CRO2_Pro-Mes'!UJS3","v":0},{"$f":"'[51]CRO2_Pro-Mes'!#REF!","v":{"$error":"#REF!"}},{"$f":"'[51]CRO2_Pro-Mes'!UJU3","v":0},{"$f":"'[51]CRO2_Pro-Mes'!#REF!","v":{"$error":"#REF!"}},{"$f":"'[51]CRO2_Pro-Mes'!UJW3","v":0},{"$f":"'[51]CRO2_Pro-Mes'!#REF!","v":{"$error":"#REF!"}},{"$f":"'[51]CRO2_Pro-Mes'!UJY3","v":0},{"$f":"'[51]CRO2_Pro-Mes'!#REF!","v":{"$error":"#REF!"}},{"$f":"'[51]CRO2_Pro-Mes'!UKA3","v":0},{"$f":"'[51]CRO2_Pro-Mes'!#REF!","v":{"$error":"#REF!"}},{"$f":"'[51]CRO2_Pro-Mes'!UKC3","v":0},{"$f":"'[51]CRO2_Pro-Mes'!#REF!","v":{"$error":"#REF!"}},{"$f":"'[51]CRO2_Pro-Mes'!UKE3","v":0},{"$f":"'[51]CRO2_Pro-Mes'!#REF!","v":{"$error":"#REF!"}},{"$f":"'[51]CRO2_Pro-Mes'!UKG3","v":0},{"$f":"'[51]CRO2_Pro-Mes'!#REF!","v":{"$error":"#REF!"}},{"$f":"'[51]CRO2_Pro-Mes'!UKI3","v":0},{"$f":"'[51]CRO2_Pro-Mes'!#REF!","v":{"$error":"#REF!"}},{"$f":"'[51]CRO2_Pro-Mes'!UKK3","v":0},{"$f":"'[51]CRO2_Pro-Mes'!#REF!","v":{"$error":"#REF!"}},{"$f":"'[51]CRO2_Pro-Mes'!UKM3","v":0},{"$f":"'[51]CRO2_Pro-Mes'!#REF!","v":{"$error":"#REF!"}},{"$f":"'[51]CRO2_Pro-Mes'!UKO3","v":0},{"$f":"'[51]CRO2_Pro-Mes'!#REF!","v":{"$error":"#REF!"}},{"$f":"'[51]CRO2_Pro-Mes'!UKQ3","v":0},{"$f":"'[51]CRO2_Pro-Mes'!#REF!","v":{"$error":"#REF!"}},{"$f":"'[51]CRO2_Pro-Mes'!UKS3","v":0},{"$f":"'[51]CRO2_Pro-Mes'!#REF!","v":{"$error":"#REF!"}},{"$f":"'[51]CRO2_Pro-Mes'!UKU3","v":0},{"$f":"'[51]CRO2_Pro-Mes'!#REF!","v":{"$error":"#REF!"}},{"$f":"'[51]CRO2_Pro-Mes'!UKW3","v":0},{"$f":"'[51]CRO2_Pro-Mes'!#REF!","v":{"$error":"#REF!"}},{"$f":"'[51]CRO2_Pro-Mes'!UKY3","v":0},{"$f":"'[51]CRO2_Pro-Mes'!#REF!","v":{"$error":"#REF!"}},{"$f":"'[51]CRO2_Pro-Mes'!ULA3","v":0},{"$f":"'[51]CRO2_Pro-Mes'!#REF!","v":{"$error":"#REF!"}},{"$f":"'[51]CRO2_Pro-Mes'!ULC3","v":0},{"$f":"'[51]CRO2_Pro-Mes'!#REF!","v":{"$error":"#REF!"}},{"$f":"'[51]CRO2_Pro-Mes'!ULE3","v":0},{"$f":"'[51]CRO2_Pro-Mes'!#REF!","v":{"$error":"#REF!"}},{"$f":"'[51]CRO2_Pro-Mes'!ULG3","v":0},{"$f":"'[51]CRO2_Pro-Mes'!#REF!","v":{"$error":"#REF!"}},{"$f":"'[51]CRO2_Pro-Mes'!ULI3","v":0},{"$f":"'[51]CRO2_Pro-Mes'!#REF!","v":{"$error":"#REF!"}},{"$f":"'[51]CRO2_Pro-Mes'!ULK3","v":0},{"$f":"'[51]CRO2_Pro-Mes'!#REF!","v":{"$error":"#REF!"}},{"$f":"'[51]CRO2_Pro-Mes'!ULM3","v":0},{"$f":"'[51]CRO2_Pro-Mes'!#REF!","v":{"$error":"#REF!"}},{"$f":"'[51]CRO2_Pro-Mes'!ULO3","v":0},{"$f":"'[51]CRO2_Pro-Mes'!#REF!","v":{"$error":"#REF!"}},{"$f":"'[51]CRO2_Pro-Mes'!ULQ3","v":0},{"$f":"'[51]CRO2_Pro-Mes'!#REF!","v":{"$error":"#REF!"}},{"$f":"'[51]CRO2_Pro-Mes'!ULS3","v":0},{"$f":"'[51]CRO2_Pro-Mes'!#REF!","v":{"$error":"#REF!"}},{"$f":"'[51]CRO2_Pro-Mes'!ULU3","v":0},{"$f":"'[51]CRO2_Pro-Mes'!#REF!","v":{"$error":"#REF!"}},{"$f":"'[51]CRO2_Pro-Mes'!ULW3","v":0},{"$f":"'[51]CRO2_Pro-Mes'!#REF!","v":{"$error":"#REF!"}},{"$f":"'[51]CRO2_Pro-Mes'!ULY3","v":0},{"$f":"'[51]CRO2_Pro-Mes'!#REF!","v":{"$error":"#REF!"}},{"$f":"'[51]CRO2_Pro-Mes'!UMA3","v":0},{"$f":"'[51]CRO2_Pro-Mes'!#REF!","v":{"$error":"#REF!"}},{"$f":"'[51]CRO2_Pro-Mes'!UMC3","v":0},{"$f":"'[51]CRO2_Pro-Mes'!#REF!","v":{"$error":"#REF!"}},{"$f":"'[51]CRO2_Pro-Mes'!UME3","v":0},{"$f":"'[51]CRO2_Pro-Mes'!#REF!","v":{"$error":"#REF!"}},{"$f":"'[51]CRO2_Pro-Mes'!UMG3","v":0},{"$f":"'[51]CRO2_Pro-Mes'!#REF!","v":{"$error":"#REF!"}},{"$f":"'[51]CRO2_Pro-Mes'!UMI3","v":0},{"$f":"'[51]CRO2_Pro-Mes'!#REF!","v":{"$error":"#REF!"}},{"$f":"'[51]CRO2_Pro-Mes'!UMK3","v":0},{"$f":"'[51]CRO2_Pro-Mes'!#REF!","v":{"$error":"#REF!"}},{"$f":"'[51]CRO2_Pro-Mes'!UMM3","v":0},{"$f":"'[51]CRO2_Pro-Mes'!#REF!","v":{"$error":"#REF!"}},{"$f":"'[51]CRO2_Pro-Mes'!UMO3","v":0},{"$f":"'[51]CRO2_Pro-Mes'!#REF!","v":{"$error":"#REF!"}},{"$f":"'[51]CRO2_Pro-Mes'!UMQ3","v":0},{"$f":"'[51]CRO2_Pro-Mes'!#REF!","v":{"$error":"#REF!"}},{"$f":"'[51]CRO2_Pro-Mes'!UMS3","v":0},{"$f":"'[51]CRO2_Pro-Mes'!#REF!","v":{"$error":"#REF!"}},{"$f":"'[51]CRO2_Pro-Mes'!UMU3","v":0},{"$f":"'[51]CRO2_Pro-Mes'!#REF!","v":{"$error":"#REF!"}},{"$f":"'[51]CRO2_Pro-Mes'!UMW3","v":0},{"$f":"'[51]CRO2_Pro-Mes'!#REF!","v":{"$error":"#REF!"}},{"$f":"'[51]CRO2_Pro-Mes'!UMY3","v":0},{"$f":"'[51]CRO2_Pro-Mes'!#REF!","v":{"$error":"#REF!"}},{"$f":"'[51]CRO2_Pro-Mes'!UNA3","v":0},{"$f":"'[51]CRO2_Pro-Mes'!#REF!","v":{"$error":"#REF!"}},{"$f":"'[51]CRO2_Pro-Mes'!UNC3","v":0},{"$f":"'[51]CRO2_Pro-Mes'!#REF!","v":{"$error":"#REF!"}},{"$f":"'[51]CRO2_Pro-Mes'!UNE3","v":0},{"$f":"'[51]CRO2_Pro-Mes'!#REF!","v":{"$error":"#REF!"}},{"$f":"'[51]CRO2_Pro-Mes'!UNG3","v":0},{"$f":"'[51]CRO2_Pro-Mes'!#REF!","v":{"$error":"#REF!"}},{"$f":"'[51]CRO2_Pro-Mes'!UNI3","v":0},{"$f":"'[51]CRO2_Pro-Mes'!#REF!","v":{"$error":"#REF!"}},{"$f":"'[51]CRO2_Pro-Mes'!UNK3","v":0},{"$f":"'[51]CRO2_Pro-Mes'!#REF!","v":{"$error":"#REF!"}},{"$f":"'[51]CRO2_Pro-Mes'!UNM3","v":0},{"$f":"'[51]CRO2_Pro-Mes'!#REF!","v":{"$error":"#REF!"}},{"$f":"'[51]CRO2_Pro-Mes'!UNO3","v":0},{"$f":"'[51]CRO2_Pro-Mes'!#REF!","v":{"$error":"#REF!"}},{"$f":"'[51]CRO2_Pro-Mes'!UNQ3","v":0},{"$f":"'[51]CRO2_Pro-Mes'!#REF!","v":{"$error":"#REF!"}},{"$f":"'[51]CRO2_Pro-Mes'!UNS3","v":0},{"$f":"'[51]CRO2_Pro-Mes'!#REF!","v":{"$error":"#REF!"}},{"$f":"'[51]CRO2_Pro-Mes'!UNU3","v":0},{"$f":"'[51]CRO2_Pro-Mes'!#REF!","v":{"$error":"#REF!"}},{"$f":"'[51]CRO2_Pro-Mes'!UNW3","v":0},{"$f":"'[51]CRO2_Pro-Mes'!#REF!","v":{"$error":"#REF!"}},{"$f":"'[51]CRO2_Pro-Mes'!UNY3","v":0},{"$f":"'[51]CRO2_Pro-Mes'!#REF!","v":{"$error":"#REF!"}},{"$f":"'[51]CRO2_Pro-Mes'!UOA3","v":0},{"$f":"'[51]CRO2_Pro-Mes'!#REF!","v":{"$error":"#REF!"}},{"$f":"'[51]CRO2_Pro-Mes'!UOC3","v":0},{"$f":"'[51]CRO2_Pro-Mes'!#REF!","v":{"$error":"#REF!"}},{"$f":"'[51]CRO2_Pro-Mes'!UOE3","v":0},{"$f":"'[51]CRO2_Pro-Mes'!#REF!","v":{"$error":"#REF!"}},{"$f":"'[51]CRO2_Pro-Mes'!UOG3","v":0},{"$f":"'[51]CRO2_Pro-Mes'!#REF!","v":{"$error":"#REF!"}},{"$f":"'[51]CRO2_Pro-Mes'!UOI3","v":0},{"$f":"'[51]CRO2_Pro-Mes'!#REF!","v":{"$error":"#REF!"}},{"$f":"'[51]CRO2_Pro-Mes'!UOK3","v":0},{"$f":"'[51]CRO2_Pro-Mes'!#REF!","v":{"$error":"#REF!"}},{"$f":"'[51]CRO2_Pro-Mes'!UOM3","v":0},{"$f":"'[51]CRO2_Pro-Mes'!#REF!","v":{"$error":"#REF!"}},{"$f":"'[51]CRO2_Pro-Mes'!UOO3","v":0},{"$f":"'[51]CRO2_Pro-Mes'!#REF!","v":{"$error":"#REF!"}},{"$f":"'[51]CRO2_Pro-Mes'!UOQ3","v":0},{"$f":"'[51]CRO2_Pro-Mes'!#REF!","v":{"$error":"#REF!"}},{"$f":"'[51]CRO2_Pro-Mes'!UOS3","v":0},{"$f":"'[51]CRO2_Pro-Mes'!#REF!","v":{"$error":"#REF!"}},{"$f":"'[51]CRO2_Pro-Mes'!UOU3","v":0},{"$f":"'[51]CRO2_Pro-Mes'!#REF!","v":{"$error":"#REF!"}},{"$f":"'[51]CRO2_Pro-Mes'!UOW3","v":0},{"$f":"'[51]CRO2_Pro-Mes'!#REF!","v":{"$error":"#REF!"}},{"$f":"'[51]CRO2_Pro-Mes'!UOY3","v":0},{"$f":"'[51]CRO2_Pro-Mes'!#REF!","v":{"$error":"#REF!"}},{"$f":"'[51]CRO2_Pro-Mes'!UPA3","v":0},{"$f":"'[51]CRO2_Pro-Mes'!#REF!","v":{"$error":"#REF!"}},{"$f":"'[51]CRO2_Pro-Mes'!UPC3","v":0},{"$f":"'[51]CRO2_Pro-Mes'!#REF!","v":{"$error":"#REF!"}},{"$f":"'[51]CRO2_Pro-Mes'!UPE3","v":0},{"$f":"'[51]CRO2_Pro-Mes'!#REF!","v":{"$error":"#REF!"}},{"$f":"'[51]CRO2_Pro-Mes'!UPG3","v":0},{"$f":"'[51]CRO2_Pro-Mes'!#REF!","v":{"$error":"#REF!"}},{"$f":"'[51]CRO2_Pro-Mes'!UPI3","v":0},{"$f":"'[51]CRO2_Pro-Mes'!#REF!","v":{"$error":"#REF!"}},{"$f":"'[51]CRO2_Pro-Mes'!UPK3","v":0},{"$f":"'[51]CRO2_Pro-Mes'!#REF!","v":{"$error":"#REF!"}},{"$f":"'[51]CRO2_Pro-Mes'!UPM3","v":0},{"$f":"'[51]CRO2_Pro-Mes'!#REF!","v":{"$error":"#REF!"}},{"$f":"'[51]CRO2_Pro-Mes'!UPO3","v":0},{"$f":"'[51]CRO2_Pro-Mes'!#REF!","v":{"$error":"#REF!"}},{"$f":"'[51]CRO2_Pro-Mes'!UPQ3","v":0},{"$f":"'[51]CRO2_Pro-Mes'!#REF!","v":{"$error":"#REF!"}},{"$f":"'[51]CRO2_Pro-Mes'!UPS3","v":0},{"$f":"'[51]CRO2_Pro-Mes'!#REF!","v":{"$error":"#REF!"}},{"$f":"'[51]CRO2_Pro-Mes'!UPU3","v":0},{"$f":"'[51]CRO2_Pro-Mes'!#REF!","v":{"$error":"#REF!"}},{"$f":"'[51]CRO2_Pro-Mes'!UPW3","v":0},{"$f":"'[51]CRO2_Pro-Mes'!#REF!","v":{"$error":"#REF!"}},{"$f":"'[51]CRO2_Pro-Mes'!UPY3","v":0},{"$f":"'[51]CRO2_Pro-Mes'!#REF!","v":{"$error":"#REF!"}},{"$f":"'[51]CRO2_Pro-Mes'!UQA3","v":0},{"$f":"'[51]CRO2_Pro-Mes'!#REF!","v":{"$error":"#REF!"}},{"$f":"'[51]CRO2_Pro-Mes'!UQC3","v":0},{"$f":"'[51]CRO2_Pro-Mes'!#REF!","v":{"$error":"#REF!"}},{"$f":"'[51]CRO2_Pro-Mes'!UQE3","v":0},{"$f":"'[51]CRO2_Pro-Mes'!#REF!","v":{"$error":"#REF!"}},{"$f":"'[51]CRO2_Pro-Mes'!UQG3","v":0},{"$f":"'[51]CRO2_Pro-Mes'!#REF!","v":{"$error":"#REF!"}},{"$f":"'[51]CRO2_Pro-Mes'!UQI3","v":0},{"$f":"'[51]CRO2_Pro-Mes'!#REF!","v":{"$error":"#REF!"}},{"$f":"'[51]CRO2_Pro-Mes'!UQK3","v":0},{"$f":"'[51]CRO2_Pro-Mes'!#REF!","v":{"$error":"#REF!"}},{"$f":"'[51]CRO2_Pro-Mes'!UQM3","v":0},{"$f":"'[51]CRO2_Pro-Mes'!#REF!","v":{"$error":"#REF!"}},{"$f":"'[51]CRO2_Pro-Mes'!UQO3","v":0},{"$f":"'[51]CRO2_Pro-Mes'!#REF!","v":{"$error":"#REF!"}},{"$f":"'[51]CRO2_Pro-Mes'!UQQ3","v":0},{"$f":"'[51]CRO2_Pro-Mes'!#REF!","v":{"$error":"#REF!"}},{"$f":"'[51]CRO2_Pro-Mes'!UQS3","v":0},{"$f":"'[51]CRO2_Pro-Mes'!#REF!","v":{"$error":"#REF!"}},{"$f":"'[51]CRO2_Pro-Mes'!UQU3","v":0},{"$f":"'[51]CRO2_Pro-Mes'!#REF!","v":{"$error":"#REF!"}},{"$f":"'[51]CRO2_Pro-Mes'!UQW3","v":0},{"$f":"'[51]CRO2_Pro-Mes'!#REF!","v":{"$error":"#REF!"}},{"$f":"'[51]CRO2_Pro-Mes'!UQY3","v":0},{"$f":"'[51]CRO2_Pro-Mes'!#REF!","v":{"$error":"#REF!"}},{"$f":"'[51]CRO2_Pro-Mes'!URA3","v":0},{"$f":"'[51]CRO2_Pro-Mes'!#REF!","v":{"$error":"#REF!"}},{"$f":"'[51]CRO2_Pro-Mes'!URC3","v":0},{"$f":"'[51]CRO2_Pro-Mes'!#REF!","v":{"$error":"#REF!"}},{"$f":"'[51]CRO2_Pro-Mes'!URE3","v":0},{"$f":"'[51]CRO2_Pro-Mes'!#REF!","v":{"$error":"#REF!"}},{"$f":"'[51]CRO2_Pro-Mes'!URG3","v":0},{"$f":"'[51]CRO2_Pro-Mes'!#REF!","v":{"$error":"#REF!"}},{"$f":"'[51]CRO2_Pro-Mes'!URI3","v":0},{"$f":"'[51]CRO2_Pro-Mes'!#REF!","v":{"$error":"#REF!"}},{"$f":"'[51]CRO2_Pro-Mes'!URK3","v":0},{"$f":"'[51]CRO2_Pro-Mes'!#REF!","v":{"$error":"#REF!"}},{"$f":"'[51]CRO2_Pro-Mes'!URM3","v":0},{"$f":"'[51]CRO2_Pro-Mes'!#REF!","v":{"$error":"#REF!"}},{"$f":"'[51]CRO2_Pro-Mes'!URO3","v":0},{"$f":"'[51]CRO2_Pro-Mes'!#REF!","v":{"$error":"#REF!"}},{"$f":"'[51]CRO2_Pro-Mes'!URQ3","v":0},{"$f":"'[51]CRO2_Pro-Mes'!#REF!","v":{"$error":"#REF!"}},{"$f":"'[51]CRO2_Pro-Mes'!URS3","v":0},{"$f":"'[51]CRO2_Pro-Mes'!#REF!","v":{"$error":"#REF!"}},{"$f":"'[51]CRO2_Pro-Mes'!URU3","v":0},{"$f":"'[51]CRO2_Pro-Mes'!#REF!","v":{"$error":"#REF!"}},{"$f":"'[51]CRO2_Pro-Mes'!URW3","v":0},{"$f":"'[51]CRO2_Pro-Mes'!#REF!","v":{"$error":"#REF!"}},{"$f":"'[51]CRO2_Pro-Mes'!URY3","v":0},{"$f":"'[51]CRO2_Pro-Mes'!#REF!","v":{"$error":"#REF!"}},{"$f":"'[51]CRO2_Pro-Mes'!USA3","v":0},{"$f":"'[51]CRO2_Pro-Mes'!#REF!","v":{"$error":"#REF!"}},{"$f":"'[51]CRO2_Pro-Mes'!USC3","v":0},{"$f":"'[51]CRO2_Pro-Mes'!#REF!","v":{"$error":"#REF!"}},{"$f":"'[51]CRO2_Pro-Mes'!USE3","v":0},{"$f":"'[51]CRO2_Pro-Mes'!#REF!","v":{"$error":"#REF!"}},{"$f":"'[51]CRO2_Pro-Mes'!USG3","v":0},{"$f":"'[51]CRO2_Pro-Mes'!#REF!","v":{"$error":"#REF!"}},{"$f":"'[51]CRO2_Pro-Mes'!USI3","v":0},{"$f":"'[51]CRO2_Pro-Mes'!#REF!","v":{"$error":"#REF!"}},{"$f":"'[51]CRO2_Pro-Mes'!USK3","v":0},{"$f":"'[51]CRO2_Pro-Mes'!#REF!","v":{"$error":"#REF!"}},{"$f":"'[51]CRO2_Pro-Mes'!USM3","v":0},{"$f":"'[51]CRO2_Pro-Mes'!#REF!","v":{"$error":"#REF!"}},{"$f":"'[51]CRO2_Pro-Mes'!USO3","v":0},{"$f":"'[51]CRO2_Pro-Mes'!#REF!","v":{"$error":"#REF!"}},{"$f":"'[51]CRO2_Pro-Mes'!USQ3","v":0},{"$f":"'[51]CRO2_Pro-Mes'!#REF!","v":{"$error":"#REF!"}},{"$f":"'[51]CRO2_Pro-Mes'!USS3","v":0},{"$f":"'[51]CRO2_Pro-Mes'!#REF!","v":{"$error":"#REF!"}},{"$f":"'[51]CRO2_Pro-Mes'!USU3","v":0},{"$f":"'[51]CRO2_Pro-Mes'!#REF!","v":{"$error":"#REF!"}},{"$f":"'[51]CRO2_Pro-Mes'!USW3","v":0},{"$f":"'[51]CRO2_Pro-Mes'!#REF!","v":{"$error":"#REF!"}},{"$f":"'[51]CRO2_Pro-Mes'!USY3","v":0},{"$f":"'[51]CRO2_Pro-Mes'!#REF!","v":{"$error":"#REF!"}},{"$f":"'[51]CRO2_Pro-Mes'!UTA3","v":0},{"$f":"'[51]CRO2_Pro-Mes'!#REF!","v":{"$error":"#REF!"}},{"$f":"'[51]CRO2_Pro-Mes'!UTC3","v":0},{"$f":"'[51]CRO2_Pro-Mes'!#REF!","v":{"$error":"#REF!"}},{"$f":"'[51]CRO2_Pro-Mes'!UTE3","v":0},{"$f":"'[51]CRO2_Pro-Mes'!#REF!","v":{"$error":"#REF!"}},{"$f":"'[51]CRO2_Pro-Mes'!UTG3","v":0},{"$f":"'[51]CRO2_Pro-Mes'!#REF!","v":{"$error":"#REF!"}},{"$f":"'[51]CRO2_Pro-Mes'!UTI3","v":0},{"$f":"'[51]CRO2_Pro-Mes'!#REF!","v":{"$error":"#REF!"}},{"$f":"'[51]CRO2_Pro-Mes'!UTK3","v":0},{"$f":"'[51]CRO2_Pro-Mes'!#REF!","v":{"$error":"#REF!"}},{"$f":"'[51]CRO2_Pro-Mes'!UTM3","v":0},{"$f":"'[51]CRO2_Pro-Mes'!#REF!","v":{"$error":"#REF!"}},{"$f":"'[51]CRO2_Pro-Mes'!UTO3","v":0},{"$f":"'[51]CRO2_Pro-Mes'!#REF!","v":{"$error":"#REF!"}},{"$f":"'[51]CRO2_Pro-Mes'!UTQ3","v":0},{"$f":"'[51]CRO2_Pro-Mes'!#REF!","v":{"$error":"#REF!"}},{"$f":"'[51]CRO2_Pro-Mes'!UTS3","v":0},{"$f":"'[51]CRO2_Pro-Mes'!#REF!","v":{"$error":"#REF!"}},{"$f":"'[51]CRO2_Pro-Mes'!UTU3","v":0},{"$f":"'[51]CRO2_Pro-Mes'!#REF!","v":{"$error":"#REF!"}},{"$f":"'[51]CRO2_Pro-Mes'!UTW3","v":0},{"$f":"'[51]CRO2_Pro-Mes'!#REF!","v":{"$error":"#REF!"}},{"$f":"'[51]CRO2_Pro-Mes'!UTY3","v":0},{"$f":"'[51]CRO2_Pro-Mes'!#REF!","v":{"$error":"#REF!"}},{"$f":"'[51]CRO2_Pro-Mes'!UUA3","v":0},{"$f":"'[51]CRO2_Pro-Mes'!#REF!","v":{"$error":"#REF!"}},{"$f":"'[51]CRO2_Pro-Mes'!UUC3","v":0},{"$f":"'[51]CRO2_Pro-Mes'!#REF!","v":{"$error":"#REF!"}},{"$f":"'[51]CRO2_Pro-Mes'!UUE3","v":0},{"$f":"'[51]CRO2_Pro-Mes'!#REF!","v":{"$error":"#REF!"}},{"$f":"'[51]CRO2_Pro-Mes'!UUG3","v":0},{"$f":"'[51]CRO2_Pro-Mes'!#REF!","v":{"$error":"#REF!"}},{"$f":"'[51]CRO2_Pro-Mes'!UUI3","v":0},{"$f":"'[51]CRO2_Pro-Mes'!#REF!","v":{"$error":"#REF!"}},{"$f":"'[51]CRO2_Pro-Mes'!UUK3","v":0},{"$f":"'[51]CRO2_Pro-Mes'!#REF!","v":{"$error":"#REF!"}},{"$f":"'[51]CRO2_Pro-Mes'!UUM3","v":0},{"$f":"'[51]CRO2_Pro-Mes'!#REF!","v":{"$error":"#REF!"}},{"$f":"'[51]CRO2_Pro-Mes'!UUO3","v":0},{"$f":"'[51]CRO2_Pro-Mes'!#REF!","v":{"$error":"#REF!"}},{"$f":"'[51]CRO2_Pro-Mes'!UUQ3","v":0},{"$f":"'[51]CRO2_Pro-Mes'!#REF!","v":{"$error":"#REF!"}},{"$f":"'[51]CRO2_Pro-Mes'!UUS3","v":0},{"$f":"'[51]CRO2_Pro-Mes'!#REF!","v":{"$error":"#REF!"}},{"$f":"'[51]CRO2_Pro-Mes'!UUU3","v":0},{"$f":"'[51]CRO2_Pro-Mes'!#REF!","v":{"$error":"#REF!"}},{"$f":"'[51]CRO2_Pro-Mes'!UUW3","v":0},{"$f":"'[51]CRO2_Pro-Mes'!#REF!","v":{"$error":"#REF!"}},{"$f":"'[51]CRO2_Pro-Mes'!UUY3","v":0},{"$f":"'[51]CRO2_Pro-Mes'!#REF!","v":{"$error":"#REF!"}},{"$f":"'[51]CRO2_Pro-Mes'!UVA3","v":0},{"$f":"'[51]CRO2_Pro-Mes'!#REF!","v":{"$error":"#REF!"}},{"$f":"'[51]CRO2_Pro-Mes'!UVC3","v":0},{"$f":"'[51]CRO2_Pro-Mes'!#REF!","v":{"$error":"#REF!"}},{"$f":"'[51]CRO2_Pro-Mes'!UVE3","v":0},{"$f":"'[51]CRO2_Pro-Mes'!#REF!","v":{"$error":"#REF!"}},{"$f":"'[51]CRO2_Pro-Mes'!UVG3","v":0},{"$f":"'[51]CRO2_Pro-Mes'!#REF!","v":{"$error":"#REF!"}},{"$f":"'[51]CRO2_Pro-Mes'!UVI3","v":0},{"$f":"'[51]CRO2_Pro-Mes'!#REF!","v":{"$error":"#REF!"}},{"$f":"'[51]CRO2_Pro-Mes'!UVK3","v":0},{"$f":"'[51]CRO2_Pro-Mes'!#REF!","v":{"$error":"#REF!"}},{"$f":"'[51]CRO2_Pro-Mes'!UVM3","v":0},{"$f":"'[51]CRO2_Pro-Mes'!#REF!","v":{"$error":"#REF!"}},{"$f":"'[51]CRO2_Pro-Mes'!UVO3","v":0},{"$f":"'[51]CRO2_Pro-Mes'!#REF!","v":{"$error":"#REF!"}},{"$f":"'[51]CRO2_Pro-Mes'!UVQ3","v":0},{"$f":"'[51]CRO2_Pro-Mes'!#REF!","v":{"$error":"#REF!"}},{"$f":"'[51]CRO2_Pro-Mes'!UVS3","v":0},{"$f":"'[51]CRO2_Pro-Mes'!#REF!","v":{"$error":"#REF!"}},{"$f":"'[51]CRO2_Pro-Mes'!UVU3","v":0},{"$f":"'[51]CRO2_Pro-Mes'!#REF!","v":{"$error":"#REF!"}},{"$f":"'[51]CRO2_Pro-Mes'!UVW3","v":0},{"$f":"'[51]CRO2_Pro-Mes'!#REF!","v":{"$error":"#REF!"}},{"$f":"'[51]CRO2_Pro-Mes'!UVY3","v":0},{"$f":"'[51]CRO2_Pro-Mes'!#REF!","v":{"$error":"#REF!"}},{"$f":"'[51]CRO2_Pro-Mes'!UWA3","v":0},{"$f":"'[51]CRO2_Pro-Mes'!#REF!","v":{"$error":"#REF!"}},{"$f":"'[51]CRO2_Pro-Mes'!UWC3","v":0},{"$f":"'[51]CRO2_Pro-Mes'!#REF!","v":{"$error":"#REF!"}},{"$f":"'[51]CRO2_Pro-Mes'!UWE3","v":0},{"$f":"'[51]CRO2_Pro-Mes'!#REF!","v":{"$error":"#REF!"}},{"$f":"'[51]CRO2_Pro-Mes'!UWG3","v":0},{"$f":"'[51]CRO2_Pro-Mes'!#REF!","v":{"$error":"#REF!"}},{"$f":"'[51]CRO2_Pro-Mes'!UWI3","v":0},{"$f":"'[51]CRO2_Pro-Mes'!#REF!","v":{"$error":"#REF!"}},{"$f":"'[51]CRO2_Pro-Mes'!UWK3","v":0},{"$f":"'[51]CRO2_Pro-Mes'!#REF!","v":{"$error":"#REF!"}},{"$f":"'[51]CRO2_Pro-Mes'!UWM3","v":0},{"$f":"'[51]CRO2_Pro-Mes'!#REF!","v":{"$error":"#REF!"}},{"$f":"'[51]CRO2_Pro-Mes'!UWO3","v":0},{"$f":"'[51]CRO2_Pro-Mes'!#REF!","v":{"$error":"#REF!"}},{"$f":"'[51]CRO2_Pro-Mes'!UWQ3","v":0},{"$f":"'[51]CRO2_Pro-Mes'!#REF!","v":{"$error":"#REF!"}},{"$f":"'[51]CRO2_Pro-Mes'!UWS3","v":0},{"$f":"'[51]CRO2_Pro-Mes'!#REF!","v":{"$error":"#REF!"}},{"$f":"'[51]CRO2_Pro-Mes'!UWU3","v":0},{"$f":"'[51]CRO2_Pro-Mes'!#REF!","v":{"$error":"#REF!"}},{"$f":"'[51]CRO2_Pro-Mes'!UWW3","v":0},{"$f":"'[51]CRO2_Pro-Mes'!#REF!","v":{"$error":"#REF!"}},{"$f":"'[51]CRO2_Pro-Mes'!UWY3","v":0},{"$f":"'[51]CRO2_Pro-Mes'!#REF!","v":{"$error":"#REF!"}},{"$f":"'[51]CRO2_Pro-Mes'!UXA3","v":0},{"$f":"'[51]CRO2_Pro-Mes'!#REF!","v":{"$error":"#REF!"}},{"$f":"'[51]CRO2_Pro-Mes'!UXC3","v":0},{"$f":"'[51]CRO2_Pro-Mes'!#REF!","v":{"$error":"#REF!"}},{"$f":"'[51]CRO2_Pro-Mes'!UXE3","v":0},{"$f":"'[51]CRO2_Pro-Mes'!#REF!","v":{"$error":"#REF!"}},{"$f":"'[51]CRO2_Pro-Mes'!UXG3","v":0},{"$f":"'[51]CRO2_Pro-Mes'!#REF!","v":{"$error":"#REF!"}},{"$f":"'[51]CRO2_Pro-Mes'!UXI3","v":0},{"$f":"'[51]CRO2_Pro-Mes'!#REF!","v":{"$error":"#REF!"}},{"$f":"'[51]CRO2_Pro-Mes'!UXK3","v":0},{"$f":"'[51]CRO2_Pro-Mes'!#REF!","v":{"$error":"#REF!"}},{"$f":"'[51]CRO2_Pro-Mes'!UXM3","v":0},{"$f":"'[51]CRO2_Pro-Mes'!#REF!","v":{"$error":"#REF!"}},{"$f":"'[51]CRO2_Pro-Mes'!UXO3","v":0},{"$f":"'[51]CRO2_Pro-Mes'!#REF!","v":{"$error":"#REF!"}},{"$f":"'[51]CRO2_Pro-Mes'!UXQ3","v":0},{"$f":"'[51]CRO2_Pro-Mes'!#REF!","v":{"$error":"#REF!"}},{"$f":"'[51]CRO2_Pro-Mes'!UXS3","v":0},{"$f":"'[51]CRO2_Pro-Mes'!#REF!","v":{"$error":"#REF!"}},{"$f":"'[51]CRO2_Pro-Mes'!UXU3","v":0},{"$f":"'[51]CRO2_Pro-Mes'!#REF!","v":{"$error":"#REF!"}},{"$f":"'[51]CRO2_Pro-Mes'!UXW3","v":0},{"$f":"'[51]CRO2_Pro-Mes'!#REF!","v":{"$error":"#REF!"}},{"$f":"'[51]CRO2_Pro-Mes'!UXY3","v":0},{"$f":"'[51]CRO2_Pro-Mes'!#REF!","v":{"$error":"#REF!"}},{"$f":"'[51]CRO2_Pro-Mes'!UYA3","v":0},{"$f":"'[51]CRO2_Pro-Mes'!#REF!","v":{"$error":"#REF!"}},{"$f":"'[51]CRO2_Pro-Mes'!UYC3","v":0},{"$f":"'[51]CRO2_Pro-Mes'!#REF!","v":{"$error":"#REF!"}},{"$f":"'[51]CRO2_Pro-Mes'!UYE3","v":0},{"$f":"'[51]CRO2_Pro-Mes'!#REF!","v":{"$error":"#REF!"}},{"$f":"'[51]CRO2_Pro-Mes'!UYG3","v":0},{"$f":"'[51]CRO2_Pro-Mes'!#REF!","v":{"$error":"#REF!"}},{"$f":"'[51]CRO2_Pro-Mes'!UYI3","v":0},{"$f":"'[51]CRO2_Pro-Mes'!#REF!","v":{"$error":"#REF!"}},{"$f":"'[51]CRO2_Pro-Mes'!UYK3","v":0},{"$f":"'[51]CRO2_Pro-Mes'!#REF!","v":{"$error":"#REF!"}},{"$f":"'[51]CRO2_Pro-Mes'!UYM3","v":0},{"$f":"'[51]CRO2_Pro-Mes'!#REF!","v":{"$error":"#REF!"}},{"$f":"'[51]CRO2_Pro-Mes'!UYO3","v":0},{"$f":"'[51]CRO2_Pro-Mes'!#REF!","v":{"$error":"#REF!"}},{"$f":"'[51]CRO2_Pro-Mes'!UYQ3","v":0},{"$f":"'[51]CRO2_Pro-Mes'!#REF!","v":{"$error":"#REF!"}},{"$f":"'[51]CRO2_Pro-Mes'!UYS3","v":0},{"$f":"'[51]CRO2_Pro-Mes'!#REF!","v":{"$error":"#REF!"}},{"$f":"'[51]CRO2_Pro-Mes'!UYU3","v":0},{"$f":"'[51]CRO2_Pro-Mes'!#REF!","v":{"$error":"#REF!"}},{"$f":"'[51]CRO2_Pro-Mes'!UYW3","v":0},{"$f":"'[51]CRO2_Pro-Mes'!#REF!","v":{"$error":"#REF!"}},{"$f":"'[51]CRO2_Pro-Mes'!UYY3","v":0},{"$f":"'[51]CRO2_Pro-Mes'!#REF!","v":{"$error":"#REF!"}},{"$f":"'[51]CRO2_Pro-Mes'!UZA3","v":0},{"$f":"'[51]CRO2_Pro-Mes'!#REF!","v":{"$error":"#REF!"}},{"$f":"'[51]CRO2_Pro-Mes'!UZC3","v":0},{"$f":"'[51]CRO2_Pro-Mes'!#REF!","v":{"$error":"#REF!"}},{"$f":"'[51]CRO2_Pro-Mes'!UZE3","v":0},{"$f":"'[51]CRO2_Pro-Mes'!#REF!","v":{"$error":"#REF!"}},{"$f":"'[51]CRO2_Pro-Mes'!UZG3","v":0},{"$f":"'[51]CRO2_Pro-Mes'!#REF!","v":{"$error":"#REF!"}},{"$f":"'[51]CRO2_Pro-Mes'!UZI3","v":0},{"$f":"'[51]CRO2_Pro-Mes'!#REF!","v":{"$error":"#REF!"}},{"$f":"'[51]CRO2_Pro-Mes'!UZK3","v":0},{"$f":"'[51]CRO2_Pro-Mes'!#REF!","v":{"$error":"#REF!"}},{"$f":"'[51]CRO2_Pro-Mes'!UZM3","v":0},{"$f":"'[51]CRO2_Pro-Mes'!#REF!","v":{"$error":"#REF!"}},{"$f":"'[51]CRO2_Pro-Mes'!UZO3","v":0},{"$f":"'[51]CRO2_Pro-Mes'!#REF!","v":{"$error":"#REF!"}},{"$f":"'[51]CRO2_Pro-Mes'!UZQ3","v":0},{"$f":"'[51]CRO2_Pro-Mes'!#REF!","v":{"$error":"#REF!"}},{"$f":"'[51]CRO2_Pro-Mes'!UZS3","v":0},{"$f":"'[51]CRO2_Pro-Mes'!#REF!","v":{"$error":"#REF!"}},{"$f":"'[51]CRO2_Pro-Mes'!UZU3","v":0},{"$f":"'[51]CRO2_Pro-Mes'!#REF!","v":{"$error":"#REF!"}},{"$f":"'[51]CRO2_Pro-Mes'!UZW3","v":0},{"$f":"'[51]CRO2_Pro-Mes'!#REF!","v":{"$error":"#REF!"}},{"$f":"'[51]CRO2_Pro-Mes'!UZY3","v":0},{"$f":"'[51]CRO2_Pro-Mes'!#REF!","v":{"$error":"#REF!"}},{"$f":"'[51]CRO2_Pro-Mes'!VAA3","v":0},{"$f":"'[51]CRO2_Pro-Mes'!#REF!","v":{"$error":"#REF!"}},{"$f":"'[51]CRO2_Pro-Mes'!VAC3","v":0},{"$f":"'[51]CRO2_Pro-Mes'!#REF!","v":{"$error":"#REF!"}},{"$f":"'[51]CRO2_Pro-Mes'!VAE3","v":0},{"$f":"'[51]CRO2_Pro-Mes'!#REF!","v":{"$error":"#REF!"}},{"$f":"'[51]CRO2_Pro-Mes'!VAG3","v":0},{"$f":"'[51]CRO2_Pro-Mes'!#REF!","v":{"$error":"#REF!"}},{"$f":"'[51]CRO2_Pro-Mes'!VAI3","v":0},{"$f":"'[51]CRO2_Pro-Mes'!#REF!","v":{"$error":"#REF!"}},{"$f":"'[51]CRO2_Pro-Mes'!VAK3","v":0},{"$f":"'[51]CRO2_Pro-Mes'!#REF!","v":{"$error":"#REF!"}},{"$f":"'[51]CRO2_Pro-Mes'!VAM3","v":0},{"$f":"'[51]CRO2_Pro-Mes'!#REF!","v":{"$error":"#REF!"}},{"$f":"'[51]CRO2_Pro-Mes'!VAO3","v":0},{"$f":"'[51]CRO2_Pro-Mes'!#REF!","v":{"$error":"#REF!"}},{"$f":"'[51]CRO2_Pro-Mes'!VAQ3","v":0},{"$f":"'[51]CRO2_Pro-Mes'!#REF!","v":{"$error":"#REF!"}},{"$f":"'[51]CRO2_Pro-Mes'!VAS3","v":0},{"$f":"'[51]CRO2_Pro-Mes'!#REF!","v":{"$error":"#REF!"}},{"$f":"'[51]CRO2_Pro-Mes'!VAU3","v":0},{"$f":"'[51]CRO2_Pro-Mes'!#REF!","v":{"$error":"#REF!"}},{"$f":"'[51]CRO2_Pro-Mes'!VAW3","v":0},{"$f":"'[51]CRO2_Pro-Mes'!#REF!","v":{"$error":"#REF!"}},{"$f":"'[51]CRO2_Pro-Mes'!VAY3","v":0},{"$f":"'[51]CRO2_Pro-Mes'!#REF!","v":{"$error":"#REF!"}},{"$f":"'[51]CRO2_Pro-Mes'!VBA3","v":0},{"$f":"'[51]CRO2_Pro-Mes'!#REF!","v":{"$error":"#REF!"}},{"$f":"'[51]CRO2_Pro-Mes'!VBC3","v":0},{"$f":"'[51]CRO2_Pro-Mes'!#REF!","v":{"$error":"#REF!"}},{"$f":"'[51]CRO2_Pro-Mes'!VBE3","v":0},{"$f":"'[51]CRO2_Pro-Mes'!#REF!","v":{"$error":"#REF!"}},{"$f":"'[51]CRO2_Pro-Mes'!VBG3","v":0},{"$f":"'[51]CRO2_Pro-Mes'!#REF!","v":{"$error":"#REF!"}},{"$f":"'[51]CRO2_Pro-Mes'!VBI3","v":0},{"$f":"'[51]CRO2_Pro-Mes'!#REF!","v":{"$error":"#REF!"}},{"$f":"'[51]CRO2_Pro-Mes'!VBK3","v":0},{"$f":"'[51]CRO2_Pro-Mes'!#REF!","v":{"$error":"#REF!"}},{"$f":"'[51]CRO2_Pro-Mes'!VBM3","v":0},{"$f":"'[51]CRO2_Pro-Mes'!#REF!","v":{"$error":"#REF!"}},{"$f":"'[51]CRO2_Pro-Mes'!VBO3","v":0},{"$f":"'[51]CRO2_Pro-Mes'!#REF!","v":{"$error":"#REF!"}},{"$f":"'[51]CRO2_Pro-Mes'!VBQ3","v":0},{"$f":"'[51]CRO2_Pro-Mes'!#REF!","v":{"$error":"#REF!"}},{"$f":"'[51]CRO2_Pro-Mes'!VBS3","v":0},{"$f":"'[51]CRO2_Pro-Mes'!#REF!","v":{"$error":"#REF!"}},{"$f":"'[51]CRO2_Pro-Mes'!VBU3","v":0},{"$f":"'[51]CRO2_Pro-Mes'!#REF!","v":{"$error":"#REF!"}},{"$f":"'[51]CRO2_Pro-Mes'!VBW3","v":0},{"$f":"'[51]CRO2_Pro-Mes'!#REF!","v":{"$error":"#REF!"}},{"$f":"'[51]CRO2_Pro-Mes'!VBY3","v":0},{"$f":"'[51]CRO2_Pro-Mes'!#REF!","v":{"$error":"#REF!"}},{"$f":"'[51]CRO2_Pro-Mes'!VCA3","v":0},{"$f":"'[51]CRO2_Pro-Mes'!#REF!","v":{"$error":"#REF!"}},{"$f":"'[51]CRO2_Pro-Mes'!VCC3","v":0},{"$f":"'[51]CRO2_Pro-Mes'!#REF!","v":{"$error":"#REF!"}},{"$f":"'[51]CRO2_Pro-Mes'!VCE3","v":0},{"$f":"'[51]CRO2_Pro-Mes'!#REF!","v":{"$error":"#REF!"}},{"$f":"'[51]CRO2_Pro-Mes'!VCG3","v":0},{"$f":"'[51]CRO2_Pro-Mes'!#REF!","v":{"$error":"#REF!"}},{"$f":"'[51]CRO2_Pro-Mes'!VCI3","v":0},{"$f":"'[51]CRO2_Pro-Mes'!#REF!","v":{"$error":"#REF!"}},{"$f":"'[51]CRO2_Pro-Mes'!VCK3","v":0},{"$f":"'[51]CRO2_Pro-Mes'!#REF!","v":{"$error":"#REF!"}},{"$f":"'[51]CRO2_Pro-Mes'!VCM3","v":0},{"$f":"'[51]CRO2_Pro-Mes'!#REF!","v":{"$error":"#REF!"}},{"$f":"'[51]CRO2_Pro-Mes'!VCO3","v":0},{"$f":"'[51]CRO2_Pro-Mes'!#REF!","v":{"$error":"#REF!"}},{"$f":"'[51]CRO2_Pro-Mes'!VCQ3","v":0},{"$f":"'[51]CRO2_Pro-Mes'!#REF!","v":{"$error":"#REF!"}},{"$f":"'[51]CRO2_Pro-Mes'!VCS3","v":0},{"$f":"'[51]CRO2_Pro-Mes'!#REF!","v":{"$error":"#REF!"}},{"$f":"'[51]CRO2_Pro-Mes'!VCU3","v":0},{"$f":"'[51]CRO2_Pro-Mes'!#REF!","v":{"$error":"#REF!"}},{"$f":"'[51]CRO2_Pro-Mes'!VCW3","v":0},{"$f":"'[51]CRO2_Pro-Mes'!#REF!","v":{"$error":"#REF!"}},{"$f":"'[51]CRO2_Pro-Mes'!VCY3","v":0},{"$f":"'[51]CRO2_Pro-Mes'!#REF!","v":{"$error":"#REF!"}},{"$f":"'[51]CRO2_Pro-Mes'!VDA3","v":0},{"$f":"'[51]CRO2_Pro-Mes'!#REF!","v":{"$error":"#REF!"}},{"$f":"'[51]CRO2_Pro-Mes'!VDC3","v":0},{"$f":"'[51]CRO2_Pro-Mes'!#REF!","v":{"$error":"#REF!"}},{"$f":"'[51]CRO2_Pro-Mes'!VDE3","v":0},{"$f":"'[51]CRO2_Pro-Mes'!#REF!","v":{"$error":"#REF!"}},{"$f":"'[51]CRO2_Pro-Mes'!VDG3","v":0},{"$f":"'[51]CRO2_Pro-Mes'!#REF!","v":{"$error":"#REF!"}},{"$f":"'[51]CRO2_Pro-Mes'!VDI3","v":0},{"$f":"'[51]CRO2_Pro-Mes'!#REF!","v":{"$error":"#REF!"}},{"$f":"'[51]CRO2_Pro-Mes'!VDK3","v":0},{"$f":"'[51]CRO2_Pro-Mes'!#REF!","v":{"$error":"#REF!"}},{"$f":"'[51]CRO2_Pro-Mes'!VDM3","v":0},{"$f":"'[51]CRO2_Pro-Mes'!#REF!","v":{"$error":"#REF!"}},{"$f":"'[51]CRO2_Pro-Mes'!VDO3","v":0},{"$f":"'[51]CRO2_Pro-Mes'!#REF!","v":{"$error":"#REF!"}},{"$f":"'[51]CRO2_Pro-Mes'!VDQ3","v":0},{"$f":"'[51]CRO2_Pro-Mes'!#REF!","v":{"$error":"#REF!"}},{"$f":"'[51]CRO2_Pro-Mes'!VDS3","v":0},{"$f":"'[51]CRO2_Pro-Mes'!#REF!","v":{"$error":"#REF!"}},{"$f":"'[51]CRO2_Pro-Mes'!VDU3","v":0},{"$f":"'[51]CRO2_Pro-Mes'!#REF!","v":{"$error":"#REF!"}},{"$f":"'[51]CRO2_Pro-Mes'!VDW3","v":0},{"$f":"'[51]CRO2_Pro-Mes'!#REF!","v":{"$error":"#REF!"}},{"$f":"'[51]CRO2_Pro-Mes'!VDY3","v":0},{"$f":"'[51]CRO2_Pro-Mes'!#REF!","v":{"$error":"#REF!"}},{"$f":"'[51]CRO2_Pro-Mes'!VEA3","v":0},{"$f":"'[51]CRO2_Pro-Mes'!#REF!","v":{"$error":"#REF!"}},{"$f":"'[51]CRO2_Pro-Mes'!VEC3","v":0},{"$f":"'[51]CRO2_Pro-Mes'!#REF!","v":{"$error":"#REF!"}},{"$f":"'[51]CRO2_Pro-Mes'!VEE3","v":0},{"$f":"'[51]CRO2_Pro-Mes'!#REF!","v":{"$error":"#REF!"}},{"$f":"'[51]CRO2_Pro-Mes'!VEG3","v":0},{"$f":"'[51]CRO2_Pro-Mes'!#REF!","v":{"$error":"#REF!"}},{"$f":"'[51]CRO2_Pro-Mes'!VEI3","v":0},{"$f":"'[51]CRO2_Pro-Mes'!#REF!","v":{"$error":"#REF!"}},{"$f":"'[51]CRO2_Pro-Mes'!VEK3","v":0},{"$f":"'[51]CRO2_Pro-Mes'!#REF!","v":{"$error":"#REF!"}},{"$f":"'[51]CRO2_Pro-Mes'!VEM3","v":0},{"$f":"'[51]CRO2_Pro-Mes'!#REF!","v":{"$error":"#REF!"}},{"$f":"'[51]CRO2_Pro-Mes'!VEO3","v":0},{"$f":"'[51]CRO2_Pro-Mes'!#REF!","v":{"$error":"#REF!"}},{"$f":"'[51]CRO2_Pro-Mes'!VEQ3","v":0},{"$f":"'[51]CRO2_Pro-Mes'!#REF!","v":{"$error":"#REF!"}},{"$f":"'[51]CRO2_Pro-Mes'!VES3","v":0},{"$f":"'[51]CRO2_Pro-Mes'!#REF!","v":{"$error":"#REF!"}},{"$f":"'[51]CRO2_Pro-Mes'!VEU3","v":0},{"$f":"'[51]CRO2_Pro-Mes'!#REF!","v":{"$error":"#REF!"}},{"$f":"'[51]CRO2_Pro-Mes'!VEW3","v":0},{"$f":"'[51]CRO2_Pro-Mes'!#REF!","v":{"$error":"#REF!"}},{"$f":"'[51]CRO2_Pro-Mes'!VEY3","v":0},{"$f":"'[51]CRO2_Pro-Mes'!#REF!","v":{"$error":"#REF!"}},{"$f":"'[51]CRO2_Pro-Mes'!VFA3","v":0},{"$f":"'[51]CRO2_Pro-Mes'!#REF!","v":{"$error":"#REF!"}},{"$f":"'[51]CRO2_Pro-Mes'!VFC3","v":0},{"$f":"'[51]CRO2_Pro-Mes'!#REF!","v":{"$error":"#REF!"}},{"$f":"'[51]CRO2_Pro-Mes'!VFE3","v":0},{"$f":"'[51]CRO2_Pro-Mes'!#REF!","v":{"$error":"#REF!"}},{"$f":"'[51]CRO2_Pro-Mes'!VFG3","v":0},{"$f":"'[51]CRO2_Pro-Mes'!#REF!","v":{"$error":"#REF!"}},{"$f":"'[51]CRO2_Pro-Mes'!VFI3","v":0},{"$f":"'[51]CRO2_Pro-Mes'!#REF!","v":{"$error":"#REF!"}},{"$f":"'[51]CRO2_Pro-Mes'!VFK3","v":0},{"$f":"'[51]CRO2_Pro-Mes'!#REF!","v":{"$error":"#REF!"}},{"$f":"'[51]CRO2_Pro-Mes'!VFM3","v":0},{"$f":"'[51]CRO2_Pro-Mes'!#REF!","v":{"$error":"#REF!"}},{"$f":"'[51]CRO2_Pro-Mes'!VFO3","v":0},{"$f":"'[51]CRO2_Pro-Mes'!#REF!","v":{"$error":"#REF!"}},{"$f":"'[51]CRO2_Pro-Mes'!VFQ3","v":0},{"$f":"'[51]CRO2_Pro-Mes'!#REF!","v":{"$error":"#REF!"}},{"$f":"'[51]CRO2_Pro-Mes'!VFS3","v":0},{"$f":"'[51]CRO2_Pro-Mes'!#REF!","v":{"$error":"#REF!"}},{"$f":"'[51]CRO2_Pro-Mes'!VFU3","v":0},{"$f":"'[51]CRO2_Pro-Mes'!#REF!","v":{"$error":"#REF!"}},{"$f":"'[51]CRO2_Pro-Mes'!VFW3","v":0},{"$f":"'[51]CRO2_Pro-Mes'!#REF!","v":{"$error":"#REF!"}},{"$f":"'[51]CRO2_Pro-Mes'!VFY3","v":0},{"$f":"'[51]CRO2_Pro-Mes'!#REF!","v":{"$error":"#REF!"}},{"$f":"'[51]CRO2_Pro-Mes'!VGA3","v":0},{"$f":"'[51]CRO2_Pro-Mes'!#REF!","v":{"$error":"#REF!"}},{"$f":"'[51]CRO2_Pro-Mes'!VGC3","v":0},{"$f":"'[51]CRO2_Pro-Mes'!#REF!","v":{"$error":"#REF!"}},{"$f":"'[51]CRO2_Pro-Mes'!VGE3","v":0},{"$f":"'[51]CRO2_Pro-Mes'!#REF!","v":{"$error":"#REF!"}},{"$f":"'[51]CRO2_Pro-Mes'!VGG3","v":0},{"$f":"'[51]CRO2_Pro-Mes'!#REF!","v":{"$error":"#REF!"}},{"$f":"'[51]CRO2_Pro-Mes'!VGI3","v":0},{"$f":"'[51]CRO2_Pro-Mes'!#REF!","v":{"$error":"#REF!"}},{"$f":"'[51]CRO2_Pro-Mes'!VGK3","v":0},{"$f":"'[51]CRO2_Pro-Mes'!#REF!","v":{"$error":"#REF!"}},{"$f":"'[51]CRO2_Pro-Mes'!VGM3","v":0},{"$f":"'[51]CRO2_Pro-Mes'!#REF!","v":{"$error":"#REF!"}},{"$f":"'[51]CRO2_Pro-Mes'!VGO3","v":0},{"$f":"'[51]CRO2_Pro-Mes'!#REF!","v":{"$error":"#REF!"}},{"$f":"'[51]CRO2_Pro-Mes'!VGQ3","v":0},{"$f":"'[51]CRO2_Pro-Mes'!#REF!","v":{"$error":"#REF!"}},{"$f":"'[51]CRO2_Pro-Mes'!VGS3","v":0},{"$f":"'[51]CRO2_Pro-Mes'!#REF!","v":{"$error":"#REF!"}},{"$f":"'[51]CRO2_Pro-Mes'!VGU3","v":0},{"$f":"'[51]CRO2_Pro-Mes'!#REF!","v":{"$error":"#REF!"}},{"$f":"'[51]CRO2_Pro-Mes'!VGW3","v":0},{"$f":"'[51]CRO2_Pro-Mes'!#REF!","v":{"$error":"#REF!"}},{"$f":"'[51]CRO2_Pro-Mes'!VGY3","v":0},{"$f":"'[51]CRO2_Pro-Mes'!#REF!","v":{"$error":"#REF!"}},{"$f":"'[51]CRO2_Pro-Mes'!VHA3","v":0},{"$f":"'[51]CRO2_Pro-Mes'!#REF!","v":{"$error":"#REF!"}},{"$f":"'[51]CRO2_Pro-Mes'!VHC3","v":0},{"$f":"'[51]CRO2_Pro-Mes'!#REF!","v":{"$error":"#REF!"}},{"$f":"'[51]CRO2_Pro-Mes'!VHE3","v":0},{"$f":"'[51]CRO2_Pro-Mes'!#REF!","v":{"$error":"#REF!"}},{"$f":"'[51]CRO2_Pro-Mes'!VHG3","v":0},{"$f":"'[51]CRO2_Pro-Mes'!#REF!","v":{"$error":"#REF!"}},{"$f":"'[51]CRO2_Pro-Mes'!VHI3","v":0},{"$f":"'[51]CRO2_Pro-Mes'!#REF!","v":{"$error":"#REF!"}},{"$f":"'[51]CRO2_Pro-Mes'!VHK3","v":0},{"$f":"'[51]CRO2_Pro-Mes'!#REF!","v":{"$error":"#REF!"}},{"$f":"'[51]CRO2_Pro-Mes'!VHM3","v":0},{"$f":"'[51]CRO2_Pro-Mes'!#REF!","v":{"$error":"#REF!"}},{"$f":"'[51]CRO2_Pro-Mes'!VHO3","v":0},{"$f":"'[51]CRO2_Pro-Mes'!#REF!","v":{"$error":"#REF!"}},{"$f":"'[51]CRO2_Pro-Mes'!VHQ3","v":0},{"$f":"'[51]CRO2_Pro-Mes'!#REF!","v":{"$error":"#REF!"}},{"$f":"'[51]CRO2_Pro-Mes'!VHS3","v":0},{"$f":"'[51]CRO2_Pro-Mes'!#REF!","v":{"$error":"#REF!"}},{"$f":"'[51]CRO2_Pro-Mes'!VHU3","v":0},{"$f":"'[51]CRO2_Pro-Mes'!#REF!","v":{"$error":"#REF!"}},{"$f":"'[51]CRO2_Pro-Mes'!VHW3","v":0},{"$f":"'[51]CRO2_Pro-Mes'!#REF!","v":{"$error":"#REF!"}},{"$f":"'[51]CRO2_Pro-Mes'!VHY3","v":0},{"$f":"'[51]CRO2_Pro-Mes'!#REF!","v":{"$error":"#REF!"}},{"$f":"'[51]CRO2_Pro-Mes'!VIA3","v":0},{"$f":"'[51]CRO2_Pro-Mes'!#REF!","v":{"$error":"#REF!"}},{"$f":"'[51]CRO2_Pro-Mes'!VIC3","v":0},{"$f":"'[51]CRO2_Pro-Mes'!#REF!","v":{"$error":"#REF!"}},{"$f":"'[51]CRO2_Pro-Mes'!VIE3","v":0},{"$f":"'[51]CRO2_Pro-Mes'!#REF!","v":{"$error":"#REF!"}},{"$f":"'[51]CRO2_Pro-Mes'!VIG3","v":0},{"$f":"'[51]CRO2_Pro-Mes'!#REF!","v":{"$error":"#REF!"}},{"$f":"'[51]CRO2_Pro-Mes'!VII3","v":0},{"$f":"'[51]CRO2_Pro-Mes'!#REF!","v":{"$error":"#REF!"}},{"$f":"'[51]CRO2_Pro-Mes'!VIK3","v":0},{"$f":"'[51]CRO2_Pro-Mes'!#REF!","v":{"$error":"#REF!"}},{"$f":"'[51]CRO2_Pro-Mes'!VIM3","v":0},{"$f":"'[51]CRO2_Pro-Mes'!#REF!","v":{"$error":"#REF!"}},{"$f":"'[51]CRO2_Pro-Mes'!VIO3","v":0},{"$f":"'[51]CRO2_Pro-Mes'!#REF!","v":{"$error":"#REF!"}},{"$f":"'[51]CRO2_Pro-Mes'!VIQ3","v":0},{"$f":"'[51]CRO2_Pro-Mes'!#REF!","v":{"$error":"#REF!"}},{"$f":"'[51]CRO2_Pro-Mes'!VIS3","v":0},{"$f":"'[51]CRO2_Pro-Mes'!#REF!","v":{"$error":"#REF!"}},{"$f":"'[51]CRO2_Pro-Mes'!VIU3","v":0},{"$f":"'[51]CRO2_Pro-Mes'!#REF!","v":{"$error":"#REF!"}},{"$f":"'[51]CRO2_Pro-Mes'!VIW3","v":0},{"$f":"'[51]CRO2_Pro-Mes'!#REF!","v":{"$error":"#REF!"}},{"$f":"'[51]CRO2_Pro-Mes'!VIY3","v":0},{"$f":"'[51]CRO2_Pro-Mes'!#REF!","v":{"$error":"#REF!"}},{"$f":"'[51]CRO2_Pro-Mes'!VJA3","v":0},{"$f":"'[51]CRO2_Pro-Mes'!#REF!","v":{"$error":"#REF!"}},{"$f":"'[51]CRO2_Pro-Mes'!VJC3","v":0},{"$f":"'[51]CRO2_Pro-Mes'!#REF!","v":{"$error":"#REF!"}},{"$f":"'[51]CRO2_Pro-Mes'!VJE3","v":0},{"$f":"'[51]CRO2_Pro-Mes'!#REF!","v":{"$error":"#REF!"}},{"$f":"'[51]CRO2_Pro-Mes'!VJG3","v":0},{"$f":"'[51]CRO2_Pro-Mes'!#REF!","v":{"$error":"#REF!"}},{"$f":"'[51]CRO2_Pro-Mes'!VJI3","v":0},{"$f":"'[51]CRO2_Pro-Mes'!#REF!","v":{"$error":"#REF!"}},{"$f":"'[51]CRO2_Pro-Mes'!VJK3","v":0},{"$f":"'[51]CRO2_Pro-Mes'!#REF!","v":{"$error":"#REF!"}},{"$f":"'[51]CRO2_Pro-Mes'!VJM3","v":0},{"$f":"'[51]CRO2_Pro-Mes'!#REF!","v":{"$error":"#REF!"}},{"$f":"'[51]CRO2_Pro-Mes'!VJO3","v":0},{"$f":"'[51]CRO2_Pro-Mes'!#REF!","v":{"$error":"#REF!"}},{"$f":"'[51]CRO2_Pro-Mes'!VJQ3","v":0},{"$f":"'[51]CRO2_Pro-Mes'!#REF!","v":{"$error":"#REF!"}},{"$f":"'[51]CRO2_Pro-Mes'!VJS3","v":0},{"$f":"'[51]CRO2_Pro-Mes'!#REF!","v":{"$error":"#REF!"}},{"$f":"'[51]CRO2_Pro-Mes'!VJU3","v":0},{"$f":"'[51]CRO2_Pro-Mes'!#REF!","v":{"$error":"#REF!"}},{"$f":"'[51]CRO2_Pro-Mes'!VJW3","v":0},{"$f":"'[51]CRO2_Pro-Mes'!#REF!","v":{"$error":"#REF!"}},{"$f":"'[51]CRO2_Pro-Mes'!VJY3","v":0},{"$f":"'[51]CRO2_Pro-Mes'!#REF!","v":{"$error":"#REF!"}},{"$f":"'[51]CRO2_Pro-Mes'!VKA3","v":0},{"$f":"'[51]CRO2_Pro-Mes'!#REF!","v":{"$error":"#REF!"}},{"$f":"'[51]CRO2_Pro-Mes'!VKC3","v":0},{"$f":"'[51]CRO2_Pro-Mes'!#REF!","v":{"$error":"#REF!"}},{"$f":"'[51]CRO2_Pro-Mes'!VKE3","v":0},{"$f":"'[51]CRO2_Pro-Mes'!#REF!","v":{"$error":"#REF!"}},{"$f":"'[51]CRO2_Pro-Mes'!VKG3","v":0},{"$f":"'[51]CRO2_Pro-Mes'!#REF!","v":{"$error":"#REF!"}},{"$f":"'[51]CRO2_Pro-Mes'!VKI3","v":0},{"$f":"'[51]CRO2_Pro-Mes'!#REF!","v":{"$error":"#REF!"}},{"$f":"'[51]CRO2_Pro-Mes'!VKK3","v":0},{"$f":"'[51]CRO2_Pro-Mes'!#REF!","v":{"$error":"#REF!"}},{"$f":"'[51]CRO2_Pro-Mes'!VKM3","v":0},{"$f":"'[51]CRO2_Pro-Mes'!#REF!","v":{"$error":"#REF!"}},{"$f":"'[51]CRO2_Pro-Mes'!VKO3","v":0},{"$f":"'[51]CRO2_Pro-Mes'!#REF!","v":{"$error":"#REF!"}},{"$f":"'[51]CRO2_Pro-Mes'!VKQ3","v":0},{"$f":"'[51]CRO2_Pro-Mes'!#REF!","v":{"$error":"#REF!"}},{"$f":"'[51]CRO2_Pro-Mes'!VKS3","v":0},{"$f":"'[51]CRO2_Pro-Mes'!#REF!","v":{"$error":"#REF!"}},{"$f":"'[51]CRO2_Pro-Mes'!VKU3","v":0},{"$f":"'[51]CRO2_Pro-Mes'!#REF!","v":{"$error":"#REF!"}},{"$f":"'[51]CRO2_Pro-Mes'!VKW3","v":0},{"$f":"'[51]CRO2_Pro-Mes'!#REF!","v":{"$error":"#REF!"}},{"$f":"'[51]CRO2_Pro-Mes'!VKY3","v":0},{"$f":"'[51]CRO2_Pro-Mes'!#REF!","v":{"$error":"#REF!"}},{"$f":"'[51]CRO2_Pro-Mes'!VLA3","v":0},{"$f":"'[51]CRO2_Pro-Mes'!#REF!","v":{"$error":"#REF!"}},{"$f":"'[51]CRO2_Pro-Mes'!VLC3","v":0},{"$f":"'[51]CRO2_Pro-Mes'!#REF!","v":{"$error":"#REF!"}},{"$f":"'[51]CRO2_Pro-Mes'!VLE3","v":0},{"$f":"'[51]CRO2_Pro-Mes'!#REF!","v":{"$error":"#REF!"}},{"$f":"'[51]CRO2_Pro-Mes'!VLG3","v":0},{"$f":"'[51]CRO2_Pro-Mes'!#REF!","v":{"$error":"#REF!"}},{"$f":"'[51]CRO2_Pro-Mes'!VLI3","v":0},{"$f":"'[51]CRO2_Pro-Mes'!#REF!","v":{"$error":"#REF!"}},{"$f":"'[51]CRO2_Pro-Mes'!VLK3","v":0},{"$f":"'[51]CRO2_Pro-Mes'!#REF!","v":{"$error":"#REF!"}},{"$f":"'[51]CRO2_Pro-Mes'!VLM3","v":0},{"$f":"'[51]CRO2_Pro-Mes'!#REF!","v":{"$error":"#REF!"}},{"$f":"'[51]CRO2_Pro-Mes'!VLO3","v":0},{"$f":"'[51]CRO2_Pro-Mes'!#REF!","v":{"$error":"#REF!"}},{"$f":"'[51]CRO2_Pro-Mes'!VLQ3","v":0},{"$f":"'[51]CRO2_Pro-Mes'!#REF!","v":{"$error":"#REF!"}},{"$f":"'[51]CRO2_Pro-Mes'!VLS3","v":0},{"$f":"'[51]CRO2_Pro-Mes'!#REF!","v":{"$error":"#REF!"}},{"$f":"'[51]CRO2_Pro-Mes'!VLU3","v":0},{"$f":"'[51]CRO2_Pro-Mes'!#REF!","v":{"$error":"#REF!"}},{"$f":"'[51]CRO2_Pro-Mes'!VLW3","v":0},{"$f":"'[51]CRO2_Pro-Mes'!#REF!","v":{"$error":"#REF!"}},{"$f":"'[51]CRO2_Pro-Mes'!VLY3","v":0},{"$f":"'[51]CRO2_Pro-Mes'!#REF!","v":{"$error":"#REF!"}},{"$f":"'[51]CRO2_Pro-Mes'!VMA3","v":0},{"$f":"'[51]CRO2_Pro-Mes'!#REF!","v":{"$error":"#REF!"}},{"$f":"'[51]CRO2_Pro-Mes'!VMC3","v":0},{"$f":"'[51]CRO2_Pro-Mes'!#REF!","v":{"$error":"#REF!"}},{"$f":"'[51]CRO2_Pro-Mes'!VME3","v":0},{"$f":"'[51]CRO2_Pro-Mes'!#REF!","v":{"$error":"#REF!"}},{"$f":"'[51]CRO2_Pro-Mes'!VMG3","v":0},{"$f":"'[51]CRO2_Pro-Mes'!#REF!","v":{"$error":"#REF!"}},{"$f":"'[51]CRO2_Pro-Mes'!VMI3","v":0},{"$f":"'[51]CRO2_Pro-Mes'!#REF!","v":{"$error":"#REF!"}},{"$f":"'[51]CRO2_Pro-Mes'!VMK3","v":0},{"$f":"'[51]CRO2_Pro-Mes'!#REF!","v":{"$error":"#REF!"}},{"$f":"'[51]CRO2_Pro-Mes'!VMM3","v":0},{"$f":"'[51]CRO2_Pro-Mes'!#REF!","v":{"$error":"#REF!"}},{"$f":"'[51]CRO2_Pro-Mes'!VMO3","v":0},{"$f":"'[51]CRO2_Pro-Mes'!#REF!","v":{"$error":"#REF!"}},{"$f":"'[51]CRO2_Pro-Mes'!VMQ3","v":0},{"$f":"'[51]CRO2_Pro-Mes'!#REF!","v":{"$error":"#REF!"}},{"$f":"'[51]CRO2_Pro-Mes'!VMS3","v":0},{"$f":"'[51]CRO2_Pro-Mes'!#REF!","v":{"$error":"#REF!"}},{"$f":"'[51]CRO2_Pro-Mes'!VMU3","v":0},{"$f":"'[51]CRO2_Pro-Mes'!#REF!","v":{"$error":"#REF!"}},{"$f":"'[51]CRO2_Pro-Mes'!VMW3","v":0},{"$f":"'[51]CRO2_Pro-Mes'!#REF!","v":{"$error":"#REF!"}},{"$f":"'[51]CRO2_Pro-Mes'!VMY3","v":0},{"$f":"'[51]CRO2_Pro-Mes'!#REF!","v":{"$error":"#REF!"}},{"$f":"'[51]CRO2_Pro-Mes'!VNA3","v":0},{"$f":"'[51]CRO2_Pro-Mes'!#REF!","v":{"$error":"#REF!"}},{"$f":"'[51]CRO2_Pro-Mes'!VNC3","v":0},{"$f":"'[51]CRO2_Pro-Mes'!#REF!","v":{"$error":"#REF!"}},{"$f":"'[51]CRO2_Pro-Mes'!VNE3","v":0},{"$f":"'[51]CRO2_Pro-Mes'!#REF!","v":{"$error":"#REF!"}},{"$f":"'[51]CRO2_Pro-Mes'!VNG3","v":0},{"$f":"'[51]CRO2_Pro-Mes'!#REF!","v":{"$error":"#REF!"}},{"$f":"'[51]CRO2_Pro-Mes'!VNI3","v":0},{"$f":"'[51]CRO2_Pro-Mes'!#REF!","v":{"$error":"#REF!"}},{"$f":"'[51]CRO2_Pro-Mes'!VNK3","v":0},{"$f":"'[51]CRO2_Pro-Mes'!#REF!","v":{"$error":"#REF!"}},{"$f":"'[51]CRO2_Pro-Mes'!VNM3","v":0},{"$f":"'[51]CRO2_Pro-Mes'!#REF!","v":{"$error":"#REF!"}},{"$f":"'[51]CRO2_Pro-Mes'!VNO3","v":0},{"$f":"'[51]CRO2_Pro-Mes'!#REF!","v":{"$error":"#REF!"}},{"$f":"'[51]CRO2_Pro-Mes'!VNQ3","v":0},{"$f":"'[51]CRO2_Pro-Mes'!#REF!","v":{"$error":"#REF!"}},{"$f":"'[51]CRO2_Pro-Mes'!VNS3","v":0},{"$f":"'[51]CRO2_Pro-Mes'!#REF!","v":{"$error":"#REF!"}},{"$f":"'[51]CRO2_Pro-Mes'!VNU3","v":0},{"$f":"'[51]CRO2_Pro-Mes'!#REF!","v":{"$error":"#REF!"}},{"$f":"'[51]CRO2_Pro-Mes'!VNW3","v":0},{"$f":"'[51]CRO2_Pro-Mes'!#REF!","v":{"$error":"#REF!"}},{"$f":"'[51]CRO2_Pro-Mes'!VNY3","v":0},{"$f":"'[51]CRO2_Pro-Mes'!#REF!","v":{"$error":"#REF!"}},{"$f":"'[51]CRO2_Pro-Mes'!VOA3","v":0},{"$f":"'[51]CRO2_Pro-Mes'!#REF!","v":{"$error":"#REF!"}},{"$f":"'[51]CRO2_Pro-Mes'!VOC3","v":0},{"$f":"'[51]CRO2_Pro-Mes'!#REF!","v":{"$error":"#REF!"}},{"$f":"'[51]CRO2_Pro-Mes'!VOE3","v":0},{"$f":"'[51]CRO2_Pro-Mes'!#REF!","v":{"$error":"#REF!"}},{"$f":"'[51]CRO2_Pro-Mes'!VOG3","v":0},{"$f":"'[51]CRO2_Pro-Mes'!#REF!","v":{"$error":"#REF!"}},{"$f":"'[51]CRO2_Pro-Mes'!VOI3","v":0},{"$f":"'[51]CRO2_Pro-Mes'!#REF!","v":{"$error":"#REF!"}},{"$f":"'[51]CRO2_Pro-Mes'!VOK3","v":0},{"$f":"'[51]CRO2_Pro-Mes'!#REF!","v":{"$error":"#REF!"}},{"$f":"'[51]CRO2_Pro-Mes'!VOM3","v":0},{"$f":"'[51]CRO2_Pro-Mes'!#REF!","v":{"$error":"#REF!"}},{"$f":"'[51]CRO2_Pro-Mes'!VOO3","v":0},{"$f":"'[51]CRO2_Pro-Mes'!#REF!","v":{"$error":"#REF!"}},{"$f":"'[51]CRO2_Pro-Mes'!VOQ3","v":0},{"$f":"'[51]CRO2_Pro-Mes'!#REF!","v":{"$error":"#REF!"}},{"$f":"'[51]CRO2_Pro-Mes'!VOS3","v":0},{"$f":"'[51]CRO2_Pro-Mes'!#REF!","v":{"$error":"#REF!"}},{"$f":"'[51]CRO2_Pro-Mes'!VOU3","v":0},{"$f":"'[51]CRO2_Pro-Mes'!#REF!","v":{"$error":"#REF!"}},{"$f":"'[51]CRO2_Pro-Mes'!VOW3","v":0},{"$f":"'[51]CRO2_Pro-Mes'!#REF!","v":{"$error":"#REF!"}},{"$f":"'[51]CRO2_Pro-Mes'!VOY3","v":0},{"$f":"'[51]CRO2_Pro-Mes'!#REF!","v":{"$error":"#REF!"}},{"$f":"'[51]CRO2_Pro-Mes'!VPA3","v":0},{"$f":"'[51]CRO2_Pro-Mes'!#REF!","v":{"$error":"#REF!"}},{"$f":"'[51]CRO2_Pro-Mes'!VPC3","v":0},{"$f":"'[51]CRO2_Pro-Mes'!#REF!","v":{"$error":"#REF!"}},{"$f":"'[51]CRO2_Pro-Mes'!VPE3","v":0},{"$f":"'[51]CRO2_Pro-Mes'!#REF!","v":{"$error":"#REF!"}},{"$f":"'[51]CRO2_Pro-Mes'!VPG3","v":0},{"$f":"'[51]CRO2_Pro-Mes'!#REF!","v":{"$error":"#REF!"}},{"$f":"'[51]CRO2_Pro-Mes'!VPI3","v":0},{"$f":"'[51]CRO2_Pro-Mes'!#REF!","v":{"$error":"#REF!"}},{"$f":"'[51]CRO2_Pro-Mes'!VPK3","v":0},{"$f":"'[51]CRO2_Pro-Mes'!#REF!","v":{"$error":"#REF!"}},{"$f":"'[51]CRO2_Pro-Mes'!VPM3","v":0},{"$f":"'[51]CRO2_Pro-Mes'!#REF!","v":{"$error":"#REF!"}},{"$f":"'[51]CRO2_Pro-Mes'!VPO3","v":0},{"$f":"'[51]CRO2_Pro-Mes'!#REF!","v":{"$error":"#REF!"}},{"$f":"'[51]CRO2_Pro-Mes'!VPQ3","v":0},{"$f":"'[51]CRO2_Pro-Mes'!#REF!","v":{"$error":"#REF!"}},{"$f":"'[51]CRO2_Pro-Mes'!VPS3","v":0},{"$f":"'[51]CRO2_Pro-Mes'!#REF!","v":{"$error":"#REF!"}},{"$f":"'[51]CRO2_Pro-Mes'!VPU3","v":0},{"$f":"'[51]CRO2_Pro-Mes'!#REF!","v":{"$error":"#REF!"}},{"$f":"'[51]CRO2_Pro-Mes'!VPW3","v":0},{"$f":"'[51]CRO2_Pro-Mes'!#REF!","v":{"$error":"#REF!"}},{"$f":"'[51]CRO2_Pro-Mes'!VPY3","v":0},{"$f":"'[51]CRO2_Pro-Mes'!#REF!","v":{"$error":"#REF!"}},{"$f":"'[51]CRO2_Pro-Mes'!VQA3","v":0},{"$f":"'[51]CRO2_Pro-Mes'!#REF!","v":{"$error":"#REF!"}},{"$f":"'[51]CRO2_Pro-Mes'!VQC3","v":0},{"$f":"'[51]CRO2_Pro-Mes'!#REF!","v":{"$error":"#REF!"}},{"$f":"'[51]CRO2_Pro-Mes'!VQE3","v":0},{"$f":"'[51]CRO2_Pro-Mes'!#REF!","v":{"$error":"#REF!"}},{"$f":"'[51]CRO2_Pro-Mes'!VQG3","v":0},{"$f":"'[51]CRO2_Pro-Mes'!#REF!","v":{"$error":"#REF!"}},{"$f":"'[51]CRO2_Pro-Mes'!VQI3","v":0},{"$f":"'[51]CRO2_Pro-Mes'!#REF!","v":{"$error":"#REF!"}},{"$f":"'[51]CRO2_Pro-Mes'!VQK3","v":0},{"$f":"'[51]CRO2_Pro-Mes'!#REF!","v":{"$error":"#REF!"}},{"$f":"'[51]CRO2_Pro-Mes'!VQM3","v":0},{"$f":"'[51]CRO2_Pro-Mes'!#REF!","v":{"$error":"#REF!"}},{"$f":"'[51]CRO2_Pro-Mes'!VQO3","v":0},{"$f":"'[51]CRO2_Pro-Mes'!#REF!","v":{"$error":"#REF!"}},{"$f":"'[51]CRO2_Pro-Mes'!VQQ3","v":0},{"$f":"'[51]CRO2_Pro-Mes'!#REF!","v":{"$error":"#REF!"}},{"$f":"'[51]CRO2_Pro-Mes'!VQS3","v":0},{"$f":"'[51]CRO2_Pro-Mes'!#REF!","v":{"$error":"#REF!"}},{"$f":"'[51]CRO2_Pro-Mes'!VQU3","v":0},{"$f":"'[51]CRO2_Pro-Mes'!#REF!","v":{"$error":"#REF!"}},{"$f":"'[51]CRO2_Pro-Mes'!VQW3","v":0},{"$f":"'[51]CRO2_Pro-Mes'!#REF!","v":{"$error":"#REF!"}},{"$f":"'[51]CRO2_Pro-Mes'!VQY3","v":0},{"$f":"'[51]CRO2_Pro-Mes'!#REF!","v":{"$error":"#REF!"}},{"$f":"'[51]CRO2_Pro-Mes'!VRA3","v":0},{"$f":"'[51]CRO2_Pro-Mes'!#REF!","v":{"$error":"#REF!"}},{"$f":"'[51]CRO2_Pro-Mes'!VRC3","v":0},{"$f":"'[51]CRO2_Pro-Mes'!#REF!","v":{"$error":"#REF!"}},{"$f":"'[51]CRO2_Pro-Mes'!VRE3","v":0},{"$f":"'[51]CRO2_Pro-Mes'!#REF!","v":{"$error":"#REF!"}},{"$f":"'[51]CRO2_Pro-Mes'!VRG3","v":0},{"$f":"'[51]CRO2_Pro-Mes'!#REF!","v":{"$error":"#REF!"}},{"$f":"'[51]CRO2_Pro-Mes'!VRI3","v":0},{"$f":"'[51]CRO2_Pro-Mes'!#REF!","v":{"$error":"#REF!"}},{"$f":"'[51]CRO2_Pro-Mes'!VRK3","v":0},{"$f":"'[51]CRO2_Pro-Mes'!#REF!","v":{"$error":"#REF!"}},{"$f":"'[51]CRO2_Pro-Mes'!VRM3","v":0},{"$f":"'[51]CRO2_Pro-Mes'!#REF!","v":{"$error":"#REF!"}},{"$f":"'[51]CRO2_Pro-Mes'!VRO3","v":0},{"$f":"'[51]CRO2_Pro-Mes'!#REF!","v":{"$error":"#REF!"}},{"$f":"'[51]CRO2_Pro-Mes'!VRQ3","v":0},{"$f":"'[51]CRO2_Pro-Mes'!#REF!","v":{"$error":"#REF!"}},{"$f":"'[51]CRO2_Pro-Mes'!VRS3","v":0},{"$f":"'[51]CRO2_Pro-Mes'!#REF!","v":{"$error":"#REF!"}},{"$f":"'[51]CRO2_Pro-Mes'!VRU3","v":0},{"$f":"'[51]CRO2_Pro-Mes'!#REF!","v":{"$error":"#REF!"}},{"$f":"'[51]CRO2_Pro-Mes'!VRW3","v":0},{"$f":"'[51]CRO2_Pro-Mes'!#REF!","v":{"$error":"#REF!"}},{"$f":"'[51]CRO2_Pro-Mes'!VRY3","v":0},{"$f":"'[51]CRO2_Pro-Mes'!#REF!","v":{"$error":"#REF!"}},{"$f":"'[51]CRO2_Pro-Mes'!VSA3","v":0},{"$f":"'[51]CRO2_Pro-Mes'!#REF!","v":{"$error":"#REF!"}},{"$f":"'[51]CRO2_Pro-Mes'!VSC3","v":0},{"$f":"'[51]CRO2_Pro-Mes'!#REF!","v":{"$error":"#REF!"}},{"$f":"'[51]CRO2_Pro-Mes'!VSE3","v":0},{"$f":"'[51]CRO2_Pro-Mes'!#REF!","v":{"$error":"#REF!"}},{"$f":"'[51]CRO2_Pro-Mes'!VSG3","v":0},{"$f":"'[51]CRO2_Pro-Mes'!#REF!","v":{"$error":"#REF!"}},{"$f":"'[51]CRO2_Pro-Mes'!VSI3","v":0},{"$f":"'[51]CRO2_Pro-Mes'!#REF!","v":{"$error":"#REF!"}},{"$f":"'[51]CRO2_Pro-Mes'!VSK3","v":0},{"$f":"'[51]CRO2_Pro-Mes'!#REF!","v":{"$error":"#REF!"}},{"$f":"'[51]CRO2_Pro-Mes'!VSM3","v":0},{"$f":"'[51]CRO2_Pro-Mes'!#REF!","v":{"$error":"#REF!"}},{"$f":"'[51]CRO2_Pro-Mes'!VSO3","v":0},{"$f":"'[51]CRO2_Pro-Mes'!#REF!","v":{"$error":"#REF!"}},{"$f":"'[51]CRO2_Pro-Mes'!VSQ3","v":0},{"$f":"'[51]CRO2_Pro-Mes'!#REF!","v":{"$error":"#REF!"}},{"$f":"'[51]CRO2_Pro-Mes'!VSS3","v":0},{"$f":"'[51]CRO2_Pro-Mes'!#REF!","v":{"$error":"#REF!"}},{"$f":"'[51]CRO2_Pro-Mes'!VSU3","v":0},{"$f":"'[51]CRO2_Pro-Mes'!#REF!","v":{"$error":"#REF!"}},{"$f":"'[51]CRO2_Pro-Mes'!VSW3","v":0},{"$f":"'[51]CRO2_Pro-Mes'!#REF!","v":{"$error":"#REF!"}},{"$f":"'[51]CRO2_Pro-Mes'!VSY3","v":0},{"$f":"'[51]CRO2_Pro-Mes'!#REF!","v":{"$error":"#REF!"}},{"$f":"'[51]CRO2_Pro-Mes'!VTA3","v":0},{"$f":"'[51]CRO2_Pro-Mes'!#REF!","v":{"$error":"#REF!"}},{"$f":"'[51]CRO2_Pro-Mes'!VTC3","v":0},{"$f":"'[51]CRO2_Pro-Mes'!#REF!","v":{"$error":"#REF!"}},{"$f":"'[51]CRO2_Pro-Mes'!VTE3","v":0},{"$f":"'[51]CRO2_Pro-Mes'!#REF!","v":{"$error":"#REF!"}},{"$f":"'[51]CRO2_Pro-Mes'!VTG3","v":0},{"$f":"'[51]CRO2_Pro-Mes'!#REF!","v":{"$error":"#REF!"}},{"$f":"'[51]CRO2_Pro-Mes'!VTI3","v":0},{"$f":"'[51]CRO2_Pro-Mes'!#REF!","v":{"$error":"#REF!"}},{"$f":"'[51]CRO2_Pro-Mes'!VTK3","v":0},{"$f":"'[51]CRO2_Pro-Mes'!#REF!","v":{"$error":"#REF!"}},{"$f":"'[51]CRO2_Pro-Mes'!VTM3","v":0},{"$f":"'[51]CRO2_Pro-Mes'!#REF!","v":{"$error":"#REF!"}},{"$f":"'[51]CRO2_Pro-Mes'!VTO3","v":0},{"$f":"'[51]CRO2_Pro-Mes'!#REF!","v":{"$error":"#REF!"}},{"$f":"'[51]CRO2_Pro-Mes'!VTQ3","v":0},{"$f":"'[51]CRO2_Pro-Mes'!#REF!","v":{"$error":"#REF!"}},{"$f":"'[51]CRO2_Pro-Mes'!VTS3","v":0},{"$f":"'[51]CRO2_Pro-Mes'!#REF!","v":{"$error":"#REF!"}},{"$f":"'[51]CRO2_Pro-Mes'!VTU3","v":0},{"$f":"'[51]CRO2_Pro-Mes'!#REF!","v":{"$error":"#REF!"}},{"$f":"'[51]CRO2_Pro-Mes'!VTW3","v":0},{"$f":"'[51]CRO2_Pro-Mes'!#REF!","v":{"$error":"#REF!"}},{"$f":"'[51]CRO2_Pro-Mes'!VTY3","v":0},{"$f":"'[51]CRO2_Pro-Mes'!#REF!","v":{"$error":"#REF!"}},{"$f":"'[51]CRO2_Pro-Mes'!VUA3","v":0},{"$f":"'[51]CRO2_Pro-Mes'!#REF!","v":{"$error":"#REF!"}},{"$f":"'[51]CRO2_Pro-Mes'!VUC3","v":0},{"$f":"'[51]CRO2_Pro-Mes'!#REF!","v":{"$error":"#REF!"}},{"$f":"'[51]CRO2_Pro-Mes'!VUE3","v":0},{"$f":"'[51]CRO2_Pro-Mes'!#REF!","v":{"$error":"#REF!"}},{"$f":"'[51]CRO2_Pro-Mes'!VUG3","v":0},{"$f":"'[51]CRO2_Pro-Mes'!#REF!","v":{"$error":"#REF!"}},{"$f":"'[51]CRO2_Pro-Mes'!VUI3","v":0},{"$f":"'[51]CRO2_Pro-Mes'!#REF!","v":{"$error":"#REF!"}},{"$f":"'[51]CRO2_Pro-Mes'!VUK3","v":0},{"$f":"'[51]CRO2_Pro-Mes'!#REF!","v":{"$error":"#REF!"}},{"$f":"'[51]CRO2_Pro-Mes'!VUM3","v":0},{"$f":"'[51]CRO2_Pro-Mes'!#REF!","v":{"$error":"#REF!"}},{"$f":"'[51]CRO2_Pro-Mes'!VUO3","v":0},{"$f":"'[51]CRO2_Pro-Mes'!#REF!","v":{"$error":"#REF!"}},{"$f":"'[51]CRO2_Pro-Mes'!VUQ3","v":0},{"$f":"'[51]CRO2_Pro-Mes'!#REF!","v":{"$error":"#REF!"}},{"$f":"'[51]CRO2_Pro-Mes'!VUS3","v":0},{"$f":"'[51]CRO2_Pro-Mes'!#REF!","v":{"$error":"#REF!"}},{"$f":"'[51]CRO2_Pro-Mes'!VUU3","v":0},{"$f":"'[51]CRO2_Pro-Mes'!#REF!","v":{"$error":"#REF!"}},{"$f":"'[51]CRO2_Pro-Mes'!VUW3","v":0},{"$f":"'[51]CRO2_Pro-Mes'!#REF!","v":{"$error":"#REF!"}},{"$f":"'[51]CRO2_Pro-Mes'!VUY3","v":0},{"$f":"'[51]CRO2_Pro-Mes'!#REF!","v":{"$error":"#REF!"}},{"$f":"'[51]CRO2_Pro-Mes'!VVA3","v":0},{"$f":"'[51]CRO2_Pro-Mes'!#REF!","v":{"$error":"#REF!"}},{"$f":"'[51]CRO2_Pro-Mes'!VVC3","v":0},{"$f":"'[51]CRO2_Pro-Mes'!#REF!","v":{"$error":"#REF!"}},{"$f":"'[51]CRO2_Pro-Mes'!VVE3","v":0},{"$f":"'[51]CRO2_Pro-Mes'!#REF!","v":{"$error":"#REF!"}},{"$f":"'[51]CRO2_Pro-Mes'!VVG3","v":0},{"$f":"'[51]CRO2_Pro-Mes'!#REF!","v":{"$error":"#REF!"}},{"$f":"'[51]CRO2_Pro-Mes'!VVI3","v":0},{"$f":"'[51]CRO2_Pro-Mes'!#REF!","v":{"$error":"#REF!"}},{"$f":"'[51]CRO2_Pro-Mes'!VVK3","v":0},{"$f":"'[51]CRO2_Pro-Mes'!#REF!","v":{"$error":"#REF!"}},{"$f":"'[51]CRO2_Pro-Mes'!VVM3","v":0},{"$f":"'[51]CRO2_Pro-Mes'!#REF!","v":{"$error":"#REF!"}},{"$f":"'[51]CRO2_Pro-Mes'!VVO3","v":0},{"$f":"'[51]CRO2_Pro-Mes'!#REF!","v":{"$error":"#REF!"}},{"$f":"'[51]CRO2_Pro-Mes'!VVQ3","v":0},{"$f":"'[51]CRO2_Pro-Mes'!#REF!","v":{"$error":"#REF!"}},{"$f":"'[51]CRO2_Pro-Mes'!VVS3","v":0},{"$f":"'[51]CRO2_Pro-Mes'!#REF!","v":{"$error":"#REF!"}},{"$f":"'[51]CRO2_Pro-Mes'!VVU3","v":0},{"$f":"'[51]CRO2_Pro-Mes'!#REF!","v":{"$error":"#REF!"}},{"$f":"'[51]CRO2_Pro-Mes'!VVW3","v":0},{"$f":"'[51]CRO2_Pro-Mes'!#REF!","v":{"$error":"#REF!"}},{"$f":"'[51]CRO2_Pro-Mes'!VVY3","v":0},{"$f":"'[51]CRO2_Pro-Mes'!#REF!","v":{"$error":"#REF!"}},{"$f":"'[51]CRO2_Pro-Mes'!VWA3","v":0},{"$f":"'[51]CRO2_Pro-Mes'!#REF!","v":{"$error":"#REF!"}},{"$f":"'[51]CRO2_Pro-Mes'!VWC3","v":0},{"$f":"'[51]CRO2_Pro-Mes'!#REF!","v":{"$error":"#REF!"}},{"$f":"'[51]CRO2_Pro-Mes'!VWE3","v":0},{"$f":"'[51]CRO2_Pro-Mes'!#REF!","v":{"$error":"#REF!"}},{"$f":"'[51]CRO2_Pro-Mes'!VWG3","v":0},{"$f":"'[51]CRO2_Pro-Mes'!#REF!","v":{"$error":"#REF!"}},{"$f":"'[51]CRO2_Pro-Mes'!VWI3","v":0},{"$f":"'[51]CRO2_Pro-Mes'!#REF!","v":{"$error":"#REF!"}},{"$f":"'[51]CRO2_Pro-Mes'!VWK3","v":0},{"$f":"'[51]CRO2_Pro-Mes'!#REF!","v":{"$error":"#REF!"}},{"$f":"'[51]CRO2_Pro-Mes'!VWM3","v":0},{"$f":"'[51]CRO2_Pro-Mes'!#REF!","v":{"$error":"#REF!"}},{"$f":"'[51]CRO2_Pro-Mes'!VWO3","v":0},{"$f":"'[51]CRO2_Pro-Mes'!#REF!","v":{"$error":"#REF!"}},{"$f":"'[51]CRO2_Pro-Mes'!VWQ3","v":0},{"$f":"'[51]CRO2_Pro-Mes'!#REF!","v":{"$error":"#REF!"}},{"$f":"'[51]CRO2_Pro-Mes'!VWS3","v":0},{"$f":"'[51]CRO2_Pro-Mes'!#REF!","v":{"$error":"#REF!"}},{"$f":"'[51]CRO2_Pro-Mes'!VWU3","v":0},{"$f":"'[51]CRO2_Pro-Mes'!#REF!","v":{"$error":"#REF!"}},{"$f":"'[51]CRO2_Pro-Mes'!VWW3","v":0},{"$f":"'[51]CRO2_Pro-Mes'!#REF!","v":{"$error":"#REF!"}},{"$f":"'[51]CRO2_Pro-Mes'!VWY3","v":0},{"$f":"'[51]CRO2_Pro-Mes'!#REF!","v":{"$error":"#REF!"}},{"$f":"'[51]CRO2_Pro-Mes'!VXA3","v":0},{"$f":"'[51]CRO2_Pro-Mes'!#REF!","v":{"$error":"#REF!"}},{"$f":"'[51]CRO2_Pro-Mes'!VXC3","v":0},{"$f":"'[51]CRO2_Pro-Mes'!#REF!","v":{"$error":"#REF!"}},{"$f":"'[51]CRO2_Pro-Mes'!VXE3","v":0},{"$f":"'[51]CRO2_Pro-Mes'!#REF!","v":{"$error":"#REF!"}},{"$f":"'[51]CRO2_Pro-Mes'!VXG3","v":0},{"$f":"'[51]CRO2_Pro-Mes'!#REF!","v":{"$error":"#REF!"}},{"$f":"'[51]CRO2_Pro-Mes'!VXI3","v":0},{"$f":"'[51]CRO2_Pro-Mes'!#REF!","v":{"$error":"#REF!"}},{"$f":"'[51]CRO2_Pro-Mes'!VXK3","v":0},{"$f":"'[51]CRO2_Pro-Mes'!#REF!","v":{"$error":"#REF!"}},{"$f":"'[51]CRO2_Pro-Mes'!VXM3","v":0},{"$f":"'[51]CRO2_Pro-Mes'!#REF!","v":{"$error":"#REF!"}},{"$f":"'[51]CRO2_Pro-Mes'!VXO3","v":0},{"$f":"'[51]CRO2_Pro-Mes'!#REF!","v":{"$error":"#REF!"}},{"$f":"'[51]CRO2_Pro-Mes'!VXQ3","v":0},{"$f":"'[51]CRO2_Pro-Mes'!#REF!","v":{"$error":"#REF!"}},{"$f":"'[51]CRO2_Pro-Mes'!VXS3","v":0},{"$f":"'[51]CRO2_Pro-Mes'!#REF!","v":{"$error":"#REF!"}},{"$f":"'[51]CRO2_Pro-Mes'!VXU3","v":0},{"$f":"'[51]CRO2_Pro-Mes'!#REF!","v":{"$error":"#REF!"}},{"$f":"'[51]CRO2_Pro-Mes'!VXW3","v":0},{"$f":"'[51]CRO2_Pro-Mes'!#REF!","v":{"$error":"#REF!"}},{"$f":"'[51]CRO2_Pro-Mes'!VXY3","v":0},{"$f":"'[51]CRO2_Pro-Mes'!#REF!","v":{"$error":"#REF!"}},{"$f":"'[51]CRO2_Pro-Mes'!VYA3","v":0},{"$f":"'[51]CRO2_Pro-Mes'!#REF!","v":{"$error":"#REF!"}},{"$f":"'[51]CRO2_Pro-Mes'!VYC3","v":0},{"$f":"'[51]CRO2_Pro-Mes'!#REF!","v":{"$error":"#REF!"}},{"$f":"'[51]CRO2_Pro-Mes'!VYE3","v":0},{"$f":"'[51]CRO2_Pro-Mes'!#REF!","v":{"$error":"#REF!"}},{"$f":"'[51]CRO2_Pro-Mes'!VYG3","v":0},{"$f":"'[51]CRO2_Pro-Mes'!#REF!","v":{"$error":"#REF!"}},{"$f":"'[51]CRO2_Pro-Mes'!VYI3","v":0},{"$f":"'[51]CRO2_Pro-Mes'!#REF!","v":{"$error":"#REF!"}},{"$f":"'[51]CRO2_Pro-Mes'!VYK3","v":0},{"$f":"'[51]CRO2_Pro-Mes'!#REF!","v":{"$error":"#REF!"}},{"$f":"'[51]CRO2_Pro-Mes'!VYM3","v":0},{"$f":"'[51]CRO2_Pro-Mes'!#REF!","v":{"$error":"#REF!"}},{"$f":"'[51]CRO2_Pro-Mes'!VYO3","v":0},{"$f":"'[51]CRO2_Pro-Mes'!#REF!","v":{"$error":"#REF!"}},{"$f":"'[51]CRO2_Pro-Mes'!VYQ3","v":0},{"$f":"'[51]CRO2_Pro-Mes'!#REF!","v":{"$error":"#REF!"}},{"$f":"'[51]CRO2_Pro-Mes'!VYS3","v":0},{"$f":"'[51]CRO2_Pro-Mes'!#REF!","v":{"$error":"#REF!"}},{"$f":"'[51]CRO2_Pro-Mes'!VYU3","v":0},{"$f":"'[51]CRO2_Pro-Mes'!#REF!","v":{"$error":"#REF!"}},{"$f":"'[51]CRO2_Pro-Mes'!VYW3","v":0},{"$f":"'[51]CRO2_Pro-Mes'!#REF!","v":{"$error":"#REF!"}},{"$f":"'[51]CRO2_Pro-Mes'!VYY3","v":0},{"$f":"'[51]CRO2_Pro-Mes'!#REF!","v":{"$error":"#REF!"}},{"$f":"'[51]CRO2_Pro-Mes'!VZA3","v":0},{"$f":"'[51]CRO2_Pro-Mes'!#REF!","v":{"$error":"#REF!"}},{"$f":"'[51]CRO2_Pro-Mes'!VZC3","v":0},{"$f":"'[51]CRO2_Pro-Mes'!#REF!","v":{"$error":"#REF!"}},{"$f":"'[51]CRO2_Pro-Mes'!VZE3","v":0},{"$f":"'[51]CRO2_Pro-Mes'!#REF!","v":{"$error":"#REF!"}},{"$f":"'[51]CRO2_Pro-Mes'!VZG3","v":0},{"$f":"'[51]CRO2_Pro-Mes'!#REF!","v":{"$error":"#REF!"}},{"$f":"'[51]CRO2_Pro-Mes'!VZI3","v":0},{"$f":"'[51]CRO2_Pro-Mes'!#REF!","v":{"$error":"#REF!"}},{"$f":"'[51]CRO2_Pro-Mes'!VZK3","v":0},{"$f":"'[51]CRO2_Pro-Mes'!#REF!","v":{"$error":"#REF!"}},{"$f":"'[51]CRO2_Pro-Mes'!VZM3","v":0},{"$f":"'[51]CRO2_Pro-Mes'!#REF!","v":{"$error":"#REF!"}},{"$f":"'[51]CRO2_Pro-Mes'!VZO3","v":0},{"$f":"'[51]CRO2_Pro-Mes'!#REF!","v":{"$error":"#REF!"}},{"$f":"'[51]CRO2_Pro-Mes'!VZQ3","v":0},{"$f":"'[51]CRO2_Pro-Mes'!#REF!","v":{"$error":"#REF!"}},{"$f":"'[51]CRO2_Pro-Mes'!VZS3","v":0},{"$f":"'[51]CRO2_Pro-Mes'!#REF!","v":{"$error":"#REF!"}},{"$f":"'[51]CRO2_Pro-Mes'!VZU3","v":0},{"$f":"'[51]CRO2_Pro-Mes'!#REF!","v":{"$error":"#REF!"}},{"$f":"'[51]CRO2_Pro-Mes'!VZW3","v":0},{"$f":"'[51]CRO2_Pro-Mes'!#REF!","v":{"$error":"#REF!"}},{"$f":"'[51]CRO2_Pro-Mes'!VZY3","v":0},{"$f":"'[51]CRO2_Pro-Mes'!#REF!","v":{"$error":"#REF!"}},{"$f":"'[51]CRO2_Pro-Mes'!WAA3","v":0},{"$f":"'[51]CRO2_Pro-Mes'!#REF!","v":{"$error":"#REF!"}},{"$f":"'[51]CRO2_Pro-Mes'!WAC3","v":0},{"$f":"'[51]CRO2_Pro-Mes'!#REF!","v":{"$error":"#REF!"}},{"$f":"'[51]CRO2_Pro-Mes'!WAE3","v":0},{"$f":"'[51]CRO2_Pro-Mes'!#REF!","v":{"$error":"#REF!"}},{"$f":"'[51]CRO2_Pro-Mes'!WAG3","v":0},{"$f":"'[51]CRO2_Pro-Mes'!#REF!","v":{"$error":"#REF!"}},{"$f":"'[51]CRO2_Pro-Mes'!WAI3","v":0},{"$f":"'[51]CRO2_Pro-Mes'!#REF!","v":{"$error":"#REF!"}},{"$f":"'[51]CRO2_Pro-Mes'!WAK3","v":0},{"$f":"'[51]CRO2_Pro-Mes'!#REF!","v":{"$error":"#REF!"}},{"$f":"'[51]CRO2_Pro-Mes'!WAM3","v":0},{"$f":"'[51]CRO2_Pro-Mes'!#REF!","v":{"$error":"#REF!"}},{"$f":"'[51]CRO2_Pro-Mes'!WAO3","v":0},{"$f":"'[51]CRO2_Pro-Mes'!#REF!","v":{"$error":"#REF!"}},{"$f":"'[51]CRO2_Pro-Mes'!WAQ3","v":0},{"$f":"'[51]CRO2_Pro-Mes'!#REF!","v":{"$error":"#REF!"}},{"$f":"'[51]CRO2_Pro-Mes'!WAS3","v":0},{"$f":"'[51]CRO2_Pro-Mes'!#REF!","v":{"$error":"#REF!"}},{"$f":"'[51]CRO2_Pro-Mes'!WAU3","v":0},{"$f":"'[51]CRO2_Pro-Mes'!#REF!","v":{"$error":"#REF!"}},{"$f":"'[51]CRO2_Pro-Mes'!WAW3","v":0},{"$f":"'[51]CRO2_Pro-Mes'!#REF!","v":{"$error":"#REF!"}},{"$f":"'[51]CRO2_Pro-Mes'!WAY3","v":0},{"$f":"'[51]CRO2_Pro-Mes'!#REF!","v":{"$error":"#REF!"}},{"$f":"'[51]CRO2_Pro-Mes'!WBA3","v":0},{"$f":"'[51]CRO2_Pro-Mes'!#REF!","v":{"$error":"#REF!"}},{"$f":"'[51]CRO2_Pro-Mes'!WBC3","v":0},{"$f":"'[51]CRO2_Pro-Mes'!#REF!","v":{"$error":"#REF!"}},{"$f":"'[51]CRO2_Pro-Mes'!WBE3","v":0},{"$f":"'[51]CRO2_Pro-Mes'!#REF!","v":{"$error":"#REF!"}},{"$f":"'[51]CRO2_Pro-Mes'!WBG3","v":0},{"$f":"'[51]CRO2_Pro-Mes'!#REF!","v":{"$error":"#REF!"}},{"$f":"'[51]CRO2_Pro-Mes'!WBI3","v":0},{"$f":"'[51]CRO2_Pro-Mes'!#REF!","v":{"$error":"#REF!"}},{"$f":"'[51]CRO2_Pro-Mes'!WBK3","v":0},{"$f":"'[51]CRO2_Pro-Mes'!#REF!","v":{"$error":"#REF!"}},{"$f":"'[51]CRO2_Pro-Mes'!WBM3","v":0},{"$f":"'[51]CRO2_Pro-Mes'!#REF!","v":{"$error":"#REF!"}},{"$f":"'[51]CRO2_Pro-Mes'!WBO3","v":0},{"$f":"'[51]CRO2_Pro-Mes'!#REF!","v":{"$error":"#REF!"}},{"$f":"'[51]CRO2_Pro-Mes'!WBQ3","v":0},{"$f":"'[51]CRO2_Pro-Mes'!#REF!","v":{"$error":"#REF!"}},{"$f":"'[51]CRO2_Pro-Mes'!WBS3","v":0},{"$f":"'[51]CRO2_Pro-Mes'!#REF!","v":{"$error":"#REF!"}},{"$f":"'[51]CRO2_Pro-Mes'!WBU3","v":0},{"$f":"'[51]CRO2_Pro-Mes'!#REF!","v":{"$error":"#REF!"}},{"$f":"'[51]CRO2_Pro-Mes'!WBW3","v":0},{"$f":"'[51]CRO2_Pro-Mes'!#REF!","v":{"$error":"#REF!"}},{"$f":"'[51]CRO2_Pro-Mes'!WBY3","v":0},{"$f":"'[51]CRO2_Pro-Mes'!#REF!","v":{"$error":"#REF!"}},{"$f":"'[51]CRO2_Pro-Mes'!WCA3","v":0},{"$f":"'[51]CRO2_Pro-Mes'!#REF!","v":{"$error":"#REF!"}},{"$f":"'[51]CRO2_Pro-Mes'!WCC3","v":0},{"$f":"'[51]CRO2_Pro-Mes'!#REF!","v":{"$error":"#REF!"}},{"$f":"'[51]CRO2_Pro-Mes'!WCE3","v":0},{"$f":"'[51]CRO2_Pro-Mes'!#REF!","v":{"$error":"#REF!"}},{"$f":"'[51]CRO2_Pro-Mes'!WCG3","v":0},{"$f":"'[51]CRO2_Pro-Mes'!#REF!","v":{"$error":"#REF!"}},{"$f":"'[51]CRO2_Pro-Mes'!WCI3","v":0},{"$f":"'[51]CRO2_Pro-Mes'!#REF!","v":{"$error":"#REF!"}},{"$f":"'[51]CRO2_Pro-Mes'!WCK3","v":0},{"$f":"'[51]CRO2_Pro-Mes'!#REF!","v":{"$error":"#REF!"}},{"$f":"'[51]CRO2_Pro-Mes'!WCM3","v":0},{"$f":"'[51]CRO2_Pro-Mes'!#REF!","v":{"$error":"#REF!"}},{"$f":"'[51]CRO2_Pro-Mes'!WCO3","v":0},{"$f":"'[51]CRO2_Pro-Mes'!#REF!","v":{"$error":"#REF!"}},{"$f":"'[51]CRO2_Pro-Mes'!WCQ3","v":0},{"$f":"'[51]CRO2_Pro-Mes'!#REF!","v":{"$error":"#REF!"}},{"$f":"'[51]CRO2_Pro-Mes'!WCS3","v":0},{"$f":"'[51]CRO2_Pro-Mes'!#REF!","v":{"$error":"#REF!"}},{"$f":"'[51]CRO2_Pro-Mes'!WCU3","v":0},{"$f":"'[51]CRO2_Pro-Mes'!#REF!","v":{"$error":"#REF!"}},{"$f":"'[51]CRO2_Pro-Mes'!WCW3","v":0},{"$f":"'[51]CRO2_Pro-Mes'!#REF!","v":{"$error":"#REF!"}},{"$f":"'[51]CRO2_Pro-Mes'!WCY3","v":0},{"$f":"'[51]CRO2_Pro-Mes'!#REF!","v":{"$error":"#REF!"}},{"$f":"'[51]CRO2_Pro-Mes'!WDA3","v":0},{"$f":"'[51]CRO2_Pro-Mes'!#REF!","v":{"$error":"#REF!"}},{"$f":"'[51]CRO2_Pro-Mes'!WDC3","v":0},{"$f":"'[51]CRO2_Pro-Mes'!#REF!","v":{"$error":"#REF!"}},{"$f":"'[51]CRO2_Pro-Mes'!WDE3","v":0},{"$f":"'[51]CRO2_Pro-Mes'!#REF!","v":{"$error":"#REF!"}},{"$f":"'[51]CRO2_Pro-Mes'!WDG3","v":0},{"$f":"'[51]CRO2_Pro-Mes'!#REF!","v":{"$error":"#REF!"}},{"$f":"'[51]CRO2_Pro-Mes'!WDI3","v":0},{"$f":"'[51]CRO2_Pro-Mes'!#REF!","v":{"$error":"#REF!"}},{"$f":"'[51]CRO2_Pro-Mes'!WDK3","v":0},{"$f":"'[51]CRO2_Pro-Mes'!#REF!","v":{"$error":"#REF!"}},{"$f":"'[51]CRO2_Pro-Mes'!WDM3","v":0},{"$f":"'[51]CRO2_Pro-Mes'!#REF!","v":{"$error":"#REF!"}},{"$f":"'[51]CRO2_Pro-Mes'!WDO3","v":0},{"$f":"'[51]CRO2_Pro-Mes'!#REF!","v":{"$error":"#REF!"}},{"$f":"'[51]CRO2_Pro-Mes'!WDQ3","v":0},{"$f":"'[51]CRO2_Pro-Mes'!#REF!","v":{"$error":"#REF!"}},{"$f":"'[51]CRO2_Pro-Mes'!WDS3","v":0},{"$f":"'[51]CRO2_Pro-Mes'!#REF!","v":{"$error":"#REF!"}},{"$f":"'[51]CRO2_Pro-Mes'!WDU3","v":0},{"$f":"'[51]CRO2_Pro-Mes'!#REF!","v":{"$error":"#REF!"}},{"$f":"'[51]CRO2_Pro-Mes'!WDW3","v":0},{"$f":"'[51]CRO2_Pro-Mes'!#REF!","v":{"$error":"#REF!"}},{"$f":"'[51]CRO2_Pro-Mes'!WDY3","v":0},{"$f":"'[51]CRO2_Pro-Mes'!#REF!","v":{"$error":"#REF!"}},{"$f":"'[51]CRO2_Pro-Mes'!WEA3","v":0},{"$f":"'[51]CRO2_Pro-Mes'!#REF!","v":{"$error":"#REF!"}},{"$f":"'[51]CRO2_Pro-Mes'!WEC3","v":0},{"$f":"'[51]CRO2_Pro-Mes'!#REF!","v":{"$error":"#REF!"}},{"$f":"'[51]CRO2_Pro-Mes'!WEE3","v":0},{"$f":"'[51]CRO2_Pro-Mes'!#REF!","v":{"$error":"#REF!"}},{"$f":"'[51]CRO2_Pro-Mes'!WEG3","v":0},{"$f":"'[51]CRO2_Pro-Mes'!#REF!","v":{"$error":"#REF!"}},{"$f":"'[51]CRO2_Pro-Mes'!WEI3","v":0},{"$f":"'[51]CRO2_Pro-Mes'!#REF!","v":{"$error":"#REF!"}},{"$f":"'[51]CRO2_Pro-Mes'!WEK3","v":0},{"$f":"'[51]CRO2_Pro-Mes'!#REF!","v":{"$error":"#REF!"}},{"$f":"'[51]CRO2_Pro-Mes'!WEM3","v":0},{"$f":"'[51]CRO2_Pro-Mes'!#REF!","v":{"$error":"#REF!"}},{"$f":"'[51]CRO2_Pro-Mes'!WEO3","v":0},{"$f":"'[51]CRO2_Pro-Mes'!#REF!","v":{"$error":"#REF!"}},{"$f":"'[51]CRO2_Pro-Mes'!WEQ3","v":0},{"$f":"'[51]CRO2_Pro-Mes'!#REF!","v":{"$error":"#REF!"}},{"$f":"'[51]CRO2_Pro-Mes'!WES3","v":0},{"$f":"'[51]CRO2_Pro-Mes'!#REF!","v":{"$error":"#REF!"}},{"$f":"'[51]CRO2_Pro-Mes'!WEU3","v":0},{"$f":"'[51]CRO2_Pro-Mes'!#REF!","v":{"$error":"#REF!"}},{"$f":"'[51]CRO2_Pro-Mes'!WEW3","v":0},{"$f":"'[51]CRO2_Pro-Mes'!#REF!","v":{"$error":"#REF!"}},{"$f":"'[51]CRO2_Pro-Mes'!WEY3","v":0},{"$f":"'[51]CRO2_Pro-Mes'!#REF!","v":{"$error":"#REF!"}},{"$f":"'[51]CRO2_Pro-Mes'!WFA3","v":0},{"$f":"'[51]CRO2_Pro-Mes'!#REF!","v":{"$error":"#REF!"}},{"$f":"'[51]CRO2_Pro-Mes'!WFC3","v":0},{"$f":"'[51]CRO2_Pro-Mes'!#REF!","v":{"$error":"#REF!"}},{"$f":"'[51]CRO2_Pro-Mes'!WFE3","v":0},{"$f":"'[51]CRO2_Pro-Mes'!#REF!","v":{"$error":"#REF!"}},{"$f":"'[51]CRO2_Pro-Mes'!WFG3","v":0},{"$f":"'[51]CRO2_Pro-Mes'!#REF!","v":{"$error":"#REF!"}},{"$f":"'[51]CRO2_Pro-Mes'!WFI3","v":0},{"$f":"'[51]CRO2_Pro-Mes'!#REF!","v":{"$error":"#REF!"}},{"$f":"'[51]CRO2_Pro-Mes'!WFK3","v":0},{"$f":"'[51]CRO2_Pro-Mes'!#REF!","v":{"$error":"#REF!"}},{"$f":"'[51]CRO2_Pro-Mes'!WFM3","v":0},{"$f":"'[51]CRO2_Pro-Mes'!#REF!","v":{"$error":"#REF!"}},{"$f":"'[51]CRO2_Pro-Mes'!WFO3","v":0},{"$f":"'[51]CRO2_Pro-Mes'!#REF!","v":{"$error":"#REF!"}},{"$f":"'[51]CRO2_Pro-Mes'!WFQ3","v":0},{"$f":"'[51]CRO2_Pro-Mes'!#REF!","v":{"$error":"#REF!"}},{"$f":"'[51]CRO2_Pro-Mes'!WFS3","v":0},{"$f":"'[51]CRO2_Pro-Mes'!#REF!","v":{"$error":"#REF!"}},{"$f":"'[51]CRO2_Pro-Mes'!WFU3","v":0},{"$f":"'[51]CRO2_Pro-Mes'!#REF!","v":{"$error":"#REF!"}},{"$f":"'[51]CRO2_Pro-Mes'!WFW3","v":0},{"$f":"'[51]CRO2_Pro-Mes'!#REF!","v":{"$error":"#REF!"}},{"$f":"'[51]CRO2_Pro-Mes'!WFY3","v":0},{"$f":"'[51]CRO2_Pro-Mes'!#REF!","v":{"$error":"#REF!"}},{"$f":"'[51]CRO2_Pro-Mes'!WGA3","v":0},{"$f":"'[51]CRO2_Pro-Mes'!#REF!","v":{"$error":"#REF!"}},{"$f":"'[51]CRO2_Pro-Mes'!WGC3","v":0},{"$f":"'[51]CRO2_Pro-Mes'!#REF!","v":{"$error":"#REF!"}},{"$f":"'[51]CRO2_Pro-Mes'!WGE3","v":0},{"$f":"'[51]CRO2_Pro-Mes'!#REF!","v":{"$error":"#REF!"}},{"$f":"'[51]CRO2_Pro-Mes'!WGG3","v":0},{"$f":"'[51]CRO2_Pro-Mes'!#REF!","v":{"$error":"#REF!"}},{"$f":"'[51]CRO2_Pro-Mes'!WGI3","v":0},{"$f":"'[51]CRO2_Pro-Mes'!#REF!","v":{"$error":"#REF!"}},{"$f":"'[51]CRO2_Pro-Mes'!WGK3","v":0},{"$f":"'[51]CRO2_Pro-Mes'!#REF!","v":{"$error":"#REF!"}},{"$f":"'[51]CRO2_Pro-Mes'!WGM3","v":0},{"$f":"'[51]CRO2_Pro-Mes'!#REF!","v":{"$error":"#REF!"}},{"$f":"'[51]CRO2_Pro-Mes'!WGO3","v":0},{"$f":"'[51]CRO2_Pro-Mes'!#REF!","v":{"$error":"#REF!"}},{"$f":"'[51]CRO2_Pro-Mes'!WGQ3","v":0},{"$f":"'[51]CRO2_Pro-Mes'!#REF!","v":{"$error":"#REF!"}},{"$f":"'[51]CRO2_Pro-Mes'!WGS3","v":0},{"$f":"'[51]CRO2_Pro-Mes'!#REF!","v":{"$error":"#REF!"}},{"$f":"'[51]CRO2_Pro-Mes'!WGU3","v":0},{"$f":"'[51]CRO2_Pro-Mes'!#REF!","v":{"$error":"#REF!"}},{"$f":"'[51]CRO2_Pro-Mes'!WGW3","v":0},{"$f":"'[51]CRO2_Pro-Mes'!#REF!","v":{"$error":"#REF!"}},{"$f":"'[51]CRO2_Pro-Mes'!WGY3","v":0},{"$f":"'[51]CRO2_Pro-Mes'!#REF!","v":{"$error":"#REF!"}},{"$f":"'[51]CRO2_Pro-Mes'!WHA3","v":0},{"$f":"'[51]CRO2_Pro-Mes'!#REF!","v":{"$error":"#REF!"}},{"$f":"'[51]CRO2_Pro-Mes'!WHC3","v":0},{"$f":"'[51]CRO2_Pro-Mes'!#REF!","v":{"$error":"#REF!"}},{"$f":"'[51]CRO2_Pro-Mes'!WHE3","v":0},{"$f":"'[51]CRO2_Pro-Mes'!#REF!","v":{"$error":"#REF!"}},{"$f":"'[51]CRO2_Pro-Mes'!WHG3","v":0},{"$f":"'[51]CRO2_Pro-Mes'!#REF!","v":{"$error":"#REF!"}},{"$f":"'[51]CRO2_Pro-Mes'!WHI3","v":0},{"$f":"'[51]CRO2_Pro-Mes'!#REF!","v":{"$error":"#REF!"}},{"$f":"'[51]CRO2_Pro-Mes'!WHK3","v":0},{"$f":"'[51]CRO2_Pro-Mes'!#REF!","v":{"$error":"#REF!"}},{"$f":"'[51]CRO2_Pro-Mes'!WHM3","v":0},{"$f":"'[51]CRO2_Pro-Mes'!#REF!","v":{"$error":"#REF!"}},{"$f":"'[51]CRO2_Pro-Mes'!WHO3","v":0},{"$f":"'[51]CRO2_Pro-Mes'!#REF!","v":{"$error":"#REF!"}},{"$f":"'[51]CRO2_Pro-Mes'!WHQ3","v":0},{"$f":"'[51]CRO2_Pro-Mes'!#REF!","v":{"$error":"#REF!"}},{"$f":"'[51]CRO2_Pro-Mes'!WHS3","v":0},{"$f":"'[51]CRO2_Pro-Mes'!#REF!","v":{"$error":"#REF!"}},{"$f":"'[51]CRO2_Pro-Mes'!WHU3","v":0},{"$f":"'[51]CRO2_Pro-Mes'!#REF!","v":{"$error":"#REF!"}},{"$f":"'[51]CRO2_Pro-Mes'!WHW3","v":0},{"$f":"'[51]CRO2_Pro-Mes'!#REF!","v":{"$error":"#REF!"}},{"$f":"'[51]CRO2_Pro-Mes'!WHY3","v":0},{"$f":"'[51]CRO2_Pro-Mes'!#REF!","v":{"$error":"#REF!"}},{"$f":"'[51]CRO2_Pro-Mes'!WIA3","v":0},{"$f":"'[51]CRO2_Pro-Mes'!#REF!","v":{"$error":"#REF!"}},{"$f":"'[51]CRO2_Pro-Mes'!WIC3","v":0},{"$f":"'[51]CRO2_Pro-Mes'!#REF!","v":{"$error":"#REF!"}},{"$f":"'[51]CRO2_Pro-Mes'!WIE3","v":0},{"$f":"'[51]CRO2_Pro-Mes'!#REF!","v":{"$error":"#REF!"}},{"$f":"'[51]CRO2_Pro-Mes'!WIG3","v":0},{"$f":"'[51]CRO2_Pro-Mes'!#REF!","v":{"$error":"#REF!"}},{"$f":"'[51]CRO2_Pro-Mes'!WII3","v":0},{"$f":"'[51]CRO2_Pro-Mes'!#REF!","v":{"$error":"#REF!"}},{"$f":"'[51]CRO2_Pro-Mes'!WIK3","v":0},{"$f":"'[51]CRO2_Pro-Mes'!#REF!","v":{"$error":"#REF!"}},{"$f":"'[51]CRO2_Pro-Mes'!WIM3","v":0},{"$f":"'[51]CRO2_Pro-Mes'!#REF!","v":{"$error":"#REF!"}},{"$f":"'[51]CRO2_Pro-Mes'!WIO3","v":0},{"$f":"'[51]CRO2_Pro-Mes'!#REF!","v":{"$error":"#REF!"}},{"$f":"'[51]CRO2_Pro-Mes'!WIQ3","v":0},{"$f":"'[51]CRO2_Pro-Mes'!#REF!","v":{"$error":"#REF!"}},{"$f":"'[51]CRO2_Pro-Mes'!WIS3","v":0},{"$f":"'[51]CRO2_Pro-Mes'!#REF!","v":{"$error":"#REF!"}},{"$f":"'[51]CRO2_Pro-Mes'!WIU3","v":0},{"$f":"'[51]CRO2_Pro-Mes'!#REF!","v":{"$error":"#REF!"}},{"$f":"'[51]CRO2_Pro-Mes'!WIW3","v":0},{"$f":"'[51]CRO2_Pro-Mes'!#REF!","v":{"$error":"#REF!"}},{"$f":"'[51]CRO2_Pro-Mes'!WIY3","v":0},{"$f":"'[51]CRO2_Pro-Mes'!#REF!","v":{"$error":"#REF!"}},{"$f":"'[51]CRO2_Pro-Mes'!WJA3","v":0},{"$f":"'[51]CRO2_Pro-Mes'!#REF!","v":{"$error":"#REF!"}},{"$f":"'[51]CRO2_Pro-Mes'!WJC3","v":0},{"$f":"'[51]CRO2_Pro-Mes'!#REF!","v":{"$error":"#REF!"}},{"$f":"'[51]CRO2_Pro-Mes'!WJE3","v":0},{"$f":"'[51]CRO2_Pro-Mes'!#REF!","v":{"$error":"#REF!"}},{"$f":"'[51]CRO2_Pro-Mes'!WJG3","v":0},{"$f":"'[51]CRO2_Pro-Mes'!#REF!","v":{"$error":"#REF!"}},{"$f":"'[51]CRO2_Pro-Mes'!WJI3","v":0},{"$f":"'[51]CRO2_Pro-Mes'!#REF!","v":{"$error":"#REF!"}},{"$f":"'[51]CRO2_Pro-Mes'!WJK3","v":0},{"$f":"'[51]CRO2_Pro-Mes'!#REF!","v":{"$error":"#REF!"}},{"$f":"'[51]CRO2_Pro-Mes'!WJM3","v":0},{"$f":"'[51]CRO2_Pro-Mes'!#REF!","v":{"$error":"#REF!"}},{"$f":"'[51]CRO2_Pro-Mes'!WJO3","v":0},{"$f":"'[51]CRO2_Pro-Mes'!#REF!","v":{"$error":"#REF!"}},{"$f":"'[51]CRO2_Pro-Mes'!WJQ3","v":0},{"$f":"'[51]CRO2_Pro-Mes'!#REF!","v":{"$error":"#REF!"}},{"$f":"'[51]CRO2_Pro-Mes'!WJS3","v":0},{"$f":"'[51]CRO2_Pro-Mes'!#REF!","v":{"$error":"#REF!"}},{"$f":"'[51]CRO2_Pro-Mes'!WJU3","v":0},{"$f":"'[51]CRO2_Pro-Mes'!#REF!","v":{"$error":"#REF!"}},{"$f":"'[51]CRO2_Pro-Mes'!WJW3","v":0},{"$f":"'[51]CRO2_Pro-Mes'!#REF!","v":{"$error":"#REF!"}},{"$f":"'[51]CRO2_Pro-Mes'!WJY3","v":0},{"$f":"'[51]CRO2_Pro-Mes'!#REF!","v":{"$error":"#REF!"}},{"$f":"'[51]CRO2_Pro-Mes'!WKA3","v":0},{"$f":"'[51]CRO2_Pro-Mes'!#REF!","v":{"$error":"#REF!"}},{"$f":"'[51]CRO2_Pro-Mes'!WKC3","v":0},{"$f":"'[51]CRO2_Pro-Mes'!#REF!","v":{"$error":"#REF!"}},{"$f":"'[51]CRO2_Pro-Mes'!WKE3","v":0},{"$f":"'[51]CRO2_Pro-Mes'!#REF!","v":{"$error":"#REF!"}},{"$f":"'[51]CRO2_Pro-Mes'!WKG3","v":0},{"$f":"'[51]CRO2_Pro-Mes'!#REF!","v":{"$error":"#REF!"}},{"$f":"'[51]CRO2_Pro-Mes'!WKI3","v":0},{"$f":"'[51]CRO2_Pro-Mes'!#REF!","v":{"$error":"#REF!"}},{"$f":"'[51]CRO2_Pro-Mes'!WKK3","v":0},{"$f":"'[51]CRO2_Pro-Mes'!#REF!","v":{"$error":"#REF!"}},{"$f":"'[51]CRO2_Pro-Mes'!WKM3","v":0},{"$f":"'[51]CRO2_Pro-Mes'!#REF!","v":{"$error":"#REF!"}},{"$f":"'[51]CRO2_Pro-Mes'!WKO3","v":0},{"$f":"'[51]CRO2_Pro-Mes'!#REF!","v":{"$error":"#REF!"}},{"$f":"'[51]CRO2_Pro-Mes'!WKQ3","v":0},{"$f":"'[51]CRO2_Pro-Mes'!#REF!","v":{"$error":"#REF!"}},{"$f":"'[51]CRO2_Pro-Mes'!WKS3","v":0},{"$f":"'[51]CRO2_Pro-Mes'!#REF!","v":{"$error":"#REF!"}},{"$f":"'[51]CRO2_Pro-Mes'!WKU3","v":0},{"$f":"'[51]CRO2_Pro-Mes'!#REF!","v":{"$error":"#REF!"}},{"$f":"'[51]CRO2_Pro-Mes'!WKW3","v":0},{"$f":"'[51]CRO2_Pro-Mes'!#REF!","v":{"$error":"#REF!"}},{"$f":"'[51]CRO2_Pro-Mes'!WKY3","v":0},{"$f":"'[51]CRO2_Pro-Mes'!#REF!","v":{"$error":"#REF!"}},{"$f":"'[51]CRO2_Pro-Mes'!WLA3","v":0},{"$f":"'[51]CRO2_Pro-Mes'!#REF!","v":{"$error":"#REF!"}},{"$f":"'[51]CRO2_Pro-Mes'!WLC3","v":0},{"$f":"'[51]CRO2_Pro-Mes'!#REF!","v":{"$error":"#REF!"}},{"$f":"'[51]CRO2_Pro-Mes'!WLE3","v":0},{"$f":"'[51]CRO2_Pro-Mes'!#REF!","v":{"$error":"#REF!"}},{"$f":"'[51]CRO2_Pro-Mes'!WLG3","v":0},{"$f":"'[51]CRO2_Pro-Mes'!#REF!","v":{"$error":"#REF!"}},{"$f":"'[51]CRO2_Pro-Mes'!WLI3","v":0},{"$f":"'[51]CRO2_Pro-Mes'!#REF!","v":{"$error":"#REF!"}},{"$f":"'[51]CRO2_Pro-Mes'!WLK3","v":0},{"$f":"'[51]CRO2_Pro-Mes'!#REF!","v":{"$error":"#REF!"}},{"$f":"'[51]CRO2_Pro-Mes'!WLM3","v":0},{"$f":"'[51]CRO2_Pro-Mes'!#REF!","v":{"$error":"#REF!"}},{"$f":"'[51]CRO2_Pro-Mes'!WLO3","v":0},{"$f":"'[51]CRO2_Pro-Mes'!#REF!","v":{"$error":"#REF!"}},{"$f":"'[51]CRO2_Pro-Mes'!WLQ3","v":0},{"$f":"'[51]CRO2_Pro-Mes'!#REF!","v":{"$error":"#REF!"}},{"$f":"'[51]CRO2_Pro-Mes'!WLS3","v":0},{"$f":"'[51]CRO2_Pro-Mes'!#REF!","v":{"$error":"#REF!"}},{"$f":"'[51]CRO2_Pro-Mes'!WLU3","v":0},{"$f":"'[51]CRO2_Pro-Mes'!#REF!","v":{"$error":"#REF!"}},{"$f":"'[51]CRO2_Pro-Mes'!WLW3","v":0},{"$f":"'[51]CRO2_Pro-Mes'!#REF!","v":{"$error":"#REF!"}},{"$f":"'[51]CRO2_Pro-Mes'!WLY3","v":0},{"$f":"'[51]CRO2_Pro-Mes'!#REF!","v":{"$error":"#REF!"}},{"$f":"'[51]CRO2_Pro-Mes'!WMA3","v":0},{"$f":"'[51]CRO2_Pro-Mes'!#REF!","v":{"$error":"#REF!"}},{"$f":"'[51]CRO2_Pro-Mes'!WMC3","v":0},{"$f":"'[51]CRO2_Pro-Mes'!#REF!","v":{"$error":"#REF!"}},{"$f":"'[51]CRO2_Pro-Mes'!WME3","v":0},{"$f":"'[51]CRO2_Pro-Mes'!#REF!","v":{"$error":"#REF!"}},{"$f":"'[51]CRO2_Pro-Mes'!WMG3","v":0},{"$f":"'[51]CRO2_Pro-Mes'!#REF!","v":{"$error":"#REF!"}},{"$f":"'[51]CRO2_Pro-Mes'!WMI3","v":0},{"$f":"'[51]CRO2_Pro-Mes'!#REF!","v":{"$error":"#REF!"}},{"$f":"'[51]CRO2_Pro-Mes'!WMK3","v":0},{"$f":"'[51]CRO2_Pro-Mes'!#REF!","v":{"$error":"#REF!"}},{"$f":"'[51]CRO2_Pro-Mes'!WMM3","v":0},{"$f":"'[51]CRO2_Pro-Mes'!#REF!","v":{"$error":"#REF!"}},{"$f":"'[51]CRO2_Pro-Mes'!WMO3","v":0},{"$f":"'[51]CRO2_Pro-Mes'!#REF!","v":{"$error":"#REF!"}},{"$f":"'[51]CRO2_Pro-Mes'!WMQ3","v":0},{"$f":"'[51]CRO2_Pro-Mes'!#REF!","v":{"$error":"#REF!"}},{"$f":"'[51]CRO2_Pro-Mes'!WMS3","v":0},{"$f":"'[51]CRO2_Pro-Mes'!#REF!","v":{"$error":"#REF!"}},{"$f":"'[51]CRO2_Pro-Mes'!WMU3","v":0},{"$f":"'[51]CRO2_Pro-Mes'!#REF!","v":{"$error":"#REF!"}},{"$f":"'[51]CRO2_Pro-Mes'!WMW3","v":0},{"$f":"'[51]CRO2_Pro-Mes'!#REF!","v":{"$error":"#REF!"}},{"$f":"'[51]CRO2_Pro-Mes'!WMY3","v":0},{"$f":"'[51]CRO2_Pro-Mes'!#REF!","v":{"$error":"#REF!"}},{"$f":"'[51]CRO2_Pro-Mes'!WNA3","v":0},{"$f":"'[51]CRO2_Pro-Mes'!#REF!","v":{"$error":"#REF!"}},{"$f":"'[51]CRO2_Pro-Mes'!WNC3","v":0},{"$f":"'[51]CRO2_Pro-Mes'!#REF!","v":{"$error":"#REF!"}},{"$f":"'[51]CRO2_Pro-Mes'!WNE3","v":0},{"$f":"'[51]CRO2_Pro-Mes'!#REF!","v":{"$error":"#REF!"}},{"$f":"'[51]CRO2_Pro-Mes'!WNG3","v":0},{"$f":"'[51]CRO2_Pro-Mes'!#REF!","v":{"$error":"#REF!"}},{"$f":"'[51]CRO2_Pro-Mes'!WNI3","v":0},{"$f":"'[51]CRO2_Pro-Mes'!#REF!","v":{"$error":"#REF!"}},{"$f":"'[51]CRO2_Pro-Mes'!WNK3","v":0},{"$f":"'[51]CRO2_Pro-Mes'!#REF!","v":{"$error":"#REF!"}},{"$f":"'[51]CRO2_Pro-Mes'!WNM3","v":0},{"$f":"'[51]CRO2_Pro-Mes'!#REF!","v":{"$error":"#REF!"}},{"$f":"'[51]CRO2_Pro-Mes'!WNO3","v":0},{"$f":"'[51]CRO2_Pro-Mes'!#REF!","v":{"$error":"#REF!"}},{"$f":"'[51]CRO2_Pro-Mes'!WNQ3","v":0},{"$f":"'[51]CRO2_Pro-Mes'!#REF!","v":{"$error":"#REF!"}},{"$f":"'[51]CRO2_Pro-Mes'!WNS3","v":0},{"$f":"'[51]CRO2_Pro-Mes'!#REF!","v":{"$error":"#REF!"}},{"$f":"'[51]CRO2_Pro-Mes'!WNU3","v":0},{"$f":"'[51]CRO2_Pro-Mes'!#REF!","v":{"$error":"#REF!"}},{"$f":"'[51]CRO2_Pro-Mes'!WNW3","v":0},{"$f":"'[51]CRO2_Pro-Mes'!#REF!","v":{"$error":"#REF!"}},{"$f":"'[51]CRO2_Pro-Mes'!WNY3","v":0},{"$f":"'[51]CRO2_Pro-Mes'!#REF!","v":{"$error":"#REF!"}},{"$f":"'[51]CRO2_Pro-Mes'!WOA3","v":0},{"$f":"'[51]CRO2_Pro-Mes'!#REF!","v":{"$error":"#REF!"}},{"$f":"'[51]CRO2_Pro-Mes'!WOC3","v":0},{"$f":"'[51]CRO2_Pro-Mes'!#REF!","v":{"$error":"#REF!"}},{"$f":"'[51]CRO2_Pro-Mes'!WOE3","v":0},{"$f":"'[51]CRO2_Pro-Mes'!#REF!","v":{"$error":"#REF!"}},{"$f":"'[51]CRO2_Pro-Mes'!WOG3","v":0},{"$f":"'[51]CRO2_Pro-Mes'!#REF!","v":{"$error":"#REF!"}},{"$f":"'[51]CRO2_Pro-Mes'!WOI3","v":0},{"$f":"'[51]CRO2_Pro-Mes'!#REF!","v":{"$error":"#REF!"}},{"$f":"'[51]CRO2_Pro-Mes'!WOK3","v":0},{"$f":"'[51]CRO2_Pro-Mes'!#REF!","v":{"$error":"#REF!"}},{"$f":"'[51]CRO2_Pro-Mes'!WOM3","v":0},{"$f":"'[51]CRO2_Pro-Mes'!#REF!","v":{"$error":"#REF!"}},{"$f":"'[51]CRO2_Pro-Mes'!WOO3","v":0},{"$f":"'[51]CRO2_Pro-Mes'!#REF!","v":{"$error":"#REF!"}},{"$f":"'[51]CRO2_Pro-Mes'!WOQ3","v":0},{"$f":"'[51]CRO2_Pro-Mes'!#REF!","v":{"$error":"#REF!"}},{"$f":"'[51]CRO2_Pro-Mes'!WOS3","v":0},{"$f":"'[51]CRO2_Pro-Mes'!#REF!","v":{"$error":"#REF!"}},{"$f":"'[51]CRO2_Pro-Mes'!WOU3","v":0},{"$f":"'[51]CRO2_Pro-Mes'!#REF!","v":{"$error":"#REF!"}},{"$f":"'[51]CRO2_Pro-Mes'!WOW3","v":0},{"$f":"'[51]CRO2_Pro-Mes'!#REF!","v":{"$error":"#REF!"}},{"$f":"'[51]CRO2_Pro-Mes'!WOY3","v":0},{"$f":"'[51]CRO2_Pro-Mes'!#REF!","v":{"$error":"#REF!"}},{"$f":"'[51]CRO2_Pro-Mes'!WPA3","v":0},{"$f":"'[51]CRO2_Pro-Mes'!#REF!","v":{"$error":"#REF!"}},{"$f":"'[51]CRO2_Pro-Mes'!WPC3","v":0},{"$f":"'[51]CRO2_Pro-Mes'!#REF!","v":{"$error":"#REF!"}},{"$f":"'[51]CRO2_Pro-Mes'!WPE3","v":0},{"$f":"'[51]CRO2_Pro-Mes'!#REF!","v":{"$error":"#REF!"}},{"$f":"'[51]CRO2_Pro-Mes'!WPG3","v":0},{"$f":"'[51]CRO2_Pro-Mes'!#REF!","v":{"$error":"#REF!"}},{"$f":"'[51]CRO2_Pro-Mes'!WPI3","v":0},{"$f":"'[51]CRO2_Pro-Mes'!#REF!","v":{"$error":"#REF!"}},{"$f":"'[51]CRO2_Pro-Mes'!WPK3","v":0},{"$f":"'[51]CRO2_Pro-Mes'!#REF!","v":{"$error":"#REF!"}},{"$f":"'[51]CRO2_Pro-Mes'!WPM3","v":0},{"$f":"'[51]CRO2_Pro-Mes'!#REF!","v":{"$error":"#REF!"}},{"$f":"'[51]CRO2_Pro-Mes'!WPO3","v":0},{"$f":"'[51]CRO2_Pro-Mes'!#REF!","v":{"$error":"#REF!"}},{"$f":"'[51]CRO2_Pro-Mes'!WPQ3","v":0},{"$f":"'[51]CRO2_Pro-Mes'!#REF!","v":{"$error":"#REF!"}},{"$f":"'[51]CRO2_Pro-Mes'!WPS3","v":0},{"$f":"'[51]CRO2_Pro-Mes'!#REF!","v":{"$error":"#REF!"}},{"$f":"'[51]CRO2_Pro-Mes'!WPU3","v":0},{"$f":"'[51]CRO2_Pro-Mes'!#REF!","v":{"$error":"#REF!"}},{"$f":"'[51]CRO2_Pro-Mes'!WPW3","v":0},{"$f":"'[51]CRO2_Pro-Mes'!#REF!","v":{"$error":"#REF!"}},{"$f":"'[51]CRO2_Pro-Mes'!WPY3","v":0},{"$f":"'[51]CRO2_Pro-Mes'!#REF!","v":{"$error":"#REF!"}},{"$f":"'[51]CRO2_Pro-Mes'!WQA3","v":0},{"$f":"'[51]CRO2_Pro-Mes'!#REF!","v":{"$error":"#REF!"}},{"$f":"'[51]CRO2_Pro-Mes'!WQC3","v":0},{"$f":"'[51]CRO2_Pro-Mes'!#REF!","v":{"$error":"#REF!"}},{"$f":"'[51]CRO2_Pro-Mes'!WQE3","v":0},{"$f":"'[51]CRO2_Pro-Mes'!#REF!","v":{"$error":"#REF!"}},{"$f":"'[51]CRO2_Pro-Mes'!WQG3","v":0},{"$f":"'[51]CRO2_Pro-Mes'!#REF!","v":{"$error":"#REF!"}},{"$f":"'[51]CRO2_Pro-Mes'!WQI3","v":0},{"$f":"'[51]CRO2_Pro-Mes'!#REF!","v":{"$error":"#REF!"}},{"$f":"'[51]CRO2_Pro-Mes'!WQK3","v":0},{"$f":"'[51]CRO2_Pro-Mes'!#REF!","v":{"$error":"#REF!"}},{"$f":"'[51]CRO2_Pro-Mes'!WQM3","v":0},{"$f":"'[51]CRO2_Pro-Mes'!#REF!","v":{"$error":"#REF!"}},{"$f":"'[51]CRO2_Pro-Mes'!WQO3","v":0},{"$f":"'[51]CRO2_Pro-Mes'!#REF!","v":{"$error":"#REF!"}},{"$f":"'[51]CRO2_Pro-Mes'!WQQ3","v":0},{"$f":"'[51]CRO2_Pro-Mes'!#REF!","v":{"$error":"#REF!"}},{"$f":"'[51]CRO2_Pro-Mes'!WQS3","v":0},{"$f":"'[51]CRO2_Pro-Mes'!#REF!","v":{"$error":"#REF!"}},{"$f":"'[51]CRO2_Pro-Mes'!WQU3","v":0},{"$f":"'[51]CRO2_Pro-Mes'!#REF!","v":{"$error":"#REF!"}},{"$f":"'[51]CRO2_Pro-Mes'!WQW3","v":0},{"$f":"'[51]CRO2_Pro-Mes'!#REF!","v":{"$error":"#REF!"}},{"$f":"'[51]CRO2_Pro-Mes'!WQY3","v":0},{"$f":"'[51]CRO2_Pro-Mes'!#REF!","v":{"$error":"#REF!"}},{"$f":"'[51]CRO2_Pro-Mes'!WRA3","v":0},{"$f":"'[51]CRO2_Pro-Mes'!#REF!","v":{"$error":"#REF!"}},{"$f":"'[51]CRO2_Pro-Mes'!WRC3","v":0},{"$f":"'[51]CRO2_Pro-Mes'!#REF!","v":{"$error":"#REF!"}},{"$f":"'[51]CRO2_Pro-Mes'!WRE3","v":0},{"$f":"'[51]CRO2_Pro-Mes'!#REF!","v":{"$error":"#REF!"}},{"$f":"'[51]CRO2_Pro-Mes'!WRG3","v":0},{"$f":"'[51]CRO2_Pro-Mes'!#REF!","v":{"$error":"#REF!"}},{"$f":"'[51]CRO2_Pro-Mes'!WRI3","v":0},{"$f":"'[51]CRO2_Pro-Mes'!#REF!","v":{"$error":"#REF!"}},{"$f":"'[51]CRO2_Pro-Mes'!WRK3","v":0},{"$f":"'[51]CRO2_Pro-Mes'!#REF!","v":{"$error":"#REF!"}},{"$f":"'[51]CRO2_Pro-Mes'!WRM3","v":0},{"$f":"'[51]CRO2_Pro-Mes'!#REF!","v":{"$error":"#REF!"}},{"$f":"'[51]CRO2_Pro-Mes'!WRO3","v":0},{"$f":"'[51]CRO2_Pro-Mes'!#REF!","v":{"$error":"#REF!"}},{"$f":"'[51]CRO2_Pro-Mes'!WRQ3","v":0},{"$f":"'[51]CRO2_Pro-Mes'!#REF!","v":{"$error":"#REF!"}},{"$f":"'[51]CRO2_Pro-Mes'!WRS3","v":0},{"$f":"'[51]CRO2_Pro-Mes'!#REF!","v":{"$error":"#REF!"}},{"$f":"'[51]CRO2_Pro-Mes'!WRU3","v":0},{"$f":"'[51]CRO2_Pro-Mes'!#REF!","v":{"$error":"#REF!"}},{"$f":"'[51]CRO2_Pro-Mes'!WRW3","v":0},{"$f":"'[51]CRO2_Pro-Mes'!#REF!","v":{"$error":"#REF!"}},{"$f":"'[51]CRO2_Pro-Mes'!WRY3","v":0},{"$f":"'[51]CRO2_Pro-Mes'!#REF!","v":{"$error":"#REF!"}},{"$f":"'[51]CRO2_Pro-Mes'!WSA3","v":0},{"$f":"'[51]CRO2_Pro-Mes'!#REF!","v":{"$error":"#REF!"}},{"$f":"'[51]CRO2_Pro-Mes'!WSC3","v":0},{"$f":"'[51]CRO2_Pro-Mes'!#REF!","v":{"$error":"#REF!"}},{"$f":"'[51]CRO2_Pro-Mes'!WSE3","v":0},{"$f":"'[51]CRO2_Pro-Mes'!#REF!","v":{"$error":"#REF!"}},{"$f":"'[51]CRO2_Pro-Mes'!WSG3","v":0},{"$f":"'[51]CRO2_Pro-Mes'!#REF!","v":{"$error":"#REF!"}},{"$f":"'[51]CRO2_Pro-Mes'!WSI3","v":0},{"$f":"'[51]CRO2_Pro-Mes'!#REF!","v":{"$error":"#REF!"}},{"$f":"'[51]CRO2_Pro-Mes'!WSK3","v":0},{"$f":"'[51]CRO2_Pro-Mes'!#REF!","v":{"$error":"#REF!"}},{"$f":"'[51]CRO2_Pro-Mes'!WSM3","v":0},{"$f":"'[51]CRO2_Pro-Mes'!#REF!","v":{"$error":"#REF!"}},{"$f":"'[51]CRO2_Pro-Mes'!WSO3","v":0},{"$f":"'[51]CRO2_Pro-Mes'!#REF!","v":{"$error":"#REF!"}},{"$f":"'[51]CRO2_Pro-Mes'!WSQ3","v":0},{"$f":"'[51]CRO2_Pro-Mes'!#REF!","v":{"$error":"#REF!"}},{"$f":"'[51]CRO2_Pro-Mes'!WSS3","v":0},{"$f":"'[51]CRO2_Pro-Mes'!#REF!","v":{"$error":"#REF!"}},{"$f":"'[51]CRO2_Pro-Mes'!WSU3","v":0},{"$f":"'[51]CRO2_Pro-Mes'!#REF!","v":{"$error":"#REF!"}},{"$f":"'[51]CRO2_Pro-Mes'!WSW3","v":0},{"$f":"'[51]CRO2_Pro-Mes'!#REF!","v":{"$error":"#REF!"}},{"$f":"'[51]CRO2_Pro-Mes'!WSY3","v":0},{"$f":"'[51]CRO2_Pro-Mes'!#REF!","v":{"$error":"#REF!"}},{"$f":"'[51]CRO2_Pro-Mes'!WTA3","v":0},{"$f":"'[51]CRO2_Pro-Mes'!#REF!","v":{"$error":"#REF!"}},{"$f":"'[51]CRO2_Pro-Mes'!WTC3","v":0},{"$f":"'[51]CRO2_Pro-Mes'!#REF!","v":{"$error":"#REF!"}},{"$f":"'[51]CRO2_Pro-Mes'!WTE3","v":0},{"$f":"'[51]CRO2_Pro-Mes'!#REF!","v":{"$error":"#REF!"}},{"$f":"'[51]CRO2_Pro-Mes'!WTG3","v":0},{"$f":"'[51]CRO2_Pro-Mes'!#REF!","v":{"$error":"#REF!"}},{"$f":"'[51]CRO2_Pro-Mes'!WTI3","v":0},{"$f":"'[51]CRO2_Pro-Mes'!#REF!","v":{"$error":"#REF!"}},{"$f":"'[51]CRO2_Pro-Mes'!WTK3","v":0},{"$f":"'[51]CRO2_Pro-Mes'!#REF!","v":{"$error":"#REF!"}},{"$f":"'[51]CRO2_Pro-Mes'!WTM3","v":0},{"$f":"'[51]CRO2_Pro-Mes'!#REF!","v":{"$error":"#REF!"}},{"$f":"'[51]CRO2_Pro-Mes'!WTO3","v":0},{"$f":"'[51]CRO2_Pro-Mes'!#REF!","v":{"$error":"#REF!"}},{"$f":"'[51]CRO2_Pro-Mes'!WTQ3","v":0},{"$f":"'[51]CRO2_Pro-Mes'!#REF!","v":{"$error":"#REF!"}},{"$f":"'[51]CRO2_Pro-Mes'!WTS3","v":0},{"$f":"'[51]CRO2_Pro-Mes'!#REF!","v":{"$error":"#REF!"}},{"$f":"'[51]CRO2_Pro-Mes'!WTU3","v":0},{"$f":"'[51]CRO2_Pro-Mes'!#REF!","v":{"$error":"#REF!"}},{"$f":"'[51]CRO2_Pro-Mes'!WTW3","v":0},{"$f":"'[51]CRO2_Pro-Mes'!#REF!","v":{"$error":"#REF!"}},{"$f":"'[51]CRO2_Pro-Mes'!WTY3","v":0},{"$f":"'[51]CRO2_Pro-Mes'!#REF!","v":{"$error":"#REF!"}},{"$f":"'[51]CRO2_Pro-Mes'!WUA3","v":0},{"$f":"'[51]CRO2_Pro-Mes'!#REF!","v":{"$error":"#REF!"}},{"$f":"'[51]CRO2_Pro-Mes'!WUC3","v":0},{"$f":"'[51]CRO2_Pro-Mes'!#REF!","v":{"$error":"#REF!"}},{"$f":"'[51]CRO2_Pro-Mes'!WUE3","v":0},{"$f":"'[51]CRO2_Pro-Mes'!#REF!","v":{"$error":"#REF!"}},{"$f":"'[51]CRO2_Pro-Mes'!WUG3","v":0},{"$f":"'[51]CRO2_Pro-Mes'!#REF!","v":{"$error":"#REF!"}},{"$f":"'[51]CRO2_Pro-Mes'!WUI3","v":0},{"$f":"'[51]CRO2_Pro-Mes'!#REF!","v":{"$error":"#REF!"}},{"$f":"'[51]CRO2_Pro-Mes'!WUK3","v":0},{"$f":"'[51]CRO2_Pro-Mes'!#REF!","v":{"$error":"#REF!"}},{"$f":"'[51]CRO2_Pro-Mes'!WUM3","v":0},{"$f":"'[51]CRO2_Pro-Mes'!#REF!","v":{"$error":"#REF!"}},{"$f":"'[51]CRO2_Pro-Mes'!WUO3","v":0},{"$f":"'[51]CRO2_Pro-Mes'!#REF!","v":{"$error":"#REF!"}},{"$f":"'[51]CRO2_Pro-Mes'!WUQ3","v":0},{"$f":"'[51]CRO2_Pro-Mes'!#REF!","v":{"$error":"#REF!"}},{"$f":"'[51]CRO2_Pro-Mes'!WUS3","v":0},{"$f":"'[51]CRO2_Pro-Mes'!#REF!","v":{"$error":"#REF!"}},{"$f":"'[51]CRO2_Pro-Mes'!WUU3","v":0},{"$f":"'[51]CRO2_Pro-Mes'!#REF!","v":{"$error":"#REF!"}},{"$f":"'[51]CRO2_Pro-Mes'!WUW3","v":0},{"$f":"'[51]CRO2_Pro-Mes'!#REF!","v":{"$error":"#REF!"}},{"$f":"'[51]CRO2_Pro-Mes'!WUY3","v":0},{"$f":"'[51]CRO2_Pro-Mes'!#REF!","v":{"$error":"#REF!"}},{"$f":"'[51]CRO2_Pro-Mes'!WVA3","v":0},{"$f":"'[51]CRO2_Pro-Mes'!#REF!","v":{"$error":"#REF!"}},{"$f":"'[51]CRO2_Pro-Mes'!WVC3","v":0},{"$f":"'[51]CRO2_Pro-Mes'!#REF!","v":{"$error":"#REF!"}},{"$f":"'[51]CRO2_Pro-Mes'!WVE3","v":0},{"$f":"'[51]CRO2_Pro-Mes'!#REF!","v":{"$error":"#REF!"}},{"$f":"'[51]CRO2_Pro-Mes'!WVG3","v":0},{"$f":"'[51]CRO2_Pro-Mes'!#REF!","v":{"$error":"#REF!"}},{"$f":"'[51]CRO2_Pro-Mes'!WVI3","v":0},{"$f":"'[51]CRO2_Pro-Mes'!#REF!","v":{"$error":"#REF!"}},{"$f":"'[51]CRO2_Pro-Mes'!WVK3","v":0},{"$f":"'[51]CRO2_Pro-Mes'!#REF!","v":{"$error":"#REF!"}},{"$f":"'[51]CRO2_Pro-Mes'!WVM3","v":0},{"$f":"'[51]CRO2_Pro-Mes'!#REF!","v":{"$error":"#REF!"}},{"$f":"'[51]CRO2_Pro-Mes'!WVO3","v":0},{"$f":"'[51]CRO2_Pro-Mes'!#REF!","v":{"$error":"#REF!"}},{"$f":"'[51]CRO2_Pro-Mes'!WVQ3","v":0},{"$f":"'[51]CRO2_Pro-Mes'!#REF!","v":{"$error":"#REF!"}},{"$f":"'[51]CRO2_Pro-Mes'!WVS3","v":0},{"$f":"'[51]CRO2_Pro-Mes'!#REF!","v":{"$error":"#REF!"}},{"$f":"'[51]CRO2_Pro-Mes'!WVU3","v":0},{"$f":"'[51]CRO2_Pro-Mes'!#REF!","v":{"$error":"#REF!"}},{"$f":"'[51]CRO2_Pro-Mes'!WVW3","v":0},{"$f":"'[51]CRO2_Pro-Mes'!#REF!","v":{"$error":"#REF!"}},{"$f":"'[51]CRO2_Pro-Mes'!WVY3","v":0},{"$f":"'[51]CRO2_Pro-Mes'!#REF!","v":{"$error":"#REF!"}},{"$f":"'[51]CRO2_Pro-Mes'!WWA3","v":0},{"$f":"'[51]CRO2_Pro-Mes'!#REF!","v":{"$error":"#REF!"}},{"$f":"'[51]CRO2_Pro-Mes'!WWC3","v":0},{"$f":"'[51]CRO2_Pro-Mes'!#REF!","v":{"$error":"#REF!"}},{"$f":"'[51]CRO2_Pro-Mes'!WWE3","v":0},{"$f":"'[51]CRO2_Pro-Mes'!#REF!","v":{"$error":"#REF!"}},{"$f":"'[51]CRO2_Pro-Mes'!WWG3","v":0},{"$f":"'[51]CRO2_Pro-Mes'!#REF!","v":{"$error":"#REF!"}},{"$f":"'[51]CRO2_Pro-Mes'!WWI3","v":0},{"$f":"'[51]CRO2_Pro-Mes'!#REF!","v":{"$error":"#REF!"}},{"$f":"'[51]CRO2_Pro-Mes'!WWK3","v":0},{"$f":"'[51]CRO2_Pro-Mes'!#REF!","v":{"$error":"#REF!"}},{"$f":"'[51]CRO2_Pro-Mes'!WWM3","v":0},{"$f":"'[51]CRO2_Pro-Mes'!#REF!","v":{"$error":"#REF!"}},{"$f":"'[51]CRO2_Pro-Mes'!WWO3","v":0},{"$f":"'[51]CRO2_Pro-Mes'!#REF!","v":{"$error":"#REF!"}},{"$f":"'[51]CRO2_Pro-Mes'!WWQ3","v":0},{"$f":"'[51]CRO2_Pro-Mes'!#REF!","v":{"$error":"#REF!"}},{"$f":"'[51]CRO2_Pro-Mes'!WWS3","v":0},{"$f":"'[51]CRO2_Pro-Mes'!#REF!","v":{"$error":"#REF!"}},{"$f":"'[51]CRO2_Pro-Mes'!WWU3","v":0},{"$f":"'[51]CRO2_Pro-Mes'!#REF!","v":{"$error":"#REF!"}},{"$f":"'[51]CRO2_Pro-Mes'!WWW3","v":0},{"$f":"'[51]CRO2_Pro-Mes'!#REF!","v":{"$error":"#REF!"}},{"$f":"'[51]CRO2_Pro-Mes'!WWY3","v":0},{"$f":"'[51]CRO2_Pro-Mes'!#REF!","v":{"$error":"#REF!"}},{"$f":"'[51]CRO2_Pro-Mes'!WXA3","v":0},{"$f":"'[51]CRO2_Pro-Mes'!#REF!","v":{"$error":"#REF!"}},{"$f":"'[51]CRO2_Pro-Mes'!WXC3","v":0},{"$f":"'[51]CRO2_Pro-Mes'!#REF!","v":{"$error":"#REF!"}},{"$f":"'[51]CRO2_Pro-Mes'!WXE3","v":0},{"$f":"'[51]CRO2_Pro-Mes'!#REF!","v":{"$error":"#REF!"}},{"$f":"'[51]CRO2_Pro-Mes'!WXG3","v":0},{"$f":"'[51]CRO2_Pro-Mes'!#REF!","v":{"$error":"#REF!"}},{"$f":"'[51]CRO2_Pro-Mes'!WXI3","v":0},{"$f":"'[51]CRO2_Pro-Mes'!#REF!","v":{"$error":"#REF!"}},{"$f":"'[51]CRO2_Pro-Mes'!WXK3","v":0},{"$f":"'[51]CRO2_Pro-Mes'!#REF!","v":{"$error":"#REF!"}},{"$f":"'[51]CRO2_Pro-Mes'!WXM3","v":0},{"$f":"'[51]CRO2_Pro-Mes'!#REF!","v":{"$error":"#REF!"}},{"$f":"'[51]CRO2_Pro-Mes'!WXO3","v":0},{"$f":"'[51]CRO2_Pro-Mes'!#REF!","v":{"$error":"#REF!"}},{"$f":"'[51]CRO2_Pro-Mes'!WXQ3","v":0},{"$f":"'[51]CRO2_Pro-Mes'!#REF!","v":{"$error":"#REF!"}},{"$f":"'[51]CRO2_Pro-Mes'!WXS3","v":0},{"$f":"'[51]CRO2_Pro-Mes'!#REF!","v":{"$error":"#REF!"}},{"$f":"'[51]CRO2_Pro-Mes'!WXU3","v":0},{"$f":"'[51]CRO2_Pro-Mes'!#REF!","v":{"$error":"#REF!"}},{"$f":"'[51]CRO2_Pro-Mes'!WXW3","v":0},{"$f":"'[51]CRO2_Pro-Mes'!#REF!","v":{"$error":"#REF!"}},{"$f":"'[51]CRO2_Pro-Mes'!WXY3","v":0},{"$f":"'[51]CRO2_Pro-Mes'!#REF!","v":{"$error":"#REF!"}},{"$f":"'[51]CRO2_Pro-Mes'!WYA3","v":0},{"$f":"'[51]CRO2_Pro-Mes'!#REF!","v":{"$error":"#REF!"}},{"$f":"'[51]CRO2_Pro-Mes'!WYC3","v":0},{"$f":"'[51]CRO2_Pro-Mes'!#REF!","v":{"$error":"#REF!"}},{"$f":"'[51]CRO2_Pro-Mes'!WYE3","v":0},{"$f":"'[51]CRO2_Pro-Mes'!#REF!","v":{"$error":"#REF!"}},{"$f":"'[51]CRO2_Pro-Mes'!WYG3","v":0},{"$f":"'[51]CRO2_Pro-Mes'!#REF!","v":{"$error":"#REF!"}},{"$f":"'[51]CRO2_Pro-Mes'!WYI3","v":0},{"$f":"'[51]CRO2_Pro-Mes'!#REF!","v":{"$error":"#REF!"}},{"$f":"'[51]CRO2_Pro-Mes'!WYK3","v":0},{"$f":"'[51]CRO2_Pro-Mes'!#REF!","v":{"$error":"#REF!"}},{"$f":"'[51]CRO2_Pro-Mes'!WYM3","v":0},{"$f":"'[51]CRO2_Pro-Mes'!#REF!","v":{"$error":"#REF!"}},{"$f":"'[51]CRO2_Pro-Mes'!WYO3","v":0},{"$f":"'[51]CRO2_Pro-Mes'!#REF!","v":{"$error":"#REF!"}},{"$f":"'[51]CRO2_Pro-Mes'!WYQ3","v":0},{"$f":"'[51]CRO2_Pro-Mes'!#REF!","v":{"$error":"#REF!"}},{"$f":"'[51]CRO2_Pro-Mes'!WYS3","v":0},{"$f":"'[51]CRO2_Pro-Mes'!#REF!","v":{"$error":"#REF!"}},{"$f":"'[51]CRO2_Pro-Mes'!WYU3","v":0},{"$f":"'[51]CRO2_Pro-Mes'!#REF!","v":{"$error":"#REF!"}},{"$f":"'[51]CRO2_Pro-Mes'!WYW3","v":0},{"$f":"'[51]CRO2_Pro-Mes'!#REF!","v":{"$error":"#REF!"}},{"$f":"'[51]CRO2_Pro-Mes'!WYY3","v":0},{"$f":"'[51]CRO2_Pro-Mes'!#REF!","v":{"$error":"#REF!"}},{"$f":"'[51]CRO2_Pro-Mes'!WZA3","v":0},{"$f":"'[51]CRO2_Pro-Mes'!#REF!","v":{"$error":"#REF!"}},{"$f":"'[51]CRO2_Pro-Mes'!WZC3","v":0},{"$f":"'[51]CRO2_Pro-Mes'!#REF!","v":{"$error":"#REF!"}},{"$f":"'[51]CRO2_Pro-Mes'!WZE3","v":0},{"$f":"'[51]CRO2_Pro-Mes'!#REF!","v":{"$error":"#REF!"}},{"$f":"'[51]CRO2_Pro-Mes'!WZG3","v":0},{"$f":"'[51]CRO2_Pro-Mes'!#REF!","v":{"$error":"#REF!"}},{"$f":"'[51]CRO2_Pro-Mes'!WZI3","v":0},{"$f":"'[51]CRO2_Pro-Mes'!#REF!","v":{"$error":"#REF!"}},{"$f":"'[51]CRO2_Pro-Mes'!WZK3","v":0},{"$f":"'[51]CRO2_Pro-Mes'!#REF!","v":{"$error":"#REF!"}},{"$f":"'[51]CRO2_Pro-Mes'!WZM3","v":0},{"$f":"'[51]CRO2_Pro-Mes'!#REF!","v":{"$error":"#REF!"}},{"$f":"'[51]CRO2_Pro-Mes'!WZO3","v":0},{"$f":"'[51]CRO2_Pro-Mes'!#REF!","v":{"$error":"#REF!"}},{"$f":"'[51]CRO2_Pro-Mes'!WZQ3","v":0},{"$f":"'[51]CRO2_Pro-Mes'!#REF!","v":{"$error":"#REF!"}},{"$f":"'[51]CRO2_Pro-Mes'!WZS3","v":0},{"$f":"'[51]CRO2_Pro-Mes'!#REF!","v":{"$error":"#REF!"}},{"$f":"'[51]CRO2_Pro-Mes'!WZU3","v":0},{"$f":"'[51]CRO2_Pro-Mes'!#REF!","v":{"$error":"#REF!"}},{"$f":"'[51]CRO2_Pro-Mes'!WZW3","v":0},{"$f":"'[51]CRO2_Pro-Mes'!#REF!","v":{"$error":"#REF!"}},{"$f":"'[51]CRO2_Pro-Mes'!WZY3","v":0},{"$f":"'[51]CRO2_Pro-Mes'!#REF!","v":{"$error":"#REF!"}},{"$f":"'[51]CRO2_Pro-Mes'!XAA3","v":0},{"$f":"'[51]CRO2_Pro-Mes'!#REF!","v":{"$error":"#REF!"}},{"$f":"'[51]CRO2_Pro-Mes'!XAC3","v":0},{"$f":"'[51]CRO2_Pro-Mes'!#REF!","v":{"$error":"#REF!"}},{"$f":"'[51]CRO2_Pro-Mes'!XAE3","v":0},{"$f":"'[51]CRO2_Pro-Mes'!#REF!","v":{"$error":"#REF!"}},{"$f":"'[51]CRO2_Pro-Mes'!XAG3","v":0},{"$f":"'[51]CRO2_Pro-Mes'!#REF!","v":{"$error":"#REF!"}},{"$f":"'[51]CRO2_Pro-Mes'!XAI3","v":0},{"$f":"'[51]CRO2_Pro-Mes'!#REF!","v":{"$error":"#REF!"}},{"$f":"'[51]CRO2_Pro-Mes'!XAK3","v":0},{"$f":"'[51]CRO2_Pro-Mes'!#REF!","v":{"$error":"#REF!"}},{"$f":"'[51]CRO2_Pro-Mes'!XAM3","v":0},{"$f":"'[51]CRO2_Pro-Mes'!#REF!","v":{"$error":"#REF!"}},{"$f":"'[51]CRO2_Pro-Mes'!XAO3","v":0},{"$f":"'[51]CRO2_Pro-Mes'!#REF!","v":{"$error":"#REF!"}},{"$f":"'[51]CRO2_Pro-Mes'!XAQ3","v":0},{"$f":"'[51]CRO2_Pro-Mes'!#REF!","v":{"$error":"#REF!"}},{"$f":"'[51]CRO2_Pro-Mes'!XAS3","v":0},{"$f":"'[51]CRO2_Pro-Mes'!#REF!","v":{"$error":"#REF!"}},{"$f":"'[51]CRO2_Pro-Mes'!XAU3","v":0},{"$f":"'[51]CRO2_Pro-Mes'!#REF!","v":{"$error":"#REF!"}},{"$f":"'[51]CRO2_Pro-Mes'!XAW3","v":0},{"$f":"'[51]CRO2_Pro-Mes'!#REF!","v":{"$error":"#REF!"}},{"$f":"'[51]CRO2_Pro-Mes'!XAY3","v":0},{"$f":"'[51]CRO2_Pro-Mes'!#REF!","v":{"$error":"#REF!"}},{"$f":"'[51]CRO2_Pro-Mes'!XBA3","v":0},{"$f":"'[51]CRO2_Pro-Mes'!#REF!","v":{"$error":"#REF!"}},{"$f":"'[51]CRO2_Pro-Mes'!XBC3","v":0},{"$f":"'[51]CRO2_Pro-Mes'!#REF!","v":{"$error":"#REF!"}},{"$f":"'[51]CRO2_Pro-Mes'!XBE3","v":0},{"$f":"'[51]CRO2_Pro-Mes'!#REF!","v":{"$error":"#REF!"}},{"$f":"'[51]CRO2_Pro-Mes'!XBG3","v":0},{"$f":"'[51]CRO2_Pro-Mes'!#REF!","v":{"$error":"#REF!"}},{"$f":"'[51]CRO2_Pro-Mes'!XBI3","v":0},{"$f":"'[51]CRO2_Pro-Mes'!#REF!","v":{"$error":"#REF!"}},{"$f":"'[51]CRO2_Pro-Mes'!XBK3","v":0},{"$f":"'[51]CRO2_Pro-Mes'!#REF!","v":{"$error":"#REF!"}},{"$f":"'[51]CRO2_Pro-Mes'!XBM3","v":0},{"$f":"'[51]CRO2_Pro-Mes'!#REF!","v":{"$error":"#REF!"}},{"$f":"'[51]CRO2_Pro-Mes'!XBO3","v":0},{"$f":"'[51]CRO2_Pro-Mes'!#REF!","v":{"$error":"#REF!"}},{"$f":"'[51]CRO2_Pro-Mes'!XBQ3","v":0},{"$f":"'[51]CRO2_Pro-Mes'!#REF!","v":{"$error":"#REF!"}},{"$f":"'[51]CRO2_Pro-Mes'!XBS3","v":0},{"$f":"'[51]CRO2_Pro-Mes'!#REF!","v":{"$error":"#REF!"}},{"$f":"'[51]CRO2_Pro-Mes'!XBU3","v":0},{"$f":"'[51]CRO2_Pro-Mes'!#REF!","v":{"$error":"#REF!"}},{"$f":"'[51]CRO2_Pro-Mes'!XBW3","v":0},{"$f":"'[51]CRO2_Pro-Mes'!#REF!","v":{"$error":"#REF!"}},{"$f":"'[51]CRO2_Pro-Mes'!XBY3","v":0},{"$f":"'[51]CRO2_Pro-Mes'!#REF!","v":{"$error":"#REF!"}},{"$f":"'[51]CRO2_Pro-Mes'!XCA3","v":0},{"$f":"'[51]CRO2_Pro-Mes'!#REF!","v":{"$error":"#REF!"}},{"$f":"'[51]CRO2_Pro-Mes'!XCC3","v":0},{"$f":"'[51]CRO2_Pro-Mes'!#REF!","v":{"$error":"#REF!"}},{"$f":"'[51]CRO2_Pro-Mes'!XCE3","v":0},{"$f":"'[51]CRO2_Pro-Mes'!#REF!","v":{"$error":"#REF!"}},{"$f":"'[51]CRO2_Pro-Mes'!XCG3","v":0},{"$f":"'[51]CRO2_Pro-Mes'!#REF!","v":{"$error":"#REF!"}},{"$f":"'[51]CRO2_Pro-Mes'!XCI3","v":0},{"$f":"'[51]CRO2_Pro-Mes'!#REF!","v":{"$error":"#REF!"}},{"$f":"'[51]CRO2_Pro-Mes'!XCK3","v":0},{"$f":"'[51]CRO2_Pro-Mes'!#REF!","v":{"$error":"#REF!"}},{"$f":"'[51]CRO2_Pro-Mes'!XCM3","v":0},{"$f":"'[51]CRO2_Pro-Mes'!#REF!","v":{"$error":"#REF!"}},{"$f":"'[51]CRO2_Pro-Mes'!XCO3","v":0},{"$f":"'[51]CRO2_Pro-Mes'!#REF!","v":{"$error":"#REF!"}},{"$f":"'[51]CRO2_Pro-Mes'!XCQ3","v":0},{"$f":"'[51]CRO2_Pro-Mes'!#REF!","v":{"$error":"#REF!"}},{"$f":"'[51]CRO2_Pro-Mes'!XCS3","v":0},{"$f":"'[51]CRO2_Pro-Mes'!#REF!","v":{"$error":"#REF!"}},{"$f":"'[51]CRO2_Pro-Mes'!XCU3","v":0},{"$f":"'[51]CRO2_Pro-Mes'!#REF!","v":{"$error":"#REF!"}},{"$f":"'[51]CRO2_Pro-Mes'!XCW3","v":0},{"$f":"'[51]CRO2_Pro-Mes'!#REF!","v":{"$error":"#REF!"}},{"$f":"'[51]CRO2_Pro-Mes'!XCY3","v":0},{"$f":"'[51]CRO2_Pro-Mes'!#REF!","v":{"$error":"#REF!"}},{"$f":"'[51]CRO2_Pro-Mes'!XDA3","v":0},{"$f":"'[51]CRO2_Pro-Mes'!#REF!","v":{"$error":"#REF!"}},{"$f":"'[51]CRO2_Pro-Mes'!XDC3","v":0},{"$f":"'[51]CRO2_Pro-Mes'!#REF!","v":{"$error":"#REF!"}},{"$f":"'[51]CRO2_Pro-Mes'!XDE3","v":0},{"$f":"'[51]CRO2_Pro-Mes'!#REF!","v":{"$error":"#REF!"}},{"$f":"'[51]CRO2_Pro-Mes'!XDG3","v":0},{"$f":"'[51]CRO2_Pro-Mes'!#REF!","v":{"$error":"#REF!"}},{"$f":"'[51]CRO2_Pro-Mes'!XDI3","v":0},{"$f":"'[51]CRO2_Pro-Mes'!#REF!","v":{"$error":"#REF!"}},{"$f":"'[51]CRO2_Pro-Mes'!XDK3","v":0},{"$f":"'[51]CRO2_Pro-Mes'!#REF!","v":{"$error":"#REF!"}},{"$f":"'[51]CRO2_Pro-Mes'!XDM3","v":0},{"$f":"'[51]CRO2_Pro-Mes'!#REF!","v":{"$error":"#REF!"}},{"$f":"'[51]CRO2_Pro-Mes'!XDO3","v":0},{"$f":"'[51]CRO2_Pro-Mes'!#REF!","v":{"$error":"#REF!"}},{"$f":"'[51]CRO2_Pro-Mes'!XDQ3","v":0},{"$f":"'[51]CRO2_Pro-Mes'!#REF!","v":{"$error":"#REF!"}},{"$f":"'[51]CRO2_Pro-Mes'!XDS3","v":0},{"$f":"'[51]CRO2_Pro-Mes'!#REF!","v":{"$error":"#REF!"}},{"$f":"'[51]CRO2_Pro-Mes'!XDU3","v":0},{"$f":"'[51]CRO2_Pro-Mes'!#REF!","v":{"$error":"#REF!"}},{"$f":"'[51]CRO2_Pro-Mes'!XDW3","v":0},{"$f":"'[51]CRO2_Pro-Mes'!#REF!","v":{"$error":"#REF!"}},{"$f":"'[51]CRO2_Pro-Mes'!XDY3","v":0},{"$f":"'[51]CRO2_Pro-Mes'!#REF!","v":{"$error":"#REF!"}},{"$f":"'[51]CRO2_Pro-Mes'!XEA3","v":0},{"$f":"'[51]CRO2_Pro-Mes'!#REF!","v":{"$error":"#REF!"}},{"$f":"'[51]CRO2_Pro-Mes'!XEC3","v":0},{"$f":"'[51]CRO2_Pro-Mes'!#REF!","v":{"$error":"#REF!"}},{"$f":"'[51]CRO2_Pro-Mes'!XEE3","v":0},{"$f":"'[51]CRO2_Pro-Mes'!#REF!","v":{"$error":"#REF!"}},{"$f":"'[51]CRO2_Pro-Mes'!XEG3","v":0},{"$f":"'[51]CRO2_Pro-Mes'!#REF!","v":{"$error":"#REF!"}},{"$f":"'[51]CRO2_Pro-Mes'!XEI3","v":0},{"$f":"'[51]CRO2_Pro-Mes'!#REF!","v":{"$error":"#REF!"}},{"$f":"'[51]CRO2_Pro-Mes'!XEK3","v":0},{"$f":"'[51]CRO2_Pro-Mes'!#REF!","v":{"$error":"#REF!"}},{"$f":"'[51]CRO2_Pro-Mes'!XEM3","v":0},{"$f":"'[51]CRO2_Pro-Mes'!#REF!","v":{"$error":"#REF!"}},{"$f":"'[51]CRO2_Pro-Mes'!XEO3","v":0},{"$f":"'[51]CRO2_Pro-Mes'!#REF!","v":{"$error":"#REF!"}},{"$f":"'[51]CRO2_Pro-Mes'!XEQ3","v":0},{"$f":"'[51]CRO2_Pro-Mes'!#REF!","v":{"$error":"#REF!"}},{"$f":"'[51]CRO2_Pro-Mes'!XES3","v":0},{"$f":"'[51]CRO2_Pro-Mes'!#REF!","v":{"$error":"#REF!"}},{"$f":"'[51]CRO2_Pro-Mes'!XEU3","v":0},{"$f":"'[51]CRO2_Pro-Mes'!#REF!","v":{"$error":"#REF!"}},{"$f":"'[51]CRO2_Pro-Mes'!XEW3","v":0},{"$f":"'[51]CRO2_Pro-Mes'!#REF!","v":{"$error":"#REF!"}}]
["P3",{"$f":"PFP!D12","v":"Engenheiro Júnior (com enc. Comple. e adicionais, EPI)"},{"$f":"PFP!E12","v":"mês"},{"$f":"PFP!F12","v":24},{"$f":"PFP!G12","v":12903},{"$f":"PFP!K12","v":686702.64},{"$f":"PFP!I12","v":2.1328999999999998},{"$f":"D8/12","v":2},{"$f":"H8","v":2},{"$f":"I8","v":2},2,2,2,2,2,2,2,2,2]
["P5",{"$f":"PFP!D13","v":"Técnico de obras junior (com enc. Comple. e adicionais, EPI)"},{"$f":"PFP!E13","v":"mês"},{"$f":"PFP!F13","v":72},{"$f":"PFP!G13","v":3268.63},{"$f":"PFP!K13","v":584599.68000000005},{"$f":"PFP!I13","v":2.1328999999999998},{"$f":"D9/12","v":6},{"$f":"H9","v":6},6,6,6,6,6,6,6,6,6,6]
["P7",{"$f":"PFP!D14","v":"Topógrafo(com enc. Comple. e adicionais, EPI)"},{"$f":"PFP!E14","v":"mês"},{"$f":"PFP!F14","v":36},{"$f":"PFP!G14","v":2558.11},{"$f":"PFP!K14","v":239292},{"$f":"PFP!I14","v":2.1328999999999998},{"$f":"D10/12","v":3},3,3,3,3,3,3,3,3,3,3,3]
["P8",{"$f":"PFP!D15","v":"Auxiliar de topografia(com enc. Comple. e adicionais, EPI)"},{"$f":"PFP!E15","v":"mês"},{"$f":"PFP!F15","v":36},{"$f":"PFP!G15","v":1665.28},{"$f":"PFP!K15","v":172812.6},{"$f":"PFP!I15","v":2.1328999999999998},{"$f":"D11/12","v":3},{"$f":"H11","v":3},{"$f":"I11","v":3},{"$f":"J11","v":3},{"$f":"K11","v":3},{"$f":"L11","v":3},{"$f":"M11","v":3},{"$f":"N11","v":3},{"$f":"O11","v":3},{"$f":"P11","v":3},{"$f":"Q11","v":3},{"$f":"R11","v":3}]
["P8",{"$f":"PFP!D16","v":"Secretário(com enc. Comple. e adicionais, EPI)"},{"$f":"PFP!E16","v":"mês"},{"$f":"PFP!F16","v":12},{"$f":"PFP!G16","v":2841.65},{"$f":"PFP!K16","v":86457},{"$f":"PFP!I16","v":2.1328999999999998},{"$f":"D12/12","v":1},1,1,1,1,1,1,1,1,1,1,1]
["P9",{"$f":"PFP!D17","v":"Diárias per noite"},{"$f":"PFP!E17","v":"dia"},{"$f":"PFP!F17","v":2688},{"$f":"PFP!G17","v":252.8},{"$f":"PFP!K17","v":817205.76000000001},{"$f":"PFP!I17","v":1.2025999999999999},224,224,224,224,224,224,224,224,224,224,224,224]
["P10",{"$f":"PFP!D18","v":"Alimentação"},{"$f":"PFP!E18","v":"dia"},{"$f":"PFP!F18","v":3960},{"$f":"PFP!G18","v":100.59},{"$f":"PFP!K18","v":479041.2},{"$f":"PFP!I18","v":1.2025999999999999},{"$f":"D14/12","v":330},330,330,330,330,330,330,330,330,330,330,330]
["P13",{"$f":"PFP!D19","v":"Telefone (celular/internet )"},{"$f":"PFP!E19","v":"Unid. x Mês"},{"$f":"PFP!F19","v":154.99},{"$f":"PFP!G19","v":154.99},{"$f":"PFP!K19","v":28888.59},{"$f":"PFP!I19","v":1.2025999999999999},12.915833333333333,12.915833333333333,12.915833333333333,12.915833333333333,12.915833333333333,12.915833333333333,12.915833333333333,12.915833333333333,12.915833333333333,12.915833333333333,12.915833333333333,12.915833333333333]
["P14",{"$f":"PFP!D20","v":"Veículo leve -1.0 T. Flex 12V 5p (ou superior, com até 2 anos de uso, incluso oleo, gasolina, pneus, seguro, manutenção)\t"},{"$f":"PFP!E20","v":"mês"},{"$f":"PFP!F20","v":132},{"$f":"PFP!G20","v":3814.223035502574},{"$f":"PFP!K20","v":605481.36},{"$f":"PFP!I20","v":1.2025999999999999},11,11,11,11,11,11,11,11,11,11,11,11,1,1,1,1,1,1,1,1,1,1,1,1,1,1,1,1,1,1,1,1,1,1,1,1,1,1,1,1,1,1,1,1,1,1,1,1,1,1,1,1,1,1,1,1,1,1,1,1,1,1,1,1,1,1,1,1,1,1,1,1,1,1,1,1,1,1,1,1,1,1,1,1,1,1,1,1,1,1,1,1,1,1,1,1,1,1,1,1,1,1,1,1,1,1,1,1,1,1,1,1,1,1,1,1,1,1,1,1,1,1,1,1,1,1,1,1,1,1,1,1,1,1,1,1,1,1,1,1,1,1,1,1,1,1,1,1,1,1,1,1,1,1,1,1,1,1,1,1,1,1,1,1,1,1,1,1,1,1,1,1,1,1,1,1,1,1,1,1,1,1,1,1,1,1,1,1,1,1,1,1,1,1,1,1,1,1,1,1,1,1,1,1,1,1,1,1,1,1,1,1,1,1,1,1,1,1,1,1,1,1,1,1,1,1,1,1,1,1,1,1,1,1,1,1,1,1,1,1,1,1,1,1,1,1,1,1,1,1,1,1,1,1,1,1,1,1,1,1,1,1,1,1,1,1,1,1,1,1,1,1,1,1,1,1,1,1,1,1,1,1,1,1,1,1,1,1,1,1,1,1,1,1,1,1,1,1,1,1,1,1,1,1,1,1,1,1,1,1,1,1,1,1,1,1,1,1,1,1,1,1,1,1,1,1,1,1,1,1,1,1,1,1,1,1,1,1,1,1,1,1,1,1,1,1,1,1,1,1,1,1,1,1,1,1,1,1,1,1,1,1,1,1,1,1,1,1,1,1,1,1,1,1,1,1,1,1,1,1,1,1,1,1,1,1,1,1,1,1,1,1,1,1,1,1,1,1,1,1,1,1,1,1,1,1,1,1,1,1,1,1,1,1,1,1,1,1,1,1,1,1,1,1,1,1,1,1,1,1,1,1,1,1,1,1,1,1,1,1,1,1,1,1,1,1,1,1,1,1,1,1,1,1,1,1,1,1,1,1,1,1,1,1,1,1,1,1,1,1,1,1,1,1,1,1,1,1,1,1,1,1,1,1,1,1,1,1,1,1,1,1,1,1,1,1,1,1,1,1,1,1,1,1,1,1,1,1,1,1,1,1,1,1,1,1,1,1,1,1,1,1,1,1,1,1,1,1,1,1,1,1,1,1,1,1,1,1,1,1,1,1,1,1,1,1,1,1,1,1,1,1,1,1,1,1,1,1,1,1,1,1,1,1,1,1,1,1,1,1,1,1,1,1,1,1,1,1,1,1,1,1,1,1,1,1,1,1,1,1,1,1,1,1,1,1,1,1,1,1,1,1,1,1,1,1,1,1,1,1,1,1,1,1,1,1,1,1,1,1,1,1,1,1,1,1,1,1,1,1,1,1,1,1,1,1,1,1,1,1,1,1,1,1,1,1,1,1,1,1,1,1,1,1,1,1,1,1,1,1,1,1,1,1,1,1,1,1,1,1,1,1,1,1,1,1,1,1,1,1,1,1,1,1,1,1,1,1,1,1,1,1,1,1,1,1,1,1,1,1,1,1,1,1,1,1,1,1,1,1,1,1,1,1,1,1,1,1,1,1,1,1,1,1,1,1,1,1,1,1,1,1,1,1,1,1,1,1,1,1,1,1,1,1,1,1,1,1,1,1,1,1,1,1,1,1,1,1,1,1,1,1,1,1,1,1,1,1,1,1,1,1,1,1,1,1,1,1,1,1,1,1,1,1,1,1,1,1,1,1,1,1,1,1,1,1,1,1,1,1,1,1,1,1,1,1,1,1,1,1,1,1,1,1,1,1,1,1,1,1,1,1,1,1,1,1,1,1,1,1,1,1,1,1,1,1,1,1,1,1,1,1,1,1,1,1,1,1,1,1,1,1,1,1,1,1,1,1,1,1,1,1,1,1,1,1,1,1,1,1,1,1,1,1,1,1,1,1,1,1,1,1,1,1,1,1,1,1,1,1,1,1,1,1,1,1,1,1,1,1,1,1,1,1,1,1,1,1,1,1,1,1,1,1,1,1,1,1,1,1,1,1,1,1,1,1,1,1,1,1,1,1,1,1,1,1,1,1,1,1,1,1,1,1,1,1,1,1,1,1,1,1,1,1,1,1,1,1,1,1,1,1,1,1,1,1,1,1,1,1,1,1,1,1,1,1,1,1,1,1,1,1,1,1,1,1,1,1,1,1,1,1,1,1,1,1,1,1,1,1,1,1,1,1,1,1,1,1,1,1,1,1,1,1,1,1,1,1,1,1,1,1,1,1,1,1,1,1,1,1,1,1,1,1,1,1,1,1,1,1,1,1,1,1,1,1,1,1,1,1,1,1,1,1,1,1,1,1,1,1,1,1,1,1,1,1,1,1,1,1,1,1,1,1,1,1,1,1,1,1,1,1,1,1,1,1,1,1,1,1,1,1,1,1,1,1,1,1,1,1,1,1,1,1,1,1,1,1,1,1,1,1,1,1,1,1,1,1,1,1,1,1,1,1,1,1,1,1,1,1,1,1,1,1,1,1,1,1,1,1,1,1,1,1,1,1,1,1,1,1,1,1,1,1,1,1,1,1,1,1,1,1,1,1,1,1,1,1,1,1,1,1,1,1,1,1,1,1,1,1,1,1,1,1,1,1,1,1,1,1,1,1,1,1,1,1,1,1,1,1,1,1,1,1,1,1,1,1,1,1,1,1,1,1,1,1,1,1,1,1,1,1,1,1,1,1,1,1,1,1,1,1,1,1,1,1,1,1,1,1,1,1,1,1,1,1,1,1,1,1,1,1,1,1,1,1,1,1,1,1,1,1,1,1,1,1,1,1,1,1,1,1,1,1,1,1,1,1,1,1,1,1,1,1,1,1,1,1,1,1,1,1,1,1,1,1,1,1,1,1,1,1,1,1,1,1,1,1,1,1,1,1,1,1,1,1,1,1,1,1,1,1,1,1,1,1,1,1,1,1,1,1,1,1,1,1,1,1,1,1,1,1,1,1,1,1,1,1,1,1,1,1,1,1,1,1,1,1,1,1,1,1,1,1,1,1,1,1,1,1,1,1,1,1,1,1,1,1,1,1,1,1,1,1,1,1,1,1,1,1,1,1,1,1,1,1,1,1,1,1,1,1,1,1,1,1,1,1,1,1,1,1,1,1,1,1,1,1,1,1,1,1,1,1,1,1,1,1,1,1,1,1,1,1,1,1,1,1,1,1,1,1,1,1,1,1,1,1,1,1,1,1,1,1,1,1,1,1,1,1,1,1,1,1,1,1,1,1,1,1,1,1,1,1,1,1,1,1,1,1,1,1,1,1,1,1,1,1,1,1,1,1,1,1,1,1,1,1,1,1,1,1,1,1,1,1,1,1,1,1,1,1,1,1,1,1,1,1,1,1,1,1,1,1,1,1,1,1,1,1,1,1,1,1,1,1,1,1,1,1,1,1,1,1,1,1,1,1,1,1,1,1,1,1,1,1,1,1,1,1,1,1,1,1,1,1,1,1,1,1,1,1,1,1,1,1,1,1,1,1,1,1,1,1,1,1,1,1,1,1,1,1,1,1,1,1,1,1,1,1,1,1,1,1,1,1,1,1,1,1,1,1,1,1,1,1,1,1,1,1,1,1,1,1,1,1,1,1,1,1,1,1,1,1,1,1,1,1,1,1,1,1,1,1,1,1,1,1,1,1,1,1,1,1,1,1,1,1,1,1,1,1,1,1,1,1,1,1,1,1,1,1,1,1,1,1,1,1,1,1,1,1,1,1,1,1,1,1,1,1,1,1,1,1,1,1,1,1,1,1,1,1,1,1,1,1,1,1,1,1,1,1,1,1,1,1,1,1,1,1,1,1,1,1,1,1,1,1,1,1,1,1,1,1,1,1,1,1,1,1,1,1,1,1,1,1,1,1,1,1,1,1,1,1,1,1,1,1,1,1,1,1,1,1,1,1,1,1,1,1,1,1,1,1,1,1,1,1,1,1,1,1,1,1,1,1,1,1,1,1,1,1,1,1,1,1,1,1,1,1,1,1,1,1,1,1,1,1,1,1,1,1,1,1,1,1,1,1,1,1,1,1,1,1,1,1,1,1,1,1,1,1,1,1,1,1,1,1,1,1,1,1,1,1,1,1,1,1,1,1,1,1,1,1,1,1,1,1,1,1,1,1,1,1,1,1,1,1,1,1,1,1,1,1,1,1,1,1,1,1,1,1,1,1,1,1,1,1,1,1,1,1,1,1,1,1,1,1,1,1,1,1,1,1,1,1,1,1,1,1,1,1,1,1,1,1,1,1,1,1,1,1,1,1,1,1,1,1,1,1,1,1,1,1,1,1,1,1,1,1,1,1,1,1,1,1,1,1,1,1,1,1,1,1,1,1,1,1,1,1,1,1,1,1,1,1,1,1,1,1,1,1,1,1,1,1,1,1,1,1,1,1,1,1,1,1,1,1,1,1,1,1,1,1,1,1,1,1,1,1,1,1,1,1,1,1,1,1,1,1,1,1,1,1,1,1,1,1,1,1,1,1,1,1,1,1,1,1,1,1,1,1,1,1,1,1,1,1,1,1,1,1,1,1,1,1,1,1,1,1,1,1,1,1,1,1,1,1,1,1,1,1,1,1,1,1,1,1,1,1,1,1,1,1,1,1,1,1,1,1,1,1,1,1,1,1,1,1,1,1,1,1,1,1,1,1,1,1,1,1,1,1,1,1,1,1,1,1,1,1,1,1,1,1,1,1,1,1,1,1,1,1,1,1,1,1,1,1,1,1,1,1,1,1,1,1,1,1,1,1,1,1,1,1,1,1,1,1,1,1,1,1,1,1,1,1,1,1,1,1,1,1,1,1,1,1,1,1,1,1,1,1,1,1,1,1,1,1,1,1,1,1,1,1,1,1,1,1,1,1,1,1,1,1,1,1,1,1,1,1,1,1,1,1,1,1,1,1,1,1,1,1,1,1,1,1,1,1,1,1,1,1,1,1,1,1,1,1,1,1,1,1,1,1,1,1,1,1,1,1,1,1,1,1,1,1,1,1,1,1,1,1,1,1,1,1,1,1,1,1,1,1,1,1,1,1,1,1,1,1,1,1,1,1,1,1,1,1,1,1,1,1,1,1,1,1,1,1,1,1,1,1,1,1,1,1,1,1,1,1,1,1,1,1,1,1,1,1,1,1,1,1,1,1,1,1,1,1,1,1,1,1,1,1,1,1,1,1,1,1,1,1,1,1,1,1,1,1,1,1,1,1,1,1,1,1,1,1,1,1,1,1,1,1,1,1,1,1,1,1,1,1,1,1,1,1,1,1,1,1,1,1,1,1,1,1,1,1,1,1,1,1,1,1,1,1,1,1,1,1,1,1,1,1,1,1,1,1,1,1,1,1,1,1,1,1,1,1,1,1,1,1,1,1,1,1,1,1,1,1,1,1,1,1,1,1,1,1,1,1,1,1,1,1,1,1,1,1,1,1,1,1,1,1,1,1,1,1,1,1,1,1,1,1,1,1,1,1,1,1,1,1,1,1,1,1,1,1,1,1,1,1,1,1,1,1,1,1,1,1,1,1,1,1,1,1,1,1,1,1,1,1,1,1,1,1,1,1,1,1,1,1,1,1,1,1,1,1,1,1,1,1,1,1,1,1,1,1,1,1,1,1,1,1,1,1,1,1,1,1,1,1,1,1,1,1,1,1,1,1,1,1,1,1,1,1,1,1,1,1,1,1,1,1,1,1,1,1,1,1,1,1,1,1,1,1,1,1,1,1,1,1,1,1,1,1,1,1,1,1,1,1,1,1,1,1,1,1,1,1,1,1,1,1,1,1,1,1,1,1,1,1,1,1,1,1,1,1,1,1,1,1,1,1,1,1,1,1,1,1,1,1,1,1,1,1,1,1,1,1,1,1,1,1,1,1,1,1,1,1,1,1,1,1,1,1,1,1,1,1,1,1,1,1,1,1,1,1,1,1,1,1,1,1,1,1,1,1,1,1,1,1,1,1,1,1,1,1,1,1,1,1,1,1,1,1,1,1,1,1,1,1,1,1,1,1,1,1,1,1,1,1,1,1,1,1,1,1,1,1,1,1,1,1,1,1,1,1,1,1,1,1,1,1,1,1,1,1,1,1,1,1,1,1,1,1,1,1,1,1,1,1,1,1,1,1,1,1,1,1,1,1,1,1,1,1,1,1,1,1,1,1,1,1,1,1,1,1,1,1,1,1,1,1,1,1,1,1,1,1,1,1,1,1,1,1,1,1,1,1,1,1,1,1,1,1,1,1,1,1,1,1,1,1,1,1,1,1,1,1,1,1,1,1,1,1,1,1,1,1,1,1,1,1,1,1,1,1,1,1,1,1,1,1,1,1,1,1,1,1,1,1,1,1,1,1,1,1,1,1,1,1,1,1,1,1,1,1,1,1,1,1,1,1,1,1,1,1,1,1,1,1,1,1,1,1,1,1,1,1,1,1,1,1,1,1,1,1,1,1,1,1,1,1,1,1,1,1,1,1,1,1,1,1,1,1,1,1,1,1,1,1,1,1,1,1,1,1,1,1,1,1,1,1,1,1,1,1,1,1,1,1,1,1,1,1,1,1,1,1,1,1,1,1,1,1,1,1,1,1,1,1,1,1,1,1,1,1,1,1,1,1,1,1,1,1,1,1,1,1,1,1,1,1,1,1,1,1,1,1,1,1,1,1,1,1,1,1,1,1,1,1,1,1,1,1,1,1,1,1,1,1,1,1,1,1,1,1,1,1,1,1,1,1,1,1,1,1,1,1,1,1,1,1,1,1,1,1,1,1,1,1,1,1,1,1,1,1,1,1,1,1,1,1,1,1,1,1,1,1,1,1,1,1,1,1,1,1,1,1,1,1,1,1,1,1,1,1,1,1,1,1,1,1,1,1,1,1,1,1,1,1,1,1,1,1,1,1,1,1,1,1,1,1,1,1,1,1,1,1,1,1,1,1,1,1,1,1,1,1,1,1,1,1,1,1,1,1,1,1,1,1,1,1,1,1,1,1,1,1,1,1,1,1,1,1,1,1,1,1,1,1,1,1,1,1,1,1,1,1,1,1,1,1,1,1,1,1,1,1,1,1,1,1,1,1,1,1,1,1,1,1,1,1,1,1,1,1,1,1,1,1,1,1,1,1,1,1,1,1,1,1,1,1,1,1,1,1,1,1,1,1,1,1,1,1,1,1,1,1,1,1,1,1,1,1,1,1,1,1,1,1,1,1,1,1,1,1,1,1,1,1,1,1,1,1,1,1,1,1,1,1,1,1,1,1,1,1,1,1,1,1,1,1,1,1,1,1,1,1,1,1,1,1,1,1,1,1,1,1,1,1,1,1,1,1,1,1,1,1,1,1,1,1,1,1,1,1,1,1,1,1,1,1,1,1,1,1,1,1,1,1,1,1,1,1,1,1,1,1,1,1,1,1,1,1,1,1,1,1,1,1,1,1,1,1,1,1,1,1,1,1,1,1,1,1,1,1,1,1,1,1,1,1,1,1,1,1,1,1,1,1,1,1,1,1,1,1,1,1,1,1,1,1,1,1,1,1,1,1,1,1,1,1,1,1,1,1,1,1,1,1,1,1,1,1,1,1,1,1,1,1,1,1,1,1,1,1,1,1,1,1,1,1,1,1,1,1,1,1,1,1,1,1,1,1,1,1,1,1,1,1,1,1,1,1,1,1,1,1,1,1,1,1,1,1,1,1,1,1,1,1,1,1,1,1,1,1,1,1,1,1,1,1,1,1,1,1,1,1,1,1,1,1,1,1,1,1,1,1,1,1,1,1,1,1,1,1,1,1,1,1,1,1,1,1,1,1,1,1,1,1,1,1,1,1,1,1,1,1,1,1,1,1,1,1,1,1,1,1,1,1,1,1,1,1,1,1,1,1,1,1,1,1,1,1,1,1,1,1,1,1,1,1,1,1,1,1,1,1,1,1,1,1,1,1,1,1,1,1,1,1,1,1,1,1,1,1,1,1,1,1,1,1,1,1,1,1,1,1,1,1,1,1,1,1,1,1,1,1,1,1,1,1,1,1,1,1,1,1,1,1,1,1,1,1,1,1,1,1,1,1,1,1,1,1,1,1,1,1,1,1,1,1,1,1,1,1,1,1,1,1,1,1,1,1,1,1,1,1,1,1,1,1,1,1,1,1,1,1,1,1,1,1,1,1,1,1,1,1,1,1,1,1,1,1,1,1,1,1,1,1,1,1,1,1,1,1,1,1,1,1,1,1,1,1,1,1,1,1,1,1,1,1,1,1,1,1,1,1,1,1,1,1,1,1,1,1,1,1,1,1,1,1,1,1,1,1,1,1,1,1,1,1,1,1,1,1,1,1,1,1,1,1,1,1,1,1,1,1,1,1,1,1,1,1,1,1,1,1,1,1,1,1,1,1,1,1,1,1,1,1,1,1,1,1,1,1,1,1,1,1,1,1,1,1,1,1,1,1,1,1,1,1,1,1,1,1,1,1,1,1,1,1,1,1,1,1,1,1,1,1,1,1,1,1,1,1,1,1,1,1,1,1,1,1,1,1,1,1,1,1,1,1,1,1,1,1,1,1,1,1,1,1,1,1,1,1,1,1,1,1,1,1,1,1,1,1,1,1,1,1,1,1,1,1,1,1,1,1,1,1,1,1,1,1,1,1,1,1,1,1,1,1,1,1,1,1,1,1,1,1,1,1,1,1,1,1,1,1,1,1,1,1,1,1,1,1,1,1,1,1,1,1,1,1,1,1,1,1,1,1,1,1,1,1,1,1,1,1,1,1,1,1,1,1,1,1,1,1,1,1,1,1,1,1,1,1,1,1,1,1,1,1,1,1,1,1,1,1,1,1,1,1,1,1,1,1,1,1,1,1,1,1,1,1,1,1,1,1,1,1,1,1,1,1,1,1,1,1,1,1,1,1,1,1,1,1,1,1,1,1,1,1,1,1,1,1,1,1,1,1,1,1,1,1,1,1,1,1,1,1,1,1,1,1,1,1,1,1,1,1,1,1,1,1,1,1,1,1,1,1,1,1,1,1,1,1,1,1,1,1,1,1,1,1,1,1,1,1,1,1,1,1,1,1,1,1,1,1,1,1,1,1,1,1,1,1,1,1,1,1,1,1,1,1,1,1,1,1,1,1,1,1,1,1,1,1,1,1,1,1,1,1,1,1,1,1,1,1,1,1,1,1,1,1,1,1,1,1,1,1,1,1,1,1,1,1,1,1,1,1,1,1,1,1,1,1,1,1,1,1,1,1,1,1,1,1,1,1,1,1,1,1,1,1,1,1,1,1,1,1,1,1,1,1,1,1,1,1,1,1,1,1,1,1,1,1,1,1,1,1,1,1,1,1,1,1,1,1,1,1,1,1,1,1,1,1,1,1,1,1,1,1,1,1,1,1,1,1,1,1,1,1,1,1,1,1,1,1,1,1,1,1,1,1,1,1,1,1,1,1,1,1,1,1,1,1,1,1,1,1,1,1,1,1,1,1,1,1,1,1,1,1,1,1,1,1,1,1,1,1,1,1,1,1,1,1,1,1,1,1,1,1,1,1,1,1,1,1,1,1,1,1,1,1,1,1,1,1,1,1,1,1,1,1,1,1,1,1,1,1,1,1,1,1,1,1,1,1,1,1,1,1,1,1,1,1,1,1,1,1,1,1,1,1,1,1,1,1,1,1,1,1,1,1,1,1,1,1,1,1,1,1,1,1,1,1,1,1,1,1,1,1,1,1,1,1,1,1,1,1,1,1,1,1,1,1,1,1,1,1,1,1,1,1,1,1,1,1,1,1,1,1,1,1,1,1,1,1,1,1,1,1,1,1,1,1,1,1,1,1,1,1,1,1,1,1,1,1,1,1,1,1,1,1,1,1,1,1,1,1,1,1,1,1,1,1,1,1,1,1,1,1,1,1,1,1,1,1,1,1,1,1,1,1,1,1,1,1,1,1,1,1,1,1,1,1,1,1,1,1,1,1,1,1,1,1,1,1,1,1,1,1,1,1,1,1,1,1,1,1,1,1,1,1,1,1,1,1,1,1,1,1,1,1,1,1,1,1,1,1,1,1,1,1,1,1,1,1,1,1,1,1,1,1,1,1,1,1,1,1,1,1,1,1,1,1,1,1,1,1,1,1,1,1,1,1,1,1,1,1,1,1,1,1,1,1,1,1,1,1,1,1,1,1,1,1,1,1,1,1,1,1,1,1,1,1,1,1,1,1,1,1,1,1,1,1,1,1,1,1,1,1,1,1,1,1,1,1,1,1,1,1,1,1,1,1,1,1,1,1,1,1,1,1,1,1,1,1,1,1,1,1,1,1,1,1,1,1,1,1,1,1,1,1,1,1,1,1,1,1,1,1,1,1,1,1,1,1,1,1,1,1,1,1,1,1,1,1,1,1,1,1,1,1,1,1,1,1,1,1,1,1,1,1,1,1,1,1,1,1,1,1,1,1,1,1,1,1,1,1,1,1,1,1,1,1,1,1,1,1,1,1,1,1,1,1,1,1,1,1,1,1,1,1,1,1,1,1,1,1,1,1,1,1,1,1,1,1,1,1,1,1,1,1,1,1,1,1,1,1,1,1,1,1,1,1,1,1,1,1,1,1,1,1,1,1,1,1,1,1,1,1,1,1,1,1,1,1,1,1,1,1,1,1,1,1,1,1,1,1,1,1,1,1,1,1,1,1,1,1,1,1,1,1,1,1,1,1,1,1,1,1,1,1,1,1,1,1,1,1,1,1,1,1,1,1,1,1,1,1,1,1,1,1,1,1,1,1,1,1,1,1,1,1,1,1,1,1,1,1,1,1,1,1,1,1,1,1,1,1,1,1,1,1,1,1,1,1,1,1,1,1,1,1,1,1,1,1,1,1,1,1,1,1,1,1,1,1,1,1,1,1,1,1,1,1,1,1,1,1,1,1,1,1,1,1,1,1,1,1,1,1,1,1,1,1,1,1,1,1,1,1,1,1,1,1,1,1,1,1,1,1,1,1,1,1,1,1,1,1,1,1,1,1,1,1,1,1,1,1,1,1,1,1,1,1,1,1,1,1,1,1,1,1,1,1,1,1,1,1,1,1,1,1,1,1,1,1,1,1,1,1,1,1,1,1,1,1,1,1,1,1,1,1,1,1,1,1,1,1,1,1,1,1,1,1,1,1,1,1,1,1,1,1,1,1,1,1,1,1,1,1,1,1,1,1,1,1,1,1,1,1,1,1,1,1,1,1,1,1,1,1,1,1,1,1,1,1,1,1,1,1,1,1,1,1,1,1,1,1,1,1,1,1,1,1,1,1,1,1,1,1,1,1,1,1,1,1,1,1,1,1,1,1,1,1,1,1,1,1,1,1,1,1,1,1,1,1,1,1,1,1,1,1,1,1,1,1,1,1,1,1,1,1,1,1,1,1,1,1,1,1,1,1,1,1,1,1,1,1,1,1,1,1,1,1,1,1,1,1,1,1,1,1,1,1,1,1,1,1,1,1,1,1,1,1,1,1,1,1,1,1,1,1,1,1,1,1,1,1,1,1,1,1,1,1,1,1,1,1,1,1,1,1,1,1,1,1,1,1,1,1,1,1,1,1,1,1,1,1,1,1,1,1,1,1,1,1,1,1,1,1,1,1,1,1,1,1,1,1,1,1,1,1,1,1,1,1,1,1,1,1,1,1,1,1,1,1,1,1,1,1,1,1,1,1,1,1,1,1,1,1,1,1,1,1,1,1,1,1,1,1,1,1,1,1,1,1,1,1,1,1,1,1,1,1,1,1,1,1,1,1,1,1,1,1,1,1,1,1,1,1,1,1,1,1,1,1,1,1,1,1,1,1,1,1,1,1,1,1,1,1,1,1,1,1,1,1,1,1,1,1,1,1,1,1,1,1,1,1,1,1,1,1,1,1,1,1,1,1,1,1,1,1,1,1,1,1,1,1,1,1,1,1,1,1,1,1,1,1,1,1,1,1,1,1,1,1,1,1,1,1,1,1,1,1,1,1,1,1,1,1,1,1,1,1,1,1,1,1,1,1,1,1,1,1,1,1,1,1,1,1,1,1,1,1,1,1,1,1,1,1,1,1,1,1,1,1,1,1,1,1,1,1,1,1,1,1,1,1,1,1,1,1,1,1,1,1,1,1,1,1,1,1,1,1,1,1,1,1,1,1,1,1,1,1,1,1,1,1,1,1,1,1,1,1,1,1,1,1,1,1,1,1,1,1,1,1,1,1,1,1,1,1,1,1,1,1,1,1,1,1,1,1,1,1,1,1,1,1,1,1,1,1,1,1,1,1,1,1,1,1,1,1,1,1,1,1,1,1,1,1,1,1,1,1,1,1,1,1,1,1,1,1,1,1,1,1,1,1,1,1,1,1,1,1,1,1,1,1,1,1,1,1,1,1,1,1,1,1,1,1,1,1,1,1,1,1,1,1,1,1,1,1,1,1,1,1,1,1,1,1,1,1,1,1,1,1,1,1,1,1,1,1,1,1,1,1,1,1,1,1,1,1,1,1,1,1,1,1,1,1,1,1,1,1,1,1,1,1,1,1,1,1,1,1,1,1,1,1,1,1,1,1,1,1,1,1,1,1,1,1,1,1,1,1,1,1,1,1,1,1,1,1,1,1,1,1,1,1,1,1,1,1,1,1,1,1,1,1,1,1,1,1,1,1,1,1,1,1,1,1,1,1,1,1,1,1,1,1,1,1,1,1,1,1,1,1,1,1,1,1,1,1,1,1,1,1,1,1,1,1,1,1,1,1,1,1,1,1,1,1,1,1,1,1,1,1,1,1,1,1,1,1,1,1,1,1,1,1,1,1,1,1,1,1,1,1,1,1,1,1,1,1,1,1,1,1,1,1,1,1,1,1,1,1,1,1,1,1,1,1,1,1,1,1,1,1,1,1,1,1,1,1,1,1,1,1,1,1,1,1,1,1,1,1,1,1,1,1,1,1,1,1,1,1,1,1,1,1,1,1,1,1,1,1,1,1,1,1,1,1,1,1,1,1,1,1,1,1,1,1,1,1,1,1,1,1,1,1,1,1,1,1,1,1,1,1,1,1,1,1,1,1,1,1,1,1,1,1,1,1,1,1,1,1,1,1,1,1,1,1,1,1,1,1,1,1,1,1,1,1,1,1,1,1,1,1,1,1,1,1,1,1,1,1,1,1,1,1,1,1,1,1,1,1,1,1,1,1,1,1,1,1,1,1,1,1,1,1,1,1,1,1,1,1,1,1,1,1,1,1,1,1,1,1,1,1,1,1,1,1,1,1,1,1,1,1,1,1,1,1,1,1,1,1,1,1,1,1,1,1,1,1,1,1,1,1,1,1,1,1,1,1,1,1,1,1,1,1,1,1,1,1,1,1,1,1,1,1,1,1,1,1,1,1,1,1,1,1,1,1,1,1,1,1,1,1,1,1,1,1,1,1,1,1,1,1,1,1,1,1,1,1,1,1,1,1,1,1,1,1,1,1,1,1,1,1,1,1,1,1,1,1,1,1,1,1,1,1,1,1,1,1,1,1,1,1,1,1,1,1,1,1,1,1,1,1,1,1,1,1,1,1,1,1,1,1,1,1,1,1,1,1,1,1,1,1,1,1,1,1,1,1,1,1,1,1,1,1,1,1,1,1,1,1,1,1,1,1,1,1,1,1,1,1,1,1,1,1,1,1,1,1,1,1,1,1,1,1,1,1,1,1,1,1,1,1,1,1,1,1,1,1,1,1,1,1,1,1,1,1,1,1,1,1,1,1,1,1,1,1,1,1,1,1,1,1,1,1,1,1,1,1,1,1,1,1,1,1,1,1,1,1,1,1,1,1,1,1,1,1,1,1,1,1,1,1,1,1,1,1,1,1,1,1,1,1,1,1,1,1,1,1,1,1,1,1,1,1,1,1,1,1,1,1,1,1,1,1,1,1,1,1,1,1,1,1,1,1,1,1,1,1,1,1,1,1,1,1,1,1,1,1,1,1,1,1,1,1,1,1,1,1,1,1,1,1,1,1,1,1,1,1,1,1,1,1,1,1,1,1,1,1,1,1,1,1,1,1,1,1,1,1,1,1,1,1,1,1,1,1,1,1,1,1,1,1,1,1,1,1,1,1,1,1,1,1,1,1,1,1,1,1,1,1,1,1,1,1,1,1,1,1,1,1,1,1,1,1,1,1,1,1,1,1,1,1,1,1,1,1,1,1,1,1,1,1,1,1,1,1,1,1,1,1,1,1,1,1,1,1,1,1,1,1,1,1,1,1,1,1,1,1,1,1,1,1,1,1,1,1,1,1,1,1,1,1,1,1,1,1,1,1,1,1,1,1,1,1,1,1,1,1,1,1,1,1,1,1,1,1,1,1,1,1,1,1,1,1,1,1,1,1,1,1,1,1,1,1,1,1,1,1,1,1,1,1,1,1,1,1,1,1,1,1,1,1,1,1,1,1,1,1,1,1,1,1,1,1,1,1,1,1,1,1,1,1,1,1,1,1,1,1,1,1,1,1,1,1,1,1,1,1,1,1,1,1,1,1,1,1,1,1,1,1,1,1,1,1,1,1,1,1,1,1,1,1,1,1,1,1,1,1,1,1,1,1,1,1,1,1,1,1,1,1,1,1,1,1,1,1,1,1,1,1,1,1,1,1,1,1,1,1,1,1,1,1,1,1,1,1,1,1,1,1,1,1,1,1,1,1,1,1,1,1,1,1,1,1,1,1,1,1,1,1,1,1,1,1,1,1,1,1,1,1,1,1,1,1,1,1,1,1,1,1,1,1,1,1,1,1,1,1,1,1,1,1,1,1,1,1,1,1,1,1,1,1,1,1,1,1,1,1,1,1,1,1,1,1,1,1,1,1,1,1,1,1,1,1,1,1,1,1,1,1,1,1,1,1,1,1,1,1,1,1,1,1,1,1,1,1,1,1,1,1,1,1,1,1,1,1,1,1,1,1,1,1,1,1,1,1,1,1,1,1,1,1,1,1,1,1,1,1,1,1,1,1,1,1,1,1,1,1,1,1,1,1,1,1,1,1,1,1,1,1,1,1,1,1,1,1,1,1,1,1,1,1,1,1,1,1,1,1,1,1,1,1,1,1,1,1,1,1,1,1,1,1,1,1,1,1,1,1,1,1,1,1,1,1,1,1,1,1,1,1,1,1,1,1,1,1,1,1,1,1,1,1,1,1,1,1,1,1,1,1,1,1,1,1,1,1,1,1,1,1,1,1,1,1,1,1,1,1,1,1,1,1,1,1,1,1,1,1,1,1,1,1,1,1,1,1,1,1,1,1,1,1,1,1,1,1,1,1,1,1,1,1,1,1,1,1,1,1,1,1,1,1,1,1,1,1,1,1,1,1,1,1,1,1,1,1,1,1,1,1,1,1,1,1,1,1,1,1,1,1,1,1,1,1,1,1,1,1,1,1,1,1,1,1,1,1,1,1,1,1,1,1,1,1,1,1,1,1,1,1,1,1,1,1,1,1,1,1,1,1,1,1,1,1,1,1,1,1,1,1,1,1,1,1,1,1,1,1,1,1,1,1,1,1,1,1,1,1,1,1,1,1,1,1,1,1,1,1,1,1,1,1,1,1,1,1,1,1,1,1,1,1,1,1,1,1,1,1,1,1,1,1,1,1,1,1,1,1,1,1,1,1,1,1,1,1,1,1,1,1,1,1,1,1,1,1,1,1,1,1,1,1,1,1,1,1,1,1,1,1,1,1,1,1,1,1,1,1,1,1,1,1,1,1,1,1,1,1,1,1,1,1,1,1,1,1,1,1,1,1,1,1,1,1,1,1,1,1,1,1,1,1,1,1,1,1,1,1,1,1,1,1,1,1,1,1,1,1,1,1,1,1,1,1,1,1,1,1,1,1,1,1,1,1,1,1,1,1,1,1,1,1,1,1,1,1,1,1,1,1,1,1,1,1,1,1,1,1,1,1,1,1,1,1,1,1,1,1,1,1,1,1,1,1,1,1,1,1,1,1,1,1,1,1,1,1,1,1,1,1,1,1,1,1,1,1,1,1,1,1,1,1,1,1,1,1,1,1,1,1,1,1,1,1,1,1,1,1,1,1,1,1,1,1,1,1,1,1,1,1,1,1,1,1,1,1,1,1,1,1,1,1,1,1,1,1,1,1,1,1,1,1,1,1,1,1,1,1,1,1,1,1,1,1,1,1,1,1,1,1,1,1,1,1,1,1,1,1,1,1,1,1,1,1,1,1,1,1,1,1,1,1,1,1,1,1,1,1,1,1,1,1,1,1,1,1,1,1,1,1,1,1,1,1,1,1,1,1,1,1,1,1,1,1,1,1,1,1,1,1,1,1,1,1,1,1,1,1,1,1,1,1,1,1,1,1,1,1,1,1,1,1,1,1,1,1,1,1,1,1,1,1,1,1,1,1,1,1,1,1,1,1,1,1,1,1,1,1,1,1,1,1,1,1,1,1,1,1,1,1,1,1,1,1,1,1,1,1,1,1,1,1,1,1,1,1,1,1,1,1,1,1,1,1,1,1,1,1,1,1,1,1,1,1,1,1,1,1,1,1,1,1,1,1,1,1,1,1,1,1,1,1,1,1,1,1,1,1,1,1,1,1,1,1,1,1,1,1,1,1,1,1,1,1,1,1,1,1,1,1,1,1,1,1,1,1,1,1,1,1,1,1,1,1,1,1,1,1,1,1,1,1,1,1,1,1,1,1,1,1,1,1,1,1,1,1,1,1,1,1,1,1,1,1,1,1,1,1,1,1,1,1,1,1,1,1,1,1,1,1,1,1,1,1,1,1,1,1,1,1,1,1,1,1,1,1,1,1,1,1,1,1,1,1,1,1,1,1,1,1,1,1,1,1,1,1,1,1,1,1,1,1,1,1,1,1,1,1,1,1,1,1,1,1,1,1,1,1,1,1,1,1,1,1,1,1,1,1,1,1,1,1,1,1,1,1,1,1,1,1,1,1,1,1,1,1,1,1,1,1,1,1,1,1,1,1,1,1,1,1,1,1,1,1,1,1,1,1,1,1,1,1,1,1,1,1,1,1,1,1,1,1,1,1,1,1,1,1,1,1,1,1,1,1,1,1,1,1,1,1,1,1,1,1,1,1,1,1,1,1,1,1,1,1,1,1,1,1,1,1,1,1,1,1,1,1,1,1,1,1,1,1,1,1,1,1,1,1,1,1,1,1,1,1,1,1,1,1,1,1,1,1,1,1,1,1,1,1,1,1,1,1,1,1,1,1,1,1,1,1,1,1,1,1,1,1,1,1,1,1,1,1,1,1,1,1,1,1,1,1,1,1,1,1,1,1,1,1,1,1,1,1,1,1,1,1,1,1,1,1,1,1,1,1,1,1,1,1,1,1,1,1,1,1,1,1,1,1,1,1,1,1,1,1,1,1,1,1,1,1,1,1,1,1,1,1,1,1,1,1,1,1,1,1,1,1,1,1,1,1,1,1,1,1,1,1,1,1,1,1,1,1,1,1,1,1,1,1,1,1,1,1,1,1,1,1,1,1,1,1,1,1,1,1,1,1,1,1,1,1,1,1,1,1,1,1,1,1,1,1,1,1,1,1,1,1,1,1,1,1,1,1,1,1,1,1,1,1,1,1,1,1,1,1,1,1,1,1,1,1,1,1,1,1,1,1,1,1,1,1,1,1,1,1,1,1,1,1,1,1,1,1,1,1,1,1,1,1,1,1,1,1,1,1,1,1,1,1,1,1,1,1,1,1,1,1,1,1,1,1,1,1,1,1,1,1,1,1,1,1,1,1,1,1,1,1,1,1,1,1,1,1,1,1,1,1,1,1,1,1,1,1,1,1,1,1,1,1,1,1,1,1,1,1,1,1,1,1,1,1,1,1,1,1,1,1,1,1,1,1,1,1,1,1,1,1,1,1,1,1,1,1,1,1,1,1,1,1,1,1,1,1,1,1,1,1,1,1,1,1,1,1,1,1,1,1,1,1,1,1,1,1,1,1,1,1,1,1,1,1,1,1,1,1,1,1,1,1,1,1,1,1,1,1,1,1,1,1,1,1,1,1,1,1,1,1,1,1,1,1,1,1,1,1,1,1,1,1,1,1,1,1,1,1,1,1,1,1,1,1,1,1,1,1,1,1,1,1,1,1,1,1,1,1,1,1,1,1,1,1,1,1,1,1,1,1,1,1,1,1,1,1,1,1,1,1,1,1,1,1,1,1,1,1,1,1,1,1,1,1,1,1,1,1,1,1,1,1,1,1,1,1,1,1,1,1,1,1,1,1,1,1,1,1,1,1,1,1,1,1,1,1,1,1,1,1,1,1,1,1,1,1,1,1,1,1,1,1,1,1,1,1,1,1,1,1,1,1,1,1,1,1,1,1,1,1,1,1,1,1,1,1,1,1,1,1,1,1,1,1,1,1,1,1,1,1,1,1,1,1,1,1,1,1,1,1,1,1,1,1,1,1,1,1,1,1,1,1,1,1,1,1,1,1,1,1,1,1,1,1,1,1,1,1,1,1,1,1,1,1,1,1,1,1,1,1,1,1,1,1,1,1,1,1,1,1,1,1,1,1,1,1,1,1,1,1,1,1,1,1,1,1,1,1,1,1,1,1,1,1,1,1,1,1,1,1,1,1,1,1,1,1,1,1,1,1,1,1,1,1,1,1,1,1,1,1,1,1,1,1,1,1,1,1,1,1,1,1,1,1,1,1,1,1,1,1,1,1,1,1,1,1,1,1,1,1,1,1,1,1,1,1,1,1,1,1,1,1,1,1,1,1,1,1,1,1,1,1,1,1,1,1,1,1,1,1,1,1,1,1,1,1,1,1,1,1,1,1,1,1,1,1,1,1,1,1,1,1,1,1,1,1,1,1,1,1,1,1,1,1,1,1,1,1,1,1,1,1,1,1,1,1,1,1,1,1,1,1,1,1,1,1,1,1,1,1,1,1,1,1,1,1,1,1,1,1,1,1,1,1,1,1,1,1,1,1,1,1,1,1,1,1,1,1,1,1,1,1,1,1,1,1,1,1,1,1,1,1,1,1,1,1,1,1,1,1,1,1,1,1,1,1,1,1,1,1,1,1,1,1,1,1,1,1,1,1,1,1,1,1,1,1,1,1,1,1,1,1,1,1,1,1,1,1,1,1,1,1,1,1,1,1,1,1,1,1,1,1,1,1,1,1,1,1,1,1,1,1,1,1,1,1,1,1,1,1,1,1,1,1,1,1,1,1,1,1,1,1,1,1,1,1,1,1,1,1,1,1,1,1,1,1,1,1,1,1,1,1,1,1,1,1,1,1,1,1,1,1,1,1,1,1,1,1,1,1,1,1,1,1,1,1,1,1,1,1,1,1,1,1,1,1,1,1,1,1,1,1,1,1,1,1,1,1,1,1,1,1,1,1,1,1,1,1,1,1,1,1,1,1,1,1,1,1,1,1,1,1,1,1,1,1,1,1,1,1,1,1,1,1,1,1,1,1,1,1,1,1,1,1,1,1,1,1,1,1,1,1,1,1,1,1,1,1,1,1,1,1,1,1,1,1,1,1,1,1,1,1,1,1,1,1,1,1,1,1,1,1,1,1,1,1,1,1,1,1,1,1,1,1,1,1,1,1,1,1,1,1,1,1,1,1,1,1,1,1,1,1,1,1,1,1,1,1,1,1,1,1,1,1,1,1,1,1,1,1,1,1,1,1,1,1,1,1,1,1,1,1,1,1,1,1,1,1,1,1,1,1,1,1,1,1,1,1,1,1,1,1,1,1,1,1,1,1,1,1,1,1,1,1,1,1,1,1,1,1,1,1,1,1,1,1,1,1,1,1,1,1,1,1,1,1,1,1,1,1,1,1,1,1,1,1,1,1,1,1,1,1,1,1,1,1,1,1,1,1,1,1,1,1,1,1,1,1,1,1,1,1,1,1,1,1,1,1,1,1,1,1,1,1,1,1,1,1,1,1,1,1,1,1,1,1,1,1,1,1,1,1,1,1,1,1,1,1,1,1,1,1,1,1,1,1,1,1,1,1,1,1,1,1,1,1,1,1,1,1,1,1,1,1,1,1,1,1,1,1,1,1,1,1,1,1,1,1,1,1,1,1,1,1,1,1,1,1,1,1,1,1,1,1,1,1,1,1,1,1,1,1,1,1,1,1,1,1,1,1,1,1,1,1,1,1,1,1,1,1,1,1,1,1,1,1,1,1,1,1,1,1,1,1,1,1,1,1,1,1,1,1,1,1,1,1,1,1,1,1,1,1,1,1,1,1,1,1,1,1,1,1,1,1,1,1,1,1,1,1,1,1,1,1,1,1,1,1,1,1,1,1,1,1,1,1,1,1,1,1,1,1,1,1,1,1,1,1,1,1,1,1,1,1,1,1,1,1,1,1,1,1,1,1,1,1,1,1,1,1,1,1,1,1,1,1,1,1,1,1,1,1,1,1,1,1,1,1,1,1,1,1,1,1,1,1,1,1,1,1,1,1,1,1,1,1,1,1,1,1,1,1,1,1,1,1,1,1,1,1,1,1,1,1,1,1,1,1,1,1,1,1,1,1,1,1,1,1,1,1,1,1,1,1,1,1,1,1,1,1,1,1,1,1,1,1,1,1,1,1,1,1,1,1,1,1,1,1,1,1,1,1,1,1,1,1,1,1,1,1,1,1,1,1,1,1,1,1,1,1,1,1,1,1,1,1,1,1,1,1,1,1,1,1,1,1,1,1,1,1,1,1,1,1,1,1,1,1,1,1,1,1,1,1,1,1,1,1,1,1,1,1,1,1,1,1,1,1,1,1,1,1,1,1,1,1,1,1,1,1,1,1,1,1,1,1,1,1,1,1,1,1,1,1,1,1,1,1,1,1,1,1,1,1,1,1,1,1,1,1,1,1,1,1,1,1,1,1,1,1,1,1,1,1,1,1,1,1,1,1,1,1,1,1,1,1,1,1,1,1,1,1,1,1,1,1,1,1,1,1,1,1,1,1,1,1,1,1,1,1,1,1,1,1,1,1,1,1,1,1,1,1,1,1,1,1,1,1,1,1,1,1,1,1,1,1,1,1,1,1,1,1,1,1,1,1,1,1,1,1,1,1,1,1,1,1,1,1,1,1,1,1,1,1,1,1,1,1,1,1,1,1,1,1,1,1,1,1,1,1,1,1,1,1,1,1,1,1,1,1,1,1,1,1,1,1,1,1,1,1,1,1,1,1,1,1,1,1,1,1,1,1,1,1,1,1,1,1,1,1,1,1,1,1,1,1,1,1,1,1,1,1,1,1,1,1,1,1,1,1,1,1,1,1,1,1,1,1,1,1,1,1,1,1,1,1,1,1,1,1,1,1,1,1,1,1,1,1,1,1,1,1,1,1,1,1,1,1,1,1,1,1,1,1,1,1,1,1,1,1,1,1,1,1,1,1,1,1,1,1,1,1,1,1,1,1,1,1,1,1,1,1,1,1,1,1,1,1,1,1,1,1,1,1,1,1,1,1,1,1,1,1,1,1,1,1,1,1,1,1,1,1,1,1,1,1,1,1,1,1,1,1,1,1,1,1,1,1,1,1,1,1,1,1,1,1,1,1,1,1,1,1,1,1,1,1,1,1,1,1,1,1,1,1,1,1,1,1,1,1,1,1,1,1,1,1,1,1,1,1,1,1,1,1,1,1,1,1,1,1,1,1,1,1,1,1,1,1,1,1,1,1,1,1,1,1,1,1,1,1,1,1,1,1,1,1,1,1,1,1,1,1,1,1,1,1,1,1,1,1,1,1,1,1,1,1,1,1,1,1,1,1,1,1,1,1,1,1,1,1,1,1,1,1,1,1,1,1,1,1,1,1,1,1,1,1,1,1,1,1,1,1,1,1,1,1,1,1,1,1,1,1,1,1,1,1,1,1,1,1,1,1,1,1,1,1,1,1,1,1,1,1,1,1,1,1,1,1,1,1,1,1,1,1,1,1,1,1,1,1,1,1,1,1,1,1,1,1,1,1,1,1,1,1,1,1,1,1,1,1,1,1,1,1,1,1,1,1,1,1,1,1,1,1,1,1,1,1,1,1,1,1,1,1,1,1,1,1,1,1,1,1,1,1,1,1,1,1,1,1,1,1,1,1,1,1,1,1,1,1,1,1,1,1,1,1,1,1,1,1,1,1,1,1,1,1,1,1,1,1,1,1,1,1,1,1,1,1,1,1,1,1,1,1,1,1,1,1,1,1,1,1,1,1,1,1,1,1,1,1,1,1,1,1,1,1,1,1,1,1,1,1,1,1,1,1,1,1,1,1,1,1,1,1,1,1,1,1,1,1,1,1,1,1,1,1,1,1,1,1,1,1,1,1,1,1,1,1,1,1,1,1,1,1,1,1,1,1,1,1,1,1,1,1,1,1,1,1,1,1,1,1,1,1,1,1,1,1,1,1,1,1,1,1,1,1,1,1,1,1,1,1,1,1,1,1,1,1,1,1,1,1,1,1,1,1,1,1,1,1,1,1,1,1,1,1,1,1,1,1,1,1,1,1,1,1,1,1,1,1,1,1,1,1,1,1,1,1,1,1,1,1,1,1,1,1,1,1,1,1,1,1,1,1,1,1,1,1,1,1,1,1,1,1,1,1,1,1,1,1,1,1,1,1,1,1,1,1,1,1,1,1,1,1,1,1,1,1,1,1,1,1,1,1,1,1,1,1,1,1,1,1,1,1,1,1,1,1,1,1,1,1,1,1,1,1,1,1,1,1,1,1,1,1,1,1,1,1,1,1,1,1,1,1,1,1,1,1,1,1,1,1,1,1,1,1,1,1,1,1,1,1,1,1,1,1,1,1,1,1,1,1,1,1,1,1,1,1,1,1,1,1,1,1,1,1,1,1,1,1,1,1,1,1,1,1,1,1,1,1,1,1,1,1,1,1,1,1,1,1,1,1,1,1,1,1,1,1,1,1,1,1,1,1,1,1,1,1,1,1,1,1,1,1,1,1,1,1,1,1,1,1,1,1,1,1,1,1,1,1,1,1,1,1,1,1,1,1,1,1,1,1,1,1,1,1,1,1,1,1,1,1,1,1,1,1,1,1,1,1,1,1,1,1,1,1,1,1,1,1,1,1,1,1,1,1,1,1,1,1,1,1,1,1,1,1,1,1,1,1,1,1,1,1,1,1,1,1,1,1,1,1,1,1,1,1,1,1,1,1,1,1,1,1,1,1,1,1,1,1,1,1,1,1,1,1,1,1,1,1,1,1,1,1,1,1,1,1,1,1,1,1,1,1,1,1,1,1,1,1,1,1,1,1,1,1,1,1,1,1,1,1,1,1,1,1,1,1,1,1,1,1,1,1,1,1,1,1,1,1,1,1,1,1,1,1,1,1,1,1,1,1,1,1,1,1,1,1,1,1,1,1,1,1,1,1,1,1,1,1,1,1,1,1,1,1,1,1,1,1,1,1,1,1,1,1,1,1,1,1,1,1,1,1,1,1,1,1,1,1,1,1,1,1,1,1,1,1,1,1,1,1,1,1,1,1,1,1,1,1,1,1,1,1,1,1,1,1,1,1,1,1,1,1,1,1,1,1,1,1,1,1,1,1,1,1,1,1,1,1,1,1,1,1,1,1,1,1,1,1,1,1,1,1,1,1,1,1,1,1,1,1,1,1,1,1,1,1,1,1,1,1,1,1,1,1,1,1,1,1,1,1,1,1,1,1,1,1,1,1,1,1,1,1,1,1,1,1,1,1,1,1,1,1,1,1,1,1,1,1,1,1,1,1,1,1,1,1,1,1,1,1,1,1,1,1,1,1,1,1,1,1,1,1,1,1,1,1,1,1,1,1,1,1,1,1,1,1,1,1,1,1,1,1,1,1,1,1,1,1,1,1,1,1,1,1,1,1,1,1,1,1,1,1,1,1,1,1,1,1,1,1,1,1,1,1,1,1,1,1,1,1,1,1,1,1,1,1,1,1,1,1,1,1,1,1,1,1,1,1,1,1,1,1,1,1,1,1,1,1,1,1,1,1,1,1,1,1,1,1,1,1,1,1,1,1,1,1,1,1,1,1,1,1,1,1,1,1,1,1,1,1,1,1,1,1,1,1,1,1,1,1,1,1,1,1,1,1,1,1,1,1,1,1,1,1,1,1,1,1,1,1,1,1,1,1,1,1,1,1,1,1,1,1,1,1,1,1,1,1,1,1,1,1,1,1,1,1,1,1,1,1,1,1,1,1,1,1,1,1,1,1,1,1,1,1,1,1,1,1,1,1,1,1,1,1,1,1,1,1,1,1,1,1,1,1,1,1,1,1,1,1,1,1,1,1,1,1,1,1,1,1,1,1,1,1,1,1,1,1,1,1,1,1,1,1,1,1,1,1,1,1,1,1,1,1,1,1,1,1,1,1,1,1,1,1,1,1,1,1,1,1,1,1,1,1,1,1,1,1,1,1,1,1,1,1,1,1,1,1,1,1,1,1,1,1,1,1,1,1,1,1,1,1,1,1,1,1,1,1,1,1,1,1,1,1,1,1,1,1,1,1,1,1,1,1,1,1,1,1,1,1,1,1,1,1,1,1,1,1,1,1,1,1,1,1,1,1,1,1,1,1,1,1,1,1,1,1,1,1,1,1,1,1,1,1,1,1,1,1,1,1,1,1,1,1,1,1,1,1,1,1,1,1,1,1,1,1,1,1,1,1,1,1,1,1,1,1,1,1,1,1,1,1,1,1,1,1,1,1,1,1,1,1,1,1,1,1,1,1,1,1,1,1,1,1,1,1,1,1,1,1,1,1,1,1,1,1,1,1,1,1,1,1,1,1,1,1,1,1,1,1,1,1,1,1,1,1,1,1,1,1,1,1,1,1,1,1,1,1,1,1,1,1,1,1,1,1,1,1,1,1,1,1,1,1,1,1,1,1,1,1,1,1,1,1,1,1,1,1,1,1,1,1,1,1,1,1,1,1,1,1,1,1,1,1,1,1,1,1,1,1,1,1,1,1,1,1,1,1,1,1,1,1,1,1,1,1,1,1,1,1,1,1,1,1,1,1,1,1,1,1,1,1,1,1,1,1,1,1,1,1,1,1,1,1,1,1,1,1,1,1,1,1,1,1,1,1,1,1,1,1,1,1,1,1,1,1,1,1,1,1,1,1,1,1,1,1,1,1,1,1,1,1,1,1,1,1,1,1,1,1,1,1,1,1,1,1,1,1,1,1,1,1,1,1,1,1,1,1,1,1,1,1,1,1,1,1,1,1,1,1,1,1,1,1,1,1,1,1,1,1,1,1,1,1,1,1,1,1,1,1,1,1,1,1,1,1,1,1,1,1,1,1,1,1,1,1,1,1,1,1,1,1,1,1,1,1,1,1,1,1,1,1,1,1,1,1,1,1,1,1,1,1,1,1,1,1,1,1,1,1,1,1,1,1,1,1,1,1,1,1,1,1,1,1,1,1,1,1,1,1,1,1,1,1,1,1,1,1,1,1,1,1,1,1,1,1,1,1,1,1,1,1,1,1,1,1,1,1,1,1,1,1,1,1,1,1,1,1,1,1,1,1,1,1,1,1,1,1,1,1,1,1,1,1,1,1,1,1,1,1,1,1,1,1,1,1,1,1,1,1,1,1,1,1,1,1,1,1,1,1,1,1,1,1,1,1,1,1,1,1,1,1,1,1,1,1,1,1,1,1,1,1,1,1,1,1,1,1,1,1,1,1,1,1,1,1,1,1,1,1,1,1,1,1,1,1,1,1,1,1,1,1,1,1,1,1,1,1,1,1,1,1,1,1,1,1,1,1,1,1,1,1,1,1,1,1,1,1,1,1,1,1,1,1,1,1,1,1,1,1,1,1,1,1,1,1,1,1,1,1,1,1,1,1,1,1,1,1,1,1,1,1,1,1,1,1,1,1,1,1,1,1,1,1,1,1,1,1,1,1,1,1,1,1,1,1,1,1,1,1,1,1,1,1,1,1,1,1,1,1,1,1,1,1,1,1,1,1,1,1,1,1,1,1,1,1,1,1,1,1,1,1,1,1,1,1,1,1,1,1,1,1,1,1,1,1,1,1,1,1,1,1,1,1,1,1,1,1,1,1,1,1,1,1,1,1,1,1,1,1,1,1,1,1,1,1,1,1,1,1,1,1,1,1,1,1,1,1,1,1,1,1,1,1,1,1,1,1,1,1,1,1,1,1,1,1,1,1,1,1,1,1,1,1,1,1,1,1,1,1,1,1,1,1,1,1,1,1,1,1,1,1,1,1,1,1,1,1,1,1,1,1,1,1,1,1,1,1,1,1,1,1,1,1,1,1,1,1,1,1,1,1,1,1,1,1,1,1,1,1,1,1,1,1,1,1,1,1,1,1,1,1,1,1,1,1,1,1,1,1,1,1,1,1,1,1,1,1,1,1,1,1,1,1,1,1,1,1,1,1,1,1,1,1,1,1,1,1,1,1,1,1,1,1,1,1,1,1,1,1,1,1,1,1,1,1,1,1,1,1,1,1,1,1,1,1,1,1,1,1,1,1,1,1,1,1,1,1,1,1,1,1,1,1,1,1,1,1,1,1,1,1,1,1,1,1,1,1,1,1,1,1,1,1,1,1,1,1,1,1,1,1,1,1,1,1,1,1,1,1,1,1,1,1,1,1,1,1,1,1,1,1,1,1,1,1,1,1,1,1,1,1,1,1,1,1,1,1,1,1,1,1,1,1,1,1,1,1,1,1,1,1,1,1,1,1,1,1,1,1,1,1,1,1,1,1,1,1,1,1,1,1,1,1,1,1,1,1,1,1,1,1,1,1,1,1,1,1,1,1,1,1,1,1,1,1,1,1,1,1,1,1,1,1,1,1,1,1,1,1,1,1,1,1,1,1,1,1,1,1,1,1,1,1,1,1,1,1,1,1,1,1,1,1,1,1,1,1,1,1,1,1,1,1,1,1,1,1,1,1,1,1,1,1,1,1,1,1,1,1,1,1,1,1,1,1,1,1,1,1,1,1,1,1,1,1,1,1,1,1,1,1,1,1,1,1,1,1,1,1,1,1,1,1,1,1,1,1,1,1,1,1,1,1,1,1,1,1,1,1,1,1,1,1,1,1,1,1,1,1,1,1,1,1,1,1,1,1,1,1,1,1,1,1,1,1,1,1,1,1,1,1,1,1,1,1,1,1,1,1,1,1,1,1,1,1,1,1,1,1,1,1,1,1,1,1,1,1,1,1,1,1,1,1,1,1,1,1,1,1,1,1,1,1,1,1,1,1,1,1,1,1,1,1,1,1,1,1,1,1,1,1,1,1,1,1,1,1,1,1,1,1,1,1,1,1,1,1,1,1,1,1,1,1,1,1,1,1,1,1,1,1,1,1,1,1,1,1,1,1,1,1,1,1,1,1,1,1,1,1,1,1,1,1,1,1,1,1,1,1,1,1,1,1,1,1,1,1,1,1,1,1,1,1,1,1,1,1,1,1,1,1,1,1,1,1,1,1,1,1,1,1,1,1,1,1,1,1,1,1,1,1,1,1,1,1,1,1,1,1,1,1,1,1,1,1,1,1,1,1,1,1,1,1,1,1,1,1,1,1,1,1,1,1,1,1,1,1,1,1,1,1,1,1,1,1,1,1,1,1,1,1,1,1,1,1,1,1,1,1,1,1,1,1,1,1,1,1,1,1,1,1,1,1,1,1,1,1,1,1,1,1,1,1,1,1,1,1,1,1,1,1,1,1,1,1,1,1,1,1,1,1,1,1,1,1,1,1,1,1,1,1,1,1,1,1,1,1,1,1,1,1,1,1,1,1,1,1,1,1,1,1,1,1,1,1,1,1,1,1,1,1,1,1,1,1,1,1,1,1,1,1,1,1,1,1,1,1,1,1,1,1,1,1,1,1,1,1,1,1,1,1,1,1,1,1,1,1,1,1,1,1,1,1,1,1,1,1,1,1,1,1,1,1,1,1,1,1,1,1,1,1,1,1,1,1,1,1,1,1,1,1,1,1,1,1,1,1,1,1,1,1,1,1,1,1,1,1,1,1,1,1,1,1,1,1,1,1,1,1,1,1,1,1,1,1,1,1,1,1,1,1,1,1,1,1,1,1,1,1,1,1,1,1,1,1,1,1,1,1,1,1,1,1,1,1,1,1,1,1,1,1,1,1,1,1,1,1,1,1,1,1,1,1,1,1,1,1,1,1,1,1,1,1,1,1,1,1,1,1,1,1,1,1,1,1,1,1,1,1,1,1,1,1,1,1,1,1,1,1,1,1,1,1,1,1,1,1,1,1,1,1,1,1,1,1,1,1,1,1,1,1,1,1,1,1,1,1,1,1,1,1,1,1,1,1,1,1,1,1,1,1,1,1,1,1,1,1,1,1,1,1,1,1,1,1,1,1,1,1,1,1,1,1,1,1,1,1,1,1,1,1,1,1,1,1,1,1,1,1,1,1,1,1,1,1,1,1,1,1,1,1,1,1,1,1,1,1,1,1,1,1,1,1,1,1,1,1,1,1,1,1,1,1,1,1,1,1,1,1,1,1,1,1,1,1,1,1,1,1,1,1,1,1,1,1,1,1,1,1,1,1,1,1,1,1,1,1,1,1,1,1,1,1,1,1,1,1,1,1,1,1,1,1,1,1,1,1,1,1,1,1,1,1,1,1,1,1,1,1,1,1,1,1,1,1,1,1,1,1,1,1,1,1,1,1,1,1,1,1,1,1,1,1,1,1,1,1,1,1,1,1,1,1,1,1,1,1,1,1,1,1,1,1,1,1,1,1,1,1,1,1,1,1,1,1,1,1,1,1,1,1,1,1,1,1,1,1,1,1,1,1,1,1,1,1,1,1,1,1,1,1,1,1,1,1,1,1,1,1,1,1,1,1,1,1,1,1,1,1,1,1,1,1,1,1,1,1,1,1,1,1,1,1,1,1,1,1,1,1,1,1,1,1,1,1,1,1,1,1,1,1,1,1,1,1,1,1,1,1,1,1,1,1,1,1,1,1,1,1,1,1,1,1,1,1,1,1,1,1,1,1,1,1,1,1,1,1,1,1,1,1,1,1,1,1,1,1,1,1,1,1,1,1,1,1,1,1,1,1,1,1,1,1,1,1,1,1,1,1,1,1,1,1,1,1,1,1,1,1,1,1,1,1,1,1,1,1,1,1,1,1,1,1,1,1,1,1,1,1,1,1,1,1,1,1,1,1,1,1,1,1,1,1,1,1,1,1,1,1,1,1,1,1,1,1,1,1,1,1,1,1,1,1,1,1,1,1,1,1,1,1,1,1,1,1,1,1,1,1,1,1,1,1,1,1,1,1,1,1,1,1,1,1,1,1,1,1,1,1,1,1,1,1,1,1,1,1,1,1,1,1,1,1,1,1,1,1,1,1,1,1,1,1,1,1,1,1,1,1,1,1,1,1,1,1,1,1,1,1,1,1,1,1,1,1,1,1,1,1,1,1,1,1,1,1,1,1,1,1,1,1,1,1,1,1,1,1,1,1,1,1,1,1,1,1,1,1,1,1,1,1,1,1,1,1,1,1,1,1,1,1,1,1,1,1,1,1,1,1,1,1,1,1,1,1,1,1,1,1,1,1,1,1,1,1,1,1,1,1,1,1,1,1,1,1,1,1,1,1,1,1,1,1,1,1,1,1,1,1,1,1,1,1,1,1,1,1,1,1,1,1,1,1,1,1,1,1,1,1,1,1,1,1,1,1,1,1,1,1,1,1,1,1,1,1,1,1,1,1,1,1,1,1,1,1,1,1,1,1,1,1,1,1,1,1,1,1,1,1,1,1,1,1,1,1,1,1,1,1,1,1,1,1,1,1,1,1,1,1,1,1,1,1,1,1,1,1,1,1,1,1,1,1,1,1,1,1,1,1,1,1,1,1,1,1,1,1,1,1,1,1,1,1,1,1,1,1,1,1,1,1,1,1,1,1,1,1,1,1,1,1,1,1,1,1,1,1,1,1,1,1,1,1,1,1,1,1,1,1,1,1,1,1,1,1,1,1,1,1,1,1,1,1,1,1,1,1,1,1,1,1,1,1,1,1,1,1,1,1,1,1,1,1,1,1,1,1,1,1,1,1,1,1,1,1,1,1,1,1,1,1,1,1,1,1,1,1,1,1,1,1,1,1,1,1,1,1,1,1,1,1,1,1,1,1,1,1,1,1,1,1,1,1,1,1,1,1,1,1,1,1,1,1,1,1,1,1,1,1,1,1,1,1,1,1,1,1,1,1,1,1,1,1,1,1,1,1,1,1,1,1,1,1,1,1,1,1,1,1,1,1,1,1,1,1,1,1,1,1,1,1,1,1,1,1,1,1,1,1,1,1,1,1,1,1,1,1,1,1,1,1,1,1,1,1,1,1,1,1,1,1,1,1,1,1,1,1,1,1,1,1,1,1,1,1,1,1,1,1,1,1,1,1,1,1,1,1,1,1,1,1,1,1,1,1,1,1,1,1,1,1,1,1,1,1,1,1,1,1,1,1,1,1,1,1,1,1,1,1,1,1,1,1,1,1,1,1,1,1,1,1,1,1,1,1,1,1,1,1,1,1,1,1,1,1,1,1,1,1,1,1,1,1,1,1,1,1,1,1,1,1,1,1,1,1,1,1,1,1,1,1,1,1,1,1,1,1,1,1,1,1,1,1,1,1,1,1,1,1,1,1,1,1,1,1,1,1,1,1,1,1,1,1,1,1,1,1,1,1,1,1,1,1,1,1,1,1,1,1,1,1,1,1,1,1,1,1,1,1,1,1,1,1,1,1,1,1,1,1,1,1,1,1,1,1,1,1,1,1,1,1,1,1,1,1,1,1,1,1,1,1,1,1,1,1,1,1,1,1,1,1,1,1,1,1,1,1,1,1,1,1,1,1,1,1,1,1,1,1,1,1,1,1,1,1,1,1,1,1,1,1,1,1,1,1,1,1,1,1,1,1,1,1,1,1,1,1,1,1,1,1,1,1,1,1,1,1,1,1,1,1,1,1,1,1,1,1,1,1,1,1,1,1,1,1,1,1,1,1,1,1,1,1,1,1,1,1,1,1,1,1,1,1,1,1,1,1,1,1,1,1,1,1,1,1,1,1,1,1,1,1,1,1,1,1,1,1,1,1,1,1,1,1,1,1,1,1,1,1,1,1,1,1,1,1,1,1,1,1,1,1,1,1,1,1,1,1,1,1,1,1,1,1,1,1,1,1,1,1,1,1,1,1,1,1,1,1,1,1,1,1,1,1,1,1,1,1,1,1,1,1,1,1,1,1,1,1,1,1,1,1,1,1,1,1,1,1,1,1,1,1,1,1,1,1,1,1,1,1,1,1,1,1,1,1,1,1,1,1,1,1,1,1,1,1,1,1,1,1,1,1,1,1,1,1,1,1,1,1,1,1,1,1,1,1,1,1,1,1,1,1,1,1,1,1,1,1,1,1,1,1,1,1,1,1,1,1,1,1,1,1,1,1,1,1,1,1,1,1,1,1,1,1,1,1,1,1,1,1,1,1,1,1,1,1,1,1,1,1,1,1,1,1,1,1,1,1,1,1,1,1,1,1,1,1,1,1,1,1,1,1,1,1,1,1,1,1,1,1,1,1,1,1,1,1,1,1,1,1,1,1,1,1,1,1,1,1,1,1,1,1,1,1,1,1,1,1,1,1,1,1,1,1,1,1,1,1,1,1,1,1,1,1,1,1,1,1,1,1,1,1,1,1,1,1,1,1,1,1,1,1,1,1,1,1,1,1,1,1,1,1,1,1,1,1,1,1,1,1,1,1,1,1,1,1,1,1,1,1,1,1,1,1,1,1,1,1,1,1,1,1,1,1,1,1,1,1,1,1,1,1,1,1,1,1,1,1,1,1,1,1,1,1,1,1,1,1,1,1,1,1,1,1,1,1,1,1,1,1,1,1,1,1,1,1,1,1,1,1,1,1,1,1,1,1,1,1,1,1,1,1,1,1,1,1,1,1,1,1,1,1,1,1,1,1,1,1,1,1,1,1,1,1,1,1,1,1,1,1,1,1,1,1,1,1,1,1,1,1,1,1,1,1,1,1,1,1,1,1,1,1,1,1,1,1,1,1,1,1,1,1,1,1,1,1,1,1,1,1,1,1,1,1,1,1,1,1,1,1,1,1,1,1,1,1,1,1,1,1,1,1,1,1,1,1,1,1,1,1,1,1,1,1,1,1,1,1,1,1,1,1,1,1,1,1,1,1,1,1,1,1,1,1,1,1,1,1,1,1,1,1,1,1,1,1,1,1,1,1,1,1,1,1,1,1,1,1,1,1,1,1,1,1,1,1,1,1,1,1,1,1,1,1,1,1,1,1,1,1,1,1,1,1,1,1,1,1,1,1,1,1,1,1,1,1,1,1,1,1,1,1,1,1,1,1,1,1,1,1,1,1,1,1,1,1,1,1,1,1,1,1,1,1,1,1,1,1,1,1,1,1,1,1,1,1,1,1,1,1,1,1,1,1,1,1,1,1,1,1,1,1,1,1,1,1,1,1,1,1,1,1,1,1,1,1,1,1,1,1,1,1,1,1,1,1,1,1,1,1,1,1,1,1,1,1,1,1,1,1,1,1,1,1,1,1,1,1,1,1,1,1,1,1,1,1,1,1,1,1,1,1,1,1,1,1,1,1,1,1,1,1,1,1,1,1,1,1,1,1,1,1,1,1,1,1,1,1,1,1,1,1,1,1,1,1,1,1,1,1,1,1,1,1,1,1,1,1,1,1,1,1,1,1,1,1,1,1,1,1,1,1,1,1,1,1,1,1,1,1,1,1,1,1,1,1,1,1,1,1,1,1,1,1,1,1,1,1,1,1,1,1,1,1,1,1,1,1,1,1,1,1,1,1,1,1,1,1,1,1,1,1,1,1,1,1,1,1,1,1,1,1,1,1,1,1,1,1,1,1,1,1,1,1,1,1,1,1,1,1,1,1,1,1,1,1,1,1,1,1,1,1,1,1,1,1,1,1,1,1,1,1,1,1,1,1,1,1,1,1,1,1,1,1,1,1,1,1,1,1,1,1,1,1,1,1,1,1,1,1,1,1,1,1,1,1,1,1,1,1,1,1,1,1,1,1,1,1,1,1,1,1,1,1,1,1,1,1,1,1,1,1,1,1,1,1,1,1,1,1,1,1,1,1,1,1,1,1,1,1,1,1,1,1,1,1,1,1,1,1,1,1,1,1,1,1,1,1,1,1,1,1,1,1,1,1,1,1,1,1,1,1,1,1,1,1,1,1,1,1,1,1,1,1,1,1,1,1,1,1,1,1,1,1,1,1,1,1,1,1,1,1,1,1,1,1,1,1,1,1,1,1,1,1,1,1,1,1,1,1,1,1,1,1,1,1,1,1,1,1,1,1,1,1,1,1,1,1,1,1,1,1,1,1,1,1,1,1,1,1,1,1,1,1,1,1,1,1,1,1,1,1,1,1,1,1,1,1,1,1,1,1,1,1,1,1,1,1,1,1,1,1,1,1,1,1,1,1,1,1,1,1,1,1,1,1,1,1,1,1,1,1,1,1,1,1,1,1,1,1,1,1,1,1,1,1,1,1,1,1,1,1,1,1,1,1,1,1,1,1,1,1,1,1,1,1,1,1,1,1,1,1,1,1,1,1,1,1,1,1,1,1,1,1,1,1,1,1,1,1,1,1,1,1,1,1,1,1,1,1,1,1,1,1,1,1,1,1,1,1,1,1,1,1,1,1,1,1,1,1,1,1,1,1,1,1,1,1,1,1,1,1,1,1,1,1,1,1,1,1,1,1,1,1,1,1,1,1,1,1,1,1,1,1,1,1,1,1,1,1,1,1,1,1,1,1,1,1,1,1,1,1,1,1,1,1,1,1,1,1,1,1,1,1,1,1,1,1,1,1,1,1,1,1,1,1,1,1,1,1,1,1,1,1,1,1,1,1,1,1,1,1,1,1,1,1,1,1,1,1,1,1,1,1,1,1,1,1,1,1,1,1,1,1,1,1,1,1,1,1,1,1,1,1,1,1,1,1,1,1,1,1,1,1,1,1,1,1,1,1,1,1,1,1,1,1,1,1,1,1,1,1,1,1,1,1,1,1,1,1,1,1,1,1,1,1,1,1,1,1,1,1,1,1,1,1,1,1,1,1,1,1,1,1,1,1,1,1,1,1,1,1,1,1,1,1,1,1,1,1,1,1,1,1,1,1,1,1,1,1,1,1,1,1,1,1,1,1,1,1,1,1,1,1,1,1,1,1,1,1,1,1,1,1,1,1,1,1,1,1,1,1,1,1,1,1,1,1,1,1,1,1,1,1,1,1,1,1,1,1,1,1,1,1,1,1,1,1,1,1,1,1,1,1,1,1,1,1,1,1,1,1,1,1,1,1,1,1,1,1,1,1,1,1,1,1,1,1,1,1,1,1,1,1,1,1,1,1,1,1,1,1,1,1,1,1,1,1,1,1,1,1,1,1,1,1,1,1,1,1,1,1,1,1,1,1,1,1,1,1,1,1,1,1,1,1,1,1,1,1,1,1,1,1,1,1,1,1,1,1,1,1,1,1,1,1,1,1,1,1,1,1,1,1,1,1,1,1,1,1,1,1,1,1,1,1,1,1,1,1,1,1,1,1,1,1,1,1,1,1,1,1,1,1,1,1,1,1,1,1,1,1,1,1,1,1,1,1,1,1,1,1,1,1,1,1,1,1,1,1,1,1,1,1,1,1,1,1,1,1,1,1,1,1,1,1,1,1,1,1,1,1,1,1,1,1,1,1,1,1,1,1,1,1,1,1,1,1,1,1,1,1,1,1,1,1,1,1,1,1,1,1,1,1,1,1,1,1,1,1,1,1,1,1,1,1,1,1,1,1,1,1,1,1,1,1,1,1,1,1,1,1,1,1,1,1,1,1,1,1,1,1,1,1,1,1,1,1,1,1,1,1,1,1,1,1,1,1,1,1,1,1,1,1,1,1,1,1,1,1,1,1,1,1,1,1,1,1,1,1,1,1,1,1,1,1,1,1,1,1,1,1,1,1,1,1,1,1,1,1,1,1,1,1,1,1,1,1,1,1,1,1,1,1,1,1,1,1,1,1,1,1,1,1,1,1,1,1,1,1,1,1,1,1,1,1,1,1,1,1,1,1,1,1,1,1,1,1,1,1,1,1,1,1,1,1,1,1,1,1,1,1,1,1,1,1,1,1,1,1,1,1,1,1,1,1,1,1,1,1,1,1,1,1,1,1,1,1,1,1,1,1,1,1,1,1,1,1,1,1,1,1,1,1,1,1,1,1,1,1,1,1,1,1,1,1,1,1,1,1,1,1,1,1,1,1,1,1,1,1,1,1,1,1,1,1,1,1,1,1,1,1,1,1,1,1,1,1,1,1,1,1,1,1,1,1,1,1,1,1,1,1,1,1,1,1,1,1,1,1,1,1,1,1,1,1,1,1,1,1,1,1,1,1,1,1,1,1,1,1,1,1,1,1,1,1,1,1,1,1,1,1,1,1,1,1,1,1,1,1,1,1,1,1,1,1,1,1,1,1,1,1,1,1,1,1,1,1,1,1,1,1,1,1,1,1,1,1,1,1,1,1,1,1,1,1,1,1,1,1,1,1,1,1,1,1,1,1,1,1,1,1,1,1,1,1,1,1,1,1,1,1,1,1,1,1,1,1,1,1,1,1,1,1,1,1,1,1,1,1,1,1,1,1,1,1,1,1,1,1,1,1,1,1,1,1,1,1,1,1,1,1,1,1,1,1,1,1,1,1,1,1,1,1,1,1,1,1,1,1,1,1,1,1,1,1,1,1,1,1,1,1,1,1,1,1,1,1,1,1,1,1,1,1,1,1,1,1,1,1,1,1,1,1,1,1,1,1,1,1,1,1,1,1,1,1,1,1,1,1,1,1,1,1,1,1,1,1,1,1,1,1,1,1,1,1,1,1,1,1,1,1,1,1,1,1,1,1,1,1,1,1,1,1,1,1,1,1,1,1,1,1,1,1,1,1,1,1,1,1,1,1,1,1,1,1,1,1,1,1,1,1,1,1,1,1,1,1,1,1,1,1,1,1,1,1,1,1,1,1,1,1,1,1,1,1,1,1,1,1,1,1,1,1,1,1,1,1,1,1,1,1,1,1,1,1,1,1,1,1,1,1,1,1,1,1,1,1,1,1,1,1,1,1,1,1,1,1,1,1,1,1,1,1,1,1,1,1,1,1,1,1,1,1,1,1,1,1,1,1,1,1,1,1,1,1,1,1,1,1,1,1,1,1,1,1,1,1,1,1,1,1,1,1,1,1,1,1,1,1,1,1,1,1,1,1,1,1,1,1,1,1,1,1,1,1,1,1,1,1,1,1,1,1,1,1,1,1,1,1,1,1,1,1,1,1,1,1,1,1,1,1,1,1,1,1,1,1,1,1,1,1,1,1,1,1,1,1,1,1,1,1,1,1,1,1,1,1,1,1,1,1,1,1,1,1,1,1,1,1,1,1,1,1,1,1,1,1,1,1,1,1,1,1,1,1,1,1,1,1,1,1,1,1,1,1,1,1,1,1,1,1,1,1,1,1,1,1,1,1,1,1,1,1,1,1,1,1,1,1,1,1,1,1,1,1,1,1,1,1,1,1,1,1,1,1,1,1,1,1,1,1,1,1,1,1,1,1,1,1,1,1,1,1,1,1,1,1,1,1,1,1,1,1,1,1,1,1,1,1,1,1,1,1,1,1,1,1,1,1,1,1,1,1,1,1,1,1,1,1,1,1,1,1,1,1,1,1,1,1,1,1,1,1,1,1,1,1,1,1,1,1,1,1,1,1,1,1,1,1,1,1,1,1,1,1,1,1,1,1,1,1,1,1,1,1,1,1,1,1,1,1,1,1,1,1,1,1,1,1,1,1,1,1,1,1,1,1,1,1,1]
["P15",{"$f":"PFP!D21","v":"Sistema de rastreamento veicular"},{"$f":"PFP!E21","v":"mês"},{"$f":"PFP!F21","v":132},{"$f":"PFP!G21","v":97.508333333333326},{"$f":"PFP!K21","v":15478.32},{"$f":"PFP!I21","v":1.2025999999999999},11,{"$f":"H17","v":11},{"$f":"I17","v":11},{"$f":"J17","v":11},{"$f":"K17","v":11},{"$f":"L17","v":11},{"$f":"M17","v":11},{"$f":"N17","v":11},{"$f":"O17","v":11},{"$f":"P17","v":11},{"$f":"Q17","v":11},{"$f":"R17","v":11}]
["P15",{"$f":"PFP!D22","v":"Locação - Receptor GNSS com antena, radio UHF e canais para rastreamento de sistemas de satélite"},{"$f":"PFP!E22","v":"Unid. x Mês"},{"$f":"PFP!F22","v":36},{"$f":"PFP!G22","v":2250},{"$f":"PFP!K22","v":97410.6},{"$f":"PFP!I22","v":1.2025999999999999},3,3,3,3,3,3,3,3,3,3,3,3]
["P16",{"$f":"PFP!D23","v":"Locação - Notebook conforme especificação"},{"$f":"PFP!E23","v":"Unid. x Mês"},{"$f":"PFP!F23","v":144},{"$f":"PFP!G23","v":517.08145833333333},{"$f":"PFP!K23","v":89544.960000000006},{"$f":"PFP!I23","v":1.2025999999999999},12,12,12,12,12,12,12,12,12,12,12,12]
["P17",{"$f":"PFP!#REF!","v":{"$error":"#REF!"}},{"$f":"PFP!#REF!","v":{"$error":"#REF!"}},{"$f":"PFP!#REF!","v":{"$error":"#REF!"}},{"$f":"PFP!#REF!","v":{"$error":"#REF!"}},{"$f":"PFP!#REF!","v":{"$error":"#REF!"}},{"$f":"PFP!#REF!","v":{"$error":"#REF!"}},{"$error":"#REF!"},{"$f":"H20","v":{"$error":"#REF!"}},{"$f":"I20","v":{"$error":"#REF!"}},{"$f":"J20","v":{"$error":"#REF!"}},{"$f":"K20","v":{"$error":"#REF!"}},{"$f":"L20","v":{"$error":"#REF!"}},{"$f":"M20","v":{"$error":"#REF!"}},{"$f":"N20","v":{"$error":"#REF!"}},{"$f":"O20","v":{"$error":"#REF!"}},{"$f":"P20","v":{"$error":"#REF!"}},{"$f":"Q20","v":{"$error":"#REF!"}},{"$f":"R20","v":{"$error":"#REF!"}}]
[]
[]
[]
["TOTAL","VALOR TOTAL POR PRODUTO","R$",{"$f":"SUM(H24:S24)","v":{"$error":"#REF!"}},null,null,null,{"$f":"H53","v":{"$error":"#REF!"}},{"$f":"I53","v":{"$error":"#REF!"}},{"$error":"#REF!"},{"$error":"#REF!"},{"$error":"#REF!"},{"$error":"#REF!"},{"$error":"#REF!"},{"$error":"#REF!"},{"$error":"#REF!"},{"$error":"#REF!"},{"$error":"#REF!"},{"$error":"#REF!"}]
[null,null,"%",{"$f":"SUM(H25:S25)","v":{"$error":"#REF!"}},null,null,null,{"$f":"ROUND(H24/$D$24,5)","v":{"$error":"#REF!"}},{"$f":"ROUND(I24/$D$24,5)","v":{"$error":"#REF!"}},{"$error":"#REF!"},{"$error":"#REF!"},{"$error":"#REF!"},{"$error":"#REF!"},{"$error":"#REF!"},{"$error":"#REF!"},{"$error":"#REF!"},{"$error":"#REF!"},{"$error":"#REF!"},{"$error":"#REF!"}]
["TOTAL","VALOR DOS SUBPRODUTOS","R$",{"$f":"SUM(H26:S26)","v":{"$error":"#REF!"}},null,null,null,{"$f":"H24*0.8","v":{"$error":"#REF!"}},{"$f":"I24*0.8","v":{"$error":"#REF!"}},{"$error":"#REF!"},{"$error":"#REF!"},{"$error":"#REF!"},{"$error":"#REF!"},{"$error":"#REF!"},{"$error":"#REF!"},{"$error":"#REF!"},{"$error":"#REF!"},{"$error":"#REF!"},{"$error":"#REF!"},0,0,0,0,0,0,0,0,0,0,0,0,0,0,0,0,0,0,0,0,0,0,0,0,0,0,0,0,0,0,0,0,0,0,0,0,0,0,0,0,0,0,0,0,0,0,0,0,0,0,0,0,0,{"$f":"BU24*0.8","v":0},0,0,0,0,0,0,0,0,0,0,0,0,0,0,0,0,0,0,0,0,0,0,0,0,0,0,0,0,0,0,0,0,0,0,0,0,0,0,0,0,0,0,0,0,0,0,0,0,0,0,0,0,0,0,0,0,0,0,0,0,0,0,0,{"$f":"EG24*0.8","v":0},0,0,0,0,0,0,0,0,0,0,0,0,0,0,0,0,0,0,0,0,0,0,0,0,0,0,0,0,0,0,0,0,0,0,0,0,0,0,0,0,0,0,0,0,0,0,0,0,0,0,0,0,0,0,0,0,0,0,0,0,0,0,0,{"$f":"GS24*0.8","v":0},0,0,0,0,0,0,0,0,0,0,0,0,0,0,0,0,0,0,0,0,0,0,0,0,0,0,0,0,0,0,0,0,0,0,0,0,0,0,0,0,0,0,0,0,0,0,0,0,0,0,0,0,0,0,0,0,0,0,0,0,0,0,0,{"$f":"JE24*0.8","v":0},0,0,0,0,0,0,0,0,0,0,0,0,0,0,0,0,0,0,0,0,0,0,0,0,0,0,0,0,0,0,0,0,0,0,0,0,0,0,0,0,0,0,0,0,0,0,0,0,0,0,0,0,0,0,0,0,0,0,0,0,0,0,0,{"$f":"LQ24*0.8","v":0},0,0,0,0,0,0,0,0,0,0,0,0,0,0,0,0,0,0,0,0,0,0,0,0,0,0,0,0,0,0,0,0,0,0,0,0,0,0,0,0,0,0,0,0,0,0,0,0,0,0,0,0,0,0,0,0,0,0,0,0,0,0,0,{"$f":"OC24*0.8","v":0},0,0,0,0,0,0,0,0,0,0,0,0,0,0,0,0,0,0,0,0,0,0,0,0,0,0,0,0,0,0,0,0,0,0,0,0,0,0,0,0,0,0,0,0,0,0,0,0,0,0,0,0,0,0,0,0,0,0,0,0,0,0,0,{"$f":"QO24*0.8","v":0},0,0,0,0,0,0,0,0,0,0,0,0,0,0,0,0,0,0,0,0,0,0,0,0,0,0,0,0,0,0,0,0,0,0,0,0,0,0,0,0,0,0,0,0,0,0,0,0,0,0,0,0,0,0,0,0,0,0,0,0,0,0,0,{"$f":"TA24*0.8","v":0},0,0,0,0,0,0,0,0,0,0,0,0,0,0,0,0,0,0,0,0,0,0,0,0,0,0,0,0,0,0,0,0,0,0,0,0,0,0,0,0,0,0,0,0,0,0,0,0,0,0,0,0,0,0,0,0,0,0,0,0,0,0,0,{"$f":"VM24*0.8","v":0},0,0,0,0,0,0,0,0,0,0,0,0,0,0,0,0,0,0,0,0,0,0,0,0,0,0,0,0,0,0,0,0,0,0,0,0,0,0,0,0,0,0,0,0,0,0,0,0,0,0,0,0,0,0,0,0,0,0,0,0,0,0,0,{"$f":"XY24*0.8","v":0},0,0,0,0,0,0,0,0,0,0,0,0,0,0,0,0,0,0,0,0,0,0,0,0,0,0,0,0,0,0,0,0,0,0,0,0,0,0,0,0,0,0,0,0,0,0,0,0,0,0,0,0,0,0,0,0,0,0,0,0,0,0,0,{"$f":"AAK24*0.8","v":0},0,0,0,0,0,0,0,0,0,0,0,0,0,0,0,0,0,0,0,0,0,0,0,0,0,0,0,0,0,0,0,0,0,0,0,0,0,0,0,0,0,0,0,0,0,0,0,0,0,0,0,0,0,0,0,0,0,0,0,0,0,0,0,{"$f":"ACW24*0.8","v":0},0,0,0,0,0,0,0,0,0,0,0,0,0,0,0,0,0,0,0,0,0,0,0,0,0,0,0,0,0,0,0,0,0,0,0,0,0,0,0,0,0,0,0,0,0,0,0,0,0,0,0,0,0,0,0,0,0,0,0,0,0,0,0,{"$f":"AFI24*0.8","v":0},0,0,0,0,0,0,0,0,0,0,0,0,0,0,0,0,0,0,0,0,0,0,0,0,0,0,0,0,0,0,0,0,0,0,0,0,0,0,0,0,0,0,0,0,0,0,0,0,0,0,0,0,0,0,0,0,0,0,0,0,0,0,0,{"$f":"AHU24*0.8","v":0},0,0,0,0,0,0,0,0,0,0,0,0,0,0,0,0,0,0,0,0,0,0,0,0,0,0,0,0,0,0,0,0,0,0,0,0,0,0,0,0,0,0,0,0,0,0,0,0,0,0,0,0,0,0,0,0,0,0,0,0,0,0,0,{"$f":"AKG24*0.8","v":0},0,0,0,0,0,0,0,0,0,0,0,0,0,0,0,0,0,0,0,0,0,0,0,0,0,0,0,0,0,0,0,0,0,0,0,0,0,0,0,0,0,0,0,0,0,0,0,0,0,0,0,0,0,0,0,0,0,0,0,0,0,0,0,{"$f":"AMS24*0.8","v":0},0,0,0,0,0,0,0,0,0,0,0,0,0,0,0,0,0,0,0,0,0,0,0,0,0,0,0,0,0,0,0,0,0,0,0,0,0,0,0,0,0,0,0,0,0,0,0,0,0,0,0,0,0,0,0,0,0,0,0,0,0,0,0,{"$f":"APE24*0.8","v":0},0,0,0,0,0,0,0,0,0,0,0,0,0,0,0,0,0,0,0,0,0,0,0,0,0,0,0,0,0,0,0,0,0,0,0,0,0,0,0,0,0,0,0,0,0,0,0,0,0,0,0,0,0,0,0,0,0,0,0,0,0,0,0,{"$f":"ARQ24*0.8","v":0},0,0,0,0,0,0,0,0,0,0,0,0,0,0,0,0,0,0,0,0,0,0,0,0,0,0,0,0,0,0,0,0,0,0,0,0,0,0,0,0,0,0,0,0,0,0,0,0,0,0,0,0,0,0,0,0,0,0,0,0,0,0,0,{"$f":"AUC24*0.8","v":0},0,0,0,0,0,0,0,0,0,0,0,0,0,0,0,0,0,0,0,0,0,0,0,0,0,0,0,0,0,0,0,0,0,0,0,0,0,0,0,0,0,0,0,0,0,0,0,0,0,0,0,0,0,0,0,0,0,0,0,0,0,0,0,{"$f":"AWO24*0.8","v":0},0,0,0,0,0,0,0,0,0,0,0,0,0,0,0,0,0,0,0,0,0,0,0,0,0,0,0,0,0,0,0,0,0,0,0,0,0,0,0,0,0,0,0,0,0,0,0,0,0,0,0,0,0,0,0,0,0,0,0,0,0,0,0,{"$f":"AZA24*0.8","v":0},0,0,0,0,0,0,0,0,0,0,0,0,0,0,0,0,0,0,0,0,0,0,0,0,0,0,0,0,0,0,0,0,0,0,0,0,0,0,0,0,0,0,0,0,0,0,0,0,0,0,0,0,0,0,0,0,0,0,0,0,0,0,0,{"$f":"BBM24*0.8","v":0},0,0,0,0,0,0,0,0,0,0,0,0,0,0,0,0,0,0,0,0,0,0,0,0,0,0,0,0,0,0,0,0,0,0,0,0,0,0,0,0,0,0,0,0,0,0,0,0,0,0,0,0,0,0,0,0,0,0,0,0,0,0,0,{"$f":"BDY24*0.8","v":0},0,0,0,0,0,0,0,0,0,0,0,0,0,0,0,0,0,0,0,0,0,0,0,0,0,0,0,0,0,0,0,0,0,0,0,0,0,0,0,0,0,0,0,0,0,0,0,0,0,0,0,0,0,0,0,0,0,0,0,0,0,0,0,{"$f":"BGK24*0.8","v":0},0,0,0,0,0,0,0,0,0,0,0,0,0,0,0,0,0,0,0,0,0,0,0,0,0,0,0,0,0,0,0,0,0,0,0,0,0,0,0,0,0,0,0,0,0,0,0,0,0,0,0,0,0,0,0,0,0,0,0,0,0,0,0,{"$f":"BIW24*0.8","v":0},0,0,0,0,0,0,0,0,0,0,0,0,0,0,0,0,0,0,0,0,0,0,0,0,0,0,0,0,0,0,0,0,0,0,0,0,0,0,0,0,0,0,0,0,0,0,0,0,0,0,0,0,0,0,0,0,0,0,0,0,0,0,0,{"$f":"BLI24*0.8","v":0},0,0,0,0,0,0,0,0,0,0,0,0,0,0,0,0,0,0,0,0,0,0,0,0,0,0,0,0,0,0,0,0,0,0,0,0,0,0,0,0,0,0,0,0,0,0,0,0,0,0,0,0,0,0,0,0,0,0,0,0,0,0,0,{"$f":"BNU24*0.8","v":0},0,0,0,0,0,0,0,0,0,0,0,0,0,0,0,0,0,0,0,0,0,0,0,0,0,0,0,0,0,0,0,0,0,0,0,0,0,0,0,0,0,0,0,0,0,0,0,0,0,0,0,0,0,0,0,0,0,0,0,0,0,0,0,{"$f":"BQG24*0.8","v":0},0,0,0,0,0,0,0,0,0,0,0,0,0,0,0,0,0,0,0,0,0,0,0,0,0,0,0,0,0,0,0,0,0,0,0,0,0,0,0,0,0,0,0,0,0,0,0,0,0,0,0,0,0,0,0,0,0,0,0,0,0,0,0,{"$f":"BSS24*0.8","v":0},0,0,0,0,0,0,0,0,0,0,0,0,0,0,0,0,0,0,0,0,0,0,0,0,0,0,0,0,0,0,0,0,0,0,0,0,0,0,0,0,0,0,0,0,0,0,0,0,0,0,0,0,0,0,0,0,0,0,0,0,0,0,0,{"$f":"BVE24*0.8","v":0},0,0,0,0,0,0,0,0,0,0,0,0,0,0,0,0,0,0,0,0,0,0,0,0,0,0,0,0,0,0,0,0,0,0,0,0,0,0,0,0,0,0,0,0,0,0,0,0,0,0,0,0,0,0,0,0,0,0,0,0,0,0,0,{"$f":"BXQ24*0.8","v":0},0,0,0,0,0,0,0,0,0,0,0,0,0,0,0,0,0,0,0,0,0,0,0,0,0,0,0,0,0,0,0,0,0,0,0,0,0,0,0,0,0,0,0,0,0,0,0,0,0,0,0,0,0,0,0,0,0,0,0,0,0,0,0,{"$f":"CAC24*0.8","v":0},0,0,0,0,0,0,0,0,0,0,0,0,0,0,0,0,0,0,0,0,0,0,0,0,0,0,0,0,0,0,0,0,0,0,0,0,0,0,0,0,0,0,0,0,0,0,0,0,0,0,0,0,0,0,0,0,0,0,0,0,0,0,0,{"$f":"CCO24*0.8","v":0},0,0,0,0,0,0,0,0,0,0,0,0,0,0,0,0,0,0,0,0,0,0,0,0,0,0,0,0,0,0,0,0,0,0,0,0,0,0,0,0,0,0,0,0,0,0,0,0,0,0,0,0,0,0,0,0,0,0,0,0,0,0,0,{"$f":"CFA24*0.8","v":0},0,0,0,0,0,0,0,0,0,0,0,0,0,0,0,0,0,0,0,0,0,0,0,0,0,0,0,0,0,0,0,0,0,0,0,0,0,0,0,0,0,0,0,0,0,0,0,0,0,0,0,0,0,0,0,0,0,0,0,0,0,0,0,{"$f":"CHM24*0.8","v":0},0,0,0,0,0,0,0,0,0,0,0,0,0,0,0,0,0,0,0,0,0,0,0,0,0,0,0,0,0,0,0,0,0,0,0,0,0,0,0,0,0,0,0,0,0,0,0,0,0,0,0,0,0,0,0,0,0,0,0,0,0,0,0,{"$f":"CJY24*0.8","v":0},0,0,0,0,0,0,0,0,0,0,0,0,0,0,0,0,0,0,0,0,0,0,0,0,0,0,0,0,0,0,0,0,0,0,0,0,0,0,0,0,0,0,0,0,0,0,0,0,0,0,0,0,0,0,0,0,0,0,0,0,0,0,0,{"$f":"CMK24*0.8","v":0},0,0,0,0,0,0,0,0,0,0,0,0,0,0,0,0,0,0,0,0,0,0,0,0,0,0,0,0,0,0,0,0,0,0,0,0,0,0,0,0,0,0,0,0,0,0,0,0,0,0,0,0,0,0,0,0,0,0,0,0,0,0,0,{"$f":"COW24*0.8","v":0},0,0,0,0,0,0,0,0,0,0,0,0,0,0,0,0,0,0,0,0,0,0,0,0,0,0,0,0,0,0,0,0,0,0,0,0,0,0,0,0,0,0,0,0,0,0,0,0,0,0,0,0,0,0,0,0,0,0,0,0,0,0,0,{"$f":"CRI24*0.8","v":0},0,0,0,0,0,0,0,0,0,0,0,0,0,0,0,0,0,0,0,0,0,0,0,0,0,0,0,0,0,0,0,0,0,0,0,0,0,0,0,0,0,0,0,0,0,0,0,0,0,0,0,0,0,0,0,0,0,0,0,0,0,0,0,{"$f":"CTU24*0.8","v":0},0,0,0,0,0,0,0,0,0,0,0,0,0,0,0,0,0,0,0,0,0,0,0,0,0,0,0,0,0,0,0,0,0,0,0,0,0,0,0,0,0,0,0,0,0,0,0,0,0,0,0,0,0,0,0,0,0,0,0,0,0,0,0,{"$f":"CWG24*0.8","v":0},0,0,0,0,0,0,0,0,0,0,0,0,0,0,0,0,0,0,0,0,0,0,0,0,0,0,0,0,0,0,0,0,0,0,0,0,0,0,0,0,0,0,0,0,0,0,0,0,0,0,0,0,0,0,0,0,0,0,0,0,0,0,0,{"$f":"CYS24*0.8","v":0},0,0,0,0,0,0,0,0,0,0,0,0,0,0,0,0,0,0,0,0,0,0,0,0,0,0,0,0,0,0,0,0,0,0,0,0,0,0,0,0,0,0,0,0,0,0,0,0,0,0,0,0,0,0,0,0,0,0,0,0,0,0,0,{"$f":"DBE24*0.8","v":0},0,0,0,0,0,0,0,0,0,0,0,0,0,0,0,0,0,0,0,0,0,0,0,0,0,0,0,0,0,0,0,0,0,0,0,0,0,0,0,0,0,0,0,0,0,0,0,0,0,0,0,0,0,0,0,0,0,0,0,0,0,0,0,{"$f":"DDQ24*0.8","v":0},0,0,0,0,0,0,0,0,0,0,0,0,0,0,0,0,0,0,0,0,0,0,0,0,0,0,0,0,0,0,0,0,0,0,0,0,0,0,0,0,0,0,0,0,0,0,0,0,0,0,0,0,0,0,0,0,0,0,0,0,0,0,0,{"$f":"DGC24*0.8","v":0},0,0,0,0,0,0,0,0,0,0,0,0,0,0,0,0,0,0,0,0,0,0,0,0,0,0,0,0,0,0,0,0,0,0,0,0,0,0,0,0,0,0,0,0,0,0,0,0,0,0,0,0,0,0,0,0,0,0,0,0,0,0,0,{"$f":"DIO24*0.8","v":0},0,0,0,0,0,0,0,0,0,0,0,0,0,0,0,0,0,0,0,0,0,0,0,0,0,0,0,0,0,0,0,0,0,0,0,0,0,0,0,0,0,0,0,0,0,0,0,0,0,0,0,0,0,0,0,0,0,0,0,0,0,0,0,{"$f":"DLA24*0.8","v":0},0,0,0,0,0,0,0,0,0,0,0,0,0,0,0,0,0,0,0,0,0,0,0,0,0,0,0,0,0,0,0,0,0,0,0,0,0,0,0,0,0,0,0,0,0,0,0,0,0,0,0,0,0,0,0,0,0,0,0,0,0,0,0,{"$f":"DNM24*0.8","v":0},0,0,0,0,0,0,0,0,0,0,0,0,0,0,0,0,0,0,0,0,0,0,0,0,0,0,0,0,0,0,0,0,0,0,0,0,0,0,0,0,0,0,0,0,0,0,0,0,0,0,0,0,0,0,0,0,0,0,0,0,0,0,0,{"$f":"DPY24*0.8","v":0},0,0,0,0,0,0,0,0,0,0,0,0,0,0,0,0,0,0,0,0,0,0,0,0,0,0,0,0,0,0,0,0,0,0,0,0,0,0,0,0,0,0,0,0,0,0,0,0,0,0,0,0,0,0,0,0,0,0,0,0,0,0,0,{"$f":"DSK24*0.8","v":0},0,0,0,0,0,0,0,0,0,0,0,0,0,0,0,0,0,0,0,0,0,0,0,0,0,0,0,0,0,0,0,0,0,0,0,0,0,0,0,0,0,0,0,0,0,0,0,0,0,0,0,0,0,0,0,0,0,0,0,0,0,0,0,{"$f":"DUW24*0.8","v":0},0,0,0,0,0,0,0,0,0,0,0,0,0,0,0,0,0,0,0,0,0,0,0,0,0,0,0,0,0,0,0,0,0,0,0,0,0,0,0,0,0,0,0,0,0,0,0,0,0,0,0,0,0,0,0,0,0,0,0,0,0,0,0,{"$f":"DXI24*0.8","v":0},0,0,0,0,0,0,0,0,0,0,0,0,0,0,0,0,0,0,0,0,0,0,0,0,0,0,0,0,0,0,0,0,0,0,0,0,0,0,0,0,0,0,0,0,0,0,0,0,0,0,0,0,0,0,0,0,0,0,0,0,0,0,0,{"$f":"DZU24*0.8","v":0},0,0,0,0,0,0,0,0,0,0,0,0,0,0,0,0,0,0,0,0,0,0,0,0,0,0,0,0,0,0,0,0,0,0,0,0,0,0,0,0,0,0,0,0,0,0,0,0,0,0,0,0,0,0,0,0,0,0,0,0,0,0,0,{"$f":"ECG24*0.8","v":0},0,0,0,0,0,0,0,0,0,0,0,0,0,0,0,0,0,0,0,0,0,0,0,0,0,0,0,0,0,0,0,0,0,0,0,0,0,0,0,0,0,0,0,0,0,0,0,0,0,0,0,0,0,0,0,0,0,0,0,0,0,0,0,{"$f":"EES24*0.8","v":0},0,0,0,0,0,0,0,0,0,0,0,0,0,0,0,0,0,0,0,0,0,0,0,0,0,0,0,0,0,0,0,0,0,0,0,0,0,0,0,0,0,0,0,0,0,0,0,0,0,0,0,0,0,0,0,0,0,0,0,0,0,0,0,{"$f":"EHE24*0.8","v":0},0,0,0,0,0,0,0,0,0,0,0,0,0,0,0,0,0,0,0,0,0,0,0,0,0,0,0,0,0,0,0,0,0,0,0,0,0,0,0,0,0,0,0,0,0,0,0,0,0,0,0,0,0,0,0,0,0,0,0,0,0,0,0,{"$f":"EJQ24*0.8","v":0},0,0,0,0,0,0,0,0,0,0,0,0,0,0,0,0,0,0,0,0,0,0,0,0,0,0,0,0,0,0,0,0,0,0,0,0,0,0,0,0,0,0,0,0,0,0,0,0,0,0,0,0,0,0,0,0,0,0,0,0,0,0,0,{"$f":"EMC24*0.8","v":0},0,0,0,0,0,0,0,0,0,0,0,0,0,0,0,0,0,0,0,0,0,0,0,0,0,0,0,0,0,0,0,0,0,0,0,0,0,0,0,0,0,0,0,0,0,0,0,0,0,0,0,0,0,0,0,0,0,0,0,0,0,0,0,{"$f":"EOO24*0.8","v":0},0,0,0,0,0,0,0,0,0,0,0,0,0,0,0,0,0,0,0,0,0,0,0,0,0,0,0,0,0,0,0,0,0,0,0,0,0,0,0,0,0,0,0,0,0,0,0,0,0,0,0,0,0,0,0,0,0,0,0,0,0,0,0,{"$f":"ERA24*0.8","v":0},0,0,0,0,0,0,0,0,0,0,0,0,0,0,0,0,0,0,0,0,0,0,0,0,0,0,0,0,0,0,0,0,0,0,0,0,0,0,0,0,0,0,0,0,0,0,0,0,0,0,0,0,0,0,0,0,0,0,0,0,0,0,0,{"$f":"ETM24*0.8","v":0},0,0,0,0,0,0,0,0,0,0,0,0,0,0,0,0,0,0,0,0,0,0,0,0,0,0,0,0,0,0,0,0,0,0,0,0,0,0,0,0,0,0,0,0,0,0,0,0,0,0,0,0,0,0,0,0,0,0,0,0,0,0,0,{"$f":"EVY24*0.8","v":0},0,0,0,0,0,0,0,0,0,0,0,0,0,0,0,0,0,0,0,0,0,0,0,0,0,0,0,0,0,0,0,0,0,0,0,0,0,0,0,0,0,0,0,0,0,0,0,0,0,0,0,0,0,0,0,0,0,0,0,0,0,0,0,{"$f":"EYK24*0.8","v":0},0,0,0,0,0,0,0,0,0,0,0,0,0,0,0,0,0,0,0,0,0,0,0,0,0,0,0,0,0,0,0,0,0,0,0,0,0,0,0,0,0,0,0,0,0,0,0,0,0,0,0,0,0,0,0,0,0,0,0,0,0,0,0,{"$f":"FAW24*0.8","v":0},0,0,0,0,0,0,0,0,0,0,0,0,0,0,0,0,0,0,0,0,0,0,0,0,0,0,0,0,0,0,0,0,0,0,0,0,0,0,0,0,0,0,0,0,0,0,0,0,0,0,0,0,0,0,0,0,0,0,0,0,0,0,0,{"$f":"FDI24*0.8","v":0},0,0,0,0,0,0,0,0,0,0,0,0,0,0,0,0,0,0,0,0,0,0,0,0,0,0,0,0,0,0,0,0,0,0,0,0,0,0,0,0,0,0,0,0,0,0,0,0,0,0,0,0,0,0,0,0,0,0,0,0,0,0,0,{"$f":"FFU24*0.8","v":0},0,0,0,0,0,0,0,0,0,0,0,0,0,0,0,0,0,0,0,0,0,0,0,0,0,0,0,0,0,0,0,0,0,0,0,0,0,0,0,0,0,0,0,0,0,0,0,0,0,0,0,0,0,0,0,0,0,0,0,0,0,0,0,{"$f":"FIG24*0.8","v":0},0,0,0,0,0,0,0,0,0,0,0,0,0,0,0,0,0,0,0,0,0,0,0,0,0,0,0,0,0,0,0,0,0,0,0,0,0,0,0,0,0,0,0,0,0,0,0,0,0,0,0,0,0,0,0,0,0,0,0,0,0,0,0,{"$f":"FKS24*0.8","v":0},0,0,0,0,0,0,0,0,0,0,0,0,0,0,0,0,0,0,0,0,0,0,0,0,0,0,0,0,0,0,0,0,0,0,0,0,0,0,0,0,0,0,0,0,0,0,0,0,0,0,0,0,0,0,0,0,0,0,0,0,0,0,0,{"$f":"FNE24*0.8","v":0},0,0,0,0,0,0,0,0,0,0,0,0,0,0,0,0,0,0,0,0,0,0,0,0,0,0,0,0,0,0,0,0,0,0,0,0,0,0,0,0,0,0,0,0,0,0,0,0,0,0,0,0,0,0,0,0,0,0,0,0,0,0,0,{"$f":"FPQ24*0.8","v":0},0,0,0,0,0,0,0,0,0,0,0,0,0,0,0,0,0,0,0,0,0,0,0,0,0,0,0,0,0,0,0,0,0,0,0,0,0,0,0,0,0,0,0,0,0,0,0,0,0,0,0,0,0,0,0,0,0,0,0,0,0,0,0,{"$f":"FSC24*0.8","v":0},0,0,0,0,0,0,0,0,0,0,0,0,0,0,0,0,0,0,0,0,0,0,0,0,0,0,0,0,0,0,0,0,0,0,0,0,0,0,0,0,0,0,0,0,0,0,0,0,0,0,0,0,0,0,0,0,0,0,0,0,0,0,0,{"$f":"FUO24*0.8","v":0},0,0,0,0,0,0,0,0,0,0,0,0,0,0,0,0,0,0,0,0,0,0,0,0,0,0,0,0,0,0,0,0,0,0,0,0,0,0,0,0,0,0,0,0,0,0,0,0,0,0,0,0,0,0,0,0,0,0,0,0,0,0,0,{"$f":"FXA24*0.8","v":0},0,0,0,0,0,0,0,0,0,0,0,0,0,0,0,0,0,0,0,0,0,0,0,0,0,0,0,0,0,0,0,0,0,0,0,0,0,0,0,0,0,0,0,0,0,0,0,0,0,0,0,0,0,0,0,0,0,0,0,0,0,0,0,{"$f":"FZM24*0.8","v":0},0,0,0,0,0,0,0,0,0,0,0,0,0,0,0,0,0,0,0,0,0,0,0,0,0,0,0,0,0,0,0,0,0,0,0,0,0,0,0,0,0,0,0,0,0,0,0,0,0,0,0,0,0,0,0,0,0,0,0,0,0,0,0,{"$f":"GBY24*0.8","v":0},0,0,0,0,0,0,0,0,0,0,0,0,0,0,0,0,0,0,0,0,0,0,0,0,0,0,0,0,0,0,0,0,0,0,0,0,0,0,0,0,0,0,0,0,0,0,0,0,0,0,0,0,0,0,0,0,0,0,0,0,0,0,0,{"$f":"GEK24*0.8","v":0},0,0,0,0,0,0,0,0,0,0,0,0,0,0,0,0,0,0,0,0,0,0,0,0,0,0,0,0,0,0,0,0,0,0,0,0,0,0,0,0,0,0,0,0,0,0,0,0,0,0,0,0,0,0,0,0,0,0,0,0,0,0,0,{"$f":"GGW24*0.8","v":0},0,0,0,0,0,0,0,0,0,0,0,0,0,0,0,0,0,0,0,0,0,0,0,0,0,0,0,0,0,0,0,0,0,0,0,0,0,0,0,0,0,0,0,0,0,0,0,0,0,0,0,0,0,0,0,0,0,0,0,0,0,0,0,{"$f":"GJI24*0.8","v":0},0,0,0,0,0,0,0,0,0,0,0,0,0,0,0,0,0,0,0,0,0,0,0,0,0,0,0,0,0,0,0,0,0,0,0,0,0,0,0,0,0,0,0,0,0,0,0,0,0,0,0,0,0,0,0,0,0,0,0,0,0,0,0,{"$f":"GLU24*0.8","v":0},0,0,0,0,0,0,0,0,0,0,0,0,0,0,0,0,0,0,0,0,0,0,0,0,0,0,0,0,0,0,0,0,0,0,0,0,0,0,0,0,0,0,0,0,0,0,0,0,0,0,0,0,0,0,0,0,0,0,0,0,0,0,0,{"$f":"GOG24*0.8","v":0},0,0,0,0,0,0,0,0,0,0,0,0,0,0,0,0,0,0,0,0,0,0,0,0,0,0,0,0,0,0,0,0,0,0,0,0,0,0,0,0,0,0,0,0,0,0,0,0,0,0,0,0,0,0,0,0,0,0,0,0,0,0,0,{"$f":"GQS24*0.8","v":0},0,0,0,0,0,0,0,0,0,0,0,0,0,0,0,0,0,0,0,0,0,0,0,0,0,0,0,0,0,0,0,0,0,0,0,0,0,0,0,0,0,0,0,0,0,0,0,0,0,0,0,0,0,0,0,0,0,0,0,0,0,0,0,{"$f":"GTE24*0.8","v":0},0,0,0,0,0,0,0,0,0,0,0,0,0,0,0,0,0,0,0,0,0,0,0,0,0,0,0,0,0,0,0,0,0,0,0,0,0,0,0,0,0,0,0,0,0,0,0,0,0,0,0,0,0,0,0,0,0,0,0,0,0,0,0,{"$f":"GVQ24*0.8","v":0},0,0,0,0,0,0,0,0,0,0,0,0,0,0,0,0,0,0,0,0,0,0,0,0,0,0,0,0,0,0,0,0,0,0,0,0,0,0,0,0,0,0,0,0,0,0,0,0,0,0,0,0,0,0,0,0,0,0,0,0,0,0,0,{"$f":"GYC24*0.8","v":0},0,0,0,0,0,0,0,0,0,0,0,0,0,0,0,0,0,0,0,0,0,0,0,0,0,0,0,0,0,0,0,0,0,0,0,0,0,0,0,0,0,0,0,0,0,0,0,0,0,0,0,0,0,0,0,0,0,0,0,0,0,0,0,{"$f":"HAO24*0.8","v":0},0,0,0,0,0,0,0,0,0,0,0,0,0,0,0,0,0,0,0,0,0,0,0,0,0,0,0,0,0,0,0,0,0,0,0,0,0,0,0,0,0,0,0,0,0,0,0,0,0,0,0,0,0,0,0,0,0,0,0,0,0,0,0,{"$f":"HDA24*0.8","v":0},0,0,0,0,0,0,0,0,0,0,0,0,0,0,0,0,0,0,0,0,0,0,0,0,0,0,0,0,0,0,0,0,0,0,0,0,0,0,0,0,0,0,0,0,0,0,0,0,0,0,0,0,0,0,0,0,0,0,0,0,0,0,0,{"$f":"HFM24*0.8","v":0},0,0,0,0,0,0,0,0,0,0,0,0,0,0,0,0,0,0,0,0,0,0,0,0,0,0,0,0,0,0,0,0,0,0,0,0,0,0,0,0,0,0,0,0,0,0,0,0,0,0,0,0,0,0,0,0,0,0,0,0,0,0,0,{"$f":"HHY24*0.8","v":0},0,0,0,0,0,0,0,0,0,0,0,0,0,0,0,0,0,0,0,0,0,0,0,0,0,0,0,0,0,0,0,0,0,0,0,0,0,0,0,0,0,0,0,0,0,0,0,0,0,0,0,0,0,0,0,0,0,0,0,0,0,0,0,{"$f":"HKK24*0.8","v":0},0,0,0,0,0,0,0,0,0,0,0,0,0,0,0,0,0,0,0,0,0,0,0,0,0,0,0,0,0,0,0,0,0,0,0,0,0,0,0,0,0,0,0,0,0,0,0,0,0,0,0,0,0,0,0,0,0,0,0,0,0,0,0,{"$f":"HMW24*0.8","v":0},0,0,0,0,0,0,0,0,0,0,0,0,0,0,0,0,0,0,0,0,0,0,0,0,0,0,0,0,0,0,0,0,0,0,0,0,0,0,0,0,0,0,0,0,0,0,0,0,0,0,0,0,0,0,0,0,0,0,0,0,0,0,0,{"$f":"HPI24*0.8","v":0},0,0,0,0,0,0,0,0,0,0,0,0,0,0,0,0,0,0,0,0,0,0,0,0,0,0,0,0,0,0,0,0,0,0,0,0,0,0,0,0,0,0,0,0,0,0,0,0,0,0,0,0,0,0,0,0,0,0,0,0,0,0,0,{"$f":"HRU24*0.8","v":0},0,0,0,0,0,0,0,0,0,0,0,0,0,0,0,0,0,0,0,0,0,0,0,0,0,0,0,0,0,0,0,0,0,0,0,0,0,0,0,0,0,0,0,0,0,0,0,0,0,0,0,0,0,0,0,0,0,0,0,0,0,0,0,{"$f":"HUG24*0.8","v":0},0,0,0,0,0,0,0,0,0,0,0,0,0,0,0,0,0,0,0,0,0,0,0,0,0,0,0,0,0,0,0,0,0,0,0,0,0,0,0,0,0,0,0,0,0,0,0,0,0,0,0,0,0,0,0,0,0,0,0,0,0,0,0,{"$f":"HWS24*0.8","v":0},0,0,0,0,0,0,0,0,0,0,0,0,0,0,0,0,0,0,0,0,0,0,0,0,0,0,0,0,0,0,0,0,0,0,0,0,0,0,0,0,0,0,0,0,0,0,0,0,0,0,0,0,0,0,0,0,0,0,0,0,0,0,0,{"$f":"HZE24*0.8","v":0},0,0,0,0,0,0,0,0,0,0,0,0,0,0,0,0,0,0,0,0,0,0,0,0,0,0,0,0,0,0,0,0,0,0,0,0,0,0,0,0,0,0,0,0,0,0,0,0,0,0,0,0,0,0,0,0,0,0,0,0,0,0,0,{"$f":"IBQ24*0.8","v":0},0,0,0,0,0,0,0,0,0,0,0,0,0,0,0,0,0,0,0,0,0,0,0,0,0,0,0,0,0,0,0,0,0,0,0,0,0,0,0,0,0,0,0,0,0,0,0,0,0,0,0,0,0,0,0,0,0,0,0,0,0,0,0,{"$f":"IEC24*0.8","v":0},0,0,0,0,0,0,0,0,0,0,0,0,0,0,0,0,0,0,0,0,0,0,0,0,0,0,0,0,0,0,0,0,0,0,0,0,0,0,0,0,0,0,0,0,0,0,0,0,0,0,0,0,0,0,0,0,0,0,0,0,0,0,0,{"$f":"IGO24*0.8","v":0},0,0,0,0,0,0,0,0,0,0,0,0,0,0,0,0,0,0,0,0,0,0,0,0,0,0,0,0,0,0,0,0,0,0,0,0,0,0,0,0,0,0,0,0,0,0,0,0,0,0,0,0,0,0,0,0,0,0,0,0,0,0,0,{"$f":"IJA24*0.8","v":0},0,0,0,0,0,0,0,0,0,0,0,0,0,0,0,0,0,0,0,0,0,0,0,0,0,0,0,0,0,0,0,0,0,0,0,0,0,0,0,0,0,0,0,0,0,0,0,0,0,0,0,0,0,0,0,0,0,0,0,0,0,0,0,{"$f":"ILM24*0.8","v":0},0,0,0,0,0,0,0,0,0,0,0,0,0,0,0,0,0,0,0,0,0,0,0,0,0,0,0,0,0,0,0,0,0,0,0,0,0,0,0,0,0,0,0,0,0,0,0,0,0,0,0,0,0,0,0,0,0,0,0,0,0,0,0,{"$f":"INY24*0.8","v":0},0,0,0,0,0,0,0,0,0,0,0,0,0,0,0,0,0,0,0,0,0,0,0,0,0,0,0,0,0,0,0,0,0,0,0,0,0,0,0,0,0,0,0,0,0,0,0,0,0,0,0,0,0,0,0,0,0,0,0,0,0,0,0,{"$f":"IQK24*0.8","v":0},0,0,0,0,0,0,0,0,0,0,0,0,0,0,0,0,0,0,0,0,0,0,0,0,0,0,0,0,0,0,0,0,0,0,0,0,0,0,0,0,0,0,0,0,0,0,0,0,0,0,0,0,0,0,0,0,0,0,0,0,0,0,0,{"$f":"ISW24*0.8","v":0},0,0,0,0,0,0,0,0,0,0,0,0,0,0,0,0,0,0,0,0,0,0,0,0,0,0,0,0,0,0,0,0,0,0,0,0,0,0,0,0,0,0,0,0,0,0,0,0,0,0,0,0,0,0,0,0,0,0,0,0,0,0,0,{"$f":"IVI24*0.8","v":0},0,0,0,0,0,0,0,0,0,0,0,0,0,0,0,0,0,0,0,0,0,0,0,0,0,0,0,0,0,0,0,0,0,0,0,0,0,0,0,0,0,0,0,0,0,0,0,0,0,0,0,0,0,0,0,0,0,0,0,0,0,0,0,{"$f":"IXU24*0.8","v":0},0,0,0,0,0,0,0,0,0,0,0,0,0,0,0,0,0,0,0,0,0,0,0,0,0,0,0,0,0,0,0,0,0,0,0,0,0,0,0,0,0,0,0,0,0,0,0,0,0,0,0,0,0,0,0,0,0,0,0,0,0,0,0,{"$f":"JAG24*0.8","v":0},0,0,0,0,0,0,0,0,0,0,0,0,0,0,0,0,0,0,0,0,0,0,0,0,0,0,0,0,0,0,0,0,0,0,0,0,0,0,0,0,0,0,0,0,0,0,0,0,0,0,0,0,0,0,0,0,0,0,0,0,0,0,0,{"$f":"JCS24*0.8","v":0},0,0,0,0,0,0,0,0,0,0,0,0,0,0,0,0,0,0,0,0,0,0,0,0,0,0,0,0,0,0,0,0,0,0,0,0,0,0,0,0,0,0,0,0,0,0,0,0,0,0,0,0,0,0,0,0,0,0,0,0,0,0,0,{"$f":"JFE24*0.8","v":0},0,0,0,0,0,0,0,0,0,0,0,0,0,0,0,0,0,0,0,0,0,0,0,0,0,0,0,0,0,0,0,0,0,0,0,0,0,0,0,0,0,0,0,0,0,0,0,0,0,0,0,0,0,0,0,0,0,0,0,0,0,0,0,{"$f":"JHQ24*0.8","v":0},0,0,0,0,0,0,0,0,0,0,0,0,0,0,0,0,0,0,0,0,0,0,0,0,0,0,0,0,0,0,0,0,0,0,0,0,0,0,0,0,0,0,0,0,0,0,0,0,0,0,0,0,0,0,0,0,0,0,0,0,0,0,0,{"$f":"JKC24*0.8","v":0},0,0,0,0,0,0,0,0,0,0,0,0,0,0,0,0,0,0,0,0,0,0,0,0,0,0,0,0,0,0,0,0,0,0,0,0,0,0,0,0,0,0,0,0,0,0,0,0,0,0,0,0,0,0,0,0,0,0,0,0,0,0,0,{"$f":"JMO24*0.8","v":0},0,0,0,0,0,0,0,0,0,0,0,0,0,0,0,0,0,0,0,0,0,0,0,0,0,0,0,0,0,0,0,0,0,0,0,0,0,0,0,0,0,0,0,0,0,0,0,0,0,0,0,0,0,0,0,0,0,0,0,0,0,0,0,{"$f":"JPA24*0.8","v":0},0,0,0,0,0,0,0,0,0,0,0,0,0,0,0,0,0,0,0,0,0,0,0,0,0,0,0,0,0,0,0,0,0,0,0,0,0,0,0,0,0,0,0,0,0,0,0,0,0,0,0,0,0,0,0,0,0,0,0,0,0,0,0,{"$f":"JRM24*0.8","v":0},0,0,0,0,0,0,0,0,0,0,0,0,0,0,0,0,0,0,0,0,0,0,0,0,0,0,0,0,0,0,0,0,0,0,0,0,0,0,0,0,0,0,0,0,0,0,0,0,0,0,0,0,0,0,0,0,0,0,0,0,0,0,0,{"$f":"JTY24*0.8","v":0},0,0,0,0,0,0,0,0,0,0,0,0,0,0,0,0,0,0,0,0,0,0,0,0,0,0,0,0,0,0,0,0,0,0,0,0,0,0,0,0,0,0,0,0,0,0,0,0,0,0,0,0,0,0,0,0,0,0,0,0,0,0,0,{"$f":"JWK24*0.8","v":0},0,0,0,0,0,0,0,0,0,0,0,0,0,0,0,0,0,0,0,0,0,0,0,0,0,0,0,0,0,0,0,0,0,0,0,0,0,0,0,0,0,0,0,0,0,0,0,0,0,0,0,0,0,0,0,0,0,0,0,0,0,0,0,{"$f":"JYW24*0.8","v":0},0,0,0,0,0,0,0,0,0,0,0,0,0,0,0,0,0,0,0,0,0,0,0,0,0,0,0,0,0,0,0,0,0,0,0,0,0,0,0,0,0,0,0,0,0,0,0,0,0,0,0,0,0,0,0,0,0,0,0,0,0,0,0,{"$f":"KBI24*0.8","v":0},0,0,0,0,0,0,0,0,0,0,0,0,0,0,0,0,0,0,0,0,0,0,0,0,0,0,0,0,0,0,0,0,0,0,0,0,0,0,0,0,0,0,0,0,0,0,0,0,0,0,0,0,0,0,0,0,0,0,0,0,0,0,0,{"$f":"KDU24*0.8","v":0},0,0,0,0,0,0,0,0,0,0,0,0,0,0,0,0,0,0,0,0,0,0,0,0,0,0,0,0,0,0,0,0,0,0,0,0,0,0,0,0,0,0,0,0,0,0,0,0,0,0,0,0,0,0,0,0,0,0,0,0,0,0,0,{"$f":"KGG24*0.8","v":0},0,0,0,0,0,0,0,0,0,0,0,0,0,0,0,0,0,0,0,0,0,0,0,0,0,0,0,0,0,0,0,0,0,0,0,0,0,0,0,0,0,0,0,0,0,0,0,0,0,0,0,0,0,0,0,0,0,0,0,0,0,0,0,{"$f":"KIS24*0.8","v":0},0,0,0,0,0,0,0,0,0,0,0,0,0,0,0,0,0,0,0,0,0,0,0,0,0,0,0,0,0,0,0,0,0,0,0,0,0,0,0,0,0,0,0,0,0,0,0,0,0,0,0,0,0,0,0,0,0,0,0,0,0,0,0,{"$f":"KLE24*0.8","v":0},0,0,0,0,0,0,0,0,0,0,0,0,0,0,0,0,0,0,0,0,0,0,0,0,0,0,0,0,0,0,0,0,0,0,0,0,0,0,0,0,0,0,0,0,0,0,0,0,0,0,0,0,0,0,0,0,0,0,0,0,0,0,0,{"$f":"KNQ24*0.8","v":0},0,0,0,0,0,0,0,0,0,0,0,0,0,0,0,0,0,0,0,0,0,0,0,0,0,0,0,0,0,0,0,0,0,0,0,0,0,0,0,0,0,0,0,0,0,0,0,0,0,0,0,0,0,0,0,0,0,0,0,0,0,0,0,{"$f":"KQC24*0.8","v":0},0,0,0,0,0,0,0,0,0,0,0,0,0,0,0,0,0,0,0,0,0,0,0,0,0,0,0,0,0,0,0,0,0,0,0,0,0,0,0,0,0,0,0,0,0,0,0,0,0,0,0,0,0,0,0,0,0,0,0,0,0,0,0,{"$f":"KSO24*0.8","v":0},0,0,0,0,0,0,0,0,0,0,0,0,0,0,0,0,0,0,0,0,0,0,0,0,0,0,0,0,0,0,0,0,0,0,0,0,0,0,0,0,0,0,0,0,0,0,0,0,0,0,0,0,0,0,0,0,0,0,0,0,0,0,0,{"$f":"KVA24*0.8","v":0},0,0,0,0,0,0,0,0,0,0,0,0,0,0,0,0,0,0,0,0,0,0,0,0,0,0,0,0,0,0,0,0,0,0,0,0,0,0,0,0,0,0,0,0,0,0,0,0,0,0,0,0,0,0,0,0,0,0,0,0,0,0,0,{"$f":"KXM24*0.8","v":0},0,0,0,0,0,0,0,0,0,0,0,0,0,0,0,0,0,0,0,0,0,0,0,0,0,0,0,0,0,0,0,0,0,0,0,0,0,0,0,0,0,0,0,0,0,0,0,0,0,0,0,0,0,0,0,0,0,0,0,0,0,0,0,{"$f":"KZY24*0.8","v":0},0,0,0,0,0,0,0,0,0,0,0,0,0,0,0,0,0,0,0,0,0,0,0,0,0,0,0,0,0,0,0,0,0,0,0,0,0,0,0,0,0,0,0,0,0,0,0,0,0,0,0,0,0,0,0,0,0,0,0,0,0,0,0,{"$f":"LCK24*0.8","v":0},0,0,0,0,0,0,0,0,0,0,0,0,0,0,0,0,0,0,0,0,0,0,0,0,0,0,0,0,0,0,0,0,0,0,0,0,0,0,0,0,0,0,0,0,0,0,0,0,0,0,0,0,0,0,0,0,0,0,0,0,0,0,0,{"$f":"LEW24*0.8","v":0},0,0,0,0,0,0,0,0,0,0,0,0,0,0,0,0,0,0,0,0,0,0,0,0,0,0,0,0,0,0,0,0,0,0,0,0,0,0,0,0,0,0,0,0,0,0,0,0,0,0,0,0,0,0,0,0,0,0,0,0,0,0,0,{"$f":"LHI24*0.8","v":0},0,0,0,0,0,0,0,0,0,0,0,0,0,0,0,0,0,0,0,0,0,0,0,0,0,0,0,0,0,0,0,0,0,0,0,0,0,0,0,0,0,0,0,0,0,0,0,0,0,0,0,0,0,0,0,0,0,0,0,0,0,0,0,{"$f":"LJU24*0.8","v":0},0,0,0,0,0,0,0,0,0,0,0,0,0,0,0,0,0,0,0,0,0,0,0,0,0,0,0,0,0,0,0,0,0,0,0,0,0,0,0,0,0,0,0,0,0,0,0,0,0,0,0,0,0,0,0,0,0,0,0,0,0,0,0,{"$f":"LMG24*0.8","v":0},0,0,0,0,0,0,0,0,0,0,0,0,0,0,0,0,0,0,0,0,0,0,0,0,0,0,0,0,0,0,0,0,0,0,0,0,0,0,0,0,0,0,0,0,0,0,0,0,0,0,0,0,0,0,0,0,0,0,0,0,0,0,0,{"$f":"LOS24*0.8","v":0},0,0,0,0,0,0,0,0,0,0,0,0,0,0,0,0,0,0,0,0,0,0,0,0,0,0,0,0,0,0,0,0,0,0,0,0,0,0,0,0,0,0,0,0,0,0,0,0,0,0,0,0,0,0,0,0,0,0,0,0,0,0,0,{"$f":"LRE24*0.8","v":0},0,0,0,0,0,0,0,0,0,0,0,0,0,0,0,0,0,0,0,0,0,0,0,0,0,0,0,0,0,0,0,0,0,0,0,0,0,0,0,0,0,0,0,0,0,0,0,0,0,0,0,0,0,0,0,0,0,0,0,0,0,0,0,{"$f":"LTQ24*0.8","v":0},0,0,0,0,0,0,0,0,0,0,0,0,0,0,0,0,0,0,0,0,0,0,0,0,0,0,0,0,0,0,0,0,0,0,0,0,0,0,0,0,0,0,0,0,0,0,0,0,0,0,0,0,0,0,0,0,0,0,0,0,0,0,0,{"$f":"LWC24*0.8","v":0},0,0,0,0,0,0,0,0,0,0,0,0,0,0,0,0,0,0,0,0,0,0,0,0,0,0,0,0,0,0,0,0,0,0,0,0,0,0,0,0,0,0,0,0,0,0,0,0,0,0,0,0,0,0,0,0,0,0,0,0,0,0,0,{"$f":"LYO24*0.8","v":0},0,0,0,0,0,0,0,0,0,0,0,0,0,0,0,0,0,0,0,0,0,0,0,0,0,0,0,0,0,0,0,0,0,0,0,0,0,0,0,0,0,0,0,0,0,0,0,0,0,0,0,0,0,0,0,0,0,0,0,0,0,0,0,{"$f":"MBA24*0.8","v":0},0,0,0,0,0,0,0,0,0,0,0,0,0,0,0,0,0,0,0,0,0,0,0,0,0,0,0,0,0,0,0,0,0,0,0,0,0,0,0,0,0,0,0,0,0,0,0,0,0,0,0,0,0,0,0,0,0,0,0,0,0,0,0,{"$f":"MDM24*0.8","v":0},0,0,0,0,0,0,0,0,0,0,0,0,0,0,0,0,0,0,0,0,0,0,0,0,0,0,0,0,0,0,0,0,0,0,0,0,0,0,0,0,0,0,0,0,0,0,0,0,0,0,0,0,0,0,0,0,0,0,0,0,0,0,0,{"$f":"MFY24*0.8","v":0},0,0,0,0,0,0,0,0,0,0,0,0,0,0,0,0,0,0,0,0,0,0,0,0,0,0,0,0,0,0,0,0,0,0,0,0,0,0,0,0,0,0,0,0,0,0,0,0,0,0,0,0,0,0,0,0,0,0,0,0,0,0,0,{"$f":"MIK24*0.8","v":0},0,0,0,0,0,0,0,0,0,0,0,0,0,0,0,0,0,0,0,0,0,0,0,0,0,0,0,0,0,0,0,0,0,0,0,0,0,0,0,0,0,0,0,0,0,0,0,0,0,0,0,0,0,0,0,0,0,0,0,0,0,0,0,{"$f":"MKW24*0.8","v":0},0,0,0,0,0,0,0,0,0,0,0,0,0,0,0,0,0,0,0,0,0,0,0,0,0,0,0,0,0,0,0,0,0,0,0,0,0,0,0,0,0,0,0,0,0,0,0,0,0,0,0,0,0,0,0,0,0,0,0,0,0,0,0,{"$f":"MNI24*0.8","v":0},0,0,0,0,0,0,0,0,0,0,0,0,0,0,0,0,0,0,0,0,0,0,0,0,0,0,0,0,0,0,0,0,0,0,0,0,0,0,0,0,0,0,0,0,0,0,0,0,0,0,0,0,0,0,0,0,0,0,0,0,0,0,0,{"$f":"MPU24*0.8","v":0},0,0,0,0,0,0,0,0,0,0,0,0,0,0,0,0,0,0,0,0,0,0,0,0,0,0,0,0,0,0,0,0,0,0,0,0,0,0,0,0,0,0,0,0,0,0,0,0,0,0,0,0,0,0,0,0,0,0,0,0,0,0,0,{"$f":"MSG24*0.8","v":0},0,0,0,0,0,0,0,0,0,0,0,0,0,0,0,0,0,0,0,0,0,0,0,0,0,0,0,0,0,0,0,0,0,0,0,0,0,0,0,0,0,0,0,0,0,0,0,0,0,0,0,0,0,0,0,0,0,0,0,0,0,0,0,{"$f":"MUS24*0.8","v":0},0,0,0,0,0,0,0,0,0,0,0,0,0,0,0,0,0,0,0,0,0,0,0,0,0,0,0,0,0,0,0,0,0,0,0,0,0,0,0,0,0,0,0,0,0,0,0,0,0,0,0,0,0,0,0,0,0,0,0,0,0,0,0,{"$f":"MXE24*0.8","v":0},0,0,0,0,0,0,0,0,0,0,0,0,0,0,0,0,0,0,0,0,0,0,0,0,0,0,0,0,0,0,0,0,0,0,0,0,0,0,0,0,0,0,0,0,0,0,0,0,0,0,0,0,0,0,0,0,0,0,0,0,0,0,0,{"$f":"MZQ24*0.8","v":0},0,0,0,0,0,0,0,0,0,0,0,0,0,0,0,0,0,0,0,0,0,0,0,0,0,0,0,0,0,0,0,0,0,0,0,0,0,0,0,0,0,0,0,0,0,0,0,0,0,0,0,0,0,0,0,0,0,0,0,0,0,0,0,{"$f":"NCC24*0.8","v":0},0,0,0,0,0,0,0,0,0,0,0,0,0,0,0,0,0,0,0,0,0,0,0,0,0,0,0,0,0,0,0,0,0,0,0,0,0,0,0,0,0,0,0,0,0,0,0,0,0,0,0,0,0,0,0,0,0,0,0,0,0,0,0,{"$f":"NEO24*0.8","v":0},0,0,0,0,0,0,0,0,0,0,0,0,0,0,0,0,0,0,0,0,0,0,0,0,0,0,0,0,0,0,0,0,0,0,0,0,0,0,0,0,0,0,0,0,0,0,0,0,0,0,0,0,0,0,0,0,0,0,0,0,0,0,0,{"$f":"NHA24*0.8","v":0},0,0,0,0,0,0,0,0,0,0,0,0,0,0,0,0,0,0,0,0,0,0,0,0,0,0,0,0,0,0,0,0,0,0,0,0,0,0,0,0,0,0,0,0,0,0,0,0,0,0,0,0,0,0,0,0,0,0,0,0,0,0,0,{"$f":"NJM24*0.8","v":0},0,0,0,0,0,0,0,0,0,0,0,0,0,0,0,0,0,0,0,0,0,0,0,0,0,0,0,0,0,0,0,0,0,0,0,0,0,0,0,0,0,0,0,0,0,0,0,0,0,0,0,0,0,0,0,0,0,0,0,0,0,0,0,{"$f":"NLY24*0.8","v":0},0,0,0,0,0,0,0,0,0,0,0,0,0,0,0,0,0,0,0,0,0,0,0,0,0,0,0,0,0,0,0,0,0,0,0,0,0,0,0,0,0,0,0,0,0,0,0,0,0,0,0,0,0,0,0,0,0,0,0,0,0,0,0,{"$f":"NOK24*0.8","v":0},0,0,0,0,0,0,0,0,0,0,0,0,0,0,0,0,0,0,0,0,0,0,0,0,0,0,0,0,0,0,0,0,0,0,0,0,0,0,0,0,0,0,0,0,0,0,0,0,0,0,0,0,0,0,0,0,0,0,0,0,0,0,0,{"$f":"NQW24*0.8","v":0},0,0,0,0,0,0,0,0,0,0,0,0,0,0,0,0,0,0,0,0,0,0,0,0,0,0,0,0,0,0,0,0,0,0,0,0,0,0,0,0,0,0,0,0,0,0,0,0,0,0,0,0,0,0,0,0,0,0,0,0,0,0,0,{"$f":"NTI24*0.8","v":0},0,0,0,0,0,0,0,0,0,0,0,0,0,0,0,0,0,0,0,0,0,0,0,0,0,0,0,0,0,0,0,0,0,0,0,0,0,0,0,0,0,0,0,0,0,0,0,0,0,0,0,0,0,0,0,0,0,0,0,0,0,0,0,{"$f":"NVU24*0.8","v":0},0,0,0,0,0,0,0,0,0,0,0,0,0,0,0,0,0,0,0,0,0,0,0,0,0,0,0,0,0,0,0,0,0,0,0,0,0,0,0,0,0,0,0,0,0,0,0,0,0,0,0,0,0,0,0,0,0,0,0,0,0,0,0,{"$f":"NYG24*0.8","v":0},0,0,0,0,0,0,0,0,0,0,0,0,0,0,0,0,0,0,0,0,0,0,0,0,0,0,0,0,0,0,0,0,0,0,0,0,0,0,0,0,0,0,0,0,0,0,0,0,0,0,0,0,0,0,0,0,0,0,0,0,0,0,0,{"$f":"OAS24*0.8","v":0},0,0,0,0,0,0,0,0,0,0,0,0,0,0,0,0,0,0,0,0,0,0,0,0,0,0,0,0,0,0,0,0,0,0,0,0,0,0,0,0,0,0,0,0,0,0,0,0,0,0,0,0,0,0,0,0,0,0,0,0,0,0,0,{"$f":"ODE24*0.8","v":0},0,0,0,0,0,0,0,0,0,0,0,0,0,0,0,0,0,0,0,0,0,0,0,0,0,0,0,0,0,0,0,0,0,0,0,0,0,0,0,0,0,0,0,0,0,0,0,0,0,0,0,0,0,0,0,0,0,0,0,0,0,0,0,{"$f":"OFQ24*0.8","v":0},0,0,0,0,0,0,0,0,0,0,0,0,0,0,0,0,0,0,0,0,0,0,0,0,0,0,0,0,0,0,0,0,0,0,0,0,0,0,0,0,0,0,0,0,0,0,0,0,0,0,0,0,0,0,0,0,0,0,0,0,0,0,0,{"$f":"OIC24*0.8","v":0},0,0,0,0,0,0,0,0,0,0,0,0,0,0,0,0,0,0,0,0,0,0,0,0,0,0,0,0,0,0,0,0,0,0,0,0,0,0,0,0,0,0,0,0,0,0,0,0,0,0,0,0,0,0,0,0,0,0,0,0,0,0,0,{"$f":"OKO24*0.8","v":0},0,0,0,0,0,0,0,0,0,0,0,0,0,0,0,0,0,0,0,0,0,0,0,0,0,0,0,0,0,0,0,0,0,0,0,0,0,0,0,0,0,0,0,0,0,0,0,0,0,0,0,0,0,0,0,0,0,0,0,0,0,0,0,{"$f":"ONA24*0.8","v":0},0,0,0,0,0,0,0,0,0,0,0,0,0,0,0,0,0,0,0,0,0,0,0,0,0,0,0,0,0,0,0,0,0,0,0,0,0,0,0,0,0,0,0,0,0,0,0,0,0,0,0,0,0,0,0,0,0,0,0,0,0,0,0,{"$f":"OPM24*0.8","v":0},0,0,0,0,0,0,0,0,0,0,0,0,0,0,0,0,0,0,0,0,0,0,0,0,0,0,0,0,0,0,0,0,0,0,0,0,0,0,0,0,0,0,0,0,0,0,0,0,0,0,0,0,0,0,0,0,0,0,0,0,0,0,0,{"$f":"ORY24*0.8","v":0},0,0,0,0,0,0,0,0,0,0,0,0,0,0,0,0,0,0,0,0,0,0,0,0,0,0,0,0,0,0,0,0,0,0,0,0,0,0,0,0,0,0,0,0,0,0,0,0,0,0,0,0,0,0,0,0,0,0,0,0,0,0,0,{"$f":"OUK24*0.8","v":0},0,0,0,0,0,0,0,0,0,0,0,0,0,0,0,0,0,0,0,0,0,0,0,0,0,0,0,0,0,0,0,0,0,0,0,0,0,0,0,0,0,0,0,0,0,0,0,0,0,0,0,0,0,0,0,0,0,0,0,0,0,0,0,{"$f":"OWW24*0.8","v":0},0,0,0,0,0,0,0,0,0,0,0,0,0,0,0,0,0,0,0,0,0,0,0,0,0,0,0,0,0,0,0,0,0,0,0,0,0,0,0,0,0,0,0,0,0,0,0,0,0,0,0,0,0,0,0,0,0,0,0,0,0,0,0,{"$f":"OZI24*0.8","v":0},0,0,0,0,0,0,0,0,0,0,0,0,0,0,0,0,0,0,0,0,0,0,0,0,0,0,0,0,0,0,0,0,0,0,0,0,0,0,0,0,0,0,0,0,0,0,0,0,0,0,0,0,0,0,0,0,0,0,0,0,0,0,0,{"$f":"PBU24*0.8","v":0},0,0,0,0,0,0,0,0,0,0,0,0,0,0,0,0,0,0,0,0,0,0,0,0,0,0,0,0,0,0,0,0,0,0,0,0,0,0,0,0,0,0,0,0,0,0,0,0,0,0,0,0,0,0,0,0,0,0,0,0,0,0,0,{"$f":"PEG24*0.8","v":0},0,0,0,0,0,0,0,0,0,0,0,0,0,0,0,0,0,0,0,0,0,0,0,0,0,0,0,0,0,0,0,0,0,0,0,0,0,0,0,0,0,0,0,0,0,0,0,0,0,0,0,0,0,0,0,0,0,0,0,0,0,0,0,{"$f":"PGS24*0.8","v":0},0,0,0,0,0,0,0,0,0,0,0,0,0,0,0,0,0,0,0,0,0,0,0,0,0,0,0,0,0,0,0,0,0,0,0,0,0,0,0,0,0,0,0,0,0,0,0,0,0,0,0,0,0,0,0,0,0,0,0,0,0,0,0,{"$f":"PJE24*0.8","v":0},0,0,0,0,0,0,0,0,0,0,0,0,0,0,0,0,0,0,0,0,0,0,0,0,0,0,0,0,0,0,0,0,0,0,0,0,0,0,0,0,0,0,0,0,0,0,0,0,0,0,0,0,0,0,0,0,0,0,0,0,0,0,0,{"$f":"PLQ24*0.8","v":0},0,0,0,0,0,0,0,0,0,0,0,0,0,0,0,0,0,0,0,0,0,0,0,0,0,0,0,0,0,0,0,0,0,0,0,0,0,0,0,0,0,0,0,0,0,0,0,0,0,0,0,0,0,0,0,0,0,0,0,0,0,0,0,{"$f":"POC24*0.8","v":0},0,0,0,0,0,0,0,0,0,0,0,0,0,0,0,0,0,0,0,0,0,0,0,0,0,0,0,0,0,0,0,0,0,0,0,0,0,0,0,0,0,0,0,0,0,0,0,0,0,0,0,0,0,0,0,0,0,0,0,0,0,0,0,{"$f":"PQO24*0.8","v":0},0,0,0,0,0,0,0,0,0,0,0,0,0,0,0,0,0,0,0,0,0,0,0,0,0,0,0,0,0,0,0,0,0,0,0,0,0,0,0,0,0,0,0,0,0,0,0,0,0,0,0,0,0,0,0,0,0,0,0,0,0,0,0,{"$f":"PTA24*0.8","v":0},0,0,0,0,0,0,0,0,0,0,0,0,0,0,0,0,0,0,0,0,0,0,0,0,0,0,0,0,0,0,0,0,0,0,0,0,0,0,0,0,0,0,0,0,0,0,0,0,0,0,0,0,0,0,0,0,0,0,0,0,0,0,0,{"$f":"PVM24*0.8","v":0},0,0,0,0,0,0,0,0,0,0,0,0,0,0,0,0,0,0,0,0,0,0,0,0,0,0,0,0,0,0,0,0,0,0,0,0,0,0,0,0,0,0,0,0,0,0,0,0,0,0,0,0,0,0,0,0,0,0,0,0,0,0,0,{"$f":"PXY24*0.8","v":0},0,0,0,0,0,0,0,0,0,0,0,0,0,0,0,0,0,0,0,0,0,0,0,0,0,0,0,0,0,0,0,0,0,0,0,0,0,0,0,0,0,0,0,0,0,0,0,0,0,0,0,0,0,0,0,0,0,0,0,0,0,0,0,{"$f":"QAK24*0.8","v":0},0,0,0,0,0,0,0,0,0,0,0,0,0,0,0,0,0,0,0,0,0,0,0,0,0,0,0,0,0,0,0,0,0,0,0,0,0,0,0,0,0,0,0,0,0,0,0,0,0,0,0,0,0,0,0,0,0,0,0,0,0,0,0,{"$f":"QCW24*0.8","v":0},0,0,0,0,0,0,0,0,0,0,0,0,0,0,0,0,0,0,0,0,0,0,0,0,0,0,0,0,0,0,0,0,0,0,0,0,0,0,0,0,0,0,0,0,0,0,0,0,0,0,0,0,0,0,0,0,0,0,0,0,0,0,0,{"$f":"QFI24*0.8","v":0},0,0,0,0,0,0,0,0,0,0,0,0,0,0,0,0,0,0,0,0,0,0,0,0,0,0,0,0,0,0,0,0,0,0,0,0,0,0,0,0,0,0,0,0,0,0,0,0,0,0,0,0,0,0,0,0,0,0,0,0,0,0,0,{"$f":"QHU24*0.8","v":0},0,0,0,0,0,0,0,0,0,0,0,0,0,0,0,0,0,0,0,0,0,0,0,0,0,0,0,0,0,0,0,0,0,0,0,0,0,0,0,0,0,0,0,0,0,0,0,0,0,0,0,0,0,0,0,0,0,0,0,0,0,0,0,{"$f":"QKG24*0.8","v":0},0,0,0,0,0,0,0,0,0,0,0,0,0,0,0,0,0,0,0,0,0,0,0,0,0,0,0,0,0,0,0,0,0,0,0,0,0,0,0,0,0,0,0,0,0,0,0,0,0,0,0,0,0,0,0,0,0,0,0,0,0,0,0,{"$f":"QMS24*0.8","v":0},0,0,0,0,0,0,0,0,0,0,0,0,0,0,0,0,0,0,0,0,0,0,0,0,0,0,0,0,0,0,0,0,0,0,0,0,0,0,0,0,0,0,0,0,0,0,0,0,0,0,0,0,0,0,0,0,0,0,0,0,0,0,0,{"$f":"QPE24*0.8","v":0},0,0,0,0,0,0,0,0,0,0,0,0,0,0,0,0,0,0,0,0,0,0,0,0,0,0,0,0,0,0,0,0,0,0,0,0,0,0,0,0,0,0,0,0,0,0,0,0,0,0,0,0,0,0,0,0,0,0,0,0,0,0,0,{"$f":"QRQ24*0.8","v":0},0,0,0,0,0,0,0,0,0,0,0,0,0,0,0,0,0,0,0,0,0,0,0,0,0,0,0,0,0,0,0,0,0,0,0,0,0,0,0,0,0,0,0,0,0,0,0,0,0,0,0,0,0,0,0,0,0,0,0,0,0,0,0,{"$f":"QUC24*0.8","v":0},0,0,0,0,0,0,0,0,0,0,0,0,0,0,0,0,0,0,0,0,0,0,0,0,0,0,0,0,0,0,0,0,0,0,0,0,0,0,0,0,0,0,0,0,0,0,0,0,0,0,0,0,0,0,0,0,0,0,0,0,0,0,0,{"$f":"QWO24*0.8","v":0},0,0,0,0,0,0,0,0,0,0,0,0,0,0,0,0,0,0,0,0,0,0,0,0,0,0,0,0,0,0,0,0,0,0,0,0,0,0,0,0,0,0,0,0,0,0,0,0,0,0,0,0,0,0,0,0,0,0,0,0,0,0,0,{"$f":"QZA24*0.8","v":0},0,0,0,0,0,0,0,0,0,0,0,0,0,0,0,0,0,0,0,0,0,0,0,0,0,0,0,0,0,0,0,0,0,0,0,0,0,0,0,0,0,0,0,0,0,0,0,0,0,0,0,0,0,0,0,0,0,0,0,0,0,0,0,{"$f":"RBM24*0.8","v":0},0,0,0,0,0,0,0,0,0,0,0,0,0,0,0,0,0,0,0,0,0,0,0,0,0,0,0,0,0,0,0,0,0,0,0,0,0,0,0,0,0,0,0,0,0,0,0,0,0,0,0,0,0,0,0,0,0,0,0,0,0,0,0,{"$f":"RDY24*0.8","v":0},0,0,0,0,0,0,0,0,0,0,0,0,0,0,0,0,0,0,0,0,0,0,0,0,0,0,0,0,0,0,0,0,0,0,0,0,0,0,0,0,0,0,0,0,0,0,0,0,0,0,0,0,0,0,0,0,0,0,0,0,0,0,0,{"$f":"RGK24*0.8","v":0},0,0,0,0,0,0,0,0,0,0,0,0,0,0,0,0,0,0,0,0,0,0,0,0,0,0,0,0,0,0,0,0,0,0,0,0,0,0,0,0,0,0,0,0,0,0,0,0,0,0,0,0,0,0,0,0,0,0,0,0,0,0,0,{"$f":"RIW24*0.8","v":0},0,0,0,0,0,0,0,0,0,0,0,0,0,0,0,0,0,0,0,0,0,0,0,0,0,0,0,0,0,0,0,0,0,0,0,0,0,0,0,0,0,0,0,0,0,0,0,0,0,0,0,0,0,0,0,0,0,0,0,0,0,0,0,{"$f":"RLI24*0.8","v":0},0,0,0,0,0,0,0,0,0,0,0,0,0,0,0,0,0,0,0,0,0,0,0,0,0,0,0,0,0,0,0,0,0,0,0,0,0,0,0,0,0,0,0,0,0,0,0,0,0,0,0,0,0,0,0,0,0,0,0,0,0,0,0,{"$f":"RNU24*0.8","v":0},0,0,0,0,0,0,0,0,0,0,0,0,0,0,0,0,0,0,0,0,0,0,0,0,0,0,0,0,0,0,0,0,0,0,0,0,0,0,0,0,0,0,0,0,0,0,0,0,0,0,0,0,0,0,0,0,0,0,0,0,0,0,0,{"$f":"RQG24*0.8","v":0},0,0,0,0,0,0,0,0,0,0,0,0,0,0,0,0,0,0,0,0,0,0,0,0,0,0,0,0,0,0,0,0,0,0,0,0,0,0,0,0,0,0,0,0,0,0,0,0,0,0,0,0,0,0,0,0,0,0,0,0,0,0,0,{"$f":"RSS24*0.8","v":0},0,0,0,0,0,0,0,0,0,0,0,0,0,0,0,0,0,0,0,0,0,0,0,0,0,0,0,0,0,0,0,0,0,0,0,0,0,0,0,0,0,0,0,0,0,0,0,0,0,0,0,0,0,0,0,0,0,0,0,0,0,0,0,{"$f":"RVE24*0.8","v":0},0,0,0,0,0,0,0,0,0,0,0,0,0,0,0,0,0,0,0,0,0,0,0,0,0,0,0,0,0,0,0,0,0,0,0,0,0,0,0,0,0,0,0,0,0,0,0,0,0,0,0,0,0,0,0,0,0,0,0,0,0,0,0,{"$f":"RXQ24*0.8","v":0},0,0,0,0,0,0,0,0,0,0,0,0,0,0,0,0,0,0,0,0,0,0,0,0,0,0,0,0,0,0,0,0,0,0,0,0,0,0,0,0,0,0,0,0,0,0,0,0,0,0,0,0,0,0,0,0,0,0,0,0,0,0,0,{"$f":"SAC24*0.8","v":0},0,0,0,0,0,0,0,0,0,0,0,0,0,0,0,0,0,0,0,0,0,0,0,0,0,0,0,0,0,0,0,0,0,0,0,0,0,0,0,0,0,0,0,0,0,0,0,0,0,0,0,0,0,0,0,0,0,0,0,0,0,0,0,{"$f":"SCO24*0.8","v":0},0,0,0,0,0,0,0,0,0,0,0,0,0,0,0,0,0,0,0,0,0,0,0,0,0,0,0,0,0,0,0,0,0,0,0,0,0,0,0,0,0,0,0,0,0,0,0,0,0,0,0,0,0,0,0,0,0,0,0,0,0,0,0,{"$f":"SFA24*0.8","v":0},0,0,0,0,0,0,0,0,0,0,0,0,0,0,0,0,0,0,0,0,0,0,0,0,0,0,0,0,0,0,0,0,0,0,0,0,0,0,0,0,0,0,0,0,0,0,0,0,0,0,0,0,0,0,0,0,0,0,0,0,0,0,0,{"$f":"SHM24*0.8","v":0},0,0,0,0,0,0,0,0,0,0,0,0,0,0,0,0,0,0,0,0,0,0,0,0,0,0,0,0,0,0,0,0,0,0,0,0,0,0,0,0,0,0,0,0,0,0,0,0,0,0,0,0,0,0,0,0,0,0,0,0,0,0,0,{"$f":"SJY24*0.8","v":0},0,0,0,0,0,0,0,0,0,0,0,0,0,0,0,0,0,0,0,0,0,0,0,0,0,0,0,0,0,0,0,0,0,0,0,0,0,0,0,0,0,0,0,0,0,0,0,0,0,0,0,0,0,0,0,0,0,0,0,0,0,0,0,{"$f":"SMK24*0.8","v":0},0,0,0,0,0,0,0,0,0,0,0,0,0,0,0,0,0,0,0,0,0,0,0,0,0,0,0,0,0,0,0,0,0,0,0,0,0,0,0,0,0,0,0,0,0,0,0,0,0,0,0,0,0,0,0,0,0,0,0,0,0,0,0,{"$f":"SOW24*0.8","v":0},0,0,0,0,0,0,0,0,0,0,0,0,0,0,0,0,0,0,0,0,0,0,0,0,0,0,0,0,0,0,0,0,0,0,0,0,0,0,0,0,0,0,0,0,0,0,0,0,0,0,0,0,0,0,0,0,0,0,0,0,0,0,0,{"$f":"SRI24*0.8","v":0},0,0,0,0,0,0,0,0,0,0,0,0,0,0,0,0,0,0,0,0,0,0,0,0,0,0,0,0,0,0,0,0,0,0,0,0,0,0,0,0,0,0,0,0,0,0,0,0,0,0,0,0,0,0,0,0,0,0,0,0,0,0,0,{"$f":"STU24*0.8","v":0},0,0,0,0,0,0,0,0,0,0,0,0,0,0,0,0,0,0,0,0,0,0,0,0,0,0,0,0,0,0,0,0,0,0,0,0,0,0,0,0,0,0,0,0,0,0,0,0,0,0,0,0,0,0,0,0,0,0,0,0,0,0,0,{"$f":"SWG24*0.8","v":0},0,0,0,0,0,0,0,0,0,0,0,0,0,0,0,0,0,0,0,0,0,0,0,0,0,0,0,0,0,0,0,0,0,0,0,0,0,0,0,0,0,0,0,0,0,0,0,0,0,0,0,0,0,0,0,0,0,0,0,0,0,0,0,{"$f":"SYS24*0.8","v":0},0,0,0,0,0,0,0,0,0,0,0,0,0,0,0,0,0,0,0,0,0,0,0,0,0,0,0,0,0,0,0,0,0,0,0,0,0,0,0,0,0,0,0,0,0,0,0,0,0,0,0,0,0,0,0,0,0,0,0,0,0,0,0,{"$f":"TBE24*0.8","v":0},0,0,0,0,0,0,0,0,0,0,0,0,0,0,0,0,0,0,0,0,0,0,0,0,0,0,0,0,0,0,0,0,0,0,0,0,0,0,0,0,0,0,0,0,0,0,0,0,0,0,0,0,0,0,0,0,0,0,0,0,0,0,0,{"$f":"TDQ24*0.8","v":0},0,0,0,0,0,0,0,0,0,0,0,0,0,0,0,0,0,0,0,0,0,0,0,0,0,0,0,0,0,0,0,0,0,0,0,0,0,0,0,0,0,0,0,0,0,0,0,0,0,0,0,0,0,0,0,0,0,0,0,0,0,0,0,{"$f":"TGC24*0.8","v":0},0,0,0,0,0,0,0,0,0,0,0,0,0,0,0,0,0,0,0,0,0,0,0,0,0,0,0,0,0,0,0,0,0,0,0,0,0,0,0,0,0,0,0,0,0,0,0,0,0,0,0,0,0,0,0,0,0,0,0,0,0,0,0,{"$f":"TIO24*0.8","v":0},0,0,0,0,0,0,0,0,0,0,0,0,0,0,0,0,0,0,0,0,0,0,0,0,0,0,0,0,0,0,0,0,0,0,0,0,0,0,0,0,0,0,0,0,0,0,0,0,0,0,0,0,0,0,0,0,0,0,0,0,0,0,0,{"$f":"TLA24*0.8","v":0},0,0,0,0,0,0,0,0,0,0,0,0,0,0,0,0,0,0,0,0,0,0,0,0,0,0,0,0,0,0,0,0,0,0,0,0,0,0,0,0,0,0,0,0,0,0,0,0,0,0,0,0,0,0,0,0,0,0,0,0,0,0,0,{"$f":"TNM24*0.8","v":0},0,0,0,0,0,0,0,0,0,0,0,0,0,0,0,0,0,0,0,0,0,0,0,0,0,0,0,0,0,0,0,0,0,0,0,0,0,0,0,0,0,0,0,0,0,0,0,0,0,0,0,0,0,0,0,0,0,0,0,0,0,0,0,{"$f":"TPY24*0.8","v":0},0,0,0,0,0,0,0,0,0,0,0,0,0,0,0,0,0,0,0,0,0,0,0,0,0,0,0,0,0,0,0,0,0,0,0,0,0,0,0,0,0,0,0,0,0,0,0,0,0,0,0,0,0,0,0,0,0,0,0,0,0,0,0,{"$f":"TSK24*0.8","v":0},0,0,0,0,0,0,0,0,0,0,0,0,0,0,0,0,0,0,0,0,0,0,0,0,0,0,0,0,0,0,0,0,0,0,0,0,0,0,0,0,0,0,0,0,0,0,0,0,0,0,0,0,0,0,0,0,0,0,0,0,0,0,0,{"$f":"TUW24*0.8","v":0},0,0,0,0,0,0,0,0,0,0,0,0,0,0,0,0,0,0,0,0,0,0,0,0,0,0,0,0,0,0,0,0,0,0,0,0,0,0,0,0,0,0,0,0,0,0,0,0,0,0,0,0,0,0,0,0,0,0,0,0,0,0,0,{"$f":"TXI24*0.8","v":0},0,0,0,0,0,0,0,0,0,0,0,0,0,0,0,0,0,0,0,0,0,0,0,0,0,0,0,0,0,0,0,0,0,0,0,0,0,0,0,0,0,0,0,0,0,0,0,0,0,0,0,0,0,0,0,0,0,0,0,0,0,0,0,{"$f":"TZU24*0.8","v":0},0,0,0,0,0,0,0,0,0,0,0,0,0,0,0,0,0,0,0,0,0,0,0,0,0,0,0,0,0,0,0,0,0,0,0,0,0,0,0,0,0,0,0,0,0,0,0,0,0,0,0,0,0,0,0,0,0,0,0,0,0,0,0,{"$f":"UCG24*0.8","v":0},0,0,0,0,0,0,0,0,0,0,0,0,0,0,0,0,0,0,0,0,0,0,0,0,0,0,0,0,0,0,0,0,0,0,0,0,0,0,0,0,0,0,0,0,0,0,0,0,0,0,0,0,0,0,0,0,0,0,0,0,0,0,0,{"$f":"UES24*0.8","v":0},0,0,0,0,0,0,0,0,0,0,0,0,0,0,0,0,0,0,0,0,0,0,0,0,0,0,0,0,0,0,0,0,0,0,0,0,0,0,0,0,0,0,0,0,0,0,0,0,0,0,0,0,0,0,0,0,0,0,0,0,0,0,0,{"$f":"UHE24*0.8","v":0},0,0,0,0,0,0,0,0,0,0,0,0,0,0,0,0,0,0,0,0,0,0,0,0,0,0,0,0,0,0,0,0,0,0,0,0,0,0,0,0,0,0,0,0,0,0,0,0,0,0,0,0,0,0,0,0,0,0,0,0,0,0,0,{"$f":"UJQ24*0.8","v":0},0,0,0,0,0,0,0,0,0,0,0,0,0,0,0,0,0,0,0,0,0,0,0,0,0,0,0,0,0,0,0,0,0,0,0,0,0,0,0,0,0,0,0,0,0,0,0,0,0,0,0,0,0,0,0,0,0,0,0,0,0,0,0,{"$f":"UMC24*0.8","v":0},0,0,0,0,0,0,0,0,0,0,0,0,0,0,0,0,0,0,0,0,0,0,0,0,0,0,0,0,0,0,0,0,0,0,0,0,0,0,0,0,0,0,0,0,0,0,0,0,0,0,0,0,0,0,0,0,0,0,0,0,0,0,0,{"$f":"UOO24*0.8","v":0},0,0,0,0,0,0,0,0,0,0,0,0,0,0,0,0,0,0,0,0,0,0,0,0,0,0,0,0,0,0,0,0,0,0,0,0,0,0,0,0,0,0,0,0,0,0,0,0,0,0,0,0,0,0,0,0,0,0,0,0,0,0,0,{"$f":"URA24*0.8","v":0},0,0,0,0,0,0,0,0,0,0,0,0,0,0,0,0,0,0,0,0,0,0,0,0,0,0,0,0,0,0,0,0,0,0,0,0,0,0,0,0,0,0,0,0,0,0,0,0,0,0,0,0,0,0,0,0,0,0,0,0,0,0,0,{"$f":"UTM24*0.8","v":0},0,0,0,0,0,0,0,0,0,0,0,0,0,0,0,0,0,0,0,0,0,0,0,0,0,0,0,0,0,0,0,0,0,0,0,0,0,0,0,0,0,0,0,0,0,0,0,0,0,0,0,0,0,0,0,0,0,0,0,0,0,0,0,{"$f":"UVY24*0.8","v":0},0,0,0,0,0,0,0,0,0,0,0,0,0,0,0,0,0,0,0,0,0,0,0,0,0,0,0,0,0,0,0,0,0,0,0,0,0,0,0,0,0,0,0,0,0,0,0,0,0,0,0,0,0,0,0,0,0,0,0,0,0,0,0,{"$f":"UYK24*0.8","v":0},0,0,0,0,0,0,0,0,0,0,0,0,0,0,0,0,0,0,0,0,0,0,0,0,0,0,0,0,0,0,0,0,0,0,0,0,0,0,0,0,0,0,0,0,0,0,0,0,0,0,0,0,0,0,0,0,0,0,0,0,0,0,0,{"$f":"VAW24*0.8","v":0},0,0,0,0,0,0,0,0,0,0,0,0,0,0,0,0,0,0,0,0,0,0,0,0,0,0,0,0,0,0,0,0,0,0,0,0,0,0,0,0,0,0,0,0,0,0,0,0,0,0,0,0,0,0,0,0,0,0,0,0,0,0,0,{"$f":"VDI24*0.8","v":0},0,0,0,0,0,0,0,0,0,0,0,0,0,0,0,0,0,0,0,0,0,0,0,0,0,0,0,0,0,0,0,0,0,0,0,0,0,0,0,0,0,0,0,0,0,0,0,0,0,0,0,0,0,0,0,0,0,0,0,0,0,0,0,{"$f":"VFU24*0.8","v":0},0,0,0,0,0,0,0,0,0,0,0,0,0,0,0,0,0,0,0,0,0,0,0,0,0,0,0,0,0,0,0,0,0,0,0,0,0,0,0,0,0,0,0,0,0,0,0,0,0,0,0,0,0,0,0,0,0,0,0,0,0,0,0,{"$f":"VIG24*0.8","v":0},0,0,0,0,0,0,0,0,0,0,0,0,0,0,0,0,0,0,0,0,0,0,0,0,0,0,0,0,0,0,0,0,0,0,0,0,0,0,0,0,0,0,0,0,0,0,0,0,0,0,0,0,0,0,0,0,0,0,0,0,0,0,0,{"$f":"VKS24*0.8","v":0},0,0,0,0,0,0,0,0,0,0,0,0,0,0,0,0,0,0,0,0,0,0,0,0,0,0,0,0,0,0,0,0,0,0,0,0,0,0,0,0,0,0,0,0,0,0,0,0,0,0,0,0,0,0,0,0,0,0,0,0,0,0,0,{"$f":"VNE24*0.8","v":0},0,0,0,0,0,0,0,0,0,0,0,0,0,0,0,0,0,0,0,0,0,0,0,0,0,0,0,0,0,0,0,0,0,0,0,0,0,0,0,0,0,0,0,0,0,0,0,0,0,0,0,0,0,0,0,0,0,0,0,0,0,0,0,{"$f":"VPQ24*0.8","v":0},0,0,0,0,0,0,0,0,0,0,0,0,0,0,0,0,0,0,0,0,0,0,0,0,0,0,0,0,0,0,0,0,0,0,0,0,0,0,0,0,0,0,0,0,0,0,0,0,0,0,0,0,0,0,0,0,0,0,0,0,0,0,0,{"$f":"VSC24*0.8","v":0},0,0,0,0,0,0,0,0,0,0,0,0,0,0,0,0,0,0,0,0,0,0,0,0,0,0,0,0,0,0,0,0,0,0,0,0,0,0,0,0,0,0,0,0,0,0,0,0,0,0,0,0,0,0,0,0,0,0,0,0,0,0,0,{"$f":"VUO24*0.8","v":0},0,0,0,0,0,0,0,0,0,0,0,0,0,0,0,0,0,0,0,0,0,0,0,0,0,0,0,0,0,0,0,0,0,0,0,0,0,0,0,0,0,0,0,0,0,0,0,0,0,0,0,0,0,0,0,0,0,0,0,0,0,0,0,{"$f":"VXA24*0.8","v":0},0,0,0,0,0,0,0,0,0,0,0,0,0,0,0,0,0,0,0,0,0,0,0,0,0,0,0,0,0,0,0,0,0,0,0,0,0,0,0,0,0,0,0,0,0,0,0,0,0,0,0,0,0,0,0,0,0,0,0,0,0,0,0,{"$f":"VZM24*0.8","v":0},0,0,0,0,0,0,0,0,0,0,0,0,0,0,0,0,0,0,0,0,0,0,0,0,0,0,0,0,0,0,0,0,0,0,0,0,0,0,0,0,0,0,0,0,0,0,0,0,0,0,0,0,0,0,0,0,0,0,0,0,0,0,0,{"$f":"WBY24*0.8","v":0},0,0,0,0,0,0,0,0,0,0,0,0,0,0,0,0,0,0,0,0,0,0,0,0,0,0,0,0,0,0,0,0,0,0,0,0,0,0,0,0,0,0,0,0,0,0,0,0,0,0,0,0,0,0,0,0,0,0,0,0,0,0,0,{"$f":"WEK24*0.8","v":0},0,0,0,0,0,0,0,0,0,0,0,0,0,0,0,0,0,0,0,0,0,0,0,0,0,0,0,0,0,0,0,0,0,0,0,0,0,0,0,0,0,0,0,0,0,0,0,0,0,0,0,0,0,0,0,0,0,0,0,0,0,0,0,{"$f":"WGW24*0.8","v":0},0,0,0,0,0,0,0,0,0,0,0,0,0,0,0,0,0,0,0,0,0,0,0,0,0,0,0,0,0,0,0,0,0,0,0,0,0,0,0,0,0,0,0,0,0,0,0,0,0,0,0,0,0,0,0,0,0,0,0,0,0,0,0,{"$f":"WJI24*0.8","v":0},0,0,0,0,0,0,0,0,0,0,0,0,0,0,0,0,0,0,0,0,0,0,0,0,0,0,0,0,0,0,0,0,0,0,0,0,0,0,0,0,0,0,0,0,0,0,0,0,0,0,0,0,0,0,0,0,0,0,0,0,0,0,0,{"$f":"WLU24*0.8","v":0},0,0,0,0,0,0,0,0,0,0,0,0,0,0,0,0,0,0,0,0,0,0,0,0,0,0,0,0,0,0,0,0,0,0,0,0,0,0,0,0,0,0,0,0,0,0,0,0,0,0,0,0,0,0,0,0,0,0,0,0,0,0,0,{"$f":"WOG24*0.8","v":0},0,0,0,0,0,0,0,0,0,0,0,0,0,0,0,0,0,0,0,0,0,0,0,0,0,0,0,0,0,0,0,0,0,0,0,0,0,0,0,0,0,0,0,0,0,0,0,0,0,0,0,0,0,0,0,0,0,0,0,0,0,0,0,{"$f":"WQS24*0.8","v":0},0,0,0,0,0,0,0,0,0,0,0,0,0,0,0,0,0,0,0,0,0,0,0,0,0,0,0,0,0,0,0,0,0,0,0,0,0,0,0,0,0,0,0,0,0,0,0,0,0,0,0,0,0,0,0,0,0,0,0,0,0,0,0,{"$f":"WTE24*0.8","v":0},0,0,0,0,0,0,0,0,0,0,0,0,0,0,0,0,0,0,0,0,0,0,0,0,0,0,0,0,0,0,0,0,0,0,0,0,0,0,0,0,0,0,0,0,0,0,0,0,0,0,0,0,0,0,0,0,0,0,0,0,0,0,0,{"$f":"WVQ24*0.8","v":0},0,0,0,0,0,0,0,0,0,0,0,0,0,0,0,0,0,0,0,0,0,0,0,0,0,0,0,0,0,0,0,0,0,0,0,0,0,0,0,0,0,0,0,0,0,0,0,0,0,0,0,0,0,0,0,0,0,0,0,0,0,0,0,{"$f":"WYC24*0.8","v":0},0,0,0,0,0,0,0,0,0,0,0,0,0,0,0,0,0,0,0,0,0,0,0,0,0,0,0,0,0,0,0,0,0,0,0,0,0,0,0,0,0,0,0,0,0,0,0,0,0,0,0,0,0,0,0,0,0,0,0,0,0,0,0,{"$f":"XAO24*0.8","v":0},0,0,0,0,0,0,0,0,0,0,0,0,0,0,0,0,0,0,0,0,0,0,0,0,0,0,0,0,0,0,0,0,0,0,0,0,0,0,0,0,0,0,0,0,0,0,0,0,0,0,0,0,0,0,0,0,0,0,0,0,0,0,0,{"$f":"XDA24*0.8","v":0},0,0,0,0,0,0,0,0,0,0,0,0,0,0,0,0,0,0,0,0,0,0,0,0,0,0,0,0,0,0,0,0,0,0,0,0,0,0,0,0,0,0,0,0,0,0,0,0,0,0,0,0,0,0,0]
[null,"VALOR DO PRODUTO CONSOLIDADO","R$",{"$f":"SUM(H27:S27)","v":{"$error":"#REF!"}},null,null,null,{"$f":"H24*0.2","v":{"$error":"#REF!"}},{"$f":"I24*0.2","v":{"$error":"#REF!"}},{"$error":"#REF!"},{"$error":"#REF!"},{"$error":"#REF!"},{"$error":"#REF!"},{"$error":"#REF!"},{"$error":"#REF!"},{"$error":"#REF!"},{"$error":"#REF!"},{"$error":"#REF!"},{"$error":"#REF!"},0,0,0,0,0,0,0,0,0,0,0,0,0,0,0,0,0,0,0,0,0,0,0,0,0,0,0,0,0,0,0,0,0,0,0,0,0,0,0,0,0,0,0,0,0,0,0,0,0,0,0,0,0,{"$f":"BU24*0.2","v":0},0,0,0,0,0,0,0,0,0,0,0,0,0,0,0,0,0,0,0,0,0,0,0,0,0,0,0,0,0,0,0,0,0,0,0,0,0,0,0,0,0,0,0,0,0,0,0,0,0,0,0,0,0,0,0,0,0,0,0,0,0,0,0,{"$f":"EG24*0.2","v":0},0,0,0,0,0,0,0,0,0,0,0,0,0,0,0,0,0,0,0,0,0,0,0,0,0,0,0,0,0,0,0,0,0,0,0,0,0,0,0,0,0,0,0,0,0,0,0,0,0,0,0,0,0,0,0,0,0,0,0,0,0,0,0,{"$f":"GS24*0.2","v":0},0,0,0,0,0,0,0,0,0,0,0,0,0,0,0,0,0,0,0,0,0,0,0,0,0,0,0,0,0,0,0,0,0,0,0,0,0,0,0,0,0,0,0,0,0,0,0,0,0,0,0,0,0,0,0,0,0,0,0,0,0,0,0,{"$f":"JE24*0.2","v":0},0,0,0,0,0,0,0,0,0,0,0,0,0,0,0,0,0,0,0,0,0,0,0,0,0,0,0,0,0,0,0,0,0,0,0,0,0,0,0,0,0,0,0,0,0,0,0,0,0,0,0,0,0,0,0,0,0,0,0,0,0,0,0,{"$f":"LQ24*0.2","v":0},0,0,0,0,0,0,0,0,0,0,0,0,0,0,0,0,0,0,0,0,0,0,0,0,0,0,0,0,0,0,0,0,0,0,0,0,0,0,0,0,0,0,0,0,0,0,0,0,0,0,0,0,0,0,0,0,0,0,0,0,0,0,0,{"$f":"OC24*0.2","v":0},0,0,0,0,0,0,0,0,0,0,0,0,0,0,0,0,0,0,0,0,0,0,0,0,0,0,0,0,0,0,0,0,0,0,0,0,0,0,0,0,0,0,0,0,0,0,0,0,0,0,0,0,0,0,0,0,0,0,0,0,0,0,0,{"$f":"QO24*0.2","v":0},0,0,0,0,0,0,0,0,0,0,0,0,0,0,0,0,0,0,0,0,0,0,0,0,0,0,0,0,0,0,0,0,0,0,0,0,0,0,0,0,0,0,0,0,0,0,0,0,0,0,0,0,0,0,0,0,0,0,0,0,0,0,0,{"$f":"TA24*0.2","v":0},0,0,0,0,0,0,0,0,0,0,0,0,0,0,0,0,0,0,0,0,0,0,0,0,0,0,0,0,0,0,0,0,0,0,0,0,0,0,0,0,0,0,0,0,0,0,0,0,0,0,0,0,0,0,0,0,0,0,0,0,0,0,0,{"$f":"VM24*0.2","v":0},0,0,0,0,0,0,0,0,0,0,0,0,0,0,0,0,0,0,0,0,0,0,0,0,0,0,0,0,0,0,0,0,0,0,0,0,0,0,0,0,0,0,0,0,0,0,0,0,0,0,0,0,0,0,0,0,0,0,0,0,0,0,0,{"$f":"XY24*0.2","v":0},0,0,0,0,0,0,0,0,0,0,0,0,0,0,0,0,0,0,0,0,0,0,0,0,0,0,0,0,0,0,0,0,0,0,0,0,0,0,0,0,0,0,0,0,0,0,0,0,0,0,0,0,0,0,0,0,0,0,0,0,0,0,0,{"$f":"AAK24*0.2","v":0},0,0,0,0,0,0,0,0,0,0,0,0,0,0,0,0,0,0,0,0,0,0,0,0,0,0,0,0,0,0,0,0,0,0,0,0,0,0,0,0,0,0,0,0,0,0,0,0,0,0,0,0,0,0,0,0,0,0,0,0,0,0,0,{"$f":"ACW24*0.2","v":0},0,0,0,0,0,0,0,0,0,0,0,0,0,0,0,0,0,0,0,0,0,0,0,0,0,0,0,0,0,0,0,0,0,0,0,0,0,0,0,0,0,0,0,0,0,0,0,0,0,0,0,0,0,0,0,0,0,0,0,0,0,0,0,{"$f":"AFI24*0.2","v":0},0,0,0,0,0,0,0,0,0,0,0,0,0,0,0,0,0,0,0,0,0,0,0,0,0,0,0,0,0,0,0,0,0,0,0,0,0,0,0,0,0,0,0,0,0,0,0,0,0,0,0,0,0,0,0,0,0,0,0,0,0,0,0,{"$f":"AHU24*0.2","v":0},0,0,0,0,0,0,0,0,0,0,0,0,0,0,0,0,0,0,0,0,0,0,0,0,0,0,0,0,0,0,0,0,0,0,0,0,0,0,0,0,0,0,0,0,0,0,0,0,0,0,0,0,0,0,0,0,0,0,0,0,0,0,0,{"$f":"AKG24*0.2","v":0},0,0,0,0,0,0,0,0,0,0,0,0,0,0,0,0,0,0,0,0,0,0,0,0,0,0,0,0,0,0,0,0,0,0,0,0,0,0,0,0,0,0,0,0,0,0,0,0,0,0,0,0,0,0,0,0,0,0,0,0,0,0,0,{"$f":"AMS24*0.2","v":0},0,0,0,0,0,0,0,0,0,0,0,0,0,0,0,0,0,0,0,0,0,0,0,0,0,0,0,0,0,0,0,0,0,0,0,0,0,0,0,0,0,0,0,0,0,0,0,0,0,0,0,0,0,0,0,0,0,0,0,0,0,0,0,{"$f":"APE24*0.2","v":0},0,0,0,0,0,0,0,0,0,0,0,0,0,0,0,0,0,0,0,0,0,0,0,0,0,0,0,0,0,0,0,0,0,0,0,0,0,0,0,0,0,0,0,0,0,0,0,0,0,0,0,0,0,0,0,0,0,0,0,0,0,0,0,{"$f":"ARQ24*0.2","v":0},0,0,0,0,0,0,0,0,0,0,0,0,0,0,0,0,0,0,0,0,0,0,0,0,0,0,0,0,0,0,0,0,0,0,0,0,0,0,0,0,0,0,0,0,0,0,0,0,0,0,0,0,0,0,0,0,0,0,0,0,0,0,0,{"$f":"AUC24*0.2","v":0},0,0,0,0,0,0,0,0,0,0,0,0,0,0,0,0,0,0,0,0,0,0,0,0,0,0,0,0,0,0,0,0,0,0,0,0,0,0,0,0,0,0,0,0,0,0,0,0,0,0,0,0,0,0,0,0,0,0,0,0,0,0,0,{"$f":"AWO24*0.2","v":0},0,0,0,0,0,0,0,0,0,0,0,0,0,0,0,0,0,0,0,0,0,0,0,0,0,0,0,0,0,0,0,0,0,0,0,0,0,0,0,0,0,0,0,0,0,0,0,0,0,0,0,0,0,0,0,0,0,0,0,0,0,0,0,{"$f":"AZA24*0.2","v":0},0,0,0,0,0,0,0,0,0,0,0,0,0,0,0,0,0,0,0,0,0,0,0,0,0,0,0,0,0,0,0,0,0,0,0,0,0,0,0,0,0,0,0,0,0,0,0,0,0,0,0,0,0,0,0,0,0,0,0,0,0,0,0,{"$f":"BBM24*0.2","v":0},0,0,0,0,0,0,0,0,0,0,0,0,0,0,0,0,0,0,0,0,0,0,0,0,0,0,0,0,0,0,0,0,0,0,0,0,0,0,0,0,0,0,0,0,0,0,0,0,0,0,0,0,0,0,0,0,0,0,0,0,0,0,0,{"$f":"BDY24*0.2","v":0},0,0,0,0,0,0,0,0,0,0,0,0,0,0,0,0,0,0,0,0,0,0,0,0,0,0,0,0,0,0,0,0,0,0,0,0,0,0,0,0,0,0,0,0,0,0,0,0,0,0,0,0,0,0,0,0,0,0,0,0,0,0,0,{"$f":"BGK24*0.2","v":0},0,0,0,0,0,0,0,0,0,0,0,0,0,0,0,0,0,0,0,0,0,0,0,0,0,0,0,0,0,0,0,0,0,0,0,0,0,0,0,0,0,0,0,0,0,0,0,0,0,0,0,0,0,0,0,0,0,0,0,0,0,0,0,{"$f":"BIW24*0.2","v":0},0,0,0,0,0,0,0,0,0,0,0,0,0,0,0,0,0,0,0,0,0,0,0,0,0,0,0,0,0,0,0,0,0,0,0,0,0,0,0,0,0,0,0,0,0,0,0,0,0,0,0,0,0,0,0,0,0,0,0,0,0,0,0,{"$f":"BLI24*0.2","v":0},0,0,0,0,0,0,0,0,0,0,0,0,0,0,0,0,0,0,0,0,0,0,0,0,0,0,0,0,0,0,0,0,0,0,0,0,0,0,0,0,0,0,0,0,0,0,0,0,0,0,0,0,0,0,0,0,0,0,0,0,0,0,0,{"$f":"BNU24*0.2","v":0},0,0,0,0,0,0,0,0,0,0,0,0,0,0,0,0,0,0,0,0,0,0,0,0,0,0,0,0,0,0,0,0,0,0,0,0,0,0,0,0,0,0,0,0,0,0,0,0,0,0,0,0,0,0,0,0,0,0,0,0,0,0,0,{"$f":"BQG24*0.2","v":0},0,0,0,0,0,0,0,0,0,0,0,0,0,0,0,0,0,0,0,0,0,0,0,0,0,0,0,0,0,0,0,0,0,0,0,0,0,0,0,0,0,0,0,0,0,0,0,0,0,0,0,0,0,0,0,0,0,0,0,0,0,0,0,{"$f":"BSS24*0.2","v":0},0,0,0,0,0,0,0,0,0,0,0,0,0,0,0,0,0,0,0,0,0,0,0,0,0,0,0,0,0,0,0,0,0,0,0,0,0,0,0,0,0,0,0,0,0,0,0,0,0,0,0,0,0,0,0,0,0,0,0,0,0,0,0,{"$f":"BVE24*0.2","v":0},0,0,0,0,0,0,0,0,0,0,0,0,0,0,0,0,0,0,0,0,0,0,0,0,0,0,0,0,0,0,0,0,0,0,0,0,0,0,0,0,0,0,0,0,0,0,0,0,0,0,0,0,0,0,0,0,0,0,0,0,0,0,0,{"$f":"BXQ24*0.2","v":0},0,0,0,0,0,0,0,0,0,0,0,0,0,0,0,0,0,0,0,0,0,0,0,0,0,0,0,0,0,0,0,0,0,0,0,0,0,0,0,0,0,0,0,0,0,0,0,0,0,0,0,0,0,0,0,0,0,0,0,0,0,0,0,{"$f":"CAC24*0.2","v":0},0,0,0,0,0,0,0,0,0,0,0,0,0,0,0,0,0,0,0,0,0,0,0,0,0,0,0,0,0,0,0,0,0,0,0,0,0,0,0,0,0,0,0,0,0,0,0,0,0,0,0,0,0,0,0,0,0,0,0,0,0,0,0,{"$f":"CCO24*0.2","v":0},0,0,0,0,0,0,0,0,0,0,0,0,0,0,0,0,0,0,0,0,0,0,0,0,0,0,0,0,0,0,0,0,0,0,0,0,0,0,0,0,0,0,0,0,0,0,0,0,0,0,0,0,0,0,0,0,0,0,0,0,0,0,0,{"$f":"CFA24*0.2","v":0},0,0,0,0,0,0,0,0,0,0,0,0,0,0,0,0,0,0,0,0,0,0,0,0,0,0,0,0,0,0,0,0,0,0,0,0,0,0,0,0,0,0,0,0,0,0,0,0,0,0,0,0,0,0,0,0,0,0,0,0,0,0,0,{"$f":"CHM24*0.2","v":0},0,0,0,0,0,0,0,0,0,0,0,0,0,0,0,0,0,0,0,0,0,0,0,0,0,0,0,0,0,0,0,0,0,0,0,0,0,0,0,0,0,0,0,0,0,0,0,0,0,0,0,0,0,0,0,0,0,0,0,0,0,0,0,{"$f":"CJY24*0.2","v":0},0,0,0,0,0,0,0,0,0,0,0,0,0,0,0,0,0,0,0,0,0,0,0,0,0,0,0,0,0,0,0,0,0,0,0,0,0,0,0,0,0,0,0,0,0,0,0,0,0,0,0,0,0,0,0,0,0,0,0,0,0,0,0,{"$f":"CMK24*0.2","v":0},0,0,0,0,0,0,0,0,0,0,0,0,0,0,0,0,0,0,0,0,0,0,0,0,0,0,0,0,0,0,0,0,0,0,0,0,0,0,0,0,0,0,0,0,0,0,0,0,0,0,0,0,0,0,0,0,0,0,0,0,0,0,0,{"$f":"COW24*0.2","v":0},0,0,0,0,0,0,0,0,0,0,0,0,0,0,0,0,0,0,0,0,0,0,0,0,0,0,0,0,0,0,0,0,0,0,0,0,0,0,0,0,0,0,0,0,0,0,0,0,0,0,0,0,0,0,0,0,0,0,0,0,0,0,0,{"$f":"CRI24*0.2","v":0},0,0,0,0,0,0,0,0,0,0,0,0,0,0,0,0,0,0,0,0,0,0,0,0,0,0,0,0,0,0,0,0,0,0,0,0,0,0,0,0,0,0,0,0,0,0,0,0,0,0,0,0,0,0,0,0,0,0,0,0,0,0,0,{"$f":"CTU24*0.2","v":0},0,0,0,0,0,0,0,0,0,0,0,0,0,0,0,0,0,0,0,0,0,0,0,0,0,0,0,0,0,0,0,0,0,0,0,0,0,0,0,0,0,0,0,0,0,0,0,0,0,0,0,0,0,0,0,0,0,0,0,0,0,0,0,{"$f":"CWG24*0.2","v":0},0,0,0,0,0,0,0,0,0,0,0,0,0,0,0,0,0,0,0,0,0,0,0,0,0,0,0,0,0,0,0,0,0,0,0,0,0,0,0,0,0,0,0,0,0,0,0,0,0,0,0,0,0,0,0,0,0,0,0,0,0,0,0,{"$f":"CYS24*0.2","v":0},0,0,0,0,0,0,0,0,0,0,0,0,0,0,0,0,0,0,0,0,0,0,0,0,0,0,0,0,0,0,0,0,0,0,0,0,0,0,0,0,0,0,0,0,0,0,0,0,0,0,0,0,0,0,0,0,0,0,0,0,0,0,0,{"$f":"DBE24*0.2","v":0},0,0,0,0,0,0,0,0,0,0,0,0,0,0,0,0,0,0,0,0,0,0,0,0,0,0,0,0,0,0,0,0,0,0,0,0,0,0,0,0,0,0,0,0,0,0,0,0,0,0,0,0,0,0,0,0,0,0,0,0,0,0,0,{"$f":"DDQ24*0.2","v":0},0,0,0,0,0,0,0,0,0,0,0,0,0,0,0,0,0,0,0,0,0,0,0,0,0,0,0,0,0,0,0,0,0,0,0,0,0,0,0,0,0,0,0,0,0,0,0,0,0,0,0,0,0,0,0,0,0,0,0,0,0,0,0,{"$f":"DGC24*0.2","v":0},0,0,0,0,0,0,0,0,0,0,0,0,0,0,0,0,0,0,0,0,0,0,0,0,0,0,0,0,0,0,0,0,0,0,0,0,0,0,0,0,0,0,0,0,0,0,0,0,0,0,0,0,0,0,0,0,0,0,0,0,0,0,0,{"$f":"DIO24*0.2","v":0},0,0,0,0,0,0,0,0,0,0,0,0,0,0,0,0,0,0,0,0,0,0,0,0,0,0,0,0,0,0,0,0,0,0,0,0,0,0,0,0,0,0,0,0,0,0,0,0,0,0,0,0,0,0,0,0,0,0,0,0,0,0,0,{"$f":"DLA24*0.2","v":0},0,0,0,0,0,0,0,0,0,0,0,0,0,0,0,0,0,0,0,0,0,0,0,0,0,0,0,0,0,0,0,0,0,0,0,0,0,0,0,0,0,0,0,0,0,0,0,0,0,0,0,0,0,0,0,0,0,0,0,0,0,0,0,{"$f":"DNM24*0.2","v":0},0,0,0,0,0,0,0,0,0,0,0,0,0,0,0,0,0,0,0,0,0,0,0,0,0,0,0,0,0,0,0,0,0,0,0,0,0,0,0,0,0,0,0,0,0,0,0,0,0,0,0,0,0,0,0,0,0,0,0,0,0,0,0,{"$f":"DPY24*0.2","v":0},0,0,0,0,0,0,0,0,0,0,0,0,0,0,0,0,0,0,0,0,0,0,0,0,0,0,0,0,0,0,0,0,0,0,0,0,0,0,0,0,0,0,0,0,0,0,0,0,0,0,0,0,0,0,0,0,0,0,0,0,0,0,0,{"$f":"DSK24*0.2","v":0},0,0,0,0,0,0,0,0,0,0,0,0,0,0,0,0,0,0,0,0,0,0,0,0,0,0,0,0,0,0,0,0,0,0,0,0,0,0,0,0,0,0,0,0,0,0,0,0,0,0,0,0,0,0,0,0,0,0,0,0,0,0,0,{"$f":"DUW24*0.2","v":0},0,0,0,0,0,0,0,0,0,0,0,0,0,0,0,0,0,0,0,0,0,0,0,0,0,0,0,0,0,0,0,0,0,0,0,0,0,0,0,0,0,0,0,0,0,0,0,0,0,0,0,0,0,0,0,0,0,0,0,0,0,0,0,{"$f":"DXI24*0.2","v":0},0,0,0,0,0,0,0,0,0,0,0,0,0,0,0,0,0,0,0,0,0,0,0,0,0,0,0,0,0,0,0,0,0,0,0,0,0,0,0,0,0,0,0,0,0,0,0,0,0,0,0,0,0,0,0,0,0,0,0,0,0,0,0,{"$f":"DZU24*0.2","v":0},0,0,0,0,0,0,0,0,0,0,0,0,0,0,0,0,0,0,0,0,0,0,0,0,0,0,0,0,0,0,0,0,0,0,0,0,0,0,0,0,0,0,0,0,0,0,0,0,0,0,0,0,0,0,0,0,0,0,0,0,0,0,0,{"$f":"ECG24*0.2","v":0},0,0,0,0,0,0,0,0,0,0,0,0,0,0,0,0,0,0,0,0,0,0,0,0,0,0,0,0,0,0,0,0,0,0,0,0,0,0,0,0,0,0,0,0,0,0,0,0,0,0,0,0,0,0,0,0,0,0,0,0,0,0,0,{"$f":"EES24*0.2","v":0},0,0,0,0,0,0,0,0,0,0,0,0,0,0,0,0,0,0,0,0,0,0,0,0,0,0,0,0,0,0,0,0,0,0,0,0,0,0,0,0,0,0,0,0,0,0,0,0,0,0,0,0,0,0,0,0,0,0,0,0,0,0,0,{"$f":"EHE24*0.2","v":0},0,0,0,0,0,0,0,0,0,0,0,0,0,0,0,0,0,0,0,0,0,0,0,0,0,0,0,0,0,0,0,0,0,0,0,0,0,0,0,0,0,0,0,0,0,0,0,0,0,0,0,0,0,0,0,0,0,0,0,0,0,0,0,{"$f":"EJQ24*0.2","v":0},0,0,0,0,0,0,0,0,0,0,0,0,0,0,0,0,0,0,0,0,0,0,0,0,0,0,0,0,0,0,0,0,0,0,0,0,0,0,0,0,0,0,0,0,0,0,0,0,0,0,0,0,0,0,0,0,0,0,0,0,0,0,0,{"$f":"EMC24*0.2","v":0},0,0,0,0,0,0,0,0,0,0,0,0,0,0,0,0,0,0,0,0,0,0,0,0,0,0,0,0,0,0,0,0,0,0,0,0,0,0,0,0,0,0,0,0,0,0,0,0,0,0,0,0,0,0,0,0,0,0,0,0,0,0,0,{"$f":"EOO24*0.2","v":0},0,0,0,0,0,0,0,0,0,0,0,0,0,0,0,0,0,0,0,0,0,0,0,0,0,0,0,0,0,0,0,0,0,0,0,0,0,0,0,0,0,0,0,0,0,0,0,0,0,0,0,0,0,0,0,0,0,0,0,0,0,0,0,{"$f":"ERA24*0.2","v":0},0,0,0,0,0,0,0,0,0,0,0,0,0,0,0,0,0,0,0,0,0,0,0,0,0,0,0,0,0,0,0,0,0,0,0,0,0,0,0,0,0,0,0,0,0,0,0,0,0,0,0,0,0,0,0,0,0,0,0,0,0,0,0,{"$f":"ETM24*0.2","v":0},0,0,0,0,0,0,0,0,0,0,0,0,0,0,0,0,0,0,0,0,0,0,0,0,0,0,0,0,0,0,0,0,0,0,0,0,0,0,0,0,0,0,0,0,0,0,0,0,0,0,0,0,0,0,0,0,0,0,0,0,0,0,0,{"$f":"EVY24*0.2","v":0},0,0,0,0,0,0,0,0,0,0,0,0,0,0,0,0,0,0,0,0,0,0,0,0,0,0,0,0,0,0,0,0,0,0,0,0,0,0,0,0,0,0,0,0,0,0,0,0,0,0,0,0,0,0,0,0,0,0,0,0,0,0,0,{"$f":"EYK24*0.2","v":0},0,0,0,0,0,0,0,0,0,0,0,0,0,0,0,0,0,0,0,0,0,0,0,0,0,0,0,0,0,0,0,0,0,0,0,0,0,0,0,0,0,0,0,0,0,0,0,0,0,0,0,0,0,0,0,0,0,0,0,0,0,0,0,{"$f":"FAW24*0.2","v":0},0,0,0,0,0,0,0,0,0,0,0,0,0,0,0,0,0,0,0,0,0,0,0,0,0,0,0,0,0,0,0,0,0,0,0,0,0,0,0,0,0,0,0,0,0,0,0,0,0,0,0,0,0,0,0,0,0,0,0,0,0,0,0,{"$f":"FDI24*0.2","v":0},0,0,0,0,0,0,0,0,0,0,0,0,0,0,0,0,0,0,0,0,0,0,0,0,0,0,0,0,0,0,0,0,0,0,0,0,0,0,0,0,0,0,0,0,0,0,0,0,0,0,0,0,0,0,0,0,0,0,0,0,0,0,0,{"$f":"FFU24*0.2","v":0},0,0,0,0,0,0,0,0,0,0,0,0,0,0,0,0,0,0,0,0,0,0,0,0,0,0,0,0,0,0,0,0,0,0,0,0,0,0,0,0,0,0,0,0,0,0,0,0,0,0,0,0,0,0,0,0,0,0,0,0,0,0,0,{"$f":"FIG24*0.2","v":0},0,0,0,0,0,0,0,0,0,0,0,0,0,0,0,0,0,0,0,0,0,0,0,0,0,0,0,0,0,0,0,0,0,0,0,0,0,0,0,0,0,0,0,0,0,0,0,0,0,0,0,0,0,0,0,0,0,0,0,0,0,0,0,{"$f":"FKS24*0.2","v":0},0,0,0,0,0,0,0,0,0,0,0,0,0,0,0,0,0,0,0,0,0,0,0,0,0,0,0,0,0,0,0,0,0,0,0,0,0,0,0,0,0,0,0,0,0,0,0,0,0,0,0,0,0,0,0,0,0,0,0,0,0,0,0,{"$f":"FNE24*0.2","v":0},0,0,0,0,0,0,0,0,0,0,0,0,0,0,0,0,0,0,0,0,0,0,0,0,0,0,0,0,0,0,0,0,0,0,0,0,0,0,0,0,0,0,0,0,0,0,0,0,0,0,0,0,0,0,0,0,0,0,0,0,0,0,0,{"$f":"FPQ24*0.2","v":0},0,0,0,0,0,0,0,0,0,0,0,0,0,0,0,0,0,0,0,0,0,0,0,0,0,0,0,0,0,0,0,0,0,0,0,0,0,0,0,0,0,0,0,0,0,0,0,0,0,0,0,0,0,0,0,0,0,0,0,0,0,0,0,{"$f":"FSC24*0.2","v":0},0,0,0,0,0,0,0,0,0,0,0,0,0,0,0,0,0,0,0,0,0,0,0,0,0,0,0,0,0,0,0,0,0,0,0,0,0,0,0,0,0,0,0,0,0,0,0,0,0,0,0,0,0,0,0,0,0,0,0,0,0,0,0,{"$f":"FUO24*0.2","v":0},0,0,0,0,0,0,0,0,0,0,0,0,0,0,0,0,0,0,0,0,0,0,0,0,0,0,0,0,0,0,0,0,0,0,0,0,0,0,0,0,0,0,0,0,0,0,0,0,0,0,0,0,0,0,0,0,0,0,0,0,0,0,0,{"$f":"FXA24*0.2","v":0},0,0,0,0,0,0,0,0,0,0,0,0,0,0,0,0,0,0,0,0,0,0,0,0,0,0,0,0,0,0,0,0,0,0,0,0,0,0,0,0,0,0,0,0,0,0,0,0,0,0,0,0,0,0,0,0,0,0,0,0,0,0,0,{"$f":"FZM24*0.2","v":0},0,0,0,0,0,0,0,0,0,0,0,0,0,0,0,0,0,0,0,0,0,0,0,0,0,0,0,0,0,0,0,0,0,0,0,0,0,0,0,0,0,0,0,0,0,0,0,0,0,0,0,0,0,0,0,0,0,0,0,0,0,0,0,{"$f":"GBY24*0.2","v":0},0,0,0,0,0,0,0,0,0,0,0,0,0,0,0,0,0,0,0,0,0,0,0,0,0,0,0,0,0,0,0,0,0,0,0,0,0,0,0,0,0,0,0,0,0,0,0,0,0,0,0,0,0,0,0,0,0,0,0,0,0,0,0,{"$f":"GEK24*0.2","v":0},0,0,0,0,0,0,0,0,0,0,0,0,0,0,0,0,0,0,0,0,0,0,0,0,0,0,0,0,0,0,0,0,0,0,0,0,0,0,0,0,0,0,0,0,0,0,0,0,0,0,0,0,0,0,0,0,0,0,0,0,0,0,0,{"$f":"GGW24*0.2","v":0},0,0,0,0,0,0,0,0,0,0,0,0,0,0,0,0,0,0,0,0,0,0,0,0,0,0,0,0,0,0,0,0,0,0,0,0,0,0,0,0,0,0,0,0,0,0,0,0,0,0,0,0,0,0,0,0,0,0,0,0,0,0,0,{"$f":"GJI24*0.2","v":0},0,0,0,0,0,0,0,0,0,0,0,0,0,0,0,0,0,0,0,0,0,0,0,0,0,0,0,0,0,0,0,0,0,0,0,0,0,0,0,0,0,0,0,0,0,0,0,0,0,0,0,0,0,0,0,0,0,0,0,0,0,0,0,{"$f":"GLU24*0.2","v":0},0,0,0,0,0,0,0,0,0,0,0,0,0,0,0,0,0,0,0,0,0,0,0,0,0,0,0,0,0,0,0,0,0,0,0,0,0,0,0,0,0,0,0,0,0,0,0,0,0,0,0,0,0,0,0,0,0,0,0,0,0,0,0,{"$f":"GOG24*0.2","v":0},0,0,0,0,0,0,0,0,0,0,0,0,0,0,0,0,0,0,0,0,0,0,0,0,0,0,0,0,0,0,0,0,0,0,0,0,0,0,0,0,0,0,0,0,0,0,0,0,0,0,0,0,0,0,0,0,0,0,0,0,0,0,0,{"$f":"GQS24*0.2","v":0},0,0,0,0,0,0,0,0,0,0,0,0,0,0,0,0,0,0,0,0,0,0,0,0,0,0,0,0,0,0,0,0,0,0,0,0,0,0,0,0,0,0,0,0,0,0,0,0,0,0,0,0,0,0,0,0,0,0,0,0,0,0,0,{"$f":"GTE24*0.2","v":0},0,0,0,0,0,0,0,0,0,0,0,0,0,0,0,0,0,0,0,0,0,0,0,0,0,0,0,0,0,0,0,0,0,0,0,0,0,0,0,0,0,0,0,0,0,0,0,0,0,0,0,0,0,0,0,0,0,0,0,0,0,0,0,{"$f":"GVQ24*0.2","v":0},0,0,0,0,0,0,0,0,0,0,0,0,0,0,0,0,0,0,0,0,0,0,0,0,0,0,0,0,0,0,0,0,0,0,0,0,0,0,0,0,0,0,0,0,0,0,0,0,0,0,0,0,0,0,0,0,0,0,0,0,0,0,0,{"$f":"GYC24*0.2","v":0},0,0,0,0,0,0,0,0,0,0,0,0,0,0,0,0,0,0,0,0,0,0,0,0,0,0,0,0,0,0,0,0,0,0,0,0,0,0,0,0,0,0,0,0,0,0,0,0,0,0,0,0,0,0,0,0,0,0,0,0,0,0,0,{"$f":"HAO24*0.2","v":0},0,0,0,0,0,0,0,0,0,0,0,0,0,0,0,0,0,0,0,0,0,0,0,0,0,0,0,0,0,0,0,0,0,0,0,0,0,0,0,0,0,0,0,0,0,0,0,0,0,0,0,0,0,0,0,0,0,0,0,0,0,0,0,{"$f":"HDA24*0.2","v":0},0,0,0,0,0,0,0,0,0,0,0,0,0,0,0,0,0,0,0,0,0,0,0,0,0,0,0,0,0,0,0,0,0,0,0,0,0,0,0,0,0,0,0,0,0,0,0,0,0,0,0,0,0,0,0,0,0,0,0,0,0,0,0,{"$f":"HFM24*0.2","v":0},0,0,0,0,0,0,0,0,0,0,0,0,0,0,0,0,0,0,0,0,0,0,0,0,0,0,0,0,0,0,0,0,0,0,0,0,0,0,0,0,0,0,0,0,0,0,0,0,0,0,0,0,0,0,0,0,0,0,0,0,0,0,0,{"$f":"HHY24*0.2","v":0},0,0,0,0,0,0,0,0,0,0,0,0,0,0,0,0,0,0,0,0,0,0,0,0,0,0,0,0,0,0,0,0,0,0,0,0,0,0,0,0,0,0,0,0,0,0,0,0,0,0,0,0,0,0,0,0,0,0,0,0,0,0,0,{"$f":"HKK24*0.2","v":0},0,0,0,0,0,0,0,0,0,0,0,0,0,0,0,0,0,0,0,0,0,0,0,0,0,0,0,0,0,0,0,0,0,0,0,0,0,0,0,0,0,0,0,0,0,0,0,0,0,0,0,0,0,0,0,0,0,0,0,0,0,0,0,{"$f":"HMW24*0.2","v":0},0,0,0,0,0,0,0,0,0,0,0,0,0,0,0,0,0,0,0,0,0,0,0,0,0,0,0,0,0,0,0,0,0,0,0,0,0,0,0,0,0,0,0,0,0,0,0,0,0,0,0,0,0,0,0,0,0,0,0,0,0,0,0,{"$f":"HPI24*0.2","v":0},0,0,0,0,0,0,0,0,0,0,0,0,0,0,0,0,0,0,0,0,0,0,0,0,0,0,0,0,0,0,0,0,0,0,0,0,0,0,0,0,0,0,0,0,0,0,0,0,0,0,0,0,0,0,0,0,0,0,0,0,0,0,0,{"$f":"HRU24*0.2","v":0},0,0,0,0,0,0,0,0,0,0,0,0,0,0,0,0,0,0,0,0,0,0,0,0,0,0,0,0,0,0,0,0,0,0,0,0,0,0,0,0,0,0,0,0,0,0,0,0,0,0,0,0,0,0,0,0,0,0,0,0,0,0,0,{"$f":"HUG24*0.2","v":0},0,0,0,0,0,0,0,0,0,0,0,0,0,0,0,0,0,0,0,0,0,0,0,0,0,0,0,0,0,0,0,0,0,0,0,0,0,0,0,0,0,0,0,0,0,0,0,0,0,0,0,0,0,0,0,0,0,0,0,0,0,0,0,{"$f":"HWS24*0.2","v":0},0,0,0,0,0,0,0,0,0,0,0,0,0,0,0,0,0,0,0,0,0,0,0,0,0,0,0,0,0,0,0,0,0,0,0,0,0,0,0,0,0,0,0,0,0,0,0,0,0,0,0,0,0,0,0,0,0,0,0,0,0,0,0,{"$f":"HZE24*0.2","v":0},0,0,0,0,0,0,0,0,0,0,0,0,0,0,0,0,0,0,0,0,0,0,0,0,0,0,0,0,0,0,0,0,0,0,0,0,0,0,0,0,0,0,0,0,0,0,0,0,0,0,0,0,0,0,0,0,0,0,0,0,0,0,0,{"$f":"IBQ24*0.2","v":0},0,0,0,0,0,0,0,0,0,0,0,0,0,0,0,0,0,0,0,0,0,0,0,0,0,0,0,0,0,0,0,0,0,0,0,0,0,0,0,0,0,0,0,0,0,0,0,0,0,0,0,0,0,0,0,0,0,0,0,0,0,0,0,{"$f":"IEC24*0.2","v":0},0,0,0,0,0,0,0,0,0,0,0,0,0,0,0,0,0,0,0,0,0,0,0,0,0,0,0,0,0,0,0,0,0,0,0,0,0,0,0,0,0,0,0,0,0,0,0,0,0,0,0,0,0,0,0,0,0,0,0,0,0,0,0,{"$f":"IGO24*0.2","v":0},0,0,0,0,0,0,0,0,0,0,0,0,0,0,0,0,0,0,0,0,0,0,0,0,0,0,0,0,0,0,0,0,0,0,0,0,0,0,0,0,0,0,0,0,0,0,0,0,0,0,0,0,0,0,0,0,0,0,0,0,0,0,0,{"$f":"IJA24*0.2","v":0},0,0,0,0,0,0,0,0,0,0,0,0,0,0,0,0,0,0,0,0,0,0,0,0,0,0,0,0,0,0,0,0,0,0,0,0,0,0,0,0,0,0,0,0,0,0,0,0,0,0,0,0,0,0,0,0,0,0,0,0,0,0,0,{"$f":"ILM24*0.2","v":0},0,0,0,0,0,0,0,0,0,0,0,0,0,0,0,0,0,0,0,0,0,0,0,0,0,0,0,0,0,0,0,0,0,0,0,0,0,0,0,0,0,0,0,0,0,0,0,0,0,0,0,0,0,0,0,0,0,0,0,0,0,0,0,{"$f":"INY24*0.2","v":0},0,0,0,0,0,0,0,0,0,0,0,0,0,0,0,0,0,0,0,0,0,0,0,0,0,0,0,0,0,0,0,0,0,0,0,0,0,0,0,0,0,0,0,0,0,0,0,0,0,0,0,0,0,0,0,0,0,0,0,0,0,0,0,{"$f":"IQK24*0.2","v":0},0,0,0,0,0,0,0,0,0,0,0,0,0,0,0,0,0,0,0,0,0,0,0,0,0,0,0,0,0,0,0,0,0,0,0,0,0,0,0,0,0,0,0,0,0,0,0,0,0,0,0,0,0,0,0,0,0,0,0,0,0,0,0,{"$f":"ISW24*0.2","v":0},0,0,0,0,0,0,0,0,0,0,0,0,0,0,0,0,0,0,0,0,0,0,0,0,0,0,0,0,0,0,0,0,0,0,0,0,0,0,0,0,0,0,0,0,0,0,0,0,0,0,0,0,0,0,0,0,0,0,0,0,0,0,0,{"$f":"IVI24*0.2","v":0},0,0,0,0,0,0,0,0,0,0,0,0,0,0,0,0,0,0,0,0,0,0,0,0,0,0,0,0,0,0,0,0,0,0,0,0,0,0,0,0,0,0,0,0,0,0,0,0,0,0,0,0,0,0,0,0,0,0,0,0,0,0,0,{"$f":"IXU24*0.2","v":0},0,0,0,0,0,0,0,0,0,0,0,0,0,0,0,0,0,0,0,0,0,0,0,0,0,0,0,0,0,0,0,0,0,0,0,0,0,0,0,0,0,0,0,0,0,0,0,0,0,0,0,0,0,0,0,0,0,0,0,0,0,0,0,{"$f":"JAG24*0.2","v":0},0,0,0,0,0,0,0,0,0,0,0,0,0,0,0,0,0,0,0,0,0,0,0,0,0,0,0,0,0,0,0,0,0,0,0,0,0,0,0,0,0,0,0,0,0,0,0,0,0,0,0,0,0,0,0,0,0,0,0,0,0,0,0,{"$f":"JCS24*0.2","v":0},0,0,0,0,0,0,0,0,0,0,0,0,0,0,0,0,0,0,0,0,0,0,0,0,0,0,0,0,0,0,0,0,0,0,0,0,0,0,0,0,0,0,0,0,0,0,0,0,0,0,0,0,0,0,0,0,0,0,0,0,0,0,0,{"$f":"JFE24*0.2","v":0},0,0,0,0,0,0,0,0,0,0,0,0,0,0,0,0,0,0,0,0,0,0,0,0,0,0,0,0,0,0,0,0,0,0,0,0,0,0,0,0,0,0,0,0,0,0,0,0,0,0,0,0,0,0,0,0,0,0,0,0,0,0,0,{"$f":"JHQ24*0.2","v":0},0,0,0,0,0,0,0,0,0,0,0,0,0,0,0,0,0,0,0,0,0,0,0,0,0,0,0,0,0,0,0,0,0,0,0,0,0,0,0,0,0,0,0,0,0,0,0,0,0,0,0,0,0,0,0,0,0,0,0,0,0,0,0,{"$f":"JKC24*0.2","v":0},0,0,0,0,0,0,0,0,0,0,0,0,0,0,0,0,0,0,0,0,0,0,0,0,0,0,0,0,0,0,0,0,0,0,0,0,0,0,0,0,0,0,0,0,0,0,0,0,0,0,0,0,0,0,0,0,0,0,0,0,0,0,0,{"$f":"JMO24*0.2","v":0},0,0,0,0,0,0,0,0,0,0,0,0,0,0,0,0,0,0,0,0,0,0,0,0,0,0,0,0,0,0,0,0,0,0,0,0,0,0,0,0,0,0,0,0,0,0,0,0,0,0,0,0,0,0,0,0,0,0,0,0,0,0,0,{"$f":"JPA24*0.2","v":0},0,0,0,0,0,0,0,0,0,0,0,0,0,0,0,0,0,0,0,0,0,0,0,0,0,0,0,0,0,0,0,0,0,0,0,0,0,0,0,0,0,0,0,0,0,0,0,0,0,0,0,0,0,0,0,0,0,0,0,0,0,0,0,{"$f":"JRM24*0.2","v":0},0,0,0,0,0,0,0,0,0,0,0,0,0,0,0,0,0,0,0,0,0,0,0,0,0,0,0,0,0,0,0,0,0,0,0,0,0,0,0,0,0,0,0,0,0,0,0,0,0,0,0,0,0,0,0,0,0,0,0,0,0,0,0,{"$f":"JTY24*0.2","v":0},0,0,0,0,0,0,0,0,0,0,0,0,0,0,0,0,0,0,0,0,0,0,0,0,0,0,0,0,0,0,0,0,0,0,0,0,0,0,0,0,0,0,0,0,0,0,0,0,0,0,0,0,0,0,0,0,0,0,0,0,0,0,0,{"$f":"JWK24*0.2","v":0},0,0,0,0,0,0,0,0,0,0,0,0,0,0,0,0,0,0,0,0,0,0,0,0,0,0,0,0,0,0,0,0,0,0,0,0,0,0,0,0,0,0,0,0,0,0,0,0,0,0,0,0,0,0,0,0,0,0,0,0,0,0,0,{"$f":"JYW24*0.2","v":0},0,0,0,0,0,0,0,0,0,0,0,0,0,0,0,0,0,0,0,0,0,0,0,0,0,0,0,0,0,0,0,0,0,0,0,0,0,0,0,0,0,0,0,0,0,0,0,0,0,0,0,0,0,0,0,0,0,0,0,0,0,0,0,{"$f":"KBI24*0.2","v":0},0,0,0,0,0,0,0,0,0,0,0,0,0,0,0,0,0,0,0,0,0,0,0,0,0,0,0,0,0,0,0,0,0,0,0,0,0,0,0,0,0,0,0,0,0,0,0,0,0,0,0,0,0,0,0,0,0,0,0,0,0,0,0,{"$f":"KDU24*0.2","v":0},0,0,0,0,0,0,0,0,0,0,0,0,0,0,0,0,0,0,0,0,0,0,0,0,0,0,0,0,0,0,0,0,0,0,0,0,0,0,0,0,0,0,0,0,0,0,0,0,0,0,0,0,0,0,0,0,0,0,0,0,0,0,0,{"$f":"KGG24*0.2","v":0},0,0,0,0,0,0,0,0,0,0,0,0,0,0,0,0,0,0,0,0,0,0,0,0,0,0,0,0,0,0,0,0,0,0,0,0,0,0,0,0,0,0,0,0,0,0,0,0,0,0,0,0,0,0,0,0,0,0,0,0,0,0,0,{"$f":"KIS24*0.2","v":0},0,0,0,0,0,0,0,0,0,0,0,0,0,0,0,0,0,0,0,0,0,0,0,0,0,0,0,0,0,0,0,0,0,0,0,0,0,0,0,0,0,0,0,0,0,0,0,0,0,0,0,0,0,0,0,0,0,0,0,0,0,0,0,{"$f":"KLE24*0.2","v":0},0,0,0,0,0,0,0,0,0,0,0,0,0,0,0,0,0,0,0,0,0,0,0,0,0,0,0,0,0,0,0,0,0,0,0,0,0,0,0,0,0,0,0,0,0,0,0,0,0,0,0,0,0,0,0,0,0,0,0,0,0,0,0,{"$f":"KNQ24*0.2","v":0},0,0,0,0,0,0,0,0,0,0,0,0,0,0,0,0,0,0,0,0,0,0,0,0,0,0,0,0,0,0,0,0,0,0,0,0,0,0,0,0,0,0,0,0,0,0,0,0,0,0,0,0,0,0,0,0,0,0,0,0,0,0,0,{"$f":"KQC24*0.2","v":0},0,0,0,0,0,0,0,0,0,0,0,0,0,0,0,0,0,0,0,0,0,0,0,0,0,0,0,0,0,0,0,0,0,0,0,0,0,0,0,0,0,0,0,0,0,0,0,0,0,0,0,0,0,0,0,0,0,0,0,0,0,0,0,{"$f":"KSO24*0.2","v":0},0,0,0,0,0,0,0,0,0,0,0,0,0,0,0,0,0,0,0,0,0,0,0,0,0,0,0,0,0,0,0,0,0,0,0,0,0,0,0,0,0,0,0,0,0,0,0,0,0,0,0,0,0,0,0,0,0,0,0,0,0,0,0,{"$f":"KVA24*0.2","v":0},0,0,0,0,0,0,0,0,0,0,0,0,0,0,0,0,0,0,0,0,0,0,0,0,0,0,0,0,0,0,0,0,0,0,0,0,0,0,0,0,0,0,0,0,0,0,0,0,0,0,0,0,0,0,0,0,0,0,0,0,0,0,0,{"$f":"KXM24*0.2","v":0},0,0,0,0,0,0,0,0,0,0,0,0,0,0,0,0,0,0,0,0,0,0,0,0,0,0,0,0,0,0,0,0,0,0,0,0,0,0,0,0,0,0,0,0,0,0,0,0,0,0,0,0,0,0,0,0,0,0,0,0,0,0,0,{"$f":"KZY24*0.2","v":0},0,0,0,0,0,0,0,0,0,0,0,0,0,0,0,0,0,0,0,0,0,0,0,0,0,0,0,0,0,0,0,0,0,0,0,0,0,0,0,0,0,0,0,0,0,0,0,0,0,0,0,0,0,0,0,0,0,0,0,0,0,0,0,{"$f":"LCK24*0.2","v":0},0,0,0,0,0,0,0,0,0,0,0,0,0,0,0,0,0,0,0,0,0,0,0,0,0,0,0,0,0,0,0,0,0,0,0,0,0,0,0,0,0,0,0,0,0,0,0,0,0,0,0,0,0,0,0,0,0,0,0,0,0,0,0,{"$f":"LEW24*0.2","v":0},0,0,0,0,0,0,0,0,0,0,0,0,0,0,0,0,0,0,0,0,0,0,0,0,0,0,0,0,0,0,0,0,0,0,0,0,0,0,0,0,0,0,0,0,0,0,0,0,0,0,0,0,0,0,0,0,0,0,0,0,0,0,0,{"$f":"LHI24*0.2","v":0},0,0,0,0,0,0,0,0,0,0,0,0,0,0,0,0,0,0,0,0,0,0,0,0,0,0,0,0,0,0,0,0,0,0,0,0,0,0,0,0,0,0,0,0,0,0,0,0,0,0,0,0,0,0,0,0,0,0,0,0,0,0,0,{"$f":"LJU24*0.2","v":0},0,0,0,0,0,0,0,0,0,0,0,0,0,0,0,0,0,0,0,0,0,0,0,0,0,0,0,0,0,0,0,0,0,0,0,0,0,0,0,0,0,0,0,0,0,0,0,0,0,0,0,0,0,0,0,0,0,0,0,0,0,0,0,{"$f":"LMG24*0.2","v":0},0,0,0,0,0,0,0,0,0,0,0,0,0,0,0,0,0,0,0,0,0,0,0,0,0,0,0,0,0,0,0,0,0,0,0,0,0,0,0,0,0,0,0,0,0,0,0,0,0,0,0,0,0,0,0,0,0,0,0,0,0,0,0,{"$f":"LOS24*0.2","v":0},0,0,0,0,0,0,0,0,0,0,0,0,0,0,0,0,0,0,0,0,0,0,0,0,0,0,0,0,0,0,0,0,0,0,0,0,0,0,0,0,0,0,0,0,0,0,0,0,0,0,0,0,0,0,0,0,0,0,0,0,0,0,0,{"$f":"LRE24*0.2","v":0},0,0,0,0,0,0,0,0,0,0,0,0,0,0,0,0,0,0,0,0,0,0,0,0,0,0,0,0,0,0,0,0,0,0,0,0,0,0,0,0,0,0,0,0,0,0,0,0,0,0,0,0,0,0,0,0,0,0,0,0,0,0,0,{"$f":"LTQ24*0.2","v":0},0,0,0,0,0,0,0,0,0,0,0,0,0,0,0,0,0,0,0,0,0,0,0,0,0,0,0,0,0,0,0,0,0,0,0,0,0,0,0,0,0,0,0,0,0,0,0,0,0,0,0,0,0,0,0,0,0,0,0,0,0,0,0,{"$f":"LWC24*0.2","v":0},0,0,0,0,0,0,0,0,0,0,0,0,0,0,0,0,0,0,0,0,0,0,0,0,0,0,0,0,0,0,0,0,0,0,0,0,0,0,0,0,0,0,0,0,0,0,0,0,0,0,0,0,0,0,0,0,0,0,0,0,0,0,0,{"$f":"LYO24*0.2","v":0},0,0,0,0,0,0,0,0,0,0,0,0,0,0,0,0,0,0,0,0,0,0,0,0,0,0,0,0,0,0,0,0,0,0,0,0,0,0,0,0,0,0,0,0,0,0,0,0,0,0,0,0,0,0,0,0,0,0,0,0,0,0,0,{"$f":"MBA24*0.2","v":0},0,0,0,0,0,0,0,0,0,0,0,0,0,0,0,0,0,0,0,0,0,0,0,0,0,0,0,0,0,0,0,0,0,0,0,0,0,0,0,0,0,0,0,0,0,0,0,0,0,0,0,0,0,0,0,0,0,0,0,0,0,0,0,{"$f":"MDM24*0.2","v":0},0,0,0,0,0,0,0,0,0,0,0,0,0,0,0,0,0,0,0,0,0,0,0,0,0,0,0,0,0,0,0,0,0,0,0,0,0,0,0,0,0,0,0,0,0,0,0,0,0,0,0,0,0,0,0,0,0,0,0,0,0,0,0,{"$f":"MFY24*0.2","v":0},0,0,0,0,0,0,0,0,0,0,0,0,0,0,0,0,0,0,0,0,0,0,0,0,0,0,0,0,0,0,0,0,0,0,0,0,0,0,0,0,0,0,0,0,0,0,0,0,0,0,0,0,0,0,0,0,0,0,0,0,0,0,0,{"$f":"MIK24*0.2","v":0},0,0,0,0,0,0,0,0,0,0,0,0,0,0,0,0,0,0,0,0,0,0,0,0,0,0,0,0,0,0,0,0,0,0,0,0,0,0,0,0,0,0,0,0,0,0,0,0,0,0,0,0,0,0,0,0,0,0,0,0,0,0,0,{"$f":"MKW24*0.2","v":0},0,0,0,0,0,0,0,0,0,0,0,0,0,0,0,0,0,0,0,0,0,0,0,0,0,0,0,0,0,0,0,0,0,0,0,0,0,0,0,0,0,0,0,0,0,0,0,0,0,0,0,0,0,0,0,0,0,0,0,0,0,0,0,{"$f":"MNI24*0.2","v":0},0,0,0,0,0,0,0,0,0,0,0,0,0,0,0,0,0,0,0,0,0,0,0,0,0,0,0,0,0,0,0,0,0,0,0,0,0,0,0,0,0,0,0,0,0,0,0,0,0,0,0,0,0,0,0,0,0,0,0,0,0,0,0,{"$f":"MPU24*0.2","v":0},0,0,0,0,0,0,0,0,0,0,0,0,0,0,0,0,0,0,0,0,0,0,0,0,0,0,0,0,0,0,0,0,0,0,0,0,0,0,0,0,0,0,0,0,0,0,0,0,0,0,0,0,0,0,0,0,0,0,0,0,0,0,0,{"$f":"MSG24*0.2","v":0},0,0,0,0,0,0,0,0,0,0,0,0,0,0,0,0,0,0,0,0,0,0,0,0,0,0,0,0,0,0,0,0,0,0,0,0,0,0,0,0,0,0,0,0,0,0,0,0,0,0,0,0,0,0,0,0,0,0,0,0,0,0,0,{"$f":"MUS24*0.2","v":0},0,0,0,0,0,0,0,0,0,0,0,0,0,0,0,0,0,0,0,0,0,0,0,0,0,0,0,0,0,0,0,0,0,0,0,0,0,0,0,0,0,0,0,0,0,0,0,0,0,0,0,0,0,0,0,0,0,0,0,0,0,0,0,{"$f":"MXE24*0.2","v":0},0,0,0,0,0,0,0,0,0,0,0,0,0,0,0,0,0,0,0,0,0,0,0,0,0,0,0,0,0,0,0,0,0,0,0,0,0,0,0,0,0,0,0,0,0,0,0,0,0,0,0,0,0,0,0,0,0,0,0,0,0,0,0,{"$f":"MZQ24*0.2","v":0},0,0,0,0,0,0,0,0,0,0,0,0,0,0,0,0,0,0,0,0,0,0,0,0,0,0,0,0,0,0,0,0,0,0,0,0,0,0,0,0,0,0,0,0,0,0,0,0,0,0,0,0,0,0,0,0,0,0,0,0,0,0,0,{"$f":"NCC24*0.2","v":0},0,0,0,0,0,0,0,0,0,0,0,0,0,0,0,0,0,0,0,0,0,0,0,0,0,0,0,0,0,0,0,0,0,0,0,0,0,0,0,0,0,0,0,0,0,0,0,0,0,0,0,0,0,0,0,0,0,0,0,0,0,0,0,{"$f":"NEO24*0.2","v":0},0,0,0,0,0,0,0,0,0,0,0,0,0,0,0,0,0,0,0,0,0,0,0,0,0,0,0,0,0,0,0,0,0,0,0,0,0,0,0,0,0,0,0,0,0,0,0,0,0,0,0,0,0,0,0,0,0,0,0,0,0,0,0,{"$f":"NHA24*0.2","v":0},0,0,0,0,0,0,0,0,0,0,0,0,0,0,0,0,0,0,0,0,0,0,0,0,0,0,0,0,0,0,0,0,0,0,0,0,0,0,0,0,0,0,0,0,0,0,0,0,0,0,0,0,0,0,0,0,0,0,0,0,0,0,0,{"$f":"NJM24*0.2","v":0},0,0,0,0,0,0,0,0,0,0,0,0,0,0,0,0,0,0,0,0,0,0,0,0,0,0,0,0,0,0,0,0,0,0,0,0,0,0,0,0,0,0,0,0,0,0,0,0,0,0,0,0,0,0,0,0,0,0,0,0,0,0,0,{"$f":"NLY24*0.2","v":0},0,0,0,0,0,0,0,0,0,0,0,0,0,0,0,0,0,0,0,0,0,0,0,0,0,0,0,0,0,0,0,0,0,0,0,0,0,0,0,0,0,0,0,0,0,0,0,0,0,0,0,0,0,0,0,0,0,0,0,0,0,0,0,{"$f":"NOK24*0.2","v":0},0,0,0,0,0,0,0,0,0,0,0,0,0,0,0,0,0,0,0,0,0,0,0,0,0,0,0,0,0,0,0,0,0,0,0,0,0,0,0,0,0,0,0,0,0,0,0,0,0,0,0,0,0,0,0,0,0,0,0,0,0,0,0,{"$f":"NQW24*0.2","v":0},0,0,0,0,0,0,0,0,0,0,0,0,0,0,0,0,0,0,0,0,0,0,0,0,0,0,0,0,0,0,0,0,0,0,0,0,0,0,0,0,0,0,0,0,0,0,0,0,0,0,0,0,0,0,0,0,0,0,0,0,0,0,0,{"$f":"NTI24*0.2","v":0},0,0,0,0,0,0,0,0,0,0,0,0,0,0,0,0,0,0,0,0,0,0,0,0,0,0,0,0,0,0,0,0,0,0,0,0,0,0,0,0,0,0,0,0,0,0,0,0,0,0,0,0,0,0,0,0,0,0,0,0,0,0,0,{"$f":"NVU24*0.2","v":0},0,0,0,0,0,0,0,0,0,0,0,0,0,0,0,0,0,0,0,0,0,0,0,0,0,0,0,0,0,0,0,0,0,0,0,0,0,0,0,0,0,0,0,0,0,0,0,0,0,0,0,0,0,0,0,0,0,0,0,0,0,0,0,{"$f":"NYG24*0.2","v":0},0,0,0,0,0,0,0,0,0,0,0,0,0,0,0,0,0,0,0,0,0,0,0,0,0,0,0,0,0,0,0,0,0,0,0,0,0,0,0,0,0,0,0,0,0,0,0,0,0,0,0,0,0,0,0,0,0,0,0,0,0,0,0,{"$f":"OAS24*0.2","v":0},0,0,0,0,0,0,0,0,0,0,0,0,0,0,0,0,0,0,0,0,0,0,0,0,0,0,0,0,0,0,0,0,0,0,0,0,0,0,0,0,0,0,0,0,0,0,0,0,0,0,0,0,0,0,0,0,0,0,0,0,0,0,0,{"$f":"ODE24*0.2","v":0},0,0,0,0,0,0,0,0,0,0,0,0,0,0,0,0,0,0,0,0,0,0,0,0,0,0,0,0,0,0,0,0,0,0,0,0,0,0,0,0,0,0,0,0,0,0,0,0,0,0,0,0,0,0,0,0,0,0,0,0,0,0,0,{"$f":"OFQ24*0.2","v":0},0,0,0,0,0,0,0,0,0,0,0,0,0,0,0,0,0,0,0,0,0,0,0,0,0,0,0,0,0,0,0,0,0,0,0,0,0,0,0,0,0,0,0,0,0,0,0,0,0,0,0,0,0,0,0,0,0,0,0,0,0,0,0,{"$f":"OIC24*0.2","v":0},0,0,0,0,0,0,0,0,0,0,0,0,0,0,0,0,0,0,0,0,0,0,0,0,0,0,0,0,0,0,0,0,0,0,0,0,0,0,0,0,0,0,0,0,0,0,0,0,0,0,0,0,0,0,0,0,0,0,0,0,0,0,0,{"$f":"OKO24*0.2","v":0},0,0,0,0,0,0,0,0,0,0,0,0,0,0,0,0,0,0,0,0,0,0,0,0,0,0,0,0,0,0,0,0,0,0,0,0,0,0,0,0,0,0,0,0,0,0,0,0,0,0,0,0,0,0,0,0,0,0,0,0,0,0,0,{"$f":"ONA24*0.2","v":0},0,0,0,0,0,0,0,0,0,0,0,0,0,0,0,0,0,0,0,0,0,0,0,0,0,0,0,0,0,0,0,0,0,0,0,0,0,0,0,0,0,0,0,0,0,0,0,0,0,0,0,0,0,0,0,0,0,0,0,0,0,0,0,{"$f":"OPM24*0.2","v":0},0,0,0,0,0,0,0,0,0,0,0,0,0,0,0,0,0,0,0,0,0,0,0,0,0,0,0,0,0,0,0,0,0,0,0,0,0,0,0,0,0,0,0,0,0,0,0,0,0,0,0,0,0,0,0,0,0,0,0,0,0,0,0,{"$f":"ORY24*0.2","v":0},0,0,0,0,0,0,0,0,0,0,0,0,0,0,0,0,0,0,0,0,0,0,0,0,0,0,0,0,0,0,0,0,0,0,0,0,0,0,0,0,0,0,0,0,0,0,0,0,0,0,0,0,0,0,0,0,0,0,0,0,0,0,0,{"$f":"OUK24*0.2","v":0},0,0,0,0,0,0,0,0,0,0,0,0,0,0,0,0,0,0,0,0,0,0,0,0,0,0,0,0,0,0,0,0,0,0,0,0,0,0,0,0,0,0,0,0,0,0,0,0,0,0,0,0,0,0,0,0,0,0,0,0,0,0,0,{"$f":"OWW24*0.2","v":0},0,0,0,0,0,0,0,0,0,0,0,0,0,0,0,0,0,0,0,0,0,0,0,0,0,0,0,0,0,0,0,0,0,0,0,0,0,0,0,0,0,0,0,0,0,0,0,0,0,0,0,0,0,0,0,0,0,0,0,0,0,0,0,{"$f":"OZI24*0.2","v":0},0,0,0,0,0,0,0,0,0,0,0,0,0,0,0,0,0,0,0,0,0,0,0,0,0,0,0,0,0,0,0,0,0,0,0,0,0,0,0,0,0,0,0,0,0,0,0,0,0,0,0,0,0,0,0,0,0,0,0,0,0,0,0,{"$f":"PBU24*0.2","v":0},0,0,0,0,0,0,0,0,0,0,0,0,0,0,0,0,0,0,0,0,0,0,0,0,0,0,0,0,0,0,0,0,0,0,0,0,0,0,0,0,0,0,0,0,0,0,0,0,0,0,0,0,0,0,0,0,0,0,0,0,0,0,0,{"$f":"PEG24*0.2","v":0},0,0,0,0,0,0,0,0,0,0,0,0,0,0,0,0,0,0,0,0,0,0,0,0,0,0,0,0,0,0,0,0,0,0,0,0,0,0,0,0,0,0,0,0,0,0,0,0,0,0,0,0,0,0,0,0,0,0,0,0,0,0,0,{"$f":"PGS24*0.2","v":0},0,0,0,0,0,0,0,0,0,0,0,0,0,0,0,0,0,0,0,0,0,0,0,0,0,0,0,0,0,0,0,0,0,0,0,0,0,0,0,0,0,0,0,0,0,0,0,0,0,0,0,0,0,0,0,0,0,0,0,0,0,0,0,{"$f":"PJE24*0.2","v":0},0,0,0,0,0,0,0,0,0,0,0,0,0,0,0,0,0,0,0,0,0,0,0,0,0,0,0,0,0,0,0,0,0,0,0,0,0,0,0,0,0,0,0,0,0,0,0,0,0,0,0,0,0,0,0,0,0,0,0,0,0,0,0,{"$f":"PLQ24*0.2","v":0},0,0,0,0,0,0,0,0,0,0,0,0,0,0,0,0,0,0,0,0,0,0,0,0,0,0,0,0,0,0,0,0,0,0,0,0,0,0,0,0,0,0,0,0,0,0,0,0,0,0,0,0,0,0,0,0,0,0,0,0,0,0,0,{"$f":"POC24*0.2","v":0},0,0,0,0,0,0,0,0,0,0,0,0,0,0,0,0,0,0,0,0,0,0,0,0,0,0,0,0,0,0,0,0,0,0,0,0,0,0,0,0,0,0,0,0,0,0,0,0,0,0,0,0,0,0,0,0,0,0,0,0,0,0,0,{"$f":"PQO24*0.2","v":0},0,0,0,0,0,0,0,0,0,0,0,0,0,0,0,0,0,0,0,0,0,0,0,0,0,0,0,0,0,0,0,0,0,0,0,0,0,0,0,0,0,0,0,0,0,0,0,0,0,0,0,0,0,0,0,0,0,0,0,0,0,0,0,{"$f":"PTA24*0.2","v":0},0,0,0,0,0,0,0,0,0,0,0,0,0,0,0,0,0,0,0,0,0,0,0,0,0,0,0,0,0,0,0,0,0,0,0,0,0,0,0,0,0,0,0,0,0,0,0,0,0,0,0,0,0,0,0,0,0,0,0,0,0,0,0,{"$f":"PVM24*0.2","v":0},0,0,0,0,0,0,0,0,0,0,0,0,0,0,0,0,0,0,0,0,0,0,0,0,0,0,0,0,0,0,0,0,0,0,0,0,0,0,0,0,0,0,0,0,0,0,0,0,0,0,0,0,0,0,0,0,0,0,0,0,0,0,0,{"$f":"PXY24*0.2","v":0},0,0,0,0,0,0,0,0,0,0,0,0,0,0,0,0,0,0,0,0,0,0,0,0,0,0,0,0,0,0,0,0,0,0,0,0,0,0,0,0,0,0,0,0,0,0,0,0,0,0,0,0,0,0,0,0,0,0,0,0,0,0,0,{"$f":"QAK24*0.2","v":0},0,0,0,0,0,0,0,0,0,0,0,0,0,0,0,0,0,0,0,0,0,0,0,0,0,0,0,0,0,0,0,0,0,0,0,0,0,0,0,0,0,0,0,0,0,0,0,0,0,0,0,0,0,0,0,0,0,0,0,0,0,0,0,{"$f":"QCW24*0.2","v":0},0,0,0,0,0,0,0,0,0,0,0,0,0,0,0,0,0,0,0,0,0,0,0,0,0,0,0,0,0,0,0,0,0,0,0,0,0,0,0,0,0,0,0,0,0,0,0,0,0,0,0,0,0,0,0,0,0,0,0,0,0,0,0,{"$f":"QFI24*0.2","v":0},0,0,0,0,0,0,0,0,0,0,0,0,0,0,0,0,0,0,0,0,0,0,0,0,0,0,0,0,0,0,0,0,0,0,0,0,0,0,0,0,0,0,0,0,0,0,0,0,0,0,0,0,0,0,0,0,0,0,0,0,0,0,0,{"$f":"QHU24*0.2","v":0},0,0,0,0,0,0,0,0,0,0,0,0,0,0,0,0,0,0,0,0,0,0,0,0,0,0,0,0,0,0,0,0,0,0,0,0,0,0,0,0,0,0,0,0,0,0,0,0,0,0,0,0,0,0,0,0,0,0,0,0,0,0,0,{"$f":"QKG24*0.2","v":0},0,0,0,0,0,0,0,0,0,0,0,0,0,0,0,0,0,0,0,0,0,0,0,0,0,0,0,0,0,0,0,0,0,0,0,0,0,0,0,0,0,0,0,0,0,0,0,0,0,0,0,0,0,0,0,0,0,0,0,0,0,0,0,{"$f":"QMS24*0.2","v":0},0,0,0,0,0,0,0,0,0,0,0,0,0,0,0,0,0,0,0,0,0,0,0,0,0,0,0,0,0,0,0,0,0,0,0,0,0,0,0,0,0,0,0,0,0,0,0,0,0,0,0,0,0,0,0,0,0,0,0,0,0,0,0,{"$f":"QPE24*0.2","v":0},0,0,0,0,0,0,0,0,0,0,0,0,0,0,0,0,0,0,0,0,0,0,0,0,0,0,0,0,0,0,0,0,0,0,0,0,0,0,0,0,0,0,0,0,0,0,0,0,0,0,0,0,0,0,0,0,0,0,0,0,0,0,0,{"$f":"QRQ24*0.2","v":0},0,0,0,0,0,0,0,0,0,0,0,0,0,0,0,0,0,0,0,0,0,0,0,0,0,0,0,0,0,0,0,0,0,0,0,0,0,0,0,0,0,0,0,0,0,0,0,0,0,0,0,0,0,0,0,0,0,0,0,0,0,0,0,{"$f":"QUC24*0.2","v":0},0,0,0,0,0,0,0,0,0,0,0,0,0,0,0,0,0,0,0,0,0,0,0,0,0,0,0,0,0,0,0,0,0,0,0,0,0,0,0,0,0,0,0,0,0,0,0,0,0,0,0,0,0,0,0,0,0,0,0,0,0,0,0,{"$f":"QWO24*0.2","v":0},0,0,0,0,0,0,0,0,0,0,0,0,0,0,0,0,0,0,0,0,0,0,0,0,0,0,0,0,0,0,0,0,0,0,0,0,0,0,0,0,0,0,0,0,0,0,0,0,0,0,0,0,0,0,0,0,0,0,0,0,0,0,0,{"$f":"QZA24*0.2","v":0},0,0,0,0,0,0,0,0,0,0,0,0,0,0,0,0,0,0,0,0,0,0,0,0,0,0,0,0,0,0,0,0,0,0,0,0,0,0,0,0,0,0,0,0,0,0,0,0,0,0,0,0,0,0,0,0,0,0,0,0,0,0,0,{"$f":"RBM24*0.2","v":0},0,0,0,0,0,0,0,0,0,0,0,0,0,0,0,0,0,0,0,0,0,0,0,0,0,0,0,0,0,0,0,0,0,0,0,0,0,0,0,0,0,0,0,0,0,0,0,0,0,0,0,0,0,0,0,0,0,0,0,0,0,0,0,{"$f":"RDY24*0.2","v":0},0,0,0,0,0,0,0,0,0,0,0,0,0,0,0,0,0,0,0,0,0,0,0,0,0,0,0,0,0,0,0,0,0,0,0,0,0,0,0,0,0,0,0,0,0,0,0,0,0,0,0,0,0,0,0,0,0,0,0,0,0,0,0,{"$f":"RGK24*0.2","v":0},0,0,0,0,0,0,0,0,0,0,0,0,0,0,0,0,0,0,0,0,0,0,0,0,0,0,0,0,0,0,0,0,0,0,0,0,0,0,0,0,0,0,0,0,0,0,0,0,0,0,0,0,0,0,0,0,0,0,0,0,0,0,0,{"$f":"RIW24*0.2","v":0},0,0,0,0,0,0,0,0,0,0,0,0,0,0,0,0,0,0,0,0,0,0,0,0,0,0,0,0,0,0,0,0,0,0,0,0,0,0,0,0,0,0,0,0,0,0,0,0,0,0,0,0,0,0,0,0,0,0,0,0,0,0,0,{"$f":"RLI24*0.2","v":0},0,0,0,0,0,0,0,0,0,0,0,0,0,0,0,0,0,0,0,0,0,0,0,0,0,0,0,0,0,0,0,0,0,0,0,0,0,0,0,0,0,0,0,0,0,0,0,0,0,0,0,0,0,0,0,0,0,0,0,0,0,0,0,{"$f":"RNU24*0.2","v":0},0,0,0,0,0,0,0,0,0,0,0,0,0,0,0,0,0,0,0,0,0,0,0,0,0,0,0,0,0,0,0,0,0,0,0,0,0,0,0,0,0,0,0,0,0,0,0,0,0,0,0,0,0,0,0,0,0,0,0,0,0,0,0,{"$f":"RQG24*0.2","v":0},0,0,0,0,0,0,0,0,0,0,0,0,0,0,0,0,0,0,0,0,0,0,0,0,0,0,0,0,0,0,0,0,0,0,0,0,0,0,0,0,0,0,0,0,0,0,0,0,0,0,0,0,0,0,0,0,0,0,0,0,0,0,0,{"$f":"RSS24*0.2","v":0},0,0,0,0,0,0,0,0,0,0,0,0,0,0,0,0,0,0,0,0,0,0,0,0,0,0,0,0,0,0,0,0,0,0,0,0,0,0,0,0,0,0,0,0,0,0,0,0,0,0,0,0,0,0,0,0,0,0,0,0,0,0,0,{"$f":"RVE24*0.2","v":0},0,0,0,0,0,0,0,0,0,0,0,0,0,0,0,0,0,0,0,0,0,0,0,0,0,0,0,0,0,0,0,0,0,0,0,0,0,0,0,0,0,0,0,0,0,0,0,0,0,0,0,0,0,0,0,0,0,0,0,0,0,0,0,{"$f":"RXQ24*0.2","v":0},0,0,0,0,0,0,0,0,0,0,0,0,0,0,0,0,0,0,0,0,0,0,0,0,0,0,0,0,0,0,0,0,0,0,0,0,0,0,0,0,0,0,0,0,0,0,0,0,0,0,0,0,0,0,0,0,0,0,0,0,0,0,0,{"$f":"SAC24*0.2","v":0},0,0,0,0,0,0,0,0,0,0,0,0,0,0,0,0,0,0,0,0,0,0,0,0,0,0,0,0,0,0,0,0,0,0,0,0,0,0,0,0,0,0,0,0,0,0,0,0,0,0,0,0,0,0,0,0,0,0,0,0,0,0,0,{"$f":"SCO24*0.2","v":0},0,0,0,0,0,0,0,0,0,0,0,0,0,0,0,0,0,0,0,0,0,0,0,0,0,0,0,0,0,0,0,0,0,0,0,0,0,0,0,0,0,0,0,0,0,0,0,0,0,0,0,0,0,0,0,0,0,0,0,0,0,0,0,{"$f":"SFA24*0.2","v":0},0,0,0,0,0,0,0,0,0,0,0,0,0,0,0,0,0,0,0,0,0,0,0,0,0,0,0,0,0,0,0,0,0,0,0,0,0,0,0,0,0,0,0,0,0,0,0,0,0,0,0,0,0,0,0,0,0,0,0,0,0,0,0,{"$f":"SHM24*0.2","v":0},0,0,0,0,0,0,0,0,0,0,0,0,0,0,0,0,0,0,0,0,0,0,0,0,0,0,0,0,0,0,0,0,0,0,0,0,0,0,0,0,0,0,0,0,0,0,0,0,0,0,0,0,0,0,0,0,0,0,0,0,0,0,0,{"$f":"SJY24*0.2","v":0},0,0,0,0,0,0,0,0,0,0,0,0,0,0,0,0,0,0,0,0,0,0,0,0,0,0,0,0,0,0,0,0,0,0,0,0,0,0,0,0,0,0,0,0,0,0,0,0,0,0,0,0,0,0,0,0,0,0,0,0,0,0,0,{"$f":"SMK24*0.2","v":0},0,0,0,0,0,0,0,0,0,0,0,0,0,0,0,0,0,0,0,0,0,0,0,0,0,0,0,0,0,0,0,0,0,0,0,0,0,0,0,0,0,0,0,0,0,0,0,0,0,0,0,0,0,0,0,0,0,0,0,0,0,0,0,{"$f":"SOW24*0.2","v":0},0,0,0,0,0,0,0,0,0,0,0,0,0,0,0,0,0,0,0,0,0,0,0,0,0,0,0,0,0,0,0,0,0,0,0,0,0,0,0,0,0,0,0,0,0,0,0,0,0,0,0,0,0,0,0,0,0,0,0,0,0,0,0,{"$f":"SRI24*0.2","v":0},0,0,0,0,0,0,0,0,0,0,0,0,0,0,0,0,0,0,0,0,0,0,0,0,0,0,0,0,0,0,0,0,0,0,0,0,0,0,0,0,0,0,0,0,0,0,0,0,0,0,0,0,0,0,0,0,0,0,0,0,0,0,0,{"$f":"STU24*0.2","v":0},0,0,0,0,0,0,0,0,0,0,0,0,0,0,0,0,0,0,0,0,0,0,0,0,0,0,0,0,0,0,0,0,0,0,0,0,0,0,0,0,0,0,0,0,0,0,0,0,0,0,0,0,0,0,0,0,0,0,0,0,0,0,0,{"$f":"SWG24*0.2","v":0},0,0,0,0,0,0,0,0,0,0,0,0,0,0,0,0,0,0,0,0,0,0,0,0,0,0,0,0,0,0,0,0,0,0,0,0,0,0,0,0,0,0,0,0,0,0,0,0,0,0,0,0,0,0,0,0,0,0,0,0,0,0,0,{"$f":"SYS24*0.2","v":0},0,0,0,0,0,0,0,0,0,0,0,0,0,0,0,0,0,0,0,0,0,0,0,0,0,0,0,0,0,0,0,0,0,0,0,0,0,0,0,0,0,0,0,0,0,0,0,0,0,0,0,0,0,0,0,0,0,0,0,0,0,0,0,{"$f":"TBE24*0.2","v":0},0,0,0,0,0,0,0,0,0,0,0,0,0,0,0,0,0,0,0,0,0,0,0,0,0,0,0,0,0,0,0,0,0,0,0,0,0,0,0,0,0,0,0,0,0,0,0,0,0,0,0,0,0,0,0,0,0,0,0,0,0,0,0,{"$f":"TDQ24*0.2","v":0},0,0,0,0,0,0,0,0,0,0,0,0,0,0,0,0,0,0,0,0,0,0,0,0,0,0,0,0,0,0,0,0,0,0,0,0,0,0,0,0,0,0,0,0,0,0,0,0,0,0,0,0,0,0,0,0,0,0,0,0,0,0,0,{"$f":"TGC24*0.2","v":0},0,0,0,0,0,0,0,0,0,0,0,0,0,0,0,0,0,0,0,0,0,0,0,0,0,0,0,0,0,0,0,0,0,0,0,0,0,0,0,0,0,0,0,0,0,0,0,0,0,0,0,0,0,0,0,0,0,0,0,0,0,0,0,{"$f":"TIO24*0.2","v":0},0,0,0,0,0,0,0,0,0,0,0,0,0,0,0,0,0,0,0,0,0,0,0,0,0,0,0,0,0,0,0,0,0,0,0,0,0,0,0,0,0,0,0,0,0,0,0,0,0,0,0,0,0,0,0,0,0,0,0,0,0,0,0,{"$f":"TLA24*0.2","v":0},0,0,0,0,0,0,0,0,0,0,0,0,0,0,0,0,0,0,0,0,0,0,0,0,0,0,0,0,0,0,0,0,0,0,0,0,0,0,0,0,0,0,0,0,0,0,0,0,0,0,0,0,0,0,0,0,0,0,0,0,0,0,0,{"$f":"TNM24*0.2","v":0},0,0,0,0,0,0,0,0,0,0,0,0,0,0,0,0,0,0,0,0,0,0,0,0,0,0,0,0,0,0,0,0,0,0,0,0,0,0,0,0,0,0,0,0,0,0,0,0,0,0,0,0,0,0,0,0,0,0,0,0,0,0,0,{"$f":"TPY24*0.2","v":0},0,0,0,0,0,0,0,0,0,0,0,0,0,0,0,0,0,0,0,0,0,0,0,0,0,0,0,0,0,0,0,0,0,0,0,0,0,0,0,0,0,0,0,0,0,0,0,0,0,0,0,0,0,0,0,0,0,0,0,0,0,0,0,{"$f":"TSK24*0.2","v":0},0,0,0,0,0,0,0,0,0,0,0,0,0,0,0,0,0,0,0,0,0,0,0,0,0,0,0,0,0,0,0,0,0,0,0,0,0,0,0,0,0,0,0,0,0,0,0,0,0,0,0,0,0,0,0,0,0,0,0,0,0,0,0,{"$f":"TUW24*0.2","v":0},0,0,0,0,0,0,0,0,0,0,0,0,0,0,0,0,0,0,0,0,0,0,0,0,0,0,0,0,0,0,0,0,0,0,0,0,0,0,0,0,0,0,0,0,0,0,0,0,0,0,0,0,0,0,0,0,0,0,0,0,0,0,0,{"$f":"TXI24*0.2","v":0},0,0,0,0,0,0,0,0,0,0,0,0,0,0,0,0,0,0,0,0,0,0,0,0,0,0,0,0,0,0,0,0,0,0,0,0,0,0,0,0,0,0,0,0,0,0,0,0,0,0,0,0,0,0,0,0,0,0,0,0,0,0,0,{"$f":"TZU24*0.2","v":0},0,0,0,0,0,0,0,0,0,0,0,0,0,0,0,0,0,0,0,0,0,0,0,0,0,0,0,0,0,0,0,0,0,0,0,0,0,0,0,0,0,0,0,0,0,0,0,0,0,0,0,0,0,0,0,0,0,0,0,0,0,0,0,{"$f":"UCG24*0.2","v":0},0,0,0,0,0,0,0,0,0,0,0,0,0,0,0,0,0,0,0,0,0,0,0,0,0,0,0,0,0,0,0,0,0,0,0,0,0,0,0,0,0,0,0,0,0,0,0,0,0,0,0,0,0,0,0,0,0,0,0,0,0,0,0,{"$f":"UES24*0.2","v":0},0,0,0,0,0,0,0,0,0,0,0,0,0,0,0,0,0,0,0,0,0,0,0,0,0,0,0,0,0,0,0,0,0,0,0,0,0,0,0,0,0,0,0,0,0,0,0,0,0,0,0,0,0,0,0,0,0,0,0,0,0,0,0,{"$f":"UHE24*0.2","v":0},0,0,0,0,0,0,0,0,0,0,0,0,0,0,0,0,0,0,0,0,0,0,0,0,0,0,0,0,0,0,0,0,0,0,0,0,0,0,0,0,0,0,0,0,0,0,0,0,0,0,0,0,0,0,0,0,0,0,0,0,0,0,0,{"$f":"UJQ24*0.2","v":0},0,0,0,0,0,0,0,0,0,0,0,0,0,0,0,0,0,0,0,0,0,0,0,0,0,0,0,0,0,0,0,0,0,0,0,0,0,0,0,0,0,0,0,0,0,0,0,0,0,0,0,0,0,0,0,0,0,0,0,0,0,0,0,{"$f":"UMC24*0.2","v":0},0,0,0,0,0,0,0,0,0,0,0,0,0,0,0,0,0,0,0,0,0,0,0,0,0,0,0,0,0,0,0,0,0,0,0,0,0,0,0,0,0,0,0,0,0,0,0,0,0,0,0,0,0,0,0,0,0,0,0,0,0,0,0,{"$f":"UOO24*0.2","v":0},0,0,0,0,0,0,0,0,0,0,0,0,0,0,0,0,0,0,0,0,0,0,0,0,0,0,0,0,0,0,0,0,0,0,0,0,0,0,0,0,0,0,0,0,0,0,0,0,0,0,0,0,0,0,0,0,0,0,0,0,0,0,0,{"$f":"URA24*0.2","v":0},0,0,0,0,0,0,0,0,0,0,0,0,0,0,0,0,0,0,0,0,0,0,0,0,0,0,0,0,0,0,0,0,0,0,0,0,0,0,0,0,0,0,0,0,0,0,0,0,0,0,0,0,0,0,0,0,0,0,0,0,0,0,0,{"$f":"UTM24*0.2","v":0},0,0,0,0,0,0,0,0,0,0,0,0,0,0,0,0,0,0,0,0,0,0,0,0,0,0,0,0,0,0,0,0,0,0,0,0,0,0,0,0,0,0,0,0,0,0,0,0,0,0,0,0,0,0,0,0,0,0,0,0,0,0,0,{"$f":"UVY24*0.2","v":0},0,0,0,0,0,0,0,0,0,0,0,0,0,0,0,0,0,0,0,0,0,0,0,0,0,0,0,0,0,0,0,0,0,0,0,0,0,0,0,0,0,0,0,0,0,0,0,0,0,0,0,0,0,0,0,0,0,0,0,0,0,0,0,{"$f":"UYK24*0.2","v":0},0,0,0,0,0,0,0,0,0,0,0,0,0,0,0,0,0,0,0,0,0,0,0,0,0,0,0,0,0,0,0,0,0,0,0,0,0,0,0,0,0,0,0,0,0,0,0,0,0,0,0,0,0,0,0,0,0,0,0,0,0,0,0,{"$f":"VAW24*0.2","v":0},0,0,0,0,0,0,0,0,0,0,0,0,0,0,0,0,0,0,0,0,0,0,0,0,0,0,0,0,0,0,0,0,0,0,0,0,0,0,0,0,0,0,0,0,0,0,0,0,0,0,0,0,0,0,0,0,0,0,0,0,0,0,0,{"$f":"VDI24*0.2","v":0},0,0,0,0,0,0,0,0,0,0,0,0,0,0,0,0,0,0,0,0,0,0,0,0,0,0,0,0,0,0,0,0,0,0,0,0,0,0,0,0,0,0,0,0,0,0,0,0,0,0,0,0,0,0,0,0,0,0,0,0,0,0,0,{"$f":"VFU24*0.2","v":0},0,0,0,0,0,0,0,0,0,0,0,0,0,0,0,0,0,0,0,0,0,0,0,0,0,0,0,0,0,0,0,0,0,0,0,0,0,0,0,0,0,0,0,0,0,0,0,0,0,0,0,0,0,0,0,0,0,0,0,0,0,0,0,{"$f":"VIG24*0.2","v":0},0,0,0,0,0,0,0,0,0,0,0,0,0,0,0,0,0,0,0,0,0,0,0,0,0,0,0,0,0,0,0,0,0,0,0,0,0,0,0,0,0,0,0,0,0,0,0,0,0,0,0,0,0,0,0,0,0,0,0,0,0,0,0,{"$f":"VKS24*0.2","v":0},0,0,0,0,0,0,0,0,0,0,0,0,0,0,0,0,0,0,0,0,0,0,0,0,0,0,0,0,0,0,0,0,0,0,0,0,0,0,0,0,0,0,0,0,0,0,0,0,0,0,0,0,0,0,0,0,0,0,0,0,0,0,0,{"$f":"VNE24*0.2","v":0},0,0,0,0,0,0,0,0,0,0,0,0,0,0,0,0,0,0,0,0,0,0,0,0,0,0,0,0,0,0,0,0,0,0,0,0,0,0,0,0,0,0,0,0,0,0,0,0,0,0,0,0,0,0,0,0,0,0,0,0,0,0,0,{"$f":"VPQ24*0.2","v":0},0,0,0,0,0,0,0,0,0,0,0,0,0,0,0,0,0,0,0,0,0,0,0,0,0,0,0,0,0,0,0,0,0,0,0,0,0,0,0,0,0,0,0,0,0,0,0,0,0,0,0,0,0,0,0,0,0,0,0,0,0,0,0,{"$f":"VSC24*0.2","v":0},0,0,0,0,0,0,0,0,0,0,0,0,0,0,0,0,0,0,0,0,0,0,0,0,0,0,0,0,0,0,0,0,0,0,0,0,0,0,0,0,0,0,0,0,0,0,0,0,0,0,0,0,0,0,0,0,0,0,0,0,0,0,0,{"$f":"VUO24*0.2","v":0},0,0,0,0,0,0,0,0,0,0,0,0,0,0,0,0,0,0,0,0,0,0,0,0,0,0,0,0,0,0,0,0,0,0,0,0,0,0,0,0,0,0,0,0,0,0,0,0,0,0,0,0,0,0,0,0,0,0,0,0,0,0,0,{"$f":"VXA24*0.2","v":0},0,0,0,0,0,0,0,0,0,0,0,0,0,0,0,0,0,0,0,0,0,0,0,0,0,0,0,0,0,0,0,0,0,0,0,0,0,0,0,0,0,0,0,0,0,0,0,0,0,0,0,0,0,0,0,0,0,0,0,0,0,0,0,{"$f":"VZM24*0.2","v":0},0,0,0,0,0,0,0,0,0,0,0,0,0,0,0,0,0,0,0,0,0,0,0,0,0,0,0,0,0,0,0,0,0,0,0,0,0,0,0,0,0,0,0,0,0,0,0,0,0,0,0,0,0,0,0,0,0,0,0,0,0,0,0,{"$f":"WBY24*0.2","v":0},0,0,0,0,0,0,0,0,0,0,0,0,0,0,0,0,0,0,0,0,0,0,0,0,0,0,0,0,0,0,0,0,0,0,0,0,0,0,0,0,0,0,0,0,0,0,0,0,0,0,0,0,0,0,0,0,0,0,0,0,0,0,0,{"$f":"WEK24*0.2","v":0},0,0,0,0,0,0,0,0,0,0,0,0,0,0,0,0,0,0,0,0,0,0,0,0,0,0,0,0,0,0,0,0,0,0,0,0,0,0,0,0,0,0,0,0,0,0,0,0,0,0,0,0,0,0,0,0,0,0,0,0,0,0,0,{"$f":"WGW24*0.2","v":0},0,0,0,0,0,0,0,0,0,0,0,0,0,0,0,0,0,0,0,0,0,0,0,0,0,0,0,0,0,0,0,0,0,0,0,0,0,0,0,0,0,0,0,0,0,0,0,0,0,0,0,0,0,0,0,0,0,0,0,0,0,0,0,{"$f":"WJI24*0.2","v":0},0,0,0,0,0,0,0,0,0,0,0,0,0,0,0,0,0,0,0,0,0,0,0,0,0,0,0,0,0,0,0,0,0,0,0,0,0,0,0,0,0,0,0,0,0,0,0,0,0,0,0,0,0,0,0,0,0,0,0,0,0,0,0,{"$f":"WLU24*0.2","v":0},0,0,0,0,0,0,0,0,0,0,0,0,0,0,0,0,0,0,0,0,0,0,0,0,0,0,0,0,0,0,0,0,0,0,0,0,0,0,0,0,0,0,0,0,0,0,0,0,0,0,0,0,0,0,0,0,0,0,0,0,0,0,0,{"$f":"WOG24*0.2","v":0},0,0,0,0,0,0,0,0,0,0,0,0,0,0,0,0,0,0,0,0,0,0,0,0,0,0,0,0,0,0,0,0,0,0,0,0,0,0,0,0,0,0,0,0,0,0,0,0,0,0,0,0,0,0,0,0,0,0,0,0,0,0,0,{"$f":"WQS24*0.2","v":0},0,0,0,0,0,0,0,0,0,0,0,0,0,0,0,0,0,0,0,0,0,0,0,0,0,0,0,0,0,0,0,0,0,0,0,0,0,0,0,0,0,0,0,0,0,0,0,0,0,0,0,0,0,0,0,0,0,0,0,0,0,0,0,{"$f":"WTE24*0.2","v":0},0,0,0,0,0,0,0,0,0,0,0,0,0,0,0,0,0,0,0,0,0,0,0,0,0,0,0,0,0,0,0,0,0,0,0,0,0,0,0,0,0,0,0,0,0,0,0,0,0,0,0,0,0,0,0,0,0,0,0,0,0,0,0,{"$f":"WVQ24*0.2","v":0},0,0,0,0,0,0,0,0,0,0,0,0,0,0,0,0,0,0,0,0,0,0,0,0,0,0,0,0,0,0,0,0,0,0,0,0,0,0,0,0,0,0,0,0,0,0,0,0,0,0,0,0,0,0,0,0,0,0,0,0,0,0,0,{"$f":"WYC24*0.2","v":0},0,0,0,0,0,0,0,0,0,0,0,0,0,0,0,0,0,0,0,0,0,0,0,0,0,0,0,0,0,0,0,0,0,0,0,0,0,0,0,0,0,0,0,0,0,0,0,0,0,0,0,0,0,0,0,0,0,0,0,0,0,0,0,{"$f":"XAO24*0.2","v":0},0,0,0,0,0,0,0,0,0,0,0,0,0,0,0,0,0,0,0,0,0,0,0,0,0,0,0,0,0,0,0,0,0,0,0,0,0,0,0,0,0,0,0,0,0,0,0,0,0,0,0,0,0,0,0,0,0,0,0,0,0,0,0,{"$f":"XDA24*0.2","v":0},0,0,0,0,0,0,0,0,0,0,0,0,0,0,0,0,0,0,0,0,0,0,0,0,0,0,0,0,0,0,0,0,0,0,0,0,0,0,0,0,0,0,0,0,0,0,0,0,0,0,0,0,0,0,0]
{"$rows_empty":7}
[{"$nulls":6},{"$f":"PFP!H28-'CRO1_Ins-Pro'!D24","v":{"$error":"#REF!"}}]
[]
[]
[{"$nulls":5},{"$f":"F8/D8","v":28612.61},{"$f":"SUM(H38:S38)","v":686702.63999999978},{"$f":"F38*H8","v":57225.22},{"$f":"F38*I8","v":57225.22},{"$f":"F38*J8","v":57225.22},{"$f":"F38*K8","v":57225.22},{"$f":"F38*L8","v":57225.22},{"$f":"F38*M8","v":57225.22},{"$f":"F38*N8","v":57225.22},{"$f":"F38*O8","v":57225.22},{"$f":"F38*P8","v":57225.22},{"$f":"F38*Q8","v":57225.22},{"$f":"F38*R8","v":57225.22},{"$f":"F38*S8","v":57225.22}]
[{"$nulls":5},{"$f":"F9/D9","v":8119.4400000000005},{"$f":"SUM(H39:S39)","v":584599.68000000005},48716.639999999999,48716.639999999999,48716.639999999999,48716.639999999999,48716.639999999999,48716.639999999999,48716.639999999999,48716.639999999999,48716.639999999999,48716.639999999999,48716.639999999999,48716.639999999999]
[{"$nulls":5},6647,239292,19941,19941,19941,19941,19941,19941,19941,19941,19941,19941,19941,19941]
[{"$nulls":5},4800.3500000000004,172812.59999999998,14401.050000000001,14401.050000000001,14401.050000000001,14401.050000000001,14401.050000000001,14401.050000000001,14401.050000000001,14401.050000000001,14401.050000000001,14401.050000000001,14401.050000000001,14401.050000000001]
[{"$nulls":5},7204.75,86457,7204.75,7204.75,7204.75,7204.75,7204.75,7204.75,7204.75,7204.75,7204.75,7204.75,7204.75,7204.75]
[{"$nulls":5},304.02,817205.75999999989,68100.479999999996,68100.479999999996,68100.479999999996,68100.479999999996,68100.479999999996,68100.479999999996,68100.479999999996,68100.479999999996,68100.479999999996,68100.479999999996,68100.479999999996,68100.479999999996]
[{"$nulls":5},120.97,479041.1999999999,39920.1,39920.1,39920.1,39920.1,39920.1,39920.1,39920.1,39920.1,39920.1,39920.1,39920.1,39920.1]
[{"$nulls":5},186.39002516291373,28888.59,2407.3825000000002,2407.3825000000002,2407.3825000000002,2407.3825000000002,2407.3825000000002,2407.3825000000002,2407.3825000000002,2407.3825000000002,2407.3825000000002,2407.3825000000002,2407.3825000000002,2407.3825000000002,{"$f":"$F$16*T16","v":605481.36},605481.36,605481.36,605481.36,605481.36,605481.36,605481.36,605481.36,605481.36,605481.36,605481.36,605481.36,605481.36,605481.36,605481.36,605481.36,605481.36,605481.36,605481.36,605481.36,605481.36,605481.36,605481.36,605481.36,605481.36,605481.36,605481.36,605481.36,605481.36,605481.36,605481.36,605481.36,{"$f":"$F$16*AZ16","v":605481.36},605481.36,605481.36,605481.36,605481.36,605481.36,605481.36,605481.36,605481.36,605481.36,605481.36,605481.36,605481.36,605481.36,605481.36,605481.36,605481.36,605481.36,605481.36,605481.36,{"$f":"$F$16*BT16","v":605481.36},605481.36,605481.36,605481.36,605481.36,605481.36,605481.36,605481.36,605481.36,605481.36,605481.36,605481.36,605481.36,605481.36,605481.36,605481.36,605481.36,605481.36,605481.36,605481.36,605481.36,605481.36,605481.36,605481.36,605481.36,605481.36,605481.36,605481.36,605481.36,605481.36,605481.36,605481.36,605481.36,605481.36,605481.36,605481.36,605481.36,605481.36,605481.36,605481.36,605481.36,605481.36,605481.36,605481.36,605481.36,605481.36,605481.36,605481.36,605481.36,605481.36,605481.36,605481.36,605481.36,605481.36,605481.36,605481.36,605481.36,605481.36,605481.36,605481.36,605481.36,605481.36,605481.36,605481.36,{"$f":"$F$16*EF16","v":605481.36},605481.36,605481.36,605481.36,605481.36,605481.36,605481.36,605481.36,605481.36,605481.36,605481.36,605481.36,605481.36,605481.36,605481.36,605481.36,605481.36,605481.36,605481.36,605481.36,605481.36,605481.36,605481.36,605481.36,605481.36,605481.36,605481.36,605481.36,605481.36,605481.36,605481.36,605481.36,605481.36,605481.36,605481.36,605481.36,605481.36,605481.36,605481.36,605481.36,605481.36,605481.36,605481.36,605481.36,605481.36,605481.36,605481.36,605481.36,605481.36,605481.36,605481.36,605481.36,605481.36,605481.36,605481.36,605481.36,605481.36,605481.36,605481.36,605481.36,605481.36,605481.36,605481.36,605481.36,{"$f":"$F$16*GR16","v":605481.36},605481.36,605481.36,605481.36,605481.36,605481.36,605481.36,605481.36,605481.36,605481.36,605481.36,605481.36,605481.36,605481.36,605481.36,605481.36,605481.36,605481.36,605481.36,605481.36,605481.36,605481.36,605481.36,605481.36,605481.36,605481.36,605481.36,605481.36,605481.36,605481.36,605481.36,605481.36,605481.36,605481.36,605481.36,605481.36,605481.36,605481.36,605481.36,605481.36,605481.36,605481.36,605481.36,605481.36,605481.36,605481.36,605481.36,605481.36,605481.36,605481.36,605481.36,605481.36,605481.36,605481.36,605481.36,605481.36,605481.36,605481.36,605481.36,605481.36,605481.36,605481.36,605481.36,605481.36,{"$f":"$F$16*JD16","v":605481.36},605481.36,605481.36,605481.36,605481.36,605481.36,605481.36,605481.36,605481.36,605481.36,605481.36,605481.36,605481.36,605481.36,605481.36,605481.36,605481.36,605481.36,605481.36,605481.36,605481.36,605481.36,605481.36,605481.36,605481.36,605481.36,605481.36,605481.36,605481.36,605481.36,605481.36,605481.36,605481.36,605481.36,605481.36,605481.36,605481.36,605481.36,605481.36,605481.36,605481.36,605481.36,605481.36,605481.36,605481.36,605481.36,605481.36,605481.36,605481.36,605481.36,605481.36,605481.36,605481.36,605481.36,605481.36,605481.36,605481.36,605481.36,605481.36,605481.36,605481.36,605481.36,605481.36,605481.36,{"$f":"$F$16*LP16","v":605481.36},605481.36,605481.36,605481.36,605481.36,605481.36,605481.36,605481.36,605481.36,605481.36,605481.36,605481.36,605481.36,605481.36,605481.36,605481.36,605481.36,605481.36,605481.36,605481.36,605481.36,605481.36,605481.36,605481.36,605481.36,605481.36,605481.36,605481.36,605481.36,605481.36,605481.36,605481.36,605481.36,605481.36,605481.36,605481.36,605481.36,605481.36,605481.36,605481.36,605481.36,605481.36,605481.36,605481.36,605481.36,605481.36,605481.36,605481.36,605481.36,605481.36,605481.36,605481.36,605481.36,605481.36,605481.36,605481.36,605481.36,605481.36,605481.36,605481.36,605481.36,605481.36,605481.36,605481.36,{"$f":"$F$16*OB16","v":605481.36},605481.36,605481.36,605481.36,605481.36,605481.36,605481.36,605481.36,605481.36,605481.36,605481.36,605481.36,605481.36,605481.36,605481.36,605481.36,605481.36,605481.36,605481.36,605481.36,605481.36,605481.36,605481.36,605481.36,605481.36,605481.36,605481.36,605481.36,605481.36,605481.36,605481.36,605481.36,605481.36,605481.36,605481.36,605481.36,605481.36,605481.36,605481.36,605481.36,605481.36,605481.36,605481.36,605481.36,605481.36,605481.36,605481.36,605481.36,605481.36,605481.36,605481.36,605481.36,605481.36,605481.36,605481.36,605481.36,605481.36,605481.36,605481.36,605481.36,605481.36,605481.36,605481.36,605481.36,{"$f":"$F$16*QN16","v":605481.36},605481.36,605481.36,605481.36,605481.36,605481.36,605481.36,605481.36,605481.36,605481.36,605481.36,605481.36,605481.36,605481.36,605481.36,605481.36,605481.36,605481.36,605481.36,605481.36,605481.36,605481.36,605481.36,605481.36,605481.36,605481.36,605481.36,605481.36,605481.36,605481.36,605481.36,605481.36,605481.36,605481.36,605481.36,605481.36,605481.36,605481.36,605481.36,605481.36,605481.36,605481.36,605481.36,605481.36,605481.36,605481.36,605481.36,605481.36,605481.36,605481.36,605481.36,605481.36,605481.36,605481.36,605481.36,605481.36,605481.36,605481.36,605481.36,605481.36,605481.36,605481.36,605481.36,605481.36,{"$f":"$F$16*SZ16","v":605481.36},605481.36,605481.36,605481.36,605481.36,605481.36,605481.36,605481.36,605481.36,605481.36,605481.36,605481.36,605481.36,605481.36,605481.36,605481.36,605481.36,605481.36,605481.36,605481.36,605481.36,605481.36,605481.36,605481.36,605481.36,605481.36,605481.36,605481.36,605481.36,605481.36,605481.36,605481.36,605481.36,605481.36,605481.36,605481.36,605481.36,605481.36,605481.36,605481.36,605481.36,605481.36,605481.36,605481.36,605481.36,605481.36,605481.36,605481.36,605481.36,605481.36,605481.36,605481.36,605481.36,605481.36,605481.36,605481.36,605481.36,605481.36,605481.36,605481.36,605481.36,605481.36,605481.36,605481.36,{"$f":"$F$16*VL16","v":605481.36},605481.36,605481.36,605481.36,605481.36,605481.36,605481.36,605481.36,605481.36,605481.36,605481.36,605481.36,605481.36,605481.36,605481.36,605481.36,605481.36,605481.36,605481.36,605481.36,605481.36,605481.36,605481.36,605481.36,605481.36,605481.36,605481.36,605481.36,605481.36,605481.36,605481.36,605481.36,605481.36,605481.36,605481.36,605481.36,605481.36,605481.36,605481.36,605481.36,605481.36,605481.36,605481.36,605481.36,605481.36,605481.36,605481.36,605481.36,605481.36,605481.36,605481.36,605481.36,605481.36,605481.36,605481.36,605481.36,605481.36,605481.36,605481.36,605481.36,605481.36,605481.36,605481.36,605481.36,{"$f":"$F$16*XX16","v":605481.36},605481.36,605481.36,605481.36,605481.36,605481.36,605481.36,605481.36,605481.36,605481.36,605481.36,605481.36,605481.36,605481.36,605481.36,605481.36,605481.36,605481.36,605481.36,605481.36,605481.36,605481.36,605481.36,605481.36,605481.36,605481.36,605481.36,605481.36,605481.36,605481.36,605481.36,605481.36,605481.36,605481.36,605481.36,605481.36,605481.36,605481.36,605481.36,605481.36,605481.36,605481.36,605481.36,605481.36,605481.36,605481.36,605481.36,605481.36,605481.36,605481.36,605481.36,605481.36,605481.36,605481.36,605481.36,605481.36,605481.36,605481.36,605481.36,605481.36,605481.36,605481.36,605481.36,605481.36,{"$f":"$F$16*AAJ16","v":605481.36},605481.36,605481.36,605481.36,605481.36,605481.36,605481.36,605481.36,605481.36,605481.36,605481.36,605481.36,605481.36,605481.36,605481.36,605481.36,605481.36,605481.36,605481.36,605481.36,605481.36,605481.36,605481.36,605481.36,605481.36,605481.36,605481.36,605481.36,605481.36,605481.36,605481.36,605481.36,605481.36,605481.36,605481.36,605481.36,605481.36,605481.36,605481.36,605481.36,605481.36,605481.36,605481.36,605481.36,605481.36,605481.36,605481.36,605481.36,605481.36,605481.36,605481.36,605481.36,605481.36,605481.36,605481.36,605481.36,605481.36,605481.36,605481.36,605481.36,605481.36,605481.36,605481.36,605481.36,{"$f":"$F$16*ACV16","v":605481.36},605481.36,605481.36,605481.36,605481.36,605481.36,605481.36,605481.36,605481.36,605481.36,605481.36,605481.36,605481.36,605481.36,605481.36,605481.36,605481.36,605481.36,605481.36,605481.36,605481.36,605481.36,605481.36,605481.36,605481.36,605481.36,605481.36,605481.36,605481.36,605481.36,605481.36,605481.36,605481.36,605481.36,605481.36,605481.36,605481.36,605481.36,605481.36,605481.36,605481.36,605481.36,605481.36,605481.36,605481.36,605481.36,605481.36,605481.36,605481.36,605481.36,605481.36,605481.36,605481.36,605481.36,605481.36,605481.36,605481.36,605481.36,605481.36,605481.36,605481.36,605481.36,605481.36,605481.36,{"$f":"$F$16*AFH16","v":605481.36},605481.36,605481.36,605481.36,605481.36,605481.36,605481.36,605481.36,605481.36,605481.36,605481.36,605481.36,605481.36,605481.36,605481.36,605481.36,605481.36,605481.36,605481.36,605481.36,605481.36,605481.36,605481.36,605481.36,605481.36,605481.36,605481.36,605481.36,605481.36,605481.36,605481.36,605481.36,605481.36,605481.36,605481.36,605481.36,605481.36,605481.36,605481.36,605481.36,605481.36,605481.36,605481.36,605481.36,605481.36,605481.36,605481.36,605481.36,605481.36,605481.36,605481.36,605481.36,605481.36,605481.36,605481.36,605481.36,605481.36,605481.36,605481.36,605481.36,605481.36,605481.36,605481.36,605481.36,{"$f":"$F$16*AHT16","v":605481.36},605481.36,605481.36,605481.36,605481.36,605481.36,605481.36,605481.36,605481.36,605481.36,605481.36,605481.36,605481.36,605481.36,605481.36,605481.36,605481.36,605481.36,605481.36,605481.36,605481.36,605481.36,605481.36,605481.36,605481.36,605481.36,605481.36,605481.36,605481.36,605481.36,605481.36,605481.36,605481.36,605481.36,605481.36,605481.36,605481.36,605481.36,605481.36,605481.36,605481.36,605481.36,605481.36,605481.36,605481.36,605481.36,605481.36,605481.36,605481.36,605481.36,605481.36,605481.36,605481.36,605481.36,605481.36,605481.36,605481.36,605481.36,605481.36,605481.36,605481.36,605481.36,605481.36,605481.36,{"$f":"$F$16*AKF16","v":605481.36},605481.36,605481.36,605481.36,605481.36,605481.36,605481.36,605481.36,605481.36,605481.36,605481.36,605481.36,605481.36,605481.36,605481.36,605481.36,605481.36,605481.36,605481.36,605481.36,605481.36,605481.36,605481.36,605481.36,605481.36,605481.36,605481.36,605481.36,605481.36,605481.36,605481.36,605481.36,605481.36,605481.36,605481.36,605481.36,605481.36,605481.36,605481.36,605481.36,605481.36,605481.36,605481.36,605481.36,605481.36,605481.36,605481.36,605481.36,605481.36,605481.36,605481.36,605481.36,605481.36,605481.36,605481.36,605481.36,605481.36,605481.36,605481.36,605481.36,605481.36,605481.36,605481.36,605481.36,{"$f":"$F$16*AMR16","v":605481.36},605481.36,605481.36,605481.36,605481.36,605481.36,605481.36,605481.36,605481.36,605481.36,605481.36,605481.36,605481.36,605481.36,605481.36,605481.36,605481.36,605481.36,605481.36,605481.36,605481.36,605481.36,605481.36,605481.36,605481.36,605481.36,605481.36,605481.36,605481.36,605481.36,605481.36,605481.36,605481.36,605481.36,605481.36,605481.36,605481.36,605481.36,605481.36,605481.36,605481.36,605481.36,605481.36,605481.36,605481.36,605481.36,605481.36,605481.36,605481.36,605481.36,605481.36,605481.36,605481.36,605481.36,605481.36,605481.36,605481.36,605481.36,605481.36,605481.36,605481.36,605481.36,605481.36,605481.36,{"$f":"$F$16*APD16","v":605481.36},605481.36,605481.36,605481.36,605481.36,605481.36,605481.36,605481.36,605481.36,605481.36,605481.36,605481.36,605481.36,605481.36,605481.36,605481.36,605481.36,605481.36,605481.36,605481.36,605481.36,605481.36,605481.36,605481.36,605481.36,605481.36,605481.36,605481.36,605481.36,605481.36,605481.36,605481.36,605481.36,605481.36,605481.36,605481.36,605481.36,605481.36,605481.36,605481.36,605481.36,605481.36,605481.36,605481.36,605481.36,605481.36,605481.36,605481.36,605481.36,605481.36,605481.36,605481.36,605481.36,605481.36,605481.36,605481.36,605481.36,605481.36,605481.36,605481.36,605481.36,605481.36,605481.36,605481.36,{"$f":"$F$16*ARP16","v":605481.36},605481.36,605481.36,605481.36,605481.36,605481.36,605481.36,605481.36,605481.36,605481.36,605481.36,605481.36,605481.36,605481.36,605481.36,605481.36,605481.36,605481.36,605481.36,605481.36,605481.36,605481.36,605481.36,605481.36,605481.36,605481.36,605481.36,605481.36,605481.36,605481.36,605481.36,605481.36,605481.36,605481.36,605481.36,605481.36,605481.36,605481.36,605481.36,605481.36,605481.36,605481.36,605481.36,605481.36,605481.36,605481.36,605481.36,605481.36,605481.36,605481.36,605481.36,605481.36,605481.36,605481.36,605481.36,605481.36,605481.36,605481.36,605481.36,605481.36,605481.36,605481.36,605481.36,605481.36,{"$f":"$F$16*AUB16","v":605481.36},605481.36,605481.36,605481.36,605481.36,605481.36,605481.36,605481.36,605481.36,605481.36,605481.36,605481.36,605481.36,605481.36,605481.36,605481.36,605481.36,605481.36,605481.36,605481.36,605481.36,605481.36,605481.36,605481.36,605481.36,605481.36,605481.36,605481.36,605481.36,605481.36,605481.36,605481.36,605481.36,605481.36,605481.36,605481.36,605481.36,605481.36,605481.36,605481.36,605481.36,605481.36,605481.36,605481.36,605481.36,605481.36,605481.36,605481.36,605481.36,605481.36,605481.36,605481.36,605481.36,605481.36,605481.36,605481.36,605481.36,605481.36,605481.36,605481.36,605481.36,605481.36,605481.36,605481.36,{"$f":"$F$16*AWN16","v":605481.36},605481.36,605481.36,605481.36,605481.36,605481.36,605481.36,605481.36,605481.36,605481.36,605481.36,605481.36,605481.36,605481.36,605481.36,605481.36,605481.36,605481.36,605481.36,605481.36,605481.36,605481.36,605481.36,605481.36,605481.36,605481.36,605481.36,605481.36,605481.36,605481.36,605481.36,605481.36,605481.36,605481.36,605481.36,605481.36,605481.36,605481.36,605481.36,605481.36,605481.36,605481.36,605481.36,605481.36,605481.36,605481.36,605481.36,605481.36,605481.36,605481.36,605481.36,605481.36,605481.36,605481.36,605481.36,605481.36,605481.36,605481.36,605481.36,605481.36,605481.36,605481.36,605481.36,605481.36,{"$f":"$F$16*AYZ16","v":605481.36},605481.36,605481.36,605481.36,605481.36,605481.36,605481.36,605481.36,605481.36,605481.36,605481.36,605481.36,605481.36,605481.36,605481.36,605481.36,605481.36,605481.36,605481.36,605481.36,605481.36,605481.36,605481.36,605481.36,605481.36,605481.36,605481.36,605481.36,605481.36,605481.36,605481.36,605481.36,605481.36,605481.36,605481.36,605481.36,605481.36,605481.36,605481.36,605481.36,605481.36,605481.36,605481.36,605481.36,605481.36,605481.36,605481.36,605481.36,605481.36,605481.36,605481.36,605481.36,605481.36,605481.36,605481.36,605481.36,605481.36,605481.36,605481.36,605481.36,605481.36,605481.36,605481.36,605481.36,{"$f":"$F$16*BBL16","v":605481.36},605481.36,605481.36,605481.36,605481.36,605481.36,605481.36,605481.36,605481.36,605481.36,605481.36,605481.36,605481.36,605481.36,605481.36,605481.36,605481.36,605481.36,605481.36,605481.36,605481.36,605481.36,605481.36,605481.36,605481.36,605481.36,605481.36,605481.36,605481.36,605481.36,605481.36,605481.36,605481.36,605481.36,605481.36,605481.36,605481.36,605481.36,605481.36,605481.36,605481.36,605481.36,605481.36,605481.36,605481.36,605481.36,605481.36,605481.36,605481.36,605481.36,605481.36,605481.36,605481.36,605481.36,605481.36,605481.36,605481.36,605481.36,605481.36,605481.36,605481.36,605481.36,605481.36,605481.36,{"$f":"$F$16*BDX16","v":605481.36},605481.36,605481.36,605481.36,605481.36,605481.36,605481.36,605481.36,605481.36,605481.36,605481.36,605481.36,605481.36,605481.36,605481.36,605481.36,605481.36,605481.36,605481.36,605481.36,605481.36,605481.36,605481.36,605481.36,605481.36,605481.36,605481.36,605481.36,605481.36,605481.36,605481.36,605481.36,605481.36,605481.36,605481.36,605481.36,605481.36,605481.36,605481.36,605481.36,605481.36,605481.36,605481.36,605481.36,605481.36,605481.36,605481.36,605481.36,605481.36,605481.36,605481.36,605481.36,605481.36,605481.36,605481.36,605481.36,605481.36,605481.36,605481.36,605481.36,605481.36,605481.36,605481.36,605481.36,{"$f":"$F$16*BGJ16","v":605481.36},605481.36,605481.36,605481.36,605481.36,605481.36,605481.36,605481.36,605481.36,605481.36,605481.36,605481.36,605481.36,605481.36,605481.36,605481.36,605481.36,605481.36,605481.36,605481.36,605481.36,605481.36,605481.36,605481.36,605481.36,605481.36,605481.36,605481.36,605481.36,605481.36,605481.36,605481.36,605481.36,605481.36,605481.36,605481.36,605481.36,605481.36,605481.36,605481.36,605481.36,605481.36,605481.36,605481.36,605481.36,605481.36,605481.36,605481.36,605481.36,605481.36,605481.36,605481.36,605481.36,605481.36,605481.36,605481.36,605481.36,605481.36,605481.36,605481.36,605481.36,605481.36,605481.36,605481.36,{"$f":"$F$16*BIV16","v":605481.36},605481.36,605481.36,605481.36,605481.36,605481.36,605481.36,605481.36,605481.36,605481.36,605481.36,605481.36,605481.36,605481.36,605481.36,605481.36,605481.36,605481.36,605481.36,605481.36,605481.36,605481.36,605481.36,605481.36,605481.36,605481.36,605481.36,605481.36,605481.36,605481.36,605481.36,605481.36,605481.36,605481.36,605481.36,605481.36,605481.36,605481.36,605481.36,605481.36,605481.36,605481.36,605481.36,605481.36,605481.36,605481.36,605481.36,605481.36,605481.36,605481.36,605481.36,605481.36,605481.36,605481.36,605481.36,605481.36,605481.36,605481.36,605481.36,605481.36,605481.36,605481.36,605481.36,605481.36,{"$f":"$F$16*BLH16","v":605481.36},605481.36,605481.36,605481.36,605481.36,605481.36,605481.36,605481.36,605481.36,605481.36,605481.36,605481.36,605481.36,605481.36,605481.36,605481.36,605481.36,605481.36,605481.36,605481.36,605481.36,605481.36,605481.36,605481.36,605481.36,605481.36,605481.36,605481.36,605481.36,605481.36,605481.36,605481.36,605481.36,605481.36,605481.36,605481.36,605481.36,605481.36,605481.36,605481.36,605481.36,605481.36,605481.36,605481.36,605481.36,605481.36,605481.36,605481.36,605481.36,605481.36,605481.36,605481.36,605481.36,605481.36,605481.36,605481.36,605481.36,605481.36,605481.36,605481.36,605481.36,605481.36,605481.36,605481.36,{"$f":"$F$16*BNT16","v":605481.36},605481.36,605481.36,605481.36,605481.36,605481.36,605481.36,605481.36,605481.36,605481.36,605481.36,605481.36,605481.36,605481.36,605481.36,605481.36,605481.36,605481.36,605481.36,605481.36,605481.36,605481.36,605481.36,605481.36,605481.36,605481.36,605481.36,605481.36,605481.36,605481.36,605481.36,605481.36,605481.36,605481.36,605481.36,605481.36,605481.36,605481.36,605481.36,605481.36,605481.36,605481.36,605481.36,605481.36,605481.36,605481.36,605481.36,605481.36,605481.36,605481.36,605481.36,605481.36,605481.36,605481.36,605481.36,605481.36,605481.36,605481.36,605481.36,605481.36,605481.36,605481.36,605481.36,605481.36,{"$f":"$F$16*BQF16","v":605481.36},605481.36,605481.36,605481.36,605481.36,605481.36,605481.36,605481.36,605481.36,605481.36,605481.36,605481.36,605481.36,605481.36,605481.36,605481.36,605481.36,605481.36,605481.36,605481.36,605481.36,605481.36,605481.36,605481.36,605481.36,605481.36,605481.36,605481.36,605481.36,605481.36,605481.36,605481.36,605481.36,605481.36,605481.36,605481.36,605481.36,605481.36,605481.36,605481.36,605481.36,605481.36,605481.36,605481.36,605481.36,605481.36,605481.36,605481.36,605481.36,605481.36,605481.36,605481.36,605481.36,605481.36,605481.36,605481.36,605481.36,605481.36,605481.36,605481.36,605481.36,605481.36,605481.36,605481.36,{"$f":"$F$16*BSR16","v":605481.36},605481.36,605481.36,605481.36,605481.36,605481.36,605481.36,605481.36,605481.36,605481.36,605481.36,605481.36,605481.36,605481.36,605481.36,605481.36,605481.36,605481.36,605481.36,605481.36,605481.36,605481.36,605481.36,605481.36,605481.36,605481.36,605481.36,605481.36,605481.36,605481.36,605481.36,605481.36,605481.36,605481.36,605481.36,605481.36,605481.36,605481.36,605481.36,605481.36,605481.36,605481.36,605481.36,605481.36,605481.36,605481.36,605481.36,605481.36,605481.36,605481.36,605481.36,605481.36,605481.36,605481.36,605481.36,605481.36,605481.36,605481.36,605481.36,605481.36,605481.36,605481.36,605481.36,605481.36,{"$f":"$F$16*BVD16","v":605481.36},605481.36,605481.36,605481.36,605481.36,605481.36,605481.36,605481.36,605481.36,605481.36,605481.36,605481.36,605481.36,605481.36,605481.36,605481.36,605481.36,605481.36,605481.36,605481.36,605481.36,605481.36,605481.36,605481.36,605481.36,605481.36,605481.36,605481.36,605481.36,605481.36,605481.36,605481.36,605481.36,605481.36,605481.36,605481.36,605481.36,605481.36,605481.36,605481.36,605481.36,605481.36,605481.36,605481.36,605481.36,605481.36,605481.36,605481.36,605481.36,605481.36,605481.36,605481.36,605481.36,605481.36,605481.36,605481.36,605481.36,605481.36,605481.36,605481.36,605481.36,605481.36,605481.36,605481.36,{"$f":"$F$16*BXP16","v":605481.36},605481.36,605481.36,605481.36,605481.36,605481.36,605481.36,605481.36,605481.36,605481.36,605481.36,605481.36,605481.36,605481.36,605481.36,605481.36,605481.36,605481.36,605481.36,605481.36,605481.36,605481.36,605481.36,605481.36,605481.36,605481.36,605481.36,605481.36,605481.36,605481.36,605481.36,605481.36,605481.36,605481.36,605481.36,605481.36,605481.36,605481.36,605481.36,605481.36,605481.36,605481.36,605481.36,605481.36,605481.36,605481.36,605481.36,605481.36,605481.36,605481.36,605481.36,605481.36,605481.36,605481.36,605481.36,605481.36,605481.36,605481.36,605481.36,605481.36,605481.36,605481.36,605481.36,605481.36,{"$f":"$F$16*CAB16","v":605481.36},605481.36,605481.36,605481.36,605481.36,605481.36,605481.36,605481.36,605481.36,605481.36,605481.36,605481.36,605481.36,605481.36,605481.36,605481.36,605481.36,605481.36,605481.36,605481.36,605481.36,605481.36,605481.36,605481.36,605481.36,605481.36,605481.36,605481.36,605481.36,605481.36,605481.36,605481.36,605481.36,605481.36,605481.36,605481.36,605481.36,605481.36,605481.36,605481.36,605481.36,605481.36,605481.36,605481.36,605481.36,605481.36,605481.36,605481.36,605481.36,605481.36,605481.36,605481.36,605481.36,605481.36,605481.36,605481.36,605481.36,605481.36,605481.36,605481.36,605481.36,605481.36,605481.36,605481.36,{"$f":"$F$16*CCN16","v":605481.36},605481.36,605481.36,605481.36,605481.36,605481.36,605481.36,605481.36,605481.36,605481.36,605481.36,605481.36,605481.36,605481.36,605481.36,605481.36,605481.36,605481.36,605481.36,605481.36,605481.36,605481.36,605481.36,605481.36,605481.36,605481.36,605481.36,605481.36,605481.36,605481.36,605481.36,605481.36,605481.36,605481.36,605481.36,605481.36,605481.36,605481.36,605481.36,605481.36,605481.36,605481.36,605481.36,605481.36,605481.36,605481.36,605481.36,605481.36,605481.36,605481.36,605481.36,605481.36,605481.36,605481.36,605481.36,605481.36,605481.36,605481.36,605481.36,605481.36,605481.36,605481.36,605481.36,605481.36,{"$f":"$F$16*CEZ16","v":605481.36},605481.36,605481.36,605481.36,605481.36,605481.36,605481.36,605481.36,605481.36,605481.36,605481.36,605481.36,605481.36,605481.36,605481.36,605481.36,605481.36,605481.36,605481.36,605481.36,605481.36,605481.36,605481.36,605481.36,605481.36,605481.36,605481.36,605481.36,605481.36,605481.36,605481.36,605481.36,605481.36,605481.36,605481.36,605481.36,605481.36,605481.36,605481.36,605481.36,605481.36,605481.36,605481.36,605481.36,605481.36,605481.36,605481.36,605481.36,605481.36,605481.36,605481.36,605481.36,605481.36,605481.36,605481.36,605481.36,605481.36,605481.36,605481.36,605481.36,605481.36,605481.36,605481.36,605481.36,{"$f":"$F$16*CHL16","v":605481.36},605481.36,605481.36,605481.36,605481.36,605481.36,605481.36,605481.36,605481.36,605481.36,605481.36,605481.36,605481.36,605481.36,605481.36,605481.36,605481.36,605481.36,605481.36,605481.36,605481.36,605481.36,605481.36,605481.36,605481.36,605481.36,605481.36,605481.36,605481.36,605481.36,605481.36,605481.36,605481.36,605481.36,605481.36,605481.36,605481.36,605481.36,605481.36,605481.36,605481.36,605481.36,605481.36,605481.36,605481.36,605481.36,605481.36,605481.36,605481.36,605481.36,605481.36,605481.36,605481.36,605481.36,605481.36,605481.36,605481.36,605481.36,605481.36,605481.36,605481.36,605481.36,605481.36,605481.36,{"$f":"$F$16*CJX16","v":605481.36},605481.36,605481.36,605481.36,605481.36,605481.36,605481.36,605481.36,605481.36,605481.36,605481.36,605481.36,605481.36,605481.36,605481.36,605481.36,605481.36,605481.36,605481.36,605481.36,605481.36,605481.36,605481.36,605481.36,605481.36,605481.36,605481.36,605481.36,605481.36,605481.36,605481.36,605481.36,605481.36,605481.36,605481.36,605481.36,605481.36,605481.36,605481.36,605481.36,605481.36,605481.36,605481.36,605481.36,605481.36,605481.36,605481.36,605481.36,605481.36,605481.36,605481.36,605481.36,605481.36,605481.36,605481.36,605481.36,605481.36,605481.36,605481.36,605481.36,605481.36,605481.36,605481.36,605481.36,{"$f":"$F$16*CMJ16","v":605481.36},605481.36,605481.36,605481.36,605481.36,605481.36,605481.36,605481.36,605481.36,605481.36,605481.36,605481.36,605481.36,605481.36,605481.36,605481.36,605481.36,605481.36,605481.36,605481.36,605481.36,605481.36,605481.36,605481.36,605481.36,605481.36,605481.36,605481.36,605481.36,605481.36,605481.36,605481.36,605481.36,605481.36,605481.36,605481.36,605481.36,605481.36,605481.36,605481.36,605481.36,605481.36,605481.36,605481.36,605481.36,605481.36,605481.36,605481.36,605481.36,605481.36,605481.36,605481.36,605481.36,605481.36,605481.36,605481.36,605481.36,605481.36,605481.36,605481.36,605481.36,605481.36,605481.36,605481.36,{"$f":"$F$16*COV16","v":605481.36},605481.36,605481.36,605481.36,605481.36,605481.36,605481.36,605481.36,605481.36,605481.36,605481.36,605481.36,605481.36,605481.36,605481.36,605481.36,605481.36,605481.36,605481.36,605481.36,605481.36,605481.36,605481.36,605481.36,605481.36,605481.36,605481.36,605481.36,605481.36,605481.36,605481.36,605481.36,605481.36,605481.36,605481.36,605481.36,605481.36,605481.36,605481.36,605481.36,605481.36,605481.36,605481.36,605481.36,605481.36,605481.36,605481.36,605481.36,605481.36,605481.36,605481.36,605481.36,605481.36,605481.36,605481.36,605481.36,605481.36,605481.36,605481.36,605481.36,605481.36,605481.36,605481.36,605481.36,{"$f":"$F$16*CRH16","v":605481.36},605481.36,605481.36,605481.36,605481.36,605481.36,605481.36,605481.36,605481.36,605481.36,605481.36,605481.36,605481.36,605481.36,605481.36,605481.36,605481.36,605481.36,605481.36,605481.36,605481.36,605481.36,605481.36,605481.36,605481.36,605481.36,605481.36,605481.36,605481.36,605481.36,605481.36,605481.36,605481.36,605481.36,605481.36,605481.36,605481.36,605481.36,605481.36,605481.36,605481.36,605481.36,605481.36,605481.36,605481.36,605481.36,605481.36,605481.36,605481.36,605481.36,605481.36,605481.36,605481.36,605481.36,605481.36,605481.36,605481.36,605481.36,605481.36,605481.36,605481.36,605481.36,605481.36,605481.36,{"$f":"$F$16*CTT16","v":605481.36},605481.36,605481.36,605481.36,605481.36,605481.36,605481.36,605481.36,605481.36,605481.36,605481.36,605481.36,605481.36,605481.36,605481.36,605481.36,605481.36,605481.36,605481.36,605481.36,605481.36,605481.36,605481.36,605481.36,605481.36,605481.36,605481.36,605481.36,605481.36,605481.36,605481.36,605481.36,605481.36,605481.36,605481.36,605481.36,605481.36,605481.36,605481.36,605481.36,605481.36,605481.36,605481.36,605481.36,605481.36,605481.36,605481.36,605481.36,605481.36,605481.36,605481.36,605481.36,605481.36,605481.36,605481.36,605481.36,605481.36,605481.36,605481.36,605481.36,605481.36,605481.36,605481.36,605481.36,{"$f":"$F$16*CWF16","v":605481.36},605481.36,605481.36,605481.36,605481.36,605481.36,605481.36,605481.36,605481.36,605481.36,605481.36,605481.36,605481.36,605481.36,605481.36,605481.36,605481.36,605481.36,605481.36,605481.36,605481.36,605481.36,605481.36,605481.36,605481.36,605481.36,605481.36,605481.36,605481.36,605481.36,605481.36,605481.36,605481.36,605481.36,605481.36,605481.36,605481.36,605481.36,605481.36,605481.36,605481.36,605481.36,605481.36,605481.36,605481.36,605481.36,605481.36,605481.36,605481.36,605481.36,605481.36,605481.36,605481.36,605481.36,605481.36,605481.36,605481.36,605481.36,605481.36,605481.36,605481.36,605481.36,605481.36,605481.36,{"$f":"$F$16*CYR16","v":605481.36},605481.36,605481.36,605481.36,605481.36,605481.36,605481.36,605481.36,605481.36,605481.36,605481.36,605481.36,605481.36,605481.36,605481.36,605481.36,605481.36,605481.36,605481.36,605481.36,605481.36,605481.36,605481.36,605481.36,605481.36,605481.36,605481.36,605481.36,605481.36,605481.36,605481.36,605481.36,605481.36,605481.36,605481.36,605481.36,605481.36,605481.36,605481.36,605481.36,605481.36,605481.36,605481.36,605481.36,605481.36,605481.36,605481.36,605481.36,605481.36,605481.36,605481.36,605481.36,605481.36,605481.36,605481.36,605481.36,605481.36,605481.36,605481.36,605481.36,605481.36,605481.36,605481.36,605481.36,{"$f":"$F$16*DBD16","v":605481.36},605481.36,605481.36,605481.36,605481.36,605481.36,605481.36,605481.36,605481.36,605481.36,605481.36,605481.36,605481.36,605481.36,605481.36,605481.36,605481.36,605481.36,605481.36,605481.36,605481.36,605481.36,605481.36,605481.36,605481.36,605481.36,605481.36,605481.36,605481.36,605481.36,605481.36,605481.36,605481.36,605481.36,605481.36,605481.36,605481.36,605481.36,605481.36,605481.36,605481.36,605481.36,605481.36,605481.36,605481.36,605481.36,605481.36,605481.36,605481.36,605481.36,605481.36,605481.36,605481.36,605481.36,605481.36,605481.36,605481.36,605481.36,605481.36,605481.36,605481.36,605481.36,605481.36,605481.36,{"$f":"$F$16*DDP16","v":605481.36},605481.36,605481.36,605481.36,605481.36,605481.36,605481.36,605481.36,605481.36,605481.36,605481.36,605481.36,605481.36,605481.36,605481.36,605481.36,605481.36,605481.36,605481.36,605481.36,605481.36,605481.36,605481.36,605481.36,605481.36,605481.36,605481.36,605481.36,605481.36,605481.36,605481.36,605481.36,605481.36,605481.36,605481.36,605481.36,605481.36,605481.36,605481.36,605481.36,605481.36,605481.36,605481.36,605481.36,605481.36,605481.36,605481.36,605481.36,605481.36,605481.36,605481.36,605481.36,605481.36,605481.36,605481.36,605481.36,605481.36,605481.36,605481.36,605481.36,605481.36,605481.36,605481.36,605481.36,{"$f":"$F$16*DGB16","v":605481.36},605481.36,605481.36,605481.36,605481.36,605481.36,605481.36,605481.36,605481.36,605481.36,605481.36,605481.36,605481.36,605481.36,605481.36,605481.36,605481.36,605481.36,605481.36,605481.36,605481.36,605481.36,605481.36,605481.36,605481.36,605481.36,605481.36,605481.36,605481.36,605481.36,605481.36,605481.36,605481.36,605481.36,605481.36,605481.36,605481.36,605481.36,605481.36,605481.36,605481.36,605481.36,605481.36,605481.36,605481.36,605481.36,605481.36,605481.36,605481.36,605481.36,605481.36,605481.36,605481.36,605481.36,605481.36,605481.36,605481.36,605481.36,605481.36,605481.36,605481.36,605481.36,605481.36,605481.36,{"$f":"$F$16*DIN16","v":605481.36},605481.36,605481.36,605481.36,605481.36,605481.36,605481.36,605481.36,605481.36,605481.36,605481.36,605481.36,605481.36,605481.36,605481.36,605481.36,605481.36,605481.36,605481.36,605481.36,605481.36,605481.36,605481.36,605481.36,605481.36,605481.36,605481.36,605481.36,605481.36,605481.36,605481.36,605481.36,605481.36,605481.36,605481.36,605481.36,605481.36,605481.36,605481.36,605481.36,605481.36,605481.36,605481.36,605481.36,605481.36,605481.36,605481.36,605481.36,605481.36,605481.36,605481.36,605481.36,605481.36,605481.36,605481.36,605481.36,605481.36,605481.36,605481.36,605481.36,605481.36,605481.36,605481.36,605481.36,{"$f":"$F$16*DKZ16","v":605481.36},605481.36,605481.36,605481.36,605481.36,605481.36,605481.36,605481.36,605481.36,605481.36,605481.36,605481.36,605481.36,605481.36,605481.36,605481.36,605481.36,605481.36,605481.36,605481.36,605481.36,605481.36,605481.36,605481.36,605481.36,605481.36,605481.36,605481.36,605481.36,605481.36,605481.36,605481.36,605481.36,605481.36,605481.36,605481.36,605481.36,605481.36,605481.36,605481.36,605481.36,605481.36,605481.36,605481.36,605481.36,605481.36,605481.36,605481.36,605481.36,605481.36,605481.36,605481.36,605481.36,605481.36,605481.36,605481.36,605481.36,605481.36,605481.36,605481.36,605481.36,605481.36,605481.36,605481.36,{"$f":"$F$16*DNL16","v":605481.36},605481.36,605481.36,605481.36,605481.36,605481.36,605481.36,605481.36,605481.36,605481.36,605481.36,605481.36,605481.36,605481.36,605481.36,605481.36,605481.36,605481.36,605481.36,605481.36,605481.36,605481.36,605481.36,605481.36,605481.36,605481.36,605481.36,605481.36,605481.36,605481.36,605481.36,605481.36,605481.36,605481.36,605481.36,605481.36,605481.36,605481.36,605481.36,605481.36,605481.36,605481.36,605481.36,605481.36,605481.36,605481.36,605481.36,605481.36,605481.36,605481.36,605481.36,605481.36,605481.36,605481.36,605481.36,605481.36,605481.36,605481.36,605481.36,605481.36,605481.36,605481.36,605481.36,605481.36,{"$f":"$F$16*DPX16","v":605481.36},605481.36,605481.36,605481.36,605481.36,605481.36,605481.36,605481.36,605481.36,605481.36,605481.36,605481.36,605481.36,605481.36,605481.36,605481.36,605481.36,605481.36,605481.36,605481.36,605481.36,605481.36,605481.36,605481.36,605481.36,605481.36,605481.36,605481.36,605481.36,605481.36,605481.36,605481.36,605481.36,605481.36,605481.36,605481.36,605481.36,605481.36,605481.36,605481.36,605481.36,605481.36,605481.36,605481.36,605481.36,605481.36,605481.36,605481.36,605481.36,605481.36,605481.36,605481.36,605481.36,605481.36,605481.36,605481.36,605481.36,605481.36,605481.36,605481.36,605481.36,605481.36,605481.36,605481.36,{"$f":"$F$16*DSJ16","v":605481.36},605481.36,605481.36,605481.36,605481.36,605481.36,605481.36,605481.36,605481.36,605481.36,605481.36,605481.36,605481.36,605481.36,605481.36,605481.36,605481.36,605481.36,605481.36,605481.36,605481.36,605481.36,605481.36,605481.36,605481.36,605481.36,605481.36,605481.36,605481.36,605481.36,605481.36,605481.36,605481.36,605481.36,605481.36,605481.36,605481.36,605481.36,605481.36,605481.36,605481.36,605481.36,605481.36,605481.36,605481.36,605481.36,605481.36,605481.36,605481.36,605481.36,605481.36,605481.36,605481.36,605481.36,605481.36,605481.36,605481.36,605481.36,605481.36,605481.36,605481.36,605481.36,605481.36,605481.36,{"$f":"$F$16*DUV16","v":605481.36},605481.36,605481.36,605481.36,605481.36,605481.36,605481.36,605481.36,605481.36,605481.36,605481.36,605481.36,605481.36,605481.36,605481.36,605481.36,605481.36,605481.36,605481.36,605481.36,605481.36,605481.36,605481.36,605481.36,605481.36,605481.36,605481.36,605481.36,605481.36,605481.36,605481.36,605481.36,605481.36,605481.36,605481.36,605481.36,605481.36,605481.36,605481.36,605481.36,605481.36,605481.36,605481.36,605481.36,605481.36,605481.36,605481.36,605481.36,605481.36,605481.36,605481.36,605481.36,605481.36,605481.36,605481.36,605481.36,605481.36,605481.36,605481.36,605481.36,605481.36,605481.36,605481.36,605481.36,{"$f":"$F$16*DXH16","v":605481.36},605481.36,605481.36,605481.36,605481.36,605481.36,605481.36,605481.36,605481.36,605481.36,605481.36,605481.36,605481.36,605481.36,605481.36,605481.36,605481.36,605481.36,605481.36,605481.36,605481.36,605481.36,605481.36,605481.36,605481.36,605481.36,605481.36,605481.36,605481.36,605481.36,605481.36,605481.36,605481.36,605481.36,605481.36,605481.36,605481.36,605481.36,605481.36,605481.36,605481.36,605481.36,605481.36,605481.36,605481.36,605481.36,605481.36,605481.36,605481.36,605481.36,605481.36,605481.36,605481.36,605481.36,605481.36,605481.36,605481.36,605481.36,605481.36,605481.36,605481.36,605481.36,605481.36,605481.36,{"$f":"$F$16*DZT16","v":605481.36},605481.36,605481.36,605481.36,605481.36,605481.36,605481.36,605481.36,605481.36,605481.36,605481.36,605481.36,605481.36,605481.36,605481.36,605481.36,605481.36,605481.36,605481.36,605481.36,605481.36,605481.36,605481.36,605481.36,605481.36,605481.36,605481.36,605481.36,605481.36,605481.36,605481.36,605481.36,605481.36,605481.36,605481.36,605481.36,605481.36,605481.36,605481.36,605481.36,605481.36,605481.36,605481.36,605481.36,605481.36,605481.36,605481.36,605481.36,605481.36,605481.36,605481.36,605481.36,605481.36,605481.36,605481.36,605481.36,605481.36,605481.36,605481.36,605481.36,605481.36,605481.36,605481.36,605481.36,{"$f":"$F$16*ECF16","v":605481.36},605481.36,605481.36,605481.36,605481.36,605481.36,605481.36,605481.36,605481.36,605481.36,605481.36,605481.36,605481.36,605481.36,605481.36,605481.36,605481.36,605481.36,605481.36,605481.36,605481.36,605481.36,605481.36,605481.36,605481.36,605481.36,605481.36,605481.36,605481.36,605481.36,605481.36,605481.36,605481.36,605481.36,605481.36,605481.36,605481.36,605481.36,605481.36,605481.36,605481.36,605481.36,605481.36,605481.36,605481.36,605481.36,605481.36,605481.36,605481.36,605481.36,605481.36,605481.36,605481.36,605481.36,605481.36,605481.36,605481.36,605481.36,605481.36,605481.36,605481.36,605481.36,605481.36,605481.36,{"$f":"$F$16*EER16","v":605481.36},605481.36,605481.36,605481.36,605481.36,605481.36,605481.36,605481.36,605481.36,605481.36,605481.36,605481.36,605481.36,605481.36,605481.36,605481.36,605481.36,605481.36,605481.36,605481.36,605481.36,605481.36,605481.36,605481.36,605481.36,605481.36,605481.36,605481.36,605481.36,605481.36,605481.36,605481.36,605481.36,605481.36,605481.36,605481.36,605481.36,605481.36,605481.36,605481.36,605481.36,605481.36,605481.36,605481.36,605481.36,605481.36,605481.36,605481.36,605481.36,605481.36,605481.36,605481.36,605481.36,605481.36,605481.36,605481.36,605481.36,605481.36,605481.36,605481.36,605481.36,605481.36,605481.36,605481.36,{"$f":"$F$16*EHD16","v":605481.36},605481.36,605481.36,605481.36,605481.36,605481.36,605481.36,605481.36,605481.36,605481.36,605481.36,605481.36,605481.36,605481.36,605481.36,605481.36,605481.36,605481.36,605481.36,605481.36,605481.36,605481.36,605481.36,605481.36,605481.36,605481.36,605481.36,605481.36,605481.36,605481.36,605481.36,605481.36,605481.36,605481.36,605481.36,605481.36,605481.36,605481.36,605481.36,605481.36,605481.36,605481.36,605481.36,605481.36,605481.36,605481.36,605481.36,605481.36,605481.36,605481.36,605481.36,605481.36,605481.36,605481.36,605481.36,605481.36,605481.36,605481.36,605481.36,605481.36,605481.36,605481.36,605481.36,605481.36,{"$f":"$F$16*EJP16","v":605481.36},605481.36,605481.36,605481.36,605481.36,605481.36,605481.36,605481.36,605481.36,605481.36,605481.36,605481.36,605481.36,605481.36,605481.36,605481.36,605481.36,605481.36,605481.36,605481.36,605481.36,605481.36,605481.36,605481.36,605481.36,605481.36,605481.36,605481.36,605481.36,605481.36,605481.36,605481.36,605481.36,605481.36,605481.36,605481.36,605481.36,605481.36,605481.36,605481.36,605481.36,605481.36,605481.36,605481.36,605481.36,605481.36,605481.36,605481.36,605481.36,605481.36,605481.36,605481.36,605481.36,605481.36,605481.36,605481.36,605481.36,605481.36,605481.36,605481.36,605481.36,605481.36,605481.36,605481.36,{"$f":"$F$16*EMB16","v":605481.36},605481.36,605481.36,605481.36,605481.36,605481.36,605481.36,605481.36,605481.36,605481.36,605481.36,605481.36,605481.36,605481.36,605481.36,605481.36,605481.36,605481.36,605481.36,605481.36,605481.36,605481.36,605481.36,605481.36,605481.36,605481.36,605481.36,605481.36,605481.36,605481.36,605481.36,605481.36,605481.36,605481.36,605481.36,605481.36,605481.36,605481.36,605481.36,605481.36,605481.36,605481.36,605481.36,605481.36,605481.36,605481.36,605481.36,605481.36,605481.36,605481.36,605481.36,605481.36,605481.36,605481.36,605481.36,605481.36,605481.36,605481.36,605481.36,605481.36,605481.36,605481.36,605481.36,605481.36,{"$f":"$F$16*EON16","v":605481.36},605481.36,605481.36,605481.36,605481.36,605481.36,605481.36,605481.36,605481.36,605481.36,605481.36,605481.36,605481.36,605481.36,605481.36,605481.36,605481.36,605481.36,605481.36,605481.36,605481.36,605481.36,605481.36,605481.36,605481.36,605481.36,605481.36,605481.36,605481.36,605481.36,605481.36,605481.36,605481.36,605481.36,605481.36,605481.36,605481.36,605481.36,605481.36,605481.36,605481.36,605481.36,605481.36,605481.36,605481.36,605481.36,605481.36,605481.36,605481.36,605481.36,605481.36,605481.36,605481.36,605481.36,605481.36,605481.36,605481.36,605481.36,605481.36,605481.36,605481.36,605481.36,605481.36,605481.36,{"$f":"$F$16*EQZ16","v":605481.36},605481.36,605481.36,605481.36,605481.36,605481.36,605481.36,605481.36,605481.36,605481.36,605481.36,605481.36,605481.36,605481.36,605481.36,605481.36,605481.36,605481.36,605481.36,605481.36,605481.36,605481.36,605481.36,605481.36,605481.36,605481.36,605481.36,605481.36,605481.36,605481.36,605481.36,605481.36,605481.36,605481.36,605481.36,605481.36,605481.36,605481.36,605481.36,605481.36,605481.36,605481.36,605481.36,605481.36,605481.36,605481.36,605481.36,605481.36,605481.36,605481.36,605481.36,605481.36,605481.36,605481.36,605481.36,605481.36,605481.36,605481.36,605481.36,605481.36,605481.36,605481.36,605481.36,605481.36,{"$f":"$F$16*ETL16","v":605481.36},605481.36,605481.36,605481.36,605481.36,605481.36,605481.36,605481.36,605481.36,605481.36,605481.36,605481.36,605481.36,605481.36,605481.36,605481.36,605481.36,605481.36,605481.36,605481.36,605481.36,605481.36,605481.36,605481.36,605481.36,605481.36,605481.36,605481.36,605481.36,605481.36,605481.36,605481.36,605481.36,605481.36,605481.36,605481.36,605481.36,605481.36,605481.36,605481.36,605481.36,605481.36,605481.36,605481.36,605481.36,605481.36,605481.36,605481.36,605481.36,605481.36,605481.36,605481.36,605481.36,605481.36,605481.36,605481.36,605481.36,605481.36,605481.36,605481.36,605481.36,605481.36,605481.36,605481.36,{"$f":"$F$16*EVX16","v":605481.36},605481.36,605481.36,605481.36,605481.36,605481.36,605481.36,605481.36,605481.36,605481.36,605481.36,605481.36,605481.36,605481.36,605481.36,605481.36,605481.36,605481.36,605481.36,605481.36,605481.36,605481.36,605481.36,605481.36,605481.36,605481.36,605481.36,605481.36,605481.36,605481.36,605481.36,605481.36,605481.36,605481.36,605481.36,605481.36,605481.36,605481.36,605481.36,605481.36,605481.36,605481.36,605481.36,605481.36,605481.36,605481.36,605481.36,605481.36,605481.36,605481.36,605481.36,605481.36,605481.36,605481.36,605481.36,605481.36,605481.36,605481.36,605481.36,605481.36,605481.36,605481.36,605481.36,605481.36,{"$f":"$F$16*EYJ16","v":605481.36},605481.36,605481.36,605481.36,605481.36,605481.36,605481.36,605481.36,605481.36,605481.36,605481.36,605481.36,605481.36,605481.36,605481.36,605481.36,605481.36,605481.36,605481.36,605481.36,605481.36,605481.36,605481.36,605481.36,605481.36,605481.36,605481.36,605481.36,605481.36,605481.36,605481.36,605481.36,605481.36,605481.36,605481.36,605481.36,605481.36,605481.36,605481.36,605481.36,605481.36,605481.36,605481.36,605481.36,605481.36,605481.36,605481.36,605481.36,605481.36,605481.36,605481.36,605481.36,605481.36,605481.36,605481.36,605481.36,605481.36,605481.36,605481.36,605481.36,605481.36,605481.36,605481.36,605481.36,{"$f":"$F$16*FAV16","v":605481.36},605481.36,605481.36,605481.36,605481.36,605481.36,605481.36,605481.36,605481.36,605481.36,605481.36,605481.36,605481.36,605481.36,605481.36,605481.36,605481.36,605481.36,605481.36,605481.36,605481.36,605481.36,605481.36,605481.36,605481.36,605481.36,605481.36,605481.36,605481.36,605481.36,605481.36,605481.36,605481.36,605481.36,605481.36,605481.36,605481.36,605481.36,605481.36,605481.36,605481.36,605481.36,605481.36,605481.36,605481.36,605481.36,605481.36,605481.36,605481.36,605481.36,605481.36,605481.36,605481.36,605481.36,605481.36,605481.36,605481.36,605481.36,605481.36,605481.36,605481.36,605481.36,605481.36,605481.36,{"$f":"$F$16*FDH16","v":605481.36},605481.36,605481.36,605481.36,605481.36,605481.36,605481.36,605481.36,605481.36,605481.36,605481.36,605481.36,605481.36,605481.36,605481.36,605481.36,605481.36,605481.36,605481.36,605481.36,605481.36,605481.36,605481.36,605481.36,605481.36,605481.36,605481.36,605481.36,605481.36,605481.36,605481.36,605481.36,605481.36,605481.36,605481.36,605481.36,605481.36,605481.36,605481.36,605481.36,605481.36,605481.36,605481.36,605481.36,605481.36,605481.36,605481.36,605481.36,605481.36,605481.36,605481.36,605481.36,605481.36,605481.36,605481.36,605481.36,605481.36,605481.36,605481.36,605481.36,605481.36,605481.36,605481.36,605481.36,{"$f":"$F$16*FFT16","v":605481.36},605481.36,605481.36,605481.36,605481.36,605481.36,605481.36,605481.36,605481.36,605481.36,605481.36,605481.36,605481.36,605481.36,605481.36,605481.36,605481.36,605481.36,605481.36,605481.36,605481.36,605481.36,605481.36,605481.36,605481.36,605481.36,605481.36,605481.36,605481.36,605481.36,605481.36,605481.36,605481.36,605481.36,605481.36,605481.36,605481.36,605481.36,605481.36,605481.36,605481.36,605481.36,605481.36,605481.36,605481.36,605481.36,605481.36,605481.36,605481.36,605481.36,605481.36,605481.36,605481.36,605481.36,605481.36,605481.36,605481.36,605481.36,605481.36,605481.36,605481.36,605481.36,605481.36,605481.36,{"$f":"$F$16*FIF16","v":605481.36},605481.36,605481.36,605481.36,605481.36,605481.36,605481.36,605481.36,605481.36,605481.36,605481.36,605481.36,605481.36,605481.36,605481.36,605481.36,605481.36,605481.36,605481.36,605481.36,605481.36,605481.36,605481.36,605481.36,605481.36,605481.36,605481.36,605481.36,605481.36,605481.36,605481.36,605481.36,605481.36,605481.36,605481.36,605481.36,605481.36,605481.36,605481.36,605481.36,605481.36,605481.36,605481.36,605481.36,605481.36,605481.36,605481.36,605481.36,605481.36,605481.36,605481.36,605481.36,605481.36,605481.36,605481.36,605481.36,605481.36,605481.36,605481.36,605481.36,605481.36,605481.36,605481.36,605481.36,{"$f":"$F$16*FKR16","v":605481.36},605481.36,605481.36,605481.36,605481.36,605481.36,605481.36,605481.36,605481.36,605481.36,605481.36,605481.36,605481.36,605481.36,605481.36,605481.36,605481.36,605481.36,605481.36,605481.36,605481.36,605481.36,605481.36,605481.36,605481.36,605481.36,605481.36,605481.36,605481.36,605481.36,605481.36,605481.36,605481.36,605481.36,605481.36,605481.36,605481.36,605481.36,605481.36,605481.36,605481.36,605481.36,605481.36,605481.36,605481.36,605481.36,605481.36,605481.36,605481.36,605481.36,605481.36,605481.36,605481.36,605481.36,605481.36,605481.36,605481.36,605481.36,605481.36,605481.36,605481.36,605481.36,605481.36,605481.36,{"$f":"$F$16*FND16","v":605481.36},605481.36,605481.36,605481.36,605481.36,605481.36,605481.36,605481.36,605481.36,605481.36,605481.36,605481.36,605481.36,605481.36,605481.36,605481.36,605481.36,605481.36,605481.36,605481.36,605481.36,605481.36,605481.36,605481.36,605481.36,605481.36,605481.36,605481.36,605481.36,605481.36,605481.36,605481.36,605481.36,605481.36,605481.36,605481.36,605481.36,605481.36,605481.36,605481.36,605481.36,605481.36,605481.36,605481.36,605481.36,605481.36,605481.36,605481.36,605481.36,605481.36,605481.36,605481.36,605481.36,605481.36,605481.36,605481.36,605481.36,605481.36,605481.36,605481.36,605481.36,605481.36,605481.36,605481.36,{"$f":"$F$16*FPP16","v":605481.36},605481.36,605481.36,605481.36,605481.36,605481.36,605481.36,605481.36,605481.36,605481.36,605481.36,605481.36,605481.36,605481.36,605481.36,605481.36,605481.36,605481.36,605481.36,605481.36,605481.36,605481.36,605481.36,605481.36,605481.36,605481.36,605481.36,605481.36,605481.36,605481.36,605481.36,605481.36,605481.36,605481.36,605481.36,605481.36,605481.36,605481.36,605481.36,605481.36,605481.36,605481.36,605481.36,605481.36,605481.36,605481.36,605481.36,605481.36,605481.36,605481.36,605481.36,605481.36,605481.36,605481.36,605481.36,605481.36,605481.36,605481.36,605481.36,605481.36,605481.36,605481.36,605481.36,605481.36,{"$f":"$F$16*FSB16","v":605481.36},605481.36,605481.36,605481.36,605481.36,605481.36,605481.36,605481.36,605481.36,605481.36,605481.36,605481.36,605481.36,605481.36,605481.36,605481.36,605481.36,605481.36,605481.36,605481.36,605481.36,605481.36,605481.36,605481.36,605481.36,605481.36,605481.36,605481.36,605481.36,605481.36,605481.36,605481.36,605481.36,605481.36,605481.36,605481.36,605481.36,605481.36,605481.36,605481.36,605481.36,605481.36,605481.36,605481.36,605481.36,605481.36,605481.36,605481.36,605481.36,605481.36,605481.36,605481.36,605481.36,605481.36,605481.36,605481.36,605481.36,605481.36,605481.36,605481.36,605481.36,605481.36,605481.36,605481.36,{"$f":"$F$16*FUN16","v":605481.36},605481.36,605481.36,605481.36,605481.36,605481.36,605481.36,605481.36,605481.36,605481.36,605481.36,605481.36,605481.36,605481.36,605481.36,605481.36,605481.36,605481.36,605481.36,605481.36,605481.36,605481.36,605481.36,605481.36,605481.36,605481.36,605481.36,605481.36,605481.36,605481.36,605481.36,605481.36,605481.36,605481.36,605481.36,605481.36,605481.36,605481.36,605481.36,605481.36,605481.36,605481.36,605481.36,605481.36,605481.36,605481.36,605481.36,605481.36,605481.36,605481.36,605481.36,605481.36,605481.36,605481.36,605481.36,605481.36,605481.36,605481.36,605481.36,605481.36,605481.36,605481.36,605481.36,605481.36,{"$f":"$F$16*FWZ16","v":605481.36},605481.36,605481.36,605481.36,605481.36,605481.36,605481.36,605481.36,605481.36,605481.36,605481.36,605481.36,605481.36,605481.36,605481.36,605481.36,605481.36,605481.36,605481.36,605481.36,605481.36,605481.36,605481.36,605481.36,605481.36,605481.36,605481.36,605481.36,605481.36,605481.36,605481.36,605481.36,605481.36,605481.36,605481.36,605481.36,605481.36,605481.36,605481.36,605481.36,605481.36,605481.36,605481.36,605481.36,605481.36,605481.36,605481.36,605481.36,605481.36,605481.36,605481.36,605481.36,605481.36,605481.36,605481.36,605481.36,605481.36,605481.36,605481.36,605481.36,605481.36,605481.36,605481.36,605481.36,{"$f":"$F$16*FZL16","v":605481.36},605481.36,605481.36,605481.36,605481.36,605481.36,605481.36,605481.36,605481.36,605481.36,605481.36,605481.36,605481.36,605481.36,605481.36,605481.36,605481.36,605481.36,605481.36,605481.36,605481.36,605481.36,605481.36,605481.36,605481.36,605481.36,605481.36,605481.36,605481.36,605481.36,605481.36,605481.36,605481.36,605481.36,605481.36,605481.36,605481.36,605481.36,605481.36,605481.36,605481.36,605481.36,605481.36,605481.36,605481.36,605481.36,605481.36,605481.36,605481.36,605481.36,605481.36,605481.36,605481.36,605481.36,605481.36,605481.36,605481.36,605481.36,605481.36,605481.36,605481.36,605481.36,605481.36,605481.36,{"$f":"$F$16*GBX16","v":605481.36},605481.36,605481.36,605481.36,605481.36,605481.36,605481.36,605481.36,605481.36,605481.36,605481.36,605481.36,605481.36,605481.36,605481.36,605481.36,605481.36,605481.36,605481.36,605481.36,605481.36,605481.36,605481.36,605481.36,605481.36,605481.36,605481.36,605481.36,605481.36,605481.36,605481.36,605481.36,605481.36,605481.36,605481.36,605481.36,605481.36,605481.36,605481.36,605481.36,605481.36,605481.36,605481.36,605481.36,605481.36,605481.36,605481.36,605481.36,605481.36,605481.36,605481.36,605481.36,605481.36,605481.36,605481.36,605481.36,605481.36,605481.36,605481.36,605481.36,605481.36,605481.36,605481.36,605481.36,{"$f":"$F$16*GEJ16","v":605481.36},605481.36,605481.36,605481.36,605481.36,605481.36,605481.36,605481.36,605481.36,605481.36,605481.36,605481.36,605481.36,605481.36,605481.36,605481.36,605481.36,605481.36,605481.36,605481.36,605481.36,605481.36,605481.36,605481.36,605481.36,605481.36,605481.36,605481.36,605481.36,605481.36,605481.36,605481.36,605481.36,605481.36,605481.36,605481.36,605481.36,605481.36,605481.36,605481.36,605481.36,605481.36,605481.36,605481.36,605481.36,605481.36,605481.36,605481.36,605481.36,605481.36,605481.36,605481.36,605481.36,605481.36,605481.36,605481.36,605481.36,605481.36,605481.36,605481.36,605481.36,605481.36,605481.36,605481.36,{"$f":"$F$16*GGV16","v":605481.36},605481.36,605481.36,605481.36,605481.36,605481.36,605481.36,605481.36,605481.36,605481.36,605481.36,605481.36,605481.36,605481.36,605481.36,605481.36,605481.36,605481.36,605481.36,605481.36,605481.36,605481.36,605481.36,605481.36,605481.36,605481.36,605481.36,605481.36,605481.36,605481.36,605481.36,605481.36,605481.36,605481.36,605481.36,605481.36,605481.36,605481.36,605481.36,605481.36,605481.36,605481.36,605481.36,605481.36,605481.36,605481.36,605481.36,605481.36,605481.36,605481.36,605481.36,605481.36,605481.36,605481.36,605481.36,605481.36,605481.36,605481.36,605481.36,605481.36,605481.36,605481.36,605481.36,605481.36,{"$f":"$F$16*GJH16","v":605481.36},605481.36,605481.36,605481.36,605481.36,605481.36,605481.36,605481.36,605481.36,605481.36,605481.36,605481.36,605481.36,605481.36,605481.36,605481.36,605481.36,605481.36,605481.36,605481.36,605481.36,605481.36,605481.36,605481.36,605481.36,605481.36,605481.36,605481.36,605481.36,605481.36,605481.36,605481.36,605481.36,605481.36,605481.36,605481.36,605481.36,605481.36,605481.36,605481.36,605481.36,605481.36,605481.36,605481.36,605481.36,605481.36,605481.36,605481.36,605481.36,605481.36,605481.36,605481.36,605481.36,605481.36,605481.36,605481.36,605481.36,605481.36,605481.36,605481.36,605481.36,605481.36,605481.36,605481.36,{"$f":"$F$16*GLT16","v":605481.36},605481.36,605481.36,605481.36,605481.36,605481.36,605481.36,605481.36,605481.36,605481.36,605481.36,605481.36,605481.36,605481.36,605481.36,605481.36,605481.36,605481.36,605481.36,605481.36,605481.36,605481.36,605481.36,605481.36,605481.36,605481.36,605481.36,605481.36,605481.36,605481.36,605481.36,605481.36,605481.36,605481.36,605481.36,605481.36,605481.36,605481.36,605481.36,605481.36,605481.36,605481.36,605481.36,605481.36,605481.36,605481.36,605481.36,605481.36,605481.36,605481.36,605481.36,605481.36,605481.36,605481.36,605481.36,605481.36,605481.36,605481.36,605481.36,605481.36,605481.36,605481.36,605481.36,605481.36,{"$f":"$F$16*GOF16","v":605481.36},605481.36,605481.36,605481.36,605481.36,605481.36,605481.36,605481.36,605481.36,605481.36,605481.36,605481.36,605481.36,605481.36,605481.36,605481.36,605481.36,605481.36,605481.36,605481.36,605481.36,605481.36,605481.36,605481.36,605481.36,605481.36,605481.36,605481.36,605481.36,605481.36,605481.36,605481.36,605481.36,605481.36,605481.36,605481.36,605481.36,605481.36,605481.36,605481.36,605481.36,605481.36,605481.36,605481.36,605481.36,605481.36,605481.36,605481.36,605481.36,605481.36,605481.36,605481.36,605481.36,605481.36,605481.36,605481.36,605481.36,605481.36,605481.36,605481.36,605481.36,605481.36,605481.36,605481.36,{"$f":"$F$16*GQR16","v":605481.36},605481.36,605481.36,605481.36,605481.36,605481.36,605481.36,605481.36,605481.36,605481.36,605481.36,605481.36,605481.36,605481.36,605481.36,605481.36,605481.36,605481.36,605481.36,605481.36,605481.36,605481.36,605481.36,605481.36,605481.36,605481.36,605481.36,605481.36,605481.36,605481.36,605481.36,605481.36,605481.36,605481.36,605481.36,605481.36,605481.36,605481.36,605481.36,605481.36,605481.36,605481.36,605481.36,605481.36,605481.36,605481.36,605481.36,605481.36,605481.36,605481.36,605481.36,605481.36,605481.36,605481.36,605481.36,605481.36,605481.36,605481.36,605481.36,605481.36,605481.36,605481.36,605481.36,605481.36,{"$f":"$F$16*GTD16","v":605481.36},605481.36,605481.36,605481.36,605481.36,605481.36,605481.36,605481.36,605481.36,605481.36,605481.36,605481.36,605481.36,605481.36,605481.36,605481.36,605481.36,605481.36,605481.36,605481.36,605481.36,605481.36,605481.36,605481.36,605481.36,605481.36,605481.36,605481.36,605481.36,605481.36,605481.36,605481.36,605481.36,605481.36,605481.36,605481.36,605481.36,605481.36,605481.36,605481.36,605481.36,605481.36,605481.36,605481.36,605481.36,605481.36,605481.36,605481.36,605481.36,605481.36,605481.36,605481.36,605481.36,605481.36,605481.36,605481.36,605481.36,605481.36,605481.36,605481.36,605481.36,605481.36,605481.36,605481.36,{"$f":"$F$16*GVP16","v":605481.36},605481.36,605481.36,605481.36,605481.36,605481.36,605481.36,605481.36,605481.36,605481.36,605481.36,605481.36,605481.36,605481.36,605481.36,605481.36,605481.36,605481.36,605481.36,605481.36,605481.36,605481.36,605481.36,605481.36,605481.36,605481.36,605481.36,605481.36,605481.36,605481.36,605481.36,605481.36,605481.36,605481.36,605481.36,605481.36,605481.36,605481.36,605481.36,605481.36,605481.36,605481.36,605481.36,605481.36,605481.36,605481.36,605481.36,605481.36,605481.36,605481.36,605481.36,605481.36,605481.36,605481.36,605481.36,605481.36,605481.36,605481.36,605481.36,605481.36,605481.36,605481.36,605481.36,605481.36,{"$f":"$F$16*GYB16","v":605481.36},605481.36,605481.36,605481.36,605481.36,605481.36,605481.36,605481.36,605481.36,605481.36,605481.36,605481.36,605481.36,605481.36,605481.36,605481.36,605481.36,605481.36,605481.36,605481.36,605481.36,605481.36,605481.36,605481.36,605481.36,605481.36,605481.36,605481.36,605481.36,605481.36,605481.36,605481.36,605481.36,605481.36,605481.36,605481.36,605481.36,605481.36,605481.36,605481.36,605481.36,605481.36,605481.36,605481.36,605481.36,605481.36,605481.36,605481.36,605481.36,605481.36,605481.36,605481.36,605481.36,605481.36,605481.36,605481.36,605481.36,605481.36,605481.36,605481.36,605481.36,605481.36,605481.36,605481.36,{"$f":"$F$16*HAN16","v":605481.36},605481.36,605481.36,605481.36,605481.36,605481.36,605481.36,605481.36,605481.36,605481.36,605481.36,605481.36,605481.36,605481.36,605481.36,605481.36,605481.36,605481.36,605481.36,605481.36,605481.36,605481.36,605481.36,605481.36,605481.36,605481.36,605481.36,605481.36,605481.36,605481.36,605481.36,605481.36,605481.36,605481.36,605481.36,605481.36,605481.36,605481.36,605481.36,605481.36,605481.36,605481.36,605481.36,605481.36,605481.36,605481.36,605481.36,605481.36,605481.36,605481.36,605481.36,605481.36,605481.36,605481.36,605481.36,605481.36,605481.36,605481.36,605481.36,605481.36,605481.36,605481.36,605481.36,605481.36,{"$f":"$F$16*HCZ16","v":605481.36},605481.36,605481.36,605481.36,605481.36,605481.36,605481.36,605481.36,605481.36,605481.36,605481.36,605481.36,605481.36,605481.36,605481.36,605481.36,605481.36,605481.36,605481.36,605481.36,605481.36,605481.36,605481.36,605481.36,605481.36,605481.36,605481.36,605481.36,605481.36,605481.36,605481.36,605481.36,605481.36,605481.36,605481.36,605481.36,605481.36,605481.36,605481.36,605481.36,605481.36,605481.36,605481.36,605481.36,605481.36,605481.36,605481.36,605481.36,605481.36,605481.36,605481.36,605481.36,605481.36,605481.36,605481.36,605481.36,605481.36,605481.36,605481.36,605481.36,605481.36,605481.36,605481.36,605481.36,{"$f":"$F$16*HFL16","v":605481.36},605481.36,605481.36,605481.36,605481.36,605481.36,605481.36,605481.36,605481.36,605481.36,605481.36,605481.36,605481.36,605481.36,605481.36,605481.36,605481.36,605481.36,605481.36,605481.36,605481.36,605481.36,605481.36,605481.36,605481.36,605481.36,605481.36,605481.36,605481.36,605481.36,605481.36,605481.36,605481.36,605481.36,605481.36,605481.36,605481.36,605481.36,605481.36,605481.36,605481.36,605481.36,605481.36,605481.36,605481.36,605481.36,605481.36,605481.36,605481.36,605481.36,605481.36,605481.36,605481.36,605481.36,605481.36,605481.36,605481.36,605481.36,605481.36,605481.36,605481.36,605481.36,605481.36,605481.36,{"$f":"$F$16*HHX16","v":605481.36},605481.36,605481.36,605481.36,605481.36,605481.36,605481.36,605481.36,605481.36,605481.36,605481.36,605481.36,605481.36,605481.36,605481.36,605481.36,605481.36,605481.36,605481.36,605481.36,605481.36,605481.36,605481.36,605481.36,605481.36,605481.36,605481.36,605481.36,605481.36,605481.36,605481.36,605481.36,605481.36,605481.36,605481.36,605481.36,605481.36,605481.36,605481.36,605481.36,605481.36,605481.36,605481.36,605481.36,605481.36,605481.36,605481.36,605481.36,605481.36,605481.36,605481.36,605481.36,605481.36,605481.36,605481.36,605481.36,605481.36,605481.36,605481.36,605481.36,605481.36,605481.36,605481.36,605481.36,{"$f":"$F$16*HKJ16","v":605481.36},605481.36,605481.36,605481.36,605481.36,605481.36,605481.36,605481.36,605481.36,605481.36,605481.36,605481.36,605481.36,605481.36,605481.36,605481.36,605481.36,605481.36,605481.36,605481.36,605481.36,605481.36,605481.36,605481.36,605481.36,605481.36,605481.36,605481.36,605481.36,605481.36,605481.36,605481.36,605481.36,605481.36,605481.36,605481.36,605481.36,605481.36,605481.36,605481.36,605481.36,605481.36,605481.36,605481.36,605481.36,605481.36,605481.36,605481.36,605481.36,605481.36,605481.36,605481.36,605481.36,605481.36,605481.36,605481.36,605481.36,605481.36,605481.36,605481.36,605481.36,605481.36,605481.36,605481.36,{"$f":"$F$16*HMV16","v":605481.36},605481.36,605481.36,605481.36,605481.36,605481.36,605481.36,605481.36,605481.36,605481.36,605481.36,605481.36,605481.36,605481.36,605481.36,605481.36,605481.36,605481.36,605481.36,605481.36,605481.36,605481.36,605481.36,605481.36,605481.36,605481.36,605481.36,605481.36,605481.36,605481.36,605481.36,605481.36,605481.36,605481.36,605481.36,605481.36,605481.36,605481.36,605481.36,605481.36,605481.36,605481.36,605481.36,605481.36,605481.36,605481.36,605481.36,605481.36,605481.36,605481.36,605481.36,605481.36,605481.36,605481.36,605481.36,605481.36,605481.36,605481.36,605481.36,605481.36,605481.36,605481.36,605481.36,605481.36,{"$f":"$F$16*HPH16","v":605481.36},605481.36,605481.36,605481.36,605481.36,605481.36,605481.36,605481.36,605481.36,605481.36,605481.36,605481.36,605481.36,605481.36,605481.36,605481.36,605481.36,605481.36,605481.36,605481.36,605481.36,605481.36,605481.36,605481.36,605481.36,605481.36,605481.36,605481.36,605481.36,605481.36,605481.36,605481.36,605481.36,605481.36,605481.36,605481.36,605481.36,605481.36,605481.36,605481.36,605481.36,605481.36,605481.36,605481.36,605481.36,605481.36,605481.36,605481.36,605481.36,605481.36,605481.36,605481.36,605481.36,605481.36,605481.36,605481.36,605481.36,605481.36,605481.36,605481.36,605481.36,605481.36,605481.36,605481.36,{"$f":"$F$16*HRT16","v":605481.36},605481.36,605481.36,605481.36,605481.36,605481.36,605481.36,605481.36,605481.36,605481.36,605481.36,605481.36,605481.36,605481.36,605481.36,605481.36,605481.36,605481.36,605481.36,605481.36,605481.36,605481.36,605481.36,605481.36,605481.36,605481.36,605481.36,605481.36,605481.36,605481.36,605481.36,605481.36,605481.36,605481.36,605481.36,605481.36,605481.36,605481.36,605481.36,605481.36,605481.36,605481.36,605481.36,605481.36,605481.36,605481.36,605481.36,605481.36,605481.36,605481.36,605481.36,605481.36,605481.36,605481.36,605481.36,605481.36,605481.36,605481.36,605481.36,605481.36,605481.36,605481.36,605481.36,605481.36,{"$f":"$F$16*HUF16","v":605481.36},605481.36,605481.36,605481.36,605481.36,605481.36,605481.36,605481.36,605481.36,605481.36,605481.36,605481.36,605481.36,605481.36,605481.36,605481.36,605481.36,605481.36,605481.36,605481.36,605481.36,605481.36,605481.36,605481.36,605481.36,605481.36,605481.36,605481.36,605481.36,605481.36,605481.36,605481.36,605481.36,605481.36,605481.36,605481.36,605481.36,605481.36,605481.36,605481.36,605481.36,605481.36,605481.36,605481.36,605481.36,605481.36,605481.36,605481.36,605481.36,605481.36,605481.36,605481.36,605481.36,605481.36,605481.36,605481.36,605481.36,605481.36,605481.36,605481.36,605481.36,605481.36,605481.36,605481.36,{"$f":"$F$16*HWR16","v":605481.36},605481.36,605481.36,605481.36,605481.36,605481.36,605481.36,605481.36,605481.36,605481.36,605481.36,605481.36,605481.36,605481.36,605481.36,605481.36,605481.36,605481.36,605481.36,605481.36,605481.36,605481.36,605481.36,605481.36,605481.36,605481.36,605481.36,605481.36,605481.36,605481.36,605481.36,605481.36,605481.36,605481.36,605481.36,605481.36,605481.36,605481.36,605481.36,605481.36,605481.36,605481.36,605481.36,605481.36,605481.36,605481.36,605481.36,605481.36,605481.36,605481.36,605481.36,605481.36,605481.36,605481.36,605481.36,605481.36,605481.36,605481.36,605481.36,605481.36,605481.36,605481.36,605481.36,605481.36,{"$f":"$F$16*HZD16","v":605481.36},605481.36,605481.36,605481.36,605481.36,605481.36,605481.36,605481.36,605481.36,605481.36,605481.36,605481.36,605481.36,605481.36,605481.36,605481.36,605481.36,605481.36,605481.36,605481.36,605481.36,605481.36,605481.36,605481.36,605481.36,605481.36,605481.36,605481.36,605481.36,605481.36,605481.36,605481.36,605481.36,605481.36,605481.36,605481.36,605481.36,605481.36,605481.36,605481.36,605481.36,605481.36,605481.36,605481.36,605481.36,605481.36,605481.36,605481.36,605481.36,605481.36,605481.36,605481.36,605481.36,605481.36,605481.36,605481.36,605481.36,605481.36,605481.36,605481.36,605481.36,605481.36,605481.36,605481.36,{"$f":"$F$16*IBP16","v":605481.36},605481.36,605481.36,605481.36,605481.36,605481.36,605481.36,605481.36,605481.36,605481.36,605481.36,605481.36,605481.36,605481.36,605481.36,605481.36,605481.36,605481.36,605481.36,605481.36,605481.36,605481.36,605481.36,605481.36,605481.36,605481.36,605481.36,605481.36,605481.36,605481.36,605481.36,605481.36,605481.36,605481.36,605481.36,605481.36,605481.36,605481.36,605481.36,605481.36,605481.36,605481.36,605481.36,605481.36,605481.36,605481.36,605481.36,605481.36,605481.36,605481.36,605481.36,605481.36,605481.36,605481.36,605481.36,605481.36,605481.36,605481.36,605481.36,605481.36,605481.36,605481.36,605481.36,605481.36,{"$f":"$F$16*IEB16","v":605481.36},605481.36,605481.36,605481.36,605481.36,605481.36,605481.36,605481.36,605481.36,605481.36,605481.36,605481.36,605481.36,605481.36,605481.36,605481.36,605481.36,605481.36,605481.36,605481.36,605481.36,605481.36,605481.36,605481.36,605481.36,605481.36,605481.36,605481.36,605481.36,605481.36,605481.36,605481.36,605481.36,605481.36,605481.36,605481.36,605481.36,605481.36,605481.36,605481.36,605481.36,605481.36,605481.36,605481.36,605481.36,605481.36,605481.36,605481.36,605481.36,605481.36,605481.36,605481.36,605481.36,605481.36,605481.36,605481.36,605481.36,605481.36,605481.36,605481.36,605481.36,605481.36,605481.36,605481.36,{"$f":"$F$16*IGN16","v":605481.36},605481.36,605481.36,605481.36,605481.36,605481.36,605481.36,605481.36,605481.36,605481.36,605481.36,605481.36,605481.36,605481.36,605481.36,605481.36,605481.36,605481.36,605481.36,605481.36,605481.36,605481.36,605481.36,605481.36,605481.36,605481.36,605481.36,605481.36,605481.36,605481.36,605481.36,605481.36,605481.36,605481.36,605481.36,605481.36,605481.36,605481.36,605481.36,605481.36,605481.36,605481.36,605481.36,605481.36,605481.36,605481.36,605481.36,605481.36,605481.36,605481.36,605481.36,605481.36,605481.36,605481.36,605481.36,605481.36,605481.36,605481.36,605481.36,605481.36,605481.36,605481.36,605481.36,605481.36,{"$f":"$F$16*IIZ16","v":605481.36},605481.36,605481.36,605481.36,605481.36,605481.36,605481.36,605481.36,605481.36,605481.36,605481.36,605481.36,605481.36,605481.36,605481.36,605481.36,605481.36,605481.36,605481.36,605481.36,605481.36,605481.36,605481.36,605481.36,605481.36,605481.36,605481.36,605481.36,605481.36,605481.36,605481.36,605481.36,605481.36,605481.36,605481.36,605481.36,605481.36,605481.36,605481.36,605481.36,605481.36,605481.36,605481.36,605481.36,605481.36,605481.36,605481.36,605481.36,605481.36,605481.36,605481.36,605481.36,605481.36,605481.36,605481.36,605481.36,605481.36,605481.36,605481.36,605481.36,605481.36,605481.36,605481.36,605481.36,{"$f":"$F$16*ILL16","v":605481.36},605481.36,605481.36,605481.36,605481.36,605481.36,605481.36,605481.36,605481.36,605481.36,605481.36,605481.36,605481.36,605481.36,605481.36,605481.36,605481.36,605481.36,605481.36,605481.36,605481.36,605481.36,605481.36,605481.36,605481.36,605481.36,605481.36,605481.36,605481.36,605481.36,605481.36,605481.36,605481.36,605481.36,605481.36,605481.36,605481.36,605481.36,605481.36,605481.36,605481.36,605481.36,605481.36,605481.36,605481.36,605481.36,605481.36,605481.36,605481.36,605481.36,605481.36,605481.36,605481.36,605481.36,605481.36,605481.36,605481.36,605481.36,605481.36,605481.36,605481.36,605481.36,605481.36,605481.36,{"$f":"$F$16*INX16","v":605481.36},605481.36,605481.36,605481.36,605481.36,605481.36,605481.36,605481.36,605481.36,605481.36,605481.36,605481.36,605481.36,605481.36,605481.36,605481.36,605481.36,605481.36,605481.36,605481.36,605481.36,605481.36,605481.36,605481.36,605481.36,605481.36,605481.36,605481.36,605481.36,605481.36,605481.36,605481.36,605481.36,605481.36,605481.36,605481.36,605481.36,605481.36,605481.36,605481.36,605481.36,605481.36,605481.36,605481.36,605481.36,605481.36,605481.36,605481.36,605481.36,605481.36,605481.36,605481.36,605481.36,605481.36,605481.36,605481.36,605481.36,605481.36,605481.36,605481.36,605481.36,605481.36,605481.36,605481.36,{"$f":"$F$16*IQJ16","v":605481.36},605481.36,605481.36,605481.36,605481.36,605481.36,605481.36,605481.36,605481.36,605481.36,605481.36,605481.36,605481.36,605481.36,605481.36,605481.36,605481.36,605481.36,605481.36,605481.36,605481.36,605481.36,605481.36,605481.36,605481.36,605481.36,605481.36,605481.36,605481.36,605481.36,605481.36,605481.36,605481.36,605481.36,605481.36,605481.36,605481.36,605481.36,605481.36,605481.36,605481.36,605481.36,605481.36,605481.36,605481.36,605481.36,605481.36,605481.36,605481.36,605481.36,605481.36,605481.36,605481.36,605481.36,605481.36,605481.36,605481.36,605481.36,605481.36,605481.36,605481.36,605481.36,605481.36,605481.36,{"$f":"$F$16*ISV16","v":605481.36},605481.36,605481.36,605481.36,605481.36,605481.36,605481.36,605481.36,605481.36,605481.36,605481.36,605481.36,605481.36,605481.36,605481.36,605481.36,605481.36,605481.36,605481.36,605481.36,605481.36,605481.36,605481.36,605481.36,605481.36,605481.36,605481.36,605481.36,605481.36,605481.36,605481.36,605481.36,605481.36,605481.36,605481.36,605481.36,605481.36,605481.36,605481.36,605481.36,605481.36,605481.36,605481.36,605481.36,605481.36,605481.36,605481.36,605481.36,605481.36,605481.36,605481.36,605481.36,605481.36,605481.36,605481.36,605481.36,605481.36,605481.36,605481.36,605481.36,605481.36,605481.36,605481.36,605481.36,{"$f":"$F$16*IVH16","v":605481.36},605481.36,605481.36,605481.36,605481.36,605481.36,605481.36,605481.36,605481.36,605481.36,605481.36,605481.36,605481.36,605481.36,605481.36,605481.36,605481.36,605481.36,605481.36,605481.36,605481.36,605481.36,605481.36,605481.36,605481.36,605481.36,605481.36,605481.36,605481.36,605481.36,605481.36,605481.36,605481.36,605481.36,605481.36,605481.36,605481.36,605481.36,605481.36,605481.36,605481.36,605481.36,605481.36,605481.36,605481.36,605481.36,605481.36,605481.36,605481.36,605481.36,605481.36,605481.36,605481.36,605481.36,605481.36,605481.36,605481.36,605481.36,605481.36,605481.36,605481.36,605481.36,605481.36,605481.36,{"$f":"$F$16*IXT16","v":605481.36},605481.36,605481.36,605481.36,605481.36,605481.36,605481.36,605481.36,605481.36,605481.36,605481.36,605481.36,605481.36,605481.36,605481.36,605481.36,605481.36,605481.36,605481.36,605481.36,605481.36,605481.36,605481.36,605481.36,605481.36,605481.36,605481.36,605481.36,605481.36,605481.36,605481.36,605481.36,605481.36,605481.36,605481.36,605481.36,605481.36,605481.36,605481.36,605481.36,605481.36,605481.36,605481.36,605481.36,605481.36,605481.36,605481.36,605481.36,605481.36,605481.36,605481.36,605481.36,605481.36,605481.36,605481.36,605481.36,605481.36,605481.36,605481.36,605481.36,605481.36,605481.36,605481.36,605481.36,{"$f":"$F$16*JAF16","v":605481.36},605481.36,605481.36,605481.36,605481.36,605481.36,605481.36,605481.36,605481.36,605481.36,605481.36,605481.36,605481.36,605481.36,605481.36,605481.36,605481.36,605481.36,605481.36,605481.36,605481.36,605481.36,605481.36,605481.36,605481.36,605481.36,605481.36,605481.36,605481.36,605481.36,605481.36,605481.36,605481.36,605481.36,605481.36,605481.36,605481.36,605481.36,605481.36,605481.36,605481.36,605481.36,605481.36,605481.36,605481.36,605481.36,605481.36,605481.36,605481.36,605481.36,605481.36,605481.36,605481.36,605481.36,605481.36,605481.36,605481.36,605481.36,605481.36,605481.36,605481.36,605481.36,605481.36,605481.36,{"$f":"$F$16*JCR16","v":605481.36},605481.36,605481.36,605481.36,605481.36,605481.36,605481.36,605481.36,605481.36,605481.36,605481.36,605481.36,605481.36,605481.36,605481.36,605481.36,605481.36,605481.36,605481.36,605481.36,605481.36,605481.36,605481.36,605481.36,605481.36,605481.36,605481.36,605481.36,605481.36,605481.36,605481.36,605481.36,605481.36,605481.36,605481.36,605481.36,605481.36,605481.36,605481.36,605481.36,605481.36,605481.36,605481.36,605481.36,605481.36,605481.36,605481.36,605481.36,605481.36,605481.36,605481.36,605481.36,605481.36,605481.36,605481.36,605481.36,605481.36,605481.36,605481.36,605481.36,605481.36,605481.36,605481.36,605481.36,{"$f":"$F$16*JFD16","v":605481.36},605481.36,605481.36,605481.36,605481.36,605481.36,605481.36,605481.36,605481.36,605481.36,605481.36,605481.36,605481.36,605481.36,605481.36,605481.36,605481.36,605481.36,605481.36,605481.36,605481.36,605481.36,605481.36,605481.36,605481.36,605481.36,605481.36,605481.36,605481.36,605481.36,605481.36,605481.36,605481.36,605481.36,605481.36,605481.36,605481.36,605481.36,605481.36,605481.36,605481.36,605481.36,605481.36,605481.36,605481.36,605481.36,605481.36,605481.36,605481.36,605481.36,605481.36,605481.36,605481.36,605481.36,605481.36,605481.36,605481.36,605481.36,605481.36,605481.36,605481.36,605481.36,605481.36,605481.36,{"$f":"$F$16*JHP16","v":605481.36},605481.36,605481.36,605481.36,605481.36,605481.36,605481.36,605481.36,605481.36,605481.36,605481.36,605481.36,605481.36,605481.36,605481.36,605481.36,605481.36,605481.36,605481.36,605481.36,605481.36,605481.36,605481.36,605481.36,605481.36,605481.36,605481.36,605481.36,605481.36,605481.36,605481.36,605481.36,605481.36,605481.36,605481.36,605481.36,605481.36,605481.36,605481.36,605481.36,605481.36,605481.36,605481.36,605481.36,605481.36,605481.36,605481.36,605481.36,605481.36,605481.36,605481.36,605481.36,605481.36,605481.36,605481.36,605481.36,605481.36,605481.36,605481.36,605481.36,605481.36,605481.36,605481.36,605481.36,{"$f":"$F$16*JKB16","v":605481.36},605481.36,605481.36,605481.36,605481.36,605481.36,605481.36,605481.36,605481.36,605481.36,605481.36,605481.36,605481.36,605481.36,605481.36,605481.36,605481.36,605481.36,605481.36,605481.36,605481.36,605481.36,605481.36,605481.36,605481.36,605481.36,605481.36,605481.36,605481.36,605481.36,605481.36,605481.36,605481.36,605481.36,605481.36,605481.36,605481.36,605481.36,605481.36,605481.36,605481.36,605481.36,605481.36,605481.36,605481.36,605481.36,605481.36,605481.36,605481.36,605481.36,605481.36,605481.36,605481.36,605481.36,605481.36,605481.36,605481.36,605481.36,605481.36,605481.36,605481.36,605481.36,605481.36,605481.36,{"$f":"$F$16*JMN16","v":605481.36},605481.36,605481.36,605481.36,605481.36,605481.36,605481.36,605481.36,605481.36,605481.36,605481.36,605481.36,605481.36,605481.36,605481.36,605481.36,605481.36,605481.36,605481.36,605481.36,605481.36,605481.36,605481.36,605481.36,605481.36,605481.36,605481.36,605481.36,605481.36,605481.36,605481.36,605481.36,605481.36,605481.36,605481.36,605481.36,605481.36,605481.36,605481.36,605481.36,605481.36,605481.36,605481.36,605481.36,605481.36,605481.36,605481.36,605481.36,605481.36,605481.36,605481.36,605481.36,605481.36,605481.36,605481.36,605481.36,605481.36,605481.36,605481.36,605481.36,605481.36,605481.36,605481.36,605481.36,{"$f":"$F$16*JOZ16","v":605481.36},605481.36,605481.36,605481.36,605481.36,605481.36,605481.36,605481.36,605481.36,605481.36,605481.36,605481.36,605481.36,605481.36,605481.36,605481.36,605481.36,605481.36,605481.36,605481.36,605481.36,605481.36,605481.36,605481.36,605481.36,605481.36,605481.36,605481.36,605481.36,605481.36,605481.36,605481.36,605481.36,605481.36,605481.36,605481.36,605481.36,605481.36,605481.36,605481.36,605481.36,605481.36,605481.36,605481.36,605481.36,605481.36,605481.36,605481.36,605481.36,605481.36,605481.36,605481.36,605481.36,605481.36,605481.36,605481.36,605481.36,605481.36,605481.36,605481.36,605481.36,605481.36,605481.36,605481.36,{"$f":"$F$16*JRL16","v":605481.36},605481.36,605481.36,605481.36,605481.36,605481.36,605481.36,605481.36,605481.36,605481.36,605481.36,605481.36,605481.36,605481.36,605481.36,605481.36,605481.36,605481.36,605481.36,605481.36,605481.36,605481.36,605481.36,605481.36,605481.36,605481.36,605481.36,605481.36,605481.36,605481.36,605481.36,605481.36,605481.36,605481.36,605481.36,605481.36,605481.36,605481.36,605481.36,605481.36,605481.36,605481.36,605481.36,605481.36,605481.36,605481.36,605481.36,605481.36,605481.36,605481.36,605481.36,605481.36,605481.36,605481.36,605481.36,605481.36,605481.36,605481.36,605481.36,605481.36,605481.36,605481.36,605481.36,605481.36,{"$f":"$F$16*JTX16","v":605481.36},605481.36,605481.36,605481.36,605481.36,605481.36,605481.36,605481.36,605481.36,605481.36,605481.36,605481.36,605481.36,605481.36,605481.36,605481.36,605481.36,605481.36,605481.36,605481.36,605481.36,605481.36,605481.36,605481.36,605481.36,605481.36,605481.36,605481.36,605481.36,605481.36,605481.36,605481.36,605481.36,605481.36,605481.36,605481.36,605481.36,605481.36,605481.36,605481.36,605481.36,605481.36,605481.36,605481.36,605481.36,605481.36,605481.36,605481.36,605481.36,605481.36,605481.36,605481.36,605481.36,605481.36,605481.36,605481.36,605481.36,605481.36,605481.36,605481.36,605481.36,605481.36,605481.36,605481.36,{"$f":"$F$16*JWJ16","v":605481.36},605481.36,605481.36,605481.36,605481.36,605481.36,605481.36,605481.36,605481.36,605481.36,605481.36,605481.36,605481.36,605481.36,605481.36,605481.36,605481.36,605481.36,605481.36,605481.36,605481.36,605481.36,605481.36,605481.36,605481.36,605481.36,605481.36,605481.36,605481.36,605481.36,605481.36,605481.36,605481.36,605481.36,605481.36,605481.36,605481.36,605481.36,605481.36,605481.36,605481.36,605481.36,605481.36,605481.36,605481.36,605481.36,605481.36,605481.36,605481.36,605481.36,605481.36,605481.36,605481.36,605481.36,605481.36,605481.36,605481.36,605481.36,605481.36,605481.36,605481.36,605481.36,605481.36,605481.36,{"$f":"$F$16*JYV16","v":605481.36},605481.36,605481.36,605481.36,605481.36,605481.36,605481.36,605481.36,605481.36,605481.36,605481.36,605481.36,605481.36,605481.36,605481.36,605481.36,605481.36,605481.36,605481.36,605481.36,605481.36,605481.36,605481.36,605481.36,605481.36,605481.36,605481.36,605481.36,605481.36,605481.36,605481.36,605481.36,605481.36,605481.36,605481.36,605481.36,605481.36,605481.36,605481.36,605481.36,605481.36,605481.36,605481.36,605481.36,605481.36,605481.36,605481.36,605481.36,605481.36,605481.36,605481.36,605481.36,605481.36,605481.36,605481.36,605481.36,605481.36,605481.36,605481.36,605481.36,605481.36,605481.36,605481.36,605481.36,{"$f":"$F$16*KBH16","v":605481.36},605481.36,605481.36,605481.36,605481.36,605481.36,605481.36,605481.36,605481.36,605481.36,605481.36,605481.36,605481.36,605481.36,605481.36,605481.36,605481.36,605481.36,605481.36,605481.36,605481.36,605481.36,605481.36,605481.36,605481.36,605481.36,605481.36,605481.36,605481.36,605481.36,605481.36,605481.36,605481.36,605481.36,605481.36,605481.36,605481.36,605481.36,605481.36,605481.36,605481.36,605481.36,605481.36,605481.36,605481.36,605481.36,605481.36,605481.36,605481.36,605481.36,605481.36,605481.36,605481.36,605481.36,605481.36,605481.36,605481.36,605481.36,605481.36,605481.36,605481.36,605481.36,605481.36,605481.36,{"$f":"$F$16*KDT16","v":605481.36},605481.36,605481.36,605481.36,605481.36,605481.36,605481.36,605481.36,605481.36,605481.36,605481.36,605481.36,605481.36,605481.36,605481.36,605481.36,605481.36,605481.36,605481.36,605481.36,605481.36,605481.36,605481.36,605481.36,605481.36,605481.36,605481.36,605481.36,605481.36,605481.36,605481.36,605481.36,605481.36,605481.36,605481.36,605481.36,605481.36,605481.36,605481.36,605481.36,605481.36,605481.36,605481.36,605481.36,605481.36,605481.36,605481.36,605481.36,605481.36,605481.36,605481.36,605481.36,605481.36,605481.36,605481.36,605481.36,605481.36,605481.36,605481.36,605481.36,605481.36,605481.36,605481.36,605481.36,{"$f":"$F$16*KGF16","v":605481.36},605481.36,605481.36,605481.36,605481.36,605481.36,605481.36,605481.36,605481.36,605481.36,605481.36,605481.36,605481.36,605481.36,605481.36,605481.36,605481.36,605481.36,605481.36,605481.36,605481.36,605481.36,605481.36,605481.36,605481.36,605481.36,605481.36,605481.36,605481.36,605481.36,605481.36,605481.36,605481.36,605481.36,605481.36,605481.36,605481.36,605481.36,605481.36,605481.36,605481.36,605481.36,605481.36,605481.36,605481.36,605481.36,605481.36,605481.36,605481.36,605481.36,605481.36,605481.36,605481.36,605481.36,605481.36,605481.36,605481.36,605481.36,605481.36,605481.36,605481.36,605481.36,605481.36,605481.36,{"$f":"$F$16*KIR16","v":605481.36},605481.36,605481.36,605481.36,605481.36,605481.36,605481.36,605481.36,605481.36,605481.36,605481.36,605481.36,605481.36,605481.36,605481.36,605481.36,605481.36,605481.36,605481.36,605481.36,605481.36,605481.36,605481.36,605481.36,605481.36,605481.36,605481.36,605481.36,605481.36,605481.36,605481.36,605481.36,605481.36,605481.36,605481.36,605481.36,605481.36,605481.36,605481.36,605481.36,605481.36,605481.36,605481.36,605481.36,605481.36,605481.36,605481.36,605481.36,605481.36,605481.36,605481.36,605481.36,605481.36,605481.36,605481.36,605481.36,605481.36,605481.36,605481.36,605481.36,605481.36,605481.36,605481.36,605481.36,{"$f":"$F$16*KLD16","v":605481.36},605481.36,605481.36,605481.36,605481.36,605481.36,605481.36,605481.36,605481.36,605481.36,605481.36,605481.36,605481.36,605481.36,605481.36,605481.36,605481.36,605481.36,605481.36,605481.36,605481.36,605481.36,605481.36,605481.36,605481.36,605481.36,605481.36,605481.36,605481.36,605481.36,605481.36,605481.36,605481.36,605481.36,605481.36,605481.36,605481.36,605481.36,605481.36,605481.36,605481.36,605481.36,605481.36,605481.36,605481.36,605481.36,605481.36,605481.36,605481.36,605481.36,605481.36,605481.36,605481.36,605481.36,605481.36,605481.36,605481.36,605481.36,605481.36,605481.36,605481.36,605481.36,605481.36,605481.36,{"$f":"$F$16*KNP16","v":605481.36},605481.36,605481.36,605481.36,605481.36,605481.36,605481.36,605481.36,605481.36,605481.36,605481.36,605481.36,605481.36,605481.36,605481.36,605481.36,605481.36,605481.36,605481.36,605481.36,605481.36,605481.36,605481.36,605481.36,605481.36,605481.36,605481.36,605481.36,605481.36,605481.36,605481.36,605481.36,605481.36,605481.36,605481.36,605481.36,605481.36,605481.36,605481.36,605481.36,605481.36,605481.36,605481.36,605481.36,605481.36,605481.36,605481.36,605481.36,605481.36,605481.36,605481.36,605481.36,605481.36,605481.36,605481.36,605481.36,605481.36,605481.36,605481.36,605481.36,605481.36,605481.36,605481.36,605481.36,{"$f":"$F$16*KQB16","v":605481.36},605481.36,605481.36,605481.36,605481.36,605481.36,605481.36,605481.36,605481.36,605481.36,605481.36,605481.36,605481.36,605481.36,605481.36,605481.36,605481.36,605481.36,605481.36,605481.36,605481.36,605481.36,605481.36,605481.36,605481.36,605481.36,605481.36,605481.36,605481.36,605481.36,605481.36,605481.36,605481.36,605481.36,605481.36,605481.36,605481.36,605481.36,605481.36,605481.36,605481.36,605481.36,605481.36,605481.36,605481.36,605481.36,605481.36,605481.36,605481.36,605481.36,605481.36,605481.36,605481.36,605481.36,605481.36,605481.36,605481.36,605481.36,605481.36,605481.36,605481.36,605481.36,605481.36,605481.36,{"$f":"$F$16*KSN16","v":605481.36},605481.36,605481.36,605481.36,605481.36,605481.36,605481.36,605481.36,605481.36,605481.36,605481.36,605481.36,605481.36,605481.36,605481.36,605481.36,605481.36,605481.36,605481.36,605481.36,605481.36,605481.36,605481.36,605481.36,605481.36,605481.36,605481.36,605481.36,605481.36,605481.36,605481.36,605481.36,605481.36,605481.36,605481.36,605481.36,605481.36,605481.36,605481.36,605481.36,605481.36,605481.36,605481.36,605481.36,605481.36,605481.36,605481.36,605481.36,605481.36,605481.36,605481.36,605481.36,605481.36,605481.36,605481.36,605481.36,605481.36,605481.36,605481.36,605481.36,605481.36,605481.36,605481.36,605481.36,{"$f":"$F$16*KUZ16","v":605481.36},605481.36,605481.36,605481.36,605481.36,605481.36,605481.36,605481.36,605481.36,605481.36,605481.36,605481.36,605481.36,605481.36,605481.36,605481.36,605481.36,605481.36,605481.36,605481.36,605481.36,605481.36,605481.36,605481.36,605481.36,605481.36,605481.36,605481.36,605481.36,605481.36,605481.36,605481.36,605481.36,605481.36,605481.36,605481.36,605481.36,605481.36,605481.36,605481.36,605481.36,605481.36,605481.36,605481.36,605481.36,605481.36,605481.36,605481.36,605481.36,605481.36,605481.36,605481.36,605481.36,605481.36,605481.36,605481.36,605481.36,605481.36,605481.36,605481.36,605481.36,605481.36,605481.36,605481.36,{"$f":"$F$16*KXL16","v":605481.36},605481.36,605481.36,605481.36,605481.36,605481.36,605481.36,605481.36,605481.36,605481.36,605481.36,605481.36,605481.36,605481.36,605481.36,605481.36,605481.36,605481.36,605481.36,605481.36,605481.36,605481.36,605481.36,605481.36,605481.36,605481.36,605481.36,605481.36,605481.36,605481.36,605481.36,605481.36,605481.36,605481.36,605481.36,605481.36,605481.36,605481.36,605481.36,605481.36,605481.36,605481.36,605481.36,605481.36,605481.36,605481.36,605481.36,605481.36,605481.36,605481.36,605481.36,605481.36,605481.36,605481.36,605481.36,605481.36,605481.36,605481.36,605481.36,605481.36,605481.36,605481.36,605481.36,605481.36,{"$f":"$F$16*KZX16","v":605481.36},605481.36,605481.36,605481.36,605481.36,605481.36,605481.36,605481.36,605481.36,605481.36,605481.36,605481.36,605481.36,605481.36,605481.36,605481.36,605481.36,605481.36,605481.36,605481.36,605481.36,605481.36,605481.36,605481.36,605481.36,605481.36,605481.36,605481.36,605481.36,605481.36,605481.36,605481.36,605481.36,605481.36,605481.36,605481.36,605481.36,605481.36,605481.36,605481.36,605481.36,605481.36,605481.36,605481.36,605481.36,605481.36,605481.36,605481.36,605481.36,605481.36,605481.36,605481.36,605481.36,605481.36,605481.36,605481.36,605481.36,605481.36,605481.36,605481.36,605481.36,605481.36,605481.36,605481.36,{"$f":"$F$16*LCJ16","v":605481.36},605481.36,605481.36,605481.36,605481.36,605481.36,605481.36,605481.36,605481.36,605481.36,605481.36,605481.36,605481.36,605481.36,605481.36,605481.36,605481.36,605481.36,605481.36,605481.36,605481.36,605481.36,605481.36,605481.36,605481.36,605481.36,605481.36,605481.36,605481.36,605481.36,605481.36,605481.36,605481.36,605481.36,605481.36,605481.36,605481.36,605481.36,605481.36,605481.36,605481.36,605481.36,605481.36,605481.36,605481.36,605481.36,605481.36,605481.36,605481.36,605481.36,605481.36,605481.36,605481.36,605481.36,605481.36,605481.36,605481.36,605481.36,605481.36,605481.36,605481.36,605481.36,605481.36,605481.36,{"$f":"$F$16*LEV16","v":605481.36},605481.36,605481.36,605481.36,605481.36,605481.36,605481.36,605481.36,605481.36,605481.36,605481.36,605481.36,605481.36,605481.36,605481.36,605481.36,605481.36,605481.36,605481.36,605481.36,605481.36,605481.36,605481.36,605481.36,605481.36,605481.36,605481.36,605481.36,605481.36,605481.36,605481.36,605481.36,605481.36,605481.36,605481.36,605481.36,605481.36,605481.36,605481.36,605481.36,605481.36,605481.36,605481.36,605481.36,605481.36,605481.36,605481.36,605481.36,605481.36,605481.36,605481.36,605481.36,605481.36,605481.36,605481.36,605481.36,605481.36,605481.36,605481.36,605481.36,605481.36,605481.36,605481.36,605481.36,{"$f":"$F$16*LHH16","v":605481.36},605481.36,605481.36,605481.36,605481.36,605481.36,605481.36,605481.36,605481.36,605481.36,605481.36,605481.36,605481.36,605481.36,605481.36,605481.36,605481.36,605481.36,605481.36,605481.36,605481.36,605481.36,605481.36,605481.36,605481.36,605481.36,605481.36,605481.36,605481.36,605481.36,605481.36,605481.36,605481.36,605481.36,605481.36,605481.36,605481.36,605481.36,605481.36,605481.36,605481.36,605481.36,605481.36,605481.36,605481.36,605481.36,605481.36,605481.36,605481.36,605481.36,605481.36,605481.36,605481.36,605481.36,605481.36,605481.36,605481.36,605481.36,605481.36,605481.36,605481.36,605481.36,605481.36,605481.36,{"$f":"$F$16*LJT16","v":605481.36},605481.36,605481.36,605481.36,605481.36,605481.36,605481.36,605481.36,605481.36,605481.36,605481.36,605481.36,605481.36,605481.36,605481.36,605481.36,605481.36,605481.36,605481.36,605481.36,605481.36,605481.36,605481.36,605481.36,605481.36,605481.36,605481.36,605481.36,605481.36,605481.36,605481.36,605481.36,605481.36,605481.36,605481.36,605481.36,605481.36,605481.36,605481.36,605481.36,605481.36,605481.36,605481.36,605481.36,605481.36,605481.36,605481.36,605481.36,605481.36,605481.36,605481.36,605481.36,605481.36,605481.36,605481.36,605481.36,605481.36,605481.36,605481.36,605481.36,605481.36,605481.36,605481.36,605481.36,{"$f":"$F$16*LMF16","v":605481.36},605481.36,605481.36,605481.36,605481.36,605481.36,605481.36,605481.36,605481.36,605481.36,605481.36,605481.36,605481.36,605481.36,605481.36,605481.36,605481.36,605481.36,605481.36,605481.36,605481.36,605481.36,605481.36,605481.36,605481.36,605481.36,605481.36,605481.36,605481.36,605481.36,605481.36,605481.36,605481.36,605481.36,605481.36,605481.36,605481.36,605481.36,605481.36,605481.36,605481.36,605481.36,605481.36,605481.36,605481.36,605481.36,605481.36,605481.36,605481.36,605481.36,605481.36,605481.36,605481.36,605481.36,605481.36,605481.36,605481.36,605481.36,605481.36,605481.36,605481.36,605481.36,605481.36,605481.36,{"$f":"$F$16*LOR16","v":605481.36},605481.36,605481.36,605481.36,605481.36,605481.36,605481.36,605481.36,605481.36,605481.36,605481.36,605481.36,605481.36,605481.36,605481.36,605481.36,605481.36,605481.36,605481.36,605481.36,605481.36,605481.36,605481.36,605481.36,605481.36,605481.36,605481.36,605481.36,605481.36,605481.36,605481.36,605481.36,605481.36,605481.36,605481.36,605481.36,605481.36,605481.36,605481.36,605481.36,605481.36,605481.36,605481.36,605481.36,605481.36,605481.36,605481.36,605481.36,605481.36,605481.36,605481.36,605481.36,605481.36,605481.36,605481.36,605481.36,605481.36,605481.36,605481.36,605481.36,605481.36,605481.36,605481.36,605481.36,{"$f":"$F$16*LRD16","v":605481.36},605481.36,605481.36,605481.36,605481.36,605481.36,605481.36,605481.36,605481.36,605481.36,605481.36,605481.36,605481.36,605481.36,605481.36,605481.36,605481.36,605481.36,605481.36,605481.36,605481.36,605481.36,605481.36,605481.36,605481.36,605481.36,605481.36,605481.36,605481.36,605481.36,605481.36,605481.36,605481.36,605481.36,605481.36,605481.36,605481.36,605481.36,605481.36,605481.36,605481.36,605481.36,605481.36,605481.36,605481.36,605481.36,605481.36,605481.36,605481.36,605481.36,605481.36,605481.36,605481.36,605481.36,605481.36,605481.36,605481.36,605481.36,605481.36,605481.36,605481.36,605481.36,605481.36,605481.36,{"$f":"$F$16*LTP16","v":605481.36},605481.36,605481.36,605481.36,605481.36,605481.36,605481.36,605481.36,605481.36,605481.36,605481.36,605481.36,605481.36,605481.36,605481.36,605481.36,605481.36,605481.36,605481.36,605481.36,605481.36,605481.36,605481.36,605481.36,605481.36,605481.36,605481.36,605481.36,605481.36,605481.36,605481.36,605481.36,605481.36,605481.36,605481.36,605481.36,605481.36,605481.36,605481.36,605481.36,605481.36,605481.36,605481.36,605481.36,605481.36,605481.36,605481.36,605481.36,605481.36,605481.36,605481.36,605481.36,605481.36,605481.36,605481.36,605481.36,605481.36,605481.36,605481.36,605481.36,605481.36,605481.36,605481.36,605481.36,{"$f":"$F$16*LWB16","v":605481.36},605481.36,605481.36,605481.36,605481.36,605481.36,605481.36,605481.36,605481.36,605481.36,605481.36,605481.36,605481.36,605481.36,605481.36,605481.36,605481.36,605481.36,605481.36,605481.36,605481.36,605481.36,605481.36,605481.36,605481.36,605481.36,605481.36,605481.36,605481.36,605481.36,605481.36,605481.36,605481.36,605481.36,605481.36,605481.36,605481.36,605481.36,605481.36,605481.36,605481.36,605481.36,605481.36,605481.36,605481.36,605481.36,605481.36,605481.36,605481.36,605481.36,605481.36,605481.36,605481.36,605481.36,605481.36,605481.36,605481.36,605481.36,605481.36,605481.36,605481.36,605481.36,605481.36,605481.36,{"$f":"$F$16*LYN16","v":605481.36},605481.36,605481.36,605481.36,605481.36,605481.36,605481.36,605481.36,605481.36,605481.36,605481.36,605481.36,605481.36,605481.36,605481.36,605481.36,605481.36,605481.36,605481.36,605481.36,605481.36,605481.36,605481.36,605481.36,605481.36,605481.36,605481.36,605481.36,605481.36,605481.36,605481.36,605481.36,605481.36,605481.36,605481.36,605481.36,605481.36,605481.36,605481.36,605481.36,605481.36,605481.36,605481.36,605481.36,605481.36,605481.36,605481.36,605481.36,605481.36,605481.36,605481.36,605481.36,605481.36,605481.36,605481.36,605481.36,605481.36,605481.36,605481.36,605481.36,605481.36,605481.36,605481.36,605481.36,{"$f":"$F$16*MAZ16","v":605481.36},605481.36,605481.36,605481.36,605481.36,605481.36,605481.36,605481.36,605481.36,605481.36,605481.36,605481.36,605481.36,605481.36,605481.36,605481.36,605481.36,605481.36,605481.36,605481.36,605481.36,605481.36,605481.36,605481.36,605481.36,605481.36,605481.36,605481.36,605481.36,605481.36,605481.36,605481.36,605481.36,605481.36,605481.36,605481.36,605481.36,605481.36,605481.36,605481.36,605481.36,605481.36,605481.36,605481.36,605481.36,605481.36,605481.36,605481.36,605481.36,605481.36,605481.36,605481.36,605481.36,605481.36,605481.36,605481.36,605481.36,605481.36,605481.36,605481.36,605481.36,605481.36,605481.36,605481.36,{"$f":"$F$16*MDL16","v":605481.36},605481.36,605481.36,605481.36,605481.36,605481.36,605481.36,605481.36,605481.36,605481.36,605481.36,605481.36,605481.36,605481.36,605481.36,605481.36,605481.36,605481.36,605481.36,605481.36,605481.36,605481.36,605481.36,605481.36,605481.36,605481.36,605481.36,605481.36,605481.36,605481.36,605481.36,605481.36,605481.36,605481.36,605481.36,605481.36,605481.36,605481.36,605481.36,605481.36,605481.36,605481.36,605481.36,605481.36,605481.36,605481.36,605481.36,605481.36,605481.36,605481.36,605481.36,605481.36,605481.36,605481.36,605481.36,605481.36,605481.36,605481.36,605481.36,605481.36,605481.36,605481.36,605481.36,605481.36,{"$f":"$F$16*MFX16","v":605481.36},605481.36,605481.36,605481.36,605481.36,605481.36,605481.36,605481.36,605481.36,605481.36,605481.36,605481.36,605481.36,605481.36,605481.36,605481.36,605481.36,605481.36,605481.36,605481.36,605481.36,605481.36,605481.36,605481.36,605481.36,605481.36,605481.36,605481.36,605481.36,605481.36,605481.36,605481.36,605481.36,605481.36,605481.36,605481.36,605481.36,605481.36,605481.36,605481.36,605481.36,605481.36,605481.36,605481.36,605481.36,605481.36,605481.36,605481.36,605481.36,605481.36,605481.36,605481.36,605481.36,605481.36,605481.36,605481.36,605481.36,605481.36,605481.36,605481.36,605481.36,605481.36,605481.36,605481.36,{"$f":"$F$16*MIJ16","v":605481.36},605481.36,605481.36,605481.36,605481.36,605481.36,605481.36,605481.36,605481.36,605481.36,605481.36,605481.36,605481.36,605481.36,605481.36,605481.36,605481.36,605481.36,605481.36,605481.36,605481.36,605481.36,605481.36,605481.36,605481.36,605481.36,605481.36,605481.36,605481.36,605481.36,605481.36,605481.36,605481.36,605481.36,605481.36,605481.36,605481.36,605481.36,605481.36,605481.36,605481.36,605481.36,605481.36,605481.36,605481.36,605481.36,605481.36,605481.36,605481.36,605481.36,605481.36,605481.36,605481.36,605481.36,605481.36,605481.36,605481.36,605481.36,605481.36,605481.36,605481.36,605481.36,605481.36,605481.36,{"$f":"$F$16*MKV16","v":605481.36},605481.36,605481.36,605481.36,605481.36,605481.36,605481.36,605481.36,605481.36,605481.36,605481.36,605481.36,605481.36,605481.36,605481.36,605481.36,605481.36,605481.36,605481.36,605481.36,605481.36,605481.36,605481.36,605481.36,605481.36,605481.36,605481.36,605481.36,605481.36,605481.36,605481.36,605481.36,605481.36,605481.36,605481.36,605481.36,605481.36,605481.36,605481.36,605481.36,605481.36,605481.36,605481.36,605481.36,605481.36,605481.36,605481.36,605481.36,605481.36,605481.36,605481.36,605481.36,605481.36,605481.36,605481.36,605481.36,605481.36,605481.36,605481.36,605481.36,605481.36,605481.36,605481.36,605481.36,{"$f":"$F$16*MNH16","v":605481.36},605481.36,605481.36,605481.36,605481.36,605481.36,605481.36,605481.36,605481.36,605481.36,605481.36,605481.36,605481.36,605481.36,605481.36,605481.36,605481.36,605481.36,605481.36,605481.36,605481.36,605481.36,605481.36,605481.36,605481.36,605481.36,605481.36,605481.36,605481.36,605481.36,605481.36,605481.36,605481.36,605481.36,605481.36,605481.36,605481.36,605481.36,605481.36,605481.36,605481.36,605481.36,605481.36,605481.36,605481.36,605481.36,605481.36,605481.36,605481.36,605481.36,605481.36,605481.36,605481.36,605481.36,605481.36,605481.36,605481.36,605481.36,605481.36,605481.36,605481.36,605481.36,605481.36,605481.36,{"$f":"$F$16*MPT16","v":605481.36},605481.36,605481.36,605481.36,605481.36,605481.36,605481.36,605481.36,605481.36,605481.36,605481.36,605481.36,605481.36,605481.36,605481.36,605481.36,605481.36,605481.36,605481.36,605481.36,605481.36,605481.36,605481.36,605481.36,605481.36,605481.36,605481.36,605481.36,605481.36,605481.36,605481.36,605481.36,605481.36,605481.36,605481.36,605481.36,605481.36,605481.36,605481.36,605481.36,605481.36,605481.36,605481.36,605481.36,605481.36,605481.36,605481.36,605481.36,605481.36,605481.36,605481.36,605481.36,605481.36,605481.36,605481.36,605481.36,605481.36,605481.36,605481.36,605481.36,605481.36,605481.36,605481.36,605481.36,{"$f":"$F$16*MSF16","v":605481.36},605481.36,605481.36,605481.36,605481.36,605481.36,605481.36,605481.36,605481.36,605481.36,605481.36,605481.36,605481.36,605481.36,605481.36,605481.36,605481.36,605481.36,605481.36,605481.36,605481.36,605481.36,605481.36,605481.36,605481.36,605481.36,605481.36,605481.36,605481.36,605481.36,605481.36,605481.36,605481.36,605481.36,605481.36,605481.36,605481.36,605481.36,605481.36,605481.36,605481.36,605481.36,605481.36,605481.36,605481.36,605481.36,605481.36,605481.36,605481.36,605481.36,605481.36,605481.36,605481.36,605481.36,605481.36,605481.36,605481.36,605481.36,605481.36,605481.36,605481.36,605481.36,605481.36,605481.36,{"$f":"$F$16*MUR16","v":605481.36},605481.36,605481.36,605481.36,605481.36,605481.36,605481.36,605481.36,605481.36,605481.36,605481.36,605481.36,605481.36,605481.36,605481.36,605481.36,605481.36,605481.36,605481.36,605481.36,605481.36,605481.36,605481.36,605481.36,605481.36,605481.36,605481.36,605481.36,605481.36,605481.36,605481.36,605481.36,605481.36,605481.36,605481.36,605481.36,605481.36,605481.36,605481.36,605481.36,605481.36,605481.36,605481.36,605481.36,605481.36,605481.36,605481.36,605481.36,605481.36,605481.36,605481.36,605481.36,605481.36,605481.36,605481.36,605481.36,605481.36,605481.36,605481.36,605481.36,605481.36,605481.36,605481.36,605481.36,{"$f":"$F$16*MXD16","v":605481.36},605481.36,605481.36,605481.36,605481.36,605481.36,605481.36,605481.36,605481.36,605481.36,605481.36,605481.36,605481.36,605481.36,605481.36,605481.36,605481.36,605481.36,605481.36,605481.36,605481.36,605481.36,605481.36,605481.36,605481.36,605481.36,605481.36,605481.36,605481.36,605481.36,605481.36,605481.36,605481.36,605481.36,605481.36,605481.36,605481.36,605481.36,605481.36,605481.36,605481.36,605481.36,605481.36,605481.36,605481.36,605481.36,605481.36,605481.36,605481.36,605481.36,605481.36,605481.36,605481.36,605481.36,605481.36,605481.36,605481.36,605481.36,605481.36,605481.36,605481.36,605481.36,605481.36,605481.36,{"$f":"$F$16*MZP16","v":605481.36},605481.36,605481.36,605481.36,605481.36,605481.36,605481.36,605481.36,605481.36,605481.36,605481.36,605481.36,605481.36,605481.36,605481.36,605481.36,605481.36,605481.36,605481.36,605481.36,605481.36,605481.36,605481.36,605481.36,605481.36,605481.36,605481.36,605481.36,605481.36,605481.36,605481.36,605481.36,605481.36,605481.36,605481.36,605481.36,605481.36,605481.36,605481.36,605481.36,605481.36,605481.36,605481.36,605481.36,605481.36,605481.36,605481.36,605481.36,605481.36,605481.36,605481.36,605481.36,605481.36,605481.36,605481.36,605481.36,605481.36,605481.36,605481.36,605481.36,605481.36,605481.36,605481.36,605481.36,{"$f":"$F$16*NCB16","v":605481.36},605481.36,605481.36,605481.36,605481.36,605481.36,605481.36,605481.36,605481.36,605481.36,605481.36,605481.36,605481.36,605481.36,605481.36,605481.36,605481.36,605481.36,605481.36,605481.36,605481.36,605481.36,605481.36,605481.36,605481.36,605481.36,605481.36,605481.36,605481.36,605481.36,605481.36,605481.36,605481.36,605481.36,605481.36,605481.36,605481.36,605481.36,605481.36,605481.36,605481.36,605481.36,605481.36,605481.36,605481.36,605481.36,605481.36,605481.36,605481.36,605481.36,605481.36,605481.36,605481.36,605481.36,605481.36,605481.36,605481.36,605481.36,605481.36,605481.36,605481.36,605481.36,605481.36,605481.36,{"$f":"$F$16*NEN16","v":605481.36},605481.36,605481.36,605481.36,605481.36,605481.36,605481.36,605481.36,605481.36,605481.36,605481.36,605481.36,605481.36,605481.36,605481.36,605481.36,605481.36,605481.36,605481.36,605481.36,605481.36,605481.36,605481.36,605481.36,605481.36,605481.36,605481.36,605481.36,605481.36,605481.36,605481.36,605481.36,605481.36,605481.36,605481.36,605481.36,605481.36,605481.36,605481.36,605481.36,605481.36,605481.36,605481.36,605481.36,605481.36,605481.36,605481.36,605481.36,605481.36,605481.36,605481.36,605481.36,605481.36,605481.36,605481.36,605481.36,605481.36,605481.36,605481.36,605481.36,605481.36,605481.36,605481.36,605481.36,{"$f":"$F$16*NGZ16","v":605481.36},605481.36,605481.36,605481.36,605481.36,605481.36,605481.36,605481.36,605481.36,605481.36,605481.36,605481.36,605481.36,605481.36,605481.36,605481.36,605481.36,605481.36,605481.36,605481.36,605481.36,605481.36,605481.36,605481.36,605481.36,605481.36,605481.36,605481.36,605481.36,605481.36,605481.36,605481.36,605481.36,605481.36,605481.36,605481.36,605481.36,605481.36,605481.36,605481.36,605481.36,605481.36,605481.36,605481.36,605481.36,605481.36,605481.36,605481.36,605481.36,605481.36,605481.36,605481.36,605481.36,605481.36,605481.36,605481.36,605481.36,605481.36,605481.36,605481.36,605481.36,605481.36,605481.36,605481.36,{"$f":"$F$16*NJL16","v":605481.36},605481.36,605481.36,605481.36,605481.36,605481.36,605481.36,605481.36,605481.36,605481.36,605481.36,605481.36,605481.36,605481.36,605481.36,605481.36,605481.36,605481.36,605481.36,605481.36,605481.36,605481.36,605481.36,605481.36,605481.36,605481.36,605481.36,605481.36,605481.36,605481.36,605481.36,605481.36,605481.36,605481.36,605481.36,605481.36,605481.36,605481.36,605481.36,605481.36,605481.36,605481.36,605481.36,605481.36,605481.36,605481.36,605481.36,605481.36,605481.36,605481.36,605481.36,605481.36,605481.36,605481.36,605481.36,605481.36,605481.36,605481.36,605481.36,605481.36,605481.36,605481.36,605481.36,605481.36,{"$f":"$F$16*NLX16","v":605481.36},605481.36,605481.36,605481.36,605481.36,605481.36,605481.36,605481.36,605481.36,605481.36,605481.36,605481.36,605481.36,605481.36,605481.36,605481.36,605481.36,605481.36,605481.36,605481.36,605481.36,605481.36,605481.36,605481.36,605481.36,605481.36,605481.36,605481.36,605481.36,605481.36,605481.36,605481.36,605481.36,605481.36,605481.36,605481.36,605481.36,605481.36,605481.36,605481.36,605481.36,605481.36,605481.36,605481.36,605481.36,605481.36,605481.36,605481.36,605481.36,605481.36,605481.36,605481.36,605481.36,605481.36,605481.36,605481.36,605481.36,605481.36,605481.36,605481.36,605481.36,605481.36,605481.36,605481.36,{"$f":"$F$16*NOJ16","v":605481.36},605481.36,605481.36,605481.36,605481.36,605481.36,605481.36,605481.36,605481.36,605481.36,605481.36,605481.36,605481.36,605481.36,605481.36,605481.36,605481.36,605481.36,605481.36,605481.36,605481.36,605481.36,605481.36,605481.36,605481.36,605481.36,605481.36,605481.36,605481.36,605481.36,605481.36,605481.36,605481.36,605481.36,605481.36,605481.36,605481.36,605481.36,605481.36,605481.36,605481.36,605481.36,605481.36,605481.36,605481.36,605481.36,605481.36,605481.36,605481.36,605481.36,605481.36,605481.36,605481.36,605481.36,605481.36,605481.36,605481.36,605481.36,605481.36,605481.36,605481.36,605481.36,605481.36,605481.36,{"$f":"$F$16*NQV16","v":605481.36},605481.36,605481.36,605481.36,605481.36,605481.36,605481.36,605481.36,605481.36,605481.36,605481.36,605481.36,605481.36,605481.36,605481.36,605481.36,605481.36,605481.36,605481.36,605481.36,605481.36,605481.36,605481.36,605481.36,605481.36,605481.36,605481.36,605481.36,605481.36,605481.36,605481.36,605481.36,605481.36,605481.36,605481.36,605481.36,605481.36,605481.36,605481.36,605481.36,605481.36,605481.36,605481.36,605481.36,605481.36,605481.36,605481.36,605481.36,605481.36,605481.36,605481.36,605481.36,605481.36,605481.36,605481.36,605481.36,605481.36,605481.36,605481.36,605481.36,605481.36,605481.36,605481.36,605481.36,{"$f":"$F$16*NTH16","v":605481.36},605481.36,605481.36,605481.36,605481.36,605481.36,605481.36,605481.36,605481.36,605481.36,605481.36,605481.36,605481.36,605481.36,605481.36,605481.36,605481.36,605481.36,605481.36,605481.36,605481.36,605481.36,605481.36,605481.36,605481.36,605481.36,605481.36,605481.36,605481.36,605481.36,605481.36,605481.36,605481.36,605481.36,605481.36,605481.36,605481.36,605481.36,605481.36,605481.36,605481.36,605481.36,605481.36,605481.36,605481.36,605481.36,605481.36,605481.36,605481.36,605481.36,605481.36,605481.36,605481.36,605481.36,605481.36,605481.36,605481.36,605481.36,605481.36,605481.36,605481.36,605481.36,605481.36,605481.36,{"$f":"$F$16*NVT16","v":605481.36},605481.36,605481.36,605481.36,605481.36,605481.36,605481.36,605481.36,605481.36,605481.36,605481.36,605481.36,605481.36,605481.36,605481.36,605481.36,605481.36,605481.36,605481.36,605481.36,605481.36,605481.36,605481.36,605481.36,605481.36,605481.36,605481.36,605481.36,605481.36,605481.36,605481.36,605481.36,605481.36,605481.36,605481.36,605481.36,605481.36,605481.36,605481.36,605481.36,605481.36,605481.36,605481.36,605481.36,605481.36,605481.36,605481.36,605481.36,605481.36,605481.36,605481.36,605481.36,605481.36,605481.36,605481.36,605481.36,605481.36,605481.36,605481.36,605481.36,605481.36,605481.36,605481.36,605481.36,{"$f":"$F$16*NYF16","v":605481.36},605481.36,605481.36,605481.36,605481.36,605481.36,605481.36,605481.36,605481.36,605481.36,605481.36,605481.36,605481.36,605481.36,605481.36,605481.36,605481.36,605481.36,605481.36,605481.36,605481.36,605481.36,605481.36,605481.36,605481.36,605481.36,605481.36,605481.36,605481.36,605481.36,605481.36,605481.36,605481.36,605481.36,605481.36,605481.36,605481.36,605481.36,605481.36,605481.36,605481.36,605481.36,605481.36,605481.36,605481.36,605481.36,605481.36,605481.36,605481.36,605481.36,605481.36,605481.36,605481.36,605481.36,605481.36,605481.36,605481.36,605481.36,605481.36,605481.36,605481.36,605481.36,605481.36,605481.36,{"$f":"$F$16*OAR16","v":605481.36},605481.36,605481.36,605481.36,605481.36,605481.36,605481.36,605481.36,605481.36,605481.36,605481.36,605481.36,605481.36,605481.36,605481.36,605481.36,605481.36,605481.36,605481.36,605481.36,605481.36,605481.36,605481.36,605481.36,605481.36,605481.36,605481.36,605481.36,605481.36,605481.36,605481.36,605481.36,605481.36,605481.36,605481.36,605481.36,605481.36,605481.36,605481.36,605481.36,605481.36,605481.36,605481.36,605481.36,605481.36,605481.36,605481.36,605481.36,605481.36,605481.36,605481.36,605481.36,605481.36,605481.36,605481.36,605481.36,605481.36,605481.36,605481.36,605481.36,605481.36,605481.36,605481.36,605481.36,{"$f":"$F$16*ODD16","v":605481.36},605481.36,605481.36,605481.36,605481.36,605481.36,605481.36,605481.36,605481.36,605481.36,605481.36,605481.36,605481.36,605481.36,605481.36,605481.36,605481.36,605481.36,605481.36,605481.36,605481.36,605481.36,605481.36,605481.36,605481.36,605481.36,605481.36,605481.36,605481.36,605481.36,605481.36,605481.36,605481.36,605481.36,605481.36,605481.36,605481.36,605481.36,605481.36,605481.36,605481.36,605481.36,605481.36,605481.36,605481.36,605481.36,605481.36,605481.36,605481.36,605481.36,605481.36,605481.36,605481.36,605481.36,605481.36,605481.36,605481.36,605481.36,605481.36,605481.36,605481.36,605481.36,605481.36,605481.36,{"$f":"$F$16*OFP16","v":605481.36},605481.36,605481.36,605481.36,605481.36,605481.36,605481.36,605481.36,605481.36,605481.36,605481.36,605481.36,605481.36,605481.36,605481.36,605481.36,605481.36,605481.36,605481.36,605481.36,605481.36,605481.36,605481.36,605481.36,605481.36,605481.36,605481.36,605481.36,605481.36,605481.36,605481.36,605481.36,605481.36,605481.36,605481.36,605481.36,605481.36,605481.36,605481.36,605481.36,605481.36,605481.36,605481.36,605481.36,605481.36,605481.36,605481.36,605481.36,605481.36,605481.36,605481.36,605481.36,605481.36,605481.36,605481.36,605481.36,605481.36,605481.36,605481.36,605481.36,605481.36,605481.36,605481.36,605481.36,{"$f":"$F$16*OIB16","v":605481.36},605481.36,605481.36,605481.36,605481.36,605481.36,605481.36,605481.36,605481.36,605481.36,605481.36,605481.36,605481.36,605481.36,605481.36,605481.36,605481.36,605481.36,605481.36,605481.36,605481.36,605481.36,605481.36,605481.36,605481.36,605481.36,605481.36,605481.36,605481.36,605481.36,605481.36,605481.36,605481.36,605481.36,605481.36,605481.36,605481.36,605481.36,605481.36,605481.36,605481.36,605481.36,605481.36,605481.36,605481.36,605481.36,605481.36,605481.36,605481.36,605481.36,605481.36,605481.36,605481.36,605481.36,605481.36,605481.36,605481.36,605481.36,605481.36,605481.36,605481.36,605481.36,605481.36,605481.36,{"$f":"$F$16*OKN16","v":605481.36},605481.36,605481.36,605481.36,605481.36,605481.36,605481.36,605481.36,605481.36,605481.36,605481.36,605481.36,605481.36,605481.36,605481.36,605481.36,605481.36,605481.36,605481.36,605481.36,605481.36,605481.36,605481.36,605481.36,605481.36,605481.36,605481.36,605481.36,605481.36,605481.36,605481.36,605481.36,605481.36,605481.36,605481.36,605481.36,605481.36,605481.36,605481.36,605481.36,605481.36,605481.36,605481.36,605481.36,605481.36,605481.36,605481.36,605481.36,605481.36,605481.36,605481.36,605481.36,605481.36,605481.36,605481.36,605481.36,605481.36,605481.36,605481.36,605481.36,605481.36,605481.36,605481.36,605481.36,{"$f":"$F$16*OMZ16","v":605481.36},605481.36,605481.36,605481.36,605481.36,605481.36,605481.36,605481.36,605481.36,605481.36,605481.36,605481.36,605481.36,605481.36,605481.36,605481.36,605481.36,605481.36,605481.36,605481.36,605481.36,605481.36,605481.36,605481.36,605481.36,605481.36,605481.36,605481.36,605481.36,605481.36,605481.36,605481.36,605481.36,605481.36,605481.36,605481.36,605481.36,605481.36,605481.36,605481.36,605481.36,605481.36,605481.36,605481.36,605481.36,605481.36,605481.36,605481.36,605481.36,605481.36,605481.36,605481.36,605481.36,605481.36,605481.36,605481.36,605481.36,605481.36,605481.36,605481.36,605481.36,605481.36,605481.36,605481.36,{"$f":"$F$16*OPL16","v":605481.36},605481.36,605481.36,605481.36,605481.36,605481.36,605481.36,605481.36,605481.36,605481.36,605481.36,605481.36,605481.36,605481.36,605481.36,605481.36,605481.36,605481.36,605481.36,605481.36,605481.36,605481.36,605481.36,605481.36,605481.36,605481.36,605481.36,605481.36,605481.36,605481.36,605481.36,605481.36,605481.36,605481.36,605481.36,605481.36,605481.36,605481.36,605481.36,605481.36,605481.36,605481.36,605481.36,605481.36,605481.36,605481.36,605481.36,605481.36,605481.36,605481.36,605481.36,605481.36,605481.36,605481.36,605481.36,605481.36,605481.36,605481.36,605481.36,605481.36,605481.36,605481.36,605481.36,605481.36,{"$f":"$F$16*ORX16","v":605481.36},605481.36,605481.36,605481.36,605481.36,605481.36,605481.36,605481.36,605481.36,605481.36,605481.36,605481.36,605481.36,605481.36,605481.36,605481.36,605481.36,605481.36,605481.36,605481.36,605481.36,605481.36,605481.36,605481.36,605481.36,605481.36,605481.36,605481.36,605481.36,605481.36,605481.36,605481.36,605481.36,605481.36,605481.36,605481.36,605481.36,605481.36,605481.36,605481.36,605481.36,605481.36,605481.36,605481.36,605481.36,605481.36,605481.36,605481.36,605481.36,605481.36,605481.36,605481.36,605481.36,605481.36,605481.36,605481.36,605481.36,605481.36,605481.36,605481.36,605481.36,605481.36,605481.36,605481.36,{"$f":"$F$16*OUJ16","v":605481.36},605481.36,605481.36,605481.36,605481.36,605481.36,605481.36,605481.36,605481.36,605481.36,605481.36,605481.36,605481.36,605481.36,605481.36,605481.36,605481.36,605481.36,605481.36,605481.36,605481.36,605481.36,605481.36,605481.36,605481.36,605481.36,605481.36,605481.36,605481.36,605481.36,605481.36,605481.36,605481.36,605481.36,605481.36,605481.36,605481.36,605481.36,605481.36,605481.36,605481.36,605481.36,605481.36,605481.36,605481.36,605481.36,605481.36,605481.36,605481.36,605481.36,605481.36,605481.36,605481.36,605481.36,605481.36,605481.36,605481.36,605481.36,605481.36,605481.36,605481.36,605481.36,605481.36,605481.36,{"$f":"$F$16*OWV16","v":605481.36},605481.36,605481.36,605481.36,605481.36,605481.36,605481.36,605481.36,605481.36,605481.36,605481.36,605481.36,605481.36,605481.36,605481.36,605481.36,605481.36,605481.36,605481.36,605481.36,605481.36,605481.36,605481.36,605481.36,605481.36,605481.36,605481.36,605481.36,605481.36,605481.36,605481.36,605481.36,605481.36,605481.36,605481.36,605481.36,605481.36,605481.36,605481.36,605481.36,605481.36,605481.36,605481.36,605481.36,605481.36,605481.36,605481.36,605481.36,605481.36,605481.36,605481.36,605481.36,605481.36,605481.36,605481.36,605481.36,605481.36,605481.36,605481.36,605481.36,605481.36,605481.36,605481.36,605481.36,{"$f":"$F$16*OZH16","v":605481.36},605481.36,605481.36,605481.36,605481.36,605481.36,605481.36,605481.36,605481.36,605481.36,605481.36,605481.36,605481.36,605481.36,605481.36,605481.36,605481.36,605481.36,605481.36,605481.36,605481.36,605481.36,605481.36,605481.36,605481.36,605481.36,605481.36,605481.36,605481.36,605481.36,605481.36,605481.36,605481.36,605481.36,605481.36,605481.36,605481.36,605481.36,605481.36,605481.36,605481.36,605481.36,605481.36,605481.36,605481.36,605481.36,605481.36,605481.36,605481.36,605481.36,605481.36,605481.36,605481.36,605481.36,605481.36,605481.36,605481.36,605481.36,605481.36,605481.36,605481.36,605481.36,605481.36,605481.36,{"$f":"$F$16*PBT16","v":605481.36},605481.36,605481.36,605481.36,605481.36,605481.36,605481.36,605481.36,605481.36,605481.36,605481.36,605481.36,605481.36,605481.36,605481.36,605481.36,605481.36,605481.36,605481.36,605481.36,605481.36,605481.36,605481.36,605481.36,605481.36,605481.36,605481.36,605481.36,605481.36,605481.36,605481.36,605481.36,605481.36,605481.36,605481.36,605481.36,605481.36,605481.36,605481.36,605481.36,605481.36,605481.36,605481.36,605481.36,605481.36,605481.36,605481.36,605481.36,605481.36,605481.36,605481.36,605481.36,605481.36,605481.36,605481.36,605481.36,605481.36,605481.36,605481.36,605481.36,605481.36,605481.36,605481.36,605481.36,{"$f":"$F$16*PEF16","v":605481.36},605481.36,605481.36,605481.36,605481.36,605481.36,605481.36,605481.36,605481.36,605481.36,605481.36,605481.36,605481.36,605481.36,605481.36,605481.36,605481.36,605481.36,605481.36,605481.36,605481.36,605481.36,605481.36,605481.36,605481.36,605481.36,605481.36,605481.36,605481.36,605481.36,605481.36,605481.36,605481.36,605481.36,605481.36,605481.36,605481.36,605481.36,605481.36,605481.36,605481.36,605481.36,605481.36,605481.36,605481.36,605481.36,605481.36,605481.36,605481.36,605481.36,605481.36,605481.36,605481.36,605481.36,605481.36,605481.36,605481.36,605481.36,605481.36,605481.36,605481.36,605481.36,605481.36,605481.36,{"$f":"$F$16*PGR16","v":605481.36},605481.36,605481.36,605481.36,605481.36,605481.36,605481.36,605481.36,605481.36,605481.36,605481.36,605481.36,605481.36,605481.36,605481.36,605481.36,605481.36,605481.36,605481.36,605481.36,605481.36,605481.36,605481.36,605481.36,605481.36,605481.36,605481.36,605481.36,605481.36,605481.36,605481.36,605481.36,605481.36,605481.36,605481.36,605481.36,605481.36,605481.36,605481.36,605481.36,605481.36,605481.36,605481.36,605481.36,605481.36,605481.36,605481.36,605481.36,605481.36,605481.36,605481.36,605481.36,605481.36,605481.36,605481.36,605481.36,605481.36,605481.36,605481.36,605481.36,605481.36,605481.36,605481.36,605481.36,{"$f":"$F$16*PJD16","v":605481.36},605481.36,605481.36,605481.36,605481.36,605481.36,605481.36,605481.36,605481.36,605481.36,605481.36,605481.36,605481.36,605481.36,605481.36,605481.36,605481.36,605481.36,605481.36,605481.36,605481.36,605481.36,605481.36,605481.36,605481.36,605481.36,605481.36,605481.36,605481.36,605481.36,605481.36,605481.36,605481.36,605481.36,605481.36,605481.36,605481.36,605481.36,605481.36,605481.36,605481.36,605481.36,605481.36,605481.36,605481.36,605481.36,605481.36,605481.36,605481.36,605481.36,605481.36,605481.36,605481.36,605481.36,605481.36,605481.36,605481.36,605481.36,605481.36,605481.36,605481.36,605481.36,605481.36,605481.36,{"$f":"$F$16*PLP16","v":605481.36},605481.36,605481.36,605481.36,605481.36,605481.36,605481.36,605481.36,605481.36,605481.36,605481.36,605481.36,605481.36,605481.36,605481.36,605481.36,605481.36,605481.36,605481.36,605481.36,605481.36,605481.36,605481.36,605481.36,605481.36,605481.36,605481.36,605481.36,605481.36,605481.36,605481.36,605481.36,605481.36,605481.36,605481.36,605481.36,605481.36,605481.36,605481.36,605481.36,605481.36,605481.36,605481.36,605481.36,605481.36,605481.36,605481.36,605481.36,605481.36,605481.36,605481.36,605481.36,605481.36,605481.36,605481.36,605481.36,605481.36,605481.36,605481.36,605481.36,605481.36,605481.36,605481.36,605481.36,{"$f":"$F$16*POB16","v":605481.36},605481.36,605481.36,605481.36,605481.36,605481.36,605481.36,605481.36,605481.36,605481.36,605481.36,605481.36,605481.36,605481.36,605481.36,605481.36,605481.36,605481.36,605481.36,605481.36,605481.36,605481.36,605481.36,605481.36,605481.36,605481.36,605481.36,605481.36,605481.36,605481.36,605481.36,605481.36,605481.36,605481.36,605481.36,605481.36,605481.36,605481.36,605481.36,605481.36,605481.36,605481.36,605481.36,605481.36,605481.36,605481.36,605481.36,605481.36,605481.36,605481.36,605481.36,605481.36,605481.36,605481.36,605481.36,605481.36,605481.36,605481.36,605481.36,605481.36,605481.36,605481.36,605481.36,605481.36,{"$f":"$F$16*PQN16","v":605481.36},605481.36,605481.36,605481.36,605481.36,605481.36,605481.36,605481.36,605481.36,605481.36,605481.36,605481.36,605481.36,605481.36,605481.36,605481.36,605481.36,605481.36,605481.36,605481.36,605481.36,605481.36,605481.36,605481.36,605481.36,605481.36,605481.36,605481.36,605481.36,605481.36,605481.36,605481.36,605481.36,605481.36,605481.36,605481.36,605481.36,605481.36,605481.36,605481.36,605481.36,605481.36,605481.36,605481.36,605481.36,605481.36,605481.36,605481.36,605481.36,605481.36,605481.36,605481.36,605481.36,605481.36,605481.36,605481.36,605481.36,605481.36,605481.36,605481.36,605481.36,605481.36,605481.36,605481.36,{"$f":"$F$16*PSZ16","v":605481.36},605481.36,605481.36,605481.36,605481.36,605481.36,605481.36,605481.36,605481.36,605481.36,605481.36,605481.36,605481.36,605481.36,605481.36,605481.36,605481.36,605481.36,605481.36,605481.36,605481.36,605481.36,605481.36,605481.36,605481.36,605481.36,605481.36,605481.36,605481.36,605481.36,605481.36,605481.36,605481.36,605481.36,605481.36,605481.36,605481.36,605481.36,605481.36,605481.36,605481.36,605481.36,605481.36,605481.36,605481.36,605481.36,605481.36,605481.36,605481.36,605481.36,605481.36,605481.36,605481.36,605481.36,605481.36,605481.36,605481.36,605481.36,605481.36,605481.36,605481.36,605481.36,605481.36,605481.36,{"$f":"$F$16*PVL16","v":605481.36},605481.36,605481.36,605481.36,605481.36,605481.36,605481.36,605481.36,605481.36,605481.36,605481.36,605481.36,605481.36,605481.36,605481.36,605481.36,605481.36,605481.36,605481.36,605481.36,605481.36,605481.36,605481.36,605481.36,605481.36,605481.36,605481.36,605481.36,605481.36,605481.36,605481.36,605481.36,605481.36,605481.36,605481.36,605481.36,605481.36,605481.36,605481.36,605481.36,605481.36,605481.36,605481.36,605481.36,605481.36,605481.36,605481.36,605481.36,605481.36,605481.36,605481.36,605481.36,605481.36,605481.36,605481.36,605481.36,605481.36,605481.36,605481.36,605481.36,605481.36,605481.36,605481.36,605481.36,{"$f":"$F$16*PXX16","v":605481.36},605481.36,605481.36,605481.36,605481.36,605481.36,605481.36,605481.36,605481.36,605481.36,605481.36,605481.36,605481.36,605481.36,605481.36,605481.36,605481.36,605481.36,605481.36,605481.36,605481.36,605481.36,605481.36,605481.36,605481.36,605481.36,605481.36,605481.36,605481.36,605481.36,605481.36,605481.36,605481.36,605481.36,605481.36,605481.36,605481.36,605481.36,605481.36,605481.36,605481.36,605481.36,605481.36,605481.36,605481.36,605481.36,605481.36,605481.36,605481.36,605481.36,605481.36,605481.36,605481.36,605481.36,605481.36,605481.36,605481.36,605481.36,605481.36,605481.36,605481.36,605481.36,605481.36,605481.36,{"$f":"$F$16*QAJ16","v":605481.36},605481.36,605481.36,605481.36,605481.36,605481.36,605481.36,605481.36,605481.36,605481.36,605481.36,605481.36,605481.36,605481.36,605481.36,605481.36,605481.36,605481.36,605481.36,605481.36,605481.36,605481.36,605481.36,605481.36,605481.36,605481.36,605481.36,605481.36,605481.36,605481.36,605481.36,605481.36,605481.36,605481.36,605481.36,605481.36,605481.36,605481.36,605481.36,605481.36,605481.36,605481.36,605481.36,605481.36,605481.36,605481.36,605481.36,605481.36,605481.36,605481.36,605481.36,605481.36,605481.36,605481.36,605481.36,605481.36,605481.36,605481.36,605481.36,605481.36,605481.36,605481.36,605481.36,605481.36,{"$f":"$F$16*QCV16","v":605481.36},605481.36,605481.36,605481.36,605481.36,605481.36,605481.36,605481.36,605481.36,605481.36,605481.36,605481.36,605481.36,605481.36,605481.36,605481.36,605481.36,605481.36,605481.36,605481.36,605481.36,605481.36,605481.36,605481.36,605481.36,605481.36,605481.36,605481.36,605481.36,605481.36,605481.36,605481.36,605481.36,605481.36,605481.36,605481.36,605481.36,605481.36,605481.36,605481.36,605481.36,605481.36,605481.36,605481.36,605481.36,605481.36,605481.36,605481.36,605481.36,605481.36,605481.36,605481.36,605481.36,605481.36,605481.36,605481.36,605481.36,605481.36,605481.36,605481.36,605481.36,605481.36,605481.36,605481.36,{"$f":"$F$16*QFH16","v":605481.36},605481.36,605481.36,605481.36,605481.36,605481.36,605481.36,605481.36,605481.36,605481.36,605481.36,605481.36,605481.36,605481.36,605481.36,605481.36,605481.36,605481.36,605481.36,605481.36,605481.36,605481.36,605481.36,605481.36,605481.36,605481.36,605481.36,605481.36,605481.36,605481.36,605481.36,605481.36,605481.36,605481.36,605481.36,605481.36,605481.36,605481.36,605481.36,605481.36,605481.36,605481.36,605481.36,605481.36,605481.36,605481.36,605481.36,605481.36,605481.36,605481.36,605481.36,605481.36,605481.36,605481.36,605481.36,605481.36,605481.36,605481.36,605481.36,605481.36,605481.36,605481.36,605481.36,605481.36,{"$f":"$F$16*QHT16","v":605481.36},605481.36,605481.36,605481.36,605481.36,605481.36,605481.36,605481.36,605481.36,605481.36,605481.36,605481.36,605481.36,605481.36,605481.36,605481.36,605481.36,605481.36,605481.36,605481.36,605481.36,605481.36,605481.36,605481.36,605481.36,605481.36,605481.36,605481.36,605481.36,605481.36,605481.36,605481.36,605481.36,605481.36,605481.36,605481.36,605481.36,605481.36,605481.36,605481.36,605481.36,605481.36,605481.36,605481.36,605481.36,605481.36,605481.36,605481.36,605481.36,605481.36,605481.36,605481.36,605481.36,605481.36,605481.36,605481.36,605481.36,605481.36,605481.36,605481.36,605481.36,605481.36,605481.36,605481.36,{"$f":"$F$16*QKF16","v":605481.36},605481.36,605481.36,605481.36,605481.36,605481.36,605481.36,605481.36,605481.36,605481.36,605481.36,605481.36,605481.36,605481.36,605481.36,605481.36,605481.36,605481.36,605481.36,605481.36,605481.36,605481.36,605481.36,605481.36,605481.36,605481.36,605481.36,605481.36,605481.36,605481.36,605481.36,605481.36,605481.36,605481.36,605481.36,605481.36,605481.36,605481.36,605481.36,605481.36,605481.36,605481.36,605481.36,605481.36,605481.36,605481.36,605481.36,605481.36,605481.36,605481.36,605481.36,605481.36,605481.36,605481.36,605481.36,605481.36,605481.36,605481.36,605481.36,605481.36,605481.36,605481.36,605481.36,605481.36,{"$f":"$F$16*QMR16","v":605481.36},605481.36,605481.36,605481.36,605481.36,605481.36,605481.36,605481.36,605481.36,605481.36,605481.36,605481.36,605481.36,605481.36,605481.36,605481.36,605481.36,605481.36,605481.36,605481.36,605481.36,605481.36,605481.36,605481.36,605481.36,605481.36,605481.36,605481.36,605481.36,605481.36,605481.36,605481.36,605481.36,605481.36,605481.36,605481.36,605481.36,605481.36,605481.36,605481.36,605481.36,605481.36,605481.36,605481.36,605481.36,605481.36,605481.36,605481.36,605481.36,605481.36,605481.36,605481.36,605481.36,605481.36,605481.36,605481.36,605481.36,605481.36,605481.36,605481.36,605481.36,605481.36,605481.36,605481.36,{"$f":"$F$16*QPD16","v":605481.36},605481.36,605481.36,605481.36,605481.36,605481.36,605481.36,605481.36,605481.36,605481.36,605481.36,605481.36,605481.36,605481.36,605481.36,605481.36,605481.36,605481.36,605481.36,605481.36,605481.36,605481.36,605481.36,605481.36,605481.36,605481.36,605481.36,605481.36,605481.36,605481.36,605481.36,605481.36,605481.36,605481.36,605481.36,605481.36,605481.36,605481.36,605481.36,605481.36,605481.36,605481.36,605481.36,605481.36,605481.36,605481.36,605481.36,605481.36,605481.36,605481.36,605481.36,605481.36,605481.36,605481.36,605481.36,605481.36,605481.36,605481.36,605481.36,605481.36,605481.36,605481.36,605481.36,605481.36,{"$f":"$F$16*QRP16","v":605481.36},605481.36,605481.36,605481.36,605481.36,605481.36,605481.36,605481.36,605481.36,605481.36,605481.36,605481.36,605481.36,605481.36,605481.36,605481.36,605481.36,605481.36,605481.36,605481.36,605481.36,605481.36,605481.36,605481.36,605481.36,605481.36,605481.36,605481.36,605481.36,605481.36,605481.36,605481.36,605481.36,605481.36,605481.36,605481.36,605481.36,605481.36,605481.36,605481.36,605481.36,605481.36,605481.36,605481.36,605481.36,605481.36,605481.36,605481.36,605481.36,605481.36,605481.36,605481.36,605481.36,605481.36,605481.36,605481.36,605481.36,605481.36,605481.36,605481.36,605481.36,605481.36,605481.36,605481.36,{"$f":"$F$16*QUB16","v":605481.36},605481.36,605481.36,605481.36,605481.36,605481.36,605481.36,605481.36,605481.36,605481.36,605481.36,605481.36,605481.36,605481.36,605481.36,605481.36,605481.36,605481.36,605481.36,605481.36,605481.36,605481.36,605481.36,605481.36,605481.36,605481.36,605481.36,605481.36,605481.36,605481.36,605481.36,605481.36,605481.36,605481.36,605481.36,605481.36,605481.36,605481.36,605481.36,605481.36,605481.36,605481.36,605481.36,605481.36,605481.36,605481.36,605481.36,605481.36,605481.36,605481.36,605481.36,605481.36,605481.36,605481.36,605481.36,605481.36,605481.36,605481.36,605481.36,605481.36,605481.36,605481.36,605481.36,605481.36,{"$f":"$F$16*QWN16","v":605481.36},605481.36,605481.36,605481.36,605481.36,605481.36,605481.36,605481.36,605481.36,605481.36,605481.36,605481.36,605481.36,605481.36,605481.36,605481.36,605481.36,605481.36,605481.36,605481.36,605481.36,605481.36,605481.36,605481.36,605481.36,605481.36,605481.36,605481.36,605481.36,605481.36,605481.36,605481.36,605481.36,605481.36,605481.36,605481.36,605481.36,605481.36,605481.36,605481.36,605481.36,605481.36,605481.36,605481.36,605481.36,605481.36,605481.36,605481.36,605481.36,605481.36,605481.36,605481.36,605481.36,605481.36,605481.36,605481.36,605481.36,605481.36,605481.36,605481.36,605481.36,605481.36,605481.36,605481.36,{"$f":"$F$16*QYZ16","v":605481.36},605481.36,605481.36,605481.36,605481.36,605481.36,605481.36,605481.36,605481.36,605481.36,605481.36,605481.36,605481.36,605481.36,605481.36,605481.36,605481.36,605481.36,605481.36,605481.36,605481.36,605481.36,605481.36,605481.36,605481.36,605481.36,605481.36,605481.36,605481.36,605481.36,605481.36,605481.36,605481.36,605481.36,605481.36,605481.36,605481.36,605481.36,605481.36,605481.36,605481.36,605481.36,605481.36,605481.36,605481.36,605481.36,605481.36,605481.36,605481.36,605481.36,605481.36,605481.36,605481.36,605481.36,605481.36,605481.36,605481.36,605481.36,605481.36,605481.36,605481.36,605481.36,605481.36,605481.36,{"$f":"$F$16*RBL16","v":605481.36},605481.36,605481.36,605481.36,605481.36,605481.36,605481.36,605481.36,605481.36,605481.36,605481.36,605481.36,605481.36,605481.36,605481.36,605481.36,605481.36,605481.36,605481.36,605481.36,605481.36,605481.36,605481.36,605481.36,605481.36,605481.36,605481.36,605481.36,605481.36,605481.36,605481.36,605481.36,605481.36,605481.36,605481.36,605481.36,605481.36,605481.36,605481.36,605481.36,605481.36,605481.36,605481.36,605481.36,605481.36,605481.36,605481.36,605481.36,605481.36,605481.36,605481.36,605481.36,605481.36,605481.36,605481.36,605481.36,605481.36,605481.36,605481.36,605481.36,605481.36,605481.36,605481.36,605481.36,{"$f":"$F$16*RDX16","v":605481.36},605481.36,605481.36,605481.36,605481.36,605481.36,605481.36,605481.36,605481.36,605481.36,605481.36,605481.36,605481.36,605481.36,605481.36,605481.36,605481.36,605481.36,605481.36,605481.36,605481.36,605481.36,605481.36,605481.36,605481.36,605481.36,605481.36,605481.36,605481.36,605481.36,605481.36,605481.36,605481.36,605481.36,605481.36,605481.36,605481.36,605481.36,605481.36,605481.36,605481.36,605481.36,605481.36,605481.36,605481.36,605481.36,605481.36,605481.36,605481.36,605481.36,605481.36,605481.36,605481.36,605481.36,605481.36,605481.36,605481.36,605481.36,605481.36,605481.36,605481.36,605481.36,605481.36,605481.36,{"$f":"$F$16*RGJ16","v":605481.36},605481.36,605481.36,605481.36,605481.36,605481.36,605481.36,605481.36,605481.36,605481.36,605481.36,605481.36,605481.36,605481.36,605481.36,605481.36,605481.36,605481.36,605481.36,605481.36,605481.36,605481.36,605481.36,605481.36,605481.36,605481.36,605481.36,605481.36,605481.36,605481.36,605481.36,605481.36,605481.36,605481.36,605481.36,605481.36,605481.36,605481.36,605481.36,605481.36,605481.36,605481.36,605481.36,605481.36,605481.36,605481.36,605481.36,605481.36,605481.36,605481.36,605481.36,605481.36,605481.36,605481.36,605481.36,605481.36,605481.36,605481.36,605481.36,605481.36,605481.36,605481.36,605481.36,605481.36,{"$f":"$F$16*RIV16","v":605481.36},605481.36,605481.36,605481.36,605481.36,605481.36,605481.36,605481.36,605481.36,605481.36,605481.36,605481.36,605481.36,605481.36,605481.36,605481.36,605481.36,605481.36,605481.36,605481.36,605481.36,605481.36,605481.36,605481.36,605481.36,605481.36,605481.36,605481.36,605481.36,605481.36,605481.36,605481.36,605481.36,605481.36,605481.36,605481.36,605481.36,605481.36,605481.36,605481.36,605481.36,605481.36,605481.36,605481.36,605481.36,605481.36,605481.36,605481.36,605481.36,605481.36,605481.36,605481.36,605481.36,605481.36,605481.36,605481.36,605481.36,605481.36,605481.36,605481.36,605481.36,605481.36,605481.36,605481.36,{"$f":"$F$16*RLH16","v":605481.36},605481.36,605481.36,605481.36,605481.36,605481.36,605481.36,605481.36,605481.36,605481.36,605481.36,605481.36,605481.36,605481.36,605481.36,605481.36,605481.36,605481.36,605481.36,605481.36,605481.36,605481.36,605481.36,605481.36,605481.36,605481.36,605481.36,605481.36,605481.36,605481.36,605481.36,605481.36,605481.36,605481.36,605481.36,605481.36,605481.36,605481.36,605481.36,605481.36,605481.36,605481.36,605481.36,605481.36,605481.36,605481.36,605481.36,605481.36,605481.36,605481.36,605481.36,605481.36,605481.36,605481.36,605481.36,605481.36,605481.36,605481.36,605481.36,605481.36,605481.36,605481.36,605481.36,605481.36,{"$f":"$F$16*RNT16","v":605481.36},605481.36,605481.36,605481.36,605481.36,605481.36,605481.36,605481.36,605481.36,605481.36,605481.36,605481.36,605481.36,605481.36,605481.36,605481.36,605481.36,605481.36,605481.36,605481.36,605481.36,605481.36,605481.36,605481.36,605481.36,605481.36,605481.36,605481.36,605481.36,605481.36,605481.36,605481.36,605481.36,605481.36,605481.36,605481.36,605481.36,605481.36,605481.36,605481.36,605481.36,605481.36,605481.36,605481.36,605481.36,605481.36,605481.36,605481.36,605481.36,605481.36,605481.36,605481.36,605481.36,605481.36,605481.36,605481.36,605481.36,605481.36,605481.36,605481.36,605481.36,605481.36,605481.36,605481.36,{"$f":"$F$16*RQF16","v":605481.36},605481.36,605481.36,605481.36,605481.36,605481.36,605481.36,605481.36,605481.36,605481.36,605481.36,605481.36,605481.36,605481.36,605481.36,605481.36,605481.36,605481.36,605481.36,605481.36,605481.36,605481.36,605481.36,605481.36,605481.36,605481.36,605481.36,605481.36,605481.36,605481.36,605481.36,605481.36,605481.36,605481.36,605481.36,605481.36,605481.36,605481.36,605481.36,605481.36,605481.36,605481.36,605481.36,605481.36,605481.36,605481.36,605481.36,605481.36,605481.36,605481.36,605481.36,605481.36,605481.36,605481.36,605481.36,605481.36,605481.36,605481.36,605481.36,605481.36,605481.36,605481.36,605481.36,605481.36,{"$f":"$F$16*RSR16","v":605481.36},605481.36,605481.36,605481.36,605481.36,605481.36,605481.36,605481.36,605481.36,605481.36,605481.36,605481.36,605481.36,605481.36,605481.36,605481.36,605481.36,605481.36,605481.36,605481.36,605481.36,605481.36,605481.36,605481.36,605481.36,605481.36,605481.36,605481.36,605481.36,605481.36,605481.36,605481.36,605481.36,605481.36,605481.36,605481.36,605481.36,605481.36,605481.36,605481.36,605481.36,605481.36,605481.36,605481.36,605481.36,605481.36,605481.36,605481.36,605481.36,605481.36,605481.36,605481.36,605481.36,605481.36,605481.36,605481.36,605481.36,605481.36,605481.36,605481.36,605481.36,605481.36,605481.36,605481.36,{"$f":"$F$16*RVD16","v":605481.36},605481.36,605481.36,605481.36,605481.36,605481.36,605481.36,605481.36,605481.36,605481.36,605481.36,605481.36,605481.36,605481.36,605481.36,605481.36,605481.36,605481.36,605481.36,605481.36,605481.36,605481.36,605481.36,605481.36,605481.36,605481.36,605481.36,605481.36,605481.36,605481.36,605481.36,605481.36,605481.36,605481.36,605481.36,605481.36,605481.36,605481.36,605481.36,605481.36,605481.36,605481.36,605481.36,605481.36,605481.36,605481.36,605481.36,605481.36,605481.36,605481.36,605481.36,605481.36,605481.36,605481.36,605481.36,605481.36,605481.36,605481.36,605481.36,605481.36,605481.36,605481.36,605481.36,605481.36,{"$f":"$F$16*RXP16","v":605481.36},605481.36,605481.36,605481.36,605481.36,605481.36,605481.36,605481.36,605481.36,605481.36,605481.36,605481.36,605481.36,605481.36,605481.36,605481.36,605481.36,605481.36,605481.36,605481.36,605481.36,605481.36,605481.36,605481.36,605481.36,605481.36,605481.36,605481.36,605481.36,605481.36,605481.36,605481.36,605481.36,605481.36,605481.36,605481.36,605481.36,605481.36,605481.36,605481.36,605481.36,605481.36,605481.36,605481.36,605481.36,605481.36,605481.36,605481.36,605481.36,605481.36,605481.36,605481.36,605481.36,605481.36,605481.36,605481.36,605481.36,605481.36,605481.36,605481.36,605481.36,605481.36,605481.36,605481.36,{"$f":"$F$16*SAB16","v":605481.36},605481.36,605481.36,605481.36,605481.36,605481.36,605481.36,605481.36,605481.36,605481.36,605481.36,605481.36,605481.36,605481.36,605481.36,605481.36,605481.36,605481.36,605481.36,605481.36,605481.36,605481.36,605481.36,605481.36,605481.36,605481.36,605481.36,605481.36,605481.36,605481.36,605481.36,605481.36,605481.36,605481.36,605481.36,605481.36,605481.36,605481.36,605481.36,605481.36,605481.36,605481.36,605481.36,605481.36,605481.36,605481.36,605481.36,605481.36,605481.36,605481.36,605481.36,605481.36,605481.36,605481.36,605481.36,605481.36,605481.36,605481.36,605481.36,605481.36,605481.36,605481.36,605481.36,605481.36,{"$f":"$F$16*SCN16","v":605481.36},605481.36,605481.36,605481.36,605481.36,605481.36,605481.36,605481.36,605481.36,605481.36,605481.36,605481.36,605481.36,605481.36,605481.36,605481.36,605481.36,605481.36,605481.36,605481.36,605481.36,605481.36,605481.36,605481.36,605481.36,605481.36,605481.36,605481.36,605481.36,605481.36,605481.36,605481.36,605481.36,605481.36,605481.36,605481.36,605481.36,605481.36,605481.36,605481.36,605481.36,605481.36,605481.36,605481.36,605481.36,605481.36,605481.36,605481.36,605481.36,605481.36,605481.36,605481.36,605481.36,605481.36,605481.36,605481.36,605481.36,605481.36,605481.36,605481.36,605481.36,605481.36,605481.36,605481.36,{"$f":"$F$16*SEZ16","v":605481.36},605481.36,605481.36,605481.36,605481.36,605481.36,605481.36,605481.36,605481.36,605481.36,605481.36,605481.36,605481.36,605481.36,605481.36,605481.36,605481.36,605481.36,605481.36,605481.36,605481.36,605481.36,605481.36,605481.36,605481.36,605481.36,605481.36,605481.36,605481.36,605481.36,605481.36,605481.36,605481.36,605481.36,605481.36,605481.36,605481.36,605481.36,605481.36,605481.36,605481.36,605481.36,605481.36,605481.36,605481.36,605481.36,605481.36,605481.36,605481.36,605481.36,605481.36,605481.36,605481.36,605481.36,605481.36,605481.36,605481.36,605481.36,605481.36,605481.36,605481.36,605481.36,605481.36,605481.36,{"$f":"$F$16*SHL16","v":605481.36},605481.36,605481.36,605481.36,605481.36,605481.36,605481.36,605481.36,605481.36,605481.36,605481.36,605481.36,605481.36,605481.36,605481.36,605481.36,605481.36,605481.36,605481.36,605481.36,605481.36,605481.36,605481.36,605481.36,605481.36,605481.36,605481.36,605481.36,605481.36,605481.36,605481.36,605481.36,605481.36,605481.36,605481.36,605481.36,605481.36,605481.36,605481.36,605481.36,605481.36,605481.36,605481.36,605481.36,605481.36,605481.36,605481.36,605481.36,605481.36,605481.36,605481.36,605481.36,605481.36,605481.36,605481.36,605481.36,605481.36,605481.36,605481.36,605481.36,605481.36,605481.36,605481.36,605481.36,{"$f":"$F$16*SJX16","v":605481.36},605481.36,605481.36,605481.36,605481.36,605481.36,605481.36,605481.36,605481.36,605481.36,605481.36,605481.36,605481.36,605481.36,605481.36,605481.36,605481.36,605481.36,605481.36,605481.36,605481.36,605481.36,605481.36,605481.36,605481.36,605481.36,605481.36,605481.36,605481.36,605481.36,605481.36,605481.36,605481.36,605481.36,605481.36,605481.36,605481.36,605481.36,605481.36,605481.36,605481.36,605481.36,605481.36,605481.36,605481.36,605481.36,605481.36,605481.36,605481.36,605481.36,605481.36,605481.36,605481.36,605481.36,605481.36,605481.36,605481.36,605481.36,605481.36,605481.36,605481.36,605481.36,605481.36,605481.36,{"$f":"$F$16*SMJ16","v":605481.36},605481.36,605481.36,605481.36,605481.36,605481.36,605481.36,605481.36,605481.36,605481.36,605481.36,605481.36,605481.36,605481.36,605481.36,605481.36,605481.36,605481.36,605481.36,605481.36,605481.36,605481.36,605481.36,605481.36,605481.36,605481.36,605481.36,605481.36,605481.36,605481.36,605481.36,605481.36,605481.36,605481.36,605481.36,605481.36,605481.36,605481.36,605481.36,605481.36,605481.36,605481.36,605481.36,605481.36,605481.36,605481.36,605481.36,605481.36,605481.36,605481.36,605481.36,605481.36,605481.36,605481.36,605481.36,605481.36,605481.36,605481.36,605481.36,605481.36,605481.36,605481.36,605481.36,605481.36,{"$f":"$F$16*SOV16","v":605481.36},605481.36,605481.36,605481.36,605481.36,605481.36,605481.36,605481.36,605481.36,605481.36,605481.36,605481.36,605481.36,605481.36,605481.36,605481.36,605481.36,605481.36,605481.36,605481.36,605481.36,605481.36,605481.36,605481.36,605481.36,605481.36,605481.36,605481.36,605481.36,605481.36,605481.36,605481.36,605481.36,605481.36,605481.36,605481.36,605481.36,605481.36,605481.36,605481.36,605481.36,605481.36,605481.36,605481.36,605481.36,605481.36,605481.36,605481.36,605481.36,605481.36,605481.36,605481.36,605481.36,605481.36,605481.36,605481.36,605481.36,605481.36,605481.36,605481.36,605481.36,605481.36,605481.36,605481.36,{"$f":"$F$16*SRH16","v":605481.36},605481.36,605481.36,605481.36,605481.36,605481.36,605481.36,605481.36,605481.36,605481.36,605481.36,605481.36,605481.36,605481.36,605481.36,605481.36,605481.36,605481.36,605481.36,605481.36,605481.36,605481.36,605481.36,605481.36,605481.36,605481.36,605481.36,605481.36,605481.36,605481.36,605481.36,605481.36,605481.36,605481.36,605481.36,605481.36,605481.36,605481.36,605481.36,605481.36,605481.36,605481.36,605481.36,605481.36,605481.36,605481.36,605481.36,605481.36,605481.36,605481.36,605481.36,605481.36,605481.36,605481.36,605481.36,605481.36,605481.36,605481.36,605481.36,605481.36,605481.36,605481.36,605481.36,605481.36,{"$f":"$F$16*STT16","v":605481.36},605481.36,605481.36,605481.36,605481.36,605481.36,605481.36,605481.36,605481.36,605481.36,605481.36,605481.36,605481.36,605481.36,605481.36,605481.36,605481.36,605481.36,605481.36,605481.36,605481.36,605481.36,605481.36,605481.36,605481.36,605481.36,605481.36,605481.36,605481.36,605481.36,605481.36,605481.36,605481.36,605481.36,605481.36,605481.36,605481.36,605481.36,605481.36,605481.36,605481.36,605481.36,605481.36,605481.36,605481.36,605481.36,605481.36,605481.36,605481.36,605481.36,605481.36,605481.36,605481.36,605481.36,605481.36,605481.36,605481.36,605481.36,605481.36,605481.36,605481.36,605481.36,605481.36,605481.36,{"$f":"$F$16*SWF16","v":605481.36},605481.36,605481.36,605481.36,605481.36,605481.36,605481.36,605481.36,605481.36,605481.36,605481.36,605481.36,605481.36,605481.36,605481.36,605481.36,605481.36,605481.36,605481.36,605481.36,605481.36,605481.36,605481.36,605481.36,605481.36,605481.36,605481.36,605481.36,605481.36,605481.36,605481.36,605481.36,605481.36,605481.36,605481.36,605481.36,605481.36,605481.36,605481.36,605481.36,605481.36,605481.36,605481.36,605481.36,605481.36,605481.36,605481.36,605481.36,605481.36,605481.36,605481.36,605481.36,605481.36,605481.36,605481.36,605481.36,605481.36,605481.36,605481.36,605481.36,605481.36,605481.36,605481.36,605481.36,{"$f":"$F$16*SYR16","v":605481.36},605481.36,605481.36,605481.36,605481.36,605481.36,605481.36,605481.36,605481.36,605481.36,605481.36,605481.36,605481.36,605481.36,605481.36,605481.36,605481.36,605481.36,605481.36,605481.36,605481.36,605481.36,605481.36,605481.36,605481.36,605481.36,605481.36,605481.36,605481.36,605481.36,605481.36,605481.36,605481.36,605481.36,605481.36,605481.36,605481.36,605481.36,605481.36,605481.36,605481.36,605481.36,605481.36,605481.36,605481.36,605481.36,605481.36,605481.36,605481.36,605481.36,605481.36,605481.36,605481.36,605481.36,605481.36,605481.36,605481.36,605481.36,605481.36,605481.36,605481.36,605481.36,605481.36,605481.36,{"$f":"$F$16*TBD16","v":605481.36},605481.36,605481.36,605481.36,605481.36,605481.36,605481.36,605481.36,605481.36,605481.36,605481.36,605481.36,605481.36,605481.36,605481.36,605481.36,605481.36,605481.36,605481.36,605481.36,605481.36,605481.36,605481.36,605481.36,605481.36,605481.36,605481.36,605481.36,605481.36,605481.36,605481.36,605481.36,605481.36,605481.36,605481.36,605481.36,605481.36,605481.36,605481.36,605481.36,605481.36,605481.36,605481.36,605481.36,605481.36,605481.36,605481.36,605481.36,605481.36,605481.36,605481.36,605481.36,605481.36,605481.36,605481.36,605481.36,605481.36,605481.36,605481.36,605481.36,605481.36,605481.36,605481.36,605481.36,{"$f":"$F$16*TDP16","v":605481.36},605481.36,605481.36,605481.36,605481.36,605481.36,605481.36,605481.36,605481.36,605481.36,605481.36,605481.36,605481.36,605481.36,605481.36,605481.36,605481.36,605481.36,605481.36,605481.36,605481.36,605481.36,605481.36,605481.36,605481.36,605481.36,605481.36,605481.36,605481.36,605481.36,605481.36,605481.36,605481.36,605481.36,605481.36,605481.36,605481.36,605481.36,605481.36,605481.36,605481.36,605481.36,605481.36,605481.36,605481.36,605481.36,605481.36,605481.36,605481.36,605481.36,605481.36,605481.36,605481.36,605481.36,605481.36,605481.36,605481.36,605481.36,605481.36,605481.36,605481.36,605481.36,605481.36,605481.36,{"$f":"$F$16*TGB16","v":605481.36},605481.36,605481.36,605481.36,605481.36,605481.36,605481.36,605481.36,605481.36,605481.36,605481.36,605481.36,605481.36,605481.36,605481.36,605481.36,605481.36,605481.36,605481.36,605481.36,605481.36,605481.36,605481.36,605481.36,605481.36,605481.36,605481.36,605481.36,605481.36,605481.36,605481.36,605481.36,605481.36,605481.36,605481.36,605481.36,605481.36,605481.36,605481.36,605481.36,605481.36,605481.36,605481.36,605481.36,605481.36,605481.36,605481.36,605481.36,605481.36,605481.36,605481.36,605481.36,605481.36,605481.36,605481.36,605481.36,605481.36,605481.36,605481.36,605481.36,605481.36,605481.36,605481.36,605481.36,{"$f":"$F$16*TIN16","v":605481.36},605481.36,605481.36,605481.36,605481.36,605481.36,605481.36,605481.36,605481.36,605481.36,605481.36,605481.36,605481.36,605481.36,605481.36,605481.36,605481.36,605481.36,605481.36,605481.36,605481.36,605481.36,605481.36,605481.36,605481.36,605481.36,605481.36,605481.36,605481.36,605481.36,605481.36,605481.36,605481.36,605481.36,605481.36,605481.36,605481.36,605481.36,605481.36,605481.36,605481.36,605481.36,605481.36,605481.36,605481.36,605481.36,605481.36,605481.36,605481.36,605481.36,605481.36,605481.36,605481.36,605481.36,605481.36,605481.36,605481.36,605481.36,605481.36,605481.36,605481.36,605481.36,605481.36,605481.36,{"$f":"$F$16*TKZ16","v":605481.36},605481.36,605481.36,605481.36,605481.36,605481.36,605481.36,605481.36,605481.36,605481.36,605481.36,605481.36,605481.36,605481.36,605481.36,605481.36,605481.36,605481.36,605481.36,605481.36,605481.36,605481.36,605481.36,605481.36,605481.36,605481.36,605481.36,605481.36,605481.36,605481.36,605481.36,605481.36,605481.36,605481.36,605481.36,605481.36,605481.36,605481.36,605481.36,605481.36,605481.36,605481.36,605481.36,605481.36,605481.36,605481.36,605481.36,605481.36,605481.36,605481.36,605481.36,605481.36,605481.36,605481.36,605481.36,605481.36,605481.36,605481.36,605481.36,605481.36,605481.36,605481.36,605481.36,605481.36,{"$f":"$F$16*TNL16","v":605481.36},605481.36,605481.36,605481.36,605481.36,605481.36,605481.36,605481.36,605481.36,605481.36,605481.36,605481.36,605481.36,605481.36,605481.36,605481.36,605481.36,605481.36,605481.36,605481.36,605481.36,605481.36,605481.36,605481.36,605481.36,605481.36,605481.36,605481.36,605481.36,605481.36,605481.36,605481.36,605481.36,605481.36,605481.36,605481.36,605481.36,605481.36,605481.36,605481.36,605481.36,605481.36,605481.36,605481.36,605481.36,605481.36,605481.36,605481.36,605481.36,605481.36,605481.36,605481.36,605481.36,605481.36,605481.36,605481.36,605481.36,605481.36,605481.36,605481.36,605481.36,605481.36,605481.36,605481.36,{"$f":"$F$16*TPX16","v":605481.36},605481.36,605481.36,605481.36,605481.36,605481.36,605481.36,605481.36,605481.36,605481.36,605481.36,605481.36,605481.36,605481.36,605481.36,605481.36,605481.36,605481.36,605481.36,605481.36,605481.36,605481.36,605481.36,605481.36,605481.36,605481.36,605481.36,605481.36,605481.36,605481.36,605481.36,605481.36,605481.36,605481.36,605481.36,605481.36,605481.36,605481.36,605481.36,605481.36,605481.36,605481.36,605481.36,605481.36,605481.36,605481.36,605481.36,605481.36,605481.36,605481.36,605481.36,605481.36,605481.36,605481.36,605481.36,605481.36,605481.36,605481.36,605481.36,605481.36,605481.36,605481.36,605481.36,605481.36,{"$f":"$F$16*TSJ16","v":605481.36},605481.36,605481.36,605481.36,605481.36,605481.36,605481.36,605481.36,605481.36,605481.36,605481.36,605481.36,605481.36,605481.36,605481.36,605481.36,605481.36,605481.36,605481.36,605481.36,605481.36,605481.36,605481.36,605481.36,605481.36,605481.36,605481.36,605481.36,605481.36,605481.36,605481.36,605481.36,605481.36,605481.36,605481.36,605481.36,605481.36,605481.36,605481.36,605481.36,605481.36,605481.36,605481.36,605481.36,605481.36,605481.36,605481.36,605481.36,605481.36,605481.36,605481.36,605481.36,605481.36,605481.36,605481.36,605481.36,605481.36,605481.36,605481.36,605481.36,605481.36,605481.36,605481.36,605481.36,{"$f":"$F$16*TUV16","v":605481.36},605481.36,605481.36,605481.36,605481.36,605481.36,605481.36,605481.36,605481.36,605481.36,605481.36,605481.36,605481.36,605481.36,605481.36,605481.36,605481.36,605481.36,605481.36,605481.36,605481.36,605481.36,605481.36,605481.36,605481.36,605481.36,605481.36,605481.36,605481.36,605481.36,605481.36,605481.36,605481.36,605481.36,605481.36,605481.36,605481.36,605481.36,605481.36,605481.36,605481.36,605481.36,605481.36,605481.36,605481.36,605481.36,605481.36,605481.36,605481.36,605481.36,605481.36,605481.36,605481.36,605481.36,605481.36,605481.36,605481.36,605481.36,605481.36,605481.36,605481.36,605481.36,605481.36,605481.36,{"$f":"$F$16*TXH16","v":605481.36},605481.36,605481.36,605481.36,605481.36,605481.36,605481.36,605481.36,605481.36,605481.36,605481.36,605481.36,605481.36,605481.36,605481.36,605481.36,605481.36,605481.36,605481.36,605481.36,605481.36,605481.36,605481.36,605481.36,605481.36,605481.36,605481.36,605481.36,605481.36,605481.36,605481.36,605481.36,605481.36,605481.36,605481.36,605481.36,605481.36,605481.36,605481.36,605481.36,605481.36,605481.36,605481.36,605481.36,605481.36,605481.36,605481.36,605481.36,605481.36,605481.36,605481.36,605481.36,605481.36,605481.36,605481.36,605481.36,605481.36,605481.36,605481.36,605481.36,605481.36,605481.36,605481.36,605481.36,{"$f":"$F$16*TZT16","v":605481.36},605481.36,605481.36,605481.36,605481.36,605481.36,605481.36,605481.36,605481.36,605481.36,605481.36,605481.36,605481.36,605481.36,605481.36,605481.36,605481.36,605481.36,605481.36,605481.36,605481.36,605481.36,605481.36,605481.36,605481.36,605481.36,605481.36,605481.36,605481.36,605481.36,605481.36,605481.36,605481.36,605481.36,605481.36,605481.36,605481.36,605481.36,605481.36,605481.36,605481.36,605481.36,605481.36,605481.36,605481.36,605481.36,605481.36,605481.36,605481.36,605481.36,605481.36,605481.36,605481.36,605481.36,605481.36,605481.36,605481.36,605481.36,605481.36,605481.36,605481.36,605481.36,605481.36,605481.36,{"$f":"$F$16*UCF16","v":605481.36},605481.36,605481.36,605481.36,605481.36,605481.36,605481.36,605481.36,605481.36,605481.36,605481.36,605481.36,605481.36,605481.36,605481.36,605481.36,605481.36,605481.36,605481.36,605481.36,605481.36,605481.36,605481.36,605481.36,605481.36,605481.36,605481.36,605481.36,605481.36,605481.36,605481.36,605481.36,605481.36,605481.36,605481.36,605481.36,605481.36,605481.36,605481.36,605481.36,605481.36,605481.36,605481.36,605481.36,605481.36,605481.36,605481.36,605481.36,605481.36,605481.36,605481.36,605481.36,605481.36,605481.36,605481.36,605481.36,605481.36,605481.36,605481.36,605481.36,605481.36,605481.36,605481.36,605481.36,{"$f":"$F$16*UER16","v":605481.36},605481.36,605481.36,605481.36,605481.36,605481.36,605481.36,605481.36,605481.36,605481.36,605481.36,605481.36,605481.36,605481.36,605481.36,605481.36,605481.36,605481.36,605481.36,605481.36,605481.36,605481.36,605481.36,605481.36,605481.36,605481.36,605481.36,605481.36,605481.36,605481.36,605481.36,605481.36,605481.36,605481.36,605481.36,605481.36,605481.36,605481.36,605481.36,605481.36,605481.36,605481.36,605481.36,605481.36,605481.36,605481.36,605481.36,605481.36,605481.36,605481.36,605481.36,605481.36,605481.36,605481.36,605481.36,605481.36,605481.36,605481.36,605481.36,605481.36,605481.36,605481.36,605481.36,605481.36,{"$f":"$F$16*UHD16","v":605481.36},605481.36,605481.36,605481.36,605481.36,605481.36,605481.36,605481.36,605481.36,605481.36,605481.36,605481.36,605481.36,605481.36,605481.36,605481.36,605481.36,605481.36,605481.36,605481.36,605481.36,605481.36,605481.36,605481.36,605481.36,605481.36,605481.36,605481.36,605481.36,605481.36,605481.36,605481.36,605481.36,605481.36,605481.36,605481.36,605481.36,605481.36,605481.36,605481.36,605481.36,605481.36,605481.36,605481.36,605481.36,605481.36,605481.36,605481.36,605481.36,605481.36,605481.36,605481.36,605481.36,605481.36,605481.36,605481.36,605481.36,605481.36,605481.36,605481.36,605481.36,605481.36,605481.36,605481.36,{"$f":"$F$16*UJP16","v":605481.36},605481.36,605481.36,605481.36,605481.36,605481.36,605481.36,605481.36,605481.36,605481.36,605481.36,605481.36,605481.36,605481.36,605481.36,605481.36,605481.36,605481.36,605481.36,605481.36,605481.36,605481.36,605481.36,605481.36,605481.36,605481.36,605481.36,605481.36,605481.36,605481.36,605481.36,605481.36,605481.36,605481.36,605481.36,605481.36,605481.36,605481.36,605481.36,605481.36,605481.36,605481.36,605481.36,605481.36,605481.36,605481.36,605481.36,605481.36,605481.36,605481.36,605481.36,605481.36,605481.36,605481.36,605481.36,605481.36,605481.36,605481.36,605481.36,605481.36,605481.36,605481.36,605481.36,605481.36,{"$f":"$F$16*UMB16","v":605481.36},605481.36,605481.36,605481.36,605481.36,605481.36,605481.36,605481.36,605481.36,605481.36,605481.36,605481.36,605481.36,605481.36,605481.36,605481.36,605481.36,605481.36,605481.36,605481.36,605481.36,605481.36,605481.36,605481.36,605481.36,605481.36,605481.36,605481.36,605481.36,605481.36,605481.36,605481.36,605481.36,605481.36,605481.36,605481.36,605481.36,605481.36,605481.36,605481.36,605481.36,605481.36,605481.36,605481.36,605481.36,605481.36,605481.36,605481.36,605481.36,605481.36,605481.36,605481.36,605481.36,605481.36,605481.36,605481.36,605481.36,605481.36,605481.36,605481.36,605481.36,605481.36,605481.36,605481.36,{"$f":"$F$16*UON16","v":605481.36},605481.36,605481.36,605481.36,605481.36,605481.36,605481.36,605481.36,605481.36,605481.36,605481.36,605481.36,605481.36,605481.36,605481.36,605481.36,605481.36,605481.36,605481.36,605481.36,605481.36,605481.36,605481.36,605481.36,605481.36,605481.36,605481.36,605481.36,605481.36,605481.36,605481.36,605481.36,605481.36,605481.36,605481.36,605481.36,605481.36,605481.36,605481.36,605481.36,605481.36,605481.36,605481.36,605481.36,605481.36,605481.36,605481.36,605481.36,605481.36,605481.36,605481.36,605481.36,605481.36,605481.36,605481.36,605481.36,605481.36,605481.36,605481.36,605481.36,605481.36,605481.36,605481.36,605481.36,{"$f":"$F$16*UQZ16","v":605481.36},605481.36,605481.36,605481.36,605481.36,605481.36,605481.36,605481.36,605481.36,605481.36,605481.36,605481.36,605481.36,605481.36,605481.36,605481.36,605481.36,605481.36,605481.36,605481.36,605481.36,605481.36,605481.36,605481.36,605481.36,605481.36,605481.36,605481.36,605481.36,605481.36,605481.36,605481.36,605481.36,605481.36,605481.36,605481.36,605481.36,605481.36,605481.36,605481.36,605481.36,605481.36,605481.36,605481.36,605481.36,605481.36,605481.36,605481.36,605481.36,605481.36,605481.36,605481.36,605481.36,605481.36,605481.36,605481.36,605481.36,605481.36,605481.36,605481.36,605481.36,605481.36,605481.36,605481.36,{"$f":"$F$16*UTL16","v":605481.36},605481.36,605481.36,605481.36,605481.36,605481.36,605481.36,605481.36,605481.36,605481.36,605481.36,605481.36,605481.36,605481.36,605481.36,605481.36,605481.36,605481.36,605481.36,605481.36,605481.36,605481.36,605481.36,605481.36,605481.36,605481.36,605481.36,605481.36,605481.36,605481.36,605481.36,605481.36,605481.36,605481.36,605481.36,605481.36,605481.36,605481.36,605481.36,605481.36,605481.36,605481.36,605481.36,605481.36,605481.36,605481.36,605481.36,605481.36,605481.36,605481.36,605481.36,605481.36,605481.36,605481.36,605481.36,605481.36,605481.36,605481.36,605481.36,605481.36,605481.36,605481.36,605481.36,605481.36,{"$f":"$F$16*UVX16","v":605481.36},605481.36,605481.36,605481.36,605481.36,605481.36,605481.36,605481.36,605481.36,605481.36,605481.36,605481.36,605481.36,605481.36,605481.36,605481.36,605481.36,605481.36,605481.36,605481.36,605481.36,605481.36,605481.36,605481.36,605481.36,605481.36,605481.36,605481.36,605481.36,605481.36,605481.36,605481.36,605481.36,605481.36,605481.36,605481.36,605481.36,605481.36,605481.36,605481.36,605481.36,605481.36,605481.36,605481.36,605481.36,605481.36,605481.36,605481.36,605481.36,605481.36,605481.36,605481.36,605481.36,605481.36,605481.36,605481.36,605481.36,605481.36,605481.36,605481.36,605481.36,605481.36,605481.36,605481.36,{"$f":"$F$16*UYJ16","v":605481.36},605481.36,605481.36,605481.36,605481.36,605481.36,605481.36,605481.36,605481.36,605481.36,605481.36,605481.36,605481.36,605481.36,605481.36,605481.36,605481.36,605481.36,605481.36,605481.36,605481.36,605481.36,605481.36,605481.36,605481.36,605481.36,605481.36,605481.36,605481.36,605481.36,605481.36,605481.36,605481.36,605481.36,605481.36,605481.36,605481.36,605481.36,605481.36,605481.36,605481.36,605481.36,605481.36,605481.36,605481.36,605481.36,605481.36,605481.36,605481.36,605481.36,605481.36,605481.36,605481.36,605481.36,605481.36,605481.36,605481.36,605481.36,605481.36,605481.36,605481.36,605481.36,605481.36,605481.36,{"$f":"$F$16*VAV16","v":605481.36},605481.36,605481.36,605481.36,605481.36,605481.36,605481.36,605481.36,605481.36,605481.36,605481.36,605481.36,605481.36,605481.36,605481.36,605481.36,605481.36,605481.36,605481.36,605481.36,605481.36,605481.36,605481.36,605481.36,605481.36,605481.36,605481.36,605481.36,605481.36,605481.36,605481.36,605481.36,605481.36,605481.36,605481.36,605481.36,605481.36,605481.36,605481.36,605481.36,605481.36,605481.36,605481.36,605481.36,605481.36,605481.36,605481.36,605481.36,605481.36,605481.36,605481.36,605481.36,605481.36,605481.36,605481.36,605481.36,605481.36,605481.36,605481.36,605481.36,605481.36,605481.36,605481.36,605481.36,{"$f":"$F$16*VDH16","v":605481.36},605481.36,605481.36,605481.36,605481.36,605481.36,605481.36,605481.36,605481.36,605481.36,605481.36,605481.36,605481.36,605481.36,605481.36,605481.36,605481.36,605481.36,605481.36,605481.36,605481.36,605481.36,605481.36,605481.36,605481.36,605481.36,605481.36,605481.36,605481.36,605481.36,605481.36,605481.36,605481.36,605481.36,605481.36,605481.36,605481.36,605481.36,605481.36,605481.36,605481.36,605481.36,605481.36,605481.36,605481.36,605481.36,605481.36,605481.36,605481.36,605481.36,605481.36,605481.36,605481.36,605481.36,605481.36,605481.36,605481.36,605481.36,605481.36,605481.36,605481.36,605481.36,605481.36,605481.36,{"$f":"$F$16*VFT16","v":605481.36},605481.36,605481.36,605481.36,605481.36,605481.36,605481.36,605481.36,605481.36,605481.36,605481.36,605481.36,605481.36,605481.36,605481.36,605481.36,605481.36,605481.36,605481.36,605481.36,605481.36,605481.36,605481.36,605481.36,605481.36,605481.36,605481.36,605481.36,605481.36,605481.36,605481.36,605481.36,605481.36,605481.36,605481.36,605481.36,605481.36,605481.36,605481.36,605481.36,605481.36,605481.36,605481.36,605481.36,605481.36,605481.36,605481.36,605481.36,605481.36,605481.36,605481.36,605481.36,605481.36,605481.36,605481.36,605481.36,605481.36,605481.36,605481.36,605481.36,605481.36,605481.36,605481.36,605481.36,{"$f":"$F$16*VIF16","v":605481.36},605481.36,605481.36,605481.36,605481.36,605481.36,605481.36,605481.36,605481.36,605481.36,605481.36,605481.36,605481.36,605481.36,605481.36,605481.36,605481.36,605481.36,605481.36,605481.36,605481.36,605481.36,605481.36,605481.36,605481.36,605481.36,605481.36,605481.36,605481.36,605481.36,605481.36,605481.36,605481.36,605481.36,605481.36,605481.36,605481.36,605481.36,605481.36,605481.36,605481.36,605481.36,605481.36,605481.36,605481.36,605481.36,605481.36,605481.36,605481.36,605481.36,605481.36,605481.36,605481.36,605481.36,605481.36,605481.36,605481.36,605481.36,605481.36,605481.36,605481.36,605481.36,605481.36,605481.36,{"$f":"$F$16*VKR16","v":605481.36},605481.36,605481.36,605481.36,605481.36,605481.36,605481.36,605481.36,605481.36,605481.36,605481.36,605481.36,605481.36,605481.36,605481.36,605481.36,605481.36,605481.36,605481.36,605481.36,605481.36,605481.36,605481.36,605481.36,605481.36,605481.36,605481.36,605481.36,605481.36,605481.36,605481.36,605481.36,605481.36,605481.36,605481.36,605481.36,605481.36,605481.36,605481.36,605481.36,605481.36,605481.36,605481.36,605481.36,605481.36,605481.36,605481.36,605481.36,605481.36,605481.36,605481.36,605481.36,605481.36,605481.36,605481.36,605481.36,605481.36,605481.36,605481.36,605481.36,605481.36,605481.36,605481.36,605481.36,{"$f":"$F$16*VND16","v":605481.36},605481.36,605481.36,605481.36,605481.36,605481.36,605481.36,605481.36,605481.36,605481.36,605481.36,605481.36,605481.36,605481.36,605481.36,605481.36,605481.36,605481.36,605481.36,605481.36,605481.36,605481.36,605481.36,605481.36,605481.36,605481.36,605481.36,605481.36,605481.36,605481.36,605481.36,605481.36,605481.36,605481.36,605481.36,605481.36,605481.36,605481.36,605481.36,605481.36,605481.36,605481.36,605481.36,605481.36,605481.36,605481.36,605481.36,605481.36,605481.36,605481.36,605481.36,605481.36,605481.36,605481.36,605481.36,605481.36,605481.36,605481.36,605481.36,605481.36,605481.36,605481.36,605481.36,605481.36,{"$f":"$F$16*VPP16","v":605481.36},605481.36,605481.36,605481.36,605481.36,605481.36,605481.36,605481.36,605481.36,605481.36,605481.36,605481.36,605481.36,605481.36,605481.36,605481.36,605481.36,605481.36,605481.36,605481.36,605481.36,605481.36,605481.36,605481.36,605481.36,605481.36,605481.36,605481.36,605481.36,605481.36,605481.36,605481.36,605481.36,605481.36,605481.36,605481.36,605481.36,605481.36,605481.36,605481.36,605481.36,605481.36,605481.36,605481.36,605481.36,605481.36,605481.36,605481.36,605481.36,605481.36,605481.36,605481.36,605481.36,605481.36,605481.36,605481.36,605481.36,605481.36,605481.36,605481.36,605481.36,605481.36,605481.36,605481.36,{"$f":"$F$16*VSB16","v":605481.36},605481.36,605481.36,605481.36,605481.36,605481.36,605481.36,605481.36,605481.36,605481.36,605481.36,605481.36,605481.36,605481.36,605481.36,605481.36,605481.36,605481.36,605481.36,605481.36,605481.36,605481.36,605481.36,605481.36,605481.36,605481.36,605481.36,605481.36,605481.36,605481.36,605481.36,605481.36,605481.36,605481.36,605481.36,605481.36,605481.36,605481.36,605481.36,605481.36,605481.36,605481.36,605481.36,605481.36,605481.36,605481.36,605481.36,605481.36,605481.36,605481.36,605481.36,605481.36,605481.36,605481.36,605481.36,605481.36,605481.36,605481.36,605481.36,605481.36,605481.36,605481.36,605481.36,605481.36,{"$f":"$F$16*VUN16","v":605481.36},605481.36,605481.36,605481.36,605481.36,605481.36,605481.36,605481.36,605481.36,605481.36,605481.36,605481.36,605481.36,605481.36,605481.36,605481.36,605481.36,605481.36,605481.36,605481.36,605481.36,605481.36,605481.36,605481.36,605481.36,605481.36,605481.36,605481.36,605481.36,605481.36,605481.36,605481.36,605481.36,605481.36,605481.36,605481.36,605481.36,605481.36,605481.36,605481.36,605481.36,605481.36,605481.36,605481.36,605481.36,605481.36,605481.36,605481.36,605481.36,605481.36,605481.36,605481.36,605481.36,605481.36,605481.36,605481.36,605481.36,605481.36,605481.36,605481.36,605481.36,605481.36,605481.36,605481.36,{"$f":"$F$16*VWZ16","v":605481.36},605481.36,605481.36,605481.36,605481.36,605481.36,605481.36,605481.36,605481.36,605481.36,605481.36,605481.36,605481.36,605481.36,605481.36,605481.36,605481.36,605481.36,605481.36,605481.36,605481.36,605481.36,605481.36,605481.36,605481.36,605481.36,605481.36,605481.36,605481.36,605481.36,605481.36,605481.36,605481.36,605481.36,605481.36,605481.36,605481.36,605481.36,605481.36,605481.36,605481.36,605481.36,605481.36,605481.36,605481.36,605481.36,605481.36,605481.36,605481.36,605481.36,605481.36,605481.36,605481.36,605481.36,605481.36,605481.36,605481.36,605481.36,605481.36,605481.36,605481.36,605481.36,605481.36,605481.36,{"$f":"$F$16*VZL16","v":605481.36},605481.36,605481.36,605481.36,605481.36,605481.36,605481.36,605481.36,605481.36,605481.36,605481.36,605481.36,605481.36,605481.36,605481.36,605481.36,605481.36,605481.36,605481.36,605481.36,605481.36,605481.36,605481.36,605481.36,605481.36,605481.36,605481.36,605481.36,605481.36,605481.36,605481.36,605481.36,605481.36,605481.36,605481.36,605481.36,605481.36,605481.36,605481.36,605481.36,605481.36,605481.36,605481.36,605481.36,605481.36,605481.36,605481.36,605481.36,605481.36,605481.36,605481.36,605481.36,605481.36,605481.36,605481.36,605481.36,605481.36,605481.36,605481.36,605481.36,605481.36,605481.36,605481.36,605481.36,{"$f":"$F$16*WBX16","v":605481.36},605481.36,605481.36,605481.36,605481.36,605481.36,605481.36,605481.36,605481.36,605481.36,605481.36,605481.36,605481.36,605481.36,605481.36,605481.36,605481.36,605481.36,605481.36,605481.36,605481.36,605481.36,605481.36,605481.36,605481.36,605481.36,605481.36,605481.36,605481.36,605481.36,605481.36,605481.36,605481.36,605481.36,605481.36,605481.36,605481.36,605481.36,605481.36,605481.36,605481.36,605481.36,605481.36,605481.36,605481.36,605481.36,605481.36,605481.36,605481.36,605481.36,605481.36,605481.36,605481.36,605481.36,605481.36,605481.36,605481.36,605481.36,605481.36,605481.36,605481.36,605481.36,605481.36,605481.36,{"$f":"$F$16*WEJ16","v":605481.36},605481.36,605481.36,605481.36,605481.36,605481.36,605481.36,605481.36,605481.36,605481.36,605481.36,605481.36,605481.36,605481.36,605481.36,605481.36,605481.36,605481.36,605481.36,605481.36,605481.36,605481.36,605481.36,605481.36,605481.36,605481.36,605481.36,605481.36,605481.36,605481.36,605481.36,605481.36,605481.36,605481.36,605481.36,605481.36,605481.36,605481.36,605481.36,605481.36,605481.36,605481.36,605481.36,605481.36,605481.36,605481.36,605481.36,605481.36,605481.36,605481.36,605481.36,605481.36,605481.36,605481.36,605481.36,605481.36,605481.36,605481.36,605481.36,605481.36,605481.36,605481.36,605481.36,605481.36,{"$f":"$F$16*WGV16","v":605481.36},605481.36,605481.36,605481.36,605481.36,605481.36,605481.36,605481.36,605481.36,605481.36,605481.36,605481.36,605481.36,605481.36,605481.36,605481.36,605481.36,605481.36,605481.36,605481.36,605481.36,605481.36,605481.36,605481.36,605481.36,605481.36,605481.36,605481.36,605481.36,605481.36,605481.36,605481.36,605481.36,605481.36,605481.36,605481.36,605481.36,605481.36,605481.36,605481.36,605481.36,605481.36,605481.36,605481.36,605481.36,605481.36,605481.36,605481.36,605481.36,605481.36,605481.36,605481.36,605481.36,605481.36,605481.36,605481.36,605481.36,605481.36,605481.36,605481.36,605481.36,605481.36,605481.36,605481.36,{"$f":"$F$16*WJH16","v":605481.36},605481.36,605481.36,605481.36,605481.36,605481.36,605481.36,605481.36,605481.36,605481.36,605481.36,605481.36,605481.36,605481.36,605481.36,605481.36,605481.36,605481.36,605481.36,605481.36,605481.36,605481.36,605481.36,605481.36,605481.36,605481.36,605481.36,605481.36,605481.36,605481.36,605481.36,605481.36,605481.36,605481.36,605481.36,605481.36,605481.36,605481.36,605481.36,605481.36,605481.36,605481.36,605481.36,605481.36,605481.36,605481.36,605481.36,605481.36,605481.36,605481.36,605481.36,605481.36,605481.36,605481.36,605481.36,605481.36,605481.36,605481.36,605481.36,605481.36,605481.36,605481.36,605481.36,605481.36,{"$f":"$F$16*WLT16","v":605481.36},605481.36,605481.36,605481.36,605481.36,605481.36,605481.36,605481.36,605481.36,605481.36,605481.36,605481.36,605481.36,605481.36,605481.36,605481.36,605481.36,605481.36,605481.36,605481.36,605481.36,605481.36,605481.36,605481.36,605481.36,605481.36,605481.36,605481.36,605481.36,605481.36,605481.36,605481.36,605481.36,605481.36,605481.36,605481.36,605481.36,605481.36,605481.36,605481.36,605481.36,605481.36,605481.36,605481.36,605481.36,605481.36,605481.36,605481.36,605481.36,605481.36,605481.36,605481.36,605481.36,605481.36,605481.36,605481.36,605481.36,605481.36,605481.36,605481.36,605481.36,605481.36,605481.36,605481.36,{"$f":"$F$16*WOF16","v":605481.36},605481.36,605481.36,605481.36,605481.36,605481.36,605481.36,605481.36,605481.36,605481.36,605481.36,605481.36,605481.36,605481.36,605481.36,605481.36,605481.36,605481.36,605481.36,605481.36,605481.36,605481.36,605481.36,605481.36,605481.36,605481.36,605481.36,605481.36,605481.36,605481.36,605481.36,605481.36,605481.36,605481.36,605481.36,605481.36,605481.36,605481.36,605481.36,605481.36,605481.36,605481.36,605481.36,605481.36,605481.36,605481.36,605481.36,605481.36,605481.36,605481.36,605481.36,605481.36,605481.36,605481.36,605481.36,605481.36,605481.36,605481.36,605481.36,605481.36,605481.36,605481.36,605481.36,605481.36,{"$f":"$F$16*WQR16","v":605481.36},605481.36,605481.36,605481.36,605481.36,605481.36,605481.36,605481.36,605481.36,605481.36,605481.36,605481.36,605481.36,605481.36,605481.36,605481.36,605481.36,605481.36,605481.36,605481.36,605481.36,605481.36,605481.36,605481.36,605481.36,605481.36,605481.36,605481.36,605481.36,605481.36,605481.36,605481.36,605481.36,605481.36,605481.36,605481.36,605481.36,605481.36,605481.36,605481.36,605481.36,605481.36,605481.36,605481.36,605481.36,605481.36,605481.36,605481.36,605481.36,605481.36,605481.36,605481.36,605481.36,605481.36,605481.36,605481.36,605481.36,605481.36,605481.36,605481.36,605481.36,605481.36,605481.36,605481.36,{"$f":"$F$16*WTD16","v":605481.36},605481.36,605481.36,605481.36,605481.36,605481.36,605481.36,605481.36,605481.36,605481.36,605481.36,605481.36,605481.36,605481.36,605481.36,605481.36,605481.36,605481.36,605481.36,605481.36,605481.36,605481.36,605481.36,605481.36,605481.36,605481.36,605481.36,605481.36,605481.36,605481.36,605481.36,605481.36,605481.36,605481.36,605481.36,605481.36,605481.36,605481.36,605481.36,605481.36,605481.36,605481.36,605481.36,605481.36,605481.36,605481.36,605481.36,605481.36,605481.36,605481.36,605481.36,605481.36,605481.36,605481.36,605481.36,605481.36,605481.36,605481.36,605481.36,605481.36,605481.36,605481.36,605481.36,605481.36,{"$f":"$F$16*WVP16","v":605481.36},605481.36,605481.36,605481.36,605481.36,605481.36,605481.36,605481.36,605481.36,605481.36,605481.36,605481.36,605481.36,605481.36,605481.36,605481.36,605481.36,605481.36,605481.36,605481.36,605481.36,605481.36,605481.36,605481.36,605481.36,605481.36,605481.36,605481.36,605481.36,605481.36,605481.36,605481.36,605481.36,605481.36,605481.36,605481.36,605481.36,605481.36,605481.36,605481.36,605481.36,605481.36,605481.36,605481.36,605481.36,605481.36,605481.36,605481.36,605481.36,605481.36,605481.36,605481.36,605481.36,605481.36,605481.36,605481.36,605481.36,605481.36,605481.36,605481.36,605481.36,605481.36,605481.36,605481.36,{"$f":"$F$16*WYB16","v":605481.36},605481.36,605481.36,605481.36,605481.36,605481.36,605481.36,605481.36,605481.36,605481.36,605481.36,605481.36,605481.36,605481.36,605481.36,605481.36,605481.36,605481.36,605481.36,605481.36,605481.36,605481.36,605481.36,605481.36,605481.36,605481.36,605481.36,605481.36,605481.36,605481.36,605481.36,605481.36,605481.36,605481.36,605481.36,605481.36,605481.36,605481.36,605481.36,605481.36,605481.36,605481.36,605481.36,605481.36,605481.36,605481.36,605481.36,605481.36,605481.36,605481.36,605481.36,605481.36,605481.36,605481.36,605481.36,605481.36,605481.36,605481.36,605481.36,605481.36,605481.36,605481.36,605481.36,605481.36,{"$f":"$F$16*XAN16","v":605481.36},605481.36,605481.36,605481.36,605481.36,605481.36,605481.36,605481.36,605481.36,605481.36,605481.36,605481.36,605481.36,605481.36,605481.36,605481.36,605481.36,605481.36,605481.36,605481.36,605481.36,605481.36,605481.36,605481.36,605481.36,605481.36,605481.36,605481.36,605481.36,605481.36,605481.36,605481.36,605481.36,605481.36,605481.36,605481.36,605481.36,605481.36,605481.36,605481.36,605481.36,605481.36,605481.36,605481.36,605481.36,605481.36,605481.36,605481.36,605481.36,605481.36,605481.36,605481.36,605481.36,605481.36,605481.36,605481.36,605481.36,605481.36,605481.36,605481.36,605481.36,605481.36,605481.36,605481.36,{"$f":"$F$16*XCZ16","v":605481.36},605481.36,605481.36,605481.36,605481.36,605481.36,605481.36,605481.36,605481.36,605481.36,605481.36,605481.36,605481.36,605481.36,605481.36,605481.36,605481.36,605481.36,605481.36,605481.36,605481.36,605481.36,605481.36,605481.36,605481.36,605481.36,605481.36,605481.36,605481.36,605481.36,605481.36,605481.36,605481.36,605481.36,605481.36,605481.36,605481.36,605481.36,605481.36,605481.36,605481.36,605481.36,605481.36,605481.36,605481.36,605481.36,605481.36,605481.36,605481.36,605481.36,605481.36,605481.36,605481.36,605481.36,605481.36,605481.36,605481.36]
[{"$nulls":5},4586.9799999999996,{"$f":"SUM(H46:S46)","v":605481.3600000001},50456.78,50456.78,50456.78,50456.78,50456.78,50456.78,50456.78,50456.78,50456.78,50456.78,50456.78,50456.78]
[{"$nulls":5},117.25999999999999,15478.320000000002,1289.8599999999999,1289.8599999999999,1289.8599999999999,1289.8599999999999,1289.8599999999999,1289.8599999999999,1289.8599999999999,1289.8599999999999,1289.8599999999999,1289.8599999999999,1289.8599999999999,1289.8599999999999]
[{"$nulls":5},2705.8500000000004,{"$f":"SUM(H48:S48)","v":97410.60000000002},8117.5500000000011,8117.5500000000011,8117.5500000000011,8117.5500000000011,8117.5500000000011,8117.5500000000011,8117.5500000000011,8117.5500000000011,8117.5500000000011,8117.5500000000011,8117.5500000000011,8117.5500000000011]
[{"$nulls":5},621.84,null,7462.08,7462.08,7462.08,7462.08,7462.08,7462.08,7462.08,7462.08,7462.08,7462.08,7462.08,7462.08]
[{"$nulls":5},{"$error":"#REF!"},null,{"$error":"#REF!"},{"$error":"#REF!"},{"$error":"#REF!"},{"$error":"#REF!"},{"$error":"#REF!"},{"$error":"#REF!"},{"$error":"#REF!"},{"$error":"#REF!"},{"$error":"#REF!"},{"$error":"#REF!"},{"$error":"#REF!"},{"$error":"#REF!"}]
[]
[]
[{"$nulls":7},{"$f":"SUM(H38:H52)","v":{"$error":"#REF!"}},{"$error":"#REF!"},{"$error":"#REF!"},{"$error":"#REF!"},{"$error":"#REF!"},{"$error":"#REF!"},{"$error":"#REF!"},{"$error":"#REF!"},{"$error":"#REF!"},{"$error":"#REF!"},{"$error":"#REF!"},{"$error":"#REF!"}]

{"sheet":"CRO2_Pro-Mes","index":7,"n_rows":9,"n_cols":15,"rows_kept":9,"cut":false,"hidden":false,"merged":[[3,0,3,14],[2,2,2,7]]}
[null,null,"Ministério da Integração e do Desenvolvimento Regional - MIDR"]
[null,null,"Companhia de Desenvolvimento dos Vales do São Francisco e do Parnaíba"]
[null,null,"5ª Superintendência Regional \n"]
["CRONOGRAMA SIMPLIFICADO"]
["Cod.","Produto/ Mês","Soma",1,2,3,4,5,6,7,8,9,10,11,12]
["E1","Fiscalização de Obras",{"$f":"SUM(D6:O6)","v":12},1,1,1,1,1,1,1,1,1,1,1,1]
["E2","Estudos de campo",12,1,1,1,1,1,1,1,1,1,1,1,1]
["E3","Elaboração de Projetos",12,1,1,1,1,1,1,1,1,1,1,1,1]
["E4","Analise de Projetos",12,1,1,1,1,1,1,1,1,1,1,1,1]

{"sheet":"CPU-VEICULO_Leve","index":8,"n_rows":87,"n_cols":33,"rows_kept":87,"cut":false,"hidden":false,"merged":[[50,21,50,28],[1,0,1,3],[3,0,3,3],[4,0,4,2],[4,5,4,8],[5,0,5,3],[50,9,50,20]]}
[]
["Composição de Preços de Locação de Veículos",{"$nulls":4},"https://veiculos.fipe.org.br/#carro"]
[null,"2023-08-23","Data de atualização:",{"$f":"NOW()","v":"2025-12-02T08:41:47.590"},null,"CV","Média","Mediana",null,null,null,"CV","Média","Mediana",{"$nulls":9},"CV","Média","Mediana"]
["CODEVASF ",{"$nulls":4},{"$f":"_xlfn.STDEV.S(F7:I7)/AVERAGE(F7:I7)","v":0.15662556051377732},{"$f":"AVERAGE(F7:I7)","v":82529},{"$f":"MEDIAN(F7:I7)","v":83557.5},null,null,null,{"$f":"_xlfn.STDEV.S(M6:U6)/AVERAGE(M6:U6)","v":0.33214638672181623},{"$f":"AVERAGE(M6:U6)","v":28.503333333333337},{"$f":"MEDIAN(M6:U6)","v":28},{"$nulls":9},{"$f":"_xlfn.STDEV.S(Y6:AG6)/AVERAGE(Y6:AG6)","v":0.24097032375680111},{"$f":"AVERAGE(Y6:AG6)","v":326.2188888888889},{"$f":"MEDIAN(Y6:AG6)","v":324.89999999999998}]
["OBS:               Preço sem BDI e sem motorista                                                           BDI=",{"$nulls":4},"Preço FIPE - Set/2025",{"$nulls":4},"PRODUTO","MENOR","COT. 1","COT. 2","COT. 3","COT. 4","COT. 5","COT. 6","COT. 7","COT. 8","COT. 9",null,"PRODUTO ","MENOR","COT. 1","COT. 2","COT. 3","COT. 4","COT. 5","COT. 6","COT. 7","COT. 8","COT. 9"]
["Veículo Leve 1.0 T. Flex 12V 5p",{"$nulls":4},"Volksvagen Gol 1.0"," HB20 Comfort 1.0 Flex 12V Mec.","ONIX HATCH 1.0 12V Flex 5p Mec.","MOBI TREKKING 1.0 Flex 5p.",null,"LUBRIFICANTE 15W40",{"$f":"SMALL(M4:N4,1)","v":28},23.62,28,14.39,41.99,17.899999999999999,32.21,39.619999999999997,23.9,34.9,null,"Pneu 185/65 R14",{"$f":"SMALL(Y4:Z4,1)","v":324.89999999999998},322.57,429.9,299.89999999999998,324.89999999999998,349.9,192.4,341.65,239.85,434.9]
[null,null,"Custo Mensal (R$):",{"$f":"D49","v":3814.223035502574},null,66011,86488,96990,80627,null,null,""]
[null,null,"Custo Diário (R$):",{"$f":"D7/22","v":173.37377434102609}]
[null,null,"Custo Horário (R$):",{"$f":"D7/176","v":21.671721792628261}]
[null,null,"Custo por Km (R$):",{"$f":"D7/D23","v":1.333644418007893}]
["A",null,"Depreciação mensal do equipamento"]
["A1",null,"Preço de Aquisição ",{"$f":"SMALL(G4:H4,1)","v":82529}]
["A2",null,"Tempo previsto de vida útil (meses)",36]
["A3",null,"Previsão de recup. Na venda do bem usado",0.4]
["A4",null,"Custo mensal [A1-(A3xA1)]/A2",{"$f":"(D12-(D14*D12))/D13","v":1375.4833333333333}]
["B",null,"Juros pelo Capital empregado"]
["B1",null,"Taxa mensal de Juros *",{"$f":"POWER(1+D56,1/12)-1","v":1.171491691985338E-2}]
["B2",null,"Juros s/depreciação/aluguel (B1xA4)",{"$f":"D17*D15","v":16.113672974642995}]
["C",null,"Conservação e manutenção **",0.75]
["C1",null,"Taxa de gastos s/a deprec. Inc. seguros (%)",{"$f":"D19","v":0.75}]
["C2",null,"Incidência mensal (C1xA4)",{"$f":"D20*D15","v":1031.6125}]
["D",null,"Combustível"]
["D1",null,"Média mensal de quilômetro por veículo",{"$f":"D54*22","v":2860}]
["D2",null,"Preço do litro de combustível",6.2]
["D3",null,"Quilômetros rodados com um litro combustivel",{"$f":"(12.8+13.3+15.3+15)/4","v":14.100000000000001}]
["D4",null,"Combustivel    (D1/D3)*D2",{"$f":"(D23/D25)*D24","v":1257.5886524822695}]
["E",null,"Lubrificantes"]
["E1",null,"Quilometragem do Contrato (D1*12)",{"$f":"D23*36","v":102960}]
["E2",null,"Franquia por troca de óleo (km)",10000]
["E3",null,"Preço do litro de óleo",{"$f":"L6","v":28}]
["E4",null,"Quantidade de litros de óleo por troca",4]
["E5",null,"Quantidade de dias do Contrato",{"$f":"365*3","v":1095}]
["E6",null,"Lubrificantes  E = (E1*E3*E4*30)/E2*E5",{"$f":"(D28*D30*D31*30)/(D29*D32)","v":31.593205479452056}]
["F",null,"Pneus"]
["F1",null,"Quilometragem do Contrato ",{"$f":"D28","v":102960}]
["F2",null,"Vida do Pneu em quilômetros",45000]
["F3",null,"Quantidade de pneus",5]
["F4",null,"Preço do Pneu",{"$f":"X6","v":324.89999999999998}]
["F5",null,"Quantidade de dias do contrato ",{"$f":"D32","v":1095},{"$nulls":6},"https://www.google.com/search?q=lubrificante+15w40+1l&sa=X&biw=1600&bih=757&tbm=shop&sxsrf=AJOqlzUezMM_9i0M4NKjKqAMycLuOygp_g%3A1677158931166&ei=E2r3Y5e2CcH31sQPsK67CA&ved=0ahUKEwjXi8vy36v9AhXBu5UCHTDXDgEQ4dUDCAg&uact=5&oq=lubrificante+15w40+1l&gs_lcp=Cgtwcm9kdWN0cy1jYxADMgsIABAWEB4Q8QQQGDoICAAQgAQQsAM6CQgAEAcQHhCwAzoJCAAQCBAeELADOgkIABAeELADEBg6DggAEAUQHhDxBBCwAxAYOgUIABCABDoGCAAQFhAeOggIABAWEB4QGEoECEEYAVDeBFi3DWD0D2gBcAB4AIABpQWIAZAIkgEHMy0xLjAuMZgBAKABAcgBCsABAQ&sclient=products-cc"]
["F6",null,"Pneus = (F1*F3*F4*30)/(F2*F5)",{"$f":"(D35*D37*D38*30)/(D36*D39)","v":101.83167123287672}]
["G",null,"Motorista"]
["G1",null,"Salário com encargos sociais",0]
["H",null,"Custo Mensal"," ",{"$nulls":17},"https://www.google.com/search?q=Pneu+185%2F65+R14&sa=X&hl=pt-BR&biw=1600&bih=757&tbm=shop&sxsrf=AJOqlzVJW-LYM1ZPHImwhsD-4UwyAvTluQ%3A1677158863331&ei=z2n3Y-uxE-zT1sQP0r-OmAs&ved=0ahUKEwir1Z7S36v9AhXsqZUCHdKfA7MQ4dUDCAg&uact=5&oq=Pneu+185%2F65+R14&gs_lcp=Cgtwcm9kdWN0cy1jYxADMgsIABCABBCxAxCDATIFCAAQgAQyBQgAEIAEMgUIABCABDIFCAAQgAQyBQgAEIAEMgUIABCABDIFCAAQgAQyBQgAEIAEMgUIABCABEoECEEYAFD5A1jGCWC1EGgAcAB4AIABrQmIAdcbkgEHNS0yLjAuMpgBAKABAcABAQ&sclient=products-cc"]
[null,null,"Sem Motorista (A4+B2+C2+D4+E6+F6)",{"$f":"D15+D18+D21+D26+D33+D40","v":3814.223035502574}]
[null,null,"Com Motorista (A4+B2+C2+D4+E6+F6+G1)",{"$f":"D15+D18+D21+D26+D33+D40+D42","v":3814.223035502574}]
["I",null,"Custo Direto p/ km Rodado"]
[null,null,"Sem Motorista",{"$f":"D44/D23","v":1.333644418007893}]
[null,null,"Com Motorista",{"$f":"D45/D23","v":1.333644418007893}]
["J",null,"Preço cobrado sem BDI",{"$f":"D44*(1+D5)","v":3814.223035502574}]
["J1",null,"Sem Motorista",{"$f":"D49","v":3814.223035502574}]
["J2",null,"Com Motorista",{"$f":"D45","v":3814.223035502574}]
[]
[null,null,"OBSERVAÇÕES:"]
[null,null,"Média estimada de quilometragem rodados por dia:",130]
["*",null,"Calculado com base na taxa SELIC julho/2025 - 15,00 % a.a "]
[null,null,"SELIC setembro / 2025  -  Taxa de Juros Selic — Português (Brasil) (www.gov.br) ",0.15]
[]
["**",null,"Conservação e manutenção - é calculado com o uso de um coeficiente multiplicador \"k\", conforme tabela abaixo, sobre a "]
[null,null,"depreciação mensal do equipamento (Item A da planilha de composição de preços). Os valores de K são fornecidos por"]
[null,null," fabricantes. "]
[null,null,"Metodologia conforme a bibliografia \"Como Preparar Orçamentos de Obras\", 3 edição, Aldo Dórea Mattos, 2019."]
{"$rows_empty":25}
[{"$nulls":5},"https://precos.petrobras.com.br/sele%C3%A7%C3%A3o-de-estados-gasolina"]

{"sheet":"Cotação ","index":9,"n_rows":60,"n_cols":2,"rows_kept":60,"cut":false,"hidden":false,"merged":[[5,0,5,1],[20,0,20,1],[40,0,40,1]]}
[null,"Ministério da Integração e do Desenvolvimento Regional - MIDR"]
[null,"Companhia de Desenvolvimento dos Vales do São Francisco e do Parnaíba"]
[null,"5ª Superintendência Regional \n"]
[]
[]
["COTAÇÃO RECEPTOR GNSS"]
[]
["Empresa","Valor (R$)"]
[]
["BIOMAPS Topografia Ltda",{"$f":"4500/2","v":2250}]
["TopoAgrime"]
["Embratop",4000]
["CPE Tecnologia",4900]
[]
[]
["Média:",{"$f":"AVERAGE(B10:B14)","v":3716.6666666666665}]
["Mediana:",{"$f":"AVERAGE(B10:B14)","v":3716.6666666666665}]
["Menor:",{"$f":"MIN(B10:B14)","v":2250}]
[]
[]
["Notebook"]
[]
["Empresa","Valor (R$)"]
[]
["Cotação 1",4500]
["Cotação 2",4564.07]
["FVR SERVICOS E COMERCIO\nDE EQUIPAMENTOS LTDA",4890]
["Torino Informatica Ltda",6170]
[]
[]
[]
[]
["Tempo de utilização (anos)",3]
["Meses p/Ano de Uso",12]
["Percentual Residual (%)",0.3]
["Depreciação Mensal - R$",{"$f":"ROUND((B37*(100%-B35))/(B33*B34),2)","v":97.83}]
["Média:",{"$f":"AVERAGE(B24:B28)","v":5031.0174999999999}]
[]
["Valor mensal final:",{"$f":"(B37/12)+B36","v":517.08145833333333}]
[]
["Cotação do sistema de rastreamento veicular - 10/2024"]
[]
["Empresa","Valor (R$)"]
[]
["Ituran",59.9]
["Carsystem",{"$f":"1.99*30","v":59.7}]
["Servis",{"$f":"1.66*30","v":49.8}]
["M2Track",39.9]
["Rastreal",39.9]
[]
["Média",{"$f":"AVERAGE(B45:B49)","v":49.839999999999996}]
["Mediana",{"$f":"MEDIAN(B45:B49)","v":49.8}]
["Menor",{"$f":"SMALL(B51:B52,1)","v":49.8}]
[]
["Serviços necessários além da mensalidade (por veículo):"]
["Adesão=",108]
["Domicilio=",27.5]
["Desinstalação=",298]
["Revisão=",139]
["Valor:",{"$f":"SUM(B56:B59)/12","v":47.708333333333336}]

{"sheet":"AUX-Mão de obra","index":10,"n_rows":114,"n_cols":28,"rows_kept":114,"cut":false,"hidden":false,"merged":[[3,24,4,25],[3,26,4,26],[4,8,4,9],[4,10,4,11],[4,12,4,13],[4,14,4,15],[4,16,4,17],[4,18,4,19],[4,20,4,21],[4,22,4,23],[1,1,1,21],[3,2,5,2],[3,3,5,3],[3,4,5,4],[3,5,4,5],[3,6,4,7],[3,8,3,17],[3,18,3,23]]}
[]
[null,"Consolidação dos custos de mão de obra da engenharia consultiva - mês de referência: abril/2025"]
[]
[null,null,"Código","Categoria","Unid.","Salário","Encargos Sociais",null,"Encargos Complementares",{"$nulls":9},"Encargos Adicionais",{"$nulls":5},"Encargos Totais",null,"Valor Total"]
[{"$nulls":8},"Alimentação",null,"EPI",null,"Ferramenta",null,"Transporte",null,"Exame Ocupacional",null,"Cesta Básica",null,"Assistência Médica",null,"Seguro de Vida"]
[{"$nulls":5},"R$","%","R$","%","R$","%","R$","%","R$","%","R$","%","R$","%","R$","%","R$","%","R$","%","R$","R$"]
[null,null,"P8001","Advogado júnior","mês",4939.72,79.39,3921.65,14.91,736.74,0.54999999999999993,27.13,0,0,0,0,0.06,3.02,0,0,6.36,314.2,0.2,9.98,101.47999999999999,5012.72,9952.44,{"$f":"Z7-H7","v":1091.0700000000002}]
[null,null,"P8002","Advogado pleno","mês",6586.3,79.39,5228.8599999999997,11.19,736.74,0.41000000000000003,27.13,0,0,0,0,0.05,3.02,0,0,4.7699999999999996,314.2,0.15,9.98,95.960000000000008,6319.94,12906.23,{"$f":"Z8-H8","v":1091.08}]
[null,null,"P8003","Advogado sênior","mês",12088.9,79.39,9597.3799999999992,6.09,736.74,0.22,27.13,0,0,0,0,0.02,3.02,0,0,2.6,314.2,0.08,9.98,88.42,10688.45,22777.35,1091.0700000000015]
[null,null,"P8007","Analista de desenvolvimento de sistemas júnior","mês",4251.21,79.59,3383.54,17.330000000000002,736.74,0,0,0,0,0,0,0.08,3.27,0,0,7.39,314.2,0.22999999999999998,9.98,104.62,4447.7299999999996,8698.9500000000007,1064.1899999999996]
[null,null,"P8008","Analista de desenvolvimento de sistemas pleno","mês",5668.29,79.59,4511.3900000000003,13,736.74,0,0,0,0,0,0,0.06,3.27,0,0,5.54,314.2,0.18,9.98,98.36,5575.58,11243.87,1064.1899999999996]
[null,null,"P8009","Analista de desenvolvimento de sistemas sênior","mês",10092,79.59,8032.22,7.3,736.74,0,0,0,0,0,0,0.03,3.27,0,0,3.11,314.2,0.1,9.98,90.13,9096.41,19188.41,1064.1899999999996]
[null,null,"P8013","Arquiteto júnior","mês",12903,79.430000000000007,10248.85,5.71,736.74,0.21,27.13,0,0,0,0,0.02,2.8,0,0,2.44,314.2,0.08,9.98,87.88,11339.71,24242.71,1090.8599999999988]
[null,null,"P8014","Arquiteto pleno","mês",14712.81,79.430000000000007,11686.39,5.01,736.74,0.18,27.13,0,0,0,0,0.02,2.8,0,0,2.1399999999999997,314.2,6.9999999999999993E-2,9.98,86.839999999999989,12777.24,27490.05,1090.8500000000004]
[null,null,"P8015","Arquiteto sênior","mês",16522.62,79.430000000000007,13123.92,4.46,736.74,0.16,27.13,0,0,0,0,0.02,2.8,0,0,1.9,314.2,0.06,9.98,86.03,14214.77,30737.39,1090.8500000000004]
[null,null,"P8019","Assistente social júnior","mês",3362.83,80.12,2694.3,21.91,736.74,0.80999999999999994,27.13,0,0,1.4000000000000001,47.13,0.13,4.22,0,0,9.34,314.2,0.3,9.98,113.99999999999999,3833.7,7196.53,1139.3999999999996]
[null,null,"P8020","Assistente social pleno","mês",4483.7700000000004,80.12,3592.4,16.43,736.74,0.61,27.13,0,0,0,0,0.09,4.22,0,0,7.01,314.2,0.22,9.98,104.47999999999999,4684.67,9168.44,1092.27]
[null,null,"P8021","Assistente social sênior","mês",7579.69,80.12,6072.85,9.7199999999999989,736.74,0.36,27.13,0,0,0,0,0.06,4.22,0,0,4.1500000000000004,314.2,0.13,9.98,94.53,7165.12,14744.81,1092.2699999999995]
[null,null,"P8025","Auxiliar","mês",1665.28,81.72,1360.86,44.24,736.74,1.9800000000000002,33.03,0.1,1.69,8.9499999999999993,148.97999999999999,0.33999999999999997,5.64,0,0,18.87,314.2,0.6,9.98,156.80000000000001,2611.13,4276.41,1250.2700000000002]
[null,null,"P8026","Auxiliar administrativo","mês",1931.52,80.33,1551.59,38.14,736.74,0,0,0,0,6.8900000000000006,133.01,0.24,4.6500000000000004,0,0,16.27,314.2,0.52,9.98,142.38,2750.17,4681.6899999999996,1198.5800000000002]
[null,null,"P8027","Auxiliar de laboratório","mês",1836.99,80.41,1477.12,40.11,736.74,1.7999999999999998,33.03,0.19,3.49,7.55,138.68,0.21,3.86,0,0,17.100000000000001,314.2,0.54,9.98,147.91,2717.1,4554.09,1239.98]
[null,null,"P8028","Auxiliar de topografia","mês",1665.28,80.600000000000009,1342.21,44.24,736.74,1.9800000000000002,33.03,0.09,1.47,8.9499999999999993,148.97999999999999,0.24,4.0599999999999996,0,0,18.87,314.2,0.6,9.98,155.57000000000002,2590.6799999999998,4255.96,1248.4699999999998]
[null,null,"P8032","Biólogo júnior","mês",3225.03,79.75,2571.96,22.84,736.74,0.84,27.13,0,0,1.72,55.4,0.11,3.47,0,0,9.74,314.2,0.31,9.98,115.31,3718.88,6943.91,1146.92]
[null,null,"P8033","Biólogo pleno","mês",4300.04,79.75,3429.28,17.130000000000003,736.74,0.63,27.13,0,0,0,0,0.08,3.47,0,0,7.31,314.2,0.22999999999999998,9.98,105.13,4520.8100000000004,8820.85,1091.5300000000002]
[null,null,"P8034","Biólogo sênior","mês",7780.45,79.75,6204.91,9.4700000000000006,736.74,0.35000000000000003,27.13,0,0,0,0,0.04,3.47,0,0,4.04,314.2,0.13,9.98,93.78,7296.43,15076.89,1091.5200000000004]
[null,null,"P8038","Chefe de escritório","mês",3574.77,79.5,2841.94,20.61,736.74,0,0,0,0,0.96,34.409999999999997,6.9999999999999993E-2,2.5499999999999998,0,0,8.7900000000000009,314.2,0.27999999999999997,9.98,110.21000000000001,3939.83,7514.6,1097.8899999999999]
[null,null,"P8040","Contador júnior","mês",4357.59,79.5,3464.28,16.91,736.74,0,0,0,0,0,0,0.06,2.6,0,0,7.21,314.2,0.22999999999999998,9.98,103.91,4527.8,8885.39,1063.52]
[null,null,"P8041","Contador pleno","mês",5810.11,79.5,4619.04,12.68,736.74,0,0,0,0,0,0,0.04,2.6,0,0,5.41,314.2,0.16999999999999998,9.98,97.8,5682.56,11492.68,1063.5200000000004]
[null,null,"P8042","Contador sênior","mês",11135.61,79.5,8852.81,6.6199999999999992,736.74,0,0,0,0,0,0,0.02,2.6,0,0,2.82,314.2,0.09,9.98,89.05,9916.34,21051.95,1063.5300000000007]
[null,null,"P8044","Coordenador ambiental","mês",18152.96,79.92,14507.85,4.0599999999999996,736.74,0.13999999999999999,24.78,0,0,0,0,0.02,4.08,0,0,1.73,314.2,0.05,9.98,85.92,15597.62,33750.589999999997,1089.7700000000004]
[null,null,"P8045","Economista júnior","mês",4833.4799999999996,78.7,3803.95,15.24,736.74,0,0,0,0,0,0,0.04,1.84,0,0,6.5,314.2,0.21,9.98,100.69,4866.71,9700.18,1062.7600000000002]
[null,null,"P8046","Economista pleno","mês",6444.64,78.7,5071.93,11.43,736.74,0,0,0,0,0,0,0.03,1.84,0,0,4.88,314.2,0.15,9.98,95.19,6134.69,12579.32,1062.7599999999993]
[null,null,"P8047","Economista sênior","mês",9829.99,78.7,7736.2,7.4899999999999993,736.74,0,0,0,0,0,0,0.02,1.84,0,0,3.2,314.2,0.1,9.98,89.51,8798.9599999999991,18628.95,1062.7599999999993]
[null,null,"P8054","Engenheiro agrônomo júnior","mês",12903,79.36,10239.82,5.71,736.74,0.21,27.13,0,0,0,0,0.02,3.02,0,0,2.44,314.2,0.08,9.98,87.82,11330.9,24233.9,1091.08]
[null,null,"P8055","Engenheiro agrônomo pleno","mês",13740.95,79.36,10904.81,5.36,736.74,0.2,27.13,0,0,0,0,0.02,3.02,0,0,2.29,314.2,6.9999999999999993E-2,9.98,87.3,11995.89,25736.84,1091.08]
[null,null,"P8056","Engenheiro agrônomo sênior","mês",14578.89,79.36,11569.81,5.0500000000000007,736.74,0.19,27.13,0,0,0,0,0.02,3.02,0,0,2.16,314.2,6.9999999999999993E-2,9.98,86.839999999999989,12660.88,27239.78,1091.0699999999997]
[null,null,"P8057","Engenheiro ambiental júnior","mês",12903,80.28,10358.530000000001,5.71,736.74,0.21,27.13,0,0,0,0,0.04,4.63,0,0,2.44,314.2,0.08,9.98,88.75,11451.21,24354.21,1092.6799999999985]
[null,null,"P8058","Engenheiro ambiental pleno","mês",14125.9,80.28,11340.28,5.2200000000000006,736.74,0.19,27.13,0,0,0,0,0.03,4.63,0,0,2.2200000000000002,314.2,6.9999999999999993E-2,9.98,88.02,12432.96,26558.86,1092.6799999999985]
[null,null,"P8059","Engenheiro ambiental sênior","mês",15348.81,80.28,12322.02,4.8,736.74,0.18,27.13,0,0,0,0,0.03,4.63,0,0,2.0500000000000003,314.2,6.9999999999999993E-2,9.98,87.4,13414.7,28763.51,1092.6800000000003]
[null,null,"P8060","Engenheiro consultor especial","mês",22750.26,79.78,18150.16,3.2399999999999998,736.74,0.11,24.78,0,0,0,0,0.02,3.75,0,0,1.38,314.2,0.04,9.98,84.570000000000007,19239.61,41989.87,1089.4500000000007]
[null,null,"P8061","Engenheiro coordenador","mês",18958.55,79.78,15125.13,3.8899999999999997,736.74,0.13,24.78,0,0,0,0,0.02,3.75,0,0,1.66,314.2,0.05,9.98,85.53,16214.58,35173.129999999997,1089.4500000000007]
[null,null,"P8062","Engenheiro de pesca júnior","mês",12903,80.150000000000006,10341.75,5.71,736.74,0.21,27.13,0,0,0,0,0.03,3.5,0,0,2.44,314.2,0.08,9.98,88.61,11433.3,24336.3,1091.5499999999993]
[null,null,"P8063","Engenheiro de pesca pleno","mês",13978.87,80.150000000000006,11204.06,5.27,736.74,0.19,27.13,0,0,0,0,0.03,3.5,0,0,2.25,314.2,6.9999999999999993E-2,9.98,87.960000000000008,12295.61,26274.48,1091.5500000000011]
[null,null,"P8064","Engenheiro de pesca sênior","mês",15054.74,80.150000000000006,12066.37,4.8899999999999997,736.74,0.18,27.13,0,0,0,0,0.02,3.5,0,0,2.09,314.2,6.9999999999999993E-2,9.98,87.4,13157.92,28212.66,1091.5499999999993]
[null,null,"P8065","Engenheiro de projetos júnior","mês",12903,79.78,10294.01,5.71,736.74,0.21,27.13,0,0,0,0,0.03,3.75,0,0,2.44,314.2,0.08,9.98,88.24,11385.81,24288.81,1091.7999999999993]
[null,null,"P8066","Engenheiro de projetos pleno","mês",14740.22,79.78,11759.75,5,736.74,0.18,27.13,0,0,0,0,0.03,3.75,0,0,2.13,314.2,6.9999999999999993E-2,9.98,87.19,12851.55,27591.759999999998,1091.7999999999993]
[null,null,"P8067","Engenheiro de projetos sênior","mês",16577.43,79.78,13225.48,4.4400000000000004,736.74,0.16,27.13,0,0,0,0,0.02,3.75,0,0,1.9,314.2,0.06,9.98,86.37,14317.28,30894.71,1091.8000000000011]
[null,null,"P8068","Engenheiro florestal júnior","mês",12903,80.150000000000006,10341.75,5.71,736.74,0.21,27.13,0,0,0,0,0.03,3.5,0,0,2.44,314.2,0.08,9.98,88.61,11433.3,24336.3,1091.5499999999993]
[null,null,"P8069","Engenheiro florestal pleno","mês",13978.87,80.150000000000006,11204.06,5.27,736.74,0.19,27.13,0,0,0,0,0.03,3.5,0,0,2.25,314.2,6.9999999999999993E-2,9.98,87.960000000000008,12295.61,26274.48,1091.5500000000011]
[null,null,"P8070","Engenheiro florestal sênior","mês",15054.74,80.150000000000006,12066.37,4.8899999999999997,736.74,0.18,27.13,0,0,0,0,0.02,3.5,0,0,2.09,314.2,6.9999999999999993E-2,9.98,87.4,13157.92,28212.66,1091.5499999999993]
[null,null,"P8080","Geólogo júnior","mês",12903,80.239999999999995,10353.370000000001,5.5,709.66,0.21,27.13,0,0,0,0,0.03,3.76,0,0,2.44,314.2,0.08,9.98,88.490000000000009,11418.09,24321.09,1064.7199999999993]
[null,null,"P8081","Geólogo pleno","mês",13712.52,80.239999999999995,11002.93,5.18,709.66,0.2,27.13,0,0,0,0,0.03,3.76,0,0,2.29,314.2,6.9999999999999993E-2,9.98,88,12067.66,25780.18,1064.7299999999996]
[null,null,"P8082","Geólogo sênior","mês",14522.05,80.239999999999995,11652.49,4.8899999999999997,709.66,0.19,27.13,0,0,0,0,0.03,3.76,0,0,2.16,314.2,6.9999999999999993E-2,9.98,87.570000000000007,12717.22,27239.27,1064.7299999999996]
[null,null,"P8092","Jornalista júnior","mês",3280.26,79.600000000000009,2611.09,22.46,736.74,0.83,27.13,0,0,1.59,52.08,0.08,2.4900000000000002,0,0,9.58,314.2,0.3,9.98,114.43,3753.72,7033.98,1142.6299999999997]
[null,null,"P8093","Jornalista pleno","mês",4373.6899999999996,79.600000000000009,3481.45,16.84,736.74,0.62,27.13,0,0,0,0,0.06,2.4900000000000002,0,0,7.1800000000000006,314.2,0.22999999999999998,9.98,104.52999999999999,4572,8945.68,1090.5500000000002]
[null,null,"P8094","Jornalista sênior","mês",8312.6200000000008,79.600000000000009,6616.84,8.86,736.74,0.33,27.13,0,0,0,0,0.03,2.4900000000000002,0,0,3.7800000000000002,314.2,0.12,9.98,92.72,7707.39,16020,1090.5500000000002]
[null,null,"P8098","Laboratorista","mês",2449.31,80.41,1969.49,30.080000000000002,736.74,1.24,30.41,0,0,4.16,101.94,0.16,3.86,0,0,12.83,314.2,0.41000000000000003,9.98,129.29,3166.63,5615.95,1197.1400000000001]
[null,null,"P8102","Médico veterinário","mês",12903,79.12,10208.85,5.71,736.74,0.21,27.13,0,0,0,0,0.02,2.68,0,0,2.44,314.2,0.08,9.98,87.570000000000007,11299.58,24202.58,1090.7299999999996]
[null,null,"P8106","Meteorologista júnior","mês",5337.05,79.75,4256.3,13.8,736.74,0.51,27.13,0,0,0,0,0.05,2.68,0,0,5.89,314.2,0.19,9.98,100.19,5347.03,10684.08,1090.7299999999996]
[null,null,"P8107","Meteorologista pleno","mês",7116.07,79.75,5675.07,10.35,736.74,0.38,27.13,0,0,0,0,0.04,2.68,0,0,4.42,314.2,0.13999999999999999,9.98,95.08,6765.8,13881.87,1090.7300000000005]
[null,null,"P8108","Meteorologista sênior","mês",11704.98,79.75,9334.7199999999993,6.29,736.74,0.22999999999999998,27.13,0,0,0,0,0.02,2.68,0,0,2.68,314.2,0.09,9.98,89.070000000000007,10425.450000000001,22130.43,1090.7300000000014]
[null,null,"P8112","Motorista de caminhão","mês",2472.4699999999998,80.569999999999993,1992.07,29.799999999999997,736.74,1.34,33.03,0,0,4.07,100.55,0.16,3.97,0,0,12.709999999999999,314.2,0.4,9.98,129.04,3190.54,5663,1198.47]
[null,null,"P8113","Motorista de veículo leve","mês",2160.31,80.11,1730.63,34.1,736.74,1.53,33.03,0,0,5.52,119.28,0.16,3.48,0,0,14.540000000000001,314.2,0.45999999999999996,9.98,136.43,2947.34,5107.6499999999996,1216.71]
[null,null,"P8117","Oceanógrafo júnior","mês",4764.92,82.55,3933.44,15.459999999999999,736.74,0.57000000000000006,27.13,0,0,0,0,0.12,5.7,0,0,6.59,314.2,0.21,9.98,105.5,5027.1899999999996,9792.1200000000008,1093.7499999999995]
[null,null,"P8118","Oceanógrafo pleno","mês",6353.23,82.55,5244.59,11.600000000000001,736.74,0.43,27.13,0,0,0,0,0.09,5.7,0,0,4.95,314.2,0.16,9.98,99.77000000000001,6338.34,12691.57,1093.75]
[null,null,"P8119","Oceanógrafo sênior","mês",11634.21,82.55,9604.0400000000009,6.3299999999999992,736.74,0.22999999999999998,27.13,0,0,0,0,0.05,5.7,0,0,2.7,314.2,0.09,9.98,91.95,10697.79,22332,1093.75]
[null,null,"P8129","Pedagogo júnior","mês",2518.27,97.740000000000009,2461.35,29.26,736.74,1.08,27.13,0,0,3.88,97.8,0.16,4.1399999999999997,0,0,12.479999999999999,314.2,0.4,9.98,144.99,3651.35,6169.62,1190]
[null,null,"P8130","Pedagogo pleno","mês",3357.69,97.740000000000009,3281.81,21.94,736.74,0.80999999999999994,27.13,0,0,1.41,47.44,0.12,4.1399999999999997,0,0,9.36,314.2,0.3,9.98,131.68,4421.4399999999996,7779.13,1139.6299999999997]
[null,null,"P8131","Pedagogo sênior","mês",4447.62,97.740000000000009,4347.1099999999997,16.559999999999999,736.74,0.61,27.13,0,0,0,0,0.09,4.1399999999999997,0,0,7.06,314.2,0.22,9.98,122.30000000000001,5439.3,9886.92,1092.1900000000005]
[null,null,"P8135","Secretária","mês",2841.65,80.430000000000007,2285.54,25.929999999999996,736.74,0,0,0,0,2.76,78.400000000000006,0.16,4.47,0,0,11.06,314.2,0.35000000000000003,9.98,120.68,3429.33,6270.98,1143.79]
[null,null,"P8139","Sondador","mês",2149.64,80.12,1722.29,34.270000000000003,736.74,1.41,30.41,0,0,5.58,119.92,0.21,4.58,0,0,14.62,314.2,0.45999999999999996,9.98,136.68,2938.13,5087.7700000000004,1215.8400000000001]
[null,null,"P8143","Técnico ambiental","mês",2987.19,80.75,2412.15,24.66,736.74,1.02,30.41,0,0,2.33,69.67,0.16,4.7,0,0,10.52,314.2,0.33,9.98,119.77,3577.85,6565.04,{"$f":"Z72-H72","v":1165.6999999999998}]
[null,null,"P8147","Técnico de obras","mês",3268.63,80.27,2623.73,22.54,736.74,0.92999999999999994,30.41,0,0,1.6099999999999999,52.78,0.11,3.67,0,0,9.6100000000000012,314.2,0.31,9.98,115.38999999999999,3771.51,7040.14,1147.7800000000002]
[null,null,"P8151","Técnico de segurança do trabalho","mês",4601.83,80.95,3725.18,16.009999999999998,736.74,0.66,30.41,0,0,0,0,0.1,4.4000000000000004,0,0,6.83,314.2,0.22,9.98,104.76,4820.92,9422.75,1095.7400000000002]
[null,null,"P8155","Técnico em geoprocessamento","mês",2908.72,79.52,2313.0100000000002,25.330000000000002,736.74,1.05,30.41,0,0,2.56,74.38,0.11,3.2,0,0,10.8,314.2,0.33999999999999997,9.98,119.71000000000001,3481.93,6390.65,1168.9199999999996]
[null,null,"P8163","Topógrafo","mês",2558.11,80.600000000000009,2061.84,28.799999999999997,736.74,1.1900000000000002,30.41,0,0,3.73,95.41,0.16,4.0599999999999996,0,0,12.280000000000001,314.2,0.38999999999999996,9.98,127.15,3252.65,5810.76,1190.81]
[null,null,"P8167","Arquivista júnior","mês",2646.43,80.13,2120.58,27.839999999999996,736.74,0,0,0,0,3.4099999999999997,90.11,0.15,4.01,0,0,11.87,314.2,0.38,9.98,123.78,3275.63,5922.06,1155.0500000000002]
[null,null,"P8168","Arquivista pleno","mês",3528.57,80.13,2827.44,20.880000000000003,736.74,0,0,0,0,1.05,37.19,0.11,4.01,0,0,8.9,314.2,0.27999999999999997,9.98,111.35999999999999,3929.57,7458.14,1102.1300000000001]
[null,null,"P8169","Arquivista sênior","mês",5691.23,80.13,4560.3900000000003,12.950000000000001,736.74,0,0,0,0,0,0,6.9999999999999993E-2,4.01,0,0,5.52,314.2,0.18,9.98,98.839999999999989,5625.33,11316.56,1064.9399999999996]
[null,null,"P8173","Administrador júnior","mês",3537.16,79.7,2819.12,20.830000000000002,736.74,0,0,0,0,1.04,36.67,0.1,3.42,0,0,8.8800000000000008,314.2,0.27999999999999997,9.98,110.83000000000001,3920.13,7457.29,1101.0100000000002]
[null,null,"P8174","Administrador pleno","mês",4716.22,79.7,3758.82,15.620000000000001,736.74,0,0,0,0,0,0,6.9999999999999993E-2,3.42,0,0,6.660000000000001,314.2,0.21,9.98,102.27,4823.17,9539.3799999999992,1064.3499999999999]
[null,null,"P8175","Administrador sênior","mês",8501.66,79.7,6775.82,8.67,736.74,0,0,0,0,0,0,0.04,3.42,0,0,3.6999999999999997,314.2,0.12,9.98,92.22,7840.17,16341.82,1064.3500000000004]
[null,null,"P8180","Engenheiro agrimensor júnior","mês",12903,80.06,10330.14,5.71,736.74,0.21,27.13,0,0,0,0,0.04,4.83,0,0,2.44,314.2,0.08,9.98,88.53,11423.03,24326.03,1092.8900000000012]
[null,null,"P8181","Engenheiro agrimensor pleno","mês",13824.31,80.06,11067.74,5.33,736.74,0.2,27.13,0,0,0,0,0.03,4.83,0,0,2.27,314.2,6.9999999999999993E-2,9.98,87.97,12160.63,25984.93,1092.8899999999994]
[null,null,"P8182","Engenheiro agrimensor sênior","mês",14745.61,80.06,11805.34,5,736.74,0.18,27.13,0,0,0,0,0.03,4.83,0,0,2.13,314.2,6.9999999999999993E-2,9.98,87.47,12898.22,27643.84,1092.8799999999992]
[null,null,"P8183","Geógrafo júnior","mês",4048.9,79.759999999999991,3229.4,18.2,736.74,0.67,27.13,0,0,0.15,5.97,0.09,3.52,0,0,7.76,314.2,0.25,9.98,106.87,4326.9399999999996,8375.83,1097.5399999999995]
[null,null,"P8184","Geógrafo pleno","mês",5398.53,79.759999999999991,4305.87,13.65,736.74,0.5,27.13,0,0,0,0,6.9999999999999993E-2,3.52,0,0,5.82,314.2,0.18,9.98,99.98,5397.44,10795.97,1091.5699999999997]
[null,null,"P8185","Geógrafo sênior","mês",10648.45,79.759999999999991,8493.2099999999991,6.92,736.74,0.25,27.13,0,0,0,0,0.03,3.52,0,0,2.9499999999999997,314.2,0.09,9.98,90.01,9584.7800000000007,20233.23,1091.5700000000015]
[null,null,"P8186","Antropólogo júnior","mês",3475.42,86.22999999999999,2996.85,21.2,736.74,0.77999999999999992,27.13,0,0,1.1599999999999999,40.369999999999997,0.27,9.4,0,0,9.0399999999999991,314.2,0.28999999999999998,9.98,118.97,4134.68,7610.1,1137.8300000000004]
[null,null,"P8187","Antropólogo pleno","mês",4633.8900000000003,86.22999999999999,3995.8,15.9,736.74,0.59,27.13,0,0,0,0,0.2,9.4,0,0,6.78,314.2,0.22,9.98,109.91,5093.26,9727.15,1097.46]
[null,null,"P8188","Antropólogo sênior","mês",7387.64,86.22999999999999,6370.36,9.9699999999999989,736.74,0.37,27.13,0,0,0,0,0.13,9.4,0,0,4.25,314.2,0.13999999999999999,9.98,101.08999999999999,7467.81,14855.45,1097.4500000000007]
[null,null,"P8189","Arqueólogo júnior","mês",2929.4,84.6,2478.27,25.15,736.74,0.92999999999999994,27.13,0,0,2.5,73.14,0.27999999999999997,8.16,0,0,10.73,314.2,0.33999999999999997,9.98,124.52000000000001,3647.61,6577.01,1169.3400000000001]
[null,null,"P8190","Arqueólogo pleno","mês",3905.86,84.6,3304.36,18.86,736.74,0.69,27.13,0,0,0.37,14.55,0.21,8.16,0,0,8.0399999999999991,314.2,0.26,9.98,113.04,4415.12,8320.98,1110.7599999999998]
[null,null,"P8191","Arqueólogo sênior","mês",5849.34,84.6,4948.54,12.6,736.74,0.45999999999999996,27.13,0,0,0,0,0.13999999999999999,8.16,0,0,5.37,314.2,0.16999999999999998,9.98,103.34,6044.75,11894.09,1096.21]
[null,null,"P8192","Historiador júnior","mês",4159.21,81.910000000000011,3406.81,17.71,736.74,0.65,27.13,0,0,0,0,0.16999999999999998,7.01,0,0,7.55,314.2,0.24,9.98,108.24000000000001,4501.87,8661.08,1095.06]
[null,null,"P8193","Historiador pleno","mês",5545.62,81.910000000000011,4542.41,13.29,736.74,0.49,27.13,0,0,0,0,0.13,7.01,0,0,5.67,314.2,0.18,9.98,101.66,5637.47,11183.09,1095.0600000000004]
[null,null,"P8194","Historiador sênior","mês",8859.16,81.910000000000011,7256.54,8.32,736.74,0.31,27.13,0,0,0,0,0.08,7.01,0,0,3.55,314.2,0.11,9.98,94.27,8351.59,17210.75,1095.0500000000002]
[null,null,"P8195","Paleontólogo júnior","mês",3475.42,86.22999999999999,2996.85,21.2,736.74,0.77999999999999992,27.13,0,0,1.1599999999999999,40.369999999999997,0.27,9.4,0,0,9.0399999999999991,314.2,0.28999999999999998,9.98,118.97,4134.68,7610.1,1137.8300000000004]
[null,null,"P8196","Paleontólogo pleno","mês",4633.8900000000003,86.22999999999999,3995.8,15.9,736.74,0.59,27.13,0,0,0,0,0.2,9.4,0,0,6.78,314.2,0.22,9.98,109.91,5093.26,9727.15,1097.46]
[null,null,"P8197","Paleontólogo sênior","mês",7387.64,86.22999999999999,6370.36,9.9699999999999989,736.74,0.37,27.13,0,0,0,0,0.13,9.4,0,0,4.25,314.2,0.13999999999999999,9.98,101.08999999999999,7467.81,14855.45,1097.4500000000007]
[null,null,"P8198","Sociólogo júnior","mês",4336.84,81.89,3551.44,16.989999999999998,736.74,0.63,27.13,0,0,0,0,0.16,7.01,0,0,7.24,314.2,0.22999999999999998,9.98,107.13999999999999,4646.49,8983.33,1095.0499999999997]
[null,null,"P8199","Sociólogo pleno","mês",5782.45,81.89,4735.25,12.740000000000002,736.74,0.47000000000000003,27.13,0,0,0,0,0.12,7.01,0,0,5.43,314.2,0.16999999999999998,9.98,100.83,5830.31,11612.76,1095.0600000000004]
[null,null,"P8200","Sociólogo sênior","mês",8917.4699999999993,81.89,7302.52,8.2600000000000016,736.74,0.3,27.13,0,0,0,0,0.08,7.01,0,0,3.52,314.2,0.11,9.98,94.17,8397.57,17315.04,1095.0499999999993]
[null,null,"P8264","Motorista de veículo leve - horista","h",9.82,113.26,11.12,41.11,4.04,1.8399999999999999,0.18,0,0,6.660000000000001,0.65,0.19,0.02,0,0,17.53,1.72,0.55999999999999994,0.05,181.16,17.79,27.61,6.67]
[null,null,"Profissionais horistas",{"$nulls":24},0]
[null,null,"P8264","Motorista de veículo leve - horista","h",9.39,1.1315999999999999,10.63,0.41020000000000001,3.85,1.8100000000000002E-2,0.17,0,0,5.5500000000000001E-2,0.52,2.2000000000000001E-3,0.02,0,0,0.1724,1.62,5.7999999999999996E-3,0.05,1.7959000000000001,16.86,26.25,6.2299999999999986]
[null,null,"P8251","Auxiliar de laboratório - horista","h",7.82,1.1316999999999999,8.85,0.49230000000000002,3.85,2.1299999999999999E-2,0.17,2.3E-3,0.02,8.1100000000000005E-2,0.63,2.8E-3,0.02,0,0,0.20269999999999999,1.59,7.0000000000000001E-3,0.05,1.9411,15.19,23.01,6.34]
[null,null,"P8255","Engenheiro de projetos júnior - horista","h",54.55,1.1314,61.72,7.0599999999999996E-2,3.85,2.5000000000000001E-3,0.14000000000000001,0,0,0,0,4.0000000000000002E-4,0.02,0,0,2.9100000000000001E-2,1.59,1E-3,0.05,1.2350000000000001,67.37,121.93,5.6500000000000057]
[null,null,"P8256","Engenheiro de projetos pleno - horista","h",56.27,1.1314,63.67,6.8400000000000002E-2,3.85,2.3999999999999998E-3,0.14000000000000001,0,0,0,0,4.0000000000000002E-4,0.02,0,0,2.8199999999999999E-2,1.59,1E-3,0.05,1.2318,69.319999999999993,125.59,5.6499999999999915]
[null,null,"P8260","Laboratorista - horista","h",10.43,1.1316999999999999,11.81,0.36919999999999997,3.85,1.47E-2,0.15,0,0,4.2700000000000002E-2,0.45,2.0999999999999999E-3,0.02,0,0,0.152,1.59,5.1999999999999998E-3,0.05,1.7177,17.920000000000002,28.35,6.1100000000000012]
[null,null,"P8263","Motorista de caminhão - horista ","h",10.39,1.1326000000000001,11.77,0.37069999999999997,3.85,1.6E-2,0.17,0,0,4.3200000000000002E-2,0.45,2.3E-3,0.02,0,0,0.15260000000000001,1.59,5.3E-3,0.05,1.7226999999999999,17.899999999999999,28.29,6.129999999999999]
[null,null,"P8264","Motorista de veículo leve - horista","h",9.1999999999999993,1.1317999999999999,10.42,0.41849999999999998,3.85,1.8100000000000002E-2,0.17,0,0,5.8099999999999999E-2,0.53,2.3E-3,0.02,0,0,0.17230000000000001,1.59,5.8999999999999999E-3,0.05,1.8070999999999999,16.63,25.83,6.2099999999999991]
[null,null,"P8267","Sondador - horista","h",9.0399999999999991,1.1315999999999999,10.23,0.4259,3.85,1.7000000000000001E-2,0.15,0,0,6.0400000000000002E-2,0.55000000000000004,2.8E-3,0.03,0,0,0.17530000000000001,1.59,6.0000000000000001E-3,0.05,1.819,16.45,25.49,6.2199999999999989]
[null,null,"P8270","Técnico de obras - horista","h",14.4,1.1312,16.29,0.26750000000000002,3.85,1.0699999999999999E-2,0.15,0,0,1.0999999999999999E-2,0.16,1.4E-3,0.02,0,0,0.1101,1.59,3.8E-3,0.05,1.5358000000000001,22.11,36.51,5.82]

{"sheet":"Cronograma Fisico Financeiro","index":11,"n_rows":13,"n_cols":15,"rows_kept":13,"cut":false,"hidden":false,"merged":[[10,0,10,1],[1,0,1,14],[2,0,2,14],[7,0,7,1],[8,0,8,1],[9,0,9,1]]}
[]
[{"$f":"[52]RESUMO!A4","v":"SERVIÇOS DE APOIO À FISCALIZAÇÃO  -   5ª SUPERINTENDÊNCIA REGIONAL (AL)"}]
["Cronograma Físico e Financeiro "]
["Item","Descrição","Total Por Etapa","1º MÊS","2º MÊS","3º MÊS","4º MÊS","5º MÊS","6º MÊS","7º MÊS","8º MÊS","9º MÊS","10º MÊS","11º MÊS","12º MÊS"]
[null,"Apoio",1,{"$f":"$C$5/12","v":8.3333333333333329E-2},{"$f":"$C$5/12","v":8.3333333333333329E-2},8.3333333333333329E-2,8.3333333333333329E-2,8.3333333333333329E-2,8.3333333333333329E-2,8.3333333333333329E-2,8.3333333333333329E-2,8.3333333333333329E-2,8.3333333333333329E-2,8.3333333333333329E-2,8.3333333333333329E-2]
[null,null,{"$f":"RESUMO!F8","v":3902914.71},{"$f":"$C$6*D5","v":325242.89249999996},325242.89249999996,325242.89249999996,325242.89249999996,325242.89249999996,325242.89249999996,325242.89249999996,325242.89249999996,325242.89249999996,325242.89249999996,325242.89249999996,325242.89249999996]
[]
["Porcentagem",null,null,{"$f":"SUM(D6)/$O$13","v":8.3333333333333329E-2},{"$f":"SUM(E6)/$O$13","v":8.3333333333333329E-2},8.3333333333333329E-2,8.3333333333333329E-2,8.3333333333333329E-2,8.3333333333333329E-2,8.3333333333333329E-2,8.3333333333333329E-2,8.3333333333333329E-2,8.3333333333333329E-2,8.3333333333333329E-2,8.3333333333333329E-2]
["Custo",null,null,{"$f":"$O$13*D8","v":325242.89249999996},{"$f":"$O$13*E8","v":325242.89249999996},{"$f":"$O$13*F8","v":325242.89249999996},325242.89249999996,325242.89249999996,325242.89249999996,325242.89249999996,325242.89249999996,325242.89249999996,325242.89249999996,325242.89249999996,325242.89249999996]
["Porcentagem Acumulado",null,null,{"$f":"D8","v":8.3333333333333329E-2},{"$f":"D10+E8","v":0.16666666666666666},{"$f":"E10+F8","v":0.25},0.33333333333333331,0.41666666666666663,0.49999999999999994,0.58333333333333326,0.66666666666666663,0.75,0.83333333333333337,0.91666666666666674,1]
["Custo Acumulado",null,null,{"$f":"D9","v":325242.89249999996},{"$f":"D11+E9","v":650485.78499999992},975728.67749999987,1300971.5699999998,1626214.4624999999,1951457.355,2276700.2475000001,2601943.14,2927186.0325000002,3252428.9250000003,3577671.8175000004,3902914.7100000004]
[]
[null,null,null,"Total Geral",{"$nulls":9},"R$",{"$f":"RESUMO!F10","v":3902914.71}]